{"text_format":"2","workbook":"xlsx","n_sheets":30,"sheets":["RESUMO MODULO TOTAL","CRONOGRAMA TOTAL","Mob"," Canteiro","Adm Local","Projeto Executivo"," CONSUMO DE MAT. B TOTAL","CPU CODEVASF","BDI","ENC. SOCIAIS","Transporte Cap 50-70","Transporte RR-1C","RESUMO_Transp","MOMENTO DE TRANSPORTE - PRINC","MOMENTO DE TRANSPORTE - AUX","MC MODULO","Planilha30","ANP ESTADO","ANP REGIÃO","Curva ABC","MATERIAL SICRO","Pessoal Sicro","Equipamentos","SINTÉTICO SICRO","INSUMOS SINAPI","COMP Sint. Sinapi","Tabela 1","Tabelas 1 e 2","Tabelas 2 e 3 mob","Planilha29"],"not_rendered":{"charts":0,"images":18,"macros":0,"external_links":202,"defined_names":32581,"comments":1,"pivot_tables":0},"unopened":[],"bounds":{"document_bytes":16777216,"sheet_cells":100000,"run_cost":"one","rows_first":2000,"rows_last":500,"rows_between":2000,"halvings":0,"cell_chars":16384,"cell_head_chars":4096},"cells_cut":0,"cells_raw":0,"read":"whole","date_system":"1900"}

{"sheet":"RESUMO MODULO TOTAL","index":0,"n_rows":50,"n_cols":22,"rows_kept":50,"cut":false,"hidden":false,"merged":[[1,1,3,11],[5,4,8,7],[47,4,47,7],[5,1,8,1],[5,2,8,2],[5,3,8,3],[6,9,7,9],[42,4,42,7],[43,4,43,7],[44,4,44,7],[45,4,45,7],[46,4,46,7],[35,4,35,7],[37,4,37,7],[39,4,39,7],[40,4,40,7],[41,4,41,7],[29,4,29,7],[30,4,30,7],[31,4,31,7],[33,4,33,7],[34,4,34,7],[23,4,23,7],[24,4,24,7],[25,4,25,7],[26,4,26,7],[28,4,28,7],[16,4,16,7],[18,4,18,7],[19,4,19,7],[20,4,20,7],[21,4,21,7],[4,1,4,13],[10,4,10,7],[11,4,11,7],[13,4,13,7],[14,4,14,7],[6,12,8,12],[6,13,8,13]]}
[null,"EXECUÇÃO DE CAPA ASFÁLTICA EM CONCRETO BETUMINOSO USINADO A QUENTE (CBUQ), EM VIAS DE MUNICÍPIOS DIVERSOS INSERIDOS NA ÁREA DE ATUAÇÃO DA CODEVASF 3ª SR, NO ESTADO DE PERNAMBUCO - MICRORREGIÃO SERTÃO DO MOXOTÓ",{"$nulls":11},"PERNAMBUCO"]
[{"$nulls":12},"SICRO:","Pernambuco - Julho/2024"]
[{"$nulls":12},"SINAPI:","09/2024"]
[{"$nulls":12},"Data base do orçamento: ","2024-12-10"]
[null,"EXECUÇÃO DE CAPA ASFÁLTICA EM CONCRETO BETUMINOSO USINADO A QUENTE (CBUQ), EM VIAS DE MUNICÍPIOS DIVERSOS INSERIDOS NA ÁREA DE ATUAÇÃO DA CODEVASF 3ª SR, NO ESTADO DE PERNAMBUCO - MICRORREGIÃO SERTÃO DO MOXOTÓ"]
[null,"ITEM","ORIGEM\nCOMPOSIÇÃO","CÓDIGO\nCOMPOSIÇÃO","DISCRIMINAÇÃO DOS SERVIÇOS",null,null,null,"BDI % =",0.2339,"BDI  DIFERENCIADO%:",0.15,"R$/m² =",109.95611515392244]
[{"$nulls":8},"Total de m²","Encargos Sociais:","Horista R$","Mensalista R$","PREÇO UNITÁRIO COM BDI","PREÇO TOTAL COM BDI "]
[{"$nulls":8},140000,null,113.98,70]
[{"$nulls":8},"UND","QTDE.","BDI","PREÇO UNITÁRIO "]
[{"$nulls":4},"MOBILIZAÇÃO/DESMOBILIZAÇÃO"]
[{"$error":"#N/A"},1,"Codevasf","Mob","Mobilização",null,null,null,"kmxfrente",1000,0.2339,107.250301666667,132.3361472265,132336.15,{"$f":"N11/N49","v":8.5966861684999632E-3},"INCC",null,null,"N1","TERRAPLENAGEM",{"$f":"(SUMIF(P:P,\"TERRAPLENAGEM\",N:N)/$N$49)","v":0},{"$f":"(SUMIF(P:P,\"TERRAPLENAGEM\",N:N))","v":0}]
[{"$error":"#N/A"},2,"Codevasf","Mob","Desmobilização",null,null,null,"kmxfrente",1000,0.2339,107.250301666667,132.3361472265,132336.15,{"$f":"N12/$N$49","v":8.5966861684999632E-3},"INCC",null,null,"N2","PAVIMENTAÇÃO",{"$f":"SUMIF(P:P,\"PAVIMENTAÇÃO\",N:N)/$N$49","v":0.8769647354733493},{"$f":"(SUMIF(P:P,\"PAVIMENTAÇÃO\",N:N))","v":13499868.961549141}]
[{"$nulls":4},"INSTALAÇÃO DE CANTEIRO",{"$nulls":13},"N3","CONSULTORIA",{"$f":"SUMIF(P:P,\"CONSULTORIA\",N:N)/$N$49","v":0},{"$f":"(SUMIF(P:P,\"CONSULTORIA\",N:N))","v":0}]
[{"$error":"#REF!"},3,"Codevasf","Canteiro","Canteiro de Obras",null,null,null,"frente",1,0.2339,19147.439999999999,23626.026215999998,23626.03,{"$f":"N14/J20","v":0.16875735714285714},"INCC",null,null,"N4","DRENAGEM",{"$f":"SUMIF(P:P,\"DRENAGEM\",N:N)/$N$49","v":6.7138122627587189E-3},{"$f":"(SUMIF(P:P,\"DRENAGEM\",N:N))","v":103351.45999999999}]
[{"$error":"#N/A"},4,"SINAPI",103689,"Fornecimento e instalação de placa de obra com chapa galvanizada e estrutura de madeira. af_03/2022_ps",null,null,null,"m²",160,0.2339,462.29,570.41963099999998,91267.14,null,"INCC",null,null,"N5","ADMINISTRAÇÃO LOCAL",{"$f":"SUMIF(P:P,\"ADMINISTRAÇÃO LOCAL\",N:N)/$N$49","v":0},{"$f":"(SUMIF(P:P,\"ADMINISTRAÇÃO LOCAL\",N:N))","v":0}]
[{"$nulls":4},"ADMINISTRAÇÃO LOCAL DA OBRA",{"$nulls":13},"N6","SINALIZAÇÃO VERTICAL",{"$f":"SUMIF(P:P,\"SINALIZAÇÃO VERTICAL\",N:N)/$N$49","v":0},{"$f":"(SUMIF(P:P,\"SINALIZAÇÃO VERTICAL\",N:N))","v":0}]
[null,5,"Codevasf","Adm Local","Administração Local da Obra",null,null,null,"und",1,0.2339,749484.53354606801,924788.96594249306,924788.97,{"$f":"N17/N49","v":6.0075199007832161E-2},"INCC",null,null,"N7","SINALIZAÇÃO HORIZONTAL",{"$f":"SUMIF(P:P,\"SINALIZAÇÃO HORIZONTAL\",N:N)/$N$49","v":0},{"$f":"(SUMIF(P:P,\"SINALIZAÇÃO HORIZONTAL\",N:N))","v":0}]
[{"$error":"#N/A"},null,null,null,"PAVIMENTAÇÃO",{"$nulls":13},"N8","CAP",{"$f":"(SUMIF(P:P,\"CAP\",N:N))/$N$49","v":0},{"$f":"(SUMIF(P:P,\"CAP\",N:N))","v":0}]
[{"$error":"#N/A"},6,"SICRO",4011463,"Concreto asfáltico - faixa C - areia e brita comerciais",null,null,null,"t",16800,0.2339,196.26,242.16521399999999,4068375.6,null,"PAVIMENTAÇÃO",null,null,"N9","IMPRIMAÇÃO",{"$f":"(SUMIF(P:P,\"IMPRIMAÇÃO\",N:N))/$N$49","v":0},{"$f":"(SUMIF(P:P,\"IMPRIMAÇÃO\",N:N))","v":0}]
[{"$error":"#N/A"},7,"SICRO",4011353,"Pintura de ligação",null,null,null,"m²",140000,0.2339,0.28000000000000003,0.34549200000000002,48368.88,null,"PAVIMENTAÇÃO",null,null,"N10","EMULSÃO ASFÁLTICA",{"$f":"(SUMIF(P:P,\"EMULSÃO ASFÁLTICA\",N:N))/$N$49","v":0},{"$f":"(SUMIF(P:P,\"EMULSÃO ASFÁLTICA\",N:N))","v":0}]
[{"$error":"#N/A"},8,"SICRO",4915663,"Fresagem descontínua de revestimento asfáltico - espessura de 5 cm",null,null,null,"m³",700,0.2339,72.81,89.840259000000003,62888.18,null,"PAVIMENTAÇÃO",null,null,"N11","OBRAS COMPLEMENTARES",{"$f":"(SUMIF(P:P,\"OBRAS COMPLEMENTARES\",N:N))/$N$49","v":0},{"$f":"(SUMIF(P:P,\"OBRAS COMPLEMENTARES\",N:N))","v":0}]
[{"$error":"#N/A"},9,"SICRO",4915618,"Recomposição de camada granular do pavimento com material de jazida",null,null,null,"m²",14000,0.2339,3.12,3.8497680000000001,53896.75,null,"PAVIMENTAÇÃO",null,null,"N12","MOBILIZAÇÃO",{"$f":"(SUMIF(P:P,\"MOBILIZAÇÃO\",N:N))/$N$49","v":0},{"$f":"(SUMIF(P:P,\"MOBILIZAÇÃO\",N:N))","v":0}]
[{"$error":"#N/A"},null,null,null,"AQUISIÇÃO E TRANSPORTE DO MATERIAL BETUMINOSO",{"$nulls":13},"N13","INCC",{"$f":"(SUMIF(P:P,\"INCC\",N:N))/$N$49","v":0.11632145226389201},{"$f":"(SUMIF(P:P,\"INCC\",N:N))","v":1790635.7000000002}]
[{"$error":"#N/A"},10,"CODEVASF","CPU-13","AQUISIÇÃO DE CIMENTO ASFALTICO CAP 50/70",null,null,null,"t",1083.43,0.1499999999811088,5293.4966940000004,6087.5211980000004,6595403.0915491404,null,"PAVIMENTAÇÃO"]
[{"$error":"#N/A"},11,"CODEVASF","CPU-17","TRANSPORTE CAP 50/70",null,null,null,"t",1083.43,0.14999999999999991,524.20000000000005,602.83000000000004,653124.11,null,"PAVIMENTAÇÃO"]
[{"$error":"#N/A"},12,"CODEVASF","CPU-15","AQUISIÇÃO DE EMULSÃO ASFÁLTICA RR-1C",null,null,null,"t",56,0.1500000001054953,3791.6390040000001,4360.3848550000002,244181.55,null,"PAVIMENTAÇÃO"]
[{"$error":"#N/A"},13,"CODEVASF","CPU-19","TRANSPORTE RR-1C",null,null,null,"t",56,0.14999999999999991,524.20000000000005,602.83000000000004,33758.480000000003,null,"PAVIMENTAÇÃO"]
[{"$error":"#N/A"},null,null,null,"SINALIZAÇÃO"]
[{"$error":"#N/A"},14,"SICRO",5213440,"Placa de regulamentação em aço D = 0,60 m - película retrorrefletiva tipo I + SI - fornecimento e implantação",null,null,null,"und",60,0.23389999999999977,256.23,316.16219699999999,18969.73,null,"INCC"]
[null,15,"SICRO",5213464,"Placa de advertência em aço, lado de 0,60 m - película retrorrefletiva tipo I + SI - fornecimento e implantação",null,null,null,"und",60,0.2339,256.27,316.21155299999998,18972.689999999999,null,"INCC"]
[{"$error":"#N/A"},16,"SICRO",5213863,"Suporte metálico galvanizado para placa de advertência ou regulamentação - lado ou diâmetro de 0,60 m - fornecimento e implantação",null,null,null,"und",120,0.23390000000000022,454.32,560.58544800000004,67270.25,null,"INCC"]
[{"$error":"#N/A"},17,"SICRO",5213400,"Pintura de faixa com tinta acrílica - espessura de 0,4 mm",null,null,null,"m²",4800,0.2339,24.4,30.10716,144514.37,null,"INCC"]
[{"$error":"#N/A"},null,null,null,"DRENAGEM"]
[{"$error":"#N/A"},18,"SICRO",4915777,"Reassentamento manual de meio-fio com material arrancado da pista",null,null,null,"m",4000,0.23390000000000022,13.84,17.077176000000001,68308.7,null,"DRENAGEM"]
[{"$error":"#N/A"},19,"SICRO",4915708,"Limpeza de sarjeta e meio-fio",null,null,null,"m",40000,0.2339,0.71,0.87606899999999999,35042.76,null,"DRENAGEM"]
[{"$error":"#N/A"},20,"SICRO",4915724,"Caiação mecanizada com fixador de cal",null,null,null,"m²",4800,0.2339,1.94,2.3937659999999998,11490.08,null,"INCC"]
[{"$error":"#N/A"},null,null,null,"PROJETO EXECUTIVO"]
[{"$error":"#N/A"},21,"Codevasf","Composição Própria","Projeto Executivo",null,null,null,"m²",140000,0.23389996331811899,1.302862,1.6076013740085699,225064.14,{"$f":"N38/N49","v":1.4620387395003856E-2},"INCC"]
[{"$error":"#N/A"},null,null,null,"MOMENTO DE TRANSPORTE"]
[{"$error":"#N/A"},22,"SICRO",5914359,"Transporte com caminhão basculante de 10 m³ - rodovia em leito natural",null,null,null,"tkm",0,0.2339,1.23,1.5176970000000001,0,null,"PAVIMENTAÇÃO"]
[{"$error":"#N/A"},23,"SICRO",5914374,"Transporte com caminhão basculante de 10 m³ - rodovia em revestimento primário",null,null,null,"tkm",0,0.2339,0.99,1.2215609999999999,0,null,"PAVIMENTAÇÃO"]
[{"$error":"#N/A"},24,"SICRO",5914389,"Transporte com caminhão basculante de 10 m³ - rodovia pavimentada",null,null,null,"tkm",1339699.2,0.2339,0.81,0.99945899999999999,1338974.42,null,"PAVIMENTAÇÃO"]
[{"$error":"#N/A"},25,"SICRO",5914364,"Transporte de cimento ou cal hidratada a granel com caminhão silo de 30 m³ - rodovia em leito natural",null,null,null,"tkm",0,0.2339,0.88,1.0858319999999999,0,null,"PAVIMENTAÇÃO"]
[{"$error":"#N/A"},26,"SICRO",5914365,"Transporte de cimento ou cal hidratada a granel com caminhão silo de 30 m³ - rodovia em revestimento primário",null,null,null,"tkm",0,0.2339,0.7,0.86373,0,null,"PAVIMENTAÇÃO"]
[{"$error":"#N/A"},27,"SICRO",5914366,"Transporte de cimento ou cal hidratada a granel com caminhão silo de 30 m³ - rodovia pavimentada",null,null,null,"tkm",0,0.23390000000000022,0.57999999999999996,0.71566200000000002,0,null,"PAVIMENTAÇÃO"]
[{"$error":"#N/A"},28,"SICRO",5914314,"Transporte com caminhão basculante de 6 m³ - rodovia em leito natural",null,null,null,"tkm",0,0.2339,1.2,1.48068,0,null,"PAVIMENTAÇÃO"]
[{"$error":"#N/A"},29,"SICRO",5914329,"Transporte com caminhão basculante de 6 m³ - rodovia em revestimento primário",null,null,null,"tkm",0,0.2339,0.96,1.184544,0,null,"PAVIMENTAÇÃO"]
[{"$error":"#N/A"},30,"SICRO",5914344,"Transporte com caminhão basculante de 6 m³ - rodovia pavimentada",null,null,null,"tkm",411269.71,0.2339,0.79,0.97478100000000001,400897.9,null,"PAVIMENTAÇÃO"]
[{"$nulls":9},"VALOR TOTAL DO SRP",null,null,null,15393856.121549141]
[null,"Obs.: Os valores estão apresentados com apenas 2 casas decimais, mas os valores da presente planilha foram calculados utilizando a precisão de 6 casa decimais. "]

{"sheet":"CRONOGRAMA TOTAL","index":1,"n_rows":36,"n_cols":17,"rows_kept":36,"cut":false,"hidden":false,"merged":[[26,0,26,1],[1,0,1,14],[2,0,2,14],[23,0,23,1],[24,0,24,1],[25,0,25,1]]}
[]
[{"$f":"'RESUMO MODULO TOTAL'!B1","v":"EXECUÇÃO DE CAPA ASFÁLTICA EM CONCRETO BETUMINOSO USINADO A QUENTE (CBUQ), EM VIAS DE MUNICÍPIOS DIVERSOS INSERIDOS NA ÁREA DE ATUAÇÃO DA CODEVASF 3ª SR, NO ESTADO DE PERNAMBUCO - MICRORREGIÃO SERTÃO DO MOXOTÓ"}]
["Cronograma Físico e Financeiro "]
["Item","Descrição","Total Por Etapa","30 DIAS","60 DIAS","90 DIAS","120 DIAS","150 DIAS","180 DIAS","210 DIAS","240 DIAS","270 DIAS","300 DIAS","330 DIAS","360 DIAS"]
[null,{"$f":"'RESUMO MODULO TOTAL'!E10","v":"MOBILIZAÇÃO/DESMOBILIZAÇÃO"},{"$f":"SUM(D5:O5)","v":1},0.5,{"$nulls":10},0.5]
[null,null,{"$f":"SUM('RESUMO MODULO TOTAL'!N11:N12)","v":264672.3},{"$f":"$C$6*D5","v":132336.15},{"$nulls":10},{"$f":"$C$6*O5","v":132336.15},{"$f":"SUM(D6:O6)","v":264672.3},{"$f":"IF(P6=C6,\"OK\",\"\")","v":"OK"}]
[null,{"$f":"'RESUMO MODULO TOTAL'!E13","v":"INSTALAÇÃO DE CANTEIRO"},{"$f":"SUM(D7:O7)","v":1},0.1,0.5,0.4]
[null,null,{"$f":"SUM('RESUMO MODULO TOTAL'!N14:N15)","v":114893.17},{"$f":"$C$8*D7","v":11489.317000000001},{"$f":"$C$8*E7","v":57446.584999999999},45957.268000000004,0,0,0,0,0,0,0,0,0,{"$f":"SUM(D8:O8)","v":114893.17000000001},{"$f":"IF(P8=C8,\"OK\",\"\")","v":"OK"}]
[null,{"$f":"'RESUMO MODULO TOTAL'!E16","v":"ADMINISTRAÇÃO LOCAL DA OBRA"},{"$f":"SUM(D9:O9)","v":1.000000000000002},{"$f":"(D6+D8+D12+D14+D16+D18+D20+D22)/($O$29-$C$10)","v":2.5495051141600694E-2},{"$f":"(E6+E8+E12+E14+E16+E18+E20+E22)/($O$29-$C$10)","v":3.9703032958727713E-3},3.1762426366982173E-3,0.15550264137223935,0.15550264137223935,0.15550264137223935,0.15550264137223935,0.15550264137223935,0.15550264137223935,3.9685191449161392E-3,3.9685191449161392E-3,2.640551640256187E-2]
[null,null,{"$f":"SUM('RESUMO MODULO TOTAL'!N17)","v":924788.97},{"$f":"$C$10*D9","v":23577.542085338231},{"$f":"$C$10*E9","v":3671.6926955777853},{"$f":"$C$10*F9","v":2937.3541564622283},143807.12754691261,143807.12754691261,143807.12754691261,143807.12754691261,143807.12754691261,143807.12754691261,3670.0427324522771,3670.0427324522771,24419.530316243297,{"$f":"SUM(D10:O10)","v":924788.97000000183},{"$f":"IF(P10=C10,\"OK\",\"\")","v":""}]
[null,{"$f":"'RESUMO MODULO TOTAL'!E18","v":"PAVIMENTAÇÃO"},{"$f":"SUM(D11:O11)","v":1},null,null,null,{"$f":"1/6","v":0.16666666666666699},{"$f":"1/6","v":0.16666666666666699},0.16666666666666699,0.16666666666666699,0.16666666666666699,0.16666666666666699]
[null,null,{"$f":"SUM('RESUMO MODULO TOTAL'!N19:N22)","v":4233529.41},{"$f":"$C$14*D11","v":0},{"$f":"$C$12*E11","v":0},0,705588.23500000138,705588.23500000138,705588.23500000138,705588.23500000138,705588.23500000138,705588.23500000138,0,0,0,{"$f":"SUM(D12:O12)","v":4233529.4100000085},{"$f":"IF(P12=C12,\"OK\",\"\")","v":""}]
[null,{"$f":"'RESUMO MODULO TOTAL'!E23","v":"AQUISIÇÃO E TRANSPORTE DO MATERIAL BETUMINOSO"},{"$f":"SUM(D13:O13)","v":1},null,null,null,{"$f":"1/6","v":0.16666666666666699},0.16666666666666699,0.16666666666666699,0.16666666666666699,0.16666666666666699,0.16666666666666699]
[null,null,{"$f":"SUM('RESUMO MODULO TOTAL'!N24:N27)","v":7526467.231549141},{"$f":"$C$14*D13","v":0},{"$f":"$C$14*E13","v":0},0,1254411.2052581925,1254411.2052581925,1254411.2052581925,1254411.2052581925,1254411.2052581925,1254411.2052581925,0,0,0,{"$f":"SUM(D14:O14)","v":7526467.231549155},{"$f":"IF(P14=C14,\"OK\",\"\")","v":""}]
[null,{"$f":"'RESUMO MODULO TOTAL'!E28","v":"SINALIZAÇÃO"},{"$f":"SUM(D15:O15)","v":1},{"$nulls":11},1]
[null,null,{"$f":"SUM('RESUMO MODULO TOTAL'!N29:N32)","v":249727.03999999998},{"$f":"$C$16*D15","v":0},{"$f":"$C$16*E15","v":0},0,0,0,0,0,0,0,0,0,249727.03999999998,{"$f":"SUM(D16:O16)","v":249727.03999999998},{"$f":"IF(P16=C16,\"OK\",\"\")","v":"OK"}]
[null,{"$f":"'RESUMO MODULO TOTAL'!E33","v":"DRENAGEM"},{"$f":"SUM(D17:O17)","v":1},{"$nulls":9},0.5,0.5]
[null,null,{"$f":"SUM('RESUMO MODULO TOTAL'!N34:N36)","v":114841.54},{"$f":"$C$18*D17","v":0},{"$f":"$C$18*E17","v":0},0,0,0,0,0,0,0,57420.77,57420.77,0,{"$f":"SUM(D18:O18)","v":114841.54},{"$f":"IF(P18=C18,\"OK\",\"\")","v":"OK"}]
[null,{"$f":"'RESUMO MODULO TOTAL'!E37","v":"PROJETO EXECUTIVO"},{"$f":"SUM(D19:O19)","v":1},1]
[null,null,{"$f":"SUM('RESUMO MODULO TOTAL'!N38)","v":225064.14},{"$f":"$C$20*D19","v":225064.14},{"$f":"$C$20*E19","v":0},0,0,0,0,0,0,0,0,0,0,{"$f":"SUM(D20:O20)","v":225064.14},{"$f":"IF(P20=C20,\"OK\",\"\")","v":"OK"}]
[null,{"$f":"'RESUMO MODULO TOTAL'!E39","v":"MOMENTO DE TRANSPORTE"},{"$f":"SUM(D21:O21)","v":1},null,null,null,{"$f":"1/6","v":0.16666666666666699},{"$f":"1/6","v":0.16666666666666699},0.16666666666666699,0.16666666666666699,0.16666666666666699,0.16666666666666699]
[null,null,{"$f":"SUM('RESUMO MODULO TOTAL'!N40:N48)","v":1739872.3199999998},{"$f":"$C$22*D21","v":0},{"$f":"$C$22*E21","v":0},0,289978.72000000055,289978.72000000055,289978.72000000055,289978.72000000055,289978.72000000055,289978.72000000055,0,0,0,{"$f":"SUM(D22:O22)","v":1739872.3200000036},{"$f":"IF(P22=C22,\"OK\",\"\")","v":"OK"}]
[]
["Porcentagem",null,null,{"$f":"SUM(D6+D8+D10+D12+D14+D16+D18+D20+D22)/$O$29","v":2.5495051141600694E-2},{"$f":"SUM(E6+E8+E10+E12+E14+E16+E18+E20+E22)/$O$29","v":3.9703032958727704E-3},3.1762426366982168E-3,0.15550264137223935,0.15550264137223935,0.15550264137223935,0.15550264137223935,0.15550264137223935,0.15550264137223935,3.9685191449161392E-3,3.9685191449161392E-3,2.6405516402561866E-2]
["Custo",null,null,{"$f":"$O$29*D24","v":392467.14908533823},{"$f":"$O$29*E24","v":61118.277695577774},{"$f":"$O$29*F24","v":48894.622156462232},2393785.2878051074,2393785.2878051074,2393785.2878051074,2393785.2878051074,2393785.2878051074,2393785.2878051074,61090.812732452272,61090.812732452272,406482.72031624324]
["Porcentagem Acumulado",null,null,{"$f":"D24","v":2.5495051141600694E-2},{"$f":"D26+E24","v":2.9465354437473466E-2},{"$f":"E26+F24","v":3.2641597074171684E-2},0.18814423844641104,0.34364687981865039,0.49914952119088973,0.65465216256312908,0.81015480393536843,0.96565744530760778,0.96962596445252391,0.97359448359744005,{"$f":"N26+O24","v":1.000000000000002}]
["Custo Acumulado",null,null,{"$f":"D25","v":392467.14908533823},{"$f":"D27+E25","v":453585.42678091599},502480.04893737822,2896265.3367424859,5290050.6245475933,7683835.9123527007,10077621.200157808,12471406.487962916,14865191.775768023,14926282.588500476,14987373.401232928,15393856.12154917]
[]
[null,null,null,"Total Geral",{"$nulls":9},"R$",{"$f":"C6+C8+C10+C12+C14+C16+C18+C20+C22","v":15393856.121549141}]
[]
[]
[{"$nulls":14},{"$f":"O27-O29","v":2.9802322387695313E-8}]
[]
[{"$nulls":14},{"$f":"'RESUMO MODULO TOTAL'!N49","v":15393856.121549141}]
[]
[{"$nulls":14},{"$f":"O29-O34","v":0}]

{"sheet":"Mob","index":2,"n_rows":67,"n_cols":9,"rows_kept":67,"cut":false,"hidden":false,"merged":[[3,0,3,7],[4,5,4,6],[10,6,10,7],[60,0,60,1],[10,0,11,0],[10,1,11,1],[10,2,11,2],[10,3,11,3],[10,4,11,4],[10,5,11,5],[5,7,6,7],[7,7,8,7],[4,0,8,4],[5,5,6,6],[7,5,8,6]]}
[]
[]
[]
[{"$error":"#REF!"}]
["MOBILIZAÇÃO/DESMOBILIZAÇÃO (MOB)",{"$nulls":4},"Frentes de serviços",null,10]
[{"$nulls":5},"Distância da Capital ao Canteiro:",null,100,"Fica a cargo de cada SR colocar a distancia adequada de acordo com o historico de mobilização"]
[]
[{"$nulls":5},"Velocidade média de transporte (pavim.):",null,60]
[]
["Transporte dos equipamentos"]
["CODIGO","EQUIPAMENTO","VEÍCULO TRANSPORTADOR","QTDE","K","FU","CUSTO DO TRANSPORTE"]
[{"$nulls":6},"(R$/h)","(R$)/km"]
["E9524","Motoniveladora - 93 kW","E9665",0,2,1,389.01580000000001,0]
["E9526","Retroescavadeira de pneus - capacidade da caçamba da pá-carregadeira de 0,76 m³ e da retroescavadeira de 0,29 m³ - 58 kW","E9665",0,2,1,389.01580000000001,0]
["E9577","Trator agrícola sobre pneus - 77 kW","E9665",0,2,0.5,389.01580000000001,0]
["E9518","Grade de 24 discos rebocável de D = 60 cm (24\")","Veículo(s) da própria frota.",1,2,0,0,0]
["E9615","Usina misturadora de solos com capacidade de 300 t/h - 44 kW","E9018",0,2,2,498.60219999999998,0]
["E9689","Usina de asfalto a quente gravimétrica com capacidade de 100/140 t/h - 260 kW","E9666",0,2,3,410.84010000000001,0]
["E9530","Rolo compactador liso vibratório autopropelido por pneus de 11 t - 97 kW","E9666",0,2,0.5,410.84010000000001,0]
["E9558","Tanque de estocagem de asfalto com capacidade de 30.000 l","E9665",1,2,1,389.01580000000001,12.9671933333333]
["E9758","Vibroacabadora de asfalto sobre pneus - 82 kW","E9018",0,2,0.5,498.60219999999998,0]
["E9685","Rolo compactador pé de carneiro vibratório autopropelido por pneus de 11,6 t - 82 kW","E9666",0,2,0.5,410.84010000000001,0]
["E9605","Caminhão tanque com capacidade de 6.000 l - 136 kW","E9605",0,1,1,243.90790000000001,0]
["E9579","Caminhão basculante com capacidade de 10 m³ - 210 kW","E9579",5,1,1,301.91629999999998,25.159691666666699]
["E9509","Caminhão tanque distribuidor de asfalto com capacidade de 6.000 l - 7 kW/136 kW","E9509",1,1,1,255.0376,4.2506266666666699]
["E9762","Rolo compactador de pneus autopropelido de 27 t - 85 kW","E9666",1,2,0.5,410.84010000000001,6.8473350000000002]
["E9681","Rolo compactador liso tandem vibratório autopropelido de 10,4 t - 82 kW","E9666",1,2,0.5,410.84010000000001,6.8473350000000002]
["E9545","Vibroacabadora de asfalto sobre esteiras - 82 kW","E9018",1,2,0.5,498.60219999999998,8.3100366666666705]
["E9571","Caminhão tanque com capacidade de 10.000 l - 188 kW","E9571",0,1,1,317.52929999999998,0]
["E9514","Distribuidor de agregados sobre pneus autopropelido - 130 kW","E9665",0,2,0.5,389.01580000000001,0]
["E9511","Carregadeira de pneus com capacidade de 3,40 m³ - 195 kW","E9665",0,2,1,389.01580000000001,0]
["E9779","Grupo gerador - 113 kVA","Veículo(s) da própria frota.",1,2,0,0,0]
["E9559","Aquecedor de fluido térmico - 12 kW","Veículo(s) da própria frota.",1,2,0,0,0]
["E9584","Carregadeira de pneus com capacidade de 1,72 m³ - 113 kW","E9665",0,2,1,389.01580000000001,0]
["E9021","Grupo gerador - 456 kVA","E9508",1,2,1,178.8723,5.9624100000000002]
["E9687","Caminhão carroceria com capacidade de 5 t - 115 kW","E9687",1,1,1,145.88640000000001,2.4314399999999998]
["E9667","Caminhão basculante com capacidade de 14 m³ - 210 kW","E9667",0,1,1,302.63330000000002,0]
["E9644","Caminhão demarcador de faixas com sistema de pintura a frio - 28 kW/115 kW","E9644",1,1,1,365.92270000000002,6.0987116666666701]
["E9592","Caminhão carroceria com capacidade de 15 t - 188 kW","E9592",1,1,1,252.72569999999999,4.2120949999999997]
["E9540","Trator sobre esteiras com lâmina - 127 kW","E9018",0,2,0.5,498.60219999999998,0]
["E9515","Escavadeira hidráulica sobre esteiras com caçamba com capacidade de 1,56 m³ - 118 kW","E9666",0,2,1,410.84010000000001,0]
["E9506","Caminhão basculante com capacidade de 6 m³ - 136 kW","E9506",1,1,1,176.95599999999999,2.94926666666667]
["E9256","Equipamento para pintura com cal rebocável com dois bicos aplicadores e capacidade de 2.200 l","Veículo(s) da própria frota.",1,2,0,0,0]
["E9156","Soprador de ar costal - 2,6 kW","Veículo(s) da própria frota.",1,2,0,0,0]
["E9146","Caminhão silo com capacidade de 30 m³ - 265 kW","E9146",1,1,1,451.1694,7.5194900000000002]
["E9010","Balança plataforma digital à bateria, com mesa de 75 x 75 cm e capacidade de 500 kg","Veículo(s) da própria frota.",0,2,0,0,0]
["E9519","Betoneira com motor a gasolina com capacidade de 600 l - 10 kW","Veículo(s) da própria frota.",0,2,0,0,0]
["E9071","Transportador manual carrinho de mão com capacidade de 80 l","Veículo(s) da própria frota.",0,2,0,0,0]
["E9064","Transportador manual gerica com capacidade de 180 l","Veículo(s) da própria frota.",0,2,0,0,0]
["E9066","Grupo gerador - 14 kVA","Veículo(s) da própria frota.",0,2,0,0,0]
["E9535","Serra circular com bancada - D = 30 cm - 4 kW","Veículo(s) da própria frota.",0,2,0,0,0]
["E9507","Plotadora de recorte com computador e programa computacional","Veículo(s) da própria frota.",0,2,0,0,0]
["E9568","Furadeira de impacto de 12,5 mm - 0,80 kW","Veículo(s) da própria frota.",0,2,0,0,0]
["E9753","Grupo gerador - 23 kVA","Veículo(s) da própria frota.",0,2,0,0,0]
["E9623","Máquina de bancada guilhotina - 4,00 kW","Veículo(s) da própria frota.",0,2,0,0,0]
["E9622","Máquina de bancada universal para corte de chapa - 1,50 kW","Veículo(s) da própria frota.",0,2,0,0,0]
["E9678","Fresadora a frio - 455 kW","E9666",1,2,1,410.84010000000001,13.69467]
[{"$nulls":6},"TOTAL",107.250301666667]
[]
[]
["CUSTO TOTAL MOBILIZAÇÃO E DESMOBILIZAÇÃO"]
["DESCRIÇÃO","VALOR"]
["Custo Mobilização (km)",107.250301666667]
["BDI (%)",0.2339]
["Custo Mobilização (R$/km) com BDI",132.3361472265]
["Total de Frentes",10]
["Custo Mobilização (frentes x distancia)",132336.1472265]

{"sheet":" Canteiro","index":3,"n_rows":13,"n_cols":6,"rows_kept":13,"cut":false,"hidden":false,"merged":[[3,0,3,5],[4,7,4,8],[9,3,9,4],[12,3,12,4],[3,9,4,9]]}
[]
[]
[]
["CANTEIRO DE OBRAS PARA CONSTRUÇAO RODOVIÁRIA"]
["Descrição dos serviços","Tipo de container","Unidade","Quantidade","Preço unitário (R$)","Total (R$)"]
["Escritório e seção técnica"]
["Aluguel de casa mobiliada",10776,"und",1,650.39,650.39]
["Banheiro e vestiário"]
["Banheiro químico",10777,"und",1,945.23,945.23]
[null,null,null,"TOTAL DO CANTEIRO",null,1595.62]
[null,null,null,"DURAÇÃO (MESES)",12,19147.439999999999]
[null,null,null,"BDI",null,0.2339]
[null,null,null,"TOTAL DO CANTEIRO (com BDI)",null,23626.026215999998]

{"sheet":"Adm Local","index":4,"n_rows":251,"n_cols":10,"rows_kept":251,"cut":false,"hidden":false,"merged":[[250,3,250,4],[250,5,250,6],[0,0,2,8],[246,7,246,8],[247,3,247,4],[247,5,247,6],[247,7,247,8],[248,3,248,4],[248,5,248,6],[248,7,248,8],[249,3,249,4],[249,5,249,6],[243,3,243,4],[243,5,243,6],[243,7,243,8],[244,3,244,4],[244,5,244,6],[244,7,244,8],[245,3,245,4],[245,5,245,6],[245,7,245,8],[240,3,240,4],[240,5,240,6],[240,7,240,8],[241,3,241,4],[241,5,241,6],[241,7,241,8],[242,3,242,4],[242,5,242,6],[242,7,242,8],[237,3,237,4],[237,5,237,6],[237,7,237,8],[238,3,238,4],[238,5,238,6],[238,7,238,8],[239,3,239,4],[239,5,239,6],[239,7,239,8],[234,3,234,4],[234,5,234,6],[234,7,234,8],[235,3,235,4],[235,5,235,6],[235,7,235,8],[236,3,236,4],[236,5,236,6],[236,7,236,8],[231,3,231,4],[231,5,231,6],[231,7,231,8],[232,3,232,4],[232,5,232,6],[232,7,232,8],[233,3,233,4],[233,5,233,6],[233,7,233,8],[228,3,228,4],[228,5,228,6],[228,7,228,8],[229,3,229,4],[229,5,229,6],[229,7,229,8],[230,3,230,4],[230,5,230,6],[230,7,230,8],[225,3,225,4],[225,5,225,6],[225,7,225,8],[226,3,226,4],[226,5,226,6],[226,7,226,8],[227,3,227,4],[227,5,227,6],[227,7,227,8],[222,3,222,4],[222,5,222,6],[222,7,222,8],[223,3,223,4],[223,5,223,6],[223,7,223,8],[224,3,224,4],[224,5,224,6],[224,7,224,8],[214,3,214,4],[214,5,214,6],[214,7,214,8],[215,3,215,4],[215,5,215,6],[215,7,215,8],[216,7,216,8],[220,0,220,8],[221,3,221,4],[221,5,221,6],[221,7,221,8],[211,3,211,4],[211,5,211,6],[211,7,211,8],[212,3,212,4],[212,5,212,6],[212,7,212,8],[213,3,213,4],[213,5,213,6],[213,7,213,8],[207,3,207,4],[207,5,207,6],[207,7,207,8],[208,3,208,4],[208,5,208,6],[208,7,208,8],[210,3,210,4],[210,5,210,6],[210,7,210,8],[204,3,204,4],[204,5,204,6],[204,7,204,8],[205,3,205,4],[205,5,205,6],[205,7,205,8],[206,3,206,4],[206,5,206,6],[206,7,206,8],[195,0,195,8],[196,1,196,4],[197,1,197,4],[198,1,198,4],[201,0,201,8],[202,3,202,4],[202,5,202,6],[202,7,202,8],[203,3,203,4],[203,5,203,6],[203,7,203,8],[160,0,160,8],[161,1,161,4],[174,0,174,8],[175,0,175,8],[176,1,176,4],[189,0,189,8],[190,1,190,4],[191,1,191,4],[192,1,192,4],[155,3,155,4],[155,5,155,6],[155,7,155,8],[156,3,156,4],[156,5,156,6],[156,7,156,8],[157,5,157,6],[157,7,157,8],[159,0,159,8],[152,3,152,4],[152,5,152,6],[152,7,152,8],[153,3,153,4],[153,5,153,6],[153,7,153,8],[154,3,154,4],[154,5,154,6],[154,7,154,8],[147,3,147,4],[147,5,147,6],[147,7,147,8],[148,5,148,6],[148,7,148,8],[150,0,150,8],[151,3,151,4],[151,5,151,6],[151,7,151,8],[144,3,144,4],[144,5,144,6],[144,7,144,8],[145,3,145,4],[145,5,145,6],[145,7,145,8],[146,3,146,4],[146,5,146,6],[146,7,146,8],[139,3,139,4],[139,5,139,6],[139,7,139,8],[140,5,140,6],[140,7,140,8],[142,0,142,8],[143,3,143,4],[143,5,143,6],[143,7,143,8],[136,3,136,4],[136,5,136,6],[136,7,136,8],[137,3,137,4],[137,5,137,6],[137,7,137,8],[138,3,138,4],[138,5,138,6],[138,7,138,8],[131,5,131,6],[131,7,131,8],[133,0,133,8],[134,3,134,4],[134,5,134,6],[134,7,134,8],[135,3,135,4],[135,5,135,6],[135,7,135,8],[128,3,128,4],[128,5,128,6],[128,7,128,8],[129,3,129,4],[129,5,129,6],[129,7,129,8],[130,3,130,4],[130,5,130,6],[130,7,130,8],[123,5,123,6],[123,7,123,8],[125,0,125,8],[126,3,126,4],[126,5,126,6],[126,7,126,8],[127,3,127,4],[127,5,127,6],[127,7,127,8],[120,3,120,4],[120,5,120,6],[120,7,120,8],[121,3,121,4],[121,5,121,6],[121,7,121,8],[122,3,122,4],[122,5,122,6],[122,7,122,8],[115,3,115,4],[115,5,115,6],[115,7,115,8],[116,5,116,6],[116,7,116,8],[118,0,118,8],[119,3,119,4],[119,5,119,6],[119,7,119,8],[112,3,112,4],[112,5,112,6],[112,7,112,8],[113,3,113,4],[113,5,113,6],[113,7,113,8],[114,3,114,4],[114,5,114,6],[114,7,114,8],[102,5,102,6],[102,7,102,8],[109,0,109,8],[110,3,110,4],[110,5,110,6],[110,7,110,8],[111,3,111,4],[111,5,111,6],[111,7,111,8],[99,3,99,4],[99,5,99,6],[99,7,99,8],[100,3,100,4],[100,5,100,6],[100,7,100,8],[101,3,101,4],[101,5,101,6],[101,7,101,8],[89,5,89,6],[89,7,89,8],[96,0,96,8],[97,3,97,4],[97,5,97,6],[97,7,97,8],[98,3,98,4],[98,5,98,6],[98,7,98,8],[86,3,86,4],[86,5,86,6],[86,7,86,8],[87,3,87,4],[87,5,87,6],[87,7,87,8],[88,3,88,4],[88,5,88,6],[88,7,88,8],[76,3,76,4],[76,5,76,6],[76,7,76,8],[77,5,77,6],[77,7,77,8],[84,0,84,8],[85,3,85,4],[85,5,85,6],[85,7,85,8],[73,3,73,4],[73,5,73,6],[73,7,73,8],[74,3,74,4],[74,5,74,6],[74,7,74,8],[75,3,75,4],[75,5,75,6],[75,7,75,8],[63,3,63,4],[63,5,63,6],[63,7,63,8],[64,3,64,4],[64,5,64,6],[64,7,64,8],[65,5,65,6],[65,7,65,8],[72,0,72,8],[53,5,53,6],[53,7,53,8],[60,0,60,8],[61,3,61,4],[61,5,61,6],[61,7,61,8],[62,3,62,4],[62,5,62,6],[62,7,62,8],[50,3,50,4],[50,5,50,6],[50,7,50,8],[51,3,51,4],[51,5,51,6],[51,7,51,8],[52,3,52,4],[52,5,52,6],[52,7,52,8],[28,3,28,4],[28,5,28,6],[28,7,28,8],[29,3,29,4],[29,5,29,6],[29,7,29,8],[32,0,32,8],[48,0,48,8],[49,3,49,4],[49,5,49,6],[49,7,49,8],[25,3,25,4],[25,5,25,6],[25,7,25,8],[26,3,26,4],[26,5,26,6],[26,7,26,8],[27,3,27,4],[27,5,27,6],[27,7,27,8],[22,3,22,4],[22,5,22,6],[22,7,22,8],[23,3,23,4],[23,5,23,6],[23,7,23,8],[24,3,24,4],[24,5,24,6],[24,7,24,8],[19,3,19,4],[19,5,19,6],[19,7,19,8],[20,3,20,4],[20,5,20,6],[20,7,20,8],[21,3,21,4],[21,5,21,6],[21,7,21,8],[16,3,16,4],[16,5,16,6],[16,7,16,8],[17,3,17,4],[17,5,17,6],[17,7,17,8],[18,3,18,4],[18,5,18,6],[18,7,18,8],[13,3,13,4],[13,5,13,6],[13,7,13,8],[14,3,14,4],[14,5,14,6],[14,7,14,8],[15,3,15,4],[15,5,15,6],[15,7,15,8],[10,3,10,4],[10,5,10,6],[10,7,10,8],[11,3,11,4],[11,5,11,6],[11,7,11,8],[12,3,12,4],[12,5,12,6],[12,7,12,8],[7,3,7,4],[7,5,7,6],[7,7,7,8],[8,3,8,4],[8,5,8,6],[8,7,8,8],[9,3,9,4],[9,5,9,6],[9,7,9,8],[3,0,3,8],[4,3,4,4],[4,5,4,6],[4,7,4,8],[5,3,5,4],[5,5,5,6],[5,7,5,8],[6,3,6,4],[6,5,6,6],[6,7,6,8]]}
[]
[]
[]
["parcela fixa da administração local \n(mão de obra)"]
["Código","Discriminação ","Unidade"," Quantidade ",null,"Custo Unitário (R$)",null," Custo Total (R$)"]
[null,"Mão de Obra"]
[null,"Gerência Técnica"]
[null,"Geral"]
["P9955","Engenheiro chefe","mês",0.5,null,30325.203799999999,null,15162.6019]
["P9840","Encarregado geral","mês",0.5,null,10680.197399999999,null,5340.0986999999996]
["P9897","Técnico de meio ambiente","mês",0,null,7344.1706000000004,null,0]
["P9948","Motorista","mês",0,null,5584.3607000000002,null,0]
["P9878","Secretária","mês",0,null,6205.3217999999997,null,0]
[{"$nulls":5},"Subtotal do Item 1.1",null,20502.7006]
[null,"Auxiliar"]
["P9946","Engenheiro auxiliar","mês",1,null,21999.941999999999,null,21999.941999999999]
["P9903","Auxiliar técnico","mês",0,null,4392.0451999999996,null,0]
[{"$nulls":5},"Subtotal do Item 1.2",null,21999.941999999999]
[null,"Gerência Administrativa"]
[null,"Geral"]
["P9883","Chefe do setor administrativo","mês",1,null,7297.0285000000003,null,7297.0285000000003]
["P9809","Encarregado administrativo","mês",1,null,7297.0316999999995,null,7297.0316999999995]
["P9896","Porteiro","mês",0,null,3901.6426999999999,null,0]
["P9827","Vigia","mês",0,null,4630.7094999999999,null,0]
["P9948","Motorista","mês",0,null,5584.3607000000002,null,0]
[{"$nulls":5},"Subtotal do Item 1.3",null,14594.0602]
[null,"Auxiliar"]
["P9806","Auxiliar administrativo","mês",1,null,4790.7491,null,4790.7491]
["P9842","Faxineiro","mês",0,null,3901.3404,null,0]
[{"$nulls":5},"Subtotal do Item 1.4",null,4790.7491]
[{"$nulls":7},"Total da Mão de Obra da Parcela Fixa",61887.4519]
[]
["parcela fixa da administração local \n(veículos)"]
["Código","Discriminação ","Unidade"," Quantidade ","Utilização Produtiva","Utilização Improdutiva","Custo Horário \nProdutivo (R$)","Custo Horário Improdutivo (R$)","Custo Total (R$)"]
[2,"Veículos"]
[null,"Gerência Técnica"]
["2.1","Geral"]
["E9093","Veículo Leve 53 kw","mês",1,44,176,35.319600000000001,6.1280999999999999,2632.6080000000002]
["E9560","Ônibus coletivo - 175 kw","mês",0,44,176,0.24629999999999999,0.24629999999999999,0]
[{"$nulls":7},"Subtotal do Item 2",2632.6080000000002]
["2.2","Auxiliar"]
["E9093","Veículo Leve 53 kw","mês",0,44,176,35.319600000000001,6.1280999999999999,0]
[{"$nulls":7},"Subtotal do Item 2",0]
["2.3","Gerência Administrativa"]
["E9093","Veículo Leve 53 kw","mês",0,44,176,35.319600000000001,6.1280999999999999,0]
[{"$nulls":7},"Subtotal do Item 2",0]
[{"$nulls":7},"Total dos Veículos da Parcela Fixa",2632.6080000000002]
[]
["Composição de custo da equipe de produção de terraplenagem"]
["Código","Discriminação ","Unidade"," Quantidade ",null,"Custo Unitário (R$)",null," Custo Total (R$)"]
[null,"Equipe de Produção de Terraplenagem"]
["3.1","Mão de Obra"]
["P9884","Encarregado de produção ","mês",0,null,7556.9342999999999,null,0]
[{"$nulls":5},"Subtotal do Item 3.1",null,0]
["Código","Discriminação ","Unidade"," Quantidade ","Utilização Produtiva","Utilização Improdutiva","Custo Horário \nProdutivo (R$)","Custo Horário Improdutivo (R$)","Custo Total (R$)"]
["3.2","Veículos"]
[null,"Veículo Leve 53 kw","mês",0,44,176,35.319600000000001,6.1280999999999999,0]
[{"$nulls":7},"Subtotal do Item 3.2",0]
[{"$nulls":7},"Total da Equipe de Produção de Terraplenagem",0]
[]
["Composição de custo da equipe de produção de pavimentação"]
["Código","Discriminação ","Unidade"," Quantidade ",null,"Custo Unitário (R$)",null," Custo Total (R$)"]
[null,"Equipe de Produção de Pavimentação"]
["3.1","Mão de Obra"]
["P9893","Encarregado de produção ","mês",1,null,7556.9342999999999,null,7556.9342999999999]
[{"$nulls":5},"Subtotal do Item 3.1",null,7556.9342999999999]
["Código","Discriminação ","Unidade"," Quantidade ","Utilização Produtiva","Utilização Improdutiva","Custo Horário \nProdutivo (R$)","Custo Horário Improdutivo (R$)","Custo Total (R$)"]
["3.2","Veículos"]
[null,"Veículo Leve 53 kw","mês",1,44,176,35.319600000000001,6.1280999999999999,2632.6080000000002]
[{"$nulls":7},"Subtotal do Item 3.2",2632.6080000000002]
[{"$nulls":7},"Total da Equipe de Produção de Pavimentação",10189.542299999999]
[]
["Composição de custo da equipe de produção de drenagem"]
["Código","Discriminação ","Unidade"," Quantidade ",null,"Custo Unitário (R$)",null," Custo Total (R$)"]
[null,"Equipe de Produção de Pavimentação"]
["3.1","Mão de Obra"]
["P9893","Encarregado de produção ","mês",1,null,7556.9342999999999,null,7556.9342999999999]
[{"$nulls":5},"Subtotal do Item 3.1",null,7556.9342999999999]
["Código","Discriminação ","Unidade"," Quantidade ","Utilização Produtiva","Utilização Improdutiva","Custo Horário \nProdutivo (R$)","Custo Horário Improdutivo (R$)","Custo Total (R$)"]
["3.2","Veículos"]
[null,"Veículo Leve 53 kw","mês",1,44,176,35.319600000000001,6.1280999999999999,2632.6080000000002]
[{"$nulls":7},"Subtotal do Item 3.2",2632.6080000000002]
[{"$nulls":7},"Total da Equipe de Produção de Pavimentação",10189.542299999999]
[]
["Composição de custo da equipe de produção de sinalização"]
["Código","Discriminação ","Unidade"," Quantidade ",null,"Custo Unitário (R$)",null," Custo Total (R$)"]
[null,"Equipe de Produção de Pavimentação"]
["3.1","Mão de Obra"]
["P9893","Encarregado de produção ","mês",1,null,7556.9342999999999,null,7556.9342999999999]
[{"$nulls":5},"Subtotal do Item 3.1",null,7556.9342999999999]
["Código","Discriminação ","Unidade"," Quantidade ","Utilização Produtiva","Utilização Improdutiva","Custo Horário \nProdutivo (R$)","Custo Horário Improdutivo (R$)","Custo Total (R$)"]
["3.2","Veículos"]
[null,"Veículo Leve 53 kw","mês",1,44,176,35.319600000000001,6.1280999999999999,2632.6080000000002]
[{"$nulls":7},"Subtotal do Item 3.2",2632.6080000000002]
[{"$nulls":7},"Total da Equipe de Produção de Pavimentação",10189.542299999999]
[]
["Composição de custo da equipe topografia"]
["Código","Discriminação ","Unidade"," Quantidade ",null,"Custo Unitário (R$)",null," Custo Total (R$)"]
[null,"Equipe de Topografia"]
["3.1","Mão de Obra"]
["P9949","Topográfo","mês",1,null,8442.6124,null,8442.6124]
["P9950","Auxiliar de topografia","mês",1,null,5648.4587000000001,null,5648.4587000000001]
[{"$nulls":5},"Subtotal do Item 3.1",null,14091.071099999999]
["Código","Discriminação ","Unidade"," Quantidade ","Utilização Produtiva","Utilização Improdutiva","Custo Horário \nProdutivo (R$)","Custo Horário Improdutivo (R$)","Custo Total (R$)"]
["3.2","Veículos"]
[null,"Veículo Leve 53 kw","mês",1,44,176,35.319600000000001,6.1280999999999999,2632.6080000000002]
[{"$nulls":7},"Subtotal do Item 3.2",2632.6080000000002]
[{"$nulls":7},"Total da Equipe de Produção de Topografia",16723.679100000001]
[]
["Composição de custo do setor de medicina e segurança do trabalho"]
["Código","Discriminação ","Unidade"," Quantidade ",null,"Custo Unitário (R$)",null," Custo Total (R$)"]
[4,"Setor de Medicina e Segurança do Trabalho"]
["P9876","Técnico de segurança do trabalho","mês",1,null,6955.1445000000003,null,6955.1445000000003]
["P9864","Engenheiro de segurança do trabalho","mês",0,null,23023.045099999999,null,0]
["P9851","Médico do trabalho","mês",0,null,18060.545999999998,null,0]
["P9951","Médico de câmara hiperbárica","mês",0,null,20496.951400000002,null,0]
[{"$nulls":5},"Subtotal do Item 4",null,6955.1445000000003]
[]
["Parcela Variável - Composição de custo da equipe de frente de serviço"]
["Código","Discriminação ","Unidade"," Quantidade ",null,"Custo Unitário (R$)",null," Custo Total (R$)"]
[5,"Equipe de Frente de Serviço","equipexmês"]
["P9875","Encarregado de Turma","mês",1,null,5464.6695,null,5464.6695]
["P9804","Apontador","mês",0.5,null,4832.8361999999997,null,2416.4180999999999]
[{"$nulls":5},"Subtotal do Item 5",null,7881.0875999999998]
[]
["Parcela Variável - Composição de custo da equipe de frente de serviço (Terraplenagem) - Somente Compactação "]
["Código","Discriminação ","Unidade"," Quantidade ",null,"Produção Horária \n(und/h)",null,"Efs"]
["5.1","Equipe de Frente de Serviço","equipexmês"]
[null,null,"mês",{"$nulls":4},{"$error":"#DIV/0!"}]
[null,null,"mês",{"$nulls":4},{"$error":"#DIV/0!"}]
[null,null,"mês",{"$nulls":4},{"$error":"#DIV/0!"}]
[{"$nulls":5},"Total de Equipes para Terraplenagem",null,{"$error":"#DIV/0!"}]
[]
["Parcela Variável - Composição de custo da acompanhamento das frentes de serviço de pavimentação"]
["Código","Discriminação ","Unidade"," Quantidade ",null,"Produção Horária \n(und/h)",null,"Efs"]
["5.2","Equipe de Frente de Serviço","equipe x mês"]
[4011463,"Concreto asfáltico - faixa C - areia e brita comerciais","m²",16800,null,99.6,null,0.9242955712377704]
[4011353,"Pintura de ligação","m²",140000,null,1125,null,0.68192473255764396]
[4915663,"Fresagem descontínua de revestimento asfáltico - espessura de 5 cm","m²",700,null,1500,null,2.5572177470911646E-3]
[4915618,"Recomposição de camada granular do pavimento com material de jazida","m³",14000,null,120.7,null,0.63559678883790338]
[{"$nulls":5},"Total de Equipes para Pavimentação",null,2.244374310380409]
[]
["Parcela Variável - Composição de custo da acompanhamento das frentes de serviço de drenagem"]
["Código","Discriminação ","Unidade"," Quantidade ",null,"Efsdu",null,"Efs"]
["5.3","Frentes de Serviço para Drenagem","equipe x mês"]
[4915777,"Reassentamento manual de meio-fio com material arrancado da pista","m",4000,null,2.1000000000000001E-4,null,0.84000000000000008]
[4915708,"Limpeza de sarjeta e meio-fio","m",40000,null,2.1000000000000001E-4,null,8.4]
[4915724,"Caiação mecanizada com fixador de cal","m",4800,null,2.1000000000000001E-4,null,1.008]
[{"$nulls":5},"Total de Equipes para Drenagem",null,1.008]
[]
["Parcela Variável - Composição de custo da acompanhamento das frentes de serviço de sinalização"]
["Código","Discriminação ","Unidade"," Quantidade ",null,"Produção Horária (und/h)",null,"Efs"]
["5.4","Frentes de Serviço para Sinalização","equipe x mês"]
[5213440,"Placa de regulamentação em aço D = 0,60 m - película retrorrefletiva tipo I + SI - fornecimento e implantação","Unidade",60,null,3,null,2.1919009260781414E-2]
[5213464,"Placa de advertência em aço, lado de 0,60 m - película retrorrefletiva tipo I + SI - fornecimento e implantação","Unidade",60,null,4.0999999999999996,null,1.6038299459108351E-2]
[5213863,"Suporte metálico galvanizado para placa de advertência ou regulamentação - lado ou diâmetro de 0,60 m - fornecimento e implantação","Unidade",120,null,4.0999999999999996,null,3.2076598918216702E-2]
[5213400,"Pintura de faixa com tinta acrílica - espessura de 0,4 mm","m²",4800,null,177.07,null,2.9708941224304172E-2]
[{"$nulls":5},"Total de Equipes para Sinalização",null,9.9742848862410638E-2,null,{"$f":"H158+H149","v":1.1077428488624106}]
[]
["3. PARCELA VARIÁVEL - EQUIPE DE CONTROLE TECNOLÓGICO"]
["LABORATÓRIO DE SOLOS"]
["Item","Discriminação",null,null,null,"Unidade","Quantidade","Custo Unitário (R$)","Custo Total (R$)"]
[null,"Laboratório de Solos (equipe x mês)"]
[null,"Mão de Obra"]
["P9858","Laboratorista",null,null,null,"func./mês",1,6962.7078000000001,6962.7]
["P9833","Auxiliar de laboratório",null,null,null,"func./mês",1,5616.9066000000003,5616.9]
[{"$nulls":7},"Subtotal do Item",12579.6]
["Item","Discriminação","Und","Quant","Utilização Produtiva","Utilização Improdutiva","Horário Produtivo (R$)","Horário Improdutivo (R$)","Total (R$)"]
[null,"Equipe de Controle Tecnológico"]
[null,"Veículos"]
["E9125","Van furgão a diesel - 93 kW","veic./mês",0.5,44,176,83.020099999999999,47.3367,5992.0717999999997]
[{"$nulls":7},"Subtotal do Item",5992.0717999999997]
[{"$nulls":7},"Total da Equipe do Laboratório de Solos",18571.6718]
[]
["3. PARCELA VARIÁVEL - EQUIPE DE CONTROLE TECNOLÓGICO"]
["LABORATÓRIO DE ASFALTOS"]
["Item","Discriminação",null,null,null,"Unidade","Quantidade","Custo Unitário (R$)","Custo Total (R$)"]
[null,"Laboratório de Solos (equipe x mês)"]
[null,"Mão de Obra"]
["P9858","Laboratorista",null,null,null,"func./mês",1,6962.7078000000001,6962.7]
["P9833","Auxiliar de laboratório",null,null,null,"func./mês",1,5616.9066000000003,5616.9]
[{"$nulls":7},"Subtotal do Item",12579.6]
["Item","Discriminação","Und","Quant","Utilização Produtiva","Utilização Improdutiva","Horário Produtivo (R$)","Horário Improdutivo (R$)","Total (R$)"]
[null,"Equipe de Controle Tecnológico"]
[null,"Veículos"]
["E9125","Van furgão a diesel - 93 kW","veic./mês",0.5,44,176,83.020099999999999,47.3367,5992.0717999999997]
[{"$nulls":7},"Subtotal do Item",5992.0717999999997]
[{"$nulls":7},"Total da Equipe do Laboratório de Asfaltos",18571.6718]
[]
["Equipes de laboratório de solos para pavimentação"]
["Item","Discriminação",null,null,null,"Und","Quant","QE","Els"]
["-","-",null,null,null,"-","-","-","-"]
["-","-",null,null,null,"-","-","-","-"]
[{"$nulls":7},"Total de equipes de Laboratório de Solos para Pavimentação","-"]
[]
["Equipes de laboratório de Asfalto"]
["Item","Discriminação",null,null,null,"Und","Quant","QE","Ela"]
[4011463,"Concreto asfáltico - faixa C - areia e brita comerciais",null,null,null,"t",16800,9000,1.8666666666666667]
[4011353,"Pintura de ligação",null,null,null,"m²",140000,1610000,8.6956521739130432E-2]
[{"$nulls":7},"Total de equipes de Laboratório de Asfaltos",1.9536231884057971]
[]
["manutenção do canteiro de obras e acampamentos"]
["Código","Discriminação ","Unidade"," Quantidade ",null,"Custo Unitário (R$)",null," Custo Total (R$)"]
[null,"Manutenção do Canteiro de Obras e Acampamentos"]
["6.1","Mão de Obra"]
["P9952","Pedreiro","mês",0,null,4876.6846999999998,null,0]
["P9954","Servente","mês",0,null,3953.9376000000002,null,0]
["P9953","Eletricista","mês",0,null,5532.0410000000002,null,0]
[{"$nulls":5},"Subtotal do Item 6.1",null,0]
[]
["Código","Discriminação ","Unidade"," Quantidade ",null,"Custo Produtivo (R$)",null," Custo Total (R$)"]
["6.2","Equipamentos"]
[null,"Caminhão guindauto de 6 toneladas","h/mês",0,null,null,null,0]
[null,"Caminhão tanque de 8.000 litros","h/mês",0,null,null,null,0]
["E9524","Motoniveladora","h/mês",0,null,280.95280000000002,null,0]
[{"$nulls":5},"Subtotal do Item 6.2",null,0]
[{"$nulls":6},"Total da Manutenção do Canteiro de Obras e Acampamentos",0]
[]
[]
[]
["Resumo das parcelas de administração local"]
["Código","Discriminação ","Unidade"," Quantidade ",null,"Custo Unitário (R$)",null," Custo Total (R$)"]
[null,"Parcela Fixa"]
[null,"Mão de Obra","mês",5,null,61887.4519,null,309437.25949999999]
[null,"Veículos","mês",5,null,2632.6080000000002,null,13163.04]
[{"$nulls":5},"Subtotal do Item 1",null,322600.29950000002]
[null,"Parcela Vinculada"]
[null,"Equipe de produção de terraplenagem","mês",4,null,0,null,0]
[null,"Equipe de produção de pavimentação","mês",6,null,10189.542299999999,null,61137.253799999999]
[null,"Equipe de produção de drenagem","mês",2,null,10189.542299999999,null,20379.084599999998]
[null,"Equipe de produção de sinalização","mês",1,null,10189.542299999999,null,10189.542299999999]
[null,"Equipe de topografia","mês",10,null,16723.679100000001,null,167236.791]
[null,"Equipe de medicina e segurança do trabalho","mês",10,null,6955.1445000000003,null,69551.445000000007]
[null,"Técnicos especializados","mês",0,null,null,null,0]
[{"$nulls":5},"Subtotal do Item 2",null,328494.11670000001]
[null,"Parcela Variável"]
[null,"Acompanhamento da Terraplenagem","equipe x mês","-",null,7881.0875999999998,null,"-"]
[null,"Acompanhamento da Pavimentação","equipe x mês",2.244374310380409,null,7881.0875999999998,null,17688.110547297594]
[null,"Acompanhamento da Drenagem","equipe x mês",1.008,null,7881.0875999999998,null,7944.1363007999998]
[null,"Acompanhamento da Sinalização","equipe x mês",9.9742848862410638E-2,null,7881.0875999999998,null,786.08212935821859]
[null,"Laboratório de Solos","equipe x mês","-",null,18571.6718,null,"-"]
[null,"Laboratório de asfaltos","equipe x mês",1.9536231884057971,null,18571.6718,null,36282.048675942031]
[{"$nulls":5},"Subtotal do Item 3",null,62700.377653397845]
[null,"Manutenção dos Canteiros de Obras e Acampamentos"]
[null,"Equipe de manutenção","mês",0,null,0,null,0]
[{"$nulls":5},"Subtotal do Item 4",null,0]
[{"$nulls":6},"Subtotal",713794.79385339795]
[null,"Despesas Diversas","%",0.05,null,"-",null,35689.7396926699]
[{"$nulls":5},"TOTAL",null,749484.53354606789,null,{"$f":"H249","v":749484.53354606789}]
[{"$nulls":5},"BDI",null,null,0.2339]
[{"$nulls":5},"TOTAL COM BDI",null,null,924788.96594249317]

{"sheet":"Projeto Executivo","index":5,"n_rows":29,"n_cols":7,"rows_kept":29,"cut":false,"hidden":false,"merged":[[26,0,26,1],[27,0,27,1],[0,0,2,6],[4,2,6,4],[3,0,3,6],[5,0,5,1],[16,0,16,1],[20,0,20,1],[25,0,25,1]]}
[]
[]
[]
["COMPOSIÇAO PREÇO PROJETO EXECUTIVO"]
[]
["DISCRIMINAÇAO",{"$nulls":4},"Pr. Unit.","Pr. Total"]
[]
["A· EOUIPE TECNICA",{"$nulls":5},14167.516003999999]
[null,"A. 1 - Pessoal de Nível Superior","Unidade","Quantitativo","SICRO e Rel.Custos Gerais",null,11293.67836]
[null,"Engenheiro","mês",0.4,"P9812",24012.8897,9605.1558800000003]
[null,"Topógrafo","mês",0.2,"P9949",8442.6124,1688.5224800000001]
[null,"A.2 - Pessoal de Nível Técnico e Aux.",{"$nulls":4},2873.8376440000002]
[null,"Auxiliar de topógrafo","mês",0.12,"P9950",5648.4587000000001,677.81504399999994]
[null,"Auxiliar Técnico/Assistente de Engenharia ","mês",0.5,"P9903",4392.0451999999996,2196.0225999999998]
["B - ENCARGOS SOCIAIS",{"$nulls":5},0]
[null,"Taxas %","JÁ INCLUSAS EM \"A\""]
["C - DESPESAS GERAIS",{"$nulls":5},5201.8884801200002]
[null,"C.1 - MATERIAIS DE CONSUMO","Estimativa % como referência de equipe técnica com encargos sociais ",0.03,null,14167.516003999999,425.02548012]
[null,"C.2 - VEÍCULOS (Veículo leve picape 4 x 4 com capacidade de 1,10 t - 147 kW)","h",40,"E9684",110.82259999999999,4432.9040000000005]
[null,"C.3 - Estação total eletrônica com alcance máximo de 3.000 m","h",55,"E9553",6.2538,343.959]
["D - ENSAIOS",{"$nulls":5},3137.014752]
[null,"Laboratorista","mês",0.2,"P9858",6962.7078000000001,1392.5415599999999]
[null,"Auxiliar de Laboratório","mês",0.12,"P9833",5616.9066000000003,674.02879199999995]
[null,"Laboratório de solos","mês",0.12,"B8957",3554.26,426.51119999999997]
[null,"Laboratório de asfalto","mês",0.12,"B8955",5366.11,643.93320000000006]
["I - SOMA (A+B+C+D)",{"$nulls":5},22506.41923612]
["II - CUSTOS ADMINISTRATIVOS",null,null,0,null,null,0]
[" TOTAL",{"$nulls":5},22506.41923612]
[{"$nulls":5},"Por m²:",1.6076013740085699]

{"sheet":" CONSUMO DE MAT. B TOTAL","index":6,"n_rows":18,"n_cols":19,"rows_kept":18,"cut":false,"hidden":false,"merged":[[14,0,14,14],[16,0,16,14],[18,0,18,14],[3,0,4,14],[5,0,6,14],[7,0,7,1],[7,2,7,10],[7,11,7,14],[9,0,9,14],[12,0,12,14]]}
[]
[]
[]
[]
[]
["CONSUMO DO MATERIAL BETUMINOSO TOTAL"]
[]
["TRECHO",null,"QUANTIDADES",{"$nulls":8},"MAT. BETUMINOSO"]
["Inicio           (km)","Fim              (km)","Extensão     (m)","Largura       (m)","Espess.       (m)","Área            (m2)","Volume              (m3)","Densidade (t/m3)","Massa            (t)","Unid","Quant.","Tipo","Consumo Taxa de Aplicação","Unid. ","Quant."]
[]
[{"$nulls":4},1,{"$nulls":9},0]
[{"$nulls":4},1,null,0,{"$nulls":7},0]
["PINTURA DE LIGAÇÃO",{"$nulls":17},{"$f":"F14*0.45","v":63000}]
[{"$nulls":4},1,140000,140000,{"$nulls":4},"RR-1C","0,4 l/m2","t",56]
["CBUQ FAIXA \"C\""]
[{"$nulls":6},0,null,16800,null,null,"CAP-50/70",6.4490000000000006E-2,"t",1083.43]
[]
[{"$nulls":6},0]

{"sheet":"CPU CODEVASF","index":7,"n_rows":52,"n_cols":9,"rows_kept":52,"cut":false,"hidden":false,"merged":[[0,0,2,7],[4,0,6,3],[5,4,6,5],[17,6,18,6],[26,6,27,6],[35,6,36,6],[43,6,44,6],[8,7,9,7],[17,7,18,7],[26,7,27,7],[35,7,36,7],[43,7,44,7],[17,4,18,4],[26,4,27,4],[35,4,36,4],[43,4,44,4],[8,5,9,5],[17,5,18,5],[26,5,27,5],[35,5,36,5],[43,5,44,5],[35,2,36,2],[43,2,44,2],[8,3,9,3],[17,3,18,3],[26,3,27,3],[35,3,36,3],[43,3,44,3],[41,5,41,6],[49,4,49,6],[51,5,51,6],[8,0,9,0],[17,0,18,0],[26,0,27,0],[35,0,36,0],[43,0,44,0],[8,1,9,1],[17,1,18,1],[26,1,27,1],[35,1,36,1],[43,1,44,1],[8,2,9,2],[17,2,18,2],[26,2,27,2],[20,4,20,6],[23,5,23,6],[29,4,29,6],[32,5,32,6],[38,4,38,6],[3,0,3,7],[4,6,4,7],[7,0,7,7],[11,4,11,6],[14,5,14,6],[8,4,9,4],[8,6,9,6]]}
[]
[]
[]
["EXECUÇÃO DE CAPA ASFÁLTICA EM CONCRETO BETUMINOSO USINADO A QUENTE (CBUQ), EM VIAS DE MUNICÍPIOS DIVERSOS INSERIDOS NA ÁREA DE ATUAÇÃO DA CODEVASF 3ª SR, NO ESTADO DE PERNAMBUCO - MICRORREGIÃO SERTÃO DO MOXOTÓ"]
[{"$nulls":5},"BDI %:",0.2339]
[{"$nulls":4},"Encargos Sociais:",null,"Horista","Mensalista"]
[{"$nulls":6},1.1397999999999999,0.7]
["COMPOSIÇÕES DE CUSTO UNITARIO"]
["CPU-13","CODEVASF",null,"AQUISIÇÃO DE CIMENTO ASFALTICO CAP 50/70","t","COEF.","PRECO UNITÁRIO (R$)","TOTAL (R$)"]
[]
[null,null,null,"CIMENTO ASFALTICO 50/70","t",1,5293.4966943406707,5293.4966943406707]
[{"$nulls":4},"Sub total:",null,null,5293.4966943406707]
[{"$nulls":5},"BDI",0.15,794.02450415110059]
[{"$nulls":6},"Total Serviços:",6087.5211984917714]
[{"$nulls":4},"CPU-13","PREÇO UNITÁRIO TOTAL:",null,6087.5211984917714,{"$f":"H12","v":5293.4966943406707}]
[]
[]
["CPU-15","CODEVASF",null,"AQUISIÇÃO DE EMULSÃO ASFÁLTICA RR-1C","t","COEF.","PRECO UNITÁRIO (R$)","TOTAL (R$)"]
[]
[null,null,null,"EMULSÃO ASFÁLTICA RR-1C","t",1,3791.6390040779497,3791.6390040779497]
[{"$nulls":4},"Sub total:",null,null,3791.6390040779497]
[{"$nulls":5},"BDI",0.15,568.74585061169239]
[{"$nulls":6},"Total Serviços:",4360.3848546896425]
[{"$nulls":4},"CPU-15","PREÇO UNITÁRIO TOTAL:",null,4360.3848546896425,{"$f":"H21","v":3791.6390040779497}]
[]
[]
["CPU-17","CODEVASF",null,"TRANSPORTE DE CIMENTO ASFALTICO CAP 50/70","t","COEF.","PRECO UNITÁRIO (R$)","TOTAL (R$)"]
[]
[null,null,null,"TRANSPORTE DE CIMENTO ASFALTICO 50/70","t",1,524.20000000000005,524.20000000000005]
[{"$nulls":4},"Sub total:",null,null,524.20000000000005]
[{"$nulls":5},"BDI",0.15,78.63]
[{"$nulls":6},"Total Serviços:",602.83000000000004]
[{"$nulls":4},"CPU-17","PREÇO UNITÁRIO TOTAL:",null,602.83000000000004,{"$f":"H30","v":524.20000000000005}]
[]
[]
["CPU-19","CODEVASF",null,"TRANSPORTE DE EMULSÃO ASFÁLTICA RR-1C","UNID","COEF.","PRECO UNITÁRIO (R$)","TOTAL (R$)"]
[]
[null,null,null,"TRANSPORTE DE EMULSÃO ASFÁLTICA RR-1C","t",1,524.20000000000005,524.20000000000005]
[{"$nulls":4},"Sub total:",null,null,524.20000000000005]
[{"$nulls":5},"BDI",0.15,78.63000000000001]
[{"$nulls":6},"Total Serviços:",602.83000000000004]
[{"$nulls":4},"CPU-19","PREÇO UNITÁRIO TOTAL:",null,602.83000000000004,{"$f":"H39","v":524.20000000000005}]
[]
["CPU-20","CODEVASF",null,"CONTROLE TECNOLÓGICO - PROJETO","m²","COEF.","PRECO UNITÁRIO (R$)","TOTAL (R$)"]
[]
["Insumo","SICRO","P9858","Laboratorista","mês",1.0714285714285701E-5,5576.2888000000003,5.9745951428571399E-2]
["Composição","SICRO","P9833","Auxiliar de Laboratório","mês",1.0714285714285701E-5,4221.2467999999999,4.5227644285714297E-2]
["Composição","SICRO","*B8957","Laboratório de Solos","mês",1.0714285714285701E-5,4235.59,4.5381321428571403E-2]
["Composição","SICRO","*B8955","Laboratório de Asfalto","mês",1.0714285714285701E-5,5144.99,5.51248928571429E-2]
[null,"*Relatório de Custos Gerais do DNIT, página 1",null,null,"Sub total:",null,null,0.20547981000000001]
[{"$nulls":5},"BDI",0.2339,4.8061727558999998E-2]
[{"$nulls":4},"CPU-20","PREÇO UNITÁRIO TOTAL:",null,0.253541537559,{"$f":"H50","v":0.20547981000000001}]

{"sheet":"BDI","index":8,"n_rows":67,"n_cols":3,"rows_kept":67,"cut":false,"hidden":false,"merged":[[3,0,3,3],[4,0,4,3],[16,1,16,3],[53,0,53,3],[54,0,54,3],[17,1,18,3]]}
[]
[]
[]
["DETALHAMENTO DO BDI  - SEM DESONERAÇÃO"]
["EXECUÇÃO DE CAPA ASFÁLTICA EM CONCRETO BETUMINOSO USINADO A QUENTE (CBUQ), EM VIAS DE MUNICÍPIOS DIVERSOS INSERIDOS NA ÁREA DE ATUAÇÃO DA CODEVASF 3ª SR, NO ESTADO DE PERNAMBUCO - MICRORREGIÃO SERTÃO DO MOXOTÓ"]
["Descrição dos serviços","Preço de Venda (%)","Custo Direto (%)"]
["ADMINISTRAÇÃO CENTRAL",null,0.06]
["CUSTOS FINANCEIROS",1.0200000000000001E-2]
["RISCOS",2.5000000000000001E-3]
["SEGUROS E GARANTIAS CONTRATUAIS",5.0000000000000001E-3]
["LUCRO OPERACIONAL",null,7.0000000000000007E-2]
["PIS",6.4999999999999997E-3]
["COFINS",0.03]
["ISSQN",0.03]
["Contribuição Previdenciaria",0]
[null,"BDI",0.2339]
["Observação: ","O percentual de ISSQN aqui utilizado consiste apenas em um referencial médio."]
[null,"O valor real do ISSQN a ser adotado deve ser aquele proveniente das alíquotas dos municípios situados na área de influência das obras."]
{"$rows_empty":35}
["DETALHAMENTO DO BDI DIFERENCIADO  - SEM DESONERAÇÃO"]
["EXECUÇÃO DE SERVIÇOS DE PAVIMENTAÇÃO COM CONCRETO BETUMINOSO USINADO A QUENTE (CBUQ), EM VIAS DE MUNICÍPIOS DIVERSOS INSERIDOS NA ÁREA DE ATUAÇÃO DA CIDEVASF, NO ESTADO DO RIO GRANDE DO NORTE - LOTE 1"]
["DESCRIÇÃO DOS SERVIÇOS","PREÇO DE VENDA (%)","CUSTO DIRETO (%)"]
["ADMINISTRAÇÃO CENTRAL",null,3.7699999999999997E-2]
["DESPESA FINANCEIRAS",1.0200000000000001E-2]
["SEGUROS E GARANTIAS CONTRATUAIS",2.5000000000000001E-3]
["RISCOS",5.0000000000000001E-3]
["LUCRO OPERACIONAL",null,0.05]
["PIS",6.4999999999999997E-3]
["COFINS",0.03]
["ISSQN",0]
["Contribuição Previdenciaria",0]
[null,"BDI",0.15]
["Fonte da composição, valores de referência e fórmula do BDI:  Instrução Normativa N° 62/DNIT SEDE"]

{"sheet":"ENC. SOCIAIS","index":9,"n_rows":47,"n_cols":13,"rows_kept":47,"cut":false,"hidden":false,"merged":[[4,0,5,5],[9,0,10,1],[22,0,22,5],[34,0,34,5],[41,0,41,5],[45,0,45,5],[46,0,46,1],[6,0,6,5],[7,2,7,3],[7,4,7,5],[8,0,8,5],[11,0,11,5],[9,2,10,2],[9,3,10,3],[9,4,10,4],[9,5,10,5]]}
[]
[]
[]
[]
["EXECUÇÃO DE CAPA ASFÁLTICA EM CONCRETO BETUMINOSO USINADO A QUENTE (CBUQ), EM VIAS DE MUNICÍPIOS DIVERSOS INSERIDOS NA ÁREA DE ATUAÇÃO DA CODEVASF 3ª SR, NO ESTADO DE PERNAMBUCO - MICRORREGIÃO SERTÃO DO MOXOTÓ"]
[]
["DETALHAMENTO DOS ENCARGOS SOCIAIS (%)"]
["VIGÊNCIA A PARTIR DE 12/2023",null,"COM DESONERAÇÃO",null,"SEM DESONERAÇÃO"]
[]
[null,null,"HORISTA","MENSALISTA","HORISTA","MENSALISTA"]
[]
["GRUPO A"]
["A1","INSS",0,0,20,20]
["A2","SESI",1.5,1.5,1.5,1.5]
["A3","SENAI",1,1,1,1]
["A4","INCRA",0.2,0.2,0.2,0.2]
["A5","SEBRAE",0.6,0.6,0.6,0.6]
["A6","Salário Educação",2.5,2.5,2.5,2.5]
["A7","Seguro Contra Acidentes de Trabalho",3,3,3,3]
["A8","FGTS",8,8,8,8]
["A9","SECONCI",1,1,0,0]
["A","Total",17.8,17.8,36.799999999999997,36.799999999999997]
["GRUPO B"]
["B1","Repouso Semanal Remunerado",17.88,"-",18.010000000000002,"-"]
["B2","Feriados",3.94,"-",4.32,"-"]
["B3","Auxílio-enfermidade",0.91,0.69,0.85,0.64]
["B4","13° salário",10.98,8.33,11.03,8.33]
["B5","Licença-paternidade",7.0000000000000007E-2,0.06,0.06,0.04]
["B6","Faltas Justificadas",0.73,0.56000000000000005,0.74,0.56000000000000005]
["B7","Dias de chuva",1.45,"-",1.98,"-"]
["B8","Auxílio Acidente de Trabalho",0.11,0.09,0.1,0.08]
["B9","Férias Gozadas",11.35,8.6199999999999992,10.9,8.24]
["B10","Salário Maternidade",0.03,0.03,0.04,0.03,{"$nulls":5},{"$f":"(#REF!)/(1+#REF!)","v":{"$error":"#REF!"}},{"$f":"(#REF!)","v":{"$error":"#REF!"}}]
["B","Total ",47.45,18.38,48.03,17.920000000000002]
["GRUPO C"]
["C1","Aviso Prévio Indenizado",6.76,5.14,4.8,3.63]
["C2","Aviso Prévio Trabalhado",0.16,0.12,0.11,0.09]
["C3","Férias Indenizadas",2.2799999999999998,1.73,2.91,2.2000000000000002]
["C4","Depósito Rescisão Sem Justa Causa",3.81,2.89,2.83,2.14]
["C5","Indenização Adicional",0.56999999999999995,0.43,0.4,0.31]
["C","Total ",13.58,10.31,11.05,8.3699999999999992]
["GRUPO D"]
["D1","Reincidência de A sobre B",8.4499999999999993,3.27,17.68,6.59]
["D2","Reincidência de Grupo A sobre Aviso Prévio Trabalhado e Reincidência do FGTS sobre Aviso Prévio Indenizado",0.56999999999999995,0.43,0.42,0.32]
["D","Total",9.02,3.7,18.100000000000001,6.91]
[]
["T O T A L (%)",null,87.85,50.19,113.98,70]

{"sheet":"Transporte Cap 50-70","index":10,"n_rows":101,"n_cols":34,"rows_kept":101,"cut":false,"hidden":false,"merged":[[15,3,33,3]]}
[]
[]
[]
[]
[null,null,"MEMÓRIA DE CÁLCULO"]
[]
[]
[]
[]
[null,null,"REAJUSTE",null,null,"TIPOLOGIA DO MATERIAL",null,null,"CIMENTOS ASFÁLTICOS CAP-50-70",null,null,null,"IMPOSTOS","COFINS",6.4999999999999997E-3,6.4999999999999997E-3]
[{"$nulls":6},"ÍNDICE DE PAVIMENTAÇÃO DNIT","2014-07-01","ÍNDICE INICIAL",270.23700000000002,null,null,null,"PIS",0.03,0.03,null,null,null,"LEGENDA",{"$nulls":8},"As empresas tributadas pelo Lucro Presumido pagam 0,65% de PIS e 3% de COFINS"]
[{"$nulls":7},"2024-09-01","ÍNDICE FINAL",577.75300000000004,null,null,null," ICMS",0.20499999999999999,0.20499999999999999,0.79500000000000004,0.79500000000000004,0.20499999999999999,"ENTRADA DE DADOS",{"$nulls":8},"As empresas tributadas pelo Lucro Real pagam 1,65% de PIS e 7,60% de COFINS"]
[{"$nulls":6},"Data ANP","2024-09-01"]
[null,null,"DATA-BASE","PRODUTOS","LOCALIDADES",{"$nulls":4},"CUSTO ANP (R$/Kg)",null,"CUSTO ANP","IMPOSTOS DO PRODUTO","CUSTO DO PRODUTO COM IMPOSTOS","DMT's","DMT's FLUVIAL","CUSTO DO TRANSPORTE RODOVIA PAVIMENTADA","CUSTO DO TRANSPORTE FLUVIAL","CUSTO DO TRANSPORTE TOTAL","ICMS","ATUALIZAÇÃO DO CUSTO DE TRANSPORTE","CUSTO DO TRANSPORTE RODOVIA PAVIMENTADA COM IMPOSTOS E ATUALIZAÇÃO MONETÁRIA","PEDÁGIO ",null,"TOTAL TRANSPORTE","AQUISIÇÃO DO PRODUTO","TOTAL GERAL ( TRANSP + AQUISIÇÃO)",null,1,2,3]
[null,null,"2024-09-01",null,"REFINARIAS","ENDEREÇO","ESTADO","CIDADE","DESTINO","ESTADO","REGIÃO","R$/t","R$/t","R$/t","KM","KM","R$/t","R$/t","R$/t","R$/t","R$/t","R$/t","CUSTO ","R$/t","R$/t","R$/t","R$/t",null,"TOTAL GERAL ( TRANSP + AQUISIÇÃO)","TOTAL TRANSPORTE","AQUISIÇÃO DO PRODUTO"]
[null,{"$f":"AA16","v":5868.6950239080734},1,"CIMENTOS ASFÁLTICOS CAP-50-70","Refinaria Landulpho Alves (RLAM)","Rodovia BA 523, KM 4 – Mataripe São Francisco do Conde - BA CEP:43900-000","Bahia","SÃO FRANCISCO DO CONDE - BA","SERTÂNIA-PE (SERTÃO DO MOXOTÓ)",4.0480031588129597,4.0304683499563101,4048.0031588129596,1288.8499999999999,5336.853158812959,673,null,197.21,null,197.21,50.85,282.27,530.33000000000004,21,1.5118650951145898,531.8418650951146,5336.853158812959,5868.6950239080734,null,5868.6950239080734,531.8418650951146,5336.853158812959,null,null,"NORDESTE"]
[null,5822.466694340671,2,null,"Refinaria Lubrificantes e Derivados do Nordeste (Lubnor)","Av. Leite Barbosa, s/nº - Mucuripe Fortaleza - Ceará CEP:60180-420","Ceará","FORTALEZA - CE","SERTÂNIA-PE (SERTÃO DO MOXOTÓ)",4.0151166943406702,4.0304683499563101,4015.1166943406702,1278.3800000000001,5293.4966943406707,671,null,196.7,null,196.7,50.72,281.55,528.97,0,0,528.97,5293.4966943406707,5822.466694340671,null,5822.466694340671,528.97,5293.4966943406707,null,null,"NORDESTE"]
[null,6531.1282435948096,3,null,"Refinaria Capuava (Recap)","Av. Alberto Soares Sampaio, 2122-A Capuava – Mauá - SP","São Paulo","MAUÁ - SP","SERTÂNIA-PE (SERTÃO DO MOXOTÓ)",3.56900704665546,3.5964095630998001,3569.0070466554598,1136.3399999999999,4705.34704665546,2465,null,650.58000000000004,null,650.58000000000004,167.75,931.21,1749.54,1059,76.241196939350019,1825.7811969393499,4705.34704665546,6531.1282435948096,null,6531.1282435948096,1825.7811969393499,4705.34704665546,null,null,"SUDESTE"]
[null,6112.7726841637304,4,null,"Refinaria Duque de Caxias (Reduc)","Rodovia Washington Luiz, km 113,7 Campos Elíseos – Duque de Caxias - RJ CEP:25213-005","Rio de Janeiro","DUQUE DE CAXIAS - RJ","SERTÂNIA-PE (SERTÃO DO MOXOTÓ)",3.4534987368851802,3.5964095630998001,3453.4987368851803,1099.56,4553.0587368851802,2106,null,559.76,null,559.76,144.34,801.23,1505.33,755.4,54.383947278550522,1559.7139472785504,4553.0587368851802,6112.7726841637304,null,6112.7726841637304,1559.7139472785504,4553.0587368851802,null,null,"SUDESTE"]
[null,7494.1213980027114,5,null,"Refinaria Alberto Pasqualini (Refap)","Avenida Getúlio Vargas, 11001 - Bairro Brigadeira Canoas - RS - Brasil CEP:92420-221","Rio Grande do Sul","CANOAS - RS","SERTÂNIA-PE (SERTÃO DO MOXOTÓ)",3.7055907531064101,3.69263413504091,3705.5907531064099,1179.83,4885.4207531064094,3600,null,937.74,null,937.74,241.8,1342.25,2521.79,1207.2,86.910644896301562,2608.7006448963016,4885.4207531064094,7494.1213980027114,null,7494.1213980027114,2608.7006448963016,4885.4207531064094,null,null,"SUL"]
[null,7034.6980246259627,6,null,"Unidade de Industrialização do Xisto (SIX)","Rodovia do Xisto, BR 476, km 153 São Mateus do Sul – PR CEP 83900-000","Paraná","SÃO MATEUS DO SUL - PR","SERTÂNIA-PE (SERTÃO DO MOXOTÓ)",3.6828024852740899,3.69263413504091,3682.80248527409,1172.57,4855.3724852740897,3010,null,788.47,null,788.47,203.31,1128.5899999999999,2120.37,818.9,58.955539351873213,2179.325539351873,4855.3724852740897,7034.6980246259627,null,7034.6980246259627,2179.325539351873,4855.3724852740897,null,null,"SUL"]
[null,6154.9704562737315,7,null,"Refinaria Gabriel Passos (Regap)","Av. Refinaria Gabriel Passos, 690 Distrito Industrial Paulo Camilo Sul Betim - MG CEP:32669-205","Minas Gerais","BETIM - MG","SERTÂNIA-PE (SERTÃO DO MOXOTÓ)",3.6120014819975901,3.5964095630998001,3612.00148199759,1150.03,4762.0314819975902,1891,null,505.36,null,505.36,130.31,723.36,1359.03,471,33.908974276141514,1392.9389742761414,4762.0314819975902,6154.9704562737315,null,6154.9704562737315,1392.9389742761414,4762.0314819975902,null,null,"SUDESTE"]
[null,6968.0379383259715,8,null,"Refinaria Presidente Getúlio Vargas (Repar)","Rodovia do Xisto, BR 476, km 16 Araucária - PR CEP:83707-440","Paraná","ARAUCÁRIA - PR","SERTÂNIA-PE (SERTÃO DO MOXOTÓ)",3.6828024852740899,3.69263413504091,3682.80248527409,1172.57,4855.3724852740897,2904,null,761.65,null,761.65,196.4,1090.21,2048.2600000000002,894.6,64.405453051881523,2112.6654530518817,4855.3724852740897,6968.0379383259715,null,6968.0379383259715,2112.6654530518817,4855.3724852740897,null,null,"SUL"]
[null,6557.2144431646948,9,null,"Refinaria Presidente Bernardes (RPBC)","Av. 9 de abril, 777 - Jardim das Indústrias Cubatão - SP CEP:11505-000","São Paulo","CUBATÃO - SP","SERTÂNIA-PE (SERTÃO DO MOXOTÓ)",3.56900704665546,3.5964095630998001,3569.0070466554598,1136.3399999999999,4705.34704665546,2500,null,659.44,null,659.44,170.04,943.9,1773.38,1090.2,78.487396509234557,1851.8673965092346,4705.34704665546,6557.2144431646948,null,6557.2144431646948,1851.8673965092346,4705.34704665546,null,null,"SUDESTE"]
[null,6519.1442864402179,10,null,"Refinaria de Paulínia (Replan)","Rodovia SP 332 - Km. 130 Bonfim - Paulínia – SP CEP:13140-000","São Paulo","PAULÍNIA - SP","SERTÂNIA-PE (SERTÃO DO MOXOTÓ)",3.56900704665546,3.5964095630998001,3569.0070466554598,1136.3399999999999,4705.34704665546,2481,null,654.63,null,654.63,168.8,937.02,1760.45,741,53.347239784757662,1813.7972397847577,4705.34704665546,6519.1442864402179,null,6519.1442864402179,1813.7972397847577,4705.34704665546,null,null,"SUDESTE"]
[null,{"$f":"AA26","v":5825.176694340671},11,null,"GRECA DISTRIBUIDORA DE ASFALTOS LTDA.","Avenida   Parque Norte-2 - Bairro: Distrito Industrial I  - CEP: 61939180","Ceará","MARACANAU","SERTÂNIA-PE (SERTÃO DO MOXOTÓ)",4.0151166943406702,4.0304683499563101,4015.1166943406702,1278.3800000000001,5293.4966943406707,675,null,197.71,null,197.71,50.98,282.99,531.67999999999995,0,0,531.67999999999995,5293.4966943406707,5825.176694340671,null,5825.176694340671,531.67999999999995,5293.4966943406707,null,null,"NORDESTE"]
[null,5820.9031588129592,12,null,"CBAA - ASFALTOS LTDA","AVENIDA BANCO DO NORDESTE - Bairro: CIS  - CEP: 44063640","Bahia","FEIRA DE SANTANA","SERTÂNIA-PE (SERTÃO DO MOXOTÓ)",4.0480031588129597,4.0304683499563101,4048.0031588129596,1288.8499999999999,5336.853158812959,605,null,180,null,180,46.41,257.64,484.05,0,0,484.05,5336.853158812959,5820.9031588129592,null,5820.9031588129592,484.05,5336.853158812959,null,null,"NORDESTE"]
[null,5870.0450239080737,13,null,"BRASIL ASFALTOS LTDA.","RODOVIA BA 522 - Bairro:DISTRITO INDUSTRIAL  - CEP: 43813300","Bahia","CANDEIAS","SERTÂNIA-PE (SERTÃO DO MOXOTÓ)",4.0480031588129597,4.0304683499563101,4048.0031588129596,1288.8499999999999,5336.853158812959,675,null,197.71,null,197.71,50.98,282.99,531.67999999999995,21,1.5118650951145898,533.19186509511451,5336.853158812959,5870.0450239080737,null,5870.0450239080737,533.19186509511451,5336.853158812959,null,null,"NORDESTE"]
[null,5825.176694340671,14,null,"STRATURA ASFALTOS LTDA.","RUA OESTE UM - Bairro: Luzardo Viana  - CEP: 61910000","Ceará","MARACANAU","SERTÂNIA-PE (SERTÃO DO MOXOTÓ)",4.0151166943406702,4.0304683499563101,4015.1166943406702,1278.3800000000001,5293.4966943406707,675,null,197.71,null,197.71,50.98,282.99,531.67999999999995,0,0,531.67999999999995,5293.4966943406707,5825.176694340671,null,5825.176694340671,531.67999999999995,5293.4966943406707,null,null,"NORDESTE"]
[null,5825.176694340671,15,null,"BETUNEL INDUSTRIA E COMERCIO S/A","VIA   PRINCIPAL - Bairro: DISTRITO INDUSTRIAL III  - CEP: 61931050","Ceará","MARACANAU","SERTÂNIA-PE (SERTÃO DO MOXOTÓ)",4.0151166943406702,4.0304683499563101,4015.1166943406702,1278.3800000000001,5293.4966943406707,675,null,197.71,null,197.71,50.98,282.99,531.67999999999995,0,0,531.67999999999995,5293.4966943406707,5825.176694340671,null,5825.176694340671,531.67999999999995,5293.4966943406707,null,null,"NORDESTE"]
[null,6291.983284975171,16,null,"BETUNEL INDUSTRIA E COMERCIO S/A","RUA VICTOR RODRIGUES RESENDE - Bairro: DISTRITO INDUSTRIAL  - CEP: 3840170","Minas Gerais","UBERLANDIA","SERTÂNIA-PE (SERTÃO DO MOXOTÓ)",3.6120014819975901,3.5964095630998001,3612.00148199759,1150.03,4762.0314819975902,2106,null,559.76,null,559.76,144.34,801.23,1505.33,342,24.621802977580462,1529.9518029775804,4762.0314819975902,6291.983284975171,null,6291.983284975171,1529.9518029775804,4762.0314819975902,null,null,"SUDESTE"]
[null,6154.9704562737315,17,null,"STRATURA ASFALTOS LTDA.","Rodovia BR-381 Fernão Dias - Bairro: Chácara  - CEP: 32670368","Minas Gerais","BETIM","SERTÂNIA-PE (SERTÃO DO MOXOTÓ)",3.6120014819975901,3.5964095630998001,3612.00148199759,1150.03,4762.0314819975902,1891,null,505.36,null,505.36,130.31,723.36,1359.03,471,33.908974276141514,1392.9389742761414,4762.0314819975902,6154.9704562737315,null,6154.9704562737315,1392.9389742761414,4762.0314819975902,null,null,"SUDESTE"]
[null,5817.6966943406705,18,null,"EMAM - EMULSÕES E TRANSPORTES LTDA.","RODOVIA CE 060, KM 11,5 - Bairro:  - CEP: 61800000","Ceará","PACATUBA","SERTÂNIA-PE (SERTÃO DO MOXOTÓ)",4.0151166943406702,4.0304683499563101,4015.1166943406702,1278.3800000000001,5293.4966943406707,664,null,194.93,null,194.93,50.26,279.01,524.20000000000005,0,0,524.20000000000005,5293.4966943406707,5817.6966943406705,null,5817.6966943406705,524.20000000000005,5293.4966943406707,null,null,"NORDESTE"]
[null,6450.7445836444676,19,null,"Refinaria Henrique Lage (Revap)","Rodovia Presidente Dutra, KM 143, S/N Bairro Jardim Diamante - São José dos Campos – SP CEP:12223-900","São Paulo","SÃO JOSÉ DOS CAMPOS - SP","SERTÂNIA-PE (SERTÃO DO MOXOTÓ)",3.56900704665546,3.5964095630998001,3569.0070466554598,1136.3399999999999,4705.34704665546,2359,null,623.77,null,623.77,160.84,892.84,1677.45,943.8,67.947536989007119,1745.3975369890072,4705.34704665546,6450.7445836444676,null,6450.7445836444676,1745.3975369890072,4705.34704665546,null,null,"SUDESTE"]
{"$rows_empty":10}
[null,null,null,"Acre"]
[null,null,null,"Alagoas"]
[null,null,null,"Amapá"]
[null,null,null,"Amazonas"]
[null,null,null,"Bahia"]
[null,null,null,"Ceará"]
[null,null,null,"Distrito Federal"]
[null,null,null,"Espírito Santo"]
[null,null,null,"Goiás"]
[null,null,null,"Maranhão"]
[null,null,null,"Mato Grosso"]
[null,null,null,"Mato Grosso do Sul"]
[null,null,null,"Minas Gerais"]
[null,null,null,"Pará"]
[null,null,null,"Paraíba"]
[null,null,null,"Paraná"]
[null,null,null,"Pernambuco"]
[null,null,null,"Piauí"]
[null,null,null,"Rio de Janeiro"]
[null,null,null,"Rio Grande do Norte"]
[null,null,null,"Rio Grande do Sul"]
[null,null,null,"Rondônia"]
[null,null,null,"Roraima"]
[null,null,null,"Santa Catarina"]
[null,null,null,"São Paulo"]
[null,null,null,"Sergipe"]
[null,null,null,"Tocantins"]
[]
[]
[]
[null,null,null,"ASFALTOS DILUÍDOS CM-30"]
[null,null,null,"ASFALTOS DILUÍDOS CM-70"]
[null,null,null,"ASFALTOS DILUÍDOS CR-250"]
[null,null,null,"ASFALTOS DILUÍDOS CR-70"]
[null,null,null,"CAP MODIFICADO POR BORRACHA DE PNEU AB22"]
[null,null,null,"CAP MODIFICADO POR BORRACHA DE PNEU AB8"]
[null,null,null,"CAP MODIFICADO POR POLÍMERO 55-75-E"]
[null,null,null,"CAP MODIFICADO POR POLÍMERO 60-85-E"]
[null,null,null,"CAP MODIFICADO POR POLÍMERO 65-90-E"]
[null,null,null,"CIMENTOS ASFÁLTICOS CAP-150-200"]
[null,null,null,"CIMENTOS ASFÁLTICOS CAP-30-45"]
[null,null,null,"CIMENTOS ASFÁLTICOS CAP-50-70"]
[null,null,null,"CIMENTOS ASFÁLTICOS CAP-85-100"]
[null,null,null,"EMULSÃO ASFÁLTICA CATIÔNICA DE RUPTURA CONTROLADA PARA SERVIÇO DE LAMA ASFÁLTICA"]
[null,null,null,"EMULSÃO ASFÁLTICA DE RUPTURA LENTA CATIÔNICA PARA SERVIÇO DE LAMA ASFÁLTICA"]
[null,null,null,"EMULSÃO ASFÁLTICA DE RUPTURA LENTA DE CARGA NEUTRA PARA SERVIÇO DE LAMA ASFÁLTICA"]
[null,null,null,"EMULSÃO ASFÁLTICA PARA SERVIÇO DE IMPRIMAÇÃO"]
[null,null,null,"EMULSÕES ASF. MOD. POR POLÍMEROS RC1C-E"]
[null,null,null,"EMULSÕES ASF. MOD. POR POLÍMEROS RL1C-E"]
[null,null,null,"EMULSÕES ASF. MOD. POR POLÍMEROS RM1C-E"]
[null,null,null,"EMULSÕES ASF. MOD. POR POLÍMEROS RR1C-E"]
[null,null,null,"EMULSÕES ASF. MOD. POR POLÍMEROS RR2C-E"]
[null,null,null,"EMULSÕES ASFÁLTICAS RL-1C"]
[null,null,null,"EMULSÕES ASFÁLTICAS RM-1C"]
[null,null,null,"EMULSÕES ASFÁLTICAS RM-2C"]
[null,null,null,"EMULSÕES ASFÁLTICAS RR-1C"]
[null,null,null,"EMULSÕES ASFÁLTICAS RR-2C"]

{"sheet":"Transporte RR-1C","index":11,"n_rows":103,"n_cols":34,"rows_kept":103,"cut":false,"hidden":false,"merged":[[15,3,36,3]]}
[]
[]
[]
[]
[null,null,"MEMÓRIA DE CÁLCULO"]
[]
[]
[]
[]
[null,null,"REAJUSTE",null,null,"TIPOLOGIA DO MATERIAL",null,null,"EMULSÕES ASFÁLTICAS RR-1C",null,null,null,"IMPOSTOS","COFINS",6.4999999999999997E-3,6.4999999999999997E-3]
[{"$nulls":6},"ÍNDICE DE PAVIMENTAÇÃO DNIT","2014-07-01","ÍNDICE INICIAL",270.23700000000002,null,null,null,"PIS",0.03,0.03,null,null,null,"LEGENDA",{"$nulls":8},"As empresas tributadas pelo Lucro Presumido pagam 0,65% de PIS e 3% de COFINS"]
[{"$nulls":7},"2024-09-01","ÍNDICE FINAL",577.75300000000004,null,null,null," ICMS",0.20499999999999999,0.20499999999999999,0.79500000000000004,0.79500000000000004,0.20499999999999999,"ENTRADA DE DADOS",{"$nulls":8},"As empresas tributadas pelo Lucro Real pagam 1,65% de PIS e 7,60% de COFINS"]
[{"$nulls":6},"Data ANP","2024-09-01"]
[null,null,"DATA-BASE","PRODUTOS","LOCALIDADES",{"$nulls":4},"CUSTO ANP (R$/Kg)",null,"CUSTO ANP","IMPOSTOS DO PRODUTO","CUSTO DO PRODUTO COM IMPOSTOS","DMT's","DMT'S FLUVIAL","CUSTO DO TRANSPORTE RODOVIA PAVIMENTADA","CUSTO DO TRANSPORTE FLUVIAL","CUSTO DO TRANSPORTE TOTAL","ICMS","ATUALIZAÇÃO DO CUSTO DE TRANSPORTE","CUSTO DO TRANSPORTE RODOVIA PAVIMENTADA COM IMPOSTOS E ATUALIZAÇÃO MONETÁRIA","PEDÁGIO ",null,"TOTAL TRANSPORTE","AQUISIÇÃO DO PRODUTO","TOTAL GERAL ( TRANSP + AQUISIÇÃO)",null,1,2,3]
[null,null,"2024-09-01",null,"REFINARIAS","ENDEREÇO","ESTADO","CIDADE","DESTINO","ESTADO","REGIÃO","R$/t","R$/t","R$/t","KM","KM","R$/t","R$/t","R$/t","R$/t","R$/t","R$/t","CUSTO ","R$/t","R$/t","R$/t","R$/t",null,"TOTAL GERAL ( TRANSP + AQUISIÇÃO)","TOTAL TRANSPORTE","AQUISIÇÃO DO PRODUTO"]
[null,{"$f":"AA16","v":5834.8826829810459},1,"EMULSÕES ASFÁLTICAS RR-1C","'CENTRO OESTE ASFALTOS LTDA.","SETOR DE INFLAMÁVEIS, S/N TRECHO 02 - LOTE 1.100 - GUARÁ - CEP:71225-000","Distrito Federal","BRASÍLIA - DF","SERTÂNIA-PE (SERTÃO DO MOXOTÓ)","-",3.3454783972667599,3345.4783972667601,1065.17,4410.6483972667602,1983,null,528.64,null,528.64,136.31,756.67,1421.62,36.6,2.6142857142857143,1424.2342857142855,4410.6483972667602,5834.8826829810459,null,5834.8826829810459,1424.2342857142855,4410.6483972667602,null,null,"CENTRO-OESTE"]
[null,{"$f":"AA17","v":4323.31900407795},2,null,"GRECA DISTRIBUIDORA DE ASFALTOS LTDA.","Avenida   Parque Norte-2 - Bairro: Distrito Industrial I  - CEP: 61939180","Ceará","MARACANAU","SERTÂNIA-PE (SERTÃO DO MOXOTÓ)",2.8759590040779499,3.06566129054554,2875.9590040779499,915.68,3791.6390040779497,675,null,197.71,null,197.71,50.98,282.99,531.67999999999995,0,0,531.67999999999995,3791.6390040779497,4323.31900407795,null,4323.31900407795,531.67999999999995,3791.6390040779497,null,null,"NORDESTE"]
[null,{"$f":"AA18","v":4525.7912905455396},3,null,"CBAA - ASFALTOS LTDA","AVENIDA BANCO DO NORDESTE - Bairro: CIS  - CEP: 44063640","Bahia","FEIRA DE SANTANA","SERTÂNIA-PE (SERTÃO DO MOXOTÓ)","-",3.06566129054554,3065.6612905455399,976.08,4041.7412905455399,605,null,180,null,180,46.41,257.64,484.05,0,0,484.05,4041.7412905455399,4525.7912905455396,null,4525.7912905455396,484.05,4041.7412905455399,null,null,"NORDESTE"]
[null,4574.9212905455397,4,null,"BRASIL ASFALTOS LTDA.","RODOVIA BA 522 - Bairro:DISTRITO INDUSTRIAL  - CEP: 43813300","Bahia","CANDEIAS","SERTÂNIA-PE (SERTÃO DO MOXOTÓ)","-",3.06566129054554,3065.6612905455399,976.08,4041.7412905455399,675,null,197.71,null,197.71,50.98,282.99,531.67999999999995,21,1.5,533.17999999999995,4041.7412905455399,4574.9212905455397,null,4574.9212905455397,533.17999999999995,4041.7412905455399,null,null,"NORDESTE"]
[null,4323.31900407795,5,null,"STRATURA ASFALTOS LTDA.","RUA OESTE UM - Bairro: Luzardo Viana  - CEP: 61910000","Ceará","MARACANAU","SERTÂNIA-PE (SERTÃO DO MOXOTÓ)",2.8759590040779499,3.06566129054554,2875.9590040779499,915.68,3791.6390040779497,675,null,197.71,null,197.71,50.98,282.99,531.67999999999995,0,0,531.67999999999995,3791.6390040779497,4323.31900407795,null,4323.31900407795,531.67999999999995,3791.6390040779497,null,null,"NORDESTE"]
[null,4323.31900407795,6,null,"BETUNEL INDUSTRIA E COMERCIO S/A","VIA   PRINCIPAL - Bairro: DISTRITO INDUSTRIAL III  - CEP: 61931050","Ceará","MARACANAU","SERTÂNIA-PE (SERTÃO DO MOXOTÓ)",2.8759590040779499,3.06566129054554,2875.9590040779499,915.68,3791.6390040779497,675,null,197.71,null,197.71,50.98,282.99,531.67999999999995,0,0,531.67999999999995,3791.6390040779497,4323.31900407795,null,4323.31900407795,531.67999999999995,3791.6390040779497,null,null,"NORDESTE"]
[null,4910.435898612257,7,null,"STRATURA ASFALTOS LTDA.","Rodovia BR-381 Fernão Dias - Bairro: Chácara  - CEP: 32670368","Minas Gerais","BETIM","SERTÂNIA-PE (SERTÃO DO MOXOTÓ)",2.6682230414694001,2.71584563156373,2668.2230414694,849.54,3517.7630414693999,1891,null,505.36,null,505.36,130.31,723.36,1359.03,471,33.642857142857146,1392.6728571428571,3517.7630414693999,4910.435898612257,null,4910.435898612257,1392.6728571428571,3517.7630414693999,null,null,"SUDESTE"]
[null,4315.8390040779495,8,null,"EMAM - EMULSÕES E TRANSPORTES LTDA.","RODOVIA CE 060, KM 11,5 - Bairro:  - CEP: 61800000","Ceará","PACATUBA","SERTÂNIA-PE (SERTÃO DO MOXOTÓ)",2.8759590040779499,3.06566129054554,2875.9590040779499,915.68,3791.6390040779497,664,null,194.93,null,194.93,50.26,279.01,524.20000000000005,0,0,524.20000000000005,3791.6390040779497,4315.8390040779495,null,4315.8390040779495,524.20000000000005,3791.6390040779497,null,null,"NORDESTE"]
[null,5460.8333282835047,9,null,"STRATURA ASFALTOS S/A","AVENIDA PRESIDENTE WILSON, 08  - JUNDIAÍ - CEP:75115-100","Goiás","ANÁPOLIS - GO","SERTÂNIA-PE (SERTÃO DO MOXOTÓ)",2.9819376139977898,3.3454783972667599,2981.9376139977899,949.42,3931.3576139977899,2133,null,566.59,null,566.59,146.1,811,1523.69,81,5.7857142857142856,1529.4757142857143,3931.3576139977899,5460.8333282835047,null,5460.8333282835047,1529.4757142857143,3931.3576139977899,null,null,"CENTRO-OESTE"]
[null,5508.7276139977894,10,null,"DISTRIBUIDORA BRASILEIRA DE ASFALTO SA - DISBRAL","VIA PRIMARIA 8, S/N QD-18, MODS. 24/47 - DAIAG - CEP:74980-970","Goiás","APARECIDA DE GOIANIA - GO","SERTÂNIA-PE (SERTÃO DO MOXOTÓ)",2.9819376139977898,3.3454783972667599,2981.9376139977899,949.42,3931.3576139977899,2200,null,583.54,null,583.54,150.47,835.26,1569.27,113.4,8.1,1577.37,3931.3576139977899,5508.7276139977894,null,5508.7276139977894,1577.37,3931.3576139977899,null,null,"CENTRO-OESTE"]
[2403,5508.4433282835043,11,null,"INDÚSTRIA NACIONAL DE ASFALTOS LTDA.","VIA PRIMEIRA E SEGUNDA 3, S/N.º LOTES 01 A 10 - DISTRITO AGROINDUSTRIAL - CEP:75370-000","Goiás","GOIANIRA - GO","SERTÂNIA-PE (SERTÃO DO MOXOTÓ)",2.9819376139977898,3.3454783972667599,2981.9376139977899,949.42,3931.3576139977899,2203,null,584.29999999999995,null,584.29999999999995,150.66,836.34,1571.3,81,5.7857142857142856,1577.0857142857142,3931.3576139977899,5508.4433282835043,null,5508.4433282835043,1577.0857142857142,3931.3576139977899,null,null,"CENTRO-OESTE"]
[null,5047.5644700408284,12,null,"STRATURA ASFALTOS S/A","RUA VICTOR RODRIGUES RESENDE, 333  - DISTRITO IND. DE UBERLÂNDIA - CEP:38405-440","Minas Gerais","UBERLANDIA - MG","SERTÂNIA-PE (SERTÃO DO MOXOTÓ)",2.6682230414694001,2.71584563156373,2668.2230414694,849.54,3517.7630414693999,2106,null,559.76,null,559.76,144.34,801.23,1505.33,342.6,24.471428571428572,1529.8014285714285,3517.7630414693999,5047.5644700408284,null,5047.5644700408284,1529.8014285714285,3517.7630414693999,null,null,"SUDESTE"]
[null,5047.5644700408284,13,null,"BETUNEL INDÚSTRIA E COMÉRCIO LTDA.","RUA   VICTOR RODRIGUES DE REZENDE, 185  - DISTRITO INDUSTRIAL - CEP:38402-334","Minas Gerais","UBERLANDIA - MG","SERTÂNIA-PE (SERTÃO DO MOXOTÓ)",2.6682230414694001,2.71584563156373,2668.2230414694,849.54,3517.7630414693999,2106,null,559.76,null,559.76,144.34,801.23,1505.33,342.6,24.471428571428572,1529.8014285714285,3517.7630414693999,5047.5644700408284,null,5047.5644700408284,1529.8014285714285,3517.7630414693999,null,null,"SUDESTE"]
[null,7107.2015725100937,14,null,"ARAPETRO DISTRIBUIDORA DE PETRÓLEO LTDA.","RUA 04, S/N° LOTES 17 A 20. - DISTRITO INDUSTRIAL 1/8 - CEP:78600-000","Mato grosso","BARRA DO GARCAS - MT","SERTÂNIA-PE (SERTÃO DO MOXOTÓ)",4.0242858582243803,3.3454783972667599,4024.2858582243803,1281.3,5305.58585822438,2533,null,667.79,null,667.79,172.19,955.85,1795.83,81,5.7857142857142856,1801.6157142857141,5305.58585822438,7107.2015725100937,{"$nulls":6},"CENTRO-OESTE"]
[null,4857.2144700408289,15,null,"DISTRIBUIDORA BRASILEIRA DE ASFALTO SA - DISBRAL","SÃO JUDAS TADEU, 288  - DISTRITO INDUSTRIAL - CEP:32450-000","Minas Gerais","SARZEDO - MG","SERTÂNIA-PE (SERTÃO DO MOXOTÓ)",2.6682230414694001,2.71584563156373,2668.2230414694,849.54,3517.7630414693999,1843,null,493.22,null,493.22,127.18,705.98,1326.38,183,13.071428571428571,1339.4514285714288,3517.7630414693999,4857.2144700408289,{"$nulls":6},"SUDESTE"]
[null,5567.6774371906613,16,null,"'NTA - NOVAS TÉCNICAS DE ASFALTOS S/A","RUA SOFIA ATAURI FADIN, 150 SALA A - B. SANTA TEREZINHA - CEP:13140-000","São Paulo","PAULINIA - SP","SERTÂNIA-PE (SERTÃO DO MOXOTÓ)",2.8476388657620899,2.71584563156373,2847.6388657620901,906.66,3754.2988657620899,2481,null,654.63,null,654.63,168.8,937.02,1760.45,741,52.928571428571431,1813.3785714285714,3754.2988657620899,5567.6774371906613,null,5567.6774371906613,1813.3785714285714,3754.2988657620899,null,null,"SUDESTE"]
[null,5537.9845800478042,17,null,"COMPANHIA BRASILEIRA DE ASFALTOS DA AMAZÔNIA - IMPORTAÇÃO E EXPORTAÇÃO","Avenida Doutor Olindo Dártora 2451, Galpão 02, Morro Grande - CEP:07726-555","São Paulo","CAIEIRAS - SP","SERTÂNIA-PE (SERTÃO DO MOXOTÓ)",2.8476388657620899,2.71584563156373,2847.6388657620901,906.66,3754.2988657620899,2453,null,647.54999999999995,null,647.54999999999995,166.97,926.88,1741.4,592,42.285714285714285,1783.6857142857143,3754.2988657620899,5537.9845800478042,{"$nulls":6},"SUDESTE"]
[null,5811.0328350028194,18,null,"BETUNEL INDÚSTRIA E COMÉRCIO LTDA.","R 16 , 82, Vila Nova Campo Grande - CEP:79.103-834","Mato Grosso do Sul","CAMPO GRANDE - MS","SERTÂNIA-PE (SERTÃO DO MOXOTÓ)",2.8504914064313902,3.3454783972667599,2850.4914064313903,907.57,3758.0614064313904,2875,null,754.31,null,754.31,194.5,1079.69,2028.5,342.6,24.471428571428572,2052.9714285714285,3758.0614064313904,5811.0328350028194,{"$nulls":6},"CENTRO-OESTE"]
[null,7468.1187153672372,19,null,"CENTRO OESTE ASFALTOS LTDA.","RUA   N, S/N.º LOTES 39/43 E LOTES 129/133 - DISTRITO INDUSTRIAL - CEP:78098-400","Mato Grosso","CUIABA - MT","SERTÂNIA-PE (SERTÃO DO MOXOTÓ)",4.0242858582243803,3.3454783972667599,4024.2858582243803,1281.3,5305.58585822438,3060,null,801.12,null,801.12,206.57,1146.7,2154.39,114,8.1428571428571423,2162.5328571428572,5305.58585822438,7468.1187153672372,{"$nulls":6},"CENTRO-OESTE"]
[null,7468.1187153672372,20,null,"BETUNEL INDÚSTRIA E COMÉRCIO LTDA.","RUA N ESQUINA COM RUA X, S/N QD. IND. 7 L 01/08 - DIST. IND. - CEP:78015-285","Mato Grosso","CUIABA - MT","SERTÂNIA-PE (SERTÃO DO MOXOTÓ)",4.0242858582243803,3.3454783972667599,4024.2858582243803,1281.3,5305.58585822438,3060,null,801.12,null,801.12,206.57,1146.7,2154.39,114,8.1428571428571423,2162.5328571428572,5305.58585822438,7468.1187153672372,{"$nulls":6},"CENTRO-OESTE"]
[null,5550.7985688163244,21,null,"CASA DO ASFALTO DISTRIBUIDORA, INDÚSTRIA E COMÉRCIO DE ASFALTO LTDA.","BR 376, PARQUE INDUSTRIAL, S/N LOTE 6/7/7-A-3-1 - GL.PATR.MARIALVA - CEP:86990-000","Paraná","MARIALVA - PR","SERTÂNIA-PE (SERTÃO DO MOXOTÓ)",2.6514428545306101,2.6540626407704999,2651.44285453061,844.2,3495.6428545306098,2834,null,743.94,null,743.94,191.83,1064.8499999999999,2000.62,763.5,54.535714285714285,2055.1557142857141,3495.6428545306098,5550.7985688163244,null,5550.7985688163244,2055.1557142857141,3495.6428545306098,null,null,"SUL"]
[null,5590.8257116734676,22,null,"PETROBRAS DISTRIBUIDORA S.A.","RUA MAQUINISTA  ELEODORO JACINTO, 100  - OFICINAS - CEP:84045-170","Paraná","PONTA GROSSA - PR","SERTÂNIA-PE (SERTÃO DO MOXOTÓ)",2.6514428545306101,2.6540626407704999,2651.44285453061,844.2,3495.6428545306098,2887,null,757.35,null,757.35,195.29,1084.05,2036.69,818.9,58.49285714285714,2095.1828571428573,3495.6428545306098,5590.8257116734676,null,5590.8257116734676,2095.1828571428573,3495.6428545306098,null,null,"SUL"]
[]
[]
[]
[]
[{"$nulls":11},{"$error":"#REF!"},{"$error":"#REF!"}]
[]
[]
[]
[]
[null,null,null,"Acre"]
[null,null,null,"Alagoas"]
[null,null,null,"Amapá"]
[null,null,null,"Amazonas"]
[null,null,null,"Bahia"]
[null,null,null,"Ceará"]
[null,null,null,"Distrito Federal"]
[null,null,null,"Espírito Santo"]
[null,null,null,"Goiás"]
[null,null,null,"Maranhão"]
[null,null,null,"Mato Grosso"]
[null,null,null,"Mato Grosso do Sul"]
[null,null,null,"Minas Gerais"]
[null,null,null,"Pará"]
[null,null,null,"Paraíba"]
[null,null,null,"Paraná"]
[null,null,null,"Pernambuco"]
[null,null,null,"Piauí"]
[null,null,null,"Rio de Janeiro"]
[null,null,null,"Rio Grande do Norte"]
[null,null,null,"Rio Grande do Sul"]
[null,null,null,"Rondônia"]
[null,null,null,"Roraima"]
[null,null,null,"Santa Catarina"]
[null,null,null,"São Paulo"]
[null,null,null,"Sergipe"]
[null,null,null,"Tocantins"]
[]
[]
[]
[null,null,null,"ASFALTOS DILUÍDOS CM-30"]
[null,null,null,"ASFALTOS DILUÍDOS CM-70"]
[null,null,null,"ASFALTOS DILUÍDOS CR-250"]
[null,null,null,"ASFALTOS DILUÍDOS CR-70"]
[null,null,null,"CAP MODIFICADO POR BORRACHA DE PNEU AB22"]
[null,null,null,"CAP MODIFICADO POR BORRACHA DE PNEU AB8"]
[null,null,null,"CAP MODIFICADO POR POLÍMERO 55-75-E"]
[null,null,null,"CAP MODIFICADO POR POLÍMERO 60-85-E"]
[null,null,null,"CAP MODIFICADO POR POLÍMERO 65-90-E"]
[null,null,null,"CIMENTOS ASFÁLTICOS CAP-150-200"]
[null,null,null,"CIMENTOS ASFÁLTICOS CAP-30-45"]
[null,null,null,"CIMENTOS ASFÁLTICOS CAP-50-70"]
[null,null,null,"CIMENTOS ASFÁLTICOS CAP-85-100"]
[null,null,null,"EMULSÃO ASFÁLTICA CATIÔNICA DE RUPTURA CONTROLADA PARA SERVIÇO DE LAMA ASFÁLTICA"]
[null,null,null,"EMULSÃO ASFÁLTICA DE RUPTURA LENTA CATIÔNICA PARA SERVIÇO DE LAMA ASFÁLTICA"]
[null,null,null,"EMULSÃO ASFÁLTICA DE RUPTURA LENTA DE CARGA NEUTRA PARA SERVIÇO DE LAMA ASFÁLTICA"]
[null,null,null,"EMULSÃO ASFÁLTICA PARA SERVIÇO DE IMPRIMAÇÃO"]
[null,null,null,"EMULSÕES ASF. MOD. POR POLÍMEROS RC1C-E"]
[null,null,null,"EMULSÕES ASF. MOD. POR POLÍMEROS RL1C-E"]
[null,null,null,"EMULSÕES ASF. MOD. POR POLÍMEROS RM1C-E"]
[null,null,null,"EMULSÕES ASF. MOD. POR POLÍMEROS RR1C-E"]
[null,null,null,"EMULSÕES ASF. MOD. POR POLÍMEROS RR2C-E"]
[null,null,null,"EMULSÕES ASFÁLTICAS RL-1C"]
[null,null,null,"EMULSÕES ASFÁLTICAS RM-1C"]
[null,null,null,"EMULSÕES ASFÁLTICAS RM-2C"]
[null,null,null,"EMULSÕES ASFÁLTICAS RR-1C"]
[null,null,null,"EMULSÕES ASFÁLTICAS RR-2C"]

{"sheet":"RESUMO_Transp","index":12,"n_rows":38,"n_cols":23,"rows_kept":38,"cut":false,"hidden":false,"merged":[[13,2,18,2],[24,2,29,2],[32,2,37,2],[7,10,9,10],[8,15,8,16],[11,3,11,6],[11,7,11,8],[11,18,11,19],[7,1,9,1],[2,1,2,8],[3,1,3,8],[4,1,4,8],[7,4,7,5],[7,6,7,7]]}
{"$rows_empty":7}
[null,"REAJUSTE",null,null,"TIPOLOGIA DO MATERIAL",null,"LIGANTE BETUMINOSO",null,null,null,"IMPOSTOS","COFINS",6.4999999999999997E-3]
[null,null,"DATA INICIAL",null,null,"2014-07-01","ÍNDICE INICIAL",270.23700000000002,null,null,null,"PIS",0.03,null,null,"LEGENDA"]
[null,null,"DATA FINAL",null,null,"2024-09-01","ÍNDICE FINAL",577.75300000000004,null,null,null," ICMS",0.20499999999999999,null,null,"ENTRADA DE DADOS"]
[]
[null,"DATA-BASE","PRODUTOS","LOCALIDADES",null,null,null,"CUSTO ANP (R$/Kg)",null,"CUSTO ANP","IMPOSTOS DO PRODUTO","CUSTO DO PRODUTO COM IMPOSTOS","DMT's","DMT's FLUVIAL","CUSTO DO TRANSPORTE TOTAL","ICMS","ATUALIZAÇÃO DO CUSTO DE TRANSPORTE","CUSTO DO TRANSPORTE RODOVIA PAVIMENTADA COM IMPOSTOS E ATUALIZAÇÃO MONETÁRIA","PEDÁGIO ",null,"TOTAL TRANSPORTE","TOTAL PRODUTO","TOTAL GERAL"]
[null,"2024-09-01",null,"REFINARIAS","ENDEREÇO","ORIGEM\nREFINARIAS / DISTRIBUIDORAS","DESTINO","ESTADO","REGIÃO","R$/t","R$/t","R$/t","KM","KM","R$/t","R$/t","R$/t","R$/t","CUSTO POR EIXO","R$/t","R$/t","R$/t","R$/t"]
[null,1,"CAP 50/70","Refinaria Abreu e Lima","Rodovia PE 60, Km 10 - Ipojuca - PE CEP:55590-000","PACATUBA","SERTÂNIA-PE (SERTÃO DO MOXOTÓ)",4.0151166943406702,4.0304683499563101,4015.1166943406702,1278.3800000000001,5293.4966943406707,664,0,194.93,50.26,279.01,524.20000000000005,0,0,524.20000000000005,5293.4966943406707,5817.6966943406705]
[null,2,null,"Refinaria Potiguar Clara Camarão","Rodovia RN 221, KM 25 - Guamaré - RN CEP:59598-000","FEIRA DE SANTANA","SERTÂNIA-PE (SERTÃO DO MOXOTÓ)",4.0480031588129597,4.0304683499563101,4048.0031588129596,1288.8499999999999,5336.853158812959,605,0,180,46.41,257.64,484.05,0,0,484.05,5336.853158812959,5820.9031588129592]
[null,3,null,"Complexo Petroquímico do Rio de Janeiro (Comperj)","Rodovia Estadual RJ-116 - Km 5,2 - Acesso A-1, s/n, Complemento Sambaetiba - Zona Urbana do 4º Distrito de Itaboraí - RJ CEP:24841-203","FORTALEZA - CE","SERTÂNIA-PE (SERTÃO DO MOXOTÓ)",4.0151166943406702,4.0304683499563101,4015.1166943406702,1278.3800000000001,5293.4966943406707,671,0,196.7,50.72,281.55,528.97,0,0,528.97,5293.4966943406707,5822.466694340671]
[null,4,null,null,null,"MARACANAU","SERTÂNIA-PE (SERTÃO DO MOXOTÓ)",4.0151166943406702,4.0304683499563101,4015.1166943406702,1278.3800000000001,5293.4966943406707,675,0,197.71,50.98,282.99,531.67999999999995,0,0,531.67999999999995,5293.4966943406707,5825.176694340671]
[null,5,null,null,null,"MARACANAU","SERTÂNIA-PE (SERTÃO DO MOXOTÓ)",4.0151166943406702,4.0304683499563101,4015.1166943406702,1278.3800000000001,5293.4966943406707,675,0,197.71,50.98,282.99,531.67999999999995,0,0,531.67999999999995,5293.4966943406707,5825.176694340671]
[null,6,null,null,null,"MARACANAU","SERTÂNIA-PE (SERTÃO DO MOXOTÓ)",4.0151166943406702,4.0304683499563101,4015.1166943406702,1278.3800000000001,5293.4966943406707,675,0,197.71,50.98,282.99,531.67999999999995,0,0,531.67999999999995,5293.4966943406707,5825.176694340671]
[{"$nulls":17},{"$error":"#N/A"},null,null,{"$error":"#N/A"}]
[{"$nulls":17},{"$error":"#N/A"},null,null,{"$error":"#N/A"}]
[{"$nulls":17},{"$error":"#N/A"},null,null,{"$error":"#N/A"}]
[{"$nulls":17},{"$error":"#N/A"},null,null,{"$error":"#N/A"}]
[{"$nulls":17},{"$error":"#N/A"},null,null,{"$error":"#N/A"}]
[null,1,"CAP MODIF. C/ POLÍMERO 60/85","Refinaria Abreu e Lima","Rodovia PE 60, Km 10 - Ipojuca - PE CEP:55590-000",{"$error":"#REF!"},"Palmas - TO",2.2618949483203101,2.353413905075,2261.89494832031,393.19,2655.0849483203101,1181,1181,325.73,44.41,202.55,{"$error":"#N/A"},102,102,{"$error":"#N/A"},2655.0849483203101,3329.7749483203102]
[null,2,null,"Refinaria Potiguar Clara Camarão","Rodovia RN 221, KM 25 - Guamaré - RN CEP:59598-000","UBERLANDIA - MG","Palmas - TO",2.2618949483203101,2.353413905075,2261.89494832031,393.19,2655.0849483203101,1182,1182,325.98,44.45,202.71,{"$error":"#N/A"},102,102,{"$error":"#N/A"},2655.0849483203101,3330.22494832031]
[null,3,null,"Complexo Petroquímico do Rio de Janeiro (Comperj)","Rodovia Estadual RJ-116 - Km 5,2 - Acesso A-1, s/n, Complemento Sambaetiba - Zona Urbana do 4º Distrito de Itaboraí - RJ CEP:24841-203","GOIANIRA - GO","Palmas - TO","",2.5552069552432601,2555.2069552432599,444.18,2999.3869552432602,814,814,232.88,31.75,144.81,{"$error":"#N/A"},0,0,{"$error":"#N/A"},2999.3869552432602,3408.8269552432598]
[null,4,null,null,null,"BRASÍLIA - DF","Palmas - TO","",2.5552069552432601,2555.2069552432599,444.18,2999.3869552432602,822,822,234.9,32.03,146.07,{"$error":"#N/A"},0,0,{"$error":"#N/A"},2999.3869552432602,3412.3869552432602]
[null,5,null,null,null,"APARECIDA DE GOIANIA - GO","Palmas - TO","",2.5552069552432601,2555.2069552432599,444.18,2999.3869552432602,842,842,239.96,32.72,149.22,{"$error":"#N/A"},0,0,{"$error":"#N/A"},2999.3869552432602,3421.2869552432599]
[null,6,null,null,null,"ANÁPOLIS - GO","Palmas - TO","",2.5552069552432601,2555.2069552432599,444.18,2999.3869552432602,950,950,267.27999999999997,36.44,166.21,{"$error":"#N/A"},0,0,{"$error":"#N/A"},2999.3869552432602,3469.3169552432601]
[]
[]
[null,1,"RR1-C","Refinaria Abreu e Lima","Rodovia PE 60, Km 10 - Ipojuca - PE CEP:55590-000","PACATUBA","SERTÂNIA-PE (SERTÃO DO MOXOTÓ)",2.8759590040779499,3.06566129054554,2875.9590040779499,915.68,3791.6390040779497,664,0,194.93,50.26,279.01,524.20000000000005,0,0,524.20000000000005,3791.6390040779497,4315.8390040779495]
[null,2,null,"Refinaria Potiguar Clara Camarão","Rodovia RN 221, KM 25 - Guamaré - RN CEP:59598-000","MARACANAU","SERTÂNIA-PE (SERTÃO DO MOXOTÓ)",2.8759590040779499,3.06566129054554,2875.9590040779499,915.68,3791.6390040779497,675,0,197.71,50.98,282.99,531.67999999999995,0,0,524.20000000000005,3791.6390040779497,4323.31900407795]
[null,3,null,"Complexo Petroquímico do Rio de Janeiro (Comperj)","Rodovia Estadual RJ-116 - Km 5,2 - Acesso A-1, s/n, Complemento Sambaetiba - Zona Urbana do 4º Distrito de Itaboraí - RJ CEP:24841-203","MARACANAU","SERTÂNIA-PE (SERTÃO DO MOXOTÓ)",2.8759590040779499,3.06566129054554,2875.9590040779499,915.68,3791.6390040779497,675,0,197.71,50.98,282.99,531.67999999999995,0,0,524.20000000000005,3791.6390040779497,4323.31900407795]
[null,4,null,"Refinaria Abreu e Lima","Rodovia PE 60, Km 10 - Ipojuca - PE CEP:55590-000","MARACANAU","SERTÂNIA-PE (SERTÃO DO MOXOTÓ)",2.8759590040779499,3.06566129054554,2875.9590040779499,915.68,3791.6390040779497,675,0,197.71,50.98,282.99,531.67999999999995,0,0,524.20000000000005,3791.6390040779497,4323.31900407795]
[null,5,null,"Refinaria Potiguar Clara Camarão","Rodovia RN 221, KM 25 - Guamaré - RN CEP:59598-000","FEIRA DE SANTANA","SERTÂNIA-PE (SERTÃO DO MOXOTÓ)","-",3.06566129054554,3065.6612905455399,976.08,4041.7412905455399,605,0,180,46.41,257.64,484.05,0,0,524.20000000000005,4041.7412905455399,4525.7912905455396]
[null,6,null,"Complexo Petroquímico do Rio de Janeiro (Comperj)","Rodovia Estadual RJ-116 - Km 5,2 - Acesso A-1, s/n, Complemento Sambaetiba - Zona Urbana do 4º Distrito de Itaboraí - RJ CEP:24841-203","CANDEIAS","SERTÂNIA-PE (SERTÃO DO MOXOTÓ)","-",3.06566129054554,3065.6612905455399,976.08,4041.7412905455399,675,0,197.71,50.98,282.99,531.67999999999995,21,1.5,524.20000000000005,4041.7412905455399,4574.9212905455397]

{"sheet":"MOMENTO DE TRANSPORTE - PRINC","index":13,"n_rows":130,"n_cols":11,"rows_kept":130,"cut":false,"hidden":false,"merged":[[128,5,128,7],[26,3,27,3],[37,3,38,3],[49,3,50,3],[64,3,65,3],[75,3,76,3],[87,3,88,3],[102,3,103,3],[113,3,114,3],[125,3,126,3],[26,4,27,4],[37,4,38,4],[49,4,50,4],[64,4,65,4],[75,4,76,4],[87,4,88,4],[121,2,121,7],[121,9,121,10],[122,7,122,10],[124,3,124,7],[125,5,125,7],[125,4,126,4],[125,1,126,2],[110,7,110,10],[112,3,112,7],[113,5,113,7],[116,5,116,7],[118,1,118,10],[113,4,114,4],[113,1,114,2],[101,3,101,7],[102,5,102,7],[105,5,105,7],[109,2,109,7],[109,9,109,10],[102,4,103,4],[102,1,103,2],[90,5,90,7],[95,1,95,10],[98,2,98,7],[98,9,98,10],[99,7,99,10],[83,2,83,7],[83,9,83,10],[84,7,84,10],[86,3,86,7],[87,5,87,7],[87,1,88,2],[72,7,72,10],[74,3,74,7],[75,5,75,7],[78,5,78,7],[80,1,80,10],[75,1,76,2],[63,3,63,7],[64,5,64,7],[67,5,67,7],[71,2,71,7],[71,9,71,10],[64,1,65,2],[52,5,52,7],[57,1,57,10],[60,2,60,7],[60,9,60,10],[61,7,61,10],[45,2,45,7],[45,9,45,10],[46,7,46,10],[48,3,48,7],[49,5,49,7],[49,1,50,2],[34,7,34,10],[36,3,36,7],[37,5,37,7],[40,5,40,7],[42,1,42,10],[37,1,38,2],[25,3,25,7],[26,5,26,7],[29,5,29,7],[33,2,33,7],[33,9,33,10],[26,1,27,2],[4,1,4,10],[19,1,19,10],[22,2,22,7],[22,9,22,10],[23,7,23,10]]}
[]
[]
[]
[]
[null,"EXECUÇÃO DE CAPA ASFÁLTICA EM CONCRETO BETUMINOSO USINADO A QUENTE (CBUQ), EM VIAS DE MUNICÍPIOS DIVERSOS INSERIDOS NA ÁREA DE ATUAÇÃO DA CODEVASF 3ª SR, NO ESTADO DE PERNAMBUCO - MICRORREGIÃO SERTÃO DO MOXOTÓ"]
[null,"ESTADO:","PERNAMBUCO","DATA BASE:","Pernambuco - Julho/2024"]
[]
[null,null,"RESUMO DO TRANSPORTE PRINCIPAL"]
[null,"CODIGO ","DESCRIÇÃO","TKM"]
[null,5914359,"Transporte com caminhão basculante de 10 m³ - rodovia em leito natural",0]
[null,5914374,"Transporte com caminhão basculante de 10 m³ - rodovia em revestimento primário",0]
[null,5914389,"Transporte com caminhão basculante de 10 m³ - rodovia pavimentada",1339699.2]
[null,5914314,"Transporte com caminhão basculante de 6 m³ - rodovia em leito natural",0]
[null,5914329,"Transporte com caminhão basculante de 6 m³ - rodovia em revestimento primário",0]
[null,5914344,"Transporte com caminhão basculante de 6 m³ - rodovia pavimentada",411269.71]
[]
[null,"TIPO (P, RP ou LN)","DMT ESTIMADA"]
[null,"P",89]
[]
[null,"COMPOSIÇÕES PRINCIPAIS"]
[null,"SISTEMA DE CUSTOS REFERENCIAIS DE OBRAS - SICRO"]
[null,"Custo Unitário de Referência",null,null,"Pernambuco - Julho/2024",null,null,null,"Quantitativo",null,"t"]
[null,4011463,"Concreto asfáltico - faixa C - areia e brita comerciais",{"$nulls":5},13440]
[null,"D - ATIVIDADES AUXILIARES",null,"Quantidade","Unidade"]
[null,6416078,"Usinagem de concreto asfáltico - faixa C - areia e brita comerciais",1.02,"t"]
[]
[null,"F - MOMENTO DE TRANSPORTE",null,"Quantidade","Unidade","CÓDIGO TRANSPORTE"]
[{"$nulls":5},"LN","RP","P","TIPO (P, RP ou LN)","DMT ESTIMADA (km)","QUANTITATIVO TOTAL DE TRANSPORTE (tkm)"]
[{"$f":"IF(I29=\"P\",H29,IF(I29=\"RP\",G29,IF(I29=\"LN\",F29,\"\")))","v":5914389},6416078,"Usinagem de concreto asfáltico - faixa C - areia e brita comerciais",1.02,"tkm",5914359,5914374,5914389,"P",89,1220083.2]
[{"$f":"IF(I30=\"P\",H30,IF(I30=\"RP\",G30,IF(I30=\"LN\",F30,\"\")))","v":""}]
["","Obs."]
[null,"SISTEMA DE CUSTOS REFERENCIAIS DE OBRAS - SICRO"]
[null,"Custo Unitário de Referência",null,null,"Pernambuco - Julho/2024",null,null,null,"Quantitativo",null,"m³"]
[null,4915663,"Fresagem descontínua de revestimento asfáltico - espessura de 5 cm",{"$nulls":5},560]
[null,"D - ATIVIDADES AUXILIARES",null,"Quantidade","Unidade"]
[]
[]
[null,"F - MOMENTO DE TRANSPORTE",null,"Quantidade","Unidade","CÓDIGO TRANSPORTE"]
[{"$nulls":5},"LN","RP","P","TIPO (P, RP ou LN)","DMT ESTIMADA (km)","QUANTITATIVO TOTAL DE TRANSPORTE (tkm)"]
[{"$f":"IF(I40=\"P\",H40,IF(I40=\"RP\",G40,IF(I40=\"LN\",F40,\"\")))","v":5914389},"M3507","Revestimento asfáltico - Caminhão basculante 10 m³",2.4,"tkm",5914359,5914374,5914389,"P",89,119616]
[{"$f":"IF(I41=\"P\",H41,IF(I41=\"RP\",G41,IF(I41=\"LN\",F41,\"\")))","v":""}]
["","Obs."]
[null,"COMPOSIÇÕES PRINCIPAIS"]
[null,"SISTEMA DE CUSTOS REFERENCIAIS DE OBRAS - SICRO"]
[null,"Custo Unitário de Referência",null,null,"Pernambuco - Julho/2024",null,null,null,"Quantitativo",null,"m²"]
[null,4915618,"Recomposição de camada granular do pavimento com material de jazida",{"$nulls":5},11200]
[null,"D - ATIVIDADES AUXILIARES",null,"Quantidade","Unidade"]
[null,4016096,"Escavação e carga de material de jazida com escavadeira hidráulica de 1,56 m³",0.22005,"t"]
[]
[null,"F - MOMENTO DE TRANSPORTE",null,"Quantidade","Unidade","CÓDIGO TRANSPORTE"]
[{"$nulls":5},"LN","RP","P","TIPO (P, RP ou LN)","DMT ESTIMADA (km)","QUANTITATIVO TOTAL DE TRANSPORTE (tkm)"]
[{"$f":"IF(I52=\"P\",H52,IF(I52=\"RP\",G52,IF(I52=\"LN\",F52,\"\")))","v":5914344},4016096,"Escavação e carga de material de jazida com escavadeira hidráulica de 1,56 m³",0.41259000000000001,"tkm",5914314,5914329,5914344,"P",89,411269.71200000006]
[{"$f":"IF(I53=\"P\",H53,IF(I53=\"RP\",G53,IF(I53=\"LN\",F53,\"\")))","v":""}]
["","Obs."]
[null,"TIPO (P, RP ou LN)","DMT ESTIMADA"]
[null,"LN",0]
[]
[null,"COMPOSIÇÕES PRINCIPAIS"]
[null,"SISTEMA DE CUSTOS REFERENCIAIS DE OBRAS - SICRO"]
[null,"Custo Unitário de Referência",null,null,"Pernambuco - Julho/2024",null,null,null,"Quantitativo",null,"t"]
[null,4011463,"Concreto asfáltico - faixa C - areia e brita comerciais",{"$nulls":5},1680]
[null,"D - ATIVIDADES AUXILIARES",null,"Quantidade","Unidade"]
[null,6416078,"Usinagem de concreto asfáltico - faixa C - areia e brita comerciais",1.02,"t"]
[]
[null,"F - MOMENTO DE TRANSPORTE",null,"Quantidade","Unidade","CÓDIGO TRANSPORTE"]
[{"$nulls":5},"LN","RP","P","TIPO (P, RP ou LN)","DMT ESTIMADA (km)","QUANTITATIVO TOTAL DE TRANSPORTE (tkm)"]
[{"$f":"IF(I67=\"P\",H67,IF(I67=\"RP\",G67,IF(I67=\"LN\",F67,\"\")))","v":5914359},6416078,"Usinagem de concreto asfáltico - faixa C - areia e brita comerciais",1.02,"tkm",5914359,5914374,5914389,"LN",0,0]
[{"$f":"IF(I68=\"P\",H68,IF(I68=\"RP\",G68,IF(I68=\"LN\",F68,\"\")))","v":""}]
["","Obs."]
[null,"SISTEMA DE CUSTOS REFERENCIAIS DE OBRAS - SICRO"]
[null,"Custo Unitário de Referência",null,null,"Pernambuco - Julho/2024",null,null,null,"Quantitativo",null,"m³"]
[null,4915663,"Fresagem descontínua de revestimento asfáltico - espessura de 5 cm",{"$nulls":5},70]
[null,"D - ATIVIDADES AUXILIARES",null,"Quantidade","Unidade"]
[]
[]
[null,"F - MOMENTO DE TRANSPORTE",null,"Quantidade","Unidade","CÓDIGO TRANSPORTE"]
[{"$nulls":5},"LN","RP","P","TIPO (P, RP ou LN)","DMT ESTIMADA (km)","QUANTITATIVO TOTAL DE TRANSPORTE (tkm)"]
[{"$f":"IF(I78=\"P\",H78,IF(I78=\"RP\",G78,IF(I78=\"LN\",F78,\"\")))","v":5914359},"M3507","Revestimento asfáltico - Caminhão basculante 10 m³",2.4,"tkm",5914359,5914374,5914389,"LN",0,0]
[{"$f":"IF(I79=\"P\",H79,IF(I79=\"RP\",G79,IF(I79=\"LN\",F79,\"\")))","v":""}]
["","Obs."]
[null,"COMPOSIÇÕES PRINCIPAIS"]
[null,"SISTEMA DE CUSTOS REFERENCIAIS DE OBRAS - SICRO"]
[null,"Custo Unitário de Referência",null,null,"Pernambuco - Julho/2024",null,null,null,"Quantitativo",null,"m²"]
[null,4915618,"Recomposição de camada granular do pavimento com material de jazida",{"$nulls":5},1400]
[null,"D - ATIVIDADES AUXILIARES",null,"Quantidade","Unidade"]
[null,4016096,"Escavação e carga de material de jazida com escavadeira hidráulica de 1,56 m³",0.22005,"t"]
[]
[null,"F - MOMENTO DE TRANSPORTE",null,"Quantidade","Unidade","CÓDIGO TRANSPORTE"]
[{"$nulls":5},"LN","RP","P","TIPO (P, RP ou LN)","DMT ESTIMADA (km)","QUANTITATIVO TOTAL DE TRANSPORTE (tkm)"]
[{"$f":"IF(I90=\"P\",H90,IF(I90=\"RP\",G90,IF(I90=\"LN\",F90,\"\")))","v":5914314},4016096,"Escavação e carga de material de jazida com escavadeira hidráulica de 1,56 m³",0.41259000000000001,"tkm",5914314,5914329,5914344,"LN",0,0]
[{"$f":"IF(I91=\"P\",H91,IF(I91=\"RP\",G91,IF(I91=\"LN\",F91,\"\")))","v":""}]
["","Obs."]
[null,"TIPO (P, RP ou LN)","DMT ESTIMADA"]
[null,"RP",0]
[]
[null,"COMPOSIÇÕES PRINCIPAIS"]
[null,"SISTEMA DE CUSTOS REFERENCIAIS DE OBRAS - SICRO"]
[null,"Custo Unitário de Referência",null,null,"Pernambuco - Julho/2024",null,null,null,"Quantitativo",null,"t"]
[null,4011463,"Concreto asfáltico - faixa C - areia e brita comerciais",{"$nulls":5},1680]
[null,"D - ATIVIDADES AUXILIARES",null,"Quantidade","Unidade"]
[null,6416078,"Usinagem de concreto asfáltico - faixa C - areia e brita comerciais",1.02,"t"]
[]
[null,"F - MOMENTO DE TRANSPORTE",null,"Quantidade","Unidade","CÓDIGO TRANSPORTE"]
[{"$nulls":5},"LN","RP","P","TIPO (P, RP ou LN)","DMT ESTIMADA (km)","QUANTITATIVO TOTAL DE TRANSPORTE (tkm)"]
[{"$f":"IF(I105=\"P\",H105,IF(I105=\"RP\",G105,IF(I105=\"LN\",F105,\"\")))","v":5914374},6416078,"Usinagem de concreto asfáltico - faixa C - areia e brita comerciais",1.02,"tkm",5914359,5914374,5914389,"RP",0,0]
[{"$f":"IF(I106=\"P\",H106,IF(I106=\"RP\",G106,IF(I106=\"LN\",F106,\"\")))","v":""}]
["","Obs."]
[null,"SISTEMA DE CUSTOS REFERENCIAIS DE OBRAS - SICRO"]
[null,"Custo Unitário de Referência",null,null,"Pernambuco - Julho/2024",null,null,null,"Quantitativo",null,"m³"]
[null,4915663,"Fresagem descontínua de revestimento asfáltico - espessura de 5 cm",{"$nulls":5},70]
[null,"D - ATIVIDADES AUXILIARES",null,"Quantidade","Unidade"]
[]
[]
[null,"F - MOMENTO DE TRANSPORTE",null,"Quantidade","Unidade","CÓDIGO TRANSPORTE"]
[{"$nulls":5},"LN","RP","P","TIPO (P, RP ou LN)","DMT ESTIMADA (km)","QUANTITATIVO TOTAL DE TRANSPORTE (tkm)"]
[{"$f":"IF(I116=\"P\",H116,IF(I116=\"RP\",G116,IF(I116=\"LN\",F116,\"\")))","v":5914374},"M3507","Revestimento asfáltico - Caminhão basculante 10 m³",2.4,"tkm",5914359,5914374,5914389,"RP",0,0]
[{"$f":"IF(I117=\"P\",H117,IF(I117=\"RP\",G117,IF(I117=\"LN\",F117,\"\")))","v":""}]
["","Obs."]
[null,"COMPOSIÇÕES PRINCIPAIS"]
[null,"SISTEMA DE CUSTOS REFERENCIAIS DE OBRAS - SICRO"]
[null,"Custo Unitário de Referência",null,null,"Pernambuco - Julho/2024",null,null,null,"Quantitativo",null,"m²"]
[null,4915618,"Recomposição de camada granular do pavimento com material de jazida",{"$nulls":5},1400]
[null,"D - ATIVIDADES AUXILIARES",null,"Quantidade","Unidade"]
[null,4016096,"Escavação e carga de material de jazida com escavadeira hidráulica de 1,56 m³",0.22005,"t"]
[]
[null,"F - MOMENTO DE TRANSPORTE",null,"Quantidade","Unidade","CÓDIGO TRANSPORTE"]
[{"$nulls":5},"LN","RP","P","TIPO (P, RP ou LN)","DMT ESTIMADA (km)","QUANTITATIVO TOTAL DE TRANSPORTE (tkm)"]
[{"$f":"IF(I128=\"P\",H128,IF(I128=\"RP\",G128,IF(I128=\"LN\",F128,\"\")))","v":5914329},4016096,"Escavação e carga de material de jazida com escavadeira hidráulica de 1,56 m³",0.41259000000000001,"tkm",5914314,5914329,5914344,"RP",0,0]
[{"$f":"IF(I129=\"P\",H129,IF(I129=\"RP\",G129,IF(I129=\"LN\",F129,\"\")))","v":""}]
["","Obs."]

{"sheet":"MOMENTO DE TRANSPORTE - AUX","index":14,"n_rows":103,"n_cols":13,"rows_kept":103,"cut":false,"hidden":false,"merged":[[64,2,64,7],[64,9,64,10],[65,5,65,7],[72,5,72,7],[21,3,22,3],[43,3,44,3],[65,3,66,3],[21,4,22,4],[43,4,44,4],[65,4,66,4],[21,1,22,2],[43,1,44,2],[65,1,66,2],[28,5,28,7],[42,2,42,7],[42,9,42,10],[43,5,43,7],[50,5,50,7],[3,1,3,10],[6,1,6,3],[20,2,20,7],[20,9,20,10],[21,5,21,7]]}
[]
[]
[]
[null,"EXECUÇÃO DE CAPA ASFÁLTICA EM CONCRETO BETUMINOSO USINADO A QUENTE (CBUQ), EM VIAS DE MUNICÍPIOS DIVERSOS INSERIDOS NA ÁREA DE ATUAÇÃO DA CODEVASF 3ª SR, NO ESTADO DE PERNAMBUCO - MICRORREGIÃO SERTÃO DO MOXOTÓ"]
[null,"ESTADO:","PERNAMBUCO","DATA BASE:","Pernambuco - Julho/2024"]
[]
[null,"RESUMO DO TRANSPORTE AUXILIAR"]
[null,"CODIGO ","DESCRIÇÃO","TKM"]
[null,5914359,"Transporte com caminhão basculante de 10 m³ - rodovia em leito natural",0]
[null,5914374,"Transporte com caminhão basculante de 10 m³ - rodovia em revestimento primário",0]
[null,5914389,"Transporte com caminhão basculante de 10 m³ - rodovia pavimentada",0]
[null,5914364,"Transporte de cimento ou cal hidratada a granel com caminhão silo de 30 m³ - rodovia em leito natural",0]
[null,5914365,"Transporte de cimento ou cal hidratada a granel com caminhão silo de 30 m³ - rodovia em revestimento primário",0]
[null,5914366,"Transporte de cimento ou cal hidratada a granel com caminhão silo de 30 m³ - rodovia pavimentada",0]
[]
[null,"TIPO (P, RP ou LN)","DMT ATÉ 50 KM NÃO DEVE SER PAGA","SOMENTE DEVE SER ADICIONADO A DISTÂNCIA EXCEDENTE A 50 KM"]
[null,"P",null,0]
[]
[null,"SISTEMA DE CUSTOS REFERENCIAIS DE OBRAS - SICRO",{"$nulls":6},"Quantitivo"]
[null,"Custo Unitário de Referência",null,null,"Pernambuco - Julho/2024",null,null,null,"(Coeficiente na composição principal) x (quantidade da principal no orçamento)",null,"t"]
[null,6416078,"Usinagem de concreto asfáltico - faixa C - areia e brita comerciais",{"$nulls":5},13708.800000000001]
[null,"F - MOMENTO DE TRANSPORTE",null,"Quantidade","Unidade","DMT"]
[{"$nulls":5},"LN","RP","P","TIPO (P, RP ou LN)","DMT ESTIMADA (km)","QUANTITATIVO TOTAL DE TRANSPORTE DE MATERIAL (tkm)"]
[{"$f":"IF(I24=\"P\",H24,IF(I24=\"RP\",G24,IF(I24=\"LN\",F24,\"\")))","v":5914389},"M0028","Areia média - Caminhão basculante 10 m³",0.48713000000000001,"tkm",5914359,5914374,5914389,"P",0,0]
[{"$f":"IF(I25=\"P\",H25,IF(I25=\"RP\",G25,IF(I25=\"LN\",F25,\"\")))","v":5914389},"M0005","Brita 0 - Caminhão basculante 10 m³",9.3679999999999999E-2,"tkm",5914359,5914374,5914389,"P",0,0]
[5914389,"M0191","Brita 1 - Caminhão basculante 10 m³",9.3679999999999999E-2,"tkm",5914359,5914374,5914389,"P",0,0]
[5914366,"M0344","Cal hidratada - a granel - Caminhão silo 30 m³",5.62E-2,"tkm",5914364,5914365,5914366,"P",0,0]
[5914389,"M1103","Pedrisco - Caminhão basculante 10 m³",0.20609,"tkm",5914359,5914374,5914389,"P",0,0]
[""]
[{"$f":"IF(I30=\"P\",H30,IF(I30=\"RP\",G30,IF(I30=\"LN\",F30,\"\")))","v":""},"PRINCIPAL:",4011463]
[null,"SISTEMA DE CUSTOS REFERENCIAIS DE OBRAS - SICRO",{"$nulls":6},"Quantitivo"]
[null,"Custo Unitário de Referência",null,null,"Pernambuco - Julho/2024",null,null,null,"(Coeficiente na composição principal) x (quantidade da principal no orçamento)",null,"m³"]
[null,4016096,"Escavação e carga de material de jazida com escavadeira hidráulica de 1,56 m³"]
[null,"F - MOMENTO DE TRANSPORTE",null,"''","Unidade","DMT"]
[{"$nulls":5},"LN","RP","P","TIPO (P, RP ou LN)","DMT ESTIMADA (km)","QUANTITATIVO TOTAL DE TRANSPORTE DE MATERIAL (tkm)"]
[{"$f":"IF(I36=\"P\",H36,IF(I36=\"RP\",G36,IF(I36=\"LN\",F36,\"\")))","v":""},null,null,null,"tkm",{"$nulls":5},""]
["","PRINCIPAL:",4915618]
[null,"TIPO (P, RP ou LN)","DMT ATÉ 50 KM NÃO DEVE SER PAGA","DMT ACIMA DE 50 KM"]
[null,"LN",0,0]
[]
[null,"SISTEMA DE CUSTOS REFERENCIAIS DE OBRAS - SICRO",{"$nulls":6},"Quantitivo"]
[null,"Custo Unitário de Referência",null,null,"Pernambuco - Julho/2024",null,null,null,"(Coeficiente na composição principal) x (quantidade da principal no orçamento)",null,"t"]
[null,6416078,"Usinagem de concreto asfáltico - faixa C - areia e brita comerciais",{"$nulls":5},1713.6000000000001]
[null,"F - MOMENTO DE TRANSPORTE",null,"Quantidade","Unidade","DMT"]
[{"$nulls":5},"LN","RP","P","TIPO (P, RP ou LN)","DMT ESTIMADA (km)","QUANTITATIVO TOTAL DE TRANSPORTE DE MATERIAL (tkm)"]
[{"$f":"IF(I46=\"P\",H46,IF(I46=\"RP\",G46,IF(I46=\"LN\",F46,\"\")))","v":5914359},"M0028","Areia média - Caminhão basculante 10 m³",0.48713000000000001,"tkm",5914359,5914374,5914389,"LN",0,0]
[5914359,"M0005","Brita 0 - Caminhão basculante 10 m³",9.3679999999999999E-2,"tkm",5914359,5914374,5914389,"LN",0,0]
[5914359,"M0191","Brita 1 - Caminhão basculante 10 m³",9.3679999999999999E-2,"tkm",5914359,5914374,5914389,"LN",0,0]
[5914364,"M0344","Cal hidratada - a granel - Caminhão silo 30 m³",5.62E-2,"tkm",5914364,5914365,5914366,"LN",0,0]
[5914359,"M1103","Pedrisco - Caminhão basculante 10 m³",0.20609,"tkm",5914359,5914374,5914389,"LN",0,0]
[""]
["","PRINCIPAL:",4011463]
[null,"SISTEMA DE CUSTOS REFERENCIAIS DE OBRAS - SICRO",{"$nulls":6},"Quantitivo"]
[null,"Custo Unitário de Referência",null,null,"Pernambuco - Julho/2024",null,null,null,"(Coeficiente na composição principal) x (quantidade da principal no orçamento)",null,"m³"]
[null,4016096,"Escavação e carga de material de jazida com escavadeira hidráulica de 1,56 m³"]
[null,"F - MOMENTO DE TRANSPORTE",null,"''","Unidade","DMT"]
[{"$nulls":5},"LN","RP","P","TIPO (P, RP ou LN)","DMT ESTIMADA (km)","QUANTITATIVO TOTAL DE TRANSPORTE DE MATERIAL (tkm)"]
[{"$f":"IF(I58=\"P\",H58,IF(I58=\"RP\",G58,IF(I58=\"LN\",F58,\"\")))","v":""},null,null,null,"tkm",{"$nulls":5},""]
["","PRINCIPAL:",4915618]
[null,"TIPO (P, RP ou LN)","DMT ATÉ 50 KM NÃO DEVE SER PAGA","DMT ACIMA DE 50 KM"]
[null,"RP",0,0]
[]
[null,"SISTEMA DE CUSTOS REFERENCIAIS DE OBRAS - SICRO",{"$nulls":6},"Quantitivo"]
[null,"Custo Unitário de Referência",null,null,"Pernambuco - Julho/2024",null,null,null,"(Coeficiente na composição principal) x (quantidade da principal no orçamento)",null,"t"]
[null,6416078,"Usinagem de concreto asfáltico - faixa C - areia e brita comerciais",{"$nulls":5},1713.6000000000001]
[null,"F - MOMENTO DE TRANSPORTE",null,"Quantidade","Unidade","DMT"]
[{"$nulls":5},"LN","RP","P","TIPO (P, RP ou LN)","DMT ESTIMADA (km)","QUANTITATIVO TOTAL DE TRANSPORTE DE MATERIAL (tkm)"]
[{"$f":"IF(I68=\"P\",H68,IF(I68=\"RP\",G68,IF(I68=\"LN\",F68,\"\")))","v":5914374},"M0028","Areia média - Caminhão basculante 10 m³",0.48713000000000001,"tkm",5914359,5914374,5914389,"RP",0,0]
[5914374,"M0005","Brita 0 - Caminhão basculante 10 m³",9.3679999999999999E-2,"tkm",5914359,5914374,5914389,"RP",0,0]
[5914374,"M0191","Brita 1 - Caminhão basculante 10 m³",9.3679999999999999E-2,"tkm",5914359,5914374,5914389,"RP",0,0]
[5914365,"M0344","Cal hidratada - a granel - Caminhão silo 30 m³",5.62E-2,"tkm",5914364,5914365,5914366,"RP",0,0]
[5914374,"M1103","Pedrisco - Caminhão basculante 10 m³",0.20609,"tkm",5914359,5914374,5914389,"RP",0,0]
[""]
["","PRINCIPAL:",4011463]
[null,"SISTEMA DE CUSTOS REFERENCIAIS DE OBRAS - SICRO",{"$nulls":6},"Quantitivo"]
[null,"Custo Unitário de Referência",null,null,"Pernambuco - Julho/2024",null,null,null,"(Coeficiente na composição principal) x (quantidade da principal no orçamento)",null,"m³"]
[null,4016096,"Escavação e carga de material de jazida com escavadeira hidráulica de 1,56 m³"]
[null,"F - MOMENTO DE TRANSPORTE",null,"''","Unidade","DMT"]
[{"$nulls":5},"LN","RP","P","TIPO (P, RP ou LN)","DMT ESTIMADA (km)","QUANTITATIVO TOTAL DE TRANSPORTE DE MATERIAL (tkm)"]
[{"$f":"IF(I80=\"P\",H80,IF(I80=\"RP\",G80,IF(I80=\"LN\",F80,\"\")))","v":""},null,null,null,"tkm",{"$nulls":5},""]
["","PRINCIPAL:",0]
[{"$f":"IF(I82=\"P\",H82,IF(I82=\"RP\",G82,IF(I82=\"LN\",F82,\"\")))","v":""}]
[""]
{"$rows_empty":19}
[{"$nulls":12},{"$f":"(#REF!)","v":{"$error":"#REF!"}}]

{"sheet":"MC MODULO","index":15,"n_rows":132,"n_cols":8,"rows_kept":132,"cut":false,"hidden":false,"merged":[[123,0,123,4],[35,1,35,4],[41,1,41,4],[47,1,47,4],[54,1,54,4],[59,1,59,4],[6,1,6,4],[11,1,11,4],[16,1,16,4],[21,1,21,4],[29,1,29,5]]}
["Extensão","=",2000,"m",null,"QUANTIDADE DE MODULOS",10]
["Largura","=",7,"m"]
[]
["Extensão","=",2,"km"]
[]
[null,"MOBUILIZAÇÃO"]
[1,"Implantação da obra"]
[]
[null,"Módulos(un)",null,"Módulos(un)"]
[null,10,"=",10]
[]
[2,"Administração da obra"]
[]
[null,"Módulos(un)",null,"Módulos(un)"]
[null,10,"=",10]
[]
[3,"Canteiro de Obras e Almoxarifado"]
[]
[null,"Módulos(un)",null,"Módulos(un)"]
[null,10,"=",10]
[]
[4,"Placa de Obra em Chapa de Aço Galvanizado"]
[]
[null,"Módulos(un)","Comprimento(m)","Largura (m)",null,null,null,"Total de Area de placa (m²)"]
[null,10,2,4,null,null,null,160]
[]
[]
[null,"PAVIMENTAÇÃO"]
[]
[5,"Concreto asfáltico - faixa C - areia e brita comerciais"]
[]
[null,"Extensão (m)","Largura (m)","Espessura (m)","Densidade (t/m³)","A",null,"Volume (t)"]
[null,20000,7,0.05,2.4,null,"=",16800]
[]
[]
[7,"Pintura de ligação"]
[]
[null,"Extensão (m)",null,"Largura (m)",null,null,null,"area (m2)"]
[null,20000,"x",7,null,null,"=",140000]
[]
[]
[9,"Fresagem descontínua de revestimento asfáltico - espessura de 5 cm"]
[]
[null,"Extensão (m)",null,"Largura (m)","Espessura (m)",null,null,"Volume (m3)"]
[null,20000,"x",7,0.05,0.1,"=",700]
[]
[]
[9,"Recomposição de camada granular do pavimento com material de jazida"]
[]
[null,"Extensão (m)",null,"Largura (m)",null,null,null,"area (m2)"]
[null,20000,"x",7,null,0.1,"=",14000]
[]
[null,"SINALIZAÇÃO"]
[]
[14,"Fornecimento e implantação de placa de regulamentação em aço D = 0,60 m - película retrorrefletiva tipo I + SI"]
[]
[null,"Extensão (km)",null,"Quant. (un)",null,null,null,"Quant. (un)"]
[null,20,"x",3,null,null,"=",60]
[]
[14,"Placa de advertência em aço, lado de 0,60 m - película retrorrefletiva tipo I + SI - fornecimento e implantação"]
[]
[null,"Extensão (km)",null,"Quant. (un)",null,null,null,"Quant. (un)"]
[null,20,"x",3,null,null,"=",60]
[]
[]
[15,"Fornecimento e implantação de suporte metálico galvanizado para placa de regulamentação - D = 0,60 m"]
[]
[null,"Extensão (km)",null,"Quant. (un)",null,null,null,"Quant. (un)"]
[null,20,"x",0.5,null,null,"=",120]
[]
[16,"Pintura de faixa com tinta acrílica - espessura de 0,4 mm (bordos)"]
[]
[null,"Extensão (m)",null,"Espessura (m)",null,null,null,"Quant. (m²)"]
[null,20000,"x",0.1,null,null,"=",4000]
[]
[16,"Pintura de faixa com tinta acrílica - espessura de 0,4 mm (faixa central)"]
[]
[{"$nulls":7},"Quant. (m²)"]
[{"$nulls":7},800]
[]
[]
[null,"DRENAGEM"]
[17,"Reassentamento manual de meio fio com material arrancado da pista"]
[]
[null,"Extensão (m)",null,"Quant. (un)",null,null,0.1,"Extensão(m)"]
[null,20000,"x",2,null,null,"=",4000]
[]
[18,"Limpeza de sarjeta e meio-fio"]
[]
[null,"Extensão (m)",null,"Quant. (un)",null,null,null,"Extensão(m)"]
[null,20000,"x",2,null,null,"=",40000]
[]
[19,"Caiação mecanizada com fixador de cal"]
[]
[null,"Extensão (m)",null,"Perimetro (m)",null,null,null,"Area (m²)"]
[null,20000,"x",0.24,null,null,"=",4800]
[]
[]
[null,"SERVIÇOS COMPLEMENTARES"]
[20]
[]
[null,"Extensão (m)",null,"Largura (m)",null,null,0.1,"extensão (m)"]
[null,20000,"x",1,"x",null,"=",2000]
[]
[]
[null,"PROJETO EXECUTIVO"]
[21,"Projeto Executivo"]
[]
[null,"Extensão (m)",null,"Largura (m)",null,"Quant. (un)",null,"Área (m²)"]
[null,20000,"x",7,"x",1,"=",140000]
[]
[null,"CONTROLE TECNOLOGICO - OBRA"]
[22,"Projeto Executivo"]
[]
[null,"Extensão (m)",null,"Largura (m)",null,"Quant. (un)",null,"meses"]
[{"$nulls":6},"=",5]
{"$rows_empty":15}
[{"$nulls":4},"   Perímetro caiação = 0,09 + 0,15"]

{"sheet":"Planilha30","index":16,"n_rows":0,"n_cols":0,"rows_kept":0,"cut":false,"hidden":true,"merged":[]}

{"sheet":"ANP ESTADO","index":17,"n_rows":101072,"n_cols":4,"rows_kept":4500,"cut":true,"hidden":true,"merged":[[4,0,4,3],[4,7,4,13]],"bounds":{"rows_first":2000,"rows_last":500,"rows_between":2000,"halvings":0}}
["                       Agência Nacional do Petróleo, Gás Natural e Biocombustíveis"]
["                       Superintendência de Defesa da Concorrência"]
[]
[]
["PREÇO MÉDIO MENSAL PONDERADO PRATICADO PELOS DISTRIBUIDORES DE PRODUTOS ASFÁLTICOS (R$/KG)"]
[]
["Importante:","Quando não houver declaração de venda do produto selecionado, ou quando a declaração de venda do produto ocorrer por menos de 03 (três) distribuidoras, a tabela indicará campo vazio."]
["Mês","Produto","Estado","Preço"]
["2013-01-01","ASFALTOS DILUÍDOS CM-30","Acre","-"]
["2013-01-01","ASFALTOS DILUÍDOS CM-30","Alagoas","-"]
["2013-01-01","ASFALTOS DILUÍDOS CM-30","Amapá","-"]
["2013-01-01","ASFALTOS DILUÍDOS CM-30","Amazonas",1.4535270214060201]
["2013-01-01","ASFALTOS DILUÍDOS CM-30","Bahia",1.46404414205175]
["2013-01-01","ASFALTOS DILUÍDOS CM-30","Ceará",1.44799793398466]
["2013-01-01","ASFALTOS DILUÍDOS CM-30","Distrito Federal","-"]
["2013-01-01","ASFALTOS DILUÍDOS CM-30","Espírito Santo","-"]
["2013-01-01","ASFALTOS DILUÍDOS CM-30","Goiás",1.6863830648778]
["2013-01-01","ASFALTOS DILUÍDOS CM-30","Maranhão","-"]
["2013-01-01","ASFALTOS DILUÍDOS CM-30","Mato Grosso","-"]
["2013-01-01","ASFALTOS DILUÍDOS CM-30","Mato Grosso do Sul","-"]
["2013-01-01","ASFALTOS DILUÍDOS CM-30","Minas Gerais",1.4511061136949599]
["2013-01-01","ASFALTOS DILUÍDOS CM-30","Pará","-"]
["2013-01-01","ASFALTOS DILUÍDOS CM-30","Paraíba","-"]
["2013-01-01","ASFALTOS DILUÍDOS CM-30","Paraná",1.5201250313327599]
["2013-01-01","ASFALTOS DILUÍDOS CM-30","Pernambuco","-"]
["2013-01-01","ASFALTOS DILUÍDOS CM-30","Piauí","-"]
["2013-01-01","ASFALTOS DILUÍDOS CM-30","Rio de Janeiro",1.33047510642782]
["2013-01-01","ASFALTOS DILUÍDOS CM-30","Rio Grande do Norte","-"]
["2013-01-01","ASFALTOS DILUÍDOS CM-30","Rio Grande do Sul",1.5986110742416599]
["2013-01-01","ASFALTOS DILUÍDOS CM-30","Rondônia","-"]
["2013-01-01","ASFALTOS DILUÍDOS CM-30","Roraima","-"]
["2013-01-01","ASFALTOS DILUÍDOS CM-30","Santa Catarina","-"]
["2013-01-01","ASFALTOS DILUÍDOS CM-30","São Paulo",1.47100842321943]
["2013-01-01","ASFALTOS DILUÍDOS CM-30","Sergipe","-"]
["2013-01-01","ASFALTOS DILUÍDOS CM-30","Tocantins","-"]
["2013-02-01","ASFALTOS DILUÍDOS CM-30","Acre","-"]
["2013-02-01","ASFALTOS DILUÍDOS CM-30","Alagoas","-"]
["2013-02-01","ASFALTOS DILUÍDOS CM-30","Amapá","-"]
["2013-02-01","ASFALTOS DILUÍDOS CM-30","Amazonas",1.48557817878307]
["2013-02-01","ASFALTOS DILUÍDOS CM-30","Bahia",1.45701410129741]
["2013-02-01","ASFALTOS DILUÍDOS CM-30","Ceará",1.4131923360976399]
["2013-02-01","ASFALTOS DILUÍDOS CM-30","Distrito Federal","-"]
["2013-02-01","ASFALTOS DILUÍDOS CM-30","Espírito Santo","-"]
["2013-02-01","ASFALTOS DILUÍDOS CM-30","Goiás",1.6674597105953199]
["2013-02-01","ASFALTOS DILUÍDOS CM-30","Maranhão","-"]
["2013-02-01","ASFALTOS DILUÍDOS CM-30","Mato Grosso","-"]
["2013-02-01","ASFALTOS DILUÍDOS CM-30","Mato Grosso do Sul","-"]
["2013-02-01","ASFALTOS DILUÍDOS CM-30","Minas Gerais",1.45212111688481]
["2013-02-01","ASFALTOS DILUÍDOS CM-30","Pará","-"]
["2013-02-01","ASFALTOS DILUÍDOS CM-30","Paraíba","-"]
["2013-02-01","ASFALTOS DILUÍDOS CM-30","Paraná",1.49378317262348]
["2013-02-01","ASFALTOS DILUÍDOS CM-30","Pernambuco","-"]
["2013-02-01","ASFALTOS DILUÍDOS CM-30","Piauí","-"]
["2013-02-01","ASFALTOS DILUÍDOS CM-30","Rio de Janeiro",1.4182349010293001]
["2013-02-01","ASFALTOS DILUÍDOS CM-30","Rio Grande do Norte","-"]
["2013-02-01","ASFALTOS DILUÍDOS CM-30","Rio Grande do Sul",1.4358617819236099]
["2013-02-01","ASFALTOS DILUÍDOS CM-30","Rondônia","-"]
["2013-02-01","ASFALTOS DILUÍDOS CM-30","Roraima","-"]
["2013-02-01","ASFALTOS DILUÍDOS CM-30","Santa Catarina","-"]
["2013-02-01","ASFALTOS DILUÍDOS CM-30","São Paulo",1.4341902042953401]
["2013-02-01","ASFALTOS DILUÍDOS CM-30","Sergipe","-"]
["2013-02-01","ASFALTOS DILUÍDOS CM-30","Tocantins","-"]
["2013-03-01","ASFALTOS DILUÍDOS CM-30","Acre","-"]
["2013-03-01","ASFALTOS DILUÍDOS CM-30","Alagoas","-"]
["2013-03-01","ASFALTOS DILUÍDOS CM-30","Amapá","-"]
["2013-03-01","ASFALTOS DILUÍDOS CM-30","Amazonas",1.50792392058627]
["2013-03-01","ASFALTOS DILUÍDOS CM-30","Bahia",1.4494403251178101]
["2013-03-01","ASFALTOS DILUÍDOS CM-30","Ceará",1.4016074852948099]
["2013-03-01","ASFALTOS DILUÍDOS CM-30","Distrito Federal","-"]
["2013-03-01","ASFALTOS DILUÍDOS CM-30","Espírito Santo","-"]
["2013-03-01","ASFALTOS DILUÍDOS CM-30","Goiás",1.6617587007265799]
["2013-03-01","ASFALTOS DILUÍDOS CM-30","Maranhão","-"]
["2013-03-01","ASFALTOS DILUÍDOS CM-30","Mato Grosso","-"]
["2013-03-01","ASFALTOS DILUÍDOS CM-30","Mato Grosso do Sul","-"]
["2013-03-01","ASFALTOS DILUÍDOS CM-30","Minas Gerais",1.4432433296645599]
["2013-03-01","ASFALTOS DILUÍDOS CM-30","Pará","-"]
["2013-03-01","ASFALTOS DILUÍDOS CM-30","Paraíba","-"]
["2013-03-01","ASFALTOS DILUÍDOS CM-30","Paraná",1.46899599595013]
["2013-03-01","ASFALTOS DILUÍDOS CM-30","Pernambuco","-"]
["2013-03-01","ASFALTOS DILUÍDOS CM-30","Piauí","-"]
["2013-03-01","ASFALTOS DILUÍDOS CM-30","Rio de Janeiro",1.4380555738810501]
["2013-03-01","ASFALTOS DILUÍDOS CM-30","Rio Grande do Norte","-"]
["2013-03-01","ASFALTOS DILUÍDOS CM-30","Rio Grande do Sul",1.5814258782658701]
["2013-03-01","ASFALTOS DILUÍDOS CM-30","Rondônia","-"]
["2013-03-01","ASFALTOS DILUÍDOS CM-30","Roraima","-"]
["2013-03-01","ASFALTOS DILUÍDOS CM-30","Santa Catarina","-"]
["2013-03-01","ASFALTOS DILUÍDOS CM-30","São Paulo",1.4660617024058]
["2013-03-01","ASFALTOS DILUÍDOS CM-30","Sergipe","-"]
["2013-03-01","ASFALTOS DILUÍDOS CM-30","Tocantins","-"]
["2013-04-01","ASFALTOS DILUÍDOS CM-30","Acre","-"]
["2013-04-01","ASFALTOS DILUÍDOS CM-30","Alagoas","-"]
["2013-04-01","ASFALTOS DILUÍDOS CM-30","Amapá","-"]
["2013-04-01","ASFALTOS DILUÍDOS CM-30","Amazonas",1.4847966561231001]
["2013-04-01","ASFALTOS DILUÍDOS CM-30","Bahia",1.45483654630711]
["2013-04-01","ASFALTOS DILUÍDOS CM-30","Ceará",1.3870739617974499]
["2013-04-01","ASFALTOS DILUÍDOS CM-30","Distrito Federal","-"]
["2013-04-01","ASFALTOS DILUÍDOS CM-30","Espírito Santo","-"]
["2013-04-01","ASFALTOS DILUÍDOS CM-30","Goiás",1.6734818355604799]
["2013-04-01","ASFALTOS DILUÍDOS CM-30","Maranhão","-"]
["2013-04-01","ASFALTOS DILUÍDOS CM-30","Mato Grosso",1.9219384218389799]
["2013-04-01","ASFALTOS DILUÍDOS CM-30","Mato Grosso do Sul","-"]
["2013-04-01","ASFALTOS DILUÍDOS CM-30","Minas Gerais",1.4565566827656]
["2013-04-01","ASFALTOS DILUÍDOS CM-30","Pará","-"]
["2013-04-01","ASFALTOS DILUÍDOS CM-30","Paraíba","-"]
["2013-04-01","ASFALTOS DILUÍDOS CM-30","Paraná",1.5344194983915]
["2013-04-01","ASFALTOS DILUÍDOS CM-30","Pernambuco","-"]
["2013-04-01","ASFALTOS DILUÍDOS CM-30","Piauí","-"]
["2013-04-01","ASFALTOS DILUÍDOS CM-30","Rio de Janeiro",1.41841951612241]
["2013-04-01","ASFALTOS DILUÍDOS CM-30","Rio Grande do Norte","-"]
["2013-04-01","ASFALTOS DILUÍDOS CM-30","Rio Grande do Sul",1.5725824563898001]
["2013-04-01","ASFALTOS DILUÍDOS CM-30","Rondônia","-"]
["2013-04-01","ASFALTOS DILUÍDOS CM-30","Roraima","-"]
["2013-04-01","ASFALTOS DILUÍDOS CM-30","Santa Catarina","-"]
["2013-04-01","ASFALTOS DILUÍDOS CM-30","São Paulo",1.4757643482956]
["2013-04-01","ASFALTOS DILUÍDOS CM-30","Sergipe","-"]
["2013-04-01","ASFALTOS DILUÍDOS CM-30","Tocantins","-"]
["2013-05-01","ASFALTOS DILUÍDOS CM-30","Acre","-"]
["2013-05-01","ASFALTOS DILUÍDOS CM-30","Alagoas","-"]
["2013-05-01","ASFALTOS DILUÍDOS CM-30","Amapá","-"]
["2013-05-01","ASFALTOS DILUÍDOS CM-30","Amazonas","-"]
["2013-05-01","ASFALTOS DILUÍDOS CM-30","Bahia",1.4925874242145101]
["2013-05-01","ASFALTOS DILUÍDOS CM-30","Ceará",1.3762630205188799]
["2013-05-01","ASFALTOS DILUÍDOS CM-30","Distrito Federal","-"]
["2013-05-01","ASFALTOS DILUÍDOS CM-30","Espírito Santo","-"]
["2013-05-01","ASFALTOS DILUÍDOS CM-30","Goiás",1.6682148189524699]
["2013-05-01","ASFALTOS DILUÍDOS CM-30","Maranhão","-"]
["2013-05-01","ASFALTOS DILUÍDOS CM-30","Mato Grosso",1.9030981590145499]
["2013-05-01","ASFALTOS DILUÍDOS CM-30","Mato Grosso do Sul","-"]
["2013-05-01","ASFALTOS DILUÍDOS CM-30","Minas Gerais",1.4647097164455001]
["2013-05-01","ASFALTOS DILUÍDOS CM-30","Pará","-"]
["2013-05-01","ASFALTOS DILUÍDOS CM-30","Paraíba","-"]
["2013-05-01","ASFALTOS DILUÍDOS CM-30","Paraná",1.4890278492054501]
["2013-05-01","ASFALTOS DILUÍDOS CM-30","Pernambuco","-"]
["2013-05-01","ASFALTOS DILUÍDOS CM-30","Piauí","-"]
["2013-05-01","ASFALTOS DILUÍDOS CM-30","Rio de Janeiro",1.3992560478193601]
["2013-05-01","ASFALTOS DILUÍDOS CM-30","Rio Grande do Norte","-"]
["2013-05-01","ASFALTOS DILUÍDOS CM-30","Rio Grande do Sul",1.5396369613878]
["2013-05-01","ASFALTOS DILUÍDOS CM-30","Rondônia","-"]
["2013-05-01","ASFALTOS DILUÍDOS CM-30","Roraima","-"]
["2013-05-01","ASFALTOS DILUÍDOS CM-30","Santa Catarina","-"]
["2013-05-01","ASFALTOS DILUÍDOS CM-30","São Paulo",1.45121593643408]
["2013-05-01","ASFALTOS DILUÍDOS CM-30","Sergipe","-"]
["2013-05-01","ASFALTOS DILUÍDOS CM-30","Tocantins","-"]
["2013-06-01","ASFALTOS DILUÍDOS CM-30","Acre","-"]
["2013-06-01","ASFALTOS DILUÍDOS CM-30","Alagoas","-"]
["2013-06-01","ASFALTOS DILUÍDOS CM-30","Amapá","-"]
["2013-06-01","ASFALTOS DILUÍDOS CM-30","Amazonas",1.58632581750488]
["2013-06-01","ASFALTOS DILUÍDOS CM-30","Bahia",1.44812906981256]
["2013-06-01","ASFALTOS DILUÍDOS CM-30","Ceará",1.38270098852515]
["2013-06-01","ASFALTOS DILUÍDOS CM-30","Distrito Federal","-"]
["2013-06-01","ASFALTOS DILUÍDOS CM-30","Espírito Santo","-"]
["2013-06-01","ASFALTOS DILUÍDOS CM-30","Goiás",1.69961386712898]
["2013-06-01","ASFALTOS DILUÍDOS CM-30","Maranhão","-"]
["2013-06-01","ASFALTOS DILUÍDOS CM-30","Mato Grosso",1.91597565779276]
["2013-06-01","ASFALTOS DILUÍDOS CM-30","Mato Grosso do Sul","-"]
["2013-06-01","ASFALTOS DILUÍDOS CM-30","Minas Gerais",1.47536689628969]
["2013-06-01","ASFALTOS DILUÍDOS CM-30","Pará","-"]
["2013-06-01","ASFALTOS DILUÍDOS CM-30","Paraíba","-"]
["2013-06-01","ASFALTOS DILUÍDOS CM-30","Paraná",1.4321669740385401]
["2013-06-01","ASFALTOS DILUÍDOS CM-30","Pernambuco","-"]
["2013-06-01","ASFALTOS DILUÍDOS CM-30","Piauí","-"]
["2013-06-01","ASFALTOS DILUÍDOS CM-30","Rio de Janeiro",1.52742022637372]
["2013-06-01","ASFALTOS DILUÍDOS CM-30","Rio Grande do Norte","-"]
["2013-06-01","ASFALTOS DILUÍDOS CM-30","Rio Grande do Sul",1.5986834901348499]
["2013-06-01","ASFALTOS DILUÍDOS CM-30","Rondônia","-"]
["2013-06-01","ASFALTOS DILUÍDOS CM-30","Roraima","-"]
["2013-06-01","ASFALTOS DILUÍDOS CM-30","Santa Catarina","-"]
["2013-06-01","ASFALTOS DILUÍDOS CM-30","São Paulo",1.4327481873578101]
["2013-06-01","ASFALTOS DILUÍDOS CM-30","Sergipe","-"]
["2013-06-01","ASFALTOS DILUÍDOS CM-30","Tocantins","-"]
["2013-07-01","ASFALTOS DILUÍDOS CM-30","Acre","-"]
["2013-07-01","ASFALTOS DILUÍDOS CM-30","Alagoas","-"]
["2013-07-01","ASFALTOS DILUÍDOS CM-30","Amapá","-"]
["2013-07-01","ASFALTOS DILUÍDOS CM-30","Amazonas",1.5098909307114099]
["2013-07-01","ASFALTOS DILUÍDOS CM-30","Bahia",1.4361500161396099]
["2013-07-01","ASFALTOS DILUÍDOS CM-30","Ceará",1.42483584460839]
["2013-07-01","ASFALTOS DILUÍDOS CM-30","Distrito Federal","-"]
["2013-07-01","ASFALTOS DILUÍDOS CM-30","Espírito Santo","-"]
["2013-07-01","ASFALTOS DILUÍDOS CM-30","Goiás",1.66377845377828]
["2013-07-01","ASFALTOS DILUÍDOS CM-30","Maranhão","-"]
["2013-07-01","ASFALTOS DILUÍDOS CM-30","Mato Grosso",1.93058955062268]
["2013-07-01","ASFALTOS DILUÍDOS CM-30","Mato Grosso do Sul","-"]
["2013-07-01","ASFALTOS DILUÍDOS CM-30","Minas Gerais",1.47657235246175]
["2013-07-01","ASFALTOS DILUÍDOS CM-30","Pará","-"]
["2013-07-01","ASFALTOS DILUÍDOS CM-30","Paraíba","-"]
["2013-07-01","ASFALTOS DILUÍDOS CM-30","Paraná",1.47716727385319]
["2013-07-01","ASFALTOS DILUÍDOS CM-30","Pernambuco","-"]
["2013-07-01","ASFALTOS DILUÍDOS CM-30","Piauí","-"]
["2013-07-01","ASFALTOS DILUÍDOS CM-30","Rio de Janeiro",1.58446471308728]
["2013-07-01","ASFALTOS DILUÍDOS CM-30","Rio Grande do Norte","-"]
["2013-07-01","ASFALTOS DILUÍDOS CM-30","Rio Grande do Sul",1.61248792530379]
["2013-07-01","ASFALTOS DILUÍDOS CM-30","Rondônia","-"]
["2013-07-01","ASFALTOS DILUÍDOS CM-30","Roraima","-"]
["2013-07-01","ASFALTOS DILUÍDOS CM-30","Santa Catarina","-"]
["2013-07-01","ASFALTOS DILUÍDOS CM-30","São Paulo",1.5078449085221599]
["2013-07-01","ASFALTOS DILUÍDOS CM-30","Sergipe","-"]
["2013-07-01","ASFALTOS DILUÍDOS CM-30","Tocantins","-"]
["2013-08-01","ASFALTOS DILUÍDOS CM-30","Acre","-"]
["2013-08-01","ASFALTOS DILUÍDOS CM-30","Alagoas","-"]
["2013-08-01","ASFALTOS DILUÍDOS CM-30","Amapá","-"]
["2013-08-01","ASFALTOS DILUÍDOS CM-30","Amazonas",1.50927564124656]
["2013-08-01","ASFALTOS DILUÍDOS CM-30","Bahia",1.4166993230667999]
["2013-08-01","ASFALTOS DILUÍDOS CM-30","Ceará",1.4474033636621799]
["2013-08-01","ASFALTOS DILUÍDOS CM-30","Distrito Federal","-"]
["2013-08-01","ASFALTOS DILUÍDOS CM-30","Espírito Santo","-"]
["2013-08-01","ASFALTOS DILUÍDOS CM-30","Goiás",1.7334072906876701]
["2013-08-01","ASFALTOS DILUÍDOS CM-30","Maranhão","-"]
["2013-08-01","ASFALTOS DILUÍDOS CM-30","Mato Grosso",1.9368734488373001]
["2013-08-01","ASFALTOS DILUÍDOS CM-30","Mato Grosso do Sul","-"]
["2013-08-01","ASFALTOS DILUÍDOS CM-30","Minas Gerais",1.4971358662763601]
["2013-08-01","ASFALTOS DILUÍDOS CM-30","Pará","-"]
["2013-08-01","ASFALTOS DILUÍDOS CM-30","Paraíba","-"]
["2013-08-01","ASFALTOS DILUÍDOS CM-30","Paraná",1.55496043176478]
["2013-08-01","ASFALTOS DILUÍDOS CM-30","Pernambuco","-"]
["2013-08-01","ASFALTOS DILUÍDOS CM-30","Piauí","-"]
["2013-08-01","ASFALTOS DILUÍDOS CM-30","Rio de Janeiro",1.61007213222856]
["2013-08-01","ASFALTOS DILUÍDOS CM-30","Rio Grande do Norte","-"]
["2013-08-01","ASFALTOS DILUÍDOS CM-30","Rio Grande do Sul",1.48575288857195]
["2013-08-01","ASFALTOS DILUÍDOS CM-30","Rondônia","-"]
["2013-08-01","ASFALTOS DILUÍDOS CM-30","Roraima","-"]
["2013-08-01","ASFALTOS DILUÍDOS CM-30","Santa Catarina","-"]
["2013-08-01","ASFALTOS DILUÍDOS CM-30","São Paulo",1.49337070141824]
["2013-08-01","ASFALTOS DILUÍDOS CM-30","Sergipe","-"]
["2013-08-01","ASFALTOS DILUÍDOS CM-30","Tocantins","-"]
["2013-09-01","ASFALTOS DILUÍDOS CM-30","Acre","-"]
["2013-09-01","ASFALTOS DILUÍDOS CM-30","Alagoas","-"]
["2013-09-01","ASFALTOS DILUÍDOS CM-30","Amapá","-"]
["2013-09-01","ASFALTOS DILUÍDOS CM-30","Amazonas",1.46090167261296]
["2013-09-01","ASFALTOS DILUÍDOS CM-30","Bahia",1.4552257782611799]
["2013-09-01","ASFALTOS DILUÍDOS CM-30","Ceará",1.48325785668347]
["2013-09-01","ASFALTOS DILUÍDOS CM-30","Distrito Federal","-"]
["2013-09-01","ASFALTOS DILUÍDOS CM-30","Espírito Santo","-"]
["2013-09-01","ASFALTOS DILUÍDOS CM-30","Goiás",1.7695439322713999]
["2013-09-01","ASFALTOS DILUÍDOS CM-30","Maranhão","-"]
["2013-09-01","ASFALTOS DILUÍDOS CM-30","Mato Grosso",1.99444910350949]
["2013-09-01","ASFALTOS DILUÍDOS CM-30","Mato Grosso do Sul","-"]
["2013-09-01","ASFALTOS DILUÍDOS CM-30","Minas Gerais",1.55204458999805]
["2013-09-01","ASFALTOS DILUÍDOS CM-30","Pará","-"]
["2013-09-01","ASFALTOS DILUÍDOS CM-30","Paraíba","-"]
["2013-09-01","ASFALTOS DILUÍDOS CM-30","Paraná",1.49882536313079]
["2013-09-01","ASFALTOS DILUÍDOS CM-30","Pernambuco","-"]
["2013-09-01","ASFALTOS DILUÍDOS CM-30","Piauí","-"]
["2013-09-01","ASFALTOS DILUÍDOS CM-30","Rio de Janeiro",1.54852008820736]
["2013-09-01","ASFALTOS DILUÍDOS CM-30","Rio Grande do Norte","-"]
["2013-09-01","ASFALTOS DILUÍDOS CM-30","Rio Grande do Sul",1.4662314514008701]
["2013-09-01","ASFALTOS DILUÍDOS CM-30","Rondônia","-"]
["2013-09-01","ASFALTOS DILUÍDOS CM-30","Roraima","-"]
["2013-09-01","ASFALTOS DILUÍDOS CM-30","Santa Catarina","-"]
["2013-09-01","ASFALTOS DILUÍDOS CM-30","São Paulo",1.51833233081067]
["2013-09-01","ASFALTOS DILUÍDOS CM-30","Sergipe","-"]
["2013-09-01","ASFALTOS DILUÍDOS CM-30","Tocantins","-"]
["2013-10-01","ASFALTOS DILUÍDOS CM-30","Acre","-"]
["2013-10-01","ASFALTOS DILUÍDOS CM-30","Alagoas","-"]
["2013-10-01","ASFALTOS DILUÍDOS CM-30","Amapá","-"]
["2013-10-01","ASFALTOS DILUÍDOS CM-30","Amazonas",1.5243349537611399]
["2013-10-01","ASFALTOS DILUÍDOS CM-30","Bahia",1.47278367194388]
["2013-10-01","ASFALTOS DILUÍDOS CM-30","Ceará",1.48034120157571]
["2013-10-01","ASFALTOS DILUÍDOS CM-30","Distrito Federal","-"]
["2013-10-01","ASFALTOS DILUÍDOS CM-30","Espírito Santo","-"]
["2013-10-01","ASFALTOS DILUÍDOS CM-30","Goiás",1.70027485190932]
["2013-10-01","ASFALTOS DILUÍDOS CM-30","Maranhão","-"]
["2013-10-01","ASFALTOS DILUÍDOS CM-30","Mato Grosso",1.95604748735329]
["2013-10-01","ASFALTOS DILUÍDOS CM-30","Mato Grosso do Sul","-"]
["2013-10-01","ASFALTOS DILUÍDOS CM-30","Minas Gerais",1.5061274599279599]
["2013-10-01","ASFALTOS DILUÍDOS CM-30","Pará",1.74310224846561]
["2013-10-01","ASFALTOS DILUÍDOS CM-30","Paraíba","-"]
["2013-10-01","ASFALTOS DILUÍDOS CM-30","Paraná",1.5123431624357799]
["2013-10-01","ASFALTOS DILUÍDOS CM-30","Pernambuco","-"]
["2013-10-01","ASFALTOS DILUÍDOS CM-30","Piauí","-"]
["2013-10-01","ASFALTOS DILUÍDOS CM-30","Rio de Janeiro",1.5104848924413501]
["2013-10-01","ASFALTOS DILUÍDOS CM-30","Rio Grande do Norte","-"]
["2013-10-01","ASFALTOS DILUÍDOS CM-30","Rio Grande do Sul",1.4366665414429201]
["2013-10-01","ASFALTOS DILUÍDOS CM-30","Rondônia","-"]
["2013-10-01","ASFALTOS DILUÍDOS CM-30","Roraima","-"]
["2013-10-01","ASFALTOS DILUÍDOS CM-30","Santa Catarina","-"]
["2013-10-01","ASFALTOS DILUÍDOS CM-30","São Paulo",1.4793466955826799]
["2013-10-01","ASFALTOS DILUÍDOS CM-30","Sergipe","-"]
["2013-10-01","ASFALTOS DILUÍDOS CM-30","Tocantins","-"]
["2013-11-01","ASFALTOS DILUÍDOS CM-30","Acre","-"]
["2013-11-01","ASFALTOS DILUÍDOS CM-30","Alagoas","-"]
["2013-11-01","ASFALTOS DILUÍDOS CM-30","Amapá","-"]
["2013-11-01","ASFALTOS DILUÍDOS CM-30","Amazonas",1.4995512809893501]
["2013-11-01","ASFALTOS DILUÍDOS CM-30","Bahia",1.50087727386112]
["2013-11-01","ASFALTOS DILUÍDOS CM-30","Ceará",1.4875621424174901]
["2013-11-01","ASFALTOS DILUÍDOS CM-30","Distrito Federal","-"]
["2013-11-01","ASFALTOS DILUÍDOS CM-30","Espírito Santo","-"]
["2013-11-01","ASFALTOS DILUÍDOS CM-30","Goiás",1.7929405830412599]
["2013-11-01","ASFALTOS DILUÍDOS CM-30","Maranhão","-"]
["2013-11-01","ASFALTOS DILUÍDOS CM-30","Mato Grosso",1.9434762042334299]
["2013-11-01","ASFALTOS DILUÍDOS CM-30","Mato Grosso do Sul","-"]
["2013-11-01","ASFALTOS DILUÍDOS CM-30","Minas Gerais",1.4851520732604699]
["2013-11-01","ASFALTOS DILUÍDOS CM-30","Pará",1.7240862433505]
["2013-11-01","ASFALTOS DILUÍDOS CM-30","Paraíba","-"]
["2013-11-01","ASFALTOS DILUÍDOS CM-30","Paraná",1.5581010922628999]
["2013-11-01","ASFALTOS DILUÍDOS CM-30","Pernambuco","-"]
["2013-11-01","ASFALTOS DILUÍDOS CM-30","Piauí","-"]
["2013-11-01","ASFALTOS DILUÍDOS CM-30","Rio de Janeiro",1.56733902778344]
["2013-11-01","ASFALTOS DILUÍDOS CM-30","Rio Grande do Norte","-"]
["2013-11-01","ASFALTOS DILUÍDOS CM-30","Rio Grande do Sul",1.42577118458476]
["2013-11-01","ASFALTOS DILUÍDOS CM-30","Rondônia","-"]
["2013-11-01","ASFALTOS DILUÍDOS CM-30","Roraima","-"]
["2013-11-01","ASFALTOS DILUÍDOS CM-30","Santa Catarina","-"]
["2013-11-01","ASFALTOS DILUÍDOS CM-30","São Paulo",1.4885140871545]
["2013-11-01","ASFALTOS DILUÍDOS CM-30","Sergipe","-"]
["2013-11-01","ASFALTOS DILUÍDOS CM-30","Tocantins","-"]
["2013-12-01","ASFALTOS DILUÍDOS CM-30","Acre","-"]
["2013-12-01","ASFALTOS DILUÍDOS CM-30","Alagoas","-"]
["2013-12-01","ASFALTOS DILUÍDOS CM-30","Amapá","-"]
["2013-12-01","ASFALTOS DILUÍDOS CM-30","Amazonas",1.52602904483609]
["2013-12-01","ASFALTOS DILUÍDOS CM-30","Bahia",1.4767110358523401]
["2013-12-01","ASFALTOS DILUÍDOS CM-30","Ceará",1.50360288556646]
["2013-12-01","ASFALTOS DILUÍDOS CM-30","Distrito Federal","-"]
["2013-12-01","ASFALTOS DILUÍDOS CM-30","Espírito Santo","-"]
["2013-12-01","ASFALTOS DILUÍDOS CM-30","Goiás",1.8117439845237899]
["2013-12-01","ASFALTOS DILUÍDOS CM-30","Maranhão","-"]
["2013-12-01","ASFALTOS DILUÍDOS CM-30","Mato Grosso",1.9339186491243701]
["2013-12-01","ASFALTOS DILUÍDOS CM-30","Mato Grosso do Sul","-"]
["2013-12-01","ASFALTOS DILUÍDOS CM-30","Minas Gerais",1.46744775204855]
["2013-12-01","ASFALTOS DILUÍDOS CM-30","Pará",1.7439002309289999]
["2013-12-01","ASFALTOS DILUÍDOS CM-30","Paraíba","-"]
["2013-12-01","ASFALTOS DILUÍDOS CM-30","Paraná",1.65687452323416]
["2013-12-01","ASFALTOS DILUÍDOS CM-30","Pernambuco","-"]
["2013-12-01","ASFALTOS DILUÍDOS CM-30","Piauí","-"]
["2013-12-01","ASFALTOS DILUÍDOS CM-30","Rio de Janeiro",1.5550002197863]
["2013-12-01","ASFALTOS DILUÍDOS CM-30","Rio Grande do Norte","-"]
["2013-12-01","ASFALTOS DILUÍDOS CM-30","Rio Grande do Sul",1.4462951563408799]
["2013-12-01","ASFALTOS DILUÍDOS CM-30","Rondônia","-"]
["2013-12-01","ASFALTOS DILUÍDOS CM-30","Roraima","-"]
["2013-12-01","ASFALTOS DILUÍDOS CM-30","Santa Catarina","-"]
["2013-12-01","ASFALTOS DILUÍDOS CM-30","São Paulo",1.5130913326024]
["2013-12-01","ASFALTOS DILUÍDOS CM-30","Sergipe","-"]
["2013-12-01","ASFALTOS DILUÍDOS CM-30","Tocantins","-"]
["2014-01-01","ASFALTOS DILUÍDOS CM-30","Acre","-"]
["2014-01-01","ASFALTOS DILUÍDOS CM-30","Alagoas","-"]
["2014-01-01","ASFALTOS DILUÍDOS CM-30","Amapá","-"]
["2014-01-01","ASFALTOS DILUÍDOS CM-30","Amazonas",1.5470449444452601]
["2014-01-01","ASFALTOS DILUÍDOS CM-30","Bahia",1.49203290637053]
["2014-01-01","ASFALTOS DILUÍDOS CM-30","Ceará",1.5006530489663299]
["2014-01-01","ASFALTOS DILUÍDOS CM-30","Distrito Federal","-"]
["2014-01-01","ASFALTOS DILUÍDOS CM-30","Espírito Santo","-"]
["2014-01-01","ASFALTOS DILUÍDOS CM-30","Goiás",1.7738596671771101]
["2014-01-01","ASFALTOS DILUÍDOS CM-30","Maranhão","-"]
["2014-01-01","ASFALTOS DILUÍDOS CM-30","Mato Grosso",1.9580558459311701]
["2014-01-01","ASFALTOS DILUÍDOS CM-30","Mato Grosso do Sul","-"]
["2014-01-01","ASFALTOS DILUÍDOS CM-30","Minas Gerais",1.4379164016219701]
["2014-01-01","ASFALTOS DILUÍDOS CM-30","Pará","-"]
["2014-01-01","ASFALTOS DILUÍDOS CM-30","Paraíba","-"]
["2014-01-01","ASFALTOS DILUÍDOS CM-30","Paraná",1.5931626552185401]
["2014-01-01","ASFALTOS DILUÍDOS CM-30","Pernambuco","-"]
["2014-01-01","ASFALTOS DILUÍDOS CM-30","Piauí","-"]
["2014-01-01","ASFALTOS DILUÍDOS CM-30","Rio de Janeiro",1.5297024806741499]
["2014-01-01","ASFALTOS DILUÍDOS CM-30","Rio Grande do Norte","-"]
["2014-01-01","ASFALTOS DILUÍDOS CM-30","Rio Grande do Sul",1.43835764338091]
["2014-01-01","ASFALTOS DILUÍDOS CM-30","Rondônia","-"]
["2014-01-01","ASFALTOS DILUÍDOS CM-30","Roraima","-"]
["2014-01-01","ASFALTOS DILUÍDOS CM-30","Santa Catarina","-"]
["2014-01-01","ASFALTOS DILUÍDOS CM-30","São Paulo",1.5095089837973199]
["2014-01-01","ASFALTOS DILUÍDOS CM-30","Sergipe","-"]
["2014-01-01","ASFALTOS DILUÍDOS CM-30","Tocantins","-"]
["2014-02-01","ASFALTOS DILUÍDOS CM-30","Acre","-"]
["2014-02-01","ASFALTOS DILUÍDOS CM-30","Alagoas","-"]
["2014-02-01","ASFALTOS DILUÍDOS CM-30","Amapá","-"]
["2014-02-01","ASFALTOS DILUÍDOS CM-30","Amazonas",1.5421134264326]
["2014-02-01","ASFALTOS DILUÍDOS CM-30","Bahia",1.4756850145413301]
["2014-02-01","ASFALTOS DILUÍDOS CM-30","Ceará",1.4903963045347099]
["2014-02-01","ASFALTOS DILUÍDOS CM-30","Distrito Federal","-"]
["2014-02-01","ASFALTOS DILUÍDOS CM-30","Espírito Santo","-"]
["2014-02-01","ASFALTOS DILUÍDOS CM-30","Goiás",1.7497348023305701]
["2014-02-01","ASFALTOS DILUÍDOS CM-30","Maranhão","-"]
["2014-02-01","ASFALTOS DILUÍDOS CM-30","Mato Grosso",1.9452610169953899]
["2014-02-01","ASFALTOS DILUÍDOS CM-30","Mato Grosso do Sul","-"]
["2014-02-01","ASFALTOS DILUÍDOS CM-30","Minas Gerais",1.50172093914021]
["2014-02-01","ASFALTOS DILUÍDOS CM-30","Pará","-"]
["2014-02-01","ASFALTOS DILUÍDOS CM-30","Paraíba","-"]
["2014-02-01","ASFALTOS DILUÍDOS CM-30","Paraná",1.56236995446473]
["2014-02-01","ASFALTOS DILUÍDOS CM-30","Pernambuco","-"]
["2014-02-01","ASFALTOS DILUÍDOS CM-30","Piauí","-"]
["2014-02-01","ASFALTOS DILUÍDOS CM-30","Rio de Janeiro",1.57042597235582]
["2014-02-01","ASFALTOS DILUÍDOS CM-30","Rio Grande do Norte","-"]
["2014-02-01","ASFALTOS DILUÍDOS CM-30","Rio Grande do Sul",1.44712499201718]
["2014-02-01","ASFALTOS DILUÍDOS CM-30","Rondônia","-"]
["2014-02-01","ASFALTOS DILUÍDOS CM-30","Roraima","-"]
["2014-02-01","ASFALTOS DILUÍDOS CM-30","Santa Catarina","-"]
["2014-02-01","ASFALTOS DILUÍDOS CM-30","São Paulo",1.49404661558925]
["2014-02-01","ASFALTOS DILUÍDOS CM-30","Sergipe","-"]
["2014-02-01","ASFALTOS DILUÍDOS CM-30","Tocantins","-"]
["2014-03-01","ASFALTOS DILUÍDOS CM-30","Acre","-"]
["2014-03-01","ASFALTOS DILUÍDOS CM-30","Alagoas","-"]
["2014-03-01","ASFALTOS DILUÍDOS CM-30","Amapá","-"]
["2014-03-01","ASFALTOS DILUÍDOS CM-30","Amazonas",1.6042410511452201]
["2014-03-01","ASFALTOS DILUÍDOS CM-30","Bahia",1.4923505234971199]
["2014-03-01","ASFALTOS DILUÍDOS CM-30","Ceará",1.4823896656165201]
["2014-03-01","ASFALTOS DILUÍDOS CM-30","Distrito Federal","-"]
["2014-03-01","ASFALTOS DILUÍDOS CM-30","Espírito Santo","-"]
["2014-03-01","ASFALTOS DILUÍDOS CM-30","Goiás","-"]
["2014-03-01","ASFALTOS DILUÍDOS CM-30","Maranhão","-"]
["2014-03-01","ASFALTOS DILUÍDOS CM-30","Mato Grosso",2.01484210963382]
["2014-03-01","ASFALTOS DILUÍDOS CM-30","Mato Grosso do Sul","-"]
["2014-03-01","ASFALTOS DILUÍDOS CM-30","Minas Gerais",1.4808934616073499]
["2014-03-01","ASFALTOS DILUÍDOS CM-30","Pará",1.78977774142165]
["2014-03-01","ASFALTOS DILUÍDOS CM-30","Paraíba","-"]
["2014-03-01","ASFALTOS DILUÍDOS CM-30","Paraná",1.5533261261552]
["2014-03-01","ASFALTOS DILUÍDOS CM-30","Pernambuco","-"]
["2014-03-01","ASFALTOS DILUÍDOS CM-30","Piauí","-"]
["2014-03-01","ASFALTOS DILUÍDOS CM-30","Rio de Janeiro",1.55253731387424]
["2014-03-01","ASFALTOS DILUÍDOS CM-30","Rio Grande do Norte","-"]
["2014-03-01","ASFALTOS DILUÍDOS CM-30","Rio Grande do Sul",1.4385954794678999]
["2014-03-01","ASFALTOS DILUÍDOS CM-30","Rondônia","-"]
["2014-03-01","ASFALTOS DILUÍDOS CM-30","Roraima","-"]
["2014-03-01","ASFALTOS DILUÍDOS CM-30","Santa Catarina","-"]
["2014-03-01","ASFALTOS DILUÍDOS CM-30","São Paulo",1.5332047694123501]
["2014-03-01","ASFALTOS DILUÍDOS CM-30","Sergipe","-"]
["2014-03-01","ASFALTOS DILUÍDOS CM-30","Tocantins","-"]
["2014-04-01","ASFALTOS DILUÍDOS CM-30","Acre","-"]
["2014-04-01","ASFALTOS DILUÍDOS CM-30","Alagoas","-"]
["2014-04-01","ASFALTOS DILUÍDOS CM-30","Amapá","-"]
["2014-04-01","ASFALTOS DILUÍDOS CM-30","Amazonas","-"]
["2014-04-01","ASFALTOS DILUÍDOS CM-30","Bahia",1.4934269589846101]
["2014-04-01","ASFALTOS DILUÍDOS CM-30","Ceará",1.5100887018000999]
["2014-04-01","ASFALTOS DILUÍDOS CM-30","Distrito Federal","-"]
["2014-04-01","ASFALTOS DILUÍDOS CM-30","Espírito Santo","-"]
["2014-04-01","ASFALTOS DILUÍDOS CM-30","Goiás",1.71631652964593]
["2014-04-01","ASFALTOS DILUÍDOS CM-30","Maranhão","-"]
["2014-04-01","ASFALTOS DILUÍDOS CM-30","Mato Grosso",1.8750689335459301]
["2014-04-01","ASFALTOS DILUÍDOS CM-30","Mato Grosso do Sul","-"]
["2014-04-01","ASFALTOS DILUÍDOS CM-30","Minas Gerais",1.5067285578610199]
["2014-04-01","ASFALTOS DILUÍDOS CM-30","Pará","-"]
["2014-04-01","ASFALTOS DILUÍDOS CM-30","Paraíba","-"]
["2014-04-01","ASFALTOS DILUÍDOS CM-30","Paraná",1.56528827383979]
["2014-04-01","ASFALTOS DILUÍDOS CM-30","Pernambuco","-"]
["2014-04-01","ASFALTOS DILUÍDOS CM-30","Piauí","-"]
["2014-04-01","ASFALTOS DILUÍDOS CM-30","Rio de Janeiro",1.57160359908041]
["2014-04-01","ASFALTOS DILUÍDOS CM-30","Rio Grande do Norte","-"]
["2014-04-01","ASFALTOS DILUÍDOS CM-30","Rio Grande do Sul",1.47461218566561]
["2014-04-01","ASFALTOS DILUÍDOS CM-30","Rondônia","-"]
["2014-04-01","ASFALTOS DILUÍDOS CM-30","Roraima","-"]
["2014-04-01","ASFALTOS DILUÍDOS CM-30","Santa Catarina","-"]
["2014-04-01","ASFALTOS DILUÍDOS CM-30","São Paulo",1.5535714551516699]
["2014-04-01","ASFALTOS DILUÍDOS CM-30","Sergipe","-"]
["2014-04-01","ASFALTOS DILUÍDOS CM-30","Tocantins","-"]
["2014-05-01","ASFALTOS DILUÍDOS CM-30","Acre","-"]
["2014-05-01","ASFALTOS DILUÍDOS CM-30","Alagoas","-"]
["2014-05-01","ASFALTOS DILUÍDOS CM-30","Amapá","-"]
["2014-05-01","ASFALTOS DILUÍDOS CM-30","Amazonas",1.4912385595991899]
["2014-05-01","ASFALTOS DILUÍDOS CM-30","Bahia",1.4910322714256701]
["2014-05-01","ASFALTOS DILUÍDOS CM-30","Ceará",1.50016489619416]
["2014-05-01","ASFALTOS DILUÍDOS CM-30","Distrito Federal","-"]
["2014-05-01","ASFALTOS DILUÍDOS CM-30","Espírito Santo","-"]
["2014-05-01","ASFALTOS DILUÍDOS CM-30","Goiás",1.7308835228244199]
["2014-05-01","ASFALTOS DILUÍDOS CM-30","Maranhão","-"]
["2014-05-01","ASFALTOS DILUÍDOS CM-30","Mato Grosso",2.0018030360469101]
["2014-05-01","ASFALTOS DILUÍDOS CM-30","Mato Grosso do Sul","-"]
["2014-05-01","ASFALTOS DILUÍDOS CM-30","Minas Gerais",1.4950885405291801]
["2014-05-01","ASFALTOS DILUÍDOS CM-30","Pará",1.9122589243672801]
["2014-05-01","ASFALTOS DILUÍDOS CM-30","Paraíba","-"]
["2014-05-01","ASFALTOS DILUÍDOS CM-30","Paraná",1.6033534205593301]
["2014-05-01","ASFALTOS DILUÍDOS CM-30","Pernambuco","-"]
["2014-05-01","ASFALTOS DILUÍDOS CM-30","Piauí","-"]
["2014-05-01","ASFALTOS DILUÍDOS CM-30","Rio de Janeiro",1.51786031405884]
["2014-05-01","ASFALTOS DILUÍDOS CM-30","Rio Grande do Norte","-"]
["2014-05-01","ASFALTOS DILUÍDOS CM-30","Rio Grande do Sul",1.50790217456116]
["2014-05-01","ASFALTOS DILUÍDOS CM-30","Rondônia","-"]
["2014-05-01","ASFALTOS DILUÍDOS CM-30","Roraima","-"]
["2014-05-01","ASFALTOS DILUÍDOS CM-30","Santa Catarina","-"]
["2014-05-01","ASFALTOS DILUÍDOS CM-30","São Paulo",1.50431343662242]
["2014-05-01","ASFALTOS DILUÍDOS CM-30","Sergipe","-"]
["2014-05-01","ASFALTOS DILUÍDOS CM-30","Tocantins","-"]
["2014-06-01","ASFALTOS DILUÍDOS CM-30","Acre","-"]
["2014-06-01","ASFALTOS DILUÍDOS CM-30","Alagoas","-"]
["2014-06-01","ASFALTOS DILUÍDOS CM-30","Amapá","-"]
["2014-06-01","ASFALTOS DILUÍDOS CM-30","Amazonas","-"]
["2014-06-01","ASFALTOS DILUÍDOS CM-30","Bahia",1.49214394112986]
["2014-06-01","ASFALTOS DILUÍDOS CM-30","Ceará",1.51403833044806]
["2014-06-01","ASFALTOS DILUÍDOS CM-30","Distrito Federal","-"]
["2014-06-01","ASFALTOS DILUÍDOS CM-30","Espírito Santo","-"]
["2014-06-01","ASFALTOS DILUÍDOS CM-30","Goiás",1.7753981100443399]
["2014-06-01","ASFALTOS DILUÍDOS CM-30","Maranhão","-"]
["2014-06-01","ASFALTOS DILUÍDOS CM-30","Mato Grosso",1.9737997193640999]
["2014-06-01","ASFALTOS DILUÍDOS CM-30","Mato Grosso do Sul","-"]
["2014-06-01","ASFALTOS DILUÍDOS CM-30","Minas Gerais",1.4929416860704201]
["2014-06-01","ASFALTOS DILUÍDOS CM-30","Pará",1.8215155232669999]
["2014-06-01","ASFALTOS DILUÍDOS CM-30","Paraíba","-"]
["2014-06-01","ASFALTOS DILUÍDOS CM-30","Paraná",1.5321487292538301]
["2014-06-01","ASFALTOS DILUÍDOS CM-30","Pernambuco","-"]
["2014-06-01","ASFALTOS DILUÍDOS CM-30","Piauí","-"]
["2014-06-01","ASFALTOS DILUÍDOS CM-30","Rio de Janeiro",1.5638897266082099]
["2014-06-01","ASFALTOS DILUÍDOS CM-30","Rio Grande do Norte","-"]
["2014-06-01","ASFALTOS DILUÍDOS CM-30","Rio Grande do Sul",1.5009990038777501]
["2014-06-01","ASFALTOS DILUÍDOS CM-30","Rondônia","-"]
["2014-06-01","ASFALTOS DILUÍDOS CM-30","Roraima","-"]
["2014-06-01","ASFALTOS DILUÍDOS CM-30","Santa Catarina","-"]
["2014-06-01","ASFALTOS DILUÍDOS CM-30","São Paulo",1.5057881434128699]
["2014-06-01","ASFALTOS DILUÍDOS CM-30","Sergipe","-"]
["2014-06-01","ASFALTOS DILUÍDOS CM-30","Tocantins","-"]
["2014-07-01","ASFALTOS DILUÍDOS CM-30","Acre","-"]
["2014-07-01","ASFALTOS DILUÍDOS CM-30","Alagoas","-"]
["2014-07-01","ASFALTOS DILUÍDOS CM-30","Amapá","-"]
["2014-07-01","ASFALTOS DILUÍDOS CM-30","Amazonas",1.51263033569632]
["2014-07-01","ASFALTOS DILUÍDOS CM-30","Bahia",1.4865607590218499]
["2014-07-01","ASFALTOS DILUÍDOS CM-30","Ceará",1.5092975223588301]
["2014-07-01","ASFALTOS DILUÍDOS CM-30","Distrito Federal","-"]
["2014-07-01","ASFALTOS DILUÍDOS CM-30","Espírito Santo","-"]
["2014-07-01","ASFALTOS DILUÍDOS CM-30","Goiás",1.5204314593093999]
["2014-07-01","ASFALTOS DILUÍDOS CM-30","Maranhão","-"]
["2014-07-01","ASFALTOS DILUÍDOS CM-30","Mato Grosso",1.8910040312227301]
["2014-07-01","ASFALTOS DILUÍDOS CM-30","Mato Grosso do Sul","-"]
["2014-07-01","ASFALTOS DILUÍDOS CM-30","Minas Gerais",1.45419981072371]
["2014-07-01","ASFALTOS DILUÍDOS CM-30","Pará",1.82776207274848]
["2014-07-01","ASFALTOS DILUÍDOS CM-30","Paraíba","-"]
["2014-07-01","ASFALTOS DILUÍDOS CM-30","Paraná",1.5101803739883799]
["2014-07-01","ASFALTOS DILUÍDOS CM-30","Pernambuco","-"]
["2014-07-01","ASFALTOS DILUÍDOS CM-30","Piauí","-"]
["2014-07-01","ASFALTOS DILUÍDOS CM-30","Rio de Janeiro",1.43982840278959]
["2014-07-01","ASFALTOS DILUÍDOS CM-30","Rio Grande do Norte","-"]
["2014-07-01","ASFALTOS DILUÍDOS CM-30","Rio Grande do Sul",1.4952781410015099]
["2014-07-01","ASFALTOS DILUÍDOS CM-30","Rondônia","-"]
["2014-07-01","ASFALTOS DILUÍDOS CM-30","Roraima","-"]
["2014-07-01","ASFALTOS DILUÍDOS CM-30","Santa Catarina","-"]
["2014-07-01","ASFALTOS DILUÍDOS CM-30","São Paulo",1.5692258942286501]
["2014-07-01","ASFALTOS DILUÍDOS CM-30","Sergipe","-"]
["2014-07-01","ASFALTOS DILUÍDOS CM-30","Tocantins","-"]
["2014-08-01","ASFALTOS DILUÍDOS CM-30","Acre","-"]
["2014-08-01","ASFALTOS DILUÍDOS CM-30","Alagoas","-"]
["2014-08-01","ASFALTOS DILUÍDOS CM-30","Amapá","-"]
["2014-08-01","ASFALTOS DILUÍDOS CM-30","Amazonas",1.5208056700949999]
["2014-08-01","ASFALTOS DILUÍDOS CM-30","Bahia",1.4785035368511501]
["2014-08-01","ASFALTOS DILUÍDOS CM-30","Ceará",1.5155192196954499]
["2014-08-01","ASFALTOS DILUÍDOS CM-30","Distrito Federal","-"]
["2014-08-01","ASFALTOS DILUÍDOS CM-30","Espírito Santo","-"]
["2014-08-01","ASFALTOS DILUÍDOS CM-30","Goiás",1.46316988996874]
["2014-08-01","ASFALTOS DILUÍDOS CM-30","Maranhão","-"]
["2014-08-01","ASFALTOS DILUÍDOS CM-30","Mato Grosso",1.9304625910887301]
["2014-08-01","ASFALTOS DILUÍDOS CM-30","Mato Grosso do Sul","-"]
["2014-08-01","ASFALTOS DILUÍDOS CM-30","Minas Gerais",1.4992368480293601]
["2014-08-01","ASFALTOS DILUÍDOS CM-30","Pará","-"]
["2014-08-01","ASFALTOS DILUÍDOS CM-30","Paraíba","-"]
["2014-08-01","ASFALTOS DILUÍDOS CM-30","Paraná",1.5240305304383199]
["2014-08-01","ASFALTOS DILUÍDOS CM-30","Pernambuco","-"]
["2014-08-01","ASFALTOS DILUÍDOS CM-30","Piauí","-"]
["2014-08-01","ASFALTOS DILUÍDOS CM-30","Rio de Janeiro",1.40578516251884]
["2014-08-01","ASFALTOS DILUÍDOS CM-30","Rio Grande do Norte","-"]
["2014-08-01","ASFALTOS DILUÍDOS CM-30","Rio Grande do Sul",1.47021431715405]
["2014-08-01","ASFALTOS DILUÍDOS CM-30","Rondônia","-"]
["2014-08-01","ASFALTOS DILUÍDOS CM-30","Roraima","-"]
["2014-08-01","ASFALTOS DILUÍDOS CM-30","Santa Catarina","-"]
["2014-08-01","ASFALTOS DILUÍDOS CM-30","São Paulo",1.4709698804392799]
["2014-08-01","ASFALTOS DILUÍDOS CM-30","Sergipe","-"]
["2014-08-01","ASFALTOS DILUÍDOS CM-30","Tocantins","-"]
["2014-09-01","ASFALTOS DILUÍDOS CM-30","Acre","-"]
["2014-09-01","ASFALTOS DILUÍDOS CM-30","Alagoas","-"]
["2014-09-01","ASFALTOS DILUÍDOS CM-30","Amapá","-"]
["2014-09-01","ASFALTOS DILUÍDOS CM-30","Amazonas",1.5135246591078599]
["2014-09-01","ASFALTOS DILUÍDOS CM-30","Bahia",1.5106624163262901]
["2014-09-01","ASFALTOS DILUÍDOS CM-30","Ceará",1.5673309453351101]
["2014-09-01","ASFALTOS DILUÍDOS CM-30","Distrito Federal","-"]
["2014-09-01","ASFALTOS DILUÍDOS CM-30","Espírito Santo","-"]
["2014-09-01","ASFALTOS DILUÍDOS CM-30","Goiás",1.7775777087436699]
["2014-09-01","ASFALTOS DILUÍDOS CM-30","Maranhão","-"]
["2014-09-01","ASFALTOS DILUÍDOS CM-30","Mato Grosso",2.0381650401318998]
["2014-09-01","ASFALTOS DILUÍDOS CM-30","Mato Grosso do Sul","-"]
["2014-09-01","ASFALTOS DILUÍDOS CM-30","Minas Gerais",1.4837917343054099]
["2014-09-01","ASFALTOS DILUÍDOS CM-30","Pará",1.8592359250914501]
["2014-09-01","ASFALTOS DILUÍDOS CM-30","Paraíba","-"]
["2014-09-01","ASFALTOS DILUÍDOS CM-30","Paraná",1.57600802386836]
["2014-09-01","ASFALTOS DILUÍDOS CM-30","Pernambuco","-"]
["2014-09-01","ASFALTOS DILUÍDOS CM-30","Piauí","-"]
["2014-09-01","ASFALTOS DILUÍDOS CM-30","Rio de Janeiro",1.4783682449979101]
["2014-09-01","ASFALTOS DILUÍDOS CM-30","Rio Grande do Norte","-"]
["2014-09-01","ASFALTOS DILUÍDOS CM-30","Rio Grande do Sul",1.55720154583796]
["2014-09-01","ASFALTOS DILUÍDOS CM-30","Rondônia","-"]
["2014-09-01","ASFALTOS DILUÍDOS CM-30","Roraima","-"]
["2014-09-01","ASFALTOS DILUÍDOS CM-30","Santa Catarina","-"]
["2014-09-01","ASFALTOS DILUÍDOS CM-30","São Paulo",1.53470526857858]
["2014-09-01","ASFALTOS DILUÍDOS CM-30","Sergipe","-"]
["2014-09-01","ASFALTOS DILUÍDOS CM-30","Tocantins","-"]
["2014-10-01","ASFALTOS DILUÍDOS CM-30","Acre","-"]
["2014-10-01","ASFALTOS DILUÍDOS CM-30","Alagoas","-"]
["2014-10-01","ASFALTOS DILUÍDOS CM-30","Amapá","-"]
["2014-10-01","ASFALTOS DILUÍDOS CM-30","Amazonas",1.5696035731770399]
["2014-10-01","ASFALTOS DILUÍDOS CM-30","Bahia",1.5092353108857901]
["2014-10-01","ASFALTOS DILUÍDOS CM-30","Ceará",1.5110947008960001]
["2014-10-01","ASFALTOS DILUÍDOS CM-30","Distrito Federal","-"]
["2014-10-01","ASFALTOS DILUÍDOS CM-30","Espírito Santo","-"]
["2014-10-01","ASFALTOS DILUÍDOS CM-30","Goiás",1.6246091857755101]
["2014-10-01","ASFALTOS DILUÍDOS CM-30","Maranhão","-"]
["2014-10-01","ASFALTOS DILUÍDOS CM-30","Mato Grosso",1.93810794636825]
["2014-10-01","ASFALTOS DILUÍDOS CM-30","Mato Grosso do Sul","-"]
["2014-10-01","ASFALTOS DILUÍDOS CM-30","Minas Gerais",1.4769173807887299]
["2014-10-01","ASFALTOS DILUÍDOS CM-30","Pará",1.9147724445138099]
["2014-10-01","ASFALTOS DILUÍDOS CM-30","Paraíba","-"]
["2014-10-01","ASFALTOS DILUÍDOS CM-30","Paraná",1.4365746213828099]
["2014-10-01","ASFALTOS DILUÍDOS CM-30","Pernambuco","-"]
["2014-10-01","ASFALTOS DILUÍDOS CM-30","Piauí","-"]
["2014-10-01","ASFALTOS DILUÍDOS CM-30","Rio de Janeiro",1.4391131019560599]
["2014-10-01","ASFALTOS DILUÍDOS CM-30","Rio Grande do Norte","-"]
["2014-10-01","ASFALTOS DILUÍDOS CM-30","Rio Grande do Sul",1.4898313701464001]
["2014-10-01","ASFALTOS DILUÍDOS CM-30","Rondônia","-"]
["2014-10-01","ASFALTOS DILUÍDOS CM-30","Roraima","-"]
["2014-10-01","ASFALTOS DILUÍDOS CM-30","Santa Catarina","-"]
["2014-10-01","ASFALTOS DILUÍDOS CM-30","São Paulo",1.4701726717799299]
["2014-10-01","ASFALTOS DILUÍDOS CM-30","Sergipe","-"]
["2014-10-01","ASFALTOS DILUÍDOS CM-30","Tocantins","-"]
["2014-11-01","ASFALTOS DILUÍDOS CM-30","Acre","-"]
["2014-11-01","ASFALTOS DILUÍDOS CM-30","Alagoas","-"]
["2014-11-01","ASFALTOS DILUÍDOS CM-30","Amapá","-"]
["2014-11-01","ASFALTOS DILUÍDOS CM-30","Amazonas",1.4787561973044001]
["2014-11-01","ASFALTOS DILUÍDOS CM-30","Bahia",1.55278675740761]
["2014-11-01","ASFALTOS DILUÍDOS CM-30","Ceará",1.5926739084744499]
["2014-11-01","ASFALTOS DILUÍDOS CM-30","Distrito Federal","-"]
["2014-11-01","ASFALTOS DILUÍDOS CM-30","Espírito Santo","-"]
["2014-11-01","ASFALTOS DILUÍDOS CM-30","Goiás",1.5756791219070601]
["2014-11-01","ASFALTOS DILUÍDOS CM-30","Maranhão","-"]
["2014-11-01","ASFALTOS DILUÍDOS CM-30","Mato Grosso",1.9929676876804601]
["2014-11-01","ASFALTOS DILUÍDOS CM-30","Mato Grosso do Sul","-"]
["2014-11-01","ASFALTOS DILUÍDOS CM-30","Minas Gerais",1.4390341232191799]
["2014-11-01","ASFALTOS DILUÍDOS CM-30","Pará","-"]
["2014-11-01","ASFALTOS DILUÍDOS CM-30","Paraíba","-"]
["2014-11-01","ASFALTOS DILUÍDOS CM-30","Paraná",1.5536667225006799]
["2014-11-01","ASFALTOS DILUÍDOS CM-30","Pernambuco","-"]
["2014-11-01","ASFALTOS DILUÍDOS CM-30","Piauí","-"]
["2014-11-01","ASFALTOS DILUÍDOS CM-30","Rio de Janeiro",1.4800545091789901]
["2014-11-01","ASFALTOS DILUÍDOS CM-30","Rio Grande do Norte","-"]
["2014-11-01","ASFALTOS DILUÍDOS CM-30","Rio Grande do Sul",1.4925691951028901]
["2014-11-01","ASFALTOS DILUÍDOS CM-30","Rondônia","-"]
["2014-11-01","ASFALTOS DILUÍDOS CM-30","Roraima","-"]
["2014-11-01","ASFALTOS DILUÍDOS CM-30","Santa Catarina","-"]
["2014-11-01","ASFALTOS DILUÍDOS CM-30","São Paulo",1.5122719109415601]
["2014-11-01","ASFALTOS DILUÍDOS CM-30","Sergipe","-"]
["2014-11-01","ASFALTOS DILUÍDOS CM-30","Tocantins","-"]
["2014-12-01","ASFALTOS DILUÍDOS CM-30","Acre","-"]
["2014-12-01","ASFALTOS DILUÍDOS CM-30","Alagoas","-"]
["2014-12-01","ASFALTOS DILUÍDOS CM-30","Amapá","-"]
["2014-12-01","ASFALTOS DILUÍDOS CM-30","Amazonas",1.5822282822117799]
["2014-12-01","ASFALTOS DILUÍDOS CM-30","Bahia",1.6787212780815799]
["2014-12-01","ASFALTOS DILUÍDOS CM-30","Ceará",1.7166321668508699]
["2014-12-01","ASFALTOS DILUÍDOS CM-30","Distrito Federal","-"]
["2014-12-01","ASFALTOS DILUÍDOS CM-30","Espírito Santo","-"]
["2014-12-01","ASFALTOS DILUÍDOS CM-30","Goiás",1.9356190000626901]
["2014-12-01","ASFALTOS DILUÍDOS CM-30","Maranhão","-"]
["2014-12-01","ASFALTOS DILUÍDOS CM-30","Mato Grosso",2.0111752628723001]
["2014-12-01","ASFALTOS DILUÍDOS CM-30","Mato Grosso do Sul","-"]
["2014-12-01","ASFALTOS DILUÍDOS CM-30","Minas Gerais",1.6701488187808899]
["2014-12-01","ASFALTOS DILUÍDOS CM-30","Pará",1.9667102747932299]
["2014-12-01","ASFALTOS DILUÍDOS CM-30","Paraíba","-"]
["2014-12-01","ASFALTOS DILUÍDOS CM-30","Paraná",1.6886910460398299]
["2014-12-01","ASFALTOS DILUÍDOS CM-30","Pernambuco","-"]
["2014-12-01","ASFALTOS DILUÍDOS CM-30","Piauí","-"]
["2014-12-01","ASFALTOS DILUÍDOS CM-30","Rio de Janeiro",1.5883843361265499]
["2014-12-01","ASFALTOS DILUÍDOS CM-30","Rio Grande do Norte","-"]
["2014-12-01","ASFALTOS DILUÍDOS CM-30","Rio Grande do Sul",1.60996531479459]
["2014-12-01","ASFALTOS DILUÍDOS CM-30","Rondônia","-"]
["2014-12-01","ASFALTOS DILUÍDOS CM-30","Roraima","-"]
["2014-12-01","ASFALTOS DILUÍDOS CM-30","Santa Catarina","-"]
["2014-12-01","ASFALTOS DILUÍDOS CM-30","São Paulo",1.59553050716484]
["2014-12-01","ASFALTOS DILUÍDOS CM-30","Sergipe","-"]
["2014-12-01","ASFALTOS DILUÍDOS CM-30","Tocantins","-"]
["2015-01-01","ASFALTOS DILUÍDOS CM-30","Acre","-"]
["2015-01-01","ASFALTOS DILUÍDOS CM-30","Alagoas","-"]
["2015-01-01","ASFALTOS DILUÍDOS CM-30","Amapá","-"]
["2015-01-01","ASFALTOS DILUÍDOS CM-30","Amazonas",1.8436752973061801]
["2015-01-01","ASFALTOS DILUÍDOS CM-30","Bahia",2.03806521863038]
["2015-01-01","ASFALTOS DILUÍDOS CM-30","Ceará",2.0263385958659499]
["2015-01-01","ASFALTOS DILUÍDOS CM-30","Distrito Federal","-"]
["2015-01-01","ASFALTOS DILUÍDOS CM-30","Espírito Santo","-"]
["2015-01-01","ASFALTOS DILUÍDOS CM-30","Goiás",2.22537876242572]
["2015-01-01","ASFALTOS DILUÍDOS CM-30","Maranhão","-"]
["2015-01-01","ASFALTOS DILUÍDOS CM-30","Mato Grosso",2.48578494121903]
["2015-01-01","ASFALTOS DILUÍDOS CM-30","Mato Grosso do Sul","-"]
["2015-01-01","ASFALTOS DILUÍDOS CM-30","Minas Gerais",1.81086361934477]
["2015-01-01","ASFALTOS DILUÍDOS CM-30","Pará","-"]
["2015-01-01","ASFALTOS DILUÍDOS CM-30","Paraíba","-"]
["2015-01-01","ASFALTOS DILUÍDOS CM-30","Paraná",1.8470965182058701]
["2015-01-01","ASFALTOS DILUÍDOS CM-30","Pernambuco","-"]
["2015-01-01","ASFALTOS DILUÍDOS CM-30","Piauí","-"]
["2015-01-01","ASFALTOS DILUÍDOS CM-30","Rio de Janeiro",1.9044150109152]
["2015-01-01","ASFALTOS DILUÍDOS CM-30","Rio Grande do Norte","-"]
["2015-01-01","ASFALTOS DILUÍDOS CM-30","Rio Grande do Sul",1.9850377917343101]
["2015-01-01","ASFALTOS DILUÍDOS CM-30","Rondônia","-"]
["2015-01-01","ASFALTOS DILUÍDOS CM-30","Roraima","-"]
["2015-01-01","ASFALTOS DILUÍDOS CM-30","Santa Catarina","-"]
["2015-01-01","ASFALTOS DILUÍDOS CM-30","São Paulo",1.9806267067549701]
["2015-01-01","ASFALTOS DILUÍDOS CM-30","Sergipe","-"]
["2015-01-01","ASFALTOS DILUÍDOS CM-30","Tocantins","-"]
["2015-02-01","ASFALTOS DILUÍDOS CM-30","Acre","-"]
["2015-02-01","ASFALTOS DILUÍDOS CM-30","Alagoas","-"]
["2015-02-01","ASFALTOS DILUÍDOS CM-30","Amapá","-"]
["2015-02-01","ASFALTOS DILUÍDOS CM-30","Amazonas",1.9057393108376299]
["2015-02-01","ASFALTOS DILUÍDOS CM-30","Bahia",1.9590368302280901]
["2015-02-01","ASFALTOS DILUÍDOS CM-30","Ceará",2.0116737615833098]
["2015-02-01","ASFALTOS DILUÍDOS CM-30","Distrito Federal","-"]
["2015-02-01","ASFALTOS DILUÍDOS CM-30","Espírito Santo","-"]
["2015-02-01","ASFALTOS DILUÍDOS CM-30","Goiás","-"]
["2015-02-01","ASFALTOS DILUÍDOS CM-30","Maranhão","-"]
["2015-02-01","ASFALTOS DILUÍDOS CM-30","Mato Grosso",2.4281981196581199]
["2015-02-01","ASFALTOS DILUÍDOS CM-30","Mato Grosso do Sul","-"]
["2015-02-01","ASFALTOS DILUÍDOS CM-30","Minas Gerais",1.7916464381814901]
["2015-02-01","ASFALTOS DILUÍDOS CM-30","Pará","-"]
["2015-02-01","ASFALTOS DILUÍDOS CM-30","Paraíba","-"]
["2015-02-01","ASFALTOS DILUÍDOS CM-30","Paraná",1.9195190758091201]
["2015-02-01","ASFALTOS DILUÍDOS CM-30","Pernambuco","-"]
["2015-02-01","ASFALTOS DILUÍDOS CM-30","Piauí","-"]
["2015-02-01","ASFALTOS DILUÍDOS CM-30","Rio de Janeiro",1.8487725159583599]
["2015-02-01","ASFALTOS DILUÍDOS CM-30","Rio Grande do Norte","-"]
["2015-02-01","ASFALTOS DILUÍDOS CM-30","Rio Grande do Sul",1.93648370980564]
["2015-02-01","ASFALTOS DILUÍDOS CM-30","Rondônia","-"]
["2015-02-01","ASFALTOS DILUÍDOS CM-30","Roraima","-"]
["2015-02-01","ASFALTOS DILUÍDOS CM-30","Santa Catarina","-"]
["2015-02-01","ASFALTOS DILUÍDOS CM-30","São Paulo",2.0779300602464201]
["2015-02-01","ASFALTOS DILUÍDOS CM-30","Sergipe","-"]
["2015-02-01","ASFALTOS DILUÍDOS CM-30","Tocantins","-"]
["2015-03-01","ASFALTOS DILUÍDOS CM-30","Acre","-"]
["2015-03-01","ASFALTOS DILUÍDOS CM-30","Alagoas","-"]
["2015-03-01","ASFALTOS DILUÍDOS CM-30","Amapá","-"]
["2015-03-01","ASFALTOS DILUÍDOS CM-30","Amazonas",1.8035811153205701]
["2015-03-01","ASFALTOS DILUÍDOS CM-30","Bahia",1.97971245841424]
["2015-03-01","ASFALTOS DILUÍDOS CM-30","Ceará",1.9514548417981801]
["2015-03-01","ASFALTOS DILUÍDOS CM-30","Distrito Federal","-"]
["2015-03-01","ASFALTOS DILUÍDOS CM-30","Espírito Santo","-"]
["2015-03-01","ASFALTOS DILUÍDOS CM-30","Goiás",2.19273325656797]
["2015-03-01","ASFALTOS DILUÍDOS CM-30","Maranhão","-"]
["2015-03-01","ASFALTOS DILUÍDOS CM-30","Mato Grosso","-"]
["2015-03-01","ASFALTOS DILUÍDOS CM-30","Mato Grosso do Sul","-"]
["2015-03-01","ASFALTOS DILUÍDOS CM-30","Minas Gerais",1.8592465471486701]
["2015-03-01","ASFALTOS DILUÍDOS CM-30","Pará","-"]
["2015-03-01","ASFALTOS DILUÍDOS CM-30","Paraíba","-"]
["2015-03-01","ASFALTOS DILUÍDOS CM-30","Paraná",1.93910085242889]
["2015-03-01","ASFALTOS DILUÍDOS CM-30","Pernambuco","-"]
["2015-03-01","ASFALTOS DILUÍDOS CM-30","Piauí","-"]
["2015-03-01","ASFALTOS DILUÍDOS CM-30","Rio de Janeiro",1.8656178637387399]
["2015-03-01","ASFALTOS DILUÍDOS CM-30","Rio Grande do Norte","-"]
["2015-03-01","ASFALTOS DILUÍDOS CM-30","Rio Grande do Sul",1.92211349516095]
["2015-03-01","ASFALTOS DILUÍDOS CM-30","Rondônia","-"]
["2015-03-01","ASFALTOS DILUÍDOS CM-30","Roraima","-"]
["2015-03-01","ASFALTOS DILUÍDOS CM-30","Santa Catarina","-"]
["2015-03-01","ASFALTOS DILUÍDOS CM-30","São Paulo",1.9826086541771]
["2015-03-01","ASFALTOS DILUÍDOS CM-30","Sergipe","-"]
["2015-03-01","ASFALTOS DILUÍDOS CM-30","Tocantins","-"]
["2015-04-01","ASFALTOS DILUÍDOS CM-30","Acre","-"]
["2015-04-01","ASFALTOS DILUÍDOS CM-30","Alagoas","-"]
["2015-04-01","ASFALTOS DILUÍDOS CM-30","Amapá","-"]
["2015-04-01","ASFALTOS DILUÍDOS CM-30","Amazonas","-"]
["2015-04-01","ASFALTOS DILUÍDOS CM-30","Bahia",2.0182186531283901]
["2015-04-01","ASFALTOS DILUÍDOS CM-30","Ceará",1.97809901070539]
["2015-04-01","ASFALTOS DILUÍDOS CM-30","Distrito Federal","-"]
["2015-04-01","ASFALTOS DILUÍDOS CM-30","Espírito Santo","-"]
["2015-04-01","ASFALTOS DILUÍDOS CM-30","Goiás",2.2520955108331902]
["2015-04-01","ASFALTOS DILUÍDOS CM-30","Maranhão","-"]
["2015-04-01","ASFALTOS DILUÍDOS CM-30","Mato Grosso",2.47064389558233]
["2015-04-01","ASFALTOS DILUÍDOS CM-30","Mato Grosso do Sul","-"]
["2015-04-01","ASFALTOS DILUÍDOS CM-30","Minas Gerais",1.82132347212224]
["2015-04-01","ASFALTOS DILUÍDOS CM-30","Pará","-"]
["2015-04-01","ASFALTOS DILUÍDOS CM-30","Paraíba","-"]
["2015-04-01","ASFALTOS DILUÍDOS CM-30","Paraná",1.96990060094852]
["2015-04-01","ASFALTOS DILUÍDOS CM-30","Pernambuco","-"]
["2015-04-01","ASFALTOS DILUÍDOS CM-30","Piauí","-"]
["2015-04-01","ASFALTOS DILUÍDOS CM-30","Rio de Janeiro",1.84082279677077]
["2015-04-01","ASFALTOS DILUÍDOS CM-30","Rio Grande do Norte","-"]
["2015-04-01","ASFALTOS DILUÍDOS CM-30","Rio Grande do Sul",1.9063036026996101]
["2015-04-01","ASFALTOS DILUÍDOS CM-30","Rondônia","-"]
["2015-04-01","ASFALTOS DILUÍDOS CM-30","Roraima","-"]
["2015-04-01","ASFALTOS DILUÍDOS CM-30","Santa Catarina","-"]
["2015-04-01","ASFALTOS DILUÍDOS CM-30","São Paulo",1.90373449953227]
["2015-04-01","ASFALTOS DILUÍDOS CM-30","Sergipe","-"]
["2015-04-01","ASFALTOS DILUÍDOS CM-30","Tocantins","-"]
["2015-05-01","ASFALTOS DILUÍDOS CM-30","Acre","-"]
["2015-05-01","ASFALTOS DILUÍDOS CM-30","Alagoas","-"]
["2015-05-01","ASFALTOS DILUÍDOS CM-30","Amapá","-"]
["2015-05-01","ASFALTOS DILUÍDOS CM-30","Amazonas",1.91135168127392]
["2015-05-01","ASFALTOS DILUÍDOS CM-30","Bahia",1.9643649797612699]
["2015-05-01","ASFALTOS DILUÍDOS CM-30","Ceará",1.9385491692040799]
["2015-05-01","ASFALTOS DILUÍDOS CM-30","Distrito Federal","-"]
["2015-05-01","ASFALTOS DILUÍDOS CM-30","Espírito Santo","-"]
["2015-05-01","ASFALTOS DILUÍDOS CM-30","Goiás",2.2060183742674901]
["2015-05-01","ASFALTOS DILUÍDOS CM-30","Maranhão","-"]
["2015-05-01","ASFALTOS DILUÍDOS CM-30","Mato Grosso",2.4085516525116]
["2015-05-01","ASFALTOS DILUÍDOS CM-30","Mato Grosso do Sul","-"]
["2015-05-01","ASFALTOS DILUÍDOS CM-30","Minas Gerais",1.7646930202805899]
["2015-05-01","ASFALTOS DILUÍDOS CM-30","Pará","-"]
["2015-05-01","ASFALTOS DILUÍDOS CM-30","Paraíba","-"]
["2015-05-01","ASFALTOS DILUÍDOS CM-30","Paraná",2.07626379176993]
["2015-05-01","ASFALTOS DILUÍDOS CM-30","Pernambuco","-"]
["2015-05-01","ASFALTOS DILUÍDOS CM-30","Piauí","-"]
["2015-05-01","ASFALTOS DILUÍDOS CM-30","Rio de Janeiro",1.85130920862194]
["2015-05-01","ASFALTOS DILUÍDOS CM-30","Rio Grande do Norte","-"]
["2015-05-01","ASFALTOS DILUÍDOS CM-30","Rio Grande do Sul",1.9467232328850199]
["2015-05-01","ASFALTOS DILUÍDOS CM-30","Rondônia","-"]
["2015-05-01","ASFALTOS DILUÍDOS CM-30","Roraima","-"]
["2015-05-01","ASFALTOS DILUÍDOS CM-30","Santa Catarina","-"]
["2015-05-01","ASFALTOS DILUÍDOS CM-30","São Paulo",1.88186843858742]
["2015-05-01","ASFALTOS DILUÍDOS CM-30","Sergipe","-"]
["2015-05-01","ASFALTOS DILUÍDOS CM-30","Tocantins","-"]
["2015-06-01","ASFALTOS DILUÍDOS CM-30","Acre","-"]
["2015-06-01","ASFALTOS DILUÍDOS CM-30","Alagoas","-"]
["2015-06-01","ASFALTOS DILUÍDOS CM-30","Amapá","-"]
["2015-06-01","ASFALTOS DILUÍDOS CM-30","Amazonas","-"]
["2015-06-01","ASFALTOS DILUÍDOS CM-30","Bahia",2.0649718823529399]
["2015-06-01","ASFALTOS DILUÍDOS CM-30","Ceará",1.9220120292246401]
["2015-06-01","ASFALTOS DILUÍDOS CM-30","Distrito Federal","-"]
["2015-06-01","ASFALTOS DILUÍDOS CM-30","Espírito Santo","-"]
["2015-06-01","ASFALTOS DILUÍDOS CM-30","Goiás",2.25062418294557]
["2015-06-01","ASFALTOS DILUÍDOS CM-30","Maranhão","-"]
["2015-06-01","ASFALTOS DILUÍDOS CM-30","Mato Grosso",2.4281963182154001]
["2015-06-01","ASFALTOS DILUÍDOS CM-30","Mato Grosso do Sul","-"]
["2015-06-01","ASFALTOS DILUÍDOS CM-30","Minas Gerais",1.8123355726191599]
["2015-06-01","ASFALTOS DILUÍDOS CM-30","Pará","-"]
["2015-06-01","ASFALTOS DILUÍDOS CM-30","Paraíba","-"]
["2015-06-01","ASFALTOS DILUÍDOS CM-30","Paraná",2.0003676800884498]
["2015-06-01","ASFALTOS DILUÍDOS CM-30","Pernambuco","-"]
["2015-06-01","ASFALTOS DILUÍDOS CM-30","Piauí","-"]
["2015-06-01","ASFALTOS DILUÍDOS CM-30","Rio de Janeiro",1.7576409243237301]
["2015-06-01","ASFALTOS DILUÍDOS CM-30","Rio Grande do Norte","-"]
["2015-06-01","ASFALTOS DILUÍDOS CM-30","Rio Grande do Sul",1.9147810265331699]
["2015-06-01","ASFALTOS DILUÍDOS CM-30","Rondônia","-"]
["2015-06-01","ASFALTOS DILUÍDOS CM-30","Roraima","-"]
["2015-06-01","ASFALTOS DILUÍDOS CM-30","Santa Catarina","-"]
["2015-06-01","ASFALTOS DILUÍDOS CM-30","São Paulo",1.92056628794144]
["2015-06-01","ASFALTOS DILUÍDOS CM-30","Sergipe","-"]
["2015-06-01","ASFALTOS DILUÍDOS CM-30","Tocantins","-"]
["2015-07-01","ASFALTOS DILUÍDOS CM-30","Acre","-"]
["2015-07-01","ASFALTOS DILUÍDOS CM-30","Alagoas","-"]
["2015-07-01","ASFALTOS DILUÍDOS CM-30","Amapá","-"]
["2015-07-01","ASFALTOS DILUÍDOS CM-30","Amazonas","-"]
["2015-07-01","ASFALTOS DILUÍDOS CM-30","Bahia",1.9525683196479899]
["2015-07-01","ASFALTOS DILUÍDOS CM-30","Ceará",2.01010018232245]
["2015-07-01","ASFALTOS DILUÍDOS CM-30","Distrito Federal","-"]
["2015-07-01","ASFALTOS DILUÍDOS CM-30","Espírito Santo","-"]
["2015-07-01","ASFALTOS DILUÍDOS CM-30","Goiás",1.9893052477758799]
["2015-07-01","ASFALTOS DILUÍDOS CM-30","Maranhão","-"]
["2015-07-01","ASFALTOS DILUÍDOS CM-30","Mato Grosso",2.2406543645944601]
["2015-07-01","ASFALTOS DILUÍDOS CM-30","Mato Grosso do Sul","-"]
["2015-07-01","ASFALTOS DILUÍDOS CM-30","Minas Gerais",1.7224794943222499]
["2015-07-01","ASFALTOS DILUÍDOS CM-30","Pará","-"]
["2015-07-01","ASFALTOS DILUÍDOS CM-30","Paraíba","-"]
["2015-07-01","ASFALTOS DILUÍDOS CM-30","Paraná",1.9309299283677599]
["2015-07-01","ASFALTOS DILUÍDOS CM-30","Pernambuco","-"]
["2015-07-01","ASFALTOS DILUÍDOS CM-30","Piauí","-"]
["2015-07-01","ASFALTOS DILUÍDOS CM-30","Rio de Janeiro",1.83065787943299]
["2015-07-01","ASFALTOS DILUÍDOS CM-30","Rio Grande do Norte","-"]
["2015-07-01","ASFALTOS DILUÍDOS CM-30","Rio Grande do Sul",1.93321569552412]
["2015-07-01","ASFALTOS DILUÍDOS CM-30","Rondônia","-"]
["2015-07-01","ASFALTOS DILUÍDOS CM-30","Roraima","-"]
["2015-07-01","ASFALTOS DILUÍDOS CM-30","Santa Catarina","-"]
["2015-07-01","ASFALTOS DILUÍDOS CM-30","São Paulo",1.88091980598016]
["2015-07-01","ASFALTOS DILUÍDOS CM-30","Sergipe","-"]
["2015-07-01","ASFALTOS DILUÍDOS CM-30","Tocantins","-"]
["2015-08-01","ASFALTOS DILUÍDOS CM-30","Acre","-"]
["2015-08-01","ASFALTOS DILUÍDOS CM-30","Alagoas","-"]
["2015-08-01","ASFALTOS DILUÍDOS CM-30","Amapá","-"]
["2015-08-01","ASFALTOS DILUÍDOS CM-30","Amazonas","-"]
["2015-08-01","ASFALTOS DILUÍDOS CM-30","Bahia",1.9943519145464199]
["2015-08-01","ASFALTOS DILUÍDOS CM-30","Ceará",2.04611205630626]
["2015-08-01","ASFALTOS DILUÍDOS CM-30","Distrito Federal","-"]
["2015-08-01","ASFALTOS DILUÍDOS CM-30","Espírito Santo","-"]
["2015-08-01","ASFALTOS DILUÍDOS CM-30","Goiás",2.2295648211988199]
["2015-08-01","ASFALTOS DILUÍDOS CM-30","Maranhão","-"]
["2015-08-01","ASFALTOS DILUÍDOS CM-30","Mato Grosso",2.3919524221003199]
["2015-08-01","ASFALTOS DILUÍDOS CM-30","Mato Grosso do Sul","-"]
["2015-08-01","ASFALTOS DILUÍDOS CM-30","Minas Gerais",1.82518503639825]
["2015-08-01","ASFALTOS DILUÍDOS CM-30","Pará","-"]
["2015-08-01","ASFALTOS DILUÍDOS CM-30","Paraíba","-"]
["2015-08-01","ASFALTOS DILUÍDOS CM-30","Paraná",1.9779824672606301]
["2015-08-01","ASFALTOS DILUÍDOS CM-30","Pernambuco","-"]
["2015-08-01","ASFALTOS DILUÍDOS CM-30","Piauí","-"]
["2015-08-01","ASFALTOS DILUÍDOS CM-30","Rio de Janeiro",1.7638437876840001]
["2015-08-01","ASFALTOS DILUÍDOS CM-30","Rio Grande do Norte","-"]
["2015-08-01","ASFALTOS DILUÍDOS CM-30","Rio Grande do Sul",1.87189894427592]
["2015-08-01","ASFALTOS DILUÍDOS CM-30","Rondônia","-"]
["2015-08-01","ASFALTOS DILUÍDOS CM-30","Roraima","-"]
["2015-08-01","ASFALTOS DILUÍDOS CM-30","Santa Catarina","-"]
["2015-08-01","ASFALTOS DILUÍDOS CM-30","São Paulo",1.85600409241012]
["2015-08-01","ASFALTOS DILUÍDOS CM-30","Sergipe","-"]
["2015-08-01","ASFALTOS DILUÍDOS CM-30","Tocantins","-"]
["2015-09-01","ASFALTOS DILUÍDOS CM-30","Acre","-"]
["2015-09-01","ASFALTOS DILUÍDOS CM-30","Alagoas","-"]
["2015-09-01","ASFALTOS DILUÍDOS CM-30","Amapá","-"]
["2015-09-01","ASFALTOS DILUÍDOS CM-30","Amazonas","-"]
["2015-09-01","ASFALTOS DILUÍDOS CM-30","Bahia",2.0777484395203101]
["2015-09-01","ASFALTOS DILUÍDOS CM-30","Ceará",2.0931577064681601]
["2015-09-01","ASFALTOS DILUÍDOS CM-30","Distrito Federal","-"]
["2015-09-01","ASFALTOS DILUÍDOS CM-30","Espírito Santo","-"]
["2015-09-01","ASFALTOS DILUÍDOS CM-30","Goiás",2.26314442642731]
["2015-09-01","ASFALTOS DILUÍDOS CM-30","Maranhão","-"]
["2015-09-01","ASFALTOS DILUÍDOS CM-30","Mato Grosso",2.4318366613693998]
["2015-09-01","ASFALTOS DILUÍDOS CM-30","Mato Grosso do Sul","-"]
["2015-09-01","ASFALTOS DILUÍDOS CM-30","Minas Gerais",1.91862037981075]
["2015-09-01","ASFALTOS DILUÍDOS CM-30","Pará","-"]
["2015-09-01","ASFALTOS DILUÍDOS CM-30","Paraíba","-"]
["2015-09-01","ASFALTOS DILUÍDOS CM-30","Paraná",2.0515291933218398]
["2015-09-01","ASFALTOS DILUÍDOS CM-30","Pernambuco","-"]
["2015-09-01","ASFALTOS DILUÍDOS CM-30","Piauí","-"]
["2015-09-01","ASFALTOS DILUÍDOS CM-30","Rio de Janeiro",1.9160395782594799]
["2015-09-01","ASFALTOS DILUÍDOS CM-30","Rio Grande do Norte","-"]
["2015-09-01","ASFALTOS DILUÍDOS CM-30","Rio Grande do Sul",1.93404459597485]
["2015-09-01","ASFALTOS DILUÍDOS CM-30","Rondônia","-"]
["2015-09-01","ASFALTOS DILUÍDOS CM-30","Roraima","-"]
["2015-09-01","ASFALTOS DILUÍDOS CM-30","Santa Catarina","-"]
["2015-09-01","ASFALTOS DILUÍDOS CM-30","São Paulo",1.9898352439836]
["2015-09-01","ASFALTOS DILUÍDOS CM-30","Sergipe","-"]
["2015-09-01","ASFALTOS DILUÍDOS CM-30","Tocantins","-"]
["2015-10-01","ASFALTOS DILUÍDOS CM-30","Acre","-"]
["2015-10-01","ASFALTOS DILUÍDOS CM-30","Alagoas","-"]
["2015-10-01","ASFALTOS DILUÍDOS CM-30","Amapá","-"]
["2015-10-01","ASFALTOS DILUÍDOS CM-30","Amazonas",2.0822279651190101]
["2015-10-01","ASFALTOS DILUÍDOS CM-30","Bahia",2.2050839063869101]
["2015-10-01","ASFALTOS DILUÍDOS CM-30","Ceará",2.1476263351797802]
["2015-10-01","ASFALTOS DILUÍDOS CM-30","Distrito Federal","-"]
["2015-10-01","ASFALTOS DILUÍDOS CM-30","Espírito Santo","-"]
["2015-10-01","ASFALTOS DILUÍDOS CM-30","Goiás",2.3525589866195098]
["2015-10-01","ASFALTOS DILUÍDOS CM-30","Maranhão","-"]
["2015-10-01","ASFALTOS DILUÍDOS CM-30","Mato Grosso",2.53287475154676]
["2015-10-01","ASFALTOS DILUÍDOS CM-30","Mato Grosso do Sul","-"]
["2015-10-01","ASFALTOS DILUÍDOS CM-30","Minas Gerais",1.9920239420005099]
["2015-10-01","ASFALTOS DILUÍDOS CM-30","Pará","-"]
["2015-10-01","ASFALTOS DILUÍDOS CM-30","Paraíba","-"]
["2015-10-01","ASFALTOS DILUÍDOS CM-30","Paraná",2.1713156086739001]
["2015-10-01","ASFALTOS DILUÍDOS CM-30","Pernambuco","-"]
["2015-10-01","ASFALTOS DILUÍDOS CM-30","Piauí","-"]
["2015-10-01","ASFALTOS DILUÍDOS CM-30","Rio de Janeiro",1.9995862311835899]
["2015-10-01","ASFALTOS DILUÍDOS CM-30","Rio Grande do Norte","-"]
["2015-10-01","ASFALTOS DILUÍDOS CM-30","Rio Grande do Sul",2.0477011168421999]
["2015-10-01","ASFALTOS DILUÍDOS CM-30","Rondônia","-"]
["2015-10-01","ASFALTOS DILUÍDOS CM-30","Roraima","-"]
["2015-10-01","ASFALTOS DILUÍDOS CM-30","Santa Catarina","-"]
["2015-10-01","ASFALTOS DILUÍDOS CM-30","São Paulo",2.13788723055089]
["2015-10-01","ASFALTOS DILUÍDOS CM-30","Sergipe","-"]
["2015-10-01","ASFALTOS DILUÍDOS CM-30","Tocantins","-"]
["2015-11-01","ASFALTOS DILUÍDOS CM-30","Acre","-"]
["2015-11-01","ASFALTOS DILUÍDOS CM-30","Alagoas","-"]
["2015-11-01","ASFALTOS DILUÍDOS CM-30","Amapá","-"]
["2015-11-01","ASFALTOS DILUÍDOS CM-30","Amazonas","-"]
["2015-11-01","ASFALTOS DILUÍDOS CM-30","Bahia",2.4911649286714601]
["2015-11-01","ASFALTOS DILUÍDOS CM-30","Ceará",2.4076158807045198]
["2015-11-01","ASFALTOS DILUÍDOS CM-30","Distrito Federal","-"]
["2015-11-01","ASFALTOS DILUÍDOS CM-30","Espírito Santo","-"]
["2015-11-01","ASFALTOS DILUÍDOS CM-30","Goiás",2.6519842901030302]
["2015-11-01","ASFALTOS DILUÍDOS CM-30","Maranhão","-"]
["2015-11-01","ASFALTOS DILUÍDOS CM-30","Mato Grosso",2.7763479134869402]
["2015-11-01","ASFALTOS DILUÍDOS CM-30","Mato Grosso do Sul","-"]
["2015-11-01","ASFALTOS DILUÍDOS CM-30","Minas Gerais",2.2476605808400301]
["2015-11-01","ASFALTOS DILUÍDOS CM-30","Pará","-"]
["2015-11-01","ASFALTOS DILUÍDOS CM-30","Paraíba","-"]
["2015-11-01","ASFALTOS DILUÍDOS CM-30","Paraná",2.38981348864748]
["2015-11-01","ASFALTOS DILUÍDOS CM-30","Pernambuco","-"]
["2015-11-01","ASFALTOS DILUÍDOS CM-30","Piauí","-"]
["2015-11-01","ASFALTOS DILUÍDOS CM-30","Rio de Janeiro",2.2904409806707098]
["2015-11-01","ASFALTOS DILUÍDOS CM-30","Rio Grande do Norte","-"]
["2015-11-01","ASFALTOS DILUÍDOS CM-30","Rio Grande do Sul",2.2418652592516199]
["2015-11-01","ASFALTOS DILUÍDOS CM-30","Rondônia","-"]
["2015-11-01","ASFALTOS DILUÍDOS CM-30","Roraima","-"]
["2015-11-01","ASFALTOS DILUÍDOS CM-30","Santa Catarina","-"]
["2015-11-01","ASFALTOS DILUÍDOS CM-30","São Paulo",2.3526086354638198]
["2015-11-01","ASFALTOS DILUÍDOS CM-30","Sergipe","-"]
["2015-11-01","ASFALTOS DILUÍDOS CM-30","Tocantins","-"]
["2015-12-01","ASFALTOS DILUÍDOS CM-30","Acre","-"]
["2015-12-01","ASFALTOS DILUÍDOS CM-30","Alagoas","-"]
["2015-12-01","ASFALTOS DILUÍDOS CM-30","Amapá","-"]
["2015-12-01","ASFALTOS DILUÍDOS CM-30","Amazonas",2.6565702161260698]
["2015-12-01","ASFALTOS DILUÍDOS CM-30","Bahia",2.46792760249201]
["2015-12-01","ASFALTOS DILUÍDOS CM-30","Ceará",2.3617221705871199]
["2015-12-01","ASFALTOS DILUÍDOS CM-30","Distrito Federal","-"]
["2015-12-01","ASFALTOS DILUÍDOS CM-30","Espírito Santo","-"]
["2015-12-01","ASFALTOS DILUÍDOS CM-30","Goiás","-"]
["2015-12-01","ASFALTOS DILUÍDOS CM-30","Maranhão","-"]
["2015-12-01","ASFALTOS DILUÍDOS CM-30","Mato Grosso",2.7808890417718599]
["2015-12-01","ASFALTOS DILUÍDOS CM-30","Mato Grosso do Sul","-"]
["2015-12-01","ASFALTOS DILUÍDOS CM-30","Minas Gerais",2.21621363498461]
["2015-12-01","ASFALTOS DILUÍDOS CM-30","Pará","-"]
["2015-12-01","ASFALTOS DILUÍDOS CM-30","Paraíba","-"]
["2015-12-01","ASFALTOS DILUÍDOS CM-30","Paraná",2.5178176258303102]
["2015-12-01","ASFALTOS DILUÍDOS CM-30","Pernambuco","-"]
["2015-12-01","ASFALTOS DILUÍDOS CM-30","Piauí","-"]
["2015-12-01","ASFALTOS DILUÍDOS CM-30","Rio de Janeiro",2.2919812498533001]
["2015-12-01","ASFALTOS DILUÍDOS CM-30","Rio Grande do Norte","-"]
["2015-12-01","ASFALTOS DILUÍDOS CM-30","Rio Grande do Sul",2.2498893477167101]
["2015-12-01","ASFALTOS DILUÍDOS CM-30","Rondônia","-"]
["2015-12-01","ASFALTOS DILUÍDOS CM-30","Roraima","-"]
["2015-12-01","ASFALTOS DILUÍDOS CM-30","Santa Catarina","-"]
["2015-12-01","ASFALTOS DILUÍDOS CM-30","São Paulo",2.4276249474799401]
["2015-12-01","ASFALTOS DILUÍDOS CM-30","Sergipe","-"]
["2015-12-01","ASFALTOS DILUÍDOS CM-30","Tocantins","-"]
["2016-01-01","ASFALTOS DILUÍDOS CM-30","Acre","-"]
["2016-01-01","ASFALTOS DILUÍDOS CM-30","Alagoas","-"]
["2016-01-01","ASFALTOS DILUÍDOS CM-30","Amapá","-"]
["2016-01-01","ASFALTOS DILUÍDOS CM-30","Amazonas",2.6918765083698499]
["2016-01-01","ASFALTOS DILUÍDOS CM-30","Bahia",2.4471459891549898]
["2016-01-01","ASFALTOS DILUÍDOS CM-30","Ceará",2.3121224180770299]
["2016-01-01","ASFALTOS DILUÍDOS CM-30","Distrito Federal","-"]
["2016-01-01","ASFALTOS DILUÍDOS CM-30","Espírito Santo","-"]
["2016-01-01","ASFALTOS DILUÍDOS CM-30","Goiás","-"]
["2016-01-01","ASFALTOS DILUÍDOS CM-30","Maranhão","-"]
["2016-01-01","ASFALTOS DILUÍDOS CM-30","Mato Grosso",3.1073730637847601]
["2016-01-01","ASFALTOS DILUÍDOS CM-30","Mato Grosso do Sul","-"]
["2016-01-01","ASFALTOS DILUÍDOS CM-30","Minas Gerais",2.2423714141725002]
["2016-01-01","ASFALTOS DILUÍDOS CM-30","Pará","-"]
["2016-01-01","ASFALTOS DILUÍDOS CM-30","Paraíba","-"]
["2016-01-01","ASFALTOS DILUÍDOS CM-30","Paraná",2.21943131661489]
["2016-01-01","ASFALTOS DILUÍDOS CM-30","Pernambuco","-"]
["2016-01-01","ASFALTOS DILUÍDOS CM-30","Piauí","-"]
["2016-01-01","ASFALTOS DILUÍDOS CM-30","Rio de Janeiro",2.2977123128616799]
["2016-01-01","ASFALTOS DILUÍDOS CM-30","Rio Grande do Norte","-"]
["2016-01-01","ASFALTOS DILUÍDOS CM-30","Rio Grande do Sul",2.2461993368984001]
["2016-01-01","ASFALTOS DILUÍDOS CM-30","Rondônia","-"]
["2016-01-01","ASFALTOS DILUÍDOS CM-30","Roraima","-"]
["2016-01-01","ASFALTOS DILUÍDOS CM-30","Santa Catarina","-"]
["2016-01-01","ASFALTOS DILUÍDOS CM-30","São Paulo",2.2560637318955701]
["2016-01-01","ASFALTOS DILUÍDOS CM-30","Sergipe","-"]
["2016-01-01","ASFALTOS DILUÍDOS CM-30","Tocantins","-"]
["2016-02-01","ASFALTOS DILUÍDOS CM-30","Acre","-"]
["2016-02-01","ASFALTOS DILUÍDOS CM-30","Alagoas","-"]
["2016-02-01","ASFALTOS DILUÍDOS CM-30","Amapá","-"]
["2016-02-01","ASFALTOS DILUÍDOS CM-30","Amazonas",2.4455823166213899]
["2016-02-01","ASFALTOS DILUÍDOS CM-30","Bahia",2.58774623113456]
["2016-02-01","ASFALTOS DILUÍDOS CM-30","Ceará",2.41433945147726]
["2016-02-01","ASFALTOS DILUÍDOS CM-30","Distrito Federal","-"]
["2016-02-01","ASFALTOS DILUÍDOS CM-30","Espírito Santo","-"]
["2016-02-01","ASFALTOS DILUÍDOS CM-30","Goiás","-"]
["2016-02-01","ASFALTOS DILUÍDOS CM-30","Maranhão","-"]
["2016-02-01","ASFALTOS DILUÍDOS CM-30","Mato Grosso",2.9804877610805098]
["2016-02-01","ASFALTOS DILUÍDOS CM-30","Mato Grosso do Sul","-"]
["2016-02-01","ASFALTOS DILUÍDOS CM-30","Minas Gerais",2.2482721103311598]
["2016-02-01","ASFALTOS DILUÍDOS CM-30","Pará","-"]
["2016-02-01","ASFALTOS DILUÍDOS CM-30","Paraíba","-"]
["2016-02-01","ASFALTOS DILUÍDOS CM-30","Paraná",2.3818384064321099]
["2016-02-01","ASFALTOS DILUÍDOS CM-30","Pernambuco","-"]
["2016-02-01","ASFALTOS DILUÍDOS CM-30","Piauí","-"]
["2016-02-01","ASFALTOS DILUÍDOS CM-30","Rio de Janeiro","-"]
["2016-02-01","ASFALTOS DILUÍDOS CM-30","Rio Grande do Norte","-"]
["2016-02-01","ASFALTOS DILUÍDOS CM-30","Rio Grande do Sul",2.3211147518245898]
["2016-02-01","ASFALTOS DILUÍDOS CM-30","Rondônia","-"]
["2016-02-01","ASFALTOS DILUÍDOS CM-30","Roraima","-"]
["2016-02-01","ASFALTOS DILUÍDOS CM-30","Santa Catarina","-"]
["2016-02-01","ASFALTOS DILUÍDOS CM-30","São Paulo",2.4229083378074501]
["2016-02-01","ASFALTOS DILUÍDOS CM-30","Sergipe","-"]
["2016-02-01","ASFALTOS DILUÍDOS CM-30","Tocantins","-"]
["2016-03-01","ASFALTOS DILUÍDOS CM-30","Acre","-"]
["2016-03-01","ASFALTOS DILUÍDOS CM-30","Alagoas","-"]
["2016-03-01","ASFALTOS DILUÍDOS CM-30","Amapá","-"]
["2016-03-01","ASFALTOS DILUÍDOS CM-30","Amazonas",2.3018474813314498]
["2016-03-01","ASFALTOS DILUÍDOS CM-30","Bahia",2.60295867221644]
["2016-03-01","ASFALTOS DILUÍDOS CM-30","Ceará",2.4111578450534901]
["2016-03-01","ASFALTOS DILUÍDOS CM-30","Distrito Federal","-"]
["2016-03-01","ASFALTOS DILUÍDOS CM-30","Espírito Santo","-"]
["2016-03-01","ASFALTOS DILUÍDOS CM-30","Goiás",2.7119422907572601]
["2016-03-01","ASFALTOS DILUÍDOS CM-30","Maranhão","-"]
["2016-03-01","ASFALTOS DILUÍDOS CM-30","Mato Grosso",2.98658815172791]
["2016-03-01","ASFALTOS DILUÍDOS CM-30","Mato Grosso do Sul","-"]
["2016-03-01","ASFALTOS DILUÍDOS CM-30","Minas Gerais",2.2101264518541202]
["2016-03-01","ASFALTOS DILUÍDOS CM-30","Pará","-"]
["2016-03-01","ASFALTOS DILUÍDOS CM-30","Paraíba","-"]
["2016-03-01","ASFALTOS DILUÍDOS CM-30","Paraná",2.57176083089107]
["2016-03-01","ASFALTOS DILUÍDOS CM-30","Pernambuco","-"]
["2016-03-01","ASFALTOS DILUÍDOS CM-30","Piauí","-"]
["2016-03-01","ASFALTOS DILUÍDOS CM-30","Rio de Janeiro",2.10245230152176]
["2016-03-01","ASFALTOS DILUÍDOS CM-30","Rio Grande do Norte","-"]
["2016-03-01","ASFALTOS DILUÍDOS CM-30","Rio Grande do Sul",2.23808765281552]
["2016-03-01","ASFALTOS DILUÍDOS CM-30","Rondônia","-"]
["2016-03-01","ASFALTOS DILUÍDOS CM-30","Roraima","-"]
["2016-03-01","ASFALTOS DILUÍDOS CM-30","Santa Catarina","-"]
["2016-03-01","ASFALTOS DILUÍDOS CM-30","São Paulo",2.3578378881486102]
["2016-03-01","ASFALTOS DILUÍDOS CM-30","Sergipe","-"]
["2016-03-01","ASFALTOS DILUÍDOS CM-30","Tocantins","-"]
["2016-04-01","ASFALTOS DILUÍDOS CM-30","Acre","-"]
["2016-04-01","ASFALTOS DILUÍDOS CM-30","Alagoas","-"]
["2016-04-01","ASFALTOS DILUÍDOS CM-30","Amapá","-"]
["2016-04-01","ASFALTOS DILUÍDOS CM-30","Amazonas","-"]
["2016-04-01","ASFALTOS DILUÍDOS CM-30","Bahia",2.7312179952103999]
["2016-04-01","ASFALTOS DILUÍDOS CM-30","Ceará",2.7467442426145601]
["2016-04-01","ASFALTOS DILUÍDOS CM-30","Distrito Federal","-"]
["2016-04-01","ASFALTOS DILUÍDOS CM-30","Espírito Santo","-"]
["2016-04-01","ASFALTOS DILUÍDOS CM-30","Goiás",2.6770226925296301]
["2016-04-01","ASFALTOS DILUÍDOS CM-30","Maranhão","-"]
["2016-04-01","ASFALTOS DILUÍDOS CM-30","Mato Grosso",3.0260257767863599]
["2016-04-01","ASFALTOS DILUÍDOS CM-30","Mato Grosso do Sul","-"]
["2016-04-01","ASFALTOS DILUÍDOS CM-30","Minas Gerais",2.5061684692681099]
["2016-04-01","ASFALTOS DILUÍDOS CM-30","Pará","-"]
["2016-04-01","ASFALTOS DILUÍDOS CM-30","Paraíba","-"]
["2016-04-01","ASFALTOS DILUÍDOS CM-30","Paraná",2.8512277071323799]
["2016-04-01","ASFALTOS DILUÍDOS CM-30","Pernambuco","-"]
["2016-04-01","ASFALTOS DILUÍDOS CM-30","Piauí","-"]
["2016-04-01","ASFALTOS DILUÍDOS CM-30","Rio de Janeiro",2.61286970420392]
["2016-04-01","ASFALTOS DILUÍDOS CM-30","Rio Grande do Norte","-"]
["2016-04-01","ASFALTOS DILUÍDOS CM-30","Rio Grande do Sul",2.5896347572273002]
["2016-04-01","ASFALTOS DILUÍDOS CM-30","Rondônia","-"]
["2016-04-01","ASFALTOS DILUÍDOS CM-30","Roraima","-"]
["2016-04-01","ASFALTOS DILUÍDOS CM-30","Santa Catarina","-"]
["2016-04-01","ASFALTOS DILUÍDOS CM-30","São Paulo",2.5814042171999301]
["2016-04-01","ASFALTOS DILUÍDOS CM-30","Sergipe","-"]
["2016-04-01","ASFALTOS DILUÍDOS CM-30","Tocantins","-"]
["2016-05-01","ASFALTOS DILUÍDOS CM-30","Acre","-"]
["2016-05-01","ASFALTOS DILUÍDOS CM-30","Alagoas","-"]
["2016-05-01","ASFALTOS DILUÍDOS CM-30","Amapá","-"]
["2016-05-01","ASFALTOS DILUÍDOS CM-30","Amazonas","-"]
["2016-05-01","ASFALTOS DILUÍDOS CM-30","Bahia",2.7469681153744698]
["2016-05-01","ASFALTOS DILUÍDOS CM-30","Ceará",2.6236072150419401]
["2016-05-01","ASFALTOS DILUÍDOS CM-30","Distrito Federal","-"]
["2016-05-01","ASFALTOS DILUÍDOS CM-30","Espírito Santo","-"]
["2016-05-01","ASFALTOS DILUÍDOS CM-30","Goiás",2.68805147417289]
["2016-05-01","ASFALTOS DILUÍDOS CM-30","Maranhão","-"]
["2016-05-01","ASFALTOS DILUÍDOS CM-30","Mato Grosso",3.15696528979498]
["2016-05-01","ASFALTOS DILUÍDOS CM-30","Mato Grosso do Sul","-"]
["2016-05-01","ASFALTOS DILUÍDOS CM-30","Minas Gerais",2.5838004224814801]
["2016-05-01","ASFALTOS DILUÍDOS CM-30","Pará","-"]
["2016-05-01","ASFALTOS DILUÍDOS CM-30","Paraíba","-"]
["2016-05-01","ASFALTOS DILUÍDOS CM-30","Paraná",2.9391777892030801]
["2016-05-01","ASFALTOS DILUÍDOS CM-30","Pernambuco","-"]
["2016-05-01","ASFALTOS DILUÍDOS CM-30","Piauí","-"]
["2016-05-01","ASFALTOS DILUÍDOS CM-30","Rio de Janeiro",2.5668461855909399]
["2016-05-01","ASFALTOS DILUÍDOS CM-30","Rio Grande do Norte","-"]
["2016-05-01","ASFALTOS DILUÍDOS CM-30","Rio Grande do Sul",2.6476469066542001]
["2016-05-01","ASFALTOS DILUÍDOS CM-30","Rondônia","-"]
["2016-05-01","ASFALTOS DILUÍDOS CM-30","Roraima","-"]
["2016-05-01","ASFALTOS DILUÍDOS CM-30","Santa Catarina","-"]
["2016-05-01","ASFALTOS DILUÍDOS CM-30","São Paulo",2.5628439622449299]
["2016-05-01","ASFALTOS DILUÍDOS CM-30","Sergipe","-"]
["2016-05-01","ASFALTOS DILUÍDOS CM-30","Tocantins","-"]
["2016-06-01","ASFALTOS DILUÍDOS CM-30","Acre","-"]
["2016-06-01","ASFALTOS DILUÍDOS CM-30","Alagoas","-"]
["2016-06-01","ASFALTOS DILUÍDOS CM-30","Amapá","-"]
["2016-06-01","ASFALTOS DILUÍDOS CM-30","Amazonas",2.4521280960493201]
["2016-06-01","ASFALTOS DILUÍDOS CM-30","Bahia",2.6917980657906702]
["2016-06-01","ASFALTOS DILUÍDOS CM-30","Ceará",2.5980629252470799]
["2016-06-01","ASFALTOS DILUÍDOS CM-30","Distrito Federal","-"]
["2016-06-01","ASFALTOS DILUÍDOS CM-30","Espírito Santo","-"]
["2016-06-01","ASFALTOS DILUÍDOS CM-30","Goiás",2.8016739239319701]
["2016-06-01","ASFALTOS DILUÍDOS CM-30","Maranhão","-"]
["2016-06-01","ASFALTOS DILUÍDOS CM-30","Mato Grosso",3.1930815665959802]
["2016-06-01","ASFALTOS DILUÍDOS CM-30","Mato Grosso do Sul","-"]
["2016-06-01","ASFALTOS DILUÍDOS CM-30","Minas Gerais",2.69126205122646]
["2016-06-01","ASFALTOS DILUÍDOS CM-30","Pará","-"]
["2016-06-01","ASFALTOS DILUÍDOS CM-30","Paraíba","-"]
["2016-06-01","ASFALTOS DILUÍDOS CM-30","Paraná",2.7805116884537902]
["2016-06-01","ASFALTOS DILUÍDOS CM-30","Pernambuco","-"]
["2016-06-01","ASFALTOS DILUÍDOS CM-30","Piauí","-"]
["2016-06-01","ASFALTOS DILUÍDOS CM-30","Rio de Janeiro",2.6951715237977298]
["2016-06-01","ASFALTOS DILUÍDOS CM-30","Rio Grande do Norte","-"]
["2016-06-01","ASFALTOS DILUÍDOS CM-30","Rio Grande do Sul",2.5920306772157899]
["2016-06-01","ASFALTOS DILUÍDOS CM-30","Rondônia","-"]
["2016-06-01","ASFALTOS DILUÍDOS CM-30","Roraima","-"]
["2016-06-01","ASFALTOS DILUÍDOS CM-30","Santa Catarina","-"]
["2016-06-01","ASFALTOS DILUÍDOS CM-30","São Paulo",2.5595021402880098]
["2016-06-01","ASFALTOS DILUÍDOS CM-30","Sergipe","-"]
["2016-06-01","ASFALTOS DILUÍDOS CM-30","Tocantins","-"]
["2016-07-01","ASFALTOS DILUÍDOS CM-30","Acre","-"]
["2016-07-01","ASFALTOS DILUÍDOS CM-30","Alagoas","-"]
["2016-07-01","ASFALTOS DILUÍDOS CM-30","Amapá","-"]
["2016-07-01","ASFALTOS DILUÍDOS CM-30","Amazonas","-"]
["2016-07-01","ASFALTOS DILUÍDOS CM-30","Bahia",2.7113870130164099]
["2016-07-01","ASFALTOS DILUÍDOS CM-30","Ceará",2.5356660574301002]
["2016-07-01","ASFALTOS DILUÍDOS CM-30","Distrito Federal","-"]
["2016-07-01","ASFALTOS DILUÍDOS CM-30","Espírito Santo","-"]
["2016-07-01","ASFALTOS DILUÍDOS CM-30","Goiás",2.8865516122086201]
["2016-07-01","ASFALTOS DILUÍDOS CM-30","Maranhão","-"]
["2016-07-01","ASFALTOS DILUÍDOS CM-30","Mato Grosso",3.21695032785063]
["2016-07-01","ASFALTOS DILUÍDOS CM-30","Mato Grosso do Sul","-"]
["2016-07-01","ASFALTOS DILUÍDOS CM-30","Minas Gerais",2.58830525484648]
["2016-07-01","ASFALTOS DILUÍDOS CM-30","Pará","-"]
["2016-07-01","ASFALTOS DILUÍDOS CM-30","Paraíba","-"]
["2016-07-01","ASFALTOS DILUÍDOS CM-30","Paraná",2.7495566091936401]
["2016-07-01","ASFALTOS DILUÍDOS CM-30","Pernambuco","-"]
["2016-07-01","ASFALTOS DILUÍDOS CM-30","Piauí","-"]
["2016-07-01","ASFALTOS DILUÍDOS CM-30","Rio de Janeiro",2.6186810834868002]
["2016-07-01","ASFALTOS DILUÍDOS CM-30","Rio Grande do Norte","-"]
["2016-07-01","ASFALTOS DILUÍDOS CM-30","Rio Grande do Sul",2.5812876305805998]
["2016-07-01","ASFALTOS DILUÍDOS CM-30","Rondônia","-"]
["2016-07-01","ASFALTOS DILUÍDOS CM-30","Roraima","-"]
["2016-07-01","ASFALTOS DILUÍDOS CM-30","Santa Catarina","-"]
["2016-07-01","ASFALTOS DILUÍDOS CM-30","São Paulo",2.6258306371136002]
["2016-07-01","ASFALTOS DILUÍDOS CM-30","Sergipe","-"]
["2016-07-01","ASFALTOS DILUÍDOS CM-30","Tocantins","-"]
["2016-08-01","ASFALTOS DILUÍDOS CM-30","Acre","-"]
["2016-08-01","ASFALTOS DILUÍDOS CM-30","Alagoas","-"]
["2016-08-01","ASFALTOS DILUÍDOS CM-30","Amapá","-"]
["2016-08-01","ASFALTOS DILUÍDOS CM-30","Amazonas",2.6299263123263201]
["2016-08-01","ASFALTOS DILUÍDOS CM-30","Bahia",2.6986666709865901]
["2016-08-01","ASFALTOS DILUÍDOS CM-30","Ceará",2.5996674167770002]
["2016-08-01","ASFALTOS DILUÍDOS CM-30","Distrito Federal","-"]
["2016-08-01","ASFALTOS DILUÍDOS CM-30","Espírito Santo","-"]
["2016-08-01","ASFALTOS DILUÍDOS CM-30","Goiás",2.8670692918288898]
["2016-08-01","ASFALTOS DILUÍDOS CM-30","Maranhão","-"]
["2016-08-01","ASFALTOS DILUÍDOS CM-30","Mato Grosso",3.1268523235532899]
["2016-08-01","ASFALTOS DILUÍDOS CM-30","Mato Grosso do Sul","-"]
["2016-08-01","ASFALTOS DILUÍDOS CM-30","Minas Gerais",2.7147531499379798]
["2016-08-01","ASFALTOS DILUÍDOS CM-30","Pará","-"]
["2016-08-01","ASFALTOS DILUÍDOS CM-30","Paraíba","-"]
["2016-08-01","ASFALTOS DILUÍDOS CM-30","Paraná",2.8536093855539102]
["2016-08-01","ASFALTOS DILUÍDOS CM-30","Pernambuco","-"]
["2016-08-01","ASFALTOS DILUÍDOS CM-30","Piauí","-"]
["2016-08-01","ASFALTOS DILUÍDOS CM-30","Rio de Janeiro",2.5675301561048101]
["2016-08-01","ASFALTOS DILUÍDOS CM-30","Rio Grande do Norte","-"]
["2016-08-01","ASFALTOS DILUÍDOS CM-30","Rio Grande do Sul",2.6449414865112901]
["2016-08-01","ASFALTOS DILUÍDOS CM-30","Rondônia","-"]
["2016-08-01","ASFALTOS DILUÍDOS CM-30","Roraima","-"]
["2016-08-01","ASFALTOS DILUÍDOS CM-30","Santa Catarina","-"]
["2016-08-01","ASFALTOS DILUÍDOS CM-30","São Paulo",2.64658306555584]
["2016-08-01","ASFALTOS DILUÍDOS CM-30","Sergipe","-"]
["2016-08-01","ASFALTOS DILUÍDOS CM-30","Tocantins","-"]
["2016-09-01","ASFALTOS DILUÍDOS CM-30","Acre","-"]
["2016-09-01","ASFALTOS DILUÍDOS CM-30","Alagoas","-"]
["2016-09-01","ASFALTOS DILUÍDOS CM-30","Amapá","-"]
["2016-09-01","ASFALTOS DILUÍDOS CM-30","Amazonas","-"]
["2016-09-01","ASFALTOS DILUÍDOS CM-30","Bahia",2.63728019154044]
["2016-09-01","ASFALTOS DILUÍDOS CM-30","Ceará",2.4488915101973401]
["2016-09-01","ASFALTOS DILUÍDOS CM-30","Distrito Federal","-"]
["2016-09-01","ASFALTOS DILUÍDOS CM-30","Espírito Santo","-"]
["2016-09-01","ASFALTOS DILUÍDOS CM-30","Goiás",2.7830674796007999]
["2016-09-01","ASFALTOS DILUÍDOS CM-30","Maranhão","-"]
["2016-09-01","ASFALTOS DILUÍDOS CM-30","Mato Grosso",2.8643657377690999]
["2016-09-01","ASFALTOS DILUÍDOS CM-30","Mato Grosso do Sul","-"]
["2016-09-01","ASFALTOS DILUÍDOS CM-30","Minas Gerais",2.4918739840447501]
["2016-09-01","ASFALTOS DILUÍDOS CM-30","Pará","-"]
["2016-09-01","ASFALTOS DILUÍDOS CM-30","Paraíba","-"]
["2016-09-01","ASFALTOS DILUÍDOS CM-30","Paraná",2.4421200073310199]
["2016-09-01","ASFALTOS DILUÍDOS CM-30","Pernambuco","-"]
["2016-09-01","ASFALTOS DILUÍDOS CM-30","Piauí","-"]
["2016-09-01","ASFALTOS DILUÍDOS CM-30","Rio de Janeiro",2.4485622617516798]
["2016-09-01","ASFALTOS DILUÍDOS CM-30","Rio Grande do Norte","-"]
["2016-09-01","ASFALTOS DILUÍDOS CM-30","Rio Grande do Sul",2.3330569365213298]
["2016-09-01","ASFALTOS DILUÍDOS CM-30","Rondônia","-"]
["2016-09-01","ASFALTOS DILUÍDOS CM-30","Roraima","-"]
["2016-09-01","ASFALTOS DILUÍDOS CM-30","Santa Catarina","-"]
["2016-09-01","ASFALTOS DILUÍDOS CM-30","São Paulo",2.6107531549532199]
["2016-09-01","ASFALTOS DILUÍDOS CM-30","Sergipe","-"]
["2016-09-01","ASFALTOS DILUÍDOS CM-30","Tocantins","-"]
["2016-10-01","ASFALTOS DILUÍDOS CM-30","Acre","-"]
["2016-10-01","ASFALTOS DILUÍDOS CM-30","Alagoas","-"]
["2016-10-01","ASFALTOS DILUÍDOS CM-30","Amapá","-"]
["2016-10-01","ASFALTOS DILUÍDOS CM-30","Amazonas","-"]
["2016-10-01","ASFALTOS DILUÍDOS CM-30","Bahia",2.5017436213909199]
["2016-10-01","ASFALTOS DILUÍDOS CM-30","Ceará",2.3940726515109798]
["2016-10-01","ASFALTOS DILUÍDOS CM-30","Distrito Federal","-"]
["2016-10-01","ASFALTOS DILUÍDOS CM-30","Espírito Santo","-"]
["2016-10-01","ASFALTOS DILUÍDOS CM-30","Goiás",2.7675757181765599]
["2016-10-01","ASFALTOS DILUÍDOS CM-30","Maranhão","-"]
["2016-10-01","ASFALTOS DILUÍDOS CM-30","Mato Grosso",2.8803239746962301]
["2016-10-01","ASFALTOS DILUÍDOS CM-30","Mato Grosso do Sul","-"]
["2016-10-01","ASFALTOS DILUÍDOS CM-30","Minas Gerais",2.5162790547111902]
["2016-10-01","ASFALTOS DILUÍDOS CM-30","Pará",2.6664320277681499]
["2016-10-01","ASFALTOS DILUÍDOS CM-30","Paraíba","-"]
["2016-10-01","ASFALTOS DILUÍDOS CM-30","Paraná",2.4296834277271602]
["2016-10-01","ASFALTOS DILUÍDOS CM-30","Pernambuco","-"]
["2016-10-01","ASFALTOS DILUÍDOS CM-30","Piauí","-"]
["2016-10-01","ASFALTOS DILUÍDOS CM-30","Rio de Janeiro",2.3020178102766802]
["2016-10-01","ASFALTOS DILUÍDOS CM-30","Rio Grande do Norte","-"]
["2016-10-01","ASFALTOS DILUÍDOS CM-30","Rio Grande do Sul",2.36393188404683]
["2016-10-01","ASFALTOS DILUÍDOS CM-30","Rondônia","-"]
["2016-10-01","ASFALTOS DILUÍDOS CM-30","Roraima","-"]
["2016-10-01","ASFALTOS DILUÍDOS CM-30","Santa Catarina","-"]
["2016-10-01","ASFALTOS DILUÍDOS CM-30","São Paulo",2.5441346985392501]
["2016-10-01","ASFALTOS DILUÍDOS CM-30","Sergipe","-"]
["2016-10-01","ASFALTOS DILUÍDOS CM-30","Tocantins","-"]
["2016-11-01","ASFALTOS DILUÍDOS CM-30","Acre","-"]
["2016-11-01","ASFALTOS DILUÍDOS CM-30","Alagoas","-"]
["2016-11-01","ASFALTOS DILUÍDOS CM-30","Amapá","-"]
["2016-11-01","ASFALTOS DILUÍDOS CM-30","Amazonas",2.2843667899593698]
["2016-11-01","ASFALTOS DILUÍDOS CM-30","Bahia","-"]
["2016-11-01","ASFALTOS DILUÍDOS CM-30","Ceará",2.3328574466821799]
["2016-11-01","ASFALTOS DILUÍDOS CM-30","Distrito Federal","-"]
["2016-11-01","ASFALTOS DILUÍDOS CM-30","Espírito Santo","-"]
["2016-11-01","ASFALTOS DILUÍDOS CM-30","Goiás",3.2333979234489898]
["2016-11-01","ASFALTOS DILUÍDOS CM-30","Maranhão","-"]
["2016-11-01","ASFALTOS DILUÍDOS CM-30","Mato Grosso",2.7493124575239301]
["2016-11-01","ASFALTOS DILUÍDOS CM-30","Mato Grosso do Sul","-"]
["2016-11-01","ASFALTOS DILUÍDOS CM-30","Minas Gerais",2.4173114909834501]
["2016-11-01","ASFALTOS DILUÍDOS CM-30","Pará","-"]
["2016-11-01","ASFALTOS DILUÍDOS CM-30","Paraíba","-"]
["2016-11-01","ASFALTOS DILUÍDOS CM-30","Paraná",2.4686306348138101]
["2016-11-01","ASFALTOS DILUÍDOS CM-30","Pernambuco","-"]
["2016-11-01","ASFALTOS DILUÍDOS CM-30","Piauí","-"]
["2016-11-01","ASFALTOS DILUÍDOS CM-30","Rio de Janeiro","-"]
["2016-11-01","ASFALTOS DILUÍDOS CM-30","Rio Grande do Norte","-"]
["2016-11-01","ASFALTOS DILUÍDOS CM-30","Rio Grande do Sul",2.3084806817918699]
["2016-11-01","ASFALTOS DILUÍDOS CM-30","Rondônia","-"]
["2016-11-01","ASFALTOS DILUÍDOS CM-30","Roraima","-"]
["2016-11-01","ASFALTOS DILUÍDOS CM-30","Santa Catarina","-"]
["2016-11-01","ASFALTOS DILUÍDOS CM-30","São Paulo",2.6043368181526501]
["2016-11-01","ASFALTOS DILUÍDOS CM-30","Sergipe","-"]
["2016-11-01","ASFALTOS DILUÍDOS CM-30","Tocantins","-"]
["2016-12-01","ASFALTOS DILUÍDOS CM-30","Acre","-"]
["2016-12-01","ASFALTOS DILUÍDOS CM-30","Alagoas","-"]
["2016-12-01","ASFALTOS DILUÍDOS CM-30","Amapá","-"]
["2016-12-01","ASFALTOS DILUÍDOS CM-30","Amazonas",2.2830533156309598]
["2016-12-01","ASFALTOS DILUÍDOS CM-30","Bahia",3.0030689295725299]
["2016-12-01","ASFALTOS DILUÍDOS CM-30","Ceará",2.2189181963258502]
["2016-12-01","ASFALTOS DILUÍDOS CM-30","Distrito Federal","-"]
["2016-12-01","ASFALTOS DILUÍDOS CM-30","Espírito Santo","-"]
["2016-12-01","ASFALTOS DILUÍDOS CM-30","Goiás","-"]
["2016-12-01","ASFALTOS DILUÍDOS CM-30","Maranhão","-"]
["2016-12-01","ASFALTOS DILUÍDOS CM-30","Mato Grosso",2.8655321072542499]
["2016-12-01","ASFALTOS DILUÍDOS CM-30","Mato Grosso do Sul","-"]
["2016-12-01","ASFALTOS DILUÍDOS CM-30","Minas Gerais",2.62741746426437]
["2016-12-01","ASFALTOS DILUÍDOS CM-30","Pará","-"]
["2016-12-01","ASFALTOS DILUÍDOS CM-30","Paraíba","-"]
["2016-12-01","ASFALTOS DILUÍDOS CM-30","Paraná",2.5107862213117502]
["2016-12-01","ASFALTOS DILUÍDOS CM-30","Pernambuco","-"]
["2016-12-01","ASFALTOS DILUÍDOS CM-30","Piauí","-"]
["2016-12-01","ASFALTOS DILUÍDOS CM-30","Rio de Janeiro","-"]
["2016-12-01","ASFALTOS DILUÍDOS CM-30","Rio Grande do Norte","-"]
["2016-12-01","ASFALTOS DILUÍDOS CM-30","Rio Grande do Sul",2.2810473330069998]
["2016-12-01","ASFALTOS DILUÍDOS CM-30","Rondônia","-"]
["2016-12-01","ASFALTOS DILUÍDOS CM-30","Roraima","-"]
["2016-12-01","ASFALTOS DILUÍDOS CM-30","Santa Catarina","-"]
["2016-12-01","ASFALTOS DILUÍDOS CM-30","São Paulo",2.5582033119841099]
["2016-12-01","ASFALTOS DILUÍDOS CM-30","Sergipe","-"]
["2016-12-01","ASFALTOS DILUÍDOS CM-30","Tocantins","-"]
["2017-01-01","ASFALTOS DILUÍDOS CM-30","Acre","-"]
["2017-01-01","ASFALTOS DILUÍDOS CM-30","Alagoas","-"]
["2017-01-01","ASFALTOS DILUÍDOS CM-30","Amapá","-"]
["2017-01-01","ASFALTOS DILUÍDOS CM-30","Amazonas","-"]
["2017-01-01","ASFALTOS DILUÍDOS CM-30","Bahia","-"]
["2017-01-01","ASFALTOS DILUÍDOS CM-30","Ceará",2.1898095821450001]
["2017-01-01","ASFALTOS DILUÍDOS CM-30","Distrito Federal","-"]
["2017-01-01","ASFALTOS DILUÍDOS CM-30","Espírito Santo","-"]
["2017-01-01","ASFALTOS DILUÍDOS CM-30","Goiás","-"]
["2017-01-01","ASFALTOS DILUÍDOS CM-30","Maranhão","-"]
["2017-01-01","ASFALTOS DILUÍDOS CM-30","Mato Grosso",2.8395329452054798]
["2017-01-01","ASFALTOS DILUÍDOS CM-30","Mato Grosso do Sul","-"]
["2017-01-01","ASFALTOS DILUÍDOS CM-30","Minas Gerais",2.5192293580760801]
["2017-01-01","ASFALTOS DILUÍDOS CM-30","Pará","-"]
["2017-01-01","ASFALTOS DILUÍDOS CM-30","Paraíba","-"]
["2017-01-01","ASFALTOS DILUÍDOS CM-30","Paraná",2.4342778643485001]
["2017-01-01","ASFALTOS DILUÍDOS CM-30","Pernambuco","-"]
["2017-01-01","ASFALTOS DILUÍDOS CM-30","Piauí","-"]
["2017-01-01","ASFALTOS DILUÍDOS CM-30","Rio de Janeiro","-"]
["2017-01-01","ASFALTOS DILUÍDOS CM-30","Rio Grande do Norte","-"]
["2017-01-01","ASFALTOS DILUÍDOS CM-30","Rio Grande do Sul",2.3438676041624298]
["2017-01-01","ASFALTOS DILUÍDOS CM-30","Rondônia","-"]
["2017-01-01","ASFALTOS DILUÍDOS CM-30","Roraima","-"]
["2017-01-01","ASFALTOS DILUÍDOS CM-30","Santa Catarina","-"]
["2017-01-01","ASFALTOS DILUÍDOS CM-30","São Paulo",2.61076818988791]
["2017-01-01","ASFALTOS DILUÍDOS CM-30","Sergipe","-"]
["2017-01-01","ASFALTOS DILUÍDOS CM-30","Tocantins","-"]
["2017-02-01","ASFALTOS DILUÍDOS CM-30","Acre","-"]
["2017-02-01","ASFALTOS DILUÍDOS CM-30","Alagoas","-"]
["2017-02-01","ASFALTOS DILUÍDOS CM-30","Amapá","-"]
["2017-02-01","ASFALTOS DILUÍDOS CM-30","Amazonas","-"]
["2017-02-01","ASFALTOS DILUÍDOS CM-30","Bahia","-"]
["2017-02-01","ASFALTOS DILUÍDOS CM-30","Ceará",2.2339391847804699]
["2017-02-01","ASFALTOS DILUÍDOS CM-30","Distrito Federal","-"]
["2017-02-01","ASFALTOS DILUÍDOS CM-30","Espírito Santo","-"]
["2017-02-01","ASFALTOS DILUÍDOS CM-30","Goiás","-"]
["2017-02-01","ASFALTOS DILUÍDOS CM-30","Maranhão","-"]
["2017-02-01","ASFALTOS DILUÍDOS CM-30","Mato Grosso",2.7731096434953502]
["2017-02-01","ASFALTOS DILUÍDOS CM-30","Mato Grosso do Sul","-"]
["2017-02-01","ASFALTOS DILUÍDOS CM-30","Minas Gerais",2.5819261618305398]
["2017-02-01","ASFALTOS DILUÍDOS CM-30","Pará","-"]
["2017-02-01","ASFALTOS DILUÍDOS CM-30","Paraíba","-"]
["2017-02-01","ASFALTOS DILUÍDOS CM-30","Paraná",2.54199594667823]
["2017-02-01","ASFALTOS DILUÍDOS CM-30","Pernambuco","-"]
["2017-02-01","ASFALTOS DILUÍDOS CM-30","Piauí","-"]
["2017-02-01","ASFALTOS DILUÍDOS CM-30","Rio de Janeiro","-"]
["2017-02-01","ASFALTOS DILUÍDOS CM-30","Rio Grande do Norte","-"]
["2017-02-01","ASFALTOS DILUÍDOS CM-30","Rio Grande do Sul",2.2606895837957799]
["2017-02-01","ASFALTOS DILUÍDOS CM-30","Rondônia","-"]
["2017-02-01","ASFALTOS DILUÍDOS CM-30","Roraima","-"]
["2017-02-01","ASFALTOS DILUÍDOS CM-30","Santa Catarina","-"]
["2017-02-01","ASFALTOS DILUÍDOS CM-30","São Paulo",2.55418874692664]
["2017-02-01","ASFALTOS DILUÍDOS CM-30","Sergipe","-"]
["2017-02-01","ASFALTOS DILUÍDOS CM-30","Tocantins","-"]
["2017-03-01","ASFALTOS DILUÍDOS CM-30","Acre","-"]
["2017-03-01","ASFALTOS DILUÍDOS CM-30","Alagoas","-"]
["2017-03-01","ASFALTOS DILUÍDOS CM-30","Amapá","-"]
["2017-03-01","ASFALTOS DILUÍDOS CM-30","Amazonas","-"]
["2017-03-01","ASFALTOS DILUÍDOS CM-30","Bahia",2.80708220166296]
["2017-03-01","ASFALTOS DILUÍDOS CM-30","Ceará",2.3073185749652798]
["2017-03-01","ASFALTOS DILUÍDOS CM-30","Distrito Federal","-"]
["2017-03-01","ASFALTOS DILUÍDOS CM-30","Espírito Santo","-"]
["2017-03-01","ASFALTOS DILUÍDOS CM-30","Goiás","-"]
["2017-03-01","ASFALTOS DILUÍDOS CM-30","Maranhão","-"]
["2017-03-01","ASFALTOS DILUÍDOS CM-30","Mato Grosso",2.7880354710071198]
["2017-03-01","ASFALTOS DILUÍDOS CM-30","Mato Grosso do Sul","-"]
["2017-03-01","ASFALTOS DILUÍDOS CM-30","Minas Gerais",2.3507018286946701]
["2017-03-01","ASFALTOS DILUÍDOS CM-30","Pará","-"]
["2017-03-01","ASFALTOS DILUÍDOS CM-30","Paraíba","-"]
["2017-03-01","ASFALTOS DILUÍDOS CM-30","Paraná",2.39121265913723]
["2017-03-01","ASFALTOS DILUÍDOS CM-30","Pernambuco","-"]
["2017-03-01","ASFALTOS DILUÍDOS CM-30","Piauí","-"]
["2017-03-01","ASFALTOS DILUÍDOS CM-30","Rio de Janeiro",2.28054685417804]
["2017-03-01","ASFALTOS DILUÍDOS CM-30","Rio Grande do Norte","-"]
["2017-03-01","ASFALTOS DILUÍDOS CM-30","Rio Grande do Sul",2.23865221739534]
["2017-03-01","ASFALTOS DILUÍDOS CM-30","Rondônia","-"]
["2017-03-01","ASFALTOS DILUÍDOS CM-30","Roraima","-"]
["2017-03-01","ASFALTOS DILUÍDOS CM-30","Santa Catarina","-"]
["2017-03-01","ASFALTOS DILUÍDOS CM-30","São Paulo",2.5084269679051601]
["2017-03-01","ASFALTOS DILUÍDOS CM-30","Sergipe","-"]
["2017-03-01","ASFALTOS DILUÍDOS CM-30","Tocantins","-"]
["2017-04-01","ASFALTOS DILUÍDOS CM-30","Acre","-"]
["2017-04-01","ASFALTOS DILUÍDOS CM-30","Alagoas","-"]
["2017-04-01","ASFALTOS DILUÍDOS CM-30","Amapá","-"]
["2017-04-01","ASFALTOS DILUÍDOS CM-30","Amazonas",2.4379095337222298]
["2017-04-01","ASFALTOS DILUÍDOS CM-30","Bahia","-"]
["2017-04-01","ASFALTOS DILUÍDOS CM-30","Ceará",2.2128107534674899]
["2017-04-01","ASFALTOS DILUÍDOS CM-30","Distrito Federal","-"]
["2017-04-01","ASFALTOS DILUÍDOS CM-30","Espírito Santo","-"]
["2017-04-01","ASFALTOS DILUÍDOS CM-30","Goiás",2.9329097686984]
["2017-04-01","ASFALTOS DILUÍDOS CM-30","Maranhão","-"]
["2017-04-01","ASFALTOS DILUÍDOS CM-30","Mato Grosso",2.6034040154984099]
["2017-04-01","ASFALTOS DILUÍDOS CM-30","Mato Grosso do Sul","-"]
["2017-04-01","ASFALTOS DILUÍDOS CM-30","Minas Gerais",2.22790086867579]
["2017-04-01","ASFALTOS DILUÍDOS CM-30","Pará","-"]
["2017-04-01","ASFALTOS DILUÍDOS CM-30","Paraíba","-"]
["2017-04-01","ASFALTOS DILUÍDOS CM-30","Paraná",2.2554913928021101]
["2017-04-01","ASFALTOS DILUÍDOS CM-30","Pernambuco","-"]
["2017-04-01","ASFALTOS DILUÍDOS CM-30","Piauí","-"]
["2017-04-01","ASFALTOS DILUÍDOS CM-30","Rio de Janeiro","-"]
["2017-04-01","ASFALTOS DILUÍDOS CM-30","Rio Grande do Norte","-"]
["2017-04-01","ASFALTOS DILUÍDOS CM-30","Rio Grande do Sul",2.2572162282663299]
["2017-04-01","ASFALTOS DILUÍDOS CM-30","Rondônia","-"]
["2017-04-01","ASFALTOS DILUÍDOS CM-30","Roraima","-"]
["2017-04-01","ASFALTOS DILUÍDOS CM-30","Santa Catarina","-"]
["2017-04-01","ASFALTOS DILUÍDOS CM-30","São Paulo",2.5460269244089599]
["2017-04-01","ASFALTOS DILUÍDOS CM-30","Sergipe","-"]
["2017-04-01","ASFALTOS DILUÍDOS CM-30","Tocantins","-"]
["2017-05-01","ASFALTOS DILUÍDOS CM-30","Acre","-"]
["2017-05-01","ASFALTOS DILUÍDOS CM-30","Alagoas","-"]
["2017-05-01","ASFALTOS DILUÍDOS CM-30","Amapá","-"]
["2017-05-01","ASFALTOS DILUÍDOS CM-30","Amazonas",2.1072414588415702]
["2017-05-01","ASFALTOS DILUÍDOS CM-30","Bahia",2.8255076173726899]
["2017-05-01","ASFALTOS DILUÍDOS CM-30","Ceará",2.1232136956115499]
["2017-05-01","ASFALTOS DILUÍDOS CM-30","Distrito Federal","-"]
["2017-05-01","ASFALTOS DILUÍDOS CM-30","Espírito Santo","-"]
["2017-05-01","ASFALTOS DILUÍDOS CM-30","Goiás","-"]
["2017-05-01","ASFALTOS DILUÍDOS CM-30","Maranhão","-"]
["2017-05-01","ASFALTOS DILUÍDOS CM-30","Mato Grosso",2.6509194930537499]
["2017-05-01","ASFALTOS DILUÍDOS CM-30","Mato Grosso do Sul","-"]
["2017-05-01","ASFALTOS DILUÍDOS CM-30","Minas Gerais",2.21155166942484]
["2017-05-01","ASFALTOS DILUÍDOS CM-30","Pará","-"]
["2017-05-01","ASFALTOS DILUÍDOS CM-30","Paraíba","-"]
["2017-05-01","ASFALTOS DILUÍDOS CM-30","Paraná",2.2482531859736001]
["2017-05-01","ASFALTOS DILUÍDOS CM-30","Pernambuco","-"]
["2017-05-01","ASFALTOS DILUÍDOS CM-30","Piauí","-"]
["2017-05-01","ASFALTOS DILUÍDOS CM-30","Rio de Janeiro",2.04979930631333]
["2017-05-01","ASFALTOS DILUÍDOS CM-30","Rio Grande do Norte","-"]
["2017-05-01","ASFALTOS DILUÍDOS CM-30","Rio Grande do Sul",2.1673345511727899]
["2017-05-01","ASFALTOS DILUÍDOS CM-30","Rondônia","-"]
["2017-05-01","ASFALTOS DILUÍDOS CM-30","Roraima","-"]
["2017-05-01","ASFALTOS DILUÍDOS CM-30","Santa Catarina","-"]
["2017-05-01","ASFALTOS DILUÍDOS CM-30","São Paulo",2.4310485580011898]
["2017-05-01","ASFALTOS DILUÍDOS CM-30","Sergipe","-"]
["2017-05-01","ASFALTOS DILUÍDOS CM-30","Tocantins","-"]
["2017-06-01","ASFALTOS DILUÍDOS CM-30","Acre","-"]
["2017-06-01","ASFALTOS DILUÍDOS CM-30","Alagoas","-"]
["2017-06-01","ASFALTOS DILUÍDOS CM-30","Amapá","-"]
["2017-06-01","ASFALTOS DILUÍDOS CM-30","Amazonas",2.1914498809123799]
["2017-06-01","ASFALTOS DILUÍDOS CM-30","Bahia",2.66915663002748]
["2017-06-01","ASFALTOS DILUÍDOS CM-30","Ceará",2.1496881129872598]
["2017-06-01","ASFALTOS DILUÍDOS CM-30","Distrito Federal","-"]
["2017-06-01","ASFALTOS DILUÍDOS CM-30","Espírito Santo","-"]
["2017-06-01","ASFALTOS DILUÍDOS CM-30","Goiás",2.8652699667413599]
["2017-06-01","ASFALTOS DILUÍDOS CM-30","Maranhão","-"]
["2017-06-01","ASFALTOS DILUÍDOS CM-30","Mato Grosso",2.6906001056943198]
["2017-06-01","ASFALTOS DILUÍDOS CM-30","Mato Grosso do Sul","-"]
["2017-06-01","ASFALTOS DILUÍDOS CM-30","Minas Gerais",2.1995635974369798]
["2017-06-01","ASFALTOS DILUÍDOS CM-30","Pará","-"]
["2017-06-01","ASFALTOS DILUÍDOS CM-30","Paraíba","-"]
["2017-06-01","ASFALTOS DILUÍDOS CM-30","Paraná",2.3662771826357698]
["2017-06-01","ASFALTOS DILUÍDOS CM-30","Pernambuco","-"]
["2017-06-01","ASFALTOS DILUÍDOS CM-30","Piauí","-"]
["2017-06-01","ASFALTOS DILUÍDOS CM-30","Rio de Janeiro",2.12218754138945]
["2017-06-01","ASFALTOS DILUÍDOS CM-30","Rio Grande do Norte","-"]
["2017-06-01","ASFALTOS DILUÍDOS CM-30","Rio Grande do Sul",2.2665980885976702]
["2017-06-01","ASFALTOS DILUÍDOS CM-30","Rondônia","-"]
["2017-06-01","ASFALTOS DILUÍDOS CM-30","Roraima","-"]
["2017-06-01","ASFALTOS DILUÍDOS CM-30","Santa Catarina","-"]
["2017-06-01","ASFALTOS DILUÍDOS CM-30","São Paulo",2.3429759037194802]
["2017-06-01","ASFALTOS DILUÍDOS CM-30","Sergipe","-"]
["2017-06-01","ASFALTOS DILUÍDOS CM-30","Tocantins","-"]
["2017-07-01","ASFALTOS DILUÍDOS CM-30","Acre","-"]
["2017-07-01","ASFALTOS DILUÍDOS CM-30","Alagoas","-"]
["2017-07-01","ASFALTOS DILUÍDOS CM-30","Amapá","-"]
["2017-07-01","ASFALTOS DILUÍDOS CM-30","Amazonas",2.3430741722241302]
["2017-07-01","ASFALTOS DILUÍDOS CM-30","Bahia","-"]
["2017-07-01","ASFALTOS DILUÍDOS CM-30","Ceará",2.2049699275262098]
["2017-07-01","ASFALTOS DILUÍDOS CM-30","Distrito Federal","-"]
["2017-07-01","ASFALTOS DILUÍDOS CM-30","Espírito Santo","-"]
["2017-07-01","ASFALTOS DILUÍDOS CM-30","Goiás","-"]
["2017-07-01","ASFALTOS DILUÍDOS CM-30","Maranhão","-"]
["2017-07-01","ASFALTOS DILUÍDOS CM-30","Mato Grosso",2.6621260012070902]
["2017-07-01","ASFALTOS DILUÍDOS CM-30","Mato Grosso do Sul","-"]
["2017-07-01","ASFALTOS DILUÍDOS CM-30","Minas Gerais",2.4534135084238202]
["2017-07-01","ASFALTOS DILUÍDOS CM-30","Pará","-"]
["2017-07-01","ASFALTOS DILUÍDOS CM-30","Paraíba","-"]
["2017-07-01","ASFALTOS DILUÍDOS CM-30","Paraná",2.3514182303853999]
["2017-07-01","ASFALTOS DILUÍDOS CM-30","Pernambuco","-"]
["2017-07-01","ASFALTOS DILUÍDOS CM-30","Piauí","-"]
["2017-07-01","ASFALTOS DILUÍDOS CM-30","Rio de Janeiro","-"]
["2017-07-01","ASFALTOS DILUÍDOS CM-30","Rio Grande do Norte","-"]
["2017-07-01","ASFALTOS DILUÍDOS CM-30","Rio Grande do Sul",2.2122317787802799]
["2017-07-01","ASFALTOS DILUÍDOS CM-30","Rondônia","-"]
["2017-07-01","ASFALTOS DILUÍDOS CM-30","Roraima","-"]
["2017-07-01","ASFALTOS DILUÍDOS CM-30","Santa Catarina","-"]
["2017-07-01","ASFALTOS DILUÍDOS CM-30","São Paulo",2.33472958518648]
["2017-07-01","ASFALTOS DILUÍDOS CM-30","Sergipe","-"]
["2017-07-01","ASFALTOS DILUÍDOS CM-30","Tocantins","-"]
["2017-08-01","ASFALTOS DILUÍDOS CM-30","Acre","-"]
["2017-08-01","ASFALTOS DILUÍDOS CM-30","Alagoas","-"]
["2017-08-01","ASFALTOS DILUÍDOS CM-30","Amapá","-"]
["2017-08-01","ASFALTOS DILUÍDOS CM-30","Amazonas",2.2035632961867]
["2017-08-01","ASFALTOS DILUÍDOS CM-30","Bahia","-"]
["2017-08-01","ASFALTOS DILUÍDOS CM-30","Ceará",2.1351537238509102]
["2017-08-01","ASFALTOS DILUÍDOS CM-30","Distrito Federal","-"]
["2017-08-01","ASFALTOS DILUÍDOS CM-30","Espírito Santo","-"]
["2017-08-01","ASFALTOS DILUÍDOS CM-30","Goiás",2.6408628105674601]
["2017-08-01","ASFALTOS DILUÍDOS CM-30","Maranhão","-"]
["2017-08-01","ASFALTOS DILUÍDOS CM-30","Mato Grosso",2.6210476772710898]
["2017-08-01","ASFALTOS DILUÍDOS CM-30","Mato Grosso do Sul","-"]
["2017-08-01","ASFALTOS DILUÍDOS CM-30","Minas Gerais",2.3778984391475402]
["2017-08-01","ASFALTOS DILUÍDOS CM-30","Pará",2.7005776462557498]
["2017-08-01","ASFALTOS DILUÍDOS CM-30","Paraíba","-"]
["2017-08-01","ASFALTOS DILUÍDOS CM-30","Paraná",2.1018217767356702]
["2017-08-01","ASFALTOS DILUÍDOS CM-30","Pernambuco","-"]
["2017-08-01","ASFALTOS DILUÍDOS CM-30","Piauí","-"]
["2017-08-01","ASFALTOS DILUÍDOS CM-30","Rio de Janeiro","-"]
["2017-08-01","ASFALTOS DILUÍDOS CM-30","Rio Grande do Norte","-"]
["2017-08-01","ASFALTOS DILUÍDOS CM-30","Rio Grande do Sul",2.22454101405933]
["2017-08-01","ASFALTOS DILUÍDOS CM-30","Rondônia","-"]
["2017-08-01","ASFALTOS DILUÍDOS CM-30","Roraima","-"]
["2017-08-01","ASFALTOS DILUÍDOS CM-30","Santa Catarina","-"]
["2017-08-01","ASFALTOS DILUÍDOS CM-30","São Paulo",2.2125572921988002]
["2017-08-01","ASFALTOS DILUÍDOS CM-30","Sergipe","-"]
["2017-08-01","ASFALTOS DILUÍDOS CM-30","Tocantins","-"]
["2017-09-01","ASFALTOS DILUÍDOS CM-30","Acre","-"]
["2017-09-01","ASFALTOS DILUÍDOS CM-30","Alagoas","-"]
["2017-09-01","ASFALTOS DILUÍDOS CM-30","Amapá","-"]
["2017-09-01","ASFALTOS DILUÍDOS CM-30","Amazonas",2.3313814246144302]
["2017-09-01","ASFALTOS DILUÍDOS CM-30","Bahia","-"]
["2017-09-01","ASFALTOS DILUÍDOS CM-30","Ceará",2.1213200204992901]
["2017-09-01","ASFALTOS DILUÍDOS CM-30","Distrito Federal","-"]
["2017-09-01","ASFALTOS DILUÍDOS CM-30","Espírito Santo","-"]
["2017-09-01","ASFALTOS DILUÍDOS CM-30","Goiás",2.6367790282924002]
["2017-09-01","ASFALTOS DILUÍDOS CM-30","Maranhão","-"]
["2017-09-01","ASFALTOS DILUÍDOS CM-30","Mato Grosso",2.6973094634419099]
["2017-09-01","ASFALTOS DILUÍDOS CM-30","Mato Grosso do Sul","-"]
["2017-09-01","ASFALTOS DILUÍDOS CM-30","Minas Gerais",2.5108870171893898]
["2017-09-01","ASFALTOS DILUÍDOS CM-30","Pará",2.70903992307331]
["2017-09-01","ASFALTOS DILUÍDOS CM-30","Paraíba","-"]
["2017-09-01","ASFALTOS DILUÍDOS CM-30","Paraná",2.3966583600605902]
["2017-09-01","ASFALTOS DILUÍDOS CM-30","Pernambuco","-"]
["2017-09-01","ASFALTOS DILUÍDOS CM-30","Piauí","-"]
["2017-09-01","ASFALTOS DILUÍDOS CM-30","Rio de Janeiro","-"]
["2017-09-01","ASFALTOS DILUÍDOS CM-30","Rio Grande do Norte","-"]
["2017-09-01","ASFALTOS DILUÍDOS CM-30","Rio Grande do Sul",2.1912136176600701]
["2017-09-01","ASFALTOS DILUÍDOS CM-30","Rondônia","-"]
["2017-09-01","ASFALTOS DILUÍDOS CM-30","Roraima","-"]
["2017-09-01","ASFALTOS DILUÍDOS CM-30","Santa Catarina","-"]
["2017-09-01","ASFALTOS DILUÍDOS CM-30","São Paulo",2.3097402254780901]
["2017-09-01","ASFALTOS DILUÍDOS CM-30","Sergipe","-"]
["2017-09-01","ASFALTOS DILUÍDOS CM-30","Tocantins","-"]
["2017-10-01","ASFALTOS DILUÍDOS CM-30","Acre","-"]
["2017-10-01","ASFALTOS DILUÍDOS CM-30","Alagoas","-"]
["2017-10-01","ASFALTOS DILUÍDOS CM-30","Amapá","-"]
["2017-10-01","ASFALTOS DILUÍDOS CM-30","Amazonas",2.2091843585441402]
["2017-10-01","ASFALTOS DILUÍDOS CM-30","Bahia","-"]
["2017-10-01","ASFALTOS DILUÍDOS CM-30","Ceará",2.16023775416547]
["2017-10-01","ASFALTOS DILUÍDOS CM-30","Distrito Federal","-"]
["2017-10-01","ASFALTOS DILUÍDOS CM-30","Espírito Santo","-"]
["2017-10-01","ASFALTOS DILUÍDOS CM-30","Goiás",2.54821660178037]
["2017-10-01","ASFALTOS DILUÍDOS CM-30","Maranhão","-"]
["2017-10-01","ASFALTOS DILUÍDOS CM-30","Mato Grosso",2.7848612850779202]
["2017-10-01","ASFALTOS DILUÍDOS CM-30","Mato Grosso do Sul","-"]
["2017-10-01","ASFALTOS DILUÍDOS CM-30","Minas Gerais",2.6378402947764998]
["2017-10-01","ASFALTOS DILUÍDOS CM-30","Pará","-"]
["2017-10-01","ASFALTOS DILUÍDOS CM-30","Paraíba","-"]
["2017-10-01","ASFALTOS DILUÍDOS CM-30","Paraná",2.21648026531222]
["2017-10-01","ASFALTOS DILUÍDOS CM-30","Pernambuco","-"]
["2017-10-01","ASFALTOS DILUÍDOS CM-30","Piauí","-"]
["2017-10-01","ASFALTOS DILUÍDOS CM-30","Rio de Janeiro","-"]
["2017-10-01","ASFALTOS DILUÍDOS CM-30","Rio Grande do Norte","-"]
["2017-10-01","ASFALTOS DILUÍDOS CM-30","Rio Grande do Sul",2.1731030244417102]
["2017-10-01","ASFALTOS DILUÍDOS CM-30","Rondônia","-"]
["2017-10-01","ASFALTOS DILUÍDOS CM-30","Roraima","-"]
["2017-10-01","ASFALTOS DILUÍDOS CM-30","Santa Catarina","-"]
["2017-10-01","ASFALTOS DILUÍDOS CM-30","São Paulo",2.20409388606073]
["2017-10-01","ASFALTOS DILUÍDOS CM-30","Sergipe","-"]
["2017-10-01","ASFALTOS DILUÍDOS CM-30","Tocantins","-"]
["2017-11-01","ASFALTOS DILUÍDOS CM-30","Acre","-"]
["2017-11-01","ASFALTOS DILUÍDOS CM-30","Alagoas","-"]
["2017-11-01","ASFALTOS DILUÍDOS CM-30","Amapá","-"]
["2017-11-01","ASFALTOS DILUÍDOS CM-30","Amazonas",2.3845668336706201]
["2017-11-01","ASFALTOS DILUÍDOS CM-30","Bahia","-"]
["2017-11-01","ASFALTOS DILUÍDOS CM-30","Ceará",2.3883317473788201]
["2017-11-01","ASFALTOS DILUÍDOS CM-30","Distrito Federal","-"]
["2017-11-01","ASFALTOS DILUÍDOS CM-30","Espírito Santo","-"]
["2017-11-01","ASFALTOS DILUÍDOS CM-30","Goiás",2.9942342482453199]
["2017-11-01","ASFALTOS DILUÍDOS CM-30","Maranhão","-"]
["2017-11-01","ASFALTOS DILUÍDOS CM-30","Mato Grosso",2.8890161775549301]
["2017-11-01","ASFALTOS DILUÍDOS CM-30","Mato Grosso do Sul","-"]
["2017-11-01","ASFALTOS DILUÍDOS CM-30","Minas Gerais",2.5727077361724602]
["2017-11-01","ASFALTOS DILUÍDOS CM-30","Pará",2.7305834766489601]
["2017-11-01","ASFALTOS DILUÍDOS CM-30","Paraíba","-"]
["2017-11-01","ASFALTOS DILUÍDOS CM-30","Paraná",2.4817734287475401]
["2017-11-01","ASFALTOS DILUÍDOS CM-30","Pernambuco","-"]
["2017-11-01","ASFALTOS DILUÍDOS CM-30","Piauí","-"]
["2017-11-01","ASFALTOS DILUÍDOS CM-30","Rio de Janeiro","-"]
["2017-11-01","ASFALTOS DILUÍDOS CM-30","Rio Grande do Norte","-"]
["2017-11-01","ASFALTOS DILUÍDOS CM-30","Rio Grande do Sul",2.3295898682450802]
["2017-11-01","ASFALTOS DILUÍDOS CM-30","Rondônia","-"]
["2017-11-01","ASFALTOS DILUÍDOS CM-30","Roraima","-"]
["2017-11-01","ASFALTOS DILUÍDOS CM-30","Santa Catarina","-"]
["2017-11-01","ASFALTOS DILUÍDOS CM-30","São Paulo",2.6140330131825]
["2017-11-01","ASFALTOS DILUÍDOS CM-30","Sergipe","-"]
["2017-11-01","ASFALTOS DILUÍDOS CM-30","Tocantins","-"]
["2017-12-01","ASFALTOS DILUÍDOS CM-30","Acre","-"]
["2017-12-01","ASFALTOS DILUÍDOS CM-30","Alagoas","-"]
["2017-12-01","ASFALTOS DILUÍDOS CM-30","Amapá","-"]
["2017-12-01","ASFALTOS DILUÍDOS CM-30","Amazonas",2.33431616593914]
["2017-12-01","ASFALTOS DILUÍDOS CM-30","Bahia","-"]
["2017-12-01","ASFALTOS DILUÍDOS CM-30","Ceará",2.4048099862247101]
["2017-12-01","ASFALTOS DILUÍDOS CM-30","Distrito Federal","-"]
["2017-12-01","ASFALTOS DILUÍDOS CM-30","Espírito Santo","-"]
["2017-12-01","ASFALTOS DILUÍDOS CM-30","Goiás","-"]
["2017-12-01","ASFALTOS DILUÍDOS CM-30","Maranhão","-"]
["2017-12-01","ASFALTOS DILUÍDOS CM-30","Mato Grosso",3.0400681246400199]
["2017-12-01","ASFALTOS DILUÍDOS CM-30","Mato Grosso do Sul","-"]
["2017-12-01","ASFALTOS DILUÍDOS CM-30","Minas Gerais",2.7240121730986502]
["2017-12-01","ASFALTOS DILUÍDOS CM-30","Pará","-"]
["2017-12-01","ASFALTOS DILUÍDOS CM-30","Paraíba","-"]
["2017-12-01","ASFALTOS DILUÍDOS CM-30","Paraná",2.43977888542251]
["2017-12-01","ASFALTOS DILUÍDOS CM-30","Pernambuco","-"]
["2017-12-01","ASFALTOS DILUÍDOS CM-30","Piauí","-"]
["2017-12-01","ASFALTOS DILUÍDOS CM-30","Rio de Janeiro","-"]
["2017-12-01","ASFALTOS DILUÍDOS CM-30","Rio Grande do Norte","-"]
["2017-12-01","ASFALTOS DILUÍDOS CM-30","Rio Grande do Sul",2.39571229164215]
["2017-12-01","ASFALTOS DILUÍDOS CM-30","Rondônia","-"]
["2017-12-01","ASFALTOS DILUÍDOS CM-30","Roraima","-"]
["2017-12-01","ASFALTOS DILUÍDOS CM-30","Santa Catarina","-"]
["2017-12-01","ASFALTOS DILUÍDOS CM-30","São Paulo",2.5688433802616899]
["2017-12-01","ASFALTOS DILUÍDOS CM-30","Sergipe","-"]
["2017-12-01","ASFALTOS DILUÍDOS CM-30","Tocantins","-"]
["2018-01-01","ASFALTOS DILUÍDOS CM-30","Acre","-"]
["2018-01-01","ASFALTOS DILUÍDOS CM-30","Alagoas","-"]
["2018-01-01","ASFALTOS DILUÍDOS CM-30","Amapá","-"]
["2018-01-01","ASFALTOS DILUÍDOS CM-30","Amazonas",2.8296097314706099]
["2018-01-01","ASFALTOS DILUÍDOS CM-30","Bahia",2.6390775075266899]
["2018-01-01","ASFALTOS DILUÍDOS CM-30","Ceará",2.6594696460134299]
["2018-01-01","ASFALTOS DILUÍDOS CM-30","Distrito Federal","-"]
["2018-01-01","ASFALTOS DILUÍDOS CM-30","Espírito Santo","-"]
["2018-01-01","ASFALTOS DILUÍDOS CM-30","Goiás","-"]
["2018-01-01","ASFALTOS DILUÍDOS CM-30","Maranhão","-"]
["2018-01-01","ASFALTOS DILUÍDOS CM-30","Mato Grosso",2.9353776201156898]
["2018-01-01","ASFALTOS DILUÍDOS CM-30","Mato Grosso do Sul","-"]
["2018-01-01","ASFALTOS DILUÍDOS CM-30","Minas Gerais",2.7077414103788602]
["2018-01-01","ASFALTOS DILUÍDOS CM-30","Pará","-"]
["2018-01-01","ASFALTOS DILUÍDOS CM-30","Paraíba","-"]
["2018-01-01","ASFALTOS DILUÍDOS CM-30","Paraná",2.7148437604254201]
["2018-01-01","ASFALTOS DILUÍDOS CM-30","Pernambuco","-"]
["2018-01-01","ASFALTOS DILUÍDOS CM-30","Piauí","-"]
["2018-01-01","ASFALTOS DILUÍDOS CM-30","Rio de Janeiro","-"]
["2018-01-01","ASFALTOS DILUÍDOS CM-30","Rio Grande do Norte","-"]
["2018-01-01","ASFALTOS DILUÍDOS CM-30","Rio Grande do Sul",2.4958208532309198]
["2018-01-01","ASFALTOS DILUÍDOS CM-30","Rondônia","-"]
["2018-01-01","ASFALTOS DILUÍDOS CM-30","Roraima","-"]
["2018-01-01","ASFALTOS DILUÍDOS CM-30","Santa Catarina","-"]
["2018-01-01","ASFALTOS DILUÍDOS CM-30","São Paulo",2.5734313176188599]
["2018-01-01","ASFALTOS DILUÍDOS CM-30","Sergipe","-"]
["2018-01-01","ASFALTOS DILUÍDOS CM-30","Tocantins","-"]
["2018-02-01","ASFALTOS DILUÍDOS CM-30","Acre","-"]
["2018-02-01","ASFALTOS DILUÍDOS CM-30","Alagoas","-"]
["2018-02-01","ASFALTOS DILUÍDOS CM-30","Amapá","-"]
["2018-02-01","ASFALTOS DILUÍDOS CM-30","Amazonas",2.7677157537344099]
["2018-02-01","ASFALTOS DILUÍDOS CM-30","Bahia","-"]
["2018-02-01","ASFALTOS DILUÍDOS CM-30","Ceará",2.6714016746815998]
["2018-02-01","ASFALTOS DILUÍDOS CM-30","Distrito Federal","-"]
["2018-02-01","ASFALTOS DILUÍDOS CM-30","Espírito Santo","-"]
["2018-02-01","ASFALTOS DILUÍDOS CM-30","Goiás","-"]
["2018-02-01","ASFALTOS DILUÍDOS CM-30","Maranhão","-"]
["2018-02-01","ASFALTOS DILUÍDOS CM-30","Mato Grosso",3.4155191774270701]
["2018-02-01","ASFALTOS DILUÍDOS CM-30","Mato Grosso do Sul","-"]
["2018-02-01","ASFALTOS DILUÍDOS CM-30","Minas Gerais",2.5914875887944002]
["2018-02-01","ASFALTOS DILUÍDOS CM-30","Pará","-"]
["2018-02-01","ASFALTOS DILUÍDOS CM-30","Paraíba","-"]
["2018-02-01","ASFALTOS DILUÍDOS CM-30","Paraná",2.60212143492351]
["2018-02-01","ASFALTOS DILUÍDOS CM-30","Pernambuco","-"]
["2018-02-01","ASFALTOS DILUÍDOS CM-30","Piauí","-"]
["2018-02-01","ASFALTOS DILUÍDOS CM-30","Rio de Janeiro","-"]
["2018-02-01","ASFALTOS DILUÍDOS CM-30","Rio Grande do Norte","-"]
["2018-02-01","ASFALTOS DILUÍDOS CM-30","Rio Grande do Sul",2.5200169090270501]
["2018-02-01","ASFALTOS DILUÍDOS CM-30","Rondônia","-"]
["2018-02-01","ASFALTOS DILUÍDOS CM-30","Roraima","-"]
["2018-02-01","ASFALTOS DILUÍDOS CM-30","Santa Catarina","-"]
["2018-02-01","ASFALTOS DILUÍDOS CM-30","São Paulo",2.64922819705719]
["2018-02-01","ASFALTOS DILUÍDOS CM-30","Sergipe","-"]
["2018-02-01","ASFALTOS DILUÍDOS CM-30","Tocantins","-"]
["2018-03-01","ASFALTOS DILUÍDOS CM-30","Acre","-"]
["2018-03-01","ASFALTOS DILUÍDOS CM-30","Alagoas","-"]
["2018-03-01","ASFALTOS DILUÍDOS CM-30","Amapá","-"]
["2018-03-01","ASFALTOS DILUÍDOS CM-30","Amazonas","-"]
["2018-03-01","ASFALTOS DILUÍDOS CM-30","Bahia","-"]
["2018-03-01","ASFALTOS DILUÍDOS CM-30","Ceará",2.5305352367021698]
["2018-03-01","ASFALTOS DILUÍDOS CM-30","Distrito Federal","-"]
["2018-03-01","ASFALTOS DILUÍDOS CM-30","Espírito Santo","-"]
["2018-03-01","ASFALTOS DILUÍDOS CM-30","Goiás",2.57230756188916]
["2018-03-01","ASFALTOS DILUÍDOS CM-30","Maranhão","-"]
["2018-03-01","ASFALTOS DILUÍDOS CM-30","Mato Grosso","-"]
["2018-03-01","ASFALTOS DILUÍDOS CM-30","Mato Grosso do Sul","-"]
["2018-03-01","ASFALTOS DILUÍDOS CM-30","Minas Gerais",2.5803170789611798]
["2018-03-01","ASFALTOS DILUÍDOS CM-30","Pará","-"]
["2018-03-01","ASFALTOS DILUÍDOS CM-30","Paraíba","-"]
["2018-03-01","ASFALTOS DILUÍDOS CM-30","Paraná",2.6388981150381201]
["2018-03-01","ASFALTOS DILUÍDOS CM-30","Pernambuco","-"]
["2018-03-01","ASFALTOS DILUÍDOS CM-30","Piauí","-"]
["2018-03-01","ASFALTOS DILUÍDOS CM-30","Rio de Janeiro","-"]
["2018-03-01","ASFALTOS DILUÍDOS CM-30","Rio Grande do Norte","-"]
["2018-03-01","ASFALTOS DILUÍDOS CM-30","Rio Grande do Sul",2.53921073122312]
["2018-03-01","ASFALTOS DILUÍDOS CM-30","Rondônia","-"]
["2018-03-01","ASFALTOS DILUÍDOS CM-30","Roraima","-"]
["2018-03-01","ASFALTOS DILUÍDOS CM-30","Santa Catarina","-"]
["2018-03-01","ASFALTOS DILUÍDOS CM-30","São Paulo",2.5654464302248798]
["2018-03-01","ASFALTOS DILUÍDOS CM-30","Sergipe","-"]
["2018-03-01","ASFALTOS DILUÍDOS CM-30","Tocantins","-"]
["2018-04-01","ASFALTOS DILUÍDOS CM-30","Acre","-"]
["2018-04-01","ASFALTOS DILUÍDOS CM-30","Alagoas","-"]
["2018-04-01","ASFALTOS DILUÍDOS CM-30","Amapá","-"]
["2018-04-01","ASFALTOS DILUÍDOS CM-30","Amazonas","-"]
["2018-04-01","ASFALTOS DILUÍDOS CM-30","Bahia","-"]
["2018-04-01","ASFALTOS DILUÍDOS CM-30","Ceará",2.5690595772621401]
["2018-04-01","ASFALTOS DILUÍDOS CM-30","Distrito Federal","-"]
["2018-04-01","ASFALTOS DILUÍDOS CM-30","Espírito Santo","-"]
["2018-04-01","ASFALTOS DILUÍDOS CM-30","Goiás","-"]
["2018-04-01","ASFALTOS DILUÍDOS CM-30","Maranhão","-"]
["2018-04-01","ASFALTOS DILUÍDOS CM-30","Mato Grosso",3.0150090266152501]
["2018-04-01","ASFALTOS DILUÍDOS CM-30","Mato Grosso do Sul","-"]
["2018-04-01","ASFALTOS DILUÍDOS CM-30","Minas Gerais",2.6038937002962399]
["2018-04-01","ASFALTOS DILUÍDOS CM-30","Pará","-"]
["2018-04-01","ASFALTOS DILUÍDOS CM-30","Paraíba","-"]
["2018-04-01","ASFALTOS DILUÍDOS CM-30","Paraná",2.5665385485097501]
["2018-04-01","ASFALTOS DILUÍDOS CM-30","Pernambuco","-"]
["2018-04-01","ASFALTOS DILUÍDOS CM-30","Piauí","-"]
["2018-04-01","ASFALTOS DILUÍDOS CM-30","Rio de Janeiro","-"]
["2018-04-01","ASFALTOS DILUÍDOS CM-30","Rio Grande do Norte","-"]
["2018-04-01","ASFALTOS DILUÍDOS CM-30","Rio Grande do Sul",2.5227317088361199]
["2018-04-01","ASFALTOS DILUÍDOS CM-30","Rondônia","-"]
["2018-04-01","ASFALTOS DILUÍDOS CM-30","Roraima","-"]
["2018-04-01","ASFALTOS DILUÍDOS CM-30","Santa Catarina","-"]
["2018-04-01","ASFALTOS DILUÍDOS CM-30","São Paulo",2.6267079083009599]
["2018-04-01","ASFALTOS DILUÍDOS CM-30","Sergipe","-"]
["2018-04-01","ASFALTOS DILUÍDOS CM-30","Tocantins","-"]
["2018-05-01","ASFALTOS DILUÍDOS CM-30","Acre","-"]
["2018-05-01","ASFALTOS DILUÍDOS CM-30","Alagoas","-"]
["2018-05-01","ASFALTOS DILUÍDOS CM-30","Amapá","-"]
["2018-05-01","ASFALTOS DILUÍDOS CM-30","Amazonas","-"]
["2018-05-01","ASFALTOS DILUÍDOS CM-30","Bahia","-"]
["2018-05-01","ASFALTOS DILUÍDOS CM-30","Ceará",2.67037916053197]
["2018-05-01","ASFALTOS DILUÍDOS CM-30","Distrito Federal","-"]
["2018-05-01","ASFALTOS DILUÍDOS CM-30","Espírito Santo","-"]
["2018-05-01","ASFALTOS DILUÍDOS CM-30","Goiás",2.6850186796693598]
["2018-05-01","ASFALTOS DILUÍDOS CM-30","Maranhão","-"]
["2018-05-01","ASFALTOS DILUÍDOS CM-30","Mato Grosso",3.2947766768306401]
["2018-05-01","ASFALTOS DILUÍDOS CM-30","Mato Grosso do Sul","-"]
["2018-05-01","ASFALTOS DILUÍDOS CM-30","Minas Gerais",2.6930583411764699]
["2018-05-01","ASFALTOS DILUÍDOS CM-30","Pará","-"]
["2018-05-01","ASFALTOS DILUÍDOS CM-30","Paraíba","-"]
["2018-05-01","ASFALTOS DILUÍDOS CM-30","Paraná",2.7220166776716601]
["2018-05-01","ASFALTOS DILUÍDOS CM-30","Pernambuco","-"]
["2018-05-01","ASFALTOS DILUÍDOS CM-30","Piauí","-"]
["2018-05-01","ASFALTOS DILUÍDOS CM-30","Rio de Janeiro","-"]
["2018-05-01","ASFALTOS DILUÍDOS CM-30","Rio Grande do Norte","-"]
["2018-05-01","ASFALTOS DILUÍDOS CM-30","Rio Grande do Sul",2.7692185328116699]
["2018-05-01","ASFALTOS DILUÍDOS CM-30","Rondônia","-"]
["2018-05-01","ASFALTOS DILUÍDOS CM-30","Roraima","-"]
["2018-05-01","ASFALTOS DILUÍDOS CM-30","Santa Catarina","-"]
["2018-05-01","ASFALTOS DILUÍDOS CM-30","São Paulo",2.68734120049016]
["2018-05-01","ASFALTOS DILUÍDOS CM-30","Sergipe","-"]
["2018-05-01","ASFALTOS DILUÍDOS CM-30","Tocantins","-"]
["2018-06-01","ASFALTOS DILUÍDOS CM-30","Acre","-"]
["2018-06-01","ASFALTOS DILUÍDOS CM-30","Alagoas","-"]
["2018-06-01","ASFALTOS DILUÍDOS CM-30","Amapá","-"]
["2018-06-01","ASFALTOS DILUÍDOS CM-30","Amazonas","-"]
["2018-06-01","ASFALTOS DILUÍDOS CM-30","Bahia",3.9829596999099701]
["2018-06-01","ASFALTOS DILUÍDOS CM-30","Ceará",2.82207177352455]
["2018-06-01","ASFALTOS DILUÍDOS CM-30","Distrito Federal","-"]
["2018-06-01","ASFALTOS DILUÍDOS CM-30","Espírito Santo","-"]
["2018-06-01","ASFALTOS DILUÍDOS CM-30","Goiás",3.0409220275377602]
["2018-06-01","ASFALTOS DILUÍDOS CM-30","Maranhão","-"]
["2018-06-01","ASFALTOS DILUÍDOS CM-30","Mato Grosso",3.3874427450109601]
["2018-06-01","ASFALTOS DILUÍDOS CM-30","Mato Grosso do Sul","-"]
["2018-06-01","ASFALTOS DILUÍDOS CM-30","Minas Gerais",2.81935148119257]
["2018-06-01","ASFALTOS DILUÍDOS CM-30","Pará","-"]
["2018-06-01","ASFALTOS DILUÍDOS CM-30","Paraíba","-"]
["2018-06-01","ASFALTOS DILUÍDOS CM-30","Paraná",2.9999996830949902]
["2018-06-01","ASFALTOS DILUÍDOS CM-30","Pernambuco","-"]
["2018-06-01","ASFALTOS DILUÍDOS CM-30","Piauí","-"]
["2018-06-01","ASFALTOS DILUÍDOS CM-30","Rio de Janeiro","-"]
["2018-06-01","ASFALTOS DILUÍDOS CM-30","Rio Grande do Norte","-"]
["2018-06-01","ASFALTOS DILUÍDOS CM-30","Rio Grande do Sul",2.8766923463356999]
["2018-06-01","ASFALTOS DILUÍDOS CM-30","Rondônia","-"]
["2018-06-01","ASFALTOS DILUÍDOS CM-30","Roraima","-"]
["2018-06-01","ASFALTOS DILUÍDOS CM-30","Santa Catarina","-"]
["2018-06-01","ASFALTOS DILUÍDOS CM-30","São Paulo",2.8970185401166999]
["2018-06-01","ASFALTOS DILUÍDOS CM-30","Sergipe","-"]
["2018-06-01","ASFALTOS DILUÍDOS CM-30","Tocantins","-"]
["2018-07-01","ASFALTOS DILUÍDOS CM-30","Acre","-"]
["2018-07-01","ASFALTOS DILUÍDOS CM-30","Alagoas","-"]
["2018-07-01","ASFALTOS DILUÍDOS CM-30","Amapá","-"]
["2018-07-01","ASFALTOS DILUÍDOS CM-30","Amazonas",3.2498407212934901]
["2018-07-01","ASFALTOS DILUÍDOS CM-30","Bahia","-"]
["2018-07-01","ASFALTOS DILUÍDOS CM-30","Ceará",3.0054814489721098]
["2018-07-01","ASFALTOS DILUÍDOS CM-30","Distrito Federal","-"]
["2018-07-01","ASFALTOS DILUÍDOS CM-30","Espírito Santo","-"]
["2018-07-01","ASFALTOS DILUÍDOS CM-30","Goiás",3.1159871802730601]
["2018-07-01","ASFALTOS DILUÍDOS CM-30","Maranhão","-"]
["2018-07-01","ASFALTOS DILUÍDOS CM-30","Mato Grosso",3.7325159531332801]
["2018-07-01","ASFALTOS DILUÍDOS CM-30","Mato Grosso do Sul","-"]
["2018-07-01","ASFALTOS DILUÍDOS CM-30","Minas Gerais",3.0120147230099299]
["2018-07-01","ASFALTOS DILUÍDOS CM-30","Pará","-"]
["2018-07-01","ASFALTOS DILUÍDOS CM-30","Paraíba","-"]
["2018-07-01","ASFALTOS DILUÍDOS CM-30","Paraná",3.2795499850299401]
["2018-07-01","ASFALTOS DILUÍDOS CM-30","Pernambuco","-"]
["2018-07-01","ASFALTOS DILUÍDOS CM-30","Piauí","-"]
["2018-07-01","ASFALTOS DILUÍDOS CM-30","Rio de Janeiro","-"]
["2018-07-01","ASFALTOS DILUÍDOS CM-30","Rio Grande do Norte","-"]
["2018-07-01","ASFALTOS DILUÍDOS CM-30","Rio Grande do Sul",2.9644315188544899]
["2018-07-01","ASFALTOS DILUÍDOS CM-30","Rondônia","-"]
["2018-07-01","ASFALTOS DILUÍDOS CM-30","Roraima","-"]
["2018-07-01","ASFALTOS DILUÍDOS CM-30","Santa Catarina","-"]
["2018-07-01","ASFALTOS DILUÍDOS CM-30","São Paulo",3.1122949301191398]
["2018-07-01","ASFALTOS DILUÍDOS CM-30","Sergipe","-"]
["2018-07-01","ASFALTOS DILUÍDOS CM-30","Tocantins","-"]
["2018-08-01","ASFALTOS DILUÍDOS CM-30","Acre","-"]
["2018-08-01","ASFALTOS DILUÍDOS CM-30","Alagoas","-"]
["2018-08-01","ASFALTOS DILUÍDOS CM-30","Amapá","-"]
["2018-08-01","ASFALTOS DILUÍDOS CM-30","Amazonas",3.4297362657296899]
["2018-08-01","ASFALTOS DILUÍDOS CM-30","Bahia",5.2119298517501704]
["2018-08-01","ASFALTOS DILUÍDOS CM-30","Ceará",3.3082803267785801]
["2018-08-01","ASFALTOS DILUÍDOS CM-30","Distrito Federal","-"]
["2018-08-01","ASFALTOS DILUÍDOS CM-30","Espírito Santo","-"]
["2018-08-01","ASFALTOS DILUÍDOS CM-30","Goiás",3.5604512797943202]
["2018-08-01","ASFALTOS DILUÍDOS CM-30","Maranhão","-"]
["2018-08-01","ASFALTOS DILUÍDOS CM-30","Mato Grosso",3.89209581877508]
["2018-08-01","ASFALTOS DILUÍDOS CM-30","Mato Grosso do Sul","-"]
["2018-08-01","ASFALTOS DILUÍDOS CM-30","Minas Gerais",3.49574521233854]
["2018-08-01","ASFALTOS DILUÍDOS CM-30","Pará","-"]
["2018-08-01","ASFALTOS DILUÍDOS CM-30","Paraíba","-"]
["2018-08-01","ASFALTOS DILUÍDOS CM-30","Paraná",3.3526853406497201]
["2018-08-01","ASFALTOS DILUÍDOS CM-30","Pernambuco","-"]
["2018-08-01","ASFALTOS DILUÍDOS CM-30","Piauí","-"]
["2018-08-01","ASFALTOS DILUÍDOS CM-30","Rio de Janeiro","-"]
["2018-08-01","ASFALTOS DILUÍDOS CM-30","Rio Grande do Norte","-"]
["2018-08-01","ASFALTOS DILUÍDOS CM-30","Rio Grande do Sul",3.3613976442899598]
["2018-08-01","ASFALTOS DILUÍDOS CM-30","Rondônia","-"]
["2018-08-01","ASFALTOS DILUÍDOS CM-30","Roraima","-"]
["2018-08-01","ASFALTOS DILUÍDOS CM-30","Santa Catarina","-"]
["2018-08-01","ASFALTOS DILUÍDOS CM-30","São Paulo",3.33348994244245]
["2018-08-01","ASFALTOS DILUÍDOS CM-30","Sergipe","-"]
["2018-08-01","ASFALTOS DILUÍDOS CM-30","Tocantins","-"]
["2018-09-01","ASFALTOS DILUÍDOS CM-30","Acre","-"]
["2018-09-01","ASFALTOS DILUÍDOS CM-30","Alagoas","-"]
["2018-09-01","ASFALTOS DILUÍDOS CM-30","Amapá","-"]
["2018-09-01","ASFALTOS DILUÍDOS CM-30","Amazonas","-"]
["2018-09-01","ASFALTOS DILUÍDOS CM-30","Bahia",4.7018911439574103]
["2018-09-01","ASFALTOS DILUÍDOS CM-30","Ceará",3.3527405183330301]
["2018-09-01","ASFALTOS DILUÍDOS CM-30","Distrito Federal","-"]
["2018-09-01","ASFALTOS DILUÍDOS CM-30","Espírito Santo","-"]
["2018-09-01","ASFALTOS DILUÍDOS CM-30","Goiás","-"]
["2018-09-01","ASFALTOS DILUÍDOS CM-30","Maranhão","-"]
["2018-09-01","ASFALTOS DILUÍDOS CM-30","Mato Grosso",3.95868419204169]
["2018-09-01","ASFALTOS DILUÍDOS CM-30","Mato Grosso do Sul","-"]
["2018-09-01","ASFALTOS DILUÍDOS CM-30","Minas Gerais",3.3366588100114498]
["2018-09-01","ASFALTOS DILUÍDOS CM-30","Pará",2.9665387918733601]
["2018-09-01","ASFALTOS DILUÍDOS CM-30","Paraíba","-"]
["2018-09-01","ASFALTOS DILUÍDOS CM-30","Paraná",3.7011886126822402]
["2018-09-01","ASFALTOS DILUÍDOS CM-30","Pernambuco","-"]
["2018-09-01","ASFALTOS DILUÍDOS CM-30","Piauí","-"]
["2018-09-01","ASFALTOS DILUÍDOS CM-30","Rio de Janeiro","-"]
["2018-09-01","ASFALTOS DILUÍDOS CM-30","Rio Grande do Norte","-"]
["2018-09-01","ASFALTOS DILUÍDOS CM-30","Rio Grande do Sul",3.4224156424271799]
["2018-09-01","ASFALTOS DILUÍDOS CM-30","Rondônia","-"]
["2018-09-01","ASFALTOS DILUÍDOS CM-30","Roraima","-"]
["2018-09-01","ASFALTOS DILUÍDOS CM-30","Santa Catarina","-"]
["2018-09-01","ASFALTOS DILUÍDOS CM-30","São Paulo",3.4525863891043902]
["2018-09-01","ASFALTOS DILUÍDOS CM-30","Sergipe","-"]
["2018-09-01","ASFALTOS DILUÍDOS CM-30","Tocantins","-"]
["2018-10-01","ASFALTOS DILUÍDOS CM-30","Acre","-"]
["2018-10-01","ASFALTOS DILUÍDOS CM-30","Alagoas","-"]
["2018-10-01","ASFALTOS DILUÍDOS CM-30","Amapá","-"]
["2018-10-01","ASFALTOS DILUÍDOS CM-30","Amazonas","-"]
["2018-10-01","ASFALTOS DILUÍDOS CM-30","Bahia",3.6442821123509002]
["2018-10-01","ASFALTOS DILUÍDOS CM-30","Ceará",3.4328021437376601]
["2018-10-01","ASFALTOS DILUÍDOS CM-30","Distrito Federal","-"]
["2018-10-01","ASFALTOS DILUÍDOS CM-30","Espírito Santo","-"]
["2018-10-01","ASFALTOS DILUÍDOS CM-30","Goiás","-"]
["2018-10-01","ASFALTOS DILUÍDOS CM-30","Maranhão","-"]
["2018-10-01","ASFALTOS DILUÍDOS CM-30","Mato Grosso",3.9925874569193098]
["2018-10-01","ASFALTOS DILUÍDOS CM-30","Mato Grosso do Sul","-"]
["2018-10-01","ASFALTOS DILUÍDOS CM-30","Minas Gerais",3.5004561686481699]
["2018-10-01","ASFALTOS DILUÍDOS CM-30","Pará","-"]
["2018-10-01","ASFALTOS DILUÍDOS CM-30","Paraíba","-"]
["2018-10-01","ASFALTOS DILUÍDOS CM-30","Paraná",3.76500161691505]
["2018-10-01","ASFALTOS DILUÍDOS CM-30","Pernambuco","-"]
["2018-10-01","ASFALTOS DILUÍDOS CM-30","Piauí","-"]
["2018-10-01","ASFALTOS DILUÍDOS CM-30","Rio de Janeiro","-"]
["2018-10-01","ASFALTOS DILUÍDOS CM-30","Rio Grande do Norte","-"]
["2018-10-01","ASFALTOS DILUÍDOS CM-30","Rio Grande do Sul",3.3743601784009001]
["2018-10-01","ASFALTOS DILUÍDOS CM-30","Rondônia","-"]
["2018-10-01","ASFALTOS DILUÍDOS CM-30","Roraima","-"]
["2018-10-01","ASFALTOS DILUÍDOS CM-30","Santa Catarina","-"]
["2018-10-01","ASFALTOS DILUÍDOS CM-30","São Paulo",3.3592440562824302]
["2018-10-01","ASFALTOS DILUÍDOS CM-30","Sergipe","-"]
["2018-10-01","ASFALTOS DILUÍDOS CM-30","Tocantins","-"]
["2018-11-01","ASFALTOS DILUÍDOS CM-30","Acre","-"]
["2018-11-01","ASFALTOS DILUÍDOS CM-30","Alagoas","-"]
["2018-11-01","ASFALTOS DILUÍDOS CM-30","Amapá","-"]
["2018-11-01","ASFALTOS DILUÍDOS CM-30","Amazonas","-"]
["2018-11-01","ASFALTOS DILUÍDOS CM-30","Bahia","-"]
["2018-11-01","ASFALTOS DILUÍDOS CM-30","Ceará",3.7855862189897498]
["2018-11-01","ASFALTOS DILUÍDOS CM-30","Distrito Federal","-"]
["2018-11-01","ASFALTOS DILUÍDOS CM-30","Espírito Santo","-"]
["2018-11-01","ASFALTOS DILUÍDOS CM-30","Goiás","-"]
["2018-11-01","ASFALTOS DILUÍDOS CM-30","Maranhão","-"]
["2018-11-01","ASFALTOS DILUÍDOS CM-30","Mato Grosso",4.4419016627822296]
["2018-11-01","ASFALTOS DILUÍDOS CM-30","Mato Grosso do Sul","-"]
["2018-11-01","ASFALTOS DILUÍDOS CM-30","Minas Gerais",4.46443631070699]
["2018-11-01","ASFALTOS DILUÍDOS CM-30","Pará","-"]
["2018-11-01","ASFALTOS DILUÍDOS CM-30","Paraíba","-"]
["2018-11-01","ASFALTOS DILUÍDOS CM-30","Paraná",4.1721586269154898]
["2018-11-01","ASFALTOS DILUÍDOS CM-30","Pernambuco","-"]
["2018-11-01","ASFALTOS DILUÍDOS CM-30","Piauí","-"]
["2018-11-01","ASFALTOS DILUÍDOS CM-30","Rio de Janeiro","-"]
["2018-11-01","ASFALTOS DILUÍDOS CM-30","Rio Grande do Norte","-"]
["2018-11-01","ASFALTOS DILUÍDOS CM-30","Rio Grande do Sul",3.6804661326987298]
["2018-11-01","ASFALTOS DILUÍDOS CM-30","Rondônia","-"]
["2018-11-01","ASFALTOS DILUÍDOS CM-30","Roraima","-"]
["2018-11-01","ASFALTOS DILUÍDOS CM-30","Santa Catarina","-"]
["2018-11-01","ASFALTOS DILUÍDOS CM-30","São Paulo",3.9215744747245602]
["2018-11-01","ASFALTOS DILUÍDOS CM-30","Sergipe","-"]
["2018-11-01","ASFALTOS DILUÍDOS CM-30","Tocantins","-"]
["2018-12-01","ASFALTOS DILUÍDOS CM-30","Acre","-"]
["2018-12-01","ASFALTOS DILUÍDOS CM-30","Alagoas","-"]
["2018-12-01","ASFALTOS DILUÍDOS CM-30","Amapá","-"]
["2018-12-01","ASFALTOS DILUÍDOS CM-30","Amazonas","-"]
["2018-12-01","ASFALTOS DILUÍDOS CM-30","Bahia","-"]
["2018-12-01","ASFALTOS DILUÍDOS CM-30","Ceará",3.8755857630086399]
["2018-12-01","ASFALTOS DILUÍDOS CM-30","Distrito Federal","-"]
["2018-12-01","ASFALTOS DILUÍDOS CM-30","Espírito Santo","-"]
["2018-12-01","ASFALTOS DILUÍDOS CM-30","Goiás","-"]
["2018-12-01","ASFALTOS DILUÍDOS CM-30","Maranhão","-"]
["2018-12-01","ASFALTOS DILUÍDOS CM-30","Mato Grosso",4.6329895471646498]
["2018-12-01","ASFALTOS DILUÍDOS CM-30","Mato Grosso do Sul","-"]
["2018-12-01","ASFALTOS DILUÍDOS CM-30","Minas Gerais",3.81181143594211]
["2018-12-01","ASFALTOS DILUÍDOS CM-30","Pará","-"]
["2018-12-01","ASFALTOS DILUÍDOS CM-30","Paraíba","-"]
["2018-12-01","ASFALTOS DILUÍDOS CM-30","Paraná",4.0169190997959898]
["2018-12-01","ASFALTOS DILUÍDOS CM-30","Pernambuco","-"]
["2018-12-01","ASFALTOS DILUÍDOS CM-30","Piauí","-"]
["2018-12-01","ASFALTOS DILUÍDOS CM-30","Rio de Janeiro","-"]
["2018-12-01","ASFALTOS DILUÍDOS CM-30","Rio Grande do Norte","-"]
["2018-12-01","ASFALTOS DILUÍDOS CM-30","Rio Grande do Sul",3.8229929656067498]
["2018-12-01","ASFALTOS DILUÍDOS CM-30","Rondônia","-"]
["2018-12-01","ASFALTOS DILUÍDOS CM-30","Roraima","-"]
["2018-12-01","ASFALTOS DILUÍDOS CM-30","Santa Catarina","-"]
["2018-12-01","ASFALTOS DILUÍDOS CM-30","São Paulo",4.0561653274987401]
["2018-12-01","ASFALTOS DILUÍDOS CM-30","Sergipe","-"]
["2018-12-01","ASFALTOS DILUÍDOS CM-30","Tocantins","-"]
["2019-01-01","ASFALTOS DILUÍDOS CM-30","Acre","-"]
["2019-01-01","ASFALTOS DILUÍDOS CM-30","Alagoas","-"]
["2019-01-01","ASFALTOS DILUÍDOS CM-30","Amapá","-"]
["2019-01-01","ASFALTOS DILUÍDOS CM-30","Amazonas","-"]
["2019-01-01","ASFALTOS DILUÍDOS CM-30","Bahia","-"]
["2019-01-01","ASFALTOS DILUÍDOS CM-30","Ceará",3.8049328982055401]
["2019-01-01","ASFALTOS DILUÍDOS CM-30","Distrito Federal","-"]
["2019-01-01","ASFALTOS DILUÍDOS CM-30","Espírito Santo","-"]
["2019-01-01","ASFALTOS DILUÍDOS CM-30","Goiás","-"]
["2019-01-01","ASFALTOS DILUÍDOS CM-30","Maranhão","-"]
["2019-01-01","ASFALTOS DILUÍDOS CM-30","Mato Grosso","-"]
["2019-01-01","ASFALTOS DILUÍDOS CM-30","Mato Grosso do Sul","-"]
["2019-01-01","ASFALTOS DILUÍDOS CM-30","Minas Gerais",3.9111667577286102]
["2019-01-01","ASFALTOS DILUÍDOS CM-30","Pará","-"]
["2019-01-01","ASFALTOS DILUÍDOS CM-30","Paraíba","-"]
["2019-01-01","ASFALTOS DILUÍDOS CM-30","Paraná",4.3746054506287804]
["2019-01-01","ASFALTOS DILUÍDOS CM-30","Pernambuco","-"]
["2019-01-01","ASFALTOS DILUÍDOS CM-30","Piauí","-"]
["2019-01-01","ASFALTOS DILUÍDOS CM-30","Rio de Janeiro","-"]
["2019-01-01","ASFALTOS DILUÍDOS CM-30","Rio Grande do Norte","-"]
["2019-01-01","ASFALTOS DILUÍDOS CM-30","Rio Grande do Sul",3.8213292687810001]
["2019-01-01","ASFALTOS DILUÍDOS CM-30","Rondônia","-"]
["2019-01-01","ASFALTOS DILUÍDOS CM-30","Roraima","-"]
["2019-01-01","ASFALTOS DILUÍDOS CM-30","Santa Catarina","-"]
["2019-01-01","ASFALTOS DILUÍDOS CM-30","São Paulo",4.0145503757959098]
["2019-01-01","ASFALTOS DILUÍDOS CM-30","Sergipe","-"]
["2019-01-01","ASFALTOS DILUÍDOS CM-30","Tocantins","-"]
["2019-02-01","ASFALTOS DILUÍDOS CM-30","Acre","-"]
["2019-02-01","ASFALTOS DILUÍDOS CM-30","Alagoas","-"]
["2019-02-01","ASFALTOS DILUÍDOS CM-30","Amapá","-"]
["2019-02-01","ASFALTOS DILUÍDOS CM-30","Amazonas","-"]
["2019-02-01","ASFALTOS DILUÍDOS CM-30","Bahia","-"]
["2019-02-01","ASFALTOS DILUÍDOS CM-30","Ceará",4.0057287469787504]
["2019-02-01","ASFALTOS DILUÍDOS CM-30","Distrito Federal","-"]
["2019-02-01","ASFALTOS DILUÍDOS CM-30","Espírito Santo","-"]
["2019-02-01","ASFALTOS DILUÍDOS CM-30","Goiás","-"]
["2019-02-01","ASFALTOS DILUÍDOS CM-30","Maranhão","-"]
["2019-02-01","ASFALTOS DILUÍDOS CM-30","Mato Grosso","-"]
["2019-02-01","ASFALTOS DILUÍDOS CM-30","Mato Grosso do Sul","-"]
["2019-02-01","ASFALTOS DILUÍDOS CM-30","Minas Gerais",4.61189041500994]
["2019-02-01","ASFALTOS DILUÍDOS CM-30","Pará","-"]
["2019-02-01","ASFALTOS DILUÍDOS CM-30","Paraíba","-"]
["2019-02-01","ASFALTOS DILUÍDOS CM-30","Paraná",4.4203608777625201]
["2019-02-01","ASFALTOS DILUÍDOS CM-30","Pernambuco","-"]
["2019-02-01","ASFALTOS DILUÍDOS CM-30","Piauí","-"]
["2019-02-01","ASFALTOS DILUÍDOS CM-30","Rio de Janeiro","-"]
["2019-02-01","ASFALTOS DILUÍDOS CM-30","Rio Grande do Norte","-"]
["2019-02-01","ASFALTOS DILUÍDOS CM-30","Rio Grande do Sul",4.1843438560846602]
["2019-04-01","ASFALTOS DILUÍDOS CM-30","Pará","-"]
["2019-05-01","ASFALTOS DILUÍDOS CM-30","Ceará",4.1168315811209899]
["2019-08-01","ASFALTOS DILUÍDOS CM-30","Amapá","-"]
["2019-09-01","ASFALTOS DILUÍDOS CM-30","Mato Grosso do Sul","-"]
["2019-11-01","ASFALTOS DILUÍDOS CM-30","Rio Grande do Norte","-"]
["2019-12-01","ASFALTOS DILUÍDOS CM-30","Rondônia","-"]
["2020-02-01","ASFALTOS DILUÍDOS CM-30","Paraná","-"]
["2020-04-01","ASFALTOS DILUÍDOS CM-30","Mato Grosso do Sul","-"]
["2020-06-01","ASFALTOS DILUÍDOS CM-30","Sergipe","-"]
["2020-08-01","ASFALTOS DILUÍDOS CM-30","Acre","-"]
["2020-10-01","ASFALTOS DILUÍDOS CM-30","Amapá","-"]
["2020-11-01","ASFALTOS DILUÍDOS CM-30","Piauí","-"]
["2020-12-01","ASFALTOS DILUÍDOS CM-30","Rio Grande do Norte","-"]
["2021-03-01","ASFALTOS DILUÍDOS CM-30","Distrito Federal","-"]
["2021-04-01","ASFALTOS DILUÍDOS CM-30","Maranhão","-"]
["2021-07-01","ASFALTOS DILUÍDOS CM-30","Distrito Federal","-"]
["2021-09-01","ASFALTOS DILUÍDOS CM-30","Rio Grande do Sul",4.6414238544220296]
["2021-10-01","ASFALTOS DILUÍDOS CM-30","Pernambuco","-"]
["2021-11-01","ASFALTOS DILUÍDOS CM-30","Sergipe","-"]
["2022-02-01","ASFALTOS DILUÍDOS CM-30","Minas Gerais","-"]
["2022-03-01","ASFALTOS DILUÍDOS CM-30","Rio Grande do Sul",5.28442183469111]
["2022-06-01","ASFALTOS DILUÍDOS CM-30","Amapá","-"]
["2022-07-01","ASFALTOS DILUÍDOS CM-30","Bahia","-"]
["2022-10-01","ASFALTOS DILUÍDOS CM-30","Alagoas","-"]
["2022-11-01","ASFALTOS DILUÍDOS CM-30","Amazonas","-"]
["2023-01-01","ASFALTOS DILUÍDOS CM-30","Rio de Janeiro","-"]
["2023-02-01","ASFALTOS DILUÍDOS CM-30","Rio Grande do Sul",4.0213646848104201]
["2023-04-01","ASFALTOS DILUÍDOS CM-30","Espírito Santo","-"]
["2023-06-01","ASFALTOS DILUÍDOS CM-30","Mato Grosso",5.5448699536705099]
["2023-08-01","ASFALTOS DILUÍDOS CM-30","São Paulo","-"]
["2023-09-01","ASFALTOS DILUÍDOS CM-30","Tocantins","-"]
["2023-11-01","ASFALTOS DILUÍDOS CM-30","Rondônia","-"]
["2024-01-01","ASFALTOS DILUÍDOS CM-30","Pernambuco","-"]
["2024-04-01","ASFALTOS DILUÍDOS CM-30","Pará","-"]
["2024-04-01","ASFALTOS DILUÍDOS CM-30","Sergipe","-"]
["2024-08-01","ASFALTOS DILUÍDOS CM-30","Amazonas","-"]
["2024-09-01","ASFALTOS DILUÍDOS CM-30","Ceará","-"]
["2013-02-01","ASFALTOS DILUÍDOS CM-70","Rio Grande do Norte","-"]
["2013-03-01","ASFALTOS DILUÍDOS CM-70","Goiás","-"]
["2013-06-01","ASFALTOS DILUÍDOS CM-70","Rio Grande do Norte","-"]
["2013-07-01","ASFALTOS DILUÍDOS CM-70","Mato Grosso do Sul","-"]
["2013-10-01","ASFALTOS DILUÍDOS CM-70","Goiás","-"]
["2013-11-01","ASFALTOS DILUÍDOS CM-70","Alagoas","-"]
["2014-01-01","ASFALTOS DILUÍDOS CM-70","Sergipe","-"]
["2014-03-01","ASFALTOS DILUÍDOS CM-70","Acre","-"]
["2014-05-01","ASFALTOS DILUÍDOS CM-70","Rio de Janeiro","-"]
["2014-06-01","ASFALTOS DILUÍDOS CM-70","Piauí","-"]
["2014-07-01","ASFALTOS DILUÍDOS CM-70","Rio Grande do Norte","-"]
["2014-10-01","ASFALTOS DILUÍDOS CM-70","Roraima","-"]
["2014-11-01","ASFALTOS DILUÍDOS CM-70","Maranhão","-"]
["2015-01-01","ASFALTOS DILUÍDOS CM-70","Santa Catarina","-"]
["2015-02-01","ASFALTOS DILUÍDOS CM-70","Sergipe","-"]
["2015-06-01","ASFALTOS DILUÍDOS CM-70","Maranhão","-"]
["2015-06-01","ASFALTOS DILUÍDOS CM-70","Paraná","-"]
["2015-09-01","ASFALTOS DILUÍDOS CM-70","Minas Gerais","-"]
["2015-11-01","ASFALTOS DILUÍDOS CM-70","Maranhão","-"]
["2016-01-01","ASFALTOS DILUÍDOS CM-70","Amapá","-"]
["2016-02-01","ASFALTOS DILUÍDOS CM-70","Bahia","-"]
["2016-04-01","ASFALTOS DILUÍDOS CM-70","Rio de Janeiro","-"]
["2016-06-01","ASFALTOS DILUÍDOS CM-70","Santa Catarina","-"]
["2016-08-01","ASFALTOS DILUÍDOS CM-70","Rio de Janeiro","-"]
["2016-09-01","ASFALTOS DILUÍDOS CM-70","Mato Grosso","-"]
["2016-12-01","ASFALTOS DILUÍDOS CM-70","Acre","-"]
["2017-01-01","ASFALTOS DILUÍDOS CM-70","Acre","-"]
["2017-03-01","ASFALTOS DILUÍDOS CM-70","São Paulo","-"]
["2017-04-01","ASFALTOS DILUÍDOS CM-70","Tocantins","-"]
["2017-07-01","ASFALTOS DILUÍDOS CM-70","Mato Grosso","-"]
["2017-08-01","ASFALTOS DILUÍDOS CM-70","Pernambuco","-"]
["2017-11-01","ASFALTOS DILUÍDOS CM-70","Pará","-"]
["2017-12-01","ASFALTOS DILUÍDOS CM-70","Paraíba","-"]
["2018-03-01","ASFALTOS DILUÍDOS CM-70","Amazonas","-"]
["2018-03-01","ASFALTOS DILUÍDOS CM-70","Roraima","-"]
["2018-06-01","ASFALTOS DILUÍDOS CM-70","Rio Grande do Norte","-"]
["2018-08-01","ASFALTOS DILUÍDOS CM-70","Alagoas","-"]
["2018-10-01","ASFALTOS DILUÍDOS CM-70","Maranhão","-"]
["2018-11-01","ASFALTOS DILUÍDOS CM-70","Mato Grosso do Sul","-"]
["2019-01-01","ASFALTOS DILUÍDOS CM-70","Alagoas","-"]
["2019-03-01","ASFALTOS DILUÍDOS CM-70","Alagoas","-"]
["2019-05-01","ASFALTOS DILUÍDOS CM-70","Sergipe","-"]
["2019-06-01","ASFALTOS DILUÍDOS CM-70","Piauí","-"]
["2019-08-01","ASFALTOS DILUÍDOS CM-70","Paraná","-"]
["2019-10-01","ASFALTOS DILUÍDOS CM-70","Piauí","-"]
["2020-01-01","ASFALTOS DILUÍDOS CM-70","Bahia","-"]
["2020-01-01","ASFALTOS DILUÍDOS CM-70","Rio Grande do Norte","-"]
["2020-04-01","ASFALTOS DILUÍDOS CM-70","Rondônia","-"]
["2020-05-01","ASFALTOS DILUÍDOS CM-70","Santa Catarina","-"]
["2020-06-01","ASFALTOS DILUÍDOS CM-70","Sergipe","-"]
["2020-09-01","ASFALTOS DILUÍDOS CM-70","Amapá","-"]
["2020-10-01","ASFALTOS DILUÍDOS CM-70","Paraná","-"]
["2021-01-01","ASFALTOS DILUÍDOS CM-70","Minas Gerais","-"]
["2021-02-01","ASFALTOS DILUÍDOS CM-70","Distrito Federal","-"]
["2021-05-01","ASFALTOS DILUÍDOS CM-70","Amapá","-"]
["2021-05-01","ASFALTOS DILUÍDOS CM-70","Rondônia","-"]
["2021-08-01","ASFALTOS DILUÍDOS CM-70","Rio de Janeiro","-"]
["2021-09-01","ASFALTOS DILUÍDOS CM-70","Rio Grande do Sul","-"]
["2021-12-01","ASFALTOS DILUÍDOS CM-70","Goiás","-"]
["2022-01-01","ASFALTOS DILUÍDOS CM-70","Mato Grosso","-"]
["2022-04-01","ASFALTOS DILUÍDOS CM-70","Pernambuco","-"]
["2022-05-01","ASFALTOS DILUÍDOS CM-70","Acre","-"]
["2022-07-01","ASFALTOS DILUÍDOS CM-70","São Paulo","-"]
["2022-08-01","ASFALTOS DILUÍDOS CM-70","Pernambuco","-"]
["2022-10-01","ASFALTOS DILUÍDOS CM-70","Espírito Santo","-"]
["2022-12-01","ASFALTOS DILUÍDOS CM-70","Pernambuco","-"]
["2023-03-01","ASFALTOS DILUÍDOS CM-70","Amazonas","-"]
["2023-05-01","ASFALTOS DILUÍDOS CM-70","Espírito Santo","-"]
["2023-06-01","ASFALTOS DILUÍDOS CM-70","Rio Grande do Sul","-"]
["2023-07-01","ASFALTOS DILUÍDOS CM-70","Roraima","-"]
["2023-10-01","ASFALTOS DILUÍDOS CM-70","Rio Grande do Norte","-"]
["2023-12-01","ASFALTOS DILUÍDOS CM-70","Piauí","-"]
["2024-02-01","ASFALTOS DILUÍDOS CM-70","Maranhão","-"]
["2024-03-01","ASFALTOS DILUÍDOS CM-70","Alagoas","-"]
["2024-05-01","ASFALTOS DILUÍDOS CM-70","Rondônia","-"]
["2024-07-01","ASFALTOS DILUÍDOS CM-70","Alagoas","-"]
["2024-09-01","ASFALTOS DILUÍDOS CM-70","Paraná","-"]
["2013-01-01","ASFALTOS DILUÍDOS CR-250","Piauí","-"]
["2013-04-01","ASFALTOS DILUÍDOS CR-250","Goiás","-"]
["2013-05-01","ASFALTOS DILUÍDOS CR-250","Espírito Santo","-"]
["2013-06-01","ASFALTOS DILUÍDOS CR-250","Maranhão","-"]
["2013-09-01","ASFALTOS DILUÍDOS CR-250","Goiás","-"]
["2013-11-01","ASFALTOS DILUÍDOS CR-250","Rondônia","-"]
["2013-12-01","ASFALTOS DILUÍDOS CR-250","Santa Catarina","-"]
["2014-03-01","ASFALTOS DILUÍDOS CR-250","Mato Grosso","-"]
["2014-04-01","ASFALTOS DILUÍDOS CR-250","Roraima","-"]
["2014-05-01","ASFALTOS DILUÍDOS CR-250","Paraná","-"]
["2014-08-01","ASFALTOS DILUÍDOS CR-250","Amapá","-"]
["2014-09-01","ASFALTOS DILUÍDOS CR-250","Tocantins","-"]
["2014-11-01","ASFALTOS DILUÍDOS CR-250","Rio Grande do Norte","-"]
["2014-12-01","ASFALTOS DILUÍDOS CR-250","Rondônia","-"]
["2015-03-01","ASFALTOS DILUÍDOS CR-250","Rio de Janeiro","-"]
["2015-05-01","ASFALTOS DILUÍDOS CR-250","Maranhão","-"]
["2015-07-01","ASFALTOS DILUÍDOS CR-250","Goiás","-"]
["2015-08-01","ASFALTOS DILUÍDOS CR-250","Acre","-"]
["2015-10-01","ASFALTOS DILUÍDOS CR-250","Pará","-"]
["2015-12-01","ASFALTOS DILUÍDOS CR-250","Acre","-"]
["2016-02-01","ASFALTOS DILUÍDOS CR-250","Paraíba","-"]
["2016-03-01","ASFALTOS DILUÍDOS CR-250","Pernambuco","-"]
["2016-06-01","ASFALTOS DILUÍDOS CR-250","Acre","-"]
["2016-07-01","ASFALTOS DILUÍDOS CR-250","Distrito Federal","-"]
["2016-10-01","ASFALTOS DILUÍDOS CR-250","Amazonas","-"]
["2016-11-01","ASFALTOS DILUÍDOS CR-250","Acre","-"]
["2017-01-01","ASFALTOS DILUÍDOS CR-250","Rio Grande do Sul","-"]
["2017-02-01","ASFALTOS DILUÍDOS CR-250","Roraima","-"]
["2017-05-01","ASFALTOS DILUÍDOS CR-250","Maranhão","-"]
["2017-06-01","ASFALTOS DILUÍDOS CR-250","Paraíba","-"]
["2017-08-01","ASFALTOS DILUÍDOS CR-250","Tocantins","-"]
["2017-10-01","ASFALTOS DILUÍDOS CR-250","Alagoas","-"]
["2017-11-01","ASFALTOS DILUÍDOS CR-250","Rio de Janeiro","-"]
["2018-01-01","ASFALTOS DILUÍDOS CR-250","Rio de Janeiro","-"]
["2018-04-01","ASFALTOS DILUÍDOS CR-250","Paraná","-"]
["2018-05-01","ASFALTOS DILUÍDOS CR-250","Piauí","-"]
["2018-07-01","ASFALTOS DILUÍDOS CR-250","Alagoas","-"]
["2018-09-01","ASFALTOS DILUÍDOS CR-250","Espírito Santo","-"]
["2018-11-01","ASFALTOS DILUÍDOS CR-250","Rondônia","-"]
["2018-12-01","ASFALTOS DILUÍDOS CR-250","Ceará","-"]
["2019-01-01","ASFALTOS DILUÍDOS CR-250","Tocantins","-"]
["2019-04-01","ASFALTOS DILUÍDOS CR-250","Pará","-"]
["2019-05-01","ASFALTOS DILUÍDOS CR-250","Paraná","-"]
["2019-07-01","ASFALTOS DILUÍDOS CR-250","Rio Grande do Norte","-"]
["2019-09-01","ASFALTOS DILUÍDOS CR-250","Ceará","-"]
["2019-12-01","ASFALTOS DILUÍDOS CR-250","Amapá","-"]
["2020-02-01","ASFALTOS DILUÍDOS CR-250","Paraná","-"]
["2020-03-01","ASFALTOS DILUÍDOS CR-250","Rio Grande do Norte","-"]
["2020-04-01","ASFALTOS DILUÍDOS CR-250","Rondônia","-"]
["2020-07-01","ASFALTOS DILUÍDOS CR-250","Goiás","-"]
["2020-08-01","ASFALTOS DILUÍDOS CR-250","Distrito Federal","-"]
["2020-10-01","ASFALTOS DILUÍDOS CR-250","Sergipe","-"]
["2020-12-01","ASFALTOS DILUÍDOS CR-250","Acre","-"]
["2021-03-01","ASFALTOS DILUÍDOS CR-250","Distrito Federal","-"]
["2021-03-01","ASFALTOS DILUÍDOS CR-250","Piauí","-"]
["2021-06-01","ASFALTOS DILUÍDOS CR-250","Paraíba","-"]
["2021-07-01","ASFALTOS DILUÍDOS CR-250","Pernambuco","-"]
["2021-10-01","ASFALTOS DILUÍDOS CR-250","Pernambuco","-"]
["2021-11-01","ASFALTOS DILUÍDOS CR-250","Distrito Federal","-"]
["2022-01-01","ASFALTOS DILUÍDOS CR-250","Rio Grande do Sul","-"]
["2022-03-01","ASFALTOS DILUÍDOS CR-250","Rio Grande do Sul","-"]
["2022-05-01","ASFALTOS DILUÍDOS CR-250","Rio Grande do Sul","-"]
["2022-06-01","ASFALTOS DILUÍDOS CR-250","Minas Gerais","-"]
["2022-09-01","ASFALTOS DILUÍDOS CR-250","Maranhão","-"]
["2022-11-01","ASFALTOS DILUÍDOS CR-250","Espírito Santo","-"]
["2022-12-01","ASFALTOS DILUÍDOS CR-250","Tocantins","-"]
["2023-02-01","ASFALTOS DILUÍDOS CR-250","Alagoas","-"]
["2023-04-01","ASFALTOS DILUÍDOS CR-250","Espírito Santo","-"]
["2023-05-01","ASFALTOS DILUÍDOS CR-250","Rio de Janeiro","-"]
["2023-08-01","ASFALTOS DILUÍDOS CR-250","Paraná","-"]
["2023-09-01","ASFALTOS DILUÍDOS CR-250","Espírito Santo","-"]
["2023-11-01","ASFALTOS DILUÍDOS CR-250","Rondônia","-"]
["2023-12-01","ASFALTOS DILUÍDOS CR-250","São Paulo","-"]
["2024-03-01","ASFALTOS DILUÍDOS CR-250","Rondônia","-"]
["2024-04-01","ASFALTOS DILUÍDOS CR-250","Sergipe","-"]
["2024-07-01","ASFALTOS DILUÍDOS CR-250","Mato Grosso do Sul","-"]
["2024-08-01","ASFALTOS DILUÍDOS CR-250","Pará","-"]
["2024-09-01","ASFALTOS DILUÍDOS CR-250","Paraná","-"]
["2013-03-01","ASFALTOS DILUÍDOS CR-70","Goiás","-"]
["2013-04-01","ASFALTOS DILUÍDOS CR-70","Ceará","-"]
["2013-06-01","ASFALTOS DILUÍDOS CR-70","Rio Grande do Norte","-"]
["2013-08-01","ASFALTOS DILUÍDOS CR-70","Minas Gerais","-"]
["2013-10-01","ASFALTOS DILUÍDOS CR-70","Rio Grande do Norte","-"]
["2013-11-01","ASFALTOS DILUÍDOS CR-70","Mato Grosso do Sul","-"]
["2014-02-01","ASFALTOS DILUÍDOS CR-70","Goiás","-"]
["2014-03-01","ASFALTOS DILUÍDOS CR-70","Roraima","-"]
["2014-05-01","ASFALTOS DILUÍDOS CR-70","Sergipe","-"]
["2014-07-01","ASFALTOS DILUÍDOS CR-70","Acre","-"]
["2014-08-01","ASFALTOS DILUÍDOS CR-70","Tocantins","-"]
["2014-10-01","ASFALTOS DILUÍDOS CR-70","Piauí","-"]
["2015-01-01","ASFALTOS DILUÍDOS CR-70","Paraíba","-"]
["2015-02-01","ASFALTOS DILUÍDOS CR-70","Distrito Federal","-"]
["2015-04-01","ASFALTOS DILUÍDOS CR-70","Pará","-"]
["2015-05-01","ASFALTOS DILUÍDOS CR-70","Santa Catarina","-"]
["2015-08-01","ASFALTOS DILUÍDOS CR-70","Rio Grande do Sul","-"]
["2015-09-01","ASFALTOS DILUÍDOS CR-70","Piauí","-"]
["2015-12-01","ASFALTOS DILUÍDOS CR-70","Mato Grosso","-"]
["2016-01-01","ASFALTOS DILUÍDOS CR-70","Minas Gerais","-"]
["2016-04-01","ASFALTOS DILUÍDOS CR-70","Maranhão","-"]
["2016-05-01","ASFALTOS DILUÍDOS CR-70","Acre","-"]
["2016-07-01","ASFALTOS DILUÍDOS CR-70","Tocantins","-"]
["2016-08-01","ASFALTOS DILUÍDOS CR-70","Rio de Janeiro","-"]
["2016-10-01","ASFALTOS DILUÍDOS CR-70","Bahia","-"]
["2016-12-01","ASFALTOS DILUÍDOS CR-70","Rio de Janeiro","-"]
["2017-03-01","ASFALTOS DILUÍDOS CR-70","Ceará","-"]
["2017-04-01","ASFALTOS DILUÍDOS CR-70","Espírito Santo","-"]
["2017-05-01","ASFALTOS DILUÍDOS CR-70","Paraíba","-"]
["2017-07-01","ASFALTOS DILUÍDOS CR-70","São Paulo","-"]
["2017-10-01","ASFALTOS DILUÍDOS CR-70","Rondônia","-"]
["2017-12-01","ASFALTOS DILUÍDOS CR-70","Paraíba","-"]
["2018-02-01","ASFALTOS DILUÍDOS CR-70","Mato Grosso do Sul","-"]
["2018-03-01","ASFALTOS DILUÍDOS CR-70","Pará","-"]
["2018-06-01","ASFALTOS DILUÍDOS CR-70","Acre","-"]
["2018-06-01","ASFALTOS DILUÍDOS CR-70","Ceará","-"]
["2018-09-01","ASFALTOS DILUÍDOS CR-70","Piauí","-"]
["2018-10-01","ASFALTOS DILUÍDOS CR-70","Rio Grande do Norte","-"]
["2019-01-01","ASFALTOS DILUÍDOS CR-70","Ceará","-"]
["2019-02-01","ASFALTOS DILUÍDOS CR-70","Maranhão","-"]
["2019-03-01","ASFALTOS DILUÍDOS CR-70","Mato Grosso do Sul","-"]
["2019-06-01","ASFALTOS DILUÍDOS CR-70","Goiás","-"]
["2019-08-01","ASFALTOS DILUÍDOS CR-70","Paraná","-"]
["2019-09-01","ASFALTOS DILUÍDOS CR-70","Sergipe","-"]
["2019-10-01","ASFALTOS DILUÍDOS CR-70","Piauí","-"]
["2020-01-01","ASFALTOS DILUÍDOS CR-70","Rio Grande do Norte","-"]
["2020-02-01","ASFALTOS DILUÍDOS CR-70","Piauí","-"]
["2020-05-01","ASFALTOS DILUÍDOS CR-70","Bahia","-"]
["2020-06-01","ASFALTOS DILUÍDOS CR-70","Distrito Federal","-"]
["2020-09-01","ASFALTOS DILUÍDOS CR-70","Amapá","-"]
["2020-09-01","ASFALTOS DILUÍDOS CR-70","Santa Catarina","-"]
["2020-12-01","ASFALTOS DILUÍDOS CR-70","Rio Grande do Sul","-"]
["2021-02-01","ASFALTOS DILUÍDOS CR-70","Distrito Federal","-"]
["2021-04-01","ASFALTOS DILUÍDOS CR-70","Mato Grosso","-"]
["2021-05-01","ASFALTOS DILUÍDOS CR-70","Minas Gerais","-"]
["2021-07-01","ASFALTOS DILUÍDOS CR-70","Tocantins","-"]
["2021-09-01","ASFALTOS DILUÍDOS CR-70","Rio Grande do Sul","-"]
["2021-11-01","ASFALTOS DILUÍDOS CR-70","Pernambuco","-"]
["2021-12-01","ASFALTOS DILUÍDOS CR-70","Rio de Janeiro","-"]
["2022-02-01","ASFALTOS DILUÍDOS CR-70","São Paulo","-"]
["2022-04-01","ASFALTOS DILUÍDOS CR-70","Goiás","-"]
["2022-07-01","ASFALTOS DILUÍDOS CR-70","Ceará","-"]
["2022-07-01","ASFALTOS DILUÍDOS CR-70","São Paulo","-"]
["2022-10-01","ASFALTOS DILUÍDOS CR-70","Espírito Santo","-"]
["2022-11-01","ASFALTOS DILUÍDOS CR-70","São Paulo","-"]
["2023-02-01","ASFALTOS DILUÍDOS CR-70","Mato Grosso do Sul","-"]
["2023-03-01","ASFALTOS DILUÍDOS CR-70","Mato Grosso do Sul","-"]
["2023-04-01","ASFALTOS DILUÍDOS CR-70","Pernambuco","-"]
["2023-07-01","ASFALTOS DILUÍDOS CR-70","Amazonas","-"]
["2023-08-01","ASFALTOS DILUÍDOS CR-70","Ceará","-"]
["2023-10-01","ASFALTOS DILUÍDOS CR-70","Rondônia","-"]
["2024-01-01","ASFALTOS DILUÍDOS CR-70","Piauí","-"]
["2024-02-01","ASFALTOS DILUÍDOS CR-70","Rio Grande do Norte","-"]
["2024-03-01","ASFALTOS DILUÍDOS CR-70","Sergipe","-"]
["2024-06-01","ASFALTOS DILUÍDOS CR-70","Maranhão","-"]
["2024-07-01","ASFALTOS DILUÍDOS CR-70","Mato Grosso do Sul","-"]
["2024-09-01","ASFALTOS DILUÍDOS CR-70","Sergipe","-"]
["2013-02-01","CAP MODIFICADO POR BORRACHA DE PNEU AB22","Minas Gerais","-"]
["2013-04-01","CAP MODIFICADO POR BORRACHA DE PNEU AB22","Paraná","-"]
["2013-05-01","CAP MODIFICADO POR BORRACHA DE PNEU AB22","Piauí","-"]
["2013-07-01","CAP MODIFICADO POR BORRACHA DE PNEU AB22","Pernambuco","-"]
["2013-09-01","CAP MODIFICADO POR BORRACHA DE PNEU AB22","Espírito Santo","-"]
["2013-12-01","CAP MODIFICADO POR BORRACHA DE PNEU AB22","Bahia","-"]
["2013-12-01","CAP MODIFICADO POR BORRACHA DE PNEU AB22","Santa Catarina","-"]
["2014-02-01","CAP MODIFICADO POR BORRACHA DE PNEU AB22","Tocantins","-"]
["2014-04-01","CAP MODIFICADO POR BORRACHA DE PNEU AB22","Santa Catarina","-"]
["2014-07-01","CAP MODIFICADO POR BORRACHA DE PNEU AB22","Mato Grosso","-"]
["2014-08-01","CAP MODIFICADO POR BORRACHA DE PNEU AB22","Amazonas","-"]
["2014-11-01","CAP MODIFICADO POR BORRACHA DE PNEU AB22","Mato Grosso","-"]
["2014-12-01","CAP MODIFICADO POR BORRACHA DE PNEU AB22","Amapá","-"]
["2015-02-01","CAP MODIFICADO POR BORRACHA DE PNEU AB22","Tocantins","-"]
["2015-03-01","CAP MODIFICADO POR BORRACHA DE PNEU AB22","Pará","-"]
["2015-06-01","CAP MODIFICADO POR BORRACHA DE PNEU AB22","Pernambuco","-"]
["2015-07-01","CAP MODIFICADO POR BORRACHA DE PNEU AB22","Rio de Janeiro","-"]
["2015-10-01","CAP MODIFICADO POR BORRACHA DE PNEU AB22","Pará","-"]
["2015-11-01","CAP MODIFICADO POR BORRACHA DE PNEU AB22","Goiás","-"]
["2016-01-01","CAP MODIFICADO POR BORRACHA DE PNEU AB22","Roraima","-"]
["2016-02-01","CAP MODIFICADO POR BORRACHA DE PNEU AB22","São Paulo","-"]
["2016-04-01","CAP MODIFICADO POR BORRACHA DE PNEU AB22","Bahia","-"]
["2016-06-01","CAP MODIFICADO POR BORRACHA DE PNEU AB22","Paraíba","-"]
["2016-09-01","CAP MODIFICADO POR BORRACHA DE PNEU AB22","Mato Grosso do Sul","-"]
["2016-11-01","CAP MODIFICADO POR BORRACHA DE PNEU AB22","Bahia","-"]
["2017-01-01","CAP MODIFICADO POR BORRACHA DE PNEU AB22","Alagoas","-"]
["2017-02-01","CAP MODIFICADO POR BORRACHA DE PNEU AB22","Amazonas","-"]
["2017-04-01","CAP MODIFICADO POR BORRACHA DE PNEU AB22","Piauí","-"]
["2017-06-01","CAP MODIFICADO POR BORRACHA DE PNEU AB22","Paraíba","-"]
["2017-06-01","CAP MODIFICADO POR BORRACHA DE PNEU AB22","Roraima","-"]
["2017-09-01","CAP MODIFICADO POR BORRACHA DE PNEU AB22","Maranhão","-"]
["2017-11-01","CAP MODIFICADO POR BORRACHA DE PNEU AB22","Rio de Janeiro","-"]
["2018-01-01","CAP MODIFICADO POR BORRACHA DE PNEU AB22","Maranhão","-"]
["2018-02-01","CAP MODIFICADO POR BORRACHA DE PNEU AB22","Alagoas","-"]
["2018-04-01","CAP MODIFICADO POR BORRACHA DE PNEU AB22","Sergipe","-"]
["2018-07-01","CAP MODIFICADO POR BORRACHA DE PNEU AB22","Alagoas","-"]
["2018-08-01","CAP MODIFICADO POR BORRACHA DE PNEU AB22","Paraná","-"]
["2018-09-01","CAP MODIFICADO POR BORRACHA DE PNEU AB22","Piauí","-"]
["2018-12-01","CAP MODIFICADO POR BORRACHA DE PNEU AB22","Ceará","-"]
["2019-01-01","CAP MODIFICADO POR BORRACHA DE PNEU AB22","Espírito Santo","-"]
["2019-03-01","CAP MODIFICADO POR BORRACHA DE PNEU AB22","Rondônia","-"]
["2019-04-01","CAP MODIFICADO POR BORRACHA DE PNEU AB22","Santa Catarina","-"]
["2019-07-01","CAP MODIFICADO POR BORRACHA DE PNEU AB22","Rio Grande do Norte","-"]
["2019-08-01","CAP MODIFICADO POR BORRACHA DE PNEU AB22","Pará","-"]
["2019-11-01","CAP MODIFICADO POR BORRACHA DE PNEU AB22","Mato Grosso","-"]
["2019-12-01","CAP MODIFICADO POR BORRACHA DE PNEU AB22","Santa Catarina","-"]
["2020-03-01","CAP MODIFICADO POR BORRACHA DE PNEU AB22","Acre","-"]
["2020-04-01","CAP MODIFICADO POR BORRACHA DE PNEU AB22","Amapá","-"]
["2020-06-01","CAP MODIFICADO POR BORRACHA DE PNEU AB22","Pernambuco","-"]
["2020-08-01","CAP MODIFICADO POR BORRACHA DE PNEU AB22","Distrito Federal","-"]
["2020-10-01","CAP MODIFICADO POR BORRACHA DE PNEU AB22","Pernambuco","-"]
["2020-11-01","CAP MODIFICADO POR BORRACHA DE PNEU AB22","Goiás","-"]
["2021-01-01","CAP MODIFICADO POR BORRACHA DE PNEU AB22","Mato Grosso","-"]
["2021-03-01","CAP MODIFICADO POR BORRACHA DE PNEU AB22","Goiás","-"]
["2021-05-01","CAP MODIFICADO POR BORRACHA DE PNEU AB22","Roraima","-"]
["2021-06-01","CAP MODIFICADO POR BORRACHA DE PNEU AB22","São Paulo","-"]
["2021-08-01","CAP MODIFICADO POR BORRACHA DE PNEU AB22","Rio Grande do Sul","-"]
["2021-10-01","CAP MODIFICADO POR BORRACHA DE PNEU AB22","Paraíba","-"]
["2022-01-01","CAP MODIFICADO POR BORRACHA DE PNEU AB22","Mato Grosso do Sul","-"]
["2022-01-01","CAP MODIFICADO POR BORRACHA DE PNEU AB22","São Paulo","-"]
["2022-05-01","CAP MODIFICADO POR BORRACHA DE PNEU AB22","Alagoas","-"]
["2022-05-01","CAP MODIFICADO POR BORRACHA DE PNEU AB22","Rio Grande do Sul","-"]
["2022-08-01","CAP MODIFICADO POR BORRACHA DE PNEU AB22","Piauí","-"]
["2022-09-01","CAP MODIFICADO POR BORRACHA DE PNEU AB22","Mato Grosso do Sul","-"]
["2022-12-01","CAP MODIFICADO POR BORRACHA DE PNEU AB22","Espírito Santo","-"]
["2023-01-01","CAP MODIFICADO POR BORRACHA DE PNEU AB22","Maranhão","-"]
["2023-02-01","CAP MODIFICADO POR BORRACHA DE PNEU AB22","Paraná","-"]
["2023-04-01","CAP MODIFICADO POR BORRACHA DE PNEU AB22","Tocantins","-"]
["2023-06-01","CAP MODIFICADO POR BORRACHA DE PNEU AB22","Alagoas","-"]
["2023-08-01","CAP MODIFICADO POR BORRACHA DE PNEU AB22","Paraná","-"]
["2023-09-01","CAP MODIFICADO POR BORRACHA DE PNEU AB22","Sergipe","-"]
["2023-12-01","CAP MODIFICADO POR BORRACHA DE PNEU AB22","Paraná","-"]
["2024-01-01","CAP MODIFICADO POR BORRACHA DE PNEU AB22","Espírito Santo","-"]
["2024-03-01","CAP MODIFICADO POR BORRACHA DE PNEU AB22","Amapá","-"]
["2024-04-01","CAP MODIFICADO POR BORRACHA DE PNEU AB22","São Paulo","-"]
["2024-07-01","CAP MODIFICADO POR BORRACHA DE PNEU AB22","Rondônia","-"]
["2024-08-01","CAP MODIFICADO POR BORRACHA DE PNEU AB22","Santa Catarina","-"]
["2013-01-01","CAP MODIFICADO POR BORRACHA DE PNEU AB8","Minas Gerais","-"]
["2013-03-01","CAP MODIFICADO POR BORRACHA DE PNEU AB8","Pará","-"]
["2013-06-01","CAP MODIFICADO POR BORRACHA DE PNEU AB8","Mato Grosso","-"]
["2013-08-01","CAP MODIFICADO POR BORRACHA DE PNEU AB8","Minas Gerais","-"]
["2013-10-01","CAP MODIFICADO POR BORRACHA DE PNEU AB8","Acre","-"]
["2013-10-01","CAP MODIFICADO POR BORRACHA DE PNEU AB8","Rio Grande do Norte","-"]
["2014-01-01","CAP MODIFICADO POR BORRACHA DE PNEU AB8","Pernambuco","-"]
["2014-02-01","CAP MODIFICADO POR BORRACHA DE PNEU AB8","Amazonas","-"]
["2014-05-01","CAP MODIFICADO POR BORRACHA DE PNEU AB8","Distrito Federal","-"]
["2014-06-01","CAP MODIFICADO POR BORRACHA DE PNEU AB8","Goiás","-"]
["2014-09-01","CAP MODIFICADO POR BORRACHA DE PNEU AB8","Amazonas","-"]
["2014-09-01","CAP MODIFICADO POR BORRACHA DE PNEU AB8","Sergipe","-"]
["2014-12-01","CAP MODIFICADO POR BORRACHA DE PNEU AB8","Roraima","-"]
["2015-01-01","CAP MODIFICADO POR BORRACHA DE PNEU AB8","Paraíba","-"]
["2015-04-01","CAP MODIFICADO POR BORRACHA DE PNEU AB8","Pará","-"]
["2015-05-01","CAP MODIFICADO POR BORRACHA DE PNEU AB8","Paraíba","-"]
["2015-08-01","CAP MODIFICADO POR BORRACHA DE PNEU AB8","Alagoas","-"]
["2015-09-01","CAP MODIFICADO POR BORRACHA DE PNEU AB8","Piauí","-"]
["2015-11-01","CAP MODIFICADO POR BORRACHA DE PNEU AB8","Rio de Janeiro","-"]
["2015-12-01","CAP MODIFICADO POR BORRACHA DE PNEU AB8","Rio Grande do Sul","-"]
["2016-03-01","CAP MODIFICADO POR BORRACHA DE PNEU AB8","Piauí","-"]
["2016-05-01","CAP MODIFICADO POR BORRACHA DE PNEU AB8","Acre","-"]
["2016-07-01","CAP MODIFICADO POR BORRACHA DE PNEU AB8","Espírito Santo","-"]
["2016-08-01","CAP MODIFICADO POR BORRACHA DE PNEU AB8","Maranhão","-"]
["2016-10-01","CAP MODIFICADO POR BORRACHA DE PNEU AB8","Bahia","-"]
["2016-11-01","CAP MODIFICADO POR BORRACHA DE PNEU AB8","Tocantins","-"]
["2017-02-01","CAP MODIFICADO POR BORRACHA DE PNEU AB8","Pará","-"]
["2017-03-01","CAP MODIFICADO POR BORRACHA DE PNEU AB8","Paraná",1.89734304580865]
["2017-05-01","CAP MODIFICADO POR BORRACHA DE PNEU AB8","Rio de Janeiro","-"]
["2017-07-01","CAP MODIFICADO POR BORRACHA DE PNEU AB8","Ceará","-"]
["2017-08-01","CAP MODIFICADO POR BORRACHA DE PNEU AB8","Espírito Santo","-"]
["2017-10-01","CAP MODIFICADO POR BORRACHA DE PNEU AB8","Rio de Janeiro","-"]
["2017-11-01","CAP MODIFICADO POR BORRACHA DE PNEU AB8","São Paulo","-"]
["2018-02-01","CAP MODIFICADO POR BORRACHA DE PNEU AB8","Rondônia","-"]
["2018-03-01","CAP MODIFICADO POR BORRACHA DE PNEU AB8","Pará","-"]
["2018-06-01","CAP MODIFICADO POR BORRACHA DE PNEU AB8","Ceará","-"]
["2018-07-01","CAP MODIFICADO POR BORRACHA DE PNEU AB8","Pará","-"]
["2018-10-01","CAP MODIFICADO POR BORRACHA DE PNEU AB8","Acre","-"]
["2018-11-01","CAP MODIFICADO POR BORRACHA DE PNEU AB8","Maranhão","-"]
["2019-01-01","CAP MODIFICADO POR BORRACHA DE PNEU AB8","Piauí","-"]
["2019-02-01","CAP MODIFICADO POR BORRACHA DE PNEU AB8","Rio Grande do Norte","-"]
["2019-05-01","CAP MODIFICADO POR BORRACHA DE PNEU AB8","Pernambuco","-"]
["2019-06-01","CAP MODIFICADO POR BORRACHA DE PNEU AB8","Rio Grande do Norte","-"]
["2019-09-01","CAP MODIFICADO POR BORRACHA DE PNEU AB8","Distrito Federal","-"]
["2019-10-01","CAP MODIFICADO POR BORRACHA DE PNEU AB8","Goiás","-"]
["2019-11-01","CAP MODIFICADO POR BORRACHA DE PNEU AB8","Santa Catarina","-"]
["2020-01-01","CAP MODIFICADO POR BORRACHA DE PNEU AB8","Sergipe","-"]
["2020-04-01","CAP MODIFICADO POR BORRACHA DE PNEU AB8","Minas Gerais",2.4643414538640598]
["2020-05-01","CAP MODIFICADO POR BORRACHA DE PNEU AB8","Paraíba","-"]
["2020-07-01","CAP MODIFICADO POR BORRACHA DE PNEU AB8","Mato Grosso","-"]
["2020-09-01","CAP MODIFICADO POR BORRACHA DE PNEU AB8","Bahia","-"]
["2020-12-01","CAP MODIFICADO POR BORRACHA DE PNEU AB8","Alagoas","-"]
["2020-12-01","CAP MODIFICADO POR BORRACHA DE PNEU AB8","Mato Grosso","-"]
["2021-03-01","CAP MODIFICADO POR BORRACHA DE PNEU AB8","Rio de Janeiro","-"]
["2021-04-01","CAP MODIFICADO POR BORRACHA DE PNEU AB8","Rio Grande do Sul","-"]
["2021-07-01","CAP MODIFICADO POR BORRACHA DE PNEU AB8","Espírito Santo","-"]
["2021-07-01","CAP MODIFICADO POR BORRACHA DE PNEU AB8","São Paulo",3.13511637180014]
["2021-09-01","CAP MODIFICADO POR BORRACHA DE PNEU AB8","Minas Gerais","-"]
["2021-11-01","CAP MODIFICADO POR BORRACHA DE PNEU AB8","Tocantins","-"]
["2022-01-01","CAP MODIFICADO POR BORRACHA DE PNEU AB8","Alagoas","-"]
["2022-03-01","CAP MODIFICADO POR BORRACHA DE PNEU AB8","Pernambuco","-"]
["2022-06-01","CAP MODIFICADO POR BORRACHA DE PNEU AB8","Pará","-"]
["2022-07-01","CAP MODIFICADO POR BORRACHA DE PNEU AB8","Paraná",5.0912555234853896]
["2022-08-01","CAP MODIFICADO POR BORRACHA DE PNEU AB8","Mato Grosso do Sul","-"]
["2022-11-01","CAP MODIFICADO POR BORRACHA DE PNEU AB8","Ceará","-"]
["2022-12-01","CAP MODIFICADO POR BORRACHA DE PNEU AB8","Espírito Santo","-"]
["2023-03-01","CAP MODIFICADO POR BORRACHA DE PNEU AB8","Mato Grosso do Sul","-"]
["2023-03-01","CAP MODIFICADO POR BORRACHA DE PNEU AB8","São Paulo",3.87008238339806]
["2023-06-01","CAP MODIFICADO POR BORRACHA DE PNEU AB8","Mato Grosso do Sul","-"]
["2023-07-01","CAP MODIFICADO POR BORRACHA DE PNEU AB8","Pará","-"]
["2023-10-01","CAP MODIFICADO POR BORRACHA DE PNEU AB8","Sergipe","-"]
["2023-11-01","CAP MODIFICADO POR BORRACHA DE PNEU AB8","Amazonas","-"]
["2024-02-01","CAP MODIFICADO POR BORRACHA DE PNEU AB8","Acre","-"]
["2024-03-01","CAP MODIFICADO POR BORRACHA DE PNEU AB8","Sergipe","-"]
["2024-05-01","CAP MODIFICADO POR BORRACHA DE PNEU AB8","Piauí","-"]
["2024-06-01","CAP MODIFICADO POR BORRACHA DE PNEU AB8","Rio Grande do Norte","-"]
["2024-09-01","CAP MODIFICADO POR BORRACHA DE PNEU AB8","Distrito Federal","-"]
["2015-10-01","CAP MODIFICADO POR POLÍMERO 55-75-E","Minas Gerais","-"]
["2015-12-01","CAP MODIFICADO POR POLÍMERO 55-75-E","Distrito Federal","-"]
["2015-12-01","CAP MODIFICADO POR POLÍMERO 55-75-E","Sergipe","-"]
["2016-03-01","CAP MODIFICADO POR POLÍMERO 55-75-E","Pernambuco","-"]
["2016-04-01","CAP MODIFICADO POR POLÍMERO 55-75-E","Paraná","-"]
["2016-07-01","CAP MODIFICADO POR POLÍMERO 55-75-E","Minas Gerais","-"]
["2016-08-01","CAP MODIFICADO POR POLÍMERO 55-75-E","Paraíba","-"]
["2016-10-01","CAP MODIFICADO POR POLÍMERO 55-75-E","Tocantins","-"]
["2016-12-01","CAP MODIFICADO POR POLÍMERO 55-75-E","Bahia","-"]
["2017-02-01","CAP MODIFICADO POR POLÍMERO 55-75-E","Rio de Janeiro","-"]
["2017-04-01","CAP MODIFICADO POR POLÍMERO 55-75-E","Amazonas","-"]
["2017-06-01","CAP MODIFICADO POR POLÍMERO 55-75-E","Rio de Janeiro","-"]
["2017-07-01","CAP MODIFICADO POR POLÍMERO 55-75-E","Mato Grosso","-"]
["2017-10-01","CAP MODIFICADO POR POLÍMERO 55-75-E","Espírito Santo","-"]
["2017-11-01","CAP MODIFICADO POR POLÍMERO 55-75-E","Piauí","-"]
["2018-01-01","CAP MODIFICADO POR POLÍMERO 55-75-E","São Paulo","-"]
["2018-02-01","CAP MODIFICADO POR POLÍMERO 55-75-E","Tocantins","-"]
["2018-04-01","CAP MODIFICADO POR POLÍMERO 55-75-E","Piauí","-"]
["2018-06-01","CAP MODIFICADO POR POLÍMERO 55-75-E","Pernambuco","-"]
["2018-07-01","CAP MODIFICADO POR POLÍMERO 55-75-E","Rio de Janeiro","-"]
["2018-10-01","CAP MODIFICADO POR POLÍMERO 55-75-E","Ceará","-"]
["2018-12-01","CAP MODIFICADO POR POLÍMERO 55-75-E","Bahia","-"]
["2019-02-01","CAP MODIFICADO POR POLÍMERO 55-75-E","Ceará",3.1792319762593602]
["2019-02-01","CAP MODIFICADO POR POLÍMERO 55-75-E","São Paulo","-"]
["2019-05-01","CAP MODIFICADO POR POLÍMERO 55-75-E","Goiás","-"]
["2019-08-01","CAP MODIFICADO POR POLÍMERO 55-75-E","Maranhão","-"]
["2019-09-01","CAP MODIFICADO POR POLÍMERO 55-75-E","Mato Grosso do Sul","-"]
["2019-10-01","CAP MODIFICADO POR POLÍMERO 55-75-E","Pará","-"]
["2019-12-01","CAP MODIFICADO POR POLÍMERO 55-75-E","Rio de Janeiro","-"]
["2020-02-01","CAP MODIFICADO POR POLÍMERO 55-75-E","Amazonas","-"]
["2020-04-01","CAP MODIFICADO POR POLÍMERO 55-75-E","Piauí","-"]
["2020-05-01","CAP MODIFICADO POR POLÍMERO 55-75-E","Roraima","-"]
["2020-08-01","CAP MODIFICADO POR POLÍMERO 55-75-E","Piauí","-"]
["2020-09-01","CAP MODIFICADO POR POLÍMERO 55-75-E","Maranhão","-"]
["2020-12-01","CAP MODIFICADO POR POLÍMERO 55-75-E","Distrito Federal","-"]
["2021-01-01","CAP MODIFICADO POR POLÍMERO 55-75-E","Maranhão","-"]
["2021-03-01","CAP MODIFICADO POR POLÍMERO 55-75-E","Santa Catarina","-"]
["2021-04-01","CAP MODIFICADO POR POLÍMERO 55-75-E","Sergipe","-"]
["2021-06-01","CAP MODIFICADO POR POLÍMERO 55-75-E","Maranhão","-"]
["2021-08-01","CAP MODIFICADO POR POLÍMERO 55-75-E","Paraná",4.5768041899662704]
["2021-11-01","CAP MODIFICADO POR POLÍMERO 55-75-E","Minas Gerais","-"]
["2021-12-01","CAP MODIFICADO POR POLÍMERO 55-75-E","Bahia","-"]
["2022-01-01","CAP MODIFICADO POR POLÍMERO 55-75-E","Santa Catarina","-"]
["2022-04-01","CAP MODIFICADO POR POLÍMERO 55-75-E","Bahia","-"]
["2022-06-01","CAP MODIFICADO POR POLÍMERO 55-75-E","Rio de Janeiro","-"]
["2022-08-01","CAP MODIFICADO POR POLÍMERO 55-75-E","Santa Catarina","-"]
["2022-10-01","CAP MODIFICADO POR POLÍMERO 55-75-E","Goiás","-"]
["2022-11-01","CAP MODIFICADO POR POLÍMERO 55-75-E","Mato Grosso","-"]
["2023-02-01","CAP MODIFICADO POR POLÍMERO 55-75-E","Espírito Santo","-"]
["2023-02-01","CAP MODIFICADO POR POLÍMERO 55-75-E","Mato Grosso","-"]
["2023-05-01","CAP MODIFICADO POR POLÍMERO 55-75-E","São Paulo","-"]
["2023-06-01","CAP MODIFICADO POR POLÍMERO 55-75-E","Pernambuco","-"]
["2023-09-01","CAP MODIFICADO POR POLÍMERO 55-75-E","Mato Grosso","-"]
["2023-10-01","CAP MODIFICADO POR POLÍMERO 55-75-E","Pernambuco","-"]
["2024-01-01","CAP MODIFICADO POR POLÍMERO 55-75-E","Amazonas","-"]
["2024-02-01","CAP MODIFICADO POR POLÍMERO 55-75-E","Ceará","-"]
["2024-04-01","CAP MODIFICADO POR POLÍMERO 55-75-E","São Paulo","-"]
["2024-05-01","CAP MODIFICADO POR POLÍMERO 55-75-E","Roraima","-"]
["2024-06-01","CAP MODIFICADO POR POLÍMERO 55-75-E","São Paulo",3.86377985576316]
["2024-09-01","CAP MODIFICADO POR POLÍMERO 55-75-E","São Paulo","-"]
["2015-09-01","CAP MODIFICADO POR POLÍMERO 60-85-E","Paraíba","-"]
["2015-12-01","CAP MODIFICADO POR POLÍMERO 60-85-E","Mato Grosso do Sul","-"]
["2016-01-01","CAP MODIFICADO POR POLÍMERO 60-85-E","Amazonas","-"]
["2016-04-01","CAP MODIFICADO POR POLÍMERO 60-85-E","Mato Grosso do Sul","-"]
["2016-04-01","CAP MODIFICADO POR POLÍMERO 60-85-E","Rio Grande do Sul","-"]
["2016-07-01","CAP MODIFICADO POR POLÍMERO 60-85-E","Piauí","-"]
["2016-09-01","CAP MODIFICADO POR POLÍMERO 60-85-E","Paraná","-"]
["2016-11-01","CAP MODIFICADO POR POLÍMERO 60-85-E","Espírito Santo","-"]
["2016-12-01","CAP MODIFICADO POR POLÍMERO 60-85-E","Maranhão","-"]
["2017-03-01","CAP MODIFICADO POR POLÍMERO 60-85-E","Distrito Federal","-"]
["2017-04-01","CAP MODIFICADO POR POLÍMERO 60-85-E","Sergipe","-"]
["2017-06-01","CAP MODIFICADO POR POLÍMERO 60-85-E","Santa Catarina","-"]
["2017-07-01","CAP MODIFICADO POR POLÍMERO 60-85-E","Paraná",1.8718985874029701]
["2017-10-01","CAP MODIFICADO POR POLÍMERO 60-85-E","Amapá","-"]
["2017-11-01","CAP MODIFICADO POR POLÍMERO 60-85-E","Paraná","-"]
["2018-02-01","CAP MODIFICADO POR POLÍMERO 60-85-E","Amapá","-"]
["2018-03-01","CAP MODIFICADO POR POLÍMERO 60-85-E","Distrito Federal","-"]
["2018-06-01","CAP MODIFICADO POR POLÍMERO 60-85-E","Amapá","-"]
["2018-06-01","CAP MODIFICADO POR POLÍMERO 60-85-E","Rondônia","-"]
["2018-09-01","CAP MODIFICADO POR POLÍMERO 60-85-E","Rio de Janeiro","-"]
["2018-10-01","CAP MODIFICADO POR POLÍMERO 60-85-E","Pernambuco","-"]
["2019-01-01","CAP MODIFICADO POR POLÍMERO 60-85-E","Goiás","-"]
["2019-02-01","CAP MODIFICADO POR POLÍMERO 60-85-E","Mato Grosso","-"]
["2019-03-01","CAP MODIFICADO POR POLÍMERO 60-85-E","Rio Grande do Sul","-"]
["2019-06-01","CAP MODIFICADO POR POLÍMERO 60-85-E","Acre","-"]
["2019-08-01","CAP MODIFICADO POR POLÍMERO 60-85-E","Paraíba","-"]
["2019-09-01","CAP MODIFICADO POR POLÍMERO 60-85-E","Pernambuco","-"]
["2019-11-01","CAP MODIFICADO POR POLÍMERO 60-85-E","Espírito Santo","-"]
["2020-01-01","CAP MODIFICADO POR POLÍMERO 60-85-E","Distrito Federal","-"]
["2020-04-01","CAP MODIFICADO POR POLÍMERO 60-85-E","Amazonas","-"]
["2020-04-01","CAP MODIFICADO POR POLÍMERO 60-85-E","Mato Grosso do Sul","-"]
["2020-07-01","CAP MODIFICADO POR POLÍMERO 60-85-E","Rio Grande do Sul","-"]
["2020-08-01","CAP MODIFICADO POR POLÍMERO 60-85-E","Roraima","-"]
["2020-11-01","CAP MODIFICADO POR POLÍMERO 60-85-E","Maranhão","-"]
["2020-11-01","CAP MODIFICADO POR POLÍMERO 60-85-E","Rondônia","-"]
["2021-01-01","CAP MODIFICADO POR POLÍMERO 60-85-E","Paraíba","-"]
["2021-04-01","CAP MODIFICADO POR POLÍMERO 60-85-E","Alagoas","-"]
["2021-06-01","CAP MODIFICADO POR POLÍMERO 60-85-E","Rondônia","-"]
["2021-07-01","CAP MODIFICADO POR POLÍMERO 60-85-E","Rio de Janeiro","-"]
["2021-08-01","CAP MODIFICADO POR POLÍMERO 60-85-E","Rio Grande do Sul","-"]
["2021-11-01","CAP MODIFICADO POR POLÍMERO 60-85-E","Piauí","-"]
["2021-12-01","CAP MODIFICADO POR POLÍMERO 60-85-E","Goiás","-"]
["2022-03-01","CAP MODIFICADO POR POLÍMERO 60-85-E","Espírito Santo","-"]
["2022-04-01","CAP MODIFICADO POR POLÍMERO 60-85-E","Maranhão","-"]
["2022-07-01","CAP MODIFICADO POR POLÍMERO 60-85-E","Goiás","-"]
["2022-07-01","CAP MODIFICADO POR POLÍMERO 60-85-E","Tocantins","-"]
["2022-10-01","CAP MODIFICADO POR POLÍMERO 60-85-E","Pará","-"]
["2022-11-01","CAP MODIFICADO POR POLÍMERO 60-85-E","Paraná","-"]
["2023-02-01","CAP MODIFICADO POR POLÍMERO 60-85-E","Roraima","-"]
["2023-03-01","CAP MODIFICADO POR POLÍMERO 60-85-E","Ceará","-"]
["2023-06-01","CAP MODIFICADO POR POLÍMERO 60-85-E","Amapá","-"]
["2023-07-01","CAP MODIFICADO POR POLÍMERO 60-85-E","Tocantins","-"]
["2023-09-01","CAP MODIFICADO POR POLÍMERO 60-85-E","Rio Grande do Norte","-"]
["2023-10-01","CAP MODIFICADO POR POLÍMERO 60-85-E","Rondônia","-"]
["2024-01-01","CAP MODIFICADO POR POLÍMERO 60-85-E","Goiás","-"]
["2024-03-01","CAP MODIFICADO POR POLÍMERO 60-85-E","Maranhão","-"]
["2024-05-01","CAP MODIFICADO POR POLÍMERO 60-85-E","Goiás","-"]
["2024-06-01","CAP MODIFICADO POR POLÍMERO 60-85-E","Acre","-"]
["2024-08-01","CAP MODIFICADO POR POLÍMERO 60-85-E","Pará","-"]
["2024-09-01","CAP MODIFICADO POR POLÍMERO 60-85-E","Piauí","-"]
["2015-11-01","CAP MODIFICADO POR POLÍMERO 65-90-E","Paraíba","-"]
["2015-12-01","CAP MODIFICADO POR POLÍMERO 65-90-E","Pernambuco","-"]
["2016-02-01","CAP MODIFICADO POR POLÍMERO 65-90-E","Santa Catarina","-"]
["2016-04-01","CAP MODIFICADO POR POLÍMERO 65-90-E","Distrito Federal","-"]
["2016-05-01","CAP MODIFICADO POR POLÍMERO 65-90-E","Goiás","-"]
["2016-08-01","CAP MODIFICADO POR POLÍMERO 65-90-E","Acre","-"]
["2016-08-01","CAP MODIFICADO POR POLÍMERO 65-90-E","Sergipe","-"]
["2016-11-01","CAP MODIFICADO POR POLÍMERO 65-90-E","Minas Gerais","-"]
["2017-02-01","CAP MODIFICADO POR POLÍMERO 65-90-E","Maranhão","-"]
["2017-03-01","CAP MODIFICADO POR POLÍMERO 65-90-E","Paraíba","-"]
["2017-05-01","CAP MODIFICADO POR POLÍMERO 65-90-E","Tocantins","-"]
["2017-07-01","CAP MODIFICADO POR POLÍMERO 65-90-E","Alagoas","-"]
["2017-08-01","CAP MODIFICADO POR POLÍMERO 65-90-E","Rio de Janeiro","-"]
["2017-10-01","CAP MODIFICADO POR POLÍMERO 65-90-E","Rio de Janeiro","-"]
["2017-11-01","CAP MODIFICADO POR POLÍMERO 65-90-E","Rio Grande do Sul","-"]
["2018-02-01","CAP MODIFICADO POR POLÍMERO 65-90-E","Espírito Santo","-"]
["2018-04-01","CAP MODIFICADO POR POLÍMERO 65-90-E","Alagoas","-"]
["2018-06-01","CAP MODIFICADO POR POLÍMERO 65-90-E","Espírito Santo","-"]
["2018-06-01","CAP MODIFICADO POR POLÍMERO 65-90-E","Tocantins","-"]
["2018-09-01","CAP MODIFICADO POR POLÍMERO 65-90-E","Ceará","-"]
["2018-10-01","CAP MODIFICADO POR POLÍMERO 65-90-E","Pernambuco","-"]
["2019-01-01","CAP MODIFICADO POR POLÍMERO 65-90-E","Pará","-"]
["2019-02-01","CAP MODIFICADO POR POLÍMERO 65-90-E","Paraná","-"]
["2019-04-01","CAP MODIFICADO POR POLÍMERO 65-90-E","Paraná","-"]
["2019-06-01","CAP MODIFICADO POR POLÍMERO 65-90-E","Ceará","-"]
["2019-09-01","CAP MODIFICADO POR POLÍMERO 65-90-E","Amapá","-"]
["2019-09-01","CAP MODIFICADO POR POLÍMERO 65-90-E","Rio Grande do Norte","-"]
["2019-12-01","CAP MODIFICADO POR POLÍMERO 65-90-E","Rio Grande do Norte","-"]
["2020-01-01","CAP MODIFICADO POR POLÍMERO 65-90-E","Mato Grosso do Sul","-"]
["2020-04-01","CAP MODIFICADO POR POLÍMERO 65-90-E","Goiás","-"]
["2020-05-01","CAP MODIFICADO POR POLÍMERO 65-90-E","Distrito Federal","-"]
["2020-07-01","CAP MODIFICADO POR POLÍMERO 65-90-E","Sergipe","-"]
["2020-09-01","CAP MODIFICADO POR POLÍMERO 65-90-E","Acre","-"]
["2020-10-01","CAP MODIFICADO POR POLÍMERO 65-90-E","Distrito Federal","-"]
["2020-12-01","CAP MODIFICADO POR POLÍMERO 65-90-E","Piauí","-"]
["2021-03-01","CAP MODIFICADO POR POLÍMERO 65-90-E","Paraíba","-"]
["2021-04-01","CAP MODIFICADO POR POLÍMERO 65-90-E","Distrito Federal","-"]
["2021-05-01","CAP MODIFICADO POR POLÍMERO 65-90-E","Rio Grande do Sul","-"]
["2021-08-01","CAP MODIFICADO POR POLÍMERO 65-90-E","Distrito Federal","-"]
["2021-10-01","CAP MODIFICADO POR POLÍMERO 65-90-E","Rio Grande do Sul","-"]
["2021-12-01","CAP MODIFICADO POR POLÍMERO 65-90-E","Rio Grande do Sul","-"]
["2022-02-01","CAP MODIFICADO POR POLÍMERO 65-90-E","Mato Grosso","-"]
["2022-03-01","CAP MODIFICADO POR POLÍMERO 65-90-E","Minas Gerais","-"]
["2022-04-01","CAP MODIFICADO POR POLÍMERO 65-90-E","Paraíba","-"]
["2022-06-01","CAP MODIFICADO POR POLÍMERO 65-90-E","Espírito Santo","-"]
["2022-08-01","CAP MODIFICADO POR POLÍMERO 65-90-E","Bahia","-"]
["2022-11-01","CAP MODIFICADO POR POLÍMERO 65-90-E","Alagoas","-"]
["2023-01-01","CAP MODIFICADO POR POLÍMERO 65-90-E","Espírito Santo","-"]
["2023-02-01","CAP MODIFICADO POR POLÍMERO 65-90-E","Rio de Janeiro","-"]
["2023-05-01","CAP MODIFICADO POR POLÍMERO 65-90-E","Ceará","-"]
["2023-06-01","CAP MODIFICADO POR POLÍMERO 65-90-E","Espírito Santo","-"]
["2023-08-01","CAP MODIFICADO POR POLÍMERO 65-90-E","Rondônia","-"]
["2023-09-01","CAP MODIFICADO POR POLÍMERO 65-90-E","São Paulo","-"]
["2023-10-01","CAP MODIFICADO POR POLÍMERO 65-90-E","Tocantins","-"]
["2024-01-01","CAP MODIFICADO POR POLÍMERO 65-90-E","Rondônia","-"]
["2024-02-01","CAP MODIFICADO POR POLÍMERO 65-90-E","Pernambuco","-"]
["2024-05-01","CAP MODIFICADO POR POLÍMERO 65-90-E","Pará","-"]
["2024-06-01","CAP MODIFICADO POR POLÍMERO 65-90-E","Ceará","-"]
["2024-09-01","CAP MODIFICADO POR POLÍMERO 65-90-E","Goiás","-"]
["2013-01-01","CIMENTO ASFÁLTICO MODIFICADO POR POLÍMERO SBS 50-65","Ceará","-"]
["2013-03-01","CIMENTO ASFÁLTICO MODIFICADO POR POLÍMERO SBS 50-65","Rio Grande do Norte","-"]
["2013-05-01","CIMENTO ASFÁLTICO MODIFICADO POR POLÍMERO SBS 50-65","Minas Gerais","-"]
["2013-07-01","CIMENTO ASFÁLTICO MODIFICADO POR POLÍMERO SBS 50-65","Maranhão","-"]
["2013-08-01","CIMENTO ASFÁLTICO MODIFICADO POR POLÍMERO SBS 50-65","Mato Grosso do Sul","-"]
["2013-11-01","CIMENTO ASFÁLTICO MODIFICADO POR POLÍMERO SBS 50-65","Goiás","-"]
["2013-12-01","CIMENTO ASFÁLTICO MODIFICADO POR POLÍMERO SBS 50-65","Roraima","-"]
["2014-02-01","CIMENTO ASFÁLTICO MODIFICADO POR POLÍMERO SBS 50-65","Sergipe","-"]
["2014-04-01","CIMENTO ASFÁLTICO MODIFICADO POR POLÍMERO SBS 50-65","Acre","-"]
["2014-05-01","CIMENTO ASFÁLTICO MODIFICADO POR POLÍMERO SBS 50-65","Tocantins","-"]
["2014-07-01","CIMENTO ASFÁLTICO MODIFICADO POR POLÍMERO SBS 50-65","Piauí","-"]
["2014-10-01","CIMENTO ASFÁLTICO MODIFICADO POR POLÍMERO SBS 50-65","Bahia","-"]
["2014-11-01","CIMENTO ASFÁLTICO MODIFICADO POR POLÍMERO SBS 50-65","Distrito Federal","-"]
["2015-01-01","CIMENTO ASFÁLTICO MODIFICADO POR POLÍMERO SBS 50-65","Pará","-"]
["2015-02-01","CIMENTO ASFÁLTICO MODIFICADO POR POLÍMERO SBS 50-65","Santa Catarina","-"]
["2015-05-01","CIMENTO ASFÁLTICO MODIFICADO POR POLÍMERO SBS 50-65","Rio Grande do Sul","-"]
["2015-06-01","CIMENTO ASFÁLTICO MODIFICADO POR POLÍMERO SBS 50-65","Pará","-"]
["2013-01-01","CIMENTO ASFÁLTICO MODIFICADO POR POLÍMERO SBS 55-75","Mato Grosso","-"]
["2013-02-01","CIMENTO ASFÁLTICO MODIFICADO POR POLÍMERO SBS 55-75","Minas Gerais","-"]
["2013-04-01","CIMENTO ASFÁLTICO MODIFICADO POR POLÍMERO SBS 55-75","Tocantins","-"]
["2013-06-01","CIMENTO ASFÁLTICO MODIFICADO POR POLÍMERO SBS 55-75","Acre","-"]
["2013-07-01","CIMENTO ASFÁLTICO MODIFICADO POR POLÍMERO SBS 55-75","Bahia","-"]
["2013-09-01","CIMENTO ASFÁLTICO MODIFICADO POR POLÍMERO SBS 55-75","Rio de Janeiro","-"]
["2013-11-01","CIMENTO ASFÁLTICO MODIFICADO POR POLÍMERO SBS 55-75","Bahia","-"]
["2014-01-01","CIMENTO ASFÁLTICO MODIFICADO POR POLÍMERO SBS 55-75","Goiás","-"]
["2014-02-01","CIMENTO ASFÁLTICO MODIFICADO POR POLÍMERO SBS 55-75","Mato Grosso","-"]
["2014-05-01","CIMENTO ASFÁLTICO MODIFICADO POR POLÍMERO SBS 55-75","Espírito Santo","-"]
["2014-06-01","CIMENTO ASFÁLTICO MODIFICADO POR POLÍMERO SBS 55-75","Paraíba","-"]
["2014-08-01","CIMENTO ASFÁLTICO MODIFICADO POR POLÍMERO SBS 55-75","São Paulo","-"]
["2014-09-01","CIMENTO ASFÁLTICO MODIFICADO POR POLÍMERO SBS 55-75","Pernambuco","-"]
["2014-11-01","CIMENTO ASFÁLTICO MODIFICADO POR POLÍMERO SBS 55-75","Rio de Janeiro","-"]
["2015-01-01","CIMENTO ASFÁLTICO MODIFICADO POR POLÍMERO SBS 55-75","Pernambuco","-"]
["2015-04-01","CIMENTO ASFÁLTICO MODIFICADO POR POLÍMERO SBS 55-75","Amazonas","-"]
["2015-05-01","CIMENTO ASFÁLTICO MODIFICADO POR POLÍMERO SBS 55-75","Ceará","-"]
["2015-07-01","CIMENTO ASFÁLTICO MODIFICADO POR POLÍMERO SBS 55-75","Ceará","-"]
["2015-08-01","CIMENTO ASFÁLTICO MODIFICADO POR POLÍMERO SBS 55-75","Roraima","-"]
["2013-03-01","CIMENTO ASFÁLTICO MODIFICADO POR POLÍMERO SBS 60-85","Rio Grande do Norte","-"]
["2013-04-01","CIMENTO ASFÁLTICO MODIFICADO POR POLÍMERO SBS 60-85","Ceará","-"]
["2013-07-01","CIMENTO ASFÁLTICO MODIFICADO POR POLÍMERO SBS 60-85","Maranhão","-"]
["2013-08-01","CIMENTO ASFÁLTICO MODIFICADO POR POLÍMERO SBS 60-85","Mato Grosso do Sul","-"]
["2013-10-01","CIMENTO ASFÁLTICO MODIFICADO POR POLÍMERO SBS 60-85","Sergipe","-"]
["2013-11-01","CIMENTO ASFÁLTICO MODIFICADO POR POLÍMERO SBS 60-85","Rio Grande do Norte","-"]
["2014-02-01","CIMENTO ASFÁLTICO MODIFICADO POR POLÍMERO SBS 60-85","Sergipe","-"]
["2014-03-01","CIMENTO ASFÁLTICO MODIFICADO POR POLÍMERO SBS 60-85","Piauí","-"]
["2014-06-01","CIMENTO ASFÁLTICO MODIFICADO POR POLÍMERO SBS 60-85","Rio Grande do Norte","-"]
["2014-07-01","CIMENTO ASFÁLTICO MODIFICADO POR POLÍMERO SBS 60-85","Espírito Santo","-"]
["2014-10-01","CIMENTO ASFÁLTICO MODIFICADO POR POLÍMERO SBS 60-85","Bahia","-"]
["2014-11-01","CIMENTO ASFÁLTICO MODIFICADO POR POLÍMERO SBS 60-85","Distrito Federal","-"]
["2015-02-01","CIMENTO ASFÁLTICO MODIFICADO POR POLÍMERO SBS 60-85","Amapá","-"]
["2015-02-01","CIMENTO ASFÁLTICO MODIFICADO POR POLÍMERO SBS 60-85","Santa Catarina","-"]
["2015-05-01","CIMENTO ASFÁLTICO MODIFICADO POR POLÍMERO SBS 60-85","Mato Grosso",1.9194082618870301]
["2015-07-01","CIMENTO ASFÁLTICO MODIFICADO POR POLÍMERO SBS 60-85","Distrito Federal","-"]
["2013-01-01","CIMENTO ASFÁLTICO MODIFICADO POR POLÍMERO SBS 65-90","Mato Grosso","-"]
["2013-02-01","CIMENTO ASFÁLTICO MODIFICADO POR POLÍMERO SBS 65-90","Amapá","-"]
["2013-04-01","CIMENTO ASFÁLTICO MODIFICADO POR POLÍMERO SBS 65-90","Tocantins","-"]
["2013-06-01","CIMENTO ASFÁLTICO MODIFICADO POR POLÍMERO SBS 65-90","Rio Grande do Sul","-"]
["2013-08-01","CIMENTO ASFÁLTICO MODIFICADO POR POLÍMERO SBS 65-90","Pernambuco","-"]
["2013-09-01","CIMENTO ASFÁLTICO MODIFICADO POR POLÍMERO SBS 65-90","Rio de Janeiro","-"]
["2013-11-01","CIMENTO ASFÁLTICO MODIFICADO POR POLÍMERO SBS 65-90","Rio Grande do Sul","-"]
["2014-01-01","CIMENTO ASFÁLTICO MODIFICADO POR POLÍMERO SBS 65-90","Goiás","-"]
["2014-02-01","CIMENTO ASFÁLTICO MODIFICADO POR POLÍMERO SBS 65-90","Mato Grosso","-"]
["2014-04-01","CIMENTO ASFÁLTICO MODIFICADO POR POLÍMERO SBS 65-90","São Paulo","-"]
["2014-07-01","CIMENTO ASFÁLTICO MODIFICADO POR POLÍMERO SBS 65-90","Espírito Santo","-"]
["2014-08-01","CIMENTO ASFÁLTICO MODIFICADO POR POLÍMERO SBS 65-90","Paraíba","-"]
["2014-09-01","CIMENTO ASFÁLTICO MODIFICADO POR POLÍMERO SBS 65-90","Pernambuco","-"]
["2014-12-01","CIMENTO ASFÁLTICO MODIFICADO POR POLÍMERO SBS 65-90","Mato Grosso do Sul","-"]
["2015-01-01","CIMENTO ASFÁLTICO MODIFICADO POR POLÍMERO SBS 65-90","Distrito Federal","-"]
["2015-04-01","CIMENTO ASFÁLTICO MODIFICADO POR POLÍMERO SBS 65-90","Amazonas","-"]
["2015-05-01","CIMENTO ASFÁLTICO MODIFICADO POR POLÍMERO SBS 65-90","Ceará","-"]
["2015-07-01","CIMENTO ASFÁLTICO MODIFICADO POR POLÍMERO SBS 65-90","Rondônia","-"]
["2015-08-01","CIMENTO ASFÁLTICO MODIFICADO POR POLÍMERO SBS 65-90","Roraima","-"]
["2013-03-01","CIMENTOS ASFÁLTICOS CAP-150-200","Maranhão","-"]
["2013-04-01","CIMENTOS ASFÁLTICOS CAP-150-200","Sergipe","-"]
["2013-07-01","CIMENTOS ASFÁLTICOS CAP-150-200","Maranhão","-"]
["2013-08-01","CIMENTOS ASFÁLTICOS CAP-150-200","Alagoas","-"]
["2013-10-01","CIMENTOS ASFÁLTICOS CAP-150-200","Sergipe","-"]
["2013-12-01","CIMENTOS ASFÁLTICOS CAP-150-200","Minas Gerais","-"]
["2014-02-01","CIMENTOS ASFÁLTICOS CAP-150-200","Paraná","-"]
["2014-03-01","CIMENTOS ASFÁLTICOS CAP-150-200","Piauí","-"]
["2014-05-01","CIMENTOS ASFÁLTICOS CAP-150-200","Minas Gerais","-"]
["2014-07-01","CIMENTOS ASFÁLTICOS CAP-150-200","Espírito Santo","-"]
["2014-10-01","CIMENTOS ASFÁLTICOS CAP-150-200","Bahia","-"]
["2014-10-01","CIMENTOS ASFÁLTICOS CAP-150-200","Santa Catarina","-"]
["2014-12-01","CIMENTOS ASFÁLTICOS CAP-150-200","Tocantins","-"]
["2015-02-01","CIMENTOS ASFÁLTICOS CAP-150-200","Pará","-"]
["2015-05-01","CIMENTOS ASFÁLTICOS CAP-150-200","Mato Grosso","-"]
["2015-06-01","CIMENTOS ASFÁLTICOS CAP-150-200","Amazonas","-"]
["2015-09-01","CIMENTOS ASFÁLTICOS CAP-150-200","Acre","-"]
["2015-10-01","CIMENTOS ASFÁLTICOS CAP-150-200","Amapá","-"]
["2015-11-01","CIMENTOS ASFÁLTICOS CAP-150-200","Bahia","-"]
["2016-01-01","CIMENTOS ASFÁLTICOS CAP-150-200","Pará","-"]
["2016-02-01","CIMENTOS ASFÁLTICOS CAP-150-200","Rondônia","-"]
["2016-05-01","CIMENTOS ASFÁLTICOS CAP-150-200","Goiás","-"]
["2016-06-01","CIMENTOS ASFÁLTICOS CAP-150-200","Piauí","-"]
["2016-09-01","CIMENTOS ASFÁLTICOS CAP-150-200","Goiás","-"]
["2016-11-01","CIMENTOS ASFÁLTICOS CAP-150-200","Roraima","-"]
["2016-12-01","CIMENTOS ASFÁLTICOS CAP-150-200","São Paulo","-"]
["2017-02-01","CIMENTOS ASFÁLTICOS CAP-150-200","Bahia","-"]
["2017-04-01","CIMENTOS ASFÁLTICOS CAP-150-200","Paraíba","-"]
["2017-05-01","CIMENTOS ASFÁLTICOS CAP-150-200","Pernambuco","-"]
["2017-09-01","CIMENTOS ASFÁLTICOS CAP-150-200","Acre","-"]
["2017-09-01","CIMENTOS ASFÁLTICOS CAP-150-200","Distrito Federal","-"]
["2017-12-01","CIMENTOS ASFÁLTICOS CAP-150-200","Amazonas","-"]
["2017-12-01","CIMENTOS ASFÁLTICOS CAP-150-200","Roraima","-"]
["2018-02-01","CIMENTOS ASFÁLTICOS CAP-150-200","Rio de Janeiro","-"]
["2018-04-01","CIMENTOS ASFÁLTICOS CAP-150-200","Minas Gerais","-"]
["2018-07-01","CIMENTOS ASFÁLTICOS CAP-150-200","Maranhão","-"]
["2018-09-01","CIMENTOS ASFÁLTICOS CAP-150-200","Rio de Janeiro","-"]
["2018-10-01","CIMENTOS ASFÁLTICOS CAP-150-200","Tocantins","-"]
["2018-12-01","CIMENTOS ASFÁLTICOS CAP-150-200","Alagoas","-"]
["2019-02-01","CIMENTOS ASFÁLTICOS CAP-150-200","Sergipe","-"]
["2019-05-01","CIMENTOS ASFÁLTICOS CAP-150-200","Alagoas","-"]
["2019-06-01","CIMENTOS ASFÁLTICOS CAP-150-200","Paraná","-"]
["2019-07-01","CIMENTOS ASFÁLTICOS CAP-150-200","Espírito Santo","-"]
["2019-10-01","CIMENTOS ASFÁLTICOS CAP-150-200","Ceará","-"]
["2019-11-01","CIMENTOS ASFÁLTICOS CAP-150-200","Espírito Santo","-"]
["2020-01-01","CIMENTOS ASFÁLTICOS CAP-150-200","Rondônia","-"]
["2020-02-01","CIMENTOS ASFÁLTICOS CAP-150-200","Santa Catarina","-"]
["2020-05-01","CIMENTOS ASFÁLTICOS CAP-150-200","Paraná","-"]
["2020-06-01","CIMENTOS ASFÁLTICOS CAP-150-200","Pará","-"]
["2020-09-01","CIMENTOS ASFÁLTICOS CAP-150-200","Mato Grosso","-"]
["2020-10-01","CIMENTOS ASFÁLTICOS CAP-150-200","Rio Grande do Norte","-"]
["2021-01-01","CIMENTOS ASFÁLTICOS CAP-150-200","Acre","-"]
["2021-02-01","CIMENTOS ASFÁLTICOS CAP-150-200","Amapá","-"]
["2021-04-01","CIMENTOS ASFÁLTICOS CAP-150-200","Pernambuco","-"]
["2021-06-01","CIMENTOS ASFÁLTICOS CAP-150-200","Distrito Federal","-"]
["2021-08-01","CIMENTOS ASFÁLTICOS CAP-150-200","Distrito Federal","-"]
["2021-09-01","CIMENTOS ASFÁLTICOS CAP-150-200","Goiás","-"]
["2021-11-01","CIMENTOS ASFÁLTICOS CAP-150-200","Mato Grosso","-"]
["2021-12-01","CIMENTOS ASFÁLTICOS CAP-150-200","Sergipe","-"]
["2022-02-01","CIMENTOS ASFÁLTICOS CAP-150-200","Acre","-"]
["2022-04-01","CIMENTOS ASFÁLTICOS CAP-150-200","São Paulo","-"]
["2022-06-01","CIMENTOS ASFÁLTICOS CAP-150-200","Rio Grande do Sul","-"]
["2022-08-01","CIMENTOS ASFÁLTICOS CAP-150-200","Paraíba","-"]
["2022-11-01","CIMENTOS ASFÁLTICOS CAP-150-200","Alagoas","-"]
["2022-11-01","CIMENTOS ASFÁLTICOS CAP-150-200","São Paulo","-"]
["2023-01-01","CIMENTOS ASFÁLTICOS CAP-150-200","Distrito Federal","-"]
["2023-03-01","CIMENTOS ASFÁLTICOS CAP-150-200","Rio Grande do Sul","-"]
["2023-04-01","CIMENTOS ASFÁLTICOS CAP-150-200","Roraima","-"]
["2023-07-01","CIMENTOS ASFÁLTICOS CAP-150-200","Espírito Santo","-"]
["2023-08-01","CIMENTOS ASFÁLTICOS CAP-150-200","Minas Gerais","-"]
["2023-11-01","CIMENTOS ASFÁLTICOS CAP-150-200","Maranhão","-"]
["2023-12-01","CIMENTOS ASFÁLTICOS CAP-150-200","Mato Grosso do Sul","-"]
["2024-02-01","CIMENTOS ASFÁLTICOS CAP-150-200","Tocantins","-"]
["2024-04-01","CIMENTOS ASFÁLTICOS CAP-150-200","Alagoas","-"]
["2024-06-01","CIMENTOS ASFÁLTICOS CAP-150-200","Paraná","-"]
["2024-07-01","CIMENTOS ASFÁLTICOS CAP-150-200","Sergipe","-"]
["2013-01-01","CIMENTOS ASFÁLTICOS CAP-30-45","Ceará","-"]
["2013-02-01","CIMENTOS ASFÁLTICOS CAP-30-45","Espírito Santo","-"]
["2013-04-01","CIMENTOS ASFÁLTICOS CAP-30-45","Amapá","-"]
["2013-05-01","CIMENTOS ASFÁLTICOS CAP-30-45","São Paulo",0.88844385586909602]
["2013-08-01","CIMENTOS ASFÁLTICOS CAP-30-45","Rondônia","-"]
["2013-09-01","CIMENTOS ASFÁLTICOS CAP-30-45","Pará","-"]
["2013-11-01","CIMENTOS ASFÁLTICOS CAP-30-45","Minas Gerais",0.90887799264289704]
["2014-01-01","CIMENTOS ASFÁLTICOS CAP-30-45","Pará","-"]
["2014-04-01","CIMENTOS ASFÁLTICOS CAP-30-45","Acre","-"]
["2014-04-01","CIMENTOS ASFÁLTICOS CAP-30-45","Pernambuco","-"]
["2014-08-01","CIMENTOS ASFÁLTICOS CAP-30-45","Acre","-"]
["2014-08-01","CIMENTOS ASFÁLTICOS CAP-30-45","Rio Grande do Norte","-"]
["2014-11-01","CIMENTOS ASFÁLTICOS CAP-30-45","Pernambuco","-"]
["2014-11-01","CIMENTOS ASFÁLTICOS CAP-30-45","Tocantins","-"]
["2015-03-01","CIMENTOS ASFÁLTICOS CAP-30-45","Distrito Federal","-"]
["2015-04-01","CIMENTOS ASFÁLTICOS CAP-30-45","Goiás","-"]
["2015-06-01","CIMENTOS ASFÁLTICOS CAP-30-45","Tocantins","-"]
["2015-07-01","CIMENTOS ASFÁLTICOS CAP-30-45","Sergipe","-"]
["2015-09-01","CIMENTOS ASFÁLTICOS CAP-30-45","Acre","-"]
["2015-11-01","CIMENTOS ASFÁLTICOS CAP-30-45","Paraíba","-"]
["2015-12-01","CIMENTOS ASFÁLTICOS CAP-30-45","Piauí","-"]
["2016-03-01","CIMENTOS ASFÁLTICOS CAP-30-45","Bahia","-"]
["2016-04-01","CIMENTOS ASFÁLTICOS CAP-30-45","Distrito Federal","-"]
["2016-07-01","CIMENTOS ASFÁLTICOS CAP-30-45","Piauí","-"]
["2016-07-01","CIMENTOS ASFÁLTICOS CAP-30-45","Santa Catarina","-"]
["2016-10-01","CIMENTOS ASFÁLTICOS CAP-30-45","Rio Grande do Sul","-"]
["2016-11-01","CIMENTOS ASFÁLTICOS CAP-30-45","Minas Gerais",1.41523843515947]
["2017-03-01","CIMENTOS ASFÁLTICOS CAP-30-45","Acre","-"]
["2017-03-01","CIMENTOS ASFÁLTICOS CAP-30-45","Minas Gerais",1.3593234644199099]
["2017-05-01","CIMENTOS ASFÁLTICOS CAP-30-45","Tocantins","-"]
["2017-08-01","CIMENTOS ASFÁLTICOS CAP-30-45","Bahia","-"]
["2017-09-01","CIMENTOS ASFÁLTICOS CAP-30-45","Tocantins","-"]
["2017-10-01","CIMENTOS ASFÁLTICOS CAP-30-45","Rio de Janeiro",1.2784258212902699]
["2018-01-01","CIMENTOS ASFÁLTICOS CAP-30-45","Paraná",1.5526431781647301]
["2018-03-01","CIMENTOS ASFÁLTICOS CAP-30-45","Paraíba","-"]
["2018-05-01","CIMENTOS ASFÁLTICOS CAP-30-45","Ceará","-"]
["2018-06-01","CIMENTOS ASFÁLTICOS CAP-30-45","Espírito Santo","-"]
["2018-08-01","CIMENTOS ASFÁLTICOS CAP-30-45","Rio de Janeiro",2.0857787646891102]
["2018-09-01","CIMENTOS ASFÁLTICOS CAP-30-45","São Paulo",2.1763309235596502]
["2018-12-01","CIMENTOS ASFÁLTICOS CAP-30-45","Rondônia","-"]
["2019-01-01","CIMENTOS ASFÁLTICOS CAP-30-45","Pará","-"]
["2019-04-01","CIMENTOS ASFÁLTICOS CAP-30-45","Ceará","-"]
["2019-05-01","CIMENTOS ASFÁLTICOS CAP-30-45","Amazonas","-"]
["2019-08-01","CIMENTOS ASFÁLTICOS CAP-30-45","Acre","-"]
["2019-09-01","CIMENTOS ASFÁLTICOS CAP-30-45","Maranhão","-"]
["2019-11-01","CIMENTOS ASFÁLTICOS CAP-30-45","Piauí","-"]
["2019-12-01","CIMENTOS ASFÁLTICOS CAP-30-45","Rio Grande do Norte","-"]
["2020-03-01","CIMENTOS ASFÁLTICOS CAP-30-45","Distrito Federal","-"]
["2020-04-01","CIMENTOS ASFÁLTICOS CAP-30-45","Rio Grande do Norte","-"]
["2020-07-01","CIMENTOS ASFÁLTICOS CAP-30-45","Distrito Federal","-"]
["2020-07-01","CIMENTOS ASFÁLTICOS CAP-30-45","Sergipe","-"]
["2020-09-01","CIMENTOS ASFÁLTICOS CAP-30-45","Santa Catarina","-"]
["2020-11-01","CIMENTOS ASFÁLTICOS CAP-30-45","Sergipe","-"]
["2021-02-01","CIMENTOS ASFÁLTICOS CAP-30-45","Minas Gerais",2.70451414420479]
["2021-03-01","CIMENTOS ASFÁLTICOS CAP-30-45","Paraíba","-"]
["2021-05-01","CIMENTOS ASFÁLTICOS CAP-30-45","Distrito Federal","-"]
["2021-07-01","CIMENTOS ASFÁLTICOS CAP-30-45","Bahia","-"]
["2021-08-01","CIMENTOS ASFÁLTICOS CAP-30-45","Distrito Federal","-"]
["2021-10-01","CIMENTOS ASFÁLTICOS CAP-30-45","Mato Grosso",3.90721960932949]
["2021-11-01","CIMENTOS ASFÁLTICOS CAP-30-45","Santa Catarina","-"]
["2022-02-01","CIMENTOS ASFÁLTICOS CAP-30-45","Mato Grosso",4.7261328134277498]
["2022-03-01","CIMENTOS ASFÁLTICOS CAP-30-45","Minas Gerais",4.42296089726588]
["2022-05-01","CIMENTOS ASFÁLTICOS CAP-30-45","São Paulo",4.4500648683751702]
["2022-07-01","CIMENTOS ASFÁLTICOS CAP-30-45","Amapá","-"]
["2022-09-01","CIMENTOS ASFÁLTICOS CAP-30-45","Tocantins","-"]
["2022-11-01","CIMENTOS ASFÁLTICOS CAP-30-45","Alagoas","-"]
["2023-01-01","CIMENTOS ASFÁLTICOS CAP-30-45","Pernambuco","-"]
["2023-02-01","CIMENTOS ASFÁLTICOS CAP-30-45","Rio de Janeiro",3.3128735429062601]
["2023-05-01","CIMENTOS ASFÁLTICOS CAP-30-45","Ceará","-"]
["2023-06-01","CIMENTOS ASFÁLTICOS CAP-30-45","Mato Grosso do Sul",3.0904193978998098]
["2023-09-01","CIMENTOS ASFÁLTICOS CAP-30-45","Ceará","-"]
["2023-09-01","CIMENTOS ASFÁLTICOS CAP-30-45","São Paulo",3.3411711990480901]
["2023-11-01","CIMENTOS ASFÁLTICOS CAP-30-45","Paraná","-"]
["2024-01-01","CIMENTOS ASFÁLTICOS CAP-30-45","São Paulo",3.2191536353280901]
["2024-04-01","CIMENTOS ASFÁLTICOS CAP-30-45","Mato Grosso do Sul",3.5493184447099302]
["2024-05-01","CIMENTOS ASFÁLTICOS CAP-30-45","Pará","-"]
["2024-06-01","CIMENTOS ASFÁLTICOS CAP-30-45","Sergipe","-"]
["2024-09-01","CIMENTOS ASFÁLTICOS CAP-30-45","Amazonas","-"]
["2013-03-01","CIMENTOS ASFÁLTICOS CAP-50-70","Acre","-"]
["2013-04-01","CIMENTOS ASFÁLTICOS CAP-50-70","Sergipe","-"]
["2013-06-01","CIMENTOS ASFÁLTICOS CAP-50-70","Piauí","-"]
["2013-07-01","CIMENTOS ASFÁLTICOS CAP-50-70","Maranhão","-"]
["2013-10-01","CIMENTOS ASFÁLTICOS CAP-50-70","Distrito Federal","-"]
["2013-10-01","CIMENTOS ASFÁLTICOS CAP-50-70","Pernambuco","-"]
["2014-01-01","CIMENTOS ASFÁLTICOS CAP-50-70","Santa Catarina","-"]
["2014-02-01","CIMENTOS ASFÁLTICOS CAP-50-70","Sergipe","-"]
["2014-05-01","CIMENTOS ASFÁLTICOS CAP-50-70","Pernambuco","-"]
["2014-06-01","CIMENTOS ASFÁLTICOS CAP-50-70","Paraná",0.90831130692186202]
["2014-07-01","CIMENTOS ASFÁLTICOS CAP-50-70","Piauí","-"]
["2014-10-01","CIMENTOS ASFÁLTICOS CAP-50-70","Bahia",0.91290649390225298]
["2014-12-01","CIMENTOS ASFÁLTICOS CAP-50-70","Tocantins","-"]
["2015-02-01","CIMENTOS ASFÁLTICOS CAP-50-70","Bahia",1.2508222189245399]
["2015-04-01","CIMENTOS ASFÁLTICOS CAP-50-70","Rio de Janeiro",1.12754795925356]
["2015-06-01","CIMENTOS ASFÁLTICOS CAP-50-70","Amazonas",1.2247152157474901]
["2015-06-01","CIMENTOS ASFÁLTICOS CAP-50-70","Santa Catarina","-"]
["2015-09-01","CIMENTOS ASFÁLTICOS CAP-50-70","Mato Grosso",1.5994118028544]
["2015-10-01","CIMENTOS ASFÁLTICOS CAP-50-70","Minas Gerais",1.2440210516763399]
["2016-01-01","CIMENTOS ASFÁLTICOS CAP-50-70","Pará","-"]
["2016-02-01","CIMENTOS ASFÁLTICOS CAP-50-70","Amapá","-"]
["2016-04-01","CIMENTOS ASFÁLTICOS CAP-50-70","Tocantins","-"]
["2016-06-01","CIMENTOS ASFÁLTICOS CAP-50-70","Piauí","-"]
["2016-08-01","CIMENTOS ASFÁLTICOS CAP-50-70","Pernambuco","-"]
["2016-09-01","CIMENTOS ASFÁLTICOS CAP-50-70","Goiás",1.8638792721865201]
["2016-12-01","CIMENTOS ASFÁLTICOS CAP-50-70","Ceará",1.42426681469606]
["2017-02-01","CIMENTOS ASFÁLTICOS CAP-50-70","Bahia",1.43895709220214]
["2017-03-01","CIMENTOS ASFÁLTICOS CAP-50-70","Roraima","-"]
["2017-04-01","CIMENTOS ASFÁLTICOS CAP-50-70","São Paulo",1.4434015747558799]
["2017-07-01","CIMENTOS ASFÁLTICOS CAP-50-70","Goiás",1.85877468846949]
["2017-08-01","CIMENTOS ASFÁLTICOS CAP-50-70","Paraíba","-"]
["2017-11-01","CIMENTOS ASFÁLTICOS CAP-50-70","Mato Grosso do Sul","-"]
["2017-12-01","CIMENTOS ASFÁLTICOS CAP-50-70","Amazonas",1.5225122304938501]
["2018-02-01","CIMENTOS ASFÁLTICOS CAP-50-70","Rio de Janeiro",1.5620687549036001]
["2018-04-01","CIMENTOS ASFÁLTICOS CAP-50-70","Amazonas",1.67188050155781]
["2018-06-01","CIMENTOS ASFÁLTICOS CAP-50-70","Piauí","-"]
["2018-07-01","CIMENTOS ASFÁLTICOS CAP-50-70","Roraima","-"]
["2018-10-01","CIMENTOS ASFÁLTICOS CAP-50-70","Espírito Santo","-"]
["2018-11-01","CIMENTOS ASFÁLTICOS CAP-50-70","Maranhão","-"]
["2019-02-01","CIMENTOS ASFÁLTICOS CAP-50-70","Distrito Federal","-"]
["2019-03-01","CIMENTOS ASFÁLTICOS CAP-50-70","Ceará",2.5232268230910702]
["2019-05-01","CIMENTOS ASFÁLTICOS CAP-50-70","Santa Catarina","-"]
["2019-06-01","CIMENTOS ASFÁLTICOS CAP-50-70","Sergipe","-"]
["2019-08-01","CIMENTOS ASFÁLTICOS CAP-50-70","Maranhão","-"]
["2019-10-01","CIMENTOS ASFÁLTICOS CAP-50-70","Paraná",2.5284037697274799]
["2020-01-01","CIMENTOS ASFÁLTICOS CAP-50-70","Amapá","-"]
["2020-02-01","CIMENTOS ASFÁLTICOS CAP-50-70","Bahia",2.1467474570855098]
["2020-03-01","CIMENTOS ASFÁLTICOS CAP-50-70","Santa Catarina","-"]
["2020-05-01","CIMENTOS ASFÁLTICOS CAP-50-70","Rondônia","-"]
["2020-06-01","CIMENTOS ASFÁLTICOS CAP-50-70","Santa Catarina","-"]
["2020-09-01","CIMENTOS ASFÁLTICOS CAP-50-70","Acre","-"]
["2020-10-01","CIMENTOS ASFÁLTICOS CAP-50-70","Pará",2.61705176420881]
["2021-01-01","CIMENTOS ASFÁLTICOS CAP-50-70","Mato Grosso",3.17746471412315]
["2021-03-01","CIMENTOS ASFÁLTICOS CAP-50-70","São Paulo",2.925921987922]
["2021-04-01","CIMENTOS ASFÁLTICOS CAP-50-70","Mato Grosso",3.2500486817902399]
["2021-06-01","CIMENTOS ASFÁLTICOS CAP-50-70","Amapá","-"]
["2021-08-01","CIMENTOS ASFÁLTICOS CAP-50-70","Pernambuco","-"]
["2021-09-01","CIMENTOS ASFÁLTICOS CAP-50-70","Paraíba","-"]
["2021-12-01","CIMENTOS ASFÁLTICOS CAP-50-70","Distrito Federal","-"]
["2022-01-01","CIMENTOS ASFÁLTICOS CAP-50-70","Goiás",4.1176993792092302]
["2022-04-01","CIMENTOS ASFÁLTICOS CAP-50-70","Ceará",4.3305802608806401]
["2022-04-01","CIMENTOS ASFÁLTICOS CAP-50-70","São Paulo",4.47401079811066]
["2022-07-01","CIMENTOS ASFÁLTICOS CAP-50-70","Roraima","-"]
["2022-08-01","CIMENTOS ASFÁLTICOS CAP-50-70","São Paulo",4.1736907088231199]
["2022-11-01","CIMENTOS ASFÁLTICOS CAP-50-70","São Paulo",3.51079499685477]
["2022-12-01","CIMENTOS ASFÁLTICOS CAP-50-70","Paraíba","-"]
["2023-03-01","CIMENTOS ASFÁLTICOS CAP-50-70","Alagoas","-"]
["2023-04-01","CIMENTOS ASFÁLTICOS CAP-50-70","Amazonas",4.38486501328609]
["2023-05-01","CIMENTOS ASFÁLTICOS CAP-50-70","Paraná",2.8860082218210299]
["2023-07-01","CIMENTOS ASFÁLTICOS CAP-50-70","Rio Grande do Sul",3.0168684430516599]
["2023-10-01","CIMENTOS ASFÁLTICOS CAP-50-70","Piauí","-"]
["2023-12-01","CIMENTOS ASFÁLTICOS CAP-50-70","Mato Grosso do Sul",3.43857579209664]
["2024-02-01","CIMENTOS ASFÁLTICOS CAP-50-70","Espírito Santo",3.16034584597553]
["2024-03-01","CIMENTOS ASFÁLTICOS CAP-50-70","Maranhão","-"]
["2024-05-01","CIMENTOS ASFÁLTICOS CAP-50-70","Santa Catarina","-"]
["2024-07-01","CIMENTOS ASFÁLTICOS CAP-50-70","Sergipe","-"]
["2024-09-01","CIMENTOS ASFÁLTICOS CAP-50-70","Santa Catarina","-"]
["2013-01-01","CIMENTOS ASFÁLTICOS CAP-85-100","Paraná","-"]
["2013-04-01","CIMENTOS ASFÁLTICOS CAP-85-100","Amapá","-"]
["2013-05-01","CIMENTOS ASFÁLTICOS CAP-85-100","Ceará","-"]
["2013-08-01","CIMENTOS ASFÁLTICOS CAP-85-100","Amapá","-"]
["2013-09-01","CIMENTOS ASFÁLTICOS CAP-85-100","Bahia","-"]
["2013-11-01","CIMENTOS ASFÁLTICOS CAP-85-100","Minas Gerais","-"]
["2013-12-01","CIMENTOS ASFÁLTICOS CAP-85-100","Rondônia","-"]
["2014-01-01","CIMENTOS ASFÁLTICOS CAP-85-100","Santa Catarina","-"]
["2014-04-01","CIMENTOS ASFÁLTICOS CAP-85-100","Pernambuco","-"]
["2014-05-01","CIMENTOS ASFÁLTICOS CAP-85-100","Pará","-"]
["2014-08-01","CIMENTOS ASFÁLTICOS CAP-85-100","Acre","-"]
["2014-09-01","CIMENTOS ASFÁLTICOS CAP-85-100","Amapá","-"]
["2014-12-01","CIMENTOS ASFÁLTICOS CAP-85-100","Amazonas","-"]
["2014-12-01","CIMENTOS ASFÁLTICOS CAP-85-100","Rio Grande do Norte","-"]
["2015-03-01","CIMENTOS ASFÁLTICOS CAP-85-100","Pernambuco","-"]
["2015-05-01","CIMENTOS ASFÁLTICOS CAP-85-100","Amazonas","-"]
["2015-07-01","CIMENTOS ASFÁLTICOS CAP-85-100","Distrito Federal","-"]
["2015-08-01","CIMENTOS ASFÁLTICOS CAP-85-100","Goiás","-"]
["2015-10-01","CIMENTOS ASFÁLTICOS CAP-85-100","Roraima","-"]
["2015-12-01","CIMENTOS ASFÁLTICOS CAP-85-100","Piauí","-"]
["2016-02-01","CIMENTOS ASFÁLTICOS CAP-85-100","Roraima","-"]
["2016-03-01","CIMENTOS ASFÁLTICOS CAP-85-100","Paraíba","-"]
["2016-05-01","CIMENTOS ASFÁLTICOS CAP-85-100","Rondônia","-"]
["2016-07-01","CIMENTOS ASFÁLTICOS CAP-85-100","Bahia","-"]
["2016-10-01","CIMENTOS ASFÁLTICOS CAP-85-100","Alagoas","-"]
["2016-11-01","CIMENTOS ASFÁLTICOS CAP-85-100","Amazonas","-"]
["2017-01-01","CIMENTOS ASFÁLTICOS CAP-85-100","Bahia","-"]
["2017-02-01","CIMENTOS ASFÁLTICOS CAP-85-100","Rio Grande do Sul","-"]
["2017-05-01","CIMENTOS ASFÁLTICOS CAP-85-100","Piauí","-"]
["2017-06-01","CIMENTOS ASFÁLTICOS CAP-85-100","Goiás","-"]
["2017-09-01","CIMENTOS ASFÁLTICOS CAP-85-100","Espírito Santo","-"]
["2017-09-01","CIMENTOS ASFÁLTICOS CAP-85-100","Tocantins","-"]
["2017-12-01","CIMENTOS ASFÁLTICOS CAP-85-100","Santa Catarina","-"]
["2018-01-01","CIMENTOS ASFÁLTICOS CAP-85-100","Roraima","-"]
["2018-04-01","CIMENTOS ASFÁLTICOS CAP-85-100","Pará","-"]
["2018-05-01","CIMENTOS ASFÁLTICOS CAP-85-100","Paraná","-"]
["2018-06-01","CIMENTOS ASFÁLTICOS CAP-85-100","Roraima","-"]
["2018-09-01","CIMENTOS ASFÁLTICOS CAP-85-100","Ceará","-"]
["2018-12-01","CIMENTOS ASFÁLTICOS CAP-85-100","Amapá","-"]
["2018-12-01","CIMENTOS ASFÁLTICOS CAP-85-100","Rondônia","-"]
["2019-02-01","CIMENTOS ASFÁLTICOS CAP-85-100","Maranhão","-"]
["2019-04-01","CIMENTOS ASFÁLTICOS CAP-85-100","Rondônia","-"]
["2019-07-01","CIMENTOS ASFÁLTICOS CAP-85-100","Goiás","-"]
["2019-07-01","CIMENTOS ASFÁLTICOS CAP-85-100","Pará","-"]
["2019-10-01","CIMENTOS ASFÁLTICOS CAP-85-100","Sergipe","-"]
["2019-12-01","CIMENTOS ASFÁLTICOS CAP-85-100","Acre","-"]
["2020-01-01","CIMENTOS ASFÁLTICOS CAP-85-100","Amapá","-"]
["2020-02-01","CIMENTOS ASFÁLTICOS CAP-85-100","Santa Catarina","-"]
["2020-04-01","CIMENTOS ASFÁLTICOS CAP-85-100","Rio Grande do Norte","-"]
["2020-07-01","CIMENTOS ASFÁLTICOS CAP-85-100","Distrito Federal","-"]
["2020-09-01","CIMENTOS ASFÁLTICOS CAP-85-100","Santa Catarina","-"]
["2020-11-01","CIMENTOS ASFÁLTICOS CAP-85-100","Distrito Federal","-"]
["2020-11-01","CIMENTOS ASFÁLTICOS CAP-85-100","Sergipe","-"]
["2021-02-01","CIMENTOS ASFÁLTICOS CAP-85-100","Roraima","-"]
["2021-03-01","CIMENTOS ASFÁLTICOS CAP-85-100","Paraíba","-"]
["2021-06-01","CIMENTOS ASFÁLTICOS CAP-85-100","Minas Gerais","-"]
["2021-07-01","CIMENTOS ASFÁLTICOS CAP-85-100","Paraíba","-"]
["2021-10-01","CIMENTOS ASFÁLTICOS CAP-85-100","Mato Grosso","-"]
["2021-11-01","CIMENTOS ASFÁLTICOS CAP-85-100","Bahia","-"]
["2022-02-01","CIMENTOS ASFÁLTICOS CAP-85-100","Alagoas","-"]
["2022-02-01","CIMENTOS ASFÁLTICOS CAP-85-100","Rio Grande do Sul","-"]
["2022-05-01","CIMENTOS ASFÁLTICOS CAP-85-100","São Paulo","-"]
["2022-06-01","CIMENTOS ASFÁLTICOS CAP-85-100","Rio Grande do Sul","-"]
["2022-09-01","CIMENTOS ASFÁLTICOS CAP-85-100","Espírito Santo","-"]
["2022-11-01","CIMENTOS ASFÁLTICOS CAP-85-100","Alagoas","-"]
["2022-12-01","CIMENTOS ASFÁLTICOS CAP-85-100","São Paulo","-"]
["2023-01-01","CIMENTOS ASFÁLTICOS CAP-85-100","Tocantins","-"]
["2023-04-01","CIMENTOS ASFÁLTICOS CAP-85-100","Santa Catarina","-"]
["2023-06-01","CIMENTOS ASFÁLTICOS CAP-85-100","Mato Grosso do Sul","-"]
["2023-08-01","CIMENTOS ASFÁLTICOS CAP-85-100","Pará","-"]
["2023-09-01","CIMENTOS ASFÁLTICOS CAP-85-100","Ceará","-"]
["2023-11-01","CIMENTOS ASFÁLTICOS CAP-85-100","Paraná","-"]
["2024-01-01","CIMENTOS ASFÁLTICOS CAP-85-100","Ceará","-"]
["2024-03-01","CIMENTOS ASFÁLTICOS CAP-85-100","Rio Grande do Norte","-"]
["2024-04-01","CIMENTOS ASFÁLTICOS CAP-85-100","Rondônia","-"]
["2024-07-01","CIMENTOS ASFÁLTICOS CAP-85-100","Amapá","-"]
["2024-08-01","CIMENTOS ASFÁLTICOS CAP-85-100","Mato Grosso do Sul","-"]
["2024-09-01","CIMENTOS ASFÁLTICOS CAP-85-100","Pará","-"]
["2015-11-01","EMULSÃO ASFÁLTICA CATIÔNICA DE RUPTURA CONTROLADA PARA SERVIÇO DE LAMA ASFÁLTICA","Amapá","-"]
["2016-01-01","EMULSÃO ASFÁLTICA CATIÔNICA DE RUPTURA CONTROLADA PARA SERVIÇO DE LAMA ASFÁLTICA","Sergipe","-"]
["2016-03-01","EMULSÃO ASFÁLTICA CATIÔNICA DE RUPTURA CONTROLADA PARA SERVIÇO DE LAMA ASFÁLTICA","Acre","-"]
["2016-05-01","EMULSÃO ASFÁLTICA CATIÔNICA DE RUPTURA CONTROLADA PARA SERVIÇO DE LAMA ASFÁLTICA","Paraíba","-"]
["2016-06-01","EMULSÃO ASFÁLTICA CATIÔNICA DE RUPTURA CONTROLADA PARA SERVIÇO DE LAMA ASFÁLTICA","Pernambuco","-"]
["2016-09-01","EMULSÃO ASFÁLTICA CATIÔNICA DE RUPTURA CONTROLADA PARA SERVIÇO DE LAMA ASFÁLTICA","Bahia","-"]
["2016-10-01","EMULSÃO ASFÁLTICA CATIÔNICA DE RUPTURA CONTROLADA PARA SERVIÇO DE LAMA ASFÁLTICA","Distrito Federal","-"]
["2016-11-01","EMULSÃO ASFÁLTICA CATIÔNICA DE RUPTURA CONTROLADA PARA SERVIÇO DE LAMA ASFÁLTICA","Rio Grande do Sul","-"]
["2017-01-01","EMULSÃO ASFÁLTICA CATIÔNICA DE RUPTURA CONTROLADA PARA SERVIÇO DE LAMA ASFÁLTICA","Santa Catarina","-"]
["2017-02-01","EMULSÃO ASFÁLTICA CATIÔNICA DE RUPTURA CONTROLADA PARA SERVIÇO DE LAMA ASFÁLTICA","Sergipe","-"]
["2017-05-01","EMULSÃO ASFÁLTICA CATIÔNICA DE RUPTURA CONTROLADA PARA SERVIÇO DE LAMA ASFÁLTICA","Roraima","-"]
["2017-07-01","EMULSÃO ASFÁLTICA CATIÔNICA DE RUPTURA CONTROLADA PARA SERVIÇO DE LAMA ASFÁLTICA","Amazonas","-"]
["2017-09-01","EMULSÃO ASFÁLTICA CATIÔNICA DE RUPTURA CONTROLADA PARA SERVIÇO DE LAMA ASFÁLTICA","Minas Gerais","-"]
["2017-10-01","EMULSÃO ASFÁLTICA CATIÔNICA DE RUPTURA CONTROLADA PARA SERVIÇO DE LAMA ASFÁLTICA","Bahia","-"]
["2017-12-01","EMULSÃO ASFÁLTICA CATIÔNICA DE RUPTURA CONTROLADA PARA SERVIÇO DE LAMA ASFÁLTICA","Espírito Santo","-"]
["2018-02-01","EMULSÃO ASFÁLTICA CATIÔNICA DE RUPTURA CONTROLADA PARA SERVIÇO DE LAMA ASFÁLTICA","Bahia","-"]
["2018-04-01","EMULSÃO ASFÁLTICA CATIÔNICA DE RUPTURA CONTROLADA PARA SERVIÇO DE LAMA ASFÁLTICA","Rio de Janeiro","-"]
["2018-05-01","EMULSÃO ASFÁLTICA CATIÔNICA DE RUPTURA CONTROLADA PARA SERVIÇO DE LAMA ASFÁLTICA","Mato Grosso do Sul","-"]
["2018-08-01","EMULSÃO ASFÁLTICA CATIÔNICA DE RUPTURA CONTROLADA PARA SERVIÇO DE LAMA ASFÁLTICA","Rio de Janeiro","-"]
["2018-09-01","EMULSÃO ASFÁLTICA CATIÔNICA DE RUPTURA CONTROLADA PARA SERVIÇO DE LAMA ASFÁLTICA","Mato Grosso","-"]
["2018-12-01","EMULSÃO ASFÁLTICA CATIÔNICA DE RUPTURA CONTROLADA PARA SERVIÇO DE LAMA ASFÁLTICA","Espírito Santo","-"]
["2018-12-01","EMULSÃO ASFÁLTICA CATIÔNICA DE RUPTURA CONTROLADA PARA SERVIÇO DE LAMA ASFÁLTICA","Rondônia","-"]
["2019-03-01","EMULSÃO ASFÁLTICA CATIÔNICA DE RUPTURA CONTROLADA PARA SERVIÇO DE LAMA ASFÁLTICA","São Paulo","-"]
["2019-04-01","EMULSÃO ASFÁLTICA CATIÔNICA DE RUPTURA CONTROLADA PARA SERVIÇO DE LAMA ASFÁLTICA","Tocantins","-"]
["2019-07-01","EMULSÃO ASFÁLTICA CATIÔNICA DE RUPTURA CONTROLADA PARA SERVIÇO DE LAMA ASFÁLTICA","Rondônia","-"]
["2019-08-01","EMULSÃO ASFÁLTICA CATIÔNICA DE RUPTURA CONTROLADA PARA SERVIÇO DE LAMA ASFÁLTICA","Pernambuco","-"]
["2019-11-01","EMULSÃO ASFÁLTICA CATIÔNICA DE RUPTURA CONTROLADA PARA SERVIÇO DE LAMA ASFÁLTICA","Amazonas","-"]
["2019-12-01","EMULSÃO ASFÁLTICA CATIÔNICA DE RUPTURA CONTROLADA PARA SERVIÇO DE LAMA ASFÁLTICA","Ceará","-"]
["2020-01-01","EMULSÃO ASFÁLTICA CATIÔNICA DE RUPTURA CONTROLADA PARA SERVIÇO DE LAMA ASFÁLTICA","Minas Gerais","-"]
["2020-03-01","EMULSÃO ASFÁLTICA CATIÔNICA DE RUPTURA CONTROLADA PARA SERVIÇO DE LAMA ASFÁLTICA","Roraima","-"]
["2020-06-01","EMULSÃO ASFÁLTICA CATIÔNICA DE RUPTURA CONTROLADA PARA SERVIÇO DE LAMA ASFÁLTICA","Rio Grande do Norte","-"]
["2020-08-01","EMULSÃO ASFÁLTICA CATIÔNICA DE RUPTURA CONTROLADA PARA SERVIÇO DE LAMA ASFÁLTICA","Minas Gerais","-"]
["2020-10-01","EMULSÃO ASFÁLTICA CATIÔNICA DE RUPTURA CONTROLADA PARA SERVIÇO DE LAMA ASFÁLTICA","Maranhão","-"]
["2020-11-01","EMULSÃO ASFÁLTICA CATIÔNICA DE RUPTURA CONTROLADA PARA SERVIÇO DE LAMA ASFÁLTICA","Mato Grosso do Sul","-"]
["2021-01-01","EMULSÃO ASFÁLTICA CATIÔNICA DE RUPTURA CONTROLADA PARA SERVIÇO DE LAMA ASFÁLTICA","Sergipe","-"]
["2021-03-01","EMULSÃO ASFÁLTICA CATIÔNICA DE RUPTURA CONTROLADA PARA SERVIÇO DE LAMA ASFÁLTICA","Roraima","-"]
["2021-04-01","EMULSÃO ASFÁLTICA CATIÔNICA DE RUPTURA CONTROLADA PARA SERVIÇO DE LAMA ASFÁLTICA","Amazonas","-"]
["2021-06-01","EMULSÃO ASFÁLTICA CATIÔNICA DE RUPTURA CONTROLADA PARA SERVIÇO DE LAMA ASFÁLTICA","Piauí","-"]
["2021-08-01","EMULSÃO ASFÁLTICA CATIÔNICA DE RUPTURA CONTROLADA PARA SERVIÇO DE LAMA ASFÁLTICA","Tocantins","-"]
["2021-10-01","EMULSÃO ASFÁLTICA CATIÔNICA DE RUPTURA CONTROLADA PARA SERVIÇO DE LAMA ASFÁLTICA","Piauí","-"]
["2021-11-01","EMULSÃO ASFÁLTICA CATIÔNICA DE RUPTURA CONTROLADA PARA SERVIÇO DE LAMA ASFÁLTICA","Maranhão","-"]
["2022-02-01","EMULSÃO ASFÁLTICA CATIÔNICA DE RUPTURA CONTROLADA PARA SERVIÇO DE LAMA ASFÁLTICA","Distrito Federal","-"]
["2022-04-01","EMULSÃO ASFÁLTICA CATIÔNICA DE RUPTURA CONTROLADA PARA SERVIÇO DE LAMA ASFÁLTICA","Maranhão","-"]
["2022-05-01","EMULSÃO ASFÁLTICA CATIÔNICA DE RUPTURA CONTROLADA PARA SERVIÇO DE LAMA ASFÁLTICA","Santa Catarina","-"]
["2022-06-01","EMULSÃO ASFÁLTICA CATIÔNICA DE RUPTURA CONTROLADA PARA SERVIÇO DE LAMA ASFÁLTICA","Sergipe","-"]
["2022-09-01","EMULSÃO ASFÁLTICA CATIÔNICA DE RUPTURA CONTROLADA PARA SERVIÇO DE LAMA ASFÁLTICA","Pará","-"]
["2022-10-01","EMULSÃO ASFÁLTICA CATIÔNICA DE RUPTURA CONTROLADA PARA SERVIÇO DE LAMA ASFÁLTICA","Paraná","-"]
["2023-01-01","EMULSÃO ASFÁLTICA CATIÔNICA DE RUPTURA CONTROLADA PARA SERVIÇO DE LAMA ASFÁLTICA","Amapá","-"]
["2023-02-01","EMULSÃO ASFÁLTICA CATIÔNICA DE RUPTURA CONTROLADA PARA SERVIÇO DE LAMA ASFÁLTICA","Bahia","-"]
["2023-05-01","EMULSÃO ASFÁLTICA CATIÔNICA DE RUPTURA CONTROLADA PARA SERVIÇO DE LAMA ASFÁLTICA","Acre","-"]
["2023-05-01","EMULSÃO ASFÁLTICA CATIÔNICA DE RUPTURA CONTROLADA PARA SERVIÇO DE LAMA ASFÁLTICA","Rondônia","-"]
["2023-08-01","EMULSÃO ASFÁLTICA CATIÔNICA DE RUPTURA CONTROLADA PARA SERVIÇO DE LAMA ASFÁLTICA","Rio de Janeiro","-"]
["2023-10-01","EMULSÃO ASFÁLTICA CATIÔNICA DE RUPTURA CONTROLADA PARA SERVIÇO DE LAMA ASFÁLTICA","Bahia","-"]
["2023-12-01","EMULSÃO ASFÁLTICA CATIÔNICA DE RUPTURA CONTROLADA PARA SERVIÇO DE LAMA ASFÁLTICA","Goiás","-"]
["2024-01-01","EMULSÃO ASFÁLTICA CATIÔNICA DE RUPTURA CONTROLADA PARA SERVIÇO DE LAMA ASFÁLTICA","Mato Grosso","-"]
["2024-03-01","EMULSÃO ASFÁLTICA CATIÔNICA DE RUPTURA CONTROLADA PARA SERVIÇO DE LAMA ASFÁLTICA","São Paulo","-"]
["2024-05-01","EMULSÃO ASFÁLTICA CATIÔNICA DE RUPTURA CONTROLADA PARA SERVIÇO DE LAMA ASFÁLTICA","Paraíba","-"]
["2024-07-01","EMULSÃO ASFÁLTICA CATIÔNICA DE RUPTURA CONTROLADA PARA SERVIÇO DE LAMA ASFÁLTICA","São Paulo","-"]
["2024-08-01","EMULSÃO ASFÁLTICA CATIÔNICA DE RUPTURA CONTROLADA PARA SERVIÇO DE LAMA ASFÁLTICA","Pernambuco","-"]
["2015-09-01","EMULSÃO ASFÁLTICA DE RUPTURA LENTA CATIÔNICA PARA SERVIÇO DE LAMA ASFÁLTICA","Rio de Janeiro","-"]
["2015-11-01","EMULSÃO ASFÁLTICA DE RUPTURA LENTA CATIÔNICA PARA SERVIÇO DE LAMA ASFÁLTICA","Distrito Federal","-"]
["2016-02-01","EMULSÃO ASFÁLTICA DE RUPTURA LENTA CATIÔNICA PARA SERVIÇO DE LAMA ASFÁLTICA","Amazonas","-"]
["2016-03-01","EMULSÃO ASFÁLTICA DE RUPTURA LENTA CATIÔNICA PARA SERVIÇO DE LAMA ASFÁLTICA","Ceará","-"]
["2016-05-01","EMULSÃO ASFÁLTICA DE RUPTURA LENTA CATIÔNICA PARA SERVIÇO DE LAMA ASFÁLTICA","Alagoas","-"]
["2016-06-01","EMULSÃO ASFÁLTICA DE RUPTURA LENTA CATIÔNICA PARA SERVIÇO DE LAMA ASFÁLTICA","Roraima","-"]
["2016-09-01","EMULSÃO ASFÁLTICA DE RUPTURA LENTA CATIÔNICA PARA SERVIÇO DE LAMA ASFÁLTICA","Rio Grande do Norte","-"]
["2016-10-01","EMULSÃO ASFÁLTICA DE RUPTURA LENTA CATIÔNICA PARA SERVIÇO DE LAMA ASFÁLTICA","Ceará","-"]
["2017-01-01","EMULSÃO ASFÁLTICA DE RUPTURA LENTA CATIÔNICA PARA SERVIÇO DE LAMA ASFÁLTICA","Maranhão","-"]
["2017-02-01","EMULSÃO ASFÁLTICA DE RUPTURA LENTA CATIÔNICA PARA SERVIÇO DE LAMA ASFÁLTICA","Alagoas","-"]
["2017-04-01","EMULSÃO ASFÁLTICA DE RUPTURA LENTA CATIÔNICA PARA SERVIÇO DE LAMA ASFÁLTICA","Sergipe","-"]
["2017-05-01","EMULSÃO ASFÁLTICA DE RUPTURA LENTA CATIÔNICA PARA SERVIÇO DE LAMA ASFÁLTICA","Rio Grande do Norte","-"]
["2017-08-01","EMULSÃO ASFÁLTICA DE RUPTURA LENTA CATIÔNICA PARA SERVIÇO DE LAMA ASFÁLTICA","Paraná","-"]
["2017-09-01","EMULSÃO ASFÁLTICA DE RUPTURA LENTA CATIÔNICA PARA SERVIÇO DE LAMA ASFÁLTICA","Piauí","-"]
["2017-10-01","EMULSÃO ASFÁLTICA DE RUPTURA LENTA CATIÔNICA PARA SERVIÇO DE LAMA ASFÁLTICA","Santa Catarina","-"]
["2018-01-01","EMULSÃO ASFÁLTICA DE RUPTURA LENTA CATIÔNICA PARA SERVIÇO DE LAMA ASFÁLTICA","Espírito Santo","-"]
["2018-02-01","EMULSÃO ASFÁLTICA DE RUPTURA LENTA CATIÔNICA PARA SERVIÇO DE LAMA ASFÁLTICA","Maranhão","-"]
["2018-04-01","EMULSÃO ASFÁLTICA DE RUPTURA LENTA CATIÔNICA PARA SERVIÇO DE LAMA ASFÁLTICA","Santa Catarina","-"]
["2018-06-01","EMULSÃO ASFÁLTICA DE RUPTURA LENTA CATIÔNICA PARA SERVIÇO DE LAMA ASFÁLTICA","Distrito Federal","-"]
["2018-08-01","EMULSÃO ASFÁLTICA DE RUPTURA LENTA CATIÔNICA PARA SERVIÇO DE LAMA ASFÁLTICA","Santa Catarina","-"]
["2018-09-01","EMULSÃO ASFÁLTICA DE RUPTURA LENTA CATIÔNICA PARA SERVIÇO DE LAMA ASFÁLTICA","Paraná","-"]
["2018-11-01","EMULSÃO ASFÁLTICA DE RUPTURA LENTA CATIÔNICA PARA SERVIÇO DE LAMA ASFÁLTICA","Mato Grosso","-"]
["2019-01-01","EMULSÃO ASFÁLTICA DE RUPTURA LENTA CATIÔNICA PARA SERVIÇO DE LAMA ASFÁLTICA","Ceará","-"]
["2019-04-01","EMULSÃO ASFÁLTICA DE RUPTURA LENTA CATIÔNICA PARA SERVIÇO DE LAMA ASFÁLTICA","Amapá","-"]
["2019-05-01","EMULSÃO ASFÁLTICA DE RUPTURA LENTA CATIÔNICA PARA SERVIÇO DE LAMA ASFÁLTICA","Bahia","-"]
["2019-06-01","EMULSÃO ASFÁLTICA DE RUPTURA LENTA CATIÔNICA PARA SERVIÇO DE LAMA ASFÁLTICA","Rio Grande do Sul","-"]
["2019-08-01","EMULSÃO ASFÁLTICA DE RUPTURA LENTA CATIÔNICA PARA SERVIÇO DE LAMA ASFÁLTICA","Rondônia","-"]
["2019-11-01","EMULSÃO ASFÁLTICA DE RUPTURA LENTA CATIÔNICA PARA SERVIÇO DE LAMA ASFÁLTICA","Rio de Janeiro","-"]
["2020-01-01","EMULSÃO ASFÁLTICA DE RUPTURA LENTA CATIÔNICA PARA SERVIÇO DE LAMA ASFÁLTICA","Rio Grande do Sul","-"]
["2020-03-01","EMULSÃO ASFÁLTICA DE RUPTURA LENTA CATIÔNICA PARA SERVIÇO DE LAMA ASFÁLTICA","Goiás","-"]
["2020-04-01","EMULSÃO ASFÁLTICA DE RUPTURA LENTA CATIÔNICA PARA SERVIÇO DE LAMA ASFÁLTICA","Acre","-"]
["2020-06-01","EMULSÃO ASFÁLTICA DE RUPTURA LENTA CATIÔNICA PARA SERVIÇO DE LAMA ASFÁLTICA","São Paulo","-"]
["2020-07-01","EMULSÃO ASFÁLTICA DE RUPTURA LENTA CATIÔNICA PARA SERVIÇO DE LAMA ASFÁLTICA","Mato Grosso do Sul","-"]
["2020-10-01","EMULSÃO ASFÁLTICA DE RUPTURA LENTA CATIÔNICA PARA SERVIÇO DE LAMA ASFÁLTICA","Paraíba","-"]
["2020-11-01","EMULSÃO ASFÁLTICA DE RUPTURA LENTA CATIÔNICA PARA SERVIÇO DE LAMA ASFÁLTICA","Pernambuco","-"]
["2021-02-01","EMULSÃO ASFÁLTICA DE RUPTURA LENTA CATIÔNICA PARA SERVIÇO DE LAMA ASFÁLTICA","Mato Grosso do Sul","-"]
["2021-03-01","EMULSÃO ASFÁLTICA DE RUPTURA LENTA CATIÔNICA PARA SERVIÇO DE LAMA ASFÁLTICA","Distrito Federal","-"]
["2021-06-01","EMULSÃO ASFÁLTICA DE RUPTURA LENTA CATIÔNICA PARA SERVIÇO DE LAMA ASFÁLTICA","Amazonas","-"]
["2021-06-01","EMULSÃO ASFÁLTICA DE RUPTURA LENTA CATIÔNICA PARA SERVIÇO DE LAMA ASFÁLTICA","Roraima","-"]
["2021-09-01","EMULSÃO ASFÁLTICA DE RUPTURA LENTA CATIÔNICA PARA SERVIÇO DE LAMA ASFÁLTICA","Rondônia","-"]
["2021-10-01","EMULSÃO ASFÁLTICA DE RUPTURA LENTA CATIÔNICA PARA SERVIÇO DE LAMA ASFÁLTICA","Roraima","-"]
["2022-01-01","EMULSÃO ASFÁLTICA DE RUPTURA LENTA CATIÔNICA PARA SERVIÇO DE LAMA ASFÁLTICA","Maranhão","-"]
["2022-02-01","EMULSÃO ASFÁLTICA DE RUPTURA LENTA CATIÔNICA PARA SERVIÇO DE LAMA ASFÁLTICA","Sergipe","-"]
["2022-04-01","EMULSÃO ASFÁLTICA DE RUPTURA LENTA CATIÔNICA PARA SERVIÇO DE LAMA ASFÁLTICA","Tocantins","-"]
["2022-06-01","EMULSÃO ASFÁLTICA DE RUPTURA LENTA CATIÔNICA PARA SERVIÇO DE LAMA ASFÁLTICA","Alagoas","-"]
["2022-08-01","EMULSÃO ASFÁLTICA DE RUPTURA LENTA CATIÔNICA PARA SERVIÇO DE LAMA ASFÁLTICA","Sergipe","-"]
["2022-10-01","EMULSÃO ASFÁLTICA DE RUPTURA LENTA CATIÔNICA PARA SERVIÇO DE LAMA ASFÁLTICA","Goiás","-"]
["2022-12-01","EMULSÃO ASFÁLTICA DE RUPTURA LENTA CATIÔNICA PARA SERVIÇO DE LAMA ASFÁLTICA","Paraná","-"]
["2023-01-01","EMULSÃO ASFÁLTICA DE RUPTURA LENTA CATIÔNICA PARA SERVIÇO DE LAMA ASFÁLTICA","Piauí","-"]
["2023-03-01","EMULSÃO ASFÁLTICA DE RUPTURA LENTA CATIÔNICA PARA SERVIÇO DE LAMA ASFÁLTICA","Minas Gerais","-"]
["2023-05-01","EMULSÃO ASFÁLTICA DE RUPTURA LENTA CATIÔNICA PARA SERVIÇO DE LAMA ASFÁLTICA","Espírito Santo","-"]
["2023-07-01","EMULSÃO ASFÁLTICA DE RUPTURA LENTA CATIÔNICA PARA SERVIÇO DE LAMA ASFÁLTICA","Rondônia","-"]
["2023-08-01","EMULSÃO ASFÁLTICA DE RUPTURA LENTA CATIÔNICA PARA SERVIÇO DE LAMA ASFÁLTICA","Santa Catarina","-"]
["2023-10-01","EMULSÃO ASFÁLTICA DE RUPTURA LENTA CATIÔNICA PARA SERVIÇO DE LAMA ASFÁLTICA","Tocantins","-"]
["2023-12-01","EMULSÃO ASFÁLTICA DE RUPTURA LENTA CATIÔNICA PARA SERVIÇO DE LAMA ASFÁLTICA","Pará","-"]
["2024-01-01","EMULSÃO ASFÁLTICA DE RUPTURA LENTA CATIÔNICA PARA SERVIÇO DE LAMA ASFÁLTICA","Paraná","-"]
["2024-03-01","EMULSÃO ASFÁLTICA DE RUPTURA LENTA CATIÔNICA PARA SERVIÇO DE LAMA ASFÁLTICA","Tocantins","-"]
["2024-05-01","EMULSÃO ASFÁLTICA DE RUPTURA LENTA CATIÔNICA PARA SERVIÇO DE LAMA ASFÁLTICA","Ceará","-"]
["2024-08-01","EMULSÃO ASFÁLTICA DE RUPTURA LENTA CATIÔNICA PARA SERVIÇO DE LAMA ASFÁLTICA","Amapá","-"]
["2024-08-01","EMULSÃO ASFÁLTICA DE RUPTURA LENTA CATIÔNICA PARA SERVIÇO DE LAMA ASFÁLTICA","Rondônia","-"]
["2015-10-01","EMULSÃO ASFÁLTICA DE RUPTURA LENTA DE CARGA NEUTRA PARA SERVIÇO DE LAMA ASFÁLTICA","Pará","-"]
["2015-11-01","EMULSÃO ASFÁLTICA DE RUPTURA LENTA DE CARGA NEUTRA PARA SERVIÇO DE LAMA ASFÁLTICA","Rondônia","-"]
["2016-02-01","EMULSÃO ASFÁLTICA DE RUPTURA LENTA DE CARGA NEUTRA PARA SERVIÇO DE LAMA ASFÁLTICA","Goiás","-"]
["2016-03-01","EMULSÃO ASFÁLTICA DE RUPTURA LENTA DE CARGA NEUTRA PARA SERVIÇO DE LAMA ASFÁLTICA","Piauí","-"]
["2016-05-01","EMULSÃO ASFÁLTICA DE RUPTURA LENTA DE CARGA NEUTRA PARA SERVIÇO DE LAMA ASFÁLTICA","Sergipe","-"]
["2016-07-01","EMULSÃO ASFÁLTICA DE RUPTURA LENTA DE CARGA NEUTRA PARA SERVIÇO DE LAMA ASFÁLTICA","Acre","-"]
["2016-09-01","EMULSÃO ASFÁLTICA DE RUPTURA LENTA DE CARGA NEUTRA PARA SERVIÇO DE LAMA ASFÁLTICA","São Paulo","-"]
["2016-11-01","EMULSÃO ASFÁLTICA DE RUPTURA LENTA DE CARGA NEUTRA PARA SERVIÇO DE LAMA ASFÁLTICA","Acre","-"]
["2017-01-01","EMULSÃO ASFÁLTICA DE RUPTURA LENTA DE CARGA NEUTRA PARA SERVIÇO DE LAMA ASFÁLTICA","Paraíba","-"]
["2017-02-01","EMULSÃO ASFÁLTICA DE RUPTURA LENTA DE CARGA NEUTRA PARA SERVIÇO DE LAMA ASFÁLTICA","Pernambuco","-"]
["2017-04-01","EMULSÃO ASFÁLTICA DE RUPTURA LENTA DE CARGA NEUTRA PARA SERVIÇO DE LAMA ASFÁLTICA","Bahia","-"]
["2017-06-01","EMULSÃO ASFÁLTICA DE RUPTURA LENTA DE CARGA NEUTRA PARA SERVIÇO DE LAMA ASFÁLTICA","Distrito Federal","-"]
["2017-08-01","EMULSÃO ASFÁLTICA DE RUPTURA LENTA DE CARGA NEUTRA PARA SERVIÇO DE LAMA ASFÁLTICA","Rio Grande do Sul","-"]
["2017-09-01","EMULSÃO ASFÁLTICA DE RUPTURA LENTA DE CARGA NEUTRA PARA SERVIÇO DE LAMA ASFÁLTICA","Roraima","-"]
["2017-11-01","EMULSÃO ASFÁLTICA DE RUPTURA LENTA DE CARGA NEUTRA PARA SERVIÇO DE LAMA ASFÁLTICA","Rio de Janeiro","-"]
["2018-01-01","EMULSÃO ASFÁLTICA DE RUPTURA LENTA DE CARGA NEUTRA PARA SERVIÇO DE LAMA ASFÁLTICA","Minas Gerais","-"]
["2018-04-01","EMULSÃO ASFÁLTICA DE RUPTURA LENTA DE CARGA NEUTRA PARA SERVIÇO DE LAMA ASFÁLTICA","Maranhão","-"]
["2018-04-01","EMULSÃO ASFÁLTICA DE RUPTURA LENTA DE CARGA NEUTRA PARA SERVIÇO DE LAMA ASFÁLTICA","Rio de Janeiro","-"]
["2018-07-01","EMULSÃO ASFÁLTICA DE RUPTURA LENTA DE CARGA NEUTRA PARA SERVIÇO DE LAMA ASFÁLTICA","Tocantins","-"]
["2018-09-01","EMULSÃO ASFÁLTICA DE RUPTURA LENTA DE CARGA NEUTRA PARA SERVIÇO DE LAMA ASFÁLTICA","Alagoas","-"]
["2018-11-01","EMULSÃO ASFÁLTICA DE RUPTURA LENTA DE CARGA NEUTRA PARA SERVIÇO DE LAMA ASFÁLTICA","Paraná","-"]
["2018-12-01","EMULSÃO ASFÁLTICA DE RUPTURA LENTA DE CARGA NEUTRA PARA SERVIÇO DE LAMA ASFÁLTICA","Ceará","-"]
["2019-01-01","EMULSÃO ASFÁLTICA DE RUPTURA LENTA DE CARGA NEUTRA PARA SERVIÇO DE LAMA ASFÁLTICA","Rio Grande do Sul","-"]
["2019-04-01","EMULSÃO ASFÁLTICA DE RUPTURA LENTA DE CARGA NEUTRA PARA SERVIÇO DE LAMA ASFÁLTICA","Espírito Santo","-"]
["2019-05-01","EMULSÃO ASFÁLTICA DE RUPTURA LENTA DE CARGA NEUTRA PARA SERVIÇO DE LAMA ASFÁLTICA","Maranhão","-"]
["2019-07-01","EMULSÃO ASFÁLTICA DE RUPTURA LENTA DE CARGA NEUTRA PARA SERVIÇO DE LAMA ASFÁLTICA","São Paulo","-"]
["2019-10-01","EMULSÃO ASFÁLTICA DE RUPTURA LENTA DE CARGA NEUTRA PARA SERVIÇO DE LAMA ASFÁLTICA","Rondônia","-"]
["2019-11-01","EMULSÃO ASFÁLTICA DE RUPTURA LENTA DE CARGA NEUTRA PARA SERVIÇO DE LAMA ASFÁLTICA","Santa Catarina","-"]
["2019-12-01","EMULSÃO ASFÁLTICA DE RUPTURA LENTA DE CARGA NEUTRA PARA SERVIÇO DE LAMA ASFÁLTICA","Rio Grande do Norte","-"]
["2020-03-01","EMULSÃO ASFÁLTICA DE RUPTURA LENTA DE CARGA NEUTRA PARA SERVIÇO DE LAMA ASFÁLTICA","Pará","-"]
["2020-06-01","EMULSÃO ASFÁLTICA DE RUPTURA LENTA DE CARGA NEUTRA PARA SERVIÇO DE LAMA ASFÁLTICA","Acre","-"]
["2020-07-01","EMULSÃO ASFÁLTICA DE RUPTURA LENTA DE CARGA NEUTRA PARA SERVIÇO DE LAMA ASFÁLTICA","Rio Grande do Norte","-"]
["2020-08-01","EMULSÃO ASFÁLTICA DE RUPTURA LENTA DE CARGA NEUTRA PARA SERVIÇO DE LAMA ASFÁLTICA","Ceará","-"]
["2020-10-01","EMULSÃO ASFÁLTICA DE RUPTURA LENTA DE CARGA NEUTRA PARA SERVIÇO DE LAMA ASFÁLTICA","Rio Grande do Norte","-"]
["2020-11-01","EMULSÃO ASFÁLTICA DE RUPTURA LENTA DE CARGA NEUTRA PARA SERVIÇO DE LAMA ASFÁLTICA","Rondônia","-"]
["2021-03-01","EMULSÃO ASFÁLTICA DE RUPTURA LENTA DE CARGA NEUTRA PARA SERVIÇO DE LAMA ASFÁLTICA","Distrito Federal","-"]
["2021-03-01","EMULSÃO ASFÁLTICA DE RUPTURA LENTA DE CARGA NEUTRA PARA SERVIÇO DE LAMA ASFÁLTICA","Mato Grosso do Sul","-"]
["2021-06-01","EMULSÃO ASFÁLTICA DE RUPTURA LENTA DE CARGA NEUTRA PARA SERVIÇO DE LAMA ASFÁLTICA","Goiás","-"]
["2021-08-01","EMULSÃO ASFÁLTICA DE RUPTURA LENTA DE CARGA NEUTRA PARA SERVIÇO DE LAMA ASFÁLTICA","Distrito Federal","-"]
["2021-09-01","EMULSÃO ASFÁLTICA DE RUPTURA LENTA DE CARGA NEUTRA PARA SERVIÇO DE LAMA ASFÁLTICA","Sergipe","-"]
["2021-11-01","EMULSÃO ASFÁLTICA DE RUPTURA LENTA DE CARGA NEUTRA PARA SERVIÇO DE LAMA ASFÁLTICA","Acre","-"]
["2022-01-01","EMULSÃO ASFÁLTICA DE RUPTURA LENTA DE CARGA NEUTRA PARA SERVIÇO DE LAMA ASFÁLTICA","Paraíba","-"]
["2022-03-01","EMULSÃO ASFÁLTICA DE RUPTURA LENTA DE CARGA NEUTRA PARA SERVIÇO DE LAMA ASFÁLTICA","Rio Grande do Sul","-"]
["2022-05-01","EMULSÃO ASFÁLTICA DE RUPTURA LENTA DE CARGA NEUTRA PARA SERVIÇO DE LAMA ASFÁLTICA","Paraíba","-"]
["2022-06-01","EMULSÃO ASFÁLTICA DE RUPTURA LENTA DE CARGA NEUTRA PARA SERVIÇO DE LAMA ASFÁLTICA","Distrito Federal","-"]
["2022-08-01","EMULSÃO ASFÁLTICA DE RUPTURA LENTA DE CARGA NEUTRA PARA SERVIÇO DE LAMA ASFÁLTICA","São Paulo","-"]
["2022-09-01","EMULSÃO ASFÁLTICA DE RUPTURA LENTA DE CARGA NEUTRA PARA SERVIÇO DE LAMA ASFÁLTICA","Santa Catarina","-"]
["2022-12-01","EMULSÃO ASFÁLTICA DE RUPTURA LENTA DE CARGA NEUTRA PARA SERVIÇO DE LAMA ASFÁLTICA","Rio Grande do Sul","-"]
["2023-01-01","EMULSÃO ASFÁLTICA DE RUPTURA LENTA DE CARGA NEUTRA PARA SERVIÇO DE LAMA ASFÁLTICA","Roraima","-"]
["2023-04-01","EMULSÃO ASFÁLTICA DE RUPTURA LENTA DE CARGA NEUTRA PARA SERVIÇO DE LAMA ASFÁLTICA","Espírito Santo","-"]
["2023-05-01","EMULSÃO ASFÁLTICA DE RUPTURA LENTA DE CARGA NEUTRA PARA SERVIÇO DE LAMA ASFÁLTICA","Minas Gerais","-"]
["2023-07-01","EMULSÃO ASFÁLTICA DE RUPTURA LENTA DE CARGA NEUTRA PARA SERVIÇO DE LAMA ASFÁLTICA","Tocantins","-"]
["2023-09-01","EMULSÃO ASFÁLTICA DE RUPTURA LENTA DE CARGA NEUTRA PARA SERVIÇO DE LAMA ASFÁLTICA","Mato Grosso do Sul","-"]
["2023-11-01","EMULSÃO ASFÁLTICA DE RUPTURA LENTA DE CARGA NEUTRA PARA SERVIÇO DE LAMA ASFÁLTICA","Tocantins","-"]
["2023-12-01","EMULSÃO ASFÁLTICA DE RUPTURA LENTA DE CARGA NEUTRA PARA SERVIÇO DE LAMA ASFÁLTICA","Rio de Janeiro","-"]
["2024-03-01","EMULSÃO ASFÁLTICA DE RUPTURA LENTA DE CARGA NEUTRA PARA SERVIÇO DE LAMA ASFÁLTICA","Paraná","-"]
["2024-04-01","EMULSÃO ASFÁLTICA DE RUPTURA LENTA DE CARGA NEUTRA PARA SERVIÇO DE LAMA ASFÁLTICA","Sergipe","-"]
["2024-07-01","EMULSÃO ASFÁLTICA DE RUPTURA LENTA DE CARGA NEUTRA PARA SERVIÇO DE LAMA ASFÁLTICA","Ceará","-"]
["2024-08-01","EMULSÃO ASFÁLTICA DE RUPTURA LENTA DE CARGA NEUTRA PARA SERVIÇO DE LAMA ASFÁLTICA","Espírito Santo","-"]
["2024-09-01","EMULSÃO ASFÁLTICA DE RUPTURA LENTA DE CARGA NEUTRA PARA SERVIÇO DE LAMA ASFÁLTICA","Sergipe","-"]
["2015-10-01","EMULSÃO ASFÁLTICA PARA SERVIÇO DE IMPRIMAÇÃO","São Paulo","-"]
["2015-11-01","EMULSÃO ASFÁLTICA PARA SERVIÇO DE IMPRIMAÇÃO","Tocantins","-"]
["2016-02-01","EMULSÃO ASFÁLTICA PARA SERVIÇO DE IMPRIMAÇÃO","Pará","-"]
["2016-04-01","EMULSÃO ASFÁLTICA PARA SERVIÇO DE IMPRIMAÇÃO","Minas Gerais","-"]
["2016-06-01","EMULSÃO ASFÁLTICA PARA SERVIÇO DE IMPRIMAÇÃO","Pará","-"]
["2016-07-01","EMULSÃO ASFÁLTICA PARA SERVIÇO DE IMPRIMAÇÃO","Ceará","-"]
["2016-09-01","EMULSÃO ASFÁLTICA PARA SERVIÇO DE IMPRIMAÇÃO","Pernambuco","-"]
["2016-12-01","EMULSÃO ASFÁLTICA PARA SERVIÇO DE IMPRIMAÇÃO","Piauí","-"]
["2017-01-01","EMULSÃO ASFÁLTICA PARA SERVIÇO DE IMPRIMAÇÃO","Rio Grande do Norte","-"]
["2017-02-01","EMULSÃO ASFÁLTICA PARA SERVIÇO DE IMPRIMAÇÃO","Rondônia","-"]
["2017-04-01","EMULSÃO ASFÁLTICA PARA SERVIÇO DE IMPRIMAÇÃO","Tocantins","-"]
["2017-06-01","EMULSÃO ASFÁLTICA PARA SERVIÇO DE IMPRIMAÇÃO","Mato Grosso do Sul","-"]
["2017-08-01","EMULSÃO ASFÁLTICA PARA SERVIÇO DE IMPRIMAÇÃO","Sergipe","-"]
["2017-10-01","EMULSÃO ASFÁLTICA PARA SERVIÇO DE IMPRIMAÇÃO","Amazonas","-"]
["2017-12-01","EMULSÃO ASFÁLTICA PARA SERVIÇO DE IMPRIMAÇÃO","Sergipe","-"]
["2018-01-01","EMULSÃO ASFÁLTICA PARA SERVIÇO DE IMPRIMAÇÃO","Piauí","-"]
["2018-04-01","EMULSÃO ASFÁLTICA PARA SERVIÇO DE IMPRIMAÇÃO","Paraíba","-"]
["2018-05-01","EMULSÃO ASFÁLTICA PARA SERVIÇO DE IMPRIMAÇÃO","Piauí","-"]
["2018-08-01","EMULSÃO ASFÁLTICA PARA SERVIÇO DE IMPRIMAÇÃO","Bahia","-"]
["2018-09-01","EMULSÃO ASFÁLTICA PARA SERVIÇO DE IMPRIMAÇÃO","Distrito Federal","-"]
["2018-10-01","EMULSÃO ASFÁLTICA PARA SERVIÇO DE IMPRIMAÇÃO","Piauí","-"]
["2018-12-01","EMULSÃO ASFÁLTICA PARA SERVIÇO DE IMPRIMAÇÃO","Santa Catarina","-"]
["2019-03-01","EMULSÃO ASFÁLTICA PARA SERVIÇO DE IMPRIMAÇÃO","Rio Grande do Sul","-"]
["2019-04-01","EMULSÃO ASFÁLTICA PARA SERVIÇO DE IMPRIMAÇÃO","Minas Gerais","-"]
["2019-06-01","EMULSÃO ASFÁLTICA PARA SERVIÇO DE IMPRIMAÇÃO","Bahia","-"]
["2019-08-01","EMULSÃO ASFÁLTICA PARA SERVIÇO DE IMPRIMAÇÃO","Amapá","-"]
["2019-10-01","EMULSÃO ASFÁLTICA PARA SERVIÇO DE IMPRIMAÇÃO","Tocantins","-"]
["2020-01-01","EMULSÃO ASFÁLTICA PARA SERVIÇO DE IMPRIMAÇÃO","Bahia","-"]
["2020-02-01","EMULSÃO ASFÁLTICA PARA SERVIÇO DE IMPRIMAÇÃO","Pernambuco","-"]
["2020-03-01","EMULSÃO ASFÁLTICA PARA SERVIÇO DE IMPRIMAÇÃO","Rio de Janeiro","-"]
["2020-06-01","EMULSÃO ASFÁLTICA PARA SERVIÇO DE IMPRIMAÇÃO","Paraná",2.1767174591976199]
["2020-06-01","EMULSÃO ASFÁLTICA PARA SERVIÇO DE IMPRIMAÇÃO","Rio de Janeiro","-"]
["2020-10-01","EMULSÃO ASFÁLTICA PARA SERVIÇO DE IMPRIMAÇÃO","Ceará",2.0084150028443801]
["2020-10-01","EMULSÃO ASFÁLTICA PARA SERVIÇO DE IMPRIMAÇÃO","São Paulo","-"]
["2021-01-01","EMULSÃO ASFÁLTICA PARA SERVIÇO DE IMPRIMAÇÃO","Rio de Janeiro","-"]
["2021-02-01","EMULSÃO ASFÁLTICA PARA SERVIÇO DE IMPRIMAÇÃO","São Paulo","-"]
["2021-05-01","EMULSÃO ASFÁLTICA PARA SERVIÇO DE IMPRIMAÇÃO","Mato Grosso do Sul","-"]
["2021-06-01","EMULSÃO ASFÁLTICA PARA SERVIÇO DE IMPRIMAÇÃO","Pará","-"]
["2021-09-01","EMULSÃO ASFÁLTICA PARA SERVIÇO DE IMPRIMAÇÃO","Ceará",2.3472058621277898]
["2021-10-01","EMULSÃO ASFÁLTICA PARA SERVIÇO DE IMPRIMAÇÃO","Amazonas","-"]
["2021-11-01","EMULSÃO ASFÁLTICA PARA SERVIÇO DE IMPRIMAÇÃO","Ceará",2.4903316498765702]
["2022-02-01","EMULSÃO ASFÁLTICA PARA SERVIÇO DE IMPRIMAÇÃO","Ceará",2.51154721864821]
["2022-02-01","EMULSÃO ASFÁLTICA PARA SERVIÇO DE IMPRIMAÇÃO","Roraima","-"]
["2022-05-01","EMULSÃO ASFÁLTICA PARA SERVIÇO DE IMPRIMAÇÃO","Rio Grande do Norte","-"]
["2022-06-01","EMULSÃO ASFÁLTICA PARA SERVIÇO DE IMPRIMAÇÃO","Mato Grosso do Sul","-"]
["2022-09-01","EMULSÃO ASFÁLTICA PARA SERVIÇO DE IMPRIMAÇÃO","Rio Grande do Norte","-"]
["2022-10-01","EMULSÃO ASFÁLTICA PARA SERVIÇO DE IMPRIMAÇÃO","Alagoas","-"]
["2022-12-01","EMULSÃO ASFÁLTICA PARA SERVIÇO DE IMPRIMAÇÃO","Sergipe","-"]
["2023-02-01","EMULSÃO ASFÁLTICA PARA SERVIÇO DE IMPRIMAÇÃO","Santa Catarina","-"]
["2023-04-01","EMULSÃO ASFÁLTICA PARA SERVIÇO DE IMPRIMAÇÃO","Paraná",2.57215326257622]
["2023-05-01","EMULSÃO ASFÁLTICA PARA SERVIÇO DE IMPRIMAÇÃO","Piauí","-"]
["2023-08-01","EMULSÃO ASFÁLTICA PARA SERVIÇO DE IMPRIMAÇÃO","Paraíba","-"]
["2023-10-01","EMULSÃO ASFÁLTICA PARA SERVIÇO DE IMPRIMAÇÃO","Distrito Federal","-"]
["2023-12-01","EMULSÃO ASFÁLTICA PARA SERVIÇO DE IMPRIMAÇÃO","Bahia","-"]
["2023-12-01","EMULSÃO ASFÁLTICA PARA SERVIÇO DE IMPRIMAÇÃO","Santa Catarina","-"]
["2024-03-01","EMULSÃO ASFÁLTICA PARA SERVIÇO DE IMPRIMAÇÃO","Mato Grosso",3.4490952348036799]
["2024-04-01","EMULSÃO ASFÁLTICA PARA SERVIÇO DE IMPRIMAÇÃO","Santa Catarina","-"]
["2024-07-01","EMULSÃO ASFÁLTICA PARA SERVIÇO DE IMPRIMAÇÃO","Mato Grosso",2.81341677558077]
["2024-08-01","EMULSÃO ASFÁLTICA PARA SERVIÇO DE IMPRIMAÇÃO","Minas Gerais",2.23336175910738]
["2013-01-01","EMULSÕES ASF. MOD. POR POLÍMEROS RC1C-E","São Paulo",1.14967849486288]
["2013-03-01","EMULSÕES ASF. MOD. POR POLÍMEROS RC1C-E","Amapá","-"]
["2013-05-01","EMULSÕES ASF. MOD. POR POLÍMEROS RC1C-E","Tocantins","-"]
["2013-06-01","EMULSÕES ASF. MOD. POR POLÍMEROS RC1C-E","São Paulo",1.1635843437967599]
["2013-09-01","EMULSÕES ASF. MOD. POR POLÍMEROS RC1C-E","Pernambuco","-"]
["2013-10-01","EMULSÕES ASF. MOD. POR POLÍMEROS RC1C-E","Rio de Janeiro","-"]
["2014-01-01","EMULSÕES ASF. MOD. POR POLÍMEROS RC1C-E","Ceará",1.37297951224486]
["2014-02-01","EMULSÕES ASF. MOD. POR POLÍMEROS RC1C-E","Mato Grosso do Sul","-"]
["2014-04-01","EMULSÕES ASF. MOD. POR POLÍMEROS RC1C-E","Roraima","-"]
["2014-05-01","EMULSÕES ASF. MOD. POR POLÍMEROS RC1C-E","São Paulo",1.23339922814125]
["2014-07-01","EMULSÕES ASF. MOD. POR POLÍMEROS RC1C-E","Paraná",1.4569108638102699]
["2014-09-01","EMULSÕES ASF. MOD. POR POLÍMEROS RC1C-E","Paraíba","-"]
["2014-12-01","EMULSÕES ASF. MOD. POR POLÍMEROS RC1C-E","Mato Grosso do Sul","-"]
["2015-01-01","EMULSÕES ASF. MOD. POR POLÍMEROS RC1C-E","Pará","-"]
["2015-02-01","EMULSÕES ASF. MOD. POR POLÍMEROS RC1C-E","Sergipe","-"]
["2015-05-01","EMULSÕES ASF. MOD. POR POLÍMEROS RC1C-E","Amazonas","-"]
["2015-07-01","EMULSÕES ASF. MOD. POR POLÍMEROS RC1C-E","Piauí","-"]
["2015-08-01","EMULSÕES ASF. MOD. POR POLÍMEROS RC1C-E","Amapá","-"]
["2015-09-01","EMULSÕES ASF. MOD. POR POLÍMEROS RC1C-E","Roraima","-"]
["2015-12-01","EMULSÕES ASF. MOD. POR POLÍMEROS RC1C-E","Maranhão","-"]
["2016-01-01","EMULSÕES ASF. MOD. POR POLÍMEROS RC1C-E","Mato Grosso do Sul","-"]
["2016-03-01","EMULSÕES ASF. MOD. POR POLÍMEROS RC1C-E","Minas Gerais","-"]
["2016-05-01","EMULSÕES ASF. MOD. POR POLÍMEROS RC1C-E","Alagoas","-"]
["2016-07-01","EMULSÕES ASF. MOD. POR POLÍMEROS RC1C-E","Sergipe","-"]
["2016-08-01","EMULSÕES ASF. MOD. POR POLÍMEROS RC1C-E","Pernambuco","-"]
["2016-11-01","EMULSÕES ASF. MOD. POR POLÍMEROS RC1C-E","Paraná",1.72908255374181]
["2016-12-01","EMULSÕES ASF. MOD. POR POLÍMEROS RC1C-E","Piauí","-"]
["2017-03-01","EMULSÕES ASF. MOD. POR POLÍMEROS RC1C-E","Bahia","-"]
["2017-04-01","EMULSÕES ASF. MOD. POR POLÍMEROS RC1C-E","Amazonas","-"]
["2017-06-01","EMULSÕES ASF. MOD. POR POLÍMEROS RC1C-E","Rondônia","-"]
["2017-07-01","EMULSÕES ASF. MOD. POR POLÍMEROS RC1C-E","Santa Catarina","-"]
["2017-11-01","EMULSÕES ASF. MOD. POR POLÍMEROS RC1C-E","Amazonas","-"]
["2017-11-01","EMULSÕES ASF. MOD. POR POLÍMEROS RC1C-E","Pará","-"]
["2018-02-01","EMULSÕES ASF. MOD. POR POLÍMEROS RC1C-E","Mato Grosso","-"]
["2018-03-01","EMULSÕES ASF. MOD. POR POLÍMEROS RC1C-E","Minas Gerais",1.7743260451692899]
["2018-04-01","EMULSÕES ASF. MOD. POR POLÍMEROS RC1C-E","Piauí","-"]
["2018-07-01","EMULSÕES ASF. MOD. POR POLÍMEROS RC1C-E","Amapá","-"]
["2018-09-01","EMULSÕES ASF. MOD. POR POLÍMEROS RC1C-E","Pernambuco","-"]
["2018-11-01","EMULSÕES ASF. MOD. POR POLÍMEROS RC1C-E","Piauí","-"]
["2019-01-01","EMULSÕES ASF. MOD. POR POLÍMEROS RC1C-E","Pernambuco","-"]
["2019-02-01","EMULSÕES ASF. MOD. POR POLÍMEROS RC1C-E","Goiás","-"]
["2019-05-01","EMULSÕES ASF. MOD. POR POLÍMEROS RC1C-E","Ceará",2.4245370483749098]
["2019-07-01","EMULSÕES ASF. MOD. POR POLÍMEROS RC1C-E","Acre","-"]
["2019-08-01","EMULSÕES ASF. MOD. POR POLÍMEROS RC1C-E","Roraima","-"]
["2019-09-01","EMULSÕES ASF. MOD. POR POLÍMEROS RC1C-E","São Paulo",2.2241142912571101]
["2019-12-01","EMULSÕES ASF. MOD. POR POLÍMEROS RC1C-E","Bahia","-"]
["2020-01-01","EMULSÕES ASF. MOD. POR POLÍMEROS RC1C-E","Paraíba","-"]
["2020-02-01","EMULSÕES ASF. MOD. POR POLÍMEROS RC1C-E","Pernambuco","-"]
["2020-05-01","EMULSÕES ASF. MOD. POR POLÍMEROS RC1C-E","Amazonas","-"]
["2020-07-01","EMULSÕES ASF. MOD. POR POLÍMEROS RC1C-E","Rio de Janeiro","-"]
["2020-08-01","EMULSÕES ASF. MOD. POR POLÍMEROS RC1C-E","Rio Grande do Sul","-"]
["2020-11-01","EMULSÕES ASF. MOD. POR POLÍMEROS RC1C-E","Piauí","-"]
["2020-12-01","EMULSÕES ASF. MOD. POR POLÍMEROS RC1C-E","Roraima","-"]
["2021-03-01","EMULSÕES ASF. MOD. POR POLÍMEROS RC1C-E","Espírito Santo","-"]
["2021-04-01","EMULSÕES ASF. MOD. POR POLÍMEROS RC1C-E","Maranhão","-"]
["2021-06-01","EMULSÕES ASF. MOD. POR POLÍMEROS RC1C-E","Santa Catarina","-"]
["2021-08-01","EMULSÕES ASF. MOD. POR POLÍMEROS RC1C-E","Ceará",3.0582662271529202]
["2021-09-01","EMULSÕES ASF. MOD. POR POLÍMEROS RC1C-E","Alagoas","-"]
["2021-11-01","EMULSÕES ASF. MOD. POR POLÍMEROS RC1C-E","Paraná",3.4948027520228901]
["2022-01-01","EMULSÕES ASF. MOD. POR POLÍMEROS RC1C-E","Maranhão","-"]
["2022-03-01","EMULSÕES ASF. MOD. POR POLÍMEROS RC1C-E","Paraná",3.90432239136]
["2022-04-01","EMULSÕES ASF. MOD. POR POLÍMEROS RC1C-E","Espírito Santo","-"]
["2022-07-01","EMULSÕES ASF. MOD. POR POLÍMEROS RC1C-E","Bahia","-"]
["2022-08-01","EMULSÕES ASF. MOD. POR POLÍMEROS RC1C-E","Rio Grande do Norte","-"]
["2022-10-01","EMULSÕES ASF. MOD. POR POLÍMEROS RC1C-E","Rondônia","-"]
["2022-11-01","EMULSÕES ASF. MOD. POR POLÍMEROS RC1C-E","Santa Catarina","-"]
["2023-01-01","EMULSÕES ASF. MOD. POR POLÍMEROS RC1C-E","Santa Catarina","-"]
["2023-03-01","EMULSÕES ASF. MOD. POR POLÍMEROS RC1C-E","Pará","-"]
["2023-06-01","EMULSÕES ASF. MOD. POR POLÍMEROS RC1C-E","Mato Grosso",3.4461995191233701]
["2023-07-01","EMULSÕES ASF. MOD. POR POLÍMEROS RC1C-E","Amapá","-"]
["2023-09-01","EMULSÕES ASF. MOD. POR POLÍMEROS RC1C-E","Mato Grosso",3.7467790707070701]
["2023-10-01","EMULSÕES ASF. MOD. POR POLÍMEROS RC1C-E","Rio Grande do Norte","-"]
["2024-01-01","EMULSÕES ASF. MOD. POR POLÍMEROS RC1C-E","Pernambuco","-"]
["2024-02-01","EMULSÕES ASF. MOD. POR POLÍMEROS RC1C-E","Paraíba","-"]
["2024-05-01","EMULSÕES ASF. MOD. POR POLÍMEROS RC1C-E","Distrito Federal","-"]
["2024-06-01","EMULSÕES ASF. MOD. POR POLÍMEROS RC1C-E","Goiás",3.12607420729534]
["2024-08-01","EMULSÕES ASF. MOD. POR POLÍMEROS RC1C-E","Roraima","-"]
["2024-09-01","EMULSÕES ASF. MOD. POR POLÍMEROS RC1C-E","São Paulo",3.4659624544430301]
["2013-03-01","EMULSÕES ASF. MOD. POR POLÍMEROS RL1C-E","Roraima","-"]
["2013-04-01","EMULSÕES ASF. MOD. POR POLÍMEROS RL1C-E","Paraíba","-"]
["2013-06-01","EMULSÕES ASF. MOD. POR POLÍMEROS RL1C-E","Alagoas","-"]
["2013-08-01","EMULSÕES ASF. MOD. POR POLÍMEROS RL1C-E","Paraíba","-"]
["2013-11-01","EMULSÕES ASF. MOD. POR POLÍMEROS RL1C-E","Alagoas","-"]
["2013-12-01","EMULSÕES ASF. MOD. POR POLÍMEROS RL1C-E","Amazonas","-"]
["2014-01-01","EMULSÕES ASF. MOD. POR POLÍMEROS RL1C-E","Mato Grosso do Sul","-"]
["2014-03-01","EMULSÕES ASF. MOD. POR POLÍMEROS RL1C-E","Rio Grande do Sul","-"]
["2014-04-01","EMULSÕES ASF. MOD. POR POLÍMEROS RL1C-E","Roraima","-"]
["2014-06-01","EMULSÕES ASF. MOD. POR POLÍMEROS RL1C-E","Paraná","-"]
["2014-08-01","EMULSÕES ASF. MOD. POR POLÍMEROS RL1C-E","Minas Gerais","-"]
["2014-11-01","EMULSÕES ASF. MOD. POR POLÍMEROS RL1C-E","Maranhão","-"]
["2014-12-01","EMULSÕES ASF. MOD. POR POLÍMEROS RL1C-E","Alagoas","-"]
["2015-02-01","EMULSÕES ASF. MOD. POR POLÍMEROS RL1C-E","Amapá","-"]
["2015-05-01","EMULSÕES ASF. MOD. POR POLÍMEROS RL1C-E","Pará","-"]
["2015-06-01","EMULSÕES ASF. MOD. POR POLÍMEROS RL1C-E","Paraná","-"]
["2015-09-01","EMULSÕES ASF. MOD. POR POLÍMEROS RL1C-E","Amapá","-"]
["2015-10-01","EMULSÕES ASF. MOD. POR POLÍMEROS RL1C-E","Ceará","-"]
["2015-11-01","EMULSÕES ASF. MOD. POR POLÍMEROS RL1C-E","Espírito Santo","-"]
["2016-01-01","EMULSÕES ASF. MOD. POR POLÍMEROS RL1C-E","Rondônia","-"]
["2016-04-01","EMULSÕES ASF. MOD. POR POLÍMEROS RL1C-E","Minas Gerais","-"]
["2016-05-01","EMULSÕES ASF. MOD. POR POLÍMEROS RL1C-E","Rondônia","-"]
["2016-06-01","EMULSÕES ASF. MOD. POR POLÍMEROS RL1C-E","Pará","-"]
["2016-09-01","EMULSÕES ASF. MOD. POR POLÍMEROS RL1C-E","Pernambuco","-"]
["2016-10-01","EMULSÕES ASF. MOD. POR POLÍMEROS RL1C-E","Pará","-"]
["2017-01-01","EMULSÕES ASF. MOD. POR POLÍMEROS RL1C-E","Acre","-"]
["2017-02-01","EMULSÕES ASF. MOD. POR POLÍMEROS RL1C-E","Amapá","-"]
["2017-04-01","EMULSÕES ASF. MOD. POR POLÍMEROS RL1C-E","Tocantins","-"]
["2017-05-01","EMULSÕES ASF. MOD. POR POLÍMEROS RL1C-E","Rio Grande do Norte","-"]
["2017-08-01","EMULSÕES ASF. MOD. POR POLÍMEROS RL1C-E","Pernambuco","-"]
["2017-10-01","EMULSÕES ASF. MOD. POR POLÍMEROS RL1C-E","Amazonas","-"]
["2017-12-01","EMULSÕES ASF. MOD. POR POLÍMEROS RL1C-E","Distrito Federal","-"]
["2017-12-01","EMULSÕES ASF. MOD. POR POLÍMEROS RL1C-E","Sergipe","-"]
["2018-03-01","EMULSÕES ASF. MOD. POR POLÍMEROS RL1C-E","Roraima","-"]
["2018-05-01","EMULSÕES ASF. MOD. POR POLÍMEROS RL1C-E","Piauí","-"]
["2018-07-01","EMULSÕES ASF. MOD. POR POLÍMEROS RL1C-E","Minas Gerais","-"]
["2018-08-01","EMULSÕES ASF. MOD. POR POLÍMEROS RL1C-E","Paraíba","-"]
["2018-10-01","EMULSÕES ASF. MOD. POR POLÍMEROS RL1C-E","Rondônia","-"]
["2018-12-01","EMULSÕES ASF. MOD. POR POLÍMEROS RL1C-E","Bahia","-"]
["2019-03-01","EMULSÕES ASF. MOD. POR POLÍMEROS RL1C-E","Alagoas","-"]
["2019-03-01","EMULSÕES ASF. MOD. POR POLÍMEROS RL1C-E","Rio Grande do Sul","-"]
["2019-06-01","EMULSÕES ASF. MOD. POR POLÍMEROS RL1C-E","Bahia","-"]
["2019-07-01","EMULSÕES ASF. MOD. POR POLÍMEROS RL1C-E","Rio Grande do Sul","-"]
["2019-10-01","EMULSÕES ASF. MOD. POR POLÍMEROS RL1C-E","Espírito Santo","-"]
["2019-11-01","EMULSÕES ASF. MOD. POR POLÍMEROS RL1C-E","Goiás","-"]
["2019-12-01","EMULSÕES ASF. MOD. POR POLÍMEROS RL1C-E","Minas Gerais","-"]
["2020-02-01","EMULSÕES ASF. MOD. POR POLÍMEROS RL1C-E","Tocantins","-"]
["2020-04-01","EMULSÕES ASF. MOD. POR POLÍMEROS RL1C-E","Alagoas","-"]
["2020-06-01","EMULSÕES ASF. MOD. POR POLÍMEROS RL1C-E","Rio de Janeiro","-"]
["2020-07-01","EMULSÕES ASF. MOD. POR POLÍMEROS RL1C-E","Rio de Janeiro","-"]
["2020-10-01","EMULSÕES ASF. MOD. POR POLÍMEROS RL1C-E","Paraná","-"]
["2020-11-01","EMULSÕES ASF. MOD. POR POLÍMEROS RL1C-E","Roraima","-"]
["2021-02-01","EMULSÕES ASF. MOD. POR POLÍMEROS RL1C-E","Ceará","-"]
["2021-02-01","EMULSÕES ASF. MOD. POR POLÍMEROS RL1C-E","São Paulo","-"]
["2021-05-01","EMULSÕES ASF. MOD. POR POLÍMEROS RL1C-E","Rondônia","-"]
["2021-07-01","EMULSÕES ASF. MOD. POR POLÍMEROS RL1C-E","Maranhão","-"]
["2021-09-01","EMULSÕES ASF. MOD. POR POLÍMEROS RL1C-E","Mato Grosso do Sul","-"]
["2021-10-01","EMULSÕES ASF. MOD. POR POLÍMEROS RL1C-E","Pará","-"]
["2021-12-01","EMULSÕES ASF. MOD. POR POLÍMEROS RL1C-E","Pará","-"]
["2022-02-01","EMULSÕES ASF. MOD. POR POLÍMEROS RL1C-E","Amazonas","-"]
["2022-05-01","EMULSÕES ASF. MOD. POR POLÍMEROS RL1C-E","Acre","-"]
["2022-05-01","EMULSÕES ASF. MOD. POR POLÍMEROS RL1C-E","Rio Grande do Norte","-"]
["2022-07-01","EMULSÕES ASF. MOD. POR POLÍMEROS RL1C-E","Santa Catarina","-"]
["2022-09-01","EMULSÕES ASF. MOD. POR POLÍMEROS RL1C-E","Rio Grande do Norte","-"]
["2022-12-01","EMULSÕES ASF. MOD. POR POLÍMEROS RL1C-E","Distrito Federal","-"]
["2023-01-01","EMULSÕES ASF. MOD. POR POLÍMEROS RL1C-E","Acre","-"]
["2023-03-01","EMULSÕES ASF. MOD. POR POLÍMEROS RL1C-E","Santa Catarina","-"]
["2023-04-01","EMULSÕES ASF. MOD. POR POLÍMEROS RL1C-E","Sergipe","-"]
["2023-07-01","EMULSÕES ASF. MOD. POR POLÍMEROS RL1C-E","Roraima","-"]
["2023-08-01","EMULSÕES ASF. MOD. POR POLÍMEROS RL1C-E","Mato Grosso","-"]
["2023-11-01","EMULSÕES ASF. MOD. POR POLÍMEROS RL1C-E","Minas Gerais","-"]
["2023-12-01","EMULSÕES ASF. MOD. POR POLÍMEROS RL1C-E","Paraíba","-"]
["2024-03-01","EMULSÕES ASF. MOD. POR POLÍMEROS RL1C-E","Mato Grosso","-"]
["2024-04-01","EMULSÕES ASF. MOD. POR POLÍMEROS RL1C-E","Bahia","-"]
["2024-06-01","EMULSÕES ASF. MOD. POR POLÍMEROS RL1C-E","Rio de Janeiro","-"]
["2024-07-01","EMULSÕES ASF. MOD. POR POLÍMEROS RL1C-E","Rio Grande do Sul","-"]
["2024-09-01","EMULSÕES ASF. MOD. POR POLÍMEROS RL1C-E","Alagoas","-"]
["2013-02-01","EMULSÕES ASF. MOD. POR POLÍMEROS RM1C-E","Mato Grosso","-"]
["2013-05-01","EMULSÕES ASF. MOD. POR POLÍMEROS RM1C-E","Espírito Santo","-"]
["2013-07-01","EMULSÕES ASF. MOD. POR POLÍMEROS RM1C-E","Alagoas","-"]
["2013-08-01","EMULSÕES ASF. MOD. POR POLÍMEROS RM1C-E","São Paulo","-"]
["2013-09-01","EMULSÕES ASF. MOD. POR POLÍMEROS RM1C-E","Tocantins","-"]
["2013-12-01","EMULSÕES ASF. MOD. POR POLÍMEROS RM1C-E","Pará","-"]
["2014-02-01","EMULSÕES ASF. MOD. POR POLÍMEROS RM1C-E","Mato Grosso do Sul","-"]
["2014-02-01","EMULSÕES ASF. MOD. POR POLÍMEROS RM1C-E","Rio de Janeiro","-"]
["2014-05-01","EMULSÕES ASF. MOD. POR POLÍMEROS RM1C-E","Ceará","-"]
["2014-07-01","EMULSÕES ASF. MOD. POR POLÍMEROS RM1C-E","Paraná","-"]
["2014-08-01","EMULSÕES ASF. MOD. POR POLÍMEROS RM1C-E","Roraima","-"]
["2014-09-01","EMULSÕES ASF. MOD. POR POLÍMEROS RM1C-E","São Paulo","-"]
["2014-12-01","EMULSÕES ASF. MOD. POR POLÍMEROS RM1C-E","Rondônia","-"]
["2015-02-01","EMULSÕES ASF. MOD. POR POLÍMEROS RM1C-E","Sergipe","-"]
["2015-04-01","EMULSÕES ASF. MOD. POR POLÍMEROS RM1C-E","Mato Grosso do Sul","-"]
["2015-05-01","EMULSÕES ASF. MOD. POR POLÍMEROS RM1C-E","Pará","-"]
["2015-08-01","EMULSÕES ASF. MOD. POR POLÍMEROS RM1C-E","Amapá","-"]
["2015-09-01","EMULSÕES ASF. MOD. POR POLÍMEROS RM1C-E","Amazonas","-"]
["2015-11-01","EMULSÕES ASF. MOD. POR POLÍMEROS RM1C-E","Piauí","-"]
["2015-12-01","EMULSÕES ASF. MOD. POR POLÍMEROS RM1C-E","Rio Grande do Norte","-"]
["2016-03-01","EMULSÕES ASF. MOD. POR POLÍMEROS RM1C-E","Pernambuco","-"]
["2016-04-01","EMULSÕES ASF. MOD. POR POLÍMEROS RM1C-E","Maranhão","-"]
["2016-07-01","EMULSÕES ASF. MOD. POR POLÍMEROS RM1C-E","Distrito Federal","-"]
["2016-08-01","EMULSÕES ASF. MOD. POR POLÍMEROS RM1C-E","Rio Grande do Sul","-"]
["2016-10-01","EMULSÕES ASF. MOD. POR POLÍMEROS RM1C-E","Santa Catarina","-"]
["2016-11-01","EMULSÕES ASF. MOD. POR POLÍMEROS RM1C-E","Sergipe","-"]
["2017-02-01","EMULSÕES ASF. MOD. POR POLÍMEROS RM1C-E","Minas Gerais","-"]
["2017-04-01","EMULSÕES ASF. MOD. POR POLÍMEROS RM1C-E","Amazonas","-"]
["2017-06-01","EMULSÕES ASF. MOD. POR POLÍMEROS RM1C-E","Minas Gerais","-"]
["2017-07-01","EMULSÕES ASF. MOD. POR POLÍMEROS RM1C-E","Bahia","-"]
["2017-09-01","EMULSÕES ASF. MOD. POR POLÍMEROS RM1C-E","Espírito Santo","-"]
["2017-10-01","EMULSÕES ASF. MOD. POR POLÍMEROS RM1C-E","Rondônia","-"]
["2018-01-01","EMULSÕES ASF. MOD. POR POLÍMEROS RM1C-E","Rio de Janeiro","-"]
["2018-02-01","EMULSÕES ASF. MOD. POR POLÍMEROS RM1C-E","Rio Grande do Sul","-"]
["2018-04-01","EMULSÕES ASF. MOD. POR POLÍMEROS RM1C-E","Piauí","-"]
["2018-06-01","EMULSÕES ASF. MOD. POR POLÍMEROS RM1C-E","Mato Grosso","-"]
["2018-07-01","EMULSÕES ASF. MOD. POR POLÍMEROS RM1C-E","Minas Gerais","-"]
["2018-09-01","EMULSÕES ASF. MOD. POR POLÍMEROS RM1C-E","Rondônia","-"]
["2018-11-01","EMULSÕES ASF. MOD. POR POLÍMEROS RM1C-E","Amapá","-"]
["2019-01-01","EMULSÕES ASF. MOD. POR POLÍMEROS RM1C-E","Pernambuco","-"]
["2019-04-01","EMULSÕES ASF. MOD. POR POLÍMEROS RM1C-E","Pará","-"]
["2019-05-01","EMULSÕES ASF. MOD. POR POLÍMEROS RM1C-E","Goiás","-"]
["2019-08-01","EMULSÕES ASF. MOD. POR POLÍMEROS RM1C-E","Amazonas","-"]
["2019-09-01","EMULSÕES ASF. MOD. POR POLÍMEROS RM1C-E","Ceará","-"]
["2019-10-01","EMULSÕES ASF. MOD. POR POLÍMEROS RM1C-E","Goiás","-"]
["2019-12-01","EMULSÕES ASF. MOD. POR POLÍMEROS RM1C-E","Roraima","-"]
["2020-01-01","EMULSÕES ASF. MOD. POR POLÍMEROS RM1C-E","São Paulo","-"]
["2020-04-01","EMULSÕES ASF. MOD. POR POLÍMEROS RM1C-E","Mato Grosso do Sul","-"]
["2020-05-01","EMULSÕES ASF. MOD. POR POLÍMEROS RM1C-E","Roraima","-"]
["2020-08-01","EMULSÕES ASF. MOD. POR POLÍMEROS RM1C-E","Mato Grosso do Sul","-"]
["2020-09-01","EMULSÕES ASF. MOD. POR POLÍMEROS RM1C-E","Amazonas","-"]
["2020-10-01","EMULSÕES ASF. MOD. POR POLÍMEROS RM1C-E","Tocantins","-"]
["2020-12-01","EMULSÕES ASF. MOD. POR POLÍMEROS RM1C-E","Rio Grande do Sul","-"]
["2021-03-01","EMULSÕES ASF. MOD. POR POLÍMEROS RM1C-E","Piauí","-"]
["2021-04-01","EMULSÕES ASF. MOD. POR POLÍMEROS RM1C-E","Rio Grande do Norte","-"]
["2021-06-01","EMULSÕES ASF. MOD. POR POLÍMEROS RM1C-E","Maranhão","-"]
["2021-08-01","EMULSÕES ASF. MOD. POR POLÍMEROS RM1C-E","Maranhão","-"]
["2021-11-01","EMULSÕES ASF. MOD. POR POLÍMEROS RM1C-E","Distrito Federal","-"]
["2022-01-01","EMULSÕES ASF. MOD. POR POLÍMEROS RM1C-E","Maranhão","-"]
["2022-02-01","EMULSÕES ASF. MOD. POR POLÍMEROS RM1C-E","Santa Catarina","-"]
["2022-03-01","EMULSÕES ASF. MOD. POR POLÍMEROS RM1C-E","Paraná","-"]
["2022-06-01","EMULSÕES ASF. MOD. POR POLÍMEROS RM1C-E","Minas Gerais","-"]
["2022-07-01","EMULSÕES ASF. MOD. POR POLÍMEROS RM1C-E","Acre","-"]
["2022-10-01","EMULSÕES ASF. MOD. POR POLÍMEROS RM1C-E","Amapá","-"]
["2022-11-01","EMULSÕES ASF. MOD. POR POLÍMEROS RM1C-E","Bahia","-"]
["2023-01-01","EMULSÕES ASF. MOD. POR POLÍMEROS RM1C-E","Santa Catarina","-"]
["2023-02-01","EMULSÕES ASF. MOD. POR POLÍMEROS RM1C-E","Rondônia","-"]
["2023-05-01","EMULSÕES ASF. MOD. POR POLÍMEROS RM1C-E","Rio de Janeiro","-"]
["2023-06-01","EMULSÕES ASF. MOD. POR POLÍMEROS RM1C-E","Mato Grosso","-"]
["2023-09-01","EMULSÕES ASF. MOD. POR POLÍMEROS RM1C-E","Mato Grosso","-"]
["2023-10-01","EMULSÕES ASF. MOD. POR POLÍMEROS RM1C-E","Mato Grosso","-"]
["2023-12-01","EMULSÕES ASF. MOD. POR POLÍMEROS RM1C-E","São Paulo","-"]
["2024-02-01","EMULSÕES ASF. MOD. POR POLÍMEROS RM1C-E","Paraíba","-"]
["2024-04-01","EMULSÕES ASF. MOD. POR POLÍMEROS RM1C-E","Paraíba","-"]
["2024-05-01","EMULSÕES ASF. MOD. POR POLÍMEROS RM1C-E","Pernambuco","-"]
["2024-06-01","EMULSÕES ASF. MOD. POR POLÍMEROS RM1C-E","Rio de Janeiro","-"]
["2024-09-01","EMULSÕES ASF. MOD. POR POLÍMEROS RM1C-E","São Paulo","-"]
["2013-01-01","EMULSÕES ASF. MOD. POR POLÍMEROS RR1C-E","Goiás","-"]
["2013-04-01","EMULSÕES ASF. MOD. POR POLÍMEROS RR1C-E","Ceará","-"]
["2013-06-01","EMULSÕES ASF. MOD. POR POLÍMEROS RR1C-E","Alagoas","-"]
["2013-07-01","EMULSÕES ASF. MOD. POR POLÍMEROS RR1C-E","Roraima","-"]
["2013-10-01","EMULSÕES ASF. MOD. POR POLÍMEROS RR1C-E","Maranhão","-"]
["2013-11-01","EMULSÕES ASF. MOD. POR POLÍMEROS RR1C-E","Mato Grosso do Sul","-"]
["2014-01-01","EMULSÕES ASF. MOD. POR POLÍMEROS RR1C-E","Paraná","-"]
["2014-03-01","EMULSÕES ASF. MOD. POR POLÍMEROS RR1C-E","Alagoas","-"]
["2014-04-01","EMULSÕES ASF. MOD. POR POLÍMEROS RR1C-E","Amazonas","-"]
["2014-06-01","EMULSÕES ASF. MOD. POR POLÍMEROS RR1C-E","Paraná","-"]
["2014-07-01","EMULSÕES ASF. MOD. POR POLÍMEROS RR1C-E","Rio Grande do Sul","-"]
["2014-10-01","EMULSÕES ASF. MOD. POR POLÍMEROS RR1C-E","Piauí","-"]
["2014-11-01","EMULSÕES ASF. MOD. POR POLÍMEROS RR1C-E","Maranhão","-"]
["2015-02-01","EMULSÕES ASF. MOD. POR POLÍMEROS RR1C-E","Amapá","-"]
["2015-03-01","EMULSÕES ASF. MOD. POR POLÍMEROS RR1C-E","Maranhão","-"]
["2015-05-01","EMULSÕES ASF. MOD. POR POLÍMEROS RR1C-E","Santa Catarina","-"]
["2015-07-01","EMULSÕES ASF. MOD. POR POLÍMEROS RR1C-E","Distrito Federal","-"]
["2015-09-01","EMULSÕES ASF. MOD. POR POLÍMEROS RR1C-E","Pará","-"]
["2015-10-01","EMULSÕES ASF. MOD. POR POLÍMEROS RR1C-E","Paraná","-"]
["2016-01-01","EMULSÕES ASF. MOD. POR POLÍMEROS RR1C-E","Minas Gerais","-"]
["2016-02-01","EMULSÕES ASF. MOD. POR POLÍMEROS RR1C-E","Pernambuco","-"]
["2016-05-01","EMULSÕES ASF. MOD. POR POLÍMEROS RR1C-E","Amapá","-"]
["2016-05-01","EMULSÕES ASF. MOD. POR POLÍMEROS RR1C-E","Rondônia","-"]
["2016-07-01","EMULSÕES ASF. MOD. POR POLÍMEROS RR1C-E","Rio Grande do Sul","-"]
["2016-09-01","EMULSÕES ASF. MOD. POR POLÍMEROS RR1C-E","Rondônia","-"]
["2016-12-01","EMULSÕES ASF. MOD. POR POLÍMEROS RR1C-E","Goiás","-"]
["2017-01-01","EMULSÕES ASF. MOD. POR POLÍMEROS RR1C-E","Mato Grosso","-"]
["2017-03-01","EMULSÕES ASF. MOD. POR POLÍMEROS RR1C-E","Espírito Santo","-"]
["2017-05-01","EMULSÕES ASF. MOD. POR POLÍMEROS RR1C-E","Acre","-"]
["2017-07-01","EMULSÕES ASF. MOD. POR POLÍMEROS RR1C-E","São Paulo","-"]
["2017-08-01","EMULSÕES ASF. MOD. POR POLÍMEROS RR1C-E","Espírito Santo","-"]
["2017-11-01","EMULSÕES ASF. MOD. POR POLÍMEROS RR1C-E","Paraíba","-"]
["2017-12-01","EMULSÕES ASF. MOD. POR POLÍMEROS RR1C-E","Pernambuco","-"]
["2018-03-01","EMULSÕES ASF. MOD. POR POLÍMEROS RR1C-E","Amazonas","-"]
["2018-03-01","EMULSÕES ASF. MOD. POR POLÍMEROS RR1C-E","Rondônia","-"]
["2018-05-01","EMULSÕES ASF. MOD. POR POLÍMEROS RR1C-E","Goiás","-"]
["2018-07-01","EMULSÕES ASF. MOD. POR POLÍMEROS RR1C-E","Roraima","-"]
["2018-08-01","EMULSÕES ASF. MOD. POR POLÍMEROS RR1C-E","Sergipe","-"]
["2018-11-01","EMULSÕES ASF. MOD. POR POLÍMEROS RR1C-E","Minas Gerais","-"]
["2018-12-01","EMULSÕES ASF. MOD. POR POLÍMEROS RR1C-E","Paraíba","-"]
["2019-03-01","EMULSÕES ASF. MOD. POR POLÍMEROS RR1C-E","Mato Grosso do Sul","-"]
["2019-04-01","EMULSÕES ASF. MOD. POR POLÍMEROS RR1C-E","Goiás","-"]
["2019-07-01","EMULSÕES ASF. MOD. POR POLÍMEROS RR1C-E","Alagoas","-"]
["2019-07-01","EMULSÕES ASF. MOD. POR POLÍMEROS RR1C-E","Rio Grande do Sul","-"]
["2019-11-01","EMULSÕES ASF. MOD. POR POLÍMEROS RR1C-E","Goiás","-"]
["2019-11-01","EMULSÕES ASF. MOD. POR POLÍMEROS RR1C-E","Rio Grande do Sul","-"]
["2020-02-01","EMULSÕES ASF. MOD. POR POLÍMEROS RR1C-E","Espírito Santo","-"]
["2020-04-01","EMULSÕES ASF. MOD. POR POLÍMEROS RR1C-E","Minas Gerais","-"]
["2020-06-01","EMULSÕES ASF. MOD. POR POLÍMEROS RR1C-E","Espírito Santo","-"]
["2020-06-01","EMULSÕES ASF. MOD. POR POLÍMEROS RR1C-E","Tocantins","-"]
["2020-09-01","EMULSÕES ASF. MOD. POR POLÍMEROS RR1C-E","Santa Catarina","-"]
["2020-11-01","EMULSÕES ASF. MOD. POR POLÍMEROS RR1C-E","Roraima","-"]
["2021-01-01","EMULSÕES ASF. MOD. POR POLÍMEROS RR1C-E","Pará","-"]
["2021-02-01","EMULSÕES ASF. MOD. POR POLÍMEROS RR1C-E","Paraná","-"]
["2021-04-01","EMULSÕES ASF. MOD. POR POLÍMEROS RR1C-E","Tocantins","-"]
["2021-06-01","EMULSÕES ASF. MOD. POR POLÍMEROS RR1C-E","Ceará","-"]
["2021-08-01","EMULSÕES ASF. MOD. POR POLÍMEROS RR1C-E","Rio Grande do Norte","-"]
["2021-09-01","EMULSÕES ASF. MOD. POR POLÍMEROS RR1C-E","Rondônia","-"]
["2021-12-01","EMULSÕES ASF. MOD. POR POLÍMEROS RR1C-E","Pará","-"]
["2022-01-01","EMULSÕES ASF. MOD. POR POLÍMEROS RR1C-E","Mato Grosso do Sul","-"]
["2022-04-01","EMULSÕES ASF. MOD. POR POLÍMEROS RR1C-E","Goiás","-"]
["2022-05-01","EMULSÕES ASF. MOD. POR POLÍMEROS RR1C-E","Piauí","-"]
["2022-07-01","EMULSÕES ASF. MOD. POR POLÍMEROS RR1C-E","Sergipe","-"]
["2022-09-01","EMULSÕES ASF. MOD. POR POLÍMEROS RR1C-E","Acre","-"]
["2022-11-01","EMULSÕES ASF. MOD. POR POLÍMEROS RR1C-E","Paraíba","-"]
["2023-01-01","EMULSÕES ASF. MOD. POR POLÍMEROS RR1C-E","Acre","-"]
["2023-03-01","EMULSÕES ASF. MOD. POR POLÍMEROS RR1C-E","Paraíba","-"]
["2023-04-01","EMULSÕES ASF. MOD. POR POLÍMEROS RR1C-E","Distrito Federal","-"]
["2023-06-01","EMULSÕES ASF. MOD. POR POLÍMEROS RR1C-E","Bahia","-"]
["2023-08-01","EMULSÕES ASF. MOD. POR POLÍMEROS RR1C-E","Distrito Federal","-"]
["2023-10-01","EMULSÕES ASF. MOD. POR POLÍMEROS RR1C-E","Rio Grande do Sul","-"]
["2023-11-01","EMULSÕES ASF. MOD. POR POLÍMEROS RR1C-E","Roraima","-"]
["2024-01-01","EMULSÕES ASF. MOD. POR POLÍMEROS RR1C-E","Paraíba","-"]
["2024-03-01","EMULSÕES ASF. MOD. POR POLÍMEROS RR1C-E","Minas Gerais","-"]
["2024-04-01","EMULSÕES ASF. MOD. POR POLÍMEROS RR1C-E","Paraíba","-"]
["2024-06-01","EMULSÕES ASF. MOD. POR POLÍMEROS RR1C-E","Rio de Janeiro","-"]
["2024-08-01","EMULSÕES ASF. MOD. POR POLÍMEROS RR1C-E","Bahia","-"]
["2013-01-01","EMULSÕES ASF. MOD. POR POLÍMEROS RR2C-E","Rio de Janeiro","-"]
["2013-02-01","EMULSÕES ASF. MOD. POR POLÍMEROS RR2C-E","Rio Grande do Sul","-"]
["2013-05-01","EMULSÕES ASF. MOD. POR POLÍMEROS RR2C-E","Ceará","-"]
["2013-06-01","EMULSÕES ASF. MOD. POR POLÍMEROS RR2C-E","Mato Grosso","-"]
["2013-09-01","EMULSÕES ASF. MOD. POR POLÍMEROS RR2C-E","Espírito Santo","-"]
["2013-10-01","EMULSÕES ASF. MOD. POR POLÍMEROS RR2C-E","Maranhão","-"]
["2013-12-01","EMULSÕES ASF. MOD. POR POLÍMEROS RR2C-E","São Paulo","-"]
["2014-01-01","EMULSÕES ASF. MOD. POR POLÍMEROS RR2C-E","Tocantins","-"]
["2014-04-01","EMULSÕES ASF. MOD. POR POLÍMEROS RR2C-E","Pará","-"]
["2014-05-01","EMULSÕES ASF. MOD. POR POLÍMEROS RR2C-E","Rio Grande do Norte","-"]
["2014-08-01","EMULSÕES ASF. MOD. POR POLÍMEROS RR2C-E","Pará","-"]
["2014-09-01","EMULSÕES ASF. MOD. POR POLÍMEROS RR2C-E","Ceará",1.28591736258804]
["2014-10-01","EMULSÕES ASF. MOD. POR POLÍMEROS RR2C-E","Santa Catarina","-"]
["2015-01-01","EMULSÕES ASF. MOD. POR POLÍMEROS RR2C-E","Ceará","-"]
["2015-03-01","EMULSÕES ASF. MOD. POR POLÍMEROS RR2C-E","Rio Grande do Norte","-"]
["2015-04-01","EMULSÕES ASF. MOD. POR POLÍMEROS RR2C-E","Rondônia","-"]
["2015-06-01","EMULSÕES ASF. MOD. POR POLÍMEROS RR2C-E","Distrito Federal","-"]
["2015-08-01","EMULSÕES ASF. MOD. POR POLÍMEROS RR2C-E","Mato Grosso do Sul","-"]
["2015-11-01","EMULSÕES ASF. MOD. POR POLÍMEROS RR2C-E","Goiás","-"]
["2016-01-01","EMULSÕES ASF. MOD. POR POLÍMEROS RR2C-E","Distrito Federal","-"]
["2016-02-01","EMULSÕES ASF. MOD. POR POLÍMEROS RR2C-E","Sergipe","-"]
["2016-03-01","EMULSÕES ASF. MOD. POR POLÍMEROS RR2C-E","Piauí","-"]
["2016-06-01","EMULSÕES ASF. MOD. POR POLÍMEROS RR2C-E","Paraíba","-"]
["2016-06-01","EMULSÕES ASF. MOD. POR POLÍMEROS RR2C-E","São Paulo","-"]
["2016-10-01","EMULSÕES ASF. MOD. POR POLÍMEROS RR2C-E","Bahia","-"]
["2016-11-01","EMULSÕES ASF. MOD. POR POLÍMEROS RR2C-E","Distrito Federal","-"]
["2017-01-01","EMULSÕES ASF. MOD. POR POLÍMEROS RR2C-E","São Paulo","-"]
["2017-02-01","EMULSÕES ASF. MOD. POR POLÍMEROS RR2C-E","Santa Catarina","-"]
["2017-03-01","EMULSÕES ASF. MOD. POR POLÍMEROS RR2C-E","Sergipe","-"]
["2017-06-01","EMULSÕES ASF. MOD. POR POLÍMEROS RR2C-E","Minas Gerais",1.5215219364043999]
["2017-09-01","EMULSÕES ASF. MOD. POR POLÍMEROS RR2C-E","Espírito Santo","-"]
["2017-10-01","EMULSÕES ASF. MOD. POR POLÍMEROS RR2C-E","Minas Gerais","-"]
["2017-12-01","EMULSÕES ASF. MOD. POR POLÍMEROS RR2C-E","Tocantins","-"]
["2018-02-01","EMULSÕES ASF. MOD. POR POLÍMEROS RR2C-E","Mato Grosso do Sul","-"]
["2018-04-01","EMULSÕES ASF. MOD. POR POLÍMEROS RR2C-E","Pernambuco","-"]
["2018-05-01","EMULSÕES ASF. MOD. POR POLÍMEROS RR2C-E","Rio de Janeiro","-"]
["2018-06-01","EMULSÕES ASF. MOD. POR POLÍMEROS RR2C-E","Rio Grande do Sul","-"]
["2018-09-01","EMULSÕES ASF. MOD. POR POLÍMEROS RR2C-E","Rondônia","-"]
["2018-10-01","EMULSÕES ASF. MOD. POR POLÍMEROS RR2C-E","Mato Grosso","-"]
["2019-01-01","EMULSÕES ASF. MOD. POR POLÍMEROS RR2C-E","Espírito Santo","-"]
["2019-02-01","EMULSÕES ASF. MOD. POR POLÍMEROS RR2C-E","Sergipe","-"]
["2019-04-01","EMULSÕES ASF. MOD. POR POLÍMEROS RR2C-E","São Paulo","-"]
["2019-05-01","EMULSÕES ASF. MOD. POR POLÍMEROS RR2C-E","Pernambuco","-"]
["2019-08-01","EMULSÕES ASF. MOD. POR POLÍMEROS RR2C-E","Pará","-"]
["2019-10-01","EMULSÕES ASF. MOD. POR POLÍMEROS RR2C-E","Minas Gerais",2.32452032121618]
["2019-12-01","EMULSÕES ASF. MOD. POR POLÍMEROS RR2C-E","Amazonas","-"]
["2020-01-01","EMULSÕES ASF. MOD. POR POLÍMEROS RR2C-E","Ceará","-"]
["2020-03-01","EMULSÕES ASF. MOD. POR POLÍMEROS RR2C-E","Pernambuco","-"]
["2020-04-01","EMULSÕES ASF. MOD. POR POLÍMEROS RR2C-E","Roraima","-"]
["2020-07-01","EMULSÕES ASF. MOD. POR POLÍMEROS RR2C-E","Rio Grande do Norte","-"]
["2020-08-01","EMULSÕES ASF. MOD. POR POLÍMEROS RR2C-E","Mato Grosso do Sul","-"]
["2020-10-01","EMULSÕES ASF. MOD. POR POLÍMEROS RR2C-E","Tocantins","-"]
["2020-12-01","EMULSÕES ASF. MOD. POR POLÍMEROS RR2C-E","Mato Grosso do Sul","-"]
["2021-02-01","EMULSÕES ASF. MOD. POR POLÍMEROS RR2C-E","Sergipe","-"]
["2021-04-01","EMULSÕES ASF. MOD. POR POLÍMEROS RR2C-E","Amazonas","-"]
["2021-06-01","EMULSÕES ASF. MOD. POR POLÍMEROS RR2C-E","Paraná",3.0637442543728102]
["2021-07-01","EMULSÕES ASF. MOD. POR POLÍMEROS RR2C-E","Piauí","-"]
["2021-10-01","EMULSÕES ASF. MOD. POR POLÍMEROS RR2C-E","Paraíba","-"]
["2021-11-01","EMULSÕES ASF. MOD. POR POLÍMEROS RR2C-E","Pará","-"]
["2022-02-01","EMULSÕES ASF. MOD. POR POLÍMEROS RR2C-E","Bahia","-"]
["2022-03-01","EMULSÕES ASF. MOD. POR POLÍMEROS RR2C-E","Distrito Federal","-"]
["2022-04-01","EMULSÕES ASF. MOD. POR POLÍMEROS RR2C-E","Piauí","-"]
["2022-06-01","EMULSÕES ASF. MOD. POR POLÍMEROS RR2C-E","Santa Catarina","-"]
["2022-09-01","EMULSÕES ASF. MOD. POR POLÍMEROS RR2C-E","Mato Grosso","-"]
["2022-10-01","EMULSÕES ASF. MOD. POR POLÍMEROS RR2C-E","Minas Gerais",3.77094617844562]
["2022-12-01","EMULSÕES ASF. MOD. POR POLÍMEROS RR2C-E","Bahia","-"]
["2023-02-01","EMULSÕES ASF. MOD. POR POLÍMEROS RR2C-E","Amapá","-"]
["2023-03-01","EMULSÕES ASF. MOD. POR POLÍMEROS RR2C-E","Bahia","-"]
["2023-05-01","EMULSÕES ASF. MOD. POR POLÍMEROS RR2C-E","Goiás","-"]
["2023-06-01","EMULSÕES ASF. MOD. POR POLÍMEROS RR2C-E","Rondônia","-"]
["2023-09-01","EMULSÕES ASF. MOD. POR POLÍMEROS RR2C-E","Rio de Janeiro","-"]
["2023-12-01","EMULSÕES ASF. MOD. POR POLÍMEROS RR2C-E","Ceará",2.90672920590726]
["2023-12-01","EMULSÕES ASF. MOD. POR POLÍMEROS RR2C-E","Rio de Janeiro","-"]
["2024-02-01","EMULSÕES ASF. MOD. POR POLÍMEROS RR2C-E","Mato Grosso","-"]
["2024-04-01","EMULSÕES ASF. MOD. POR POLÍMEROS RR2C-E","São Paulo","-"]
["2024-05-01","EMULSÕES ASF. MOD. POR POLÍMEROS RR2C-E","Roraima","-"]
["2024-08-01","EMULSÕES ASF. MOD. POR POLÍMEROS RR2C-E","Paraíba","-"]
["2024-09-01","EMULSÕES ASF. MOD. POR POLÍMEROS RR2C-E","Pernambuco","-"]
["2013-03-01","EMULSÕES ASFÁLTICAS LA-E","Pará","-"]
["2013-04-01","EMULSÕES ASFÁLTICAS LA-E","Ceará","-"]
["2013-07-01","EMULSÕES ASFÁLTICAS LA-E","Amazonas","-"]
["2013-08-01","EMULSÕES ASFÁLTICAS LA-E","Ceará","-"]
["2013-11-01","EMULSÕES ASFÁLTICAS LA-E","Ceará","-"]
["2013-11-01","EMULSÕES ASFÁLTICAS LA-E","Roraima","-"]
["2014-02-01","EMULSÕES ASFÁLTICAS LA-E","Maranhão","-"]
["2014-03-01","EMULSÕES ASFÁLTICAS LA-E","Mato Grosso do Sul","-"]
["2014-04-01","EMULSÕES ASFÁLTICAS LA-E","Santa Catarina","-"]
["2014-07-01","EMULSÕES ASFÁLTICAS LA-E","Alagoas","-"]
["2014-09-01","EMULSÕES ASFÁLTICAS LA-E","Sergipe","-"]
["2014-11-01","EMULSÕES ASFÁLTICAS LA-E","Rio Grande do Norte","-"]
["2015-01-01","EMULSÕES ASFÁLTICAS LA-E","Paraná","-"]
["2015-02-01","EMULSÕES ASFÁLTICAS LA-E","Piauí","-"]
["2015-05-01","EMULSÕES ASFÁLTICAS LA-E","Bahia","-"]
["2015-07-01","EMULSÕES ASFÁLTICAS LA-E","Distrito Federal","-"]
["2013-01-01","EMULSÕES ASFÁLTICAS RL-1C","Bahia","-"]
["2013-01-01","EMULSÕES ASFÁLTICAS RL-1C","Santa Catarina","-"]
["2013-04-01","EMULSÕES ASFÁLTICAS RL-1C","Mato Grosso",1.0610867883286299]
["2013-05-01","EMULSÕES ASFÁLTICAS RL-1C","Pará","-"]
["2013-08-01","EMULSÕES ASFÁLTICAS RL-1C","Mato Grosso",1.17462317206808]
["2013-09-01","EMULSÕES ASFÁLTICAS RL-1C","Minas Gerais",0.92966193824302101]
["2013-11-01","EMULSÕES ASFÁLTICAS RL-1C","Rio Grande do Sul","-"]
["2014-01-01","EMULSÕES ASFÁLTICAS RL-1C","Amapá","-"]
["2014-02-01","EMULSÕES ASFÁLTICAS RL-1C","Bahia","-"]
["2014-04-01","EMULSÕES ASFÁLTICAS RL-1C","São Paulo",0.976042828221661]
["2014-05-01","EMULSÕES ASFÁLTICAS RL-1C","Rondônia","-"]
["2014-08-01","EMULSÕES ASFÁLTICAS RL-1C","Goiás","-"]
["2014-09-01","EMULSÕES ASFÁLTICAS RL-1C","Mato Grosso",1.18766127921787]
["2014-12-01","EMULSÕES ASFÁLTICAS RL-1C","Mato Grosso do Sul","-"]
["2015-01-01","EMULSÕES ASFÁLTICAS RL-1C","Acre","-"]
["2015-03-01","EMULSÕES ASFÁLTICAS RL-1C","São Paulo",1.0365875001856899]
["2015-05-01","EMULSÕES ASFÁLTICAS RL-1C","Mato Grosso do Sul","-"]
["2015-07-01","EMULSÕES ASFÁLTICAS RL-1C","Paraíba","-"]
["2015-08-01","EMULSÕES ASFÁLTICAS RL-1C","Pernambuco","-"]
["2015-11-01","EMULSÕES ASFÁLTICAS RL-1C","Amazonas","-"]
["2015-12-01","EMULSÕES ASFÁLTICAS RL-1C","Sergipe","-"]
["2016-03-01","EMULSÕES ASFÁLTICAS RL-1C","Amazonas","-"]
["2016-03-01","EMULSÕES ASFÁLTICAS RL-1C","Roraima","-"]
["2016-06-01","EMULSÕES ASFÁLTICAS RL-1C","Amapá","-"]
["2016-07-01","EMULSÕES ASFÁLTICAS RL-1C","Minas Gerais",1.3491022349530499]
["2016-10-01","EMULSÕES ASFÁLTICAS RL-1C","Maranhão","-"]
["2016-11-01","EMULSÕES ASFÁLTICAS RL-1C","Mato Grosso do Sul","-"]
["2017-01-01","EMULSÕES ASFÁLTICAS RL-1C","Minas Gerais",1.2050212695453499]
["2017-03-01","EMULSÕES ASFÁLTICAS RL-1C","Alagoas","-"]
["2017-05-01","EMULSÕES ASFÁLTICAS RL-1C","Paraná",1.32675401734626]
["2017-06-01","EMULSÕES ASFÁLTICAS RL-1C","Pernambuco","-"]
["2017-09-01","EMULSÕES ASFÁLTICAS RL-1C","Paraná",1.21222755845054]
["2017-10-01","EMULSÕES ASFÁLTICAS RL-1C","Espírito Santo","-"]
["2018-01-01","EMULSÕES ASFÁLTICAS RL-1C","Bahia","-"]
["2018-02-01","EMULSÕES ASFÁLTICAS RL-1C","Amazonas","-"]
["2018-04-01","EMULSÕES ASFÁLTICAS RL-1C","Rondônia","-"]
["2018-05-01","EMULSÕES ASFÁLTICAS RL-1C","Santa Catarina","-"]
["2018-07-01","EMULSÕES ASFÁLTICAS RL-1C","Amazonas","-"]
["2018-09-01","EMULSÕES ASFÁLTICAS RL-1C","Pará","-"]
["2018-12-01","EMULSÕES ASFÁLTICAS RL-1C","Mato Grosso",2.3902302656564198]
["2019-01-01","EMULSÕES ASFÁLTICAS RL-1C","Amapá","-"]
["2019-02-01","EMULSÕES ASFÁLTICAS RL-1C","Piauí","-"]
["2019-05-01","EMULSÕES ASFÁLTICAS RL-1C","Amapá","-"]
["2019-07-01","EMULSÕES ASFÁLTICAS RL-1C","Pernambuco","-"]
["2019-07-01","EMULSÕES ASFÁLTICAS RL-1C","Rondônia","-"]
["2019-11-01","EMULSÕES ASFÁLTICAS RL-1C","Distrito Federal","-"]
["2019-12-01","EMULSÕES ASFÁLTICAS RL-1C","Goiás","-"]
["2020-01-01","EMULSÕES ASFÁLTICAS RL-1C","Mato Grosso",2.1950007040263699]
["2020-03-01","EMULSÕES ASFÁLTICAS RL-1C","Bahia","-"]
["2020-05-01","EMULSÕES ASFÁLTICAS RL-1C","Acre","-"]
["2020-07-01","EMULSÕES ASFÁLTICAS RL-1C","Paraíba","-"]
["2020-10-01","EMULSÕES ASFÁLTICAS RL-1C","Bahia","-"]
["2020-11-01","EMULSÕES ASFÁLTICAS RL-1C","Paraíba","-"]
["2020-12-01","EMULSÕES ASFÁLTICAS RL-1C","Distrito Federal","-"]
["2021-03-01","EMULSÕES ASFÁLTICAS RL-1C","Amazonas","-"]
["2021-03-01","EMULSÕES ASFÁLTICAS RL-1C","Roraima","-"]
["2021-06-01","EMULSÕES ASFÁLTICAS RL-1C","Rio Grande do Sul","-"]
["2021-07-01","EMULSÕES ASFÁLTICAS RL-1C","Roraima","-"]
["2021-10-01","EMULSÕES ASFÁLTICAS RL-1C","Rio de Janeiro","-"]
["2021-11-01","EMULSÕES ASFÁLTICAS RL-1C","Minas Gerais",2.75427659227344]
["2022-02-01","EMULSÕES ASFÁLTICAS RL-1C","Maranhão","-"]
["2022-03-01","EMULSÕES ASFÁLTICAS RL-1C","Alagoas","-"]
["2022-06-01","EMULSÕES ASFÁLTICAS RL-1C","Ceará","-"]
["2022-07-01","EMULSÕES ASFÁLTICAS RL-1C","Alagoas","-"]
["2022-09-01","EMULSÕES ASFÁLTICAS RL-1C","Paraná",3.0992706484213302]
["2022-11-01","EMULSÕES ASFÁLTICAS RL-1C","Maranhão","-"]
["2023-01-01","EMULSÕES ASFÁLTICAS RL-1C","Ceará","-"]
["2023-02-01","EMULSÕES ASFÁLTICAS RL-1C","Espírito Santo","-"]
["2023-05-01","EMULSÕES ASFÁLTICAS RL-1C","Bahia","-"]
["2023-06-01","EMULSÕES ASFÁLTICAS RL-1C","Rio Grande do Norte","-"]
["2023-08-01","EMULSÕES ASFÁLTICAS RL-1C","Rondônia","-"]
["2023-09-01","EMULSÕES ASFÁLTICAS RL-1C","Pará","-"]
["2023-11-01","EMULSÕES ASFÁLTICAS RL-1C","Santa Catarina","-"]
["2024-01-01","EMULSÕES ASFÁLTICAS RL-1C","Pará","-"]
["2024-04-01","EMULSÕES ASFÁLTICAS RL-1C","Acre","-"]
["2024-05-01","EMULSÕES ASFÁLTICAS RL-1C","Amapá","-"]
["2024-07-01","EMULSÕES ASFÁLTICAS RL-1C","Mato Grosso",3.2305655995968601]
["2024-08-01","EMULSÕES ASFÁLTICAS RL-1C","Rio Grande do Norte","-"]
["2024-09-01","EMULSÕES ASFÁLTICAS RL-1C","Rondônia","-"]
["2013-03-01","EMULSÕES ASFÁLTICAS RM-1C","Mato Grosso","-"]
["2013-06-01","EMULSÕES ASFÁLTICAS RM-1C","Distrito Federal","-"]
["2013-07-01","EMULSÕES ASFÁLTICAS RM-1C","Goiás","-"]
["2013-09-01","EMULSÕES ASFÁLTICAS RM-1C","Roraima","-"]
["2013-10-01","EMULSÕES ASFÁLTICAS RM-1C","São Paulo",0.88886288053815798]
["2014-01-01","EMULSÕES ASFÁLTICAS RM-1C","Minas Gerais",0.86582283153851902]
["2014-02-01","EMULSÕES ASFÁLTICAS RM-1C","Paraíba","-"]
["2014-04-01","EMULSÕES ASFÁLTICAS RM-1C","Alagoas","-"]
["2014-06-01","EMULSÕES ASFÁLTICAS RM-1C","Bahia","-"]
["2014-07-01","EMULSÕES ASFÁLTICAS RM-1C","Distrito Federal","-"]
["2014-10-01","EMULSÕES ASFÁLTICAS RM-1C","Amazonas","-"]
["2014-11-01","EMULSÕES ASFÁLTICAS RM-1C","Mato Grosso do Sul","-"]
["2015-01-01","EMULSÕES ASFÁLTICAS RM-1C","Rio Grande do Sul",1.2034744494187299]
["2015-02-01","EMULSÕES ASFÁLTICAS RM-1C","Minas Gerais","-"]
["2015-04-01","EMULSÕES ASFÁLTICAS RM-1C","Paraná",1.2906178947528899]
["2015-06-01","EMULSÕES ASFÁLTICAS RM-1C","Minas Gerais","-"]
["2015-08-01","EMULSÕES ASFÁLTICAS RM-1C","Tocantins","-"]
["2015-10-01","EMULSÕES ASFÁLTICAS RM-1C","Alagoas","-"]
["2015-12-01","EMULSÕES ASFÁLTICAS RM-1C","Amapá","-"]
["2016-01-01","EMULSÕES ASFÁLTICAS RM-1C","Rio de Janeiro",1.2443263267415701]
["2016-04-01","EMULSÕES ASFÁLTICAS RM-1C","Paraná",1.3622678333745599]
["2016-05-01","EMULSÕES ASFÁLTICAS RM-1C","Amapá","-"]
["2016-08-01","EMULSÕES ASFÁLTICAS RM-1C","Ceará",1.4452849810538]
["2016-09-01","EMULSÕES ASFÁLTICAS RM-1C","Espírito Santo","-"]
["2016-11-01","EMULSÕES ASFÁLTICAS RM-1C","Rondônia","-"]
["2016-12-01","EMULSÕES ASFÁLTICAS RM-1C","Pernambuco","-"]
["2017-03-01","EMULSÕES ASFÁLTICAS RM-1C","Mato Grosso do Sul","-"]
["2017-04-01","EMULSÕES ASFÁLTICAS RM-1C","Pará","-"]
["2017-05-01","EMULSÕES ASFÁLTICAS RM-1C","Rio Grande do Sul",1.1778902133437801]
["2017-08-01","EMULSÕES ASFÁLTICAS RM-1C","Amazonas","-"]
["2017-11-01","EMULSÕES ASFÁLTICAS RM-1C","Acre","-"]
["2017-12-01","EMULSÕES ASFÁLTICAS RM-1C","Amapá","-"]
["2018-01-01","EMULSÕES ASFÁLTICAS RM-1C","Amazonas","-"]
["2018-03-01","EMULSÕES ASFÁLTICAS RM-1C","Rio Grande do Norte","-"]
["2018-06-01","EMULSÕES ASFÁLTICAS RM-1C","Distrito Federal","-"]
["2018-08-01","EMULSÕES ASFÁLTICAS RM-1C","Amazonas","-"]
["2018-08-01","EMULSÕES ASFÁLTICAS RM-1C","Mato Grosso do Sul","-"]
["2018-10-01","EMULSÕES ASFÁLTICAS RM-1C","Sergipe","-"]
["2018-12-01","EMULSÕES ASFÁLTICAS RM-1C","Acre","-"]
["2019-03-01","EMULSÕES ASFÁLTICAS RM-1C","Pará","-"]
["2019-03-01","EMULSÕES ASFÁLTICAS RM-1C","Piauí","-"]
["2019-06-01","EMULSÕES ASFÁLTICAS RM-1C","Paraíba","-"]
["2019-08-01","EMULSÕES ASFÁLTICAS RM-1C","Piauí","-"]
["2019-10-01","EMULSÕES ASFÁLTICAS RM-1C","Bahia","-"]
["2019-11-01","EMULSÕES ASFÁLTICAS RM-1C","Distrito Federal","-"]
["2020-01-01","EMULSÕES ASFÁLTICAS RM-1C","Rio Grande do Sul","-"]
["2020-04-01","EMULSÕES ASFÁLTICAS RM-1C","Bahia","-"]
["2020-05-01","EMULSÕES ASFÁLTICAS RM-1C","Mato Grosso","-"]
["2020-06-01","EMULSÕES ASFÁLTICAS RM-1C","Minas Gerais",1.9214856629688299]
["2020-09-01","EMULSÕES ASFÁLTICAS RM-1C","Goiás","-"]
["2020-10-01","EMULSÕES ASFÁLTICAS RM-1C","Amapá","-"]
["2020-12-01","EMULSÕES ASFÁLTICAS RM-1C","Tocantins","-"]
["2021-02-01","EMULSÕES ASFÁLTICAS RM-1C","Alagoas","-"]
["2021-04-01","EMULSÕES ASFÁLTICAS RM-1C","Rio de Janeiro","-"]
["2021-05-01","EMULSÕES ASFÁLTICAS RM-1C","Rio de Janeiro","-"]
["2021-08-01","EMULSÕES ASFÁLTICAS RM-1C","Ceará",2.5760677597939101]
["2021-09-01","EMULSÕES ASFÁLTICAS RM-1C","Roraima","-"]
["2021-12-01","EMULSÕES ASFÁLTICAS RM-1C","Ceará",2.85583798437567]
["2021-12-01","EMULSÕES ASFÁLTICAS RM-1C","São Paulo","-"]
["2022-03-01","EMULSÕES ASFÁLTICAS RM-1C","Rondônia","-"]
["2022-05-01","EMULSÕES ASFÁLTICAS RM-1C","Ceará",3.3079839275743801]
["2022-07-01","EMULSÕES ASFÁLTICAS RM-1C","Mato Grosso do Sul","-"]
["2022-08-01","EMULSÕES ASFÁLTICAS RM-1C","Pará","-"]
["2022-10-01","EMULSÕES ASFÁLTICAS RM-1C","Maranhão","-"]
["2022-12-01","EMULSÕES ASFÁLTICAS RM-1C","Amazonas","-"]
["2023-03-01","EMULSÕES ASFÁLTICAS RM-1C","Acre","-"]
["2023-03-01","EMULSÕES ASFÁLTICAS RM-1C","Rio Grande do Norte","-"]
["2023-05-01","EMULSÕES ASFÁLTICAS RM-1C","Santa Catarina","-"]
["2023-07-01","EMULSÕES ASFÁLTICAS RM-1C","Maranhão","-"]
["2023-10-01","EMULSÕES ASFÁLTICAS RM-1C","Distrito Federal","-"]
["2023-11-01","EMULSÕES ASFÁLTICAS RM-1C","Acre","-"]
["2024-01-01","EMULSÕES ASFÁLTICAS RM-1C","Santa Catarina","-"]
["2024-02-01","EMULSÕES ASFÁLTICAS RM-1C","Sergipe","-"]
["2024-04-01","EMULSÕES ASFÁLTICAS RM-1C","Acre","-"]
["2024-06-01","EMULSÕES ASFÁLTICAS RM-1C","Mato Grosso","-"]
["2024-07-01","EMULSÕES ASFÁLTICAS RM-1C","Piauí","-"]
["2013-01-01","EMULSÕES ASFÁLTICAS RM-2C","Bahia","-"]
["2013-02-01","EMULSÕES ASFÁLTICAS RM-2C","Paraíba","-"]
["2013-05-01","EMULSÕES ASFÁLTICAS RM-2C","Bahia","-"]
["2013-05-01","EMULSÕES ASFÁLTICAS RM-2C","Santa Catarina","-"]
["2013-08-01","EMULSÕES ASFÁLTICAS RM-2C","Rio Grande do Sul","-"]
["2013-09-01","EMULSÕES ASFÁLTICAS RM-2C","São Paulo","-"]
["2013-12-01","EMULSÕES ASFÁLTICAS RM-2C","Mato Grosso","-"]
["2014-01-01","EMULSÕES ASFÁLTICAS RM-2C","Minas Gerais","-"]
["2014-03-01","EMULSÕES ASFÁLTICAS RM-2C","Alagoas","-"]
["2014-05-01","EMULSÕES ASFÁLTICAS RM-2C","Amapá","-"]
["2014-07-01","EMULSÕES ASFÁLTICAS RM-2C","Tocantins","-"]
["2014-08-01","EMULSÕES ASFÁLTICAS RM-2C","Rio de Janeiro","-"]
["2014-10-01","EMULSÕES ASFÁLTICAS RM-2C","Paraná","-"]
["2014-12-01","EMULSÕES ASFÁLTICAS RM-2C","Goiás","-"]
["2015-03-01","EMULSÕES ASFÁLTICAS RM-2C","Ceará","-"]
["2015-03-01","EMULSÕES ASFÁLTICAS RM-2C","Rio Grande do Norte","-"]
["2015-06-01","EMULSÕES ASFÁLTICAS RM-2C","Roraima","-"]
["2015-07-01","EMULSÕES ASFÁLTICAS RM-2C","São Paulo","-"]
["2015-10-01","EMULSÕES ASFÁLTICAS RM-2C","Mato Grosso do Sul","-"]
["2015-11-01","EMULSÕES ASFÁLTICAS RM-2C","Amapá","-"]
["2016-02-01","EMULSÕES ASFÁLTICAS RM-2C","Mato Grosso do Sul","-"]
["2016-03-01","EMULSÕES ASFÁLTICAS RM-2C","Amazonas","-"]
["2016-06-01","EMULSÕES ASFÁLTICAS RM-2C","Amapá","-"]
["2016-07-01","EMULSÕES ASFÁLTICAS RM-2C","Amazonas","-"]
["2016-09-01","EMULSÕES ASFÁLTICAS RM-2C","Piauí","-"]
["2016-10-01","EMULSÕES ASFÁLTICAS RM-2C","Rio Grande do Norte","-"]
["2017-01-01","EMULSÕES ASFÁLTICAS RM-2C","Minas Gerais","-"]
["2017-02-01","EMULSÕES ASFÁLTICAS RM-2C","Maranhão","-"]
["2017-05-01","EMULSÕES ASFÁLTICAS RM-2C","Distrito Federal","-"]
["2017-06-01","EMULSÕES ASFÁLTICAS RM-2C","Pernambuco","-"]
["2017-08-01","EMULSÕES ASFÁLTICAS RM-2C","Santa Catarina","-"]
["2017-09-01","EMULSÕES ASFÁLTICAS RM-2C","Sergipe","-"]
["2017-12-01","EMULSÕES ASFÁLTICAS RM-2C","Minas Gerais","-"]
["2018-02-01","EMULSÕES ASFÁLTICAS RM-2C","Amazonas","-"]
["2018-04-01","EMULSÕES ASFÁLTICAS RM-2C","Amapá","-"]
["2018-05-01","EMULSÕES ASFÁLTICAS RM-2C","Bahia","-"]
["2018-07-01","EMULSÕES ASFÁLTICAS RM-2C","Espírito Santo","-"]
["2018-08-01","EMULSÕES ASFÁLTICAS RM-2C","Rondônia","-"]
["2018-09-01","EMULSÕES ASFÁLTICAS RM-2C","Santa Catarina","-"]
["2018-12-01","EMULSÕES ASFÁLTICAS RM-2C","Mato Grosso","-"]
["2019-02-01","EMULSÕES ASFÁLTICAS RM-2C","Piauí","-"]
["2019-04-01","EMULSÕES ASFÁLTICAS RM-2C","Mato Grosso","-"]
["2019-05-01","EMULSÕES ASFÁLTICAS RM-2C","Amapá","-"]
["2019-07-01","EMULSÕES ASFÁLTICAS RM-2C","Rondônia","-"]
["2019-09-01","EMULSÕES ASFÁLTICAS RM-2C","Amapá","-"]
["2019-11-01","EMULSÕES ASFÁLTICAS RM-2C","Pernambuco","-"]
["2019-12-01","EMULSÕES ASFÁLTICAS RM-2C","Rio de Janeiro","-"]
["2020-03-01","EMULSÕES ASFÁLTICAS RM-2C","Bahia","-"]
["2020-04-01","EMULSÕES ASFÁLTICAS RM-2C","Goiás","-"]
["2020-07-01","EMULSÕES ASFÁLTICAS RM-2C","Ceará","-"]
["2020-08-01","EMULSÕES ASFÁLTICAS RM-2C","Goiás","-"]
["2020-10-01","EMULSÕES ASFÁLTICAS RM-2C","Roraima","-"]
["2020-11-01","EMULSÕES ASFÁLTICAS RM-2C","São Paulo","-"]
["2021-02-01","EMULSÕES ASFÁLTICAS RM-2C","Mato Grosso do Sul","-"]
["2021-03-01","EMULSÕES ASFÁLTICAS RM-2C","Roraima","-"]
["2021-06-01","EMULSÕES ASFÁLTICAS RM-2C","Alagoas","-"]
["2021-07-01","EMULSÕES ASFÁLTICAS RM-2C","Amazonas","-"]
["2021-08-01","EMULSÕES ASFÁLTICAS RM-2C","Tocantins","-"]
["2021-10-01","EMULSÕES ASFÁLTICAS RM-2C","Rio Grande do Sul","-"]
["2022-01-01","EMULSÕES ASFÁLTICAS RM-2C","Piauí","-"]
["2022-02-01","EMULSÕES ASFÁLTICAS RM-2C","Maranhão","-"]
["2022-04-01","EMULSÕES ASFÁLTICAS RM-2C","Maranhão","-"]
["2022-06-01","EMULSÕES ASFÁLTICAS RM-2C","Maranhão","-"]
["2022-08-01","EMULSÕES ASFÁLTICAS RM-2C","Santa Catarina","-"]
["2022-09-01","EMULSÕES ASFÁLTICAS RM-2C","Pará","-"]
["2022-11-01","EMULSÕES ASFÁLTICAS RM-2C","Alagoas","-"]
["2023-01-01","EMULSÕES ASFÁLTICAS RM-2C","Paraná","-"]
["2023-02-01","EMULSÕES ASFÁLTICAS RM-2C","Piauí","-"]
["2023-04-01","EMULSÕES ASFÁLTICAS RM-2C","Santa Catarina","-"]
["2023-08-01","EMULSÕES ASFÁLTICAS RM-2C","Amapá","-"]
["2023-09-01","EMULSÕES ASFÁLTICAS RM-2C","Bahia","-"]
["2023-10-01","EMULSÕES ASFÁLTICAS RM-2C","Acre","-"]
["2023-12-01","EMULSÕES ASFÁLTICAS RM-2C","Rondônia","-"]
["2024-03-01","EMULSÕES ASFÁLTICAS RM-2C","Goiás","-"]
["2024-04-01","EMULSÕES ASFÁLTICAS RM-2C","Mato Grosso","-"]
["2024-05-01","EMULSÕES ASFÁLTICAS RM-2C","Paraíba","-"]
["2024-08-01","EMULSÕES ASFÁLTICAS RM-2C","Acre","-"]
["2024-09-01","EMULSÕES ASFÁLTICAS RM-2C","Amapá","-"]
["2013-03-01","EMULSÕES ASFÁLTICAS RR-1C","Paraíba","-"]
["2013-03-01","EMULSÕES ASFÁLTICAS RR-1C","Rio Grande do Norte","-"]
["2013-06-01","EMULSÕES ASFÁLTICAS RR-1C","Pernambuco","-"]
["2013-07-01","EMULSÕES ASFÁLTICAS RR-1C","Goiás",0.806238361702587]
["2013-09-01","EMULSÕES ASFÁLTICAS RR-1C","Alagoas","-"]
["2013-11-01","EMULSÕES ASFÁLTICAS RR-1C","Goiás",0.86619817600214699]
["2014-01-01","EMULSÕES ASFÁLTICAS RR-1C","Roraima","-"]
["2014-04-01","EMULSÕES ASFÁLTICAS RR-1C","Alagoas","-"]
["2014-05-01","EMULSÕES ASFÁLTICAS RR-1C","Roraima","-"]
["2014-06-01","EMULSÕES ASFÁLTICAS RR-1C","Paraíba","-"]
["2014-09-01","EMULSÕES ASFÁLTICAS RR-1C","Mato Grosso do Sul","-"]
["2014-11-01","EMULSÕES ASFÁLTICAS RR-1C","Mato Grosso do Sul","-"]
["2015-01-01","EMULSÕES ASFÁLTICAS RR-1C","Alagoas","-"]
["2015-02-01","EMULSÕES ASFÁLTICAS RR-1C","Amazonas","-"]
["2015-04-01","EMULSÕES ASFÁLTICAS RR-1C","Paraná",0.99268677429508601]
["2015-05-01","EMULSÕES ASFÁLTICAS RR-1C","Rio Grande do Sul",0.95620983088312705]
["2015-08-01","EMULSÕES ASFÁLTICAS RR-1C","Espírito Santo","-"]
["2015-09-01","EMULSÕES ASFÁLTICAS RR-1C","Maranhão","-"]
["2015-12-01","EMULSÕES ASFÁLTICAS RR-1C","Amapá","-"]
["2015-12-01","EMULSÕES ASFÁLTICAS RR-1C","Tocantins","-"]
["2016-03-01","EMULSÕES ASFÁLTICAS RR-1C","Santa Catarina","-"]
["2016-05-01","EMULSÕES ASFÁLTICAS RR-1C","Distrito Federal","-"]
["2016-07-01","EMULSÕES ASFÁLTICAS RR-1C","Pará","-"]
["2016-08-01","EMULSÕES ASFÁLTICAS RR-1C","Paraná",1.33369709700021]
["2016-11-01","EMULSÕES ASFÁLTICAS RR-1C","Amapá","-"]
["2016-12-01","EMULSÕES ASFÁLTICAS RR-1C","Pernambuco","-"]
["2017-01-01","EMULSÕES ASFÁLTICAS RR-1C","Espírito Santo","-"]
["2017-03-01","EMULSÕES ASFÁLTICAS RR-1C","Rondônia","-"]
["2017-05-01","EMULSÕES ASFÁLTICAS RR-1C","Rio Grande do Sul",1.02363519783725]
["2017-07-01","EMULSÕES ASFÁLTICAS RR-1C","Mato Grosso do Sul","-"]
["2017-08-01","EMULSÕES ASFÁLTICAS RR-1C","Pará","-"]
["2017-11-01","EMULSÕES ASFÁLTICAS RR-1C","Mato Grosso",1.4079051764443999]
["2018-01-01","EMULSÕES ASFÁLTICAS RR-1C","Amazonas","-"]
["2018-03-01","EMULSÕES ASFÁLTICAS RR-1C","Acre","-"]
["2018-04-01","EMULSÕES ASFÁLTICAS RR-1C","Amapá","-"]
["2018-06-01","EMULSÕES ASFÁLTICAS RR-1C","Espírito Santo","-"]
["2018-07-01","EMULSÕES ASFÁLTICAS RR-1C","Rio Grande do Norte","-"]
["2018-10-01","EMULSÕES ASFÁLTICAS RR-1C","Distrito Federal","-"]
["2018-11-01","EMULSÕES ASFÁLTICAS RR-1C","Goiás","-"]
["2019-01-01","EMULSÕES ASFÁLTICAS RR-1C","Rondônia","-"]
["2019-02-01","EMULSÕES ASFÁLTICAS RR-1C","Sergipe","-"]
["2019-05-01","EMULSÕES ASFÁLTICAS RR-1C","Roraima","-"]
["2019-06-01","EMULSÕES ASFÁLTICAS RR-1C","Sergipe","-"]
["2019-09-01","EMULSÕES ASFÁLTICAS RR-1C","Minas Gerais",1.73573511480557]
["2019-10-01","EMULSÕES ASFÁLTICAS RR-1C","Paraíba","-"]
["2020-01-01","EMULSÕES ASFÁLTICAS RR-1C","Alagoas","-"]
["2020-02-01","EMULSÕES ASFÁLTICAS RR-1C","Goiás","-"]
["2020-05-01","EMULSÕES ASFÁLTICAS RR-1C","Alagoas","-"]
["2020-05-01","EMULSÕES ASFÁLTICAS RR-1C","Rio Grande do Sul","-"]
["2020-07-01","EMULSÕES ASFÁLTICAS RR-1C","Minas Gerais",1.5726464663126301]
["2020-09-01","EMULSÕES ASFÁLTICAS RR-1C","Mato Grosso","-"]
["2020-12-01","EMULSÕES ASFÁLTICAS RR-1C","Espírito Santo","-"]
["2021-01-01","EMULSÕES ASFÁLTICAS RR-1C","Maranhão","-"]
["2021-02-01","EMULSÕES ASFÁLTICAS RR-1C","Roraima","-"]
["2021-04-01","EMULSÕES ASFÁLTICAS RR-1C","Tocantins","-"]
["2021-07-01","EMULSÕES ASFÁLTICAS RR-1C","Santa Catarina","-"]
["2021-07-01","EMULSÕES ASFÁLTICAS RR-1C","Tocantins","-"]
["2021-11-01","EMULSÕES ASFÁLTICAS RR-1C","Pará","-"]
["2021-12-01","EMULSÕES ASFÁLTICAS RR-1C","Ceará",2.7286549353574898]
["2022-03-01","EMULSÕES ASFÁLTICAS RR-1C","Amapá","-"]
["2022-03-01","EMULSÕES ASFÁLTICAS RR-1C","Pará","-"]
["2022-06-01","EMULSÕES ASFÁLTICAS RR-1C","Rio Grande do Norte","-"]
["2022-07-01","EMULSÕES ASFÁLTICAS RR-1C","Rondônia","-"]
["2022-10-01","EMULSÕES ASFÁLTICAS RR-1C","Pará","-"]
["2022-11-01","EMULSÕES ASFÁLTICAS RR-1C","Mato Grosso do Sul",2.7984057383107701]
["2022-12-01","EMULSÕES ASFÁLTICAS RR-1C","Pará","-"]
["2023-03-01","EMULSÕES ASFÁLTICAS RR-1C","Acre","-"]
["2023-04-01","EMULSÕES ASFÁLTICAS RR-1C","Acre","-"]
["2023-07-01","EMULSÕES ASFÁLTICAS RR-1C","Acre","-"]
["2023-07-01","EMULSÕES ASFÁLTICAS RR-1C","Rio Grande do Norte","-"]
["2023-11-01","EMULSÕES ASFÁLTICAS RR-1C","Acre","-"]
["2023-11-01","EMULSÕES ASFÁLTICAS RR-1C","Maranhão","-"]
["2024-02-01","EMULSÕES ASFÁLTICAS RR-1C","Distrito Federal","-"]
["2024-03-01","EMULSÕES ASFÁLTICAS RR-1C","Goiás",2.4806572375220002]
["2024-06-01","EMULSÕES ASFÁLTICAS RR-1C","Mato Grosso",3.7829094445648201]
["2024-06-01","EMULSÕES ASFÁLTICAS RR-1C","Sergipe","-"]
["2024-09-01","EMULSÕES ASFÁLTICAS RR-1C","Roraima","-"]
["2013-02-01","EMULSÕES ASFÁLTICAS RR-2C","Paraíba","-"]
["2013-04-01","EMULSÕES ASFÁLTICAS RR-2C","Minas Gerais",0.71511341593223599]
["2013-05-01","EMULSÕES ASFÁLTICAS RR-2C","Bahia","-"]
["2013-08-01","EMULSÕES ASFÁLTICAS RR-2C","Alagoas","-"]
["2013-10-01","EMULSÕES ASFÁLTICAS RR-2C","Alagoas","-"]
["2013-11-01","EMULSÕES ASFÁLTICAS RR-2C","Rio de Janeiro","-"]
["2013-12-01","EMULSÕES ASFÁLTICAS RR-2C","Rio Grande do Sul",0.77909234245513603]
["2014-03-01","EMULSÕES ASFÁLTICAS RR-2C","Alagoas","-"]
["2014-04-01","EMULSÕES ASFÁLTICAS RR-2C","Mato Grosso",1.0905394420060901]
["2014-07-01","EMULSÕES ASFÁLTICAS RR-2C","Espírito Santo","-"]
["2014-07-01","EMULSÕES ASFÁLTICAS RR-2C","Tocantins","-"]
["2014-10-01","EMULSÕES ASFÁLTICAS RR-2C","Paraná",0.86982717050457004]
["2014-11-01","EMULSÕES ASFÁLTICAS RR-2C","Tocantins","-"]
["2015-02-01","EMULSÕES ASFÁLTICAS RR-2C","Pará","-"]
["2015-03-01","EMULSÕES ASFÁLTICAS RR-2C","Rio Grande do Norte","-"]
["2015-06-01","EMULSÕES ASFÁLTICAS RR-2C","Amazonas","-"]
["2015-07-01","EMULSÕES ASFÁLTICAS RR-2C","Ceará",1.11021933486142]
["2015-10-01","EMULSÕES ASFÁLTICAS RR-2C","Amapá","-"]
["2015-11-01","EMULSÕES ASFÁLTICAS RR-2C","Amapá","-"]
["2016-01-01","EMULSÕES ASFÁLTICAS RR-2C","Rio Grande do Norte","-"]
["2016-02-01","EMULSÕES ASFÁLTICAS RR-2C","Rondônia","-"]
["2016-04-01","EMULSÕES ASFÁLTICAS RR-2C","Distrito Federal","-"]
["2016-06-01","EMULSÕES ASFÁLTICAS RR-2C","Mato Grosso do Sul","-"]
["2016-08-01","EMULSÕES ASFÁLTICAS RR-2C","Sergipe","-"]
["2016-10-01","EMULSÕES ASFÁLTICAS RR-2C","Acre","-"]
["2016-11-01","EMULSÕES ASFÁLTICAS RR-2C","Rio Grande do Sul",1.17036834785254]
["2017-01-01","EMULSÕES ASFÁLTICAS RR-2C","Piauí","-"]
["2017-02-01","EMULSÕES ASFÁLTICAS RR-2C","Rio Grande do Norte","-"]
["2017-04-01","EMULSÕES ASFÁLTICAS RR-2C","Rio Grande do Sul",1.10586901120254]
["2017-06-01","EMULSÕES ASFÁLTICAS RR-2C","Maranhão","-"]
["2017-09-01","EMULSÕES ASFÁLTICAS RR-2C","Distrito Federal","-"]
["2017-09-01","EMULSÕES ASFÁLTICAS RR-2C","Sergipe","-"]
["2017-12-01","EMULSÕES ASFÁLTICAS RR-2C","Espírito Santo","-"]
["2018-01-01","EMULSÕES ASFÁLTICAS RR-2C","Sergipe","-"]
["2018-04-01","EMULSÕES ASFÁLTICAS RR-2C","Minas Gerais",1.3287474722703101]
["2018-05-01","EMULSÕES ASFÁLTICAS RR-2C","Mato Grosso do Sul","-"]
["2018-08-01","EMULSÕES ASFÁLTICAS RR-2C","Amapá","-"]
["2018-09-01","EMULSÕES ASFÁLTICAS RR-2C","Bahia","-"]
["2018-12-01","EMULSÕES ASFÁLTICAS RR-2C","Alagoas","-"]
["2018-12-01","EMULSÕES ASFÁLTICAS RR-2C","Rondônia","-"]
["2019-03-01","EMULSÕES ASFÁLTICAS RR-2C","Rio de Janeiro","-"]
["2019-04-01","EMULSÕES ASFÁLTICAS RR-2C","Mato Grosso",2.8647950270289302]
["2019-05-01","EMULSÕES ASFÁLTICAS RR-2C","Sergipe","-"]
["2019-08-01","EMULSÕES ASFÁLTICAS RR-2C","Mato Grosso",2.3804409169474501]
["2019-10-01","EMULSÕES ASFÁLTICAS RR-2C","São Paulo",2.0938816488595502]
["2019-11-01","EMULSÕES ASFÁLTICAS RR-2C","Tocantins","-"]
["2020-01-01","EMULSÕES ASFÁLTICAS RR-2C","Minas Gerais",2.3746899131885302]
["2020-03-01","EMULSÕES ASFÁLTICAS RR-2C","Pernambuco","-"]
["2020-06-01","EMULSÕES ASFÁLTICAS RR-2C","Pará","-"]
["2020-08-01","EMULSÕES ASFÁLTICAS RR-2C","Goiás",2.1578528563844799]
["2020-10-01","EMULSÕES ASFÁLTICAS RR-2C","Amazonas","-"]
["2020-11-01","EMULSÕES ASFÁLTICAS RR-2C","Ceará",1.9246205814788899]
["2021-01-01","EMULSÕES ASFÁLTICAS RR-2C","Rio Grande do Norte","-"]
["2021-03-01","EMULSÕES ASFÁLTICAS RR-2C","Roraima","-"]
["2021-03-01","EMULSÕES ASFÁLTICAS RR-2C","São Paulo",2.3464664303574998]
["2021-06-01","EMULSÕES ASFÁLTICAS RR-2C","Mato Grosso do Sul",2.6952133793939401]
["2021-08-01","EMULSÕES ASFÁLTICAS RR-2C","Tocantins","-"]
["2021-10-01","EMULSÕES ASFÁLTICAS RR-2C","Alagoas","-"]
["2021-12-01","EMULSÕES ASFÁLTICAS RR-2C","Sergipe","-"]
["2022-02-01","EMULSÕES ASFÁLTICAS RR-2C","Acre","-"]
["2022-04-01","EMULSÕES ASFÁLTICAS RR-2C","Maranhão","-"]
["2022-05-01","EMULSÕES ASFÁLTICAS RR-2C","Piauí","-"]
["2022-08-01","EMULSÕES ASFÁLTICAS RR-2C","Bahia","-"]
["2022-09-01","EMULSÕES ASFÁLTICAS RR-2C","Pará",3.9863387078728998]
["2022-10-01","EMULSÕES ASFÁLTICAS RR-2C","Maranhão","-"]
["2022-12-01","EMULSÕES ASFÁLTICAS RR-2C","Santa Catarina","-"]
["2023-02-01","EMULSÕES ASFÁLTICAS RR-2C","Piauí","-"]
["2023-03-01","EMULSÕES ASFÁLTICAS RR-2C","Pernambuco","-"]
["2023-03-01","EMULSÕES ASFÁLTICAS RR-2C","Piauí","-"]
["2023-03-01","EMULSÕES ASFÁLTICAS RR-2C","Rio de Janeiro","-"]
["2023-03-01","EMULSÕES ASFÁLTICAS RR-2C","Rio Grande do Norte","-"]
["2023-03-01","EMULSÕES ASFÁLTICAS RR-2C","Rio Grande do Sul","-"]
["2023-03-01","EMULSÕES ASFÁLTICAS RR-2C","Rondônia","-"]
["2023-03-01","EMULSÕES ASFÁLTICAS RR-2C","Roraima","-"]
["2023-03-01","EMULSÕES ASFÁLTICAS RR-2C","Santa Catarina","-"]
["2023-03-01","EMULSÕES ASFÁLTICAS RR-2C","São Paulo",2.62906268349602]
["2023-03-01","EMULSÕES ASFÁLTICAS RR-2C","Sergipe","-"]
["2023-03-01","EMULSÕES ASFÁLTICAS RR-2C","Tocantins",2.9969686363438499]
["2023-04-01","EMULSÕES ASFÁLTICAS RR-2C","Acre","-"]
["2023-04-01","EMULSÕES ASFÁLTICAS RR-2C","Alagoas","-"]
["2023-04-01","EMULSÕES ASFÁLTICAS RR-2C","Amapá","-"]
["2023-04-01","EMULSÕES ASFÁLTICAS RR-2C","Amazonas",3.8825905779481702]
["2023-04-01","EMULSÕES ASFÁLTICAS RR-2C","Bahia","-"]
["2023-04-01","EMULSÕES ASFÁLTICAS RR-2C","Ceará",2.5196266596903101]
["2023-04-01","EMULSÕES ASFÁLTICAS RR-2C","Distrito Federal","-"]
["2023-04-01","EMULSÕES ASFÁLTICAS RR-2C","Espírito Santo","-"]
["2023-04-01","EMULSÕES ASFÁLTICAS RR-2C","Goiás",2.8219924057423502]
["2023-04-01","EMULSÕES ASFÁLTICAS RR-2C","Maranhão","-"]
["2023-04-01","EMULSÕES ASFÁLTICAS RR-2C","Mato Grosso",3.0079968754055]
["2023-04-01","EMULSÕES ASFÁLTICAS RR-2C","Mato Grosso do Sul","-"]
["2023-04-01","EMULSÕES ASFÁLTICAS RR-2C","Minas Gerais",2.79038077736582]
["2023-04-01","EMULSÕES ASFÁLTICAS RR-2C","Pará","-"]
["2023-04-01","EMULSÕES ASFÁLTICAS RR-2C","Paraíba","-"]
["2023-04-01","EMULSÕES ASFÁLTICAS RR-2C","Paraná",2.5806566520972001]
["2023-04-01","EMULSÕES ASFÁLTICAS RR-2C","Pernambuco","-"]
["2023-04-01","EMULSÕES ASFÁLTICAS RR-2C","Piauí","-"]
["2023-04-01","EMULSÕES ASFÁLTICAS RR-2C","Rio de Janeiro","-"]
["2023-04-01","EMULSÕES ASFÁLTICAS RR-2C","Rio Grande do Norte","-"]
["2023-04-01","EMULSÕES ASFÁLTICAS RR-2C","Rio Grande do Sul","-"]
["2023-04-01","EMULSÕES ASFÁLTICAS RR-2C","Rondônia","-"]
["2023-04-01","EMULSÕES ASFÁLTICAS RR-2C","Roraima","-"]
["2023-04-01","EMULSÕES ASFÁLTICAS RR-2C","Santa Catarina","-"]
["2023-04-01","EMULSÕES ASFÁLTICAS RR-2C","São Paulo",2.6878444642354702]
["2023-04-01","EMULSÕES ASFÁLTICAS RR-2C","Sergipe","-"]
["2023-04-01","EMULSÕES ASFÁLTICAS RR-2C","Tocantins",2.9386954658770899]
["2023-05-01","EMULSÕES ASFÁLTICAS RR-2C","Acre","-"]
["2023-05-01","EMULSÕES ASFÁLTICAS RR-2C","Alagoas","-"]
["2023-05-01","EMULSÕES ASFÁLTICAS RR-2C","Amapá","-"]
["2023-05-01","EMULSÕES ASFÁLTICAS RR-2C","Amazonas",3.6815654557751998]
["2023-05-01","EMULSÕES ASFÁLTICAS RR-2C","Bahia","-"]
["2023-05-01","EMULSÕES ASFÁLTICAS RR-2C","Ceará",2.5701330160839899]
["2023-05-01","EMULSÕES ASFÁLTICAS RR-2C","Distrito Federal","-"]
["2023-05-01","EMULSÕES ASFÁLTICAS RR-2C","Espírito Santo","-"]
["2023-05-01","EMULSÕES ASFÁLTICAS RR-2C","Goiás",2.7922785854332401]
["2023-05-01","EMULSÕES ASFÁLTICAS RR-2C","Maranhão","-"]
["2023-05-01","EMULSÕES ASFÁLTICAS RR-2C","Mato Grosso",3.0023505156459902]
["2023-05-01","EMULSÕES ASFÁLTICAS RR-2C","Mato Grosso do Sul","-"]
["2023-05-01","EMULSÕES ASFÁLTICAS RR-2C","Minas Gerais",2.77685142567098]
["2023-05-01","EMULSÕES ASFÁLTICAS RR-2C","Pará",3.17121974032856]
["2023-05-01","EMULSÕES ASFÁLTICAS RR-2C","Paraíba","-"]
["2023-05-01","EMULSÕES ASFÁLTICAS RR-2C","Paraná",2.38762269393066]
["2023-05-01","EMULSÕES ASFÁLTICAS RR-2C","Pernambuco","-"]
["2023-05-01","EMULSÕES ASFÁLTICAS RR-2C","Piauí","-"]
["2023-05-01","EMULSÕES ASFÁLTICAS RR-2C","Rio de Janeiro","-"]
["2023-05-01","EMULSÕES ASFÁLTICAS RR-2C","Rio Grande do Norte","-"]
["2023-05-01","EMULSÕES ASFÁLTICAS RR-2C","Rio Grande do Sul","-"]
["2023-05-01","EMULSÕES ASFÁLTICAS RR-2C","Rondônia","-"]
["2023-05-01","EMULSÕES ASFÁLTICAS RR-2C","Roraima","-"]
["2023-05-01","EMULSÕES ASFÁLTICAS RR-2C","Santa Catarina","-"]
["2023-05-01","EMULSÕES ASFÁLTICAS RR-2C","São Paulo",2.4961734919163301]
["2023-05-01","EMULSÕES ASFÁLTICAS RR-2C","Sergipe","-"]
["2023-05-01","EMULSÕES ASFÁLTICAS RR-2C","Tocantins","-"]
["2023-06-01","EMULSÕES ASFÁLTICAS RR-2C","Acre","-"]
["2023-06-01","EMULSÕES ASFÁLTICAS RR-2C","Alagoas","-"]
["2023-06-01","EMULSÕES ASFÁLTICAS RR-2C","Amapá","-"]
["2023-06-01","EMULSÕES ASFÁLTICAS RR-2C","Amazonas",4.0092992488741599]
["2023-06-01","EMULSÕES ASFÁLTICAS RR-2C","Bahia","-"]
["2023-06-01","EMULSÕES ASFÁLTICAS RR-2C","Ceará",2.5524836726394899]
["2023-06-01","EMULSÕES ASFÁLTICAS RR-2C","Distrito Federal","-"]
["2023-06-01","EMULSÕES ASFÁLTICAS RR-2C","Espírito Santo","-"]
["2023-06-01","EMULSÕES ASFÁLTICAS RR-2C","Goiás",2.7315522958849101]
["2023-06-01","EMULSÕES ASFÁLTICAS RR-2C","Maranhão","-"]
["2023-06-01","EMULSÕES ASFÁLTICAS RR-2C","Mato Grosso",2.9814298018924501]
["2023-06-01","EMULSÕES ASFÁLTICAS RR-2C","Mato Grosso do Sul","-"]
["2023-06-01","EMULSÕES ASFÁLTICAS RR-2C","Minas Gerais",2.72460735561482]
["2023-06-01","EMULSÕES ASFÁLTICAS RR-2C","Pará","-"]
["2023-06-01","EMULSÕES ASFÁLTICAS RR-2C","Paraíba","-"]
["2023-06-01","EMULSÕES ASFÁLTICAS RR-2C","Paraná",2.55973690576482]
["2023-06-01","EMULSÕES ASFÁLTICAS RR-2C","Pernambuco","-"]
["2023-06-01","EMULSÕES ASFÁLTICAS RR-2C","Piauí","-"]
["2023-06-01","EMULSÕES ASFÁLTICAS RR-2C","Rio de Janeiro","-"]
["2023-06-01","EMULSÕES ASFÁLTICAS RR-2C","Rio Grande do Norte","-"]
["2023-06-01","EMULSÕES ASFÁLTICAS RR-2C","Rio Grande do Sul","-"]
["2023-06-01","EMULSÕES ASFÁLTICAS RR-2C","Rondônia","-"]
["2023-06-01","EMULSÕES ASFÁLTICAS RR-2C","Roraima","-"]
["2023-06-01","EMULSÕES ASFÁLTICAS RR-2C","Santa Catarina","-"]
["2023-06-01","EMULSÕES ASFÁLTICAS RR-2C","São Paulo",2.4924548546167098]
["2023-06-01","EMULSÕES ASFÁLTICAS RR-2C","Sergipe","-"]
["2023-06-01","EMULSÕES ASFÁLTICAS RR-2C","Tocantins",2.67529450782488]
["2023-07-01","EMULSÕES ASFÁLTICAS RR-2C","Acre","-"]
["2023-07-01","EMULSÕES ASFÁLTICAS RR-2C","Alagoas","-"]
["2023-07-01","EMULSÕES ASFÁLTICAS RR-2C","Amapá","-"]
["2023-07-01","EMULSÕES ASFÁLTICAS RR-2C","Amazonas",3.6065213582095401]
["2023-07-01","EMULSÕES ASFÁLTICAS RR-2C","Bahia","-"]
["2023-07-01","EMULSÕES ASFÁLTICAS RR-2C","Ceará",2.56724153325752]
["2023-07-01","EMULSÕES ASFÁLTICAS RR-2C","Distrito Federal","-"]
["2023-07-01","EMULSÕES ASFÁLTICAS RR-2C","Espírito Santo","-"]
["2023-07-01","EMULSÕES ASFÁLTICAS RR-2C","Goiás",2.6796071702448101]
["2023-07-01","EMULSÕES ASFÁLTICAS RR-2C","Maranhão","-"]
["2023-07-01","EMULSÕES ASFÁLTICAS RR-2C","Mato Grosso",2.9798254759573002]
["2023-07-01","EMULSÕES ASFÁLTICAS RR-2C","Mato Grosso do Sul",2.7378386517330799]
["2023-07-01","EMULSÕES ASFÁLTICAS RR-2C","Minas Gerais",2.6455719449202402]
["2023-07-01","EMULSÕES ASFÁLTICAS RR-2C","Pará","-"]
["2023-07-01","EMULSÕES ASFÁLTICAS RR-2C","Paraíba","-"]
["2023-07-01","EMULSÕES ASFÁLTICAS RR-2C","Paraná",2.5631897637677401]
["2023-07-01","EMULSÕES ASFÁLTICAS RR-2C","Pernambuco","-"]
["2023-07-01","EMULSÕES ASFÁLTICAS RR-2C","Piauí","-"]
["2023-07-01","EMULSÕES ASFÁLTICAS RR-2C","Rio de Janeiro","-"]
["2023-07-01","EMULSÕES ASFÁLTICAS RR-2C","Rio Grande do Norte","-"]
["2023-07-01","EMULSÕES ASFÁLTICAS RR-2C","Rio Grande do Sul","-"]
["2023-07-01","EMULSÕES ASFÁLTICAS RR-2C","Rondônia","-"]
["2023-07-01","EMULSÕES ASFÁLTICAS RR-2C","Roraima","-"]
["2023-07-01","EMULSÕES ASFÁLTICAS RR-2C","Santa Catarina","-"]
["2023-07-01","EMULSÕES ASFÁLTICAS RR-2C","São Paulo",2.5241436463351001]
["2023-07-01","EMULSÕES ASFÁLTICAS RR-2C","Sergipe","-"]
["2023-07-01","EMULSÕES ASFÁLTICAS RR-2C","Tocantins",2.7042001533118398]
["2023-08-01","EMULSÕES ASFÁLTICAS RR-2C","Acre","-"]
["2023-08-01","EMULSÕES ASFÁLTICAS RR-2C","Alagoas","-"]
["2023-08-01","EMULSÕES ASFÁLTICAS RR-2C","Amapá","-"]
["2023-08-01","EMULSÕES ASFÁLTICAS RR-2C","Amazonas",3.6847888545823499]
["2023-08-01","EMULSÕES ASFÁLTICAS RR-2C","Bahia","-"]
["2023-08-01","EMULSÕES ASFÁLTICAS RR-2C","Ceará",2.5832733233303098]
["2023-08-01","EMULSÕES ASFÁLTICAS RR-2C","Distrito Federal","-"]
["2023-08-01","EMULSÕES ASFÁLTICAS RR-2C","Espírito Santo","-"]
["2023-08-01","EMULSÕES ASFÁLTICAS RR-2C","Goiás",2.8803241587642598]
["2023-08-01","EMULSÕES ASFÁLTICAS RR-2C","Maranhão","-"]
["2023-08-01","EMULSÕES ASFÁLTICAS RR-2C","Mato Grosso",2.9732980090484902]
["2023-08-01","EMULSÕES ASFÁLTICAS RR-2C","Mato Grosso do Sul",2.7770091352692798]
["2023-08-01","EMULSÕES ASFÁLTICAS RR-2C","Minas Gerais",2.68166831384635]
["2023-08-01","EMULSÕES ASFÁLTICAS RR-2C","Pará","-"]
["2023-08-01","EMULSÕES ASFÁLTICAS RR-2C","Paraíba","-"]
["2023-08-01","EMULSÕES ASFÁLTICAS RR-2C","Paraná",2.6621856287663501]
["2023-08-01","EMULSÕES ASFÁLTICAS RR-2C","Pernambuco","-"]
["2023-08-01","EMULSÕES ASFÁLTICAS RR-2C","Piauí","-"]
["2023-08-01","EMULSÕES ASFÁLTICAS RR-2C","Rio de Janeiro","-"]
["2023-08-01","EMULSÕES ASFÁLTICAS RR-2C","Rio Grande do Norte","-"]
["2023-08-01","EMULSÕES ASFÁLTICAS RR-2C","Rio Grande do Sul","-"]
["2023-08-01","EMULSÕES ASFÁLTICAS RR-2C","Rondônia","-"]
["2023-08-01","EMULSÕES ASFÁLTICAS RR-2C","Roraima","-"]
["2023-08-01","EMULSÕES ASFÁLTICAS RR-2C","Santa Catarina","-"]
["2023-08-01","EMULSÕES ASFÁLTICAS RR-2C","São Paulo",2.5738127240129201]
["2023-08-01","EMULSÕES ASFÁLTICAS RR-2C","Sergipe","-"]
["2023-08-01","EMULSÕES ASFÁLTICAS RR-2C","Tocantins",2.7318124093818001]
["2023-09-01","EMULSÕES ASFÁLTICAS RR-2C","Acre","-"]
["2023-09-01","EMULSÕES ASFÁLTICAS RR-2C","Alagoas","-"]
["2023-09-01","EMULSÕES ASFÁLTICAS RR-2C","Amapá","-"]
["2023-09-01","EMULSÕES ASFÁLTICAS RR-2C","Amazonas",3.7573868292638899]
["2023-09-01","EMULSÕES ASFÁLTICAS RR-2C","Bahia","-"]
["2023-09-01","EMULSÕES ASFÁLTICAS RR-2C","Ceará",2.6987763251280201]
["2023-09-01","EMULSÕES ASFÁLTICAS RR-2C","Distrito Federal","-"]
["2023-09-01","EMULSÕES ASFÁLTICAS RR-2C","Espírito Santo","-"]
["2023-09-01","EMULSÕES ASFÁLTICAS RR-2C","Goiás",3.0014388343209202]
["2023-09-01","EMULSÕES ASFÁLTICAS RR-2C","Maranhão","-"]
["2023-09-01","EMULSÕES ASFÁLTICAS RR-2C","Mato Grosso",3.15783369934613]
["2023-09-01","EMULSÕES ASFÁLTICAS RR-2C","Mato Grosso do Sul",2.9057554681864901]
["2023-09-01","EMULSÕES ASFÁLTICAS RR-2C","Minas Gerais",2.8867392644349201]
["2023-09-01","EMULSÕES ASFÁLTICAS RR-2C","Pará","-"]
["2023-09-01","EMULSÕES ASFÁLTICAS RR-2C","Paraíba","-"]
["2023-09-01","EMULSÕES ASFÁLTICAS RR-2C","Paraná",2.3875991256382401]
["2023-09-01","EMULSÕES ASFÁLTICAS RR-2C","Pernambuco","-"]
["2023-09-01","EMULSÕES ASFÁLTICAS RR-2C","Piauí","-"]
["2023-09-01","EMULSÕES ASFÁLTICAS RR-2C","Rio de Janeiro","-"]
["2023-09-01","EMULSÕES ASFÁLTICAS RR-2C","Rio Grande do Norte","-"]
["2023-09-01","EMULSÕES ASFÁLTICAS RR-2C","Rio Grande do Sul",2.6183637345807802]
["2023-09-01","EMULSÕES ASFÁLTICAS RR-2C","Rondônia","-"]
["2023-09-01","EMULSÕES ASFÁLTICAS RR-2C","Roraima","-"]
["2023-09-01","EMULSÕES ASFÁLTICAS RR-2C","Santa Catarina","-"]
["2023-09-01","EMULSÕES ASFÁLTICAS RR-2C","São Paulo",2.6086916683273902]
["2023-09-01","EMULSÕES ASFÁLTICAS RR-2C","Sergipe","-"]
["2023-09-01","EMULSÕES ASFÁLTICAS RR-2C","Tocantins","-"]
["2023-10-01","EMULSÕES ASFÁLTICAS RR-2C","Acre","-"]
["2023-10-01","EMULSÕES ASFÁLTICAS RR-2C","Alagoas","-"]
["2023-10-01","EMULSÕES ASFÁLTICAS RR-2C","Amapá","-"]
["2023-10-01","EMULSÕES ASFÁLTICAS RR-2C","Amazonas",4.1309363633071401]
["2023-10-01","EMULSÕES ASFÁLTICAS RR-2C","Bahia","-"]
["2023-10-01","EMULSÕES ASFÁLTICAS RR-2C","Ceará",2.7088196950454599]
["2023-10-01","EMULSÕES ASFÁLTICAS RR-2C","Distrito Federal","-"]
["2023-10-01","EMULSÕES ASFÁLTICAS RR-2C","Espírito Santo","-"]
["2023-10-01","EMULSÕES ASFÁLTICAS RR-2C","Goiás",2.9767718508470198]
["2023-10-01","EMULSÕES ASFÁLTICAS RR-2C","Maranhão","-"]
["2023-10-01","EMULSÕES ASFÁLTICAS RR-2C","Mato Grosso",2.97091190710232]
["2023-10-01","EMULSÕES ASFÁLTICAS RR-2C","Mato Grosso do Sul","-"]
["2023-10-01","EMULSÕES ASFÁLTICAS RR-2C","Minas Gerais",2.7764861019123002]
["2023-10-01","EMULSÕES ASFÁLTICAS RR-2C","Pará",3.45771608815553]
["2023-10-01","EMULSÕES ASFÁLTICAS RR-2C","Paraíba","-"]
["2023-10-01","EMULSÕES ASFÁLTICAS RR-2C","Paraná",2.59441719882056]
["2023-10-01","EMULSÕES ASFÁLTICAS RR-2C","Pernambuco","-"]
["2023-10-01","EMULSÕES ASFÁLTICAS RR-2C","Piauí","-"]
["2023-10-01","EMULSÕES ASFÁLTICAS RR-2C","Rio de Janeiro","-"]
["2023-10-01","EMULSÕES ASFÁLTICAS RR-2C","Rio Grande do Norte","-"]
["2023-10-01","EMULSÕES ASFÁLTICAS RR-2C","Rio Grande do Sul",2.6346091077505802]
["2023-10-01","EMULSÕES ASFÁLTICAS RR-2C","Rondônia","-"]
["2023-10-01","EMULSÕES ASFÁLTICAS RR-2C","Roraima","-"]
["2023-10-01","EMULSÕES ASFÁLTICAS RR-2C","Santa Catarina","-"]
["2023-10-01","EMULSÕES ASFÁLTICAS RR-2C","São Paulo",2.6464244945786799]
["2023-10-01","EMULSÕES ASFÁLTICAS RR-2C","Sergipe","-"]
["2023-10-01","EMULSÕES ASFÁLTICAS RR-2C","Tocantins",2.92930604406371]
["2023-11-01","EMULSÕES ASFÁLTICAS RR-2C","Acre","-"]
["2023-11-01","EMULSÕES ASFÁLTICAS RR-2C","Alagoas","-"]
["2023-11-01","EMULSÕES ASFÁLTICAS RR-2C","Amapá","-"]
["2023-11-01","EMULSÕES ASFÁLTICAS RR-2C","Amazonas",3.6577904883671901]
["2023-11-01","EMULSÕES ASFÁLTICAS RR-2C","Bahia","-"]
["2023-11-01","EMULSÕES ASFÁLTICAS RR-2C","Ceará",2.7553879995956199]
["2023-11-01","EMULSÕES ASFÁLTICAS RR-2C","Distrito Federal","-"]
["2023-11-01","EMULSÕES ASFÁLTICAS RR-2C","Espírito Santo","-"]
["2023-11-01","EMULSÕES ASFÁLTICAS RR-2C","Goiás",3.2345992659556102]
["2023-11-01","EMULSÕES ASFÁLTICAS RR-2C","Maranhão","-"]
["2023-11-01","EMULSÕES ASFÁLTICAS RR-2C","Mato Grosso",3.2082442978652699]
["2023-11-01","EMULSÕES ASFÁLTICAS RR-2C","Mato Grosso do Sul",2.8207850837687598]
["2023-11-01","EMULSÕES ASFÁLTICAS RR-2C","Minas Gerais",2.8585102508937501]
["2023-11-01","EMULSÕES ASFÁLTICAS RR-2C","Pará","-"]
["2023-11-01","EMULSÕES ASFÁLTICAS RR-2C","Paraíba","-"]
["2023-11-01","EMULSÕES ASFÁLTICAS RR-2C","Paraná",2.4865216861678401]
["2023-11-01","EMULSÕES ASFÁLTICAS RR-2C","Pernambuco","-"]
["2023-11-01","EMULSÕES ASFÁLTICAS RR-2C","Piauí","-"]
["2023-11-01","EMULSÕES ASFÁLTICAS RR-2C","Rio de Janeiro","-"]
["2023-11-01","EMULSÕES ASFÁLTICAS RR-2C","Rio Grande do Norte","-"]
["2023-11-01","EMULSÕES ASFÁLTICAS RR-2C","Rio Grande do Sul",2.5783635110054499]
["2023-11-01","EMULSÕES ASFÁLTICAS RR-2C","Rondônia","-"]
["2023-11-01","EMULSÕES ASFÁLTICAS RR-2C","Roraima","-"]
["2023-11-01","EMULSÕES ASFÁLTICAS RR-2C","Santa Catarina","-"]
["2023-11-01","EMULSÕES ASFÁLTICAS RR-2C","São Paulo",2.6756182915104501]
["2023-11-01","EMULSÕES ASFÁLTICAS RR-2C","Sergipe","-"]
["2023-11-01","EMULSÕES ASFÁLTICAS RR-2C","Tocantins",2.9348231951785602]
["2023-12-01","EMULSÕES ASFÁLTICAS RR-2C","Acre","-"]
["2023-12-01","EMULSÕES ASFÁLTICAS RR-2C","Alagoas","-"]
["2023-12-01","EMULSÕES ASFÁLTICAS RR-2C","Amapá","-"]
["2023-12-01","EMULSÕES ASFÁLTICAS RR-2C","Amazonas",4.1145943894461396]
["2023-12-01","EMULSÕES ASFÁLTICAS RR-2C","Bahia","-"]
["2023-12-01","EMULSÕES ASFÁLTICAS RR-2C","Ceará",2.7475801990686501]
["2023-12-01","EMULSÕES ASFÁLTICAS RR-2C","Distrito Federal","-"]
["2023-12-01","EMULSÕES ASFÁLTICAS RR-2C","Espírito Santo","-"]
["2023-12-01","EMULSÕES ASFÁLTICAS RR-2C","Goiás",2.6717929953325599]
["2023-12-01","EMULSÕES ASFÁLTICAS RR-2C","Maranhão","-"]
["2023-12-01","EMULSÕES ASFÁLTICAS RR-2C","Mato Grosso",3.01049117307128]
["2023-12-01","EMULSÕES ASFÁLTICAS RR-2C","Mato Grosso do Sul",2.9656443701431501]
["2023-12-01","EMULSÕES ASFÁLTICAS RR-2C","Minas Gerais",2.72094419898341]
["2023-12-01","EMULSÕES ASFÁLTICAS RR-2C","Pará",3.4113074977303199]
["2023-12-01","EMULSÕES ASFÁLTICAS RR-2C","Paraíba","-"]
["2023-12-01","EMULSÕES ASFÁLTICAS RR-2C","Paraná",2.5461323789780401]
["2023-12-01","EMULSÕES ASFÁLTICAS RR-2C","Pernambuco","-"]
["2023-12-01","EMULSÕES ASFÁLTICAS RR-2C","Piauí","-"]
["2023-12-01","EMULSÕES ASFÁLTICAS RR-2C","Rio de Janeiro","-"]
["2023-12-01","EMULSÕES ASFÁLTICAS RR-2C","Rio Grande do Norte","-"]
["2023-12-01","EMULSÕES ASFÁLTICAS RR-2C","Rio Grande do Sul",2.7029570010932602]
["2023-12-01","EMULSÕES ASFÁLTICAS RR-2C","Rondônia","-"]
["2023-12-01","EMULSÕES ASFÁLTICAS RR-2C","Roraima","-"]
["2023-12-01","EMULSÕES ASFÁLTICAS RR-2C","Santa Catarina","-"]
["2023-12-01","EMULSÕES ASFÁLTICAS RR-2C","São Paulo",2.6445320735403901]
["2023-12-01","EMULSÕES ASFÁLTICAS RR-2C","Sergipe","-"]
["2023-12-01","EMULSÕES ASFÁLTICAS RR-2C","Tocantins","-"]
["2024-01-01","EMULSÕES ASFÁLTICAS RR-2C","Acre","-"]
["2024-01-01","EMULSÕES ASFÁLTICAS RR-2C","Alagoas","-"]
["2024-01-01","EMULSÕES ASFÁLTICAS RR-2C","Amapá","-"]
["2024-01-01","EMULSÕES ASFÁLTICAS RR-2C","Amazonas",3.31032103635799]
["2024-01-01","EMULSÕES ASFÁLTICAS RR-2C","Bahia","-"]
["2024-01-01","EMULSÕES ASFÁLTICAS RR-2C","Ceará",2.5316198461333701]
["2024-01-01","EMULSÕES ASFÁLTICAS RR-2C","Distrito Federal","-"]
["2024-01-01","EMULSÕES ASFÁLTICAS RR-2C","Espírito Santo","-"]
["2024-01-01","EMULSÕES ASFÁLTICAS RR-2C","Goiás",2.8743934779916902]
["2024-01-01","EMULSÕES ASFÁLTICAS RR-2C","Maranhão","-"]
["2024-01-01","EMULSÕES ASFÁLTICAS RR-2C","Mato Grosso",3.3977053413212199]
["2024-01-01","EMULSÕES ASFÁLTICAS RR-2C","Mato Grosso do Sul",2.6965374616292799]
["2024-01-01","EMULSÕES ASFÁLTICAS RR-2C","Minas Gerais",2.8833512107628301]
["2024-01-01","EMULSÕES ASFÁLTICAS RR-2C","Pará","-"]
["2024-01-01","EMULSÕES ASFÁLTICAS RR-2C","Paraíba","-"]
["2024-01-01","EMULSÕES ASFÁLTICAS RR-2C","Paraná",2.5525240898917199]
["2024-01-01","EMULSÕES ASFÁLTICAS RR-2C","Pernambuco","-"]
["2024-01-01","EMULSÕES ASFÁLTICAS RR-2C","Piauí","-"]
["2024-01-01","EMULSÕES ASFÁLTICAS RR-2C","Rio de Janeiro","-"]
["2024-01-01","EMULSÕES ASFÁLTICAS RR-2C","Rio Grande do Norte","-"]
["2024-01-01","EMULSÕES ASFÁLTICAS RR-2C","Rio Grande do Sul",2.6921488123933401]
["2024-01-01","EMULSÕES ASFÁLTICAS RR-2C","Rondônia","-"]
["2024-01-01","EMULSÕES ASFÁLTICAS RR-2C","Roraima","-"]
["2024-01-01","EMULSÕES ASFÁLTICAS RR-2C","Santa Catarina","-"]
["2024-01-01","EMULSÕES ASFÁLTICAS RR-2C","São Paulo",2.5442266436429501]
["2024-01-01","EMULSÕES ASFÁLTICAS RR-2C","Sergipe","-"]
["2024-01-01","EMULSÕES ASFÁLTICAS RR-2C","Tocantins","-"]
["2024-02-01","EMULSÕES ASFÁLTICAS RR-2C","Acre","-"]
["2024-02-01","EMULSÕES ASFÁLTICAS RR-2C","Alagoas","-"]
["2024-02-01","EMULSÕES ASFÁLTICAS RR-2C","Amapá","-"]
["2024-02-01","EMULSÕES ASFÁLTICAS RR-2C","Amazonas",4.2482982906004301]
["2024-02-01","EMULSÕES ASFÁLTICAS RR-2C","Bahia","-"]
["2024-02-01","EMULSÕES ASFÁLTICAS RR-2C","Ceará",2.5191503370752102]
["2024-02-01","EMULSÕES ASFÁLTICAS RR-2C","Distrito Federal","-"]
["2024-02-01","EMULSÕES ASFÁLTICAS RR-2C","Espírito Santo","-"]
["2024-02-01","EMULSÕES ASFÁLTICAS RR-2C","Goiás",2.7966368010781499]
["2024-02-01","EMULSÕES ASFÁLTICAS RR-2C","Maranhão","-"]
["2024-02-01","EMULSÕES ASFÁLTICAS RR-2C","Mato Grosso",3.2252323227305002]
["2024-02-01","EMULSÕES ASFÁLTICAS RR-2C","Mato Grosso do Sul",2.7413912967784402]
["2024-02-01","EMULSÕES ASFÁLTICAS RR-2C","Minas Gerais",2.8778714744049401]
["2024-02-01","EMULSÕES ASFÁLTICAS RR-2C","Pará","-"]
["2024-02-01","EMULSÕES ASFÁLTICAS RR-2C","Paraíba","-"]
["2024-02-01","EMULSÕES ASFÁLTICAS RR-2C","Paraná",2.56231278552147]
["2024-02-01","EMULSÕES ASFÁLTICAS RR-2C","Pernambuco","-"]
["2024-02-01","EMULSÕES ASFÁLTICAS RR-2C","Piauí","-"]
["2024-02-01","EMULSÕES ASFÁLTICAS RR-2C","Rio de Janeiro","-"]
["2024-02-01","EMULSÕES ASFÁLTICAS RR-2C","Rio Grande do Norte","-"]
["2024-02-01","EMULSÕES ASFÁLTICAS RR-2C","Rio Grande do Sul",2.6175448778485899]
["2024-02-01","EMULSÕES ASFÁLTICAS RR-2C","Rondônia","-"]
["2024-02-01","EMULSÕES ASFÁLTICAS RR-2C","Roraima","-"]
["2024-02-01","EMULSÕES ASFÁLTICAS RR-2C","Santa Catarina","-"]
["2024-02-01","EMULSÕES ASFÁLTICAS RR-2C","São Paulo",2.5935200228370401]
["2024-02-01","EMULSÕES ASFÁLTICAS RR-2C","Sergipe","-"]
["2024-02-01","EMULSÕES ASFÁLTICAS RR-2C","Tocantins","-"]
["2024-03-01","EMULSÕES ASFÁLTICAS RR-2C","Acre","-"]
["2024-03-01","EMULSÕES ASFÁLTICAS RR-2C","Alagoas","-"]
["2024-03-01","EMULSÕES ASFÁLTICAS RR-2C","Amapá","-"]
["2024-03-01","EMULSÕES ASFÁLTICAS RR-2C","Amazonas","-"]
["2024-03-01","EMULSÕES ASFÁLTICAS RR-2C","Bahia","-"]
["2024-03-01","EMULSÕES ASFÁLTICAS RR-2C","Ceará",2.5578626906299]
["2024-03-01","EMULSÕES ASFÁLTICAS RR-2C","Distrito Federal","-"]
["2024-03-01","EMULSÕES ASFÁLTICAS RR-2C","Espírito Santo","-"]
["2024-03-01","EMULSÕES ASFÁLTICAS RR-2C","Goiás",2.5324859114087399]
["2024-03-01","EMULSÕES ASFÁLTICAS RR-2C","Maranhão","-"]
["2024-03-01","EMULSÕES ASFÁLTICAS RR-2C","Mato Grosso",3.2142033314018899]
["2024-03-01","EMULSÕES ASFÁLTICAS RR-2C","Mato Grosso do Sul",2.7213220198489498]
["2024-03-01","EMULSÕES ASFÁLTICAS RR-2C","Minas Gerais",2.8376833700606401]
["2024-03-01","EMULSÕES ASFÁLTICAS RR-2C","Pará","-"]
["2024-03-01","EMULSÕES ASFÁLTICAS RR-2C","Paraíba","-"]
["2024-03-01","EMULSÕES ASFÁLTICAS RR-2C","Paraná",2.5798154599222398]
["2024-03-01","EMULSÕES ASFÁLTICAS RR-2C","Pernambuco","-"]
["2024-03-01","EMULSÕES ASFÁLTICAS RR-2C","Piauí","-"]
["2024-03-01","EMULSÕES ASFÁLTICAS RR-2C","Rio de Janeiro","-"]
["2024-03-01","EMULSÕES ASFÁLTICAS RR-2C","Rio Grande do Norte","-"]
["2024-03-01","EMULSÕES ASFÁLTICAS RR-2C","Rio Grande do Sul",2.7020602859145799]
["2024-03-01","EMULSÕES ASFÁLTICAS RR-2C","Rondônia","-"]
["2024-03-01","EMULSÕES ASFÁLTICAS RR-2C","Roraima","-"]
["2024-03-01","EMULSÕES ASFÁLTICAS RR-2C","Santa Catarina","-"]
["2024-03-01","EMULSÕES ASFÁLTICAS RR-2C","São Paulo",2.6075844973272302]
["2024-03-01","EMULSÕES ASFÁLTICAS RR-2C","Sergipe","-"]
["2024-03-01","EMULSÕES ASFÁLTICAS RR-2C","Tocantins","-"]
["2024-04-01","EMULSÕES ASFÁLTICAS RR-2C","Acre","-"]
["2024-04-01","EMULSÕES ASFÁLTICAS RR-2C","Alagoas","-"]
["2024-04-01","EMULSÕES ASFÁLTICAS RR-2C","Amapá","-"]
["2024-04-01","EMULSÕES ASFÁLTICAS RR-2C","Amazonas",3.75113688825697]
["2024-04-01","EMULSÕES ASFÁLTICAS RR-2C","Bahia","-"]
["2024-04-01","EMULSÕES ASFÁLTICAS RR-2C","Ceará",2.44319611778295]
["2024-04-01","EMULSÕES ASFÁLTICAS RR-2C","Distrito Federal","-"]
["2024-04-01","EMULSÕES ASFÁLTICAS RR-2C","Espírito Santo","-"]
["2024-04-01","EMULSÕES ASFÁLTICAS RR-2C","Goiás",2.7740328979051498]
["2024-04-01","EMULSÕES ASFÁLTICAS RR-2C","Maranhão","-"]
["2024-04-01","EMULSÕES ASFÁLTICAS RR-2C","Mato Grosso",3.1649247101118201]
["2024-04-01","EMULSÕES ASFÁLTICAS RR-2C","Mato Grosso do Sul",2.8315529823361798]
["2024-04-01","EMULSÕES ASFÁLTICAS RR-2C","Minas Gerais",2.7707079564980801]
["2024-04-01","EMULSÕES ASFÁLTICAS RR-2C","Pará",3.10696073524687]
["2024-04-01","EMULSÕES ASFÁLTICAS RR-2C","Paraíba","-"]
["2024-04-01","EMULSÕES ASFÁLTICAS RR-2C","Paraná",2.6175822397737001]
["2024-04-01","EMULSÕES ASFÁLTICAS RR-2C","Pernambuco","-"]
["2024-04-01","EMULSÕES ASFÁLTICAS RR-2C","Piauí","-"]
["2024-04-01","EMULSÕES ASFÁLTICAS RR-2C","Rio de Janeiro",3.52372295232081]
["2024-04-01","EMULSÕES ASFÁLTICAS RR-2C","Rio Grande do Norte","-"]
["2024-04-01","EMULSÕES ASFÁLTICAS RR-2C","Rio Grande do Sul",2.6639191472647399]
["2024-04-01","EMULSÕES ASFÁLTICAS RR-2C","Rondônia","-"]
["2024-04-01","EMULSÕES ASFÁLTICAS RR-2C","Roraima","-"]
["2024-04-01","EMULSÕES ASFÁLTICAS RR-2C","Santa Catarina","-"]
["2024-04-01","EMULSÕES ASFÁLTICAS RR-2C","São Paulo",2.63811438486074]
["2024-04-01","EMULSÕES ASFÁLTICAS RR-2C","Sergipe","-"]
["2024-04-01","EMULSÕES ASFÁLTICAS RR-2C","Tocantins","-"]
["2024-05-01","EMULSÕES ASFÁLTICAS RR-2C","Acre","-"]
["2024-05-01","EMULSÕES ASFÁLTICAS RR-2C","Alagoas","-"]
["2024-05-01","EMULSÕES ASFÁLTICAS RR-2C","Amapá","-"]
["2024-05-01","EMULSÕES ASFÁLTICAS RR-2C","Amazonas",3.0822955853357299]
["2024-05-01","EMULSÕES ASFÁLTICAS RR-2C","Bahia","-"]
["2024-05-01","EMULSÕES ASFÁLTICAS RR-2C","Ceará",2.5255827216631599]
["2024-05-01","EMULSÕES ASFÁLTICAS RR-2C","Distrito Federal","-"]
["2024-05-01","EMULSÕES ASFÁLTICAS RR-2C","Espírito Santo","-"]
["2024-05-01","EMULSÕES ASFÁLTICAS RR-2C","Goiás",2.7231072303770998]
["2024-05-01","EMULSÕES ASFÁLTICAS RR-2C","Maranhão","-"]
["2024-05-01","EMULSÕES ASFÁLTICAS RR-2C","Mato Grosso",3.3375436107294698]
["2024-05-01","EMULSÕES ASFÁLTICAS RR-2C","Mato Grosso do Sul","-"]
["2024-05-01","EMULSÕES ASFÁLTICAS RR-2C","Minas Gerais",2.6237363909337899]
["2024-05-01","EMULSÕES ASFÁLTICAS RR-2C","Pará","-"]
["2024-05-01","EMULSÕES ASFÁLTICAS RR-2C","Paraíba","-"]
["2024-05-01","EMULSÕES ASFÁLTICAS RR-2C","Paraná",2.72111458330239]
["2024-05-01","EMULSÕES ASFÁLTICAS RR-2C","Pernambuco","-"]
["2024-05-01","EMULSÕES ASFÁLTICAS RR-2C","Piauí","-"]
["2024-05-01","EMULSÕES ASFÁLTICAS RR-2C","Rio de Janeiro","-"]
["2024-05-01","EMULSÕES ASFÁLTICAS RR-2C","Rio Grande do Norte","-"]
["2024-05-01","EMULSÕES ASFÁLTICAS RR-2C","Rio Grande do Sul",2.8027101717490401]
["2024-05-01","EMULSÕES ASFÁLTICAS RR-2C","Rondônia","-"]
["2024-05-01","EMULSÕES ASFÁLTICAS RR-2C","Roraima","-"]
["2024-05-01","EMULSÕES ASFÁLTICAS RR-2C","Santa Catarina","-"]
["2024-05-01","EMULSÕES ASFÁLTICAS RR-2C","São Paulo",2.67272973384563]
["2024-05-01","EMULSÕES ASFÁLTICAS RR-2C","Sergipe","-"]
["2024-05-01","EMULSÕES ASFÁLTICAS RR-2C","Tocantins",2.6018508264547]
["2024-06-01","EMULSÕES ASFÁLTICAS RR-2C","Acre","-"]
["2024-06-01","EMULSÕES ASFÁLTICAS RR-2C","Alagoas","-"]
["2024-06-01","EMULSÕES ASFÁLTICAS RR-2C","Amapá","-"]
["2024-06-01","EMULSÕES ASFÁLTICAS RR-2C","Amazonas",3.6174371874171598]
["2024-06-01","EMULSÕES ASFÁLTICAS RR-2C","Bahia","-"]
["2024-06-01","EMULSÕES ASFÁLTICAS RR-2C","Ceará",2.4765828477621601]
["2024-06-01","EMULSÕES ASFÁLTICAS RR-2C","Distrito Federal","-"]
["2024-06-01","EMULSÕES ASFÁLTICAS RR-2C","Espírito Santo","-"]
["2024-06-01","EMULSÕES ASFÁLTICAS RR-2C","Goiás",2.6707784420782099]
["2024-06-01","EMULSÕES ASFÁLTICAS RR-2C","Maranhão","-"]
["2024-06-01","EMULSÕES ASFÁLTICAS RR-2C","Mato Grosso",3.3365856866443502]
["2024-06-01","EMULSÕES ASFÁLTICAS RR-2C","Mato Grosso do Sul",2.76964915271224]
["2024-06-01","EMULSÕES ASFÁLTICAS RR-2C","Minas Gerais",2.57087715868927]
["2024-06-01","EMULSÕES ASFÁLTICAS RR-2C","Pará",3.2725561302628701]
["2024-06-01","EMULSÕES ASFÁLTICAS RR-2C","Paraíba","-"]
["2024-06-01","EMULSÕES ASFÁLTICAS RR-2C","Paraná",2.7801035095338702]
["2024-06-01","EMULSÕES ASFÁLTICAS RR-2C","Pernambuco","-"]
["2024-06-01","EMULSÕES ASFÁLTICAS RR-2C","Piauí","-"]
["2024-06-01","EMULSÕES ASFÁLTICAS RR-2C","Rio de Janeiro","-"]
["2024-06-01","EMULSÕES ASFÁLTICAS RR-2C","Rio Grande do Norte","-"]
["2024-06-01","EMULSÕES ASFÁLTICAS RR-2C","Rio Grande do Sul",2.83234976888965]
["2024-06-01","EMULSÕES ASFÁLTICAS RR-2C","Rondônia","-"]
["2024-06-01","EMULSÕES ASFÁLTICAS RR-2C","Roraima","-"]
["2024-06-01","EMULSÕES ASFÁLTICAS RR-2C","Santa Catarina","-"]
["2024-06-01","EMULSÕES ASFÁLTICAS RR-2C","São Paulo",2.61324368657777]
["2024-06-01","EMULSÕES ASFÁLTICAS RR-2C","Sergipe","-"]
["2024-06-01","EMULSÕES ASFÁLTICAS RR-2C","Tocantins",2.6162712158642898]
["2024-07-01","EMULSÕES ASFÁLTICAS RR-2C","Acre","-"]
["2024-07-01","EMULSÕES ASFÁLTICAS RR-2C","Alagoas","-"]
["2024-07-01","EMULSÕES ASFÁLTICAS RR-2C","Amapá","-"]
["2024-07-01","EMULSÕES ASFÁLTICAS RR-2C","Amazonas",3.6097103889455902]
["2024-07-01","EMULSÕES ASFÁLTICAS RR-2C","Bahia","-"]
["2024-07-01","EMULSÕES ASFÁLTICAS RR-2C","Ceará",2.6963978739691101]
["2024-07-01","EMULSÕES ASFÁLTICAS RR-2C","Distrito Federal","-"]
["2024-07-01","EMULSÕES ASFÁLTICAS RR-2C","Espírito Santo","-"]
["2024-07-01","EMULSÕES ASFÁLTICAS RR-2C","Goiás",2.88797246414086]
["2024-07-01","EMULSÕES ASFÁLTICAS RR-2C","Maranhão","-"]
["2024-07-01","EMULSÕES ASFÁLTICAS RR-2C","Mato Grosso",3.3975805975907298]
["2024-07-01","EMULSÕES ASFÁLTICAS RR-2C","Mato Grosso do Sul",2.9021389342926098]
["2024-07-01","EMULSÕES ASFÁLTICAS RR-2C","Minas Gerais",2.7498110056438199]
["2024-07-01","EMULSÕES ASFÁLTICAS RR-2C","Pará",3.3322321332470501]
["2024-07-01","EMULSÕES ASFÁLTICAS RR-2C","Paraíba","-"]
["2024-07-01","EMULSÕES ASFÁLTICAS RR-2C","Paraná",2.71711091210955]
["2024-07-01","EMULSÕES ASFÁLTICAS RR-2C","Pernambuco","-"]
["2024-07-01","EMULSÕES ASFÁLTICAS RR-2C","Piauí","-"]
["2024-07-01","EMULSÕES ASFÁLTICAS RR-2C","Rio de Janeiro","-"]
["2024-07-01","EMULSÕES ASFÁLTICAS RR-2C","Rio Grande do Norte","-"]
["2024-07-01","EMULSÕES ASFÁLTICAS RR-2C","Rio Grande do Sul",2.7370878896556001]
["2024-07-01","EMULSÕES ASFÁLTICAS RR-2C","Rondônia","-"]
["2024-07-01","EMULSÕES ASFÁLTICAS RR-2C","Roraima","-"]
["2024-07-01","EMULSÕES ASFÁLTICAS RR-2C","Santa Catarina","-"]
["2024-07-01","EMULSÕES ASFÁLTICAS RR-2C","São Paulo",2.6712965257213899]
["2024-07-01","EMULSÕES ASFÁLTICAS RR-2C","Sergipe","-"]
["2024-07-01","EMULSÕES ASFÁLTICAS RR-2C","Tocantins","-"]
["2024-08-01","EMULSÕES ASFÁLTICAS RR-2C","Acre","-"]
["2024-08-01","EMULSÕES ASFÁLTICAS RR-2C","Alagoas","-"]
["2024-08-01","EMULSÕES ASFÁLTICAS RR-2C","Amapá","-"]
["2024-08-01","EMULSÕES ASFÁLTICAS RR-2C","Amazonas",3.7167684598189199]
["2024-08-01","EMULSÕES ASFÁLTICAS RR-2C","Bahia","-"]
["2024-08-01","EMULSÕES ASFÁLTICAS RR-2C","Ceará",2.9319981180080301]
["2024-08-01","EMULSÕES ASFÁLTICAS RR-2C","Distrito Federal","-"]
["2024-08-01","EMULSÕES ASFÁLTICAS RR-2C","Espírito Santo","-"]
["2024-08-01","EMULSÕES ASFÁLTICAS RR-2C","Goiás",3.1093833903759101]
["2024-08-01","EMULSÕES ASFÁLTICAS RR-2C","Maranhão","-"]
["2024-08-01","EMULSÕES ASFÁLTICAS RR-2C","Mato Grosso",3.61455477421659]
["2024-08-01","EMULSÕES ASFÁLTICAS RR-2C","Mato Grosso do Sul",3.0576996689655198]
["2024-08-01","EMULSÕES ASFÁLTICAS RR-2C","Minas Gerais",2.9042762650728799]
["2024-08-01","EMULSÕES ASFÁLTICAS RR-2C","Pará","-"]
["2024-08-01","EMULSÕES ASFÁLTICAS RR-2C","Paraíba","-"]
["2024-08-01","EMULSÕES ASFÁLTICAS RR-2C","Paraná",2.8424804493779501]
["2024-08-01","EMULSÕES ASFÁLTICAS RR-2C","Pernambuco","-"]
["2024-08-01","EMULSÕES ASFÁLTICAS RR-2C","Piauí","-"]
["2024-08-01","EMULSÕES ASFÁLTICAS RR-2C","Rio de Janeiro","-"]
["2024-08-01","EMULSÕES ASFÁLTICAS RR-2C","Rio Grande do Norte","-"]
["2024-08-01","EMULSÕES ASFÁLTICAS RR-2C","Rio Grande do Sul",3.0251242014816602]
["2024-08-01","EMULSÕES ASFÁLTICAS RR-2C","Rondônia","-"]
["2024-08-01","EMULSÕES ASFÁLTICAS RR-2C","Roraima","-"]
["2024-08-01","EMULSÕES ASFÁLTICAS RR-2C","Santa Catarina","-"]
["2024-08-01","EMULSÕES ASFÁLTICAS RR-2C","São Paulo",2.8835825802647199]
["2024-08-01","EMULSÕES ASFÁLTICAS RR-2C","Sergipe","-"]
["2024-08-01","EMULSÕES ASFÁLTICAS RR-2C","Tocantins","-"]
["2024-09-01","EMULSÕES ASFÁLTICAS RR-2C","Acre","-"]
["2024-09-01","EMULSÕES ASFÁLTICAS RR-2C","Alagoas","-"]
["2024-09-01","EMULSÕES ASFÁLTICAS RR-2C","Amapá","-"]
["2024-09-01","EMULSÕES ASFÁLTICAS RR-2C","Amazonas",3.7669466711173301]
["2024-09-01","EMULSÕES ASFÁLTICAS RR-2C","Bahia","-"]
["2024-09-01","EMULSÕES ASFÁLTICAS RR-2C","Ceará",2.9815032420333898]
["2024-09-01","EMULSÕES ASFÁLTICAS RR-2C","Distrito Federal","-"]
["2024-09-01","EMULSÕES ASFÁLTICAS RR-2C","Espírito Santo","-"]
["2024-09-01","EMULSÕES ASFÁLTICAS RR-2C","Goiás",3.17283153217081]
["2024-09-01","EMULSÕES ASFÁLTICAS RR-2C","Maranhão","-"]
["2024-09-01","EMULSÕES ASFÁLTICAS RR-2C","Mato Grosso",3.6788867086147499]
["2024-09-01","EMULSÕES ASFÁLTICAS RR-2C","Mato Grosso do Sul",3.0437109573929]
["2024-09-01","EMULSÕES ASFÁLTICAS RR-2C","Minas Gerais",3.0384398072860401]
["2024-09-01","EMULSÕES ASFÁLTICAS RR-2C","Pará",3.6177675105210199]
["2024-09-01","EMULSÕES ASFÁLTICAS RR-2C","Paraíba","-"]
["2024-09-01","EMULSÕES ASFÁLTICAS RR-2C","Paraná",2.89287326387567]
["2024-09-01","EMULSÕES ASFÁLTICAS RR-2C","Pernambuco","-"]
["2024-09-01","EMULSÕES ASFÁLTICAS RR-2C","Piauí","-"]
["2024-09-01","EMULSÕES ASFÁLTICAS RR-2C","Rio de Janeiro","-"]
["2024-09-01","EMULSÕES ASFÁLTICAS RR-2C","Rio Grande do Norte","-"]
["2024-09-01","EMULSÕES ASFÁLTICAS RR-2C","Rio Grande do Sul",3.0536158411215002]
["2024-09-01","EMULSÕES ASFÁLTICAS RR-2C","Rondônia","-"]
["2024-09-01","EMULSÕES ASFÁLTICAS RR-2C","Roraima","-"]
["2024-09-01","EMULSÕES ASFÁLTICAS RR-2C","Santa Catarina","-"]
["2024-09-01","EMULSÕES ASFÁLTICAS RR-2C","São Paulo",2.7804167300147502]
["2024-09-01","EMULSÕES ASFÁLTICAS RR-2C","Sergipe","-"]
["2024-09-01","EMULSÕES ASFÁLTICAS RR-2C","Tocantins","-"]
["Nota 1: Preços à vista, sem frete, com todos os impostos inclusos, à exceção do ICMS, do PIS/Pasep e da Cofins."]
["Nota 2: As informações são baseadas em dados preliminares, portanto sujeitos a reprocessamento por parte dos informantes nos moldes da Resolução ANP nº 729/2018."]
["Nota 3: Quando não houver declaração de venda do produto selecionado, ou quando a declaração de venda do produto ocorrer por menos de 03 (três) distribuidoras, a tabela indicará campo vazio."]

{"sheet":"ANP REGIÃO","index":18,"n_rows":4858,"n_cols":8,"rows_kept":4858,"cut":false,"hidden":true,"merged":[[4,11,4,17],[5,0,5,7]]}
["                       Agência Nacional do Petróleo, Gás Natural e Biocombustíveis"]
["                       Superintendência de Defesa da Concorrência"]
[]
[]
[]
["PREÇO MÉDIO MENSAL PONDERADO PRATICADO PELOS DISTRIBUIDORES DE PRODUTOS ASFÁLTICOS (R$/KG)"]
[]
["Produto","Mês","Norte","Nordeste","Centro-Oeste","Sudeste","Sul","Brasil"]
["ASFALTOS DILUÍDOS CM-30","2008-11-01",1.7754682918998601,1.5508785295550001,2.0221432912585202,1.55449366962941,1.5845328987092,1.6428683696170401]
["ASFALTOS DILUÍDOS CM-30","2008-12-01",1.80683766686717,1.50911819182929,2.0130201238521499,1.6109022231682399,1.60718759060469,1.63758147079418]
["ASFALTOS DILUÍDOS CM-30","2009-01-01",1.4970528576078801,1.5042963456495599,1.9630976707497401,1.5246722466199401,1.5851372087870099,1.5649458764763899]
["ASFALTOS DILUÍDOS CM-30","2009-02-01",1.4278711198663001,1.49769328314874,1.98106509838221,1.5834902312199199,1.59592406203023,1.5654510357834299]
["ASFALTOS DILUÍDOS CM-30","2009-03-01",1.4049414048856499,1.49764798670541,1.8934302630294999,1.52754781962842,1.58872002905704,1.53271314666768]
["ASFALTOS DILUÍDOS CM-30","2009-04-01",1.4105107475190599,1.48482626123974,1.90922642871696,1.46414937057964,1.55383192849663,1.5167176477872999]
["ASFALTOS DILUÍDOS CM-30","2009-05-01",1.48035567824698,1.46689892810416,1.89159043509598,1.4354437183828599,1.5416111798697301,1.53757437092669]
["ASFALTOS DILUÍDOS CM-30","2009-06-01",1.5807510393098001,1.4448888371048501,1.8420741185475,1.42426431487869,1.5015266955746001,1.54131557536043]
["ASFALTOS DILUÍDOS CM-30","2009-07-01",1.9054324764830901,1.48261821130071,1.94904634466626,1.5844352989751,1.61031043627529,1.65103252279669]
["ASFALTOS DILUÍDOS CM-30","2009-08-01",1.7169951839451201,1.42385491467324,1.7123854783999499,1.41800080530824,1.5206434973011,1.50491146862119]
["ASFALTOS DILUÍDOS CM-30","2009-09-01",1.64329493990732,1.4453177609909,1.7315188027842801,1.4193742513482801,1.5007358948820999,1.5055231197075301]
["ASFALTOS DILUÍDOS CM-30","2009-10-01",1.5880319242410601,1.4589326485129199,1.76201505576589,1.4290244192068799,1.51375383089617,1.5116819041243299]
["ASFALTOS DILUÍDOS CM-30","2009-11-01",1.6393486036846701,1.44905977729413,1.77265081685657,1.43412267701216,1.52604318845395,1.49965739239959]
["ASFALTOS DILUÍDOS CM-30","2009-12-01",1.6642668525686799,1.4419666364804899,1.89057480209378,1.42907772712909,1.5205393340203099,1.50886459791075]
["ASFALTOS DILUÍDOS CM-30","2010-01-01",1.8425061442306101,1.45497712886771,1.8650224473705399,1.41481760845573,1.47445076513561,1.4977352271212701]
["ASFALTOS DILUÍDOS CM-30","2010-02-01",1.7098869153976699,1.44295648723314,1.91984474110405,1.43314625058519,1.50088244788775,1.49654225079097]
["ASFALTOS DILUÍDOS CM-30","2010-03-01",1.5357434160141099,1.4488804992636399,1.9350627276766801,1.4350261163298199,1.48061863472735,1.4867898022700099]
["ASFALTOS DILUÍDOS CM-30","2010-04-01",1.71004647936427,1.4403002542747201,1.9119359608628499,1.42110215320455,1.48127093672067,1.5110864313452399]
["ASFALTOS DILUÍDOS CM-30","2010-05-01",1.7556104652601601,1.43527722078748,1.87329388879634,1.4069444319626101,1.4817760495024801,1.5371705654397601]
["ASFALTOS DILUÍDOS CM-30","2010-06-01",1.60222431364512,1.3960043359825101,1.73173472148983,1.39999622708047,1.49193962048935,1.4980734181535]
["ASFALTOS DILUÍDOS CM-30","2010-07-01",1.5599016265733601,1.38101670849199,1.73268821398304,1.40290485561038,1.4738544273665899,1.4900752694585799]
["ASFALTOS DILUÍDOS CM-30","2010-08-01",1.5266393894179699,1.3881783604979301,1.7389460865755899,1.39875123622145,1.4557498491251599,1.49582851552362]
["ASFALTOS DILUÍDOS CM-30","2010-09-01",1.56537882918275,1.4082046639368899,1.7570273782082899,1.4116428753019299,1.4872577446280599,1.5122571279255601]
["ASFALTOS DILUÍDOS CM-30","2010-10-01",1.4817112940720001,1.4043577151639299,1.75115994660561,1.40348943663518,1.46934084704194,1.49988826027769]
["ASFALTOS DILUÍDOS CM-30","2010-11-01",1.51926767187201,1.4101309036969301,1.7794056254202699,1.42128382162457,1.4585591123489401,1.4816586349871601]
["ASFALTOS DILUÍDOS CM-30","2010-12-01",1.55928755568463,1.4098205101455901,1.82518561826431,1.41767357242667,1.4732438844110001,1.46911303094829]
["ASFALTOS DILUÍDOS CM-30","2011-01-01",1.5259233049696701,1.4457940919018299,1.7746009235903799,1.40327423482064,1.4660028138910199,1.45725606620142]
["ASFALTOS DILUÍDOS CM-30","2011-02-01",1.5528251122422301,1.39209425922809,1.7638361229571999,1.3851949371119501,1.4495588401983599,1.42625047832512]
["ASFALTOS DILUÍDOS CM-30","2011-03-01",1.46921969255447,1.3694429163926101,1.69601792225859,1.3538128040962201,1.43517069396331,1.40013024899142]
["ASFALTOS DILUÍDOS CM-30","2011-04-01",1.4705702617293499,1.3732204915694,1.65082939356418,1.3459281034814099,1.42199893967761,1.40049352195201]
["ASFALTOS DILUÍDOS CM-30","2011-05-01",1.42852895521029,1.32264626665125,1.70038091262445,1.34506816329685,1.4393614312493499,1.4280580185794001]
["ASFALTOS DILUÍDOS CM-30","2011-06-01",1.4076221633546699,1.30570865679807,1.7418436691513799,1.35462049487305,1.3995016927263899,1.4402998200984301]
["ASFALTOS DILUÍDOS CM-30","2011-07-01",1.2592340651332099,1.31203330503768,1.7374896957007,1.33656388024799,1.42247488727441,1.4208392524384701]
["ASFALTOS DILUÍDOS CM-30","2011-08-01",1.47068006097884,1.29977876459346,1.7274434847201201,1.3414778214791101,1.3530183517868399,1.4256755337310001]
["ASFALTOS DILUÍDOS CM-30","2011-09-01",1.5613287195812999,1.32119608413652,1.7298215476496701,1.3574514832033799,1.39568479771556,1.4552024134611601]
["ASFALTOS DILUÍDOS CM-30","2011-10-01",1.5205697215342999,1.32621873554519,1.7173804596917099,1.3326913923266801,1.35777740020148,1.4422958710201099]
["ASFALTOS DILUÍDOS CM-30","2011-11-01",1.4658863342192201,1.33704115355612,1.74100488561302,1.3454861032743,1.44758056509169,1.44535413743928]
["ASFALTOS DILUÍDOS CM-30","2011-12-01",1.47088389868187,1.3355876360155901,1.77872414103756,1.4082930677979799,1.42811230573727,1.42241860380463]
["ASFALTOS DILUÍDOS CM-30","2012-01-01",1.38495501534378,1.35013015565112,1.78078388266024,1.4213541069575899,1.43035247420828,1.3946581672576801]
["ASFALTOS DILUÍDOS CM-30","2012-02-01",1.33218167759685,1.3681438910682699,1.7410203936345201,1.4002009849686801,1.42540098572952,1.41060570735841]
["ASFALTOS DILUÍDOS CM-30","2012-03-01",1.41162186722536,1.3491222141696599,1.6200960057076501,1.3932957641863899,1.40613056853642,1.4097687857718399]
["ASFALTOS DILUÍDOS CM-30","2012-04-01",1.5490079115367099,1.38397645642291,1.6407127520439599,1.4047163969885299,1.4406177932909401,1.45608481951581]
["ASFALTOS DILUÍDOS CM-30","2012-05-01",1.5961789407631799,1.3863622723418301,1.7120611831014101,1.3992395496323999,1.44835088710384,1.49846196901143]
["ASFALTOS DILUÍDOS CM-30","2012-06-01",1.7014325756300901,1.3880535176053601,1.7403520072135501,1.4221187493315099,1.4491960719572901,1.52772271688927]
["ASFALTOS DILUÍDOS CM-30","2012-07-01",1.65202674168012,1.3943685703483999,1.71864484609739,1.43967026065446,1.4618756698398201,1.52306915852142]
["ASFALTOS DILUÍDOS CM-30","2012-08-01",1.6899988348486501,1.4033378504117699,1.7418950411876,1.4217233694882401,1.44568579908647,1.53653307839077]
["ASFALTOS DILUÍDOS CM-30","2012-09-01",1.69017797197561,1.4215000029945399,1.78092072425426,1.4451804324814801,1.48364586620957,1.54941065294832]
["ASFALTOS DILUÍDOS CM-30","2012-10-01",1.5748403417735899,1.4170661089937799,1.79483203593867,1.45130452564271,1.4820371089264299,1.55063180157561]
["ASFALTOS DILUÍDOS CM-30","2012-11-01",1.65516352572317,1.4558787477556401,1.8401297664388201,1.46120461470242,1.48349972244076,1.5525007759277401]
["ASFALTOS DILUÍDOS CM-30","2012-12-01",1.7148761252476299,1.4358547414042899,1.8040665730235499,1.45222765028946,1.50941764842658,1.52341199897343]
["ASFALTOS DILUÍDOS CM-30","2013-01-01",1.49577633531191,1.44949458828046,1.8540505249269701,1.4463875204232599,1.56375367464338,1.50213725855157]
["ASFALTOS DILUÍDOS CM-30","2013-02-01",1.63506766632928,1.4206096380056299,1.7310714983768301,1.4427463556625999,1.46182840452314,1.4739560998096299]
["ASFALTOS DILUÍDOS CM-30","2013-03-01",1.64622909837702,1.4132999826764701,1.8382808702142499,1.4500151515812301,1.5257604132131899,1.50654290402751]
["ASFALTOS DILUÍDOS CM-30","2013-04-01",1.58186447420957,1.3991895644616701,1.79382511315724,1.45870475480117,1.5519137019638101,1.52362363569827]
["ASFALTOS DILUÍDOS CM-30","2013-05-01",1.8156467734021,1.39014351735734,1.8127833125556001,1.44951051987609,1.50423345709171,1.5499185916148599]
["ASFALTOS DILUÍDOS CM-30","2013-06-01",1.63110158326941,1.38318653634939,1.8166421053117801,1.4742326405210699,1.5030436887514,1.5810494287432499]
["ASFALTOS DILUÍDOS CM-30","2013-07-01",1.8659656299136,1.42205111668206,1.79307275349939,1.4980188082142001,1.5333919012130299,1.5988051300497299]
["ASFALTOS DILUÍDOS CM-30","2013-08-01",1.70032554637977,1.4350944152129499,1.82145261353941,1.51172286771259,1.5307935959615,1.6061765850235601]
["ASFALTOS DILUÍDOS CM-30","2013-09-01",1.5628737334467799,1.4721977478463999,1.8798427121896299,1.5426528666514701,1.4906675433518599,1.6279458927396999]
["ASFALTOS DILUÍDOS CM-30","2013-10-01",1.6485040126782,1.4721523452379699,1.8254949973735899,1.5011776822532601,1.48378911995961,1.5975387750854599]
["ASFALTOS DILUÍDOS CM-30","2013-11-01",1.61917906168021,1.48641331720331,1.84401267887188,1.4963268091994699,1.50609687786851,1.5816658440637199]
["ASFALTOS DILUÍDOS CM-30","2013-12-01",1.6333582932936299,1.4948180974693199,1.89719717550119,1.5028645378154499,1.5170742961572301,1.5724752435084499]
["ASFALTOS DILUÍDOS CM-30","2014-01-01",1.68831126455424,1.49418130532374,1.7983559033019201,1.4842022930063701,1.53335381271635,1.54290973739171]
["ASFALTOS DILUÍDOS CM-30","2014-02-01",1.59830443443186,1.4797065865711001,1.81439021548748,1.51482939242944,1.5228005876490101,1.52897028728187]
["ASFALTOS DILUÍDOS CM-30","2014-03-01",1.6482876867145899,1.4728525009148301,1.7665731898758701,1.51302067306437,1.5061852476586299,1.5301811776597201]
["ASFALTOS DILUÍDOS CM-30","2014-04-01",1.5344599867413899,1.4938987674094699,1.75727127765707,1.5330213089948701,1.52427527376532,1.55056630528423]
["ASFALTOS DILUÍDOS CM-30","2014-05-01",1.5865832695017901,1.4908346854055601,1.80433925149228,1.5011381313711201,1.56704382429026,1.5864522723947601]
["ASFALTOS DILUÍDOS CM-30","2014-06-01",1.65827716419978,1.50580112108833,1.8395934446217701,1.5068631996744899,1.5237769525751901,1.6360707022927901]
["ASFALTOS DILUÍDOS CM-30","2014-07-01",1.8902995420863999,1.5007305138567999,1.7082778651547601,1.48729396381471,1.50595606887474,1.5870651583370901]
["ASFALTOS DILUÍDOS CM-30","2014-08-01",1.63274183169974,1.5019453239585201,1.67120318927315,1.4823593406142499,1.5063273663854,1.5579103773244301]
["ASFALTOS DILUÍDOS CM-30","2014-09-01",1.6695671702572701,1.5468304268817501,1.8647970160765199,1.49676458469109,1.57053324178022,1.6392810567885501]
["ASFALTOS DILUÍDOS CM-30","2014-10-01",1.7428769161762001,1.5089785690064199,1.7466504658087401,1.4707736452826099,1.45427346192267,1.5791202203838]
["ASFALTOS DILUÍDOS CM-30","2014-11-01",1.8647234193559801,1.5794305899027301,1.7491562181382101,1.4650844794435101,1.5291479878657299,1.60135982109714]
["ASFALTOS DILUÍDOS CM-30","2014-12-01",1.81267191410511,1.70484434847557,1.96331006616174,1.6236767016868801,1.6496446594888401,1.7188269809751999]
["ASFALTOS DILUÍDOS CM-30","2015-01-01",2.1548070622378601,2.02376044659928,2.3188637362500901,1.8665889669959499,1.8983804341416599,2.0077920317642199]
["ASFALTOS DILUÍDOS CM-30","2015-02-01",2.2602386249872799,2.0056737654799601,2.39387576246911,1.85451976590239,1.9273951074271201,2.00765378088209]
["ASFALTOS DILUÍDOS CM-30","2015-03-01",2.1241764622724202,1.96882284881577,2.2796432544485601,1.88776091061912,1.9302171448271599,1.9848169156900299]
["ASFALTOS DILUÍDOS CM-30","2015-04-01",2.0300495054839298,2.0015064478681901,2.3791189033714599,1.85245166957993,1.9490252540308499,1.9806432104751801]
["ASFALTOS DILUÍDOS CM-30","2015-05-01",2.5072716513000901,1.9468699084785499,2.25475819219993,1.8074700012303,2.01692953578045,2.0054742341523002]
["ASFALTOS DILUÍDOS CM-30","2015-06-01",2.2483200417790399,1.94425973597255,2.3143317956031799,1.8469985947421299,1.96856512489006,2.0425813437783198]
["ASFALTOS DILUÍDOS CM-30","2015-07-01",1.99222275766836,1.9927916353986901,2.04676995324464,1.7826486032573401,1.93167138500814,1.94262736172009]
["ASFALTOS DILUÍDOS CM-30","2015-08-01",2.3076059306822101,2.0380891268645001,2.25274810470972,1.8280977048256299,1.9398244806048399,2.0819361602892701]
["ASFALTOS DILUÍDOS CM-30","2015-09-01",2.31428970416549,2.0953075310397602,2.3445619869158998,1.94255109073593,2.00535261428386,2.1681755414132602]
["ASFALTOS DILUÍDOS CM-30","2015-10-01",2.3294566633542799,2.1705700120210798,2.4327301201698002,2.0356247510661398,2.1102611483942599,2.23753378158704]
["ASFALTOS DILUÍDOS CM-30","2015-11-01",2.60605656633517,2.4370983039590901,2.71161214122229,2.28011389626954,2.3264462967814099,2.4749987807903899]
["ASFALTOS DILUÍDOS CM-30","2015-12-01",2.6353740059557702,2.3959203086990501,2.6935283855254899,2.2725281293578701,2.33074065878658,2.45284815645558]
["ASFALTOS DILUÍDOS CM-30","2016-01-01",2.7158639925713,2.3738616473830598,2.8446706021403401,2.2636506579710201,2.2326316912922599,2.4005633937967001]
["ASFALTOS DILUÍDOS CM-30","2016-02-01",2.8046831597962001,2.4668468163062802,2.7917870068634199,2.2956371150763699,2.3465561728530999,2.4643485483679299]
["ASFALTOS DILUÍDOS CM-30","2016-03-01",2.58050210005156,2.4706787528282401,2.7076880246867399,2.2353019985078899,2.3831159721317401,2.4235639243350899]
["ASFALTOS DILUÍDOS CM-30","2016-04-01",2.9420063117520199,2.7407420323357798,2.7590718549873898,2.5444391782568498,2.7107516320277898,2.6802748334258801]
["ASFALTOS DILUÍDOS CM-30","2016-05-01",3.0105794721904999,2.6502770473378701,2.8571213606999701,2.5755831524603701,2.77041336220117,2.7097332699628298]
["ASFALTOS DILUÍDOS CM-30","2016-06-01",2.9091798437334,2.62138504102378,2.9434872809732,2.6591095151444502,2.6847595547587302,2.7436195168269601]
["ASFALTOS DILUÍDOS CM-30","2016-07-01",2.9857403807234801,2.5916440449052498,2.9892780300364499,2.6043965993959102,2.6608844226339698,2.7451355392858701]
["ASFALTOS DILUÍDOS CM-30","2016-08-01",2.93524391868148,2.62391732898939,2.9704908538915502,2.6794865035270101,2.7270256489201201,2.7813859621875401]
["ASFALTOS DILUÍDOS CM-30","2016-09-01",2.6491368213054902,2.5210548514543198,2.78158392467622,2.5139331302502899,2.3712715009846699,2.5956171278003]
["ASFALTOS DILUÍDOS CM-30","2016-10-01",2.62610925653189,2.4444690926263499,2.78161787273371,2.5073831267842102,2.38325399044811,2.5669990365978501]
["ASFALTOS DILUÍDOS CM-30","2016-11-01",2.5350874082568802,2.3741455271406799,2.95276867436709,2.4812637646204001,2.3822067705600398,2.5428423663590101]
["ASFALTOS DILUÍDOS CM-30","2016-12-01",2.5003910703638899,2.2534134827852101,3.0385194580992301,2.5894388924802199,2.39559342362872,2.47643929496448]
["ASFALTOS DILUÍDOS CM-30","2017-01-01",2.3928755043294299,2.2326956737638799,3.0890809705267999,2.53574403943575,2.37869483250241,2.3742161919082898]
["ASFALTOS DILUÍDOS CM-30","2017-02-01",2.68039413994501,2.27189722474419,2.76440803150245,2.5739336852397301,2.38464439804202,2.4707214660150498]
["ASFALTOS DILUÍDOS CM-30","2017-03-01",2.23884120995463,2.38695807904557,2.6672202519696899,2.37216594749682,2.3012188699930101,2.3787969856691]
["ASFALTOS DILUÍDOS CM-30","2017-04-01",2.4201913984483698,2.3079695958725002,2.79409301444174,2.2584099120969201,2.25643429711862,2.38026848369313]
["ASFALTOS DILUÍDOS CM-30","2017-05-01",2.4321066924406201,2.1679191277081702,2.6998369361907799,2.2553871917774,2.2040269576345799,2.3615159091526898]
["ASFALTOS DILUÍDOS CM-30","2017-06-01",2.4283017761880701,2.1819386891073602,2.7566720547790098,2.23454902150521,2.3057785455472501,2.4455345302470199]
["ASFALTOS DILUÍDOS CM-30","2017-07-01",2.4537520606647298,2.2180753339264299,2.6946250217879801,2.4143292471305702,2.2696011017892999,2.4734361063107002]
["ASFALTOS DILUÍDOS CM-30","2017-08-01",2.44793097601266,2.15311203071778,2.5953499516022802,2.3029190650854998,2.1701486665824601,2.3808764233569]
["ASFALTOS DILUÍDOS CM-30","2017-09-01",2.4945515044767599,2.1424398904201301,2.6231665031840601,2.3713080947914,2.30369850679251,2.3935422037636598]
["ASFALTOS DILUÍDOS CM-30","2017-10-01",2.34995394368981,2.1805600401416401,2.6141609567384401,2.41525496166201,2.2007957301627701,2.3679471208081702]
["ASFALTOS DILUÍDOS CM-30","2017-11-01",2.6701269906215899,2.4331691952027699,2.9086274641315502,2.58469482033717,2.4151927087938301,2.6021013475835]
["ASFALTOS DILUÍDOS CM-30","2017-12-01",2.5873526446779498,2.4253588817071599,2.9066337647932499,2.6028902977101498,2.4228897602441202,2.5317644644161201]
["ASFALTOS DILUÍDOS CM-30","2018-01-01",2.9503607547256201,2.6628629232060099,2.8759539934329199,2.6207384835627501,2.6469552515293602,2.7359563685933401]
["ASFALTOS DILUÍDOS CM-30","2018-02-01",2.6778995674574801,2.6724981640636898,2.9425954737982098,2.6204311297861498,2.5678856622288602,2.6683699327588899]
["ASFALTOS DILUÍDOS CM-30","2018-03-01",2.73336302484226,2.5890500217484198,2.8091725563599099,2.56192839298006,2.5759460667688199,2.6348765835331101]
["ASFALTOS DILUÍDOS CM-30","2018-04-01",2.7578011203975801,2.6695536015406001,2.7739082417039702,2.5954700600355598,2.55604239376982,2.6643301999713001]
["ASFALTOS DILUÍDOS CM-30","2018-05-01",2.8412133622510201,2.6720258770016398,2.8845014821466002,2.68671802063202,2.7364851031644402,2.7773789604101]
["ASFALTOS DILUÍDOS CM-30","2018-06-01",3.00844478932461,2.91960517833009,3.1584548861308801,2.8467310801924199,2.9535239926489298,2.98229163460159]
["ASFALTOS DILUÍDOS CM-30","2018-07-01",3.2682375492400699,3.0365240944190601,3.3993603985117802,3.0264675982736899,3.1977963096372699,3.1641265459600998]
["ASFALTOS DILUÍDOS CM-30","2018-08-01",3.5644131503767502,3.4151937693257399,3.7077062061816202,3.4250793489604399,3.3567224608647499,3.5155581124678101]
["ASFALTOS DILUÍDOS CM-30","2018-09-01",3.1739137775700699,3.4450641183998099,3.7352632395133201,3.3858161855531002,3.6073094538422099,3.4832384285860498]
["ASFALTOS DILUÍDOS CM-30","2018-10-01",3.48777811940321,3.4605088037184499,3.7214440570019298,3.43252556485746,3.6060208798740798,3.54539034402789]
["ASFALTOS DILUÍDOS CM-30","2018-11-01",4.0472724835013798,3.8148933123426598,4.28013158579909,4.1781267770448398,3.9676813672082698,3.9901471831919801]
["ASFALTOS DILUÍDOS CM-30","2018-12-01",3.9514911464300901,3.9671131945587002,4.3411442016061503,3.91676606614593,3.9119933573908598,3.9997426540972301]
["ASFALTOS DILUÍDOS CM-30","2019-01-01",3.7968553254403301,3.8700188889547298,4.2019017623856101,3.9541969966832999,3.9767860281367602,3.93395191134517]
["ASFALTOS DILUÍDOS CM-30","2019-02-01",3.5165840732068498,4.0903611784584299,4.49842295286326,4.4699424754083799,4.2545902541900498,4.1885446787899596]
["ASFALTOS DILUÍDOS CM-30","2019-03-01",4.2167581170154902,4.3619107276904501,4.9071948885050301,4.3987177285672896,4.2908239224565303,4.36029527856779]
["ASFALTOS DILUÍDOS CM-30","2019-04-01",4.2816482053830898,4.23466142823818,4.5316272152415102,4.43722652980889,4.4668814710532301,4.3808204400429496]
["ASFALTOS DILUÍDOS CM-30","2019-05-01",4.2876446588585999,4.19069973816074,4.8579108723037896,4.2674619632317299,4.6338063794549296,4.3664021512935003]
["ASFALTOS DILUÍDOS CM-30","2019-06-01",4.4756098919574798,3.9650529338558602,4.6627293398156704,4.3506006040881298,4.2112299208130297,4.3193236685829204]
["ASFALTOS DILUÍDOS CM-30","2019-07-01",4.3944989892750703,4.0580393046576297,4.8342219453142397,4.0946594136123498,4.2330032812984602,4.3469777568824304]
["ASFALTOS DILUÍDOS CM-30","2019-08-01",4.4817350398715403,3.9106624961596301,4.5763290808844896,4.1116165400705302,4.2554199851288796,4.2583450834425198]
["ASFALTOS DILUÍDOS CM-30","2019-09-01",4.4395787959020998,3.8599048964692,4.4952569677016099,4.1113214746306301,4.1173591515128498,4.2516070851894403]
["ASFALTOS DILUÍDOS CM-30","2019-10-01",4.3358886308543001,3.77232496201687,4.4592423566364401,4.0560841149779998,3.9424580110701499,4.0774070200824299]
["ASFALTOS DILUÍDOS CM-30","2019-11-01",4.3162386923616696,3.91024550861622,4.5818410769751399,4.0790240402786999,4.1066212744862103,4.0945612118041002]
["ASFALTOS DILUÍDOS CM-30","2019-12-01",4.1994359723448103,3.9801196625114499,4.67377480508822,4.4342681423617796,3.9864103120620902,4.1646916164145003]
["ASFALTOS DILUÍDOS CM-30","2020-01-01",3.5929800297386101,3.8953206167915,4.6854206234146298,4.3870746736704698,4.12446766805704,4.0533389373171804]
["ASFALTOS DILUÍDOS CM-30","2020-02-01",3.6426670163866399,3.8773951868791698,4.4381945434057499,3.6999446067471502,3.77816401143791,3.83901043828598]
["ASFALTOS DILUÍDOS CM-30","2020-03-01",4.6766683387540704,3.7911389770150299,4.2892223433757097,3.7184027336226202,3.6090861904150602,3.9311706800856299]
["ASFALTOS DILUÍDOS CM-30","2020-04-01",4.31336283667377,3.6957655003074099,4.2553953207467101,3.8658955306474501,3.7322533821170798,3.9641252109102099]
["ASFALTOS DILUÍDOS CM-30","2020-05-01",3.2491346579639502,3.6377699124207301,4.1135448820979503,3.7605500263874698,3.7106180989773598,3.6561750396403698]
["ASFALTOS DILUÍDOS CM-30","2020-06-01",4.0179030762543002,3.5670314916964001,4.2773691709380897,3.9378864851716102,3.6258300686208398,3.9245245060979599]
["ASFALTOS DILUÍDOS CM-30","2020-07-01",3.8404975092031699,3.5132704799925598,4.2154906897750504,3.9542238856372398,3.6888412749164901,3.84377444846668]
["ASFALTOS DILUÍDOS CM-30","2020-08-01",4.1744672026234504,3.4653942193101699,4.2777102112355498,4.0674649403157499,3.6285886300574699,3.9471669167666001]
["ASFALTOS DILUÍDOS CM-30","2020-09-01",4.1673713305130198,3.7463608159296098,4.1674243560753199,3.7956217914591299,3.6277299350208501,3.9731299454309599]
["ASFALTOS DILUÍDOS CM-30","2020-10-01",4.4080995270258203,3.7189898780058801,4.27897919227523,4.0087469056209599,3.5910481828141001,4.0396437701408896]
["ASFALTOS DILUÍDOS CM-30","2020-11-01",4.0563060058754603,3.9692092808245198,4.5479008925173501,4.27945542040045,3.9733472444131102,4.1758261487573902]
["ASFALTOS DILUÍDOS CM-30","2020-12-01",4.1320641381592296,3.8516327512549799,4.4267043859560502,3.9062364218750001,3.8709398004987499,4.0353473741436803]
["ASFALTOS DILUÍDOS CM-30","2021-01-01",3.4898363334540599,3.95152593658434,4.6282697015940597,4.01157701109328,3.93513663802212,3.9170923908491702]
["ASFALTOS DILUÍDOS CM-30","2021-02-01",4.0993181160271304,4.2671095227980702,4.8320616154999199,4.41420270559298,4.1490489316030796,4.2681970400244502]
["ASFALTOS DILUÍDOS CM-30","2021-03-01",4.5283557922342803,4.2398317306284596,4.9263145623389804,4.2696978386324798,4.1306554091488001,4.3778337851486198]
["ASFALTOS DILUÍDOS CM-30","2021-04-01",4.3492718667699499,4.0869951539560896,4.4775975223329203,4.1561133984777801,4.0441898216789101,4.2533617978714497]
["ASFALTOS DILUÍDOS CM-30","2021-05-01",4.48888941306853,4.7079458152476397,5.1014896859269001,4.7840348955761298,4.5239866147826104,4.7905480845000703]
["ASFALTOS DILUÍDOS CM-30","2021-06-01",4.0104677110157398,4.4795921263082601,5.11304121218771,4.7797399051560596,4.7212143066053196,4.7648908843603301]
["ASFALTOS DILUÍDOS CM-30","2021-07-01",4.7522341281669096,4.55935050600519,5.0047582828911903,4.80272971997511,4.7485506777572404,4.8175860470307104]
["ASFALTOS DILUÍDOS CM-30","2021-08-01",5.0852845318795898,4.7725012554966701,5.1985371416166704,5.24473525854608,4.76131174966799,5.0981691998909202]
["ASFALTOS DILUÍDOS CM-30","2021-09-01",5.1103002666714401,4.5380723645607004,5.2417211851326204,5.0171441968029296,4.8628612446892197,5.0169588861348204]
["ASFALTOS DILUÍDOS CM-30","2021-10-01",5.0806972614480204,4.6682674197257796,5.1195441994344701,5.3847790647201199,4.6585164317148804,5.0212943116089797]
["ASFALTOS DILUÍDOS CM-30","2021-11-01",5.4365187533430399,5.08776780960841,5.1500639853658496,5.6342578836213297,5.1745301312734,5.2281412893145403]
["ASFALTOS DILUÍDOS CM-30","2021-12-01",5.1842913863822799,4.9754869746435997,5.5721222512344202,6.1356552053102797,5.0118099196141497,5.3395658014179297]
["ASFALTOS DILUÍDOS CM-30","2022-01-01",4.9281919741255402,5.0235556226626796,6.0184075115776503,5.2147730264088699,5.4819792438642301,5.2507896788533799]
["ASFALTOS DILUÍDOS CM-30","2022-02-01",5.5456841887543202,5.70862841289523,6.0110658941605903,4.8651,5.7633671471135903,5.7360574279908896]
["ASFALTOS DILUÍDOS CM-30","2022-03-01",6.3268447345440704,5.6446879044140799,5.9308072252475297,6.1811411426079399,5.4980416823056304,5.9227810376852696]
["ASFALTOS DILUÍDOS CM-30","2022-04-01",5.9742206806482399,5.8327473242923897,6.2066926146167098,5.7203299967384202,6.1780029101899796,6.0123542287324403]
["ASFALTOS DILUÍDOS CM-30","2022-05-01",5.3540155864053496,5.4643353093295302,6.00761163923955,5.9950955829778598,5.4909500902222899,5.6707227436676204]
["ASFALTOS DILUÍDOS CM-30","2022-06-01",5.8024437980979,5.3169642029150497,5.2526788904331703,5.8139315181077098,5.6449963276492099,5.4694986866294197]
["ASFALTOS DILUÍDOS CM-30","2022-07-01",5.9656147650299403,5.8293148785415996,5.9190997106894097,5.74248477528565,5.6744305431680298,5.8620207016826003]
["ASFALTOS DILUÍDOS CM-30","2022-08-01",6.4242304633121403,5.7582568777084298,5.7523528425340302,5.7919053521795902,5.3127172396617599,5.8231860506201798]
["ASFALTOS DILUÍDOS CM-30","2022-09-01",5.5400970738727198,5.6099216185135496,5.9635924887052996,5.3021811937774803,4.9779291607226197,5.6994299207939996]
["ASFALTOS DILUÍDOS CM-30","2022-10-01",4.7856709989976602,4.7275210937576597,5.3391051467024804,4.8511600071415799,4.5325805131069403,5.0416617153352199]
["ASFALTOS DILUÍDOS CM-30","2022-11-01",7.76585592257765,4.7756549822430996,5.2376261274762603,4.6363831377551001,4.4605931787998498,5.0749938622493804]
["ASFALTOS DILUÍDOS CM-30","2022-12-01",4.6572500000000003,4.9669053619704702,5.6551615535898003,4.8409356716417902,4.6610078614476897,5.1132494896259102]
["ASFALTOS DILUÍDOS CM-30","2023-01-01",4.9489503194263396,5.05626492208921,5.3595979656070902,4.4264979589428997,4.1032678882694302,4.7156051288638903]
["ASFALTOS DILUÍDOS CM-30","2023-02-01",5.4074946666666701,4.3357711953065898,4.7466466007882904,4.67488472697368,4.0145471734505804,4.4178007361899603]
["ASFALTOS DILUÍDOS CM-30","2023-03-01",4.9913100000000004,4.0135491198476396,4.74625027992745,4.08071937047466,4.08248495381729,4.2703457233888997]
["ASFALTOS DILUÍDOS CM-30","2023-04-01",4.4384790147401096,4.0942013541235003,5.1358161857876699,4.3682650946372199,3.8593081492264201,4.1538187971295102]
["ASFALTOS DILUÍDOS CM-30","2023-05-01",5.0185892968749997,4.5062826432970198,5.6166382927268099,4.0347569254562297,4.0637017171681302,4.6864927245840198]
["ASFALTOS DILUÍDOS CM-30","2023-06-01",4.4396445256166999,4.4958053542941201,5.2281745243523297,3.77202874480151,4.0090420733152703,4.58804514798023]
["ASFALTOS DILUÍDOS CM-30","2023-07-01",4.3603993517100603,4.25018763372658,6.1880491547639798,3.6992167814899402,4.3157737677281203,4.7907175528841703]
["ASFALTOS DILUÍDOS CM-30","2023-08-01",4.0432159990492798,4.1009017094086202,5.4141982276485097,3.9642979487929799,4.0559897783431396,4.6078106973203203]
["ASFALTOS DILUÍDOS CM-30","2023-09-01",5.6950162500000001,4.3585862764196603,5.1872525169853398,4.1125086564690898,4.2116462357089404,4.7486402113943802]
["ASFALTOS DILUÍDOS CM-30","2023-10-01",5.6851849999999997,4.29407564703485,4.9129194755712504,4.3650951011817902,4.2573701622897602,4.6094459052458996]
["ASFALTOS DILUÍDOS CM-30","2023-11-01",4.8150853974895398,4.3455994471278903,5.4045027466641198,4.04527110440252,4.1646974052516397,4.7814989425594296]
["ASFALTOS DILUÍDOS CM-30","2023-12-01",5.4114923076923098,4.7000438956945301,5.3064157338380902,4.3132168619246896,4.1887320623811197,4.66484535292508]
["ASFALTOS DILUÍDOS CM-30","2024-01-01",3.7161783908046,4.3951638106517397,4.8881269466529096,3.9771967970464499,4.0570953313555904,4.2902289028023199]
["ASFALTOS DILUÍDOS CM-30","2024-02-01",5.34958857142857,4.2818818708451998,5.3611805598086102,4.2877861548731602,4.1511129458512599,4.3661949963243396]
["ASFALTOS DILUÍDOS CM-30","2024-03-01",6.4376241652021102,4.5129483576545502,4.9940359324035102,4.6806103035389599,4.1973881228300902,4.7251379668917002]
["ASFALTOS DILUÍDOS CM-30","2024-04-01",6.5240100177935902,5.3336688746475298,5.0113703573682598,3.9919996255355601,4.1511612398915601,4.4394069861737702]
["ASFALTOS DILUÍDOS CM-30","2024-05-01",6.6199363302160599,"***",5.2153828803501003,4.2485579597254599,4.4781707669028101,4.9600785683065096]
["ASFALTOS DILUÍDOS CM-30","2024-06-01",6.4618208055744404,4.2881692634343898,4.9216061240367299,4.5173397406958804,4.8975857869415798,4.9228508026814497]
["ASFALTOS DILUÍDOS CM-30","2024-07-01",6.1206122388059701,4.5992554326494197,5.4974510694626604,4.6678385333333301,4.5144526530857796,4.9627403967728903]
["ASFALTOS DILUÍDOS CM-30","2024-08-01",4.9932253486030698,4.4280252832537901,5.6619475282900797,4.9586881536031804,4.6090398495460398,5.1436250416947704]
["ASFALTOS DILUÍDOS CM-30","2024-09-01",6.5544948563794296,4.5083269874295597,5.8191551593942297,5.0121071593533504,4.5960162560754698,5.2056945279528897]
["ASFALTOS DILUÍDOS CM-70","2008-11-01","***","***","***","***","***","***"]
["ASFALTOS DILUÍDOS CM-70","2008-12-01","***","***","***","***","***","***"]
["ASFALTOS DILUÍDOS CM-70","2009-01-01","***","***","***","***","***","***"]
["ASFALTOS DILUÍDOS CM-70","2009-02-01","***","***","***","***","***","***"]
["ASFALTOS DILUÍDOS CM-70","2009-03-01","***","***","***","***","***","***"]
["ASFALTOS DILUÍDOS CM-70","2009-04-01","***","***","***","***","***","***"]
["ASFALTOS DILUÍDOS CM-70","2009-05-01","***","***","***","***","***","***"]
["ASFALTOS DILUÍDOS CM-70","2009-06-01","***","***","***","***","***","***"]
["ASFALTOS DILUÍDOS CM-70","2009-07-01","***","***","***","***","***","***"]
["ASFALTOS DILUÍDOS CM-70","2009-08-01","***","***","***","***","***","***"]
["ASFALTOS DILUÍDOS CM-70","2009-09-01","***","***","***","***","***","***"]
["ASFALTOS DILUÍDOS CM-70","2009-10-01","***","***","***","***","***","***"]
["ASFALTOS DILUÍDOS CM-70","2009-11-01","***","***","***","***","***","***"]
["ASFALTOS DILUÍDOS CM-70","2009-12-01","***","***","***","***","***","***"]
["ASFALTOS DILUÍDOS CM-70","2010-01-01","***","***","***","***","***","***"]
["ASFALTOS DILUÍDOS CM-70","2010-02-01","***","***","***","***","***","***"]
["ASFALTOS DILUÍDOS CM-70","2010-03-01","***","***","***","***","***","***"]
["ASFALTOS DILUÍDOS CM-70","2010-04-01","***","***","***","***","***","***"]
["ASFALTOS DILUÍDOS CM-70","2010-05-01","***","***","***","***","***","***"]
["ASFALTOS DILUÍDOS CM-70","2010-06-01","***","***","***","***","***","***"]
["ASFALTOS DILUÍDOS CM-70","2010-07-01","***","***","***","***","***","***"]
["ASFALTOS DILUÍDOS CM-70","2010-08-01","***","***","***","***","***","***"]
["ASFALTOS DILUÍDOS CM-70","2010-09-01","***","***","***","***","***","***"]
["ASFALTOS DILUÍDOS CM-70","2010-10-01","***","***","***","***","***","***"]
["ASFALTOS DILUÍDOS CM-70","2010-11-01","***","***","***","***","***","***"]
["ASFALTOS DILUÍDOS CM-70","2010-12-01","***","***","***","***","***","***"]
["ASFALTOS DILUÍDOS CM-70","2011-01-01","***","***","***","***","***","***"]
["ASFALTOS DILUÍDOS CM-70","2011-02-01","***","***","***","***","***","***"]
["ASFALTOS DILUÍDOS CM-70","2011-03-01","***","***","***","***","***","***"]
["ASFALTOS DILUÍDOS CM-70","2011-04-01","***","***","***","***","***","***"]
["ASFALTOS DILUÍDOS CM-70","2011-05-01","***","***","***","***","***","***"]
["ASFALTOS DILUÍDOS CM-70","2011-06-01","***","***","***","***","***","***"]
["ASFALTOS DILUÍDOS CM-70","2011-07-01","***","***","***","***","***","***"]
["ASFALTOS DILUÍDOS CM-70","2011-08-01","***","***","***","***","***","***"]
["ASFALTOS DILUÍDOS CM-70","2011-09-01","***","***","***","***","***","***"]
["ASFALTOS DILUÍDOS CM-70","2011-10-01","***","***","***","***","***","***"]
["ASFALTOS DILUÍDOS CM-70","2011-11-01","***","***","***","***","***","***"]
["ASFALTOS DILUÍDOS CM-70","2011-12-01","***","***","***","***","***","***"]
["ASFALTOS DILUÍDOS CM-70","2012-01-01","***","***","***","***","***","***"]
["ASFALTOS DILUÍDOS CM-70","2012-02-01","***","***","***","***","***","***"]
["ASFALTOS DILUÍDOS CM-70","2012-03-01","***","***","***","***","***","***"]
["ASFALTOS DILUÍDOS CM-70","2012-04-01","***","***","***","***","***","***"]
["ASFALTOS DILUÍDOS CM-70","2012-05-01","***","***","***","***","***","***"]
["ASFALTOS DILUÍDOS CM-70","2012-06-01","***","***","***","***","***","***"]
["ASFALTOS DILUÍDOS CM-70","2012-07-01","***","***","***","***","***","***"]
["ASFALTOS DILUÍDOS CM-70","2012-08-01","***","***","***","***","***","***"]
["ASFALTOS DILUÍDOS CM-70","2012-09-01","***","***","***","***","***","***"]
["ASFALTOS DILUÍDOS CM-70","2012-10-01","***","***","***","***","***","***"]
["ASFALTOS DILUÍDOS CM-70","2012-11-01","***","***","***","***","***","***"]
["ASFALTOS DILUÍDOS CM-70","2012-12-01","***","***","***","***","***","***"]
["ASFALTOS DILUÍDOS CM-70","2013-01-01","***","***","***","***","***","***"]
["ASFALTOS DILUÍDOS CM-70","2013-02-01","***","***","***","***","***","***"]
["ASFALTOS DILUÍDOS CM-70","2013-03-01","***","***","***","***","***","***"]
["ASFALTOS DILUÍDOS CM-70","2013-04-01","***","***","***","***","***","***"]
["ASFALTOS DILUÍDOS CM-70","2013-05-01","***","***","***","***","***","***"]
["ASFALTOS DILUÍDOS CM-70","2013-06-01","***","***","***","***","***","***"]
["ASFALTOS DILUÍDOS CM-70","2013-07-01","***","***","***","***","***","***"]
["ASFALTOS DILUÍDOS CM-70","2013-08-01","***","***","***","***","***","***"]
["ASFALTOS DILUÍDOS CM-70","2013-09-01","***","***","***","***","***","***"]
["ASFALTOS DILUÍDOS CM-70","2013-10-01","***","***","***","***","***","***"]
["ASFALTOS DILUÍDOS CM-70","2013-11-01","***","***","***","***","***","***"]
["ASFALTOS DILUÍDOS CM-70","2013-12-01","***","***","***","***","***","***"]
["ASFALTOS DILUÍDOS CM-70","2014-01-01","***","***","***","***","***","***"]
["ASFALTOS DILUÍDOS CM-70","2014-02-01","***","***","***","***","***","***"]
["ASFALTOS DILUÍDOS CM-70","2014-03-01","***","***","***","***","***","***"]
["ASFALTOS DILUÍDOS CM-70","2014-04-01","***","***","***","***","***","***"]
["ASFALTOS DILUÍDOS CM-70","2014-05-01","***","***","***","***","***","***"]
["ASFALTOS DILUÍDOS CM-70","2014-06-01","***","***","***","***","***","***"]
["ASFALTOS DILUÍDOS CM-70","2014-07-01","***","***","***","***","***","***"]
["ASFALTOS DILUÍDOS CM-70","2014-08-01","***","***","***","***","***","***"]
["ASFALTOS DILUÍDOS CM-70","2014-09-01","***","***","***","***","***","***"]
["ASFALTOS DILUÍDOS CM-70","2014-10-01","***","***","***","***","***","***"]
["ASFALTOS DILUÍDOS CM-70","2014-11-01","***","***","***","***","***","***"]
["ASFALTOS DILUÍDOS CM-70","2014-12-01","***","***","***","***","***","***"]
["ASFALTOS DILUÍDOS CM-70","2015-01-01","***","***","***","***","***","***"]
["ASFALTOS DILUÍDOS CM-70","2015-02-01","***","***","***","***","***","***"]
["ASFALTOS DILUÍDOS CM-70","2015-03-01","***","***","***","***","***","***"]
["ASFALTOS DILUÍDOS CM-70","2015-04-01","***","***","***","***","***","***"]
["ASFALTOS DILUÍDOS CM-70","2015-05-01","***","***","***","***","***","***"]
["ASFALTOS DILUÍDOS CM-70","2015-06-01","***","***","***","***","***","***"]
["ASFALTOS DILUÍDOS CM-70","2015-07-01","***","***","***","***","***","***"]
["ASFALTOS DILUÍDOS CM-70","2015-08-01","***","***","***","***","***","***"]
["ASFALTOS DILUÍDOS CM-70","2015-09-01","***","***","***","***","***","***"]
["ASFALTOS DILUÍDOS CM-70","2015-10-01","***","***","***","***","***","***"]
["ASFALTOS DILUÍDOS CM-70","2015-11-01","***","***","***","***","***","***"]
["ASFALTOS DILUÍDOS CM-70","2015-12-01","***","***","***","***","***","***"]
["ASFALTOS DILUÍDOS CM-70","2016-01-01","***","***","***","***","***","***"]
["ASFALTOS DILUÍDOS CM-70","2016-02-01","***","***","***","***","***","***"]
["ASFALTOS DILUÍDOS CM-70","2016-03-01","***","***","***","***","***","***"]
["ASFALTOS DILUÍDOS CM-70","2016-04-01","***","***","***","***","***","***"]
["ASFALTOS DILUÍDOS CM-70","2016-05-01","***","***","***","***","***","***"]
["ASFALTOS DILUÍDOS CM-70","2016-06-01","***","***","***","***","***","***"]
["ASFALTOS DILUÍDOS CM-70","2016-07-01","***","***","***","***","***","***"]
["ASFALTOS DILUÍDOS CM-70","2016-08-01","***","***","***","***","***","***"]
["ASFALTOS DILUÍDOS CM-70","2016-09-01","***","***","***","***","***","***"]
["ASFALTOS DILUÍDOS CM-70","2016-10-01","***","***","***","***","***","***"]
["ASFALTOS DILUÍDOS CM-70","2016-11-01","***","***","***","***","***","***"]
["ASFALTOS DILUÍDOS CM-70","2016-12-01","***","***","***","***","***","***"]
["ASFALTOS DILUÍDOS CM-70","2017-01-01","***","***","***","***","***","***"]
["ASFALTOS DILUÍDOS CM-70","2017-02-01","***","***","***","***","***","***"]
["ASFALTOS DILUÍDOS CM-70","2017-03-01","***","***","***","***","***","***"]
["ASFALTOS DILUÍDOS CM-70","2017-04-01","***","***","***","***","***","***"]
["ASFALTOS DILUÍDOS CM-70","2017-05-01","***","***","***","***","***","***"]
["ASFALTOS DILUÍDOS CM-70","2017-06-01","***","***","***","***","***","***"]
["ASFALTOS DILUÍDOS CM-70","2017-07-01","***","***","***","***","***","***"]
["ASFALTOS DILUÍDOS CM-70","2017-08-01","***","***","***","***","***","***"]
["ASFALTOS DILUÍDOS CM-70","2017-09-01","***","***","***","***","***","***"]
["ASFALTOS DILUÍDOS CM-70","2017-10-01","***","***","***","***","***","***"]
["ASFALTOS DILUÍDOS CM-70","2017-11-01","***","***","***","***","***","***"]
["ASFALTOS DILUÍDOS CM-70","2017-12-01","***","***","***","***","***","***"]
["ASFALTOS DILUÍDOS CM-70","2018-01-01","***","***","***","***","***","***"]
["ASFALTOS DILUÍDOS CM-70","2018-02-01","***","***","***","***","***","***"]
["ASFALTOS DILUÍDOS CM-70","2018-03-01","***","***","***","***","***","***"]
["ASFALTOS DILUÍDOS CM-70","2018-04-01","***","***","***","***","***","***"]
["ASFALTOS DILUÍDOS CM-70","2018-05-01","***","***","***","***","***","***"]
["ASFALTOS DILUÍDOS CM-70","2018-06-01","***","***","***","***","***","***"]
["ASFALTOS DILUÍDOS CM-70","2018-07-01","***","***","***","***","***","***"]
["ASFALTOS DILUÍDOS CM-70","2018-08-01","***","***","***","***","***","***"]
["ASFALTOS DILUÍDOS CM-70","2018-09-01","***","***","***","***","***","***"]
["ASFALTOS DILUÍDOS CM-70","2018-10-01","***","***","***","***","***","***"]
["ASFALTOS DILUÍDOS CM-70","2018-11-01","***","***","***","***","***","***"]
["ASFALTOS DILUÍDOS CM-70","2018-12-01","***","***","***","***","***","***"]
["ASFALTOS DILUÍDOS CM-70","2019-01-01","***","***","***","***","***","***"]
["ASFALTOS DILUÍDOS CM-70","2019-02-01","***","***","***","***","***","***"]
["ASFALTOS DILUÍDOS CM-70","2019-03-01","***","***","***","***","***","***"]
["ASFALTOS DILUÍDOS CM-70","2019-04-01","***","***","***","***","***","***"]
["ASFALTOS DILUÍDOS CM-70","2019-05-01","***","***","***","***","***","***"]
["ASFALTOS DILUÍDOS CM-70","2019-06-01","***","***","***","***","***","***"]
["ASFALTOS DILUÍDOS CM-70","2019-07-01","***","***","***","***","***","***"]
["ASFALTOS DILUÍDOS CM-70","2019-08-01","***","***","***","***","***","***"]
["ASFALTOS DILUÍDOS CM-70","2019-09-01","***","***","***","***","***","***"]
["ASFALTOS DILUÍDOS CM-70","2019-10-01","***","***","***","***","***","***"]
["ASFALTOS DILUÍDOS CM-70","2019-11-01","***","***","***","***","***","***"]
["ASFALTOS DILUÍDOS CM-70","2019-12-01","***","***","***","***","***","***"]
["ASFALTOS DILUÍDOS CM-70","2020-01-01","***","***","***","***","***","***"]
["ASFALTOS DILUÍDOS CM-70","2020-02-01","***","***","***","***","***","***"]
["ASFALTOS DILUÍDOS CM-70","2020-03-01","***","***","***","***","***","***"]
["ASFALTOS DILUÍDOS CM-70","2020-04-01","***","***","***","***","***","***"]
["ASFALTOS DILUÍDOS CM-70","2020-05-01","***","***","***","***","***","***"]
["ASFALTOS DILUÍDOS CM-70","2020-06-01","***","***","***","***","***","***"]
["ASFALTOS DILUÍDOS CM-70","2020-07-01","***","***","***","***","***","***"]
["ASFALTOS DILUÍDOS CM-70","2020-08-01","***","***","***","***","***","***"]
["ASFALTOS DILUÍDOS CM-70","2020-09-01","***","***","***","***","***","***"]
["ASFALTOS DILUÍDOS CM-70","2020-10-01","***","***","***","***","***","***"]
["ASFALTOS DILUÍDOS CM-70","2020-11-01","***","***","***","***","***","***"]
["ASFALTOS DILUÍDOS CM-70","2020-12-01","***","***","***","***","***","***"]
["ASFALTOS DILUÍDOS CM-70","2021-01-01","***","***","***","***","***","***"]
["ASFALTOS DILUÍDOS CM-70","2021-02-01","***","***","***","***","***","***"]
["ASFALTOS DILUÍDOS CM-70","2021-03-01","***","***","***","***","***","***"]
["ASFALTOS DILUÍDOS CM-70","2021-04-01","***","***","***","***","***","***"]
["ASFALTOS DILUÍDOS CM-70","2021-05-01","***","***","***","***","***","***"]
["ASFALTOS DILUÍDOS CM-70","2021-06-01","***","***","***","***","***","***"]
["ASFALTOS DILUÍDOS CM-70","2021-07-01","***","***","***","***","***","***"]
["ASFALTOS DILUÍDOS CM-70","2021-08-01","***","***","***","***","***","***"]
["ASFALTOS DILUÍDOS CM-70","2021-09-01","***","***","***","***","***","***"]
["ASFALTOS DILUÍDOS CM-70","2021-10-01","***","***","***","***","***","***"]
["ASFALTOS DILUÍDOS CM-70","2021-11-01","***","***","***","***","***","***"]
["ASFALTOS DILUÍDOS CM-70","2021-12-01","***","***","***","***","***","***"]
["ASFALTOS DILUÍDOS CM-70","2022-01-01","***","***","***","***","***","***"]
["ASFALTOS DILUÍDOS CM-70","2022-02-01","***","***","***","***","***","***"]
["ASFALTOS DILUÍDOS CM-70","2022-03-01","***","***","***","***","***","***"]
["ASFALTOS DILUÍDOS CM-70","2022-04-01","***","***","***","***","***","***"]
["ASFALTOS DILUÍDOS CM-70","2022-05-01","***","***","***","***","***","***"]
["ASFALTOS DILUÍDOS CM-70","2022-06-01","***","***","***","***","***","***"]
["ASFALTOS DILUÍDOS CM-70","2022-07-01","***","***","***","***","***","***"]
["ASFALTOS DILUÍDOS CM-70","2022-08-01","***","***","***","***","***","***"]
["ASFALTOS DILUÍDOS CM-70","2022-09-01","***","***","***","***","***","***"]
["ASFALTOS DILUÍDOS CM-70","2022-10-01","***","***","***","***","***","***"]
["ASFALTOS DILUÍDOS CM-70","2022-11-01","***","***","***","***","***","***"]
["ASFALTOS DILUÍDOS CM-70","2022-12-01","***","***","***","***","***","***"]
["ASFALTOS DILUÍDOS CM-70","2023-01-01","***","***","***","***","***","***"]
["ASFALTOS DILUÍDOS CM-70","2023-02-01","***","***","***","***","***","***"]
["ASFALTOS DILUÍDOS CM-70","2023-03-01","***","***","***","***","***","***"]
["ASFALTOS DILUÍDOS CM-70","2023-04-01","***","***","***","***","***","***"]
["ASFALTOS DILUÍDOS CM-70","2023-05-01","***","***","***","***","***","***"]
["ASFALTOS DILUÍDOS CM-70","2023-06-01","***","***","***","***","***","***"]
["ASFALTOS DILUÍDOS CM-70","2023-07-01","***","***","***","***","***","***"]
["ASFALTOS DILUÍDOS CM-70","2023-08-01","***","***","***","***","***","***"]
["ASFALTOS DILUÍDOS CM-70","2023-09-01","***","***","***","***","***","***"]
["ASFALTOS DILUÍDOS CM-70","2023-10-01","***","***","***","***","***","***"]
["ASFALTOS DILUÍDOS CM-70","2023-11-01","***","***","***","***","***","***"]
["ASFALTOS DILUÍDOS CM-70","2023-12-01","***","***","***","***","***","***"]
["ASFALTOS DILUÍDOS CM-70","2024-01-01","***","***","***","***","***","***"]
["ASFALTOS DILUÍDOS CM-70","2024-02-01","***","***","***","***","***","***"]
["ASFALTOS DILUÍDOS CM-70","2024-03-01","***","***","***","***","***","***"]
["ASFALTOS DILUÍDOS CM-70","2024-04-01","***","***","***","***","***","***"]
["ASFALTOS DILUÍDOS CM-70","2024-05-01","***","***","***","***","***","***"]
["ASFALTOS DILUÍDOS CM-70","2024-06-01","***","***","***","***","***","***"]
["ASFALTOS DILUÍDOS CM-70","2024-07-01","***","***","***","***","***","***"]
["ASFALTOS DILUÍDOS CM-70","2024-08-01","***","***","***","***","***","***"]
["ASFALTOS DILUÍDOS CM-70","2024-09-01","***","***","***","***","***","***"]
["ASFALTOS DILUÍDOS CR-250","2008-11-01",1.5293300000000001,1.3827812319296,"***",1.6455625530342199,"***",1.52712025618211]
["ASFALTOS DILUÍDOS CR-250","2008-12-01","***",1.3644034709803301,"***","***",1.97516,1.3680553765352299]
["ASFALTOS DILUÍDOS CR-250","2009-01-01",1.46539,1.31613874687287,"***","***","***",1.3472730525558001]
["ASFALTOS DILUÍDOS CR-250","2009-02-01",1.46539,"***","***",1.6850369047619,"***",1.4925128812936399]
["ASFALTOS DILUÍDOS CR-250","2009-03-01","***","***",2.0878385215937798,1.2574649116904999,1.9751700000000001,1.9938624004008301]
["ASFALTOS DILUÍDOS CR-250","2009-04-01","***",1.3165808569222901,2.1016071220565,1.5373920903954801,1.3759999999999999,2.0235738092733899]
["ASFALTOS DILUÍDOS CR-250","2009-05-01","***",1.2916973696052401,2.0112419873851399,"***",1.4449633167495901,1.96304023981724]
["ASFALTOS DILUÍDOS CR-250","2009-06-01","***","***",2.0486666995410001,1.6217801733477799,1.7706666666666699,2.0431579081423901]
["ASFALTOS DILUÍDOS CR-250","2009-07-01","***",1.37852783695085,2.0497871073238199,1.5477000000000001,2.2229999999999999,1.98084345813792]
["ASFALTOS DILUÍDOS CR-250","2009-08-01","***",1.26075619436202,2.0687709943467301,1.5838650211565599,"***",1.9820897328284299]
["ASFALTOS DILUÍDOS CR-250","2009-09-01","***",1.3537027633546299,2.0540566602097101,1.5477000000000001,"***",1.99758281622832]
["ASFALTOS DILUÍDOS CR-250","2009-10-01","***",1.3460482161729399,2.1048815815336401,"***","***",2.0574969062417399]
["ASFALTOS DILUÍDOS CR-250","2009-11-01","***",1.34677479674797,2.0478444768751101,1.6655034482758599,"***",1.9823581180349701]
["ASFALTOS DILUÍDOS CR-250","2009-12-01",2.0884,"***","***",1.5476000000000001,"***",2.0519174603174601]
["ASFALTOS DILUÍDOS CR-250","2010-01-01",1.4896,1.35377765633211,"***",1.5476000000000001,"***",1.41232588637069]
["ASFALTOS DILUÍDOS CR-250","2010-02-01","***","***","***","***","***","***"]
["ASFALTOS DILUÍDOS CR-250","2010-03-01","***","***","***",1.5476799999999999,1.5329999999999999,1.53617529780564]
["ASFALTOS DILUÍDOS CR-250","2010-04-01","***",1.3786799999999999,"***",1.5476799999999999,"***",1.39733857024565]
["ASFALTOS DILUÍDOS CR-250","2010-05-01","***",1.4693400000000001,"***",1.5476799999999999,"***",1.48714454545455]
["ASFALTOS DILUÍDOS CR-250","2010-06-01","***",1.2052,"***","***",1.54274803149606,1.33569802130898]
["ASFALTOS DILUÍDOS CR-250","2010-07-01","***","***","***",1.5476799999999999,"***",1.5476799999999999]
["ASFALTOS DILUÍDOS CR-250","2010-08-01","***","***","***","***","***","***"]
["ASFALTOS DILUÍDOS CR-250","2010-09-01","***","***","***",1.5476799999999999,1.7222500000000001,1.5990241176470601]
["ASFALTOS DILUÍDOS CR-250","2010-10-01",1.6425000000000001,1.3476300000000001,"***","***","***",1.4719360748870201]
["ASFALTOS DILUÍDOS CR-250","2010-11-01",1.5969199999999999,"***","***","***","***",1.5969199999999999]
["ASFALTOS DILUÍDOS CR-250","2010-12-01",1.5969199999999999,"***","***",1.5476799999999999,"***",1.59117823321555]
["ASFALTOS DILUÍDOS CR-250","2011-01-01",1.4896,"***","***",1.5476799999999999,"***",1.49209113576576]
["ASFALTOS DILUÍDOS CR-250","2011-02-01",1.4896,"***","***","***","***",1.4896]
["ASFALTOS DILUÍDOS CR-250","2011-03-01","***","***","***","***","***","***"]
["ASFALTOS DILUÍDOS CR-250","2011-04-01","***","***","***",1.6362000000000001,1.4339,1.5217589590443701]
["ASFALTOS DILUÍDOS CR-250","2011-05-01","***","***","***","***","***","***"]
["ASFALTOS DILUÍDOS CR-250","2011-06-01","***","***","***",1.5476700000000001,"***",1.5476700000000001]
["ASFALTOS DILUÍDOS CR-250","2011-07-01",1.4896,"***","***","***",1.8260000000000001,1.52804571428571]
["ASFALTOS DILUÍDOS CR-250","2011-08-01","***","***","***","***","***","***"]
["ASFALTOS DILUÍDOS CR-250","2011-09-01","***","***","***","***","***","***"]
["ASFALTOS DILUÍDOS CR-250","2011-10-01","***","***","***","***","***","***"]
["ASFALTOS DILUÍDOS CR-250","2011-11-01","***","***","***","***","***","***"]
["ASFALTOS DILUÍDOS CR-250","2011-12-01","***","***","***","***","***","***"]
["ASFALTOS DILUÍDOS CR-250","2012-01-01","***","***","***","***","***","***"]
["ASFALTOS DILUÍDOS CR-250","2012-02-01",1.4896,"***","***",1.57168,"***",1.5100703147699801]
["ASFALTOS DILUÍDOS CR-250","2012-03-01","***","***","***","***","***","***"]
["ASFALTOS DILUÍDOS CR-250","2012-04-01","***","***","***","***","***","***"]
["ASFALTOS DILUÍDOS CR-250","2012-05-01","***","***","***","***",1.4343999999999999,1.4343999999999999]
["ASFALTOS DILUÍDOS CR-250","2012-06-01",1.4896,"***","***","***","***",1.4896]
["ASFALTOS DILUÍDOS CR-250","2012-07-01","***","***","***","***","***","***"]
["ASFALTOS DILUÍDOS CR-250","2012-08-01","***","***","***",1.6972,"***",1.6972]
["ASFALTOS DILUÍDOS CR-250","2012-09-01","***","***","***","***","***","***"]
["ASFALTOS DILUÍDOS CR-250","2012-10-01","***","***","***","***","***","***"]
["ASFALTOS DILUÍDOS CR-250","2012-11-01","***","***","***","***","***","***"]
["ASFALTOS DILUÍDOS CR-250","2012-12-01","***","***","***","***","***","***"]
["ASFALTOS DILUÍDOS CR-250","2013-01-01",1.95122,"***","***",1.39585,"***",1.4617589943785101]
["ASFALTOS DILUÍDOS CR-250","2013-02-01",1.95122,"***","***","***","***",1.95122]
["ASFALTOS DILUÍDOS CR-250","2013-03-01",1.95122,"***","***","***","***",1.95122]
["ASFALTOS DILUÍDOS CR-250","2013-04-01","***","***","***",1.7104999999999999,"***",1.7104999999999999]
["ASFALTOS DILUÍDOS CR-250","2013-05-01","***","***","***","***","***","***"]
["ASFALTOS DILUÍDOS CR-250","2013-06-01","***","***","***","***",1.3348,1.3348]
["ASFALTOS DILUÍDOS CR-250","2013-07-01","***","***","***","***","***","***"]
["ASFALTOS DILUÍDOS CR-250","2013-08-01","***","***","***",1.7069000000000001,"***",1.7069000000000001]
["ASFALTOS DILUÍDOS CR-250","2013-09-01","***","***","***","***","***","***"]
["ASFALTOS DILUÍDOS CR-250","2013-10-01","***","***","***",1.7071000000000001,"***",1.7071000000000001]
["ASFALTOS DILUÍDOS CR-250","2013-11-01","***","***","***","***","***","***"]
["ASFALTOS DILUÍDOS CR-250","2013-12-01","***","***","***","***","***","***"]
["ASFALTOS DILUÍDOS CR-250","2014-01-01","***","***","***",1.7055,"***",1.7055]
["ASFALTOS DILUÍDOS CR-250","2014-02-01","***","***","***","***","***","***"]
["ASFALTOS DILUÍDOS CR-250","2014-03-01","***","***","***","***","***","***"]
["ASFALTOS DILUÍDOS CR-250","2014-04-01","***","***","***","***","***","***"]
["ASFALTOS DILUÍDOS CR-250","2014-05-01","***","***","***","***",1.3340000000000001,1.3340000000000001]
["ASFALTOS DILUÍDOS CR-250","2014-06-01","***","***","***","***",1.7875000000000001,1.7875000000000001]
["ASFALTOS DILUÍDOS CR-250","2014-07-01","***","***","***","***","***","***"]
["ASFALTOS DILUÍDOS CR-250","2014-08-01","***","***","***",1.7021999999999999,"***",1.7021999999999999]
["ASFALTOS DILUÍDOS CR-250","2014-09-01","***","***","***",1.7039,"***",1.7039]
["ASFALTOS DILUÍDOS CR-250","2014-10-01","***","***","***",1.7030000000000001,"***",1.7030000000000001]
["ASFALTOS DILUÍDOS CR-250","2014-11-01","***","***","***","***","***","***"]
["ASFALTOS DILUÍDOS CR-250","2014-12-01","***","***","***","***","***","***"]
["ASFALTOS DILUÍDOS CR-250","2015-01-01","***","***","***","***","***","***"]
["ASFALTOS DILUÍDOS CR-250","2015-02-01","***","***","***","***",1.5871,1.5871]
["ASFALTOS DILUÍDOS CR-250","2015-03-01","***","***","***","***","***","***"]
["ASFALTOS DILUÍDOS CR-250","2015-04-01","***","***","***","***","***","***"]
["ASFALTOS DILUÍDOS CR-250","2015-05-01","***","***","***","***","***","***"]
["ASFALTOS DILUÍDOS CR-250","2015-06-01","***","***","***",2.3921000000000001,"***",2.3921000000000001]
["ASFALTOS DILUÍDOS CR-250","2015-07-01","***","***","***","***","***","***"]
["ASFALTOS DILUÍDOS CR-250","2015-08-01","***","***","***","***","***","***"]
["ASFALTOS DILUÍDOS CR-250","2015-09-01","***","***","***",2.3885999999999998,"***",2.3885999999999998]
["ASFALTOS DILUÍDOS CR-250","2015-10-01","***","***","***","***","***","***"]
["ASFALTOS DILUÍDOS CR-250","2015-11-01","***","***","***","***",1.2641,1.2641]
["ASFALTOS DILUÍDOS CR-250","2015-12-01","***","***","***","***","***","***"]
["ASFALTOS DILUÍDOS CR-250","2016-01-01","***","***","***","***","***","***"]
["ASFALTOS DILUÍDOS CR-250","2016-02-01","***","***","***","***","***","***"]
["ASFALTOS DILUÍDOS CR-250","2016-03-01","***","***","***","***","***","***"]
["ASFALTOS DILUÍDOS CR-250","2016-04-01","***","***","***","***","***","***"]
["ASFALTOS DILUÍDOS CR-250","2016-05-01","***","***","***","***","***","***"]
["ASFALTOS DILUÍDOS CR-250","2016-06-01","***","***","***","***","***","***"]
["ASFALTOS DILUÍDOS CR-250","2016-07-01","***","***","***","***","***","***"]
["ASFALTOS DILUÍDOS CR-250","2016-08-01","***","***","***","***","***","***"]
["ASFALTOS DILUÍDOS CR-250","2016-09-01","***","***","***","***","***","***"]
["ASFALTOS DILUÍDOS CR-250","2016-10-01","***","***","***","***","***","***"]
["ASFALTOS DILUÍDOS CR-250","2016-11-01","***","***","***","***","***","***"]
["ASFALTOS DILUÍDOS CR-250","2016-12-01","***","***","***","***","***","***"]
["ASFALTOS DILUÍDOS CR-250","2017-01-01","***","***","***","***","***","***"]
["ASFALTOS DILUÍDOS CR-250","2017-02-01","***","***","***","***","***","***"]
["ASFALTOS DILUÍDOS CR-250","2017-03-01","***","***","***","***","***","***"]
["ASFALTOS DILUÍDOS CR-250","2017-04-01","***","***","***","***","***","***"]
["ASFALTOS DILUÍDOS CR-250","2017-05-01","***","***","***","***","***","***"]
["ASFALTOS DILUÍDOS CR-250","2017-06-01","***","***","***","***","***","***"]
["ASFALTOS DILUÍDOS CR-250","2017-07-01","***","***","***","***","***","***"]
["ASFALTOS DILUÍDOS CR-250","2017-08-01","***","***","***","***","***","***"]
["ASFALTOS DILUÍDOS CR-250","2017-09-01","***","***","***","***","***","***"]
["ASFALTOS DILUÍDOS CR-250","2017-10-01","***","***","***","***","***","***"]
["ASFALTOS DILUÍDOS CR-250","2017-11-01","***","***","***","***","***","***"]
["ASFALTOS DILUÍDOS CR-250","2017-12-01","***","***","***","***","***","***"]
["ASFALTOS DILUÍDOS CR-250","2018-01-01","***","***","***","***","***","***"]
["ASFALTOS DILUÍDOS CR-250","2018-02-01","***","***","***","***","***","***"]
["ASFALTOS DILUÍDOS CR-250","2018-03-01","***","***","***","***","***","***"]
["ASFALTOS DILUÍDOS CR-250","2018-04-01","***","***","***","***","***","***"]
["ASFALTOS DILUÍDOS CR-250","2018-05-01","***","***","***","***","***","***"]
["ASFALTOS DILUÍDOS CR-250","2018-06-01","***","***","***","***","***","***"]
["ASFALTOS DILUÍDOS CR-250","2018-07-01","***","***","***","***","***","***"]
["ASFALTOS DILUÍDOS CR-250","2018-08-01","***","***","***","***","***","***"]
["ASFALTOS DILUÍDOS CR-250","2018-09-01","***","***","***","***","***","***"]
["ASFALTOS DILUÍDOS CR-250","2018-10-01","***","***","***","***","***","***"]
["ASFALTOS DILUÍDOS CR-250","2018-11-01","***","***","***","***","***","***"]
["ASFALTOS DILUÍDOS CR-250","2018-12-01","***","***","***","***","***","***"]
["ASFALTOS DILUÍDOS CR-250","2019-01-01","***","***","***","***","***","***"]
["ASFALTOS DILUÍDOS CR-250","2019-02-01","***","***","***","***","***","***"]
["ASFALTOS DILUÍDOS CR-250","2019-03-01","***","***","***","***","***","***"]
["ASFALTOS DILUÍDOS CR-250","2019-04-01","***","***","***","***","***","***"]
["ASFALTOS DILUÍDOS CR-250","2019-05-01","***","***","***","***","***","***"]
["ASFALTOS DILUÍDOS CR-250","2019-06-01","***","***","***","***","***","***"]
["ASFALTOS DILUÍDOS CR-250","2019-07-01","***","***","***","***","***","***"]
["ASFALTOS DILUÍDOS CR-250","2019-08-01","***","***","***","***","***","***"]
["ASFALTOS DILUÍDOS CR-250","2019-09-01","***","***","***","***","***","***"]
["ASFALTOS DILUÍDOS CR-250","2019-10-01","***","***","***","***","***","***"]
["ASFALTOS DILUÍDOS CR-250","2019-11-01","***","***","***","***","***","***"]
["ASFALTOS DILUÍDOS CR-250","2019-12-01","***","***","***","***","***","***"]
["ASFALTOS DILUÍDOS CR-250","2020-01-01","***","***","***","***","***","***"]
["ASFALTOS DILUÍDOS CR-250","2020-02-01","***","***","***","***","***","***"]
["ASFALTOS DILUÍDOS CR-250","2020-03-01","***","***","***","***","***","***"]
["ASFALTOS DILUÍDOS CR-250","2020-04-01","***","***","***","***","***","***"]
["ASFALTOS DILUÍDOS CR-250","2020-05-01","***","***","***","***","***","***"]
["ASFALTOS DILUÍDOS CR-250","2020-06-01","***","***","***","***","***","***"]
["ASFALTOS DILUÍDOS CR-250","2020-07-01","***","***","***","***","***","***"]
["ASFALTOS DILUÍDOS CR-250","2020-08-01","***","***","***","***","***","***"]
["ASFALTOS DILUÍDOS CR-250","2020-09-01","***","***","***","***","***","***"]
["ASFALTOS DILUÍDOS CR-250","2020-10-01","***","***","***","***","***","***"]
["ASFALTOS DILUÍDOS CR-250","2020-11-01","***","***","***","***","***","***"]
["ASFALTOS DILUÍDOS CR-250","2020-12-01","***","***","***","***","***","***"]
["ASFALTOS DILUÍDOS CR-250","2021-01-01","***","***","***","***","***","***"]
["ASFALTOS DILUÍDOS CR-250","2021-02-01","***","***","***","***","***","***"]
["ASFALTOS DILUÍDOS CR-250","2021-03-01","***","***","***","***","***","***"]
["ASFALTOS DILUÍDOS CR-250","2021-04-01","***","***","***","***","***","***"]
["ASFALTOS DILUÍDOS CR-250","2021-05-01","***","***","***","***","***","***"]
["ASFALTOS DILUÍDOS CR-250","2021-06-01","***","***","***","***","***","***"]
["ASFALTOS DILUÍDOS CR-250","2021-07-01","***","***","***","***","***","***"]
["ASFALTOS DILUÍDOS CR-250","2021-08-01","***","***","***","***","***","***"]
["ASFALTOS DILUÍDOS CR-250","2021-09-01","***","***","***","***","***","***"]
["ASFALTOS DILUÍDOS CR-250","2021-10-01","***","***","***","***","***","***"]
["ASFALTOS DILUÍDOS CR-250","2021-11-01","***","***","***","***","***","***"]
["ASFALTOS DILUÍDOS CR-250","2021-12-01","***","***","***","***","***","***"]
["ASFALTOS DILUÍDOS CR-250","2022-01-01","***","***","***","***","***","***"]
["ASFALTOS DILUÍDOS CR-250","2022-02-01","***","***","***","***","***","***"]
["ASFALTOS DILUÍDOS CR-250","2022-03-01","***","***","***","***","***","***"]
["ASFALTOS DILUÍDOS CR-250","2022-04-01","***","***","***","***","***","***"]
["ASFALTOS DILUÍDOS CR-250","2022-05-01","***","***","***","***","***","***"]
["ASFALTOS DILUÍDOS CR-250","2022-06-01","***","***","***","***","***","***"]
["ASFALTOS DILUÍDOS CR-250","2022-07-01","***","***","***","***","***","***"]
["ASFALTOS DILUÍDOS CR-250","2022-08-01","***","***","***","***","***","***"]
["ASFALTOS DILUÍDOS CR-250","2022-09-01","***","***","***","***","***","***"]
["ASFALTOS DILUÍDOS CR-250","2022-10-01","***","***","***","***","***","***"]
["ASFALTOS DILUÍDOS CR-250","2022-11-01","***","***","***","***","***","***"]
["ASFALTOS DILUÍDOS CR-250","2022-12-01","***","***","***","***","***","***"]
["ASFALTOS DILUÍDOS CR-250","2023-01-01","***","***","***","***","***","***"]
["ASFALTOS DILUÍDOS CR-250","2023-02-01","***","***","***","***","***","***"]
["ASFALTOS DILUÍDOS CR-250","2023-03-01","***","***","***","***","***","***"]
["ASFALTOS DILUÍDOS CR-250","2023-04-01","***","***","***","***","***","***"]
["ASFALTOS DILUÍDOS CR-250","2023-05-01","***","***","***","***","***","***"]
["ASFALTOS DILUÍDOS CR-250","2023-06-01","***","***","***","***","***","***"]
["ASFALTOS DILUÍDOS CR-250","2023-07-01","***","***","***","***","***","***"]
["ASFALTOS DILUÍDOS CR-250","2023-08-01","***","***","***","***","***","***"]
["ASFALTOS DILUÍDOS CR-250","2023-09-01","***","***","***","***","***","***"]
["ASFALTOS DILUÍDOS CR-250","2023-10-01","***","***","***","***","***","***"]
["ASFALTOS DILUÍDOS CR-250","2023-11-01","***","***","***","***","***","***"]
["ASFALTOS DILUÍDOS CR-250","2023-12-01","***","***","***","***","***","***"]
["ASFALTOS DILUÍDOS CR-250","2024-01-01","***","***","***","***","***","***"]
["ASFALTOS DILUÍDOS CR-250","2024-02-01","***","***","***","***","***","***"]
["ASFALTOS DILUÍDOS CR-250","2024-03-01","***","***","***","***","***","***"]
["ASFALTOS DILUÍDOS CR-250","2024-04-01","***","***","***","***","***","***"]
["ASFALTOS DILUÍDOS CR-250","2024-05-01","***","***","***","***","***","***"]
["ASFALTOS DILUÍDOS CR-250","2024-06-01","***","***","***","***","***","***"]
["ASFALTOS DILUÍDOS CR-250","2024-07-01","***","***","***","***","***","***"]
["ASFALTOS DILUÍDOS CR-250","2024-08-01","***","***","***","***","***","***"]
["ASFALTOS DILUÍDOS CR-250","2024-09-01","***","***","***","***","***","***"]
["ASFALTOS DILUÍDOS CR-70","2008-11-01","***","***","***","***","***","***"]
["ASFALTOS DILUÍDOS CR-70","2008-12-01","***","***","***",1.9236200000000001,"***",1.9236200000000001]
["ASFALTOS DILUÍDOS CR-70","2009-01-01","***","***","***","***","***","***"]
["ASFALTOS DILUÍDOS CR-70","2009-02-01","***","***","***","***","***","***"]
["ASFALTOS DILUÍDOS CR-70","2009-03-01","***","***","***","***","***","***"]
["ASFALTOS DILUÍDOS CR-70","2009-04-01","***","***","***","***","***","***"]
["ASFALTOS DILUÍDOS CR-70","2009-05-01","***","***","***","***","***","***"]
["ASFALTOS DILUÍDOS CR-70","2009-06-01","***","***","***","***","***","***"]
["ASFALTOS DILUÍDOS CR-70","2009-07-01","***","***","***","***","***","***"]
["ASFALTOS DILUÍDOS CR-70","2009-08-01","***","***","***","***","***","***"]
["ASFALTOS DILUÍDOS CR-70","2009-09-01","***","***","***","***","***","***"]
["ASFALTOS DILUÍDOS CR-70","2009-10-01","***","***","***","***","***","***"]
["ASFALTOS DILUÍDOS CR-70","2009-11-01","***","***","***","***","***","***"]
["ASFALTOS DILUÍDOS CR-70","2009-12-01","***","***","***","***","***","***"]
["ASFALTOS DILUÍDOS CR-70","2010-01-01","***","***","***","***","***","***"]
["ASFALTOS DILUÍDOS CR-70","2010-02-01","***","***","***","***","***","***"]
["ASFALTOS DILUÍDOS CR-70","2010-03-01","***","***","***","***","***","***"]
["ASFALTOS DILUÍDOS CR-70","2010-04-01","***","***","***","***","***","***"]
["ASFALTOS DILUÍDOS CR-70","2010-05-01","***","***","***","***","***","***"]
["ASFALTOS DILUÍDOS CR-70","2010-06-01","***","***","***","***","***","***"]
["ASFALTOS DILUÍDOS CR-70","2010-07-01","***","***","***","***","***","***"]
["ASFALTOS DILUÍDOS CR-70","2010-08-01","***","***","***","***","***","***"]
["ASFALTOS DILUÍDOS CR-70","2010-09-01","***","***","***","***","***","***"]
["ASFALTOS DILUÍDOS CR-70","2010-10-01","***","***","***","***","***","***"]
["ASFALTOS DILUÍDOS CR-70","2010-11-01","***","***","***","***","***","***"]
["ASFALTOS DILUÍDOS CR-70","2010-12-01","***","***","***","***","***","***"]
["ASFALTOS DILUÍDOS CR-70","2011-01-01","***","***","***","***","***","***"]
["ASFALTOS DILUÍDOS CR-70","2011-02-01","***","***","***","***","***","***"]
["ASFALTOS DILUÍDOS CR-70","2011-03-01","***","***","***","***","***","***"]
["ASFALTOS DILUÍDOS CR-70","2011-04-01","***","***","***","***","***","***"]
["ASFALTOS DILUÍDOS CR-70","2011-05-01","***","***","***","***","***","***"]
["ASFALTOS DILUÍDOS CR-70","2011-06-01","***","***","***","***","***","***"]
["ASFALTOS DILUÍDOS CR-70","2011-07-01","***","***","***","***","***","***"]
["ASFALTOS DILUÍDOS CR-70","2011-08-01","***","***","***","***","***","***"]
["ASFALTOS DILUÍDOS CR-70","2011-09-01","***","***","***","***","***","***"]
["ASFALTOS DILUÍDOS CR-70","2011-10-01","***","***","***","***","***","***"]
["ASFALTOS DILUÍDOS CR-70","2011-11-01","***","***","***","***","***","***"]
["ASFALTOS DILUÍDOS CR-70","2011-12-01","***","***","***","***","***","***"]
["ASFALTOS DILUÍDOS CR-70","2012-01-01","***","***","***","***","***","***"]
["ASFALTOS DILUÍDOS CR-70","2012-02-01","***","***","***","***","***","***"]
["ASFALTOS DILUÍDOS CR-70","2012-03-01","***","***","***","***","***","***"]
["ASFALTOS DILUÍDOS CR-70","2012-04-01","***","***","***","***","***","***"]
["ASFALTOS DILUÍDOS CR-70","2012-05-01","***","***","***","***","***","***"]
["ASFALTOS DILUÍDOS CR-70","2012-06-01","***","***","***","***","***","***"]
["ASFALTOS DILUÍDOS CR-70","2012-07-01","***","***","***","***","***","***"]
["ASFALTOS DILUÍDOS CR-70","2012-08-01","***","***","***","***","***","***"]
["ASFALTOS DILUÍDOS CR-70","2012-09-01","***","***","***","***","***","***"]
["ASFALTOS DILUÍDOS CR-70","2012-10-01","***","***","***","***","***","***"]
["ASFALTOS DILUÍDOS CR-70","2012-11-01","***","***","***","***","***","***"]
["ASFALTOS DILUÍDOS CR-70","2012-12-01","***","***","***","***","***","***"]
["ASFALTOS DILUÍDOS CR-70","2013-01-01","***","***","***","***","***","***"]
["ASFALTOS DILUÍDOS CR-70","2013-02-01","***","***","***","***","***","***"]
["ASFALTOS DILUÍDOS CR-70","2013-03-01","***","***","***","***","***","***"]
["ASFALTOS DILUÍDOS CR-70","2013-04-01","***","***","***","***","***","***"]
["ASFALTOS DILUÍDOS CR-70","2013-05-01","***","***","***","***","***","***"]
["ASFALTOS DILUÍDOS CR-70","2013-06-01","***","***","***","***","***","***"]
["ASFALTOS DILUÍDOS CR-70","2013-07-01","***","***","***","***","***","***"]
["ASFALTOS DILUÍDOS CR-70","2013-08-01","***","***","***","***","***","***"]
["ASFALTOS DILUÍDOS CR-70","2013-09-01","***","***","***","***","***","***"]
["ASFALTOS DILUÍDOS CR-70","2013-10-01","***","***","***","***","***","***"]
["ASFALTOS DILUÍDOS CR-70","2013-11-01","***","***","***","***","***","***"]
["ASFALTOS DILUÍDOS CR-70","2013-12-01","***","***","***","***","***","***"]
["ASFALTOS DILUÍDOS CR-70","2014-01-01","***","***","***","***","***","***"]
["ASFALTOS DILUÍDOS CR-70","2014-02-01","***","***","***","***","***","***"]
["ASFALTOS DILUÍDOS CR-70","2014-03-01","***","***","***","***","***","***"]
["ASFALTOS DILUÍDOS CR-70","2014-04-01","***","***","***","***","***","***"]
["ASFALTOS DILUÍDOS CR-70","2014-05-01","***","***","***","***","***","***"]
["ASFALTOS DILUÍDOS CR-70","2014-06-01","***","***","***","***","***","***"]
["ASFALTOS DILUÍDOS CR-70","2014-07-01","***","***","***","***","***","***"]
["ASFALTOS DILUÍDOS CR-70","2014-08-01","***","***","***","***","***","***"]
["ASFALTOS DILUÍDOS CR-70","2014-09-01","***","***","***","***","***","***"]
["ASFALTOS DILUÍDOS CR-70","2014-10-01","***","***","***","***","***","***"]
["ASFALTOS DILUÍDOS CR-70","2014-11-01","***","***","***","***","***","***"]
["ASFALTOS DILUÍDOS CR-70","2014-12-01","***","***","***","***","***","***"]
["ASFALTOS DILUÍDOS CR-70","2015-01-01","***","***","***","***","***","***"]
["ASFALTOS DILUÍDOS CR-70","2015-02-01","***","***","***","***","***","***"]
["ASFALTOS DILUÍDOS CR-70","2015-03-01","***","***","***","***","***","***"]
["ASFALTOS DILUÍDOS CR-70","2015-04-01","***","***","***","***","***","***"]
["ASFALTOS DILUÍDOS CR-70","2015-05-01","***","***","***","***","***","***"]
["ASFALTOS DILUÍDOS CR-70","2015-06-01","***","***","***","***","***","***"]
["ASFALTOS DILUÍDOS CR-70","2015-07-01","***","***","***","***","***","***"]
["ASFALTOS DILUÍDOS CR-70","2015-08-01","***","***","***","***","***","***"]
["ASFALTOS DILUÍDOS CR-70","2015-09-01","***","***","***","***","***","***"]
["ASFALTOS DILUÍDOS CR-70","2015-10-01","***","***","***","***","***","***"]
["ASFALTOS DILUÍDOS CR-70","2015-11-01","***","***","***","***","***","***"]
["ASFALTOS DILUÍDOS CR-70","2015-12-01","***","***","***","***","***","***"]
["ASFALTOS DILUÍDOS CR-70","2016-01-01","***","***","***","***","***","***"]
["ASFALTOS DILUÍDOS CR-70","2016-02-01","***","***","***","***","***","***"]
["ASFALTOS DILUÍDOS CR-70","2016-03-01","***","***","***","***","***","***"]
["ASFALTOS DILUÍDOS CR-70","2016-04-01","***","***","***","***","***","***"]
["ASFALTOS DILUÍDOS CR-70","2016-05-01","***","***","***","***","***","***"]
["ASFALTOS DILUÍDOS CR-70","2016-06-01","***","***","***","***","***","***"]
["ASFALTOS DILUÍDOS CR-70","2016-07-01","***","***","***","***","***","***"]
["ASFALTOS DILUÍDOS CR-70","2016-08-01","***","***","***","***","***","***"]
["ASFALTOS DILUÍDOS CR-70","2016-09-01","***","***","***","***","***","***"]
["ASFALTOS DILUÍDOS CR-70","2016-10-01","***","***","***","***","***","***"]
["ASFALTOS DILUÍDOS CR-70","2016-11-01","***","***","***","***","***","***"]
["ASFALTOS DILUÍDOS CR-70","2016-12-01","***","***","***","***","***","***"]
["ASFALTOS DILUÍDOS CR-70","2017-01-01","***","***","***","***","***","***"]
["ASFALTOS DILUÍDOS CR-70","2017-02-01","***","***","***","***","***","***"]
["ASFALTOS DILUÍDOS CR-70","2017-03-01","***","***","***","***","***","***"]
["ASFALTOS DILUÍDOS CR-70","2017-04-01","***","***","***","***","***","***"]
["ASFALTOS DILUÍDOS CR-70","2017-05-01","***","***","***","***","***","***"]
["ASFALTOS DILUÍDOS CR-70","2017-06-01","***","***","***","***","***","***"]
["ASFALTOS DILUÍDOS CR-70","2017-07-01","***","***","***","***","***","***"]
["ASFALTOS DILUÍDOS CR-70","2017-08-01","***","***","***","***","***","***"]
["ASFALTOS DILUÍDOS CR-70","2017-09-01","***","***","***","***","***","***"]
["ASFALTOS DILUÍDOS CR-70","2017-10-01","***","***","***","***","***","***"]
["ASFALTOS DILUÍDOS CR-70","2017-11-01","***","***","***","***","***","***"]
["ASFALTOS DILUÍDOS CR-70","2017-12-01","***","***","***","***","***","***"]
["ASFALTOS DILUÍDOS CR-70","2018-01-01","***","***","***","***","***","***"]
["ASFALTOS DILUÍDOS CR-70","2018-02-01","***","***","***","***","***","***"]
["ASFALTOS DILUÍDOS CR-70","2018-03-01","***","***","***","***","***","***"]
["ASFALTOS DILUÍDOS CR-70","2018-04-01","***","***","***","***","***","***"]
["ASFALTOS DILUÍDOS CR-70","2018-05-01","***","***","***","***","***","***"]
["ASFALTOS DILUÍDOS CR-70","2018-06-01","***","***","***","***","***","***"]
["ASFALTOS DILUÍDOS CR-70","2018-07-01","***","***","***","***","***","***"]
["ASFALTOS DILUÍDOS CR-70","2018-08-01","***","***","***","***","***","***"]
["ASFALTOS DILUÍDOS CR-70","2018-09-01","***","***","***","***","***","***"]
["ASFALTOS DILUÍDOS CR-70","2018-10-01","***","***","***","***","***","***"]
["ASFALTOS DILUÍDOS CR-70","2018-11-01","***","***","***","***","***","***"]
["ASFALTOS DILUÍDOS CR-70","2018-12-01","***","***","***","***","***","***"]
["ASFALTOS DILUÍDOS CR-70","2019-01-01","***","***","***","***","***","***"]
["ASFALTOS DILUÍDOS CR-70","2019-02-01","***","***","***","***","***","***"]
["ASFALTOS DILUÍDOS CR-70","2019-03-01","***","***","***","***","***","***"]
["ASFALTOS DILUÍDOS CR-70","2019-04-01","***","***","***","***","***","***"]
["ASFALTOS DILUÍDOS CR-70","2019-05-01","***","***","***","***","***","***"]
["ASFALTOS DILUÍDOS CR-70","2019-06-01","***","***","***","***","***","***"]
["ASFALTOS DILUÍDOS CR-70","2019-07-01","***","***","***","***","***","***"]
["ASFALTOS DILUÍDOS CR-70","2019-08-01","***","***","***","***","***","***"]
["ASFALTOS DILUÍDOS CR-70","2019-09-01","***","***","***","***","***","***"]
["ASFALTOS DILUÍDOS CR-70","2019-10-01","***","***","***","***","***","***"]
["ASFALTOS DILUÍDOS CR-70","2019-11-01","***","***","***","***","***","***"]
["ASFALTOS DILUÍDOS CR-70","2019-12-01","***","***","***","***","***","***"]
["ASFALTOS DILUÍDOS CR-70","2020-01-01","***","***","***","***","***","***"]
["ASFALTOS DILUÍDOS CR-70","2020-02-01","***","***","***","***","***","***"]
["ASFALTOS DILUÍDOS CR-70","2020-03-01","***","***","***","***","***","***"]
["ASFALTOS DILUÍDOS CR-70","2020-04-01","***","***","***","***","***","***"]
["ASFALTOS DILUÍDOS CR-70","2020-05-01","***","***","***","***","***","***"]
["ASFALTOS DILUÍDOS CR-70","2020-06-01","***","***","***","***","***","***"]
["ASFALTOS DILUÍDOS CR-70","2020-07-01","***","***","***","***","***","***"]
["ASFALTOS DILUÍDOS CR-70","2020-08-01","***","***","***","***","***","***"]
["ASFALTOS DILUÍDOS CR-70","2020-09-01","***","***","***","***","***","***"]
["ASFALTOS DILUÍDOS CR-70","2020-10-01","***","***","***","***","***","***"]
["ASFALTOS DILUÍDOS CR-70","2020-11-01","***","***","***","***","***","***"]
["ASFALTOS DILUÍDOS CR-70","2020-12-01","***","***","***","***","***","***"]
["ASFALTOS DILUÍDOS CR-70","2021-01-01","***","***","***","***","***","***"]
["ASFALTOS DILUÍDOS CR-70","2021-02-01","***","***","***","***","***","***"]
["ASFALTOS DILUÍDOS CR-70","2021-03-01","***","***","***","***","***","***"]
["ASFALTOS DILUÍDOS CR-70","2021-04-01","***","***","***","***","***","***"]
["ASFALTOS DILUÍDOS CR-70","2021-05-01","***","***","***","***","***","***"]
["ASFALTOS DILUÍDOS CR-70","2021-06-01","***","***","***","***","***","***"]
["ASFALTOS DILUÍDOS CR-70","2021-07-01","***","***","***","***","***","***"]
["ASFALTOS DILUÍDOS CR-70","2021-08-01","***","***","***","***","***","***"]
["ASFALTOS DILUÍDOS CR-70","2021-09-01","***","***","***","***","***","***"]
["ASFALTOS DILUÍDOS CR-70","2021-10-01","***","***","***","***","***","***"]
["ASFALTOS DILUÍDOS CR-70","2021-11-01","***","***","***","***","***","***"]
["ASFALTOS DILUÍDOS CR-70","2021-12-01","***","***","***","***","***","***"]
["ASFALTOS DILUÍDOS CR-70","2022-01-01","***","***","***","***","***","***"]
["ASFALTOS DILUÍDOS CR-70","2022-02-01","***","***","***","***","***","***"]
["ASFALTOS DILUÍDOS CR-70","2022-03-01","***","***","***","***","***","***"]
["ASFALTOS DILUÍDOS CR-70","2022-04-01","***","***","***","***","***","***"]
["ASFALTOS DILUÍDOS CR-70","2022-05-01","***","***","***","***","***","***"]
["ASFALTOS DILUÍDOS CR-70","2022-06-01","***","***","***","***","***","***"]
["ASFALTOS DILUÍDOS CR-70","2022-07-01","***","***","***","***","***","***"]
["ASFALTOS DILUÍDOS CR-70","2022-08-01","***","***","***","***","***","***"]
["ASFALTOS DILUÍDOS CR-70","2022-09-01","***","***","***","***","***","***"]
["ASFALTOS DILUÍDOS CR-70","2022-10-01","***","***","***","***","***","***"]
["ASFALTOS DILUÍDOS CR-70","2022-11-01","***","***","***","***","***","***"]
["ASFALTOS DILUÍDOS CR-70","2022-12-01","***","***","***","***","***","***"]
["ASFALTOS DILUÍDOS CR-70","2023-01-01","***","***","***","***","***","***"]
["ASFALTOS DILUÍDOS CR-70","2023-02-01","***","***","***","***","***","***"]
["ASFALTOS DILUÍDOS CR-70","2023-03-01","***","***","***","***","***","***"]
["ASFALTOS DILUÍDOS CR-70","2023-04-01","***","***","***","***","***","***"]
["ASFALTOS DILUÍDOS CR-70","2023-05-01","***","***","***","***","***","***"]
["ASFALTOS DILUÍDOS CR-70","2023-06-01","***","***","***","***","***","***"]
["ASFALTOS DILUÍDOS CR-70","2023-07-01","***","***","***","***","***","***"]
["ASFALTOS DILUÍDOS CR-70","2023-08-01","***","***","***","***","***","***"]
["ASFALTOS DILUÍDOS CR-70","2023-09-01","***","***","***","***","***","***"]
["ASFALTOS DILUÍDOS CR-70","2023-10-01","***","***","***","***","***","***"]
["ASFALTOS DILUÍDOS CR-70","2023-11-01","***","***","***","***","***","***"]
["ASFALTOS DILUÍDOS CR-70","2023-12-01","***","***","***","***","***","***"]
["ASFALTOS DILUÍDOS CR-70","2024-01-01","***","***","***","***","***","***"]
["ASFALTOS DILUÍDOS CR-70","2024-02-01","***","***","***","***","***","***"]
["ASFALTOS DILUÍDOS CR-70","2024-03-01","***","***","***","***","***","***"]
["ASFALTOS DILUÍDOS CR-70","2024-04-01","***","***","***","***","***","***"]
["ASFALTOS DILUÍDOS CR-70","2024-05-01","***","***","***","***","***","***"]
["ASFALTOS DILUÍDOS CR-70","2024-06-01","***","***","***","***","***","***"]
["ASFALTOS DILUÍDOS CR-70","2024-07-01","***","***","***","***","***","***"]
["ASFALTOS DILUÍDOS CR-70","2024-08-01","***","***","***","***","***","***"]
["ASFALTOS DILUÍDOS CR-70","2024-09-01","***","***","***","***","***","***"]
["CAP MODIFICADO POR BORRACHA DE PNEU AB22","2009-12-01","***","***","***",1.1234649999999999,1.1484160238451699,1.1435287983662901]
["CAP MODIFICADO POR BORRACHA DE PNEU AB22","2010-01-01","***","***","***",1.15307,1.1135568954352699,1.1172737978187199]
["CAP MODIFICADO POR BORRACHA DE PNEU AB22","2010-02-01","***","***","***",1.15263,1.0478505613046001,1.0558425060979599]
["CAP MODIFICADO POR BORRACHA DE PNEU AB22","2010-03-01","***","***","***",1.15307,1.31,1.23787552880398]
["CAP MODIFICADO POR BORRACHA DE PNEU AB22","2010-04-01","***","***","***",1.15307,1.2383678377406,1.22350010471593]
["CAP MODIFICADO POR BORRACHA DE PNEU AB22","2010-05-01","***","***","***",1.15307,1.33598924774323,1.2764934501895]
["CAP MODIFICADO POR BORRACHA DE PNEU AB22","2010-06-01","***","***","***",1.15307,1.23805302172289,1.23292365204744]
["CAP MODIFICADO POR BORRACHA DE PNEU AB22","2010-07-01","***","***","***",1.2225512921511601,1.19691654370939,1.1987192796909001]
["CAP MODIFICADO POR BORRACHA DE PNEU AB22","2010-08-01","***","***","***",1.15198,1.1095153340030901,1.11015994296941]
["CAP MODIFICADO POR BORRACHA DE PNEU AB22","2010-09-01","***","***","***",1.14992443589224,1.10835866411113,1.1101841179191601]
["CAP MODIFICADO POR BORRACHA DE PNEU AB22","2010-10-01","***","***","***",1.1834025863181701,1.11934211231611,1.12604694560775]
["CAP MODIFICADO POR BORRACHA DE PNEU AB22","2010-11-01","***","***","***",1.2288644330518701,1.0641401488136399,1.0888511015806701]
["CAP MODIFICADO POR BORRACHA DE PNEU AB22","2010-12-01","***","***","***",1.2462800000000001,1.07197751535279,1.0789323518409699]
["CAP MODIFICADO POR BORRACHA DE PNEU AB22","2011-01-01","***","***","***",1.2462800000000001,0.98689694832691299,1.03500259773603]
["CAP MODIFICADO POR BORRACHA DE PNEU AB22","2011-02-01","***","***","***",1.2226309585177599,1.09275169426462,1.11805610644728]
["CAP MODIFICADO POR BORRACHA DE PNEU AB22","2011-03-01","***","***","***",1.2355602533505601,1.09455771184085,1.1461685961089101]
["CAP MODIFICADO POR BORRACHA DE PNEU AB22","2011-04-01","***","***","***",1.10591893363101,1.0814333170533199,1.0998096510789499]
["CAP MODIFICADO POR BORRACHA DE PNEU AB22","2011-05-01","***","***","***",1.1276787427600601,1.1728104665174699,1.1345451619239699]
["CAP MODIFICADO POR BORRACHA DE PNEU AB22","2011-06-01","***","***","***",1.10881648208522,1.0417412156536201,1.0988321598005899]
["CAP MODIFICADO POR BORRACHA DE PNEU AB22","2011-07-01","***","***","***",1.1690508266069599,1.19844243575537,1.1770227800200399]
["CAP MODIFICADO POR BORRACHA DE PNEU AB22","2011-08-01","***","***","***",1.1739893941559201,1.19788061479924,1.17701568210241]
["CAP MODIFICADO POR BORRACHA DE PNEU AB22","2011-09-01","***","***","***",1.2120613428599201,1.19754998609179,1.2094636031908901]
["CAP MODIFICADO POR BORRACHA DE PNEU AB22","2011-10-01","***","***","***",1.28062079261243,1.0520450466311599,1.1902302680057799]
["CAP MODIFICADO POR BORRACHA DE PNEU AB22","2011-11-01","***","***","***",1.2382708814290699,1.05597039475261,1.1651232780718801]
["CAP MODIFICADO POR BORRACHA DE PNEU AB22","2011-12-01","***","***","***",1.27929694805836,1.1310173506943,1.23204237484196]
["CAP MODIFICADO POR BORRACHA DE PNEU AB22","2012-01-01","***","***","***",1.28229887431821,1.17346682510885,1.2535014543417999]
["CAP MODIFICADO POR BORRACHA DE PNEU AB22","2012-02-01","***","***","***",1.2966007560263799,1.07840725864584,1.22349632035192]
["CAP MODIFICADO POR BORRACHA DE PNEU AB22","2012-03-01","***","***","***",1.29781835631012,1.1457979052549501,1.2304271122572401]
["CAP MODIFICADO POR BORRACHA DE PNEU AB22","2012-04-01","***","***","***",1.2948857233970501,1.04996731285895,1.1535264392000699]
["CAP MODIFICADO POR BORRACHA DE PNEU AB22","2012-05-01","***","***","***",1.33,1.14880803211425,1.16606964555968]
["CAP MODIFICADO POR BORRACHA DE PNEU AB22","2012-06-01","***","***","***","***",1.1093051257435,1.1093051257435]
["CAP MODIFICADO POR BORRACHA DE PNEU AB22","2012-07-01","***","***","***","***",1.16358684022887,1.16358684022887]
["CAP MODIFICADO POR BORRACHA DE PNEU AB22","2012-08-01","***","***","***",1.0637399999999999,1.14140617138184,1.13630619355763]
["CAP MODIFICADO POR BORRACHA DE PNEU AB22","2012-09-01","***","***","***",1.0637399999999999,1.27977738874656,1.2069180933215899]
["CAP MODIFICADO POR BORRACHA DE PNEU AB22","2012-10-01","***","***","***",1.06867,1.2379055871702001,1.21588767247199]
["CAP MODIFICADO POR BORRACHA DE PNEU AB22","2012-11-01","***","***","***","***",1.2617477396963099,1.2617477396963099]
["CAP MODIFICADO POR BORRACHA DE PNEU AB22","2012-12-01","***","***","***","***",1.3118067572668899,1.3118067572668899]
["CAP MODIFICADO POR BORRACHA DE PNEU AB22","2013-01-01","***","***","***","***",1.29059891459513,1.29059891459513]
["CAP MODIFICADO POR BORRACHA DE PNEU AB22","2013-02-01","***","***","***","***",1.15569691154971,1.15569691154971]
["CAP MODIFICADO POR BORRACHA DE PNEU AB22","2013-03-01","***","***","***","***",1.3072032579042001,1.3072032579042001]
["CAP MODIFICADO POR BORRACHA DE PNEU AB22","2013-04-01","***","***","***","***",1.19642693878824,1.19642693878824]
["CAP MODIFICADO POR BORRACHA DE PNEU AB22","2013-05-01","***","***","***","***",1.2685492001459,1.2685492001459]
["CAP MODIFICADO POR BORRACHA DE PNEU AB22","2013-06-01","***","***","***","***",1.1563630036400201,1.1563630036400201]
["CAP MODIFICADO POR BORRACHA DE PNEU AB22","2013-07-01","***","***","***","***",1.2872586218234801,1.2872586218234801]
["CAP MODIFICADO POR BORRACHA DE PNEU AB22","2013-08-01","***","***","***","***",1.3293076114274001,1.3293076114274001]
["CAP MODIFICADO POR BORRACHA DE PNEU AB22","2013-09-01","***","***","***","***","***","***"]
["CAP MODIFICADO POR BORRACHA DE PNEU AB22","2013-10-01","***","***","***","***","***","***"]
["CAP MODIFICADO POR BORRACHA DE PNEU AB22","2013-11-01","***","***","***",1.2402,"***",1.2402]
["CAP MODIFICADO POR BORRACHA DE PNEU AB22","2013-12-01","***","***","***",1.2402,"***",1.2402]
["CAP MODIFICADO POR BORRACHA DE PNEU AB22","2014-01-01","***","***","***",1.2376,"***",1.2376]
["CAP MODIFICADO POR BORRACHA DE PNEU AB22","2014-02-01","***","***","***",1.2376,"***",1.2376]
["CAP MODIFICADO POR BORRACHA DE PNEU AB22","2014-03-01","***","***","***",1.258,1.5686,1.28524816648822]
["CAP MODIFICADO POR BORRACHA DE PNEU AB22","2014-04-01","***","***","***",1.2566999999999999,"***",1.2566999999999999]
["CAP MODIFICADO POR BORRACHA DE PNEU AB22","2014-05-01","***","***","***",1.2648528509199699,"***",1.2648528509199699]
["CAP MODIFICADO POR BORRACHA DE PNEU AB22","2014-06-01","***","***","***",1.2696562557437301,"***",1.2696562557437301]
["CAP MODIFICADO POR BORRACHA DE PNEU AB22","2014-07-01","***","***","***",1.2954000000000001,"***",1.2954000000000001]
["CAP MODIFICADO POR BORRACHA DE PNEU AB22","2014-08-01","***","***","***",1.3118505057869301,"***",1.3118505057869301]
["CAP MODIFICADO POR BORRACHA DE PNEU AB22","2014-09-01","***","***","***","***","***","***"]
["CAP MODIFICADO POR BORRACHA DE PNEU AB22","2014-10-01","***","***","***","***",1.2496365728900301,1.2496365728900301]
["CAP MODIFICADO POR BORRACHA DE PNEU AB22","2014-11-01","***","***","***","***","***","***"]
["CAP MODIFICADO POR BORRACHA DE PNEU AB22","2014-12-01","***","***","***","***","***","***"]
["CAP MODIFICADO POR BORRACHA DE PNEU AB22","2015-01-01","***","***","***","***","***","***"]
["CAP MODIFICADO POR BORRACHA DE PNEU AB22","2015-02-01","***","***","***","***","***","***"]
["CAP MODIFICADO POR BORRACHA DE PNEU AB22","2015-03-01","***","***","***","***","***","***"]
["CAP MODIFICADO POR BORRACHA DE PNEU AB22","2015-04-01","***","***","***","***","***","***"]
["CAP MODIFICADO POR BORRACHA DE PNEU AB22","2015-05-01","***","***","***","***","***","***"]
["CAP MODIFICADO POR BORRACHA DE PNEU AB22","2015-06-01","***","***","***","***","***","***"]
["CAP MODIFICADO POR BORRACHA DE PNEU AB22","2015-07-01","***","***","***","***","***","***"]
["CAP MODIFICADO POR BORRACHA DE PNEU AB22","2015-08-01","***","***","***",1.2886,1.575,1.43168759321443]
["CAP MODIFICADO POR BORRACHA DE PNEU AB22","2015-09-01","***","***","***",1.34940401695297,1.63024999771088,1.4605944888526401]
["CAP MODIFICADO POR BORRACHA DE PNEU AB22","2015-10-01","***","***","***",1.38312191948101,1.6719900000000001,1.4617239504458199]
["CAP MODIFICADO POR BORRACHA DE PNEU AB22","2015-11-01","***","***","***",1.4775499725666601,"***",1.4775499725666601]
["CAP MODIFICADO POR BORRACHA DE PNEU AB22","2015-12-01","***","***","***","***","***","***"]
["CAP MODIFICADO POR BORRACHA DE PNEU AB22","2016-01-01","***","***","***","***","***","***"]
["CAP MODIFICADO POR BORRACHA DE PNEU AB22","2016-02-01","***","***","***","***","***","***"]
["CAP MODIFICADO POR BORRACHA DE PNEU AB22","2016-03-01","***","***","***","***",1.6474,1.6474]
["CAP MODIFICADO POR BORRACHA DE PNEU AB22","2016-04-01","***","***","***","***",1.9315,1.9315]
["CAP MODIFICADO POR BORRACHA DE PNEU AB22","2016-05-01","***","***","***","***",1.9306000000000001,1.9306000000000001]
["CAP MODIFICADO POR BORRACHA DE PNEU AB22","2016-06-01","***","***","***","***",1.9298,1.9298]
["CAP MODIFICADO POR BORRACHA DE PNEU AB22","2016-07-01","***","***","***","***",1.9291,1.9291]
["CAP MODIFICADO POR BORRACHA DE PNEU AB22","2016-08-01","***","***","***","***",1.75626579565393,1.75626579565393]
["CAP MODIFICADO POR BORRACHA DE PNEU AB22","2016-09-01","***","***",1.9316,1.70237608111738,1.6322832917768,1.6837156688536901]
["CAP MODIFICADO POR BORRACHA DE PNEU AB22","2016-10-01","***","***",1.9358,1.7030172137301001,1.6143020545553699,1.72006962319735]
["CAP MODIFICADO POR BORRACHA DE PNEU AB22","2016-11-01","***","***",1.9358,"***",1.62578037915956,1.6876625635444]
["CAP MODIFICADO POR BORRACHA DE PNEU AB22","2016-12-01","***","***","***","***",1.6872621715085301,1.6872621715085301]
["CAP MODIFICADO POR BORRACHA DE PNEU AB22","2017-01-01","***","***","***","***",1.6734079698981601,1.6734079698981601]
["CAP MODIFICADO POR BORRACHA DE PNEU AB22","2017-02-01","***","***","***","***",1.64194293570105,1.64194293570105]
["CAP MODIFICADO POR BORRACHA DE PNEU AB22","2017-03-01","***","***","***","***",1.6301132571894501,1.6301132571894501]
["CAP MODIFICADO POR BORRACHA DE PNEU AB22","2017-04-01","***","***","***","***","***","***"]
["CAP MODIFICADO POR BORRACHA DE PNEU AB22","2017-05-01","***","***","***",1.7444,1.6160751800895801,1.6507208966853999]
["CAP MODIFICADO POR BORRACHA DE PNEU AB22","2017-06-01","***","***","***",1.73417588842698,1.61373363738558,1.6726636681265701]
["CAP MODIFICADO POR BORRACHA DE PNEU AB22","2017-07-01","***","***","***","***",1.5218674902420899,1.5218674902420899]
["CAP MODIFICADO POR BORRACHA DE PNEU AB22","2017-08-01","***","***","***","***",1.5154307004538601,1.5154307004538601]
["CAP MODIFICADO POR BORRACHA DE PNEU AB22","2017-09-01","***","***","***","***",1.43008103000714,1.43008103000714]
["CAP MODIFICADO POR BORRACHA DE PNEU AB22","2017-10-01","***","***","***","***",1.6500083430238599,1.6500083430238599]
["CAP MODIFICADO POR BORRACHA DE PNEU AB22","2017-11-01","***","***","***","***",1.60113260726308,1.60113260726308]
["CAP MODIFICADO POR BORRACHA DE PNEU AB22","2017-12-01","***","***","***",1.67927,1.58672305341452,1.5902267217916899]
["CAP MODIFICADO POR BORRACHA DE PNEU AB22","2018-01-01","***","***","***","***",1.9039517789379501,1.9039517789379501]
["CAP MODIFICADO POR BORRACHA DE PNEU AB22","2018-02-01","***","***","***","***",1.79221573142559,1.79221573142559]
["CAP MODIFICADO POR BORRACHA DE PNEU AB22","2018-03-01","***","***",2.0981999999999998,"***",2.0236659989272301,2.0342826942655599]
["CAP MODIFICADO POR BORRACHA DE PNEU AB22","2018-04-01","***","***",2.1002000000000001,"***",2.0674864250658498,2.0740626225658501]
["CAP MODIFICADO POR BORRACHA DE PNEU AB22","2018-05-01","***","***","***",1.8197000000000001,2.1875293896010199,2.1613831664948502]
["CAP MODIFICADO POR BORRACHA DE PNEU AB22","2018-06-01","***","***","***",1.9635,2.2124254039946201,2.1202259111662101]
["CAP MODIFICADO POR BORRACHA DE PNEU AB22","2018-07-01","***","***","***",2.1217000000000001,2.2766539530729899,2.2429636025160402]
["CAP MODIFICADO POR BORRACHA DE PNEU AB22","2018-08-01","***","***","***",2.29724191343964,2.3963496857915301,2.3720242672791598]
["CAP MODIFICADO POR BORRACHA DE PNEU AB22","2018-09-01","***","***","***",2.2941968859384398,2.2647356710387299,2.2707685973454601]
["CAP MODIFICADO POR BORRACHA DE PNEU AB22","2018-10-01","***","***","***",2.29882848610985,2.3356848506271399,2.3247831166189301]
["CAP MODIFICADO POR BORRACHA DE PNEU AB22","2018-11-01","***","***","***","***",2.4298255734606098,2.4298255734606098]
["CAP MODIFICADO POR BORRACHA DE PNEU AB22","2018-12-01","***","***","***","***",2.7139630278642501,2.7139630278642501]
["CAP MODIFICADO POR BORRACHA DE PNEU AB22","2019-01-01","***","***","***","***",2.5396018975705799,2.5396018975705799]
["CAP MODIFICADO POR BORRACHA DE PNEU AB22","2019-02-01","***","***","***","***",2.88936194862073,2.88936194862073]
["CAP MODIFICADO POR BORRACHA DE PNEU AB22","2019-03-01","***","***","***","***",2.9102769479894599,2.9102769479894599]
["CAP MODIFICADO POR BORRACHA DE PNEU AB22","2019-04-01","***","***","***","***",3.0029316905811898,3.0029316905811898]
["CAP MODIFICADO POR BORRACHA DE PNEU AB22","2019-05-01","***","***","***","***",2.9835210751944099,2.9835210751944099]
["CAP MODIFICADO POR BORRACHA DE PNEU AB22","2019-06-01","***","***","***","***",3.0021841383601999,3.0021841383601999]
["CAP MODIFICADO POR BORRACHA DE PNEU AB22","2019-07-01","***","***","***","***",2.9631306196895899,2.9631306196895899]
["CAP MODIFICADO POR BORRACHA DE PNEU AB22","2019-08-01","***","***","***","***",2.9122222973113501,2.9122222973113501]
["CAP MODIFICADO POR BORRACHA DE PNEU AB22","2019-09-01","***","***","***","***",2.9973432740283399,2.9973432740283399]
["CAP MODIFICADO POR BORRACHA DE PNEU AB22","2019-10-01","***","***","***","***",2.97281684994651,2.97281684994651]
["CAP MODIFICADO POR BORRACHA DE PNEU AB22","2019-11-01","***","***","***","***",2.9257857330931301,2.9257857330931301]
["CAP MODIFICADO POR BORRACHA DE PNEU AB22","2019-12-01","***","***","***","***",2.92628665582111,2.92628665582111]
["CAP MODIFICADO POR BORRACHA DE PNEU AB22","2020-01-01","***","***","***","***",3.0614853570727698,3.0614853570727698]
["CAP MODIFICADO POR BORRACHA DE PNEU AB22","2020-02-01","***","***","***","***",2.9441249754548098,2.9441249754548098]
["CAP MODIFICADO POR BORRACHA DE PNEU AB22","2020-03-01","***","***","***",2.3338133656417099,2.8701788772266998,2.6026419140147401]
["CAP MODIFICADO POR BORRACHA DE PNEU AB22","2020-04-01","***","***","***","***",2.66652694068374,2.66652694068374]
["CAP MODIFICADO POR BORRACHA DE PNEU AB22","2020-05-01","***","***","***","***",2.5451535790889102,2.5451535790889102]
["CAP MODIFICADO POR BORRACHA DE PNEU AB22","2020-06-01","***","***","***","***",2.5092568124999999,2.5092568124999999]
["CAP MODIFICADO POR BORRACHA DE PNEU AB22","2020-07-01","***","***","***","***",2.59246198552185,2.59246198552185]
["CAP MODIFICADO POR BORRACHA DE PNEU AB22","2020-08-01","***","***","***","***",2.7246233338989598,2.7246233338989598]
["CAP MODIFICADO POR BORRACHA DE PNEU AB22","2020-09-01","***","***","***","***",2.8353251973114202,2.8353251973114202]
["CAP MODIFICADO POR BORRACHA DE PNEU AB22","2020-10-01","***","***","***","***",2.9223707309090301,2.9223707309090301]
["CAP MODIFICADO POR BORRACHA DE PNEU AB22","2020-11-01","***","***","***","***",3.0233679410381802,3.0233679410381802]
["CAP MODIFICADO POR BORRACHA DE PNEU AB22","2020-12-01","***","***","***","***",2.7597216973841801,2.7597216973841801]
["CAP MODIFICADO POR BORRACHA DE PNEU AB22","2021-01-01","***","***","***","***",2.6898269883937198,2.6898269883937198]
["CAP MODIFICADO POR BORRACHA DE PNEU AB22","2021-02-01","***","***","***","***",2.9053264217353001,2.9053264217353001]
["CAP MODIFICADO POR BORRACHA DE PNEU AB22","2021-03-01","***","***","***","***",2.9823204104420098,2.9823204104420098]
["CAP MODIFICADO POR BORRACHA DE PNEU AB22","2021-04-01","***","***","***","***",2.9887647948792502,2.9887647948792502]
["CAP MODIFICADO POR BORRACHA DE PNEU AB22","2021-05-01","***","***","***",3.1898499999999999,"***",3.1898499999999999]
["CAP MODIFICADO POR BORRACHA DE PNEU AB22","2021-06-01","***","***","***",3.1898499999999999,3.43068424488908,3.3592222633833]
["CAP MODIFICADO POR BORRACHA DE PNEU AB22","2021-07-01","***","***",3.33216,3.1898499999999999,3.5997505795544602,3.5507911458697299]
["CAP MODIFICADO POR BORRACHA DE PNEU AB22","2021-08-01","***","***",3.4804200000000001,3.4194599999999999,3.76509191442902,3.6250442978491999]
["CAP MODIFICADO POR BORRACHA DE PNEU AB22","2021-09-01","***","***",3.4876968518888698,3.4194599999999999,3.7067812736464001,3.5711046522968699]
["CAP MODIFICADO POR BORRACHA DE PNEU AB22","2021-10-01","***","***",3.4891000000000001,"***",3.8427306714007199,3.72671980109277]
["CAP MODIFICADO POR BORRACHA DE PNEU AB22","2021-11-01","***","***",3.8336125302297499,"***",3.6944155367350602,3.7600724362414799]
["CAP MODIFICADO POR BORRACHA DE PNEU AB22","2021-12-01","***","***",3.8336999999999999,"***",4.0219128668427002,3.9713167077319098]
["CAP MODIFICADO POR BORRACHA DE PNEU AB22","2022-01-01","***","***","***","***",4.3282443506625903,4.3282443506625903]
["CAP MODIFICADO POR BORRACHA DE PNEU AB22","2022-02-01","***","***","***","***","***","***"]
["CAP MODIFICADO POR BORRACHA DE PNEU AB22","2022-03-01","***","***","***","***",4.1055573453744296,4.1055573453744296]
["CAP MODIFICADO POR BORRACHA DE PNEU AB22","2022-04-01","***","***","***","***",4.8064477756192296,4.8064477756192296]
["CAP MODIFICADO POR BORRACHA DE PNEU AB22","2022-05-01","***","***","***","***",4.3426154565846904,4.3426154565846904]
["CAP MODIFICADO POR BORRACHA DE PNEU AB22","2022-06-01","***","***","***",4.7340745704234903,4.3603267557127996,4.5433500180547304]
["CAP MODIFICADO POR BORRACHA DE PNEU AB22","2022-07-01","***","***","***",4.8250618466361104,4.47060224446503,4.6680927759400896]
["CAP MODIFICADO POR BORRACHA DE PNEU AB22","2022-08-01","***","***",4.3657899999999996,4.71021,4.2637194547005297,4.4502342369668701]
["CAP MODIFICADO POR BORRACHA DE PNEU AB22","2022-09-01","***","***","***",4.46248976251667,4.3553228925478802,4.4290786800808597]
["CAP MODIFICADO POR BORRACHA DE PNEU AB22","2022-10-01","***","***","***",4.1182570288017804,3.9235122437037,4.0391186946509698]
["CAP MODIFICADO POR BORRACHA DE PNEU AB22","2022-11-01","***","***","***",4.1808408318130397,3.7396840026282998,4.0042046159597904]
["CAP MODIFICADO POR BORRACHA DE PNEU AB22","2022-12-01","***","***","***",4.0950600000000001,3.8371325407279002,4.0170272063758397]
["CAP MODIFICADO POR BORRACHA DE PNEU AB22","2023-01-01","***","***","***","***",3.57402935987407,3.57402935987407]
["CAP MODIFICADO POR BORRACHA DE PNEU AB22","2023-02-01","***","***","***","***",3.6251798597801299,3.6251798597801299]
["CAP MODIFICADO POR BORRACHA DE PNEU AB22","2023-03-01","***","***","***","***",3.41897906718585,3.41897906718585]
["CAP MODIFICADO POR BORRACHA DE PNEU AB22","2023-04-01","***","***","***","***",3.6497567780748699,3.6497567780748699]
["CAP MODIFICADO POR BORRACHA DE PNEU AB22","2023-05-01","***","***","***",3.8208299999999999,3.51503875964793,3.6932946574800898]
["CAP MODIFICADO POR BORRACHA DE PNEU AB22","2023-06-01","***","***","***",3.5966049338667001,"***",3.5966049338667001]
["CAP MODIFICADO POR BORRACHA DE PNEU AB22","2023-07-01","***","***","***",3.3800359871429499,"***",3.3800359871429499]
["CAP MODIFICADO POR BORRACHA DE PNEU AB22","2023-08-01","***","***","***",3.3800347111681601,"***",3.3800347111681601]
["CAP MODIFICADO POR BORRACHA DE PNEU AB22","2023-09-01","***","***","***","***","***","***"]
["CAP MODIFICADO POR BORRACHA DE PNEU AB22","2023-10-01","***","***","***","***","***","***"]
["CAP MODIFICADO POR BORRACHA DE PNEU AB22","2023-11-01","***","***","***","***","***","***"]
["CAP MODIFICADO POR BORRACHA DE PNEU AB22","2023-12-01","***","***","***","***","***","***"]
["CAP MODIFICADO POR BORRACHA DE PNEU AB22","2024-01-01","***","***","***","***","***","***"]
["CAP MODIFICADO POR BORRACHA DE PNEU AB22","2024-02-01","***","***","***","***","***","***"]
["CAP MODIFICADO POR BORRACHA DE PNEU AB22","2024-03-01","***","***","***","***","***","***"]
["CAP MODIFICADO POR BORRACHA DE PNEU AB22","2024-04-01","***","***","***","***","***","***"]
["CAP MODIFICADO POR BORRACHA DE PNEU AB22","2024-05-01","***","***","***","***","***","***"]
["CAP MODIFICADO POR BORRACHA DE PNEU AB22","2024-06-01","***","***","***","***","***","***"]
["CAP MODIFICADO POR BORRACHA DE PNEU AB22","2024-07-01","***","***","***","***","***","***"]
["CAP MODIFICADO POR BORRACHA DE PNEU AB22","2024-08-01","***","***","***","***","***","***"]
["CAP MODIFICADO POR BORRACHA DE PNEU AB22","2024-09-01","***","***","***","***","***","***"]
["CAP MODIFICADO POR BORRACHA DE PNEU AB8","2009-12-01","***",1.61917298981608,"***",1.06095235819394,1.30987759704975,1.2964571042515001]
["CAP MODIFICADO POR BORRACHA DE PNEU AB8","2010-01-01","***",1.52873956380183,"***",1.0437136467730701,1.23312769013706,1.24926279741791]
["CAP MODIFICADO POR BORRACHA DE PNEU AB8","2010-02-01","***",1.6189,"***",1.13432787504401,1.2594469931649299,1.2953022436582999]
["CAP MODIFICADO POR BORRACHA DE PNEU AB8","2010-03-01","***",1.53376939546313,"***",1.1203269547736601,1.25874456834396,1.25447567722838]
["CAP MODIFICADO POR BORRACHA DE PNEU AB8","2010-04-01","***","***",1.5584,1.1320152246166999,1.2334920145666399,1.19587278327276]
["CAP MODIFICADO POR BORRACHA DE PNEU AB8","2010-05-01","***","***",1.5570999999999999,1.12687218545271,1.1358577003397199,1.1448166793615699]
["CAP MODIFICADO POR BORRACHA DE PNEU AB8","2010-06-01","***","***","***","***",1.1009852629038901,1.1009852629038901]
["CAP MODIFICADO POR BORRACHA DE PNEU AB8","2010-07-01","***","***","***","***",1.1575927179621199,1.1575927179621199]
["CAP MODIFICADO POR BORRACHA DE PNEU AB8","2010-08-01","***","***","***",1.1467761637718401,1.13696461983119,1.13939012855648]
["CAP MODIFICADO POR BORRACHA DE PNEU AB8","2010-09-01","***","***","***",1.00592660417902,1.10571086273232,1.0912752020066701]
["CAP MODIFICADO POR BORRACHA DE PNEU AB8","2010-10-01","***",1.5018,"***",1.0477000000000001,1.0983352077291499,1.1034981759070901]
["CAP MODIFICADO POR BORRACHA DE PNEU AB8","2010-11-01","***",1.46328889226561,"***",1.17657657249688,1.20322374180225,1.20739108890879]
["CAP MODIFICADO POR BORRACHA DE PNEU AB8","2010-12-01","***",1.4986999999999999,"***",1.16086774341432,1.21405732059893,1.21039229899638]
["CAP MODIFICADO POR BORRACHA DE PNEU AB8","2011-01-01","***",1.4986999999999999,"***",1.2285999999999999,1.07743576215413,1.0958522344186801]
["CAP MODIFICADO POR BORRACHA DE PNEU AB8","2011-02-01","***","***","***","***",1.15316828624185,1.15316828624185]
["CAP MODIFICADO POR BORRACHA DE PNEU AB8","2011-03-01","***",1.4990000000000001,"***",1.16898375564638,1.1981252852301001,1.1968295138359]
["CAP MODIFICADO POR BORRACHA DE PNEU AB8","2011-04-01","***","***","***",1.00360645109135,1.1113628611713999,1.10858853585537]
["CAP MODIFICADO POR BORRACHA DE PNEU AB8","2011-05-01","***",1.6555,"***",1.0112000000000001,1.0875433862010799,1.09307472907116]
["CAP MODIFICADO POR BORRACHA DE PNEU AB8","2011-06-01","***",1.4972000000000001,"***",1.06949870785192,1.0794293698078401,1.1146388348849301]
["CAP MODIFICADO POR BORRACHA DE PNEU AB8","2011-07-01","***",1.6524000000000001,"***","***",1.0616728004746601,1.13230283718045]
["CAP MODIFICADO POR BORRACHA DE PNEU AB8","2011-08-01","***","***","***",0.9768,1.0587876343724401,1.0557410639221201]
["CAP MODIFICADO POR BORRACHA DE PNEU AB8","2011-09-01","***","***","***",1.18659916789036,1.1261270384123601,1.12751757522323]
["CAP MODIFICADO POR BORRACHA DE PNEU AB8","2011-10-01","***","***","***",0.98040000000000005,1.08119853699909,1.0800477091732601]
["CAP MODIFICADO POR BORRACHA DE PNEU AB8","2011-11-01","***",1.6526000000000001,"***",1.1781999999999999,1.16903514532487,1.1787741567516701]
["CAP MODIFICADO POR BORRACHA DE PNEU AB8","2011-12-01","***","***","***",1.10218302374844,1.26199891412703,1.18922165733537]
["CAP MODIFICADO POR BORRACHA DE PNEU AB8","2012-01-01","***","***","***",1.0661708911411401,1.1428234076621999,1.10218354522079]
["CAP MODIFICADO POR BORRACHA DE PNEU AB8","2012-02-01","***","***","***",1.1022499134948101,1.25726687247061,1.1660677742648999]
["CAP MODIFICADO POR BORRACHA DE PNEU AB8","2012-03-01","***","***","***",1.05492617973754,1.0884500886819299,1.0679835457468101]
["CAP MODIFICADO POR BORRACHA DE PNEU AB8","2012-04-01","***",1.6051,"***",1.0777133933713601,1.0738306477672099,1.0802140752968299]
["CAP MODIFICADO POR BORRACHA DE PNEU AB8","2012-05-01","***","***","***",1.0918985103704399,1.1161429405957499,1.1026848608277899]
["CAP MODIFICADO POR BORRACHA DE PNEU AB8","2012-06-01","***","***","***",1.1527001851507099,1.1714950737584,1.16473505589783]
["CAP MODIFICADO POR BORRACHA DE PNEU AB8","2012-07-01","***","***","***",1.1570435171497799,1.34227251185455,1.2740975889439401]
["CAP MODIFICADO POR BORRACHA DE PNEU AB8","2012-08-01","***","***","***",1.16194572649351,1.2164282367000001,1.1896014117887901]
["CAP MODIFICADO POR BORRACHA DE PNEU AB8","2012-09-01","***","***","***",1.17309729328795,1.37047384161935,1.2885910018958899]
["CAP MODIFICADO POR BORRACHA DE PNEU AB8","2012-10-01","***","***","***",1.1673012787080299,1.18751306579109,1.1788445221489401]
["CAP MODIFICADO POR BORRACHA DE PNEU AB8","2012-11-01","***","***","***",1.19815213826663,1.35674554796904,1.27115752507785]
["CAP MODIFICADO POR BORRACHA DE PNEU AB8","2012-12-01","***","***","***",1.18699559881706,1.3407999440320499,1.2310009919723599]
["CAP MODIFICADO POR BORRACHA DE PNEU AB8","2013-01-01","***","***","***",1.1566429983553499,1.35906487257732,1.25924680863516]
["CAP MODIFICADO POR BORRACHA DE PNEU AB8","2013-02-01","***","***","***",1.1706604714881499,1.2326813440111399,1.19833407958653]
["CAP MODIFICADO POR BORRACHA DE PNEU AB8","2013-03-01","***","***","***",1.1781083404161601,1.3873908250087299,1.25351695705361]
["CAP MODIFICADO POR BORRACHA DE PNEU AB8","2013-04-01","***","***",1.65,1.1754767855148101,1.2965283118648501,1.2382929026096601]
["CAP MODIFICADO POR BORRACHA DE PNEU AB8","2013-05-01","***","***",1.65,1.2187666332957701,1.20147096762552,1.2334313171922899]
["CAP MODIFICADO POR BORRACHA DE PNEU AB8","2013-06-01","***","***","***",1.23366710671424,1.20652055491383,1.2225362503408601]
["CAP MODIFICADO POR BORRACHA DE PNEU AB8","2013-07-01","***","***","***",1.2330444179375799,1.3989500633651399,1.3441614054256801]
["CAP MODIFICADO POR BORRACHA DE PNEU AB8","2013-08-01","***","***","***",1.2452399162508101,1.3716984574828399,1.3444955251608499]
["CAP MODIFICADO POR BORRACHA DE PNEU AB8","2013-09-01","***","***","***",1.2484582307113901,1.2757130885666801,1.2669449941845501]
["CAP MODIFICADO POR BORRACHA DE PNEU AB8","2013-10-01","***","***","***",1.25744175358439,1.2513071926360699,1.25321139466595]
["CAP MODIFICADO POR BORRACHA DE PNEU AB8","2013-11-01","***","***","***",1.25614182551456,1.2749247803938499,1.2680468498741799]
["CAP MODIFICADO POR BORRACHA DE PNEU AB8","2013-12-01","***","***","***",1.2477874668226201,1.2720476044962701,1.2618957613007999]
["CAP MODIFICADO POR BORRACHA DE PNEU AB8","2014-01-01","***","***","***",1.2932810719361101,1.3161819846399601,1.3066017256717]
["CAP MODIFICADO POR BORRACHA DE PNEU AB8","2014-02-01","***","***","***",1.21931017380865,1.25943899828175,1.2487040910182501]
["CAP MODIFICADO POR BORRACHA DE PNEU AB8","2014-03-01","***","***","***",1.3125783159104101,1.3201403522497299,1.31867649237063]
["CAP MODIFICADO POR BORRACHA DE PNEU AB8","2014-04-01","***","***",1.2971999999999999,1.22979584653206,1.2907811578845001,1.2675586241507699]
["CAP MODIFICADO POR BORRACHA DE PNEU AB8","2014-05-01","***","***",1.2981,1.2312288883942299,1.2951243214092201,1.26872469879952]
["CAP MODIFICADO POR BORRACHA DE PNEU AB8","2014-06-01","***","***",1.29376687628432,1.14983242703161,1.2705208657340901,1.22930136865234]
["CAP MODIFICADO POR BORRACHA DE PNEU AB8","2014-07-01","***","***",1.2969999999999999,1.08296891202907,1.32176997199358,1.2307617233661501]
["CAP MODIFICADO POR BORRACHA DE PNEU AB8","2014-08-01","***","***",1.3862000000000001,1.2233743153263099,1.3645665026079301,1.3129158027904999]
["CAP MODIFICADO POR BORRACHA DE PNEU AB8","2014-09-01","***","***",1.3862000000000001,1.2218415041373001,1.3120346346156,1.2956517909907499]
["CAP MODIFICADO POR BORRACHA DE PNEU AB8","2014-10-01","***","***",1.2613848656717299,1.0620009799963299,1.2619096737842701,1.2150385341682901]
["CAP MODIFICADO POR BORRACHA DE PNEU AB8","2014-11-01","***","***",1.4453441259122599,1.0670025891542101,1.4066348107709601,1.3220595363627199]
["CAP MODIFICADO POR BORRACHA DE PNEU AB8","2014-12-01","***","***","***","***","***","***"]
["CAP MODIFICADO POR BORRACHA DE PNEU AB8","2015-01-01","***","***",1.5611999999999999,1.48007577022639,1.8174948343083299,1.6579997734190299]
["CAP MODIFICADO POR BORRACHA DE PNEU AB8","2015-02-01","***","***",1.4702,1.4210237239311301,1.76009902710875,1.66420728815014]
["CAP MODIFICADO POR BORRACHA DE PNEU AB8","2015-03-01","***","***",1.5611999999999999,1.41045654599891,1.72169445279415,1.6758204102784899]
["CAP MODIFICADO POR BORRACHA DE PNEU AB8","2015-04-01","***","***","***",1.60887420462223,1.5860921202574101,1.59098470543302]
["CAP MODIFICADO POR BORRACHA DE PNEU AB8","2015-05-01","***","***",1.4702,1.6912124389107801,1.6207977754185099,1.62390522139567]
["CAP MODIFICADO POR BORRACHA DE PNEU AB8","2015-06-01","***","***",1.5179011306820001,1.6145162271500899,1.6017483506977701,1.5935621528497801]
["CAP MODIFICADO POR BORRACHA DE PNEU AB8","2015-07-01","***","***",1.5977934613020299,1.7166425651895201,1.60462054317702,1.62290787044692]
["CAP MODIFICADO POR BORRACHA DE PNEU AB8","2015-08-01","***","***",1.59434167031131,1.5501896015112999,1.7220942288083401,1.6543857819323999]
["CAP MODIFICADO POR BORRACHA DE PNEU AB8","2015-09-01","***","***",1.6926561401637099,1.5738426935643299,1.65532414121913,1.6647946940090901]
["CAP MODIFICADO POR BORRACHA DE PNEU AB8","2015-10-01","***","***",1.81829440912575,1.7506096295951501,1.78625214132573,1.7845721620899799]
["CAP MODIFICADO POR BORRACHA DE PNEU AB8","2015-11-01","***","***",1.7654000000000001,1.69741743402483,1.89798853889546,1.8565446439173201]
["CAP MODIFICADO POR BORRACHA DE PNEU AB8","2015-12-01","***","***","***",1.61075529000386,1.8539203354988101,1.7954765562227899]
["CAP MODIFICADO POR BORRACHA DE PNEU AB8","2016-01-01","***","***","***",1.4357595705080299,1.8849056893643601,1.8137064656530899]
["CAP MODIFICADO POR BORRACHA DE PNEU AB8","2016-02-01","***","***","***",1.4452717952496501,1.81617989496429,1.6799878123507901]
["CAP MODIFICADO POR BORRACHA DE PNEU AB8","2016-03-01","***","***",1.7392000000000001,1.7191866791115999,1.8393653384765101,1.81082446270343]
["CAP MODIFICADO POR BORRACHA DE PNEU AB8","2016-04-01","***","***","***",1.9844119046434301,2.0758937691256998,2.0604458450313001]
["CAP MODIFICADO POR BORRACHA DE PNEU AB8","2016-05-01","***","***","***",1.8746938010070899,1.97881407835791,1.9613906464489601]
["CAP MODIFICADO POR BORRACHA DE PNEU AB8","2016-06-01","***","***","***",2.0888976160885799,2.0706527932673602,2.0731574995579498]
["CAP MODIFICADO POR BORRACHA DE PNEU AB8","2016-07-01","***","***","***",1.8777269944177799,2.06550028511937,2.0511184112593499]
["CAP MODIFICADO POR BORRACHA DE PNEU AB8","2016-08-01","***","***","***",1.57255197581995,2.0024954441672298,1.889755798276]
["CAP MODIFICADO POR BORRACHA DE PNEU AB8","2016-09-01","***","***","***",1.67881937315819,1.9116851305045199,1.87286382687442]
["CAP MODIFICADO POR BORRACHA DE PNEU AB8","2016-10-01","***","***","***",1.72551962910762,1.89190597113153,1.8304053595463099]
["CAP MODIFICADO POR BORRACHA DE PNEU AB8","2016-11-01","***","***",1.74604513615255,1.7110442843342499,1.87794683727685,1.8500704313954801]
["CAP MODIFICADO POR BORRACHA DE PNEU AB8","2016-12-01","***","***",1.74638234573764,1.6769229103277099,1.9051327058536001,1.87184925493933]
["CAP MODIFICADO POR BORRACHA DE PNEU AB8","2017-01-01","***","***",1.7464498097971199,"***",1.89421950293719,1.8754375090869799]
["CAP MODIFICADO POR BORRACHA DE PNEU AB8","2017-02-01","***","***",1.84454098989195,1.6538999999999999,1.8934384004474301,1.8887869296586499]
["CAP MODIFICADO POR BORRACHA DE PNEU AB8","2017-03-01","***","***",1.8535146911115099,1.8960315506589001,1.8885790761143799,1.88721789876484]
["CAP MODIFICADO POR BORRACHA DE PNEU AB8","2017-04-01","***","***","***","***","***","***"]
["CAP MODIFICADO POR BORRACHA DE PNEU AB8","2017-05-01","***","***",1.8065925692439699,1.6954062245752799,1.8804092085331501,1.82764404336319]
["CAP MODIFICADO POR BORRACHA DE PNEU AB8","2017-06-01","***","***",1.8247501199301099,1.5850772602869001,1.88242918763492,1.8060853358611499]
["CAP MODIFICADO POR BORRACHA DE PNEU AB8","2017-07-01","***","***",1.8183932474881499,1.4795539904886601,1.8879976654430199,1.8123218176495399]
["CAP MODIFICADO POR BORRACHA DE PNEU AB8","2017-08-01","***","***",1.78724802782916,1.5738003638253599,1.8791611663327401,1.8361462138009801]
["CAP MODIFICADO POR BORRACHA DE PNEU AB8","2017-09-01","***","***",1.7902469689420399,1.5334923788025401,1.8232427397173401,1.80841092619879]
["CAP MODIFICADO POR BORRACHA DE PNEU AB8","2017-10-01","***","***",1.9343283379988301,1.6279014096428699,1.84147674659383,1.82524308486868]
["CAP MODIFICADO POR BORRACHA DE PNEU AB8","2017-11-01","***","***",1.9563079934224901,1.79100559675261,1.9140357338165499,1.90419992469904]
["CAP MODIFICADO POR BORRACHA DE PNEU AB8","2017-12-01","***","***",2.0670548810863201,1.92874186613475,1.91718692048615,1.9387046838092299]
["CAP MODIFICADO POR BORRACHA DE PNEU AB8","2018-01-01","***","***",2.4436176381318799,1.8712143585785701,2.08751290347185,2.1116769274661502]
["CAP MODIFICADO POR BORRACHA DE PNEU AB8","2018-02-01","***","***",2.4572973095135602,2.1259722742779199,2.1320752843337298,2.1526991908948099]
["CAP MODIFICADO POR BORRACHA DE PNEU AB8","2018-03-01","***","***",2.3512685672034199,1.90816668746455,2.1197819939351699,2.1066906863659698]
["CAP MODIFICADO POR BORRACHA DE PNEU AB8","2018-04-01","***","***",2.179366560429,1.9260251322613,2.0594670205922698,2.02851026403602]
["CAP MODIFICADO POR BORRACHA DE PNEU AB8","2018-05-01","***","***",2.2768385258681798,1.96581838093763,2.1288901724012401,2.0898719656784301]
["CAP MODIFICADO POR BORRACHA DE PNEU AB8","2018-06-01","***","***",2.3769615602632501,1.9730709160902,2.2508238909673901,2.2230585567506398]
["CAP MODIFICADO POR BORRACHA DE PNEU AB8","2018-07-01","***","***",2.4770607815804602,2.1014044141205699,2.3730649015579099,2.3398341379354699]
["CAP MODIFICADO POR BORRACHA DE PNEU AB8","2018-08-01","***","***",2.6996309021653002,2.3462509356471601,2.4977445030786698,2.4786283819183099]
["CAP MODIFICADO POR BORRACHA DE PNEU AB8","2018-09-01","***","***",2.6647926189547602,2.43297522695413,2.5821770237310901,2.5362225687173598]
["CAP MODIFICADO POR BORRACHA DE PNEU AB8","2018-10-01","***","***",2.6701270670198101,2.3900118410220901,2.7108548334601901,2.5876638860388299]
["CAP MODIFICADO POR BORRACHA DE PNEU AB8","2018-11-01","***","***",2.8751160485502401,2.4821156336111101,2.8874585188209001,2.7797383109634501]
["CAP MODIFICADO POR BORRACHA DE PNEU AB8","2018-12-01","***","***",2.9100999999999999,2.48101770044953,3.1577347781029101,2.92275521292283]
["CAP MODIFICADO POR BORRACHA DE PNEU AB8","2019-01-01","***","***","***",2.47979089810508,2.9447065019913499,2.7176181048808599]
["CAP MODIFICADO POR BORRACHA DE PNEU AB8","2019-02-01","***","***","***",2.5774410222437498,3.0767086670736599,2.9299480895698098]
["CAP MODIFICADO POR BORRACHA DE PNEU AB8","2019-03-01","***","***","***",2.6794149903996001,3.1125870325206,2.9675906307015398]
["CAP MODIFICADO POR BORRACHA DE PNEU AB8","2019-04-01","***","***","***",2.7028248899620899,3.15383579544722,2.9966509308559499]
["CAP MODIFICADO POR BORRACHA DE PNEU AB8","2019-05-01","***","***","***",2.6686232661930198,3.03767170198183,2.8702428528226398]
["CAP MODIFICADO POR BORRACHA DE PNEU AB8","2019-06-01","***","***","***",2.7316031068885498,3.6481446280570302,3.38049596589999]
["CAP MODIFICADO POR BORRACHA DE PNEU AB8","2019-07-01",2.7736200000000002,"***",3.02282137108529,2.9923763265422401,3.4390024773395802,3.2237123891444899]
["CAP MODIFICADO POR BORRACHA DE PNEU AB8","2019-08-01","***","***",2.8423113416618699,2.5535686564548001,3.01396074190423,2.8622721793846102]
["CAP MODIFICADO POR BORRACHA DE PNEU AB8","2019-09-01","***","***",2.7282500000000001,2.7603801128545502,2.9754597949443999,2.8914658619880802]
["CAP MODIFICADO POR BORRACHA DE PNEU AB8","2019-10-01","***","***",2.6810403787779902,2.5449124114125699,2.9588827905201902,2.85633838092776]
["CAP MODIFICADO POR BORRACHA DE PNEU AB8","2019-11-01","***","***",2.70824322414673,2.5758734026857599,3.0063070590313101,2.83702600677494]
["CAP MODIFICADO POR BORRACHA DE PNEU AB8","2019-12-01","***","***","***",2.6214992838887499,3.04157988495799,2.8895458324697301]
["CAP MODIFICADO POR BORRACHA DE PNEU AB8","2020-01-01","***",2.9613999999999998,2.8285380858564899,2.64205034973036,3.0642246738905201,2.8752101094373801]
["CAP MODIFICADO POR BORRACHA DE PNEU AB8","2020-02-01","***","***","***",2.4590215008939502,2.8902676514651602,2.7252961731335499]
["CAP MODIFICADO POR BORRACHA DE PNEU AB8","2020-03-01","***","***","***",2.3604012498264102,2.8313532691075798,2.6559068400149699]
["CAP MODIFICADO POR BORRACHA DE PNEU AB8","2020-04-01","***","***","***",2.3396149924846101,2.8244390683253302,2.6731035568013199]
["CAP MODIFICADO POR BORRACHA DE PNEU AB8","2020-05-01","***","***","***",2.3850887906873401,2.7957473788340801,2.7417292273163101]
["CAP MODIFICADO POR BORRACHA DE PNEU AB8","2020-06-01","***","***",2.5771700000000002,2.3767381042881199,2.8218500368677799,2.74191145662417]
["CAP MODIFICADO POR BORRACHA DE PNEU AB8","2020-07-01","***","***",2.5771700000000002,2.31298965297389,2.83279865194047,2.7472629097630601]
["CAP MODIFICADO POR BORRACHA DE PNEU AB8","2020-08-01","***","***",2.6570066468307898,2.36215879924158,2.97304787999937,2.8776343464482301]
["CAP MODIFICADO POR BORRACHA DE PNEU AB8","2020-09-01","***","***",2.6857405585725398,2.3920221649897502,2.8995937668467802,2.80481623111055]
["CAP MODIFICADO POR BORRACHA DE PNEU AB8","2020-10-01","***","***",2.71152969862794,2.5988855005412002,2.94566029683594,2.8601320590732202]
["CAP MODIFICADO POR BORRACHA DE PNEU AB8","2020-11-01","***","***",2.9355785272915602,2.6757287814469399,3.10363677910208,2.98212294542027]
["CAP MODIFICADO POR BORRACHA DE PNEU AB8","2020-12-01","***","***","***",2.8103980717931401,3.1560016642997701,3.0198328222421602]
["CAP MODIFICADO POR BORRACHA DE PNEU AB8","2021-01-01","***","***","***",2.6067625684843998,3.02354891558771,2.91695186217042]
["CAP MODIFICADO POR BORRACHA DE PNEU AB8","2021-02-01","***","***","***",2.75393415251839,3.2378279376369599,3.2142956354110002]
["CAP MODIFICADO POR BORRACHA DE PNEU AB8","2021-03-01","***","***","***",2.8667480380630201,3.2664503620327898,3.24443123541527]
["CAP MODIFICADO POR BORRACHA DE PNEU AB8","2021-04-01","***","***","***",3.2412820683288399,3.2403526438144898,3.2404824221822]
["CAP MODIFICADO POR BORRACHA DE PNEU AB8","2021-05-01","***","***","***",3.4580315701443398,3.9605739483670699,3.8989807329014101]
["CAP MODIFICADO POR BORRACHA DE PNEU AB8","2021-06-01","***","***","***",3.3895059892106598,3.9960151456310702,3.7901355069954201]
["CAP MODIFICADO POR BORRACHA DE PNEU AB8","2021-07-01","***","***","***",3.3634510522282399,4.0446007521421796,3.7593777856396202]
["CAP MODIFICADO POR BORRACHA DE PNEU AB8","2021-08-01","***","***","***",3.5297912801512998,4.2221124396868701,3.8942494353864401]
["CAP MODIFICADO POR BORRACHA DE PNEU AB8","2021-09-01",3.1511999999999998,"***","***",3.6011649158390999,4.2437321077518497,3.9834978123132099]
["CAP MODIFICADO POR BORRACHA DE PNEU AB8","2021-10-01",3.1511999999999998,"***","***",3.5245837051341602,4.2745912764257001,3.93256644813505]
["CAP MODIFICADO POR BORRACHA DE PNEU AB8","2021-11-01",3.52045270712581,"***","***",3.80066282690917,4.6212462053760701,4.2402152571736798]
["CAP MODIFICADO POR BORRACHA DE PNEU AB8","2021-12-01",3.5833457410104499,"***","***",3.8033828378325998,4.6854496331091298,4.2649975870802201]
["CAP MODIFICADO POR BORRACHA DE PNEU AB8","2022-01-01",3.4970575387555098,"***","***",4.0144421748724399,4.7195601493471004,4.3815922128366802]
["CAP MODIFICADO POR BORRACHA DE PNEU AB8","2022-02-01",3.9137117888445401,"***","***",4.1654182392976002,4.9238646993038797,4.5716481879346498]
["CAP MODIFICADO POR BORRACHA DE PNEU AB8","2022-03-01",3.9304842780259199,"***","***",4.6131177304825899,4.9770267131939701,4.6989390514146701]
["CAP MODIFICADO POR BORRACHA DE PNEU AB8","2022-04-01",3.8774367464514299,"***","***",4.82428166226331,5.1965837194062203,4.7874338282478801]
["CAP MODIFICADO POR BORRACHA DE PNEU AB8","2022-05-01",3.6608319278260799,"***","***",4.8244025811017304,5.0464176427212699,4.65489604256683]
["CAP MODIFICADO POR BORRACHA DE PNEU AB8","2022-06-01",3.6719077480359501,"***","***",4.7437972121349103,5.0290272799759599,4.6866328666899397]
["CAP MODIFICADO POR BORRACHA DE PNEU AB8","2022-07-01",3.7343529358812302,"***","***",4.6606289161344501,5.0825126401802398,4.6618090061825299]
["CAP MODIFICADO POR BORRACHA DE PNEU AB8","2022-08-01",3.5750321729438701,"***",4.0312700000000001,4.4489613986405496,4.8768508374917099,4.4361456542626998]
["CAP MODIFICADO POR BORRACHA DE PNEU AB8","2022-09-01",3.3365857363622302,"***",3.8240599999999998,4.6197592231558602,4.62170780433601,4.5503008775891001]
["CAP MODIFICADO POR BORRACHA DE PNEU AB8","2022-10-01","***","***",3.47411,4.3021714304330301,4.4511535000014897,4.3405292820668899]
["CAP MODIFICADO POR BORRACHA DE PNEU AB8","2022-11-01","***","***",3.47411,4.0708263984458499,4.4345866152848696,4.1906987946351597]
["CAP MODIFICADO POR BORRACHA DE PNEU AB8","2022-12-01","***","***",3.47411,4.0976380053811701,4.3463166271576101,4.1922139377714496]
["CAP MODIFICADO POR BORRACHA DE PNEU AB8","2023-01-01","***","***",3.2876799999999999,3.9431334019414699,4.0941381731638202,3.9702865071179301]
["CAP MODIFICADO POR BORRACHA DE PNEU AB8","2023-02-01","***","***",3.1648200000000002,3.8471487854515298,3.9488899722169002,3.82644347649153]
["CAP MODIFICADO POR BORRACHA DE PNEU AB8","2023-03-01","***","***",3.11102399671053,3.7512055302047398,3.73772403755286,3.7405507058514198]
["CAP MODIFICADO POR BORRACHA DE PNEU AB8","2023-04-01","***","***",3.42143526505795,3.7576710928923598,3.80938157784803,3.7689590617057802]
["CAP MODIFICADO POR BORRACHA DE PNEU AB8","2023-05-01","***","***",3.03627,3.6646741477770202,3.7394772019108999,3.6750538668258699]
["CAP MODIFICADO POR BORRACHA DE PNEU AB8","2023-06-01","***","***",3.0685420543495501,3.58024357811078,3.6692737443166101,3.6010590544106198]
["CAP MODIFICADO POR BORRACHA DE PNEU AB8","2023-07-01","***","***",3.0727600000000002,3.60198335235336,3.71605594155678,3.6278060436645401]
["CAP MODIFICADO POR BORRACHA DE PNEU AB8","2023-08-01","***","***",3.14724642451759,3.5125904038928999,3.7738780307350099,3.5787945728490098]
["CAP MODIFICADO POR BORRACHA DE PNEU AB8","2023-09-01","***","***",3.3503692337931499,3.6843298768385102,3.8835923926532798,3.7265946398525802]
["CAP MODIFICADO POR BORRACHA DE PNEU AB8","2023-10-01","***","***",3.4330022577990702,3.7877844310716,3.9085190294675498,3.80521854866371]
["CAP MODIFICADO POR BORRACHA DE PNEU AB8","2023-11-01","***","***",3.3984516288066802,3.6909302022307502,3.8649913965636,3.7486221682192302]
["CAP MODIFICADO POR BORRACHA DE PNEU AB8","2023-12-01","***","***",3.33291260106619,3.6600620978133702,3.9306865709016399,3.74840439688308]
["CAP MODIFICADO POR BORRACHA DE PNEU AB8","2024-01-01","***","***",3.2687299428881,3.5459523431317002,3.73282561939858,3.6129266699362801]
["CAP MODIFICADO POR BORRACHA DE PNEU AB8","2024-02-01","***","***",3.2461529889267902,3.5759373031108099,3.7136836475107802,3.6277633764946802]
["CAP MODIFICADO POR BORRACHA DE PNEU AB8","2024-03-01","***","***",3.7680016615843299,3.6862979893176799,3.97387067112665,3.78443696408549]
["CAP MODIFICADO POR BORRACHA DE PNEU AB8","2024-04-01","***","***",3.5418537569765598,3.7790229305187499,3.9526792884731101,3.8320161507053099]
["CAP MODIFICADO POR BORRACHA DE PNEU AB8","2024-05-01","***","***",3.6155793997665699,3.91627064834862,4.0338094711755703,3.9388972355490202]
["CAP MODIFICADO POR BORRACHA DE PNEU AB8","2024-06-01","***","***",3.6428001899364602,3.94782373563402,3.9783707202814198,3.9376222781339001]
["CAP MODIFICADO POR BORRACHA DE PNEU AB8","2024-07-01","***","***",3.7852116873744799,4.0960418376143402,4.1244485876031698,4.0861414260680098]
["CAP MODIFICADO POR BORRACHA DE PNEU AB8","2024-08-01","***","***",3.9869726752396599,4.2822388405356104,4.3204913373090399,4.2782078102030896]
["CAP MODIFICADO POR BORRACHA DE PNEU AB8","2024-09-01","***","***",3.9695319396351998,4.3341720549943901,4.3566887906619396,4.3194939019165801]
["CAP MODIFICADO POR POLÍMERO 55-75-E","2015-09-01","***",1.6953954542024301,"***",1.7171780593569701,1.84276705601809,1.7930856450717301]
["CAP MODIFICADO POR POLÍMERO 55-75-E","2015-10-01","***",1.7919295146005101,"***",1.82169813731703,1.94314438287154,1.8327100508755501]
["CAP MODIFICADO POR POLÍMERO 55-75-E","2015-11-01","***",2.0899399999999999,"***",2.0610623072335001,2.0980868206719401,2.0821680017500501]
["CAP MODIFICADO POR POLÍMERO 55-75-E","2015-12-01","***",2.0899399999999999,"***",2.1194041720257202,1.91024330559541,2.0405789762972502]
["CAP MODIFICADO POR POLÍMERO 55-75-E","2016-01-01","***",2.0091957557447602,"***",2.0785102353215299,1.7201859374222299,1.8957923340782099]
["CAP MODIFICADO POR POLÍMERO 55-75-E","2016-02-01","***",2.0063301928428001,2.310905,2.0791845487674201,1.8023118118431301,1.9841543614525401]
["CAP MODIFICADO POR POLÍMERO 55-75-E","2016-03-01","***",2.0214688655216002,"***",2.0672555746521701,2.03477511351038,2.0276903371049002]
["CAP MODIFICADO POR POLÍMERO 55-75-E","2016-04-01","***",2.2545417937441301,"***","***",2.1824163004798298,2.2168656133643001]
["CAP MODIFICADO POR POLÍMERO 55-75-E","2016-05-01","***",2.1741120239687399,"***",2.1983228359030802,2.12022842243428,2.1761479773532799]
["CAP MODIFICADO POR POLÍMERO 55-75-E","2016-06-01","***",2.2013690696569901,2.7226504659750299,2.3371864428912601,1.89510299852984,2.2386015067822602]
["CAP MODIFICADO POR POLÍMERO 55-75-E","2016-07-01","***",2.0094158478144202,2.7444926715815301,2.1513415837277101,1.9030679730053499,2.1209947804802098]
["CAP MODIFICADO POR POLÍMERO 55-75-E","2016-08-01","***",2.3455907504428901,2.7878779623567902,2.2006004902073699,1.9521915117938999,2.26666565275417]
["CAP MODIFICADO POR POLÍMERO 55-75-E","2016-09-01","***",1.9169568693991901,2.6876199999999999,2.19864462158991,1.84824406256486,2.00904039775169]
["CAP MODIFICADO POR POLÍMERO 55-75-E","2016-10-01","***",1.65095999371568,2.6469499999999999,2.2237555420227899,1.9299261856512,1.9300860835637399]
["CAP MODIFICADO POR POLÍMERO 55-75-E","2016-11-01","***",1.6694185373178501,3.0737999999999999,"***",1.9879645083790101,2.0393290727149398]
["CAP MODIFICADO POR POLÍMERO 55-75-E","2016-12-01","***",2.0148966791974501,3.0649600000000001,1.8466100000000001,1.87984492079705,1.93597081820546]
["CAP MODIFICADO POR POLÍMERO 55-75-E","2017-01-01","***",1.7502856718241,3.0767500000000001,1.8466100000000001,1.8666449005293499,1.8444576318092101]
["CAP MODIFICADO POR POLÍMERO 55-75-E","2017-02-01","***",1.9385434414136899,"***",1.76774499453622,1.8537878859341299,1.8751690352169901]
["CAP MODIFICADO POR POLÍMERO 55-75-E","2017-03-01","***",1.9353736956812599,2.2661885349894599,1.73479530410466,1.8579610960031501,1.91585269952529]
["CAP MODIFICADO POR POLÍMERO 55-75-E","2017-04-01","***",1.9464333678671799,3.0989954728033502,1.8550778250929301,1.8427725499266101,1.9250968210901001]
["CAP MODIFICADO POR POLÍMERO 55-75-E","2017-05-01","***",1.90395632317339,2.5269077743321899,1.9044128680382499,1.8928333588070501,1.9413871921547501]
["CAP MODIFICADO POR POLÍMERO 55-75-E","2017-06-01","***",2.1172096084664598,2.6693845073026399,2.0272806462554098,1.87059943267381,2.01036937595212]
["CAP MODIFICADO POR POLÍMERO 55-75-E","2017-07-01","***",2.15249253598083,2.3494000000000002,2.1991131594724198,1.8121419314384299,2.0837330096015498]
["CAP MODIFICADO POR POLÍMERO 55-75-E","2017-08-01","***",1.76925632203409,2.3960307059867998,2.2434644247581299,1.7969227701758299,1.90725112822774]
["CAP MODIFICADO POR POLÍMERO 55-75-E","2017-09-01","***",2.0481444575514098,2.5192297014658598,2.0275513157577101,1.9437292345644701,2.02747487604123]
["CAP MODIFICADO POR POLÍMERO 55-75-E","2017-10-01","***",1.96446840254237,2.3753000000000002,1.8573066425068401,1.9513675655787199,1.9461461992358999]
["CAP MODIFICADO POR POLÍMERO 55-75-E","2017-11-01","***",2.1334792458409502,2.3496033587527498,2.1498566052416099,2.0025831462270598,2.1166516141605398]
["CAP MODIFICADO POR POLÍMERO 55-75-E","2017-12-01","***",2.2716249270993099,"***",1.86373604967156,1.92683075131223,2.0939470518103001]
["CAP MODIFICADO POR POLÍMERO 55-75-E","2018-01-01","***",2.3764415332459299,"***",2.0960360322380698,2.0950740781507999,2.34068262803821]
["CAP MODIFICADO POR POLÍMERO 55-75-E","2018-02-01","***",2.3612414132642998,"***",2.0026096256249999,2.1370945383914099,2.2890838957222299]
["CAP MODIFICADO POR POLÍMERO 55-75-E","2018-03-01","***",2.26274763662627,"***",2.1441819697482201,2.1094914164479599,2.2098190514116198]
["CAP MODIFICADO POR POLÍMERO 55-75-E","2018-04-01","***",2.2655558513983101,"***",2.1073867880059201,2.2154794820568902,2.2337498937418498]
["CAP MODIFICADO POR POLÍMERO 55-75-E","2018-05-01","***",2.4786504808505798,2.7254499999999999,2.0666626759144,2.2605089784155101,2.3504600613973698]
["CAP MODIFICADO POR POLÍMERO 55-75-E","2018-06-01","***",2.54318267089818,2.99715,2.5516623577969799,2.3813441306212502,2.5186892590982901]
["CAP MODIFICADO POR POLÍMERO 55-75-E","2018-07-01","***",2.5398066990989099,3.0834936951453602,2.46443520954079,2.5536240468598601,2.6050117997031301]
["CAP MODIFICADO POR POLÍMERO 55-75-E","2018-08-01",3.5969627608008401,2.80708646258817,3.2661887568493202,2.5613059615559499,2.65978704310489,2.8346884803199002]
["CAP MODIFICADO POR POLÍMERO 55-75-E","2018-09-01",2.9570599999999998,2.7589742499557799,3.3111899999999999,2.7067619814672699,2.8481124814499101,2.7958173805009099]
["CAP MODIFICADO POR POLÍMERO 55-75-E","2018-10-01","***",2.7353999999999998,2.7538916476515398,2.6397216811079001,2.80056117628056,2.7246612952191702]
["CAP MODIFICADO POR POLÍMERO 55-75-E","2018-11-01","***",3.0589757582721799,3.3192502664734098,3.0176501646056901,3.1071334286319798,3.0791276147549702]
["CAP MODIFICADO POR POLÍMERO 55-75-E","2018-12-01","***",2.993634292311,"***",3.01053668248767,3.1236333459941501,3.0583556114616401]
["CAP MODIFICADO POR POLÍMERO 55-75-E","2019-01-01","***",3.1185765394670701,3.9446300000000001,2.8912531535673001,3.07406119916861,3.0536002911399098]
["CAP MODIFICADO POR POLÍMERO 55-75-E","2019-02-01","***",3.2960493662407799,4.3303599999999998,3.1459199999999998,3.3861594822035399,3.3458827981003001]
["CAP MODIFICADO POR POLÍMERO 55-75-E","2019-03-01","***",3.2972054433072202,"***",3.1459199999999998,3.2780724567710999,3.28541073595337]
["CAP MODIFICADO POR POLÍMERO 55-75-E","2019-04-01","***",3.33195585155958,"***",2.9959541469707398,3.3396190154013401,3.2804532588347399]
["CAP MODIFICADO POR POLÍMERO 55-75-E","2019-05-01","***",3.1823534118672301,"***",3.2968860466763501,3.30797482174756,3.2496589226477801]
["CAP MODIFICADO POR POLÍMERO 55-75-E","2019-06-01","***",3.9636178187695301,"***",3.4129229658092002,3.3003987022605998,3.5882672778237601]
["CAP MODIFICADO POR POLÍMERO 55-75-E","2019-07-01","***",3.6697643408920801,"***",3.2854123086561202,2.9635788879895602,3.39253711693339]
["CAP MODIFICADO POR POLÍMERO 55-75-E","2019-08-01","***",3.3063196110231798,"***",3.1139297990900898,3.1123443585685702,3.1902282700622902]
["CAP MODIFICADO POR POLÍMERO 55-75-E","2019-09-01","***",3.1019775283889599,"***",3.0922215043547099,3.1185072079449201,3.1079962059626598]
["CAP MODIFICADO POR POLÍMERO 55-75-E","2019-10-01","***",3.05075538034257,"***",3.2093879389482698,3.1185124104566202,3.1279285050318602]
["CAP MODIFICADO POR POLÍMERO 55-75-E","2019-11-01","***",3.0666759556779599,"***",3.2338272620134201,3.1174160877467498,3.1188162493152198]
["CAP MODIFICADO POR POLÍMERO 55-75-E","2019-12-01","***",2.9295388368250301,3.8813,3.3093699999999999,3.2227881842256898,3.0999035089092302]
["CAP MODIFICADO POR POLÍMERO 55-75-E","2020-01-01","***",2.80314947368421,"***",3.3019956447210701,3.1188116409951601,3.1383643911574701]
["CAP MODIFICADO POR POLÍMERO 55-75-E","2020-02-01","***",2.6827900831809899,"***",3.1567065377724699,3.0095799735086199,2.9649531492283998]
["CAP MODIFICADO POR POLÍMERO 55-75-E","2020-03-01","***",3.06486631300363,3.92503,3.0358277644275402,3.00897434990235,3.0533098060557702]
["CAP MODIFICADO POR POLÍMERO 55-75-E","2020-04-01","***",3.0405163384275,"***",3.1725993819040101,2.9348398913430902,3.0010305405754698]
["CAP MODIFICADO POR POLÍMERO 55-75-E","2020-05-01","***",2.8702101565659301,"***",3.0671865430726899,3.0746339940487899,3.02349551010199]
["CAP MODIFICADO POR POLÍMERO 55-75-E","2020-06-01","***",3.1016014653079198,3.33189,2.9888901739877598,2.9925150223325399,3.07606708689443]
["CAP MODIFICADO POR POLÍMERO 55-75-E","2020-07-01","***",3.05932835646529,3.3325499999999999,3.0300296072195301,2.82265763505574,2.9510218288236101]
["CAP MODIFICADO POR POLÍMERO 55-75-E","2020-08-01","***",3.2288710413131998,"***",3.3453599999999999,3.0006063128011902,3.1001770505525501]
["CAP MODIFICADO POR POLÍMERO 55-75-E","2020-09-01","***",3.15710413261532,"***",3.4847100000000002,2.92749158139919,3.0578532392031299]
["CAP MODIFICADO POR POLÍMERO 55-75-E","2020-10-01","***",3.1668648436447802,"***",3.26938975402564,2.9531520559126898,3.0613176137854499]
["CAP MODIFICADO POR POLÍMERO 55-75-E","2020-11-01","***",3.25849218147905,"***",3.52420998087482,3.0956713222427901,3.1835695456804798]
["CAP MODIFICADO POR POLÍMERO 55-75-E","2020-12-01","***",3.3574134890329801,3.6097700000000001,"***",3.0502669451383801,3.1205899578104801]
["CAP MODIFICADO POR POLÍMERO 55-75-E","2021-01-01","***",3.3368874904327299,"***",3.5026201782711102,3.1259719369598402,3.2538721869591498]
["CAP MODIFICADO POR POLÍMERO 55-75-E","2021-02-01","***",3.4608183614543702,"***",3.7320784525637101,3.2503668748817098,3.2991032759659702]
["CAP MODIFICADO POR POLÍMERO 55-75-E","2021-03-01","***",3.3307011078340998,"***",3.6629321315248702,3.3444096789181699,3.3629947616177902]
["CAP MODIFICADO POR POLÍMERO 55-75-E","2021-04-01","***",3.5072844329034201,"***",3.1572029695122001,3.1985583181348098,3.2281333422166298]
["CAP MODIFICADO POR POLÍMERO 55-75-E","2021-05-01","***",4.1816199999999997,"***",3.9331470897832799,3.3778392923542602,3.53479289984582]
["CAP MODIFICADO POR POLÍMERO 55-75-E","2021-06-01","***",3.73428914334947,"***",4.1063900000000002,2.96209408881109,3.30029145020977]
["CAP MODIFICADO POR POLÍMERO 55-75-E","2021-07-01","***",3.8271079530916801,"***",4.1063900000000002,3.7443847338035998,3.7703498232005401]
["CAP MODIFICADO POR POLÍMERO 55-75-E","2021-08-01","***",3.86072870187615,4.3929903314160503,"***",4.5344533708237202,4.3854174799516299]
["CAP MODIFICADO POR POLÍMERO 55-75-E","2021-09-01","***",4.0217578722261997,"***","***",4.6568941019543102,4.4541072747616903]
["CAP MODIFICADO POR POLÍMERO 55-75-E","2021-10-01","***",4.0420371929854797,"***","***",4.59167816431159,4.2886668760516002]
["CAP MODIFICADO POR POLÍMERO 55-75-E","2021-11-01","***",4.0831531140479402,"***","***",4.9703704989070001,4.3902978781695703]
["CAP MODIFICADO POR POLÍMERO 55-75-E","2021-12-01","***",4.3545857000429002,"***","***",4.9470442273663799,4.5688025652121498]
["CAP MODIFICADO POR POLÍMERO 55-75-E","2022-01-01","***",4.6346160249794002,"***","***",4.9880748892276703,4.7435773205607701]
["CAP MODIFICADO POR POLÍMERO 55-75-E","2022-02-01","***",5.2945301535342599,"***","***",4.88737204403244,5.0354531909162397]
["CAP MODIFICADO POR POLÍMERO 55-75-E","2022-03-01","***",5.3661709190208997,"***",6.42,4.7783316535032903,5.0998691323196104]
["CAP MODIFICADO POR POLÍMERO 55-75-E","2022-04-01","***",5.6594405510099701,"***",5.5512958261469496,5.4203822307575704,5.4775954404408598]
["CAP MODIFICADO POR POLÍMERO 55-75-E","2022-05-01",5.2715699999999996,5.4797291247240203,"***",4.8512394993530101,5.2078308682375196,5.1857512899042799]
["CAP MODIFICADO POR POLÍMERO 55-75-E","2022-06-01","***",5.5487296938906798,5.09087671644295,5.1639718002931803,5.1867646906095901,5.2266701923115404]
["CAP MODIFICADO POR POLÍMERO 55-75-E","2022-07-01","***",5.41551891751556,5.6180787800312002,5.1412263640842903,5.2507952018735597,5.2698531199144796]
["CAP MODIFICADO POR POLÍMERO 55-75-E","2022-08-01","***",5.46440960959767,5.6495100000000003,4.9378113856187102,5.0538072426816099,5.1658988471862699]
["CAP MODIFICADO POR POLÍMERO 55-75-E","2022-09-01","***",5.1344306036460496,5.3412474170628403,4.7593903736893299,5.00932277278479,5.0858747584803199]
["CAP MODIFICADO POR POLÍMERO 55-75-E","2022-10-01","***",5.3534618039663204,"***",4.3557178120700399,4.5003225581874799,4.6318069314100097]
["CAP MODIFICADO POR POLÍMERO 55-75-E","2022-11-01","***",4.5991001127972098,"***",4.23617733487111,4.4672515038899396,4.3522454419269998]
["CAP MODIFICADO POR POLÍMERO 55-75-E","2022-12-01","***",4.8277301250377498,"***",4.1038387275891202,4.4622944547805599,4.4468637076692996]
["CAP MODIFICADO POR POLÍMERO 55-75-E","2023-01-01","***",4.6971885216893803,"***",4.9421400000000002,4.2234859334725297,4.5094509421015196]
["CAP MODIFICADO POR POLÍMERO 55-75-E","2023-02-01","***",4.6169035703668904,4.2530900000000003,4.1887398852444999,4.13263099594616,4.27980106455054]
["CAP MODIFICADO POR POLÍMERO 55-75-E","2023-03-01","***",4.6876675178117004,4.2165900000000001,4.1128664946311,3.8142643876529498,3.9390268531536701]
["CAP MODIFICADO POR POLÍMERO 55-75-E","2023-04-01","***",4.65341,"***",4.7817800000000004,3.6877500965294199,3.7740787668681102]
["CAP MODIFICADO POR POLÍMERO 55-75-E","2023-05-01","***",4.9023070524827101,"***",4.7817800000000004,3.7989692521723799,4.0087128977841298]
["CAP MODIFICADO POR POLÍMERO 55-75-E","2023-06-01","***",4.2684851499918901,"***",4.46670555862742,3.7981845936165901,3.84203508049485]
["CAP MODIFICADO POR POLÍMERO 55-75-E","2023-07-01","***",4.2537288700066203,"***",5.1262400000000001,3.6574167315646902,3.7110557211295898]
["CAP MODIFICADO POR POLÍMERO 55-75-E","2023-08-01","***",3.9885625269960698,3.8460200000000002,4.9014568952879598,3.7147035120449501,3.8117397392388899]
["CAP MODIFICADO POR POLÍMERO 55-75-E","2023-09-01","***",4.5188442620432401,"***",4.4313000000000002,3.8600482404485099,3.9179678127251498]
["CAP MODIFICADO POR POLÍMERO 55-75-E","2023-10-01","***",5.0547299477868801,"***",4.4627390407731298,3.8631680943558999,3.9647367041778501]
["CAP MODIFICADO POR POLÍMERO 55-75-E","2023-11-01","***",4.5752300000000004,"***",4.57407387726336,3.8762063059689198,4.0155295134133198]
["CAP MODIFICADO POR POLÍMERO 55-75-E","2023-12-01","***",4.5480483703209797,"***",4.5020226271275998,3.95495613759861,4.0704366890922596]
["CAP MODIFICADO POR POLÍMERO 55-75-E","2024-01-01","***",3.9067440879798299,"***",4.5569840755507203,3.8692808396387899,3.9589936510660499]
["CAP MODIFICADO POR POLÍMERO 55-75-E","2024-02-01","***",3.8469255551638,"***",3.9658116780127801,3.8732437653478802,3.87852662158615]
["CAP MODIFICADO POR POLÍMERO 55-75-E","2024-03-01","***",4.2227967064870997,"***",4.0888299999999997,3.9159569654859898,3.9935745200867001]
["CAP MODIFICADO POR POLÍMERO 55-75-E","2024-04-01","***",4.2649351127680903,"***",4.1800004971628297,3.9652700520490098,4.04057536683825]
["CAP MODIFICADO POR POLÍMERO 55-75-E","2024-05-01","***",4.2324107193882403,"***",3.56596,4.0066207331405401,4.0048425692832401]
["CAP MODIFICADO POR POLÍMERO 55-75-E","2024-06-01","***",4.2702547012698302,"***",4.0766081988030303,3.9912676280362098,4.0576148378551498]
["CAP MODIFICADO POR POLÍMERO 55-75-E","2024-07-01","***",4.40138798582369,5.9683299999999999,4.3681570121806201,4.0178126180056903,4.1537813108592001]
["CAP MODIFICADO POR POLÍMERO 55-75-E","2024-08-01","***",5.0401677188290197,6.4001400000000004,4.53637949149046,4.2490750734645504,4.4991459336408504]
["CAP MODIFICADO POR POLÍMERO 55-75-E","2024-09-01","***",5.2015289378044596,5.3153509787004598,4.6811722469038699,4.38976711631698,4.6330749630811203]
["CAP MODIFICADO POR POLÍMERO 60-85-E","2015-09-01","***",1.2531712342079699,1.8926623753559999,1.9114423354707499,1.92411504661792,1.8930433254583099]
["CAP MODIFICADO POR POLÍMERO 60-85-E","2015-10-01","***",0.60527238683127604,1.9355650039973999,1.91581864914363,2.0509838352072798,1.9452797087462299]
["CAP MODIFICADO POR POLÍMERO 60-85-E","2015-11-01","***",2.0164,2.1100214771063199,2.1081983699582301,2.1985927081289498,2.1344171943822099]
["CAP MODIFICADO POR POLÍMERO 60-85-E","2015-12-01","***",1.41113,2.1239398500648101,2.1856024475140301,2.1220601698571802,2.1529568347530499]
["CAP MODIFICADO POR POLÍMERO 60-85-E","2016-01-01","***",0.60104999999999997,"***",2.1313661120742098,2.29083109689739,2.1936135809789201]
["CAP MODIFICADO POR POLÍMERO 60-85-E","2016-02-01","***",2.2221600000000001,2.14000398009652,2.1268140673079201,2.3190324346052398,2.2222527057065098]
["CAP MODIFICADO POR POLÍMERO 60-85-E","2016-03-01","***","***",2.3981655529511201,2.0457464349560301,2.2830741974701598,2.1505894321209098]
["CAP MODIFICADO POR POLÍMERO 60-85-E","2016-04-01","***","***",2.5878965474364799,2.2758136160071398,2.3370958916422802,2.3089270327111699]
["CAP MODIFICADO POR POLÍMERO 60-85-E","2016-05-01","***",2.5530900000000001,2.3583802702006098,2.3358852137415198,2.3671955360597501,2.3505973897908001]
["CAP MODIFICADO POR POLÍMERO 60-85-E","2016-06-01","***",1.7582071498257801,2.48760853261764,2.2965793568049002,2.3585887860790402,2.3216251119571498]
["CAP MODIFICADO POR POLÍMERO 60-85-E","2016-07-01","***",1.78162165490819,2.3945574321139,2.3301768511818701,2.4564212883943601,2.3537426915080699]
["CAP MODIFICADO POR POLÍMERO 60-85-E","2016-08-01","***",2.5130892984062001,2.4430394003247802,2.35672640416978,2.43401847654131,2.4047886594622998]
["CAP MODIFICADO POR POLÍMERO 60-85-E","2016-09-01",2.2290999999999999,"***",1.98644940380001,2.0660229243560102,2.3049625742864799,2.1656476556889901]
["CAP MODIFICADO POR POLÍMERO 60-85-E","2016-10-01","***","***",2.2503204837327799,2.0303823184101502,2.3369820988690702,2.2231807424011198]
["CAP MODIFICADO POR POLÍMERO 60-85-E","2016-11-01","***","***",2.2745731003862901,2.0196214299150501,2.30002851771571,2.1856763215248298]
["CAP MODIFICADO POR POLÍMERO 60-85-E","2016-12-01","***","***",2.1792631414289398,1.98245626587555,2.1652924821642099,2.0670076788227001]
["CAP MODIFICADO POR POLÍMERO 60-85-E","2017-01-01",1.81125,"***",1.9145261666202,1.9451576680687801,2.0536684491566199,1.9851466366801001]
["CAP MODIFICADO POR POLÍMERO 60-85-E","2017-02-01","***","***",2.4048799999999999,2.00473657118367,2.02150994730277,2.01538498113355]
["CAP MODIFICADO POR POLÍMERO 60-85-E","2017-03-01","***","***",1.97180927294844,2.0431406368149099,1.9330077833491599,1.9916489041152099]
["CAP MODIFICADO POR POLÍMERO 60-85-E","2017-04-01","***","***",1.94173924745485,1.92746301779478,1.9701131238209399,1.95341936391941]
["CAP MODIFICADO POR POLÍMERO 60-85-E","2017-05-01","***","***",1.8398175664355501,1.92369302274548,1.9252443441654099,1.9212415855665499]
["CAP MODIFICADO POR POLÍMERO 60-85-E","2017-06-01","***","***",1.95903916836764,2.0234578105624199,1.9546933602163501,1.98740790663678]
["CAP MODIFICADO POR POLÍMERO 60-85-E","2017-07-01","***","***",1.95991388105227,1.9123118677228299,1.9285653669325,1.92578652173089]
["CAP MODIFICADO POR POLÍMERO 60-85-E","2017-08-01","***",1.91,2.17889779233189,1.8754382017051301,1.9052611491761899,1.9397072011380001]
["CAP MODIFICADO POR POLÍMERO 60-85-E","2017-09-01","***",2.0217268590810198,2.0131467477320402,1.8755009007866299,1.9285591899527299,1.9174436754930799]
["CAP MODIFICADO POR POLÍMERO 60-85-E","2017-10-01","***",2.23521179354643,1.89190905173041,1.87508148234081,1.9318636366355,1.9084070930867201]
["CAP MODIFICADO POR POLÍMERO 60-85-E","2017-11-01","***",2.46645258887134,2.1127029484724802,2.1018467397968301,2.0434117083883998,2.1152514607173099]
["CAP MODIFICADO POR POLÍMERO 60-85-E","2017-12-01","***",2.46646952315275,2.02556639798558,2.10739036986697,2.01629795028557,2.09844027131343]
["CAP MODIFICADO POR POLÍMERO 60-85-E","2018-01-01","***",2.54699494759473,2.4384371426566598,2.2358614527312701,2.2171168014774398,2.2629054895005201]
["CAP MODIFICADO POR POLÍMERO 60-85-E","2018-02-01","***",2.5612947680566398,2.2360692367149801,2.2315746289109701,2.1762960905145299,2.2149567719182999]
["CAP MODIFICADO POR POLÍMERO 60-85-E","2018-03-01","***","***",2.26460032292086,2.2070469391799601,2.1264791384299899,2.1795876274407999]
["CAP MODIFICADO POR POLÍMERO 60-85-E","2018-04-01","***","***",2.2530100000000002,2.2375301506500902,2.1921167528385199,2.2244667319431302]
["CAP MODIFICADO POR POLÍMERO 60-85-E","2018-05-01","***",2.6223749611318401,2.4159609188768498,2.41350102475295,2.25482174903222,2.3765745912679899]
["CAP MODIFICADO POR POLÍMERO 60-85-E","2018-06-01","***",2.7072610102942898,2.6366735277545099,2.4961148170595,2.4197077653545902,2.4863998558944602]
["CAP MODIFICADO POR POLÍMERO 60-85-E","2018-07-01","***","***",2.9856520055014499,2.7687975713177102,2.5975237297685001,2.71838209188408]
["CAP MODIFICADO POR POLÍMERO 60-85-E","2018-08-01","***",2.9785798440467302,3.43775198740865,2.8099498314863198,2.8377436180356401,2.8595321784884802]
["CAP MODIFICADO POR POLÍMERO 60-85-E","2018-09-01","***",3.0288317837351402,3.1526582663304699,2.82299012679302,2.8319182067122699,2.8661217153191401]
["CAP MODIFICADO POR POLÍMERO 60-85-E","2018-10-01","***",2.9754735957686602,2.69781033922628,2.8399603171882402,2.9087584341858701,2.8305252775556999]
["CAP MODIFICADO POR POLÍMERO 60-85-E","2018-11-01","***",3.4960399999999998,3.5065628178686699,3.2479593373890201,3.2154082821383598,3.26535351505404]
["CAP MODIFICADO POR POLÍMERO 60-85-E","2018-12-01","***",3.4762639486091498,"***",3.0624170223647398,3.2761020718399201,3.18500090253288]
["CAP MODIFICADO POR POLÍMERO 60-85-E","2019-01-01","***","***",3.2984900000000001,3.1537928781818501,3.31048923049975,3.2090943070935301]
["CAP MODIFICADO POR POLÍMERO 60-85-E","2019-02-01","***",3.8243,3.43709,3.2445725177690399,3.5067303436481501,3.39282745896584]
["CAP MODIFICADO POR POLÍMERO 60-85-E","2019-03-01","***","***",3.4388100000000001,3.5817124289494102,3.4957396295506502,3.5314146829726698]
["CAP MODIFICADO POR POLÍMERO 60-85-E","2019-04-01","***","***",3.6030053906659698,3.6230722179114201,3.4086359567258602,3.5013793146388701]
["CAP MODIFICADO POR POLÍMERO 60-85-E","2019-05-01","***",2.92,3.4084485162137201,3.37717102163665,3.3369712096327699,3.3513016514541301]
["CAP MODIFICADO POR POLÍMERO 60-85-E","2019-06-01","***",2.83,3.4956463967390099,3.2959067433493598,3.3172709117229702,3.3198427580823702]
["CAP MODIFICADO POR POLÍMERO 60-85-E","2019-07-01","***",2.8806142784351501,3.3714609849303399,3.2505922060170098,3.2993135893047199,3.2750501233058902]
["CAP MODIFICADO POR POLÍMERO 60-85-E","2019-08-01","***",2.8901662890490898,3.52049718266254,3.0400072618417799,3.0217354800796299,3.0431984971675199]
["CAP MODIFICADO POR POLÍMERO 60-85-E","2019-09-01","***",2.9309301776830101,3.34545650782422,3.0924620231875801,2.94480023463993,3.01290073172698]
["CAP MODIFICADO POR POLÍMERO 60-85-E","2019-10-01",5.1157286819825902,2.9521600000000001,3.4835160416586901,3.2067711905280198,3.0223676088136999,3.1716192744849998]
["CAP MODIFICADO POR POLÍMERO 60-85-E","2019-11-01",5.0523374241735803,3.0047600000000001,3.2270415866150302,3.1396244421580599,3.0644136004264602,3.1922322316490401]
["CAP MODIFICADO POR POLÍMERO 60-85-E","2019-12-01",2.9656266577628001,2.96655913175164,3.3373148398802002,3.12918213374562,3.1005852468144899,3.1189710140570601]
["CAP MODIFICADO POR POLÍMERO 60-85-E","2020-01-01","***","***",3.3063472398559099,3.2019147545618298,3.1704032948858498,3.1996312189612199]
["CAP MODIFICADO POR POLÍMERO 60-85-E","2020-02-01","***",3.09,3.3666734313374,3.0284676665989498,3.02715250631246,3.0350577961537999]
["CAP MODIFICADO POR POLÍMERO 60-85-E","2020-03-01",3.1619899999999999,"***",3.0209352421477398,3.0105097471600102,2.9941371554596401,3.00730749230399]
["CAP MODIFICADO POR POLÍMERO 60-85-E","2020-04-01","***","***",2.85106694118398,3.0395184957051802,3.0676036161303202,3.0370392597695401]
["CAP MODIFICADO POR POLÍMERO 60-85-E","2020-05-01",3.1061951230001701,"***",2.91281906261236,2.86637226838744,2.9475543302157399,2.8963264708594698]
["CAP MODIFICADO POR POLÍMERO 60-85-E","2020-06-01",3.3609231381455502,"***",2.9773387426176199,2.8857063178554099,3.00328417753961,2.9328307182492801]
["CAP MODIFICADO POR POLÍMERO 60-85-E","2020-07-01","***",2.7247499999999998,3.05556681475599,2.8374457906055501,2.9169283312165,2.8975763172694]
["CAP MODIFICADO POR POLÍMERO 60-85-E","2020-08-01","***",3.1703993217184099,3.2092792019429899,3.00189738634832,3.0386347969171901,3.0748855623284301]
["CAP MODIFICADO POR POLÍMERO 60-85-E","2020-09-01","***",3.08782520154789,3.2173951895787098,2.9978681642551002,3.06799122733065,3.06995566795826]
["CAP MODIFICADO POR POLÍMERO 60-85-E","2020-10-01","***",2.7798699999999998,3.0723038819939901,2.9720762557494198,3.0858062516787399,3.0262081688454501]
["CAP MODIFICADO POR POLÍMERO 60-85-E","2020-11-01","***",3.6761435633262298,3.26755406072142,3.27091851810302,3.3209484562158602,3.2906019565770799]
["CAP MODIFICADO POR POLÍMERO 60-85-E","2020-12-01","***",3.3960676198581599,3.3094809852023901,3.2038027019816302,3.3832263442815602,3.2786426451297301]
["CAP MODIFICADO POR POLÍMERO 60-85-E","2021-01-01","***",3.17658171390566,3.5869801314781098,3.2539475720154498,3.3493346395686499,3.3107804170987798]
["CAP MODIFICADO POR POLÍMERO 60-85-E","2021-02-01","***",3.3177748383812702,3.7700710862629698,3.6072248569476701,3.5450143794151101,3.5782812268698101]
["CAP MODIFICADO POR POLÍMERO 60-85-E","2021-03-01","***",3.3587524163479001,3.2735467324069898,3.3592829129245501,3.5150851308302502,3.41299564751563]
["CAP MODIFICADO POR POLÍMERO 60-85-E","2021-04-01",3.3293900000000001,3.32864,3.5622006001837798,3.3889220969885301,3.47560626184345,3.4253847898296601]
["CAP MODIFICADO POR POLÍMERO 60-85-E","2021-05-01","***",3.47235970611362,3.9515145822460598,4.1615768297891496,4.0945094179250896,4.1001975649679503]
["CAP MODIFICADO POR POLÍMERO 60-85-E","2021-06-01","***",3.4819801872634399,4.1761560435245704,4.0819960696899704,4.13849353397858,4.0548836579046501]
["CAP MODIFICADO POR POLÍMERO 60-85-E","2021-07-01","***",3.66656,4.9451973785201204,4.1727019915175001,4.0925884863852602,4.1961472804704796]
["CAP MODIFICADO POR POLÍMERO 60-85-E","2021-08-01","***",3.80820091788613,5.2457261351803304,4.2554847281975503,4.1890839170485599,4.3244093917070696]
["CAP MODIFICADO POR POLÍMERO 60-85-E","2021-09-01","***",4.2890516608806903,5.2728018155608698,4.4650783396120302,4.32448188314833,4.5248491020228903]
["CAP MODIFICADO POR POLÍMERO 60-85-E","2021-10-01","***",4.4406806812988604,4.8686489590394704,4.3797938883091803,4.39806373340598,4.4496488853661003]
["CAP MODIFICADO POR POLÍMERO 60-85-E","2021-11-01","***",4.7070784469299296,5.2863263310791897,4.8440122851480796,4.8874882767850902,4.8869115639582104]
["CAP MODIFICADO POR POLÍMERO 60-85-E","2021-12-01","***",4.9547295907037698,5.2070901584780103,4.8709201439275498,4.9947107493078402,4.9446146715279102]
["CAP MODIFICADO POR POLÍMERO 60-85-E","2022-01-01","***",4.8081102817246402,5.2639030371869904,4.8784563436162296,5.0011090853498601,4.9186688574536603]
["CAP MODIFICADO POR POLÍMERO 60-85-E","2022-02-01","***",4.6529460332347199,5.5706980889483404,5.2045127435568297,5.3145722799009496,5.2228361292457102]
["CAP MODIFICADO POR POLÍMERO 60-85-E","2022-03-01","***",5.1594966866030596,5.0533934926902804,5.2173932049172498,5.3696156039234504,5.2385502663564099]
["CAP MODIFICADO POR POLÍMERO 60-85-E","2022-04-01","***",5.6225452787161299,5.6189118914318801,5.6965027771382797,5.2529354414335598,5.56249270793381]
["CAP MODIFICADO POR POLÍMERO 60-85-E","2022-05-01","***",5.4080399697942498,5.6160151250228303,5.62953704777164,5.1251907984151801,5.4850449368409002]
["CAP MODIFICADO POR POLÍMERO 60-85-E","2022-06-01","***",5.31968714777976,5.6202348137024298,5.5215625229633298,5.0901059604266896,5.4182352462024799]
["CAP MODIFICADO POR POLÍMERO 60-85-E","2022-07-01","***",6.2405948121716301,5.7030823082137196,5.4933790996513601,5.2367948669495004,5.5166804425553799]
["CAP MODIFICADO POR POLÍMERO 60-85-E","2022-08-01","***",5.6840757477419999,5.5853204934837501,5.3671212798247598,5.0136921654253701,5.40484446887376]
["CAP MODIFICADO POR POLÍMERO 60-85-E","2022-09-01","***",5.4107226757301401,5.6591606222236299,5.1154518178758002,4.8087474057713697,5.1821317068372403]
["CAP MODIFICADO POR POLÍMERO 60-85-E","2022-10-01","***",5.0463689566594301,4.9083578473148401,4.7323336533961902,4.7512057378117403,4.7876477022245698]
["CAP MODIFICADO POR POLÍMERO 60-85-E","2022-11-01","***",5.0302210372112404,5.2320166409668696,4.6709251248786803,4.8135614945633396,4.8309031608133699]
["CAP MODIFICADO POR POLÍMERO 60-85-E","2022-12-01",4.9544996900861804,4.8125502509463596,6.0846393551166704,4.5058442660736402,4.7857041007691601,4.8264877020591799]
["CAP MODIFICADO POR POLÍMERO 60-85-E","2023-01-01","***",4.6664699920175101,5.5406798954535699,4.2945819754937498,4.3895263686975703,4.4577788792792497]
["CAP MODIFICADO POR POLÍMERO 60-85-E","2023-02-01","***",4.8532126494431296,4.6698196309429001,4.30893465411802,4.2217851675698199,4.3542531174748298]
["CAP MODIFICADO POR POLÍMERO 60-85-E","2023-03-01","***",5.4251470718902297,4.55024842656624,4.2404564852797497,3.9898959894292498,4.2200551288305297]
["CAP MODIFICADO POR POLÍMERO 60-85-E","2023-04-01","***",4.7343999999999999,4.4903104310819799,4.35761094147629,3.9008723072062801,4.2468802270024097]
["CAP MODIFICADO POR POLÍMERO 60-85-E","2023-05-01",4.8071173706914401,4.4499156833411302,5.1892829601018597,4.3340402856941003,3.88084920040964,4.4982969039745697]
["CAP MODIFICADO POR POLÍMERO 60-85-E","2023-06-01",4.5875339404331301,4.2594599999999998,5.0941207108213202,4.2321367243352803,3.7454432539704499,4.4674481553559104]
["CAP MODIFICADO POR POLÍMERO 60-85-E","2023-07-01",4.9155000593869103,4.6069399999999998,4.7788868436144796,4.0358222697719404,3.8635791505247901,4.2500323193857303]
["CAP MODIFICADO POR POLÍMERO 60-85-E","2023-08-01",4.8567413386693898,4.5233640866873097,4.8370653203146601,3.9270428133854498,3.8512205596235001,4.1282207656952199]
["CAP MODIFICADO POR POLÍMERO 60-85-E","2023-09-01",5.2653698451668598,5.4742080552531798,5.0956811103429098,4.2266871111981299,4.0660762119502296,4.4371641276556897]
["CAP MODIFICADO POR POLÍMERO 60-85-E","2023-10-01",4.6318293428285804,5.4991882177865499,4.8108385949335704,4.2603693182895697,4.05776381194595,4.3307554912631003]
["CAP MODIFICADO POR POLÍMERO 60-85-E","2023-11-01",5.4463691295237497,5.4714668889480702,4.8121900238038,4.2776023347352403,4.0935100485797502,4.4168869548813703]
["CAP MODIFICADO POR POLÍMERO 60-85-E","2023-12-01",4.48439922216863,4.4213135598628099,4.9458389147661199,4.2689462929526396,4.1003398215581397,4.4064960023666897]
["CAP MODIFICADO POR POLÍMERO 60-85-E","2024-01-01",6.2244866998892601,4.4738381798792899,4.4703800772114697,4.0466676090101199,3.9266583311041701,4.1153698652514503]
["CAP MODIFICADO POR POLÍMERO 60-85-E","2024-02-01",5.7221560032759999,4.3346805398322799,4.5158752451611104,3.9532962753787402,3.8999850616668499,4.1035095870814002]
["CAP MODIFICADO POR POLÍMERO 60-85-E","2024-03-01",5.5171348391728898,5.1750449868828303,4.3499348639362498,3.9497562519123899,3.9906340611067801,4.0988088316147797]
["CAP MODIFICADO POR POLÍMERO 60-85-E","2024-04-01",5.0408098792799203,4.00671556604863,4.5592780870397602,3.8997535663954599,4.0383749114960699,4.1189074066869003]
["CAP MODIFICADO POR POLÍMERO 60-85-E","2024-05-01",4.6991132329460097,4.0185636609336601,4.95408936304554,4.0806585433115297,4.1572405351145898,4.3901808754993903]
["CAP MODIFICADO POR POLÍMERO 60-85-E","2024-06-01",5.1478470955710902,4.3577541368544299,5.0182129283199997,3.9916539087046998,4.09344217990167,4.3458290556401202]
["CAP MODIFICADO POR POLÍMERO 60-85-E","2024-07-01",5.0145929273707601,4.7001540890296498,4.9695787073992701,4.1284879061777104,4.1464196187751998,4.41729120732289]
["CAP MODIFICADO POR POLÍMERO 60-85-E","2024-08-01",5.2362307827044301,4.9122618679998897,5.4050185788527001,4.3820982220463698,4.3572805363727802,4.7807443369157996]
["CAP MODIFICADO POR POLÍMERO 60-85-E","2024-09-01",5.2087515610613604,5.2239424735139597,5.4903484603308197,4.47891695827549,4.5219264147721603,4.9062117011258799]
["CAP MODIFICADO POR POLÍMERO 65-90-E","2015-09-01","***","***","***","***","***","***"]
["CAP MODIFICADO POR POLÍMERO 65-90-E","2015-10-01","***","***",1.82155,1.55888,1.9466000000000001,1.87005762520147]
["CAP MODIFICADO POR POLÍMERO 65-90-E","2015-11-01","***",2.2246999999999999,"***",1.69003875293317,2.13551637629672,1.87452155606747]
["CAP MODIFICADO POR POLÍMERO 65-90-E","2015-12-01","***","***","***",1.69448376120345,2.0958999999999999,1.71321925647351]
["CAP MODIFICADO POR POLÍMERO 65-90-E","2016-01-01","***",2.3607,"***",2.3210858352035899,"***",2.3257292713892901]
["CAP MODIFICADO POR POLÍMERO 65-90-E","2016-02-01","***",2.1938,"***",2.6292200000000001,2.1470894232507698,2.2915581827531901]
["CAP MODIFICADO POR POLÍMERO 65-90-E","2016-03-01","***","***","***",1.9236413262447001,2.0958999999999999,1.9549353060144601]
["CAP MODIFICADO POR POLÍMERO 65-90-E","2016-04-01","***","***","***","***",2.43820901396741,2.43820901396741]
["CAP MODIFICADO POR POLÍMERO 65-90-E","2016-05-01","***","***","***",2.4026617291723098,2.3422453871268698,2.3804700832334]
["CAP MODIFICADO POR POLÍMERO 65-90-E","2016-06-01","***","***",2.2805200000000001,2.3779867618353601,2.2599527110988,2.3298746277932501]
["CAP MODIFICADO POR POLÍMERO 65-90-E","2016-07-01","***","***",2.2805200000000001,2.4198648504295601,2.2951986514946698,2.3059337657267598]
["CAP MODIFICADO POR POLÍMERO 65-90-E","2016-08-01","***","***",2.2805200000000001,"***",2.3170317647800802,2.31613741917125]
["CAP MODIFICADO POR POLÍMERO 65-90-E","2016-09-01","***","***",2.4327000000000001,2.2052260259834902,2.0611791716447199,2.0837038112357802]
["CAP MODIFICADO POR POLÍMERO 65-90-E","2016-10-01","***","***",2.0818814169180899,1.91478604680277,2.0459658783140999,2.0225780933124602]
["CAP MODIFICADO POR POLÍMERO 65-90-E","2016-11-01","***","***","***",1.82867328180467,2.00898474976362,1.9656936288136699]
["CAP MODIFICADO POR POLÍMERO 65-90-E","2016-12-01","***","***","***","***",1.89701151332149,1.89701151332149]
["CAP MODIFICADO POR POLÍMERO 65-90-E","2017-01-01","***","***","***","***",1.6231242228141001,1.6231242228141001]
["CAP MODIFICADO POR POLÍMERO 65-90-E","2017-02-01","***","***","***","***",1.6082047035338101,1.6082047035338101]
["CAP MODIFICADO POR POLÍMERO 65-90-E","2017-03-01","***","***","***","***",1.83099150409053,1.83099150409053]
["CAP MODIFICADO POR POLÍMERO 65-90-E","2017-04-01","***","***","***",2.0295278334946798,1.68996405919534,1.72185218454545]
["CAP MODIFICADO POR POLÍMERO 65-90-E","2017-05-01","***","***",1.8264199999999999,1.7750999999999999,1.85137677896834,1.8503847129306901]
["CAP MODIFICADO POR POLÍMERO 65-90-E","2017-06-01","***","***",2.4799600000000002,2.0150405989814502,1.9689337627746599,2.0388803095770101]
["CAP MODIFICADO POR POLÍMERO 65-90-E","2017-07-01","***","***",2.21444971989655,2.0035197764647701,1.9569000000000001,2.02766465470437]
["CAP MODIFICADO POR POLÍMERO 65-90-E","2017-08-01","***","***",2.4127136041963002,1.97143131920376,1.9569000000000001,2.0358817299221199]
["CAP MODIFICADO POR POLÍMERO 65-90-E","2017-09-01","***","***",2.5316578291530401,1.99400980165005,1.9637643858267699,2.0464291416254698]
["CAP MODIFICADO POR POLÍMERO 65-90-E","2017-10-01","***","***",2.6283834077047201,2.0189193823209801,1.83663577564506,2.1481928647824602]
["CAP MODIFICADO POR POLÍMERO 65-90-E","2017-11-01","***","***",2.56866928177923,2.3690511495967899,2.0631097147844,2.31698070516159]
["CAP MODIFICADO POR POLÍMERO 65-90-E","2017-12-01","***",2.3750300000000002,2.6435635641620601,2.2241003413061602,2.1192000000000002,2.2447565981216901]
["CAP MODIFICADO POR POLÍMERO 65-90-E","2018-01-01","***",2.5321109700428002,2.4082699999999999,2.4470716776737498,"***",2.4583590677371601]
["CAP MODIFICADO POR POLÍMERO 65-90-E","2018-02-01","***",2.5274399999999999,"***","***",2.2187999999999999,2.27462622139346]
["CAP MODIFICADO POR POLÍMERO 65-90-E","2018-03-01","***",2.5274399999999999,2.4082699999999999,"***",1.9971401162790701,2.18330072450805]
["CAP MODIFICADO POR POLÍMERO 65-90-E","2018-04-01","***",2.47174,2.3693599999999999,"***",2.0878999999999999,2.3156321348088502]
["CAP MODIFICADO POR POLÍMERO 65-90-E","2018-05-01","***",2.5092293363064,"***",2.1265399999999999,2.25038945604825,2.3127857875017299]
["CAP MODIFICADO POR POLÍMERO 65-90-E","2018-06-01","***",2.7120466145530102,2.8046302009919102,2.2560121989528801,2.3363465419640699,2.4952213362794202]
["CAP MODIFICADO POR POLÍMERO 65-90-E","2018-07-01","***",2.8704700000000001,2.6909841569695798,2.6551053603254502,2.57384270951145,2.6609078039826901]
["CAP MODIFICADO POR POLÍMERO 65-90-E","2018-08-01","***","***",2.8451041635072101,2.75008803119922,2.6785999999999999,2.7819242020069099]
["CAP MODIFICADO POR POLÍMERO 65-90-E","2018-09-01","***","***",2.9582600000000001,2.5882272995977398,2.6945213240049402,2.7194762340700001]
["CAP MODIFICADO POR POLÍMERO 65-90-E","2018-10-01","***","***",2.48638,2.5823507044906102,2.6855796653055299,2.6461121291098002]
["CAP MODIFICADO POR POLÍMERO 65-90-E","2018-11-01","***","***",3.3710300000000002,2.8811166935830101,2.9951060950447301,3.0007603004907102]
["CAP MODIFICADO POR POLÍMERO 65-90-E","2018-12-01","***","***",2.8938600000000001,3.0403049509363198,2.9863900000000001,3.00727691967522]
["CAP MODIFICADO POR POLÍMERO 65-90-E","2019-01-01","***","***",3.3668100000000001,3.0815307779421501,2.97026769837706,3.04775074971446]
["CAP MODIFICADO POR POLÍMERO 65-90-E","2019-02-01","***","***","***",3.2435547966434801,3.4847299999999999,3.2508481342326201]
["CAP MODIFICADO POR POLÍMERO 65-90-E","2019-03-01","***","***","***",3.2414090214182201,3.2869000000000002,3.2497490009206098]
["CAP MODIFICADO POR POLÍMERO 65-90-E","2019-04-01","***","***","***",2.9872117804528102,3.3973878130617101,3.0413097469046599]
["CAP MODIFICADO POR POLÍMERO 65-90-E","2019-05-01","***","***","***",3.58081,3.2869000000000002,3.4986915110869101]
["CAP MODIFICADO POR POLÍMERO 65-90-E","2019-06-01","***","***","***",3.48173553517787,3.3253197185383101,3.4108612031472898]
["CAP MODIFICADO POR POLÍMERO 65-90-E","2019-07-01","***","***","***","***",3.1891014553211701,3.1891014553211701]
["CAP MODIFICADO POR POLÍMERO 65-90-E","2019-08-01","***","***","***",3.3295400000000002,3.1606349724072298,3.2140277771993802]
["CAP MODIFICADO POR POLÍMERO 65-90-E","2019-09-01","***","***","***",3.8885923150216501,3.1564066872377201,3.6910969607484101]
["CAP MODIFICADO POR POLÍMERO 65-90-E","2019-10-01","***","***","***",3.7084807442795,"***",3.7084807442795]
["CAP MODIFICADO POR POLÍMERO 65-90-E","2019-11-01","***","***","***",3.3165905540581,"***",3.3165905540581]
["CAP MODIFICADO POR POLÍMERO 65-90-E","2019-12-01","***","***","***",3.4165800000000002,3.4649999999999999,3.4441823199716199]
["CAP MODIFICADO POR POLÍMERO 65-90-E","2020-01-01","***","***","***",4.0702499999999997,"***",4.0702499999999997]
["CAP MODIFICADO POR POLÍMERO 65-90-E","2020-02-01","***","***","***","***","***","***"]
["CAP MODIFICADO POR POLÍMERO 65-90-E","2020-03-01","***","***","***",3.8525,"***",3.8525]
["CAP MODIFICADO POR POLÍMERO 65-90-E","2020-04-01","***","***","***","***",3.36836,3.36836]
["CAP MODIFICADO POR POLÍMERO 65-90-E","2020-05-01","***","***","***",3.1595300000000002,"***",3.1595300000000002]
["CAP MODIFICADO POR POLÍMERO 65-90-E","2020-06-01","***","***","***",3.0287714060284801,3.37113,3.07058435768398]
["CAP MODIFICADO POR POLÍMERO 65-90-E","2020-07-01","***","***","***",2.91801300658403,3.0287899999999999,2.9368747793444401]
["CAP MODIFICADO POR POLÍMERO 65-90-E","2020-08-01","***","***","***",3.2082958426547301,3.6035903088710599,3.3300157039112301]
["CAP MODIFICADO POR POLÍMERO 65-90-E","2020-09-01","***",3.6783999999999999,"***",2.95722639899869,1.46941071960243,2.04036102251355]
["CAP MODIFICADO POR POLÍMERO 65-90-E","2020-10-01","***",3.6783999999999999,"***",3.0749146935787501,2.9420709728534402,3.0838099019199898]
["CAP MODIFICADO POR POLÍMERO 65-90-E","2020-11-01","***",3.2835800000000002,"***",3.1591974659400499,3.3077576386491598,3.2644339414203598]
["CAP MODIFICADO POR POLÍMERO 65-90-E","2020-12-01","***",3.2835800000000002,"***",3.1590910750744898,3.1259513085322599,3.1433131929245799]
["CAP MODIFICADO POR POLÍMERO 65-90-E","2021-01-01","***","***","***",3.1597642449959298,"***",3.1597642449959298]
["CAP MODIFICADO POR POLÍMERO 65-90-E","2021-02-01","***","***","***",3.4199975554418298,"***",3.4199975554418298]
["CAP MODIFICADO POR POLÍMERO 65-90-E","2021-03-01","***",4.2064000000000004,"***",3.41728446186419,3.3537699999999999,3.4731874618923899]
["CAP MODIFICADO POR POLÍMERO 65-90-E","2021-04-01","***",4.2064000000000004,"***",3.4665533082875002,3.5064737636336498,3.5308457855634101]
["CAP MODIFICADO POR POLÍMERO 65-90-E","2021-05-01","***",5.2140000000000004,"***",4.29840205851304,"***",4.4702606866137904]
["CAP MODIFICADO POR POLÍMERO 65-90-E","2021-06-01","***",5.2140000000000004,"***",4.1506740838323397,4.3075542695722397,4.30068882906808]
["CAP MODIFICADO POR POLÍMERO 65-90-E","2021-07-01","***",4.4874499999999999,"***",4.2880269612191704,"***",4.2966660075747001]
["CAP MODIFICADO POR POLÍMERO 65-90-E","2021-08-01","***",4.7308300000000001,"***",4.3811282133624596,"***",4.4150593323470204]
["CAP MODIFICADO POR POLÍMERO 65-90-E","2021-09-01","***",4.5063899999999997,"***",4.3084740061345101,4.9359400000000004,4.3770211788829902]
["CAP MODIFICADO POR POLÍMERO 65-90-E","2021-10-01","***","***","***",4.6386075597360703,4.9359400000000004,4.6413377465354904]
["CAP MODIFICADO POR POLÍMERO 65-90-E","2021-11-01","***","***","***",4.8226272033416899,"***",4.8226272033416899]
["CAP MODIFICADO POR POLÍMERO 65-90-E","2021-12-01","***",5.5515299999999996,"***",5.0271386175302002,"***",5.0595128886606604]
["CAP MODIFICADO POR POLÍMERO 65-90-E","2022-01-01","***","***","***",5.1108941647655302,"***",5.1108941647655302]
["CAP MODIFICADO POR POLÍMERO 65-90-E","2022-02-01","***","***","***",5.5500062296779502,5.9308699999999996,5.5910537270753498]
["CAP MODIFICADO POR POLÍMERO 65-90-E","2022-03-01","***","***","***",5.6423773742937202,"***",5.6423773742937202]
["CAP MODIFICADO POR POLÍMERO 65-90-E","2022-04-01","***",6.3447699999999996,"***",6.0004299999999997,"***",6.1304795153927198]
["CAP MODIFICADO POR POLÍMERO 65-90-E","2022-05-01","***",6.1749715629011597,5.5873900000000001,6.1204015976447499,5.9695099999999996,6.0845880953756497]
["CAP MODIFICADO POR POLÍMERO 65-90-E","2022-06-01","***",6.1620124509050997,5.5873900000000001,5.9855099999999997,"***",5.8608465581569797]
["CAP MODIFICADO POR POLÍMERO 65-90-E","2022-07-01","***",6.1486524889339202,5.6879900000000001,"***",6.0167000000000002,6.0822876450777201]
["CAP MODIFICADO POR POLÍMERO 65-90-E","2022-08-01","***",6.2227858917039196,"***","***",5.3651799999999996,5.9160289661774099]
["CAP MODIFICADO POR POLÍMERO 65-90-E","2022-09-01","***",6.0123366451401896,"***","***",5.5873576965962402,5.9197384572597702]
["CAP MODIFICADO POR POLÍMERO 65-90-E","2022-10-01","***",5.5958699999999997,"***",5.1038443809952696,"***",5.16481859662274]
["CAP MODIFICADO POR POLÍMERO 65-90-E","2022-11-01","***",5.1053298461275398,"***",5.1578417588693402,"***",5.1502615575409099]
["CAP MODIFICADO POR POLÍMERO 65-90-E","2022-12-01","***",5.0620806692039304,"***",4.6740580511282896,4.7181434552928199,4.7266232003043198]
["CAP MODIFICADO POR POLÍMERO 65-90-E","2023-01-01","***",5.1244668730650202,"***",4.7105463185544698,"***",4.7827723154609103]
["CAP MODIFICADO POR POLÍMERO 65-90-E","2023-02-01","***",5.06386,"***",4.6839759250160897,4.7410399999999999,4.7643442608050002]
["CAP MODIFICADO POR POLÍMERO 65-90-E","2023-03-01","***",5.2004900000000003,"***",4.4260811354563998,4.4109499999999997,4.4844846928400299]
["CAP MODIFICADO POR POLÍMERO 65-90-E","2023-04-01","***",5.1834199999999999,3.5742600000000002,4.5764145271532799,"***",4.4274986396685199]
["CAP MODIFICADO POR POLÍMERO 65-90-E","2023-05-01","***","***",3.7837900000000002,4.5813380217112503,4.4458340555329601,4.3592429575071101]
["CAP MODIFICADO POR POLÍMERO 65-90-E","2023-06-01","***","***","***",4.5228506090875902,4.3864967676078201,4.4753020709334601]
["CAP MODIFICADO POR POLÍMERO 65-90-E","2023-07-01","***","***","***",4.5322064288618797,4.4828542581681798,4.5197554302219496]
["CAP MODIFICADO POR POLÍMERO 65-90-E","2023-08-01","***","***","***",4.4510855095768997,4.4114800000000001,4.4442182459975204]
["CAP MODIFICADO POR POLÍMERO 65-90-E","2023-09-01","***","***","***",4.6859799999999998,4.46757899088146,4.5637877477722597]
["CAP MODIFICADO POR POLÍMERO 65-90-E","2023-10-01","***","***","***",4.3485184566077404,4.7706299999999997,4.4421492155410904]
["CAP MODIFICADO POR POLÍMERO 65-90-E","2023-11-01","***","***",4.0297499999999999,4.5253631621981398,4.4809678130959902,4.4404785105080604]
["CAP MODIFICADO POR POLÍMERO 65-90-E","2023-12-01","***","***",4.2520057773772004,4.4080255751668398,4.2647599999999999,4.3178400548874301]
["CAP MODIFICADO POR POLÍMERO 65-90-E","2024-01-01","***","***",4.5437700000000003,4.34059435265329,4.16282,4.3294500647148704]
["CAP MODIFICADO POR POLÍMERO 65-90-E","2024-02-01","***","***","***",4.5087866563649497,"***",4.5087866563649497]
["CAP MODIFICADO POR POLÍMERO 65-90-E","2024-03-01","***","***","***",4.70203001532016,4.26701,4.6806090894903498]
["CAP MODIFICADO POR POLÍMERO 65-90-E","2024-04-01","***","***",3.7585899999999999,4.2893563646036998,4.3119300000000003,4.2498905914294296]
["CAP MODIFICADO POR POLÍMERO 65-90-E","2024-05-01","***","***",3.8791099999999998,4.3543272290021502,4.2877217505683696,4.1413615850929801]
["CAP MODIFICADO POR POLÍMERO 65-90-E","2024-06-01","***",5.9355599999999997,3.8640400000000001,4.4499115408231003,"***",4.4808787273163704]
["CAP MODIFICADO POR POLÍMERO 65-90-E","2024-07-01","***",5.3412034405032296,"***",4.3666013227856899,4.5531199999999998,4.5691904396577199]
["CAP MODIFICADO POR POLÍMERO 65-90-E","2024-08-01","***",4.9985799999999996,"***",4.4698155356254796,4.7457102251321697,4.7160559454006297]
["CAP MODIFICADO POR POLÍMERO 65-90-E","2024-09-01","***",5.44482,"***",4.4171270070106496,4.78787707288196,4.6230440841576996]
["CIMENTO ASFÁLTICO MODIFICADO POR POLÍMERO SBS 50-65","2009-12-01","***","***","***",1.5853699999999999,1.4175780343331399,1.42909570372473]
["CIMENTO ASFÁLTICO MODIFICADO POR POLÍMERO SBS 50-65","2010-01-01","***","***","***","***",1.5227148666013599,1.5227148666013599]
["CIMENTO ASFÁLTICO MODIFICADO POR POLÍMERO SBS 50-65","2010-02-01","***","***","***","***",1.70893381206462,1.70893381206462]
["CIMENTO ASFÁLTICO MODIFICADO POR POLÍMERO SBS 50-65","2010-03-01","***","***",1.67397,"***",1.63601419642966,1.63717260877259]
["CIMENTO ASFÁLTICO MODIFICADO POR POLÍMERO SBS 50-65","2010-04-01","***","***",1.6727100013090901,"***",1.6092808441206601,1.6268555694871001]
["CIMENTO ASFÁLTICO MODIFICADO POR POLÍMERO SBS 50-65","2010-05-01","***","***",1.67411456801415,1.70661,1.7158413319527499,1.70441449521669]
["CIMENTO ASFÁLTICO MODIFICADO POR POLÍMERO SBS 50-65","2010-06-01","***","***","***",1.1916100000000001,1.5606875369553801,1.5222050036817401]
["CIMENTO ASFÁLTICO MODIFICADO POR POLÍMERO SBS 50-65","2010-07-01","***","***","***",1.1916100000000001,1.5982250446396,1.50816735070498]
["CIMENTO ASFÁLTICO MODIFICADO POR POLÍMERO SBS 50-65","2010-08-01","***","***","***",1.4410503661779199,1.63643395230111,1.59338544354373]
["CIMENTO ASFÁLTICO MODIFICADO POR POLÍMERO SBS 50-65","2010-09-01","***","***","***",1.78783,1.5395260296820701,1.5814451070872799]
["CIMENTO ASFÁLTICO MODIFICADO POR POLÍMERO SBS 50-65","2010-10-01","***","***","***",1.78783,1.42550980648005,1.45322060712977]
["CIMENTO ASFÁLTICO MODIFICADO POR POLÍMERO SBS 50-65","2010-11-01","***","***","***",1.1916100000000001,1.2947742270659199,1.2726645440186199]
["CIMENTO ASFÁLTICO MODIFICADO POR POLÍMERO SBS 50-65","2010-12-01","***","***","***","***","***","***"]
["CIMENTO ASFÁLTICO MODIFICADO POR POLÍMERO SBS 50-65","2011-01-01","***","***","***","***",1.29477569148936,1.29477569148936]
["CIMENTO ASFÁLTICO MODIFICADO POR POLÍMERO SBS 50-65","2011-02-01","***","***","***","***","***","***"]
["CIMENTO ASFÁLTICO MODIFICADO POR POLÍMERO SBS 50-65","2011-03-01","***","***","***","***","***","***"]
["CIMENTO ASFÁLTICO MODIFICADO POR POLÍMERO SBS 50-65","2011-04-01","***","***","***",1.2591950000000001,"***",1.2591950000000001]
["CIMENTO ASFÁLTICO MODIFICADO POR POLÍMERO SBS 50-65","2011-05-01","***","***",1.6439900000000001,1.17416187693498,"***",1.3246749368753299]
["CIMENTO ASFÁLTICO MODIFICADO POR POLÍMERO SBS 50-65","2011-06-01","***","***",1.63832411972057,1.1746700000000001,"***",1.60140245030378]
["CIMENTO ASFÁLTICO MODIFICADO POR POLÍMERO SBS 50-65","2011-07-01","***","***",1.4925409986848099,1.1730400000000001,"***",1.47236946535237]
["CIMENTO ASFÁLTICO MODIFICADO POR POLÍMERO SBS 50-65","2011-08-01","***","***",1.3751659402633101,1.17292500104232,"***",1.36043657283838]
["CIMENTO ASFÁLTICO MODIFICADO POR POLÍMERO SBS 50-65","2011-09-01","***","***",1.3750899999999999,1.1730031992486101,1.5575300000000001,1.33114077554526]
["CIMENTO ASFÁLTICO MODIFICADO POR POLÍMERO SBS 50-65","2011-10-01","***","***","***",1.1704656716417901,"***",1.1704656716417901]
["CIMENTO ASFÁLTICO MODIFICADO POR POLÍMERO SBS 50-65","2011-11-01","***","***","***","***","***","***"]
["CIMENTO ASFÁLTICO MODIFICADO POR POLÍMERO SBS 50-65","2011-12-01","***","***","***",1.10371,"***",1.10371]
["CIMENTO ASFÁLTICO MODIFICADO POR POLÍMERO SBS 50-65","2012-01-01","***","***","***",1.1037133183023899,"***",1.1037133183023899]
["CIMENTO ASFÁLTICO MODIFICADO POR POLÍMERO SBS 50-65","2012-02-01","***","***","***",1.1037117226670199,"***",1.1037117226670199]
["CIMENTO ASFÁLTICO MODIFICADO POR POLÍMERO SBS 50-65","2012-03-01","***","***","***",1.10371196484976,"***",1.10371196484976]
["CIMENTO ASFÁLTICO MODIFICADO POR POLÍMERO SBS 50-65","2012-04-01","***","***","***",1.1037167049543299,"***",1.1037167049543299]
["CIMENTO ASFÁLTICO MODIFICADO POR POLÍMERO SBS 50-65","2012-05-01","***","***",1.56877,1.1252123441037301,"***",1.34749210985626]
["CIMENTO ASFÁLTICO MODIFICADO POR POLÍMERO SBS 50-65","2012-06-01","***","***",1.56877,1.14682,"***",1.43211060492505]
["CIMENTO ASFÁLTICO MODIFICADO POR POLÍMERO SBS 50-65","2012-07-01","***","***",1.56877,1.17455,1.36588,1.37214319594595]
["CIMENTO ASFÁLTICO MODIFICADO POR POLÍMERO SBS 50-65","2012-08-01","***","***",1.56877,1.17455,"***",1.42981265889687]
["CIMENTO ASFÁLTICO MODIFICADO POR POLÍMERO SBS 50-65","2012-09-01","***","***",1.6187100000000001,"***","***",1.6187100000000001]
["CIMENTO ASFÁLTICO MODIFICADO POR POLÍMERO SBS 50-65","2012-10-01","***","***",1.63874561233802,"***","***",1.63874561233802]
["CIMENTO ASFÁLTICO MODIFICADO POR POLÍMERO SBS 50-65","2012-11-01","***","***","***","***","***","***"]
["CIMENTO ASFÁLTICO MODIFICADO POR POLÍMERO SBS 50-65","2012-12-01","***","***","***","***","***","***"]
["CIMENTO ASFÁLTICO MODIFICADO POR POLÍMERO SBS 50-65","2013-01-01","***","***","***","***","***","***"]
["CIMENTO ASFÁLTICO MODIFICADO POR POLÍMERO SBS 50-65","2013-02-01","***","***","***","***","***","***"]
["CIMENTO ASFÁLTICO MODIFICADO POR POLÍMERO SBS 50-65","2013-03-01","***","***","***","***","***","***"]
["CIMENTO ASFÁLTICO MODIFICADO POR POLÍMERO SBS 50-65","2013-04-01","***","***","***",1.3120000000000001,"***",1.3120000000000001]
["CIMENTO ASFÁLTICO MODIFICADO POR POLÍMERO SBS 50-65","2013-05-01","***","***","***",1.3120000000000001,1.3225199999999999,1.31353526114799]
["CIMENTO ASFÁLTICO MODIFICADO POR POLÍMERO SBS 50-65","2013-06-01","***","***","***",1.3120000000000001,"***",1.3120000000000001]
["CIMENTO ASFÁLTICO MODIFICADO POR POLÍMERO SBS 50-65","2013-07-01","***","***","***",1.3120000000000001,"***",1.3120000000000001]
["CIMENTO ASFÁLTICO MODIFICADO POR POLÍMERO SBS 50-65","2013-08-01","***","***","***","***",1.56972025948104,1.56972025948104]
["CIMENTO ASFÁLTICO MODIFICADO POR POLÍMERO SBS 50-65","2013-09-01","***","***","***",1.3120000000000001,"***",1.3120000000000001]
["CIMENTO ASFÁLTICO MODIFICADO POR POLÍMERO SBS 50-65","2013-10-01","***","***","***","***",1.3614900000000001,1.3614900000000001]
["CIMENTO ASFÁLTICO MODIFICADO POR POLÍMERO SBS 50-65","2013-11-01","***","***","***",1.44751073655385,"***",1.44751073655385]
["CIMENTO ASFÁLTICO MODIFICADO POR POLÍMERO SBS 50-65","2013-12-01","***","***","***","***","***","***"]
["CIMENTO ASFÁLTICO MODIFICADO POR POLÍMERO SBS 50-65","2014-01-01","***","***","***",1.4235117923823699,"***",1.4235117923823699]
["CIMENTO ASFÁLTICO MODIFICADO POR POLÍMERO SBS 50-65","2014-02-01","***","***","***","***","***","***"]
["CIMENTO ASFÁLTICO MODIFICADO POR POLÍMERO SBS 50-65","2014-03-01","***","***",1.4269732497883401,"***","***",1.4269732497883401]
["CIMENTO ASFÁLTICO MODIFICADO POR POLÍMERO SBS 50-65","2014-04-01","***","***",1.3033859071393099,"***","***",1.3033859071393099]
["CIMENTO ASFÁLTICO MODIFICADO POR POLÍMERO SBS 50-65","2014-05-01","***","***","***","***","***","***"]
["CIMENTO ASFÁLTICO MODIFICADO POR POLÍMERO SBS 50-65","2014-06-01","***","***","***","***","***","***"]
["CIMENTO ASFÁLTICO MODIFICADO POR POLÍMERO SBS 50-65","2014-07-01","***","***","***","***","***","***"]
["CIMENTO ASFÁLTICO MODIFICADO POR POLÍMERO SBS 50-65","2014-08-01","***","***","***","***","***","***"]
["CIMENTO ASFÁLTICO MODIFICADO POR POLÍMERO SBS 50-65","2014-09-01","***","***","***","***","***","***"]
["CIMENTO ASFÁLTICO MODIFICADO POR POLÍMERO SBS 50-65","2014-10-01","***","***","***","***","***","***"]
["CIMENTO ASFÁLTICO MODIFICADO POR POLÍMERO SBS 50-65","2014-11-01","***","***","***","***","***","***"]
["CIMENTO ASFÁLTICO MODIFICADO POR POLÍMERO SBS 50-65","2014-12-01","***","***","***","***","***","***"]
["CIMENTO ASFÁLTICO MODIFICADO POR POLÍMERO SBS 50-65","2015-01-01","***","***","***","***","***","***"]
["CIMENTO ASFÁLTICO MODIFICADO POR POLÍMERO SBS 50-65","2015-02-01","***","***","***","***","***","***"]
["CIMENTO ASFÁLTICO MODIFICADO POR POLÍMERO SBS 50-65","2015-03-01","***","***","***","***","***","***"]
["CIMENTO ASFÁLTICO MODIFICADO POR POLÍMERO SBS 50-65","2015-04-01","***","***","***","***","***","***"]
["CIMENTO ASFÁLTICO MODIFICADO POR POLÍMERO SBS 50-65","2015-05-01","***","***","***","***","***","***"]
["CIMENTO ASFÁLTICO MODIFICADO POR POLÍMERO SBS 50-65","2015-06-01","***","***","***","***","***","***"]
["CIMENTO ASFÁLTICO MODIFICADO POR POLÍMERO SBS 50-65","2015-07-01","***","***","***","***","***","***"]
["CIMENTO ASFÁLTICO MODIFICADO POR POLÍMERO SBS 50-65","2015-08-01","***","***","***","***","***","***"]
["CIMENTO ASFÁLTICO MODIFICADO POR POLÍMERO SBS 55-75","2009-12-01","***","***","***","***",1.4085247007018,1.4085247007018]
["CIMENTO ASFÁLTICO MODIFICADO POR POLÍMERO SBS 55-75","2010-01-01","***",1.4791099999999999,"***","***",1.4119999999999999,1.45017092528184]
["CIMENTO ASFÁLTICO MODIFICADO POR POLÍMERO SBS 55-75","2010-02-01","***","***","***","***",1.3579000000000001,1.3579000000000001]
["CIMENTO ASFÁLTICO MODIFICADO POR POLÍMERO SBS 55-75","2010-03-01","***","***","***","***",1.3579000000000001,1.3579000000000001]
["CIMENTO ASFÁLTICO MODIFICADO POR POLÍMERO SBS 55-75","2010-04-01","***","***","***","***",1.3579000000000001,1.3579000000000001]
["CIMENTO ASFÁLTICO MODIFICADO POR POLÍMERO SBS 55-75","2010-05-01","***","***","***",1.33582409939632,1.33714116094987,1.33653438069983]
["CIMENTO ASFÁLTICO MODIFICADO POR POLÍMERO SBS 55-75","2010-06-01","***","***","***","***",1.3492483822797401,1.3492483822797401]
["CIMENTO ASFÁLTICO MODIFICADO POR POLÍMERO SBS 55-75","2010-07-01","***",1.44868,"***","***",1.35573203035477,1.3633325071423601]
["CIMENTO ASFÁLTICO MODIFICADO POR POLÍMERO SBS 55-75","2010-08-01","***","***","***",1.62704,1.3396139892340599,1.3549487880648301]
["CIMENTO ASFÁLTICO MODIFICADO POR POLÍMERO SBS 55-75","2010-09-01","***",1.48319,"***",1.37050185423781,1.33284387544117,1.38662013509249]
["CIMENTO ASFÁLTICO MODIFICADO POR POLÍMERO SBS 55-75","2010-10-01","***",1.48319,"***",1.37926486365505,1.3094420737032699,1.3460313551423699]
["CIMENTO ASFÁLTICO MODIFICADO POR POLÍMERO SBS 55-75","2010-11-01","***",1.4832000000000001,"***",1.30824502071177,1.32964976174947,1.35156966437606]
["CIMENTO ASFÁLTICO MODIFICADO POR POLÍMERO SBS 55-75","2010-12-01","***","***","***",1.3087306300789101,1.3200754854685299,1.3111502506277299]
["CIMENTO ASFÁLTICO MODIFICADO POR POLÍMERO SBS 55-75","2011-01-01","***","***","***",1.2826475553595,1.2474343583829799,1.2795144022048901]
["CIMENTO ASFÁLTICO MODIFICADO POR POLÍMERO SBS 55-75","2011-02-01","***",0.78463168964547003,"***",1.26175681631375,1.23995929927405,1.1299944498193699]
["CIMENTO ASFÁLTICO MODIFICADO POR POLÍMERO SBS 55-75","2011-03-01","***",1.2996251914734001,"***",1.2808501922158499,1.23380216760632,1.2566854939877901]
["CIMENTO ASFÁLTICO MODIFICADO POR POLÍMERO SBS 55-75","2011-04-01","***",1.00473515982564,"***",1.3206800000000001,1.2428463675927499,1.20176347929678]
["CIMENTO ASFÁLTICO MODIFICADO POR POLÍMERO SBS 55-75","2011-05-01","***",0.64170635477482596,1.6392,1.11872888378284,1.2408360401638101,1.0682881836423299]
["CIMENTO ASFÁLTICO MODIFICADO POR POLÍMERO SBS 55-75","2011-06-01","***",0.96346079565438303,1.6392,1.15531582200212,1.22113967127616,1.1620611962318601]
["CIMENTO ASFÁLTICO MODIFICADO POR POLÍMERO SBS 55-75","2011-07-01","***",1.2441821044546899,1.6490301929954601,1.26273554345674,1.23023614230953,1.3480658364967]
["CIMENTO ASFÁLTICO MODIFICADO POR POLÍMERO SBS 55-75","2011-08-01","***",1.2361395761637399,1.6640999999999999,"***",1.21722966490847,1.25658857364082]
["CIMENTO ASFÁLTICO MODIFICADO POR POLÍMERO SBS 55-75","2011-09-01","***",1.4429000000000001,"***",1.36294105221983,1.2034974033416701,1.2434389605884899]
["CIMENTO ASFÁLTICO MODIFICADO POR POLÍMERO SBS 55-75","2011-10-01","***",1.3988614926909599,1.3739399999999999,1.4555,1.1737846124167799,1.31004625949056]
["CIMENTO ASFÁLTICO MODIFICADO POR POLÍMERO SBS 55-75","2011-11-01","***",1.35041918089204,"***",1.4382710150831199,1.2702042377648901,1.3281636099899801]
["CIMENTO ASFÁLTICO MODIFICADO POR POLÍMERO SBS 55-75","2011-12-01","***",1.31169413690132,"***",1.34221005149737,1.14609813552934,1.2978681034792601]
["CIMENTO ASFÁLTICO MODIFICADO POR POLÍMERO SBS 55-75","2012-01-01","***",1.3209101535372501,"***",1.35803591466346,1.23418077451694,1.29569111626199]
["CIMENTO ASFÁLTICO MODIFICADO POR POLÍMERO SBS 55-75","2012-02-01","***",1.29069301215669,"***",1.3615232495579701,1.2902423852007601,1.29633313926827]
["CIMENTO ASFÁLTICO MODIFICADO POR POLÍMERO SBS 55-75","2012-03-01","***",1.3115648818346901,"***",1.41405759081048,1.2989899452948801,1.31289564514858]
["CIMENTO ASFÁLTICO MODIFICADO POR POLÍMERO SBS 55-75","2012-04-01","***",1.30766351730247,"***",1.45722482326255,1.29026467673259,1.30999881467289]
["CIMENTO ASFÁLTICO MODIFICADO POR POLÍMERO SBS 55-75","2012-05-01","***",0.96958820426787395,"***",1.3870342367136399,1.2912270096463001,1.1326667311412]
["CIMENTO ASFÁLTICO MODIFICADO POR POLÍMERO SBS 55-75","2012-06-01","***",1.1701404730966301,"***",1.2766372195898701,1.31030663595968,1.2445550617667001]
["CIMENTO ASFÁLTICO MODIFICADO POR POLÍMERO SBS 55-75","2012-07-01","***",1.43487543289771,"***",1.3393986185983799,1.41786617673445,1.40875393662962]
["CIMENTO ASFÁLTICO MODIFICADO POR POLÍMERO SBS 55-75","2012-08-01","***",1.39609538994995,1.7139,1.3468,1.3615477289209501,1.44712538215957]
["CIMENTO ASFÁLTICO MODIFICADO POR POLÍMERO SBS 55-75","2012-09-01","***",1.3566627289381501,1.7139,1.4555,1.4015400096954,1.4170065712589299]
["CIMENTO ASFÁLTICO MODIFICADO POR POLÍMERO SBS 55-75","2012-10-01","***",1.36912423425534,1.8284,1.31639345937249,1.25941631431459,1.3767138229706299]
["CIMENTO ASFÁLTICO MODIFICADO POR POLÍMERO SBS 55-75","2012-11-01","***",1.3636168697098801,1.8284,1.3734999999999999,1.34578550100681,1.4825564020312401]
["CIMENTO ASFÁLTICO MODIFICADO POR POLÍMERO SBS 55-75","2012-12-01","***",1.3433033564415999,1.8284,1.2056500000000001,1.3866577999718701,1.38802239148621]
["CIMENTO ASFÁLTICO MODIFICADO POR POLÍMERO SBS 55-75","2013-01-01","***",1.3712148691432999,1.8284,1.3495842531401001,1.38707976550999,1.3914965239138299]
["CIMENTO ASFÁLTICO MODIFICADO POR POLÍMERO SBS 55-75","2013-02-01","***",1.38098531741576,1.8284,1.3744712404962001,1.38460097553221,1.41281131954289]
["CIMENTO ASFÁLTICO MODIFICADO POR POLÍMERO SBS 55-75","2013-03-01","***",1.3783089802922499,"***",1.3098280882092499,1.37935758759746,1.3729795485357099]
["CIMENTO ASFÁLTICO MODIFICADO POR POLÍMERO SBS 55-75","2013-04-01","***",1.36699454569104,1.8284,1.3283960771827501,1.4031320763379,1.40703130810235]
["CIMENTO ASFÁLTICO MODIFICADO POR POLÍMERO SBS 55-75","2013-05-01","***",1.3880124162323699,1.7804312235600399,1.29637614516891,1.42903606114267,1.4362685830180999]
["CIMENTO ASFÁLTICO MODIFICADO POR POLÍMERO SBS 55-75","2013-06-01","***",1.4021579095618599,1.8239022285409601,1.29848737529099,1.5550054887103799,1.50044439707822]
["CIMENTO ASFÁLTICO MODIFICADO POR POLÍMERO SBS 55-75","2013-07-01","***",1.38717236566849,1.80527407638574,1.3340344015646901,1.4476256065186199,1.4675567171586099]
["CIMENTO ASFÁLTICO MODIFICADO POR POLÍMERO SBS 55-75","2013-08-01","***",1.37281682808601,1.8249272159868599,1.34887128594282,1.4924977825197201,1.4391854077958499]
["CIMENTO ASFÁLTICO MODIFICADO POR POLÍMERO SBS 55-75","2013-09-01","***",1.37657189789044,1.8167627969621001,1.3137746593863799,1.4596725257068699,1.44373876262533]
["CIMENTO ASFÁLTICO MODIFICADO POR POLÍMERO SBS 55-75","2013-10-01","***",1.3168143530317,1.8378749281630899,"***",1.48898442621453,1.4748210147873]
["CIMENTO ASFÁLTICO MODIFICADO POR POLÍMERO SBS 55-75","2013-11-01","***",1.3216723795632199,1.82837781746946,"***",1.41289244678799,1.4291300504672899]
["CIMENTO ASFÁLTICO MODIFICADO POR POLÍMERO SBS 55-75","2013-12-01","***",1.44253478271743,"***",1.34464845644762,1.3839241651016501,1.40937148700362]
["CIMENTO ASFÁLTICO MODIFICADO POR POLÍMERO SBS 55-75","2014-01-01","***",1.3379008202286999,1.8284,1.38392,1.4586311939232399,1.41624266271837]
["CIMENTO ASFÁLTICO MODIFICADO POR POLÍMERO SBS 55-75","2014-02-01","***",1.3716805061792301,"***",1.4903,1.40238579093608,1.3955580095368301]
["CIMENTO ASFÁLTICO MODIFICADO POR POLÍMERO SBS 55-75","2014-03-01","***",1.3360945071615999,1.8592,1.48955587106677,1.4185017555694599,1.3862817576476301]
["CIMENTO ASFÁLTICO MODIFICADO POR POLÍMERO SBS 55-75","2014-04-01","***",1.08579833452192,1.7494475125397799,1.4887999999999999,1.4518133299764699,1.2583130619063301]
["CIMENTO ASFÁLTICO MODIFICADO POR POLÍMERO SBS 55-75","2014-05-01","***",1.3366260577409499,1.7672516786494099,1.3472450359492101,1.4751856772984,1.41810697342363]
["CIMENTO ASFÁLTICO MODIFICADO POR POLÍMERO SBS 55-75","2014-06-01","***",1.35280254768033,"***",1.3493299999999999,1.4381584461528101,1.3952794465748399]
["CIMENTO ASFÁLTICO MODIFICADO POR POLÍMERO SBS 55-75","2014-07-01","***",1.3427451420824601,"***","***",1.4253708750477601,1.38905192649873]
["CIMENTO ASFÁLTICO MODIFICADO POR POLÍMERO SBS 55-75","2014-08-01","***",1.4111987108167801,"***","***",1.47527756482538,1.4495209358405601]
["CIMENTO ASFÁLTICO MODIFICADO POR POLÍMERO SBS 55-75","2014-09-01","***",1.39581245288056,"***","***",1.58950940289063,1.50401620000377]
["CIMENTO ASFÁLTICO MODIFICADO POR POLÍMERO SBS 55-75","2014-10-01","***",1.3790596339041401,1.8783048773432101,1.4945898512614,1.4357077744842199,1.4362620507822399]
["CIMENTO ASFÁLTICO MODIFICADO POR POLÍMERO SBS 55-75","2014-11-01","***",1.4297891531115401,1.83897669366257,1.49406207253886,1.5514262768528799,1.5108203419906601]
["CIMENTO ASFÁLTICO MODIFICADO POR POLÍMERO SBS 55-75","2014-12-01","***",1.52943258502178,2.13866210974285,1.72072904439428,1.69827147849963,1.62134915717643]
["CIMENTO ASFÁLTICO MODIFICADO POR POLÍMERO SBS 55-75","2015-01-01","***",1.71017867262514,"***","***",1.9805023382300599,1.8054642290188501]
["CIMENTO ASFÁLTICO MODIFICADO POR POLÍMERO SBS 55-75","2015-02-01","***",1.6838658791076999,"***","***",1.81210563280698,1.7485498157394199]
["CIMENTO ASFÁLTICO MODIFICADO POR POLÍMERO SBS 55-75","2015-03-01","***",1.8045122924600201,"***",1.68685435791133,1.8177668789522201,1.7696051082808799]
["CIMENTO ASFÁLTICO MODIFICADO POR POLÍMERO SBS 55-75","2015-04-01","***",1.80775,"***",1.7313555928686699,1.8111169557008,1.78254832301397]
["CIMENTO ASFÁLTICO MODIFICADO POR POLÍMERO SBS 55-75","2015-05-01","***",1.89641863747811,"***",1.6515433688208601,1.7811996982095699,1.77714944872985]
["CIMENTO ASFÁLTICO MODIFICADO POR POLÍMERO SBS 55-75","2015-06-01","***",2.0391962239639998,"***",1.7132863849712301,1.6930918749897601,1.7454252476155701]
["CIMENTO ASFÁLTICO MODIFICADO POR POLÍMERO SBS 55-75","2015-07-01","***",1.8790785057680099,"***",2.0011090738472599,1.8652297091043799,1.90634260476031]
["CIMENTO ASFÁLTICO MODIFICADO POR POLÍMERO SBS 55-75","2015-08-01","***",1.61873,"***",1.80214048256504,1.7062151192819801,1.73953484128556]
["CIMENTO ASFÁLTICO MODIFICADO POR POLÍMERO SBS 60-85","2009-12-01","***","***",1.7973052872604001,1.3416759596768899,1.32997914910413,1.4597747057791799]
["CIMENTO ASFÁLTICO MODIFICADO POR POLÍMERO SBS 60-85","2010-01-01","***","***",1.75981333031569,1.3653638486847599,1.3749035779869201,1.4847893832068599]
["CIMENTO ASFÁLTICO MODIFICADO POR POLÍMERO SBS 60-85","2010-02-01","***","***",1.79178927124924,1.3470507055903,1.3895835117380599,1.46639000592205]
["CIMENTO ASFÁLTICO MODIFICADO POR POLÍMERO SBS 60-85","2010-03-01","***","***",1.8306406473151,1.35654550236356,1.38285772258097,1.4610760610370599]
["CIMENTO ASFÁLTICO MODIFICADO POR POLÍMERO SBS 60-85","2010-04-01","***","***",1.78705554577181,1.36015656569678,1.2897325091018701,1.56507394547501]
["CIMENTO ASFÁLTICO MODIFICADO POR POLÍMERO SBS 60-85","2010-05-01","***",1.4083399999999999,1.8260760795673101,1.3480221545440101,1.3400597122734801,1.5217681015078099]
["CIMENTO ASFÁLTICO MODIFICADO POR POLÍMERO SBS 60-85","2010-06-01","***",1.4083399999999999,1.8446227536039601,1.2808579669542599,1.3389870090352001,1.38927728317272]
["CIMENTO ASFÁLTICO MODIFICADO POR POLÍMERO SBS 60-85","2010-07-01","***",1.4083399999999999,1.83348037779406,1.28557436441857,1.33383624692531,1.43245057670165]
["CIMENTO ASFÁLTICO MODIFICADO POR POLÍMERO SBS 60-85","2010-08-01","***",1.4083399999999999,1.8200538202731,1.2599148648422001,1.3488572866103601,1.3918757816090701]
["CIMENTO ASFÁLTICO MODIFICADO POR POLÍMERO SBS 60-85","2010-09-01","***","***",1.77737534094931,1.29400797273248,1.3686770810069,1.4108881580325101]
["CIMENTO ASFÁLTICO MODIFICADO POR POLÍMERO SBS 60-85","2010-10-01","***","***",1.78553958704937,1.2824269304583,1.34813107684567,1.42778296859063]
["CIMENTO ASFÁLTICO MODIFICADO POR POLÍMERO SBS 60-85","2010-11-01","***","***",1.77132553310382,1.2976995049327,1.34874825277241,1.4565097305338599]
["CIMENTO ASFÁLTICO MODIFICADO POR POLÍMERO SBS 60-85","2010-12-01","***",1.5686899999999999,1.86762328094243,1.2801018771306301,1.3367118381059599,1.4033329494856399]
["CIMENTO ASFÁLTICO MODIFICADO POR POLÍMERO SBS 60-85","2011-01-01","***","***",1.7816071191782401,1.2666310282895501,1.3677614648007901,1.40081176771399]
["CIMENTO ASFÁLTICO MODIFICADO POR POLÍMERO SBS 60-85","2011-02-01","***",1.6458900000000001,1.95418806229312,1.32876987955953,1.3742832479006699,1.40338956906503]
["CIMENTO ASFÁLTICO MODIFICADO POR POLÍMERO SBS 60-85","2011-03-01","***",1.4768084117781699,1.84887,1.23391152967317,1.36689967390571,1.3464988071236601]
["CIMENTO ASFÁLTICO MODIFICADO POR POLÍMERO SBS 60-85","2011-04-01","***","***",1.83944714083356,1.3074872933667401,1.36025232453281,1.3911519284860101]
["CIMENTO ASFÁLTICO MODIFICADO POR POLÍMERO SBS 60-85","2011-05-01","***",1.3564799999999999,1.7291635397684,1.27127231726663,1.3576078472320401,1.3777874689410501]
["CIMENTO ASFÁLTICO MODIFICADO POR POLÍMERO SBS 60-85","2011-06-01","***",1.35687,1.6981810503686501,1.2992499891131,1.3256809304152499,1.3769277827478801]
["CIMENTO ASFÁLTICO MODIFICADO POR POLÍMERO SBS 60-85","2011-07-01","***",1.3567400000000001,1.68007236304648,1.3086946902916901,1.2673003785258501,1.4103994796213699]
["CIMENTO ASFÁLTICO MODIFICADO POR POLÍMERO SBS 60-85","2011-08-01","***",1.35544,1.71263791987574,1.3168958321939599,1.29818922025289,1.4301102943486801]
["CIMENTO ASFÁLTICO MODIFICADO POR POLÍMERO SBS 60-85","2011-09-01","***","***",1.7363432329452999,1.28078252471503,1.2715155909092499,1.3711510650954]
["CIMENTO ASFÁLTICO MODIFICADO POR POLÍMERO SBS 60-85","2011-10-01","***",1.43249,1.5629204195049899,1.2883071879414401,1.28207898039875,1.3766086500552399]
["CIMENTO ASFÁLTICO MODIFICADO POR POLÍMERO SBS 60-85","2011-11-01","***","***",1.4480163644658,1.29612915551198,1.24447741486667,1.33296903010205]
["CIMENTO ASFÁLTICO MODIFICADO POR POLÍMERO SBS 60-85","2011-12-01","***",1.4181900000000001,1.3328846374954499,1.31805933918186,1.2727961938335901,1.3185584151999701]
["CIMENTO ASFÁLTICO MODIFICADO POR POLÍMERO SBS 60-85","2012-01-01","***",1.41818,1.3926199686941001,1.3030516267523899,1.2748059127117399,1.3132685568832001]
["CIMENTO ASFÁLTICO MODIFICADO POR POLÍMERO SBS 60-85","2012-02-01","***",1.41818,1.34114523668514,1.3235784419763801,1.27741868589316,1.31839427805586]
["CIMENTO ASFÁLTICO MODIFICADO POR POLÍMERO SBS 60-85","2012-03-01","***",1.4181999999999999,1.31772787384782,1.3414761902279999,1.2391253704690399,1.3242000972258201]
["CIMENTO ASFÁLTICO MODIFICADO POR POLÍMERO SBS 60-85","2012-04-01","***",1.4181900000000001,1.42438732166507,1.3487324631650801,1.2441843522160401,1.33459059999428]
["CIMENTO ASFÁLTICO MODIFICADO POR POLÍMERO SBS 60-85","2012-05-01","***",1.4181999999999999,1.4416238968928801,1.38004547454104,1.2616042347410501,1.3547985906870299]
["CIMENTO ASFÁLTICO MODIFICADO POR POLÍMERO SBS 60-85","2012-06-01","***","***",1.47338650402145,1.4155632294629199,1.32315276479376,1.4186747704073699]
["CIMENTO ASFÁLTICO MODIFICADO POR POLÍMERO SBS 60-85","2012-07-01","***","***",1.58297902553083,1.44640986699561,1.3657937295328699,1.4834698761020899]
["CIMENTO ASFÁLTICO MODIFICADO POR POLÍMERO SBS 60-85","2012-08-01","***","***",1.5409183867945599,1.39317132365453,1.3724223877327499,1.46429210528415]
["CIMENTO ASFÁLTICO MODIFICADO POR POLÍMERO SBS 60-85","2012-09-01","***","***",1.5943221275863,1.40456696340781,1.3460543600896999,1.50898085163426]
["CIMENTO ASFÁLTICO MODIFICADO POR POLÍMERO SBS 60-85","2012-10-01",1.55,1.41822,1.5859510634013301,1.4288065104413601,1.3621027640624599,1.5106699186069099]
["CIMENTO ASFÁLTICO MODIFICADO POR POLÍMERO SBS 60-85","2012-11-01","***",1.43249,1.6196126905661401,1.41268420687787,1.32696057534756,1.48718222603119]
["CIMENTO ASFÁLTICO MODIFICADO POR POLÍMERO SBS 60-85","2012-12-01","***",1.4182900000000001,1.56546086878006,1.40579033887159,1.3414212325139701,1.4354643128623199]
["CIMENTO ASFÁLTICO MODIFICADO POR POLÍMERO SBS 60-85","2013-01-01","***","***",1.49918634988199,1.43482963527148,1.3485907021916601,1.4289054581823799]
["CIMENTO ASFÁLTICO MODIFICADO POR POLÍMERO SBS 60-85","2013-02-01","***","***",1.4541001097017501,1.4461664106103,1.3571992048364201,1.4138698570745001]
["CIMENTO ASFÁLTICO MODIFICADO POR POLÍMERO SBS 60-85","2013-03-01","***",1.4182399999999999,1.46160551710134,1.3363253094048599,1.3969275870447999,1.3846764380490899]
["CIMENTO ASFÁLTICO MODIFICADO POR POLÍMERO SBS 60-85","2013-04-01","***",1.4182300000000001,1.49117747177599,1.3039314722481199,1.3627987946699001,1.3585326133056499]
["CIMENTO ASFÁLTICO MODIFICADO POR POLÍMERO SBS 60-85","2013-05-01","***","***",1.5093837113392901,1.2915791698691701,1.34743669764764,1.37112310895423]
["CIMENTO ASFÁLTICO MODIFICADO POR POLÍMERO SBS 60-85","2013-06-01","***","***",1.6416509178546099,1.4261365272045701,1.36430684549811,1.4879326177146199]
["CIMENTO ASFÁLTICO MODIFICADO POR POLÍMERO SBS 60-85","2013-07-01","***",1.41821,1.6991976878896899,1.47911165751754,1.37121261562747,1.50948006306615]
["CIMENTO ASFÁLTICO MODIFICADO POR POLÍMERO SBS 60-85","2013-08-01","***",1.41821,1.8454326139758701,1.4910126894256901,1.35457465192744,1.5182874307177101]
["CIMENTO ASFÁLTICO MODIFICADO POR POLÍMERO SBS 60-85","2013-09-01","***","***",1.72018160718337,1.4575988807771001,1.36580210187802,1.4906674028176601]
["CIMENTO ASFÁLTICO MODIFICADO POR POLÍMERO SBS 60-85","2013-10-01","***","***",1.64692503401549,1.4773483681699699,1.3867907780295801,1.4845071147097599]
["CIMENTO ASFÁLTICO MODIFICADO POR POLÍMERO SBS 60-85","2013-11-01","***","***",1.6656571819395101,1.4589850538407301,1.41172132753056,1.47658466758625]
["CIMENTO ASFÁLTICO MODIFICADO POR POLÍMERO SBS 60-85","2013-12-01","***",2.21984,1.6674420536148,1.44767022354561,1.4334446804611101,1.4637061051006699]
["CIMENTO ASFÁLTICO MODIFICADO POR POLÍMERO SBS 60-85","2014-01-01","***","***",1.59315338910417,1.46363742133731,1.36492160521209,1.462132657757]
["CIMENTO ASFÁLTICO MODIFICADO POR POLÍMERO SBS 60-85","2014-02-01","***",2.2198380096354402,1.6563564489729199,1.48624206578462,1.41585807794098,1.5072340133417901]
["CIMENTO ASFÁLTICO MODIFICADO POR POLÍMERO SBS 60-85","2014-03-01","***",2.21983802359882,1.63757626112862,1.50014860844139,1.6499897748619201,1.55084400446471]
["CIMENTO ASFÁLTICO MODIFICADO POR POLÍMERO SBS 60-85","2014-04-01","***",1.63164403289847,1.5774234782780201,1.47356656478395,1.5553809817418001,1.50756212886448]
["CIMENTO ASFÁLTICO MODIFICADO POR POLÍMERO SBS 60-85","2014-05-01","***",1.33642567217122,1.6735634184852399,1.54190922728514,1.52834835352938,1.5581746179665701]
["CIMENTO ASFÁLTICO MODIFICADO POR POLÍMERO SBS 60-85","2014-06-01","***","***",1.6857432158929599,1.5075095651689201,1.42658204206606,1.5280660365441701]
["CIMENTO ASFÁLTICO MODIFICADO POR POLÍMERO SBS 60-85","2014-07-01","***","***",1.69598132672708,1.45431045443235,1.42034967954938,1.5346812098068301]
["CIMENTO ASFÁLTICO MODIFICADO POR POLÍMERO SBS 60-85","2014-08-01","***","***",1.6601533728556801,1.4455420406819399,1.4160834348457001,1.48942954020695]
["CIMENTO ASFÁLTICO MODIFICADO POR POLÍMERO SBS 60-85","2014-09-01","***",2.21983,1.8424137339431801,1.57846191651562,1.4496780126314599,1.63140778779577]
["CIMENTO ASFÁLTICO MODIFICADO POR POLÍMERO SBS 60-85","2014-10-01","***",2.21984,1.6926416620171001,1.50511736181334,1.4412481862202799,1.54585442256081]
["CIMENTO ASFÁLTICO MODIFICADO POR POLÍMERO SBS 60-85","2014-11-01","***",2.21984,1.78367343155719,1.5213957890980701,1.47352507777436,1.5819572488017899]
["CIMENTO ASFÁLTICO MODIFICADO POR POLÍMERO SBS 60-85","2014-12-01","***",2.21983,1.81572570472517,1.6571602722415799,1.5584433472397099,1.6741214704741201]
["CIMENTO ASFÁLTICO MODIFICADO POR POLÍMERO SBS 60-85","2015-01-01","***","***",1.63449462704333,1.75255531973788,1.7100752178338099,1.7219149629811901]
["CIMENTO ASFÁLTICO MODIFICADO POR POLÍMERO SBS 60-85","2015-02-01","***",1.4225580535506399,1.7441293407507099,1.7655466085606,1.6843297546285101,1.7131272806198099]
["CIMENTO ASFÁLTICO MODIFICADO POR POLÍMERO SBS 60-85","2015-03-01","***",2.23007601333464,1.68173043525773,1.7336568484479,1.76172418370713,1.7393640847492999]
["CIMENTO ASFÁLTICO MODIFICADO POR POLÍMERO SBS 60-85","2015-04-01","***",2.1488900000000002,1.75841673773694,1.7142352782972601,1.7845759607059699,1.7547188481176099]
["CIMENTO ASFÁLTICO MODIFICADO POR POLÍMERO SBS 60-85","2015-05-01","***",2.11503,1.63131756791284,1.68375907717495,1.7766523041148199,1.70399279228226]
["CIMENTO ASFÁLTICO MODIFICADO POR POLÍMERO SBS 60-85","2015-06-01","***","***",1.7273869637257599,1.6123695546325301,1.8777199310002,1.7591965783776899]
["CIMENTO ASFÁLTICO MODIFICADO POR POLÍMERO SBS 60-85","2015-07-01","***",1.07024265166069,1.79509726571498,1.6676841185820599,1.87870605781591,1.8040626287907999]
["CIMENTO ASFÁLTICO MODIFICADO POR POLÍMERO SBS 60-85","2015-08-01","***",1.08001697535383,2.00485108149913,1.66222485362765,1.8720301755299,1.85510065940184]
["CIMENTO ASFÁLTICO MODIFICADO POR POLÍMERO SBS 65-90","2009-12-01","***","***","***","***",1.3855999999999999,1.3855999999999999]
["CIMENTO ASFÁLTICO MODIFICADO POR POLÍMERO SBS 65-90","2010-01-01","***","***","***","***",1.5105999999999999,1.5105999999999999]
["CIMENTO ASFÁLTICO MODIFICADO POR POLÍMERO SBS 65-90","2010-02-01","***","***","***",1.4157999999999999,1.5027840629590801,1.4372035145881701]
["CIMENTO ASFÁLTICO MODIFICADO POR POLÍMERO SBS 65-90","2010-03-01","***","***","***",1.7021299999999999,1.48071782444124,1.5846814150492401]
["CIMENTO ASFÁLTICO MODIFICADO POR POLÍMERO SBS 65-90","2010-04-01","***","***","***","***","***","***"]
["CIMENTO ASFÁLTICO MODIFICADO POR POLÍMERO SBS 65-90","2010-05-01","***","***","***","***",1.3461000000000001,1.3461000000000001]
["CIMENTO ASFÁLTICO MODIFICADO POR POLÍMERO SBS 65-90","2010-06-01","***","***","***","***",1.3456999999999999,1.3456999999999999]
["CIMENTO ASFÁLTICO MODIFICADO POR POLÍMERO SBS 65-90","2010-07-01","***","***","***","***",1.4308870539824201,1.4308870539824201]
["CIMENTO ASFÁLTICO MODIFICADO POR POLÍMERO SBS 65-90","2010-08-01","***","***","***","***",1.3437638114414201,1.3437638114414201]
["CIMENTO ASFÁLTICO MODIFICADO POR POLÍMERO SBS 65-90","2010-09-01","***","***","***","***",1.3452999999999999,1.3452999999999999]
["CIMENTO ASFÁLTICO MODIFICADO POR POLÍMERO SBS 65-90","2010-10-01","***","***","***","***","***","***"]
["CIMENTO ASFÁLTICO MODIFICADO POR POLÍMERO SBS 65-90","2010-11-01","***","***","***","***",1.3455999999999999,1.3455999999999999]
["CIMENTO ASFÁLTICO MODIFICADO POR POLÍMERO SBS 65-90","2010-12-01","***","***","***",1.49577,"***",1.49577]
["CIMENTO ASFÁLTICO MODIFICADO POR POLÍMERO SBS 65-90","2011-01-01","***","***","***","***",1.4714734789347601,1.4714734789347601]
["CIMENTO ASFÁLTICO MODIFICADO POR POLÍMERO SBS 65-90","2011-02-01","***","***","***",1.4656447741424199,1.5205599999999999,1.4769252057752]
["CIMENTO ASFÁLTICO MODIFICADO POR POLÍMERO SBS 65-90","2011-03-01","***","***","***",1.4531604621454099,1.5205566752063799,1.49150573649688]
["CIMENTO ASFÁLTICO MODIFICADO POR POLÍMERO SBS 65-90","2011-04-01","***","***","***",1.46488651194756,1.4098422529905199,1.43315447765538]
["CIMENTO ASFÁLTICO MODIFICADO POR POLÍMERO SBS 65-90","2011-05-01","***","***","***",1.45053125175881,1.2829991255355899,1.3635167973245499]
["CIMENTO ASFÁLTICO MODIFICADO POR POLÍMERO SBS 65-90","2011-06-01","***","***","***",1.44814175971598,1.25422566694229,1.3312255321883699]
["CIMENTO ASFÁLTICO MODIFICADO POR POLÍMERO SBS 65-90","2011-07-01","***","***","***",1.4477834563085199,1.3464154855400501,1.39963452287257]
["CIMENTO ASFÁLTICO MODIFICADO POR POLÍMERO SBS 65-90","2011-08-01","***","***","***",1.4817691207780701,1.4175468379545899,1.4552340937675099]
["CIMENTO ASFÁLTICO MODIFICADO POR POLÍMERO SBS 65-90","2011-09-01","***","***","***",1.47389999641384,1.3483071129931401,1.3953001697417]
["CIMENTO ASFÁLTICO MODIFICADO POR POLÍMERO SBS 65-90","2011-10-01","***","***","***",3.81454,1.3499993749218699,1.6363332202640699]
["CIMENTO ASFÁLTICO MODIFICADO POR POLÍMERO SBS 65-90","2011-11-01","***","***","***",1.4758100000000001,1.39922144746333,1.45123667000964]
["CIMENTO ASFÁLTICO MODIFICADO POR POLÍMERO SBS 65-90","2011-12-01","***","***","***",1.4191217317804901,1.2791880907095801,1.3706950857576801]
["CIMENTO ASFÁLTICO MODIFICADO POR POLÍMERO SBS 65-90","2012-01-01","***","***","***",1.45836209529508,"***",1.45836209529508]
["CIMENTO ASFÁLTICO MODIFICADO POR POLÍMERO SBS 65-90","2012-02-01","***","***","***",1.4323982495388701,1.40657210901681,1.4279707822802501]
["CIMENTO ASFÁLTICO MODIFICADO POR POLÍMERO SBS 65-90","2012-03-01","***","***","***",1.4821369798230499,1.0399942851952799,1.3695502341380701]
["CIMENTO ASFÁLTICO MODIFICADO POR POLÍMERO SBS 65-90","2012-04-01","***","***","***",1.54863254461939,"***",1.54863254461939]
["CIMENTO ASFÁLTICO MODIFICADO POR POLÍMERO SBS 65-90","2012-05-01","***","***","***",1.5604873626808999,1.1076999999999999,1.5354658186725501]
["CIMENTO ASFÁLTICO MODIFICADO POR POLÍMERO SBS 65-90","2012-06-01","***","***","***",1.5807981125132999,"***",1.5807981125132999]
["CIMENTO ASFÁLTICO MODIFICADO POR POLÍMERO SBS 65-90","2012-07-01","***","***","***",1.7054343634392599,"***",1.7054343634392599]
["CIMENTO ASFÁLTICO MODIFICADO POR POLÍMERO SBS 65-90","2012-08-01","***","***","***",1.7291399999999999,"***",1.7291399999999999]
["CIMENTO ASFÁLTICO MODIFICADO POR POLÍMERO SBS 65-90","2012-09-01","***","***","***",1.61502897530303,1.353,1.59833579455152]
["CIMENTO ASFÁLTICO MODIFICADO POR POLÍMERO SBS 65-90","2012-10-01","***","***","***",1.6526046344819201,"***",1.6526046344819201]
["CIMENTO ASFÁLTICO MODIFICADO POR POLÍMERO SBS 65-90","2012-11-01","***","***","***",1.67978141009402,1.5986,1.6664340309777701]
["CIMENTO ASFÁLTICO MODIFICADO POR POLÍMERO SBS 65-90","2012-12-01","***","***","***","***","***","***"]
["CIMENTO ASFÁLTICO MODIFICADO POR POLÍMERO SBS 65-90","2013-01-01","***","***","***",1.5523100000000001,"***",1.5523100000000001]
["CIMENTO ASFÁLTICO MODIFICADO POR POLÍMERO SBS 65-90","2013-02-01","***","***","***",1.56942892199825,"***",1.56942892199825]
["CIMENTO ASFÁLTICO MODIFICADO POR POLÍMERO SBS 65-90","2013-03-01","***","***","***","***","***","***"]
["CIMENTO ASFÁLTICO MODIFICADO POR POLÍMERO SBS 65-90","2013-04-01","***","***","***",1.2172000000000001,1.3603799999999999,1.3039044133170901]
["CIMENTO ASFÁLTICO MODIFICADO POR POLÍMERO SBS 65-90","2013-05-01","***","***",2.032,1.5507500000000001,1.3603799999999999,1.8671543887147299]
["CIMENTO ASFÁLTICO MODIFICADO POR POLÍMERO SBS 65-90","2013-06-01","***","***",2.032,"***","***",2.032]
["CIMENTO ASFÁLTICO MODIFICADO POR POLÍMERO SBS 65-90","2013-07-01","***","***",1.9375008744534701,"***",1.4302229126213599,1.7920235660986701]
["CIMENTO ASFÁLTICO MODIFICADO POR POLÍMERO SBS 65-90","2013-08-01","***","***",1.9973380918727901,"***",0.86665999999999999,1.83579567739802]
["CIMENTO ASFÁLTICO MODIFICADO POR POLÍMERO SBS 65-90","2013-09-01","***","***",2.1069799588243598,1.7026745885039201,"***",1.9764573001730701]
["CIMENTO ASFÁLTICO MODIFICADO POR POLÍMERO SBS 65-90","2013-10-01","***","***",2.0745827822805198,1.80919395192251,"***",2.0058989197493098]
["CIMENTO ASFÁLTICO MODIFICADO POR POLÍMERO SBS 65-90","2013-11-01","***","***",2.0416148233510198,1.6103099999999999,1.5908,1.8364561163538899]
["CIMENTO ASFÁLTICO MODIFICADO POR POLÍMERO SBS 65-90","2013-12-01","***","***",2.0897000000000001,1.6990799999999999,1.5908,1.68973243554395]
["CIMENTO ASFÁLTICO MODIFICADO POR POLÍMERO SBS 65-90","2014-01-01","***","***","***",1.6241003624820001,1.5908,1.61422612620099]
["CIMENTO ASFÁLTICO MODIFICADO POR POLÍMERO SBS 65-90","2014-02-01","***","***",2.21,1.61957865214773,1.5908,1.6940184240887199]
["CIMENTO ASFÁLTICO MODIFICADO POR POLÍMERO SBS 65-90","2014-03-01","***","***",2.0563743286606999,1.7114,1.5908,1.82022558226058]
["CIMENTO ASFÁLTICO MODIFICADO POR POLÍMERO SBS 65-90","2014-04-01","***","***","***","***","***","***"]
["CIMENTO ASFÁLTICO MODIFICADO POR POLÍMERO SBS 65-90","2014-05-01","***","***","***","***",1.52391606736459,1.52391606736459]
["CIMENTO ASFÁLTICO MODIFICADO POR POLÍMERO SBS 65-90","2014-06-01","***","***",2.1922000000000001,"***",1.49758079712512,1.7475495796561999]
["CIMENTO ASFÁLTICO MODIFICADO POR POLÍMERO SBS 65-90","2014-07-01","***","***","***","***",1.36674125204137,1.36674125204137]
["CIMENTO ASFÁLTICO MODIFICADO POR POLÍMERO SBS 65-90","2014-08-01","***","***","***","***",1.4450482962756499,1.4450482962756499]
["CIMENTO ASFÁLTICO MODIFICADO POR POLÍMERO SBS 65-90","2014-09-01","***","***","***","***",1.2511443371378399,1.2511443371378399]
["CIMENTO ASFÁLTICO MODIFICADO POR POLÍMERO SBS 65-90","2014-10-01","***","***","***",1.12947,1.3698766083780201,1.2823746397324101]
["CIMENTO ASFÁLTICO MODIFICADO POR POLÍMERO SBS 65-90","2014-11-01","***","***","***",1.14048322885604,1.48359493178265,1.3369232868185501]
["CIMENTO ASFÁLTICO MODIFICADO POR POLÍMERO SBS 65-90","2014-12-01","***","***","***",1.24918,1.64555559813953,1.5600458116290901]
["CIMENTO ASFÁLTICO MODIFICADO POR POLÍMERO SBS 65-90","2015-01-01","***","***","***",1.42148386133612,1.8485882133841001,1.55114667240426]
["CIMENTO ASFÁLTICO MODIFICADO POR POLÍMERO SBS 65-90","2015-02-01","***","***","***",1.44724139179972,1.83323411730825,1.4751977993005501]
["CIMENTO ASFÁLTICO MODIFICADO POR POLÍMERO SBS 65-90","2015-03-01","***","***",1.95695852294795,1.5864792717135601,1.8187505279611,1.68154859727907]
["CIMENTO ASFÁLTICO MODIFICADO POR POLÍMERO SBS 65-90","2015-04-01","***","***","***",1.4081025612748701,1.82661109004739,1.5414996259668099]
["CIMENTO ASFÁLTICO MODIFICADO POR POLÍMERO SBS 65-90","2015-05-01","***","***","***","***",1.77545,1.77545]
["CIMENTO ASFÁLTICO MODIFICADO POR POLÍMERO SBS 65-90","2015-06-01","***","***","***",1.7199599999999999,2.1328999999999998,1.9243479495798299]
["CIMENTO ASFÁLTICO MODIFICADO POR POLÍMERO SBS 65-90","2015-07-01","***","***","***",1.7629999999999999,"***",1.7629999999999999]
["CIMENTO ASFÁLTICO MODIFICADO POR POLÍMERO SBS 65-90","2015-08-01","***","***","***",1.7742931465732901,"***",1.7742931465732901]
["CIMENTOS ASFÁLTICOS CAP-150-200","2008-11-01","***","***","***","***","***","***"]
["CIMENTOS ASFÁLTICOS CAP-150-200","2008-12-01","***","***","***","***","***","***"]
["CIMENTOS ASFÁLTICOS CAP-150-200","2009-01-01","***","***","***","***","***","***"]
["CIMENTOS ASFÁLTICOS CAP-150-200","2009-02-01","***","***","***","***","***","***"]
["CIMENTOS ASFÁLTICOS CAP-150-200","2009-03-01","***","***","***","***","***","***"]
["CIMENTOS ASFÁLTICOS CAP-150-200","2009-04-01","***","***","***","***","***","***"]
["CIMENTOS ASFÁLTICOS CAP-150-200","2009-05-01","***","***","***","***","***","***"]
["CIMENTOS ASFÁLTICOS CAP-150-200","2009-06-01","***","***","***","***","***","***"]
["CIMENTOS ASFÁLTICOS CAP-150-200","2009-07-01","***","***","***","***","***","***"]
["CIMENTOS ASFÁLTICOS CAP-150-200","2009-08-01","***","***","***","***","***","***"]
["CIMENTOS ASFÁLTICOS CAP-150-200","2009-09-01","***","***","***","***","***","***"]
["CIMENTOS ASFÁLTICOS CAP-150-200","2009-10-01","***","***","***","***","***","***"]
["CIMENTOS ASFÁLTICOS CAP-150-200","2009-11-01","***","***","***","***","***","***"]
["CIMENTOS ASFÁLTICOS CAP-150-200","2009-12-01","***","***","***","***","***","***"]
["CIMENTOS ASFÁLTICOS CAP-150-200","2010-01-01","***","***","***","***","***","***"]
["CIMENTOS ASFÁLTICOS CAP-150-200","2010-02-01","***","***","***","***","***","***"]
["CIMENTOS ASFÁLTICOS CAP-150-200","2010-03-01","***","***","***","***","***","***"]
["CIMENTOS ASFÁLTICOS CAP-150-200","2010-04-01","***","***","***","***","***","***"]
["CIMENTOS ASFÁLTICOS CAP-150-200","2010-05-01","***","***","***","***","***","***"]
["CIMENTOS ASFÁLTICOS CAP-150-200","2010-06-01","***","***","***","***","***","***"]
["CIMENTOS ASFÁLTICOS CAP-150-200","2010-07-01","***","***","***","***","***","***"]
["CIMENTOS ASFÁLTICOS CAP-150-200","2010-08-01","***","***","***","***","***","***"]
["CIMENTOS ASFÁLTICOS CAP-150-200","2010-09-01","***","***","***","***","***","***"]
["CIMENTOS ASFÁLTICOS CAP-150-200","2010-10-01","***","***","***","***","***","***"]
["CIMENTOS ASFÁLTICOS CAP-150-200","2010-11-01","***","***","***","***","***","***"]
["CIMENTOS ASFÁLTICOS CAP-150-200","2010-12-01","***","***","***","***","***","***"]
["CIMENTOS ASFÁLTICOS CAP-150-200","2011-01-01","***","***","***","***","***","***"]
["CIMENTOS ASFÁLTICOS CAP-150-200","2011-02-01","***","***","***","***","***","***"]
["CIMENTOS ASFÁLTICOS CAP-150-200","2011-03-01","***","***","***","***","***","***"]
["CIMENTOS ASFÁLTICOS CAP-150-200","2011-04-01","***","***","***","***","***","***"]
["CIMENTOS ASFÁLTICOS CAP-150-200","2011-05-01","***","***","***","***","***","***"]
["CIMENTOS ASFÁLTICOS CAP-150-200","2011-06-01","***","***","***","***","***","***"]
["CIMENTOS ASFÁLTICOS CAP-150-200","2011-07-01","***","***","***","***","***","***"]
["CIMENTOS ASFÁLTICOS CAP-150-200","2011-08-01","***","***","***","***","***","***"]
["CIMENTOS ASFÁLTICOS CAP-150-200","2011-09-01","***","***","***","***","***","***"]
["CIMENTOS ASFÁLTICOS CAP-150-200","2011-10-01","***","***","***","***","***","***"]
["CIMENTOS ASFÁLTICOS CAP-150-200","2011-11-01","***","***","***","***","***","***"]
["CIMENTOS ASFÁLTICOS CAP-150-200","2011-12-01","***","***","***","***","***","***"]
["CIMENTOS ASFÁLTICOS CAP-150-200","2012-01-01","***","***","***","***","***","***"]
["CIMENTOS ASFÁLTICOS CAP-150-200","2012-02-01","***","***","***","***","***","***"]
["CIMENTOS ASFÁLTICOS CAP-150-200","2012-03-01","***","***","***","***","***","***"]
["CIMENTOS ASFÁLTICOS CAP-150-200","2012-04-01","***","***","***","***","***","***"]
["CIMENTOS ASFÁLTICOS CAP-150-200","2012-05-01","***","***","***","***","***","***"]
["CIMENTOS ASFÁLTICOS CAP-150-200","2012-06-01","***","***","***","***","***","***"]
["CIMENTOS ASFÁLTICOS CAP-150-200","2012-07-01","***","***","***","***","***","***"]
["CIMENTOS ASFÁLTICOS CAP-150-200","2012-08-01","***","***","***","***","***","***"]
["CIMENTOS ASFÁLTICOS CAP-150-200","2012-09-01","***","***","***","***","***","***"]
["CIMENTOS ASFÁLTICOS CAP-150-200","2012-10-01","***","***","***","***","***","***"]
["CIMENTOS ASFÁLTICOS CAP-150-200","2012-11-01","***","***","***","***","***","***"]
["CIMENTOS ASFÁLTICOS CAP-150-200","2012-12-01","***","***","***","***","***","***"]
["CIMENTOS ASFÁLTICOS CAP-150-200","2013-01-01","***","***","***","***","***","***"]
["CIMENTOS ASFÁLTICOS CAP-150-200","2013-02-01","***","***","***","***","***","***"]
["CIMENTOS ASFÁLTICOS CAP-150-200","2013-03-01","***","***","***","***","***","***"]
["CIMENTOS ASFÁLTICOS CAP-150-200","2013-04-01","***","***","***","***","***","***"]
["CIMENTOS ASFÁLTICOS CAP-150-200","2013-05-01","***","***","***","***","***","***"]
["CIMENTOS ASFÁLTICOS CAP-150-200","2013-06-01","***","***","***","***","***","***"]
["CIMENTOS ASFÁLTICOS CAP-150-200","2013-07-01","***","***","***","***","***","***"]
["CIMENTOS ASFÁLTICOS CAP-150-200","2013-08-01","***","***","***","***","***","***"]
["CIMENTOS ASFÁLTICOS CAP-150-200","2013-09-01","***","***","***","***","***","***"]
["CIMENTOS ASFÁLTICOS CAP-150-200","2013-10-01","***","***","***","***","***","***"]
["CIMENTOS ASFÁLTICOS CAP-150-200","2013-11-01","***","***","***","***","***","***"]
["CIMENTOS ASFÁLTICOS CAP-150-200","2013-12-01","***","***","***","***","***","***"]
["CIMENTOS ASFÁLTICOS CAP-150-200","2014-01-01","***","***","***","***","***","***"]
["CIMENTOS ASFÁLTICOS CAP-150-200","2014-02-01","***","***","***","***","***","***"]
["CIMENTOS ASFÁLTICOS CAP-150-200","2014-03-01","***","***","***","***","***","***"]
["CIMENTOS ASFÁLTICOS CAP-150-200","2014-04-01","***","***","***","***","***","***"]
["CIMENTOS ASFÁLTICOS CAP-150-200","2014-05-01","***","***","***","***","***","***"]
["CIMENTOS ASFÁLTICOS CAP-150-200","2014-06-01","***","***","***","***","***","***"]
["CIMENTOS ASFÁLTICOS CAP-150-200","2014-07-01","***","***","***","***","***","***"]
["CIMENTOS ASFÁLTICOS CAP-150-200","2014-08-01","***","***","***","***","***","***"]
["CIMENTOS ASFÁLTICOS CAP-150-200","2014-09-01","***","***","***","***","***","***"]
["CIMENTOS ASFÁLTICOS CAP-150-200","2014-10-01","***","***","***","***","***","***"]
["CIMENTOS ASFÁLTICOS CAP-150-200","2014-11-01","***","***","***","***","***","***"]
["CIMENTOS ASFÁLTICOS CAP-150-200","2014-12-01","***","***","***","***","***","***"]
["CIMENTOS ASFÁLTICOS CAP-150-200","2015-01-01","***","***","***","***","***","***"]
["CIMENTOS ASFÁLTICOS CAP-150-200","2015-02-01","***","***","***","***","***","***"]
["CIMENTOS ASFÁLTICOS CAP-150-200","2015-03-01","***","***","***","***","***","***"]
["CIMENTOS ASFÁLTICOS CAP-150-200","2015-04-01","***","***","***","***","***","***"]
["CIMENTOS ASFÁLTICOS CAP-150-200","2015-05-01","***","***","***","***","***","***"]
["CIMENTOS ASFÁLTICOS CAP-150-200","2015-06-01","***","***","***","***","***","***"]
["CIMENTOS ASFÁLTICOS CAP-150-200","2015-07-01","***","***","***","***","***","***"]
["CIMENTOS ASFÁLTICOS CAP-150-200","2015-08-01","***","***","***","***","***","***"]
["CIMENTOS ASFÁLTICOS CAP-150-200","2015-09-01","***","***","***","***","***","***"]
["CIMENTOS ASFÁLTICOS CAP-150-200","2015-10-01","***","***","***","***","***","***"]
["CIMENTOS ASFÁLTICOS CAP-150-200","2015-11-01","***","***","***","***","***","***"]
["CIMENTOS ASFÁLTICOS CAP-150-200","2015-12-01","***","***","***","***","***","***"]
["CIMENTOS ASFÁLTICOS CAP-150-200","2016-01-01","***","***","***","***","***","***"]
["CIMENTOS ASFÁLTICOS CAP-150-200","2016-02-01","***","***","***","***","***","***"]
["CIMENTOS ASFÁLTICOS CAP-150-200","2016-03-01","***","***","***","***","***","***"]
["CIMENTOS ASFÁLTICOS CAP-150-200","2016-04-01","***","***","***","***","***","***"]
["CIMENTOS ASFÁLTICOS CAP-150-200","2016-05-01","***","***","***","***","***","***"]
["CIMENTOS ASFÁLTICOS CAP-150-200","2016-06-01","***","***","***","***","***","***"]
["CIMENTOS ASFÁLTICOS CAP-150-200","2016-07-01","***","***","***","***","***","***"]
["CIMENTOS ASFÁLTICOS CAP-150-200","2016-08-01","***","***","***","***","***","***"]
["CIMENTOS ASFÁLTICOS CAP-150-200","2016-09-01","***","***","***","***","***","***"]
["CIMENTOS ASFÁLTICOS CAP-150-200","2016-10-01","***","***","***","***","***","***"]
["CIMENTOS ASFÁLTICOS CAP-150-200","2016-11-01","***","***","***","***","***","***"]
["CIMENTOS ASFÁLTICOS CAP-150-200","2016-12-01","***","***","***","***","***","***"]
["CIMENTOS ASFÁLTICOS CAP-150-200","2017-01-01","***","***","***","***","***","***"]
["CIMENTOS ASFÁLTICOS CAP-150-200","2017-02-01","***","***","***","***","***","***"]
["CIMENTOS ASFÁLTICOS CAP-150-200","2017-03-01","***","***","***","***","***","***"]
["CIMENTOS ASFÁLTICOS CAP-150-200","2017-04-01","***","***","***","***","***","***"]
["CIMENTOS ASFÁLTICOS CAP-150-200","2017-05-01","***","***","***","***","***","***"]
["CIMENTOS ASFÁLTICOS CAP-150-200","2017-06-01","***","***","***","***","***","***"]
["CIMENTOS ASFÁLTICOS CAP-150-200","2017-07-01","***","***","***","***","***","***"]
["CIMENTOS ASFÁLTICOS CAP-150-200","2017-08-01","***","***","***","***","***","***"]
["CIMENTOS ASFÁLTICOS CAP-150-200","2017-09-01","***","***","***","***","***","***"]
["CIMENTOS ASFÁLTICOS CAP-150-200","2017-10-01","***","***","***","***","***","***"]
["CIMENTOS ASFÁLTICOS CAP-150-200","2017-11-01","***","***","***","***","***","***"]
["CIMENTOS ASFÁLTICOS CAP-150-200","2017-12-01","***","***","***","***","***","***"]
["CIMENTOS ASFÁLTICOS CAP-150-200","2018-01-01","***","***","***","***","***","***"]
["CIMENTOS ASFÁLTICOS CAP-150-200","2018-02-01","***","***","***","***","***","***"]
["CIMENTOS ASFÁLTICOS CAP-150-200","2018-03-01","***","***","***","***","***","***"]
["CIMENTOS ASFÁLTICOS CAP-150-200","2018-04-01","***","***","***","***","***","***"]
["CIMENTOS ASFÁLTICOS CAP-150-200","2018-05-01","***","***","***","***","***","***"]
["CIMENTOS ASFÁLTICOS CAP-150-200","2018-06-01","***","***","***","***","***","***"]
["CIMENTOS ASFÁLTICOS CAP-150-200","2018-07-01","***","***","***","***","***","***"]
["CIMENTOS ASFÁLTICOS CAP-150-200","2018-08-01","***","***","***","***","***","***"]
["CIMENTOS ASFÁLTICOS CAP-150-200","2018-09-01","***","***","***","***","***","***"]
["CIMENTOS ASFÁLTICOS CAP-150-200","2018-10-01","***","***","***","***","***","***"]
["CIMENTOS ASFÁLTICOS CAP-150-200","2018-11-01","***","***","***","***","***","***"]
["CIMENTOS ASFÁLTICOS CAP-150-200","2018-12-01","***","***","***","***","***","***"]
["CIMENTOS ASFÁLTICOS CAP-150-200","2019-01-01","***","***","***","***","***","***"]
["CIMENTOS ASFÁLTICOS CAP-150-200","2019-02-01","***","***","***","***","***","***"]
["CIMENTOS ASFÁLTICOS CAP-150-200","2019-03-01","***","***","***","***","***","***"]
["CIMENTOS ASFÁLTICOS CAP-150-200","2019-04-01","***","***","***","***","***","***"]
["CIMENTOS ASFÁLTICOS CAP-150-200","2019-05-01","***","***","***","***","***","***"]
["CIMENTOS ASFÁLTICOS CAP-150-200","2019-06-01","***","***","***","***","***","***"]
["CIMENTOS ASFÁLTICOS CAP-150-200","2019-07-01","***","***","***","***","***","***"]
["CIMENTOS ASFÁLTICOS CAP-150-200","2019-08-01","***","***","***","***","***","***"]
["CIMENTOS ASFÁLTICOS CAP-150-200","2019-09-01","***","***","***","***","***","***"]
["CIMENTOS ASFÁLTICOS CAP-150-200","2019-10-01","***","***","***","***","***","***"]
["CIMENTOS ASFÁLTICOS CAP-150-200","2019-11-01","***","***","***","***","***","***"]
["CIMENTOS ASFÁLTICOS CAP-150-200","2019-12-01","***","***","***","***","***","***"]
["CIMENTOS ASFÁLTICOS CAP-150-200","2020-01-01","***","***","***","***","***","***"]
["CIMENTOS ASFÁLTICOS CAP-150-200","2020-02-01","***","***","***","***","***","***"]
["CIMENTOS ASFÁLTICOS CAP-150-200","2020-03-01","***","***","***","***","***","***"]
["CIMENTOS ASFÁLTICOS CAP-150-200","2020-04-01","***","***","***","***","***","***"]
["CIMENTOS ASFÁLTICOS CAP-150-200","2020-05-01","***","***","***","***","***","***"]
["CIMENTOS ASFÁLTICOS CAP-150-200","2020-06-01","***","***","***","***","***","***"]
["CIMENTOS ASFÁLTICOS CAP-150-200","2020-07-01","***","***","***","***","***","***"]
["CIMENTOS ASFÁLTICOS CAP-150-200","2020-08-01","***","***","***","***","***","***"]
["CIMENTOS ASFÁLTICOS CAP-150-200","2020-09-01","***","***","***","***","***","***"]
["CIMENTOS ASFÁLTICOS CAP-150-200","2020-10-01","***","***","***","***","***","***"]
["CIMENTOS ASFÁLTICOS CAP-150-200","2020-11-01","***","***","***","***","***","***"]
["CIMENTOS ASFÁLTICOS CAP-150-200","2020-12-01","***","***","***","***","***","***"]
["CIMENTOS ASFÁLTICOS CAP-150-200","2021-01-01","***","***","***","***","***","***"]
["CIMENTOS ASFÁLTICOS CAP-150-200","2021-02-01","***","***","***","***","***","***"]
["CIMENTOS ASFÁLTICOS CAP-150-200","2021-03-01","***","***","***","***","***","***"]
["CIMENTOS ASFÁLTICOS CAP-150-200","2021-04-01","***","***","***","***","***","***"]
["CIMENTOS ASFÁLTICOS CAP-150-200","2021-05-01","***","***","***",6.4181100000000004,"***",6.4181100000000004]
["CIMENTOS ASFÁLTICOS CAP-150-200","2021-06-01","***","***","***","***","***","***"]
["CIMENTOS ASFÁLTICOS CAP-150-200","2021-07-01","***","***","***","***","***","***"]
["CIMENTOS ASFÁLTICOS CAP-150-200","2021-08-01","***","***","***","***","***","***"]
["CIMENTOS ASFÁLTICOS CAP-150-200","2021-09-01","***","***","***","***","***","***"]
["CIMENTOS ASFÁLTICOS CAP-150-200","2021-10-01","***","***","***","***","***","***"]
["CIMENTOS ASFÁLTICOS CAP-150-200","2021-11-01","***","***","***","***","***","***"]
["CIMENTOS ASFÁLTICOS CAP-150-200","2021-12-01","***","***","***","***","***","***"]
["CIMENTOS ASFÁLTICOS CAP-150-200","2022-01-01","***","***","***","***","***","***"]
["CIMENTOS ASFÁLTICOS CAP-150-200","2022-02-01","***","***","***","***","***","***"]
["CIMENTOS ASFÁLTICOS CAP-150-200","2022-03-01","***","***","***","***","***","***"]
["CIMENTOS ASFÁLTICOS CAP-150-200","2022-04-01","***","***","***","***","***","***"]
["CIMENTOS ASFÁLTICOS CAP-150-200","2022-05-01","***","***","***","***","***","***"]
["CIMENTOS ASFÁLTICOS CAP-150-200","2022-06-01","***","***","***","***","***","***"]
["CIMENTOS ASFÁLTICOS CAP-150-200","2022-07-01","***","***","***","***","***","***"]
["CIMENTOS ASFÁLTICOS CAP-150-200","2022-08-01","***","***","***","***","***","***"]
["CIMENTOS ASFÁLTICOS CAP-150-200","2022-09-01","***","***","***","***","***","***"]
["CIMENTOS ASFÁLTICOS CAP-150-200","2022-10-01","***","***","***","***","***","***"]
["CIMENTOS ASFÁLTICOS CAP-150-200","2022-11-01","***","***","***",7.2317600000000004,"***",7.2317600000000004]
["CIMENTOS ASFÁLTICOS CAP-150-200","2022-12-01","***","***","***","***","***","***"]
["CIMENTOS ASFÁLTICOS CAP-150-200","2023-01-01","***","***","***","***","***","***"]
["CIMENTOS ASFÁLTICOS CAP-150-200","2023-02-01","***","***","***","***","***","***"]
["CIMENTOS ASFÁLTICOS CAP-150-200","2023-03-01","***","***","***","***","***","***"]
["CIMENTOS ASFÁLTICOS CAP-150-200","2023-04-01","***","***","***","***","***","***"]
["CIMENTOS ASFÁLTICOS CAP-150-200","2023-05-01","***","***","***","***","***","***"]
["CIMENTOS ASFÁLTICOS CAP-150-200","2023-06-01","***","***","***","***","***","***"]
["CIMENTOS ASFÁLTICOS CAP-150-200","2023-07-01","***","***","***","***","***","***"]
["CIMENTOS ASFÁLTICOS CAP-150-200","2023-08-01","***","***","***","***","***","***"]
["CIMENTOS ASFÁLTICOS CAP-150-200","2023-09-01","***","***","***","***","***","***"]
["CIMENTOS ASFÁLTICOS CAP-150-200","2023-10-01","***","***","***","***","***","***"]
["CIMENTOS ASFÁLTICOS CAP-150-200","2023-11-01","***","***","***","***","***","***"]
["CIMENTOS ASFÁLTICOS CAP-150-200","2023-12-01","***","***","***","***","***","***"]
["CIMENTOS ASFÁLTICOS CAP-150-200","2024-01-01","***","***","***","***","***","***"]
["CIMENTOS ASFÁLTICOS CAP-150-200","2024-02-01","***","***","***","***","***","***"]
["CIMENTOS ASFÁLTICOS CAP-150-200","2024-03-01","***","***","***","***","***","***"]
["CIMENTOS ASFÁLTICOS CAP-150-200","2024-04-01","***","***","***","***","***","***"]
["CIMENTOS ASFÁLTICOS CAP-150-200","2024-05-01","***","***","***","***","***","***"]
["CIMENTOS ASFÁLTICOS CAP-150-200","2024-06-01","***","***","***","***","***","***"]
["CIMENTOS ASFÁLTICOS CAP-150-200","2024-07-01","***","***","***","***","***","***"]
["CIMENTOS ASFÁLTICOS CAP-150-200","2024-08-01","***","***","***","***","***","***"]
["CIMENTOS ASFÁLTICOS CAP-150-200","2024-09-01","***","***","***","***","***","***"]
["CIMENTOS ASFÁLTICOS CAP-30-45","2008-11-01","***","***",2.202,0.96389878550085295,"***",0.96845674115569902]
["CIMENTOS ASFÁLTICOS CAP-30-45","2008-12-01","***","***","***",1.0096355085676301,"***",1.0096355085676301]
["CIMENTOS ASFÁLTICOS CAP-30-45","2009-01-01","***","***","***",0.90312768950474798,0.90890000000000004,0.90315261114342804]
["CIMENTOS ASFÁLTICOS CAP-30-45","2009-02-01","***","***","***",0.95408041011695,"***",0.95408041011695]
["CIMENTOS ASFÁLTICOS CAP-30-45","2009-03-01","***","***",1.2091621142565001,0.969488387405673,"***",0.98341130518243203]
["CIMENTOS ASFÁLTICOS CAP-30-45","2009-04-01","***","***",1.2592016208580401,0.96535144251454197,"***",0.98569176871294195]
["CIMENTOS ASFÁLTICOS CAP-30-45","2009-05-01","***","***",1.30179480470233,0.93903353188174798,"***",0.96651429785302501]
["CIMENTOS ASFÁLTICOS CAP-30-45","2009-06-01","***","***",1.29246472855165,0.91557454324125798,0.88366999999999996,0.97746617235953503]
["CIMENTOS ASFÁLTICOS CAP-30-45","2009-07-01",1.1983279291325399,"***",1.3162235749755,1.03326995807527,"***",1.08092721609063]
["CIMENTOS ASFÁLTICOS CAP-30-45","2009-08-01",1.14252188411838,"***",1.29141528859207,0.94287912663724105,"***",0.99329363368317503]
["CIMENTOS ASFÁLTICOS CAP-30-45","2009-09-01",1.21797085020243,"***",1.2733065313666101,0.95338647211387595,"***",1.0160097278634099]
["CIMENTOS ASFÁLTICOS CAP-30-45","2009-10-01",1.1499900000000001,"***",1.3229985388633501,0.92445890217072502,0.90933990139109,1.0011250271507399]
["CIMENTOS ASFÁLTICOS CAP-30-45","2009-11-01",1.14550820546544,0.92451993220216899,1.3000044142473699,0.92629696920978699,0.86554337234296597,0.97250195935376105]
["CIMENTOS ASFÁLTICOS CAP-30-45","2009-12-01",1.14184544852,"***",1.4794440377275699,0.97485862530318201,0.88864667686154597,0.98343148029682903]
["CIMENTOS ASFÁLTICOS CAP-30-45","2010-01-01",1.1327789624486599,"***",1.47773708747577,0.93215318715670603,0.88842589522164706,0.94381773411585601]
["CIMENTOS ASFÁLTICOS CAP-30-45","2010-02-01",1.1441124987907501,"***",1.4677596757472799,0.91215436083553803,0.90126464215742796,0.923169973471757]
["CIMENTOS ASFÁLTICOS CAP-30-45","2010-03-01",1.1405155319148901,"***",1.4205266495058499,0.90919240101119903,0.89570478428739297,0.92373510208075305]
["CIMENTOS ASFÁLTICOS CAP-30-45","2010-04-01",1.1443719701502999,"***",1.46273613657695,0.91672263476849603,0.89346406072106299,0.926393506009345]
["CIMENTOS ASFÁLTICOS CAP-30-45","2010-05-01",1.1417957860310901,"***","***",0.89498261321551698,0.88290000000000002,0.89676391266000599]
["CIMENTOS ASFÁLTICOS CAP-30-45","2010-06-01",0.93678558539507994,"***","***",0.88637141077910697,0.88685837633067999,0.88686164277117996]
["CIMENTOS ASFÁLTICOS CAP-30-45","2010-07-01",0.91214745902731498,"***","***",0.87158579567693795,0.96454826648538405,0.87197297593852796]
["CIMENTOS ASFÁLTICOS CAP-30-45","2010-08-01",0.91643472931962799,"***","***",0.86740075124328697,0.950634869678743,0.86910649157224795]
["CIMENTOS ASFÁLTICOS CAP-30-45","2010-09-01",0.90718200800776505,"***","***",0.86279402226715396,0.95985513380601095,0.86450117298625895]
["CIMENTOS ASFÁLTICOS CAP-30-45","2010-10-01",0.98383149931168501,"***","***",0.89562248488449403,0.97526209593634205,0.897600323111586]
["CIMENTOS ASFÁLTICOS CAP-30-45","2010-11-01",1.15629392289746,"***","***",0.911403176753393,"***",0.91262877329399705]
["CIMENTOS ASFÁLTICOS CAP-30-45","2010-12-01",1.2108562401491401,"***","***",0.917757438232087,1.115,0.92012815641003798]
["CIMENTOS ASFÁLTICOS CAP-30-45","2011-01-01",1.1575427790802499,"***","***",0.91221318617782199,"***",0.91305628374382497]
["CIMENTOS ASFÁLTICOS CAP-30-45","2011-02-01",1.1853278507348699,"***","***",0.88668366832245904,"***",0.88754358404090905]
["CIMENTOS ASFÁLTICOS CAP-30-45","2011-03-01","***","***","***",0.86643167188031001,"***",0.86643167188031001]
["CIMENTOS ASFÁLTICOS CAP-30-45","2011-04-01","***","***","***",0.85190050777375104,"***",0.85190050777375104]
["CIMENTOS ASFÁLTICOS CAP-30-45","2011-05-01",1.1499900000000001,"***","***",0.84492929990985999,"***",0.84525819797462698]
["CIMENTOS ASFÁLTICOS CAP-30-45","2011-06-01",1.12191498294378,"***","***",0.83361859559768203,"***",0.83434709813237595]
["CIMENTOS ASFÁLTICOS CAP-30-45","2011-07-01",0.87477161442307705,"***","***",0.83638682639757,0.87853358875042098,0.83664383580805701]
["CIMENTOS ASFÁLTICOS CAP-30-45","2011-08-01",0.97814035014951295,"***","***",0.83792330514374103,0.87855069314349998,0.83924372574474604]
["CIMENTOS ASFÁLTICOS CAP-30-45","2011-09-01",1.0348991491174699,"***",1.2137,0.83507073984052205,0.87861915736345997,0.83817920650331701]
["CIMENTOS ASFÁLTICOS CAP-30-45","2011-10-01",1.0822499999999999,"***","***",0.83397037589623202,0.86319999999999997,0.83588148750095204]
["CIMENTOS ASFÁLTICOS CAP-30-45","2011-11-01",1.0822499999999999,"***","***",0.83073618965208995,0.86180000000000001,0.83217915346958105]
["CIMENTOS ASFÁLTICOS CAP-30-45","2011-12-01",0.87485000000000002,"***",1.0307999999999999,0.83025514296535496,0.94277999999999995,0.83068396005937695]
["CIMENTOS ASFÁLTICOS CAP-30-45","2012-01-01","***","***",1.034,0.83198640965103599,"***",0.83230224546898901]
["CIMENTOS ASFÁLTICOS CAP-30-45","2012-02-01","***","***",1.03526275402648,0.83940208733302402,"***",0.840359695420972]
["CIMENTOS ASFÁLTICOS CAP-30-45","2012-03-01",1.1415730218111499,"***",1.03335198290827,0.85391003129658405,0.81542999999999999,0.85505706895701505]
["CIMENTOS ASFÁLTICOS CAP-30-45","2012-04-01","***","***",1.1080932106164401,0.86021770894794702,0.82633000000000001,0.86174695820497804]
["CIMENTOS ASFÁLTICOS CAP-30-45","2012-05-01",1.1564000000000001,"***",1.0928641756506201,0.86322191371031798,"***",0.86477360992484897]
["CIMENTOS ASFÁLTICOS CAP-30-45","2012-06-01","***","***",1.09428660423854,0.867637498847873,"***",0.86919341941932604]
["CIMENTOS ASFÁLTICOS CAP-30-45","2012-07-01","***","***",1.09661124449614,0.86694574332193397,0.73311000000000004,0.86926138849551204]
["CIMENTOS ASFÁLTICOS CAP-30-45","2012-08-01","***","***",1.1090686703211401,0.86912210655547795,"***",0.87047870373846903]
["CIMENTOS ASFÁLTICOS CAP-30-45","2012-09-01","***","***",1.0989199999999999,0.87404959699900897,0.73311000000000004,0.87351714016107196]
["CIMENTOS ASFÁLTICOS CAP-30-45","2012-10-01","***","***",1.12072631711688,0.87192522158921604,0.92335999999999996,0.87330993620751896]
["CIMENTOS ASFÁLTICOS CAP-30-45","2012-11-01","***","***",1.0935926746445701,0.88025317895736099,"***",0.88101317101768695]
["CIMENTOS ASFÁLTICOS CAP-30-45","2012-12-01","***","***",1.0942082618412099,0.87335111488523298,"***",0.87532681080999997]
["CIMENTOS ASFÁLTICOS CAP-30-45","2013-01-01","***","***",1.1126097397124399,0.86326126378558099,"***",0.86544014844190398]
["CIMENTOS ASFÁLTICOS CAP-30-45","2013-02-01","***","***","***",0.86810117121312702,"***",0.86810117121312702]
["CIMENTOS ASFÁLTICOS CAP-30-45","2013-03-01","***","***",1.0839799999999999,0.88674808734508503,"***",0.88711841553530002]
["CIMENTOS ASFÁLTICOS CAP-30-45","2013-04-01","***","***",1.09615634088965,0.88448780846965802,"***",0.88523000996176304]
["CIMENTOS ASFÁLTICOS CAP-30-45","2013-05-01","***","***",1.1580256081215099,0.88689324560272098,"***",0.89340757516218605]
["CIMENTOS ASFÁLTICOS CAP-30-45","2013-06-01","***","***",1.0315984161521901,0.87332669843222299,"***",0.87706194722002395]
["CIMENTOS ASFÁLTICOS CAP-30-45","2013-07-01","***","***",1.13976350401593,0.88105531667051196,"***",0.88759398367491404]
["CIMENTOS ASFÁLTICOS CAP-30-45","2013-08-01","***","***",1.1374981163451801,0.88988045249583803,0.96648385928821201,0.89673800084069399]
["CIMENTOS ASFÁLTICOS CAP-30-45","2013-09-01","***","***",1.16885820595181,0.90564083949887497,"***",0.91710529604764102]
["CIMENTOS ASFÁLTICOS CAP-30-45","2013-10-01","***","***",1.1241316750199,0.89339101584518399,"***",0.89910003852175102]
["CIMENTOS ASFÁLTICOS CAP-30-45","2013-11-01","***","***",1.13456957866229,0.90200024319615202,"***",0.91290723735620105]
["CIMENTOS ASFÁLTICOS CAP-30-45","2013-12-01","***","***",1.04218304569206,0.91214753923202596,1.0627200000000001,0.91570171921368904]
["CIMENTOS ASFÁLTICOS CAP-30-45","2014-01-01","***","***",1.1475820718796801,0.91088946236607105,1.0039461772876499,0.91843687568522703]
["CIMENTOS ASFÁLTICOS CAP-30-45","2014-02-01","***","***",1.0527563471958801,0.91579669277223197,1.0627200000000001,0.91776396306562602]
["CIMENTOS ASFÁLTICOS CAP-30-45","2014-03-01","***","***",1.11836727428432,0.91377327362488303,1.0627200000000001,0.91879709265568499]
["CIMENTOS ASFÁLTICOS CAP-30-45","2014-04-01","***","***",1.0756725302515,0.90677938434455596,1.0627200000000001,0.91227790960539801]
["CIMENTOS ASFÁLTICOS CAP-30-45","2014-05-01","***","***",1.0755260311466299,0.90279709829397303,1.0627200000000001,0.91264641134677804]
["CIMENTOS ASFÁLTICOS CAP-30-45","2014-06-01","***","***",1.1218797036496899,0.89763499299156602,"***",0.91526791658935502]
["CIMENTOS ASFÁLTICOS CAP-30-45","2014-07-01","***","***",1.0594807753879201,0.89399277921585996,"***",0.90503382127052701]
["CIMENTOS ASFÁLTICOS CAP-30-45","2014-08-01","***","***",1.0931281678590601,0.89302351524009504,0.92156000000000005,0.91097459811152304]
["CIMENTOS ASFÁLTICOS CAP-30-45","2014-09-01","***","***",1.20939968999543,0.908818136754036,0.92156000000000005,0.93303612104191802]
["CIMENTOS ASFÁLTICOS CAP-30-45","2014-10-01","***","***",1.1260233637183501,0.87978324033651201,1.0627200000000001,0.89565631357819897]
["CIMENTOS ASFÁLTICOS CAP-30-45","2014-11-01","***","***",1.1310787058454299,0.90050182576729298,1.0627200000000001,0.91621100269825095]
["CIMENTOS ASFÁLTICOS CAP-30-45","2014-12-01","***","***",1.20947077238415,1.00616591335311,"***",1.0174715846259299]
["CIMENTOS ASFÁLTICOS CAP-30-45","2015-01-01",1.5476000000000001,"***",1.4789824211478,1.1831388346140299,"***",1.2079291165799599]
["CIMENTOS ASFÁLTICOS CAP-30-45","2015-02-01",1.5935999999999999,"***",1.45246577304465,1.19034041967064,"***",1.20117046569105]
["CIMENTOS ASFÁLTICOS CAP-30-45","2015-03-01","***","***",1.4917478117517999,1.1863207832165099,0.92156000000000005,1.19915988291485]
["CIMENTOS ASFÁLTICOS CAP-30-45","2015-04-01",1.3197000000000001,"***",1.37121969203938,1.1669043821396701,1.1911,1.17077812135878]
["CIMENTOS ASFÁLTICOS CAP-30-45","2015-05-01",1.281935,"***",1.24966426884486,1.1716586894246599,"***",1.1758068625912601]
["CIMENTOS ASFÁLTICOS CAP-30-45","2015-06-01",1.3191200000000001,"***",1.30002607576328,1.15971637659428,"***",1.16569253790427]
["CIMENTOS ASFÁLTICOS CAP-30-45","2015-07-01","***","***",1.22955917711035,1.1498034919305,1.1802999999999999,1.1541518555075101]
["CIMENTOS ASFÁLTICOS CAP-30-45","2015-08-01","***","***",1.2532767878528699,1.14887279503243,1.1800126075658901,1.15415040116289]
["CIMENTOS ASFÁLTICOS CAP-30-45","2015-09-01","***","***",1.3990007906656601,1.2213810452231399,1.2650800398465201,1.2314175120453801]
["CIMENTOS ASFÁLTICOS CAP-30-45","2015-10-01","***","***",1.4436350308763599,1.2897214195995701,1.29841228564116,1.2949785780044101]
["CIMENTOS ASFÁLTICOS CAP-30-45","2015-11-01","***","***",1.6947009388196901,1.45542579122414,1.44378347305679,1.46215797894713]
["CIMENTOS ASFÁLTICOS CAP-30-45","2015-12-01","***","***",1.7589037895383599,1.47231649484174,1.44182619474546,1.47661348755425]
["CIMENTOS ASFÁLTICOS CAP-30-45","2016-01-01","***","***",1.74010162344224,1.47093509785528,1.4428172201023,1.4718107846909201]
["CIMENTOS ASFÁLTICOS CAP-30-45","2016-02-01","***","***",1.6206697336199301,1.4655615129353601,1.44663491073143,1.46695605542063]
["CIMENTOS ASFÁLTICOS CAP-30-45","2016-03-01","***","***",1.5191637115198799,1.46815154675047,1.4417528771730299,1.46886253425936]
["CIMENTOS ASFÁLTICOS CAP-30-45","2016-04-01",1.6218399999999999,"***",1.73645470023326,1.6167903153688701,1.6047846901640701,1.6216279912721301]
["CIMENTOS ASFÁLTICOS CAP-30-45","2016-05-01",1.6218399999999999,"***",1.75336788018518,1.62933892478256,1.58716416135501,1.6337069470239101]
["CIMENTOS ASFÁLTICOS CAP-30-45","2016-06-01","***","***",1.7332422163224599,1.6317999569489501,1.6465775691492199,1.63817246122542]
["CIMENTOS ASFÁLTICOS CAP-30-45","2016-07-01","***","***",1.7055866667248301,1.63835462156448,1.67829225037855,1.64407290728551]
["CIMENTOS ASFÁLTICOS CAP-30-45","2016-08-01","***","***",1.6663998857082301,1.63872396262625,1.6350477030755399,1.6411678507476499]
["CIMENTOS ASFÁLTICOS CAP-30-45","2016-09-01","***","***",1.6046551414419901,1.5231140587310801,1.5326052893138999,1.5339610471851901]
["CIMENTOS ASFÁLTICOS CAP-30-45","2016-10-01",1.6735766502463101,"***",1.57730455883403,1.49820718169867,1.5383756980357699,1.5132775368772999]
["CIMENTOS ASFÁLTICOS CAP-30-45","2016-11-01","***","***",1.63808384645064,1.49200796036453,1.4957786042135399,1.50727783260226]
["CIMENTOS ASFÁLTICOS CAP-30-45","2016-12-01","***","***",1.51443167579922,1.4683557268268499,1.54713628865222,1.4791328724744099]
["CIMENTOS ASFÁLTICOS CAP-30-45","2017-01-01",1.62096,"***",1.49788298665069,1.4437797776518,1.5408481562981799,1.45808945000097]
["CIMENTOS ASFÁLTICOS CAP-30-45","2017-02-01","***","***",1.5932058169169201,1.4381285646787401,1.49471875510453,1.45837742547408]
["CIMENTOS ASFÁLTICOS CAP-30-45","2017-03-01",1.6719999999999999,"***",1.50372953358841,1.4355240878982101,1.47202035431936,1.44520062172915]
["CIMENTOS ASFÁLTICOS CAP-30-45","2017-04-01","***","***",1.49918070197429,1.38283541047113,1.4307786219562499,1.3996932664310899]
["CIMENTOS ASFÁLTICOS CAP-30-45","2017-05-01","***",1.3877342027183399,1.49117174595508,1.3481409117494401,1.40638537669705,1.3723398616314999]
["CIMENTOS ASFÁLTICOS CAP-30-45","2017-06-01",1.1928964462328,1.43754217871051,1.54028644760527,1.36176639312519,1.4154846208395999,1.40053141471128]
["CIMENTOS ASFÁLTICOS CAP-30-45","2017-07-01",1.3884262886433201,1.3858763071258999,1.5496459818109101,1.3658860226677401,1.3878180811259899,1.40153093216893]
["CIMENTOS ASFÁLTICOS CAP-30-45","2017-08-01",1.4416948389490001,1.3736269219556401,1.4813723681895601,1.3594734118455301,1.38201770975576,1.3831764917983]
["CIMENTOS ASFÁLTICOS CAP-30-45","2017-09-01",1.4774604252639401,1.42076834949398,1.5448769848375801,1.36256389241398,1.3921079098528899,1.3988892826808099]
["CIMENTOS ASFÁLTICOS CAP-30-45","2017-10-01",1.53513416292161,1.4319901958504999,1.5587368435912199,1.3903729939835101,1.4145480796768599,1.4251961042222401]
["CIMENTOS ASFÁLTICOS CAP-30-45","2017-11-01",1.4111836701882201,1.5713555402196699,1.6313413733281299,1.51129155919479,1.54926504760038,1.5424695028043001]
["CIMENTOS ASFÁLTICOS CAP-30-45","2017-12-01",1.3932608583057,1.5672314852368601,1.6239610354677501,1.5359360368211501,1.5154918622795699,1.5402470657194001]
["CIMENTOS ASFÁLTICOS CAP-30-45","2018-01-01",1.6476915690013001,1.6565482133467899,1.7210476510495001,1.6345102992524601,1.55604839958512,1.6320460077652299]
["CIMENTOS ASFÁLTICOS CAP-30-45","2018-02-01",1.5207832253618201,1.6848502998502799,1.71097708764932,1.65026534810339,1.6094842652980199,1.6487470301498099]
["CIMENTOS ASFÁLTICOS CAP-30-45","2018-03-01",1.49158015831518,1.63379097059254,1.6447670189290799,1.6423356303771299,1.6094138275856,1.63374271301441]
["CIMENTOS ASFÁLTICOS CAP-30-45","2018-04-01",1.53508986685791,1.61565845359587,1.72195903213785,1.5829556388933099,1.5887633107008401,1.5957276371174201]
["CIMENTOS ASFÁLTICOS CAP-30-45","2018-05-01",1.6376558328131301,1.6812811383091599,1.8706448195821701,1.7191927945352501,1.75309724466434,1.732793364378]
["CIMENTOS ASFÁLTICOS CAP-30-45","2018-06-01",1.8336274699343,1.8275377016126899,1.99320599934158,1.8084922918920401,1.78899543820416,1.8325081297335499]
["CIMENTOS ASFÁLTICOS CAP-30-45","2018-07-01",1.7835403091787401,1.9503305153859201,2.0517924572644501,1.9350421976910599,1.9400145321501501,1.9501163059778699]
["CIMENTOS ASFÁLTICOS CAP-30-45","2018-08-01",1.8515338092195699,2.09705652199052,2.27608991390963,2.1250608780664,2.0844227507822799,2.12587811576467]
["CIMENTOS ASFÁLTICOS CAP-30-45","2018-09-01",1.8759813773982801,2.1222184952154399,2.2980150933476602,2.16230971151621,2.1335432695848802,2.1598957858443102]
["CIMENTOS ASFÁLTICOS CAP-30-45","2018-10-01",2.0102612252088101,2.09433088602785,2.1893098823558601,2.1812424332326499,2.2231288313716502,2.1666816275572298]
["CIMENTOS ASFÁLTICOS CAP-30-45","2018-11-01",2.2499273327196199,2.4671344739907899,2.6231582693347901,2.45244340102753,2.4637502365755002,2.46006561749667]
["CIMENTOS ASFÁLTICOS CAP-30-45","2018-12-01",2.19462568013126,2.4114492872033901,2.4944467619330299,2.4846401051421201,2.52590094979753,2.4791962391879401]
["CIMENTOS ASFÁLTICOS CAP-30-45","2019-01-01",2.17194823253344,2.3904946342152402,2.6067390324531998,2.4580470326185502,2.4981693280282999,2.46299617991835]
["CIMENTOS ASFÁLTICOS CAP-30-45","2019-02-01",2.4876497343172401,2.538022069208,2.7157118300450298,2.6695284653977498,2.7445422570056799,2.6634013867069202]
["CIMENTOS ASFÁLTICOS CAP-30-45","2019-03-01",2.3374180074904198,2.54975058559691,2.8721549703388698,2.66911577549515,2.6913096547186202,2.6752786837826901]
["CIMENTOS ASFÁLTICOS CAP-30-45","2019-04-01",2.45433481767268,2.5871013665182501,2.9035048494996798,2.6731510743934801,2.78111380389893,2.6959982813729999]
["CIMENTOS ASFÁLTICOS CAP-30-45","2019-05-01",2.2983703391820098,2.5964453978923898,2.8723715109593901,2.6876189305966101,2.78792934006063,2.7041945068215201]
["CIMENTOS ASFÁLTICOS CAP-30-45","2019-06-01",2.4379393811291701,2.5312102251241,2.9418021928178302,2.6577845500934201,2.7737744884529598,2.70446333257112]
["CIMENTOS ASFÁLTICOS CAP-30-45","2019-07-01",2.3901375469824999,2.51519066202354,2.9600930635828702,2.6722754481992901,2.7556905584825202,2.69921014006046]
["CIMENTOS ASFÁLTICOS CAP-30-45","2019-08-01",2.1977314172692601,2.3098604186648601,2.7087069498684002,2.4541473948861099,2.5378288443646801,2.4818408862472698]
["CIMENTOS ASFÁLTICOS CAP-30-45","2019-09-01",2.1307806560495699,2.3214022616986099,2.6917983255897702,2.4380465113080501,2.5297096280901599,2.46298407619993]
["CIMENTOS ASFÁLTICOS CAP-30-45","2019-10-01",2.2474774518774301,2.34916775878547,2.6948092754378901,2.4738825270552698,2.4813678752790902,2.4752250662286301]
["CIMENTOS ASFÁLTICOS CAP-30-45","2019-11-01",2.0679771007565999,2.4090164372320602,2.7281502466107201,2.5423896208187,2.5370655123381001,2.5280893569857699]
["CIMENTOS ASFÁLTICOS CAP-30-45","2019-12-01",2.0472294777653399,2.3596118754009101,2.7938789404352198,2.55063041233957,2.50490399545096,2.5228359815960801]
["CIMENTOS ASFÁLTICOS CAP-30-45","2020-01-01",2.1168232528375199,2.3939028230092099,2.9000756703802799,2.5499748737291599,2.60457802016324,2.54081245963375]
["CIMENTOS ASFÁLTICOS CAP-30-45","2020-02-01",2.0373928330178002,2.2264117477989598,2.6091894054416001,2.3459006092633601,2.3795526333042498,2.3408255501688999]
["CIMENTOS ASFÁLTICOS CAP-30-45","2020-03-01",1.87896108534591,2.1873698981501599,2.50180791012653,2.3410578401067101,2.3490944205222699,2.3211658798005299]
["CIMENTOS ASFÁLTICOS CAP-30-45","2020-04-01",1.8378897980997599,2.1612196169412701,2.4384086992003602,2.3045937303344801,2.3041973445100399,2.2924943276619998]
["CIMENTOS ASFÁLTICOS CAP-30-45","2020-05-01",2.0522176802602501,2.1252518077088598,2.4698937216243002,2.3173203301913099,2.37463675387349,2.3105744759872402]
["CIMENTOS ASFÁLTICOS CAP-30-45","2020-06-01",2.0614990509379298,2.1663151017873701,2.4457148297142299,2.2961935441919898,2.3914368451534398,2.3010076269484498]
["CIMENTOS ASFÁLTICOS CAP-30-45","2020-07-01",2.0554943948828401,2.16404422158582,2.43357037875231,2.2979703952265602,2.3873226063181399,2.2939572654147602]
["CIMENTOS ASFÁLTICOS CAP-30-45","2020-08-01",2.2180138910270801,2.2648612482386299,2.5793817661334102,2.4143540351426598,2.4999621667593801,2.40704413895011]
["CIMENTOS ASFÁLTICOS CAP-30-45","2020-09-01",2.1856712068342801,2.3238098055489802,2.6134940583989001,2.4114040079933301,2.4645739773129001,2.4120117967003201]
["CIMENTOS ASFÁLTICOS CAP-30-45","2020-10-01",2.0923131978464702,2.3199381622544601,2.6310141112619601,2.4331402580938,2.4822316269216902,2.43070845276144]
["CIMENTOS ASFÁLTICOS CAP-30-45","2020-11-01",2.3139704845609499,2.4969735593468201,2.7637683227614298,2.6207119850201601,2.7073638589552198,2.61845787698409]
["CIMENTOS ASFÁLTICOS CAP-30-45","2020-12-01",2.45207536644544,"***",2.8173408138434799,2.53234782818756,2.6066673517697998,2.5584373972765202]
["CIMENTOS ASFÁLTICOS CAP-30-45","2021-01-01",2.5732002442784001,"***",2.70311233472983,2.57769827232688,3.2358810219700702,2.6011427404051601]
["CIMENTOS ASFÁLTICOS CAP-30-45","2021-02-01","***","***",2.7976070101644099,2.8399914036793299,3.2993265326276502,2.8431600586185799]
["CIMENTOS ASFÁLTICOS CAP-30-45","2021-03-01","***","***",2.85161564908667,2.8418649817622601,3.4076443931773199,2.8594615289257801]
["CIMENTOS ASFÁLTICOS CAP-30-45","2021-04-01","***","***",2.95390020659474,2.8615062174872401,3.4491545325394801,2.8899094397810199]
["CIMENTOS ASFÁLTICOS CAP-30-45","2021-05-01","***","***",3.4424206419714198,3.4946755641262102,3.8990453571685002,3.4880048604229299]
["CIMENTOS ASFÁLTICOS CAP-30-45","2021-06-01",3.3012637347410099,"***",3.4260876515724399,3.5003204690754801,4.2544027379540799,3.5031581035155299]
["CIMENTOS ASFÁLTICOS CAP-30-45","2021-07-01","***","***",3.58581276037983,3.5366103741643,3.9937766570642399,3.5478621828559298]
["CIMENTOS ASFÁLTICOS CAP-30-45","2021-08-01",3.13307,3.53904666884389,3.70622417557699,3.68940571647066,4.0007530944444403,3.6922687013283699]
["CIMENTOS ASFÁLTICOS CAP-30-45","2021-09-01","***","***",3.61487605298487,3.68456409259313,3.7792582793791598,3.6738595602718802]
["CIMENTOS ASFÁLTICOS CAP-30-45","2021-10-01",3.41161,"***",3.5771676121935698,3.6697960476056699,3.5521616288372102,3.6539624810654399]
["CIMENTOS ASFÁLTICOS CAP-30-45","2021-11-01",3.7868880915800598,"***",4.0105582319407604,4.0174905618743004,4.7354179379277301,4.02410443477826]
["CIMENTOS ASFÁLTICOS CAP-30-45","2021-12-01",3.5705,"***",4.11790927426423,4.0288180521122996,4.1219880159036801,4.03602050651181]
["CIMENTOS ASFÁLTICOS CAP-30-45","2022-01-01",3.8230300000000002,"***",3.9163155203086002,4.0633324824494403,4.0234862916517402,4.0513571258310304]
["CIMENTOS ASFÁLTICOS CAP-30-45","2022-02-01",4.2186818703009603,"***",4.3323090163766604,4.3340586646880199,4.8795526919817398,4.3339228362844597]
["CIMENTOS ASFÁLTICOS CAP-30-45","2022-03-01",4.3115555930387401,"***",4.3120532329331303,4.3648103858356402,4.6404149167568303,4.3597932011143801]
["CIMENTOS ASFÁLTICOS CAP-30-45","2022-04-01",4.1670056519355203,"***",4.7773250056806802,4.5184130406569203,4.6458533019266604,4.5571931202116396]
["CIMENTOS ASFÁLTICOS CAP-30-45","2022-05-01",4.0886530293407404,"***",4.62377157685399,4.4214617829770102,4.5072363450878603,4.44574184877027]
["CIMENTOS ASFÁLTICOS CAP-30-45","2022-06-01",4.0256489360741501,"***",4.4687705649689402,4.4243574666988703,4.6000131542691403,4.4255082694288701]
["CIMENTOS ASFÁLTICOS CAP-30-45","2022-07-01",4.08837088300755,"***",4.6933856777591902,4.4564854649055503,4.8369036733540201,4.48894363610823]
["CIMENTOS ASFÁLTICOS CAP-30-45","2022-08-01",3.9438678124013098,"***",4.57925038711402,4.2824433090519101,4.62795156370714,4.3329766236538303]
["CIMENTOS ASFÁLTICOS CAP-30-45","2022-09-01",3.93290014661476,"***",4.4003335774797003,4.0536042796840803,5.06960694058741,4.1215888349065901]
["CIMENTOS ASFÁLTICOS CAP-30-45","2022-10-01",3.6609896740954202,3.8188300000000002,4.0447564099401303,3.6282539341325601,4.5973336639490601,3.7003366665046298]
["CIMENTOS ASFÁLTICOS CAP-30-45","2022-11-01",3.69876173634621,3.8242799999999999,4.0644587018114304,3.6125027140522401,4.7007613094364,3.6911023839087398]
["CIMENTOS ASFÁLTICOS CAP-30-45","2022-12-01",3.2604870028937598,3.85921,3.8759141146761098,3.5899687194091099,4.7159500000000003,3.6395006316144398]
["CIMENTOS ASFÁLTICOS CAP-30-45","2023-01-01",3.1283264961957502,"***",3.8962827351976999,3.47307459989849,4.4178756779039601,3.5370266216042299]
["CIMENTOS ASFÁLTICOS CAP-30-45","2023-02-01",3.0192639761753699,"***",3.8398551501123501,3.3649234580046801,4.2690359072561099,3.4255517472290098]
["CIMENTOS ASFÁLTICOS CAP-30-45","2023-03-01",3.0113211224428,"***",3.5059096487254999,3.21198287472119,4.2052676030557201,3.2654353976990298]
["CIMENTOS ASFÁLTICOS CAP-30-45","2023-04-01",3.9201921705349099,"***",3.44494137128369,3.2032941126453101,4.0896218706520102,3.2769258697708801]
["CIMENTOS ASFÁLTICOS CAP-30-45","2023-05-01",3.2905462042803602,"***",3.5601331506144902,3.1421904867987198,4.0717008450879302,3.2301441312397801]
["CIMENTOS ASFÁLTICOS CAP-30-45","2023-06-01",3.1921122556672001,"***",3.5697929582624601,3.1527881788446099,3.6930170765315502,3.2338957150516201]
["CIMENTOS ASFÁLTICOS CAP-30-45","2023-07-01",3.1687063561326601,4.1558000000000002,3.51760213100007,3.06716165275395,3.7299637315243501,3.13812585511215]
["CIMENTOS ASFÁLTICOS CAP-30-45","2023-08-01",3.5698996008643502,2.714,3.46610206381304,3.0596858371560698,3.3501970328464901,3.1581147818625199]
["CIMENTOS ASFÁLTICOS CAP-30-45","2023-09-01",3.8033632283698702,"***",3.61921972659071,3.3147911815909401,3.28722543825547,3.3925147036236201]
["CIMENTOS ASFÁLTICOS CAP-30-45","2023-10-01",3.7600330581866501,3.36196295652997,3.82002232764787,3.3105228697941498,3.3518664634330402,3.4367387505640101]
["CIMENTOS ASFÁLTICOS CAP-30-45","2023-11-01",3.83018074488032,"***",3.7547759032662298,3.3747593023223201,3.60975509716177,3.4690124979979098]
["CIMENTOS ASFÁLTICOS CAP-30-45","2023-12-01",3.82938929521295,"***",3.6963417419485101,3.3225710905842099,3.88015818422046,3.36886531381495]
["CIMENTOS ASFÁLTICOS CAP-30-45","2024-01-01",3.0459141573211199,"***",3.5830971417809399,3.2091761974122202,4.0791650106058901,3.2624504942271799]
["CIMENTOS ASFÁLTICOS CAP-30-45","2024-02-01",3.1116139747208198,"***",3.6831847425835602,3.2049842409957301,4.2047774179246096,3.2599051684648099]
["CIMENTOS ASFÁLTICOS CAP-30-45","2024-03-01",3.3370228644614199,"***",3.6289767088179801,3.2856754071564702,4.0108926863864598,3.33013112189425]
["CIMENTOS ASFÁLTICOS CAP-30-45","2024-04-01",3.81891395084785,"***",3.5916369550797098,3.2443195159528,3.6592456900042398,3.2957282976676998]
["CIMENTOS ASFÁLTICOS CAP-30-45","2024-05-01",3.6222874444250999,"***",3.6730234403671398,3.32823935606126,4.1665251613776801,3.3901355839307801]
["CIMENTOS ASFÁLTICOS CAP-30-45","2024-06-01",3.33286785431762,"***",3.7600099362528798,3.32584180221426,4.1139195672552997,3.40111703937378]
["CIMENTOS ASFÁLTICOS CAP-30-45","2024-07-01",3.9102810480876098,"***",3.8303938615195698,3.33374695335664,4.2663850536082197,3.44384997163912]
["CIMENTOS ASFÁLTICOS CAP-30-45","2024-08-01",3.7679418349007001,4.9202599999999999,3.9873467323262299,3.5809606868757702,3.5003679884711798,3.6501318588838001]
["CIMENTOS ASFÁLTICOS CAP-30-45","2024-09-01",3.7071512345505302,3.5625800000000001,4.0105443062148796,3.6323271818576401,3.71836700238139,3.6977331277760301]
["CIMENTOS ASFÁLTICOS CAP-50-70","2008-11-01",1.1642002000093199,0.968058472179401,1.4462434031071201,0.98865296439519601,0.96163141022272303,1.01662088325852]
["CIMENTOS ASFÁLTICOS CAP-50-70","2008-12-01",1.1595349236814401,0.95493724993608997,1.3348739119071,1.0002482230918099,0.973629967789994,1.0072500470996799]
["CIMENTOS ASFÁLTICOS CAP-50-70","2009-01-01",1.0455863869308699,0.96128733338734895,1.18302916922518,0.97634598353562296,0.97364068075219301,0.98096183277499704]
["CIMENTOS ASFÁLTICOS CAP-50-70","2009-02-01",1.03700406402366,0.93893550251968405,1.15558750819356,0.96609601293684,0.96455005583206499,0.96989216926771504]
["CIMENTOS ASFÁLTICOS CAP-50-70","2009-03-01",0.99575096443573197,0.94507491517794695,1.1962947855252399,0.95562842439706897,0.95789000009302405,0.96070465026889695]
["CIMENTOS ASFÁLTICOS CAP-50-70","2009-04-01",1.0483761956606801,0.932769629064645,1.2271055402503199,0.94696213599386703,0.95204047834180705,0.95892044635957996]
["CIMENTOS ASFÁLTICOS CAP-50-70","2009-05-01",0.98411348111694696,0.92756987016966597,1.25137901755071,0.92702080547710597,0.94462838353746104,0.94842652037425501]
["CIMENTOS ASFÁLTICOS CAP-50-70","2009-06-01",1.0464192542469499,0.91672658177820399,1.2310166634151201,0.91941342198421006,0.93096940407473505,0.938381202448484]
["CIMENTOS ASFÁLTICOS CAP-50-70","2009-07-01",1.03326433632698,0.94908535630500002,1.2920838702085,0.95873289307549603,0.99274622930982603,0.98199227084006102]
["CIMENTOS ASFÁLTICOS CAP-50-70","2009-08-01",1.03495380541036,0.90675589720571104,1.17023887902941,0.90784734242270304,0.91378744694585601,0.92533164047068905]
["CIMENTOS ASFÁLTICOS CAP-50-70","2009-09-01",1.0098097872527201,0.90300336799640701,1.17498904387269,0.90904139809446105,0.91526407427170398,0.92866703086483005]
["CIMENTOS ASFÁLTICOS CAP-50-70","2009-10-01",1.02117004683975,0.92535273820083397,1.17100209401348,0.91403669659252995,0.92002388294013104,0.93589788725089995]
["CIMENTOS ASFÁLTICOS CAP-50-70","2009-11-01",1.0443401182513601,0.91887338911969096,1.1715272744723899,0.92125550154293201,0.92071684623057204,0.94010158339962702]
["CIMENTOS ASFÁLTICOS CAP-50-70","2009-12-01",1.12185852936542,0.91025923868113801,1.25582441849952,0.91336230496708704,0.91920196812230504,0.946586544604192]
["CIMENTOS ASFÁLTICOS CAP-50-70","2010-01-01",1.13345665656521,0.90993276466361395,1.2404791318277699,0.90311848552795504,0.90926088264860405,0.93654207445196602]
["CIMENTOS ASFÁLTICOS CAP-50-70","2010-02-01",1.1013527642432499,0.90183694319641305,1.20421835368103,0.88538084006085105,0.88195461178770596,0.91458263661504202]
["CIMENTOS ASFÁLTICOS CAP-50-70","2010-03-01",1.0086812168510999,0.90727898357370196,1.24719642418663,0.89680880191717904,0.90539560946189701,0.92531076182851302]
["CIMENTOS ASFÁLTICOS CAP-50-70","2010-04-01",1.0468387417746601,0.90044773373281195,1.2270861378565301,0.89108356590527005,0.91192259420483901,0.92766388457798399]
["CIMENTOS ASFÁLTICOS CAP-50-70","2010-05-01",1.0660884296178199,0.90050984063744699,1.2580521862723,0.88279613189736195,0.90804233225828901,0.92635779360326498]
["CIMENTOS ASFÁLTICOS CAP-50-70","2010-06-01",0.97359196965887596,0.87460557768504799,1.1188488736558699,0.86778115746824702,0.88487272859646704,0.89934749219147203]
["CIMENTOS ASFÁLTICOS CAP-50-70","2010-07-01",0.94048317721409003,0.88191334566549195,1.1161824506929701,0.87841232116259005,0.89486795950418796,0.91002922118350804]
["CIMENTOS ASFÁLTICOS CAP-50-70","2010-08-01",0.95537497314560604,0.87997920182273603,1.11445783787426,0.87175335236552298,0.87191387444373103,0.89992394466737202]
["CIMENTOS ASFÁLTICOS CAP-50-70","2010-09-01",0.948569307825055,0.88391502047921,1.14720697908157,0.88593007783279398,0.88619053495742806,0.91753025022135504]
["CIMENTOS ASFÁLTICOS CAP-50-70","2010-10-01",0.93155043440074403,0.87849137035388603,1.14491207767957,0.92604237839513004,0.90666321243673897,0.93291972063342299]
["CIMENTOS ASFÁLTICOS CAP-50-70","2010-11-01",0.94659994636148104,0.88330778546206901,1.1649982175911,0.94141447522328203,0.93709138126829095,0.93981869282739405]
["CIMENTOS ASFÁLTICOS CAP-50-70","2010-12-01",0.98308806326034903,0.87958773488733899,1.1483552105327699,0.93363813194826795,0.97301298947521797,0.94451807458845904]
["CIMENTOS ASFÁLTICOS CAP-50-70","2011-01-01",1.14916103852664,0.89178964396001903,1.18353743225316,0.92997072695845096,0.97429546476887097,0.95451828900897395]
["CIMENTOS ASFÁLTICOS CAP-50-70","2011-02-01",0.995723488472813,0.88568844700388305,1.13212888100202,0.92934801097272002,0.90677255873700602,0.92939413837166696]
["CIMENTOS ASFÁLTICOS CAP-50-70","2011-03-01",0.95401434113952299,0.86206374768885097,1.15984453581561,0.89649350794789595,0.88026310807736796,0.89794121943500604]
["CIMENTOS ASFÁLTICOS CAP-50-70","2011-04-01",0.92775404713012599,0.87538905225236696,1.1063578183240399,0.86568725533676305,0.87869739583734796,0.88708092799146698]
["CIMENTOS ASFÁLTICOS CAP-50-70","2011-05-01",0.95713314917389802,0.85089927371574603,1.0541858677849301,0.859135916381774,0.87485191810927998,0.88656569577470201]
["CIMENTOS ASFÁLTICOS CAP-50-70","2011-06-01",0.89970191920263798,0.83799167873962099,1.07307603511042,0.85586121363580803,0.87167283289833297,0.87649929179840902]
["CIMENTOS ASFÁLTICOS CAP-50-70","2011-07-01",0.85928303553753804,0.83471891274127996,1.06188692889216,0.84584023713535905,0.86933884976771802,0.86620679160785596]
["CIMENTOS ASFÁLTICOS CAP-50-70","2011-08-01",0.93713573997865596,0.83185464339433601,1.08946627544851,0.83590658821371799,0.866759982009353,0.86655590905851498]
["CIMENTOS ASFÁLTICOS CAP-50-70","2011-09-01",0.96017618756024004,0.82940369859884999,1.13767298498475,0.83734407345244799,0.86744204467017605,0.87206915221180403]
["CIMENTOS ASFÁLTICOS CAP-50-70","2011-10-01",0.94897013141592601,0.83194110858229098,1.11915847395696,0.84496143150439396,0.85428475233702095,0.86896474563318804]
["CIMENTOS ASFÁLTICOS CAP-50-70","2011-11-01",0.94341314446758295,0.83555050486229698,1.1187428762724301,0.84763528312047298,0.862951680844675,0.87340662638805899]
["CIMENTOS ASFÁLTICOS CAP-50-70","2011-12-01",0.96380364224796,0.83848303782179201,1.02792555106092,0.86470407984264097,0.87298816149848102,0.877290636965535]
["CIMENTOS ASFÁLTICOS CAP-50-70","2012-01-01",0.91094616754733904,0.83848475664723099,1.1189066697035901,0.87824842320582897,0.860830552391746,0.87176135167825997]
["CIMENTOS ASFÁLTICOS CAP-50-70","2012-02-01",0.89821523882099097,0.84048391113424104,1.1048181423313801,0.88878961800866296,0.87180920137599205,0.88305633766574099]
["CIMENTOS ASFÁLTICOS CAP-50-70","2012-03-01",0.923356525188749,0.84223851298127195,1.0540589651729899,0.88500024524979404,0.88256779067320801,0.88519741849224598]
["CIMENTOS ASFÁLTICOS CAP-50-70","2012-04-01",0.97714956459594304,0.855485849320472,1.0697358965953301,0.88116357071918905,0.877834135975739,0.89910214298739899]
["CIMENTOS ASFÁLTICOS CAP-50-70","2012-05-01",1.05571942085476,0.85996408754259801,1.07758417002328,0.88831507864456205,0.87634450501714201,0.90491540050468899]
["CIMENTOS ASFÁLTICOS CAP-50-70","2012-06-01",1.04519334563755,0.86496493906383498,1.1054021243771599,0.89333736767997995,0.87681068509828697,0.91623252084462803]
["CIMENTOS ASFÁLTICOS CAP-50-70","2012-07-01",1.0446609274716201,0.86262940962823398,1.12669832983776,0.88602308192304802,0.87708582068653296,0.91046070900498399]
["CIMENTOS ASFÁLTICOS CAP-50-70","2012-08-01",1.0801801526149899,0.88019503907373897,1.1374371971853701,0.88507258941438705,0.87261659812848902,0.91438699077706198]
["CIMENTOS ASFÁLTICOS CAP-50-70","2012-09-01",1.05938680340644,0.88000563544075805,1.13939504953509,0.86835895178032696,0.843214383608756,0.89826538015749802]
["CIMENTOS ASFÁLTICOS CAP-50-70","2012-10-01",1.06572637845244,0.88799516997055195,1.2145959956276799,0.89293064089049401,0.87950805411163502,0.930452334963219]
["CIMENTOS ASFÁLTICOS CAP-50-70","2012-11-01",1.06244982611961,0.87602145017736299,1.1892648275926001,0.91063849900703098,0.89022301921924696,0.92844583979825801]
["CIMENTOS ASFÁLTICOS CAP-50-70","2012-12-01",1.0916302621762899,0.87465199697513896,1.1906737562499199,0.90824889408923604,0.90064562089656397,0.92884086828124202]
["CIMENTOS ASFÁLTICOS CAP-50-70","2013-01-01",1.0841074123580301,0.86617588669427503,1.1945336517496501,0.90572954724440102,0.90812917369690405,0.91737648723597598]
["CIMENTOS ASFÁLTICOS CAP-50-70","2013-02-01",1.07701741970528,0.86416685523150605,1.18500458810687,0.91349007287610395,0.92530605761954698,0.92551155576830801]
["CIMENTOS ASFÁLTICOS CAP-50-70","2013-03-01",1.0731001437013601,0.86383181069089299,1.2130314415168699,0.91628735654798599,0.93021430491819102,0.93071406305322701]
["CIMENTOS ASFÁLTICOS CAP-50-70","2013-04-01",1.0515393279621399,0.85969707242337901,1.2238423013681601,0.90925156808685303,0.92544341387138795,0.93423950621912999]
["CIMENTOS ASFÁLTICOS CAP-50-70","2013-05-01",1.1023908405840399,0.87292189525414599,1.22872061878413,0.91281804709238801,0.91851566988031197,0.95456335071209997]
["CIMENTOS ASFÁLTICOS CAP-50-70","2013-06-01",1.0512115150441901,0.86930597222385697,1.21474720110745,0.90586924194177398,0.89853504271492801,0.95457664418670696]
["CIMENTOS ASFÁLTICOS CAP-50-70","2013-07-01",1.1234148209758501,0.89127496326120603,1.19281736424295,0.91059811369325605,0.93118763536803195,0.95878075124699802]
["CIMENTOS ASFÁLTICOS CAP-50-70","2013-08-01",1.07880673063252,0.89697453114441905,1.22721674424767,0.91663850362942201,0.93233594739375303,0.96362904055312903]
["CIMENTOS ASFÁLTICOS CAP-50-70","2013-09-01",1.06936289301618,0.89600650713743002,1.2750900934307701,0.92038689018417097,0.92390483170360604,0.962080686020371]
["CIMENTOS ASFÁLTICOS CAP-50-70","2013-10-01",1.0283480533587599,0.90601703967767599,1.1974584874490599,0.91491851024945903,0.89095103582316404,0.95083176059351004]
["CIMENTOS ASFÁLTICOS CAP-50-70","2013-11-01",1.0379384075468301,0.91346681929754503,1.1918998676528101,0.910756130767712,0.91147419620068404,0.95424236368304405]
["CIMENTOS ASFÁLTICOS CAP-50-70","2013-12-01",1.0341083872463701,0.92856299235852602,1.20739809500788,0.91361847733823898,0.90311647396212602,0.95884825526246198]
["CIMENTOS ASFÁLTICOS CAP-50-70","2014-01-01",1.03938663568353,0.92864541074456497,1.18314485592936,0.91389714665939503,0.91392201683065499,0.94955600071621105]
["CIMENTOS ASFÁLTICOS CAP-50-70","2014-02-01",1.0801068914145799,0.92349288443166899,1.1426567835283099,0.91723226023843496,0.91279990184824,0.94659659947220898]
["CIMENTOS ASFÁLTICOS CAP-50-70","2014-03-01",1.0578973871917601,0.92210349613482301,1.16623222106861,0.91833864524720799,0.91527330599291601,0.94969885625038797]
["CIMENTOS ASFÁLTICOS CAP-50-70","2014-04-01",1.06516444164963,0.92424617902963402,1.1625454734699601,0.91306573731531804,0.89846391445543505,0.94773424108749704]
["CIMENTOS ASFÁLTICOS CAP-50-70","2014-05-01",1.0472353260566101,0.92304195017769197,1.1776412751407099,0.92379510441919699,0.90563295279397005,0.95585585242681603]
["CIMENTOS ASFÁLTICOS CAP-50-70","2014-06-01",1.0324792573750701,0.91856341091231697,1.2131744076245501,0.91367241771063601,0.90947963021300604,0.95768693925540604]
["CIMENTOS ASFÁLTICOS CAP-50-70","2014-07-01",1.08992772890141,0.91250785653528699,1.1564804181244499,0.90124131326552004,0.90896155973720405,0.94462212214345398]
["CIMENTOS ASFÁLTICOS CAP-50-70","2014-08-01",1.12813336757335,0.91344092282650102,1.12564161014719,0.91376504306709505,0.905054638043857,0.94946614618601]
["CIMENTOS ASFÁLTICOS CAP-50-70","2014-09-01",1.0994150800834801,0.93073955106709705,1.20765101986046,0.92076751428916404,0.91561647080025299,0.96686540421225597]
["CIMENTOS ASFÁLTICOS CAP-50-70","2014-10-01",1.1389772876476301,0.91437666072012602,1.1632135964831201,0.88626316682525197,0.89496995724703499,0.94295557205272396]
["CIMENTOS ASFÁLTICOS CAP-50-70","2014-11-01",1.09005497721516,0.93601067313963304,1.1636504031717101,0.89857521842888499,0.91887743458887705,0.95477288647907999]
["CIMENTOS ASFÁLTICOS CAP-50-70","2014-12-01",1.2363141948191401,1.0293060302466599,1.30926593808953,1.00369071777535,0.99707411686185399,1.0413560421836701]
["CIMENTOS ASFÁLTICOS CAP-50-70","2015-01-01",1.3331020291116999,1.2658009689968801,1.5124032368468101,1.12001751571985,1.1854791328029199,1.2112024705915201]
["CIMENTOS ASFÁLTICOS CAP-50-70","2015-02-01",1.4299714188618,1.2573772214074801,1.5356215442324399,1.1254203658011499,1.1913420075738701,1.2116660603000899]
["CIMENTOS ASFÁLTICOS CAP-50-70","2015-03-01",1.3752684616025701,1.22467913154148,1.4782303832841801,1.15814537915924,1.1924470146469399,1.2127168387529801]
["CIMENTOS ASFÁLTICOS CAP-50-70","2015-04-01",1.3134691474395299,1.2112090449808599,1.4892597596407799,1.14509408955436,1.1767638965238501,1.1936587663224201]
["CIMENTOS ASFÁLTICOS CAP-50-70","2015-05-01",1.4688994865143099,1.21980494741404,1.4341223456504699,1.12996367579366,1.17160282494569,1.20472725163539]
["CIMENTOS ASFÁLTICOS CAP-50-70","2015-06-01",1.4980994053310099,1.2296318755939899,1.44283165964486,1.12937851363371,1.1746569923413099,1.2163629901637201]
["CIMENTOS ASFÁLTICOS CAP-50-70","2015-07-01",1.3276929424462101,1.24655475166745,1.2046478282774999,1.12447001906151,1.1672978230290501,1.18885526158538]
["CIMENTOS ASFÁLTICOS CAP-50-70","2015-08-01",1.3853768174888701,1.2567499170991601,1.3951640490131401,1.1169304231925401,1.1722417088818,1.2189111181394501]
["CIMENTOS ASFÁLTICOS CAP-50-70","2015-09-01",1.4020240123201499,1.3081690645762001,1.49379867284042,1.1819154363670401,1.22013697308477,1.2760322488003499]
["CIMENTOS ASFÁLTICOS CAP-50-70","2015-10-01",1.49665216727963,1.35271443707134,1.5775101426643401,1.25267414993731,1.2783526152197,1.3435583024461299]
["CIMENTOS ASFÁLTICOS CAP-50-70","2015-11-01",1.6214945674457599,1.5172548331731499,1.70642567430236,1.41862992182278,1.4176480773209601,1.4889154300957601]
["CIMENTOS ASFÁLTICOS CAP-50-70","2015-12-01",1.7400574401316999,1.51946356014773,1.7009060250103201,1.4181914430683,1.4290280580594401,1.49641921793279]
["CIMENTOS ASFÁLTICOS CAP-50-70","2016-01-01",1.7812750615266,1.5500283898349001,1.7627892573580599,1.451294199361,1.4440659404971801,1.5048100264497299]
["CIMENTOS ASFÁLTICOS CAP-50-70","2016-02-01",1.7970452144298801,1.5343035680296899,1.70210558122962,1.4394538032794699,1.4324901348803301,1.4856499037153601]
["CIMENTOS ASFÁLTICOS CAP-50-70","2016-03-01",1.7421180957673099,1.5336459433033001,1.72584704820577,1.4247330067308199,1.44805250274746,1.49202933748836]
["CIMENTOS ASFÁLTICOS CAP-50-70","2016-04-01",1.9206598562680699,1.7246241294634801,1.9027849488273301,1.5967631494357599,1.6349489310160901,1.66831854062954]
["CIMENTOS ASFÁLTICOS CAP-50-70","2016-05-01",1.9858603498410301,1.7261038862806,1.92652723787226,1.6084657068972801,1.6988625608162999,1.69986810449243]
["CIMENTOS ASFÁLTICOS CAP-50-70","2016-06-01",1.94110201514808,1.69461704708438,1.92858200345681,1.6348656831055399,1.6363676806634799,1.69345843152673]
["CIMENTOS ASFÁLTICOS CAP-50-70","2016-07-01",1.79716931836353,1.6791090604505901,1.9187882828757401,1.6443296527187501,1.6160883808289299,1.6779353538113599]
["CIMENTOS ASFÁLTICOS CAP-50-70","2016-08-01",1.8359559153657601,1.68640980935656,1.9506635990932399,1.64815777236391,1.6208831347220201,1.68951171275427]
["CIMENTOS ASFÁLTICOS CAP-50-70","2016-09-01",1.7656413933444099,1.58625952920654,1.8182367959832999,1.5574530759905301,1.47898195013075,1.5823193923591301]
["CIMENTOS ASFÁLTICOS CAP-50-70","2016-10-01",1.6609619738177599,1.59021673134302,1.7713341100148501,1.55778766560535,1.48038790134231,1.57425203071265]
["CIMENTOS ASFÁLTICOS CAP-50-70","2016-11-01",1.62024689924767,1.5591364433461901,1.82557223894749,1.5165156755886799,1.47297083321802,1.5504842781527399]
["CIMENTOS ASFÁLTICOS CAP-50-70","2016-12-01",1.5382700375364899,1.4593338806479501,1.7867553820901501,1.50486567137887,1.46804703216157,1.5063560514489001]
["CIMENTOS ASFÁLTICOS CAP-50-70","2017-01-01",1.53644852951295,1.4492924379728001,1.60965656090415,1.44883480134508,1.45365192043667,1.4670384975294699]
["CIMENTOS ASFÁLTICOS CAP-50-70","2017-02-01",1.56427113478886,1.44763348297102,1.6400757052002599,1.4569537863547499,1.44623160325551,1.46867980165752]
["CIMENTOS ASFÁLTICOS CAP-50-70","2017-03-01",1.51757384173754,1.4358610536127501,1.68624132164893,1.45628515256191,1.4556897390877801,1.4736420785100699]
["CIMENTOS ASFÁLTICOS CAP-50-70","2017-04-01",1.6592675620247801,1.3882567672161601,1.6656832257435099,1.3894329650908099,1.4091591868736799,1.43526717874469]
["CIMENTOS ASFÁLTICOS CAP-50-70","2017-05-01",1.50522201600366,1.4006083965896301,1.7101340874778801,1.3738648530720301,1.3921241120651,1.42945434226319]
["CIMENTOS ASFÁLTICOS CAP-50-70","2017-06-01",1.63946792658845,1.42460864982594,1.6994010136294599,1.4290815132586401,1.3858353421618099,1.4659203299201]
["CIMENTOS ASFÁLTICOS CAP-50-70","2017-07-01",1.6480259608727099,1.40283083303231,1.75142070080023,1.41803378379403,1.3563173438095999,1.4531126868783999]
["CIMENTOS ASFÁLTICOS CAP-50-70","2017-08-01",1.4898806751607401,1.3828254843546901,1.6305673038088899,1.40684731743275,1.37761083670441,1.4256328859507299]
["CIMENTOS ASFÁLTICOS CAP-50-70","2017-09-01",1.54887287656192,1.4236384009391501,1.69923200279145,1.4166103533727401,1.37676580543972,1.4484593207404799]
["CIMENTOS ASFÁLTICOS CAP-50-70","2017-10-01",1.5714517430920001,1.40511791018695,1.7434399123070099,1.4078106119474101,1.39803328926311,1.4473426233472999]
["CIMENTOS ASFÁLTICOS CAP-50-70","2017-11-01",1.7039528842810301,1.56168911406581,1.8866865359815499,1.5108319641036301,1.5102091587256301,1.58754771998657]
["CIMENTOS ASFÁLTICOS CAP-50-70","2017-12-01",1.67112968570027,1.5697607156655999,1.8969173485708,1.5463023076256499,1.51115352219374,1.5843810067723401]
["CIMENTOS ASFÁLTICOS CAP-50-70","2018-01-01",1.7883866454375601,1.6422327847865299,1.85167665381581,1.5906701254672599,1.6130212682361,1.64469430243084]
["CIMENTOS ASFÁLTICOS CAP-50-70","2018-02-01",1.7974008038337601,1.6104601565302401,1.7913702231316999,1.59937889536573,1.60347187795933,1.62124686081122]
["CIMENTOS ASFÁLTICOS CAP-50-70","2018-03-01",1.8013597381611299,1.6064588891199001,1.89569863549092,1.61173911852818,1.6036252180727799,1.6388613189072501]
["CIMENTOS ASFÁLTICOS CAP-50-70","2018-04-01",1.7911733486516599,1.60509322394187,1.85749587807102,1.6006849031766901,1.6396290487266201,1.6562120285653501]
["CIMENTOS ASFÁLTICOS CAP-50-70","2018-05-01",1.9135020362466499,1.72470048995027,1.9454369536103999,1.7140554374767201,1.7142093728301699,1.7573254296279199]
["CIMENTOS ASFÁLTICOS CAP-50-70","2018-06-01",2.0655638588085301,1.82239972222208,2.0913163220082698,1.7994782549810799,1.79854029436378,1.85966297057505]
["CIMENTOS ASFÁLTICOS CAP-50-70","2018-07-01",2.0686276348694101,1.9451431619916,2.1407827715002599,1.94030218576477,1.9446474067133801,1.9756048837831901]
["CIMENTOS ASFÁLTICOS CAP-50-70","2018-08-01",2.2253463610556299,2.0957584128754001,2.4804068238619799,2.1024259235603999,2.0969791721755802,2.13972089306088]
["CIMENTOS ASFÁLTICOS CAP-50-70","2018-09-01",2.3303221946613202,2.12339672158555,2.4927376451938601,2.1340320879969998,2.1060368760513701,2.1733093659855598]
["CIMENTOS ASFÁLTICOS CAP-50-70","2018-10-01",2.2576205724913798,2.1476249120754698,2.2932107571908298,2.1766082678708099,2.1400388376879098,2.1776597065576602]
["CIMENTOS ASFÁLTICOS CAP-50-70","2018-11-01",2.4878078368167,2.4027451503264698,2.8650562667739101,2.42868191784906,2.4227802039430202,2.4454619775704902]
["CIMENTOS ASFÁLTICOS CAP-50-70","2018-12-01",2.4908078969943901,2.4209253621256099,2.70932464819575,2.4282832693452798,2.4640008905163899,2.4580454611848999]
["CIMENTOS ASFÁLTICOS CAP-50-70","2019-01-01",2.48596635582701,2.3598363150238102,2.77084892263766,2.4853304118858901,2.4520058774851301,2.4559230169622799]
["CIMENTOS ASFÁLTICOS CAP-50-70","2019-02-01",2.64434676960391,2.5491674833705198,3.050787298396,2.7598832649405098,2.7581833791400898,2.7059191814735901]
["CIMENTOS ASFÁLTICOS CAP-50-70","2019-03-01",2.70497949833076,2.5265844677413001,3.0739571007383399,2.7594368297237901,2.6930711918943402,2.6929741261771198]
["CIMENTOS ASFÁLTICOS CAP-50-70","2019-04-01",2.7607753188878101,2.5642432804089901,3.07394489747454,2.7595556575960298,2.6966543361975801,2.7111868558212802]
["CIMENTOS ASFÁLTICOS CAP-50-70","2019-05-01",2.7623656498626401,2.5260565904727401,3.0755967027868998,2.77279584936334,2.6937435420278502,2.71252321372938]
["CIMENTOS ASFÁLTICOS CAP-50-70","2019-06-01",2.62752322417571,2.5340987447340901,3.2093060812018801,2.6887152667018199,2.7048097090947198,2.6959936146940602]
["CIMENTOS ASFÁLTICOS CAP-50-70","2019-07-01",2.8485991330466902,2.5076702007267899,3.1298659492519301,2.7584930599395898,2.6989900532261699,2.7132922282791001]
["CIMENTOS ASFÁLTICOS CAP-50-70","2019-08-01",2.6754559394369499,2.3351192760317998,2.9180333699623202,2.5834195289972999,2.5319168723857,2.5390494014612601]
["CIMENTOS ASFÁLTICOS CAP-50-70","2019-09-01",2.5980567927868399,2.2991941677186198,3.0343326494694201,2.4806511018948498,2.51482597908893,2.4959986121158102]
["CIMENTOS ASFÁLTICOS CAP-50-70","2019-10-01",2.53353685510691,2.2703566819708101,2.83756048874314,2.5098901477389401,2.5096354428455898,2.4733469425880399]
["CIMENTOS ASFÁLTICOS CAP-50-70","2019-11-01",2.6086438306634299,2.3242784036901099,2.8673646878988301,2.5682421222511498,2.5563409353306699,2.5296322226405898]
["CIMENTOS ASFÁLTICOS CAP-50-70","2019-12-01",2.5261701917141299,2.3189910031031,2.9506259448440701,2.6251278319394502,2.5573576106168301,2.5301149347303]
["CIMENTOS ASFÁLTICOS CAP-50-70","2020-01-01",2.6003580196634002,2.29750015128407,3.0972670727609599,2.5739951478071501,2.5484205240781601,2.5181505942533402]
["CIMENTOS ASFÁLTICOS CAP-50-70","2020-02-01",2.42190138186597,2.1732091774843401,2.88285582588101,2.3583219521897898,2.3604346639059299,2.3510962225295899]
["CIMENTOS ASFÁLTICOS CAP-50-70","2020-03-01",2.32824656925282,2.1710881446428298,2.7560542278028,2.3215180311496102,2.33775877141934,2.3218729750919902]
["CIMENTOS ASFÁLTICOS CAP-50-70","2020-04-01",2.3701199159246502,2.1900262052368702,2.6536854290770302,2.3451607686618701,2.30210998911905,2.33600787135954]
["CIMENTOS ASFÁLTICOS CAP-50-70","2020-05-01",2.3686394261846799,2.1247552910756902,2.6064373281097999,2.2712297279282199,2.31524156323422,2.3241992330683701]
["CIMENTOS ASFÁLTICOS CAP-50-70","2020-06-01",2.3042294317613901,2.1289858879119299,2.6211369740885599,2.2628582326877802,2.3085365757440099,2.2965341637850001]
["CIMENTOS ASFÁLTICOS CAP-50-70","2020-07-01",2.3040444793624602,2.1338876596137499,2.6233830104391398,2.2346516674318302,2.2832193393500502,2.27475600376488]
["CIMENTOS ASFÁLTICOS CAP-50-70","2020-08-01",2.430002795699,2.26690657835135,2.7580819984891698,2.37096886998998,2.4725525475311301,2.4126588088434699]
["CIMENTOS ASFÁLTICOS CAP-50-70","2020-09-01",2.46123021590987,2.2840450880454699,2.7325767132507801,2.3662058239428099,2.44122289879693,2.4100378532673501]
["CIMENTOS ASFÁLTICOS CAP-50-70","2020-10-01",2.3780262155275902,2.3047325361740199,2.73787228528735,2.37055989660147,2.4484419282027798,2.4070227300439901]
["CIMENTOS ASFÁLTICOS CAP-50-70","2020-11-01",2.6109989548752002,2.48394404294997,2.8383145460657002,2.54266160417238,2.5798449209404501,2.5728040803736998]
["CIMENTOS ASFÁLTICOS CAP-50-70","2020-12-01",2.4666655655762599,2.46408243268186,2.8257379112810601,2.5868501223410898,2.6026143379342601,2.5712701546518701]
["CIMENTOS ASFÁLTICOS CAP-50-70","2021-01-01",2.3968975954785301,2.4622774998545398,2.9077822401511901,2.6226718919314802,2.6213242937239398,2.5653805763117798]
["CIMENTOS ASFÁLTICOS CAP-50-70","2021-02-01",2.62223104097757,2.6737311274449902,3.0375320745977699,2.7814833596524902,2.78234825517562,2.7530042051350399]
["CIMENTOS ASFÁLTICOS CAP-50-70","2021-03-01",2.5788143328319602,2.6270392548645898,3.01226616750577,2.8348633925941402,2.8345419214023302,2.7743902670354901]
["CIMENTOS ASFÁLTICOS CAP-50-70","2021-04-01",2.6898427957607498,2.5990534043432301,3.02145401398622,2.8122196895302598,2.8049925161599898,2.7659144508673199]
["CIMENTOS ASFÁLTICOS CAP-50-70","2021-05-01",3.2587955331488301,3.1995299336535301,3.66991094215367,3.4186159196152399,3.4164946531267901,3.3918465166180098]
["CIMENTOS ASFÁLTICOS CAP-50-70","2021-06-01",3.2391603984456498,3.1810943361580399,3.5368984914325101,3.4429599791044798,3.4573183196495201,3.38047855982078]
["CIMENTOS ASFÁLTICOS CAP-50-70","2021-07-01",3.1373216685914098,3.15494384258978,3.5919838718924701,3.4484811553772099,3.4146979908217698,3.3589424849932499]
["CIMENTOS ASFÁLTICOS CAP-50-70","2021-08-01",3.4628720904303001,3.2939924015883602,3.7814093566309901,3.7031807640464902,3.6708938226830199,3.5867388859926899]
["CIMENTOS ASFÁLTICOS CAP-50-70","2021-09-01",3.5278877620433802,3.3263178909604401,3.7883265933010501,3.6540910386363898,3.6888809122431798,3.60443158337976]
["CIMENTOS ASFÁLTICOS CAP-50-70","2021-10-01",3.5217613124562899,3.4210299498024699,3.6538369894595899,3.6802665752234001,3.6959141358793302,3.6127059700737401]
["CIMENTOS ASFÁLTICOS CAP-50-70","2021-11-01",3.8287371576631601,3.6976868410798001,4.0572040927241204,4.0328980638371004,4.00672376594121,3.94064134909007]
["CIMENTOS ASFÁLTICOS CAP-50-70","2021-12-01",3.8916127711600801,3.7529240450135202,4.0449019099654304,4.0493181173020902,4.0142899130550704,3.9617180719974199]
["CIMENTOS ASFÁLTICOS CAP-50-70","2022-01-01",3.9788758393026198,3.8120644431570399,4.1533097845105296,4.0374365380778201,4.0521109570594502,4.0006593083512199]
["CIMENTOS ASFÁLTICOS CAP-50-70","2022-02-01",4.3087029640625101,4.0336251775326399,4.4522351382715399,4.27842408373004,4.2860572791079603,4.2600070220247801]
["CIMENTOS ASFÁLTICOS CAP-50-70","2022-03-01",4.2574454333633103,4.0946806111223903,4.4828529296613704,4.2688906241985496,4.3259483699624903,4.2756834382585804]
["CIMENTOS ASFÁLTICOS CAP-50-70","2022-04-01",4.3688451161730804,4.2579998321215102,4.7632061029379997,4.4566133667422303,4.4459162741885603,4.4411848628964004]
["CIMENTOS ASFÁLTICOS CAP-50-70","2022-05-01",4.35286973651138,4.2018566620318696,4.5833081981961898,4.3093842175109396,4.2489433809575496,4.30229361751132]
["CIMENTOS ASFÁLTICOS CAP-50-70","2022-06-01",4.3936847298741499,4.1962162000687,4.6136357072876502,4.2900116584792096,4.1810562735013201,4.2899376668844003]
["CIMENTOS ASFÁLTICOS CAP-50-70","2022-07-01",4.5439142662038101,4.3247236022459798,4.7301334425517396,4.3487259522293096,4.2994675353113001,4.4010622330181297]
["CIMENTOS ASFÁLTICOS CAP-50-70","2022-08-01",4.6539061080139899,4.3504308034729204,4.6025056296728,4.2101763533954202,4.1272996707472203,4.3190455581833902]
["CIMENTOS ASFÁLTICOS CAP-50-70","2022-09-01",4.8752751164537598,4.3409570929431096,4.40760182791111,4.0676614809330101,3.8614528948504998,4.2595706298206402]
["CIMENTOS ASFÁLTICOS CAP-50-70","2022-10-01",4.3733190215578599,4.1071079583591503,4.0681957721761703,3.6310591059225499,3.5514967460089002,3.88004801505988]
["CIMENTOS ASFÁLTICOS CAP-50-70","2022-11-01",4.2011656632619001,3.9620110588681499,4.0475521718081398,3.5860134918380102,3.4743300981902698,3.7871959426154702]
["CIMENTOS ASFÁLTICOS CAP-50-70","2022-12-01",4.3597539890170296,3.74589079861064,4.1320980266797402,3.49826709394585,3.4515332814684299,3.7300679562108598]
["CIMENTOS ASFÁLTICOS CAP-50-70","2023-01-01",4.11983260353799,3.50004490786998,3.9146557017009802,3.2578948696970902,3.2963992178977901,3.46317391938548]
["CIMENTOS ASFÁLTICOS CAP-50-70","2023-02-01",3.9385531731596499,3.4506332949429299,3.8368071056396098,3.1594029119675202,3.1788002865843601,3.3679711779515999]
["CIMENTOS ASFÁLTICOS CAP-50-70","2023-03-01",3.9600041484806301,3.3172854229256501,3.6926607702291401,3.1175453668862301,2.96545405921839,3.2359252904357101]
["CIMENTOS ASFÁLTICOS CAP-50-70","2023-04-01",3.7306183204786798,3.2681898930827198,3.5862947498960098,3.1234147790345999,2.9429598659879099,3.1899899165524999]
["CIMENTOS ASFÁLTICOS CAP-50-70","2023-05-01",3.8497237818993599,3.2905144507942001,3.5567609181451298,3.1463887247928999,2.9175662363623598,3.2268291929431498]
["CIMENTOS ASFÁLTICOS CAP-50-70","2023-06-01",3.7712002958516999,3.3323163391206201,3.4273711414204802,3.1240774848656598,2.8993344519763098,3.21860926787997]
["CIMENTOS ASFÁLTICOS CAP-50-70","2023-07-01",3.7422466988484202,3.3812676564397299,3.5796955347907899,3.1200534403384301,2.9718370166021502,3.2652957046207201]
["CIMENTOS ASFÁLTICOS CAP-50-70","2023-08-01",3.7235845471948998,3.36285188756966,3.68607200751363,3.1350839350716599,2.96147439080484,3.2611773436936402]
["CIMENTOS ASFÁLTICOS CAP-50-70","2023-09-01",4.0926243994159401,3.6310433946855198,3.8282034590378999,3.3650317174538702,3.1817641602095201,3.49981596279537]
["CIMENTOS ASFÁLTICOS CAP-50-70","2023-10-01",4.0853009570929801,3.6154635123389598,3.7928201532420598,3.3467434077941598,3.1515419092246102,3.4564221832789102]
["CIMENTOS ASFÁLTICOS CAP-50-70","2023-11-01",3.8505252713389302,3.72813100390524,3.9694370785778501,3.47103890779796,3.1884640096323,3.5385931443332201]
["CIMENTOS ASFÁLTICOS CAP-50-70","2023-12-01",3.9850683709256298,3.6985887867201002,3.8269836357998499,3.3408014906564398,3.23570813378277,3.4785694902556901]
["CIMENTOS ASFÁLTICOS CAP-50-70","2024-01-01",3.9313769837333301,3.5674685518030498,3.6096567665522201,3.2015259811633898,3.15380405590505,3.3674771499353602]
["CIMENTOS ASFÁLTICOS CAP-50-70","2024-02-01",4.0056345534391804,3.4535764117580801,3.5503640911302399,3.1567107709108,3.1425150710376499,3.32791304508592]
["CIMENTOS ASFÁLTICOS CAP-50-70","2024-03-01",3.8719084389860901,3.5062399225826999,3.4592436690017001,3.13960808167033,3.22737842552998,3.3411671703001602]
["CIMENTOS ASFÁLTICOS CAP-50-70","2024-04-01",3.8506281406173399,3.38942212379408,3.36319834564314,3.0860612081393199,3.2544558984706899,3.27265329607346]
["CIMENTOS ASFÁLTICOS CAP-50-70","2024-05-01",3.7704835216479902,3.3562695898312298,3.5204474987284202,3.2078969044202399,3.31794751085642,3.3579298120816001]
["CIMENTOS ASFÁLTICOS CAP-50-70","2024-06-01",3.73560612132998,3.5108673314583898,3.4730854930730302,3.21767488760015,3.2956082972632501,3.3562675638353499]
["CIMENTOS ASFÁLTICOS CAP-50-70","2024-07-01",3.8698393882693298,3.82380498687214,3.5967973698767302,3.3437458887367999,3.4173222318022698,3.5329388192284599]
["CIMENTOS ASFÁLTICOS CAP-50-70","2024-08-01",4.0421021970969599,3.9912300451162102,3.8712720571150498,3.5701032263105099,3.5911454659067701,3.7496279314418]
["CIMENTOS ASFÁLTICOS CAP-50-70","2024-09-01",4.0693470910808296,4.0304683499563101,3.8977386335395399,3.5964095630998001,3.69263413504091,3.82179420283027]
["CIMENTOS ASFÁLTICOS CAP-85-100","2008-11-01","***","***","***","***","***","***"]
["CIMENTOS ASFÁLTICOS CAP-85-100","2008-12-01","***","***","***","***","***","***"]
["CIMENTOS ASFÁLTICOS CAP-85-100","2009-01-01","***","***","***","***","***","***"]
["CIMENTOS ASFÁLTICOS CAP-85-100","2009-02-01","***","***","***","***","***","***"]
["CIMENTOS ASFÁLTICOS CAP-85-100","2009-03-01","***","***","***","***","***","***"]
["CIMENTOS ASFÁLTICOS CAP-85-100","2009-04-01","***","***","***","***","***","***"]
["CIMENTOS ASFÁLTICOS CAP-85-100","2009-05-01","***","***","***","***","***","***"]
["CIMENTOS ASFÁLTICOS CAP-85-100","2009-06-01","***","***","***","***","***","***"]
["CIMENTOS ASFÁLTICOS CAP-85-100","2009-07-01","***","***","***","***","***","***"]
["CIMENTOS ASFÁLTICOS CAP-85-100","2009-08-01","***","***","***","***","***","***"]
["CIMENTOS ASFÁLTICOS CAP-85-100","2009-09-01","***","***","***","***","***","***"]
["CIMENTOS ASFÁLTICOS CAP-85-100","2009-10-01","***","***","***","***","***","***"]
["CIMENTOS ASFÁLTICOS CAP-85-100","2009-11-01","***","***","***","***",1.13323,1.13323]
["CIMENTOS ASFÁLTICOS CAP-85-100","2009-12-01","***","***","***","***","***","***"]
["CIMENTOS ASFÁLTICOS CAP-85-100","2010-01-01","***","***","***","***","***","***"]
["CIMENTOS ASFÁLTICOS CAP-85-100","2010-02-01","***","***","***","***","***","***"]
["CIMENTOS ASFÁLTICOS CAP-85-100","2010-03-01","***","***","***","***","***","***"]
["CIMENTOS ASFÁLTICOS CAP-85-100","2010-04-01","***","***","***","***","***","***"]
["CIMENTOS ASFÁLTICOS CAP-85-100","2010-05-01","***","***","***","***","***","***"]
["CIMENTOS ASFÁLTICOS CAP-85-100","2010-06-01","***","***","***","***","***","***"]
["CIMENTOS ASFÁLTICOS CAP-85-100","2010-07-01","***","***","***","***","***","***"]
["CIMENTOS ASFÁLTICOS CAP-85-100","2010-08-01","***","***","***","***","***","***"]
["CIMENTOS ASFÁLTICOS CAP-85-100","2010-09-01","***","***","***","***","***","***"]
["CIMENTOS ASFÁLTICOS CAP-85-100","2010-10-01","***","***","***",1.19662,"***",1.19662]
["CIMENTOS ASFÁLTICOS CAP-85-100","2010-11-01","***","***","***",1.19662,"***",1.19662]
["CIMENTOS ASFÁLTICOS CAP-85-100","2010-12-01","***","***","***","***","***","***"]
["CIMENTOS ASFÁLTICOS CAP-85-100","2011-01-01","***","***","***","***","***","***"]
["CIMENTOS ASFÁLTICOS CAP-85-100","2011-02-01","***","***","***","***","***","***"]
["CIMENTOS ASFÁLTICOS CAP-85-100","2011-03-01","***","***","***","***","***","***"]
["CIMENTOS ASFÁLTICOS CAP-85-100","2011-04-01","***","***",1.2050000000000001,0.57030000000000003,"***",0.71767059689659096]
["CIMENTOS ASFÁLTICOS CAP-85-100","2011-05-01","***","***","***",0.56930000000000003,"***",0.56930000000000003]
["CIMENTOS ASFÁLTICOS CAP-85-100","2011-06-01","***","***","***","***",0.88490999999999997,0.88490999999999997]
["CIMENTOS ASFÁLTICOS CAP-85-100","2011-07-01","***","***",1.3649,"***","***",1.3649]
["CIMENTOS ASFÁLTICOS CAP-85-100","2011-08-01","***","***",1.34244536078025,1.3506,"***",1.34316556011292]
["CIMENTOS ASFÁLTICOS CAP-85-100","2011-09-01","***","***",1.3371533215939599,"***","***",1.3371533215939599]
["CIMENTOS ASFÁLTICOS CAP-85-100","2011-10-01","***","***","***","***","***","***"]
["CIMENTOS ASFÁLTICOS CAP-85-100","2011-11-01","***","***",1.4185399999999999,"***","***",1.4185399999999999]
["CIMENTOS ASFÁLTICOS CAP-85-100","2011-12-01","***","***","***",0.93511945908301697,"***",0.93511945908301697]
["CIMENTOS ASFÁLTICOS CAP-85-100","2012-01-01","***","***",1.4185399999999999,"***","***",1.4185399999999999]
["CIMENTOS ASFÁLTICOS CAP-85-100","2012-02-01","***","***",1.41855,"***","***",1.41855]
["CIMENTOS ASFÁLTICOS CAP-85-100","2012-03-01","***","***","***","***","***","***"]
["CIMENTOS ASFÁLTICOS CAP-85-100","2012-04-01","***","***",1.4185399999999999,"***","***",1.4185399999999999]
["CIMENTOS ASFÁLTICOS CAP-85-100","2012-05-01","***","***",1.4185399999999999,"***","***",1.4185399999999999]
["CIMENTOS ASFÁLTICOS CAP-85-100","2012-06-01","***","***",1.4185399999999999,"***","***",1.4185399999999999]
["CIMENTOS ASFÁLTICOS CAP-85-100","2012-07-01","***","***",1.41852250665308,"***","***",1.41852250665308]
["CIMENTOS ASFÁLTICOS CAP-85-100","2012-08-01","***","***",1.41853692713934,"***","***",1.41853692713934]
["CIMENTOS ASFÁLTICOS CAP-85-100","2012-09-01","***","***",1.4311500061884399,"***","***",1.4311500061884399]
["CIMENTOS ASFÁLTICOS CAP-85-100","2012-10-01","***","***",1.4027483648897501,"***","***",1.4027483648897501]
["CIMENTOS ASFÁLTICOS CAP-85-100","2012-11-01","***","***",1.4089350775890099,"***","***",1.4089350775890099]
["CIMENTOS ASFÁLTICOS CAP-85-100","2012-12-01","***","***","***","***","***","***"]
["CIMENTOS ASFÁLTICOS CAP-85-100","2013-01-01","***","***","***","***","***","***"]
["CIMENTOS ASFÁLTICOS CAP-85-100","2013-02-01","***","***","***","***","***","***"]
["CIMENTOS ASFÁLTICOS CAP-85-100","2013-03-01","***","***","***","***","***","***"]
["CIMENTOS ASFÁLTICOS CAP-85-100","2013-04-01","***","***","***","***","***","***"]
["CIMENTOS ASFÁLTICOS CAP-85-100","2013-05-01","***","***","***","***","***","***"]
["CIMENTOS ASFÁLTICOS CAP-85-100","2013-06-01","***","***","***","***","***","***"]
["CIMENTOS ASFÁLTICOS CAP-85-100","2013-07-01","***","***","***","***","***","***"]
["CIMENTOS ASFÁLTICOS CAP-85-100","2013-08-01","***","***","***","***","***","***"]
["CIMENTOS ASFÁLTICOS CAP-85-100","2013-09-01","***","***","***","***","***","***"]
["CIMENTOS ASFÁLTICOS CAP-85-100","2013-10-01","***","***","***","***","***","***"]
["CIMENTOS ASFÁLTICOS CAP-85-100","2013-11-01","***","***","***","***","***","***"]
["CIMENTOS ASFÁLTICOS CAP-85-100","2013-12-01","***","***","***","***","***","***"]
["CIMENTOS ASFÁLTICOS CAP-85-100","2014-01-01","***","***","***","***","***","***"]
["CIMENTOS ASFÁLTICOS CAP-85-100","2014-02-01","***","***","***","***","***","***"]
["CIMENTOS ASFÁLTICOS CAP-85-100","2014-03-01","***","***","***","***","***","***"]
["CIMENTOS ASFÁLTICOS CAP-85-100","2014-04-01","***","***","***","***","***","***"]
["CIMENTOS ASFÁLTICOS CAP-85-100","2014-05-01","***","***","***","***",0.94121999999999995,0.94121999999999995]
["CIMENTOS ASFÁLTICOS CAP-85-100","2014-06-01","***","***","***","***","***","***"]
["CIMENTOS ASFÁLTICOS CAP-85-100","2014-07-01","***","***","***","***","***","***"]
["CIMENTOS ASFÁLTICOS CAP-85-100","2014-08-01","***","***","***","***",1.0109900000000001,1.0109900000000001]
["CIMENTOS ASFÁLTICOS CAP-85-100","2014-09-01","***","***","***","***","***","***"]
["CIMENTOS ASFÁLTICOS CAP-85-100","2014-10-01","***","***","***","***","***","***"]
["CIMENTOS ASFÁLTICOS CAP-85-100","2014-11-01","***","***","***","***","***","***"]
["CIMENTOS ASFÁLTICOS CAP-85-100","2014-12-01","***","***","***","***","***","***"]
["CIMENTOS ASFÁLTICOS CAP-85-100","2015-01-01","***","***","***","***","***","***"]
["CIMENTOS ASFÁLTICOS CAP-85-100","2015-02-01","***","***","***","***","***","***"]
["CIMENTOS ASFÁLTICOS CAP-85-100","2015-03-01","***","***","***","***","***","***"]
["CIMENTOS ASFÁLTICOS CAP-85-100","2015-04-01","***","***","***","***","***","***"]
["CIMENTOS ASFÁLTICOS CAP-85-100","2015-05-01","***","***","***","***","***","***"]
["CIMENTOS ASFÁLTICOS CAP-85-100","2015-06-01","***","***","***","***",1.3446,1.3446]
["CIMENTOS ASFÁLTICOS CAP-85-100","2015-07-01","***","***","***","***","***","***"]
["CIMENTOS ASFÁLTICOS CAP-85-100","2015-08-01","***","***","***","***","***","***"]
["CIMENTOS ASFÁLTICOS CAP-85-100","2015-09-01","***","***","***","***","***","***"]
["CIMENTOS ASFÁLTICOS CAP-85-100","2015-10-01","***","***","***","***","***","***"]
["CIMENTOS ASFÁLTICOS CAP-85-100","2015-11-01","***","***","***","***","***","***"]
["CIMENTOS ASFÁLTICOS CAP-85-100","2015-12-01","***","***","***","***","***","***"]
["CIMENTOS ASFÁLTICOS CAP-85-100","2016-01-01","***","***","***","***","***","***"]
["CIMENTOS ASFÁLTICOS CAP-85-100","2016-02-01","***","***","***","***","***","***"]
["CIMENTOS ASFÁLTICOS CAP-85-100","2016-03-01","***","***","***","***","***","***"]
["CIMENTOS ASFÁLTICOS CAP-85-100","2016-04-01","***","***","***","***","***","***"]
["CIMENTOS ASFÁLTICOS CAP-85-100","2016-05-01","***","***","***","***","***","***"]
["CIMENTOS ASFÁLTICOS CAP-85-100","2016-06-01","***","***","***","***","***","***"]
["CIMENTOS ASFÁLTICOS CAP-85-100","2016-07-01","***","***","***","***","***","***"]
["CIMENTOS ASFÁLTICOS CAP-85-100","2016-08-01","***","***","***","***","***","***"]
["CIMENTOS ASFÁLTICOS CAP-85-100","2016-09-01","***","***","***","***","***","***"]
["CIMENTOS ASFÁLTICOS CAP-85-100","2016-10-01","***","***","***","***","***","***"]
["CIMENTOS ASFÁLTICOS CAP-85-100","2016-11-01","***","***","***","***","***","***"]
["CIMENTOS ASFÁLTICOS CAP-85-100","2016-12-01","***","***","***","***","***","***"]
["CIMENTOS ASFÁLTICOS CAP-85-100","2017-01-01","***","***","***",1.40441652173913,2.2347600000000001,2.1621444106463898]
["CIMENTOS ASFÁLTICOS CAP-85-100","2017-02-01","***","***","***",1.90513,"***",1.90513]
["CIMENTOS ASFÁLTICOS CAP-85-100","2017-03-01","***","***","***","***","***","***"]
["CIMENTOS ASFÁLTICOS CAP-85-100","2017-04-01","***","***","***",2.12534,"***",2.12534]
["CIMENTOS ASFÁLTICOS CAP-85-100","2017-05-01","***","***","***","***","***","***"]
["CIMENTOS ASFÁLTICOS CAP-85-100","2017-06-01","***","***","***","***","***","***"]
["CIMENTOS ASFÁLTICOS CAP-85-100","2017-07-01","***","***","***","***","***","***"]
["CIMENTOS ASFÁLTICOS CAP-85-100","2017-08-01","***","***","***","***","***","***"]
["CIMENTOS ASFÁLTICOS CAP-85-100","2017-09-01","***","***","***","***","***","***"]
["CIMENTOS ASFÁLTICOS CAP-85-100","2017-10-01","***","***","***","***","***","***"]
["CIMENTOS ASFÁLTICOS CAP-85-100","2017-11-01","***","***","***","***","***","***"]
["CIMENTOS ASFÁLTICOS CAP-85-100","2017-12-01","***","***","***",2.0910000000000002,"***",2.0910000000000002]
["CIMENTOS ASFÁLTICOS CAP-85-100","2018-01-01","***","***","***","***","***","***"]
["CIMENTOS ASFÁLTICOS CAP-85-100","2018-02-01","***","***","***","***","***","***"]
["CIMENTOS ASFÁLTICOS CAP-85-100","2018-03-01","***","***","***",4.444,"***",4.444]
["CIMENTOS ASFÁLTICOS CAP-85-100","2018-04-01","***","***","***","***","***","***"]
["CIMENTOS ASFÁLTICOS CAP-85-100","2018-05-01","***","***","***","***","***","***"]
["CIMENTOS ASFÁLTICOS CAP-85-100","2018-06-01","***","***","***","***","***","***"]
["CIMENTOS ASFÁLTICOS CAP-85-100","2018-07-01","***","***","***","***","***","***"]
["CIMENTOS ASFÁLTICOS CAP-85-100","2018-08-01","***","***","***","***","***","***"]
["CIMENTOS ASFÁLTICOS CAP-85-100","2018-09-01","***","***","***","***","***","***"]
["CIMENTOS ASFÁLTICOS CAP-85-100","2018-10-01","***","***","***","***","***","***"]
["CIMENTOS ASFÁLTICOS CAP-85-100","2018-11-01","***","***","***","***","***","***"]
["CIMENTOS ASFÁLTICOS CAP-85-100","2018-12-01","***","***","***","***","***","***"]
["CIMENTOS ASFÁLTICOS CAP-85-100","2019-01-01","***","***","***","***","***","***"]
["CIMENTOS ASFÁLTICOS CAP-85-100","2019-02-01","***","***","***","***","***","***"]
["CIMENTOS ASFÁLTICOS CAP-85-100","2019-03-01","***","***","***","***","***","***"]
["CIMENTOS ASFÁLTICOS CAP-85-100","2019-04-01","***","***","***","***","***","***"]
["CIMENTOS ASFÁLTICOS CAP-85-100","2019-05-01","***","***","***","***","***","***"]
["CIMENTOS ASFÁLTICOS CAP-85-100","2019-06-01","***","***","***","***","***","***"]
["CIMENTOS ASFÁLTICOS CAP-85-100","2019-07-01","***","***","***","***","***","***"]
["CIMENTOS ASFÁLTICOS CAP-85-100","2019-08-01","***","***","***","***","***","***"]
["CIMENTOS ASFÁLTICOS CAP-85-100","2019-09-01","***","***","***","***","***","***"]
["CIMENTOS ASFÁLTICOS CAP-85-100","2019-10-01","***","***","***","***","***","***"]
["CIMENTOS ASFÁLTICOS CAP-85-100","2019-11-01","***","***","***","***","***","***"]
["CIMENTOS ASFÁLTICOS CAP-85-100","2019-12-01","***","***","***","***","***","***"]
["CIMENTOS ASFÁLTICOS CAP-85-100","2020-01-01","***","***","***","***","***","***"]
["CIMENTOS ASFÁLTICOS CAP-85-100","2020-02-01","***","***","***","***","***","***"]
["CIMENTOS ASFÁLTICOS CAP-85-100","2020-03-01","***","***","***","***","***","***"]
["CIMENTOS ASFÁLTICOS CAP-85-100","2020-04-01","***","***","***","***","***","***"]
["CIMENTOS ASFÁLTICOS CAP-85-100","2020-05-01","***","***","***","***","***","***"]
["CIMENTOS ASFÁLTICOS CAP-85-100","2020-06-01","***","***","***","***","***","***"]
["CIMENTOS ASFÁLTICOS CAP-85-100","2020-07-01","***","***","***","***","***","***"]
["CIMENTOS ASFÁLTICOS CAP-85-100","2020-08-01","***","***","***",1.73184348739496,"***",1.73184348739496]
["CIMENTOS ASFÁLTICOS CAP-85-100","2020-09-01","***","***","***",1.9205066437515299,"***",1.9205066437515299]
["CIMENTOS ASFÁLTICOS CAP-85-100","2020-10-01","***","***","***","***","***","***"]
["CIMENTOS ASFÁLTICOS CAP-85-100","2020-11-01","***","***","***","***","***","***"]
["CIMENTOS ASFÁLTICOS CAP-85-100","2020-12-01","***","***","***","***","***","***"]
["CIMENTOS ASFÁLTICOS CAP-85-100","2021-01-01","***","***","***","***","***","***"]
["CIMENTOS ASFÁLTICOS CAP-85-100","2021-02-01","***","***","***","***","***","***"]
["CIMENTOS ASFÁLTICOS CAP-85-100","2021-03-01","***","***","***","***","***","***"]
["CIMENTOS ASFÁLTICOS CAP-85-100","2021-04-01","***","***","***","***","***","***"]
["CIMENTOS ASFÁLTICOS CAP-85-100","2021-05-01","***","***","***","***","***","***"]
["CIMENTOS ASFÁLTICOS CAP-85-100","2021-06-01","***","***","***","***","***","***"]
["CIMENTOS ASFÁLTICOS CAP-85-100","2021-07-01","***","***","***","***","***","***"]
["CIMENTOS ASFÁLTICOS CAP-85-100","2021-08-01","***","***","***","***","***","***"]
["CIMENTOS ASFÁLTICOS CAP-85-100","2021-09-01","***","***","***","***","***","***"]
["CIMENTOS ASFÁLTICOS CAP-85-100","2021-10-01","***","***","***","***","***","***"]
["CIMENTOS ASFÁLTICOS CAP-85-100","2021-11-01","***","***","***","***","***","***"]
["CIMENTOS ASFÁLTICOS CAP-85-100","2021-12-01","***","***","***","***","***","***"]
["CIMENTOS ASFÁLTICOS CAP-85-100","2022-01-01","***","***","***","***","***","***"]
["CIMENTOS ASFÁLTICOS CAP-85-100","2022-02-01","***","***","***","***","***","***"]
["CIMENTOS ASFÁLTICOS CAP-85-100","2022-03-01","***","***","***","***","***","***"]
["CIMENTOS ASFÁLTICOS CAP-85-100","2022-04-01","***","***","***","***","***","***"]
["CIMENTOS ASFÁLTICOS CAP-85-100","2022-05-01","***","***","***","***","***","***"]
["CIMENTOS ASFÁLTICOS CAP-85-100","2022-06-01","***","***","***","***","***","***"]
["CIMENTOS ASFÁLTICOS CAP-85-100","2022-07-01","***","***","***","***","***","***"]
["CIMENTOS ASFÁLTICOS CAP-85-100","2022-08-01","***","***","***","***","***","***"]
["CIMENTOS ASFÁLTICOS CAP-85-100","2022-09-01","***","***","***","***","***","***"]
["CIMENTOS ASFÁLTICOS CAP-85-100","2022-10-01","***","***","***","***","***","***"]
["CIMENTOS ASFÁLTICOS CAP-85-100","2022-11-01","***","***","***","***","***","***"]
["CIMENTOS ASFÁLTICOS CAP-85-100","2022-12-01","***","***","***","***","***","***"]
["CIMENTOS ASFÁLTICOS CAP-85-100","2023-01-01","***","***","***","***","***","***"]
["CIMENTOS ASFÁLTICOS CAP-85-100","2023-02-01","***","***","***","***","***","***"]
["CIMENTOS ASFÁLTICOS CAP-85-100","2023-03-01","***","***","***","***","***","***"]
["CIMENTOS ASFÁLTICOS CAP-85-100","2023-04-01","***","***","***","***","***","***"]
["CIMENTOS ASFÁLTICOS CAP-85-100","2023-05-01","***","***","***","***","***","***"]
["CIMENTOS ASFÁLTICOS CAP-85-100","2023-06-01","***","***","***","***","***","***"]
["CIMENTOS ASFÁLTICOS CAP-85-100","2023-07-01","***","***","***","***","***","***"]
["CIMENTOS ASFÁLTICOS CAP-85-100","2023-08-01","***","***","***","***","***","***"]
["CIMENTOS ASFÁLTICOS CAP-85-100","2023-09-01","***","***","***","***","***","***"]
["CIMENTOS ASFÁLTICOS CAP-85-100","2023-10-01","***","***","***","***","***","***"]
["CIMENTOS ASFÁLTICOS CAP-85-100","2023-11-01","***","***","***","***","***","***"]
["CIMENTOS ASFÁLTICOS CAP-85-100","2023-12-01","***","***","***","***","***","***"]
["CIMENTOS ASFÁLTICOS CAP-85-100","2024-01-01","***","***","***","***","***","***"]
["CIMENTOS ASFÁLTICOS CAP-85-100","2024-02-01","***","***","***","***","***","***"]
["CIMENTOS ASFÁLTICOS CAP-85-100","2024-03-01","***","***","***","***","***","***"]
["CIMENTOS ASFÁLTICOS CAP-85-100","2024-04-01","***","***","***","***","***","***"]
["CIMENTOS ASFÁLTICOS CAP-85-100","2024-05-01","***","***","***","***","***","***"]
["CIMENTOS ASFÁLTICOS CAP-85-100","2024-06-01","***","***","***","***","***","***"]
["CIMENTOS ASFÁLTICOS CAP-85-100","2024-07-01","***","***","***","***","***","***"]
["CIMENTOS ASFÁLTICOS CAP-85-100","2024-08-01","***","***","***","***","***","***"]
["CIMENTOS ASFÁLTICOS CAP-85-100","2024-09-01","***","***","***","***","***","***"]
["EMULSÃO ASFÁLTICA CATIÔNICA DE RUPTURA CONTROLADA PARA SERVIÇO DE LAMA ASFÁLTICA","2015-09-01","***",0.61,"***","***","***",0.61]
["EMULSÃO ASFÁLTICA CATIÔNICA DE RUPTURA CONTROLADA PARA SERVIÇO DE LAMA ASFÁLTICA","2015-10-01","***",0.61,"***","***","***",0.61]
["EMULSÃO ASFÁLTICA CATIÔNICA DE RUPTURA CONTROLADA PARA SERVIÇO DE LAMA ASFÁLTICA","2015-11-01","***",1.6897955010224901,"***","***","***",1.6897955010224901]
["EMULSÃO ASFÁLTICA CATIÔNICA DE RUPTURA CONTROLADA PARA SERVIÇO DE LAMA ASFÁLTICA","2015-12-01","***","***","***","***","***","***"]
["EMULSÃO ASFÁLTICA CATIÔNICA DE RUPTURA CONTROLADA PARA SERVIÇO DE LAMA ASFÁLTICA","2016-01-01","***","***","***","***","***","***"]
["EMULSÃO ASFÁLTICA CATIÔNICA DE RUPTURA CONTROLADA PARA SERVIÇO DE LAMA ASFÁLTICA","2016-02-01","***","***","***","***","***","***"]
["EMULSÃO ASFÁLTICA CATIÔNICA DE RUPTURA CONTROLADA PARA SERVIÇO DE LAMA ASFÁLTICA","2016-03-01","***","***","***","***","***","***"]
["EMULSÃO ASFÁLTICA CATIÔNICA DE RUPTURA CONTROLADA PARA SERVIÇO DE LAMA ASFÁLTICA","2016-04-01","***",2.13,"***","***","***",2.13]
["EMULSÃO ASFÁLTICA CATIÔNICA DE RUPTURA CONTROLADA PARA SERVIÇO DE LAMA ASFÁLTICA","2016-05-01","***",2.13,"***","***","***",2.13]
["EMULSÃO ASFÁLTICA CATIÔNICA DE RUPTURA CONTROLADA PARA SERVIÇO DE LAMA ASFÁLTICA","2016-06-01","***",1.42,"***","***","***",1.42]
["EMULSÃO ASFÁLTICA CATIÔNICA DE RUPTURA CONTROLADA PARA SERVIÇO DE LAMA ASFÁLTICA","2016-07-01","***","***","***",1.6910000000000001,"***",1.6910000000000001]
["EMULSÃO ASFÁLTICA CATIÔNICA DE RUPTURA CONTROLADA PARA SERVIÇO DE LAMA ASFÁLTICA","2016-08-01","***",1.42,"***",1.6920999999999999,"***",1.64125060506744]
["EMULSÃO ASFÁLTICA CATIÔNICA DE RUPTURA CONTROLADA PARA SERVIÇO DE LAMA ASFÁLTICA","2016-09-01","***",1.42,1.4028,1.5048999999999999,"***",1.47192045991299]
["EMULSÃO ASFÁLTICA CATIÔNICA DE RUPTURA CONTROLADA PARA SERVIÇO DE LAMA ASFÁLTICA","2016-10-01","***",1.42,1.4057999999999999,1.5065,"***",1.4432348359881599]
["EMULSÃO ASFÁLTICA CATIÔNICA DE RUPTURA CONTROLADA PARA SERVIÇO DE LAMA ASFÁLTICA","2016-11-01","***",1.42,"***","***","***",1.42]
["EMULSÃO ASFÁLTICA CATIÔNICA DE RUPTURA CONTROLADA PARA SERVIÇO DE LAMA ASFÁLTICA","2016-12-01","***","***","***","***","***","***"]
["EMULSÃO ASFÁLTICA CATIÔNICA DE RUPTURA CONTROLADA PARA SERVIÇO DE LAMA ASFÁLTICA","2017-01-01","***","***","***","***","***","***"]
["EMULSÃO ASFÁLTICA CATIÔNICA DE RUPTURA CONTROLADA PARA SERVIÇO DE LAMA ASFÁLTICA","2017-02-01","***","***","***","***","***","***"]
["EMULSÃO ASFÁLTICA CATIÔNICA DE RUPTURA CONTROLADA PARA SERVIÇO DE LAMA ASFÁLTICA","2017-03-01","***","***","***","***","***","***"]
["EMULSÃO ASFÁLTICA CATIÔNICA DE RUPTURA CONTROLADA PARA SERVIÇO DE LAMA ASFÁLTICA","2017-04-01","***","***","***","***","***","***"]
["EMULSÃO ASFÁLTICA CATIÔNICA DE RUPTURA CONTROLADA PARA SERVIÇO DE LAMA ASFÁLTICA","2017-05-01","***","***","***","***","***","***"]
["EMULSÃO ASFÁLTICA CATIÔNICA DE RUPTURA CONTROLADA PARA SERVIÇO DE LAMA ASFÁLTICA","2017-06-01","***",1.41,1.3833,"***","***",1.3961805746140701]
["EMULSÃO ASFÁLTICA CATIÔNICA DE RUPTURA CONTROLADA PARA SERVIÇO DE LAMA ASFÁLTICA","2017-07-01","***",1.4097,1.41943925196979,"***","***",1.4186773227254901]
["EMULSÃO ASFÁLTICA CATIÔNICA DE RUPTURA CONTROLADA PARA SERVIÇO DE LAMA ASFÁLTICA","2017-08-01","***","***",1.3834,"***","***",1.3834]
["EMULSÃO ASFÁLTICA CATIÔNICA DE RUPTURA CONTROLADA PARA SERVIÇO DE LAMA ASFÁLTICA","2017-09-01","***","***",1.3422000000000001,"***","***",1.3422000000000001]
["EMULSÃO ASFÁLTICA CATIÔNICA DE RUPTURA CONTROLADA PARA SERVIÇO DE LAMA ASFÁLTICA","2017-10-01","***","***",1.3260000000000001,1.26607502074167,1.1927022584520299,1.2618354709983699]
["EMULSÃO ASFÁLTICA CATIÔNICA DE RUPTURA CONTROLADA PARA SERVIÇO DE LAMA ASFÁLTICA","2017-11-01","***","***","***",1.3512599999999999,"***",1.3512599999999999]
["EMULSÃO ASFÁLTICA CATIÔNICA DE RUPTURA CONTROLADA PARA SERVIÇO DE LAMA ASFÁLTICA","2017-12-01","***","***","***",1.31133872994154,1.1678200000000001,1.2862866875449199]
["EMULSÃO ASFÁLTICA CATIÔNICA DE RUPTURA CONTROLADA PARA SERVIÇO DE LAMA ASFÁLTICA","2018-01-01","***","***","***",1.3656299999999999,"***",1.3656299999999999]
["EMULSÃO ASFÁLTICA CATIÔNICA DE RUPTURA CONTROLADA PARA SERVIÇO DE LAMA ASFÁLTICA","2018-02-01","***","***","***",1.3656299999999999,"***",1.3656299999999999]
["EMULSÃO ASFÁLTICA CATIÔNICA DE RUPTURA CONTROLADA PARA SERVIÇO DE LAMA ASFÁLTICA","2018-03-01","***","***","***",1.36432677653615,1.2826599999999999,1.35743790853576]
["EMULSÃO ASFÁLTICA CATIÔNICA DE RUPTURA CONTROLADA PARA SERVIÇO DE LAMA ASFÁLTICA","2018-04-01","***","***","***",1.3468059623002899,"***",1.3468059623002899]
["EMULSÃO ASFÁLTICA CATIÔNICA DE RUPTURA CONTROLADA PARA SERVIÇO DE LAMA ASFÁLTICA","2018-05-01","***","***","***",1.40157,1.27651,1.36827381243451]
["EMULSÃO ASFÁLTICA CATIÔNICA DE RUPTURA CONTROLADA PARA SERVIÇO DE LAMA ASFÁLTICA","2018-06-01","***",1.7265999999999999,"***",1.46508386454183,"***",1.53998862828714]
["EMULSÃO ASFÁLTICA CATIÔNICA DE RUPTURA CONTROLADA PARA SERVIÇO DE LAMA ASFÁLTICA","2018-07-01","***","***","***","***","***","***"]
["EMULSÃO ASFÁLTICA CATIÔNICA DE RUPTURA CONTROLADA PARA SERVIÇO DE LAMA ASFÁLTICA","2018-08-01","***","***","***","***","***","***"]
["EMULSÃO ASFÁLTICA CATIÔNICA DE RUPTURA CONTROLADA PARA SERVIÇO DE LAMA ASFÁLTICA","2018-09-01","***","***","***","***","***","***"]
["EMULSÃO ASFÁLTICA CATIÔNICA DE RUPTURA CONTROLADA PARA SERVIÇO DE LAMA ASFÁLTICA","2018-10-01","***","***","***","***",1.99068,1.99068]
["EMULSÃO ASFÁLTICA CATIÔNICA DE RUPTURA CONTROLADA PARA SERVIÇO DE LAMA ASFÁLTICA","2018-11-01","***","***","***","***","***","***"]
["EMULSÃO ASFÁLTICA CATIÔNICA DE RUPTURA CONTROLADA PARA SERVIÇO DE LAMA ASFÁLTICA","2018-12-01","***","***","***","***","***","***"]
["EMULSÃO ASFÁLTICA CATIÔNICA DE RUPTURA CONTROLADA PARA SERVIÇO DE LAMA ASFÁLTICA","2019-01-01","***","***","***","***","***","***"]
["EMULSÃO ASFÁLTICA CATIÔNICA DE RUPTURA CONTROLADA PARA SERVIÇO DE LAMA ASFÁLTICA","2019-02-01","***","***","***","***","***","***"]
["EMULSÃO ASFÁLTICA CATIÔNICA DE RUPTURA CONTROLADA PARA SERVIÇO DE LAMA ASFÁLTICA","2019-03-01","***","***","***","***","***","***"]
["EMULSÃO ASFÁLTICA CATIÔNICA DE RUPTURA CONTROLADA PARA SERVIÇO DE LAMA ASFÁLTICA","2019-04-01","***","***","***","***",2.3486199999999999,2.3486199999999999]
["EMULSÃO ASFÁLTICA CATIÔNICA DE RUPTURA CONTROLADA PARA SERVIÇO DE LAMA ASFÁLTICA","2019-05-01","***","***","***","***","***","***"]
["EMULSÃO ASFÁLTICA CATIÔNICA DE RUPTURA CONTROLADA PARA SERVIÇO DE LAMA ASFÁLTICA","2019-06-01","***","***","***","***","***","***"]
["EMULSÃO ASFÁLTICA CATIÔNICA DE RUPTURA CONTROLADA PARA SERVIÇO DE LAMA ASFÁLTICA","2019-07-01","***","***","***","***",2.3182499999999999,2.3182499999999999]
["EMULSÃO ASFÁLTICA CATIÔNICA DE RUPTURA CONTROLADA PARA SERVIÇO DE LAMA ASFÁLTICA","2019-08-01","***","***","***","***",2.3486199999999999,2.3486199999999999]
["EMULSÃO ASFÁLTICA CATIÔNICA DE RUPTURA CONTROLADA PARA SERVIÇO DE LAMA ASFÁLTICA","2019-09-01","***","***","***","***",2.3240099999999999,2.3240099999999999]
["EMULSÃO ASFÁLTICA CATIÔNICA DE RUPTURA CONTROLADA PARA SERVIÇO DE LAMA ASFÁLTICA","2019-10-01","***","***","***","***","***","***"]
["EMULSÃO ASFÁLTICA CATIÔNICA DE RUPTURA CONTROLADA PARA SERVIÇO DE LAMA ASFÁLTICA","2019-11-01","***","***","***",2.6280899999999998,"***",2.6280899999999998]
["EMULSÃO ASFÁLTICA CATIÔNICA DE RUPTURA CONTROLADA PARA SERVIÇO DE LAMA ASFÁLTICA","2019-12-01","***","***","***",2.6280899999999998,"***",2.6280899999999998]
["EMULSÃO ASFÁLTICA CATIÔNICA DE RUPTURA CONTROLADA PARA SERVIÇO DE LAMA ASFÁLTICA","2020-01-01","***",2.0081199999999999,"***","***","***",2.0081199999999999]
["EMULSÃO ASFÁLTICA CATIÔNICA DE RUPTURA CONTROLADA PARA SERVIÇO DE LAMA ASFÁLTICA","2020-02-01","***","***","***",2.6280899999999998,"***",2.6280899999999998]
["EMULSÃO ASFÁLTICA CATIÔNICA DE RUPTURA CONTROLADA PARA SERVIÇO DE LAMA ASFÁLTICA","2020-03-01","***",2.00813,"***","***","***",2.00813]
["EMULSÃO ASFÁLTICA CATIÔNICA DE RUPTURA CONTROLADA PARA SERVIÇO DE LAMA ASFÁLTICA","2020-04-01","***",2.0081199999999999,"***","***","***",2.0081199999999999]
["EMULSÃO ASFÁLTICA CATIÔNICA DE RUPTURA CONTROLADA PARA SERVIÇO DE LAMA ASFÁLTICA","2020-05-01","***",2.0081199999999999,"***",2.6280899999999998,"***",2.41634022653722]
["EMULSÃO ASFÁLTICA CATIÔNICA DE RUPTURA CONTROLADA PARA SERVIÇO DE LAMA ASFÁLTICA","2020-06-01","***","***","***","***","***","***"]
["EMULSÃO ASFÁLTICA CATIÔNICA DE RUPTURA CONTROLADA PARA SERVIÇO DE LAMA ASFÁLTICA","2020-07-01","***","***","***",2.6280899999999998,"***",2.6280899999999998]
["EMULSÃO ASFÁLTICA CATIÔNICA DE RUPTURA CONTROLADA PARA SERVIÇO DE LAMA ASFÁLTICA","2020-08-01","***","***",2.4412500000000001,2.6280899999999998,"***",2.5034011814089299]
["EMULSÃO ASFÁLTICA CATIÔNICA DE RUPTURA CONTROLADA PARA SERVIÇO DE LAMA ASFÁLTICA","2020-09-01","***","***",2.4412500000000001,2.6280899999999998,"***",2.5037925079030598]
["EMULSÃO ASFÁLTICA CATIÔNICA DE RUPTURA CONTROLADA PARA SERVIÇO DE LAMA ASFÁLTICA","2020-10-01","***","***",2.4412500000000001,2.6280899999999998,"***",2.4876601820100199]
["EMULSÃO ASFÁLTICA CATIÔNICA DE RUPTURA CONTROLADA PARA SERVIÇO DE LAMA ASFÁLTICA","2020-11-01","***","***","***",2.6280899999999998,"***",2.6280899999999998]
["EMULSÃO ASFÁLTICA CATIÔNICA DE RUPTURA CONTROLADA PARA SERVIÇO DE LAMA ASFÁLTICA","2020-12-01","***","***",2.5987499999999999,2.4680200000000001,"***",2.5651313138082998]
["EMULSÃO ASFÁLTICA CATIÔNICA DE RUPTURA CONTROLADA PARA SERVIÇO DE LAMA ASFÁLTICA","2021-01-01","***","***","***","***","***","***"]
["EMULSÃO ASFÁLTICA CATIÔNICA DE RUPTURA CONTROLADA PARA SERVIÇO DE LAMA ASFÁLTICA","2021-02-01","***","***","***",2.4680200000000001,"***",2.4680200000000001]
["EMULSÃO ASFÁLTICA CATIÔNICA DE RUPTURA CONTROLADA PARA SERVIÇO DE LAMA ASFÁLTICA","2021-03-01","***","***","***",2.4623599999999999,"***",2.4623599999999999]
["EMULSÃO ASFÁLTICA CATIÔNICA DE RUPTURA CONTROLADA PARA SERVIÇO DE LAMA ASFÁLTICA","2021-04-01","***",2.331,"***","***","***",2.331]
["EMULSÃO ASFÁLTICA CATIÔNICA DE RUPTURA CONTROLADA PARA SERVIÇO DE LAMA ASFÁLTICA","2021-05-01","***","***","***",2.4258099999999998,"***",2.4258099999999998]
["EMULSÃO ASFÁLTICA CATIÔNICA DE RUPTURA CONTROLADA PARA SERVIÇO DE LAMA ASFÁLTICA","2021-06-01","***","***","***",2.4258099999999998,"***",2.4258099999999998]
["EMULSÃO ASFÁLTICA CATIÔNICA DE RUPTURA CONTROLADA PARA SERVIÇO DE LAMA ASFÁLTICA","2021-07-01","***","***","***",2.7059199999999999,"***",2.7059199999999999]
["EMULSÃO ASFÁLTICA CATIÔNICA DE RUPTURA CONTROLADA PARA SERVIÇO DE LAMA ASFÁLTICA","2021-08-01","***","***","***","***","***","***"]
["EMULSÃO ASFÁLTICA CATIÔNICA DE RUPTURA CONTROLADA PARA SERVIÇO DE LAMA ASFÁLTICA","2021-09-01","***","***","***",3.13598,"***",3.13598]
["EMULSÃO ASFÁLTICA CATIÔNICA DE RUPTURA CONTROLADA PARA SERVIÇO DE LAMA ASFÁLTICA","2021-10-01","***","***",3.1943999999999999,"***","***",3.1943999999999999]
["EMULSÃO ASFÁLTICA CATIÔNICA DE RUPTURA CONTROLADA PARA SERVIÇO DE LAMA ASFÁLTICA","2021-11-01","***","***",3.6162040636093602,"***","***",3.6162040636093602]
["EMULSÃO ASFÁLTICA CATIÔNICA DE RUPTURA CONTROLADA PARA SERVIÇO DE LAMA ASFÁLTICA","2021-12-01","***","***",3.74797609085519,"***","***",3.74797609085519]
["EMULSÃO ASFÁLTICA CATIÔNICA DE RUPTURA CONTROLADA PARA SERVIÇO DE LAMA ASFÁLTICA","2022-01-01","***","***","***","***","***","***"]
["EMULSÃO ASFÁLTICA CATIÔNICA DE RUPTURA CONTROLADA PARA SERVIÇO DE LAMA ASFÁLTICA","2022-02-01","***","***","***",3.4192499999999999,"***",3.4192499999999999]
["EMULSÃO ASFÁLTICA CATIÔNICA DE RUPTURA CONTROLADA PARA SERVIÇO DE LAMA ASFÁLTICA","2022-03-01","***","***","***","***","***","***"]
["EMULSÃO ASFÁLTICA CATIÔNICA DE RUPTURA CONTROLADA PARA SERVIÇO DE LAMA ASFÁLTICA","2022-04-01","***","***","***","***","***","***"]
["EMULSÃO ASFÁLTICA CATIÔNICA DE RUPTURA CONTROLADA PARA SERVIÇO DE LAMA ASFÁLTICA","2022-05-01","***","***","***","***","***","***"]
["EMULSÃO ASFÁLTICA CATIÔNICA DE RUPTURA CONTROLADA PARA SERVIÇO DE LAMA ASFÁLTICA","2022-06-01","***","***","***",3.5394700000000001,"***",3.5394700000000001]
["EMULSÃO ASFÁLTICA CATIÔNICA DE RUPTURA CONTROLADA PARA SERVIÇO DE LAMA ASFÁLTICA","2022-07-01","***","***","***",3.5394700000000001,"***",3.5394700000000001]
["EMULSÃO ASFÁLTICA CATIÔNICA DE RUPTURA CONTROLADA PARA SERVIÇO DE LAMA ASFÁLTICA","2022-08-01","***","***","***","***","***","***"]
["EMULSÃO ASFÁLTICA CATIÔNICA DE RUPTURA CONTROLADA PARA SERVIÇO DE LAMA ASFÁLTICA","2022-09-01","***","***","***","***","***","***"]
["EMULSÃO ASFÁLTICA CATIÔNICA DE RUPTURA CONTROLADA PARA SERVIÇO DE LAMA ASFÁLTICA","2022-10-01","***","***","***",3.5979138425357902,"***",3.5979138425357902]
["EMULSÃO ASFÁLTICA CATIÔNICA DE RUPTURA CONTROLADA PARA SERVIÇO DE LAMA ASFÁLTICA","2022-11-01","***","***","***",3.6105,"***",3.6105]
["EMULSÃO ASFÁLTICA CATIÔNICA DE RUPTURA CONTROLADA PARA SERVIÇO DE LAMA ASFÁLTICA","2022-12-01","***","***","***",3.6105,"***",3.6105]
["EMULSÃO ASFÁLTICA CATIÔNICA DE RUPTURA CONTROLADA PARA SERVIÇO DE LAMA ASFÁLTICA","2023-01-01","***","***","***","***","***","***"]
["EMULSÃO ASFÁLTICA CATIÔNICA DE RUPTURA CONTROLADA PARA SERVIÇO DE LAMA ASFÁLTICA","2023-02-01","***","***","***","***","***","***"]
["EMULSÃO ASFÁLTICA CATIÔNICA DE RUPTURA CONTROLADA PARA SERVIÇO DE LAMA ASFÁLTICA","2023-03-01","***","***","***","***","***","***"]
["EMULSÃO ASFÁLTICA CATIÔNICA DE RUPTURA CONTROLADA PARA SERVIÇO DE LAMA ASFÁLTICA","2023-04-01","***","***","***","***","***","***"]
["EMULSÃO ASFÁLTICA CATIÔNICA DE RUPTURA CONTROLADA PARA SERVIÇO DE LAMA ASFÁLTICA","2023-05-01","***","***","***","***","***","***"]
["EMULSÃO ASFÁLTICA CATIÔNICA DE RUPTURA CONTROLADA PARA SERVIÇO DE LAMA ASFÁLTICA","2023-06-01","***","***","***","***","***","***"]
["EMULSÃO ASFÁLTICA CATIÔNICA DE RUPTURA CONTROLADA PARA SERVIÇO DE LAMA ASFÁLTICA","2023-07-01","***","***","***","***","***","***"]
["EMULSÃO ASFÁLTICA CATIÔNICA DE RUPTURA CONTROLADA PARA SERVIÇO DE LAMA ASFÁLTICA","2023-08-01","***","***","***","***","***","***"]
["EMULSÃO ASFÁLTICA CATIÔNICA DE RUPTURA CONTROLADA PARA SERVIÇO DE LAMA ASFÁLTICA","2023-09-01","***","***","***","***","***","***"]
["EMULSÃO ASFÁLTICA CATIÔNICA DE RUPTURA CONTROLADA PARA SERVIÇO DE LAMA ASFÁLTICA","2023-10-01","***","***","***","***","***","***"]
["EMULSÃO ASFÁLTICA CATIÔNICA DE RUPTURA CONTROLADA PARA SERVIÇO DE LAMA ASFÁLTICA","2023-11-01","***","***","***","***","***","***"]
["EMULSÃO ASFÁLTICA CATIÔNICA DE RUPTURA CONTROLADA PARA SERVIÇO DE LAMA ASFÁLTICA","2023-12-01","***","***","***","***","***","***"]
["EMULSÃO ASFÁLTICA CATIÔNICA DE RUPTURA CONTROLADA PARA SERVIÇO DE LAMA ASFÁLTICA","2024-01-01","***","***","***","***","***","***"]
["EMULSÃO ASFÁLTICA CATIÔNICA DE RUPTURA CONTROLADA PARA SERVIÇO DE LAMA ASFÁLTICA","2024-02-01","***",2.9875799999999999,"***","***","***",2.9875799999999999]
["EMULSÃO ASFÁLTICA CATIÔNICA DE RUPTURA CONTROLADA PARA SERVIÇO DE LAMA ASFÁLTICA","2024-03-01","***",2.9074900000000001,"***","***","***",2.9074900000000001]
["EMULSÃO ASFÁLTICA CATIÔNICA DE RUPTURA CONTROLADA PARA SERVIÇO DE LAMA ASFÁLTICA","2024-04-01","***",2.9074900000000001,"***","***","***",2.9074900000000001]
["EMULSÃO ASFÁLTICA CATIÔNICA DE RUPTURA CONTROLADA PARA SERVIÇO DE LAMA ASFÁLTICA","2024-05-01","***",3.0521846814082001,"***","***","***",3.0521846814082001]
["EMULSÃO ASFÁLTICA CATIÔNICA DE RUPTURA CONTROLADA PARA SERVIÇO DE LAMA ASFÁLTICA","2024-06-01","***",3.1209845508390899,"***","***","***",3.1209845508390899]
["EMULSÃO ASFÁLTICA CATIÔNICA DE RUPTURA CONTROLADA PARA SERVIÇO DE LAMA ASFÁLTICA","2024-07-01","***",3.1665000000000001,"***","***","***",3.1665000000000001]
["EMULSÃO ASFÁLTICA CATIÔNICA DE RUPTURA CONTROLADA PARA SERVIÇO DE LAMA ASFÁLTICA","2024-08-01","***",3.3419321040233698,"***","***","***",3.3419321040233698]
["EMULSÃO ASFÁLTICA CATIÔNICA DE RUPTURA CONTROLADA PARA SERVIÇO DE LAMA ASFÁLTICA","2024-09-01","***",3.3377400000000002,"***","***","***",3.3377400000000002]
["EMULSÃO ASFÁLTICA DE RUPTURA LENTA CATIÔNICA PARA SERVIÇO DE LAMA ASFÁLTICA","2015-09-01","***","***","***","***","***","***"]
["EMULSÃO ASFÁLTICA DE RUPTURA LENTA CATIÔNICA PARA SERVIÇO DE LAMA ASFÁLTICA","2015-10-01","***","***","***","***","***","***"]
["EMULSÃO ASFÁLTICA DE RUPTURA LENTA CATIÔNICA PARA SERVIÇO DE LAMA ASFÁLTICA","2015-11-01","***","***","***","***","***","***"]
["EMULSÃO ASFÁLTICA DE RUPTURA LENTA CATIÔNICA PARA SERVIÇO DE LAMA ASFÁLTICA","2015-12-01","***","***","***","***","***","***"]
["EMULSÃO ASFÁLTICA DE RUPTURA LENTA CATIÔNICA PARA SERVIÇO DE LAMA ASFÁLTICA","2016-01-01","***","***","***","***","***","***"]
["EMULSÃO ASFÁLTICA DE RUPTURA LENTA CATIÔNICA PARA SERVIÇO DE LAMA ASFÁLTICA","2016-02-01","***","***","***","***","***","***"]
["EMULSÃO ASFÁLTICA DE RUPTURA LENTA CATIÔNICA PARA SERVIÇO DE LAMA ASFÁLTICA","2016-03-01","***","***","***","***","***","***"]
["EMULSÃO ASFÁLTICA DE RUPTURA LENTA CATIÔNICA PARA SERVIÇO DE LAMA ASFÁLTICA","2016-04-01","***","***","***","***","***","***"]
["EMULSÃO ASFÁLTICA DE RUPTURA LENTA CATIÔNICA PARA SERVIÇO DE LAMA ASFÁLTICA","2016-05-01","***","***","***","***","***","***"]
["EMULSÃO ASFÁLTICA DE RUPTURA LENTA CATIÔNICA PARA SERVIÇO DE LAMA ASFÁLTICA","2016-06-01","***","***","***","***","***","***"]
["EMULSÃO ASFÁLTICA DE RUPTURA LENTA CATIÔNICA PARA SERVIÇO DE LAMA ASFÁLTICA","2016-07-01","***","***","***","***","***","***"]
["EMULSÃO ASFÁLTICA DE RUPTURA LENTA CATIÔNICA PARA SERVIÇO DE LAMA ASFÁLTICA","2016-08-01","***","***","***","***","***","***"]
["EMULSÃO ASFÁLTICA DE RUPTURA LENTA CATIÔNICA PARA SERVIÇO DE LAMA ASFÁLTICA","2016-09-01","***","***","***","***","***","***"]
["EMULSÃO ASFÁLTICA DE RUPTURA LENTA CATIÔNICA PARA SERVIÇO DE LAMA ASFÁLTICA","2016-10-01","***","***","***","***","***","***"]
["EMULSÃO ASFÁLTICA DE RUPTURA LENTA CATIÔNICA PARA SERVIÇO DE LAMA ASFÁLTICA","2016-11-01","***","***","***","***","***","***"]
["EMULSÃO ASFÁLTICA DE RUPTURA LENTA CATIÔNICA PARA SERVIÇO DE LAMA ASFÁLTICA","2016-12-01","***","***","***","***","***","***"]
["EMULSÃO ASFÁLTICA DE RUPTURA LENTA CATIÔNICA PARA SERVIÇO DE LAMA ASFÁLTICA","2017-01-01","***","***","***","***","***","***"]
["EMULSÃO ASFÁLTICA DE RUPTURA LENTA CATIÔNICA PARA SERVIÇO DE LAMA ASFÁLTICA","2017-02-01","***","***","***","***","***","***"]
["EMULSÃO ASFÁLTICA DE RUPTURA LENTA CATIÔNICA PARA SERVIÇO DE LAMA ASFÁLTICA","2017-03-01","***","***","***","***","***","***"]
["EMULSÃO ASFÁLTICA DE RUPTURA LENTA CATIÔNICA PARA SERVIÇO DE LAMA ASFÁLTICA","2017-04-01","***","***","***","***","***","***"]
["EMULSÃO ASFÁLTICA DE RUPTURA LENTA CATIÔNICA PARA SERVIÇO DE LAMA ASFÁLTICA","2017-05-01","***","***","***","***","***","***"]
["EMULSÃO ASFÁLTICA DE RUPTURA LENTA CATIÔNICA PARA SERVIÇO DE LAMA ASFÁLTICA","2017-06-01","***","***","***","***","***","***"]
["EMULSÃO ASFÁLTICA DE RUPTURA LENTA CATIÔNICA PARA SERVIÇO DE LAMA ASFÁLTICA","2017-07-01","***","***","***","***","***","***"]
["EMULSÃO ASFÁLTICA DE RUPTURA LENTA CATIÔNICA PARA SERVIÇO DE LAMA ASFÁLTICA","2017-08-01","***","***","***","***","***","***"]
["EMULSÃO ASFÁLTICA DE RUPTURA LENTA CATIÔNICA PARA SERVIÇO DE LAMA ASFÁLTICA","2017-09-01","***","***","***","***","***","***"]
["EMULSÃO ASFÁLTICA DE RUPTURA LENTA CATIÔNICA PARA SERVIÇO DE LAMA ASFÁLTICA","2017-10-01","***","***","***","***","***","***"]
["EMULSÃO ASFÁLTICA DE RUPTURA LENTA CATIÔNICA PARA SERVIÇO DE LAMA ASFÁLTICA","2017-11-01","***","***","***","***","***","***"]
["EMULSÃO ASFÁLTICA DE RUPTURA LENTA CATIÔNICA PARA SERVIÇO DE LAMA ASFÁLTICA","2017-12-01","***","***","***","***","***","***"]
["EMULSÃO ASFÁLTICA DE RUPTURA LENTA CATIÔNICA PARA SERVIÇO DE LAMA ASFÁLTICA","2018-01-01","***","***","***","***","***","***"]
["EMULSÃO ASFÁLTICA DE RUPTURA LENTA CATIÔNICA PARA SERVIÇO DE LAMA ASFÁLTICA","2018-02-01","***","***","***","***","***","***"]
["EMULSÃO ASFÁLTICA DE RUPTURA LENTA CATIÔNICA PARA SERVIÇO DE LAMA ASFÁLTICA","2018-03-01","***","***","***","***","***","***"]
["EMULSÃO ASFÁLTICA DE RUPTURA LENTA CATIÔNICA PARA SERVIÇO DE LAMA ASFÁLTICA","2018-04-01","***","***","***","***","***","***"]
["EMULSÃO ASFÁLTICA DE RUPTURA LENTA CATIÔNICA PARA SERVIÇO DE LAMA ASFÁLTICA","2018-05-01","***","***","***","***","***","***"]
["EMULSÃO ASFÁLTICA DE RUPTURA LENTA CATIÔNICA PARA SERVIÇO DE LAMA ASFÁLTICA","2018-06-01","***","***","***","***","***","***"]
["EMULSÃO ASFÁLTICA DE RUPTURA LENTA CATIÔNICA PARA SERVIÇO DE LAMA ASFÁLTICA","2018-07-01","***","***","***","***","***","***"]
["EMULSÃO ASFÁLTICA DE RUPTURA LENTA CATIÔNICA PARA SERVIÇO DE LAMA ASFÁLTICA","2018-08-01","***","***","***","***","***","***"]
["EMULSÃO ASFÁLTICA DE RUPTURA LENTA CATIÔNICA PARA SERVIÇO DE LAMA ASFÁLTICA","2018-09-01","***","***","***","***","***","***"]
["EMULSÃO ASFÁLTICA DE RUPTURA LENTA CATIÔNICA PARA SERVIÇO DE LAMA ASFÁLTICA","2018-10-01","***","***","***","***","***","***"]
["EMULSÃO ASFÁLTICA DE RUPTURA LENTA CATIÔNICA PARA SERVIÇO DE LAMA ASFÁLTICA","2018-11-01","***","***","***","***","***","***"]
["EMULSÃO ASFÁLTICA DE RUPTURA LENTA CATIÔNICA PARA SERVIÇO DE LAMA ASFÁLTICA","2018-12-01","***","***","***","***","***","***"]
["EMULSÃO ASFÁLTICA DE RUPTURA LENTA CATIÔNICA PARA SERVIÇO DE LAMA ASFÁLTICA","2019-01-01","***","***","***","***","***","***"]
["EMULSÃO ASFÁLTICA DE RUPTURA LENTA CATIÔNICA PARA SERVIÇO DE LAMA ASFÁLTICA","2019-02-01","***","***","***","***","***","***"]
["EMULSÃO ASFÁLTICA DE RUPTURA LENTA CATIÔNICA PARA SERVIÇO DE LAMA ASFÁLTICA","2019-03-01","***","***","***","***","***","***"]
["EMULSÃO ASFÁLTICA DE RUPTURA LENTA CATIÔNICA PARA SERVIÇO DE LAMA ASFÁLTICA","2019-04-01","***","***","***","***","***","***"]
["EMULSÃO ASFÁLTICA DE RUPTURA LENTA CATIÔNICA PARA SERVIÇO DE LAMA ASFÁLTICA","2019-05-01","***","***","***","***","***","***"]
["EMULSÃO ASFÁLTICA DE RUPTURA LENTA CATIÔNICA PARA SERVIÇO DE LAMA ASFÁLTICA","2019-06-01","***","***","***","***","***","***"]
["EMULSÃO ASFÁLTICA DE RUPTURA LENTA CATIÔNICA PARA SERVIÇO DE LAMA ASFÁLTICA","2019-07-01","***","***","***","***","***","***"]
["EMULSÃO ASFÁLTICA DE RUPTURA LENTA CATIÔNICA PARA SERVIÇO DE LAMA ASFÁLTICA","2019-08-01","***","***","***","***","***","***"]
["EMULSÃO ASFÁLTICA DE RUPTURA LENTA CATIÔNICA PARA SERVIÇO DE LAMA ASFÁLTICA","2019-09-01","***","***","***","***","***","***"]
["EMULSÃO ASFÁLTICA DE RUPTURA LENTA CATIÔNICA PARA SERVIÇO DE LAMA ASFÁLTICA","2019-10-01","***","***","***","***","***","***"]
["EMULSÃO ASFÁLTICA DE RUPTURA LENTA CATIÔNICA PARA SERVIÇO DE LAMA ASFÁLTICA","2019-11-01","***","***","***","***","***","***"]
["EMULSÃO ASFÁLTICA DE RUPTURA LENTA CATIÔNICA PARA SERVIÇO DE LAMA ASFÁLTICA","2019-12-01","***","***","***","***","***","***"]
["EMULSÃO ASFÁLTICA DE RUPTURA LENTA CATIÔNICA PARA SERVIÇO DE LAMA ASFÁLTICA","2020-01-01","***","***","***","***","***","***"]
["EMULSÃO ASFÁLTICA DE RUPTURA LENTA CATIÔNICA PARA SERVIÇO DE LAMA ASFÁLTICA","2020-02-01","***","***","***","***","***","***"]
["EMULSÃO ASFÁLTICA DE RUPTURA LENTA CATIÔNICA PARA SERVIÇO DE LAMA ASFÁLTICA","2020-03-01","***","***","***","***","***","***"]
["EMULSÃO ASFÁLTICA DE RUPTURA LENTA CATIÔNICA PARA SERVIÇO DE LAMA ASFÁLTICA","2020-04-01","***","***","***","***","***","***"]
["EMULSÃO ASFÁLTICA DE RUPTURA LENTA CATIÔNICA PARA SERVIÇO DE LAMA ASFÁLTICA","2020-05-01","***","***","***","***","***","***"]
["EMULSÃO ASFÁLTICA DE RUPTURA LENTA CATIÔNICA PARA SERVIÇO DE LAMA ASFÁLTICA","2020-06-01","***","***","***","***","***","***"]
["EMULSÃO ASFÁLTICA DE RUPTURA LENTA CATIÔNICA PARA SERVIÇO DE LAMA ASFÁLTICA","2020-07-01","***","***","***","***","***","***"]
["EMULSÃO ASFÁLTICA DE RUPTURA LENTA CATIÔNICA PARA SERVIÇO DE LAMA ASFÁLTICA","2020-08-01","***","***","***","***","***","***"]
["EMULSÃO ASFÁLTICA DE RUPTURA LENTA CATIÔNICA PARA SERVIÇO DE LAMA ASFÁLTICA","2020-09-01","***","***","***","***","***","***"]
["EMULSÃO ASFÁLTICA DE RUPTURA LENTA CATIÔNICA PARA SERVIÇO DE LAMA ASFÁLTICA","2020-10-01","***","***","***","***","***","***"]
["EMULSÃO ASFÁLTICA DE RUPTURA LENTA CATIÔNICA PARA SERVIÇO DE LAMA ASFÁLTICA","2020-11-01","***","***","***","***","***","***"]
["EMULSÃO ASFÁLTICA DE RUPTURA LENTA CATIÔNICA PARA SERVIÇO DE LAMA ASFÁLTICA","2020-12-01","***","***","***","***","***","***"]
["EMULSÃO ASFÁLTICA DE RUPTURA LENTA CATIÔNICA PARA SERVIÇO DE LAMA ASFÁLTICA","2021-01-01","***","***","***","***","***","***"]
["EMULSÃO ASFÁLTICA DE RUPTURA LENTA CATIÔNICA PARA SERVIÇO DE LAMA ASFÁLTICA","2021-02-01","***","***","***","***","***","***"]
["EMULSÃO ASFÁLTICA DE RUPTURA LENTA CATIÔNICA PARA SERVIÇO DE LAMA ASFÁLTICA","2021-03-01","***","***","***","***","***","***"]
["EMULSÃO ASFÁLTICA DE RUPTURA LENTA CATIÔNICA PARA SERVIÇO DE LAMA ASFÁLTICA","2021-04-01","***","***","***","***","***","***"]
["EMULSÃO ASFÁLTICA DE RUPTURA LENTA CATIÔNICA PARA SERVIÇO DE LAMA ASFÁLTICA","2021-05-01","***","***","***","***","***","***"]
["EMULSÃO ASFÁLTICA DE RUPTURA LENTA CATIÔNICA PARA SERVIÇO DE LAMA ASFÁLTICA","2021-06-01","***","***","***","***","***","***"]
["EMULSÃO ASFÁLTICA DE RUPTURA LENTA CATIÔNICA PARA SERVIÇO DE LAMA ASFÁLTICA","2021-07-01","***","***","***","***","***","***"]
["EMULSÃO ASFÁLTICA DE RUPTURA LENTA CATIÔNICA PARA SERVIÇO DE LAMA ASFÁLTICA","2021-08-01","***","***","***","***","***","***"]
["EMULSÃO ASFÁLTICA DE RUPTURA LENTA CATIÔNICA PARA SERVIÇO DE LAMA ASFÁLTICA","2021-09-01","***","***","***","***","***","***"]
["EMULSÃO ASFÁLTICA DE RUPTURA LENTA CATIÔNICA PARA SERVIÇO DE LAMA ASFÁLTICA","2021-10-01","***","***","***","***","***","***"]
["EMULSÃO ASFÁLTICA DE RUPTURA LENTA CATIÔNICA PARA SERVIÇO DE LAMA ASFÁLTICA","2021-11-01","***","***","***","***","***","***"]
["EMULSÃO ASFÁLTICA DE RUPTURA LENTA CATIÔNICA PARA SERVIÇO DE LAMA ASFÁLTICA","2021-12-01","***","***","***","***","***","***"]
["EMULSÃO ASFÁLTICA DE RUPTURA LENTA CATIÔNICA PARA SERVIÇO DE LAMA ASFÁLTICA","2022-01-01","***","***","***","***","***","***"]
["EMULSÃO ASFÁLTICA DE RUPTURA LENTA CATIÔNICA PARA SERVIÇO DE LAMA ASFÁLTICA","2022-02-01","***","***","***","***","***","***"]
["EMULSÃO ASFÁLTICA DE RUPTURA LENTA CATIÔNICA PARA SERVIÇO DE LAMA ASFÁLTICA","2022-03-01","***","***","***","***","***","***"]
["EMULSÃO ASFÁLTICA DE RUPTURA LENTA CATIÔNICA PARA SERVIÇO DE LAMA ASFÁLTICA","2022-04-01","***","***","***","***","***","***"]
["EMULSÃO ASFÁLTICA DE RUPTURA LENTA CATIÔNICA PARA SERVIÇO DE LAMA ASFÁLTICA","2022-05-01","***","***","***","***","***","***"]
["EMULSÃO ASFÁLTICA DE RUPTURA LENTA CATIÔNICA PARA SERVIÇO DE LAMA ASFÁLTICA","2022-06-01","***","***","***","***","***","***"]
["EMULSÃO ASFÁLTICA DE RUPTURA LENTA CATIÔNICA PARA SERVIÇO DE LAMA ASFÁLTICA","2022-07-01","***","***","***","***","***","***"]
["EMULSÃO ASFÁLTICA DE RUPTURA LENTA CATIÔNICA PARA SERVIÇO DE LAMA ASFÁLTICA","2022-08-01","***","***","***","***","***","***"]
["EMULSÃO ASFÁLTICA DE RUPTURA LENTA CATIÔNICA PARA SERVIÇO DE LAMA ASFÁLTICA","2022-09-01","***","***","***","***","***","***"]
["EMULSÃO ASFÁLTICA DE RUPTURA LENTA CATIÔNICA PARA SERVIÇO DE LAMA ASFÁLTICA","2022-10-01","***","***","***","***","***","***"]
["EMULSÃO ASFÁLTICA DE RUPTURA LENTA CATIÔNICA PARA SERVIÇO DE LAMA ASFÁLTICA","2022-11-01","***","***","***","***","***","***"]
["EMULSÃO ASFÁLTICA DE RUPTURA LENTA CATIÔNICA PARA SERVIÇO DE LAMA ASFÁLTICA","2022-12-01","***","***","***","***","***","***"]
["EMULSÃO ASFÁLTICA DE RUPTURA LENTA CATIÔNICA PARA SERVIÇO DE LAMA ASFÁLTICA","2023-01-01","***","***","***","***","***","***"]
["EMULSÃO ASFÁLTICA DE RUPTURA LENTA CATIÔNICA PARA SERVIÇO DE LAMA ASFÁLTICA","2023-02-01","***","***","***","***","***","***"]
["EMULSÃO ASFÁLTICA DE RUPTURA LENTA CATIÔNICA PARA SERVIÇO DE LAMA ASFÁLTICA","2023-03-01","***","***","***","***","***","***"]
["EMULSÃO ASFÁLTICA DE RUPTURA LENTA CATIÔNICA PARA SERVIÇO DE LAMA ASFÁLTICA","2023-04-01","***","***","***","***","***","***"]
["EMULSÃO ASFÁLTICA DE RUPTURA LENTA CATIÔNICA PARA SERVIÇO DE LAMA ASFÁLTICA","2023-05-01","***","***","***","***","***","***"]
["EMULSÃO ASFÁLTICA DE RUPTURA LENTA CATIÔNICA PARA SERVIÇO DE LAMA ASFÁLTICA","2023-06-01","***","***","***","***","***","***"]
["EMULSÃO ASFÁLTICA DE RUPTURA LENTA CATIÔNICA PARA SERVIÇO DE LAMA ASFÁLTICA","2023-07-01","***","***","***","***","***","***"]
["EMULSÃO ASFÁLTICA DE RUPTURA LENTA CATIÔNICA PARA SERVIÇO DE LAMA ASFÁLTICA","2023-08-01","***","***","***","***","***","***"]
["EMULSÃO ASFÁLTICA DE RUPTURA LENTA CATIÔNICA PARA SERVIÇO DE LAMA ASFÁLTICA","2023-09-01","***","***","***","***","***","***"]
["EMULSÃO ASFÁLTICA DE RUPTURA LENTA CATIÔNICA PARA SERVIÇO DE LAMA ASFÁLTICA","2023-10-01","***","***","***","***","***","***"]
["EMULSÃO ASFÁLTICA DE RUPTURA LENTA CATIÔNICA PARA SERVIÇO DE LAMA ASFÁLTICA","2023-11-01","***","***","***","***","***","***"]
["EMULSÃO ASFÁLTICA DE RUPTURA LENTA CATIÔNICA PARA SERVIÇO DE LAMA ASFÁLTICA","2023-12-01","***","***","***","***","***","***"]
["EMULSÃO ASFÁLTICA DE RUPTURA LENTA CATIÔNICA PARA SERVIÇO DE LAMA ASFÁLTICA","2024-01-01","***","***","***","***","***","***"]
["EMULSÃO ASFÁLTICA DE RUPTURA LENTA CATIÔNICA PARA SERVIÇO DE LAMA ASFÁLTICA","2024-02-01","***","***","***","***","***","***"]
["EMULSÃO ASFÁLTICA DE RUPTURA LENTA CATIÔNICA PARA SERVIÇO DE LAMA ASFÁLTICA","2024-03-01","***","***","***","***","***","***"]
["EMULSÃO ASFÁLTICA DE RUPTURA LENTA CATIÔNICA PARA SERVIÇO DE LAMA ASFÁLTICA","2024-04-01","***","***","***","***","***","***"]
["EMULSÃO ASFÁLTICA DE RUPTURA LENTA CATIÔNICA PARA SERVIÇO DE LAMA ASFÁLTICA","2024-05-01","***","***","***","***","***","***"]
["EMULSÃO ASFÁLTICA DE RUPTURA LENTA CATIÔNICA PARA SERVIÇO DE LAMA ASFÁLTICA","2024-06-01","***","***","***","***","***","***"]
["EMULSÃO ASFÁLTICA DE RUPTURA LENTA CATIÔNICA PARA SERVIÇO DE LAMA ASFÁLTICA","2024-07-01","***","***","***","***","***","***"]
["EMULSÃO ASFÁLTICA DE RUPTURA LENTA CATIÔNICA PARA SERVIÇO DE LAMA ASFÁLTICA","2024-08-01","***","***","***","***","***","***"]
["EMULSÃO ASFÁLTICA DE RUPTURA LENTA CATIÔNICA PARA SERVIÇO DE LAMA ASFÁLTICA","2024-09-01","***","***","***","***","***","***"]
["EMULSÃO ASFÁLTICA DE RUPTURA LENTA DE CARGA NEUTRA PARA SERVIÇO DE LAMA ASFÁLTICA","2015-09-01","***","***","***","***","***","***"]
["EMULSÃO ASFÁLTICA DE RUPTURA LENTA DE CARGA NEUTRA PARA SERVIÇO DE LAMA ASFÁLTICA","2015-10-01","***","***","***","***","***","***"]
["EMULSÃO ASFÁLTICA DE RUPTURA LENTA DE CARGA NEUTRA PARA SERVIÇO DE LAMA ASFÁLTICA","2015-11-01","***","***","***","***","***","***"]
["EMULSÃO ASFÁLTICA DE RUPTURA LENTA DE CARGA NEUTRA PARA SERVIÇO DE LAMA ASFÁLTICA","2015-12-01","***","***","***",1.78091,"***",1.78091]
["EMULSÃO ASFÁLTICA DE RUPTURA LENTA DE CARGA NEUTRA PARA SERVIÇO DE LAMA ASFÁLTICA","2016-01-01","***","***","***","***","***","***"]
["EMULSÃO ASFÁLTICA DE RUPTURA LENTA DE CARGA NEUTRA PARA SERVIÇO DE LAMA ASFÁLTICA","2016-02-01","***","***","***","***","***","***"]
["EMULSÃO ASFÁLTICA DE RUPTURA LENTA DE CARGA NEUTRA PARA SERVIÇO DE LAMA ASFÁLTICA","2016-03-01","***","***","***","***","***","***"]
["EMULSÃO ASFÁLTICA DE RUPTURA LENTA DE CARGA NEUTRA PARA SERVIÇO DE LAMA ASFÁLTICA","2016-04-01","***","***","***","***","***","***"]
["EMULSÃO ASFÁLTICA DE RUPTURA LENTA DE CARGA NEUTRA PARA SERVIÇO DE LAMA ASFÁLTICA","2016-05-01","***","***","***","***","***","***"]
["EMULSÃO ASFÁLTICA DE RUPTURA LENTA DE CARGA NEUTRA PARA SERVIÇO DE LAMA ASFÁLTICA","2016-06-01","***","***","***","***","***","***"]
["EMULSÃO ASFÁLTICA DE RUPTURA LENTA DE CARGA NEUTRA PARA SERVIÇO DE LAMA ASFÁLTICA","2016-07-01","***","***","***","***","***","***"]
["EMULSÃO ASFÁLTICA DE RUPTURA LENTA DE CARGA NEUTRA PARA SERVIÇO DE LAMA ASFÁLTICA","2016-08-01","***","***","***","***","***","***"]
["EMULSÃO ASFÁLTICA DE RUPTURA LENTA DE CARGA NEUTRA PARA SERVIÇO DE LAMA ASFÁLTICA","2016-09-01","***","***","***","***","***","***"]
["EMULSÃO ASFÁLTICA DE RUPTURA LENTA DE CARGA NEUTRA PARA SERVIÇO DE LAMA ASFÁLTICA","2016-10-01","***","***","***","***","***","***"]
["EMULSÃO ASFÁLTICA DE RUPTURA LENTA DE CARGA NEUTRA PARA SERVIÇO DE LAMA ASFÁLTICA","2016-11-01","***","***","***","***","***","***"]
["EMULSÃO ASFÁLTICA DE RUPTURA LENTA DE CARGA NEUTRA PARA SERVIÇO DE LAMA ASFÁLTICA","2016-12-01","***","***","***","***","***","***"]
["EMULSÃO ASFÁLTICA DE RUPTURA LENTA DE CARGA NEUTRA PARA SERVIÇO DE LAMA ASFÁLTICA","2017-01-01","***","***","***","***",1.3629899999999999,1.3629899999999999]
["EMULSÃO ASFÁLTICA DE RUPTURA LENTA DE CARGA NEUTRA PARA SERVIÇO DE LAMA ASFÁLTICA","2017-02-01","***","***","***","***",1.4107400000000001,1.4107400000000001]
["EMULSÃO ASFÁLTICA DE RUPTURA LENTA DE CARGA NEUTRA PARA SERVIÇO DE LAMA ASFÁLTICA","2017-03-01","***","***","***","***",1.4107400000000001,1.4107400000000001]
["EMULSÃO ASFÁLTICA DE RUPTURA LENTA DE CARGA NEUTRA PARA SERVIÇO DE LAMA ASFÁLTICA","2017-04-01","***","***","***",1.28120773177318,"***",1.28120773177318]
["EMULSÃO ASFÁLTICA DE RUPTURA LENTA DE CARGA NEUTRA PARA SERVIÇO DE LAMA ASFÁLTICA","2017-05-01","***","***","***",1.6340114958448799,"***",1.6340114958448799]
["EMULSÃO ASFÁLTICA DE RUPTURA LENTA DE CARGA NEUTRA PARA SERVIÇO DE LAMA ASFÁLTICA","2017-06-01","***","***","***",1.31921,"***",1.31921]
["EMULSÃO ASFÁLTICA DE RUPTURA LENTA DE CARGA NEUTRA PARA SERVIÇO DE LAMA ASFÁLTICA","2017-07-01","***","***","***","***","***","***"]
["EMULSÃO ASFÁLTICA DE RUPTURA LENTA DE CARGA NEUTRA PARA SERVIÇO DE LAMA ASFÁLTICA","2017-08-01","***","***","***",1.9680599999999999,"***",1.9680599999999999]
["EMULSÃO ASFÁLTICA DE RUPTURA LENTA DE CARGA NEUTRA PARA SERVIÇO DE LAMA ASFÁLTICA","2017-09-01","***","***","***","***","***","***"]
["EMULSÃO ASFÁLTICA DE RUPTURA LENTA DE CARGA NEUTRA PARA SERVIÇO DE LAMA ASFÁLTICA","2017-10-01","***","***","***","***","***","***"]
["EMULSÃO ASFÁLTICA DE RUPTURA LENTA DE CARGA NEUTRA PARA SERVIÇO DE LAMA ASFÁLTICA","2017-11-01","***","***","***","***","***","***"]
["EMULSÃO ASFÁLTICA DE RUPTURA LENTA DE CARGA NEUTRA PARA SERVIÇO DE LAMA ASFÁLTICA","2017-12-01","***","***","***","***","***","***"]
["EMULSÃO ASFÁLTICA DE RUPTURA LENTA DE CARGA NEUTRA PARA SERVIÇO DE LAMA ASFÁLTICA","2018-01-01","***","***","***","***","***","***"]
["EMULSÃO ASFÁLTICA DE RUPTURA LENTA DE CARGA NEUTRA PARA SERVIÇO DE LAMA ASFÁLTICA","2018-02-01","***","***","***","***","***","***"]
["EMULSÃO ASFÁLTICA DE RUPTURA LENTA DE CARGA NEUTRA PARA SERVIÇO DE LAMA ASFÁLTICA","2018-03-01","***","***","***","***","***","***"]
["EMULSÃO ASFÁLTICA DE RUPTURA LENTA DE CARGA NEUTRA PARA SERVIÇO DE LAMA ASFÁLTICA","2018-04-01","***","***","***","***","***","***"]
["EMULSÃO ASFÁLTICA DE RUPTURA LENTA DE CARGA NEUTRA PARA SERVIÇO DE LAMA ASFÁLTICA","2018-05-01","***","***","***","***","***","***"]
["EMULSÃO ASFÁLTICA DE RUPTURA LENTA DE CARGA NEUTRA PARA SERVIÇO DE LAMA ASFÁLTICA","2018-06-01","***","***","***","***","***","***"]
["EMULSÃO ASFÁLTICA DE RUPTURA LENTA DE CARGA NEUTRA PARA SERVIÇO DE LAMA ASFÁLTICA","2018-07-01","***","***","***","***","***","***"]
["EMULSÃO ASFÁLTICA DE RUPTURA LENTA DE CARGA NEUTRA PARA SERVIÇO DE LAMA ASFÁLTICA","2018-08-01","***","***","***","***","***","***"]
["EMULSÃO ASFÁLTICA DE RUPTURA LENTA DE CARGA NEUTRA PARA SERVIÇO DE LAMA ASFÁLTICA","2018-09-01","***","***","***","***","***","***"]
["EMULSÃO ASFÁLTICA DE RUPTURA LENTA DE CARGA NEUTRA PARA SERVIÇO DE LAMA ASFÁLTICA","2018-10-01","***","***","***","***","***","***"]
["EMULSÃO ASFÁLTICA DE RUPTURA LENTA DE CARGA NEUTRA PARA SERVIÇO DE LAMA ASFÁLTICA","2018-11-01","***","***","***","***","***","***"]
["EMULSÃO ASFÁLTICA DE RUPTURA LENTA DE CARGA NEUTRA PARA SERVIÇO DE LAMA ASFÁLTICA","2018-12-01","***","***","***","***","***","***"]
["EMULSÃO ASFÁLTICA DE RUPTURA LENTA DE CARGA NEUTRA PARA SERVIÇO DE LAMA ASFÁLTICA","2019-01-01","***","***","***","***","***","***"]
["EMULSÃO ASFÁLTICA DE RUPTURA LENTA DE CARGA NEUTRA PARA SERVIÇO DE LAMA ASFÁLTICA","2019-02-01","***","***","***","***","***","***"]
["EMULSÃO ASFÁLTICA DE RUPTURA LENTA DE CARGA NEUTRA PARA SERVIÇO DE LAMA ASFÁLTICA","2019-03-01","***","***","***","***","***","***"]
["EMULSÃO ASFÁLTICA DE RUPTURA LENTA DE CARGA NEUTRA PARA SERVIÇO DE LAMA ASFÁLTICA","2019-04-01","***","***","***","***","***","***"]
["EMULSÃO ASFÁLTICA DE RUPTURA LENTA DE CARGA NEUTRA PARA SERVIÇO DE LAMA ASFÁLTICA","2019-05-01","***","***","***","***","***","***"]
["EMULSÃO ASFÁLTICA DE RUPTURA LENTA DE CARGA NEUTRA PARA SERVIÇO DE LAMA ASFÁLTICA","2019-06-01","***","***","***","***","***","***"]
["EMULSÃO ASFÁLTICA DE RUPTURA LENTA DE CARGA NEUTRA PARA SERVIÇO DE LAMA ASFÁLTICA","2019-07-01","***","***","***","***","***","***"]
["EMULSÃO ASFÁLTICA DE RUPTURA LENTA DE CARGA NEUTRA PARA SERVIÇO DE LAMA ASFÁLTICA","2019-08-01","***","***","***","***","***","***"]
["EMULSÃO ASFÁLTICA DE RUPTURA LENTA DE CARGA NEUTRA PARA SERVIÇO DE LAMA ASFÁLTICA","2019-09-01","***","***","***","***","***","***"]
["EMULSÃO ASFÁLTICA DE RUPTURA LENTA DE CARGA NEUTRA PARA SERVIÇO DE LAMA ASFÁLTICA","2019-10-01","***","***","***","***","***","***"]
["EMULSÃO ASFÁLTICA DE RUPTURA LENTA DE CARGA NEUTRA PARA SERVIÇO DE LAMA ASFÁLTICA","2019-11-01","***","***","***","***","***","***"]
["EMULSÃO ASFÁLTICA DE RUPTURA LENTA DE CARGA NEUTRA PARA SERVIÇO DE LAMA ASFÁLTICA","2019-12-01","***","***","***","***","***","***"]
["EMULSÃO ASFÁLTICA DE RUPTURA LENTA DE CARGA NEUTRA PARA SERVIÇO DE LAMA ASFÁLTICA","2020-01-01","***","***","***","***","***","***"]
["EMULSÃO ASFÁLTICA DE RUPTURA LENTA DE CARGA NEUTRA PARA SERVIÇO DE LAMA ASFÁLTICA","2020-02-01","***","***","***","***","***","***"]
["EMULSÃO ASFÁLTICA DE RUPTURA LENTA DE CARGA NEUTRA PARA SERVIÇO DE LAMA ASFÁLTICA","2020-03-01","***","***","***","***","***","***"]
["EMULSÃO ASFÁLTICA DE RUPTURA LENTA DE CARGA NEUTRA PARA SERVIÇO DE LAMA ASFÁLTICA","2020-04-01","***","***","***","***","***","***"]
["EMULSÃO ASFÁLTICA DE RUPTURA LENTA DE CARGA NEUTRA PARA SERVIÇO DE LAMA ASFÁLTICA","2020-05-01","***","***","***","***","***","***"]
["EMULSÃO ASFÁLTICA DE RUPTURA LENTA DE CARGA NEUTRA PARA SERVIÇO DE LAMA ASFÁLTICA","2020-06-01","***","***","***","***","***","***"]
["EMULSÃO ASFÁLTICA DE RUPTURA LENTA DE CARGA NEUTRA PARA SERVIÇO DE LAMA ASFÁLTICA","2020-07-01","***","***","***","***","***","***"]
["EMULSÃO ASFÁLTICA DE RUPTURA LENTA DE CARGA NEUTRA PARA SERVIÇO DE LAMA ASFÁLTICA","2020-08-01","***","***","***","***","***","***"]
["EMULSÃO ASFÁLTICA DE RUPTURA LENTA DE CARGA NEUTRA PARA SERVIÇO DE LAMA ASFÁLTICA","2020-09-01","***","***","***","***","***","***"]
["EMULSÃO ASFÁLTICA DE RUPTURA LENTA DE CARGA NEUTRA PARA SERVIÇO DE LAMA ASFÁLTICA","2020-10-01","***","***","***","***","***","***"]
["EMULSÃO ASFÁLTICA DE RUPTURA LENTA DE CARGA NEUTRA PARA SERVIÇO DE LAMA ASFÁLTICA","2020-11-01","***","***","***","***","***","***"]
["EMULSÃO ASFÁLTICA DE RUPTURA LENTA DE CARGA NEUTRA PARA SERVIÇO DE LAMA ASFÁLTICA","2020-12-01","***","***","***","***","***","***"]
["EMULSÃO ASFÁLTICA DE RUPTURA LENTA DE CARGA NEUTRA PARA SERVIÇO DE LAMA ASFÁLTICA","2021-01-01","***","***","***","***","***","***"]
["EMULSÃO ASFÁLTICA DE RUPTURA LENTA DE CARGA NEUTRA PARA SERVIÇO DE LAMA ASFÁLTICA","2021-02-01","***","***","***","***","***","***"]
["EMULSÃO ASFÁLTICA DE RUPTURA LENTA DE CARGA NEUTRA PARA SERVIÇO DE LAMA ASFÁLTICA","2021-03-01","***","***","***","***","***","***"]
["EMULSÃO ASFÁLTICA DE RUPTURA LENTA DE CARGA NEUTRA PARA SERVIÇO DE LAMA ASFÁLTICA","2021-04-01","***","***","***","***","***","***"]
["EMULSÃO ASFÁLTICA DE RUPTURA LENTA DE CARGA NEUTRA PARA SERVIÇO DE LAMA ASFÁLTICA","2021-05-01","***","***","***","***","***","***"]
["EMULSÃO ASFÁLTICA DE RUPTURA LENTA DE CARGA NEUTRA PARA SERVIÇO DE LAMA ASFÁLTICA","2021-06-01","***","***","***","***","***","***"]
["EMULSÃO ASFÁLTICA DE RUPTURA LENTA DE CARGA NEUTRA PARA SERVIÇO DE LAMA ASFÁLTICA","2021-07-01","***","***","***","***","***","***"]
["EMULSÃO ASFÁLTICA DE RUPTURA LENTA DE CARGA NEUTRA PARA SERVIÇO DE LAMA ASFÁLTICA","2021-08-01","***","***","***","***","***","***"]
["EMULSÃO ASFÁLTICA DE RUPTURA LENTA DE CARGA NEUTRA PARA SERVIÇO DE LAMA ASFÁLTICA","2021-09-01","***","***","***","***","***","***"]
["EMULSÃO ASFÁLTICA DE RUPTURA LENTA DE CARGA NEUTRA PARA SERVIÇO DE LAMA ASFÁLTICA","2021-10-01","***","***","***","***","***","***"]
["EMULSÃO ASFÁLTICA DE RUPTURA LENTA DE CARGA NEUTRA PARA SERVIÇO DE LAMA ASFÁLTICA","2021-11-01","***","***","***","***","***","***"]
["EMULSÃO ASFÁLTICA DE RUPTURA LENTA DE CARGA NEUTRA PARA SERVIÇO DE LAMA ASFÁLTICA","2021-12-01","***","***","***","***","***","***"]
["EMULSÃO ASFÁLTICA DE RUPTURA LENTA DE CARGA NEUTRA PARA SERVIÇO DE LAMA ASFÁLTICA","2022-01-01","***","***","***","***","***","***"]
["EMULSÃO ASFÁLTICA DE RUPTURA LENTA DE CARGA NEUTRA PARA SERVIÇO DE LAMA ASFÁLTICA","2022-02-01","***","***","***","***","***","***"]
["EMULSÃO ASFÁLTICA DE RUPTURA LENTA DE CARGA NEUTRA PARA SERVIÇO DE LAMA ASFÁLTICA","2022-03-01","***","***","***","***","***","***"]
["EMULSÃO ASFÁLTICA DE RUPTURA LENTA DE CARGA NEUTRA PARA SERVIÇO DE LAMA ASFÁLTICA","2022-04-01","***","***","***","***","***","***"]
["EMULSÃO ASFÁLTICA DE RUPTURA LENTA DE CARGA NEUTRA PARA SERVIÇO DE LAMA ASFÁLTICA","2022-05-01","***","***","***","***","***","***"]
["EMULSÃO ASFÁLTICA DE RUPTURA LENTA DE CARGA NEUTRA PARA SERVIÇO DE LAMA ASFÁLTICA","2022-06-01","***","***","***","***","***","***"]
["EMULSÃO ASFÁLTICA DE RUPTURA LENTA DE CARGA NEUTRA PARA SERVIÇO DE LAMA ASFÁLTICA","2022-07-01","***","***","***","***","***","***"]
["EMULSÃO ASFÁLTICA DE RUPTURA LENTA DE CARGA NEUTRA PARA SERVIÇO DE LAMA ASFÁLTICA","2022-08-01","***","***","***","***","***","***"]
["EMULSÃO ASFÁLTICA DE RUPTURA LENTA DE CARGA NEUTRA PARA SERVIÇO DE LAMA ASFÁLTICA","2022-09-01","***","***","***","***","***","***"]
["EMULSÃO ASFÁLTICA DE RUPTURA LENTA DE CARGA NEUTRA PARA SERVIÇO DE LAMA ASFÁLTICA","2022-10-01","***","***","***","***","***","***"]
["EMULSÃO ASFÁLTICA DE RUPTURA LENTA DE CARGA NEUTRA PARA SERVIÇO DE LAMA ASFÁLTICA","2022-11-01","***","***","***","***","***","***"]
["EMULSÃO ASFÁLTICA DE RUPTURA LENTA DE CARGA NEUTRA PARA SERVIÇO DE LAMA ASFÁLTICA","2022-12-01","***","***","***","***","***","***"]
["EMULSÃO ASFÁLTICA DE RUPTURA LENTA DE CARGA NEUTRA PARA SERVIÇO DE LAMA ASFÁLTICA","2023-01-01","***","***","***","***","***","***"]
["EMULSÃO ASFÁLTICA DE RUPTURA LENTA DE CARGA NEUTRA PARA SERVIÇO DE LAMA ASFÁLTICA","2023-02-01","***","***","***","***","***","***"]
["EMULSÃO ASFÁLTICA DE RUPTURA LENTA DE CARGA NEUTRA PARA SERVIÇO DE LAMA ASFÁLTICA","2023-03-01","***","***","***","***","***","***"]
["EMULSÃO ASFÁLTICA DE RUPTURA LENTA DE CARGA NEUTRA PARA SERVIÇO DE LAMA ASFÁLTICA","2023-04-01","***","***","***","***","***","***"]
["EMULSÃO ASFÁLTICA DE RUPTURA LENTA DE CARGA NEUTRA PARA SERVIÇO DE LAMA ASFÁLTICA","2023-05-01","***","***","***","***","***","***"]
["EMULSÃO ASFÁLTICA DE RUPTURA LENTA DE CARGA NEUTRA PARA SERVIÇO DE LAMA ASFÁLTICA","2023-06-01","***","***","***","***","***","***"]
["EMULSÃO ASFÁLTICA DE RUPTURA LENTA DE CARGA NEUTRA PARA SERVIÇO DE LAMA ASFÁLTICA","2023-07-01","***","***","***","***","***","***"]
["EMULSÃO ASFÁLTICA DE RUPTURA LENTA DE CARGA NEUTRA PARA SERVIÇO DE LAMA ASFÁLTICA","2023-08-01","***","***","***","***","***","***"]
["EMULSÃO ASFÁLTICA DE RUPTURA LENTA DE CARGA NEUTRA PARA SERVIÇO DE LAMA ASFÁLTICA","2023-09-01","***","***","***","***","***","***"]
["EMULSÃO ASFÁLTICA DE RUPTURA LENTA DE CARGA NEUTRA PARA SERVIÇO DE LAMA ASFÁLTICA","2023-10-01","***","***","***","***","***","***"]
["EMULSÃO ASFÁLTICA DE RUPTURA LENTA DE CARGA NEUTRA PARA SERVIÇO DE LAMA ASFÁLTICA","2023-11-01","***","***","***","***","***","***"]
["EMULSÃO ASFÁLTICA DE RUPTURA LENTA DE CARGA NEUTRA PARA SERVIÇO DE LAMA ASFÁLTICA","2023-12-01","***","***","***","***","***","***"]
["EMULSÃO ASFÁLTICA DE RUPTURA LENTA DE CARGA NEUTRA PARA SERVIÇO DE LAMA ASFÁLTICA","2024-01-01","***","***","***","***","***","***"]
["EMULSÃO ASFÁLTICA DE RUPTURA LENTA DE CARGA NEUTRA PARA SERVIÇO DE LAMA ASFÁLTICA","2024-02-01","***","***","***","***","***","***"]
["EMULSÃO ASFÁLTICA DE RUPTURA LENTA DE CARGA NEUTRA PARA SERVIÇO DE LAMA ASFÁLTICA","2024-03-01","***","***","***","***","***","***"]
["EMULSÃO ASFÁLTICA DE RUPTURA LENTA DE CARGA NEUTRA PARA SERVIÇO DE LAMA ASFÁLTICA","2024-04-01","***","***","***","***","***","***"]
["EMULSÃO ASFÁLTICA DE RUPTURA LENTA DE CARGA NEUTRA PARA SERVIÇO DE LAMA ASFÁLTICA","2024-05-01","***","***","***","***","***","***"]
["EMULSÃO ASFÁLTICA DE RUPTURA LENTA DE CARGA NEUTRA PARA SERVIÇO DE LAMA ASFÁLTICA","2024-06-01","***","***","***","***","***","***"]
["EMULSÃO ASFÁLTICA DE RUPTURA LENTA DE CARGA NEUTRA PARA SERVIÇO DE LAMA ASFÁLTICA","2024-07-01","***","***","***","***","***","***"]
["EMULSÃO ASFÁLTICA DE RUPTURA LENTA DE CARGA NEUTRA PARA SERVIÇO DE LAMA ASFÁLTICA","2024-08-01","***","***","***","***","***","***"]
["EMULSÃO ASFÁLTICA DE RUPTURA LENTA DE CARGA NEUTRA PARA SERVIÇO DE LAMA ASFÁLTICA","2024-09-01","***","***","***","***","***","***"]
["EMULSÃO ASFÁLTICA PARA SERVIÇO DE IMPRIMAÇÃO","2015-09-01","***","***",1.4717220003202001,1.4096112734159101,1.4193069532859299,1.4468227401513001]
["EMULSÃO ASFÁLTICA PARA SERVIÇO DE IMPRIMAÇÃO","2015-10-01","***",1.9176,1.78109288612462,1.4955308126593101,1.63226858734976,1.65587358777857]
["EMULSÃO ASFÁLTICA PARA SERVIÇO DE IMPRIMAÇÃO","2015-11-01","***",1.9491000000000001,1.85149701128001,1.54237706511487,1.7165669846000999,1.71116027190515]
["EMULSÃO ASFÁLTICA PARA SERVIÇO DE IMPRIMAÇÃO","2015-12-01","***",1.9329001129943499,1.92898753479955,1.5349218527808099,1.7583001329948,1.7451550601173]
["EMULSÃO ASFÁLTICA PARA SERVIÇO DE IMPRIMAÇÃO","2016-01-01","***",2.0734232378223498,1.7298643690939399,1.5701077270195001,1.8257659849583501,1.73510254236442]
["EMULSÃO ASFÁLTICA PARA SERVIÇO DE IMPRIMAÇÃO","2016-02-01","***","***",1.97325747182754,1.5621659796115801,1.7777156657003499,1.66034949351679]
["EMULSÃO ASFÁLTICA PARA SERVIÇO DE IMPRIMAÇÃO","2016-03-01","***",2.0640000000000001,1.9541233060980501,1.5733089191379399,1.7422350461028699,1.6939279132448899]
["EMULSÃO ASFÁLTICA PARA SERVIÇO DE IMPRIMAÇÃO","2016-04-01","***","***",2.1729798992309699,1.75252581271454,1.80080386305788,1.81468131596182]
["EMULSÃO ASFÁLTICA PARA SERVIÇO DE IMPRIMAÇÃO","2016-05-01","***",1.79192406624606,2.1182285495694702,1.7355234617837001,1.9137052848109799,1.88025979802494]
["EMULSÃO ASFÁLTICA PARA SERVIÇO DE IMPRIMAÇÃO","2016-06-01","***",2.3814000000000002,2.0685431061761901,1.7727581593359101,1.86677041848421,1.8919590595887801]
["EMULSÃO ASFÁLTICA PARA SERVIÇO DE IMPRIMAÇÃO","2016-07-01","***",2.2549342402884802,2.0577237447018799,1.7455767606817201,1.9228265695583699,1.90826669219644]
["EMULSÃO ASFÁLTICA PARA SERVIÇO DE IMPRIMAÇÃO","2016-08-01","***",1.97227991202842,2.0208821239199599,1.8171883423962301,1.8856702864081201,1.91447630357068]
["EMULSÃO ASFÁLTICA PARA SERVIÇO DE IMPRIMAÇÃO","2016-09-01","***",1.56277631597102,1.8440562928702,1.57984450229865,1.6956428947170701,1.69769751630174]
["EMULSÃO ASFÁLTICA PARA SERVIÇO DE IMPRIMAÇÃO","2016-10-01","***",1.3846296727384699,1.8077131125000001,1.5586842050456,1.7103719054645501,1.6861737127229901]
["EMULSÃO ASFÁLTICA PARA SERVIÇO DE IMPRIMAÇÃO","2016-11-01",1.85555067857143,1.5683234213680499,1.88445976981204,1.5028148687110101,1.64546883817561,1.6395871836940501]
["EMULSÃO ASFÁLTICA PARA SERVIÇO DE IMPRIMAÇÃO","2016-12-01",1.8355394829931999,1.7820216889674301,1.7095233511963199,1.46854830530294,1.72954957073542,1.6919890208808701]
["EMULSÃO ASFÁLTICA PARA SERVIÇO DE IMPRIMAÇÃO","2017-01-01",1.8523369286359499,1.9103789201849,1.7347059970384999,1.3295956145425301,1.7152723192149499,1.6610438044154201]
["EMULSÃO ASFÁLTICA PARA SERVIÇO DE IMPRIMAÇÃO","2017-02-01",1.80267,1.6531303859872599,1.6921705934259901,1.5038838855914001,1.6521456953841001,1.63070368962747]
["EMULSÃO ASFÁLTICA PARA SERVIÇO DE IMPRIMAÇÃO","2017-03-01","***",1.8867,1.8112680378486099,1.4228776705346,1.67131046753372,1.5907534057935799]
["EMULSÃO ASFÁLTICA PARA SERVIÇO DE IMPRIMAÇÃO","2017-04-01",1.80267,1.92211126738306,1.90801953519256,1.4540572151287099,1.4810554970551499,1.54220892530197]
["EMULSÃO ASFÁLTICA PARA SERVIÇO DE IMPRIMAÇÃO","2017-05-01","***",1.79872078817167,1.91086057545458,1.4473522046819001,1.5792215321643099,1.6012454388775901]
["EMULSÃO ASFÁLTICA PARA SERVIÇO DE IMPRIMAÇÃO","2017-06-01","***",1.9280420782113299,1.7547227717460001,1.52245076264603,1.61578932044781,1.66262447605665]
["EMULSÃO ASFÁLTICA PARA SERVIÇO DE IMPRIMAÇÃO","2017-07-01","***",1.82005331501444,1.79373939231832,1.5130407463586399,1.5841936541859001,1.6338958205168901]
["EMULSÃO ASFÁLTICA PARA SERVIÇO DE IMPRIMAÇÃO","2017-08-01",2.0585001865378101,1.8604519498001399,1.8188039432332399,1.4662376294908701,1.60240651102712,1.6858944252430701]
["EMULSÃO ASFÁLTICA PARA SERVIÇO DE IMPRIMAÇÃO","2017-09-01",2.1347865658783798,1.9129766073657899,1.7309102069522999,1.495510402361,1.70162081878466,1.63787929608825]
["EMULSÃO ASFÁLTICA PARA SERVIÇO DE IMPRIMAÇÃO","2017-10-01",1.9739520872469201,2.0452770015331598,1.74470053558116,1.50355207947768,1.66494305899069,1.68952131926393]
["EMULSÃO ASFÁLTICA PARA SERVIÇO DE IMPRIMAÇÃO","2017-11-01",2.2336100000000001,2.1274698169846,1.76585979762958,1.59602342440524,1.71492705064428,1.7348380917195401]
["EMULSÃO ASFÁLTICA PARA SERVIÇO DE IMPRIMAÇÃO","2017-12-01",2.0474999999999999,2.1473485538110002,1.8056750821779499,1.50467021548284,1.71330235462573,1.7937160067296001]
["EMULSÃO ASFÁLTICA PARA SERVIÇO DE IMPRIMAÇÃO","2018-01-01","***",2.1136413638684801,1.7047400385048801,1.6615293976952401,1.7933764125799601,1.8390607333859501]
["EMULSÃO ASFÁLTICA PARA SERVIÇO DE IMPRIMAÇÃO","2018-02-01",2.2785099999999998,2.0658926604692298,1.8006337253545499,1.6419065684557499,1.7814624818836799,1.76418558112415]
["EMULSÃO ASFÁLTICA PARA SERVIÇO DE IMPRIMAÇÃO","2018-03-01",2.2487019364214298,2.0861432800225801,1.9422039728402201,1.6115233037469801,1.8381134033956901,1.8777657953658999]
["EMULSÃO ASFÁLTICA PARA SERVIÇO DE IMPRIMAÇÃO","2018-04-01",2.2489575499112702,2.1246864558909699,1.8978037947725099,1.60934676403424,1.8135804273660501,1.80051826689795]
["EMULSÃO ASFÁLTICA PARA SERVIÇO DE IMPRIMAÇÃO","2018-05-01","***",1.6126478213586199,2.0262988983512402,1.72774071879536,1.8867130691136,1.79738566970434]
["EMULSÃO ASFÁLTICA PARA SERVIÇO DE IMPRIMAÇÃO","2018-06-01",2.5311933305099101,1.8966954034680901,2.1122692130857601,1.76360554515652,1.9582836458416,1.95538706551619]
["EMULSÃO ASFÁLTICA PARA SERVIÇO DE IMPRIMAÇÃO","2018-07-01",2.0369999999999999,1.7043749202437299,2.17506248158656,1.8698214052011699,2.0236902374215902,1.9568261828570399]
["EMULSÃO ASFÁLTICA PARA SERVIÇO DE IMPRIMAÇÃO","2018-08-01",2.4222804352806402,2.1440126394777201,2.2640288331904399,1.90460960543855,2.1279229118504199,2.1252186176818899]
["EMULSÃO ASFÁLTICA PARA SERVIÇO DE IMPRIMAÇÃO","2018-09-01",2.33634469257305,2.2616459603713799,2.2680425644164299,1.8891011288312101,2.1329636128967802,2.1162671078665398]
["EMULSÃO ASFÁLTICA PARA SERVIÇO DE IMPRIMAÇÃO","2018-10-01",2.2061509825119199,2.32003500794095,2.25294056291927,1.90938792431003,2.1501177628597299,2.1277288771141101]
["EMULSÃO ASFÁLTICA PARA SERVIÇO DE IMPRIMAÇÃO","2018-11-01","***",2.4775578172097998,2.34724135534554,2.0481819186308798,2.2622156464294201,2.2770121207177501]
["EMULSÃO ASFÁLTICA PARA SERVIÇO DE IMPRIMAÇÃO","2018-12-01",2.6970100000000001,2.4878049135929801,2.2755942229183499,1.9267085426847601,2.27041072905747,2.1773289110451302]
["EMULSÃO ASFÁLTICA PARA SERVIÇO DE IMPRIMAÇÃO","2019-01-01",2.5695340346997799,2.0477524468903798,2.2735389356974398,1.90269708825283,2.2676028906672201,2.1379930658384998]
["EMULSÃO ASFÁLTICA PARA SERVIÇO DE IMPRIMAÇÃO","2019-02-01","***",2.0257277589489702,2.4624917058645401,1.97031963370519,2.3070408404815801,2.15516769789419]
["EMULSÃO ASFÁLTICA PARA SERVIÇO DE IMPRIMAÇÃO","2019-03-01",2.6691099999999999,1.69594363183031,2.5465520276717601,1.95524383135392,2.4281821113268101,2.2045408586361899]
["EMULSÃO ASFÁLTICA PARA SERVIÇO DE IMPRIMAÇÃO","2019-04-01",3.35955,1.98181075143032,2.31256207171131,2.0354331516730602,2.2397450546167499,2.1774734721494]
["EMULSÃO ASFÁLTICA PARA SERVIÇO DE IMPRIMAÇÃO","2019-05-01","***",1.8234970544595701,2.4254257239463199,1.9132360206144201,2.2897054462858102,2.0706776060769201]
["EMULSÃO ASFÁLTICA PARA SERVIÇO DE IMPRIMAÇÃO","2019-06-01",2.25172198391421,2.0564316331744799,2.3626354541824299,1.9853630545154799,2.3117404267678499,2.1754297162835701]
["EMULSÃO ASFÁLTICA PARA SERVIÇO DE IMPRIMAÇÃO","2019-07-01",2.38970422417716,1.9267336846819401,2.3502997148567601,1.8861192366997901,2.3443128931004198,2.1300336245449198]
["EMULSÃO ASFÁLTICA PARA SERVIÇO DE IMPRIMAÇÃO","2019-08-01",2.4204981811922099,1.9366342717638001,2.22895838919391,1.9191860417525901,2.0707519605165698,2.0746355600434798]
["EMULSÃO ASFÁLTICA PARA SERVIÇO DE IMPRIMAÇÃO","2019-09-01","***",1.72595770251872,2.1658361328552602,1.9828711191237101,2.1233871540218598,2.0320109511814399]
["EMULSÃO ASFÁLTICA PARA SERVIÇO DE IMPRIMAÇÃO","2019-10-01",4.5373264802536797,2.42364742909677,2.26993620426112,1.9603570112969799,2.0919216161557301,2.2362857279303801]
["EMULSÃO ASFÁLTICA PARA SERVIÇO DE IMPRIMAÇÃO","2019-11-01",5.6230687732467004,2.6715909938236901,2.7934442152445098,2.0930103721866899,1.99178614320456,2.4255786535411898]
["EMULSÃO ASFÁLTICA PARA SERVIÇO DE IMPRIMAÇÃO","2019-12-01",2.3584000000000001,3.0904484000344801,2.69859818086102,1.99483101942341,2.0674729614924598,2.33883695896635]
["EMULSÃO ASFÁLTICA PARA SERVIÇO DE IMPRIMAÇÃO","2020-01-01",3.67919483158476,4.1110188511601597,2.209046648642,2.2934666147576301,2.1807412851880201,2.36213848327231]
["EMULSÃO ASFÁLTICA PARA SERVIÇO DE IMPRIMAÇÃO","2020-02-01",2.1811774007807401,2.1654909296132399,2.3830260641579302,2.2917209365781699,1.9559190447735799,2.1193258904026702]
["EMULSÃO ASFÁLTICA PARA SERVIÇO DE IMPRIMAÇÃO","2020-03-01",2.1471933954276001,1.9745777774206501,2.29071571668256,2.10349001108266,1.9431246398375099,2.0570322765095401]
["EMULSÃO ASFÁLTICA PARA SERVIÇO DE IMPRIMAÇÃO","2020-04-01",2.0778829341696401,1.7936101341503801,2.2503999009644899,1.8989067760757601,2.0198990328425199,1.9963565137027799]
["EMULSÃO ASFÁLTICA PARA SERVIÇO DE IMPRIMAÇÃO","2020-05-01",2.2555799800760701,1.8382469968106201,2.04921303898035,1.84098405563242,2.1390478487386102,2.00046943520285]
["EMULSÃO ASFÁLTICA PARA SERVIÇO DE IMPRIMAÇÃO","2020-06-01",2.1355224401584301,1.8717526592631799,2.0038524815999601,1.84575685755653,2.1776289934903099,1.9814549341740799]
["EMULSÃO ASFÁLTICA PARA SERVIÇO DE IMPRIMAÇÃO","2020-07-01",2.3472582310469301,1.8385508340644301,2.0749291448471201,1.8187960953023401,2.12074101665897,1.9855505192297001]
["EMULSÃO ASFÁLTICA PARA SERVIÇO DE IMPRIMAÇÃO","2020-08-01",2.33940683484456,1.8707316968504799,2.1051079563256501,1.8215313220069,2.3315088349322699,2.0288077844879902]
["EMULSÃO ASFÁLTICA PARA SERVIÇO DE IMPRIMAÇÃO","2020-09-01",2.3620475670480801,1.8818332306167,2.1206819463732498,1.8097786931062001,2.2764226232558098,2.0419763580939101]
["EMULSÃO ASFÁLTICA PARA SERVIÇO DE IMPRIMAÇÃO","2020-10-01",2.5521439381897202,2.0400156077004299,2.0565348781561998,1.84381367856258,2.1179570786953499,2.0469068041644798]
["EMULSÃO ASFÁLTICA PARA SERVIÇO DE IMPRIMAÇÃO","2020-11-01",2.4177600491974398,2.0188306190867298,2.1679761156056401,1.9405702252841699,2.2862254143170202,2.1147758396697198]
["EMULSÃO ASFÁLTICA PARA SERVIÇO DE IMPRIMAÇÃO","2020-12-01",2.3378236417126801,2.0841264732831002,2.1625742851820999,1.8335132127922,2.2766193632809499,2.0952730475821602]
["EMULSÃO ASFÁLTICA PARA SERVIÇO DE IMPRIMAÇÃO","2021-01-01",2.3472444827586201,2.03755978786916,2.1396080159366502,2.03934610441538,2.23767024207757,2.09541099710873]
["EMULSÃO ASFÁLTICA PARA SERVIÇO DE IMPRIMAÇÃO","2021-02-01",2.3501493848565902,2.0560141157172702,2.1588145218720198,1.98054196622659,2.20364312792552,2.1088280212173101]
["EMULSÃO ASFÁLTICA PARA SERVIÇO DE IMPRIMAÇÃO","2021-03-01",2.3438146077127699,1.9693915225505101,2.1533056388479199,2.0575737712482201,2.41695721726279,2.1614513911194102]
["EMULSÃO ASFÁLTICA PARA SERVIÇO DE IMPRIMAÇÃO","2021-04-01",2.4893339250275601,2.0094747183833102,2.2065015696897601,2.02258255634192,2.3671075612262298,2.1681865962186899]
["EMULSÃO ASFÁLTICA PARA SERVIÇO DE IMPRIMAÇÃO","2021-05-01",2.5603540979658801,2.3435163980556499,2.4579676039360399,2.42672278482293,2.7680441952971302,2.5118451187674999]
["EMULSÃO ASFÁLTICA PARA SERVIÇO DE IMPRIMAÇÃO","2021-06-01",2.59790532033252,2.20699287801735,2.4392551551554398,2.36948999317991,2.65630289651881,2.4059176206771302]
["EMULSÃO ASFÁLTICA PARA SERVIÇO DE IMPRIMAÇÃO","2021-07-01",2.4877789729600099,2.2985659921240602,2.4157101048123502,2.3469507192021601,2.5056567606381801,2.3916177185434599]
["EMULSÃO ASFÁLTICA PARA SERVIÇO DE IMPRIMAÇÃO","2021-08-01",2.74296074520303,2.2921504163658999,2.45817790886887,2.4122336335128098,2.6645593237887599,2.4453203266611001]
["EMULSÃO ASFÁLTICA PARA SERVIÇO DE IMPRIMAÇÃO","2021-09-01",2.7361295292805399,2.3472058621277898,2.5007145940183602,2.4364476848492802,2.7185047802971698,2.4887002947269399]
["EMULSÃO ASFÁLTICA PARA SERVIÇO DE IMPRIMAÇÃO","2021-10-01",2.7711781203321202,2.29979431121764,2.6102565992943201,2.3568543962722002,2.7147784922709599,2.5020403521467598]
["EMULSÃO ASFÁLTICA PARA SERVIÇO DE IMPRIMAÇÃO","2021-11-01",3.2692235431946202,2.4903316498765702,2.7374106313084101,2.68275099639777,3.11938263451888,2.7718410004092502]
["EMULSÃO ASFÁLTICA PARA SERVIÇO DE IMPRIMAÇÃO","2021-12-01",3.0232395197510802,2.4811121239696701,2.8399219184106199,2.7897857359420701,3.0907552560988698,2.7695953079483999]
["EMULSÃO ASFÁLTICA PARA SERVIÇO DE IMPRIMAÇÃO","2022-01-01",3.16666152512878,2.48138777633902,2.7500260733344799,2.8233744563615502,2.8680127154040602,2.7139794918540998]
["EMULSÃO ASFÁLTICA PARA SERVIÇO DE IMPRIMAÇÃO","2022-02-01",3.0130564295865199,2.51154721864821,2.99029021356698,2.8740507177825498,3.2858949624965801,2.7548944818147199]
["EMULSÃO ASFÁLTICA PARA SERVIÇO DE IMPRIMAÇÃO","2022-03-01",2.65306681818182,2.5834505076381,2.9893677349524799,2.9960875739952,3.2109117195300598,2.83877532312431]
["EMULSÃO ASFÁLTICA PARA SERVIÇO DE IMPRIMAÇÃO","2022-04-01",3.1752210021198701,2.9408107035642699,3.3647037660408499,3.0254126235653702,3.3443792665933501,3.13236908635806]
["EMULSÃO ASFÁLTICA PARA SERVIÇO DE IMPRIMAÇÃO","2022-05-01",3.0254911624215999,3.0780428892722802,3.2428600844879498,2.9954721791758301,3.22115479637664,3.1142319039385402]
["EMULSÃO ASFÁLTICA PARA SERVIÇO DE IMPRIMAÇÃO","2022-06-01",3.6042888992827602,2.8092826705882401,3.24215257733462,3.0548692157720301,3.1202498527210101,3.1022324317211201]
["EMULSÃO ASFÁLTICA PARA SERVIÇO DE IMPRIMAÇÃO","2022-07-01",3.4499439039666,3.0348787201779102,3.3563751586174999,3.0616644898099801,3.2482423979123398,3.2208183723553998]
["EMULSÃO ASFÁLTICA PARA SERVIÇO DE IMPRIMAÇÃO","2022-08-01",3.3751389350154999,3.1220525103388699,3.2507862014749702,3.04899168593575,3.0750210139125702,3.1839754819147501]
["EMULSÃO ASFÁLTICA PARA SERVIÇO DE IMPRIMAÇÃO","2022-09-01",3.2297256626561901,2.9600224090719398,3.2255904871979801,3.0296922171785301,2.9285265107581901,3.0928500959824698]
["EMULSÃO ASFÁLTICA PARA SERVIÇO DE IMPRIMAÇÃO","2022-10-01",2.93502309519585,2.9086159784433798,3.1679567346382198,2.8126770393215099,3.01058654182805,2.9896606121757201]
["EMULSÃO ASFÁLTICA PARA SERVIÇO DE IMPRIMAÇÃO","2022-11-01",2.9075154359690001,2.8680256058162499,3.1302584511687499,2.7831191779853302,3.01889291792184,2.9518353931359802]
["EMULSÃO ASFÁLTICA PARA SERVIÇO DE IMPRIMAÇÃO","2022-12-01",3.14608904923639,2.8836224971110198,3.08422760819936,2.6200572645143398,2.9683543685229798,2.94774207296512]
["EMULSÃO ASFÁLTICA PARA SERVIÇO DE IMPRIMAÇÃO","2023-01-01",3.83049295382515,2.6506506503031599,3.7344407531553898,2.93693417043254,2.82373291204404,2.9197665842059899]
["EMULSÃO ASFÁLTICA PARA SERVIÇO DE IMPRIMAÇÃO","2023-02-01",3.4133893972384501,2.4792648831875201,3.1333218813703301,2.6523342416099198,3.1679657370949998,2.8125589134745801]
["EMULSÃO ASFÁLTICA PARA SERVIÇO DE IMPRIMAÇÃO","2023-03-01",3.5901048167945899,2.4145219695785101,2.81836032338509,2.48060247672184,2.5785954413552701,2.60690808071617]
["EMULSÃO ASFÁLTICA PARA SERVIÇO DE IMPRIMAÇÃO","2023-04-01",2.82503129662435,2.5919587799430399,2.6577796107966001,2.58030765480627,2.5932050439301899,2.6128176019535898]
["EMULSÃO ASFÁLTICA PARA SERVIÇO DE IMPRIMAÇÃO","2023-05-01",3.0429693417960801,2.5710268530500802,2.8081399934176901,2.3133460501123801,2.4410065126863301,2.5847333100638301]
["EMULSÃO ASFÁLTICA PARA SERVIÇO DE IMPRIMAÇÃO","2023-06-01",2.9723964454576799,2.2668458757660601,2.6939132050872798,2.2833170288798201,2.53039388478139,2.5360126160424601]
["EMULSÃO ASFÁLTICA PARA SERVIÇO DE IMPRIMAÇÃO","2023-07-01",2.88219847908629,2.2594110713559501,2.7539668765588199,2.2901569172070602,2.5120116433941999,2.55593679784094]
["EMULSÃO ASFÁLTICA PARA SERVIÇO DE IMPRIMAÇÃO","2023-08-01",2.7599007776265299,2.2519800763491,2.7191533246964599,2.24844447207736,2.5402393394585601,2.5142633929458502]
["EMULSÃO ASFÁLTICA PARA SERVIÇO DE IMPRIMAÇÃO","2023-09-01",2.9963490996753102,2.4694270879331901,2.8359607079418798,2.35421057551061,2.5440572242567501,2.6296176286072699]
["EMULSÃO ASFÁLTICA PARA SERVIÇO DE IMPRIMAÇÃO","2023-10-01",2.9069041499660702,2.3466247757107999,2.7833585392391198,2.2449571863691999,2.51616312573602,2.5548858726305199]
["EMULSÃO ASFÁLTICA PARA SERVIÇO DE IMPRIMAÇÃO","2023-11-01",3.01812511747465,2.3975742733603198,2.8357085214027702,2.3057315663117501,2.4853234413729002,2.5726726547338101]
["EMULSÃO ASFÁLTICA PARA SERVIÇO DE IMPRIMAÇÃO","2023-12-01",2.99374280895942,2.26853690691817,2.7311677809768602,2.3025249018134,2.7201461208829798,2.51201082455928]
["EMULSÃO ASFÁLTICA PARA SERVIÇO DE IMPRIMAÇÃO","2024-01-01",3.1576856514478902,2.3099500424127499,2.6017947218421398,2.3588540766402901,2.8025493099670098,2.5373917743397301]
["EMULSÃO ASFÁLTICA PARA SERVIÇO DE IMPRIMAÇÃO","2024-02-01",3.2342645585932099,2.2708615396454501,2.9665520767683198,2.4553468603164799,2.5576459832485301,2.61398795690747]
["EMULSÃO ASFÁLTICA PARA SERVIÇO DE IMPRIMAÇÃO","2024-03-01",2.6702058955338002,2.4236607271309101,2.9815662589960099,2.4739468321703999,2.6390660255654699,2.5783919491563898]
["EMULSÃO ASFÁLTICA PARA SERVIÇO DE IMPRIMAÇÃO","2024-04-01",2.9503289613676,2.3977666569139302,2.7515861276104401,2.4321737260348599,2.5948871731624301,2.5758307695536802]
["EMULSÃO ASFÁLTICA PARA SERVIÇO DE IMPRIMAÇÃO","2024-05-01",2.6731142865479098,2.2813300612065599,2.72930887827743,2.2721972972263198,2.6037438786779199,2.47685494502019]
["EMULSÃO ASFÁLTICA PARA SERVIÇO DE IMPRIMAÇÃO","2024-06-01",2.82722126480876,2.2121181344469898,2.68042572856135,2.3290443651920101,2.72854016754287,2.50039457128049]
["EMULSÃO ASFÁLTICA PARA SERVIÇO DE IMPRIMAÇÃO","2024-07-01",2.8467844628704002,2.3746331376635799,2.7308762651570202,2.2487735151282,2.6711864517833299,2.5167889319488701]
["EMULSÃO ASFÁLTICA PARA SERVIÇO DE IMPRIMAÇÃO","2024-08-01",2.9880259360094601,2.5082052554791701,2.8920587872376302,2.3247020362216402,2.7860967985379701,2.6625485580594099]
["EMULSÃO ASFÁLTICA PARA SERVIÇO DE IMPRIMAÇÃO","2024-09-01",2.8396078200783599,2.56992928316222,2.8469091232319399,2.3683149021816199,2.82017239130957,2.64782398462168]
["EMULSÕES ASF. MOD. POR POLÍMEROS RC1C-E","2009-12-01","***",1.12499746220979,1.50120447025721,1.09007987006208,1.1511301498162301,1.16832425337172]
["EMULSÕES ASF. MOD. POR POLÍMEROS RC1C-E","2010-01-01","***",1.12233633371677,1.4157852740584,1.0761393660013301,1.1651924106492899,1.14675307035021]
["EMULSÕES ASF. MOD. POR POLÍMEROS RC1C-E","2010-02-01","***",1.1344336512451301,1.4143909262474399,1.10240851538951,1.1392542378874499,1.15640772236278]
["EMULSÕES ASF. MOD. POR POLÍMEROS RC1C-E","2010-03-01","***",1.1300057804492101,1.3818383980646001,1.12818973823993,1.13401558518054,1.1480818886759301]
["EMULSÕES ASF. MOD. POR POLÍMEROS RC1C-E","2010-04-01","***",1.1171007272807001,1.2989352979825399,1.1023387644332401,1.2256434109430601,1.1585751896097001]
["EMULSÕES ASF. MOD. POR POLÍMEROS RC1C-E","2010-05-01","***",1.11524798976529,1.2936459694096301,1.09188283255284,1.22166012652026,1.1487503352936299]
["EMULSÕES ASF. MOD. POR POLÍMEROS RC1C-E","2010-06-01","***",1.10612930410162,1.2859711135024801,1.0848081888090699,1.22739985995969,1.16769311824822]
["EMULSÕES ASF. MOD. POR POLÍMEROS RC1C-E","2010-07-01","***",1.10203541645352,1.3083709777081201,1.0671102711288301,1.2302566956844001,1.1417610298543801]
["EMULSÕES ASF. MOD. POR POLÍMEROS RC1C-E","2010-08-01","***",1.14772526224784,1.2130715130143199,1.0671942635545499,1.2287279908781299,1.1263273024146201]
["EMULSÕES ASF. MOD. POR POLÍMEROS RC1C-E","2010-09-01","***",1.1240271988604,1.20482078124449,1.0812034053441899,1.2227587568451801,1.14072925743734]
["EMULSÕES ASF. MOD. POR POLÍMEROS RC1C-E","2010-10-01","***",1.12382505243718,1.24027484192166,1.06296248640754,1.22748940715419,1.16058484218999]
["EMULSÕES ASF. MOD. POR POLÍMEROS RC1C-E","2010-11-01","***",1.1271635553184001,1.2599578586370199,1.08343930049643,1.1524361033248001,1.15197065522968]
["EMULSÕES ASF. MOD. POR POLÍMEROS RC1C-E","2010-12-01","***",1.11803150560569,1.2236586101220801,1.07498380074202,1.0954672327393,1.10823103888343]
["EMULSÕES ASF. MOD. POR POLÍMEROS RC1C-E","2011-01-01","***",1.1461730858179699,1.2363849138491501,1.04157965595653,1.0716663188414299,1.0989677141413701]
["EMULSÕES ASF. MOD. POR POLÍMEROS RC1C-E","2011-02-01","***",1.11643029217719,1.2504619394501799,1.0358900782134799,1.02891226600344,1.0539672213759099]
["EMULSÕES ASF. MOD. POR POLÍMEROS RC1C-E","2011-03-01","***",1.11741188324802,1.3198188749214299,1.04193535986567,1.06793064379089,1.0991659220299701]
["EMULSÕES ASF. MOD. POR POLÍMEROS RC1C-E","2011-04-01","***",1.0929120640569401,1.27771953954897,1.0155519392305301,1.03128785413242,1.0613240023224599]
["EMULSÕES ASF. MOD. POR POLÍMEROS RC1C-E","2011-05-01","***",1.1333055436153801,1.3352801227934601,1.0280165911508401,1.03032838549012,1.08293960487634]
["EMULSÕES ASF. MOD. POR POLÍMEROS RC1C-E","2011-06-01","***",1.0548344565617001,1.19472114640336,0.97101998251654198,1.04533414636349,1.0295728794896399]
["EMULSÕES ASF. MOD. POR POLÍMEROS RC1C-E","2011-07-01","***",1.0103309518664301,1.2503282297918199,0.97315089914352504,1.1184684719284399,1.0488825637407699]
["EMULSÕES ASF. MOD. POR POLÍMEROS RC1C-E","2011-08-01","***",1.02435190171222,1.2951791725231001,0.98326954029948099,1.1885867471062099,1.07882296984193]
["EMULSÕES ASF. MOD. POR POLÍMEROS RC1C-E","2011-09-01","***",0.99319086976320603,1.3285561246995099,1.0054746683238001,1.5680614378750399,1.1857470332937701]
["EMULSÕES ASF. MOD. POR POLÍMEROS RC1C-E","2011-10-01","***",0.98000889615917497,1.1289256101957801,1.05219284275616,1.21461367384771,1.0760154636389601]
["EMULSÕES ASF. MOD. POR POLÍMEROS RC1C-E","2011-11-01","***",0.87861219387367495,1.18702022006749,1.0452327747358301,1.37642073427737,1.1040722078712999]
["EMULSÕES ASF. MOD. POR POLÍMEROS RC1C-E","2011-12-01","***",0.94987084953146605,1.2273952102194401,1.0099211100246801,1.5096180565539301,1.14943162067462]
["EMULSÕES ASF. MOD. POR POLÍMEROS RC1C-E","2012-01-01","***",1.02736437128614,1.2084508605769,1.0538665073903699,1.4359563057531299,1.1360094165805701]
["EMULSÕES ASF. MOD. POR POLÍMEROS RC1C-E","2012-02-01","***",1.02659205868243,1.1916650699723601,1.0564662997690699,1.1224067407600999,1.08228532023754]
["EMULSÕES ASF. MOD. POR POLÍMEROS RC1C-E","2012-03-01","***",1.0515732614997999,1.18662293110179,1.1014503311160799,1.1253747536660601,1.10485504824346]
["EMULSÕES ASF. MOD. POR POLÍMEROS RC1C-E","2012-04-01","***",1.0463841142218,1.26604071525577,1.12023465485799,1.19114509882372,1.1305368706566401]
["EMULSÕES ASF. MOD. POR POLÍMEROS RC1C-E","2012-05-01","***",1.0230424666882301,1.2852652099333499,1.1185578521406501,1.13181831797182,1.1268649057851501]
["EMULSÕES ASF. MOD. POR POLÍMEROS RC1C-E","2012-06-01","***",1.0763058022506,1.2673700579357601,1.13153204375949,1.17066427253814,1.15590374887078]
["EMULSÕES ASF. MOD. POR POLÍMEROS RC1C-E","2012-07-01","***",1.0498189945357601,1.3999638502940099,1.1109503301061801,1.2219652017431299,1.16428742853634]
["EMULSÕES ASF. MOD. POR POLÍMEROS RC1C-E","2012-08-01",1.15500398075241,1.0576747971137801,1.40050617608384,1.07722488979127,1.2146278904057499,1.1343902425561501]
["EMULSÕES ASF. MOD. POR POLÍMEROS RC1C-E","2012-09-01",1.3126953851444301,1.07834722358531,1.37116279750472,1.13513647519572,1.1854630869470799,1.1691538300792901]
["EMULSÕES ASF. MOD. POR POLÍMEROS RC1C-E","2012-10-01",1.3394600000000001,1.08269367495618,1.37488430835917,1.11326808899304,1.25260016321649,1.1668020932768599]
["EMULSÕES ASF. MOD. POR POLÍMEROS RC1C-E","2012-11-01","***",1.1480441404825199,1.3833119896723001,1.1337157660561299,1.241603585492,1.1803426317380099]
["EMULSÕES ASF. MOD. POR POLÍMEROS RC1C-E","2012-12-01",1.40892,1.14730879209257,1.34792914585584,1.11683031383159,1.38863209130395,1.1851309792736899]
["EMULSÕES ASF. MOD. POR POLÍMEROS RC1C-E","2013-01-01","***",1.1068925732799499,1.3186500000000001,1.11227137103233,1.2091053703922101,1.13834070121131]
["EMULSÕES ASF. MOD. POR POLÍMEROS RC1C-E","2013-02-01","***",1.12737088359749,1.42346055471874,1.09655131248738,1.2003659579027799,1.14128953476394]
["EMULSÕES ASF. MOD. POR POLÍMEROS RC1C-E","2013-03-01","***",1.1036774407361001,1.65,1.13069476788181,1.2804810097110599,1.16412144274278]
["EMULSÕES ASF. MOD. POR POLÍMEROS RC1C-E","2013-04-01","***",1.12748045298551,1.5576226186625399,1.1483371713035899,1.3054082575941399,1.1976170730110101]
["EMULSÕES ASF. MOD. POR POLÍMEROS RC1C-E","2013-05-01","***",1.15753591247244,1.5446702955223901,1.1811169914917099,1.30212282376137,1.22154078051366]
["EMULSÕES ASF. MOD. POR POLÍMEROS RC1C-E","2013-06-01","***",1.19160578180425,1.5037569421399699,1.1814021519920299,1.2976378910462301,1.23572244953982]
["EMULSÕES ASF. MOD. POR POLÍMEROS RC1C-E","2013-07-01","***",1.2045938195980801,1.42709942869787,1.21424216691154,1.3365954579975099,1.25227822279892]
["EMULSÕES ASF. MOD. POR POLÍMEROS RC1C-E","2013-08-01","***",1.1865055846713899,1.43408452201808,1.2367312882182699,1.3994277430284301,1.2896922295147999]
["EMULSÕES ASF. MOD. POR POLÍMEROS RC1C-E","2013-09-01","***",1.3049627102297701,1.5172540324291801,1.21774259326955,1.27148718941858,1.28646715476299]
["EMULSÕES ASF. MOD. POR POLÍMEROS RC1C-E","2013-10-01",1.184925,1.29127422266307,1.4717286144183599,1.2210210806292601,1.2904612482814599,1.2919139839934599]
["EMULSÕES ASF. MOD. POR POLÍMEROS RC1C-E","2013-11-01","***",1.3021849410156101,1.45789055226924,1.2358621543808499,1.30453267077609,1.2974252460222]
["EMULSÕES ASF. MOD. POR POLÍMEROS RC1C-E","2013-12-01","***",1.34465672701779,1.53807187521577,1.19835550603439,1.3178727799648999,1.3127753370478099]
["EMULSÕES ASF. MOD. POR POLÍMEROS RC1C-E","2014-01-01","***",1.3135002822629001,1.50907146631913,1.22583289506043,1.3093216405833701,1.2985462925217199]
["EMULSÕES ASF. MOD. POR POLÍMEROS RC1C-E","2014-02-01","***",1.35816670014689,1.51066181782697,1.2649584104491201,1.2799914761739,1.31276695067882]
["EMULSÕES ASF. MOD. POR POLÍMEROS RC1C-E","2014-03-01","***",1.3078937482545301,1.42416903092372,1.2365484449166,1.2641022964487401,1.2931454657264201]
["EMULSÕES ASF. MOD. POR POLÍMEROS RC1C-E","2014-04-01","***",1.35100916769752,1.3913668313841701,1.1859426508248201,1.3038012582427401,1.3179735952924501]
["EMULSÕES ASF. MOD. POR POLÍMEROS RC1C-E","2014-05-01","***",1.34512438030022,1.3838800388803401,1.2475926795069301,1.3925420259611001,1.3478947207454]
["EMULSÕES ASF. MOD. POR POLÍMEROS RC1C-E","2014-06-01","***",1.4457758324498899,1.44436043488378,1.2703546503960601,1.4261621354949201,1.38010121167087]
["EMULSÕES ASF. MOD. POR POLÍMEROS RC1C-E","2014-07-01",1.43131814345992,1.4092881457075499,1.4284587611149,1.27490593783948,1.3920441361296201,1.3631387997118001]
["EMULSÕES ASF. MOD. POR POLÍMEROS RC1C-E","2014-08-01",1.445872,1.3466524710729599,1.4195094611929799,1.2828450374475999,1.3820444534859899,1.34916506450572]
["EMULSÕES ASF. MOD. POR POLÍMEROS RC1C-E","2014-09-01",1.40506666666667,1.4309574847278099,1.5297012623350399,1.34519004844408,1.4085876395858099,1.4251755133913]
["EMULSÕES ASF. MOD. POR POLÍMEROS RC1C-E","2014-10-01",1.43727176352705,1.3694041206410199,1.42755635266623,1.23392951959108,1.35448672816661,1.3428969686808201]
["EMULSÕES ASF. MOD. POR POLÍMEROS RC1C-E","2014-11-01",1.4248429381846599,1.4517914383766,1.49359100909441,1.2407457438937,1.4153330790595,1.41487869062133]
["EMULSÕES ASF. MOD. POR POLÍMEROS RC1C-E","2014-12-01",1.5414115747342101,1.43524968870928,1.52407129983459,1.37488143499755,1.4681536818443299,1.4513922105424499]
["EMULSÕES ASF. MOD. POR POLÍMEROS RC1C-E","2015-01-01",1.6640699999999999,1.74766900802016,1.95346446006075,1.69479615780987,1.7240500473481299,1.7601758112705299]
["EMULSÕES ASF. MOD. POR POLÍMEROS RC1C-E","2015-02-01",2.61246,1.55259352377135,1.9965035807379199,1.4764141552968599,1.73954930492107,1.70583446872251]
["EMULSÕES ASF. MOD. POR POLÍMEROS RC1C-E","2015-03-01",2.36525009585253,1.5210053128671699,1.9856847429182201,1.3858565932493701,1.6223108422814101,1.7150667962788999]
["EMULSÕES ASF. MOD. POR POLÍMEROS RC1C-E","2015-04-01",2.0753699999999999,1.3688307012218499,1.8940614236317801,1.3659499220272899,1.5998860078272401,1.5857109353362799]
["EMULSÕES ASF. MOD. POR POLÍMEROS RC1C-E","2015-05-01","***",1.4357438943754399,1.6709046347806999,1.34939914901185,1.6362412373444499,1.48279887456451]
["EMULSÕES ASF. MOD. POR POLÍMEROS RC1C-E","2015-06-01","***",1.36578072105325,1.6981834063204799,1.3989288537307001,1.60595905192883,1.5038110041169299]
["EMULSÕES ASF. MOD. POR POLÍMEROS RC1C-E","2015-07-01",1.49769,1.39297322952376,1.6790018607561299,1.34184246818144,1.55879857770974,1.4511562252105701]
["EMULSÕES ASF. MOD. POR POLÍMEROS RC1C-E","2015-08-01",1.52042744825187,1.48896566437616,1.6824712031468001,1.32876499302947,1.61637210536408,1.5208139012308599]
["EMULSÕES ASF. MOD. POR POLÍMEROS RC1C-E","2015-09-01",1.6019000000000001,1.63411637544201,1.7166617643584301,1.4419594224894301,1.3044542894025,1.4392199992169501]
["EMULSÕES ASF. MOD. POR POLÍMEROS RC1C-E","2015-10-01","***",1.7773064574534001,2.1424040001345901,1.4295409585401799,1.40170765346382,1.48689511530008]
["EMULSÕES ASF. MOD. POR POLÍMEROS RC1C-E","2015-11-01",1.7646999999999999,1.7929059115805901,2.2065135785117298,1.56096659800173,1.6712810007865,1.7161023512156]
["EMULSÕES ASF. MOD. POR POLÍMEROS RC1C-E","2015-12-01",1.7646999999999999,1.65466151130723,2.1055908130269301,1.54223572163442,1.61668204377953,1.6971454661426499]
["EMULSÕES ASF. MOD. POR POLÍMEROS RC1C-E","2016-01-01",2.99236630152518,1.78088306381018,1.8597592382496,1.5274389908398101,1.81461208824956,1.8182656552440599]
["EMULSÕES ASF. MOD. POR POLÍMEROS RC1C-E","2016-02-01",3.1519942195299802,1.8072458197577299,1.8585771072630599,1.5683904112317799,1.8562801449347599,1.8501229811462501]
["EMULSÕES ASF. MOD. POR POLÍMEROS RC1C-E","2016-03-01",3.28706072800709,1.66664472816205,1.84508216504303,1.5569201404190001,1.79387986650245,1.78739151174232]
["EMULSÕES ASF. MOD. POR POLÍMEROS RC1C-E","2016-04-01",3.4336199999999999,1.8097797060439,1.8886648536344299,1.6650924868449399,1.9426649934017399,1.8690073561913201]
["EMULSÕES ASF. MOD. POR POLÍMEROS RC1C-E","2016-05-01",2.6172200000000001,1.8095122972680899,1.7957424536797,1.6998189818034699,1.97440485831695,1.8182263323507899]
["EMULSÕES ASF. MOD. POR POLÍMEROS RC1C-E","2016-06-01",2.7742499999999999,1.59310276470056,1.8162392698751899,1.6574796173095501,1.97644015792467,1.7634669650030199]
["EMULSÕES ASF. MOD. POR POLÍMEROS RC1C-E","2016-07-01",2.7742499999999999,1.66038166900963,1.89799025387858,1.7104181674960299,1.9516712463267001,1.7943855871012899]
["EMULSÕES ASF. MOD. POR POLÍMEROS RC1C-E","2016-08-01",2.7742499999999999,1.63010980568098,1.8540468573555799,1.76578110346159,2.0064788713112498,1.85179570952442]
["EMULSÕES ASF. MOD. POR POLÍMEROS RC1C-E","2016-09-01",2.9049700000000001,1.70150104559211,1.8390729971195099,1.5794951089273099,1.7359205677285401,1.7244356751366401]
["EMULSÕES ASF. MOD. POR POLÍMEROS RC1C-E","2016-10-01",2.9049700000000001,1.74386419442414,1.8475148134032799,1.6467597117611199,1.76501637526596,1.7890765785745699]
["EMULSÕES ASF. MOD. POR POLÍMEROS RC1C-E","2016-11-01",2.6777598692755,1.6858481303812001,1.8454490332873801,1.57916527553482,1.7697974971268999,1.7313882535270699]
["EMULSÕES ASF. MOD. POR POLÍMEROS RC1C-E","2016-12-01",2.1479395296994102,1.62259438158071,1.8404246841686001,1.4753300640789,1.72725058555754,1.6482371352014999]
["EMULSÕES ASF. MOD. POR POLÍMEROS RC1C-E","2017-01-01",2.4670971346394301,1.68588278275001,1.74416837913108,1.4762617329109999,1.7514871180648499,1.65875309172998]
["EMULSÕES ASF. MOD. POR POLÍMEROS RC1C-E","2017-02-01",2.45651324228028,1.63037203968203,1.7786030910475299,1.44506940830108,1.7260976333620499,1.6120705559221]
["EMULSÕES ASF. MOD. POR POLÍMEROS RC1C-E","2017-03-01",2.6826647224859701,1.5725711890982299,1.7609781511268701,1.46816831322286,1.7369340377331901,1.63246361901236]
["EMULSÕES ASF. MOD. POR POLÍMEROS RC1C-E","2017-04-01",2.47166150191571,1.52844013113365,1.8316258591291401,1.4793744315252599,1.79496928910994,1.65313947717513]
["EMULSÕES ASF. MOD. POR POLÍMEROS RC1C-E","2017-05-01",2.0095589148214601,1.4773517563974401,1.8267142130468501,1.46853614775291,1.7769695352528101,1.6135704045936901]
["EMULSÕES ASF. MOD. POR POLÍMEROS RC1C-E","2017-06-01",1.81883280106066,1.4654575838858901,1.67286756481966,1.4589521963407399,1.7685894079076001,1.5926867145766099]
["EMULSÕES ASF. MOD. POR POLÍMEROS RC1C-E","2017-07-01",1.9267870170144901,1.4889938826790301,1.6800667987378599,1.46243710571281,1.71469795979429,1.6168292986577999]
["EMULSÕES ASF. MOD. POR POLÍMEROS RC1C-E","2017-08-01",1.8100617722749199,1.47188518328297,1.7042857808862799,1.4468612990407099,1.74042700522459,1.60318799466335]
["EMULSÕES ASF. MOD. POR POLÍMEROS RC1C-E","2017-09-01",2.3925010677624399,1.66345739377354,1.7004059180767099,1.4469082192732701,1.70356167066486,1.6321422043773399]
["EMULSÕES ASF. MOD. POR POLÍMEROS RC1C-E","2017-10-01",2.3850507335104201,1.7102944995837199,1.63277677001689,1.43345098927722,1.75171742694838,1.6644549339468899]
["EMULSÕES ASF. MOD. POR POLÍMEROS RC1C-E","2017-11-01",2.40272,1.8225563945277199,1.73437416355143,1.5189248656933501,1.7467060351380099,1.6812596393627299]
["EMULSÕES ASF. MOD. POR POLÍMEROS RC1C-E","2017-12-01","***",1.7769609539473701,1.8191803343786299,1.59283587456947,1.7650567202624099,1.7102603031822099]
["EMULSÕES ASF. MOD. POR POLÍMEROS RC1C-E","2018-01-01","***",1.8265724276189499,1.8568667883804799,1.59335042409556,1.8689203762675799,1.72026584689503]
["EMULSÕES ASF. MOD. POR POLÍMEROS RC1C-E","2018-02-01","***",1.7613824564504399,1.70308942457182,1.6070191772531599,1.8369099304673799,1.6962298570587999]
["EMULSÕES ASF. MOD. POR POLÍMEROS RC1C-E","2018-03-01","***",1.6542475779447201,1.8190898887026501,1.61307933105589,1.8181949218303,1.6950212759079899]
["EMULSÕES ASF. MOD. POR POLÍMEROS RC1C-E","2018-04-01","***",1.6775427874592299,1.8668107783018899,1.6367775418189601,1.8525373552009501,1.7267966144481299]
["EMULSÕES ASF. MOD. POR POLÍMEROS RC1C-E","2018-05-01",2.2947600000000001,1.74775955765915,1.9497870117442699,1.6731898783774,1.9803067712531099,1.7862687932961201]
["EMULSÕES ASF. MOD. POR POLÍMEROS RC1C-E","2018-06-01","***",1.7933672410966499,2.0408467630828402,1.7063401664071201,1.9821130546733099,1.86250422108813]
["EMULSÕES ASF. MOD. POR POLÍMEROS RC1C-E","2018-07-01",2.0163000000000002,1.8826945075978501,2.1324877064785999,1.8943761836636599,2.0641378309065899,2.0139423338950602]
["EMULSÕES ASF. MOD. POR POLÍMEROS RC1C-E","2018-08-01",2.1330150582177101,1.98662788088027,2.2509212878245801,2.0822481923243599,2.1488582948203101,2.1445035604351501]
["EMULSÕES ASF. MOD. POR POLÍMEROS RC1C-E","2018-09-01",2.13885167654235,2.0753034745184,2.21860590824306,2.1962254930178702,2.17422922319472,2.17406410143635]
["EMULSÕES ASF. MOD. POR POLÍMEROS RC1C-E","2018-10-01",2.4091915792519698,2.1057688388845199,1.97532175678378,2.18328131869447,2.1484409206479098,2.0964909042871098]
["EMULSÕES ASF. MOD. POR POLÍMEROS RC1C-E","2018-11-01",2.5652820611285301,2.36935501657543,2.5905753546232901,2.2962242472566698,2.3140427472906602,2.4029002206536898]
["EMULSÕES ASF. MOD. POR POLÍMEROS RC1C-E","2018-12-01",2.3493400000000002,2.3018660590798601,2.3176081549820502,2.3307820501027798,2.3912758532667802,2.3343796861813901]
["EMULSÕES ASF. MOD. POR POLÍMEROS RC1C-E","2019-01-01",2.3312499999999998,2.4228769078777099,2.6617262910494599,2.26983755130559,2.3569698319081001,2.4454807661374698]
["EMULSÕES ASF. MOD. POR POLÍMEROS RC1C-E","2019-02-01","***",2.4552651322426402,2.64863370567618,2.6521840175567601,2.3681202229193299,2.5282471593017499]
["EMULSÕES ASF. MOD. POR POLÍMEROS RC1C-E","2019-03-01","***",2.4194593902545898,2.8288140164284301,2.5014575822334599,2.3943784461345401,2.5406140760548799]
["EMULSÕES ASF. MOD. POR POLÍMEROS RC1C-E","2019-04-01","***",2.4452311385273702,2.8108165135231,2.4641380597654998,2.4976747433675599,2.5797790317898701]
["EMULSÕES ASF. MOD. POR POLÍMEROS RC1C-E","2019-05-01","***",2.4267955912537,2.6468966466671402,2.5045540312717902,2.4780850342871998,2.5380524707969201]
["EMULSÕES ASF. MOD. POR POLÍMEROS RC1C-E","2019-06-01",2.95012575830195,2.4976600804693998,2.5252649626875998,2.5174090670887099,2.5332289166706699,2.5270382433855998]
["EMULSÕES ASF. MOD. POR POLÍMEROS RC1C-E","2019-07-01",2.3374567310606098,2.4251416301236999,2.6035848829442299,2.3528772675337599,2.5200139926034,2.4757854537527901]
["EMULSÕES ASF. MOD. POR POLÍMEROS RC1C-E","2019-08-01",2.0994207871728601,2.3521409830424602,2.5834152101813599,2.2668267100027402,2.4340697918652001,2.35156628686254]
["EMULSÕES ASF. MOD. POR POLÍMEROS RC1C-E","2019-09-01",2.10488971741119,2.29444938876432,2.6670596471640202,2.2493492302794502,2.3989068217023402,2.3559136758416201]
["EMULSÕES ASF. MOD. POR POLÍMEROS RC1C-E","2019-10-01",2.38794824249897,2.2691392158049499,2.68435785108412,2.3123320437277401,2.4141647663965502,2.4021783256685501]
["EMULSÕES ASF. MOD. POR POLÍMEROS RC1C-E","2019-11-01",3.2943041667770898,2.3900935937791501,2.57863858175915,2.2923713239680699,2.4344270528951002,2.4130837746663398]
["EMULSÕES ASF. MOD. POR POLÍMEROS RC1C-E","2019-12-01",2.2023600000000001,2.3345212840272902,2.6329710191317099,2.3493017735483699,2.4640666536509999,2.4139018035272701]
["EMULSÕES ASF. MOD. POR POLÍMEROS RC1C-E","2020-01-01",3.6739999999999999,2.2181605096106098,2.6017392832108301,2.2589791286468199,2.4677743473543301,2.3464003222552798]
["EMULSÕES ASF. MOD. POR POLÍMEROS RC1C-E","2020-02-01","***",2.2861759617636799,2.5420464468695698,2.1435248713043,2.3972244000410798,2.2802186122856898]
["EMULSÕES ASF. MOD. POR POLÍMEROS RC1C-E","2020-03-01","***",2.4240241953311101,2.4255268840103001,2.16330138037068,2.3034302204799402,2.2867149240878999]
["EMULSÕES ASF. MOD. POR POLÍMEROS RC1C-E","2020-04-01","***",2.1124749599713901,2.36083612418948,2.2124679166863999,2.3288215678100102,2.2687727190140001]
["EMULSÕES ASF. MOD. POR POLÍMEROS RC1C-E","2020-05-01","***",2.2371542287733202,2.0240588391351801,2.2246649009664901,2.3469379115161102,2.2307520057985499]
["EMULSÕES ASF. MOD. POR POLÍMEROS RC1C-E","2020-06-01",2.19842,2.12331196858737,2.2859282512739898,2.23851653039979,2.1942374247470999,2.2178467082075102]
["EMULSÕES ASF. MOD. POR POLÍMEROS RC1C-E","2020-07-01",2.1141302870019798,2.1696106349994899,2.3415892762084698,2.2059854781764199,2.3231823849348401,2.2482138291115401]
["EMULSÕES ASF. MOD. POR POLÍMEROS RC1C-E","2020-08-01",2.0930528456981699,2.3137248446338798,2.5084267684367898,2.2870791010583602,2.4287316484283301,2.3556193877773901]
["EMULSÕES ASF. MOD. POR POLÍMEROS RC1C-E","2020-09-01",2.1536471547629299,2.29676061267913,2.52139406886872,2.2744366592762599,2.4182144555035299,2.3526803725743499]
["EMULSÕES ASF. MOD. POR POLÍMEROS RC1C-E","2020-10-01",2.3380701104186099,2.2812309624374199,2.6107033606455001,2.3024063269642299,2.4427651243723898,2.4126324285932998]
["EMULSÕES ASF. MOD. POR POLÍMEROS RC1C-E","2020-11-01",2.4722627299416899,2.4773590457414101,2.7745613479626301,2.4002878892406798,2.5289077492448802,2.5054277244287499]
["EMULSÕES ASF. MOD. POR POLÍMEROS RC1C-E","2020-12-01",2.4139746136819902,2.4581990113082299,2.6860123733952102,2.3985008330583599,2.6064185918295499,2.5227810713093999]
["EMULSÕES ASF. MOD. POR POLÍMEROS RC1C-E","2021-01-01",2.3511752584035701,2.45414779412735,2.8905167226183002,2.46748056519924,2.5991788384998298,2.5405241640864098]
["EMULSÕES ASF. MOD. POR POLÍMEROS RC1C-E","2021-02-01",2.5284502380023399,2.5597974788736302,2.8684150537034001,2.6152167382470699,2.7056078350386099,2.6622912296213799]
["EMULSÕES ASF. MOD. POR POLÍMEROS RC1C-E","2021-03-01",2.5213199999999998,2.5618016569365998,2.9692093517890799,2.6054078507218601,2.6852775259111801,2.6543962049536498]
["EMULSÕES ASF. MOD. POR POLÍMEROS RC1C-E","2021-04-01","***",2.6402189940391101,2.7641888526996499,2.56558786958984,2.7505524324511401,2.6738766405884999]
["EMULSÕES ASF. MOD. POR POLÍMEROS RC1C-E","2021-05-01",4.0621999999999998,3.02812945779359,3.0619746122916198,3.0760313350627699,3.2403922046583302,3.1275986787558798]
["EMULSÕES ASF. MOD. POR POLÍMEROS RC1C-E","2021-06-01",3.2018774977494902,3.2717418672727301,3.0668103470024,3.0542375067647001,3.1087813621984801,3.0851901192079101]
["EMULSÕES ASF. MOD. POR POLÍMEROS RC1C-E","2021-07-01",3.0459508317206101,3.1194337327667601,3.2114184362195801,3.1001280697975102,3.0640252643117298,3.12997473157239]
["EMULSÕES ASF. MOD. POR POLÍMEROS RC1C-E","2021-08-01",3.21732891232881,3.1087859834243701,3.4971362663953598,3.3262876450552699,3.1378006720864202,3.32017997578494]
["EMULSÕES ASF. MOD. POR POLÍMEROS RC1C-E","2021-09-01",3.0314576817948402,3.2060753232180601,3.5059866013403802,3.39694437370339,3.2153024629363398,3.3231791685490299]
["EMULSÕES ASF. MOD. POR POLÍMEROS RC1C-E","2021-10-01",3.0856650238163401,3.2189818822489098,3.4591703630263599,3.2942783257452302,3.3339949792630001,3.2974085465009302]
["EMULSÕES ASF. MOD. POR POLÍMEROS RC1C-E","2021-11-01",3.0288667580044399,3.3941555840590598,3.6929049386169299,3.59490884804607,3.5570574144351199,3.5053760829981702]
["EMULSÕES ASF. MOD. POR POLÍMEROS RC1C-E","2021-12-01",3.3622228515836401,3.39618724896612,3.7730994723045601,3.6122170958686199,3.8132931500728602,3.54827976617893]
["EMULSÕES ASF. MOD. POR POLÍMEROS RC1C-E","2022-01-01",3.4506690059356502,3.47022436850781,3.8188361118939,3.56821816868346,3.74563077546276,3.5970630315271701]
["EMULSÕES ASF. MOD. POR POLÍMEROS RC1C-E","2022-02-01",3.43032,3.6864139104211899,4.08326284243189,3.8834123208541902,3.7991991185342799,3.8113028514685401]
["EMULSÕES ASF. MOD. POR POLÍMEROS RC1C-E","2022-03-01",3.95763725763394,3.6759478078203802,4.0053914266391297,3.8356568091855801,3.9054963598235801,3.83930601759026]
["EMULSÕES ASF. MOD. POR POLÍMEROS RC1C-E","2022-04-01",3.6481522042073702,3.81962091642065,4.2570337679286299,4.0358776958832996,4.1842258413041904,4.0335401468979297]
["EMULSÕES ASF. MOD. POR POLÍMEROS RC1C-E","2022-05-01",3.7789313609525998,4.0566069275485201,4.1492163053848801,3.8317878917391099,3.9077019492898102,3.9754420829226]
["EMULSÕES ASF. MOD. POR POLÍMEROS RC1C-E","2022-06-01",3.7420897076866102,3.8482784087594402,4.0891728366553401,3.81187704498155,4.0654621599264198,3.9537725073391599]
["EMULSÕES ASF. MOD. POR POLÍMEROS RC1C-E","2022-07-01",3.7913976382555798,3.9642035546660801,4.1669607830502304,3.85914067340331,3.9695978036040001,4.0002217812824004]
["EMULSÕES ASF. MOD. POR POLÍMEROS RC1C-E","2022-08-01",3.6861991186155998,4.1020259852744703,4.1155652760214299,3.77267280991498,3.92379243683127,3.9814816952537102]
["EMULSÕES ASF. MOD. POR POLÍMEROS RC1C-E","2022-09-01",3.55842689744664,4.2260592333128502,3.9567116246168599,3.6806676878522602,3.8551209785988099,3.8837379896513999]
["EMULSÕES ASF. MOD. POR POLÍMEROS RC1C-E","2022-10-01",3.5622462957237699,3.8060540368300799,3.60906613230105,3.4834645992112998,3.7759549613404499,3.6087696978759101]
["EMULSÕES ASF. MOD. POR POLÍMEROS RC1C-E","2022-11-01",3.6595493871934299,4.0486058436244496,3.9160063511769598,3.5016385492511799,3.6481102649496,3.7892140747457201]
["EMULSÕES ASF. MOD. POR POLÍMEROS RC1C-E","2022-12-01",3.5069335796353598,4.0045537702534304,3.8505299276999301,3.4750259796404102,3.6180403202415801,3.7605520042353699]
["EMULSÕES ASF. MOD. POR POLÍMEROS RC1C-E","2023-01-01",3.4736174796900401,3.49981880856101,3.5830110296085902,3.3157932760782001,3.5328230115160402,3.4501689238461202]
["EMULSÕES ASF. MOD. POR POLÍMEROS RC1C-E","2023-02-01",3.4813048283791801,3.43579825939945,3.7779110493421202,3.25783363260773,3.3240351239409498,3.4728869589765798]
["EMULSÕES ASF. MOD. POR POLÍMEROS RC1C-E","2023-03-01",4.2333559605323003,3.3612850345705101,3.6757527403977499,3.2408996877544101,3.07817731325233,3.3687089268388801]
["EMULSÕES ASF. MOD. POR POLÍMEROS RC1C-E","2023-04-01",3.1256858314196299,3.2173679081671098,3.5564243264137501,3.2739829701817502,3.2133709613797898,3.3334662549669098]
["EMULSÕES ASF. MOD. POR POLÍMEROS RC1C-E","2023-05-01",2.95589899935921,3.2987128104021699,3.4851641439389298,3.27537178779074,3.1359499359473899,3.3162709069279801]
["EMULSÕES ASF. MOD. POR POLÍMEROS RC1C-E","2023-06-01",2.9036140918970701,3.2454031131672099,3.3302020689090801,3.11180545748502,3.0731401981373399,3.2039913910368698]
["EMULSÕES ASF. MOD. POR POLÍMEROS RC1C-E","2023-07-01",3.09610288465954,3.4058632927015302,3.4294210208271898,3.0143352534069798,3.1028822952297399,3.2933831547783798]
["EMULSÕES ASF. MOD. POR POLÍMEROS RC1C-E","2023-08-01",2.9920521495576402,3.3165703171359802,3.4754428670194999,3.0664980455249902,3.09372706681371,3.2870146874295001]
["EMULSÕES ASF. MOD. POR POLÍMEROS RC1C-E","2023-09-01",3.4922599795810298,3.5027549681021202,3.6023484454768702,3.2048241336599101,3.2642715574999799,3.4477896436705802]
["EMULSÕES ASF. MOD. POR POLÍMEROS RC1C-E","2023-10-01",3.49182510263701,3.4758875818411901,3.5094414870526598,3.1777668949828102,3.18118887156903,3.3903638407088899]
["EMULSÕES ASF. MOD. POR POLÍMEROS RC1C-E","2023-11-01",3.6378074306816601,3.53409466301895,3.7065224135686798,3.29589615895864,3.22369862648871,3.5017359100454502]
["EMULSÕES ASF. MOD. POR POLÍMEROS RC1C-E","2023-12-01",3.3841284662089501,3.41365894298026,3.6226180146557598,3.2251409299024698,3.2459044920563001,3.39528099588569]
["EMULSÕES ASF. MOD. POR POLÍMEROS RC1C-E","2024-01-01",3.2954800020648398,3.3442107807941102,3.6079101573097199,3.0738161367120802,3.2290896707088099,3.3024097721637502]
["EMULSÕES ASF. MOD. POR POLÍMEROS RC1C-E","2024-02-01",3.1301100000000002,3.2996251027768801,3.4071522196770299,2.9759034287847301,3.2488810589423802,3.23273653093313]
["EMULSÕES ASF. MOD. POR POLÍMEROS RC1C-E","2024-03-01",2.9363460756529598,3.20173365670564,3.4212294537372401,3.0501459278824501,3.2737435195350399,3.23558272244808]
["EMULSÕES ASF. MOD. POR POLÍMEROS RC1C-E","2024-04-01",2.9489193700804699,3.2997466249588099,3.4798907796477501,3.0454251975516198,3.2925890868577299,3.3043486919272298]
["EMULSÕES ASF. MOD. POR POLÍMEROS RC1C-E","2024-05-01",3.1347159445434198,3.2396704099523101,3.54932138017042,3.1991286506755601,3.3268555246004099,3.3350013217934098]
["EMULSÕES ASF. MOD. POR POLÍMEROS RC1C-E","2024-06-01",3.2058456844788301,3.19601581015257,3.48577209355875,3.0586563904273798,3.3163928964019802,3.2734477866974498]
["EMULSÕES ASF. MOD. POR POLÍMEROS RC1C-E","2024-07-01",3.4146056923555599,3.4977969409362002,3.72262514745896,3.1526903133655901,3.4113421367872401,3.4697480201061501]
["EMULSÕES ASF. MOD. POR POLÍMEROS RC1C-E","2024-08-01",3.5612653175198998,3.6985304616164201,3.7677087691451798,3.3904894842290898,3.6480381907482302,3.6416563266984801]
["EMULSÕES ASF. MOD. POR POLÍMEROS RC1C-E","2024-09-01",3.7588472111073101,3.6713717478773602,3.73495953577955,3.45779786366132,3.5436022813324102,3.6357614474236]
["EMULSÕES ASF. MOD. POR POLÍMEROS RL1C-E","2009-12-01","***",1.02372,1.53202879700688,1.0725852722820799,1.1873441293337299,1.1884002443380901]
["EMULSÕES ASF. MOD. POR POLÍMEROS RL1C-E","2010-01-01","***",1.05856433806985,1.4833595426561099,1.1766507736060701,1.2098515572105499,1.1402030226886699]
["EMULSÕES ASF. MOD. POR POLÍMEROS RL1C-E","2010-02-01","***",1.06011115507641,1.4253430398132501,1.2112000000000001,1.20878747059735,1.1747844091925901]
["EMULSÕES ASF. MOD. POR POLÍMEROS RL1C-E","2010-03-01","***",1.0742376646810099,1.36958065070455,"***",1.17885794195972,1.1462039723038999]
["EMULSÕES ASF. MOD. POR POLÍMEROS RL1C-E","2010-04-01","***",1.0317613108166299,1.2738615472013399,"***",1.19918736935819,1.1410236341851501]
["EMULSÕES ASF. MOD. POR POLÍMEROS RL1C-E","2010-05-01","***",1.02493044551243,1.3160093515283799,"***",1.20810292457739,1.165757941586]
["EMULSÕES ASF. MOD. POR POLÍMEROS RL1C-E","2010-06-01","***",1.0631043347298801,1.2678403583106399,0.85331938903295201,1.18154741952246,1.16926509348378]
["EMULSÕES ASF. MOD. POR POLÍMEROS RL1C-E","2010-07-01","***",1.03014124537514,1.3396218082417699,0.88133898263798904,1.1348330934197599,1.08753193041937]
["EMULSÕES ASF. MOD. POR POLÍMEROS RL1C-E","2010-08-01","***",1.0008433118581199,1.25323885584698,0.89367908611778102,1.1360307643913501,1.1020851863058101]
["EMULSÕES ASF. MOD. POR POLÍMEROS RL1C-E","2010-09-01","***",1.02448110045457,1.2191567172093201,0.91600206581139898,1.15328133968882,1.0868293583499]
["EMULSÕES ASF. MOD. POR POLÍMEROS RL1C-E","2010-10-01","***",0.99910381474841403,1.2534287378104101,0.91820793844492499,1.13739392899826,1.1015761791935199]
["EMULSÕES ASF. MOD. POR POLÍMEROS RL1C-E","2010-11-01","***",0.99885257357077795,1.3123021757622799,0.94102762594718703,1.0996379941987799,1.0879306559197099]
["EMULSÕES ASF. MOD. POR POLÍMEROS RL1C-E","2010-12-01","***",1.0231396751339801,1.30052022630193,0.91044259282444495,1.12768975608433,1.1198107633790599]
["EMULSÕES ASF. MOD. POR POLÍMEROS RL1C-E","2011-01-01","***",1.06846,1.2599507571965001,0.91578308182784296,1.0876344415450501,1.0829109222756099]
["EMULSÕES ASF. MOD. POR POLÍMEROS RL1C-E","2011-02-01","***",1.04683883590308,1.27891255451713,1.1173999999999999,1.0867935045916399,1.10150046394676]
["EMULSÕES ASF. MOD. POR POLÍMEROS RL1C-E","2011-03-01","***",1.0460136032535701,1.1934748785554501,0.99345000000000006,1.0815850919791701,1.07787457508507]
["EMULSÕES ASF. MOD. POR POLÍMEROS RL1C-E","2011-04-01","***",0.95189000000000001,1.1650715850256499,0.89339999999999997,1.0602631704160399,1.0759705966281401]
["EMULSÕES ASF. MOD. POR POLÍMEROS RL1C-E","2011-05-01","***",1.02355,1.16605635132695,1.0630999999999999,1.09033366092263,1.1091373603811501]
["EMULSÕES ASF. MOD. POR POLÍMEROS RL1C-E","2011-06-01","***",1.00377289232968,1.13942556846094,1.0609999999999999,1.0993444397401699,1.08799291388611]
["EMULSÕES ASF. MOD. POR POLÍMEROS RL1C-E","2011-07-01","***",0.98571022166029199,1.0900742239880801,1.0712591127453901,1.1018255326189701,1.05904637892614]
["EMULSÕES ASF. MOD. POR POLÍMEROS RL1C-E","2011-08-01","***",0.94731756454426597,1.17469025399079,0.98680393507410002,1.0721306054655,1.0598281922072099]
["EMULSÕES ASF. MOD. POR POLÍMEROS RL1C-E","2011-09-01","***","***",1.11943947298185,1.0455405689277899,1.10816434480589,1.1082915971565499]
["EMULSÕES ASF. MOD. POR POLÍMEROS RL1C-E","2011-10-01","***",0.91261416114011595,1.08694315893563,0.87043494070053795,1.1025805803126101,1.06906167484043]
["EMULSÕES ASF. MOD. POR POLÍMEROS RL1C-E","2011-11-01","***",0.96307110328638501,1.0956991098062401,0.82738093228115295,1.13490482878934,1.08832049265173]
["EMULSÕES ASF. MOD. POR POLÍMEROS RL1C-E","2011-12-01","***",0.87379249716958396,1.09670031353882,1.0433358486325699,1.1588617784986299,1.1092314194655899]
["EMULSÕES ASF. MOD. POR POLÍMEROS RL1C-E","2012-01-01","***","***",1.08777384102279,1.04618839590444,1.0858484249456199,1.07627433910864]
["EMULSÕES ASF. MOD. POR POLÍMEROS RL1C-E","2012-02-01","***","***",1.1836433061778699,"***",1.070906533489,1.08364471215434]
["EMULSÕES ASF. MOD. POR POLÍMEROS RL1C-E","2012-03-01","***","***",1.08428804030155,"***",1.10598141270474,1.09869704131771]
["EMULSÕES ASF. MOD. POR POLÍMEROS RL1C-E","2012-04-01","***","***",1.1095409232381701,"***",1.1891202597675199,1.1323532602873101]
["EMULSÕES ASF. MOD. POR POLÍMEROS RL1C-E","2012-05-01","***",0.94464999999999999,1.0985139076863899,1.0165,1.1673181224093301,1.1063662681290201]
["EMULSÕES ASF. MOD. POR POLÍMEROS RL1C-E","2012-06-01","***",0.96163194501718197,1.1610579314645799,1.0449486045869001,1.1351775865842599,1.1495860253379]
["EMULSÕES ASF. MOD. POR POLÍMEROS RL1C-E","2012-07-01","***",0.95782,1.20186631720652,1.0507806641053801,1.0943033887453999,1.1774784353543699]
["EMULSÕES ASF. MOD. POR POLÍMEROS RL1C-E","2012-08-01","***","***",1.2327306087545,0.99990000000000001,1.1369150781755899,1.21083986631467]
["EMULSÕES ASF. MOD. POR POLÍMEROS RL1C-E","2012-09-01","***",1.06264,1.24210901506649,1.0613484135009601,1.13718576429012,1.2218442919201999]
["EMULSÕES ASF. MOD. POR POLÍMEROS RL1C-E","2012-10-01","***",1.06264,1.2356809522188199,1.0208371123311899,1.14673942871428,1.18518694672476]
["EMULSÕES ASF. MOD. POR POLÍMEROS RL1C-E","2012-11-01","***","***",1.25161651784923,1.0393833142939899,1.1776342498799499,1.15573267567824]
["EMULSÕES ASF. MOD. POR POLÍMEROS RL1C-E","2012-12-01","***","***",1.26080665005125,0.92764503297442802,1.1125656335509,1.0706652442940101]
["EMULSÕES ASF. MOD. POR POLÍMEROS RL1C-E","2013-01-01","***",0.91137000000000001,1.1786000000000001,0.99685999999999997,1.1580527418864699,1.09044609557522]
["EMULSÕES ASF. MOD. POR POLÍMEROS RL1C-E","2013-02-01","***","***",1.08151613315284,1.1008590455105101,1.1231977079541,1.1050251623562599]
["EMULSÕES ASF. MOD. POR POLÍMEROS RL1C-E","2013-03-01","***",0.91446000000000005,1.0062090809806501,1.08684896313199,1.1539998541265499,1.0661443555257]
["EMULSÕES ASF. MOD. POR POLÍMEROS RL1C-E","2013-04-01","***",0.91446200406917599,1.1475921826932001,1.06400572837299,1.2329232492304401,1.12373083091149]
["EMULSÕES ASF. MOD. POR POLÍMEROS RL1C-E","2013-05-01","***",1.0515300000000001,1.1847372746365901,1.0685726644298801,1.3428819771132701,1.1470955183867799]
["EMULSÕES ASF. MOD. POR POLÍMEROS RL1C-E","2013-06-01","***","***",1.18451575300541,1.1283487636984999,1.29492310387865,1.1656755304300299]
["EMULSÕES ASF. MOD. POR POLÍMEROS RL1C-E","2013-07-01","***",0.996,1.1975379437520399,1.12380053127929,1.2241393749368701,1.1628061949169399]
["EMULSÕES ASF. MOD. POR POLÍMEROS RL1C-E","2013-08-01","***",0.99602508029468495,1.2494124699445399,1.1381202124825101,1.31140371070456,1.2008906508938499]
["EMULSÕES ASF. MOD. POR POLÍMEROS RL1C-E","2013-09-01","***",1.1312323170283201,1.2520634154815899,1.1853845557046101,1.35304437193919,1.2345506473113601]
["EMULSÕES ASF. MOD. POR POLÍMEROS RL1C-E","2013-10-01","***",1.1170576754599399,1.19456345530638,1.1288564182235401,1.3929916235481801,1.1954086202523599]
["EMULSÕES ASF. MOD. POR POLÍMEROS RL1C-E","2013-11-01","***",1.1294503123764299,1.2519725951049701,1.17196572419677,1.37266707393244,1.25415063206968]
["EMULSÕES ASF. MOD. POR POLÍMEROS RL1C-E","2013-12-01","***",1.1294500000000001,1.29899920063526,1.15737138840232,1.28797340918211,1.2754914845247101]
["EMULSÕES ASF. MOD. POR POLÍMEROS RL1C-E","2014-01-01","***",1.1427700000000001,1.3723949379063001,1.2065040179659301,1.2560600893632099,1.2796878995334899]
["EMULSÕES ASF. MOD. POR POLÍMEROS RL1C-E","2014-02-01","***",1.1435999999999999,1.22997570859613,1.0373113472047699,1.2104255884820401,1.1626653722061899]
["EMULSÕES ASF. MOD. POR POLÍMEROS RL1C-E","2014-03-01","***",1.0318791973792001,1.23039932883523,0.88554223733187798,1.22022211098083,1.11592925794139]
["EMULSÕES ASF. MOD. POR POLÍMEROS RL1C-E","2014-04-01","***",0.90585623119706704,1.2149793114112599,0.92704144131777599,1.2350792663712999,1.1359471071960401]
["EMULSÕES ASF. MOD. POR POLÍMEROS RL1C-E","2014-05-01","***",1.2575226858047699,1.26972506390299,1.1120662833189101,1.2355571974202699,1.24506862691688]
["EMULSÕES ASF. MOD. POR POLÍMEROS RL1C-E","2014-06-01","***",1.41827972600805,1.26734193029139,1.0924872267518499,1.26617093472429,1.257600567608]
["EMULSÕES ASF. MOD. POR POLÍMEROS RL1C-E","2014-07-01",1.3551990909090901,1.2211681745416301,1.1032238759689901,0.95883557624879701,1.28049935406091,1.1086851890767699]
["EMULSÕES ASF. MOD. POR POLÍMEROS RL1C-E","2014-08-01",1.5751900000000001,1.0261367597896001,1.00149990506685,0.92555602109905699,1.3060651703989901,1.0159736662629]
["EMULSÕES ASF. MOD. POR POLÍMEROS RL1C-E","2014-09-01","***",1.2340196189458601,1.26976946584893,0.93070352203777895,1.2957578748734599,1.25070849302765]
["EMULSÕES ASF. MOD. POR POLÍMEROS RL1C-E","2014-10-01",0.89761999999999997,1.13228579540203,1.1353704149636199,0.98688067924018696,1.2213153519500899,1.1171651157108]
["EMULSÕES ASF. MOD. POR POLÍMEROS RL1C-E","2014-11-01",0.90525422756857099,1.0102064800935899,1.1436818341108701,1.03475676792224,1.23729763971549,1.1227517123499899]
["EMULSÕES ASF. MOD. POR POLÍMEROS RL1C-E","2014-12-01",0.99155000000000004,1.62385563641764,1.1079518408519999,1.31986772499216,1.3846824844893699,1.1692689852378499]
["EMULSÕES ASF. MOD. POR POLÍMEROS RL1C-E","2015-01-01","***",1.77830580418935,1.5561981455564899,1.20302,1.2411163247657899,1.5202013773123999]
["EMULSÕES ASF. MOD. POR POLÍMEROS RL1C-E","2015-02-01","***",1.49,1.2777296307744399,1.5636399999999999,1.5058953171659499,1.37085030952104]
["EMULSÕES ASF. MOD. POR POLÍMEROS RL1C-E","2015-03-01","***",1.37090535762823,1.3892457247013801,1.56853,1.31797092297262,1.36411314209016]
["EMULSÕES ASF. MOD. POR POLÍMEROS RL1C-E","2015-04-01","***",1.22347869895193,1.5086420250719299,1.5361199999999999,1.42247020857229,1.40280493041073]
["EMULSÕES ASF. MOD. POR POLÍMEROS RL1C-E","2015-05-01","***",1.19593483776205,1.4442483338009999,1.4889499559424899,1.40427372304854,1.4296351374724501]
["EMULSÕES ASF. MOD. POR POLÍMEROS RL1C-E","2015-06-01","***","***",1.4436429114437199,1.5652600000000001,1.2760637018271801,1.3871328278489199]
["EMULSÕES ASF. MOD. POR POLÍMEROS RL1C-E","2015-07-01","***",1.86,1.1767506854349401,1.10297216882706,1.21868311373363,1.1926282196481199]
["EMULSÕES ASF. MOD. POR POLÍMEROS RL1C-E","2015-08-01","***","***",1.50629502001983,1.2201866003105999,1.3974525874055901,1.47559432602019]
["EMULSÕES ASF. MOD. POR POLÍMEROS RL1C-E","2015-09-01",1.5380985564212599,"***",1.49765239441692,1.28326472765771,1.3325103389830499,1.4713935424108999]
["EMULSÕES ASF. MOD. POR POLÍMEROS RL1C-E","2015-10-01",1.5396269727967999,1.2050875761689299,1.5299030718876001,1.1300515825449,1.5969199999999999,1.4358391347395401]
["EMULSÕES ASF. MOD. POR POLÍMEROS RL1C-E","2015-11-01",1.70207,1.7858595718574599,1.80879359708831,1.6165712852807801,1.67411,1.7531095933060401]
["EMULSÕES ASF. MOD. POR POLÍMEROS RL1C-E","2015-12-01",1.7815984279338399,"***",1.7082612294228501,1.74004048435273,1.4354612531098601,1.7101024379973]
["EMULSÕES ASF. MOD. POR POLÍMEROS RL1C-E","2016-01-01","***","***",1.7428976843664401,1.2707541606648201,1.4631744138965299,1.4628378597924101]
["EMULSÕES ASF. MOD. POR POLÍMEROS RL1C-E","2016-02-01",1.64945016949153,"***",1.5879340297453399,1.6785759904249,1.6273618047406699,1.6130966812411101]
["EMULSÕES ASF. MOD. POR POLÍMEROS RL1C-E","2016-03-01",1.6285464620346799,"***",1.71725456544276,1.5488984309623399,1.35365,1.6878617735699599]
["EMULSÕES ASF. MOD. POR POLÍMEROS RL1C-E","2016-04-01",1.67350150997151,2.37,1.95558949252067,"***",1.54168325401668,1.92025312531377]
["EMULSÕES ASF. MOD. POR POLÍMEROS RL1C-E","2016-05-01",1.6943673673036099,"***",1.9866646248415201,1.59203424337621,1.7001699090773601,1.7926031482698099]
["EMULSÕES ASF. MOD. POR POLÍMEROS RL1C-E","2016-06-01",1.64098449833912,"***",2.0489585514061099,1.51880381587987,1.59189089277128,1.7569017317193201]
["EMULSÕES ASF. MOD. POR POLÍMEROS RL1C-E","2016-07-01",1.6417052606929601,"***",2.0133568501586501,1.43980942060614,1.4557978095022299,1.71238688840279]
["EMULSÕES ASF. MOD. POR POLÍMEROS RL1C-E","2016-08-01",1.68981234066147,"***",1.9006425267419,1.49489101021663,1.4560500000000001,1.7865810387402701]
["EMULSÕES ASF. MOD. POR POLÍMEROS RL1C-E","2016-09-01",1.46652057853768,"***",1.7634790837596901,1.4484578613046999,1.371,1.6775573362278999]
["EMULSÕES ASF. MOD. POR POLÍMEROS RL1C-E","2016-10-01",1.42183819018068,1.45,1.8214070417599399,2.1332006929818998,1.371,1.77924254506109]
["EMULSÕES ASF. MOD. POR POLÍMEROS RL1C-E","2016-11-01",1.43159491677241,"***",2.29057699099141,1.9188216083230301,1.371,2.18802847457401]
["EMULSÕES ASF. MOD. POR POLÍMEROS RL1C-E","2016-12-01","***","***",2.1212619321389998,1.8762455214723901,1.3709784314568101,2.0058506686384701]
["EMULSÕES ASF. MOD. POR POLÍMEROS RL1C-E","2017-01-01","***","***",2.3381669244238998,1.94046029220779,1.37097,2.0445144983802401]
["EMULSÕES ASF. MOD. POR POLÍMEROS RL1C-E","2017-02-01","***","***",2.0834266814612499,2.2105811094265602,1.37097,2.0984078736021399]
["EMULSÕES ASF. MOD. POR POLÍMEROS RL1C-E","2017-03-01","***","***",2.2534733621409502,2.2575663935238701,1.37097,2.06080859087478]
["EMULSÕES ASF. MOD. POR POLÍMEROS RL1C-E","2017-04-01","***","***",2.4231083170994201,2.0476681668672301,1.3665799999999999,2.1981441615421198]
["EMULSÕES ASF. MOD. POR POLÍMEROS RL1C-E","2017-05-01",1.3653200000000001,"***",2.1939963383485002,2.1691381043784599,1.3665799999999999,1.96303810674746]
["EMULSÕES ASF. MOD. POR POLÍMEROS RL1C-E","2017-06-01",1.37872722246951,"***",2.18126427380989,1.8735071761322799,"***",2.0261925595716699]
["EMULSÕES ASF. MOD. POR POLÍMEROS RL1C-E","2017-07-01",1.37233,"***",2.1024764568534602,1.7797273981611501,"***",2.0559084473949301]
["EMULSÕES ASF. MOD. POR POLÍMEROS RL1C-E","2017-08-01","***","***",1.9042397207311299,2.1384462953462799,"***",1.9085097781760501]
["EMULSÕES ASF. MOD. POR POLÍMEROS RL1C-E","2017-09-01",1.38057568696045,"***",2.0671421431496602,2.0418639999782,"***",2.0376404485622599]
["EMULSÕES ASF. MOD. POR POLÍMEROS RL1C-E","2017-10-01",1.41238874920365,"***",2.0408992667471302,2.24841138146299,"***",2.0695592481067302]
["EMULSÕES ASF. MOD. POR POLÍMEROS RL1C-E","2017-11-01",1.4712700000000001,1.55925,2.1338326546177799,2.2470739929002099,"***",2.1078730343187102]
["EMULSÕES ASF. MOD. POR POLÍMEROS RL1C-E","2017-12-01",1.4712700000000001,1.55925,2.1898316519877699,2.3804582183908001,"***",2.1280098010294699]
["EMULSÕES ASF. MOD. POR POLÍMEROS RL1C-E","2018-01-01","***","***",1.61456661494328,"***","***",1.61456661494328]
["EMULSÕES ASF. MOD. POR POLÍMEROS RL1C-E","2018-02-01","***","***",1.5872762062718599,"***","***",1.5872762062718599]
["EMULSÕES ASF. MOD. POR POLÍMEROS RL1C-E","2018-03-01","***","***",1.6476296609202401,"***","***",1.6476296609202401]
["EMULSÕES ASF. MOD. POR POLÍMEROS RL1C-E","2018-04-01","***","***",1.6252411006218801,1.6180600000000001,"***",1.6246885083001501]
["EMULSÕES ASF. MOD. POR POLÍMEROS RL1C-E","2018-05-01","***","***",1.58774896379801,"***","***",1.58774896379801]
["EMULSÕES ASF. MOD. POR POLÍMEROS RL1C-E","2018-06-01","***","***",1.8329303347374499,"***","***",1.8329303347374499]
["EMULSÕES ASF. MOD. POR POLÍMEROS RL1C-E","2018-07-01","***","***",1.90748023170014,2.3034400000000002,"***",1.9439239470343599]
["EMULSÕES ASF. MOD. POR POLÍMEROS RL1C-E","2018-08-01",1.927,"***",2.0378398860593898,"***","***",2.03585279595434]
["EMULSÕES ASF. MOD. POR POLÍMEROS RL1C-E","2018-09-01","***","***",2.1855527269408102,"***","***",2.1855527269408102]
["EMULSÕES ASF. MOD. POR POLÍMEROS RL1C-E","2018-10-01","***",1.9805600000000001,2.0937629132932698,1.968,"***",2.0864472267643501]
["EMULSÕES ASF. MOD. POR POLÍMEROS RL1C-E","2018-11-01","***",2.2325599999999999,2.3583192448645902,2.1648000000000001,"***",2.3352712410487602]
["EMULSÕES ASF. MOD. POR POLÍMEROS RL1C-E","2018-12-01","***",2.0299999999999998,2.0715596498970301,"***","***",2.0518467754407701]
["EMULSÕES ASF. MOD. POR POLÍMEROS RL1C-E","2019-01-01","***",2.2325599999999999,2.36386575873588,"***","***",2.3505173582170098]
["EMULSÕES ASF. MOD. POR POLÍMEROS RL1C-E","2019-02-01","***","***",2.5128929826950799,"***",2.18248,2.5122325265851102]
["EMULSÕES ASF. MOD. POR POLÍMEROS RL1C-E","2019-03-01","***","***",2.5525698418345799,"***","***",2.5525698418345799]
["EMULSÕES ASF. MOD. POR POLÍMEROS RL1C-E","2019-04-01","***","***",2.5190075848513902,"***","***",2.5190075848513902]
["EMULSÕES ASF. MOD. POR POLÍMEROS RL1C-E","2019-05-01","***","***",2.5947528566365401,"***","***",2.5947528566365401]
["EMULSÕES ASF. MOD. POR POLÍMEROS RL1C-E","2019-06-01","***","***",2.5756834778351099,"***","***",2.5756834778351099]
["EMULSÕES ASF. MOD. POR POLÍMEROS RL1C-E","2019-07-01","***","***",2.6339024480259101,"***",3.6011199999999999,2.6364637316950499]
["EMULSÕES ASF. MOD. POR POLÍMEROS RL1C-E","2019-08-01","***","***",2.4591963360555602,"***","***",2.4591963360555602]
["EMULSÕES ASF. MOD. POR POLÍMEROS RL1C-E","2019-09-01","***","***",2.6096139014429101,"***","***",2.6096139014429101]
["EMULSÕES ASF. MOD. POR POLÍMEROS RL1C-E","2019-10-01","***","***",2.5862927960994502,1.92757159839986,"***",2.4161527455076399]
["EMULSÕES ASF. MOD. POR POLÍMEROS RL1C-E","2019-11-01",2.05905,1.9530000000000001,2.3441758462607099,1.9105700000000001,"***",2.1984066684253398]
["EMULSÕES ASF. MOD. POR POLÍMEROS RL1C-E","2019-12-01","***","***",2.3397363832377001,1.91726,"***",2.26082075791855]
["EMULSÕES ASF. MOD. POR POLÍMEROS RL1C-E","2020-01-01","***","***",2.65401,2.1825000000000001,"***",2.5109614585764302]
["EMULSÕES ASF. MOD. POR POLÍMEROS RL1C-E","2020-02-01","***","***","***","***","***","***"]
["EMULSÕES ASF. MOD. POR POLÍMEROS RL1C-E","2020-03-01","***","***",2.22987596936213,"***","***",2.22987596936213]
["EMULSÕES ASF. MOD. POR POLÍMEROS RL1C-E","2020-04-01","***","***",2.2285900000000001,"***","***",2.2285900000000001]
["EMULSÕES ASF. MOD. POR POLÍMEROS RL1C-E","2020-05-01","***","***",2.2617554714330899,"***",3.6011199999999999,2.2664423333450001]
["EMULSÕES ASF. MOD. POR POLÍMEROS RL1C-E","2020-06-01","***","***",2.1753930715782999,"***","***",2.1753930715782999]
["EMULSÕES ASF. MOD. POR POLÍMEROS RL1C-E","2020-07-01","***",1.8629510593779499,2.1324940838833499,"***","***",2.06476574962897]
["EMULSÕES ASF. MOD. POR POLÍMEROS RL1C-E","2020-08-01",2.1328382901443401,2.0277004935438501,2.2073144364456301,2.0217100000000001,"***",2.1405328169161302]
["EMULSÕES ASF. MOD. POR POLÍMEROS RL1C-E","2020-09-01",2.1584296998864398,2.01636907412394,2.1926145187808102,2.0217100000000001,3.2737500000000002,2.11987934000059]
["EMULSÕES ASF. MOD. POR POLÍMEROS RL1C-E","2020-10-01",2.35676,1.96641,2.18525907645137,"***","***",2.1072666796295998]
["EMULSÕES ASF. MOD. POR POLÍMEROS RL1C-E","2020-11-01",2.1065900000000002,2.0308385185400799,2.27237469866352,"***","***",2.1886718917941299]
["EMULSÕES ASF. MOD. POR POLÍMEROS RL1C-E","2020-12-01",2.10276,2.0997957894072101,2.3340289443633599,"***","***",2.1719404278970398]
["EMULSÕES ASF. MOD. POR POLÍMEROS RL1C-E","2021-01-01","***",2.1425214332020102,2.4850383228173101,"***","***",2.2293999728301301]
["EMULSÕES ASF. MOD. POR POLÍMEROS RL1C-E","2021-02-01","***",2.2131132812704002,2.6752508830364099,"***","***",2.29087744748333]
["EMULSÕES ASF. MOD. POR POLÍMEROS RL1C-E","2021-03-01","***",2.22660909444234,2.323701717229,"***",4.8924399999999997,2.2516948170922801]
["EMULSÕES ASF. MOD. POR POLÍMEROS RL1C-E","2021-04-01","***",2.2226347534928101,2.3774873387920601,"***","***",2.2809558804943402]
["EMULSÕES ASF. MOD. POR POLÍMEROS RL1C-E","2021-05-01","***",2.64081508675216,2.82012491831683,"***","***",2.77825040003794]
["EMULSÕES ASF. MOD. POR POLÍMEROS RL1C-E","2021-06-01",2.7941048126858301,2.7219822776021299,2.7303304115547302,"***",5.8745500000000002,2.7325574274997502]
["EMULSÕES ASF. MOD. POR POLÍMEROS RL1C-E","2021-07-01",2.6031618254614499,2.7435516290623099,2.8785755191951301,"***",5.8745599999999998,2.8655068382675699]
["EMULSÕES ASF. MOD. POR POLÍMEROS RL1C-E","2021-08-01","***",2.8309810250809102,3.07693202403392,3.1686999999999999,"***",3.0452618357105501]
["EMULSÕES ASF. MOD. POR POLÍMEROS RL1C-E","2021-09-01",2.7897799999999999,2.8309803372582198,3.0950539095938701,3.1686999999999999,"***",2.9971183265315302]
["EMULSÕES ASF. MOD. POR POLÍMEROS RL1C-E","2021-10-01","***",2.8309811302954802,2.9890402388488999,"***","***",2.9642829443294398]
["EMULSÕES ASF. MOD. POR POLÍMEROS RL1C-E","2021-11-01","***",3.02915,2.9934399988506,"***","***",2.9961237870631199]
["EMULSÕES ASF. MOD. POR POLÍMEROS RL1C-E","2021-12-01",2.50285,3.02915,3.3885607344503099,"***","***",3.2999144143106101]
["EMULSÕES ASF. MOD. POR POLÍMEROS RL1C-E","2022-01-01","***","***",3.3838127493796502,"***",3.3483299999999998,3.38380482696172]
["EMULSÕES ASF. MOD. POR POLÍMEROS RL1C-E","2022-02-01","***","***",4.0285234084760999,"***","***",4.0285234084760999]
["EMULSÕES ASF. MOD. POR POLÍMEROS RL1C-E","2022-03-01","***","***",3.7434526941667201,"***","***",3.7434526941667201]
["EMULSÕES ASF. MOD. POR POLÍMEROS RL1C-E","2022-04-01","***",3.3810799999999999,3.8767376580064199,"***","***",3.8440513893501902]
["EMULSÕES ASF. MOD. POR POLÍMEROS RL1C-E","2022-05-01","***","***",3.8769191358138801,"***","***",3.8769191358138801]
["EMULSÕES ASF. MOD. POR POLÍMEROS RL1C-E","2022-06-01","***","***",3.8526523753241499,"***","***",3.8526523753241499]
["EMULSÕES ASF. MOD. POR POLÍMEROS RL1C-E","2022-07-01","***",3.5129436526757898,3.8424058742129499,"***","***",3.6937415846473201]
["EMULSÕES ASF. MOD. POR POLÍMEROS RL1C-E","2022-08-01","***",3.6054467984938801,3.96194441820378,"***","***",3.8295425248427901]
["EMULSÕES ASF. MOD. POR POLÍMEROS RL1C-E","2022-09-01","***",3.6246248494392401,3.8362795715723501,"***","***",3.7212228360998001]
["EMULSÕES ASF. MOD. POR POLÍMEROS RL1C-E","2022-10-01","***",3.6125510254231501,3.4370704019656002,"***","***",3.5106990905849802]
["EMULSÕES ASF. MOD. POR POLÍMEROS RL1C-E","2022-11-01","***",3.5431308985765102,3.5752506588854698,"***","***",3.5644788757035299]
["EMULSÕES ASF. MOD. POR POLÍMEROS RL1C-E","2022-12-01","***",3.49797,3.5728348428222101,"***","***",3.5251059780131699]
["EMULSÕES ASF. MOD. POR POLÍMEROS RL1C-E","2023-01-01","***",3.4318199577947799,"***","***","***",3.4318199577947799]
["EMULSÕES ASF. MOD. POR POLÍMEROS RL1C-E","2023-02-01","***",3.4176899999999999,3.9512198131880401,"***","***",3.8854257779294201]
["EMULSÕES ASF. MOD. POR POLÍMEROS RL1C-E","2023-03-01","***","***",3.3465507235762102,4.0088800000000004,"***",3.5303665851655901]
["EMULSÕES ASF. MOD. POR POLÍMEROS RL1C-E","2023-04-01","***","***",3.6266582710570399,4.1654296706192397,"***",3.6557566996958002]
["EMULSÕES ASF. MOD. POR POLÍMEROS RL1C-E","2023-05-01","***","***",3.78132047804616,4.1536799999999996,"***",3.7933957164062702]
["EMULSÕES ASF. MOD. POR POLÍMEROS RL1C-E","2023-06-01","***","***",3.4535528961185098,3.4182800000000002,"***",3.4535000627223398]
["EMULSÕES ASF. MOD. POR POLÍMEROS RL1C-E","2023-07-01","***","***",3.4999470224383802,4.0849230731553199,"***",3.55041682661505]
["EMULSÕES ASF. MOD. POR POLÍMEROS RL1C-E","2023-08-01","***",3.2110983722266102,3.5256439337403802,"***","***",3.4538466390776001]
["EMULSÕES ASF. MOD. POR POLÍMEROS RL1C-E","2023-09-01","***",3.4526159464200301,3.4989581662997198,4.1815579690491402,"***",3.5613632790744698]
["EMULSÕES ASF. MOD. POR POLÍMEROS RL1C-E","2023-10-01","***",3.1278600000000001,3.50442144326533,4.2376269429937903,"***",3.7514319921825998]
["EMULSÕES ASF. MOD. POR POLÍMEROS RL1C-E","2023-11-01","***",3.4672800000000001,3.3614491869633198,4.3680025046229698,"***",3.5926109192469502]
["EMULSÕES ASF. MOD. POR POLÍMEROS RL1C-E","2023-12-01","***","***",2.8345906714673701,4.3746900704934504,"***",3.2557165707467099]
["EMULSÕES ASF. MOD. POR POLÍMEROS RL1C-E","2024-01-01","***","***",3.7850600000000001,2.9024200000000002,"***",3.5598219917012401]
["EMULSÕES ASF. MOD. POR POLÍMEROS RL1C-E","2024-02-01","***","***",3.4983240834888099,4.5088800000000004,"***",3.5168324336080601]
["EMULSÕES ASF. MOD. POR POLÍMEROS RL1C-E","2024-03-01",2.6892,"***",2.5602703351104301,"***","***",2.5900814040634699]
["EMULSÕES ASF. MOD. POR POLÍMEROS RL1C-E","2024-04-01",2.7951000000000001,"***",2.9154175912118299,"***","***",2.91077564153679]
["EMULSÕES ASF. MOD. POR POLÍMEROS RL1C-E","2024-05-01","***","***",3.0294281997153401,8.0474899999999998,"***",3.03742542956559]
["EMULSÕES ASF. MOD. POR POLÍMEROS RL1C-E","2024-06-01","***","***",2.7362379185619701,"***","***",2.7362379185619701]
["EMULSÕES ASF. MOD. POR POLÍMEROS RL1C-E","2024-07-01","***","***",3.1537362809359801,"***","***",3.1537362809359801]
["EMULSÕES ASF. MOD. POR POLÍMEROS RL1C-E","2024-08-01","***","***",3.3453005260022999,"***","***",3.3453005260022999]
["EMULSÕES ASF. MOD. POR POLÍMEROS RL1C-E","2024-09-01","***","***",3.3610572490231001,"***","***",3.3610572490231001]
["EMULSÕES ASF. MOD. POR POLÍMEROS RM1C-E","2009-12-01","***","***","***","***","***","***"]
["EMULSÕES ASF. MOD. POR POLÍMEROS RM1C-E","2010-01-01","***","***","***","***","***","***"]
["EMULSÕES ASF. MOD. POR POLÍMEROS RM1C-E","2010-02-01","***","***","***","***","***","***"]
["EMULSÕES ASF. MOD. POR POLÍMEROS RM1C-E","2010-03-01","***","***","***","***","***","***"]
["EMULSÕES ASF. MOD. POR POLÍMEROS RM1C-E","2010-04-01","***","***","***","***",0.98838999999999999,0.98838999999999999]
["EMULSÕES ASF. MOD. POR POLÍMEROS RM1C-E","2010-05-01","***","***","***","***",1.0001899999999999,1.0001899999999999]
["EMULSÕES ASF. MOD. POR POLÍMEROS RM1C-E","2010-06-01","***","***","***","***",1.0179,1.0179]
["EMULSÕES ASF. MOD. POR POLÍMEROS RM1C-E","2010-07-01","***","***","***","***",1.00525,1.00525]
["EMULSÕES ASF. MOD. POR POLÍMEROS RM1C-E","2010-08-01","***","***","***","***","***","***"]
["EMULSÕES ASF. MOD. POR POLÍMEROS RM1C-E","2010-09-01","***","***","***","***","***","***"]
["EMULSÕES ASF. MOD. POR POLÍMEROS RM1C-E","2010-10-01","***","***","***","***","***","***"]
["EMULSÕES ASF. MOD. POR POLÍMEROS RM1C-E","2010-11-01","***","***","***","***","***","***"]
["EMULSÕES ASF. MOD. POR POLÍMEROS RM1C-E","2010-12-01","***","***","***","***","***","***"]
["EMULSÕES ASF. MOD. POR POLÍMEROS RM1C-E","2011-01-01","***","***","***","***","***","***"]
["EMULSÕES ASF. MOD. POR POLÍMEROS RM1C-E","2011-02-01","***","***","***","***","***","***"]
["EMULSÕES ASF. MOD. POR POLÍMEROS RM1C-E","2011-03-01","***","***","***","***","***","***"]
["EMULSÕES ASF. MOD. POR POLÍMEROS RM1C-E","2011-04-01","***","***","***","***","***","***"]
["EMULSÕES ASF. MOD. POR POLÍMEROS RM1C-E","2011-05-01","***","***","***","***","***","***"]
["EMULSÕES ASF. MOD. POR POLÍMEROS RM1C-E","2011-06-01","***","***","***","***","***","***"]
["EMULSÕES ASF. MOD. POR POLÍMEROS RM1C-E","2011-07-01","***","***","***","***","***","***"]
["EMULSÕES ASF. MOD. POR POLÍMEROS RM1C-E","2011-08-01","***","***","***","***","***","***"]
["EMULSÕES ASF. MOD. POR POLÍMEROS RM1C-E","2011-09-01","***","***","***","***","***","***"]
["EMULSÕES ASF. MOD. POR POLÍMEROS RM1C-E","2011-10-01","***","***","***","***","***","***"]
["EMULSÕES ASF. MOD. POR POLÍMEROS RM1C-E","2011-11-01","***","***","***","***","***","***"]
["EMULSÕES ASF. MOD. POR POLÍMEROS RM1C-E","2011-12-01","***","***","***","***","***","***"]
["EMULSÕES ASF. MOD. POR POLÍMEROS RM1C-E","2012-01-01","***","***","***","***","***","***"]
["EMULSÕES ASF. MOD. POR POLÍMEROS RM1C-E","2012-02-01","***","***","***","***","***","***"]
["EMULSÕES ASF. MOD. POR POLÍMEROS RM1C-E","2012-03-01","***","***","***","***","***","***"]
["EMULSÕES ASF. MOD. POR POLÍMEROS RM1C-E","2012-04-01","***","***","***","***","***","***"]
["EMULSÕES ASF. MOD. POR POLÍMEROS RM1C-E","2012-05-01","***","***","***","***","***","***"]
["EMULSÕES ASF. MOD. POR POLÍMEROS RM1C-E","2012-06-01","***","***","***","***","***","***"]
["EMULSÕES ASF. MOD. POR POLÍMEROS RM1C-E","2012-07-01","***","***","***","***","***","***"]
["EMULSÕES ASF. MOD. POR POLÍMEROS RM1C-E","2012-08-01","***","***","***","***","***","***"]
["EMULSÕES ASF. MOD. POR POLÍMEROS RM1C-E","2012-09-01","***","***","***","***","***","***"]
["EMULSÕES ASF. MOD. POR POLÍMEROS RM1C-E","2012-10-01","***","***","***","***","***","***"]
["EMULSÕES ASF. MOD. POR POLÍMEROS RM1C-E","2012-11-01","***","***","***","***","***","***"]
["EMULSÕES ASF. MOD. POR POLÍMEROS RM1C-E","2012-12-01","***","***","***","***","***","***"]
["EMULSÕES ASF. MOD. POR POLÍMEROS RM1C-E","2013-01-01","***","***","***","***","***","***"]
["EMULSÕES ASF. MOD. POR POLÍMEROS RM1C-E","2013-02-01","***","***","***","***","***","***"]
["EMULSÕES ASF. MOD. POR POLÍMEROS RM1C-E","2013-03-01","***","***","***","***","***","***"]
["EMULSÕES ASF. MOD. POR POLÍMEROS RM1C-E","2013-04-01","***","***","***","***","***","***"]
["EMULSÕES ASF. MOD. POR POLÍMEROS RM1C-E","2013-05-01","***","***","***","***","***","***"]
["EMULSÕES ASF. MOD. POR POLÍMEROS RM1C-E","2013-06-01","***","***","***","***","***","***"]
["EMULSÕES ASF. MOD. POR POLÍMEROS RM1C-E","2013-07-01","***","***","***","***","***","***"]
["EMULSÕES ASF. MOD. POR POLÍMEROS RM1C-E","2013-08-01","***","***","***","***","***","***"]
["EMULSÕES ASF. MOD. POR POLÍMEROS RM1C-E","2013-09-01","***","***","***","***","***","***"]
["EMULSÕES ASF. MOD. POR POLÍMEROS RM1C-E","2013-10-01","***","***","***","***",1.6719999999999999,1.6719999999999999]
["EMULSÕES ASF. MOD. POR POLÍMEROS RM1C-E","2013-11-01","***","***","***","***","***","***"]
["EMULSÕES ASF. MOD. POR POLÍMEROS RM1C-E","2013-12-01","***","***","***","***","***","***"]
["EMULSÕES ASF. MOD. POR POLÍMEROS RM1C-E","2014-01-01","***","***","***","***","***","***"]
["EMULSÕES ASF. MOD. POR POLÍMEROS RM1C-E","2014-02-01","***","***","***","***","***","***"]
["EMULSÕES ASF. MOD. POR POLÍMEROS RM1C-E","2014-03-01","***","***","***","***","***","***"]
["EMULSÕES ASF. MOD. POR POLÍMEROS RM1C-E","2014-04-01","***","***","***","***","***","***"]
["EMULSÕES ASF. MOD. POR POLÍMEROS RM1C-E","2014-05-01","***","***","***","***","***","***"]
["EMULSÕES ASF. MOD. POR POLÍMEROS RM1C-E","2014-06-01","***","***","***","***","***","***"]
["EMULSÕES ASF. MOD. POR POLÍMEROS RM1C-E","2014-07-01","***","***","***","***","***","***"]
["EMULSÕES ASF. MOD. POR POLÍMEROS RM1C-E","2014-08-01","***","***",1.4913099999999999,"***","***",1.4913099999999999]
["EMULSÕES ASF. MOD. POR POLÍMEROS RM1C-E","2014-09-01","***","***","***","***","***","***"]
["EMULSÕES ASF. MOD. POR POLÍMEROS RM1C-E","2014-10-01","***","***","***","***","***","***"]
["EMULSÕES ASF. MOD. POR POLÍMEROS RM1C-E","2014-11-01","***","***","***","***","***","***"]
["EMULSÕES ASF. MOD. POR POLÍMEROS RM1C-E","2014-12-01","***","***","***","***","***","***"]
["EMULSÕES ASF. MOD. POR POLÍMEROS RM1C-E","2015-01-01","***","***","***","***","***","***"]
["EMULSÕES ASF. MOD. POR POLÍMEROS RM1C-E","2015-02-01","***","***","***","***","***","***"]
["EMULSÕES ASF. MOD. POR POLÍMEROS RM1C-E","2015-03-01","***","***","***","***","***","***"]
["EMULSÕES ASF. MOD. POR POLÍMEROS RM1C-E","2015-04-01","***","***","***","***","***","***"]
["EMULSÕES ASF. MOD. POR POLÍMEROS RM1C-E","2015-05-01","***","***","***","***","***","***"]
["EMULSÕES ASF. MOD. POR POLÍMEROS RM1C-E","2015-06-01","***","***","***","***","***","***"]
["EMULSÕES ASF. MOD. POR POLÍMEROS RM1C-E","2015-07-01","***","***","***",1.65802,"***",1.65802]
["EMULSÕES ASF. MOD. POR POLÍMEROS RM1C-E","2015-08-01","***","***","***","***","***","***"]
["EMULSÕES ASF. MOD. POR POLÍMEROS RM1C-E","2015-09-01","***","***","***","***","***","***"]
["EMULSÕES ASF. MOD. POR POLÍMEROS RM1C-E","2015-10-01","***","***","***","***","***","***"]
["EMULSÕES ASF. MOD. POR POLÍMEROS RM1C-E","2015-11-01","***","***","***","***","***","***"]
["EMULSÕES ASF. MOD. POR POLÍMEROS RM1C-E","2015-12-01","***","***","***",2.1626400000000001,"***",2.1626400000000001]
["EMULSÕES ASF. MOD. POR POLÍMEROS RM1C-E","2016-01-01","***","***","***",2.1626400000000001,"***",2.1626400000000001]
["EMULSÕES ASF. MOD. POR POLÍMEROS RM1C-E","2016-02-01","***","***","***","***","***","***"]
["EMULSÕES ASF. MOD. POR POLÍMEROS RM1C-E","2016-03-01","***","***","***","***","***","***"]
["EMULSÕES ASF. MOD. POR POLÍMEROS RM1C-E","2016-04-01","***","***","***","***","***","***"]
["EMULSÕES ASF. MOD. POR POLÍMEROS RM1C-E","2016-05-01","***","***","***","***","***","***"]
["EMULSÕES ASF. MOD. POR POLÍMEROS RM1C-E","2016-06-01","***","***","***","***","***","***"]
["EMULSÕES ASF. MOD. POR POLÍMEROS RM1C-E","2016-07-01","***","***","***","***","***","***"]
["EMULSÕES ASF. MOD. POR POLÍMEROS RM1C-E","2016-08-01","***","***","***","***","***","***"]
["EMULSÕES ASF. MOD. POR POLÍMEROS RM1C-E","2016-09-01","***","***","***","***","***","***"]
["EMULSÕES ASF. MOD. POR POLÍMEROS RM1C-E","2016-10-01","***","***","***","***","***","***"]
["EMULSÕES ASF. MOD. POR POLÍMEROS RM1C-E","2016-11-01","***","***","***","***","***","***"]
["EMULSÕES ASF. MOD. POR POLÍMEROS RM1C-E","2016-12-01","***","***","***",1.7302,"***",1.7302]
["EMULSÕES ASF. MOD. POR POLÍMEROS RM1C-E","2017-01-01","***","***","***","***","***","***"]
["EMULSÕES ASF. MOD. POR POLÍMEROS RM1C-E","2017-02-01","***","***","***",2.2707700000000002,"***",2.2707700000000002]
["EMULSÕES ASF. MOD. POR POLÍMEROS RM1C-E","2017-03-01","***","***","***","***","***","***"]
["EMULSÕES ASF. MOD. POR POLÍMEROS RM1C-E","2017-04-01","***","***","***","***","***","***"]
["EMULSÕES ASF. MOD. POR POLÍMEROS RM1C-E","2017-05-01","***","***","***","***","***","***"]
["EMULSÕES ASF. MOD. POR POLÍMEROS RM1C-E","2017-06-01","***","***","***","***","***","***"]
["EMULSÕES ASF. MOD. POR POLÍMEROS RM1C-E","2017-07-01","***","***","***","***","***","***"]
["EMULSÕES ASF. MOD. POR POLÍMEROS RM1C-E","2017-08-01","***","***","***","***","***","***"]
["EMULSÕES ASF. MOD. POR POLÍMEROS RM1C-E","2017-09-01","***","***","***","***","***","***"]
["EMULSÕES ASF. MOD. POR POLÍMEROS RM1C-E","2017-10-01","***","***","***","***","***","***"]
["EMULSÕES ASF. MOD. POR POLÍMEROS RM1C-E","2017-11-01","***","***","***","***","***","***"]
["EMULSÕES ASF. MOD. POR POLÍMEROS RM1C-E","2017-12-01","***","***","***","***","***","***"]
["EMULSÕES ASF. MOD. POR POLÍMEROS RM1C-E","2018-01-01","***","***","***","***","***","***"]
["EMULSÕES ASF. MOD. POR POLÍMEROS RM1C-E","2018-02-01","***","***","***","***","***","***"]
["EMULSÕES ASF. MOD. POR POLÍMEROS RM1C-E","2018-03-01","***","***","***","***","***","***"]
["EMULSÕES ASF. MOD. POR POLÍMEROS RM1C-E","2018-04-01","***","***","***","***","***","***"]
["EMULSÕES ASF. MOD. POR POLÍMEROS RM1C-E","2018-05-01","***","***","***","***","***","***"]
["EMULSÕES ASF. MOD. POR POLÍMEROS RM1C-E","2018-06-01","***","***","***","***","***","***"]
["EMULSÕES ASF. MOD. POR POLÍMEROS RM1C-E","2018-07-01","***","***","***","***","***","***"]
["EMULSÕES ASF. MOD. POR POLÍMEROS RM1C-E","2018-08-01","***","***","***","***","***","***"]
["EMULSÕES ASF. MOD. POR POLÍMEROS RM1C-E","2018-09-01","***","***","***","***","***","***"]
["EMULSÕES ASF. MOD. POR POLÍMEROS RM1C-E","2018-10-01","***","***","***","***","***","***"]
["EMULSÕES ASF. MOD. POR POLÍMEROS RM1C-E","2018-11-01","***","***","***","***","***","***"]
["EMULSÕES ASF. MOD. POR POLÍMEROS RM1C-E","2018-12-01","***","***","***","***","***","***"]
["EMULSÕES ASF. MOD. POR POLÍMEROS RM1C-E","2019-01-01","***","***","***","***","***","***"]
["EMULSÕES ASF. MOD. POR POLÍMEROS RM1C-E","2019-02-01","***","***","***","***","***","***"]
["EMULSÕES ASF. MOD. POR POLÍMEROS RM1C-E","2019-03-01","***","***","***","***","***","***"]
["EMULSÕES ASF. MOD. POR POLÍMEROS RM1C-E","2019-04-01","***","***","***","***","***","***"]
["EMULSÕES ASF. MOD. POR POLÍMEROS RM1C-E","2019-05-01","***","***","***","***","***","***"]
["EMULSÕES ASF. MOD. POR POLÍMEROS RM1C-E","2019-06-01","***","***","***","***","***","***"]
["EMULSÕES ASF. MOD. POR POLÍMEROS RM1C-E","2019-07-01","***","***","***","***","***","***"]
["EMULSÕES ASF. MOD. POR POLÍMEROS RM1C-E","2019-08-01","***","***","***","***","***","***"]
["EMULSÕES ASF. MOD. POR POLÍMEROS RM1C-E","2019-09-01","***","***","***","***","***","***"]
["EMULSÕES ASF. MOD. POR POLÍMEROS RM1C-E","2019-10-01","***","***","***","***","***","***"]
["EMULSÕES ASF. MOD. POR POLÍMEROS RM1C-E","2019-11-01","***","***","***","***","***","***"]
["EMULSÕES ASF. MOD. POR POLÍMEROS RM1C-E","2019-12-01","***","***","***","***","***","***"]
["EMULSÕES ASF. MOD. POR POLÍMEROS RM1C-E","2020-01-01","***","***","***","***","***","***"]
["EMULSÕES ASF. MOD. POR POLÍMEROS RM1C-E","2020-02-01","***","***","***","***","***","***"]
["EMULSÕES ASF. MOD. POR POLÍMEROS RM1C-E","2020-03-01","***","***","***","***","***","***"]
["EMULSÕES ASF. MOD. POR POLÍMEROS RM1C-E","2020-04-01","***","***","***","***","***","***"]
["EMULSÕES ASF. MOD. POR POLÍMEROS RM1C-E","2020-05-01","***","***","***","***","***","***"]
["EMULSÕES ASF. MOD. POR POLÍMEROS RM1C-E","2020-06-01","***","***","***","***","***","***"]
["EMULSÕES ASF. MOD. POR POLÍMEROS RM1C-E","2020-07-01","***","***","***","***","***","***"]
["EMULSÕES ASF. MOD. POR POLÍMEROS RM1C-E","2020-08-01","***","***","***","***","***","***"]
["EMULSÕES ASF. MOD. POR POLÍMEROS RM1C-E","2020-09-01","***","***","***","***","***","***"]
["EMULSÕES ASF. MOD. POR POLÍMEROS RM1C-E","2020-10-01","***","***","***","***","***","***"]
["EMULSÕES ASF. MOD. POR POLÍMEROS RM1C-E","2020-11-01","***","***","***","***","***","***"]
["EMULSÕES ASF. MOD. POR POLÍMEROS RM1C-E","2020-12-01","***","***","***","***","***","***"]
["EMULSÕES ASF. MOD. POR POLÍMEROS RM1C-E","2021-01-01","***","***","***","***","***","***"]
["EMULSÕES ASF. MOD. POR POLÍMEROS RM1C-E","2021-02-01","***","***","***","***","***","***"]
["EMULSÕES ASF. MOD. POR POLÍMEROS RM1C-E","2021-03-01","***","***","***","***","***","***"]
["EMULSÕES ASF. MOD. POR POLÍMEROS RM1C-E","2021-04-01","***","***","***","***","***","***"]
["EMULSÕES ASF. MOD. POR POLÍMEROS RM1C-E","2021-05-01","***","***","***","***","***","***"]
["EMULSÕES ASF. MOD. POR POLÍMEROS RM1C-E","2021-06-01","***","***","***","***","***","***"]
["EMULSÕES ASF. MOD. POR POLÍMEROS RM1C-E","2021-07-01","***","***","***","***","***","***"]
["EMULSÕES ASF. MOD. POR POLÍMEROS RM1C-E","2021-08-01","***","***","***","***","***","***"]
["EMULSÕES ASF. MOD. POR POLÍMEROS RM1C-E","2021-09-01","***","***","***","***","***","***"]
["EMULSÕES ASF. MOD. POR POLÍMEROS RM1C-E","2021-10-01","***","***","***","***","***","***"]
["EMULSÕES ASF. MOD. POR POLÍMEROS RM1C-E","2021-11-01","***","***","***","***","***","***"]
["EMULSÕES ASF. MOD. POR POLÍMEROS RM1C-E","2021-12-01","***","***","***","***","***","***"]
["EMULSÕES ASF. MOD. POR POLÍMEROS RM1C-E","2022-01-01","***","***","***","***","***","***"]
["EMULSÕES ASF. MOD. POR POLÍMEROS RM1C-E","2022-02-01","***","***","***","***","***","***"]
["EMULSÕES ASF. MOD. POR POLÍMEROS RM1C-E","2022-03-01","***","***","***","***","***","***"]
["EMULSÕES ASF. MOD. POR POLÍMEROS RM1C-E","2022-04-01","***","***","***","***","***","***"]
["EMULSÕES ASF. MOD. POR POLÍMEROS RM1C-E","2022-05-01","***","***","***","***","***","***"]
["EMULSÕES ASF. MOD. POR POLÍMEROS RM1C-E","2022-06-01","***","***","***","***","***","***"]
["EMULSÕES ASF. MOD. POR POLÍMEROS RM1C-E","2022-07-01","***","***","***","***","***","***"]
["EMULSÕES ASF. MOD. POR POLÍMEROS RM1C-E","2022-08-01","***","***","***","***","***","***"]
["EMULSÕES ASF. MOD. POR POLÍMEROS RM1C-E","2022-09-01","***","***","***","***","***","***"]
["EMULSÕES ASF. MOD. POR POLÍMEROS RM1C-E","2022-10-01","***","***","***","***","***","***"]
["EMULSÕES ASF. MOD. POR POLÍMEROS RM1C-E","2022-11-01","***","***","***","***","***","***"]
["EMULSÕES ASF. MOD. POR POLÍMEROS RM1C-E","2022-12-01","***","***","***","***","***","***"]
["EMULSÕES ASF. MOD. POR POLÍMEROS RM1C-E","2023-01-01","***","***","***","***","***","***"]
["EMULSÕES ASF. MOD. POR POLÍMEROS RM1C-E","2023-02-01","***","***","***","***","***","***"]
["EMULSÕES ASF. MOD. POR POLÍMEROS RM1C-E","2023-03-01","***","***","***","***","***","***"]
["EMULSÕES ASF. MOD. POR POLÍMEROS RM1C-E","2023-04-01","***","***","***","***","***","***"]
["EMULSÕES ASF. MOD. POR POLÍMEROS RM1C-E","2023-05-01","***","***","***","***","***","***"]
["EMULSÕES ASF. MOD. POR POLÍMEROS RM1C-E","2023-06-01","***","***","***","***","***","***"]
["EMULSÕES ASF. MOD. POR POLÍMEROS RM1C-E","2023-07-01","***","***","***","***","***","***"]
["EMULSÕES ASF. MOD. POR POLÍMEROS RM1C-E","2023-08-01","***","***","***","***","***","***"]
["EMULSÕES ASF. MOD. POR POLÍMEROS RM1C-E","2023-09-01","***","***","***","***","***","***"]
["EMULSÕES ASF. MOD. POR POLÍMEROS RM1C-E","2023-10-01","***","***","***","***","***","***"]
["EMULSÕES ASF. MOD. POR POLÍMEROS RM1C-E","2023-11-01","***","***","***","***","***","***"]
["EMULSÕES ASF. MOD. POR POLÍMEROS RM1C-E","2023-12-01","***","***","***","***","***","***"]
["EMULSÕES ASF. MOD. POR POLÍMEROS RM1C-E","2024-01-01","***","***","***","***","***","***"]
["EMULSÕES ASF. MOD. POR POLÍMEROS RM1C-E","2024-02-01","***","***","***","***","***","***"]
["EMULSÕES ASF. MOD. POR POLÍMEROS RM1C-E","2024-03-01","***","***","***","***","***","***"]
["EMULSÕES ASF. MOD. POR POLÍMEROS RM1C-E","2024-04-01","***","***","***","***","***","***"]
["EMULSÕES ASF. MOD. POR POLÍMEROS RM1C-E","2024-05-01","***","***","***","***","***","***"]
["EMULSÕES ASF. MOD. POR POLÍMEROS RM1C-E","2024-06-01","***","***","***","***","***","***"]
["EMULSÕES ASF. MOD. POR POLÍMEROS RM1C-E","2024-07-01","***","***","***","***","***","***"]
["EMULSÕES ASF. MOD. POR POLÍMEROS RM1C-E","2024-08-01","***","***","***","***","***","***"]
["EMULSÕES ASF. MOD. POR POLÍMEROS RM1C-E","2024-09-01","***","***","***","***","***","***"]
["EMULSÕES ASF. MOD. POR POLÍMEROS RR1C-E","2009-12-01","***","***","***",0.89054,1.0026314648010499,0.93210516903121199]
["EMULSÕES ASF. MOD. POR POLÍMEROS RR1C-E","2010-01-01","***","***","***",0.84518038935487205,0.95168362907841997,0.86149581901087302]
["EMULSÕES ASF. MOD. POR POLÍMEROS RR1C-E","2010-02-01","***","***","***",0.85204744344331396,0.95277601001072598,0.86041978901072802]
["EMULSÕES ASF. MOD. POR POLÍMEROS RR1C-E","2010-03-01","***","***","***",0.87385815584001703,0.95218094327597202,0.885047634873663]
["EMULSÕES ASF. MOD. POR POLÍMEROS RR1C-E","2010-04-01","***","***","***",0.87244571809252303,0.94730000000000003,0.87690010957307296]
["EMULSÕES ASF. MOD. POR POLÍMEROS RR1C-E","2010-05-01","***",1.0957567615658399,"***",0.87534809785202905,0.94730000000000003,0.91388529088497195]
["EMULSÕES ASF. MOD. POR POLÍMEROS RR1C-E","2010-06-01","***",1.09592,"***",0.88266,0.95085037557547902,0.93425502657937398]
["EMULSÕES ASF. MOD. POR POLÍMEROS RR1C-E","2010-07-01","***","***","***",0.85158577156334203,0.95132652054794498,0.90659540193411903]
["EMULSÕES ASF. MOD. POR POLÍMEROS RR1C-E","2010-08-01","***","***","***",0.84534459850245303,0.94988868013151695,0.90009170212765899]
["EMULSÕES ASF. MOD. POR POLÍMEROS RR1C-E","2010-09-01","***","***","***",0.85007486525406295,0.905639873861247,0.87062995722618297]
["EMULSÕES ASF. MOD. POR POLÍMEROS RR1C-E","2010-10-01","***","***","***",0.87146428139792498,0.90262350376925604,0.87878837904468399]
["EMULSÕES ASF. MOD. POR POLÍMEROS RR1C-E","2010-11-01","***","***","***",0.85416325882187505,0.88001997532387399,0.86225862095605998]
["EMULSÕES ASF. MOD. POR POLÍMEROS RR1C-E","2010-12-01","***","***","***",0.83430000000000004,0.94730000000000003,0.85775608436242601]
["EMULSÕES ASF. MOD. POR POLÍMEROS RR1C-E","2011-01-01","***","***","***","***",0.84119999999999995,0.84119999999999995]
["EMULSÕES ASF. MOD. POR POLÍMEROS RR1C-E","2011-02-01","***","***","***",0.83430000000000004,0.95066115029842702,0.88201998219848698]
["EMULSÕES ASF. MOD. POR POLÍMEROS RR1C-E","2011-03-01","***","***","***",1.0020500000000001,0.87156845238095204,0.92535473918575095]
["EMULSÕES ASF. MOD. POR POLÍMEROS RR1C-E","2011-04-01","***","***","***",0.83430000000000004,0.88671779319245003,0.87122056584479002]
["EMULSÕES ASF. MOD. POR POLÍMEROS RR1C-E","2011-05-01","***","***","***",0.83430000000000004,0.89410409556313997,0.84452322053675599]
["EMULSÕES ASF. MOD. POR POLÍMEROS RR1C-E","2011-06-01","***","***","***",0.87006825061830195,0.85879799139167901,0.86890655723158805]
["EMULSÕES ASF. MOD. POR POLÍMEROS RR1C-E","2011-07-01","***","***","***",0.89392704039318105,0.89030224126565605,0.89354882866772101]
["EMULSÕES ASF. MOD. POR POLÍMEROS RR1C-E","2011-08-01","***","***","***",0.93508360975964,"***",0.93508360975964]
["EMULSÕES ASF. MOD. POR POLÍMEROS RR1C-E","2011-09-01","***","***","***",0.93006348141119699,0.927778400061536,0.92898289541407897]
["EMULSÕES ASF. MOD. POR POLÍMEROS RR1C-E","2011-10-01","***","***","***",0.92381979738856401,0.84602314049586802,0.86448322329059801]
["EMULSÕES ASF. MOD. POR POLÍMEROS RR1C-E","2011-11-01","***","***","***",1.0047567888111899,1.24382600403883,1.1863319275633399]
["EMULSÕES ASF. MOD. POR POLÍMEROS RR1C-E","2011-12-01","***","***","***",1.1453,1.39102592100087,1.33031870549203]
["EMULSÕES ASF. MOD. POR POLÍMEROS RR1C-E","2012-01-01","***","***","***","***",0.94469526951545002,0.94469526951545002]
["EMULSÕES ASF. MOD. POR POLÍMEROS RR1C-E","2012-02-01","***","***","***",1.1452899999999999,0.893238352553542,0.97334647336480096]
["EMULSÕES ASF. MOD. POR POLÍMEROS RR1C-E","2012-03-01","***","***","***",0.95725903825136605,0.98369662454007301,0.98032090706112196]
["EMULSÕES ASF. MOD. POR POLÍMEROS RR1C-E","2012-04-01","***","***","***",1.008,0.89831831610044299,0.94356693938267]
["EMULSÕES ASF. MOD. POR POLÍMEROS RR1C-E","2012-05-01","***","***","***",0.96094000000000002,0.89628793895191805,0.90696730183786201]
["EMULSÕES ASF. MOD. POR POLÍMEROS RR1C-E","2012-06-01","***","***","***",0.948388855172414,0.94129988564894196,0.94337729183508501]
["EMULSÕES ASF. MOD. POR POLÍMEROS RR1C-E","2012-07-01","***","***","***",0.95052000000000003,1.0053579048470001,0.99194218660367794]
["EMULSÕES ASF. MOD. POR POLÍMEROS RR1C-E","2012-08-01","***","***","***",1.0327974677243701,0.97559505956552195,1.0058953217434301]
["EMULSÕES ASF. MOD. POR POLÍMEROS RR1C-E","2012-09-01","***","***","***",1.0316000000000001,1.0448996276421001,1.0420634585559201]
["EMULSÕES ASF. MOD. POR POLÍMEROS RR1C-E","2012-10-01","***","***","***",0.91969999999999996,1.0516000000000001,0.93591416953393802]
["EMULSÕES ASF. MOD. POR POLÍMEROS RR1C-E","2012-11-01","***","***","***","***",1.2484198516176099,1.2484198516176099]
["EMULSÕES ASF. MOD. POR POLÍMEROS RR1C-E","2012-12-01","***","***","***","***",1.32972010417436,1.32972010417436]
["EMULSÕES ASF. MOD. POR POLÍMEROS RR1C-E","2013-01-01","***","***","***","***",1.32494744703143,1.32494744703143]
["EMULSÕES ASF. MOD. POR POLÍMEROS RR1C-E","2013-02-01","***","***","***",0.91890000000000005,1.29619476158785,1.26202223689832]
["EMULSÕES ASF. MOD. POR POLÍMEROS RR1C-E","2013-03-01","***","***","***",0.96750000000000003,1.2785343681968799,1.23200349795895]
["EMULSÕES ASF. MOD. POR POLÍMEROS RR1C-E","2013-04-01","***","***","***",1.0285,1.37729340166534,1.3750945464933]
["EMULSÕES ASF. MOD. POR POLÍMEROS RR1C-E","2013-05-01","***","***","***","***",1.22225353876974,1.22225353876974]
["EMULSÕES ASF. MOD. POR POLÍMEROS RR1C-E","2013-06-01","***","***","***",0.98640000000000005,1.3493719925751999,1.28164048376163]
["EMULSÕES ASF. MOD. POR POLÍMEROS RR1C-E","2013-07-01","***","***","***",1.08819360946746,1.3566583112742101,1.3151271058787599]
["EMULSÕES ASF. MOD. POR POLÍMEROS RR1C-E","2013-08-01","***","***","***",1.2147699999999999,1.4131041855819899,1.39493402084983]
["EMULSÕES ASF. MOD. POR POLÍMEROS RR1C-E","2013-09-01","***","***","***",1.2147699999999999,1.33826035155773,1.33341872960441]
["EMULSÕES ASF. MOD. POR POLÍMEROS RR1C-E","2013-10-01","***","***","***",0.98640000000000005,1.3498686242786799,1.33118132278864]
["EMULSÕES ASF. MOD. POR POLÍMEROS RR1C-E","2013-11-01","***",1.1371,1.1243627332932,"***",1.38902317412284,1.32516475940777]
["EMULSÕES ASF. MOD. POR POLÍMEROS RR1C-E","2013-12-01","***","***","***","***",1.23770269075185,1.23770269075185]
["EMULSÕES ASF. MOD. POR POLÍMEROS RR1C-E","2014-01-01","***","***","***",0.88609000000000004,1.4924646334395799,1.3394014237747101]
["EMULSÕES ASF. MOD. POR POLÍMEROS RR1C-E","2014-02-01","***","***","***",0.91219010821831903,1.34500235943221,1.2401260278189501]
["EMULSÕES ASF. MOD. POR POLÍMEROS RR1C-E","2014-03-01","***","***","***",0.88609000000000004,1.2881413866028,1.1952639477242]
["EMULSÕES ASF. MOD. POR POLÍMEROS RR1C-E","2014-04-01","***",0.69880500000000001,"***","***",1.33587744476245,1.1936763032458899]
["EMULSÕES ASF. MOD. POR POLÍMEROS RR1C-E","2014-05-01","***",0.69882999999999995,"***","***",1.42744926178934,1.1608216459410401]
["EMULSÕES ASF. MOD. POR POLÍMEROS RR1C-E","2014-06-01","***",1.2101,"***",1.0291581626794299,1.416564262951,1.29815173997441]
["EMULSÕES ASF. MOD. POR POLÍMEROS RR1C-E","2014-07-01","***","***","***",0.97660000000000002,1.4013279142111199,1.3596638289712699]
["EMULSÕES ASF. MOD. POR POLÍMEROS RR1C-E","2014-08-01","***","***",0.99380000000000002,1.0403,1.40648256668649,1.33863852487457]
["EMULSÕES ASF. MOD. POR POLÍMEROS RR1C-E","2014-09-01","***","***",1.0986,"***",1.27278097750317,1.16250550627761]
["EMULSÕES ASF. MOD. POR POLÍMEROS RR1C-E","2014-10-01","***",1.0541,1.2508047256097601,"***",1.14226390982503,1.1857019033823699]
["EMULSÕES ASF. MOD. POR POLÍMEROS RR1C-E","2014-11-01","***","***",1.29,1.0286999999999999,1.19974499519877,1.2493924208761999]
["EMULSÕES ASF. MOD. POR POLÍMEROS RR1C-E","2014-12-01","***","***","***",1.09157032372281,1.3793299999999999,1.2257307559803401]
["EMULSÕES ASF. MOD. POR POLÍMEROS RR1C-E","2015-01-01","***","***","***","***",1.3566806261180699,1.3566806261180699]
["EMULSÕES ASF. MOD. POR POLÍMEROS RR1C-E","2015-02-01","***",0.84189499999999995,"***",1.1667799999999999,1.3580797239120299,1.09272766182187]
["EMULSÕES ASF. MOD. POR POLÍMEROS RR1C-E","2015-03-01","***",0.84174000000000004,"***",1.0744,1.34924192512821,1.1550382592100901]
["EMULSÕES ASF. MOD. POR POLÍMEROS RR1C-E","2015-04-01","***","***","***",1.13228990484071,1.2765727014591799,1.24178304469274]
["EMULSÕES ASF. MOD. POR POLÍMEROS RR1C-E","2015-05-01","***","***","***",1.4910199910487301,1.3793299999999999,1.47856932682213]
["EMULSÕES ASF. MOD. POR POLÍMEROS RR1C-E","2015-06-01","***","***","***",1.5111953827570599,1.2586558695652199,1.37595506276737]
["EMULSÕES ASF. MOD. POR POLÍMEROS RR1C-E","2015-07-01","***","***","***","***",1.3793299999999999,1.3793299999999999]
["EMULSÕES ASF. MOD. POR POLÍMEROS RR1C-E","2015-08-01","***","***","***",1.34669774680145,1.23388506063782,1.3077403024662599]
["EMULSÕES ASF. MOD. POR POLÍMEROS RR1C-E","2015-09-01","***",0.87290999999999996,"***",1.2148399999999999,1.3793299999999999,1.1499396191456499]
["EMULSÕES ASF. MOD. POR POLÍMEROS RR1C-E","2015-10-01","***","***","***",1.2048783021690399,1.3793299999999999,1.3286791889074701]
["EMULSÕES ASF. MOD. POR POLÍMEROS RR1C-E","2015-11-01","***","***","***",1.2925068755020099,1.36981,1.3159099495959701]
["EMULSÕES ASF. MOD. POR POLÍMEROS RR1C-E","2015-12-01","***","***","***","***",1.36981,1.36981]
["EMULSÕES ASF. MOD. POR POLÍMEROS RR1C-E","2016-01-01","***","***","***","***",1.36981,1.36981]
["EMULSÕES ASF. MOD. POR POLÍMEROS RR1C-E","2016-02-01","***","***","***",1.18509,"***",1.18509]
["EMULSÕES ASF. MOD. POR POLÍMEROS RR1C-E","2016-03-01","***","***","***","***",1.32139448868967,1.32139448868967]
["EMULSÕES ASF. MOD. POR POLÍMEROS RR1C-E","2016-04-01","***","***","***","***","***","***"]
["EMULSÕES ASF. MOD. POR POLÍMEROS RR1C-E","2016-05-01","***","***","***","***",1.56540280073925,1.56540280073925]
["EMULSÕES ASF. MOD. POR POLÍMEROS RR1C-E","2016-06-01","***",1.5429600000000001,"***","***",1.7995532328406301,1.7866094663702099]
["EMULSÕES ASF. MOD. POR POLÍMEROS RR1C-E","2016-07-01","***",1.5505199999999999,"***","***",1.6469692312661499,1.6368770044168699]
["EMULSÕES ASF. MOD. POR POLÍMEROS RR1C-E","2016-08-01","***",1.54278,1.83039,"***",1.4733203244773501,1.6138318346118801]
["EMULSÕES ASF. MOD. POR POLÍMEROS RR1C-E","2016-09-01","***","***",1.6471604452690201,1.4177454226587201,1.5427672301444,1.5583943757046901]
["EMULSÕES ASF. MOD. POR POLÍMEROS RR1C-E","2016-10-01","***","***","***",1.4019699999999999,1.3774717203743601,1.3813139682609099]
["EMULSÕES ASF. MOD. POR POLÍMEROS RR1C-E","2016-11-01","***","***","***","***",1.46079,1.46079]
["EMULSÕES ASF. MOD. POR POLÍMEROS RR1C-E","2016-12-01","***","***","***",1.2174700000000001,1.3529652635739,1.3423573907195701]
["EMULSÕES ASF. MOD. POR POLÍMEROS RR1C-E","2017-01-01","***","***","***","***",1.42283017413645,1.42283017413645]
["EMULSÕES ASF. MOD. POR POLÍMEROS RR1C-E","2017-02-01","***","***","***","***",1.42394870321414,1.42394870321414]
["EMULSÕES ASF. MOD. POR POLÍMEROS RR1C-E","2017-03-01","***","***","***","***",1.46079,1.46079]
["EMULSÕES ASF. MOD. POR POLÍMEROS RR1C-E","2017-04-01","***","***","***",1.0603,1.4627893591772201,1.3155118281496301]
["EMULSÕES ASF. MOD. POR POLÍMEROS RR1C-E","2017-05-01","***","***","***","***",1.46079,1.46079]
["EMULSÕES ASF. MOD. POR POLÍMEROS RR1C-E","2017-06-01","***","***","***","***",1.39587246876791,1.39587246876791]
["EMULSÕES ASF. MOD. POR POLÍMEROS RR1C-E","2017-07-01","***","***",1.2437,"***",1.43036919896641,1.40428205663477]
["EMULSÕES ASF. MOD. POR POLÍMEROS RR1C-E","2017-08-01","***","***","***",1.3461000000000001,1.34159859930155,1.3420480318458301]
["EMULSÕES ASF. MOD. POR POLÍMEROS RR1C-E","2017-09-01","***","***",1.1777,1.22024363904081,1.3167783982930299,1.2706298457512]
["EMULSÕES ASF. MOD. POR POLÍMEROS RR1C-E","2017-10-01","***","***","***","***",1.31097941919581,1.31097941919581]
["EMULSÕES ASF. MOD. POR POLÍMEROS RR1C-E","2017-11-01","***","***","***","***",1.4324767785977901,1.4324767785977901]
["EMULSÕES ASF. MOD. POR POLÍMEROS RR1C-E","2017-12-01","***","***","***",1.15527,1.4390455897126799,1.3784607569532199]
["EMULSÕES ASF. MOD. POR POLÍMEROS RR1C-E","2018-01-01","***","***","***","***",1.46035548179441,1.46035548179441]
["EMULSÕES ASF. MOD. POR POLÍMEROS RR1C-E","2018-02-01","***","***","***","***",1.4585830151350301,1.4585830151350301]
["EMULSÕES ASF. MOD. POR POLÍMEROS RR1C-E","2018-03-01","***","***","***",1.2067075301327901,1.45859568916619,1.3936979293647]
["EMULSÕES ASF. MOD. POR POLÍMEROS RR1C-E","2018-04-01","***","***","***",1.1761542709077899,1.46177487446648,1.4191071516284]
["EMULSÕES ASF. MOD. POR POLÍMEROS RR1C-E","2018-05-01","***","***",1.4948399999999999,1.2908318100890199,1.4715571388281701,1.4597138328496799]
["EMULSÕES ASF. MOD. POR POLÍMEROS RR1C-E","2018-06-01","***",1.57789,"***",1.63083,1.59135851344899,1.59718731228669]
["EMULSÕES ASF. MOD. POR POLÍMEROS RR1C-E","2018-07-01","***",1.57789,"***",1.6081463063707899,1.6020399365973901,1.6046084517652399]
["EMULSÕES ASF. MOD. POR POLÍMEROS RR1C-E","2018-08-01","***","***","***",1.6742313674898599,1.6369256078100101,1.6444978452790699]
["EMULSÕES ASF. MOD. POR POLÍMEROS RR1C-E","2018-09-01","***","***",2.2341700000000002,1.8784508130081301,1.4692400000000001,1.8123022041166399]
["EMULSÕES ASF. MOD. POR POLÍMEROS RR1C-E","2018-10-01","***","***",2.2341700000000002,1.8489347157668901,1.4692400000000001,1.9321701432588001]
["EMULSÕES ASF. MOD. POR POLÍMEROS RR1C-E","2018-11-01","***","***","***","***","***","***"]
["EMULSÕES ASF. MOD. POR POLÍMEROS RR1C-E","2018-12-01","***","***","***","***",2.2082000000000002,2.2082000000000002]
["EMULSÕES ASF. MOD. POR POLÍMEROS RR1C-E","2019-01-01","***","***","***","***",2.3943699999999999,2.3943699999999999]
["EMULSÕES ASF. MOD. POR POLÍMEROS RR1C-E","2019-02-01","***","***",2.46007,"***",2.53078,2.4793220260408]
["EMULSÕES ASF. MOD. POR POLÍMEROS RR1C-E","2019-03-01","***","***","***",2.2281200000000001,"***",2.2281200000000001]
["EMULSÕES ASF. MOD. POR POLÍMEROS RR1C-E","2019-04-01","***","***",2.46007,"***","***",2.46007]
["EMULSÕES ASF. MOD. POR POLÍMEROS RR1C-E","2019-05-01","***",2.2618,2.64752461472967,"***",2.1901099999999998,2.4639514823187501]
["EMULSÕES ASF. MOD. POR POLÍMEROS RR1C-E","2019-06-01","***",2.2618200000000002,2.64662,"***",2.2395700000000001,2.4087667156105099]
["EMULSÕES ASF. MOD. POR POLÍMEROS RR1C-E","2019-07-01","***",2.3224532118504602,2.69223242639824,"***",2.1904599999999999,2.56936753991253]
["EMULSÕES ASF. MOD. POR POLÍMEROS RR1C-E","2019-08-01","***",2.1289699999999998,2.6324100000000001,2.1677650925181,2.1735384288604198,2.3804612869450001]
["EMULSÕES ASF. MOD. POR POLÍMEROS RR1C-E","2019-09-01","***",2.1289799999999999,2.5795499999999998,2.1032899999999999,"***",2.3751069315023701]
["EMULSÕES ASF. MOD. POR POLÍMEROS RR1C-E","2019-10-01","***","***","***",2.1116279485820302,"***",2.1116279485820302]
["EMULSÕES ASF. MOD. POR POLÍMEROS RR1C-E","2019-11-01","***","***","***",2.2421600000000002,2.20776490725126,2.2182431496247701]
["EMULSÕES ASF. MOD. POR POLÍMEROS RR1C-E","2019-12-01","***","***","***",2.0493600000000001,2.23848,2.13766428969359]
["EMULSÕES ASF. MOD. POR POLÍMEROS RR1C-E","2020-01-01","***","***","***",2.2421799999999998,"***",2.2421799999999998]
["EMULSÕES ASF. MOD. POR POLÍMEROS RR1C-E","2020-02-01","***","***","***",2.1088,"***",2.1088]
["EMULSÕES ASF. MOD. POR POLÍMEROS RR1C-E","2020-03-01","***","***","***",2.1085400000000001,"***",2.1085400000000001]
["EMULSÕES ASF. MOD. POR POLÍMEROS RR1C-E","2020-04-01","***","***","***","***","***","***"]
["EMULSÕES ASF. MOD. POR POLÍMEROS RR1C-E","2020-05-01","***","***","***","***","***","***"]
["EMULSÕES ASF. MOD. POR POLÍMEROS RR1C-E","2020-06-01","***","***","***",2.3820000000000001,2.1860900000000001,2.2816695335129702]
["EMULSÕES ASF. MOD. POR POLÍMEROS RR1C-E","2020-07-01","***",1.85456,"***","***","***",1.85456]
["EMULSÕES ASF. MOD. POR POLÍMEROS RR1C-E","2020-08-01","***",1.9805600000000001,"***",2.0933593915211999,2.25333015752864,2.1754737822436701]
["EMULSÕES ASF. MOD. POR POLÍMEROS RR1C-E","2020-09-01","***",1.9805600000000001,"***","***",1.22307861324078,1.3531633213910299]
["EMULSÕES ASF. MOD. POR POLÍMEROS RR1C-E","2020-10-01","***",2.1169909623430998,"***","***",2.08819,2.1075862479679199]
["EMULSÕES ASF. MOD. POR POLÍMEROS RR1C-E","2020-11-01","***",2.016,"***","***",2.2705299999999999,2.1381327000630099]
["EMULSÕES ASF. MOD. POR POLÍMEROS RR1C-E","2020-12-01","***","***","***","***","***","***"]
["EMULSÕES ASF. MOD. POR POLÍMEROS RR1C-E","2021-01-01","***",2.016,"***","***",2.2397499999999999,2.1207387144259102]
["EMULSÕES ASF. MOD. POR POLÍMEROS RR1C-E","2021-02-01","***","***","***","***",2.45947,2.45947]
["EMULSÕES ASF. MOD. POR POLÍMEROS RR1C-E","2021-03-01","***","***","***","***",2.44671506470588,2.44671506470588]
["EMULSÕES ASF. MOD. POR POLÍMEROS RR1C-E","2021-04-01","***",2.6312000000000002,"***","***",2.4843189884064598,2.5237445584566802]
["EMULSÕES ASF. MOD. POR POLÍMEROS RR1C-E","2021-05-01","***","***","***","***",3.0254984626267398,3.0254984626267398]
["EMULSÕES ASF. MOD. POR POLÍMEROS RR1C-E","2021-06-01","***",3.0931999999999999,"***","***",2.8313657222770598,2.9601596438722599]
["EMULSÕES ASF. MOD. POR POLÍMEROS RR1C-E","2021-07-01","***","***","***",2.7347000000000001,3.0211000000000001,2.9055695441710401]
["EMULSÕES ASF. MOD. POR POLÍMEROS RR1C-E","2021-08-01","***",2.9802499999999998,"***",2.7554599999999998,3.2498544636678202,3.1036280487486998]
["EMULSÕES ASF. MOD. POR POLÍMEROS RR1C-E","2021-09-01","***","***","***",3.0580465818547,3.2546388999999998,3.12376721417428]
["EMULSÕES ASF. MOD. POR POLÍMEROS RR1C-E","2021-10-01","***",3.0279400000000001,"***",3.3371881557177598,3.3223293691037701,3.2822440990080799]
["EMULSÕES ASF. MOD. POR POLÍMEROS RR1C-E","2021-11-01","***","***","***",3.1308131578947398,3.7197956847230702,3.47853083363277]
["EMULSÕES ASF. MOD. POR POLÍMEROS RR1C-E","2021-12-01","***",3.3168799999999998,"***",3.3643000000000001,3.6635167755385698,3.4848407662236101]
["EMULSÕES ASF. MOD. POR POLÍMEROS RR1C-E","2022-01-01","***","***","***","***",3.69226306741573,3.69226306741573]
["EMULSÕES ASF. MOD. POR POLÍMEROS RR1C-E","2022-02-01","***","***","***","***",3.9474800000000001,3.9474800000000001]
["EMULSÕES ASF. MOD. POR POLÍMEROS RR1C-E","2022-03-01","***","***","***","***",3.8811136250816398,3.8811136250816398]
["EMULSÕES ASF. MOD. POR POLÍMEROS RR1C-E","2022-04-01","***","***","***","***",3.9067799999999999,3.9067799999999999]
["EMULSÕES ASF. MOD. POR POLÍMEROS RR1C-E","2022-05-01","***",3.5609299999999999,"***","***",3.78036588791137,3.7113541098950198]
["EMULSÕES ASF. MOD. POR POLÍMEROS RR1C-E","2022-06-01","***","***","***","***",3.7705199999999999,3.7705199999999999]
["EMULSÕES ASF. MOD. POR POLÍMEROS RR1C-E","2022-07-01","***",3.5950899999999999,"***","***",3.53052977261886,3.5423670718088598]
["EMULSÕES ASF. MOD. POR POLÍMEROS RR1C-E","2022-08-01","***",3.78295,"***","***",3.2968199999999999,3.5615948336252199]
["EMULSÕES ASF. MOD. POR POLÍMEROS RR1C-E","2022-09-01","***",3.7488000000000001,"***","***",3.20791,3.6752980429128699]
["EMULSÕES ASF. MOD. POR POLÍMEROS RR1C-E","2022-10-01","***",3.1893699999999998,"***","***",2.9241795302445301,3.0617632528255099]
["EMULSÕES ASF. MOD. POR POLÍMEROS RR1C-E","2022-11-01","***","***","***","***",3.28381701993704,3.28381701993704]
["EMULSÕES ASF. MOD. POR POLÍMEROS RR1C-E","2022-12-01","***","***","***","***",2.9880399999999998,2.9880399999999998]
["EMULSÕES ASF. MOD. POR POLÍMEROS RR1C-E","2023-01-01","***",3.0318700000000001,"***","***",3.3519600000000001,3.17798478081321]
["EMULSÕES ASF. MOD. POR POLÍMEROS RR1C-E","2023-02-01","***","***","***","***",2.7701099999999999,2.7701099999999999]
["EMULSÕES ASF. MOD. POR POLÍMEROS RR1C-E","2023-03-01","***",2.9674399999999999,"***","***","***",2.9674399999999999]
["EMULSÕES ASF. MOD. POR POLÍMEROS RR1C-E","2023-04-01","***","***","***","***","***","***"]
["EMULSÕES ASF. MOD. POR POLÍMEROS RR1C-E","2023-05-01","***","***","***","***",3.4115480763116102,3.4115480763116102]
["EMULSÕES ASF. MOD. POR POLÍMEROS RR1C-E","2023-06-01","***","***","***","***","***","***"]
["EMULSÕES ASF. MOD. POR POLÍMEROS RR1C-E","2023-07-01","***","***","***",5.9894999999999996,2.43187,2.5307617303683099]
["EMULSÕES ASF. MOD. POR POLÍMEROS RR1C-E","2023-08-01","***","***","***",2.4742999999999999,1.8361637363966099,2.2469244334338598]
["EMULSÕES ASF. MOD. POR POLÍMEROS RR1C-E","2023-09-01","***",2.8280068670711498,3.5404,2.5739200000000002,2.7266699999999999,2.9644456129157]
["EMULSÕES ASF. MOD. POR POLÍMEROS RR1C-E","2023-10-01","***",3.1496900000000001,3.5404,2.32484,2.7266699999999999,3.1715230383600601]
["EMULSÕES ASF. MOD. POR POLÍMEROS RR1C-E","2023-11-01","***","***",3.5937000000000001,"***","***",3.5937000000000001]
["EMULSÕES ASF. MOD. POR POLÍMEROS RR1C-E","2023-12-01","***","***",3.69353,"***",2.7507700000000002,3.41872922933499]
["EMULSÕES ASF. MOD. POR POLÍMEROS RR1C-E","2024-01-01","***","***",3.48298,2.3956599999999999,2.7116099999999999,2.9643051687270301]
["EMULSÕES ASF. MOD. POR POLÍMEROS RR1C-E","2024-02-01","***","***",3.3849800000000001,"***",2.7115999999999998,3.3452766106989502]
["EMULSÕES ASF. MOD. POR POLÍMEROS RR1C-E","2024-03-01","***","***","***",2.3956599999999999,2.8766428506047701,2.75286479242535]
["EMULSÕES ASF. MOD. POR POLÍMEROS RR1C-E","2024-04-01","***",2.6120399999999999,"***",2.3956599999999999,2.97343,2.7620548537647802]
["EMULSÕES ASF. MOD. POR POLÍMEROS RR1C-E","2024-05-01","***",2.6284863136363601,"***",2.8270300000000002,"***",2.6729301199506099]
["EMULSÕES ASF. MOD. POR POLÍMEROS RR1C-E","2024-06-01","***","***","***","***","***","***"]
["EMULSÕES ASF. MOD. POR POLÍMEROS RR1C-E","2024-07-01","***","***","***","***",2.87731236706056,2.87731236706056]
["EMULSÕES ASF. MOD. POR POLÍMEROS RR1C-E","2024-08-01","***",3.3524500000000002,3.6468841953830702,"***",3.07576358339149,3.36623292814182]
["EMULSÕES ASF. MOD. POR POLÍMEROS RR1C-E","2024-09-01","***","***",3.7207499999999998,"***",3.4570161630128702,3.48686350441452]
["EMULSÕES ASF. MOD. POR POLÍMEROS RR2C-E","2009-12-01","***",0.91073000000000004,1.34820151245769,0.97463384143280896,1.0648968080413399,1.1251529238674101]
["EMULSÕES ASF. MOD. POR POLÍMEROS RR2C-E","2010-01-01","***",0.96935524435723996,1.3844562371787099,0.99360614972778105,1.1459363248461101,1.06055453624134]
["EMULSÕES ASF. MOD. POR POLÍMEROS RR2C-E","2010-02-01","***",0.97387734613893795,1.3294654088567801,1.01919737877351,1.02890618015538,1.0252560058557001]
["EMULSÕES ASF. MOD. POR POLÍMEROS RR2C-E","2010-03-01","***",0.98538961557897298,1.3563176982107401,0.98313385779847895,1.0331116510426299,1.0211207741717201]
["EMULSÕES ASF. MOD. POR POLÍMEROS RR2C-E","2010-04-01","***",1.02592161509625,1.3631129408164,1.0063451527980301,1.03756864608522,1.05553315961855]
["EMULSÕES ASF. MOD. POR POLÍMEROS RR2C-E","2010-05-01","***",1.0057743738572,1.3778442603518899,1.01964852591377,1.01097972764149,1.1181722303374799]
["EMULSÕES ASF. MOD. POR POLÍMEROS RR2C-E","2010-06-01","***",1.0022666921185901,1.2876981818851301,0.99832096772613699,1.04243177714024,1.0345939802202]
["EMULSÕES ASF. MOD. POR POLÍMEROS RR2C-E","2010-07-01","***",1.0264999339416401,1.32132107613564,0.99370384662779199,1.16463606622517,1.0389420277703201]
["EMULSÕES ASF. MOD. POR POLÍMEROS RR2C-E","2010-08-01","***",1.0369185782919901,1.43767471335482,0.95222752554253098,1.0748169951194899,1.08244248270871]
["EMULSÕES ASF. MOD. POR POLÍMEROS RR2C-E","2010-09-01","***",0.97521682852227098,1.2844565808636701,0.90286433857443904,1.1372663272397601,1.0656619840078301]
["EMULSÕES ASF. MOD. POR POLÍMEROS RR2C-E","2010-10-01","***",1.0427381205244,1.20492906525026,0.96586368129464995,1.00853140376266,1.0329083311998899]
["EMULSÕES ASF. MOD. POR POLÍMEROS RR2C-E","2010-11-01","***",0.91288663384184898,1.17397546730971,0.97726183611176298,0.92572641885164297,0.99952363154159996]
["EMULSÕES ASF. MOD. POR POLÍMEROS RR2C-E","2010-12-01","***",0.91350776287425195,1.18600427420629,0.93655554129965102,0.96252000000000004,0.97345868233789101]
["EMULSÕES ASF. MOD. POR POLÍMEROS RR2C-E","2011-01-01","***",0.876990195129566,1.2326601670275299,0.91837124792013303,0.93761864041003495,0.91315001623483505]
["EMULSÕES ASF. MOD. POR POLÍMEROS RR2C-E","2011-02-01","***",0.89596164658059696,"***",0.90391722854893697,0.94078084950949703,0.90510198348277504]
["EMULSÕES ASF. MOD. POR POLÍMEROS RR2C-E","2011-03-01","***",1.0425603096774201,1.14266,0.98263565344722403,0.94076174903193599,0.98168084582998205]
["EMULSÕES ASF. MOD. POR POLÍMEROS RR2C-E","2011-04-01","***",1.01892,"***",0.97933343078801804,0.93411320802130904,0.95512094993801]
["EMULSÕES ASF. MOD. POR POLÍMEROS RR2C-E","2011-05-01","***","***",1.1036762608610799,0.95844269973168905,0.92870896473853803,0.96062016096050495]
["EMULSÕES ASF. MOD. POR POLÍMEROS RR2C-E","2011-06-01","***",0.99434,1.1807970560446599,0.92473898881155303,0.94270465618153898,0.95531757880039703]
["EMULSÕES ASF. MOD. POR POLÍMEROS RR2C-E","2011-07-01","***",0.90549999999999997,1.1593346519079499,0.93690198653198598,0.93796602834577503,0.94844019907288002]
["EMULSÕES ASF. MOD. POR POLÍMEROS RR2C-E","2011-08-01","***",0.92192640057361397,1.32784623504748,0.90058197635880399,0.92986433260393897,0.95617189469650299]
["EMULSÕES ASF. MOD. POR POLÍMEROS RR2C-E","2011-09-01","***",1.0188999999999999,1.1825332688664401,0.92010725501388102,0.92208018300141903,1.02284307094444]
["EMULSÕES ASF. MOD. POR POLÍMEROS RR2C-E","2011-10-01","***",1.0291999999999999,1.02110780983436,0.85278281905381303,0.92233270840917403,0.95865456752187295]
["EMULSÕES ASF. MOD. POR POLÍMEROS RR2C-E","2011-11-01","***",1.0167213758947899,1.0572052130504499,0.90260209552904302,0.92230285534591205,1.0027919387519599]
["EMULSÕES ASF. MOD. POR POLÍMEROS RR2C-E","2011-12-01","***",0.94254161410853698,1.01984424199116,0.94580500523012601,1.14067208377776,1.00858327707587]
["EMULSÕES ASF. MOD. POR POLÍMEROS RR2C-E","2012-01-01","***","***","***",0.94994884253450396,1.2959912,1.1457807584164501]
["EMULSÕES ASF. MOD. POR POLÍMEROS RR2C-E","2012-02-01","***","***",0.98616999999999999,1.0596629093476899,0.94771054271896804,1.00621289115933]
["EMULSÕES ASF. MOD. POR POLÍMEROS RR2C-E","2012-03-01","***",0.914418309038871,1.01605556998249,1.0271862132034599,0.90274780667088195,0.96543823815209295]
["EMULSÕES ASF. MOD. POR POLÍMEROS RR2C-E","2012-04-01","***",0.99975758325430197,1.05167816441304,0.99401481316421003,0.81271701976143895,1.03284833237639]
["EMULSÕES ASF. MOD. POR POLÍMEROS RR2C-E","2012-05-01","***",0.98931000000000002,1.0695710716912501,1.0661405811192799,0.93174103713188206,1.0610959913579501]
["EMULSÕES ASF. MOD. POR POLÍMEROS RR2C-E","2012-06-01","***",0.97567027619602797,1.11839543348543,0.91789838738596197,0.971885657341644,1.0730589498781]
["EMULSÕES ASF. MOD. POR POLÍMEROS RR2C-E","2012-07-01","***",0.99142832561166105,1.14955980316926,1.0006129988552901,0.77495000000000003,1.11356416377423]
["EMULSÕES ASF. MOD. POR POLÍMEROS RR2C-E","2012-08-01","***",1.00838464620766,1.1776659524165101,0.982613767472163,0.85809412330634205,1.1299888137170999]
["EMULSÕES ASF. MOD. POR POLÍMEROS RR2C-E","2012-09-01","***",1.01586,1.17263486736501,0.87997914575666303,0.77495000000000003,1.1052008701795699]
["EMULSÕES ASF. MOD. POR POLÍMEROS RR2C-E","2012-10-01","***",1.01586,1.2035187809007599,0.88132266274238202,0.77495000000000003,1.1371020658491899]
["EMULSÕES ASF. MOD. POR POLÍMEROS RR2C-E","2012-11-01","***","***",1.2074963172320901,0.928979418395251,0.77495000000000003,1.1241170972860699]
["EMULSÕES ASF. MOD. POR POLÍMEROS RR2C-E","2012-12-01","***",1.0310619154360301,1.2244743826645099,1.08673971456693,0.77495000000000003,1.1109499297331]
["EMULSÕES ASF. MOD. POR POLÍMEROS RR2C-E","2013-01-01","***",1.02070944225034,1.1639900000000001,1.01919018172576,0.77495000000000003,1.0132854231484101]
["EMULSÕES ASF. MOD. POR POLÍMEROS RR2C-E","2013-02-01","***",1.04040810812785,1.16559516853933,1.1213133277831999,1.0846,1.0797058632228]
["EMULSÕES ASF. MOD. POR POLÍMEROS RR2C-E","2013-03-01","***",1.04590374080312,1.1457691854185399,1.04274257339362,1.0860000000000001,1.0559334668384199]
["EMULSÕES ASF. MOD. POR POLÍMEROS RR2C-E","2013-04-01","***",1.04506150675195,1.17224684677974,1.0734656618705001,1.0851999999999999,1.09219486894451]
["EMULSÕES ASF. MOD. POR POLÍMEROS RR2C-E","2013-05-01","***",1.01586,1.1956835689441201,1.0189430222145699,1.0874811502376001,1.17252987808056]
["EMULSÕES ASF. MOD. POR POLÍMEROS RR2C-E","2013-06-01","***",1.0707762262568199,1.16523654148428,1.1324555936282401,"***",1.1568578755605801]
["EMULSÕES ASF. MOD. POR POLÍMEROS RR2C-E","2013-07-01","***",1.04657735695957,1.14945112402953,1.3725700000000001,0.95027443029490599,1.1296285660121399]
["EMULSÕES ASF. MOD. POR POLÍMEROS RR2C-E","2013-08-01",1.1894199999999999,1.06826110783462,1.2315269669972799,1.00746739484801,1.0851182650862099,1.1654649484550901]
["EMULSÕES ASF. MOD. POR POLÍMEROS RR2C-E","2013-09-01",1.1894199999999999,1.1440045906870899,1.2528628579577099,1.1019623604142199,1.0836609482620501,1.2098457782847001]
["EMULSÕES ASF. MOD. POR POLÍMEROS RR2C-E","2013-10-01",1.1894199999999999,1.09185907354364,1.19113882033716,1.09037261922092,1.1026447060664499,1.15134423540596]
["EMULSÕES ASF. MOD. POR POLÍMEROS RR2C-E","2013-11-01",1.1894199999999999,1.15428960458881,1.22056109934471,1.0669682677895,1.1345570929139199,1.1729076354105401]
["EMULSÕES ASF. MOD. POR POLÍMEROS RR2C-E","2013-12-01","***",1.2668440149371001,1.1935266914066001,0.98873296904943198,1.12404297362431,1.1748054077038801]
["EMULSÕES ASF. MOD. POR POLÍMEROS RR2C-E","2014-01-01","***",1.2473567493978699,1.21595705655719,1.06865307272428,1.1165981920427399,1.17839264188017]
["EMULSÕES ASF. MOD. POR POLÍMEROS RR2C-E","2014-02-01","***",1.05484719183078,1.2612909159918999,1.0574515916557601,0.95132467546754695,1.10153346991681]
["EMULSÕES ASF. MOD. POR POLÍMEROS RR2C-E","2014-03-01","***",1.0546396102592901,1.2107343531041299,1.03250296041282,"***",1.1093446478087701]
["EMULSÕES ASF. MOD. POR POLÍMEROS RR2C-E","2014-04-01","***",1.0544453727266401,1.2595154955199299,1.07320316313846,1.1143799999999999,1.17114719079658]
["EMULSÕES ASF. MOD. POR POLÍMEROS RR2C-E","2014-05-01","***",1.05723567630411,1.22241312897252,1.0642879506616001,1.0906,1.1427100535994099]
["EMULSÕES ASF. MOD. POR POLÍMEROS RR2C-E","2014-06-01","***",1.0127070776406499,1.2330664120299899,1.0569769532179201,0.99095999999999995,1.1457222562331799]
["EMULSÕES ASF. MOD. POR POLÍMEROS RR2C-E","2014-07-01","***",1.0610044606223701,1.1877229535623099,1.03397767663465,0.96319894476385803,1.1296284937685901]
["EMULSÕES ASF. MOD. POR POLÍMEROS RR2C-E","2014-08-01","***",1.18506019611534,1.16313488049298,1.1093563689436701,1.3945000000000001,1.15994344395594]
["EMULSÕES ASF. MOD. POR POLÍMEROS RR2C-E","2014-09-01","***",1.28591736258804,1.2292168192483099,1.03940281595469,1.09806864745011,1.20942819937333]
["EMULSÕES ASF. MOD. POR POLÍMEROS RR2C-E","2014-10-01","***",1.2075999888220701,1.1407592232947199,1.0200284186428401,1.00120252306158,1.1319441142669899]
["EMULSÕES ASF. MOD. POR POLÍMEROS RR2C-E","2014-11-01","***",1.2097424733375699,1.14817825179519,1.0805822762439301,1.0067392344120001,1.1508560082074599]
["EMULSÕES ASF. MOD. POR POLÍMEROS RR2C-E","2014-12-01","***",1.4203582304245701,1.2656279883147501,1.2965096950457,1.1009080576093699,1.30432072496471]
["EMULSÕES ASF. MOD. POR POLÍMEROS RR2C-E","2015-01-01","***",1.89,"***",1.3687025589586499,"***",1.6658315727895301]
["EMULSÕES ASF. MOD. POR POLÍMEROS RR2C-E","2015-02-01","***","***","***",1.3240290071954099,1.4747886501007399,1.35328307747442]
["EMULSÕES ASF. MOD. POR POLÍMEROS RR2C-E","2015-03-01","***",1.3440993359992599,1.5023,1.3077129657664699,1.4598500000000001,1.34805252973844]
["EMULSÕES ASF. MOD. POR POLÍMEROS RR2C-E","2015-04-01","***",1.7966579515743999,1.4824299999999999,1.3020135980583201,1.16323545454545,1.46137498086536]
["EMULSÕES ASF. MOD. POR POLÍMEROS RR2C-E","2015-05-01","***","***",1.4736734340949,1.3437811129980399,1.08666824566312,1.36851698040603]
["EMULSÕES ASF. MOD. POR POLÍMEROS RR2C-E","2015-06-01","***",2.0246,1.42210999809197,1.2850635255712699,1.13624136619718,1.3419107360259599]
["EMULSÕES ASF. MOD. POR POLÍMEROS RR2C-E","2015-07-01","***",1.30401717051378,1.2050277566137599,1.2723727289889999,1.0527027375603299,1.21872245098039]
["EMULSÕES ASF. MOD. POR POLÍMEROS RR2C-E","2015-08-01","***","***",1.43042412342874,1.2877805560334401,1.18321465058292,1.31091932352177]
["EMULSÕES ASF. MOD. POR POLÍMEROS RR2C-E","2015-09-01","***","***",1.3681639026177801,1.3284410235816799,1.16542928997674,1.33515291802577]
["EMULSÕES ASF. MOD. POR POLÍMEROS RR2C-E","2015-10-01","***",1.98,1.53134642309251,1.3928056922388701,1.4202399999999999,1.58472743882678]
["EMULSÕES ASF. MOD. POR POLÍMEROS RR2C-E","2015-11-01","***",2.12952711770743,1.72365523668221,1.49880033989173,"***",1.8252301252129499]
["EMULSÕES ASF. MOD. POR POLÍMEROS RR2C-E","2015-12-01","***",1.96592856043459,1.5857699999999999,1.48622042007498,"***",1.6522299030893399]
["EMULSÕES ASF. MOD. POR POLÍMEROS RR2C-E","2016-01-01","***","***",2.39249,1.4319490265136501,"***",1.71554836943386]
["EMULSÕES ASF. MOD. POR POLÍMEROS RR2C-E","2016-02-01","***","***",2.3908767881241602,1.35195872827643,"***",1.44726523181678]
["EMULSÕES ASF. MOD. POR POLÍMEROS RR2C-E","2016-03-01","***",1.53504,1.70774,1.46058299498328,"***",1.4744193261511001]
["EMULSÕES ASF. MOD. POR POLÍMEROS RR2C-E","2016-04-01","***",1.7567200000000001,1.73264,1.56435570693142,1.6958915113937501,1.6604180378746201]
["EMULSÕES ASF. MOD. POR POLÍMEROS RR2C-E","2016-05-01","***","***",1.5669751288304501,1.5305542446460101,1.68325520748917,1.5599606403859501]
["EMULSÕES ASF. MOD. POR POLÍMEROS RR2C-E","2016-06-01","***","***",1.7023000640934001,1.5752502187631501,1.7093499999999999,1.64207442321502]
["EMULSÕES ASF. MOD. POR POLÍMEROS RR2C-E","2016-07-01","***",1.5349600000000001,1.7126558824373099,1.5713038020383501,1.7058176536976499,1.66966689437073]
["EMULSÕES ASF. MOD. POR POLÍMEROS RR2C-E","2016-08-01","***",1.5955299999999999,1.7508424629029899,1.6220628054342601,1.5319,1.69547040826097]
["EMULSÕES ASF. MOD. POR POLÍMEROS RR2C-E","2016-09-01","***",1.53743655116841,1.6296106844046401,1.47052997227784,1.43029349424954,1.54853890534095]
["EMULSÕES ASF. MOD. POR POLÍMEROS RR2C-E","2016-10-01","***",1.4657620751931499,1.48073699287558,1.3314506740681999,1.40363905728903,1.43978818014511]
["EMULSÕES ASF. MOD. POR POLÍMEROS RR2C-E","2016-11-01","***",1.0907468396414,1.5489556537347999,1.3344953175812999,1.4941367172158,1.317812769031]
["EMULSÕES ASF. MOD. POR POLÍMEROS RR2C-E","2016-12-01","***",1.1544616635543099,1.9311799999999999,1.3435789283322199,"***",1.3351411672017199]
["EMULSÕES ASF. MOD. POR POLÍMEROS RR2C-E","2017-01-01","***",1.15387588235294,"***",1.60086041709502,1.5232481154059601,1.3988085043731799]
["EMULSÕES ASF. MOD. POR POLÍMEROS RR2C-E","2017-02-01","***",1.4404488072435999,1.8829,1.3443576271186399,1.5224090422840599,1.4582330549979901]
["EMULSÕES ASF. MOD. POR POLÍMEROS RR2C-E","2017-03-01","***",1.4158900000000001,"***",1.40397150274377,"***",1.4124174972328101]
["EMULSÕES ASF. MOD. POR POLÍMEROS RR2C-E","2017-04-01","***",1.4214227784346201,1.8724564568720401,1.6077348575387,1.4981199999999999,1.5939213083599799]
["EMULSÕES ASF. MOD. POR POLÍMEROS RR2C-E","2017-05-01","***",1.4158900000000001,1.7492685177579801,1.35936784271523,1.50347970927318,1.59787308117988]
["EMULSÕES ASF. MOD. POR POLÍMEROS RR2C-E","2017-06-01","***",1.5218350415361599,1.7301512805636099,1.43253605499439,1.4430000000000001,1.6799273818390501]
["EMULSÕES ASF. MOD. POR POLÍMEROS RR2C-E","2017-07-01","***",1.48312,1.6837631773108499,1.33040943574809,1.3904146926834,1.6380343919322]
["EMULSÕES ASF. MOD. POR POLÍMEROS RR2C-E","2017-08-01","***",1.4828600000000001,1.47765717730169,1.3592231223959399,1.3949024939505501,1.46554936367542]
["EMULSÕES ASF. MOD. POR POLÍMEROS RR2C-E","2017-09-01","***",1.49241,1.5819643448284999,1.4225914688869401,1.38726185778716,1.56378501304106]
["EMULSÕES ASF. MOD. POR POLÍMEROS RR2C-E","2017-10-01","***","***",1.75481397265812,1.53866784542674,1.40283173617775,1.72744726613273]
["EMULSÕES ASF. MOD. POR POLÍMEROS RR2C-E","2017-11-01","***",1.6607000000000001,1.80194978026326,2.0248467509830999,1.53662944984802,1.7725213036582499]
["EMULSÕES ASF. MOD. POR POLÍMEROS RR2C-E","2017-12-01","***",1.71302,1.68721022919825,1.60933067592765,1.51505855724044,1.6490958815513499]
["EMULSÕES ASF. MOD. POR POLÍMEROS RR2C-E","2018-01-01","***",1.7705200000000001,1.7122480652854399,1.65688826949281,1.7230987649846701,1.70683114881041]
["EMULSÕES ASF. MOD. POR POLÍMEROS RR2C-E","2018-02-01","***","***",1.6208777303411801,1.50174400757298,1.6663459099804301,1.59934789083235]
["EMULSÕES ASF. MOD. POR POLÍMEROS RR2C-E","2018-03-01","***",1.73590820451843,1.7302030327806801,1.4395287370491801,1.59874135458167,1.6489803003636001]
["EMULSÕES ASF. MOD. POR POLÍMEROS RR2C-E","2018-04-01","***",1.70850232802386,1.6923075512673,1.5782218939253201,1.63567323601602,1.678528469862]
["EMULSÕES ASF. MOD. POR POLÍMEROS RR2C-E","2018-05-01","***",1.7765505334389899,1.7077995419563501,1.66872544069088,1.6897599999999999,1.7256480736373001]
["EMULSÕES ASF. MOD. POR POLÍMEROS RR2C-E","2018-06-01","***",1.66904431114442,1.79888806739457,1.6841103199718701,1.7847617012313699,1.76464549741321]
["EMULSÕES ASF. MOD. POR POLÍMEROS RR2C-E","2018-07-01","***",1.9692499999999999,1.8439185862482499,1.7441110652346901,2.2279599999999999,1.84928248828645]
["EMULSÕES ASF. MOD. POR POLÍMEROS RR2C-E","2018-08-01",3.3587799999999999,1.9654179475156901,2.1854208648985001,1.88196230161026,1.97194,2.1659802638080601]
["EMULSÕES ASF. MOD. POR POLÍMEROS RR2C-E","2018-09-01",2.4708184259573001,2.0565377374904101,2.2272392526537801,1.8523617291675301,1.95032539136227,2.1241247743951299]
["EMULSÕES ASF. MOD. POR POLÍMEROS RR2C-E","2018-10-01","***",2.0033770084545099,1.7713993296849699,1.80221487146662,1.98038,1.87024578191978]
["EMULSÕES ASF. MOD. POR POLÍMEROS RR2C-E","2018-11-01","***",2.13269111969255,2.4216285236130202,2.1122750312786098,2.2565845149608301,2.2388512726786498]
["EMULSÕES ASF. MOD. POR POLÍMEROS RR2C-E","2018-12-01",2.33256,2.0697199999999998,2.2177600000000002,2.1224763746201201,2.23010700821653,2.1631127314979102]
["EMULSÕES ASF. MOD. POR POLÍMEROS RR2C-E","2019-01-01","***",2.2000099999999998,"***",2.1652022601746999,2.0643973361747499,2.1589821217013498]
["EMULSÕES ASF. MOD. POR POLÍMEROS RR2C-E","2019-02-01","***","***","***",2.3185367674670299,2.2951897653596798,2.31651654573627]
["EMULSÕES ASF. MOD. POR POLÍMEROS RR2C-E","2019-03-01","***",2.4764300000000001,"***",2.2734969208972799,2.1978187443227402,2.3004899778024401]
["EMULSÕES ASF. MOD. POR POLÍMEROS RR2C-E","2019-04-01","***",2.4884661793949601,2.2523488576844999,2.6665232520325199,2.2597713849632601,2.3299397600248599]
["EMULSÕES ASF. MOD. POR POLÍMEROS RR2C-E","2019-05-01","***",2.3824900000000002,2.2493738327889701,2.5116499121539002,2.2641309883720901,2.3282346978741]
["EMULSÕES ASF. MOD. POR POLÍMEROS RR2C-E","2019-06-01","***","***",2.7486408250151202,2.5123457204814099,2.2321478292046901,2.5941416320891402]
["EMULSÕES ASF. MOD. POR POLÍMEROS RR2C-E","2019-07-01",2.43831,2.7412835847142398,2.5618148884304301,2.2512048607411002,2.2679897830374798,2.5457385344955799]
["EMULSÕES ASF. MOD. POR POLÍMEROS RR2C-E","2019-08-01",2.3455191267605602,2.3227346966666702,2.5525009547511299,2.3129090470887701,"***",2.5127410760027402]
["EMULSÕES ASF. MOD. POR POLÍMEROS RR2C-E","2019-09-01",2.3281356750102602,2.0440503115814201,2.4817195561959702,2.3520848983642999,2.2729148412524598,2.4204883333790899]
["EMULSÕES ASF. MOD. POR POLÍMEROS RR2C-E","2019-10-01",2.3624800000000001,3.0112172554927801,2.3567727267681802,2.3191814927071102,2.1924703130849101,2.47119965814026]
["EMULSÕES ASF. MOD. POR POLÍMEROS RR2C-E","2019-11-01",2.36849,3.3502205157820999,2.4676782807865099,2.32253405736743,2.2316018915635198,2.8422216610054298]
["EMULSÕES ASF. MOD. POR POLÍMEROS RR2C-E","2019-12-01",2.3686799999999999,3.1151456544171801,2.3543015436867298,2.33744602401601,2.3543250404954699,2.84144807432935]
["EMULSÕES ASF. MOD. POR POLÍMEROS RR2C-E","2020-01-01","***",3.0619413400800202,2.4741226465739001,2.3700881022508602,2.34038164299663,2.6374461712368999]
["EMULSÕES ASF. MOD. POR POLÍMEROS RR2C-E","2020-02-01",2.0538099999999999,3.27165765407555,2.8653300000000002,2.41859,2.1598124990078,2.7477419555304099]
["EMULSÕES ASF. MOD. POR POLÍMEROS RR2C-E","2020-03-01",2.10666239646465,"***",2.1696447205960601,2.2224373307046101,2.0841862626114902,2.1507985547910802]
["EMULSÕES ASF. MOD. POR POLÍMEROS RR2C-E","2020-04-01",2.0355952302869502,"***",2.2015968598954898,2.1934076102660001,2.0950267971190599,2.1064516237145301]
["EMULSÕES ASF. MOD. POR POLÍMEROS RR2C-E","2020-05-01","***",2.2723900000000001,2.29723756171617,2.2209613882010202,2.1553695526992298,2.23826482571886]
["EMULSÕES ASF. MOD. POR POLÍMEROS RR2C-E","2020-06-01",2.0219871021729601,2.1570165542957902,2.44131506578168,2.41859,2.5018799999999999,2.3028148817473699]
["EMULSÕES ASF. MOD. POR POLÍMEROS RR2C-E","2020-07-01",1.97315,2.12162096260829,2.3638028381539802,2.2103281977618199,1.4994911835206,2.14063878668457]
["EMULSÕES ASF. MOD. POR POLÍMEROS RR2C-E","2020-08-01","***",2.2038424361082001,2.5932499689574402,2.3849091785150098,2.8673500000000001,2.5106721421474698]
["EMULSÕES ASF. MOD. POR POLÍMEROS RR2C-E","2020-09-01","***",2.1923949345335498,2.42736138540333,2.23977670671764,0.28672999999999998,2.3226628040798101]
["EMULSÕES ASF. MOD. POR POLÍMEROS RR2C-E","2020-10-01","***",2.2075696302382899,2.4423051481562998,2.3065642514171398,2.1341329036027301,2.3956152284716699]
["EMULSÕES ASF. MOD. POR POLÍMEROS RR2C-E","2020-11-01","***",2.2860410379951501,2.82618419505611,2.3237399999999999,2.5703100000000001,2.65017926291087]
["EMULSÕES ASF. MOD. POR POLÍMEROS RR2C-E","2020-12-01","***",2.3396254678858899,2.84619648880419,2.3268200000000001,2.4196956687898101,2.5607014905378498]
["EMULSÕES ASF. MOD. POR POLÍMEROS RR2C-E","2021-01-01","***",2.37674106201443,2.93413155378486,2.21852774789761,2.2601421781055002,2.5576864574458602]
["EMULSÕES ASF. MOD. POR POLÍMEROS RR2C-E","2021-02-01","***",2.3527499999999999,3.1254121989580299,2.3695078082869498,2.1555800000000001,2.8338672706993999]
["EMULSÕES ASF. MOD. POR POLÍMEROS RR2C-E","2021-03-01","***",2.76356914049971,2.3166645016226202,2.36558544699162,"***",2.5066435201785602]
["EMULSÕES ASF. MOD. POR POLÍMEROS RR2C-E","2021-04-01","***",2.3279999999999998,2.4540795533338402,2.3783185889376099,2.5152377513446398,2.440118374566]
["EMULSÕES ASF. MOD. POR POLÍMEROS RR2C-E","2021-05-01","***",2.8498000000000001,2.8310643924831602,2.8946166502488602,3.0639599999999998,2.8679935524421301]
["EMULSÕES ASF. MOD. POR POLÍMEROS RR2C-E","2021-06-01","***",2.7936000000000001,2.9242336583408699,2.8083336144823399,3.0637442543728102,2.93105655608356]
["EMULSÕES ASF. MOD. POR POLÍMEROS RR2C-E","2021-07-01","***",2.9639899999999999,3.1259217932111798,2.9358050249293699,3.0126369038432399,3.08866991079051]
["EMULSÕES ASF. MOD. POR POLÍMEROS RR2C-E","2021-08-01","***",2.8990900000000002,3.3423373468847402,3.1259175629904998,3.0846684136396298,3.2962011030982801]
["EMULSÕES ASF. MOD. POR POLÍMEROS RR2C-E","2021-09-01","***","***",3.29731983419346,3.0889239732563598,3.0064363607122302,3.2716967891139799]
["EMULSÕES ASF. MOD. POR POLÍMEROS RR2C-E","2021-10-01","***",3.0912600000000001,3.2885131134726402,2.9791415447739702,3.0169631818181801,3.2239709662123799]
["EMULSÕES ASF. MOD. POR POLÍMEROS RR2C-E","2021-11-01","***",3.3856972942830401,3.5025718253272999,3.3585344478722399,3.29821217584177,3.4017871413287701]
["EMULSÕES ASF. MOD. POR POLÍMEROS RR2C-E","2021-12-01","***","***",3.5586173603524198,3.5337103658675799,3.50154846415094,3.5355516644146601]
["EMULSÕES ASF. MOD. POR POLÍMEROS RR2C-E","2022-01-01","***",3.2460900000000001,3.7693536936059999,3.50019014490766,3.8643467935000699,3.6674595797889902]
["EMULSÕES ASF. MOD. POR POLÍMEROS RR2C-E","2022-02-01","***",3.5857100000000002,3.8406183275145498,3.84515251330913,4.0422099999999999,3.83759451029553]
["EMULSÕES ASF. MOD. POR POLÍMEROS RR2C-E","2022-03-01","***",3.6974153276353299,3.7419201387374401,3.9556631096691599,3.7222024290780098,3.8668436059227802]
["EMULSÕES ASF. MOD. POR POLÍMEROS RR2C-E","2022-04-01","***",3.8544299999999998,4.6856900000000001,4.0458181291197199,4.12411054468493,4.1141489564558702]
["EMULSÕES ASF. MOD. POR POLÍMEROS RR2C-E","2022-05-01",4.0049969570060098,4.1313700000000004,3.9169645708986001,4.1508882176555604,3.7809772825484802,4.0369837200164298]
["EMULSÕES ASF. MOD. POR POLÍMEROS RR2C-E","2022-06-01",3.8655033649017101,"***",3.8453874757897202,4.0250318570097301,3.7830738392749201,3.9441159177051599]
["EMULSÕES ASF. MOD. POR POLÍMEROS RR2C-E","2022-07-01",3.9166799999999999,3.6922299999999999,3.9892275891872,3.8733046095961599,3.7096622727626798,3.8877545530495801]
["EMULSÕES ASF. MOD. POR POLÍMEROS RR2C-E","2022-08-01",3.7444899999999999,3.7760500000000001,4.0189779245664203,3.8011483682483198,3.4792555373051202,3.8890841148480702]
["EMULSÕES ASF. MOD. POR POLÍMEROS RR2C-E","2022-09-01","***",4.2418009108427501,4.0530000610813204,3.7088813092117299,3.8063199999999999,3.8677118111396802]
["EMULSÕES ASF. MOD. POR POLÍMEROS RR2C-E","2022-10-01","***",3.1055511526328599,3.2695332481964301,3.71257628990461,3.3054116881775899,3.5698722948153399]
["EMULSÕES ASF. MOD. POR POLÍMEROS RR2C-E","2022-11-01","***",3.5929139204620499,3.6400621680206902,3.4623746992202,"***",3.5194713574277499]
["EMULSÕES ASF. MOD. POR POLÍMEROS RR2C-E","2022-12-01","***",3.2589800000000002,3.6303540253845901,3.4135661563057198,3.4572393655371298,3.5389447600288801]
["EMULSÕES ASF. MOD. POR POLÍMEROS RR2C-E","2023-01-01","***","***","***",3.3638170275741301,3.0793328811449898,3.3408265310535601]
["EMULSÕES ASF. MOD. POR POLÍMEROS RR2C-E","2023-02-01","***",3.1933099999999999,3.10395795503675,3.3483385178943199,2.73572809305873,3.1954278909809801]
["EMULSÕES ASF. MOD. POR POLÍMEROS RR2C-E","2023-03-01","***",3.6410270004127101,3.0446717336864899,3.1101882689813398,2.8713062160203,3.26106089276503]
["EMULSÕES ASF. MOD. POR POLÍMEROS RR2C-E","2023-04-01","***",3.84639990157959,3.0449708890278,3.0110756056213499,3.4107400000000001,3.14283928423019]
["EMULSÕES ASF. MOD. POR POLÍMEROS RR2C-E","2023-05-01","***",3.20198941541102,3.21971984727245,2.9478137865644798,2.9409981007219002,3.06381583696096]
["EMULSÕES ASF. MOD. POR POLÍMEROS RR2C-E","2023-06-01","***",3.21636622229917,3.32188762933403,2.9017037694049201,3.1563150385147098,3.1102995277837202]
["EMULSÕES ASF. MOD. POR POLÍMEROS RR2C-E","2023-07-01","***",3.0564444727000701,3.3476616518863902,3.0412601153822001,2.964,3.1562408064102301]
["EMULSÕES ASF. MOD. POR POLÍMEROS RR2C-E","2023-08-01",3.39527,2.93909969561243,3.3940534058331902,2.90368250835553,2.5705577559986499,3.0971995781696502]
["EMULSÕES ASF. MOD. POR POLÍMEROS RR2C-E","2023-09-01",3.7967428324839698,3.1265415292853298,3.3529604637725199,3.0066069704305098,3.0187740760983801,3.2114826237564]
["EMULSÕES ASF. MOD. POR POLÍMEROS RR2C-E","2023-10-01",3.7189490073033702,3.0602351805919801,3.4672701007077098,3.1135945415140398,3.06549655991516,3.2967803519847201]
["EMULSÕES ASF. MOD. POR POLÍMEROS RR2C-E","2023-11-01",3.9093570283766899,3.1421130858980599,3.7203014185715202,3.1187153621824999,3.0274906449193901,3.3906457770228999]
["EMULSÕES ASF. MOD. POR POLÍMEROS RR2C-E","2023-12-01",4.0990000000000002,2.90672920590726,3.6895877161645401,3.2715966485225501,3.1460722200198199,3.2144224645675199]
["EMULSÕES ASF. MOD. POR POLÍMEROS RR2C-E","2024-01-01","***",2.7583119172444599,3.53550815447832,2.5292139655131001,3.1224375838926202,2.8990815270261301]
["EMULSÕES ASF. MOD. POR POLÍMEROS RR2C-E","2024-02-01","***",2.73941059563988,3.6880048115362598,3.01128462352521,"***",3.0948030467849299]
["EMULSÕES ASF. MOD. POR POLÍMEROS RR2C-E","2024-03-01","***",3.1603027807141899,3.0623809196234602,2.9235254645369801,"***",2.9865306834726901]
["EMULSÕES ASF. MOD. POR POLÍMEROS RR2C-E","2024-04-01","***","***",3.1008640005402501,2.9338343389963302,"***",2.9729020254304199]
["EMULSÕES ASF. MOD. POR POLÍMEROS RR2C-E","2024-05-01","***",2.9975166666666699,3.2035828109300302,2.8098162042964701,2.9586700000000001,2.9714655958630001]
["EMULSÕES ASF. MOD. POR POLÍMEROS RR2C-E","2024-06-01","***",3.0296988910260501,3.29798621675693,2.9216926524251998,2.9586700000000001,3.0721550632389998]
["EMULSÕES ASF. MOD. POR POLÍMEROS RR2C-E","2024-07-01","***",3.2269325330517802,3.72512892609479,3.0517222261839798,3.00461,3.3554888484810999]
["EMULSÕES ASF. MOD. POR POLÍMEROS RR2C-E","2024-08-01",3.8729903349122901,3.6394854662244298,3.8666824001021398,3.35429476857137,3.12639175660872,3.6285475734229999]
["EMULSÕES ASF. MOD. POR POLÍMEROS RR2C-E","2024-09-01",3.9541620299754601,3.49912644554247,3.9102538023632798,3.4601143093636799,3.12104174221591,3.7302717500359601]
["EMULSÕES ASFÁLTICAS LA-E","2008-11-01",2.30332214472537,"***","***",0.98824298157453905,0.81794999999999995,2.0984422994652401]
["EMULSÕES ASFÁLTICAS LA-E","2008-12-01","***","***","***",1.0900345919044501,"***",1.0900345919044501]
["EMULSÕES ASFÁLTICAS LA-E","2009-01-01","***","***","***",1.11491930501931,"***",1.11491930501931]
["EMULSÕES ASFÁLTICAS LA-E","2009-02-01","***","***","***",1.1002894454382799,"***",1.1002894454382799]
["EMULSÕES ASFÁLTICAS LA-E","2009-03-01","***","***",0.77302888986013996,1.2231814928112601,"***",0.93673440315941703]
["EMULSÕES ASFÁLTICAS LA-E","2009-04-01","***","***","***",1.03260476915271,"***",1.03260476915271]
["EMULSÕES ASFÁLTICAS LA-E","2009-05-01","***","***","***",1.1254783427495301,0.67854999999999999,0.80113210227272702]
["EMULSÕES ASFÁLTICAS LA-E","2009-06-01","***","***","***",1.0738062992126001,"***",1.0738062992126001]
["EMULSÕES ASFÁLTICAS LA-E","2009-07-01","***","***","***",1.0759839390386901,"***",1.0759839390386901]
["EMULSÕES ASFÁLTICAS LA-E","2009-08-01","***","***",0.91224567881585195,1.0658639088729001,"***",0.92180669402985105]
["EMULSÕES ASFÁLTICAS LA-E","2009-09-01","***","***",0.92049000000000003,1.05387540425532,"***",0.95201209372485895]
["EMULSÕES ASFÁLTICAS LA-E","2009-10-01","***","***",0.77695696078431398,1.11813195876289,"***",0.85268688024408901]
["EMULSÕES ASFÁLTICAS LA-E","2009-11-01","***","***",0.74589394406518394,0.95686511306532696,"***",0.77735975829117498]
["EMULSÕES ASFÁLTICAS LA-E","2009-12-01","***","***","***",0.97666949806949799,"***",0.97666949806949799]
["EMULSÕES ASFÁLTICAS LA-E","2010-01-01","***","***","***",0.78245491689459301,"***",0.78245491689459301]
["EMULSÕES ASFÁLTICAS LA-E","2010-02-01","***","***","***",0.78837289422811396,"***",0.78837289422811396]
["EMULSÕES ASFÁLTICAS LA-E","2010-03-01","***","***","***",1.05175688356164,"***",1.05175688356164]
["EMULSÕES ASFÁLTICAS LA-E","2010-04-01","***","***",0.74590000000000001,0.98982251442703995,"***",0.82503292591601995]
["EMULSÕES ASFÁLTICAS LA-E","2010-05-01","***","***",0.81927176619159303,1.00021633245383,0.66247999999999996,0.82116073858679905]
["EMULSÕES ASFÁLTICAS LA-E","2010-06-01","***","***",0.81640000000000001,1.0156338608562701,"***",0.86595274576915804]
["EMULSÕES ASFÁLTICAS LA-E","2010-07-01","***","***",0.7843,1.03801639370079,"***",0.90121575471698101]
["EMULSÕES ASFÁLTICAS LA-E","2010-08-01","***","***",0.783895838587642,0.99216139877300602,"***",0.81055880301602301]
["EMULSÕES ASFÁLTICAS LA-E","2010-09-01","***","***",0.83652992957746497,0.98461505862646603,"***",0.88036077838373805]
["EMULSÕES ASFÁLTICAS LA-E","2010-10-01","***","***",0.82889248093633605,1.0560252293578001,"***",0.85931173398863503]
["EMULSÕES ASFÁLTICAS LA-E","2010-11-01","***","***",0.79390000000000005,1.02634476793249,"***",0.96837160728424398]
["EMULSÕES ASFÁLTICAS LA-E","2010-12-01","***","***",0.83322314049586799,1.0125136700336701,"***",0.94000647058823505]
["EMULSÕES ASFÁLTICAS LA-E","2011-01-01","***","***","***",1.01958606760099,"***",1.01958606760099]
["EMULSÕES ASFÁLTICAS LA-E","2011-02-01","***","***","***",1.0396500692041499,"***",1.0396500692041499]
["EMULSÕES ASFÁLTICAS LA-E","2011-03-01","***","***",0.78149999999999997,1.0619915910964599,"***",0.88726198321417504]
["EMULSÕES ASFÁLTICAS LA-E","2011-04-01","***","***",0.814052215023639,1.02176811345646,"***",0.857624555140446]
["EMULSÕES ASFÁLTICAS LA-E","2011-05-01","***","***",0.79859831361502298,0.99949230832646296,"***",0.80735197463898301]
["EMULSÕES ASFÁLTICAS LA-E","2011-06-01","***","***",0.79322637396694196,1.06180315049226,"***",0.81160363198922203]
["EMULSÕES ASFÁLTICAS LA-E","2011-07-01","***","***",0.75249248444839401,1.21566209302326,"***",0.78754815184229099]
["EMULSÕES ASFÁLTICAS LA-E","2011-08-01","***","***",0.78047076193390497,1.0487035196850401,"***",0.82411098770176805]
["EMULSÕES ASFÁLTICAS LA-E","2011-09-01","***","***",0.813387286034707,0.86076348857905705,"***",0.82687362100996498]
["EMULSÕES ASFÁLTICAS LA-E","2011-10-01","***","***",0.83520000000000005,1.05388324159021,"***",0.91659945361411499]
["EMULSÕES ASFÁLTICAS LA-E","2011-11-01","***","***",0.75600000000000001,0.99928899422918405,"***",0.78531454753153895]
["EMULSÕES ASFÁLTICAS LA-E","2011-12-01","***","***",0.75697344061520899,1.1632141015624999,"***",0.784580982213963]
["EMULSÕES ASFÁLTICAS LA-E","2012-01-01","***","***","***",1.0630484400904301,"***",1.0630484400904301]
["EMULSÕES ASFÁLTICAS LA-E","2012-02-01","***","***","***",1.0124499055118099,"***",1.0124499055118099]
["EMULSÕES ASFÁLTICAS LA-E","2012-03-01","***","***","***",0.92201100658858004,"***",0.92201100658858004]
["EMULSÕES ASFÁLTICAS LA-E","2012-04-01","***","***",0.82663029226987195,0.77033506805157603,"***",0.78745701005233903]
["EMULSÕES ASFÁLTICAS LA-E","2012-05-01","***","***",0.75284071652238005,0.94700099712023,"***",0.79239610369609803]
["EMULSÕES ASFÁLTICAS LA-E","2012-06-01","***","***",0.77016013179571696,0.92279252981795301,0.91839999999999999,0.91186002742905403]
["EMULSÕES ASFÁLTICAS LA-E","2012-07-01","***","***",0.81429265121537597,0.91462042395385001,"***",0.89007103188325598]
["EMULSÕES ASFÁLTICAS LA-E","2012-08-01","***","***",0.814790966900375,0.95715338956657103,0.91839999999999999,0.87913682335837195]
["EMULSÕES ASFÁLTICAS LA-E","2012-09-01","***","***",0.82346089011421797,0.91773674082665602,0.91839999999999999,0.88099465924824405]
["EMULSÕES ASFÁLTICAS LA-E","2012-10-01","***","***",0.80310558347292005,0.90957737730663502,0.91839999999999999,0.85944706965409901]
["EMULSÕES ASFÁLTICAS LA-E","2012-11-01","***","***",0.81469999999999998,1.10817735199139,0.91839999999999999,0.87662869315462]
["EMULSÕES ASFÁLTICAS LA-E","2012-12-01","***","***",0.81469999999999998,1.0579856043956,1.00620456084895,0.91354224822183305]
["EMULSÕES ASFÁLTICAS LA-E","2013-01-01","***","***","***",1.1665648884381301,"***",1.1665648884381301]
["EMULSÕES ASFÁLTICAS LA-E","2013-02-01","***","***","***",1.00604597691674,"***",1.00604597691674]
["EMULSÕES ASFÁLTICAS LA-E","2013-03-01","***",0.90100000000000002,0.80871999999999999,1.0150619389701201,"***",0.92901406333539005]
["EMULSÕES ASFÁLTICAS LA-E","2013-04-01","***",0.90100000000000002,0.80871999999999999,0.91012707488986799,"***",0.89672674324324297]
["EMULSÕES ASFÁLTICAS LA-E","2013-05-01","***","***",0.86767682377919297,0.99040634042553199,"***",0.90852871671388102]
["EMULSÕES ASFÁLTICAS LA-E","2013-06-01","***","***",0.8397,0.99261574482297898,"***",0.93504147022074102]
["EMULSÕES ASFÁLTICAS LA-E","2013-07-01","***","***","***",1.46528888888889,0.91839999999999999,0.954093893129771]
["EMULSÕES ASFÁLTICAS LA-E","2013-08-01","***","***",0.86447505200126096,1.01078014125467,"***",0.92758550896057401]
["EMULSÕES ASFÁLTICAS LA-E","2013-09-01","***","***",0.83757890704584004,"***","***",0.83757890704584004]
["EMULSÕES ASFÁLTICAS LA-E","2013-10-01","***","***",0.82574000000000003,1.50782777777778,0.91839999999999999,0.88102365238095204]
["EMULSÕES ASFÁLTICAS LA-E","2013-11-01","***","***","***",1.4759,"***",1.4759]
["EMULSÕES ASFÁLTICAS LA-E","2013-12-01","***","***","***",1.4713020000000001,1.1561999999999999,1.1677355260115601]
["EMULSÕES ASFÁLTICAS LA-E","2014-01-01","***","***",0.83343336737588702,1.469095,1.1561999999999999,0.97361151286674297]
["EMULSÕES ASFÁLTICAS LA-E","2014-02-01","***","***",0.79852999999999996,1.4130976190476201,"***",0.91009163785259295]
["EMULSÕES ASFÁLTICAS LA-E","2014-03-01","***","***",0.84553999999999996,1.46228,"***",0.85806598610368801]
["EMULSÕES ASFÁLTICAS LA-E","2014-04-01","***","***","***",0.98882540664375695,"***",0.98882540664375695]
["EMULSÕES ASFÁLTICAS LA-E","2014-05-01","***","***",1.21,1.0644142616372401,"***",1.13643964720195]
["EMULSÕES ASFÁLTICAS LA-E","2014-06-01","***","***",0.85942346292947602,1.0561305837611701,"***",0.99788989961183205]
["EMULSÕES ASFÁLTICAS LA-E","2014-07-01","***","***",0.62121999999999999,1.0487444833005899,"***",0.89187915671641804]
["EMULSÕES ASFÁLTICAS LA-E","2014-08-01","***",1.53,"***",1.0027548253826699,"***",1.2250985922997599]
["EMULSÕES ASFÁLTICAS LA-E","2014-09-01","***",1.53,0.87405999999999995,1.05067602040816,"***",1.12001240006526]
["EMULSÕES ASFÁLTICAS LA-E","2014-10-01","***",1.27,0.69171984848484802,1.04992078616352,"***",0.96198231882892304]
["EMULSÕES ASFÁLTICAS LA-E","2014-11-01","***",1.27,0.65868000000000004,1.5342975000000001,"***",1.0842707941140699]
["EMULSÕES ASFÁLTICAS LA-E","2014-12-01","***","***","***",1.6844933333333301,"***",1.6844933333333301]
["EMULSÕES ASFÁLTICAS LA-E","2015-01-01","***","***","***","***","***","***"]
["EMULSÕES ASFÁLTICAS LA-E","2015-02-01","***","***","***",1.2839,"***",1.2839]
["EMULSÕES ASFÁLTICAS LA-E","2015-03-01","***","***","***","***","***","***"]
["EMULSÕES ASFÁLTICAS LA-E","2015-04-01","***","***","***",1.2090000000000001,"***",1.2090000000000001]
["EMULSÕES ASFÁLTICAS LA-E","2015-05-01","***","***","***",1.2312000000000001,"***",1.2312000000000001]
["EMULSÕES ASFÁLTICAS LA-E","2015-06-01","***",1.97,"***","***","***",1.97]
["EMULSÕES ASFÁLTICAS LA-E","2015-07-01","***","***","***","***","***","***"]
["EMULSÕES ASFÁLTICAS LA-E","2015-08-01","***","***","***",1.1745000000000001,"***",1.1745000000000001]
["EMULSÕES ASFÁLTICAS RL-1C","2008-11-01",1.1337367193710799,0.829097057582182,1.0123072239738899,0.76819089891112302,0.78295181783867696,0.83507677968494198]
["EMULSÕES ASFÁLTICAS RL-1C","2008-12-01",1.68164145937942,0.90851708075388204,1.0518602859719199,0.77048902264208197,0.84096474803779897,0.880063571647]
["EMULSÕES ASFÁLTICAS RL-1C","2009-01-01",1.7767251486634701,0.95670433042737102,1.04800849064666,0.77475230276824203,0.88206460479510196,0.92295130107878398]
["EMULSÕES ASFÁLTICAS RL-1C","2009-02-01",1.3359090299601899,0.98164153888543904,1.0424075602805001,0.86729839232663597,0.88040202021181602,0.92851954103418799]
["EMULSÕES ASFÁLTICAS RL-1C","2009-03-01",1.2094642718525299,1.0838679811896399,1.0157732456476001,0.81030083621771198,0.90061806000153499,0.894259559528786]
["EMULSÕES ASFÁLTICAS RL-1C","2009-04-01",1.22270064882151,1.0290262168527899,1.04529534854364,0.79489055608496695,0.86327962507348799,0.88437406599184198]
["EMULSÕES ASFÁLTICAS RL-1C","2009-05-01",1.39934975428634,0.984989917756108,1.0550202309493,0.81191242332609603,0.91001509015194204,0.91222418698756402]
["EMULSÕES ASFÁLTICAS RL-1C","2009-06-01",1.2842121913145099,0.89913940419113703,1.0397378512653199,0.79617148751510103,0.89537956942264996,0.90267753689464403]
["EMULSÕES ASFÁLTICAS RL-1C","2009-07-01",1.41800002378461,0.97209818842476203,1.0299306008657101,0.81623672202128505,0.97433216915045695,0.93779430065724201]
["EMULSÕES ASFÁLTICAS RL-1C","2009-08-01",1.27075004972324,0.91162033457629299,1.0356661824195601,0.812387216648498,0.91629657133170905,0.91481274182647498]
["EMULSÕES ASFÁLTICAS RL-1C","2009-09-01",1.3326649843862599,0.87112101696288302,1.0558386672175499,0.79724030791661304,0.87356679064048404,0.89900022901717103]
["EMULSÕES ASFÁLTICAS RL-1C","2009-10-01",1.44796352333684,0.89492004474980502,1.02231843008902,0.81959542481486203,0.88476568623238705,0.90677308326236505]
["EMULSÕES ASFÁLTICAS RL-1C","2009-11-01",1.34721317889318,0.92637572964481396,1.02287314903642,0.81124182981946402,0.89988311625296002,0.91191494172355503]
["EMULSÕES ASFÁLTICAS RL-1C","2009-12-01",1.4870461488223099,0.93173670793845298,1.0103184961456799,0.79911653286453599,0.856756025507588,0.90524538242029395]
["EMULSÕES ASFÁLTICAS RL-1C","2010-01-01",1.5100926910515999,0.84861539200723202,1.0485459459778499,0.84136823476461997,0.83260228943070502,0.89460549829265701]
["EMULSÕES ASFÁLTICAS RL-1C","2010-02-01",1.66710294936977,0.85433676031968797,1.03016343865955,0.87649349876000904,0.78187584191062798,0.89828149929195]
["EMULSÕES ASFÁLTICAS RL-1C","2010-03-01",1.03599524704776,0.77930315376850801,1.01999475918452,0.85710019115268798,0.79304235325555505,0.86189391749043598]
["EMULSÕES ASFÁLTICAS RL-1C","2010-04-01",1.12003380697051,0.72410152308280396,1.04291075190002,0.82493974002127701,0.76740669341214995,0.85110632923879304]
["EMULSÕES ASFÁLTICAS RL-1C","2010-05-01",1.57726518349693,0.71156682472061406,1.0276701726270401,0.81082938531425197,0.73930895680494801,0.83067256080542196]
["EMULSÕES ASFÁLTICAS RL-1C","2010-06-01",1.39023311220389,0.70776594076212695,0.97860494859470104,0.81846515787974505,0.75829875901576005,0.84119292356714104]
["EMULSÕES ASFÁLTICAS RL-1C","2010-07-01",1.44659979859013,0.71160120545443795,0.95649688358511298,0.80790649136605697,0.75401543822336803,0.833594543405343]
["EMULSÕES ASFÁLTICAS RL-1C","2010-08-01",1.18412576156948,0.70828243277414504,0.94081418768179204,0.765871243861871,0.74350204522738905,0.79203830855104596]
["EMULSÕES ASFÁLTICAS RL-1C","2010-09-01",1.2508274689147501,0.71615812125723499,0.96665288745684097,0.75316963201170795,0.75588959100354802,0.80082669090372605]
["EMULSÕES ASFÁLTICAS RL-1C","2010-10-01",1.20894147679522,0.71790035930401996,0.99988680901667704,0.77677819704464801,0.80340748505276105,0.84889697620471904]
["EMULSÕES ASFÁLTICAS RL-1C","2010-11-01",1.2230756452338101,0.72646904460053197,0.98389369594880205,0.69449508009641503,0.75657561090435899,0.80137760262074798]
["EMULSÕES ASFÁLTICAS RL-1C","2010-12-01",1.2200442915685801,0.72270405732695497,0.940263999352832,0.75597660658874999,0.76366957012592296,0.80325898437742804]
["EMULSÕES ASFÁLTICAS RL-1C","2011-01-01",1.0179717836447799,0.70475948617089701,0.98166222067122499,0.77189910009488705,0.76383277735968302,0.81353863613637101]
["EMULSÕES ASFÁLTICAS RL-1C","2011-02-01",1.25206722537142,0.725037514111885,0.93291845035736998,0.74383552052645496,0.77223721673158696,0.794212923707038]
["EMULSÕES ASFÁLTICAS RL-1C","2011-03-01",1.27074826301028,0.72167428675154899,0.95248340997716296,0.74650864959502194,0.73644205225794601,0.79074268855053897]
["EMULSÕES ASFÁLTICAS RL-1C","2011-04-01",1.3569220621334399,0.71944409601369397,0.890303966315933,0.74569874366422295,0.71082713390874797,0.78548259698309397]
["EMULSÕES ASFÁLTICAS RL-1C","2011-05-01",1.28779983054925,0.73875797069304905,0.90834265450051499,0.72125295406553702,0.70718702579215698,0.77210141838247304]
["EMULSÕES ASFÁLTICAS RL-1C","2011-06-01",1.30524685206311,0.76883359955821495,0.87986943379871696,0.72377178073897797,0.71933359404497699,0.78145920581843697]
["EMULSÕES ASFÁLTICAS RL-1C","2011-07-01",1.25080331533635,0.68571783887207405,0.93805533341132596,0.730719280027331,0.71811545537114496,0.77156768543051102]
["EMULSÕES ASFÁLTICAS RL-1C","2011-08-01",1.2880376501301101,0.68610112329782902,0.91786469656283998,0.757205196446605,0.715063138100134,0.80493951321486701]
["EMULSÕES ASFÁLTICAS RL-1C","2011-09-01",1.23075914161563,0.70168431233812001,0.91896527588917498,0.72895589640805503,0.71461552607360401,0.80382264692642502]
["EMULSÕES ASFÁLTICAS RL-1C","2011-10-01",1.1947842878902399,0.68709666146581005,0.86511899697137595,0.72923079070262797,0.730222899485507,0.78066939195723295]
["EMULSÕES ASFÁLTICAS RL-1C","2011-11-01",1.2799511780592701,0.70634661891935302,0.83524391490417504,0.70949278005651895,0.75998614988973401,0.77419319619442795]
["EMULSÕES ASFÁLTICAS RL-1C","2011-12-01",1.30672537311385,0.68144987949992497,0.84060784518295795,0.70184592864075201,0.72693466546113095,0.763948820352924]
["EMULSÕES ASFÁLTICAS RL-1C","2012-01-01",1.19733150402822,0.70413994720122397,0.82047602618749804,0.73021171906094295,0.72891317644722498,0.761279426259589]
["EMULSÕES ASFÁLTICAS RL-1C","2012-02-01",1.26167402231286,0.69680294535496601,0.83229839162029495,0.71548226477997501,0.72271914084337696,0.74953885666187803]
["EMULSÕES ASFÁLTICAS RL-1C","2012-03-01",1.2533495385936799,0.69199288038492102,0.79373715476282203,0.73316272250178205,0.72790643742932304,0.77027882839940298]
["EMULSÕES ASFÁLTICAS RL-1C","2012-04-01",1.3123663940886701,0.69202446545741603,0.82987399547818297,0.74205284276143801,0.72346825637727896,0.76915546291032399]
["EMULSÕES ASFÁLTICAS RL-1C","2012-05-01",1.3024841040115001,0.73764172830036301,0.84532710293120505,0.74845335951869396,0.73326877207688002,0.78410622390686302]
["EMULSÕES ASFÁLTICAS RL-1C","2012-06-01",1.2962296121792201,0.724253651088688,0.86680952253272303,0.75079548404057095,0.77157581947382503,0.80017537234209501]
["EMULSÕES ASFÁLTICAS RL-1C","2012-07-01",1.47079069668073,0.74361550053430303,0.91993154339008498,0.75368374146514605,0.77175863287700996,0.83454054302584302]
["EMULSÕES ASFÁLTICAS RL-1C","2012-08-01",1.3272728313954201,0.75698993166882,0.88896909314061401,0.766184062356425,0.77421126501566595,0.82449269471882003]
["EMULSÕES ASFÁLTICAS RL-1C","2012-09-01",1.4014646654332901,0.76429726068967596,0.91901220861843502,0.78846314811584395,0.76924146220797796,0.84483644953703996]
["EMULSÕES ASFÁLTICAS RL-1C","2012-10-01",1.29484894945546,0.75654992787666897,0.93111831770554199,0.83726226452061703,0.76463455950234205,0.86064074750833597]
["EMULSÕES ASFÁLTICAS RL-1C","2012-11-01",1.2351895704422799,0.76297230787695602,0.95633254590442796,0.80918051630092602,0.76911495509903705,0.85506692776156001]
["EMULSÕES ASFÁLTICAS RL-1C","2012-12-01",1.28208615141297,0.776958955574787,0.87372102301264298,0.79263763788632702,0.80441913576034996,0.85157619753572]
["EMULSÕES ASFÁLTICAS RL-1C","2013-01-01",1.2318379111934901,0.77973151604028801,0.92836417098866497,0.85214133654857505,0.83567682354747097,0.86565322681083201]
["EMULSÕES ASFÁLTICAS RL-1C","2013-02-01",1.18724878101289,0.78911340368009097,0.81598160853264001,0.846185234316017,0.79075490037824203,0.83816108516722299]
["EMULSÕES ASFÁLTICAS RL-1C","2013-03-01",1.33489219439198,0.75694678443027696,0.88556546171084205,0.906301046429839,0.79185746863458395,0.86883531818065496]
["EMULSÕES ASFÁLTICAS RL-1C","2013-04-01",1.3374499944640801,0.80169346973121103,0.88750454945994794,0.86493247052189404,0.81279259837007301,0.86479494361614295]
["EMULSÕES ASFÁLTICAS RL-1C","2013-05-01",1.6532152573225201,0.79473728792491705,0.83666041784537204,0.884761781146987,0.82486276090753397,0.86271567682634898]
["EMULSÕES ASFÁLTICAS RL-1C","2013-06-01",1.46508602368317,0.78280722220145804,0.93039685345020395,0.86638886389244496,0.81920777540435297,0.89824164001460505]
["EMULSÕES ASFÁLTICAS RL-1C","2013-07-01",1.4859202449664399,0.77641291066447804,0.95880415635418903,0.89622488397002398,0.85351478458978003,0.90341165886025798]
["EMULSÕES ASFÁLTICAS RL-1C","2013-08-01",1.40037002034534,0.76096465963835203,0.88023447158853296,0.88185225512170295,0.845780990862116,0.88226316171090502]
["EMULSÕES ASFÁLTICAS RL-1C","2013-09-01",1.3296909638635901,0.75879144750110905,0.98358018449125795,0.90386985048308899,0.83574230246342496,0.91460111473294503]
["EMULSÕES ASFÁLTICAS RL-1C","2013-10-01",1.4282301762069101,0.808817476474331,0.87526475679839399,0.89139205010880695,0.86156288408736903,0.88646285220181198]
["EMULSÕES ASFÁLTICAS RL-1C","2013-11-01",1.2838024568295801,0.83795460007379896,0.94170459474189605,0.91133562670801904,0.87087416094386605,0.91766094647498397]
["EMULSÕES ASFÁLTICAS RL-1C","2013-12-01",1.5705007365001999,0.84015883568126404,1.0262385733989601,0.93758184613896201,0.90672104235484696,0.970416639244429]
["EMULSÕES ASFÁLTICAS RL-1C","2014-01-01",1.34193131524377,0.952418954161104,1.01869059175087,0.95431173340574005,0.90527787344448596,0.97144162249002397]
["EMULSÕES ASFÁLTICAS RL-1C","2014-02-01",1.40074735844175,0.88782474973168102,1.01828728099626,0.94894911456754805,0.92824808501721301,0.96649487031938097]
["EMULSÕES ASFÁLTICAS RL-1C","2014-03-01",1.5499855367395501,0.84750452321553305,1.0760523841943199,0.93276528272106496,0.97211535782443503,0.97147748071139495]
["EMULSÕES ASFÁLTICAS RL-1C","2014-04-01",1.4676601178189801,0.849942589689341,1.02810821624682,0.92803462885193599,1.01939157620265,0.98149532708306098]
["EMULSÕES ASFÁLTICAS RL-1C","2014-05-01",1.4119103138170901,0.88340002770154102,1.0436179199523401,0.92623469777771195,1.04116571025371,0.99818016727424397]
["EMULSÕES ASFÁLTICAS RL-1C","2014-06-01",1.3999514483978901,0.82666911088288098,1.0621752450439199,0.91109970873560098,1.00755841631358,0.99891201392836004]
["EMULSÕES ASFÁLTICAS RL-1C","2014-07-01",1.4374784482149301,0.89997833156881701,0.90631209324145401,0.91718241757498697,0.98644798595544503,0.94678351805832905]
["EMULSÕES ASFÁLTICAS RL-1C","2014-08-01",1.29861470935584,0.89306288651903198,0.81922657685195099,0.90811340435626697,1.0302307016155701,0.90297161494096101]
["EMULSÕES ASFÁLTICAS RL-1C","2014-09-01",1.3310051145766999,0.92652164788166602,1.0377921682292599,0.89966969878572101,1.0086967947905401,0.98201718224524004]
["EMULSÕES ASFÁLTICAS RL-1C","2014-10-01",1.45336698422713,0.99312573583032704,0.91186614208106398,0.91478586148748098,1.0062453431927501,0.94796903285534395]
["EMULSÕES ASFÁLTICAS RL-1C","2014-11-01",1.4998756236033099,0.95768163840277398,0.89962601209478799,0.93569424376288601,0.97505976183607701,0.94697423869026798]
["EMULSÕES ASFÁLTICAS RL-1C","2014-12-01",1.2792678123018399,0.99758056882255397,1.0135456343856999,1.01756415279353,1.08960343899053,1.0390355578921699]
["EMULSÕES ASFÁLTICAS RL-1C","2015-01-01",1.3144019456528999,1.1408793854680599,1.3787927530647099,1.0484676069602701,1.2232335683032201,1.15808446122654]
["EMULSÕES ASFÁLTICAS RL-1C","2015-02-01",1.58040519086372,1.1718213826292401,1.3365670389030999,1.0380191091321,1.3143784814877899,1.1641161869635199]
["EMULSÕES ASFÁLTICAS RL-1C","2015-03-01",1.60968655436567,1.16571347243674,1.3500101635767501,0.99666524041691795,1.25569669479879,1.12587841427755]
["EMULSÕES ASFÁLTICAS RL-1C","2015-04-01",1.5788964185293199,1.16510869429084,1.29951861316262,1.0027871380700899,1.26313034470806,1.1111597725529201]
["EMULSÕES ASFÁLTICAS RL-1C","2015-05-01",1.5988011916776099,1.1009129426966899,1.31154237137792,0.95598590574778497,1.2301983685125499,1.09649143681342]
["EMULSÕES ASFÁLTICAS RL-1C","2015-06-01",1.34992275213212,1.2324326582393601,1.32154844629507,0.97999644848122702,1.2528357262902701,1.1499861565713301]
["EMULSÕES ASFÁLTICAS RL-1C","2015-07-01",1.3788909640370901,1.1201880396403801,1.12932164868381,0.85317766385851201,1.27350992655763,1.0301406005443099]
["EMULSÕES ASFÁLTICAS RL-1C","2015-08-01",1.6569267553725899,1.08890209286772,1.29062531053787,0.91126430831498795,1.22023664786048,1.08874715598215]
["EMULSÕES ASFÁLTICAS RL-1C","2015-09-01",1.8234600739634099,1.0881527826087001,1.2289230243264599,0.923322070160563,1.1932406101938,1.0890432153501699]
["EMULSÕES ASFÁLTICAS RL-1C","2015-10-01",1.6264592314884101,1.2162416493816399,1.3188067252633799,1.08123699855791,1.2775595123124801,1.2075484852536]
["EMULSÕES ASFÁLTICAS RL-1C","2015-11-01",1.70315542681521,1.29140477321701,1.42946676213873,1.1828121415480599,1.38343058944849,1.3278412713371399]
["EMULSÕES ASFÁLTICAS RL-1C","2015-12-01",1.72641248302168,1.29169795024233,1.36476766235443,1.1879378311403801,1.2982124293581601,1.2897302063557501]
["EMULSÕES ASFÁLTICAS RL-1C","2016-01-01",1.7343974534653499,1.2428023811005999,1.4592186960035101,1.24686719932357,1.3600831311413899,1.3297636079208199]
["EMULSÕES ASFÁLTICAS RL-1C","2016-02-01",1.5573464552694201,1.1714925429288101,1.55304372779389,1.1982444701580499,1.42290703034803,1.3212053784823601]
["EMULSÕES ASFÁLTICAS RL-1C","2016-03-01",1.8860514474293699,1.5778557660834001,1.5256856119048201,1.16753186137423,1.4445762211981601,1.30447143950484]
["EMULSÕES ASFÁLTICAS RL-1C","2016-04-01",1.6486960486083899,1.3776313544851799,1.59057258439502,1.2797983266958901,1.5042964332163,1.40139993408402]
["EMULSÕES ASFÁLTICAS RL-1C","2016-05-01",1.95734530766529,1.3354859306120901,1.5942625369933201,1.26799335766919,1.5304678160613401,1.4028095171561801]
["EMULSÕES ASFÁLTICAS RL-1C","2016-06-01",1.8918994455378999,1.3627591276445401,1.6663336964921001,1.3096060640869001,1.5031851445258599,1.4382924028528901]
["EMULSÕES ASFÁLTICAS RL-1C","2016-07-01",2.0076421612219399,1.3669709903988301,1.6189730926327199,1.34556118516839,1.4832084951006199,1.45115443197871]
["EMULSÕES ASFÁLTICAS RL-1C","2016-08-01",1.9143376514908701,1.44558780375235,1.6571950903403201,1.31892024272018,1.51689540890719,1.4714929852668901]
["EMULSÕES ASFÁLTICAS RL-1C","2016-09-01",1.6240282841934399,1.3052087905482599,1.50260499701328,1.22404942365825,1.38573298627404,1.3476346553194201]
["EMULSÕES ASFÁLTICAS RL-1C","2016-10-01",1.7069203615113899,1.2650152822307099,1.4832404686532401,1.25464979012558,1.40392214003798,1.36932567253335]
["EMULSÕES ASFÁLTICAS RL-1C","2016-11-01",1.76558255653395,1.3188025273938799,1.5251902972697899,1.2846913278246599,1.38164601810184,1.39988650786141]
["EMULSÕES ASFÁLTICAS RL-1C","2016-12-01",1.85172425519109,1.3242738950995401,1.4770471122897,1.2796468065704401,1.31393548318369,1.3575951071860599]
["EMULSÕES ASFÁLTICAS RL-1C","2017-01-01",1.5276154147090699,1.17859574398686,1.4543974329313001,1.23543846216116,1.3149247933996699,1.30775730322114]
["EMULSÕES ASFÁLTICAS RL-1C","2017-02-01",1.7921095822813899,1.18806110511625,1.40846252974907,1.2626918148250701,1.3403017083028099,1.2981381105751999]
["EMULSÕES ASFÁLTICAS RL-1C","2017-03-01",1.85908774666526,1.1654007506675199,1.5095380526998201,1.2853390126752799,1.32898762719568,1.3374577933549801]
["EMULSÕES ASFÁLTICAS RL-1C","2017-04-01",1.3857881873619999,1.1562387973024599,1.5364962844977099,1.3580275094129599,1.2795021718158399,1.3544942072806501]
["EMULSÕES ASFÁLTICAS RL-1C","2017-05-01",1.56912719460343,1.1280904559665901,1.4814699769081201,1.335186870579,1.3212422505729,1.33978160832643]
["EMULSÕES ASFÁLTICAS RL-1C","2017-06-01",1.6032647627510199,1.1651824399795701,1.4476974678194201,1.2972357055713699,1.3402915064112699,1.3508731022532401]
["EMULSÕES ASFÁLTICAS RL-1C","2017-07-01",1.54049653910651,1.13165005917312,1.45082619718058,1.2895475516764801,1.28869388152475,1.3342133127690301]
["EMULSÕES ASFÁLTICAS RL-1C","2017-08-01",1.56659989138341,1.1277314490565999,1.38860703636951,1.2871533078659001,1.25665764817728,1.3120243967766601]
["EMULSÕES ASFÁLTICAS RL-1C","2017-09-01",1.6322100353015701,1.2577376497228601,1.4207262035208399,1.30778015720784,1.21046778483141,1.3383426509585601]
["EMULSÕES ASFÁLTICAS RL-1C","2017-10-01",1.6466361323649801,1.1035673397712,1.4483200610787601,1.3086672815248499,1.23702162601421,1.3405602213494101]
["EMULSÕES ASFÁLTICAS RL-1C","2017-11-01",1.7094168676788399,1.19644554628071,1.4747841861237301,1.3842792241252999,1.2785427916191201,1.38559406581658]
["EMULSÕES ASFÁLTICAS RL-1C","2017-12-01",1.5684146161825701,1.19805659820447,1.4608394024153999,1.36654071140708,1.34777098729461,1.3715688971412401]
["EMULSÕES ASFÁLTICAS RL-1C","2018-01-01",1.8600921694013901,1.23550195800218,1.4758471822918,1.2865629546425501,1.28921599660229,1.3508658770559201]
["EMULSÕES ASFÁLTICAS RL-1C","2018-02-01",2.0282870859872602,1.23012299100412,1.4836997052597201,1.29479174945208,1.2480700218568299,1.3145652037873099]
["EMULSÕES ASFÁLTICAS RL-1C","2018-03-01",2.1065612720925202,1.2104900433959001,1.46306124403964,1.2998373438928299,1.2841877957922301,1.32950241717458]
["EMULSÕES ASFÁLTICAS RL-1C","2018-04-01",1.75927552350988,1.2285016215023301,1.4695917697488501,1.28046685086259,1.3935110752546001,1.3506314066743299]
["EMULSÕES ASFÁLTICAS RL-1C","2018-05-01",1.91930392344498,1.26214282811189,1.4863430441873999,1.34330059051691,1.35878341707576,1.36913747967884]
["EMULSÕES ASFÁLTICAS RL-1C","2018-06-01",1.82400534929516,1.3165510449836799,1.58271545801808,1.4089329335615199,1.40046207819093,1.4588051820586601]
["EMULSÕES ASFÁLTICAS RL-1C","2018-07-01",1.9609351896507701,1.3903140868716699,1.6041728204783401,1.4939493336447001,1.46437656387181,1.5315665889019401]
["EMULSÕES ASFÁLTICAS RL-1C","2018-08-01",2.3817705816646599,1.4255047185893199,1.76919710388458,1.6088260270405501,1.5221223181977399,1.66851492521115]
["EMULSÕES ASFÁLTICAS RL-1C","2018-09-01",1.98411759244402,1.49304979624388,1.7757050434344099,1.6254990559840199,1.5437363253466201,1.65776308281673]
["EMULSÕES ASFÁLTICAS RL-1C","2018-10-01",2.0631185531249998,1.49214723628483,1.6297549783026399,1.59336820674129,1.67165659038531,1.6178824138874801]
["EMULSÕES ASFÁLTICAS RL-1C","2018-11-01",2.6475637347330601,1.55569662120626,2.0112116989619899,1.7726185243565,1.6644664361639101,1.8364501412607199]
["EMULSÕES ASFÁLTICAS RL-1C","2018-12-01",1.8279792227979299,1.5893000142375699,1.8603004601533899,1.74611253906598,1.6307149442867599,1.72622550142489]
["EMULSÕES ASFÁLTICAS RL-1C","2019-01-01",2.6358185988823801,2.0592965962385898,2.0636373485963402,1.8320327909834799,1.8941201299991,1.94788666352845]
["EMULSÕES ASFÁLTICAS RL-1C","2019-02-01",2.8139073338229901,2.1221237317339998,2.3206887267051801,1.8734621485530301,1.9015232394514101,2.03150110019978]
["EMULSÕES ASFÁLTICAS RL-1C","2019-03-01",2.2855776130241301,2.2671906340622301,2.37985226227251,1.9605150318995801,1.9987293754083899,2.0812818507094]
["EMULSÕES ASFÁLTICAS RL-1C","2019-04-01",2.5572009811010701,1.96611758555885,2.37095214780601,1.9958284647404601,1.9729791775191201,2.0872148444257999]
["EMULSÕES ASFÁLTICAS RL-1C","2019-05-01",2.7298414886695102,1.99650039408207,2.2912616986964101,2.0065709427600802,2.0324223717271499,2.10544055412507]
["EMULSÕES ASFÁLTICAS RL-1C","2019-06-01",2.74547860327869,1.9446995871358199,2.2656297224447899,2.0247945367028199,1.96347305799553,2.1148171115890499]
["EMULSÕES ASFÁLTICAS RL-1C","2019-07-01",2.4095478010835301,1.97159570890559,2.1764809123008599,2.0361461687206699,1.9442434395441801,2.0653344756118002]
["EMULSÕES ASFÁLTICAS RL-1C","2019-08-01",2.1070846964734899,1.9021569694392599,2.0371493608909801,1.9563564911788101,1.9904700929429699,1.99313142833652]
["EMULSÕES ASFÁLTICAS RL-1C","2019-09-01",2.3977936286305499,1.8377744031782299,2.1395945838662098,1.92365402583711,1.9730581604042801,2.0056963661247802]
["EMULSÕES ASFÁLTICAS RL-1C","2019-10-01",2.1139845910531401,1.85227479066907,2.1244690048889501,1.9001005029070901,1.99525580666602,1.9989864059268601]
["EMULSÕES ASFÁLTICAS RL-1C","2019-11-01",2.3902238315250499,1.90103629721989,2.01190865551622,1.96621555938829,1.9933211989284101,1.98729504518833]
["EMULSÕES ASFÁLTICAS RL-1C","2019-12-01",1.9947895017838899,1.9737474431836599,2.1164318163017901,1.9602190520182701,2.0434365307192999,2.0192939951908802]
["EMULSÕES ASFÁLTICAS RL-1C","2020-01-01",1.85095547151923,1.78823797232657,2.0848251078273101,1.9329832913948299,2.1184394422542301,1.9924072503966399]
["EMULSÕES ASFÁLTICAS RL-1C","2020-02-01",1.6422605323808901,1.76235520601336,2.0939292198314798,1.9005049535812,2.0293604173311302,1.9635675112486499]
["EMULSÕES ASFÁLTICAS RL-1C","2020-03-01",1.7821339816599999,1.7364126037160199,2.04057310925347,1.7819197858056399,2.0651275622471901,1.9224465668475399]
["EMULSÕES ASFÁLTICAS RL-1C","2020-04-01",1.9212903983822001,1.7047786050997,1.94139864357269,1.81147292632276,1.94299296644591,1.8687943837980401]
["EMULSÕES ASFÁLTICAS RL-1C","2020-05-01",1.84602017338241,1.62544137061021,1.8869336636960401,1.79800588374718,2.0133432076294202,1.8569839170928399]
["EMULSÕES ASFÁLTICAS RL-1C","2020-06-01",2.2869417929883098,1.67145343307268,1.95321104984859,1.79683464662945,1.90743418923079,1.8613752361675899]
["EMULSÕES ASFÁLTICAS RL-1C","2020-07-01",2.07235722849222,1.74216682455163,1.8913290322015499,1.85835701504441,1.94486227847566,1.89336853168056]
["EMULSÕES ASFÁLTICAS RL-1C","2020-08-01",1.9322939680509601,1.8521269776817899,1.95033716363111,1.9048103135026999,2.01417563704769,1.94245305948057]
["EMULSÕES ASFÁLTICAS RL-1C","2020-09-01",1.96804060725986,1.8482556521867699,1.9633524701295,1.8624247082262799,2.0098004277553199,1.93122536712432]
["EMULSÕES ASFÁLTICAS RL-1C","2020-10-01",1.8967599303789899,1.7810603696709599,1.92466541358927,1.85073791565688,2.0678038519988098,1.9325563260655201]
["EMULSÕES ASFÁLTICAS RL-1C","2020-11-01",2.0042622596598498,1.88924779255807,2.0644958123757999,1.93065599807326,2.0898275170275298,2.0141069599725601]
["EMULSÕES ASFÁLTICAS RL-1C","2020-12-01",2.1915988890384099,1.8519353063638999,2.0439071611367301,1.9015685700316101,2.0520950208825401,1.98502249358483]
["EMULSÕES ASFÁLTICAS RL-1C","2021-01-01",2.0646467338316499,1.8806377320675101,2.1260523156942099,1.88386936111966,2.0964823984868199,1.9950111632810399]
["EMULSÕES ASFÁLTICAS RL-1C","2021-02-01",1.96841971067207,2.0257758589705399,2.2510452537705001,2.0269586724664199,2.2078441067263102,2.1480883178214598]
["EMULSÕES ASFÁLTICAS RL-1C","2021-03-01",2.1845855751492098,2.0021545662851601,2.06730087453797,1.9893089490136,2.2333652164006801,2.0721110798228199]
["EMULSÕES ASFÁLTICAS RL-1C","2021-04-01",2.1715900000000001,2.0489367012986999,2.1493808461331501,1.9604355425914699,2.1773941929446301,2.0820971189425599]
["EMULSÕES ASFÁLTICAS RL-1C","2021-05-01",2.2092031875217799,2.4363959649895399,2.4949037731938901,2.3250479651021498,3.0522407858432601,2.4418483885311599]
["EMULSÕES ASFÁLTICAS RL-1C","2021-06-01",2.17309394663702,2.3689358626571502,2.4800845368810398,2.42065544631865,2.4896154773182602,2.4525153461975502]
["EMULSÕES ASFÁLTICAS RL-1C","2021-07-01",2.4191242708010301,2.3507914618357302,2.5201424663033798,2.4065323239030798,2.52308636810218,2.4796917521439301]
["EMULSÕES ASFÁLTICAS RL-1C","2021-08-01",2.4679154051754901,2.4788242305147299,2.7080988113389601,2.5013227192607799,2.6132193858477999,2.6100630168066301]
["EMULSÕES ASFÁLTICAS RL-1C","2021-09-01",2.5034927129980602,2.4830448609325,2.6536965304349298,2.5675863070320202,2.5812073942351401,2.5937230871753401]
["EMULSÕES ASFÁLTICAS RL-1C","2021-10-01",2.43359255120374,2.4853675784165099,2.6188627007265399,2.6593691677311599,2.5835558766935498,2.5882142630248701]
["EMULSÕES ASFÁLTICAS RL-1C","2021-11-01",2.5315789938663502,2.7143948711943802,2.65115102738201,2.7702008170170198,2.6918381740886299,2.6930830704605602]
["EMULSÕES ASFÁLTICAS RL-1C","2021-12-01",2.7405063029491101,2.77756515939629,2.80553473107594,2.80917959572009,2.7559279323879702,2.7866207536702601]
["EMULSÕES ASFÁLTICAS RL-1C","2022-01-01",2.7448074712933099,2.65585349324519,2.7855379472856598,2.8282165260325298,2.82844005484136,2.78523829429587]
["EMULSÕES ASFÁLTICAS RL-1C","2022-02-01",3.0746135942857098,2.74686146818651,3.0430167511111099,3.01387979697417,2.7225306131566001,2.8877573059039001]
["EMULSÕES ASFÁLTICAS RL-1C","2022-03-01",3.0691356345957002,2.79404390219316,2.9168643941379302,3.03660927064537,2.84477135385794,2.93469443938671]
["EMULSÕES ASFÁLTICAS RL-1C","2022-04-01",3.2672809177820299,2.7769459352597798,3.1469815911330601,3.16428741878233,2.9036314879552898,3.03934078718247]
["EMULSÕES ASFÁLTICAS RL-1C","2022-05-01",3.0305917793773798,3.1849290479091099,3.15055338813921,3.17542797349999,2.8252387850640899,3.10260308063976]
["EMULSÕES ASFÁLTICAS RL-1C","2022-06-01",3.1817183594067999,3.1320570820713098,3.2004653443208499,3.18001735888165,2.9744257251303901,3.1454073835721399]
["EMULSÕES ASFÁLTICAS RL-1C","2022-07-01",1.9821709867338499,3.1220321431625702,3.22293699745962,3.0845514352993701,3.0547470737403102,3.10063584605816]
["EMULSÕES ASFÁLTICAS RL-1C","2022-08-01",3.5353510700247899,3.34332517572307,3.1706453091638398,3.0925065545937702,3.1815151223471498,3.18432447234236]
["EMULSÕES ASFÁLTICAS RL-1C","2022-09-01",3.9180343131387301,3.32310931311611,3.0134132551119799,3.0563380239042801,3.1060885690412099,3.1312297963033502]
["EMULSÕES ASFÁLTICAS RL-1C","2022-10-01",3.4268674756490398,3.4269938568035698,2.7883508496513798,2.9819437673531599,2.9856220345530202,3.0184617471886299]
["EMULSÕES ASFÁLTICAS RL-1C","2022-11-01",3.9012557870483802,3.4617350202937902,2.90666971619074,2.8461826162699402,2.9765785847214299,3.0104104191827399]
["EMULSÕES ASFÁLTICAS RL-1C","2022-12-01",3.6678319809244302,3.3723875209414702,2.8494436775185399,2.7585939333486902,2.9296058485492402,2.9848026946616999]
["EMULSÕES ASFÁLTICAS RL-1C","2023-01-01",3.7258602184873899,3.1760972865012098,3.0016170381742899,2.6935739518823398,2.93088470870482,2.976925269978]
["EMULSÕES ASFÁLTICAS RL-1C","2023-02-01",3.64205873736186,3.2083733957756602,2.7016006712905498,2.5959868114810698,2.9153034550948198,2.8201037533172402]
["EMULSÕES ASFÁLTICAS RL-1C","2023-03-01",3.58130231520816,3.0473738158049399,2.8273261707789601,2.56670796556616,2.8425234193294302,2.7760784541830801]
["EMULSÕES ASFÁLTICAS RL-1C","2023-04-01",3.1944402434658099,2.9925985140992699,3.0112124888456102,2.6068615400753399,2.8747278583170299,2.8331788630240302]
["EMULSÕES ASFÁLTICAS RL-1C","2023-05-01",3.1670486082659801,2.90369936814812,2.8583495800423901,2.59216708468949,2.6725207831201598,2.75802995572228]
["EMULSÕES ASFÁLTICAS RL-1C","2023-06-01",3.2835637189211999,2.9481023451709101,2.7721148041261801,2.57518090891694,2.64411698671818,2.73006812178836]
["EMULSÕES ASFÁLTICAS RL-1C","2023-07-01",3.1708478311798101,2.7329697608358599,2.8267051124651599,2.5416072737104201,2.6841439703047798,2.69825147169407]
["EMULSÕES ASFÁLTICAS RL-1C","2023-08-01",3.0366777386130499,2.7831367356993599,2.8830233540527201,2.4153755294540198,2.58145440326386,2.6410541676633099]
["EMULSÕES ASFÁLTICAS RL-1C","2023-09-01",3.3483076617912202,2.7546797537004801,2.9762824506270902,2.6405205985106099,2.6080038770196698,2.7610603016616402]
["EMULSÕES ASFÁLTICAS RL-1C","2023-10-01",3.2890992079590999,2.8973954392086001,2.9504737453403198,2.58862997380418,2.7133020499662099,2.7868987444940299]
["EMULSÕES ASFÁLTICAS RL-1C","2023-11-01",2.8764105975368701,2.85297963187835,3.0209880407405798,2.5129901210823,2.68626484558366,2.7288935262596699]
["EMULSÕES ASFÁLTICAS RL-1C","2023-12-01",3.1656090264404702,3.0778295892240899,2.9343058854358199,2.49162217751037,2.6623158427546998,2.7583881653877498]
["EMULSÕES ASFÁLTICAS RL-1C","2024-01-01",2.7356886006289298,2.7617483158426199,2.99841842875724,2.47532546038771,2.5535835588463498,2.6957943570235101]
["EMULSÕES ASFÁLTICAS RL-1C","2024-02-01",2.8670386366569902,2.7661053789458401,2.9053692173610499,2.55395287675857,2.5415431443803098,2.66767606544833]
["EMULSÕES ASFÁLTICAS RL-1C","2024-03-01",2.5048512605127198,2.7981131524290199,2.8131624794876502,2.4980238070604601,2.55837264229327,2.64065286740639]
["EMULSÕES ASFÁLTICAS RL-1C","2024-04-01",2.9015602544217698,2.7380778336059302,2.7396106206076101,2.4368141989254601,2.59621161158619,2.5948626661675398]
["EMULSÕES ASFÁLTICAS RL-1C","2024-05-01",2.5976115260627801,2.7114853551632501,2.7917974452542098,2.4305511979851202,2.6018441328674098,2.57525617007059]
["EMULSÕES ASFÁLTICAS RL-1C","2024-06-01",2.8991144430823099,2.7639774377233999,2.68769419101003,2.3921335112147899,2.6656152732703,2.5553277641999799]
["EMULSÕES ASFÁLTICAS RL-1C","2024-07-01",3.2850664432823802,2.8439083669227401,2.8293459694048,2.5077623909128199,2.63287198582888,2.6626157411146099]
["EMULSÕES ASFÁLTICAS RL-1C","2024-08-01",3.9140508192177399,2.9653939294719698,3.0459679694748898,2.6912336539141499,2.6952457317949801,2.8368312009533199]
["EMULSÕES ASFÁLTICAS RL-1C","2024-09-01",3.47173586042517,3.0347671262454701,3.1132799345153801,2.7196701927572802,2.8249900622781499,2.8911125080889999]
["EMULSÕES ASFÁLTICAS RM-1C","2008-11-01",1.2440746756266301,0.83737125724693595,1.23020875652351,1.0770216649742199,0.93029969398803902,0.99194697105575602]
["EMULSÕES ASFÁLTICAS RM-1C","2008-12-01",1.2757451960894,0.88756640695071098,1.1972130708411799,1.0074814750540899,0.94581961125570102,0.99315543588644295]
["EMULSÕES ASFÁLTICAS RM-1C","2009-01-01",1.16924914016277,0.93428388985236199,1.20559976454725,0.93926931736202302,0.96282630756923504,1.0164850753236701]
["EMULSÕES ASFÁLTICAS RM-1C","2009-02-01",1.2185810448804499,0.918517655907096,1.2456314268356801,0.99770133375213299,0.94973881824428796,1.03739017548603]
["EMULSÕES ASFÁLTICAS RM-1C","2009-03-01",1.1627963120401701,0.92771182020780796,1.21025700914162,0.91039575310991305,0.94034762056325705,1.0013663352842199]
["EMULSÕES ASFÁLTICAS RM-1C","2009-04-01",1.27113284761322,0.87459951400745095,1.1978227296035999,0.92589123267579498,0.94190758478931202,0.98046008053262401]
["EMULSÕES ASFÁLTICAS RM-1C","2009-05-01",1.3753979956901701,0.86869089842699199,1.23139676574136,0.88922972800331301,0.91997459936112702,0.98377758632420698]
["EMULSÕES ASFÁLTICAS RM-1C","2009-06-01",1.4422934168089501,0.88335770522804702,1.1986050068320699,0.87294991509974995,0.94398753174671501,0.96770110428401201]
["EMULSÕES ASFÁLTICAS RM-1C","2009-07-01",1.3991710608467101,0.85038391203860597,1.2397290640486101,0.98340286839061697,0.94138006025652499,0.94739118502227004]
["EMULSÕES ASFÁLTICAS RM-1C","2009-08-01",1.4135809115293401,0.84747785706760304,1.126595315391,0.89526325795762196,0.87568058619863798,0.91817900161395705]
["EMULSÕES ASFÁLTICAS RM-1C","2009-09-01",1.47150346764347,0.83730006188485595,1.1732581770169901,0.87330593464086703,0.87515142553997205,0.90853638559109096]
["EMULSÕES ASFÁLTICAS RM-1C","2009-10-01",1.4403662767601,0.84754292346029603,1.1898825896140199,0.88634172635386699,0.878008573618691,0.95039760947872098]
["EMULSÕES ASFÁLTICAS RM-1C","2009-11-01",1.47528136035621,0.84055645592934802,1.1394213528453501,0.92195017553161296,0.86981725758586004,0.90203337414072504]
["EMULSÕES ASFÁLTICAS RM-1C","2009-12-01",1.1704376634999301,0.83864203028195705,1.0898878652110799,0.88652672790587195,0.89811291253426395,0.92656715732811401]
["EMULSÕES ASFÁLTICAS RM-1C","2010-01-01",1.1511888752211401,0.82339013886873602,1.15200212181374,0.85553178721341006,0.86879759891354102,0.94813039075901595]
["EMULSÕES ASFÁLTICAS RM-1C","2010-02-01",1.34834155188246,0.83630684544548295,1.1046151437657299,0.86912036553728,0.85551358897807195,0.91978573476372005]
["EMULSÕES ASFÁLTICAS RM-1C","2010-03-01",1.1104721025658499,0.83199322443700297,1.12993716554377,0.85050743807887796,0.85754784919594695,0.91372299749993002]
["EMULSÕES ASFÁLTICAS RM-1C","2010-04-01",1.0966126863441701,0.84044834611533503,1.1456176946905501,0.822652653825233,0.86949607740950796,0.927358245521409]
["EMULSÕES ASFÁLTICAS RM-1C","2010-05-01",1.07383920078944,0.84954815538850403,1.07682645195348,0.831097981378776,0.818752513146079,0.89980226668522501]
["EMULSÕES ASFÁLTICAS RM-1C","2010-06-01",1.1880163179804,0.88348805291668797,1.00274549598273,0.81660860565356896,0.83043972898024698,0.89271539860918303]
["EMULSÕES ASFÁLTICAS RM-1C","2010-07-01",1.21479285274811,0.85124598400050699,0.99520839597095201,1.0553408610172501,0.82131302795622796,0.92899880297332704]
["EMULSÕES ASFÁLTICAS RM-1C","2010-08-01",1.11764823291796,0.86775010589509305,1.0402751944281501,0.83972803748384295,0.81359839643464205,0.874086845519495]
["EMULSÕES ASFÁLTICAS RM-1C","2010-09-01",1.1190722773781101,0.84948488885167905,1.0652531903960201,0.796871974424192,0.81479282245224505,0.86993555454404403]
["EMULSÕES ASFÁLTICAS RM-1C","2010-10-01",1.0159090696086399,0.82468006819873896,1.0316397489539,0.95721208902352595,0.81430716097957001,0.89136019796629296]
["EMULSÕES ASFÁLTICAS RM-1C","2010-11-01",1.0878597151607501,0.80615534044900705,0.96710292728458203,0.96469666139976795,0.79958472508700795,0.87789754102628603]
["EMULSÕES ASFÁLTICAS RM-1C","2010-12-01",1.1506631971235499,0.81791017659960696,1.0253976949489001,0.92341065245529297,0.83163011470656201,0.92206578790354099]
["EMULSÕES ASFÁLTICAS RM-1C","2011-01-01",1.10090379607957,0.80535792796050998,1.07413092974765,0.86621481145842705,0.82742895359125501,0.90934624313128298]
["EMULSÕES ASFÁLTICAS RM-1C","2011-02-01",1.18938043758652,0.801653478614475,1.0819090155080999,0.83720277300865298,0.82581328441652202,0.90641993730568404]
["EMULSÕES ASFÁLTICAS RM-1C","2011-03-01",0.97993092683650895,0.80698824333826202,1.0228058474509301,0.99096270838989997,0.85468653979115505,0.907701222491761]
["EMULSÕES ASFÁLTICAS RM-1C","2011-04-01",1.0216544633789799,0.80147597368795498,1.0355141002034001,0.91591943378753804,0.82446614171232002,0.89597489448547896]
["EMULSÕES ASFÁLTICAS RM-1C","2011-05-01",0.94107896478638198,0.80484471254569501,1.0191156004155499,0.96463839189391298,0.80120334982459995,0.86701741920643804]
["EMULSÕES ASFÁLTICAS RM-1C","2011-06-01",1.1103178831625,0.79442537985310802,1.0331756140200801,0.97574190195274602,0.813256553684227,0.90126143462723496]
["EMULSÕES ASFÁLTICAS RM-1C","2011-07-01",1.12011622866716,0.794844226383291,1.02995398044691,0.82885915461274995,0.81181453934896897,0.86091323102752204]
["EMULSÕES ASFÁLTICAS RM-1C","2011-08-01",1.0037899748800101,0.781579081511803,1.0255700573440401,0.783882336767461,0.82024004953760898,0.83434268585750004]
["EMULSÕES ASFÁLTICAS RM-1C","2011-09-01",0.91246930126353998,0.77596353481529001,1.0267915851807501,0.75800776013137505,0.80537571233942595,0.82218709786835598]
["EMULSÕES ASFÁLTICAS RM-1C","2011-10-01",0.937420916044718,0.77908928729115901,1.05584434334866,0.74541231801684604,0.82193475035167496,0.83714996900946903]
["EMULSÕES ASFÁLTICAS RM-1C","2011-11-01",1.0056961423673201,0.78685274567164998,1.0500890812686099,0.76898537752309104,0.81639764301328799,0.83352110717804795]
["EMULSÕES ASFÁLTICAS RM-1C","2011-12-01",1.03216562864031,0.78603018107453404,1.0557717877969099,0.74738072434082803,0.83097082648978104,0.85593232963686094]
["EMULSÕES ASFÁLTICAS RM-1C","2012-01-01",0.977189568954968,0.78816376192361104,0.990550962570247,0.83629194124627204,0.83567029634393297,0.87101538498257303]
["EMULSÕES ASFÁLTICAS RM-1C","2012-02-01",1.00562003379434,0.78540672515515397,1.0436393927485601,0.90134453237467205,0.83223977207928002,0.88665828021453597]
["EMULSÕES ASFÁLTICAS RM-1C","2012-03-01",1.0465676978259,0.79432799575872404,1.02944778151445,0.89345190839583299,0.85218647044364004,0.878215503875036]
["EMULSÕES ASFÁLTICAS RM-1C","2012-04-01",1.1323340888376401,0.79383793537578495,1.0168887129992199,0.93013643344201302,0.86083166977686398,0.89185022670241298]
["EMULSÕES ASFÁLTICAS RM-1C","2012-05-01",1.3072376625512201,0.84637013159372598,1.0515696312684599,0.94645964547514305,0.84982788620084104,0.90412293346356598]
["EMULSÕES ASFÁLTICAS RM-1C","2012-06-01",1.2417558167207501,0.83979754629694303,1.08325956935781,0.97754787835886603,0.86735899654228399,0.91915020546770299]
["EMULSÕES ASFÁLTICAS RM-1C","2012-07-01",1.2161289489092499,0.83493867821353496,1.03591467471182,0.98582202201819602,0.870173001552078,0.92007838227032501]
["EMULSÕES ASFÁLTICAS RM-1C","2012-08-01",1.23140059310345,0.83935778892873902,1.0913175572674301,0.98793563356512903,0.861687198099925,0.90920967288325905]
["EMULSÕES ASFÁLTICAS RM-1C","2012-09-01",0.84728706486191896,0.86318102775998096,1.06048278816758,0.90873533260834805,0.85439202185591501,0.87881156115243397]
["EMULSÕES ASFÁLTICAS RM-1C","2012-10-01",1.18326338369884,0.88023826429980301,1.1000667754000899,0.96348602284317197,0.85032078464281902,0.91808221211157304]
["EMULSÕES ASFÁLTICAS RM-1C","2012-11-01",1.2091937268114099,0.88176344019212405,1.09601093036095,0.92659371619411601,0.892303978735419,0.93029045520229603]
["EMULSÕES ASFÁLTICAS RM-1C","2012-12-01",1.2201,0.85426092444060298,1.0558040570327201,0.92432547659660602,0.86409295466276004,0.94181012677620801]
["EMULSÕES ASFÁLTICAS RM-1C","2013-01-01",1.22843393267472,0.87033193380989604,1.0887423500618401,1.0533343326915099,0.89236908455807795,0.98126119521284105]
["EMULSÕES ASFÁLTICAS RM-1C","2013-02-01",1.2253841107352701,0.84867467032788502,1.1485429792310999,0.86964437804396499,0.89362647423682995,0.99942924583634196]
["EMULSÕES ASFÁLTICAS RM-1C","2013-03-01",1.2156765872873101,0.84945020787532699,1.1520893409978299,0.869632999161705,0.90750685694410704,0.99010968939959099]
["EMULSÕES ASFÁLTICAS RM-1C","2013-04-01",1.19869275400735,0.84869761951605005,1.1693319655446499,0.87953942490553105,0.89016013521721804,0.98031303127467195]
["EMULSÕES ASFÁLTICAS RM-1C","2013-05-01",0.98938620657413201,0.86094833083901301,1.1444377843854801,0.88244038414607295,0.90423026642470805,0.95761708745943896]
["EMULSÕES ASFÁLTICAS RM-1C","2013-06-01",1.2174793086612601,0.86768896784428595,1.16413697108836,0.89372625910922299,0.90496241363479002,0.96615868448241904]
["EMULSÕES ASFÁLTICAS RM-1C","2013-07-01",1.11715836043101,0.88426264089352802,1.1571427082421899,0.91663292644247196,0.94248917152269196,0.961382373576672]
["EMULSÕES ASFÁLTICAS RM-1C","2013-08-01",1.21187134303065,0.87054365052699401,1.1569895184202399,0.91867112505906601,0.91801887620495803,0.96375720995793401]
["EMULSÕES ASFÁLTICAS RM-1C","2013-09-01",1.202,0.90663111467864399,1.17129574918079,0.93298370704616496,0.90658975421904398,0.98569455387683802]
["EMULSÕES ASFÁLTICAS RM-1C","2013-10-01",1.2181492919878101,0.95006897728628803,1.13547214548155,0.91839960772196505,0.89495813501768495,0.97929272525175504]
["EMULSÕES ASFÁLTICAS RM-1C","2013-11-01",1.1195558886944801,0.94802065957925696,1.1440306670461899,0.93026080733809902,0.91075605853383901,0.98575120139592498]
["EMULSÕES ASFÁLTICAS RM-1C","2013-12-01",1.2128139371554301,0.924216638581287,1.18966048114555,0.91843757400422898,0.90599239644822005,1.0071186734164499]
["EMULSÕES ASFÁLTICAS RM-1C","2014-01-01",1.20670204367587,0.94259640782181098,1.1412903035651101,0.92889875666732202,0.92234515003768103,1.00250323934945]
["EMULSÕES ASFÁLTICAS RM-1C","2014-02-01",1.0579315772732301,0.92368605489971001,1.14291722881499,0.93217781899228402,0.87922893799542901,0.96795597048398296]
["EMULSÕES ASFÁLTICAS RM-1C","2014-03-01",0.99974392884506502,0.937918559137353,1.16570462662216,0.92193538126392005,0.91895274771452196,0.97821862278597504]
["EMULSÕES ASFÁLTICAS RM-1C","2014-04-01",1.0310021510196701,0.94274368537637898,1.1284775422034801,0.88914415488063403,0.91984325608798101,0.97323432777391905]
["EMULSÕES ASFÁLTICAS RM-1C","2014-05-01",1.1143157323548201,0.934491088024756,1.1581051288412001,0.92385576145827897,0.90982706584962802,0.99508747499448802]
["EMULSÕES ASFÁLTICAS RM-1C","2014-06-01",1.0169746381699201,0.95563974707690802,1.19293359941737,0.93609120504383903,0.93520966460597399,0.992750270253689]
["EMULSÕES ASFÁLTICAS RM-1C","2014-07-01",0.88644807044706797,0.94836751223965898,1.0022731372522999,0.90942928363207798,0.91942553538204896,0.93980024814958596]
["EMULSÕES ASFÁLTICAS RM-1C","2014-08-01",1.2195540832484999,0.93945798005768499,1.04868562514708,0.90207295975078805,0.92205139435985195,0.95508313764177]
["EMULSÕES ASFÁLTICAS RM-1C","2014-09-01",1.1704686207350801,0.93115061529545795,1.1577073614266999,0.91021734900409002,0.93515578457253601,0.96429925418195295]
["EMULSÕES ASFÁLTICAS RM-1C","2014-10-01",1.35423942116776,0.935061562524231,1.0563183132137099,0.86315841471376098,0.97135973935622599,0.94892594701686594]
["EMULSÕES ASFÁLTICAS RM-1C","2014-11-01",1.2293336289865999,0.96017017240789004,1.09708163257069,0.92481923881065597,0.95140020348837195,0.97467027232499903]
["EMULSÕES ASFÁLTICAS RM-1C","2014-12-01",1.13197350988632,1.0689854505158001,1.10581308446372,0.87837995508141498,1.0118455786298299,1.0282630859182]
["EMULSÕES ASFÁLTICAS RM-1C","2015-01-01",1.36630396213409,1.3353018260124501,1.40898031003915,1.03930823988937,1.1997346993498199,1.27037527286278]
["EMULSÕES ASFÁLTICAS RM-1C","2015-02-01",1.64780618138554,1.2955207990076301,1.3999763827123599,1.0165557140370201,1.17615707016378,1.2526426904446899]
["EMULSÕES ASFÁLTICAS RM-1C","2015-03-01",1.55894278737628,1.26050276251583,1.4601410058534401,1.0875560601129799,1.13783196856172,1.2525076139823399]
["EMULSÕES ASFÁLTICAS RM-1C","2015-04-01",1.3241754455136101,1.2771967615675199,1.41322830447082,1.09236544771754,1.2149305994750701,1.2624108976646899]
["EMULSÕES ASFÁLTICAS RM-1C","2015-05-01",1.5552132680022099,1.2785987089364199,1.4133167154701101,1.0234322514265199,1.1671401019813099,1.2669828619074499]
["EMULSÕES ASFÁLTICAS RM-1C","2015-06-01",1.56237479381841,1.2522278641008699,1.49017508892592,1.02208283896425,1.1546196432832501,1.2854731199760401]
["EMULSÕES ASFÁLTICAS RM-1C","2015-07-01",1.4972154738651999,1.26445832807708,1.2560783739657999,1.03470536201164,1.18100067736817,1.2476002962438599]
["EMULSÕES ASFÁLTICAS RM-1C","2015-08-01",1.5477231585178,1.3378228677958699,1.48316316207232,1.02085155323165,1.1421220969438901,1.2989230170647901]
["EMULSÕES ASFÁLTICAS RM-1C","2015-09-01",1.55787827899541,1.2801082484822699,1.3944477404254201,1.12087835452927,1.0859062231589001,1.2553305044978]
["EMULSÕES ASFÁLTICAS RM-1C","2015-10-01",1.66252793272527,1.29096068390485,1.5455570567247301,1.0977588872173001,1.13320780775809,1.3180389108792201]
["EMULSÕES ASFÁLTICAS RM-1C","2015-11-01",1.83386224351816,1.50581680993635,1.5859677649855599,1.3758140780678001,1.2458764281269601,1.49619798262088]
["EMULSÕES ASFÁLTICAS RM-1C","2015-12-01",1.87776956197737,1.44317512579456,1.5835331875816001,1.2489359567552301,1.1891475882448901,1.4516128667788299]
["EMULSÕES ASFÁLTICAS RM-1C","2016-01-01",1.74092832224647,1.47911949185348,1.7134591762173199,1.2475936126613201,1.3203095498839801,1.46772945658287]
["EMULSÕES ASFÁLTICAS RM-1C","2016-02-01",1.93850856679627,1.51404197734885,1.7216144482592199,1.27988293286349,1.29293594833195,1.5312358578416101]
["EMULSÕES ASFÁLTICAS RM-1C","2016-03-01",1.78437369502107,1.5125886945477001,1.70154615123013,1.34314084019611,1.3335937506472999,1.4925970905857899]
["EMULSÕES ASFÁLTICAS RM-1C","2016-04-01",1.80006117922675,1.6167340791734499,1.78675652175763,1.38291765105069,1.34260018678882,1.54189897605794]
["EMULSÕES ASFÁLTICAS RM-1C","2016-05-01",1.7551264117885701,1.70944884565869,1.79285503215623,1.4637279105207801,1.4273058337740301,1.60641896274598]
["EMULSÕES ASFÁLTICAS RM-1C","2016-06-01",1.82050856765511,1.5173140759155499,1.71711488407704,1.5115493939039399,1.3533683158821299,1.5094054296169901]
["EMULSÕES ASFÁLTICAS RM-1C","2016-07-01",1.8189527171487501,1.4703346623435101,1.72968394685928,1.49397179548395,1.41223873042015,1.50839497229651]
["EMULSÕES ASFÁLTICAS RM-1C","2016-08-01",1.97584946874402,1.5302191190165,1.7112679882594,1.5107556680860199,1.4285483985026299,1.56326378087781]
["EMULSÕES ASFÁLTICAS RM-1C","2016-09-01",1.64445869114424,1.50325782177487,1.5741901436708701,1.3311757407168401,1.2786457702379199,1.4204560157760799]
["EMULSÕES ASFÁLTICAS RM-1C","2016-10-01",1.6558099254394301,1.4703067206074401,1.51167587767711,1.35981634002591,1.24955708784663,1.4134255567498799]
["EMULSÕES ASFÁLTICAS RM-1C","2016-11-01",1.59862190115781,1.45103267027451,1.74299486003696,1.33735898979836,1.30890743062574,1.44751694644016]
["EMULSÕES ASFÁLTICAS RM-1C","2016-12-01",1.78421621843626,1.4330079691372399,1.7616727438377699,1.3329012360694401,1.22881987598241,1.4582415504395501]
["EMULSÕES ASFÁLTICAS RM-1C","2017-01-01",1.6516441865129099,1.32256117869056,1.81252441186066,1.3026528046521999,1.2190395134316301,1.4117359143035899]
["EMULSÕES ASFÁLTICAS RM-1C","2017-02-01",1.6196794885446899,1.17992353181792,1.6970293396495,1.37142645368592,1.2548173172056101,1.3260330735952199]
["EMULSÕES ASFÁLTICAS RM-1C","2017-03-01",1.6939173962904901,1.2189000824215801,1.77631213414266,1.35874787063921,1.2153180161911401,1.3862117256511901]
["EMULSÕES ASFÁLTICAS RM-1C","2017-04-01",1.7124616299601401,1.24943999069725,1.7872092215953399,1.23859208115798,1.1621679500505899,1.38501791209187]
["EMULSÕES ASFÁLTICAS RM-1C","2017-05-01",1.70948047432229,1.2070241369761601,1.6664202790934901,1.3427858774394299,1.1816139837011601,1.3750651962349401]
["EMULSÕES ASFÁLTICAS RM-1C","2017-06-01",1.6816326713948,1.2528271545694201,1.81466774254057,1.65509911689612,1.1163669943427801,1.3620000466022499]
["EMULSÕES ASFÁLTICAS RM-1C","2017-07-01",1.6410656015281,1.2432846598897001,1.61239133010492,1.40794236006254,1.0758034116375801,1.2570175029594199]
["EMULSÕES ASFÁLTICAS RM-1C","2017-08-01",1.6761631933913701,1.2497292395764901,1.5136316681697899,1.4323507874999999,1.1387723095667801,1.2631308531775101]
["EMULSÕES ASFÁLTICAS RM-1C","2017-09-01",1.6886211157781701,1.237067502693,1.77955541933561,1.4087075520638801,1.13576927691372,1.2954755337066299]
["EMULSÕES ASFÁLTICAS RM-1C","2017-10-01",1.6789470045281101,1.2700495809202099,1.61045429607208,1.5056643560085701,1.10500286073806,1.32604114114468]
["EMULSÕES ASFÁLTICAS RM-1C","2017-11-01",1.6910137283100599,1.3185076771330799,1.68745716851492,1.45909085978291,1.02220315957791,1.3548520408699201]
["EMULSÕES ASFÁLTICAS RM-1C","2017-12-01",1.7774686918862399,1.34198422523429,1.6046481277473501,1.3931731327163801,1.158938238975,1.4325811635127601]
["EMULSÕES ASFÁLTICAS RM-1C","2018-01-01",1.89890633855777,1.37831710428694,1.53530106433949,1.46137859481,1.1307527878855099,1.45718826553074]
["EMULSÕES ASFÁLTICAS RM-1C","2018-02-01",1.7178404560989,1.30674821966162,1.5275124545702801,1.48708766193104,1.1391060725198301,1.3625410913531799]
["EMULSÕES ASFÁLTICAS RM-1C","2018-03-01",1.93439882538081,1.3305726202128001,1.54551498289707,1.4533731790739699,1.37719542227386,1.4807028942560101]
["EMULSÕES ASFÁLTICAS RM-1C","2018-04-01",1.68710421841529,1.32604164099051,1.5353970997593001,1.4147212726915099,1.48628520113205,1.4523387181508001]
["EMULSÕES ASFÁLTICAS RM-1C","2018-05-01",1.6918126626199601,1.45039157901626,1.5524364943131399,1.4594211711379901,1.2693003140377499,1.46019522436194]
["EMULSÕES ASFÁLTICAS RM-1C","2018-06-01",1.86083199057851,1.4646383854109599,1.7100193417166001,1.4296296397405299,1.6423499350833399,1.5962611306127099]
["EMULSÕES ASFÁLTICAS RM-1C","2018-07-01",1.8843249473951,1.5753774895550099,1.6881124355605801,1.61642363261908,1.6098421843306201,1.6409525559129301]
["EMULSÕES ASFÁLTICAS RM-1C","2018-08-01",1.73500763620525,1.7074808071370799,1.8984421274126999,2.33512167048359,1.7126626074026401,1.86539232048924]
["EMULSÕES ASFÁLTICAS RM-1C","2018-09-01",2.2421754983821498,1.7385658792052301,1.9470503476821199,2.40230118062507,1.8182721045566299,1.99298320170752]
["EMULSÕES ASFÁLTICAS RM-1C","2018-10-01",2.6736504558721301,1.7939585005250001,1.72282968867822,2.6811515289962502,1.87662697957657,2.1360434865918698]
["EMULSÕES ASFÁLTICAS RM-1C","2018-11-01",3.1662958005636601,2.0049001032755802,2.08891103972412,2.9804048795164602,1.92860643593763,2.5618172886994]
["EMULSÕES ASFÁLTICAS RM-1C","2018-12-01",2.5235890087374901,1.8902582005571,1.8778794960410301,2.7595711423649201,2.0028638773520999,2.13888823275281]
["EMULSÕES ASFÁLTICAS RM-1C","2019-01-01",2.70004171124496,2.0263812007721,2.1401435726019602,2.37527395961708,2.1046126948587398,2.2377215782525299]
["EMULSÕES ASFÁLTICAS RM-1C","2019-02-01",2.5733624764971501,2.15424143056801,2.3266222765828899,2.2246261956886002,2.2402913233408102,2.28858833173308]
["EMULSÕES ASFÁLTICAS RM-1C","2019-03-01",2.8039128535567799,2.1164654771507299,2.2966397089168402,2.3552267958130799,2.2269099649953898,2.3395193684561502]
["EMULSÕES ASFÁLTICAS RM-1C","2019-04-01",2.7538439997428199,2.06585166150498,2.3667705242946102,2.3377453847810701,2.3533451548895701,2.3333522488259302]
["EMULSÕES ASFÁLTICAS RM-1C","2019-05-01",2.7969122690888399,2.0706944561289,2.3869999679722498,2.1514114061167899,2.2615761870261299,2.2930108152411899]
["EMULSÕES ASFÁLTICAS RM-1C","2019-06-01",2.8786715804206802,2.01501393480246,2.4271920313692199,2.4445590406661002,2.2218819576401798,2.29909497523091]
["EMULSÕES ASFÁLTICAS RM-1C","2019-07-01",2.6714989437684502,2.0765382613180199,2.4750797262471398,2.4072261088772899,2.2616874244420999,2.33713588847418]
["EMULSÕES ASFÁLTICAS RM-1C","2019-08-01",2.6105183273124899,2.0178180587620398,2.4382153145880299,2.8627959643127401,2.2316705899165901,2.3492405255405102]
["EMULSÕES ASFÁLTICAS RM-1C","2019-09-01",2.61694147509548,2.03795814022717,2.38891402190258,2.8923801499953998,2.2615100605866498,2.39720906420937]
["EMULSÕES ASFÁLTICAS RM-1C","2019-10-01",2.5795184776761699,1.9476248567562799,2.3166481776261798,3.0621034408230998,2.1438854392422302,2.3382454204595202]
["EMULSÕES ASFÁLTICAS RM-1C","2019-11-01",2.7559181109736701,1.9595045753070699,2.1892937255071199,3.4006857775107799,2.1605882843526598,2.4762799914246099]
["EMULSÕES ASFÁLTICAS RM-1C","2019-12-01",2.5643978285879498,1.9826297196214999,2.23822570181696,3.2700447978237999,2.1397160452083699,2.5283457387778498]
["EMULSÕES ASFÁLTICAS RM-1C","2020-01-01",2.4148274299845398,2.0941317018578798,2.2094822552485001,3.1719546686672602,2.1970384864997499,2.42545836001102]
["EMULSÕES ASFÁLTICAS RM-1C","2020-02-01",2.4923839530656799,1.8278887061654301,2.2506818284181001,2.7726498567096902,2.09654325269375,2.1920009240037301]
["EMULSÕES ASFÁLTICAS RM-1C","2020-03-01",2.6220254806379999,1.8600077105883801,2.0935512931815001,2.9644898953982302,2.1074885517773101,2.2851733688592399]
["EMULSÕES ASFÁLTICAS RM-1C","2020-04-01",2.7685419624096701,1.8383978988656,2.0556880200649199,3.2110309400699601,2.07401922920049,2.5598260144446199]
["EMULSÕES ASFÁLTICAS RM-1C","2020-05-01",2.5873227315798499,1.83249853567345,2.09877006616879,3.0280077796987999,2.2628188940274199,2.3953100903291702]
["EMULSÕES ASFÁLTICAS RM-1C","2020-06-01",2.6653602997813701,1.8271488607031099,2.1006188006560298,2.5744209548239598,1.9948777553275401,2.16840369375777]
["EMULSÕES ASFÁLTICAS RM-1C","2020-07-01",2.5187479491345202,1.7447592093495199,2.1587461023122598,2.8737181068635702,1.99528070072606,2.2026478039167801]
["EMULSÕES ASFÁLTICAS RM-1C","2020-08-01",2.4850709606844998,1.8043691707852301,2.1120853794064001,2.8153138965191902,2.0780862654438401,2.24161821959897]
["EMULSÕES ASFÁLTICAS RM-1C","2020-09-01",2.4387211421566799,1.8193145530364401,2.12493196163781,3.1502771931537401,2.0462239440688501,2.2986682876635101]
["EMULSÕES ASFÁLTICAS RM-1C","2020-10-01",2.4537260314192801,1.89319908642761,2.0349097760900898,2.89662256374897,2.0669731455560298,2.2249560539642799]
["EMULSÕES ASFÁLTICAS RM-1C","2020-11-01",2.6788735678640698,2.02823488689131,2.1591436775427999,2.9492634684649799,2.1978360791323999,2.29718045312082]
["EMULSÕES ASFÁLTICAS RM-1C","2020-12-01",2.57820982615653,2.03162150542299,2.1823553410604801,2.8198574550722602,2.2336993279057702,2.2530474852908902]
["EMULSÕES ASFÁLTICAS RM-1C","2021-01-01",2.64605572361525,1.97720431327325,2.2039075070457601,2.91691030056935,2.3310170638219798,2.2639639514467902]
["EMULSÕES ASFÁLTICAS RM-1C","2021-02-01",2.7763632350908098,2.2314145150664402,2.3617696181759298,2.4934783763739898,2.0791072008120302,2.33305627504761]
["EMULSÕES ASFÁLTICAS RM-1C","2021-03-01",2.7488581881121199,2.2356160551891899,2.1610643416420201,2.8496555620010802,2.0248706105980401,2.4319672912941201]
["EMULSÕES ASFÁLTICAS RM-1C","2021-04-01",2.7022177187715299,2.1545405267247202,2.3513964897280299,2.6040845155733301,2.1755969681687999,2.3554871614366899]
["EMULSÕES ASFÁLTICAS RM-1C","2021-05-01",2.7691541589985,2.5542164010703998,2.62112697812384,2.98071485880625,2.6535696066957,2.6652074322149599]
["EMULSÕES ASFÁLTICAS RM-1C","2021-06-01",2.8310897928610199,2.5766534197350102,2.4944611800774901,2.8136878898715598,2.7857193339859299,2.68647173648329]
["EMULSÕES ASFÁLTICAS RM-1C","2021-07-01",2.81925779869084,2.5375287071369099,2.9232094227736698,3.0800879967300698,2.76664882334746,2.7874428846374699]
["EMULSÕES ASFÁLTICAS RM-1C","2021-08-01",2.7901102225184,2.7662159493828402,2.7345264303465702,3.2080260645661598,2.5996659750170998,2.89861943386278]
["EMULSÕES ASFÁLTICAS RM-1C","2021-09-01",3.0149762790055199,2.7097822189680998,3.02811671626753,3.3832351041122801,2.76401967795125,3.0442834418761699]
["EMULSÕES ASFÁLTICAS RM-1C","2021-10-01",3.0577732398294399,2.74160846477423,2.71373227539388,3.3095715435862001,2.9249379967632798,3.00061390556065]
["EMULSÕES ASFÁLTICAS RM-1C","2021-11-01",2.97411680269727,2.9188494352115502,2.5755678274899401,3.2562823109914101,2.82989210518482,3.0145811183083699]
["EMULSÕES ASFÁLTICAS RM-1C","2021-12-01",3.1022162818722201,3.0353075421712798,3.2342096800184699,3.2563482037351399,2.9829561138478402,3.1480739165851901]
["EMULSÕES ASFÁLTICAS RM-1C","2022-01-01",3.5243332388407,2.9980154419763898,3.1117204931032201,3.1820726442157201,3.0274792927239802,3.1051654412349801]
["EMULSÕES ASFÁLTICAS RM-1C","2022-02-01",3.14704103450299,3.18844140249066,3.41778787978649,3.38152933328558,3.26762072349652,3.2970123716383601]
["EMULSÕES ASFÁLTICAS RM-1C","2022-03-01",3.29711357960249,3.2349724220268898,3.3957945159661702,3.4089674000805399,3.3167783412684901,3.34312323285303]
["EMULSÕES ASFÁLTICAS RM-1C","2022-04-01",3.2324950874915102,3.2029774518946801,3.6325194962763101,3.4534832294951201,3.49649662477692,3.35797766551724]
["EMULSÕES ASFÁLTICAS RM-1C","2022-05-01",3.2677784139652202,3.3187918956782099,3.6409925444118798,3.4642361804008899,3.4431738629320598,3.4112118266302298]
["EMULSÕES ASFÁLTICAS RM-1C","2022-06-01",3.4891097789395702,3.2505582296130702,3.4968460600575502,3.4761861800015201,3.3328988742580701,3.3978575497327501]
["EMULSÕES ASFÁLTICAS RM-1C","2022-07-01",3.3716558738435101,3.48017155326044,3.6378042606194398,3.4860360013792402,3.4087002781740399,3.4765934648092398]
["EMULSÕES ASFÁLTICAS RM-1C","2022-08-01",3.41599070695103,3.3415832828988798,3.5642669701776599,3.4751693939673598,2.9704179487903599,3.3913389254258401]
["EMULSÕES ASFÁLTICAS RM-1C","2022-09-01",3.1840893665597201,3.3026745944362701,3.55779976834829,3.4978231406364699,2.8967105078839102,3.3585221292978198]
["EMULSÕES ASFÁLTICAS RM-1C","2022-10-01",3.1436407384363498,3.1510210859888699,2.8280262324316201,3.4874648149048899,3.00691695383086,3.1537361082270801]
["EMULSÕES ASFÁLTICAS RM-1C","2022-11-01",3.0149579983722501,3.0965618853550598,3.00932413121396,3.3987008167439599,2.7949346515604998,3.0950125674184101]
["EMULSÕES ASFÁLTICAS RM-1C","2022-12-01",3.2973887615137598,3.3401545339691898,3.1573021480308898,3.31044459800267,2.9710173971439202,3.2478429828191699]
["EMULSÕES ASFÁLTICAS RM-1C","2023-01-01",3.4618784375205398,2.7712581713782098,3.3138610858985298,3.7794237778593498,2.6575248707510601,3.0829475190357098]
["EMULSÕES ASFÁLTICAS RM-1C","2023-02-01",3.05121330012236,2.8761984027387002,3.0233817688703102,3.1764607224603201,2.4314014709832499,2.9341423749155799]
["EMULSÕES ASFÁLTICAS RM-1C","2023-03-01",3.4308232290432499,2.7030070653166902,3.1772111793020499,3.18360617878256,2.61882537446485,2.98861167267397]
["EMULSÕES ASFÁLTICAS RM-1C","2023-04-01",3.1746686978237602,2.59237559102406,3.1717916579534098,3.03823465197878,2.5593691590021002,2.7953761187031398]
["EMULSÕES ASFÁLTICAS RM-1C","2023-05-01",3.1638937469089301,2.7383579232745601,3.0077502908518401,2.9849140334861199,2.5990487339860899,2.8312145860335698]
["EMULSÕES ASFÁLTICAS RM-1C","2023-06-01",3.0911257811808399,2.5216644654372402,2.9951332555652401,2.7342298649628298,2.5804871625009,2.6821373931849801]
["EMULSÕES ASFÁLTICAS RM-1C","2023-07-01",2.7902825923295498,2.6398198762102201,2.66158147856425,2.8632474023022798,2.3590166043548901,2.6827134077601298]
["EMULSÕES ASFÁLTICAS RM-1C","2023-08-01",2.9437886281957599,2.6420421637817699,3.1345290640226602,2.7417938918461999,2.6281399498335198,2.7013622959238801]
["EMULSÕES ASFÁLTICAS RM-1C","2023-09-01",3.0708926101694898,2.8668699207778898,3.1969746433431601,2.9282040884652201,2.7481440894269098,2.8847052069586598]
["EMULSÕES ASFÁLTICAS RM-1C","2023-10-01",3.11944816289658,2.8792463064549101,3.0315695729235399,2.9257860952077999,2.75583087144188,2.8878107952646501]
["EMULSÕES ASFÁLTICAS RM-1C","2023-11-01",3.47328884415229,3.0170359383323899,3.5236184152229502,2.6752653794452099,2.52908681282329,2.9155708317108102]
["EMULSÕES ASFÁLTICAS RM-1C","2023-12-01",3.13930448593822,3.2290611018631301,2.4348687745170299,2.83304122346747,2.6414087328461902,2.9388655721391599]
["EMULSÕES ASFÁLTICAS RM-1C","2024-01-01",3.18850698634082,2.9262857380640601,3.0285282782589502,2.70867323463865,2.6114630065547799,2.8624751448354102]
["EMULSÕES ASFÁLTICAS RM-1C","2024-02-01",2.9511305704954802,2.7766891645412,2.9967953078362899,2.76747693670012,2.6634504675419901,2.7900961256204302]
["EMULSÕES ASFÁLTICAS RM-1C","2024-03-01",3.1592422077570799,2.9290864819500499,3.07982120529892,2.6576778978445099,2.7625063737390398,2.8783513407274399]
["EMULSÕES ASFÁLTICAS RM-1C","2024-04-01",2.95837875061485,2.8357869742019499,3.0954418919113902,2.6539026610674799,2.7610277700492101,2.8184672285686299]
["EMULSÕES ASFÁLTICAS RM-1C","2024-05-01",2.9773243672791398,2.80354925327351,2.91988195016719,2.7723471782596101,2.7239194212867801,2.81411996487439]
["EMULSÕES ASFÁLTICAS RM-1C","2024-06-01",2.9396719371727702,2.7875884870994501,2.6984849252491698,2.71251633694536,2.7939950416278401,2.7866457358200201]
["EMULSÕES ASFÁLTICAS RM-1C","2024-07-01",3.1712052795729102,2.8910904528592201,2.7554293019703699,2.82669534120273,2.84120687677928,2.8675549375004801]
["EMULSÕES ASFÁLTICAS RM-1C","2024-08-01",4.4560089218191097,3.1384083623188399,2.9642911868779902,2.8511711168587301,2.8999091735274098,3.03876120342913]
["EMULSÕES ASFÁLTICAS RM-1C","2024-09-01",3.1504017966061499,3.1218243102058501,3.0780338603668098,3.1225687883666202,2.9880006163061301,3.0868408413109298]
["EMULSÕES ASFÁLTICAS RM-2C","2008-11-01","***","***","***","***","***","***"]
["EMULSÕES ASFÁLTICAS RM-2C","2008-12-01","***","***","***",0.81623000000000001,"***",0.81623000000000001]
["EMULSÕES ASFÁLTICAS RM-2C","2009-01-01",2.2606894197292098,"***","***",0.98309999999999997,"***",2.16288977034958]
["EMULSÕES ASFÁLTICAS RM-2C","2009-02-01","***","***","***",2.7796333333333298,0.87446999999999997,2.16045525]
["EMULSÕES ASFÁLTICAS RM-2C","2009-03-01","***","***","***",0.83383232067510504,0.92679999999999996,0.89309269760326404]
["EMULSÕES ASFÁLTICAS RM-2C","2009-04-01","***","***","***",0.78739999999999999,"***",0.78739999999999999]
["EMULSÕES ASFÁLTICAS RM-2C","2009-05-01","***","***","***","***","***","***"]
["EMULSÕES ASFÁLTICAS RM-2C","2009-06-01","***","***","***",0.78454391640323196,0.87446999999999997,0.80125880183013998]
["EMULSÕES ASFÁLTICAS RM-2C","2009-07-01","***","***","***",0.88127797833934995,"***",0.88127797833934995]
["EMULSÕES ASFÁLTICAS RM-2C","2009-08-01","***","***","***",0.90200000000000002,"***",0.90200000000000002]
["EMULSÕES ASFÁLTICAS RM-2C","2009-09-01","***","***","***",0.90200000000000002,"***",0.90200000000000002]
["EMULSÕES ASFÁLTICAS RM-2C","2009-10-01","***","***","***",0.86578551310388396,1.0888,0.96305905643582002]
["EMULSÕES ASFÁLTICAS RM-2C","2009-11-01","***","***","***",0.90200000000000002,"***",0.90200000000000002]
["EMULSÕES ASFÁLTICAS RM-2C","2009-12-01","***","***","***",0.90200000000000002,"***",0.90200000000000002]
["EMULSÕES ASFÁLTICAS RM-2C","2010-01-01","***","***","***",0.86583953629588695,"***",0.86583953629588695]
["EMULSÕES ASFÁLTICAS RM-2C","2010-02-01","***","***","***",0.86248000000000002,"***",0.86248000000000002]
["EMULSÕES ASFÁLTICAS RM-2C","2010-03-01","***","***","***",0.86248000000000002,0.87176441348375699,0.87080383987326304]
["EMULSÕES ASFÁLTICAS RM-2C","2010-04-01","***","***","***",0.86088036577400395,0.87952101585595299,0.87408711728865196]
["EMULSÕES ASFÁLTICAS RM-2C","2010-05-01","***","***","***",0.85102999999999995,0.89494205151565298,0.89221332375330098]
["EMULSÕES ASFÁLTICAS RM-2C","2010-06-01","***","***","***",0.84967999999999999,0.89133205685796102,0.88963664394016495]
["EMULSÕES ASFÁLTICAS RM-2C","2010-07-01","***","***","***",0.85034318181818203,0.89546224502577398,0.88916656178750597]
["EMULSÕES ASFÁLTICAS RM-2C","2010-08-01","***","***","***",0.84782999999999997,0.89268361236710303,0.89050129105388598]
["EMULSÕES ASFÁLTICAS RM-2C","2010-09-01","***","***","***",0.79874639304973005,0.90085522871217405,0.88522828389344799]
["EMULSÕES ASFÁLTICAS RM-2C","2010-10-01","***","***","***",0.84733000000000003,0.86026621955983895,0.85962573338284498]
["EMULSÕES ASFÁLTICAS RM-2C","2010-11-01","***","***","***",0.84867000000000004,0.89062398734177195,0.88518601101749805]
["EMULSÕES ASFÁLTICAS RM-2C","2010-12-01","***","***","***",0.80433026126366303,0.78766000000000003,0.79996133577274198]
["EMULSÕES ASFÁLTICAS RM-2C","2011-01-01","***","***","***",0.77276500000000004,0.90049999999999997,0.85327818853974102]
["EMULSÕES ASFÁLTICAS RM-2C","2011-02-01","***","***","***",0.69686000000000003,0.894163981578735,0.88218529255521005]
["EMULSÕES ASFÁLTICAS RM-2C","2011-03-01","***","***","***",0.68036495049504997,0.901666204729485,0.87687926092866897]
["EMULSÕES ASFÁLTICAS RM-2C","2011-04-01","***","***","***",0.73064243727598599,0.90529588664913796,0.89586885775087699]
["EMULSÕES ASFÁLTICAS RM-2C","2011-05-01","***","***","***",0.71970285714285698,0.89892865232163099,0.88888401774138504]
["EMULSÕES ASFÁLTICAS RM-2C","2011-06-01","***","***","***",0.68755999999999995,0.89428349324358303,0.89171957632584198]
["EMULSÕES ASFÁLTICAS RM-2C","2011-07-01","***","***","***",0.69351913609467497,0.88057162363555797,0.84885084523530796]
["EMULSÕES ASFÁLTICAS RM-2C","2011-08-01","***","***","***",0.68755999999999995,0.806465222993062,0.79909582584443795]
["EMULSÕES ASFÁLTICAS RM-2C","2011-09-01","***","***",1.17,0.720695647558386,0.80807083488697296,0.83813055461724595]
["EMULSÕES ASFÁLTICAS RM-2C","2011-10-01","***","***","***",0.67960221630708895,0.73730212909766801,0.705756328125]
["EMULSÕES ASFÁLTICAS RM-2C","2011-11-01","***","***","***",0.68755999999999995,0.82349000000000006,0.81902321010474399]
["EMULSÕES ASFÁLTICAS RM-2C","2011-12-01","***","***","***",0.69324208241027896,0.85990123215356895,0.82438860932779501]
["EMULSÕES ASFÁLTICAS RM-2C","2012-01-01","***","***","***",0.72281758455756795,"***",0.72281758455756795]
["EMULSÕES ASFÁLTICAS RM-2C","2012-02-01","***","***","***",0.75697999999999999,0.87980719804514795,0.86052884638022398]
["EMULSÕES ASFÁLTICAS RM-2C","2012-03-01","***","***","***",0.73287936724068903,0.81946763385146804,0.79337726318329904]
["EMULSÕES ASFÁLTICAS RM-2C","2012-04-01","***","***","***",0.86426306569343103,0.81718040586080598,0.82173350906604303]
["EMULSÕES ASFÁLTICAS RM-2C","2012-05-01","***","***","***",0.80365069098949704,0.88907584208532797,0.88406663306320898]
["EMULSÕES ASFÁLTICAS RM-2C","2012-06-01","***","***","***",0.80007238158772498,0.95421,0.92449839580788296]
["EMULSÕES ASFÁLTICAS RM-2C","2012-07-01","***","***","***",0.80957268047006203,0.94296246753246704,0.93163159575985199]
["EMULSÕES ASFÁLTICAS RM-2C","2012-08-01","***","***","***",0.73655511218403902,0.95421,0.91372596090861102]
["EMULSÕES ASFÁLTICAS RM-2C","2012-09-01","***","***","***",0.95795076411960101,0.95421,0.95693631961259096]
["EMULSÕES ASFÁLTICAS RM-2C","2012-10-01","***","***","***",0.75697999999999999,0.87016175615664104,0.84253117790662202]
["EMULSÕES ASFÁLTICAS RM-2C","2012-11-01","***","***","***",0.73406229235880405,1.2217702777777799,0.99723662282043402]
["EMULSÕES ASFÁLTICAS RM-2C","2012-12-01","***","***","***",1.1447799999999999,0.95421,1.0544950688500201]
["EMULSÕES ASFÁLTICAS RM-2C","2013-01-01","***","***","***",0.86675557594291497,"***",0.86675557594291497]
["EMULSÕES ASFÁLTICAS RM-2C","2013-02-01","***","***","***",0.73373337850045195,"***",0.73373337850045195]
["EMULSÕES ASFÁLTICAS RM-2C","2013-03-01","***","***","***",0.84782582852431998,1.08935646464646,0.94789018670529501]
["EMULSÕES ASFÁLTICAS RM-2C","2013-04-01",1.18074655172414,"***","***",0.73657393162393203,0.95421,0.99569431275393905]
["EMULSÕES ASFÁLTICAS RM-2C","2013-05-01","***","***","***",0.84741921170395895,0.95421,0.87163687250465804]
["EMULSÕES ASFÁLTICAS RM-2C","2013-06-01","***","***","***",0.83011795416433798,1.0434753323068999,0.97634618185015798]
["EMULSÕES ASFÁLTICAS RM-2C","2013-07-01","***","***","***",0.84782000000000002,0.84870000000000001,0.84839901667379203]
["EMULSÕES ASFÁLTICAS RM-2C","2013-08-01","***","***","***",0.78820795259501397,0.84870000000000001,0.80274407326917097]
["EMULSÕES ASFÁLTICAS RM-2C","2013-09-01","***","***","***",0.81859163934426205,0.84870000000000001,0.82905711229946499]
["EMULSÕES ASFÁLTICAS RM-2C","2013-10-01","***","***","***",0.74507999999999996,1.0206354838709699,0.88271137747875394]
["EMULSÕES ASFÁLTICAS RM-2C","2013-11-01","***","***","***",0.85118000000000005,0.84870000000000001,0.84983924376508402]
["EMULSÕES ASFÁLTICAS RM-2C","2013-12-01","***","***","***",0.78148743207245597,"***",0.78148743207245597]
["EMULSÕES ASFÁLTICAS RM-2C","2014-01-01","***","***","***","***","***","***"]
["EMULSÕES ASFÁLTICAS RM-2C","2014-02-01","***","***","***",0.78061205889755902,1.03460647757762,0.88129140230932901]
["EMULSÕES ASFÁLTICAS RM-2C","2014-03-01","***","***","***",0.87640787937743203,0.87805,0.877276351970669]
["EMULSÕES ASFÁLTICAS RM-2C","2014-04-01","***","***","***",0.78109045442941005,"***",0.78109045442941005]
["EMULSÕES ASFÁLTICAS RM-2C","2014-05-01","***","***","***","***","***","***"]
["EMULSÕES ASFÁLTICAS RM-2C","2014-06-01","***","***","***",0.77893150972762604,1.7374499999999999,1.0206529524733301]
["EMULSÕES ASFÁLTICAS RM-2C","2014-07-01","***","***","***",0.84741,"***",0.84741]
["EMULSÕES ASFÁLTICAS RM-2C","2014-08-01","***","***","***",0.77939521511017795,"***",0.77939521511017795]
["EMULSÕES ASFÁLTICAS RM-2C","2014-09-01","***","***","***",0.77976626066718402,"***",0.77976626066718402]
["EMULSÕES ASFÁLTICAS RM-2C","2014-10-01","***","***","***",0.78452999999999995,"***",0.78452999999999995]
["EMULSÕES ASFÁLTICAS RM-2C","2014-11-01","***","***","***",0.77605862540192905,1.28283985507246,0.99151090418977195]
["EMULSÕES ASFÁLTICAS RM-2C","2014-12-01","***","***","***","***","***","***"]
["EMULSÕES ASFÁLTICAS RM-2C","2015-01-01","***","***","***",1.0311776923076901,"***",1.0311776923076901]
["EMULSÕES ASFÁLTICAS RM-2C","2015-02-01","***","***","***",1.0527899999999999,"***",1.0527899999999999]
["EMULSÕES ASFÁLTICAS RM-2C","2015-03-01","***","***","***",1.0360962363296899,1.4190801779581601,1.2776910300344699]
["EMULSÕES ASFÁLTICAS RM-2C","2015-04-01","***","***","***","***","***","***"]
["EMULSÕES ASFÁLTICAS RM-2C","2015-05-01","***","***","***",1.02511391680173,1.0545199999999999,1.0331074665617599]
["EMULSÕES ASFÁLTICAS RM-2C","2015-06-01","***","***","***",1.0247651411827401,1.3727157652303099,1.1700774402730401]
["EMULSÕES ASFÁLTICAS RM-2C","2015-07-01","***","***","***",1.0738971703373299,"***",1.0738971703373299]
["EMULSÕES ASFÁLTICAS RM-2C","2015-08-01","***","***","***",0.99763999999999997,1.10695822807815,1.06464345864662]
["EMULSÕES ASFÁLTICAS RM-2C","2015-09-01","***","***","***",1.0611699999999999,"***",1.0611699999999999]
["EMULSÕES ASFÁLTICAS RM-2C","2015-10-01","***","***",1.53361551421037,"***","***",1.53361551421037]
["EMULSÕES ASFÁLTICAS RM-2C","2015-11-01","***","***","***",1.1672899999999999,1.0545199999999999,1.0960181258549899]
["EMULSÕES ASFÁLTICAS RM-2C","2015-12-01","***","***","***",1.1303399999999999,1.08505154968944,1.0873226519174]
["EMULSÕES ASFÁLTICAS RM-2C","2016-01-01",1.72018592105263,"***","***",1.1303399999999999,1.47948935828877,1.4760628488971299]
["EMULSÕES ASFÁLTICAS RM-2C","2016-02-01","***","***","***",1.22005800926859,1.4104300000000001,1.36747404682882]
["EMULSÕES ASFÁLTICAS RM-2C","2016-03-01","***","***","***",1.1303399999999999,1.4104300000000001,1.38517201548057]
["EMULSÕES ASFÁLTICAS RM-2C","2016-04-01","***","***","***",1.27819186421174,1.5021424562261101,1.4721766290707501]
["EMULSÕES ASFÁLTICAS RM-2C","2016-05-01","***","***","***",1.2615400000000001,1.4104300000000001,1.40650020785219]
["EMULSÕES ASFÁLTICAS RM-2C","2016-06-01","***","***","***",1.27659219969589,1.4104300000000001,1.3900249323854399]
["EMULSÕES ASFÁLTICAS RM-2C","2016-07-01","***","***","***",1.2615400000000001,1.51536,1.4904298588090901]
["EMULSÕES ASFÁLTICAS RM-2C","2016-08-01",2.1663000000000001,"***","***",1.27619820306205,1.51536,1.47749144381132]
["EMULSÕES ASFÁLTICAS RM-2C","2016-09-01","***","***","***",1.64823268590455,1.35608,1.4511773880057799]
["EMULSÕES ASFÁLTICAS RM-2C","2016-10-01","***","***","***",1.2810264509929501,"***",1.2810264509929501]
["EMULSÕES ASFÁLTICAS RM-2C","2016-11-01","***","***","***",1.27875354495835,"***",1.27875354495835]
["EMULSÕES ASFÁLTICAS RM-2C","2016-12-01","***","***","***",1.2615400000000001,1.35608,1.3489690560361001]
["EMULSÕES ASFÁLTICAS RM-2C","2017-01-01","***","***",1.75,1.2615400000000001,1.33975612159699,1.39890729987181]
["EMULSÕES ASFÁLTICAS RM-2C","2017-02-01","***","***","***",1.2791579153094501,1.33324,1.3247840794499599]
["EMULSÕES ASFÁLTICAS RM-2C","2017-03-01","***","***","***",1.2615400000000001,1.33324,1.3304645608941801]
["EMULSÕES ASFÁLTICAS RM-2C","2017-04-01","***","***","***",1.83,1.33324,1.39778917416355]
["EMULSÕES ASFÁLTICAS RM-2C","2017-05-01","***","***","***","***","***","***"]
["EMULSÕES ASFÁLTICAS RM-2C","2017-06-01","***","***",1.7129325058184599,1.2615400000000001,1.33324,1.4462352903798501]
["EMULSÕES ASFÁLTICAS RM-2C","2017-07-01","***","***",1.74051,1.2788003330486799,1.33324,1.3498259420551499]
["EMULSÕES ASFÁLTICAS RM-2C","2017-08-01","***","***","***",1.25719,1.33324,1.3148947107176701]
["EMULSÕES ASFÁLTICAS RM-2C","2017-09-01","***","***","***",1.2739290592575501,"***",1.2739290592575501]
["EMULSÕES ASFÁLTICAS RM-2C","2017-10-01","***","***","***",1.85215,"***",1.85215]
["EMULSÕES ASFÁLTICAS RM-2C","2017-11-01","***","***","***",1.2741456094182799,"***",1.2741456094182799]
["EMULSÕES ASFÁLTICAS RM-2C","2017-12-01",1.89551,"***",1.85331,1.5030796904247701,"***",1.8174043998965299]
["EMULSÕES ASFÁLTICAS RM-2C","2018-01-01",1.7751600000000001,"***","***",1.34555,1.3169,1.47454099325337]
["EMULSÕES ASFÁLTICAS RM-2C","2018-02-01",1.89551,"***","***","***",1.4080999999999999,1.7562324697885201]
["EMULSÕES ASFÁLTICAS RM-2C","2018-03-01","***","***","***",1.3362911730945799,"***",1.3362911730945799]
["EMULSÕES ASFÁLTICAS RM-2C","2018-04-01","***","***","***",1.5862700000000001,"***",1.5862700000000001]
["EMULSÕES ASFÁLTICAS RM-2C","2018-05-01","***","***","***",1.73714150807899,"***",1.73714150807899]
["EMULSÕES ASFÁLTICAS RM-2C","2018-06-01","***","***","***","***",1.53973439878234,1.53973439878234]
["EMULSÕES ASFÁLTICAS RM-2C","2018-07-01","***","***","***",1.6635781402995999,"***",1.6635781402995999]
["EMULSÕES ASFÁLTICAS RM-2C","2018-08-01","***","***","***",1.85290339279704,"***",1.85290339279704]
["EMULSÕES ASFÁLTICAS RM-2C","2018-09-01","***","***","***","***","***","***"]
["EMULSÕES ASFÁLTICAS RM-2C","2018-10-01","***","***","***",1.7539369363636399,"***",1.7539369363636399]
["EMULSÕES ASFÁLTICAS RM-2C","2018-11-01",2.48841736111111,"***","***",2.00999913043478,"***",2.2204463182011001]
["EMULSÕES ASFÁLTICAS RM-2C","2018-12-01","***","***","***",2.3347536363636401,"***",2.3347536363636401]
["EMULSÕES ASFÁLTICAS RM-2C","2019-01-01","***","***","***",1.9040731233980199,"***",1.9040731233980199]
["EMULSÕES ASFÁLTICAS RM-2C","2019-02-01","***","***","***",2.0479867856626699,2.0344199999999999,2.04453079168462]
["EMULSÕES ASFÁLTICAS RM-2C","2019-03-01",2.4885000000000002,"***","***",2.0938163753840602,2.2371300000000001,2.1625158023278002]
["EMULSÕES ASFÁLTICAS RM-2C","2019-04-01","***","***","***",2.1404994552699099,"***",2.1404994552699099]
["EMULSÕES ASFÁLTICAS RM-2C","2019-05-01","***","***","***",2.2083526107833702,"***",2.2083526107833702]
["EMULSÕES ASFÁLTICAS RM-2C","2019-06-01","***","***",2.2194600000000002,2.1846171338506299,2.2359100000000001,2.20659987402068]
["EMULSÕES ASFÁLTICAS RM-2C","2019-07-01",2.4278228741623198,"***",2.26013579779227,2.14670145065692,1.9846607600611801,2.1183690459859998]
["EMULSÕES ASFÁLTICAS RM-2C","2019-08-01","***","***",2.04508,2.08122908839779,1.9814039915933701,2.0364289013503498]
["EMULSÕES ASFÁLTICAS RM-2C","2019-09-01",2.27074,"***",2.0441685030130001,2.0449253815209301,1.88826773290825,2.02375611153035]
["EMULSÕES ASFÁLTICAS RM-2C","2019-10-01","***","***","***",2.0411320550750198,1.8625542357614,1.9817843114746401]
["EMULSÕES ASFÁLTICAS RM-2C","2019-11-01","***","***","***",2.0620786876235799,2.0069656914337002,2.0519864068659701]
["EMULSÕES ASFÁLTICAS RM-2C","2019-12-01",3.0960299999999998,"***","***",2.0891286629396699,"***",2.1339495548631202]
["EMULSÕES ASFÁLTICAS RM-2C","2020-01-01","***","***","***",2.02505007966277,2.23546526476578,2.0509424654616102]
["EMULSÕES ASFÁLTICAS RM-2C","2020-02-01","***","***","***",2.0300026031641698,2.0173492697319899,2.0279740196310301]
["EMULSÕES ASFÁLTICAS RM-2C","2020-03-01","***","***","***",1.8831589703216001,1.9955400000000001,1.90432072734314]
["EMULSÕES ASFÁLTICAS RM-2C","2020-04-01","***","***","***",1.97667095799906,"***",1.97667095799906]
["EMULSÕES ASFÁLTICAS RM-2C","2020-05-01","***","***",2.0392306379383198,1.88917493565338,"***",1.9086289598795001]
["EMULSÕES ASFÁLTICAS RM-2C","2020-06-01",2.3037100000000001,"***",2.1768847627478798,1.91617558175789,2.0230999999999999,1.9743465895696699]
["EMULSÕES ASFÁLTICAS RM-2C","2020-07-01","***","***","***",1.8634123367076401,1.9038057696447801,1.8674792597810801]
["EMULSÕES ASFÁLTICAS RM-2C","2020-08-01",2.3373835435435399,"***",2.0793767128560399,2.0678055228080598,2.0712253386911601,2.1090912187890498]
["EMULSÕES ASFÁLTICAS RM-2C","2020-09-01","***","***",2.0991599999999999,2.0699460873239399,2.0890017273869299,2.0764613728637098]
["EMULSÕES ASFÁLTICAS RM-2C","2020-10-01","***","***",2.07348,1.9632732236003201,1.87694965977606,1.9569137212080201]
["EMULSÕES ASFÁLTICAS RM-2C","2020-11-01","***","***","***",2.0825105919481399,2.2443300000000002,2.0884963548996498]
["EMULSÕES ASFÁLTICAS RM-2C","2020-12-01","***","***","***",2.05327398706897,2.2418999999999998,2.1249334505268598]
["EMULSÕES ASFÁLTICAS RM-2C","2021-01-01","***","***","***",2.17301760708557,"***",2.17301760708557]
["EMULSÕES ASFÁLTICAS RM-2C","2021-02-01","***","***","***",2.3661116726336502,2.3188606578947399,2.3583793126535002]
["EMULSÕES ASFÁLTICAS RM-2C","2021-03-01","***","***","***",2.18412773399535,2.2720600000000002,2.2140634260033401]
["EMULSÕES ASFÁLTICAS RM-2C","2021-04-01","***","***",2.3127200000000001,2.31514335159381,2.2974584414414401,2.3109319673268098]
["EMULSÕES ASFÁLTICAS RM-2C","2021-05-01",2.6420820915032701,"***","***",2.74631302034429,2.83401935539076,2.7665031669639699]
["EMULSÕES ASFÁLTICAS RM-2C","2021-06-01","***","***",3.08643,2.66330323417389,2.79888,2.72637687247102]
["EMULSÕES ASFÁLTICAS RM-2C","2021-07-01","***","***",2.66974,2.8325034320731,2.79888,2.8178260426747301]
["EMULSÕES ASFÁLTICAS RM-2C","2021-08-01",2.8018100000000001,"***","***",2.80988944129555,3.0114999999999998,2.86601029211459]
["EMULSÕES ASFÁLTICAS RM-2C","2021-09-01",2.8018100000000001,"***","***",2.76292160755008,3.0114999999999998,2.8097008698765999]
["EMULSÕES ASFÁLTICAS RM-2C","2021-10-01","***","***","***",2.90134250366228,3.0137994058985802,2.93052659587355]
["EMULSÕES ASFÁLTICAS RM-2C","2021-11-01","***","***","***",2.9681868642473499,3.2958099999999999,3.0598907242753599]
["EMULSÕES ASFÁLTICAS RM-2C","2021-12-01","***","***","***",2.9297020456037699,"***",2.9297020456037699]
["EMULSÕES ASFÁLTICAS RM-2C","2022-01-01","***","***","***",2.9418923573285101,"***",2.9418923573285101]
["EMULSÕES ASFÁLTICAS RM-2C","2022-02-01","***","***","***",3.2677440005793699,"***",3.2677440005793699]
["EMULSÕES ASFÁLTICAS RM-2C","2022-03-01","***","***","***",3.2588862701712,3.3854099999999998,3.2724400395130702]
["EMULSÕES ASFÁLTICAS RM-2C","2022-04-01","***","***","***",3.1581276415874302,3.5534699999999999,3.2061860544711802]
["EMULSÕES ASFÁLTICAS RM-2C","2022-05-01","***","***",2.5024299999999999,2.90244724874269,3.3803800000000002,2.92759904650184]
["EMULSÕES ASFÁLTICAS RM-2C","2022-06-01","***",4.0773900000000003,"***",3.29623211483139,3.06863882106523,3.3023931674145501]
["EMULSÕES ASFÁLTICAS RM-2C","2022-07-01","***",3.5488900000000001,"***",3.05996751666438,3.3441617079397501,3.1176123041656099]
["EMULSÕES ASFÁLTICAS RM-2C","2022-08-01","***","***","***",2.9758307996769,3.37272039317754,3.0578465948778999]
["EMULSÕES ASFÁLTICAS RM-2C","2022-09-01","***","***","***",3.11347947839299,3.1156962228870602,3.1140073005498499]
["EMULSÕES ASFÁLTICAS RM-2C","2022-10-01","***","***","***",2.70102932900582,3.12398175475687,2.7462667888418402]
["EMULSÕES ASFÁLTICAS RM-2C","2022-11-01","***","***","***",2.52377683861187,3.21235215090385,2.5737149353042899]
["EMULSÕES ASFÁLTICAS RM-2C","2022-12-01","***","***","***",2.82525594385144,2.9974288261485502,2.8586720099772198]
["EMULSÕES ASFÁLTICAS RM-2C","2023-01-01","***","***","***",2.74376295189021,3.1450716453115901,2.8035890449316301]
["EMULSÕES ASFÁLTICAS RM-2C","2023-02-01","***","***","***",2.6143701762798601,3.0775905263157899,2.6694239120955099]
["EMULSÕES ASFÁLTICAS RM-2C","2023-03-01","***","***","***",2.5022396022941198,2.8682239015079198,2.5504613150746902]
["EMULSÕES ASFÁLTICAS RM-2C","2023-04-01","***","***","***",2.4362702733416901,3.0515349015628201,2.5787471291800799]
["EMULSÕES ASFÁLTICAS RM-2C","2023-05-01","***","***",2.8923800000000002,2.4992644404518298,2.8214599623572201,2.5489527159476699]
["EMULSÕES ASFÁLTICAS RM-2C","2023-06-01","***","***","***",2.3311881471990898,2.7648241118110199,2.37521315879513]
["EMULSÕES ASFÁLTICAS RM-2C","2023-07-01","***","***","***",2.3018254205284698,2.81901664520168,2.3735134523027299]
["EMULSÕES ASFÁLTICAS RM-2C","2023-08-01","***","***",2.8209547234466101,2.3632790229046998,2.8625893189326601,2.44953144721147]
["EMULSÕES ASFÁLTICAS RM-2C","2023-09-01","***","***",2.97226159782775,2.2891858218397898,3.0964656884970601,2.53593137644505]
["EMULSÕES ASFÁLTICAS RM-2C","2023-10-01","***","***",3.03844326347305,2.4628081853081798,3.0611318553974098,2.6231187684459201]
["EMULSÕES ASFÁLTICAS RM-2C","2023-11-01","***","***",2.9347046453422001,2.5630156713839898,3.0789979773837102,2.6867156472684099]
["EMULSÕES ASFÁLTICAS RM-2C","2023-12-01","***","***",2.9526400000000002,2.4543046708677299,3.1667030066700899,2.5604252259977001]
["EMULSÕES ASFÁLTICAS RM-2C","2024-01-01","***","***",2.9216881339712901,2.47403843745332,2.8512851035474598,2.5890055940311099]
["EMULSÕES ASFÁLTICAS RM-2C","2024-02-01","***","***",2.9771365768958198,2.4500414637449199,2.8957249242858301,2.6172577101662302]
["EMULSÕES ASFÁLTICAS RM-2C","2024-03-01","***","***","***",2.53397448664201,2.9396387472779399,2.64105119739828]
["EMULSÕES ASFÁLTICAS RM-2C","2024-04-01","***","***",3.0269849839021199,2.5834829054164601,3.0045496165655101,2.7585414241366899]
["EMULSÕES ASFÁLTICAS RM-2C","2024-05-01","***","***",2.7106382839879202,2.4262249319286902,3.2989512584850802,2.6343504638475199]
["EMULSÕES ASFÁLTICAS RM-2C","2024-06-01","***","***",2.9251103362831898,2.5472848883715802,2.99918048902027,2.6621179630684102]
["EMULSÕES ASFÁLTICAS RM-2C","2024-07-01","***","***",2.9705251763606602,2.2303282786223599,3.2281432715321099,2.4370109606649302]
["EMULSÕES ASFÁLTICAS RM-2C","2024-08-01","***","***",3.1953271446028499,2.5777440089996899,3.3907302126190801,2.7532775929241802]
["EMULSÕES ASFÁLTICAS RM-2C","2024-09-01","***","***","***",4.4322952188183802,3.6017903099979498,4.0038035960173701]
["EMULSÕES ASFÁLTICAS RR-1C","2008-11-01",1.1461917356273601,0.76840882469946403,1.1902450275502501,0.77788231164632005,0.96363937818157896,0.87853752784031103]
["EMULSÕES ASFÁLTICAS RR-1C","2008-12-01",1.08784868917785,0.73657215135920795,1.10065749013128,0.77156247219702001,0.87145006508213996,0.82980044701261801]
["EMULSÕES ASFÁLTICAS RR-1C","2009-01-01",1.4034966625369301,0.72020427361191697,0.95774023204108705,0.75841980527112596,0.83002997715983096,0.804276570383749]
["EMULSÕES ASFÁLTICAS RR-1C","2009-02-01",1.43591203543844,0.68655456748312105,1.1316433662921399,0.84852009478080004,0.87289126655931903,0.84732102018859501]
["EMULSÕES ASFÁLTICAS RR-1C","2009-03-01",1.4614782122904999,0.71251216862540401,0.94048919534113795,0.74174829128648001,0.80402576786803104,0.76522063010042796]
["EMULSÕES ASFÁLTICAS RR-1C","2009-04-01",1.0026778309409901,0.73566945001519302,0.941000667546948,0.72825697462072003,0.77543401692072,0.75614292051381404]
["EMULSÕES ASFÁLTICAS RR-1C","2009-05-01",0.92585340829233997,0.66686899395365196,1.0083761436993399,0.72321587405008203,0.75008824754989001,0.751106643911433]
["EMULSÕES ASFÁLTICAS RR-1C","2009-06-01",1.28865965554031,0.68408237453155096,0.96153570055197801,0.70466996717438202,0.75991468300480802,0.74756833614172002]
["EMULSÕES ASFÁLTICAS RR-1C","2009-07-01",1.1899667152450399,0.70222483922829604,1.0138471476359201,0.75443918170970103,0.79231470073505805,0.79214408199315101]
["EMULSÕES ASFÁLTICAS RR-1C","2009-08-01",1.4389065877712,0.66411167834009699,0.93393813006167303,0.713038731039073,0.74217619415270697,0.73389245421200899]
["EMULSÕES ASFÁLTICAS RR-1C","2009-09-01",1.09162133648278,0.66557623301633795,0.92875823065301299,0.70347543727638895,0.74483946902021003,0.73267131073896397]
["EMULSÕES ASFÁLTICAS RR-1C","2009-10-01",1.1404012305762701,0.70039868236217395,1.1091528578745999,0.72383264898662203,0.73738518100242501,0.802851511153576]
["EMULSÕES ASFÁLTICAS RR-1C","2009-11-01",1.2463634436629101,0.67965431022329204,1.2438647360305799,0.714555179641436,0.73792220370124895,0.84981882339756198]
["EMULSÕES ASFÁLTICAS RR-1C","2009-12-01",1.2760502963504501,0.69744376668140695,1.2723439844509501,0.71250756915776103,0.84294741330219203,0.90820556065685099]
["EMULSÕES ASFÁLTICAS RR-1C","2010-01-01",1.34339652347084,0.704755785559943,1.1475356495994,0.70002314847421598,0.77798587917948303,0.85108300519398705]
["EMULSÕES ASFÁLTICAS RR-1C","2010-02-01",1.33480487863668,0.70811186342433297,1.04433295633153,0.72600781329039299,0.81888443426889101,0.81247657016090702]
["EMULSÕES ASFÁLTICAS RR-1C","2010-03-01",1.13194448201244,0.70450051010396098,1.0151834900424901,0.71905738461489199,0.84058990683337498,0.81854143350396102]
["EMULSÕES ASFÁLTICAS RR-1C","2010-04-01",1.1922205427918799,0.69633074404481898,0.94064266698797305,0.67955016016369196,0.77876597940302295,0.77501590196018]
["EMULSÕES ASFÁLTICAS RR-1C","2010-05-01",1.10949853904282,0.67789978697556497,0.92138910679521502,0.69463337954137805,0.72455063995092694,0.77337476632567803]
["EMULSÕES ASFÁLTICAS RR-1C","2010-06-01",0.96053512707944799,0.657635441099785,0.85631709185724203,0.69573953378550601,0.73547211465017004,0.73596460076617898]
["EMULSÕES ASFÁLTICAS RR-1C","2010-07-01",1.0180140284725001,0.66626069477429894,0.98102916177579302,0.695875015604147,0.71557560825399102,0.78585278107075596]
["EMULSÕES ASFÁLTICAS RR-1C","2010-08-01",0.96337623538653805,0.690964006192061,1.0127331491951701,0.67358103119081003,0.70497480969676296,0.76778928970609195]
["EMULSÕES ASFÁLTICAS RR-1C","2010-09-01",1.06110217084489,0.68107986076745697,0.95674222554917898,0.67694061339997602,0.73062623868015697,0.77559871242907896]
["EMULSÕES ASFÁLTICAS RR-1C","2010-10-01",1.0517857002517199,0.69074038815290795,0.89697939396390403,0.665105196716679,0.72203077400666404,0.75945335932143698]
["EMULSÕES ASFÁLTICAS RR-1C","2010-11-01",1.06025937112601,0.69236353849221699,0.987790580254442,0.67310419135437705,0.76062382649235905,0.77501376071009598]
["EMULSÕES ASFÁLTICAS RR-1C","2010-12-01",1.00486631754126,0.70235529542177,0.94952568194505904,0.68956380277557605,0.77407559725964703,0.77572166936620401]
["EMULSÕES ASFÁLTICAS RR-1C","2011-01-01",0.82966495056237,0.721024320012699,0.85330135540194896,0.67575261443241197,0.71408287727647801,0.71207753689889397]
["EMULSÕES ASFÁLTICAS RR-1C","2011-02-01",0.76244582932296101,0.69763913112096998,0.82747948992498099,0.66644747229314305,0.71495325860994496,0.69464393632768695]
["EMULSÕES ASFÁLTICAS RR-1C","2011-03-01",0.98666655155604599,0.67096692933337498,0.80975719209762298,0.68021948574445701,0.70772575900676304,0.73728582947570598]
["EMULSÕES ASFÁLTICAS RR-1C","2011-04-01",0.89607567569285196,0.67006594069970704,0.69635832041844203,0.67253440436225398,0.69757828533743105,0.68798830762895602]
["EMULSÕES ASFÁLTICAS RR-1C","2011-05-01",0.83293505328328199,0.66604198470038201,0.84079136251488695,0.66385229691969005,0.73063846824235401,0.72134475517472796]
["EMULSÕES ASFÁLTICAS RR-1C","2011-06-01",0.83372655769069004,0.66973753857410401,0.91361848417662395,0.66939122354658198,0.70489422762705101,0.73193092344147404]
["EMULSÕES ASFÁLTICAS RR-1C","2011-07-01",0.91810793002467805,0.66601450206068602,0.82807407648040399,0.66659472998083102,0.68378448875858899,0.74191680917296499]
["EMULSÕES ASFÁLTICAS RR-1C","2011-08-01",0.98117460004750401,0.67378243095791901,0.90431981857166099,0.68092754358281005,0.70675563703636501,0.75835574065933498]
["EMULSÕES ASFÁLTICAS RR-1C","2011-09-01",0.82556535992993296,0.70861332864218296,0.91227921584365501,0.68215877937185798,0.70300743898122398,0.74319713768250695]
["EMULSÕES ASFÁLTICAS RR-1C","2011-10-01",0.87383832074216805,0.69682791262322596,0.98256348354637102,0.67887349756384696,0.69132834289308298,0.78490089177593603]
["EMULSÕES ASFÁLTICAS RR-1C","2011-11-01",0.77498255872098798,0.69714660717943999,0.879219745667292,0.67273155528393402,0.693533981153857,0.72256938513843105]
["EMULSÕES ASFÁLTICAS RR-1C","2011-12-01",0.70152469866785405,0.69306788526171803,0.86775461354094596,0.67462760019800605,0.75503747383257003,0.71625242630979802]
["EMULSÕES ASFÁLTICAS RR-1C","2012-01-01",0.76843737149761804,0.692280913716388,0.82294039158631704,0.68393378725721499,0.71322910603424705,0.70938964664290305]
["EMULSÕES ASFÁLTICAS RR-1C","2012-02-01",0.72350061361470897,0.67664068817005396,0.85527940978728301,0.688175695605863,0.72977511131092698,0.714339587780912]
["EMULSÕES ASFÁLTICAS RR-1C","2012-03-01",0.88169653449621999,0.68497359703064897,0.75299416718115597,0.70035772255770301,0.73111034953534604,0.72741567251611505]
["EMULSÕES ASFÁLTICAS RR-1C","2012-04-01",0.75975916228691598,0.66848695057150498,0.71588001113333199,0.71241833167148105,0.76541699217955195,0.71864318573403296]
["EMULSÕES ASFÁLTICAS RR-1C","2012-05-01",1.0643518256652,0.67857025882394595,0.74293306285496097,0.69133628247508805,0.73631980092445504,0.71935858619616999]
["EMULSÕES ASFÁLTICAS RR-1C","2012-06-01",0.91444398201981103,0.67393119289488301,0.76034290768699797,0.696903626609784,0.71998498811223399,0.71480663559467295]
["EMULSÕES ASFÁLTICAS RR-1C","2012-07-01",0.96288467250339504,0.683648274685837,0.72176496058144701,0.70728412914643102,0.76571121221857197,0.72557325902897396]
["EMULSÕES ASFÁLTICAS RR-1C","2012-08-01",0.85927141581632605,0.69930281709151199,0.78199009178423096,0.70728419899787998,0.76666165838725697,0.73119200874156498]
["EMULSÕES ASFÁLTICAS RR-1C","2012-09-01",1.18165448531525,0.70913370787211705,0.78311585096087399,0.732766573933881,0.75068752605051103,0.75164391308729095]
["EMULSÕES ASFÁLTICAS RR-1C","2012-10-01",1.00210470759785,0.72483906359402095,0.77087857572657703,0.72294410287343303,0.74429275099866798,0.74021930066235997]
["EMULSÕES ASFÁLTICAS RR-1C","2012-11-01",0.88046607651001396,0.75226107811809495,0.74481505661712699,0.72831456687386198,0.75895592830224301,0.74596119095289504]
["EMULSÕES ASFÁLTICAS RR-1C","2012-12-01",0.71948834370292702,0.72101933914846605,0.64858965332637697,0.68063908629418801,0.84492535198102503,0.70981768849612903]
["EMULSÕES ASFÁLTICAS RR-1C","2013-01-01",1.0986197927985999,0.69257434965458697,0.79603366381089102,0.74030891773236995,0.864873905332183,0.78032437902994101]
["EMULSÕES ASFÁLTICAS RR-1C","2013-02-01",1.10570613322502,0.69772549174192899,0.72683774534379797,0.72356188389015896,0.85496335091374698,0.75328607298927197]
["EMULSÕES ASFÁLTICAS RR-1C","2013-03-01",0.83817935380791797,0.70444440856592005,0.66127036961101504,0.71419653649720305,0.85066877832686405,0.73914317972519905]
["EMULSÕES ASFÁLTICAS RR-1C","2013-04-01",1.0802730328844901,0.70594082752477705,0.61453520801406802,0.73231777618558802,0.83660793047449999,0.74220785816004198]
["EMULSÕES ASFÁLTICAS RR-1C","2013-05-01",1.2172842911592501,0.69856252977688305,0.67485237330893799,0.71454506301315601,0.88162795589415099,0.74974101294362705]
["EMULSÕES ASFÁLTICAS RR-1C","2013-06-01",1.10561048029557,0.70289048650185404,0.713298555012706,0.70929603426549304,0.89518943520481398,0.754508526242192]
["EMULSÕES ASFÁLTICAS RR-1C","2013-07-01",1.25640018973267,0.71247334738369295,0.60789816080006498,0.69624796177916004,0.84328518630942695,0.72648839554568301]
["EMULSÕES ASFÁLTICAS RR-1C","2013-08-01",1.1441483159148,0.71436813037322799,0.67444067352432002,0.73599855837199701,0.85562350065220505,0.75589433925737104]
["EMULSÕES ASFÁLTICAS RR-1C","2013-09-01",1.0137874653524801,0.78376789429697102,0.77060269847449503,0.74787690688290698,0.85866986650321797,0.78633571839237804]
["EMULSÕES ASFÁLTICAS RR-1C","2013-10-01",1.11105909015875,0.87955402531401705,0.75032720158114496,0.753102408884606,0.83846621070682803,0.80831576099343405]
["EMULSÕES ASFÁLTICAS RR-1C","2013-11-01",0.94924779784360003,0.87955652150854102,0.76776736852403904,0.77300579438690398,0.80769525194259795,0.81252683493334898]
["EMULSÕES ASFÁLTICAS RR-1C","2013-12-01",0.89690864219723299,0.90224861201791895,0.751800215862794,0.76873239804874205,0.86631431823355398,0.82852704481780204]
["EMULSÕES ASFÁLTICAS RR-1C","2014-01-01",1.08923517679492,0.86674408755246601,0.88347741152594705,0.78327264886568204,0.802838691815561,0.83790171428587801]
["EMULSÕES ASFÁLTICAS RR-1C","2014-02-01",1.1972206223652899,0.87246710918289705,0.79789059119166506,0.77387795998710096,0.84616178601793002,0.81778822598684198]
["EMULSÕES ASFÁLTICAS RR-1C","2014-03-01",1.0451502005567499,0.805897725329078,0.83337554811727099,0.77888583090957197,0.86425691892995704,0.81455800938044798]
["EMULSÕES ASFÁLTICAS RR-1C","2014-04-01",0.80888685455262099,0.91934162605375502,0.78996813000849297,0.77586469841190198,0.84070304986532796,0.81630502231268298]
["EMULSÕES ASFÁLTICAS RR-1C","2014-05-01",0.73614683026519001,0.83669528903042301,0.89519725567307895,0.75029083964291499,0.86435202572370495,0.801499862296845]
["EMULSÕES ASFÁLTICAS RR-1C","2014-06-01",1.15399465099544,0.81257699196863098,0.80186761632674297,0.74701177216330505,0.84637859763896806,0.78826839449712405]
["EMULSÕES ASFÁLTICAS RR-1C","2014-07-01",1.19340575533662,0.84986199005032903,0.78645992423566002,0.74053540483355496,0.82324495698917899,0.78701571151934702]
["EMULSÕES ASFÁLTICAS RR-1C","2014-08-01",1.07330642974409,0.73787627486066598,0.78336283247662897,0.754946331394866,0.853122436168541,0.79367975723219397]
["EMULSÕES ASFÁLTICAS RR-1C","2014-09-01",1.3248166289396699,0.76482176138362801,0.90903560275097595,0.75814702293803105,0.87057069978311297,0.82213754676414097]
["EMULSÕES ASFÁLTICAS RR-1C","2014-10-01",1.3773813108053401,0.794552502733755,0.81107597765363104,0.72515993875957496,0.80901982153226504,0.78730550052582804]
["EMULSÕES ASFÁLTICAS RR-1C","2014-11-01",1.08556088157942,0.83919959545113898,0.82586198542548195,0.74177622116323105,0.88058023253351303,0.82225040154743501]
["EMULSÕES ASFÁLTICAS RR-1C","2014-12-01",1.23376263455235,0.91894253422135397,0.85154490348837197,0.82783306746674201,0.940180082021283,0.894773280114877]
["EMULSÕES ASFÁLTICAS RR-1C","2015-01-01",1.2717984123624,1.1192591549145099,1.2016216769457699,0.90776537674480995,0.99709199296848094,0.99122144340416496]
["EMULSÕES ASFÁLTICAS RR-1C","2015-02-01",1.1330778978740299,1.0544092204225901,1.13849950330345,0.92559389707192696,1.06688744364641,1.0004987580500899]
["EMULSÕES ASFÁLTICAS RR-1C","2015-03-01",1.3890919850686601,0.99919900157201003,1.1228500564800801,0.93867345332076901,1.0773910282191099,1.0167464164864]
["EMULSÕES ASFÁLTICAS RR-1C","2015-04-01",2.0947529426055298,1.06745792802143,1.0225630634493801,0.92129661031528698,1.06333133641741,0.99479275329182903]
["EMULSÕES ASFÁLTICAS RR-1C","2015-05-01",1.4067173133278901,1.02977227939958,1.0251152861350099,0.89330451376373898,0.973918259998104,0.96308495586727505]
["EMULSÕES ASFÁLTICAS RR-1C","2015-06-01",1.47247484316901,1.0091615271396801,1.0930979719032199,0.91224224021321798,1.04511412852949,1.0181060824049499]
["EMULSÕES ASFÁLTICAS RR-1C","2015-07-01",1.28545198565913,1.0392525922762601,0.951680837395667,0.84125608847674604,1.0026002084463499,0.927254330623689]
["EMULSÕES ASFÁLTICAS RR-1C","2015-08-01",1.2441770460012,1.13326852710305,1.07912390286156,0.88926927249385201,1.0610180649933001,0.98959742787914695]
["EMULSÕES ASFÁLTICAS RR-1C","2015-09-01",1.4801088280905801,1.0311950727781001,1.10864735486634,0.945250883753326,1.1208094051855899,1.0338305510460899]
["EMULSÕES ASFÁLTICAS RR-1C","2015-10-01",1.1153095404157001,1.17431344199117,1.17864478596308,0.98123572257147496,1.1817746151316399,1.0664608943363401]
["EMULSÕES ASFÁLTICAS RR-1C","2015-11-01",1.1631651822481901,1.2892000143604501,1.26414075226492,1.09254143747659,1.2281906183717499,1.1749195430775401]
["EMULSÕES ASFÁLTICAS RR-1C","2015-12-01",1.4940769239282401,1.3655049957604499,1.16623172079218,1.0952584328800601,1.26285078016861,1.1992324296388399]
["EMULSÕES ASFÁLTICAS RR-1C","2016-01-01",1.40154066112627,1.22896516106043,1.3744521839119299,1.0867181838932101,1.1796977526352299,1.1482430578054601]
["EMULSÕES ASFÁLTICAS RR-1C","2016-02-01",1.54519541985826,1.2674534185878099,1.5475314149839801,1.1106257188544499,1.1877954973849401,1.1810376317947799]
["EMULSÕES ASFÁLTICAS RR-1C","2016-03-01",1.4693942230386901,1.2732482074734901,1.33890159558763,1.0948188316276899,1.2045396785775999,1.16761043929273]
["EMULSÕES ASFÁLTICAS RR-1C","2016-04-01",1.63451792113393,1.41635111805096,1.39567167044039,1.2099927159243,1.2991402909382801,1.26969041220373]
["EMULSÕES ASFÁLTICAS RR-1C","2016-05-01",1.89842330935252,1.39375079351558,1.3543441959039799,1.2116468036827801,1.3232460884781301,1.27766560527352]
["EMULSÕES ASFÁLTICAS RR-1C","2016-06-01",1.7713919338028701,1.29661274741385,1.3702910925283101,1.20635399280391,1.31435559355279,1.2741025302640201]
["EMULSÕES ASFÁLTICAS RR-1C","2016-07-01",1.553803771598,1.22569205373195,1.41500276967366,1.1985482381853501,1.3008393115249299,1.24981675378392]
["EMULSÕES ASFÁLTICAS RR-1C","2016-08-01",1.65682346840168,1.1018838158873101,1.46881709849306,1.2066459463905399,1.29736738246703,1.2641473812911099]
["EMULSÕES ASFÁLTICAS RR-1C","2016-09-01",1.7731211668908899,1.1322021853906199,1.4890946936066101,1.14086599392987,1.12348872461833,1.1711538882920001]
["EMULSÕES ASFÁLTICAS RR-1C","2016-10-01",1.23206847947089,1.1871315122402,1.3819863423521399,1.11977371262619,1.13078994872385,1.1628274508149601]
["EMULSÕES ASFÁLTICAS RR-1C","2016-11-01",1.54433949836032,1.08726834352566,1.4676370203954301,1.11996204693753,1.13684693558405,1.16281679903198]
["EMULSÕES ASFÁLTICAS RR-1C","2016-12-01",1.54307363859684,0.97823813164045903,1.5157295190111499,1.09121182769369,1.1366253702173601,1.11893772106142]
["EMULSÕES ASFÁLTICAS RR-1C","2017-01-01",1.6055271315570401,1.13160284150075,1.3236249380996601,1.1103982320282599,1.07961331124682,1.1109038245665701]
["EMULSÕES ASFÁLTICAS RR-1C","2017-02-01",1.89042336800328,0.94497181233181204,1.4960705014831299,1.1131414808392699,1.1369077571592601,1.1199059004766601]
["EMULSÕES ASFÁLTICAS RR-1C","2017-03-01",1.93399246670485,1.1177815695439599,1.37473035230758,1.09939553056344,1.1219122822611101,1.1447122859509999]
["EMULSÕES ASFÁLTICAS RR-1C","2017-04-01",1.21157825862069,1.1688138846721601,1.33944828652743,1.1102466850644801,1.09660129557381,1.13200295435376]
["EMULSÕES ASFÁLTICAS RR-1C","2017-05-01",1.2991514500956001,1.15798616213643,1.32603722854633,1.08282078152799,1.0987312224613801,1.13056175401408]
["EMULSÕES ASFÁLTICAS RR-1C","2017-06-01",1.7670235925596101,1.1659306305172401,1.39320689833599,1.0809475827366299,1.08820197687881,1.17184871078299]
["EMULSÕES ASFÁLTICAS RR-1C","2017-07-01",1.7439607308278,1.1535055025107901,1.3320103931395899,1.0685809541734901,1.0938012206554599,1.19008187725766]
["EMULSÕES ASFÁLTICAS RR-1C","2017-08-01",1.7559369539660299,1.1399790666346199,1.2878460799842599,1.0949221695946501,1.07540008109046,1.1872805321576101]
["EMULSÕES ASFÁLTICAS RR-1C","2017-09-01",1.6860267902260599,1.17334183364518,1.43683322153404,1.05622805612691,1.1090864929925299,1.18093458801824]
["EMULSÕES ASFÁLTICAS RR-1C","2017-10-01",1.7820987095177601,1.1261437281911,1.5079603594584099,1.0986246310699099,1.0798684755547501,1.2530089888143201]
["EMULSÕES ASFÁLTICAS RR-1C","2017-11-01",1.82039512671836,1.17395197272866,1.6195288282645199,1.1895688060348599,1.1691940411763599,1.29856829114113]
["EMULSÕES ASFÁLTICAS RR-1C","2017-12-01",1.9892461724425901,1.22427806661298,1.5625451414427201,1.2056049018457899,1.2380375036257001,1.3907825213420699]
["EMULSÕES ASFÁLTICAS RR-1C","2018-01-01",1.9732964403096001,1.2430391813693,1.52138081214403,1.2112724380134401,1.2505016651215599,1.3286199421360401]
["EMULSÕES ASFÁLTICAS RR-1C","2018-02-01",2.0999175425856502,1.24793728632662,1.4108579721062799,1.17670107722665,1.24728729472022,1.28669229196288]
["EMULSÕES ASFÁLTICAS RR-1C","2018-03-01",1.9326236959521601,1.2164272369042,1.42511623674762,1.1992574308292001,1.24847198879081,1.2792438177688299]
["EMULSÕES ASFÁLTICAS RR-1C","2018-04-01",2.0119287245617601,1.2311014674529399,1.48383529986083,1.1769715481379901,1.2608494228982601,1.30954661951451]
["EMULSÕES ASFÁLTICAS RR-1C","2018-05-01",2.0473518838089499,1.2953598873879999,1.47818584320875,1.2596942333180501,1.2856890886585599,1.36820856751558]
["EMULSÕES ASFÁLTICAS RR-1C","2018-06-01",1.9901220520179801,1.39992155863252,1.5362336745362599,1.28746465146317,1.3423999780554501,1.3849919925709699]
["EMULSÕES ASFÁLTICAS RR-1C","2018-07-01",2.0659076291082501,1.4309733706444401,1.62426454326727,1.4183062191351301,1.4518257133349901,1.5318065128713401]
["EMULSÕES ASFÁLTICAS RR-1C","2018-08-01",2.16716852628412,1.65050707126959,1.7798473613946,1.5151502786687601,1.5526900061855899,1.6858387427266801]
["EMULSÕES ASFÁLTICAS RR-1C","2018-09-01",2.25354857186817,1.7104678915331,1.77775002394663,1.4938269707548999,1.5639597146197499,1.65430064182438]
["EMULSÕES ASFÁLTICAS RR-1C","2018-10-01",2.2851618756087801,1.68787980804959,1.61711544436696,1.5367862271101,1.5846812721928301,1.6585877620178699]
["EMULSÕES ASFÁLTICAS RR-1C","2018-11-01",2.5867169198520301,1.7802820428033199,1.9201414408374999,1.68477584832462,1.7022134336925501,1.8121189830729301]
["EMULSÕES ASFÁLTICAS RR-1C","2018-12-01",2.3512532878733401,1.8444405416546099,1.7330339695386201,1.6817503351773799,1.74720758725485,1.7741420601411799]
["EMULSÕES ASFÁLTICAS RR-1C","2019-01-01",2.0687054839968799,1.8952291054705199,2.06697946672013,1.7076851793315899,1.77905861589904,1.7808431578975199]
["EMULSÕES ASFÁLTICAS RR-1C","2019-02-01",2.0223163709836398,1.9320044119100099,2.1477165653224799,1.8965443050574899,1.93093796318294,1.93691323091901]
["EMULSÕES ASFÁLTICAS RR-1C","2019-03-01",2.2524525861289701,1.93995129467523,2.1444182612130298,1.88346187142437,1.8998877598457,1.9251438745994101]
["EMULSÕES ASFÁLTICAS RR-1C","2019-04-01",2.1286981039544899,1.9980004876637001,2.17487918115759,1.87204726985214,1.9279681785999001,1.9370170951550401]
["EMULSÕES ASFÁLTICAS RR-1C","2019-05-01",2.2397357788960499,1.9352499858310599,2.0646238306965299,1.9074425024319901,1.95591731488575,1.96246439228893]
["EMULSÕES ASFÁLTICAS RR-1C","2019-06-01",2.49066983452673,1.96383897638941,2.1447896159352799,1.8541310496466701,1.9204066884550299,2.0191025464549801]
["EMULSÕES ASFÁLTICAS RR-1C","2019-07-01",2.7519561230944798,1.8146104562427801,2.1238932731218401,1.88340509407279,1.96740881791718,2.0915535342056302]
["EMULSÕES ASFÁLTICAS RR-1C","2019-08-01",2.88258370057435,1.7675809499814901,1.9548063150003501,1.7977962858601699,1.86563932541738,1.99769569293198]
["EMULSÕES ASFÁLTICAS RR-1C","2019-09-01",2.5821268752819999,1.80590191085504,2.0088865497966499,1.9159243858674699,1.83713420908004,2.0221684924063998]
["EMULSÕES ASFÁLTICAS RR-1C","2019-10-01",2.4494703146050298,1.86596337842503,1.97749208458272,1.81253898245922,1.8001658505270199,1.9258703934733401]
["EMULSÕES ASFÁLTICAS RR-1C","2019-11-01",2.8425915107264998,1.7830967058304601,2.1317178536343202,1.81961067472864,1.8517542927044099,2.0066525314457402]
["EMULSÕES ASFÁLTICAS RR-1C","2019-12-01",2.4724393649773102,1.7771504597824099,1.9883509896907201,1.88532046953702,1.85182566264231,1.9626399512611299]
["EMULSÕES ASFÁLTICAS RR-1C","2020-01-01",2.6174317047131401,1.7866677795605299,1.93617926087716,1.8431572566254699,1.86988005485563,1.94497200007774]
["EMULSÕES ASFÁLTICAS RR-1C","2020-02-01",2.8933631475971899,1.74284167895599,2.0062844222281702,1.7864562781789199,1.7488260680435701,1.92865117217354]
["EMULSÕES ASFÁLTICAS RR-1C","2020-03-01",2.2749140198624902,1.7050041314165101,1.86605958766547,1.76311709930168,1.7080554760561799,1.78635412638942]
["EMULSÕES ASFÁLTICAS RR-1C","2020-04-01",1.9611101499013801,1.63795741720557,2.0078281190849698,1.73737960451844,1.67881976667051,1.75135783924496]
["EMULSÕES ASFÁLTICAS RR-1C","2020-05-01",2.03373844109792,1.6547838385281,1.90151258605022,1.68271878977472,1.66147830651396,1.74065803578119]
["EMULSÕES ASFÁLTICAS RR-1C","2020-06-01",2.2046010447927098,1.6805755410849299,1.8239452924752599,1.6544020066390599,1.6167611066384899,1.7581563242987299]
["EMULSÕES ASFÁLTICAS RR-1C","2020-07-01",2.5069950957115101,1.6162738126607501,1.8233691775714,1.65355435891513,1.6830466431256901,1.87045199359512]
["EMULSÕES ASFÁLTICAS RR-1C","2020-08-01",2.49179371647856,1.7468784660041701,1.9278789662978699,1.7217398186630299,1.7802441659297099,1.9240303419909299]
["EMULSÕES ASFÁLTICAS RR-1C","2020-09-01",2.3584308624005299,1.7657972444151799,1.9576049803425699,1.7436744450284001,1.75300056261946,1.8763490593302099]
["EMULSÕES ASFÁLTICAS RR-1C","2020-10-01",2.55689139715584,1.7696895493945299,2.00945803681347,1.7937723078302099,1.72186736406471,1.9580610601020401]
["EMULSÕES ASFÁLTICAS RR-1C","2020-11-01",2.7356250570746101,1.93079019252718,2.0352346056461101,1.8298806593172099,1.85908179819402,2.0679574492856698]
["EMULSÕES ASFÁLTICAS RR-1C","2020-12-01",2.7671130089415099,1.9033221917371901,2.1622720161290299,1.8293443683391299,1.8843375357688099,2.4552057555687501]
["EMULSÕES ASFÁLTICAS RR-1C","2021-01-01",2.68588597569167,1.8770008949272301,2.0615655312246601,1.87155767963387,1.8566956344013199,2.2742526001117001]
["EMULSÕES ASFÁLTICAS RR-1C","2021-02-01",2.8657777986647202,2.05199796419467,2.2528293847189902,1.9604434066284,1.8824226210366499,2.3005067849984999]
["EMULSÕES ASFÁLTICAS RR-1C","2021-03-01",3.0249225383074698,2.08422500447936,2.0668101791788902,1.95669369095798,1.9640306082499199,2.4071265585165098]
["EMULSÕES ASFÁLTICAS RR-1C","2021-04-01",2.7493043848926502,2.00617685729511,2.2219687326644699,1.9597441588428799,1.9507325157162101,2.3222108522711302]
["EMULSÕES ASFÁLTICAS RR-1C","2021-05-01",3.1200840326944199,2.5082146029252699,2.4401540514331601,2.3610233089838699,2.2611415138567499,2.6575969651920399]
["EMULSÕES ASFÁLTICAS RR-1C","2021-06-01",3.1263332392365601,2.4171978138975398,2.39396254969926,2.32293094487326,2.3720702411517398,2.7406309843256298]
["EMULSÕES ASFÁLTICAS RR-1C","2021-07-01",3.34338421799798,2.4164030200475701,2.5552069552432601,2.353413905075,2.3952448062479399,2.94323901691802]
["EMULSÕES ASFÁLTICAS RR-1C","2021-08-01",3.4928548007492601,2.6085769909483898,2.6661420867465,2.5029488415848999,2.4650391712743098,3.0962764307235999]
["EMULSÕES ASFÁLTICAS RR-1C","2021-09-01",3.3977758816081098,2.5812517063957299,2.7143461726022999,2.5313061578124101,2.4611115601509899,3.03005048555992]
["EMULSÕES ASFÁLTICAS RR-1C","2021-10-01",3.3623745549175399,2.6069207360490601,2.5180306812964202,2.5362650909719702,2.5364909303124201,3.0171144827832301]
["EMULSÕES ASFÁLTICAS RR-1C","2021-11-01",3.4521204080334802,2.82023020046024,2.6760989100369201,2.7286189827446501,2.7640474890659701,3.2227463038192399]
["EMULSÕES ASFÁLTICAS RR-1C","2021-12-01",3.7255543098596502,2.8130169410420098,2.9570810359429398,2.7770988250018802,2.86731171689381,3.3303353992315698]
["EMULSÕES ASFÁLTICAS RR-1C","2022-01-01",3.6476680547662101,2.8037784920326199,3.0955015230449998,2.8180097112757898,2.7516219650337699,3.1838824535101802]
["EMULSÕES ASFÁLTICAS RR-1C","2022-02-01",3.9100309296993898,3.0031432356236798,3.5929820263246701,2.97588236734564,2.9933116060940002,3.3365322664246202]
["EMULSÕES ASFÁLTICAS RR-1C","2022-03-01",4.2870304768205196,3.2820139136356801,2.9357804946983599,3.0189654103371302,2.93400164227406,3.5172198644838999]
["EMULSÕES ASFÁLTICAS RR-1C","2022-04-01",4.0835117296154202,3.5908275641428,3.4177515986430902,3.1149756540560798,2.9741045407580402,3.4642538206603199]
["EMULSÕES ASFÁLTICAS RR-1C","2022-05-01",4.1192134068763204,3.9418659210390699,3.3636449227169498,3.0939437443312299,3.0046704696044899,3.5074786705087999]
["EMULSÕES ASFÁLTICAS RR-1C","2022-06-01",4.1097850421798201,3.7706321441061199,3.3917216768916099,3.0678515927693302,3.0346963567474599,3.5593927604793301]
["EMULSÕES ASFÁLTICAS RR-1C","2022-07-01",4.2199184228711202,3.8077845185517001,3.4131185020924302,3.09255628706403,2.9306002907656401,3.5838009093159702]
["EMULSÕES ASFÁLTICAS RR-1C","2022-08-01",4.0718584622646103,4.0774376456353698,3.3608652560377199,3.168138039974,3.01825916094004,3.5831515036289998]
["EMULSÕES ASFÁLTICAS RR-1C","2022-09-01",3.7545781546974299,3.9554203735912399,3.3313344196757999,3.0107474029964698,2.81849432586958,3.40156795999162]
["EMULSÕES ASFÁLTICAS RR-1C","2022-10-01",4.3218544738264404,3.8054046043929599,2.7621279141984001,2.8993835566337798,2.6858715732558198,3.54756837395021]
["EMULSÕES ASFÁLTICAS RR-1C","2022-11-01",3.2576649313882999,4.1383464845539297,3.0709998939235601,2.6916573940158699,2.6425247297861398,3.1912931025704299]
["EMULSÕES ASFÁLTICAS RR-1C","2022-12-01",3.3948870808854301,4.2552255733297901,3.20572661102885,2.8333628425503101,2.55066824551308,3.4184079231091902]
["EMULSÕES ASFÁLTICAS RR-1C","2023-01-01",3.5664477221821298,3.5682205865611398,2.87187518137672,2.61911958401405,2.4621514666834399,3.00102224748853]
["EMULSÕES ASFÁLTICAS RR-1C","2023-02-01",4.5959489856093603,3.5569100939100999,2.8922612543748798,2.5912414427933501,2.3104335881467701,3.19059641598687]
["EMULSÕES ASFÁLTICAS RR-1C","2023-03-01",3.64665265442046,3.39846096802744,3.1330911899687499,2.42822317994399,2.3026411737277699,2.8770179615737099]
["EMULSÕES ASFÁLTICAS RR-1C","2023-04-01",3.0298562475117099,3.4566912868733901,3.05813537194719,2.4459955727887999,2.3075646012044899,2.8041404876383802]
["EMULSÕES ASFÁLTICAS RR-1C","2023-05-01",4.0740380938121099,3.33176273851663,2.75617664909849,2.4201675421593598,2.20493632550399,2.7583720504210798]
["EMULSÕES ASFÁLTICAS RR-1C","2023-06-01",4.0367850790539404,3.23885262356163,2.7517994552691101,2.3415225214506901,2.22619602926863,3.1031978270718801]
["EMULSÕES ASFÁLTICAS RR-1C","2023-07-01",3.8529859131732498,3.1483240708140898,2.8254640699702902,2.2741024639284801,2.2548778139376999,2.87502605056003]
["EMULSÕES ASFÁLTICAS RR-1C","2023-08-01",3.9178683014164402,3.1895652941292201,2.7467291469430402,2.25043172800875,2.2239461261859601,2.8054147502164]
["EMULSÕES ASFÁLTICAS RR-1C","2023-09-01",3.9033076775498801,3.36074871440657,2.7840884662065202,2.3943081873181402,2.3614090355369299,3.0374049420901499]
["EMULSÕES ASFÁLTICAS RR-1C","2023-10-01",3.88774920385075,3.4503158733522699,2.74907438140283,2.3787364253191998,2.3323153340190101,3.1345935620180598]
["EMULSÕES ASFÁLTICAS RR-1C","2023-11-01",4.1107618757828197,3.73533685567191,2.9741875968792599,2.43157557843023,2.3061331180261999,3.0937026320565799]
["EMULSÕES ASFÁLTICAS RR-1C","2023-12-01",3.9665642360777502,3.7342001190255201,2.7288878770296199,2.5750321208032401,2.3732377405162102,3.0634735109870501]
["EMULSÕES ASFÁLTICAS RR-1C","2024-01-01",3.6257683348473502,3.3671725933480299,2.9951460052475798,2.52827758679026,2.3396073120888499,2.8820667898148602]
["EMULSÕES ASFÁLTICAS RR-1C","2024-02-01",3.63035026908674,3.3140049587994298,2.7066044979558002,2.4421998448679201,2.34172650571448,2.7802196190724899]
["EMULSÕES ASFÁLTICAS RR-1C","2024-03-01",3.53260677725119,3.1645256229793901,2.57141116235137,2.6074360580635898,2.4093027263694702,2.7650432364498099]
["EMULSÕES ASFÁLTICAS RR-1C","2024-04-01",3.5530184290235298,2.6441649183212399,2.4893210880066601,2.4581747699315701,2.4508573099452802,2.62188499874713]
["EMULSÕES ASFÁLTICAS RR-1C","2024-05-01",3.3932415698027301,2.7227922223469498,2.7626560285808099,2.4540833823443902,2.4768583357390401,2.7072500768703498]
["EMULSÕES ASFÁLTICAS RR-1C","2024-06-01",3.6116586457740598,2.7811912364284002,2.6506305987214298,2.50890613496551,2.4313889370621302,2.9237681457632401]
["EMULSÕES ASFÁLTICAS RR-1C","2024-07-01",3.6013393270141401,2.82058975089,2.7772496393074002,2.5568047096927602,2.4688140074002001,2.8108817703987201]
["EMULSÕES ASFÁLTICAS RR-1C","2024-08-01",3.6538806143925502,3.01447488288402,2.9830253967103801,2.6699598411882799,2.6183683121814201,2.9072445733977301]
["EMULSÕES ASFÁLTICAS RR-1C","2024-09-01",3.91333934957518,3.06566129054554,3.3454783972667599,2.71584563156373,2.6540626407704999,3.0787671394099201]
["EMULSÕES ASFÁLTICAS RR-2C","2008-11-01",1.1860047651207699,0.77766557288396299,1.0356594885383501,0.87875336794945502,0.87898930510695605,0.937758878797878]
["EMULSÕES ASFÁLTICAS RR-2C","2008-12-01",1.0276876384590199,0.78476307719606597,1.0333839993270999,0.92244237332212498,0.82038562799997905,0.91253332073152005]
["EMULSÕES ASFÁLTICAS RR-2C","2009-01-01",1.05105712003597,0.77784577380212505,1.0325167961742201,0.88464853672191901,0.79965288024627601,0.88473107013127705]
["EMULSÕES ASFÁLTICAS RR-2C","2009-02-01",0.96217235978193305,0.76613832751203903,1.04746702510357,0.83774881079533403,0.80466389528904403,0.84502349311743497]
["EMULSÕES ASFÁLTICAS RR-2C","2009-03-01",0.98514635834036801,0.77842969807630302,1.06368893077379,0.84046000575679602,0.80126093499976803,0.864014670598929]
["EMULSÕES ASFÁLTICAS RR-2C","2009-04-01",1.0495375335922601,0.76861338538174595,1.1515099628986101,0.85306888973025796,0.806134449648788,0.87717023511075098]
["EMULSÕES ASFÁLTICAS RR-2C","2009-05-01",1.0193264327207301,0.75772748792344102,1.12277238150324,0.74561540421572103,0.78982750924353196,0.85963356515114797]
["EMULSÕES ASFÁLTICAS RR-2C","2009-06-01",1.08611105892175,0.74426762568656302,1.0554438935335799,0.72785718631909002,0.76176582561139605,0.84754062667569097]
["EMULSÕES ASFÁLTICAS RR-2C","2009-07-01",1.28497579870934,0.74038153607136603,1.10941481183553,0.78792691123041902,0.79164141296766799,0.92135293181857203]
["EMULSÕES ASFÁLTICAS RR-2C","2009-08-01",1.08923191482919,0.72008497365203195,1.02151122904908,0.81831270493180797,0.77979004729406198,0.88338826477245802]
["EMULSÕES ASFÁLTICAS RR-2C","2009-09-01",1.0941912818000401,0.71521636350585505,1.02638160321377,0.82163707986993795,0.77327177382057999,0.87072968555434904]
["EMULSÕES ASFÁLTICAS RR-2C","2009-10-01",0.94039371428711904,0.73884200961329005,1.0319294539736199,0.82357966107231295,0.76035193425269099,0.89900360698327497]
["EMULSÕES ASFÁLTICAS RR-2C","2009-11-01",1.05685326986943,0.73204177170713502,1.0771250816526801,0.79052652508001697,0.77119389400553795,0.85607420192250006]
["EMULSÕES ASFÁLTICAS RR-2C","2009-12-01",1.12924115411749,0.736889097801673,1.0286771461470701,0.77169688219632004,0.75506123399292502,0.82470193944842096]
["EMULSÕES ASFÁLTICAS RR-2C","2010-01-01",1.0499464831193499,0.723380632480496,1.04457638142911,0.77246450195565497,0.75617388163890598,0.79349255145711695]
["EMULSÕES ASFÁLTICAS RR-2C","2010-02-01",1.0548732928559901,0.72431262235757898,0.99573374827200201,0.76339734429068895,0.75164282918582204,0.78797034843212599]
["EMULSÕES ASFÁLTICAS RR-2C","2010-03-01",1.0236663130563299,0.721431425156979,1.0334486196248001,0.75139080964981797,0.75360049162919995,0.78904908533316398]
["EMULSÕES ASFÁLTICAS RR-2C","2010-04-01",1.02470153412951,0.72546426038869205,1.0163523748802801,0.77293297806636996,0.76991584227332599,0.80569458348784195]
["EMULSÕES ASFÁLTICAS RR-2C","2010-05-01",1.0625521384279299,0.71129609064700805,1.0108020023345501,0.75961664541190999,0.77512748134160503,0.82305943088924305]
["EMULSÕES ASFÁLTICAS RR-2C","2010-06-01",0.89864430644676396,0.69788871327569402,0.93440986929900605,0.765961083086378,0.75494356096326698,0.803279654245737]
["EMULSÕES ASFÁLTICAS RR-2C","2010-07-01",0.88637185489355896,0.69257739416250896,0.93172246023207905,0.76886240376136294,0.76685712164320696,0.80928371079027095]
["EMULSÕES ASFÁLTICAS RR-2C","2010-08-01",0.88956562661370298,0.69933012836881403,0.91445429956094104,0.713288489121359,0.77107030097185802,0.79190520792503405]
["EMULSÕES ASFÁLTICAS RR-2C","2010-09-01",0.922455660878298,0.69929511035958902,0.90654850692161504,0.73079474155617197,0.76261219209368802,0.80159160678612895]
["EMULSÕES ASFÁLTICAS RR-2C","2010-10-01",0.88743056521880803,0.71023207738821503,0.91477542590862304,0.735711588985825,0.73554586020353496,0.79923955790759404]
["EMULSÕES ASFÁLTICAS RR-2C","2010-11-01",0.91443051157493105,0.706565123537781,0.911203916506652,0.738414424455486,0.74479320214557598,0.79089742477566005]
["EMULSÕES ASFÁLTICAS RR-2C","2010-12-01",0.89985341144829101,0.70372284578530098,0.94917453439453403,0.76393607426037402,0.74440267205883204,0.78146179215994405]
["EMULSÕES ASFÁLTICAS RR-2C","2011-01-01",0.95069952708664196,0.71194104030725502,0.99751145630371196,0.75202052622807503,0.73554478258828104,0.76545632697547095]
["EMULSÕES ASFÁLTICAS RR-2C","2011-02-01",0.98821578676492705,0.71505058143369504,0.94460697090628898,0.742473725734903,0.739213601644786,0.76925972204404403]
["EMULSÕES ASFÁLTICAS RR-2C","2011-03-01",0.99589658301689499,0.71760435398850098,0.95429656484399294,0.73023268109412798,0.72198641444612899,0.75882236441141504]
["EMULSÕES ASFÁLTICAS RR-2C","2011-04-01",0.98387739548687003,0.70602833719340197,0.86259687129678497,0.71371093174120503,0.74389773759203903,0.76247597734657002]
["EMULSÕES ASFÁLTICAS RR-2C","2011-05-01",0.91615126797021895,0.68272257695258898,0.87623240618246101,0.72294266308585298,0.74907741079909096,0.77400782064323304]
["EMULSÕES ASFÁLTICAS RR-2C","2011-06-01",0.94780715375018798,0.67118944677163705,0.925698392823048,0.72569025126808595,0.74473856717897902,0.80628440786959299]
["EMULSÕES ASFÁLTICAS RR-2C","2011-07-01",0.79337812251844797,0.64305424471628703,0.93299720046730195,0.72502093837008996,0.74471188228081697,0.78728661644081499]
["EMULSÕES ASFÁLTICAS RR-2C","2011-08-01",0.79653591258137302,0.66465791503236404,0.90937122978750395,0.72234222992595298,0.73925341716534898,0.78274147220766399]
["EMULSÕES ASFÁLTICAS RR-2C","2011-09-01",0.89863304493200602,0.673647789851197,0.90889264283537896,0.67402318079308099,0.73684363816112497,0.77543664802113699]
["EMULSÕES ASFÁLTICAS RR-2C","2011-10-01",0.92081640931616404,0.67945373848598301,0.91162545869605405,0.69711019270494801,0.74114639968031404,0.78669395646164197]
["EMULSÕES ASFÁLTICAS RR-2C","2011-11-01",0.91827161712136696,0.66593022889335696,0.922341980315453,0.71180768638226899,0.73899042814951299,0.79274564541949899]
["EMULSÕES ASFÁLTICAS RR-2C","2011-12-01",0.87177623292601902,0.67736955144787403,0.96702388466508105,0.74915453655754105,0.73882524091241197,0.78862595870913399]
["EMULSÕES ASFÁLTICAS RR-2C","2012-01-01",0.90680182884064298,0.689479666491429,0.94618379210427295,0.75123175981206802,0.76136360044373097,0.75864243033217305]
["EMULSÕES ASFÁLTICAS RR-2C","2012-02-01",0.87911367760744596,0.69588599321215505,0.95726901233047101,0.73780639699333594,0.75666126240440801,0.75744744670671804]
["EMULSÕES ASFÁLTICAS RR-2C","2012-03-01",0.89277744056055897,0.69995003581761395,0.926612246590935,0.76317290287433204,0.78071637219134504,0.78083433511984901]
["EMULSÕES ASFÁLTICAS RR-2C","2012-04-01",0.90094780785886996,0.70785586958546698,0.91843879192256705,0.75189698012071005,0.77546220546241296,0.77891692113175404]
["EMULSÕES ASFÁLTICAS RR-2C","2012-05-01",1.2845665727522999,0.71312612058473601,0.93241823387447498,0.75785447324961697,0.75603382811310804,0.82219732898120901]
["EMULSÕES ASFÁLTICAS RR-2C","2012-06-01",0.92045606091092003,0.717140453430409,0.94328348062741396,0.74512941638296604,0.787707670230129,0.83468751786263395]
["EMULSÕES ASFÁLTICAS RR-2C","2012-07-01",1.07696397900873,0.71986052658494804,0.94530689999743001,0.74568082186266604,0.82667445222201696,0.82341589866826004]
["EMULSÕES ASFÁLTICAS RR-2C","2012-08-01",1.04471012980935,0.74404995877505997,0.95829352439216697,0.75038015750550002,0.79473559171614805,0.83772129038120502]
["EMULSÕES ASFÁLTICAS RR-2C","2012-09-01",1.1105699129789399,0.76415934085404902,0.96569303359272696,0.78218757350915602,0.80700218068229201,0.86553988971655904]
["EMULSÕES ASFÁLTICAS RR-2C","2012-10-01",0.89651782409514302,0.76482268696398104,0.98309457359139896,0.77757487123942803,0.80182611788298797,0.86388819264250505]
["EMULSÕES ASFÁLTICAS RR-2C","2012-11-01",0.98354002766930604,0.77503569143839501,1.0105194333769301,0.79272078159699999,0.82122048164064798,0.86955156508681197]
["EMULSÕES ASFÁLTICAS RR-2C","2012-12-01",0.92595945302907401,0.76623205571031405,1.00141323642909,0.75187553075384195,0.82609230412185797,0.83669224252950103]
["EMULSÕES ASFÁLTICAS RR-2C","2013-01-01",0.95774885080444705,0.75588483739920298,1.0427891307003501,0.79643660368157498,0.84616517598402796,0.828871408283543]
["EMULSÕES ASFÁLTICAS RR-2C","2013-02-01",1.0406373020478501,0.74759397934808602,0.99508193311787596,0.78625884524632905,0.79784629378448702,0.80673020027363496]
["EMULSÕES ASFÁLTICAS RR-2C","2013-03-01",1.0105474487233901,0.73894385588282796,1.01311437204303,0.76949046964869505,0.80934238892073096,0.80616178541890005]
["EMULSÕES ASFÁLTICAS RR-2C","2013-04-01",1.0281120471184699,0.75067475985723697,1.0013605390256599,0.76855674760141202,0.82338001109316095,0.82598694787956595]
["EMULSÕES ASFÁLTICAS RR-2C","2013-05-01",1.01206279069576,0.75171162421279203,1.0149387158041201,0.78690153652134898,0.83743806586740199,0.85693546994255898]
["EMULSÕES ASFÁLTICAS RR-2C","2013-06-01",1.0984476673746899,0.76460370962552604,1.02301430422074,0.75008967545210803,0.83491954418428205,0.87847527511743295]
["EMULSÕES ASFÁLTICAS RR-2C","2013-07-01",0.77392501190551999,0.77878288626844006,0.99877737062428995,0.79508553712890095,0.82813619463935695,0.86815538066012299]
["EMULSÕES ASFÁLTICAS RR-2C","2013-08-01",1.0117386429167301,0.75886063209467502,1.02217441081711,0.809917484008014,0.85638075113235801,0.91102860569489796]
["EMULSÕES ASFÁLTICAS RR-2C","2013-09-01",0.95683386636102896,0.785005150828466,1.0670266046680399,0.80423762403947596,0.81905467853602398,0.92756547685447599]
["EMULSÕES ASFÁLTICAS RR-2C","2013-10-01",1.0257757814259001,0.79052466565125801,1.0278378140333999,0.76985077594459805,0.82561451887404902,0.91629635087072803]
["EMULSÕES ASFÁLTICAS RR-2C","2013-11-01",0.93691592015777703,0.82692021000834204,1.0275495010784701,0.830776865893046,0.85016116748372905,0.920423725604402]
["EMULSÕES ASFÁLTICAS RR-2C","2013-12-01",0.97543385301100705,0.80257626870066501,1.06274488771117,0.84214765978925499,0.86130403982482795,0.92173035931948599]
["EMULSÕES ASFÁLTICAS RR-2C","2014-01-01",1.0837297141045099,0.79858969739726804,1.04971018390756,0.82190552026300201,0.83897590349020701,0.87469782165929999]
["EMULSÕES ASFÁLTICAS RR-2C","2014-02-01",1.02569369693985,0.80179770042362597,1.0590728731542001,0.80880693500388801,0.83781644126663202,0.86668090569857903]
["EMULSÕES ASFÁLTICAS RR-2C","2014-03-01",1.0008668496600801,0.81239587248077505,1.06163783497769,0.80763201190268097,0.86779931272561195,0.85841196129198905]
["EMULSÕES ASFÁLTICAS RR-2C","2014-04-01",1.15948487110564,0.79691440009547998,1.08590340377603,0.82344069594623603,0.86368220980716504,0.88272963249856995]
["EMULSÕES ASFÁLTICAS RR-2C","2014-05-01",1.0582627517652701,0.80949236867921104,1.0491177470333299,0.83998454475070505,0.87050362839566098,0.90554470790525898]
["EMULSÕES ASFÁLTICAS RR-2C","2014-06-01",1.0109621677372,0.83552178712477798,1.05877764157342,0.78481841787371098,0.88870351160057603,0.92708508396399603]
["EMULSÕES ASFÁLTICAS RR-2C","2014-07-01",1.1508399830201099,0.84891743688509202,0.96591461518704802,0.81812140961729996,0.87037988315306203,0.91171109585605703]
["EMULSÕES ASFÁLTICAS RR-2C","2014-08-01",1.09167628275524,0.83808771486068201,0.919472136448513,0.82738565342982395,0.85586075879768897,0.88543184512571904]
["EMULSÕES ASFÁLTICAS RR-2C","2014-09-01",1.0742297093106601,0.85008846991814802,1.0659043939784201,0.81353311266438599,0.89119731334306496,0.95866258088488399]
["EMULSÕES ASFÁLTICAS RR-2C","2014-10-01",1.09337524282951,0.88060978410514901,0.95302894230412105,0.78554125490538096,0.85443701849207199,0.91139917160065798]
["EMULSÕES ASFÁLTICAS RR-2C","2014-11-01",1.20849997285127,0.90929680979517902,0.96671601633312099,0.79281018069092601,0.87830756254253295,0.93262516343366297]
["EMULSÕES ASFÁLTICAS RR-2C","2014-12-01",1.1733195141687001,0.97479973913927598,1.0811019358226599,0.95743193879134103,0.94471770902187402,1.00885469003304]
["EMULSÕES ASFÁLTICAS RR-2C","2015-01-01",1.1974942761346901,1.17357374825469,1.2467714419920899,1.02534272138357,1.1225559810063399,1.1585903484442699]
["EMULSÕES ASFÁLTICAS RR-2C","2015-02-01",1.31385846834628,1.1213655613326301,1.2216030862851599,0.98311352896681103,1.0495339345942001,1.1368373374790699]
["EMULSÕES ASFÁLTICAS RR-2C","2015-03-01",1.35599251132576,1.0596881895771499,1.28940420199509,1.08096165904549,1.06366501253554,1.1289281805945499]
["EMULSÕES ASFÁLTICAS RR-2C","2015-04-01",1.19855854225507,1.09583198722439,1.3005537147189301,1.0428812335459501,1.08262361512745,1.1148943907803901]
["EMULSÕES ASFÁLTICAS RR-2C","2015-05-01",1.3960662277306499,1.0733620860159401,1.24618225932417,1.0021866976426901,1.10075450046043,1.13360376026607]
["EMULSÕES ASFÁLTICAS RR-2C","2015-06-01",1.37380298361015,1.07059860139444,1.2400291368255201,0.99510670262462997,1.11371376172352,1.1581439880323201]
["EMULSÕES ASFÁLTICAS RR-2C","2015-07-01",1.2915544901173801,1.0782396821328399,1.06119092868292,1.0072484445472201,1.14041084116165,1.08867198061366]
["EMULSÕES ASFÁLTICAS RR-2C","2015-08-01",1.2644389492358901,1.1098748142613,1.2785713002472501,1.0093247984156799,1.10178597440419,1.2007353305035799]
["EMULSÕES ASFÁLTICAS RR-2C","2015-09-01",1.31782221671051,1.0793162903746001,1.2729908719334699,1.0412168829797801,1.1015058988908799,1.19932416677072]
["EMULSÕES ASFÁLTICAS RR-2C","2015-10-01",1.3475910609364501,1.1515919369428,1.30343167989322,1.14088357083362,1.15383986343301,1.2445506841065901]
["EMULSÕES ASFÁLTICAS RR-2C","2015-11-01",1.42194763110426,1.2528977823002201,1.46326523828336,1.2023260722378899,1.2091014097133801,1.35094076541867]
["EMULSÕES ASFÁLTICAS RR-2C","2015-12-01",1.5005775899763201,1.2466905674903299,1.3857931469782401,1.2274435317644199,1.2352426092001101,1.32473892483372]
["EMULSÕES ASFÁLTICAS RR-2C","2016-01-01",1.64898417512924,1.30762826323315,1.44914138888279,1.2358730350080001,1.2644155209558701,1.3328124724101]
["EMULSÕES ASFÁLTICAS RR-2C","2016-02-01",1.4040425978966899,1.2955796163300699,1.4551720277392299,1.2803424144946001,1.2506211519631301,1.32412490175822]
["EMULSÕES ASFÁLTICAS RR-2C","2016-03-01",1.3737404725681599,1.27647148296601,1.47007694983541,1.2373776159079399,1.27058617693724,1.3059851362442301]
["EMULSÕES ASFÁLTICAS RR-2C","2016-04-01",1.80313232959409,1.3648774116950999,1.5460723913427801,1.33734030283245,1.37146737929701,1.4262694176770101]
["EMULSÕES ASFÁLTICAS RR-2C","2016-05-01",1.7102055614999201,1.3931871019703499,1.5304737991034401,1.3786105124528201,1.3875955987901301,1.4487465103471799]
["EMULSÕES ASFÁLTICAS RR-2C","2016-06-01",1.6834621917161201,1.3076158114304399,1.60109196655534,1.3564931657063699,1.42416570774391,1.46046169602429]
["EMULSÕES ASFÁLTICAS RR-2C","2016-07-01",1.61116512045691,1.30559620150366,1.58745774412605,1.4386016770426899,1.42499585449426,1.46812976345428]
["EMULSÕES ASFÁLTICAS RR-2C","2016-08-01",1.60429445557309,1.3044006684628899,1.61284861254953,1.42290434771481,1.4247229275758999,1.49037354940374]
["EMULSÕES ASFÁLTICAS RR-2C","2016-09-01",1.55385149619653,1.2150283632130301,1.4872524174442601,1.3105037105253401,1.26117118511445,1.38217421141938]
["EMULSÕES ASFÁLTICAS RR-2C","2017-01-01",1.3295876746587301,0.97529368058710797,1.50030935414317,1.36132558636552,1.2259310480635299,1.1624737597556201]
["EMULSÕES ASFÁLTICAS RR-2C","2017-02-01",1.40376589068244,1.0198585605871,1.46052515497524,1.3429240664997399,1.20016389429683,1.20723044672766]
["EMULSÕES ASFÁLTICAS RR-2C","2017-03-01",1.3968718336946999,1.1665844193583099,1.42318763398361,1.31607236440597,1.2102225969368099,1.27176574433373]
["EMULSÕES ASFÁLTICAS RR-2C","2017-04-01",1.4061631137262101,1.1506254668179201,1.47329794498182,1.3193940401053501,1.18200127096033,1.2910710683970299]
["EMULSÕES ASFÁLTICAS RR-2C","2017-05-01",1.4040905911420201,1.17260072467092,1.4867733051140899,1.3140967919320099,1.18764659887391,1.3403886901233699]
["EMULSÕES ASFÁLTICAS RR-2C","2017-06-01",1.4180165227813,1.1684172838844999,1.53100110897076,1.3101909234812901,1.1966920331458699,1.3648500164722901]
["EMULSÕES ASFÁLTICAS RR-2C","2017-07-01",1.4683032351132701,1.18210423151794,1.5121518421393501,1.27905480632534,1.1332529777844,1.35962061537649]
["EMULSÕES ASFÁLTICAS RR-2C","2017-08-01",1.4659732608904701,1.17677557292918,1.4039573392311,1.26634312357384,1.1787432600234899,1.3237918138953899]
["EMULSÕES ASFÁLTICAS RR-2C","2017-09-01",1.4318169843184601,1.18989362413531,1.4537715938761999,1.2856937334993099,1.1871601859074801,1.35571044276797]
["EMULSÕES ASFÁLTICAS RR-2C","2017-10-01",1.4491825161573499,1.20724793150744,1.4640186621729401,1.33239823108696,1.1739416100992901,1.36567936731176]
["EMULSÕES ASFÁLTICAS RR-2C","2017-11-01",1.61828212447238,1.30283395140313,1.61382234654819,1.3221653058249501,1.3171489059517101,1.47033334630405]
["EMULSÕES ASFÁLTICAS RR-2C","2017-12-01",1.71250024409713,1.28869349025226,1.54295483966599,1.3195933811261,1.2911470687211599,1.45882245272244]
["EMULSÕES ASFÁLTICAS RR-2C","2018-01-01",1.75153362921512,1.3422873031567999,1.50941095839301,1.4328183639485801,1.33550808416533,1.4836715709672199]
["EMULSÕES ASFÁLTICAS RR-2C","2018-02-01",1.6610447362374401,1.3617859637129399,1.4817483937901099,1.4473927675821501,1.37681732973459,1.46483102507921]
["EMULSÕES ASFÁLTICAS RR-2C","2018-03-01",1.69544100715789,1.3542430540092401,1.5375908708380699,1.4470604820109001,1.3716501298317001,1.47623332317719]
["EMULSÕES ASFÁLTICAS RR-2C","2018-04-01",1.56875280098897,1.33286290205615,1.5585033645258799,1.4457720027222301,1.32898729145751,1.4374587251282001]
["EMULSÕES ASFÁLTICAS RR-2C","2018-05-01",1.7163026083236399,1.38347882856078,1.5103835313012901,1.4576575745862701,1.3899376081447801,1.47056889524979]
["EMULSÕES ASFÁLTICAS RR-2C","2018-06-01",1.67167418755764,1.4609526623689999,1.64778623513767,1.5056177886693101,1.4773346964371299,1.54931329041142]
["EMULSÕES ASFÁLTICAS RR-2C","2018-07-01",1.82530822279903,1.5732933124999999,1.75446777664756,1.6004874978074699,1.5400833118241299,1.66720310178218]
["EMULSÕES ASFÁLTICAS RR-2C","2018-08-01",1.8237348329219201,1.6856683889889501,1.9125286765249301,1.7922164519297801,1.6785264626315699,1.8037470793696599]
["EMULSÕES ASFÁLTICAS RR-2C","2018-09-01",2.0523986018699998,1.6860471795771701,1.93613908551497,1.77766229864463,1.6710350980673201,1.8592348438575701]
["EMULSÕES ASFÁLTICAS RR-2C","2018-10-01",2.0948296937314099,1.68832718186035,1.74628535957175,1.80218489568885,1.8360439480275801,1.81573078904975]
["EMULSÕES ASFÁLTICAS RR-2C","2018-11-01",2.3302103085686299,1.8411957128023899,2.2180064699423201,2.0313127776314701,1.9465198511700701,2.08700459566283]
["EMULSÕES ASFÁLTICAS RR-2C","2018-12-01",2.4361316266045101,1.83934996225526,2.1197689237108399,1.96503841468965,1.8961533620377899,2.0415136307555799]
["EMULSÕES ASFÁLTICAS RR-2C","2019-01-01",2.3991345843015299,1.87942593722186,2.1853799053644098,1.99301959494473,1.9291890399299201,2.0567036929498799]
["EMULSÕES ASFÁLTICAS RR-2C","2019-02-01",2.3935305933199098,2.0100960861601598,2.5045713226881698,2.26307913731118,2.0111191633241101,2.2216438931022702]
["EMULSÕES ASFÁLTICAS RR-2C","2019-03-01",2.6796868563796199,1.99019534121494,2.5579138928296898,2.2045042492184401,2.1221855575987498,2.3186042099253301]
["EMULSÕES ASFÁLTICAS RR-2C","2019-04-01",2.5151364924338,2.0008711133696599,2.6333980969763902,2.2328616267732402,2.0640768709730102,2.2770809235388998]
["EMULSÕES ASFÁLTICAS RR-2C","2019-05-01",2.1302360990359799,1.96028127733914,2.3424730174786501,2.2107797640821798,2.1667787404248902,2.1630728056913102]
["EMULSÕES ASFÁLTICAS RR-2C","2019-06-01",2.16400040233126,1.92500258930718,2.3795330791824401,2.1424839632324502,2.1802498335101901,2.1664218876157801]
["EMULSÕES ASFÁLTICAS RR-2C","2019-07-01",2.1615179943408398,1.9051335877053099,2.3700902877231602,2.1133180405618202,2.1666049432405399,2.15967735135004]
["EMULSÕES ASFÁLTICAS RR-2C","2019-08-01",2.14818093664188,1.78712697068635,2.2736676089666301,2.1017264720781399,2.2305631470804599,2.0961132223137602]
["EMULSÕES ASFÁLTICAS RR-2C","2019-09-01",2.2749944295789901,1.76859318970889,2.27495202292048,2.1225434842050399,2.1952209533465901,2.1148551376961899]
["EMULSÕES ASFÁLTICAS RR-2C","2019-10-01",2.2524961567227799,1.9675231472624499,2.7384906229713102,2.1404648429209998,2.0307587249754699,2.2988745877901802]
["EMULSÕES ASFÁLTICAS RR-2C","2019-11-01",2.3917174442553999,1.9231227266456401,2.51215253806782,2.2131398457308098,2.04311288006644,2.2502473128028302]
["EMULSÕES ASFÁLTICAS RR-2C","2019-12-01",2.39198840726245,1.97479966236185,2.2505237811516401,2.16806592424861,2.05075050433285,2.14519356992726]
["EMULSÕES ASFÁLTICAS RR-2C","2020-01-01",2.6176967003231999,1.87803820623144,2.3352936603561401,2.18398919960755,2.04722214503935,2.1668040965205799]
["EMULSÕES ASFÁLTICAS RR-2C","2020-02-01",2.3231193990355701,1.8085269957869401,1.9789899591272699,2.0867364995803199,2.0257661032488499,2.02773992428732]
["EMULSÕES ASFÁLTICAS RR-2C","2020-03-01",2.34280800551331,1.79405576388629,1.7211304181993401,2.0453141869832101,1.97328405579894,1.9771218311291401]
["EMULSÕES ASFÁLTICAS RR-2C","2020-04-01",2.2240730834884999,1.7111360495033401,1.9436800343479099,1.9811404040070499,2.05877877740688,1.9765309388827199]
["EMULSÕES ASFÁLTICAS RR-2C","2020-05-01",2.1531647858372298,1.68900049507051,1.9149744998837399,1.9603349388846001,2.0178718450444402,1.93986058133922]
["EMULSÕES ASFÁLTICAS RR-2C","2020-06-01",2.07886795367711,1.66524102815593,1.8330357408618201,1.8933000395325601,2.01367530304283,1.8781888356284]
["EMULSÕES ASFÁLTICAS RR-2C","2020-07-01",2.0544219055495501,1.6667189694659099,1.91493951933172,1.89957642783472,1.94613582208481,1.8893577757890501]
["EMULSÕES ASFÁLTICAS RR-2C","2020-08-01",2.15436782167576,1.7733730018910201,2.0777540225278002,1.9996892515751299,1.9912568037037901,2.0096793301248002]
["EMULSÕES ASFÁLTICAS RR-2C","2020-09-01",2.11878316736823,1.7856461237043999,2.0094154164761502,1.9832651947209401,1.9852846031484499,1.9762008668036499]
["EMULSÕES ASFÁLTICAS RR-2C","2020-10-01",2.1464286111245698,1.82664820661258,1.97944506177594,1.9848517880852401,1.99135621266825,1.97799571525648]
["EMULSÕES ASFÁLTICAS RR-2C","2020-11-01",2.13768167231144,1.9380777485028,2.1402438608489001,2.16727476726376,2.0918311383258201,2.0903535768484098]
["EMULSÕES ASFÁLTICAS RR-2C","2020-12-01",2.1490044399501,1.94547776060499,1.9606696497771201,2.1883989731123399,2.0951376036445599,2.0351793364954598]
["EMULSÕES ASFÁLTICAS RR-2C","2021-01-01",2.1393735849540199,1.89816122640094,1.8354725973686501,2.2135263550144102,2.05800720590813,2.0051177573215302]
["EMULSÕES ASFÁLTICAS RR-2C","2021-02-01",2.35085775071187,2.0596027416889702,2.2519660018072098,2.4247311156864,2.2197472071407698,2.2438069352317398]
["EMULSÕES ASFÁLTICAS RR-2C","2021-03-01",2.325071430615,2.0517918559048698,2.1828263772095098,2.3466687299279201,2.2734914636523502,2.22704202651884]
["EMULSÕES ASFÁLTICAS RR-2C","2021-04-01",2.6889810867861899,2.0645253663669698,2.28914107016934,2.2627266030870601,2.1779034200888798,2.2111387924732302]
["EMULSÕES ASFÁLTICAS RR-2C","2021-05-01",2.5745496094499001,2.51803152134466,2.55678904744657,2.6400274183860102,2.6094833731897502,2.5778018499336]
["EMULSÕES ASFÁLTICAS RR-2C","2021-06-01",2.6722399675705399,2.48935059018486,2.6009999536735502,2.7064951331304998,2.5552921185584001,2.5931272798618599]
["EMULSÕES ASFÁLTICAS RR-2C","2021-07-01",2.64317692065692,2.46926227992597,2.6563319289776,2.6793157575261102,2.6620791096261498,2.6106304020664899]
["EMULSÕES ASFÁLTICAS RR-2C","2021-08-01",2.79614075278878,2.5759914248354301,2.8258074818475198,2.9191427775852898,2.74945122394463,2.7664227491806099]
["EMULSÕES ASFÁLTICAS RR-2C","2021-09-01",2.8300942586993298,2.6444601784336901,2.87616230139743,2.92674222560797,2.8918415567704798,2.8068743600852599]
["EMULSÕES ASFÁLTICAS RR-2C","2021-10-01",2.9702878379404498,2.6596448061017499,2.8209744927170699,2.88785648136116,2.7931902764908698,2.8043071709721401]
["EMULSÕES ASFÁLTICAS RR-2C","2021-11-01",3.1288425054692302,2.8641569797826398,3.1550719837703798,3.3298848339432099,3.0708670042737198,3.1101825774701499]
["EMULSÕES ASFÁLTICAS RR-2C","2021-12-01",3.1416148138267799,2.9394743512613699,3.17961481502117,3.3832212657234599,3.11742338949061,3.1190781839195201]
["EMULSÕES ASFÁLTICAS RR-2C","2022-01-01",3.1680180966752398,2.8978883410610901,3.1718370526966599,3.2245494357151299,3.0766925593721202,3.0550736209655001]
["EMULSÕES ASFÁLTICAS RR-2C","2022-02-01",3.2922767112693099,3.0297198872500899,3.31772905023927,3.3996465898685702,3.2098987026663202,3.1990043731141502]
["EMULSÕES ASFÁLTICAS RR-2C","2022-03-01",3.0825143735362999,3.0500042385000801,3.27906153433447,3.4098559609202002,3.2383783348331598,3.2088533928189298]
["EMULSÕES ASFÁLTICAS RR-2C","2022-04-01",3.4104994747810702,3.2162203422212698,3.4789274469856299,3.5252721458886902,3.00054992574153,3.35396762965531]
["EMULSÕES ASFÁLTICAS RR-2C","2022-05-01",3.3636363462380099,3.17437859845242,3.51199679374011,2.7024184874129702,3.20709119915018,3.1292506581784498]
["EMULSÕES ASFÁLTICAS RR-2C","2022-06-01",3.6153029894262398,3.2053946913242899,3.4455839071143299,3.45823615263726,3.1774448120884902,3.3735881530198801]
["EMULSÕES ASFÁLTICAS RR-2C","2022-07-01",3.5030009154948099,3.29693042437885,3.6024628398006899,3.4750806334189299,3.32037782621257,3.4479452704125801]
["EMULSÕES ASFÁLTICAS RR-2C","2022-08-01",3.5317087220741601,3.3395169467089998,3.5401530680303201,3.3854273872748499,3.15146148252281,3.43279313742332]
["EMULSÕES ASFÁLTICAS RR-2C","2022-09-01",3.4611166205196202,3.3477991664831701,3.3700147015734099,3.2361076198657801,3.0452192921035399,3.3458284433524601]
["EMULSÕES ASFÁLTICAS RR-2C","2022-10-01",3.4407087288730902,3.2396973673631102,3.0816406308553601,3.08842577862562,2.9761674905370401,3.1785213522037199]
["EMULSÕES ASFÁLTICAS RR-2C","2022-11-01",3.2314387037394501,3.1429295776467101,3.2239381233414202,2.9171046643982002,2.7953862663167999,3.1216330233579401]
["EMULSÕES ASFÁLTICAS RR-2C","2022-12-01",3.1795323794024801,3.1393122599866898,3.0605759048792098,2.9247446234100298,2.7407330746581802,3.0496763148638499]
["EMULSÕES ASFÁLTICAS RR-2C","2023-01-01",3.2359240498456301,2.88212758276743,3.1743967926608998,2.7981787230186401,2.6587045960863001,2.9041437286417802]
["EMULSÕES ASFÁLTICAS RR-2C","2023-02-01",3.1272582910474802,2.8628392906914302,3.1894738973219998,2.7364632961896,2.6985125709752502,2.9003749035138902]
["EMULSÕES ASFÁLTICAS RR-2C","2023-03-01",3.24171826111135,2.8190573657006199,2.9086944063153202,2.8172106055821402,2.5303858963601802,2.8507331892043601]
["EMULSÕES ASFÁLTICAS RR-2C","2023-04-01",3.4081380308906,2.9193557473760601,2.8965513162008598,2.7394980498049901,2.5035621378754298,2.8547500149404001]
["EMULSÕES ASFÁLTICAS RR-2C","2023-05-01",3.1511809277988498,2.7777992165496301,2.93247427361718,2.6186446088076401,2.3897364325138,2.76877589052109]
["EMULSÕES ASFÁLTICAS RR-2C","2023-06-01",3.2336030373306701,2.71940164508483,2.9275401489895199,2.5910125840767,2.5725312379074698,2.8185192878852598]
["EMULSÕES ASFÁLTICAS RR-2C","2023-07-01",3.13079615361247,2.7247528493187199,2.9163947946123101,2.5821073809604398,2.5236547511190501,2.8118154506951498]
["EMULSÕES ASFÁLTICAS RR-2C","2023-08-01",3.06770372329018,2.7216455673154001,2.94436662467912,2.6178307781847101,2.6577102024371499,2.8367618990188102]
["EMULSÕES ASFÁLTICAS RR-2C","2023-09-01",3.2744488849864202,2.8096427755648099,3.11901484431767,2.7245526081478699,2.4250695979564001,2.9664101532014802]
["EMULSÕES ASFÁLTICAS RR-2C","2023-10-01",3.2626952234552502,2.83988392841355,2.97098602908541,2.7051095096038802,2.6057283732394501,2.9142011431843402]
["EMULSÕES ASFÁLTICAS RR-2C","2023-11-01",3.22358328005213,2.8872379234184899,3.1843065534303499,2.7414029368851098,2.4977279247892601,3.0028190183210901]
["EMULSÕES ASFÁLTICAS RR-2C","2023-12-01",3.3688845324018302,2.84899332513627,2.9142958512112598,2.6737188290523601,2.5652465120426702,2.8604912224089301]
["EMULSÕES ASFÁLTICAS RR-2C","2024-01-01",3.2043261979755902,2.6137829562431301,3.1347642561947402,2.6490363636324599,2.5783432423797201,2.7607278581200201]
["EMULSÕES ASFÁLTICAS RR-2C","2024-02-01",3.61096791545337,2.59628938428374,2.9902878128407502,2.7048609416540299,2.57401409782742,2.7715169451357999]
["EMULSÕES ASFÁLTICAS RR-2C","2024-03-01",3.4520161496532902,2.6875793655124798,3.0479722002117402,2.7196841685316699,2.6062070216744999,2.7882560850187299]
["EMULSÕES ASFÁLTICAS RR-2C","2024-04-01",3.3407242720069199,2.5814220899123499,3.0003040366820999,2.6795946273878002,2.6318830630511898,2.75928149202743]
["EMULSÕES ASFÁLTICAS RR-2C","2024-05-01",2.8996297793596102,2.6170608519820902,3.07879636620997,2.6628165978479101,2.7325513851864902,2.8024459450091701]
["EMULSÕES ASFÁLTICAS RR-2C","2024-06-01",3.0250808329361698,2.5523932793648498,3.1070457668540898,2.60467958543726,2.7923408831871801,2.83262200709378]
["EMULSÕES ASFÁLTICAS RR-2C","2024-07-01",3.17381462810319,2.8413624631888399,3.2525046245272602,2.7112081493223501,2.72250648082372,3.0077527774200998]
["EMULSÕES ASFÁLTICAS RR-2C","2024-08-01",3.3457384311987202,2.9922333698045298,3.4928924480678201,2.90627889794087,2.8911608555146602,3.1924611585776201]
["EMULSÕES ASFÁLTICAS RR-2C","2024-09-01",3.4014360024708199,3.0350305606550698,3.55203016876807,2.9124666207836198,2.9194042195183498,3.2517042599764601]
["***: Sem comercialização."]
["Nota 1: Preços à vista, sem frete, com todos os impostos inclusos, à exceção do ICMS, do PIS/Pasep e da Cofins."]
["Nota 2: As informações são baseadas em dados preliminares, portanto sujeitos a reprocessamento por parte dos informantes nos moldes da Resolução ANP nº 729/2018."]

{"sheet":"Curva ABC","index":19,"n_rows":34,"n_cols":12,"rows_kept":34,"cut":false,"hidden":true,"merged":[]}
[]
[null,"Item","Descrição","Total R$","% individual","% acumul.","Classe",null,"Onde:","A <=",0.75]
[1,{"$f":"VLOOKUP(A3,'RESUMO MODULO TOTAL'!B11:N50,1,0)","v":1},{"$f":"VLOOKUP(B3,#REF!,4,0)","v":{"$error":"#REF!"}},{"$f":"VLOOKUP(B3,#REF!,13,0)","v":{"$error":"#REF!"}},{"$f":"D3/#REF!","v":{"$error":"#REF!"}},{"$f":"E3","v":{"$error":"#REF!"}},{"$f":"IF(F3<=$K$2,\"A\",IF(AND(F3<=$L$3,F3>$J$3),\"B\",IF(F3>$K$4,\"C\")))","v":{"$error":"#REF!"}},null,null,0.75,"< B <=",0.95]
[2,{"$f":"VLOOKUP(A4,#REF!,2,0)","v":{"$error":"#REF!"}},{"$f":"VLOOKUP(B4,#REF!,4,0)","v":{"$error":"#REF!"}},{"$f":"VLOOKUP(B4,#REF!,13,0)","v":{"$error":"#REF!"}},{"$f":"D4/#REF!","v":{"$error":"#REF!"}},{"$f":"F3+E4","v":{"$error":"#REF!"}},{"$f":"IF(F4<=$K$2,\"A\",IF(AND(F4<=$L$3,F4>$J$3),\"B\",IF(F4>$K$4,\"C\")))","v":{"$error":"#REF!"}},null,null,"C >",0.95]
[3,{"$f":"VLOOKUP(A5,#REF!,2,0)","v":{"$error":"#REF!"}},{"$f":"VLOOKUP(B5,#REF!,4,0)","v":{"$error":"#REF!"}},{"$f":"VLOOKUP(B5,#REF!,13,0)","v":{"$error":"#REF!"}},{"$f":"D5/#REF!","v":{"$error":"#REF!"}},{"$f":"F4+E5","v":{"$error":"#REF!"}},{"$f":"IF(F5<=$K$2,\"A\",IF(AND(F5<=$L$3,F5>$J$3),\"B\",IF(F5>$K$4,\"C\")))","v":{"$error":"#REF!"}}]
[4,{"$f":"VLOOKUP(A6,#REF!,2,0)","v":{"$error":"#REF!"}},{"$f":"VLOOKUP(B6,#REF!,4,0)","v":{"$error":"#REF!"}},{"$f":"VLOOKUP(B6,#REF!,13,0)","v":{"$error":"#REF!"}},{"$f":"D6/#REF!","v":{"$error":"#REF!"}},{"$error":"#REF!"},{"$error":"#REF!"}]
[5,{"$f":"VLOOKUP(A7,#REF!,2,0)","v":{"$error":"#REF!"}},{"$f":"VLOOKUP(B7,#REF!,4,0)","v":{"$error":"#REF!"}},{"$f":"VLOOKUP(B7,#REF!,13,0)","v":{"$error":"#REF!"}},{"$f":"D7/#REF!","v":{"$error":"#REF!"}},{"$error":"#REF!"},{"$error":"#REF!"}]
[6,{"$f":"VLOOKUP(A8,#REF!,2,0)","v":{"$error":"#REF!"}},{"$f":"VLOOKUP(B8,#REF!,4,0)","v":{"$error":"#REF!"}},{"$f":"VLOOKUP(B8,#REF!,13,0)","v":{"$error":"#REF!"}},{"$f":"D8/#REF!","v":{"$error":"#REF!"}},{"$error":"#REF!"},{"$error":"#REF!"}]
[7,{"$f":"VLOOKUP(A9,#REF!,2,0)","v":{"$error":"#REF!"}},{"$f":"VLOOKUP(B9,#REF!,4,0)","v":{"$error":"#REF!"}},{"$f":"VLOOKUP(B9,#REF!,13,0)","v":{"$error":"#REF!"}},{"$f":"D9/#REF!","v":{"$error":"#REF!"}},{"$error":"#REF!"},{"$error":"#REF!"}]
[8,{"$f":"VLOOKUP(A10,#REF!,2,0)","v":{"$error":"#REF!"}},{"$f":"VLOOKUP(B10,#REF!,4,0)","v":{"$error":"#REF!"}},{"$f":"VLOOKUP(B10,#REF!,13,0)","v":{"$error":"#REF!"}},{"$f":"D10/#REF!","v":{"$error":"#REF!"}},{"$error":"#REF!"},{"$error":"#REF!"}]
[9,{"$f":"VLOOKUP(A11,#REF!,2,0)","v":{"$error":"#REF!"}},{"$f":"VLOOKUP(B11,#REF!,4,0)","v":{"$error":"#REF!"}},{"$f":"VLOOKUP(B11,#REF!,13,0)","v":{"$error":"#REF!"}},{"$f":"D11/#REF!","v":{"$error":"#REF!"}},{"$error":"#REF!"},{"$error":"#REF!"}]
[10,{"$f":"VLOOKUP(A12,#REF!,2,0)","v":{"$error":"#REF!"}},{"$f":"VLOOKUP(B12,#REF!,4,0)","v":{"$error":"#REF!"}},{"$f":"VLOOKUP(B12,#REF!,13,0)","v":{"$error":"#REF!"}},{"$f":"D12/#REF!","v":{"$error":"#REF!"}},{"$error":"#REF!"},{"$error":"#REF!"}]
[11,{"$f":"VLOOKUP(A13,#REF!,2,0)","v":{"$error":"#REF!"}},{"$f":"VLOOKUP(B13,#REF!,4,0)","v":{"$error":"#REF!"}},{"$f":"VLOOKUP(B13,#REF!,13,0)","v":{"$error":"#REF!"}},{"$f":"D13/#REF!","v":{"$error":"#REF!"}},{"$error":"#REF!"},{"$error":"#REF!"}]
[12,{"$f":"VLOOKUP(A14,#REF!,2,0)","v":{"$error":"#REF!"}},{"$f":"VLOOKUP(B14,#REF!,4,0)","v":{"$error":"#REF!"}},{"$f":"VLOOKUP(B14,#REF!,13,0)","v":{"$error":"#REF!"}},{"$f":"D14/#REF!","v":{"$error":"#REF!"}},{"$error":"#REF!"},{"$error":"#REF!"}]
[13,{"$f":"VLOOKUP(A15,#REF!,2,0)","v":{"$error":"#REF!"}},{"$f":"VLOOKUP(B15,#REF!,4,0)","v":{"$error":"#REF!"}},{"$f":"VLOOKUP(B15,#REF!,13,0)","v":{"$error":"#REF!"}},{"$f":"D15/#REF!","v":{"$error":"#REF!"}},{"$error":"#REF!"},{"$error":"#REF!"}]
[14,{"$f":"VLOOKUP(A16,#REF!,2,0)","v":{"$error":"#REF!"}},{"$f":"VLOOKUP(B16,#REF!,4,0)","v":{"$error":"#REF!"}},{"$f":"VLOOKUP(B16,#REF!,13,0)","v":{"$error":"#REF!"}},{"$f":"D16/#REF!","v":{"$error":"#REF!"}},{"$error":"#REF!"},{"$error":"#REF!"}]
[15,{"$f":"VLOOKUP(A17,#REF!,2,0)","v":{"$error":"#REF!"}},{"$f":"VLOOKUP(B17,#REF!,4,0)","v":{"$error":"#REF!"}},{"$f":"VLOOKUP(B17,#REF!,13,0)","v":{"$error":"#REF!"}},{"$f":"D17/#REF!","v":{"$error":"#REF!"}},{"$error":"#REF!"},{"$error":"#REF!"}]
[16,{"$f":"VLOOKUP(A18,#REF!,2,0)","v":{"$error":"#REF!"}},{"$f":"VLOOKUP(B18,#REF!,4,0)","v":{"$error":"#REF!"}},{"$f":"VLOOKUP(B18,#REF!,13,0)","v":{"$error":"#REF!"}},{"$f":"D18/#REF!","v":{"$error":"#REF!"}},{"$error":"#REF!"},{"$error":"#REF!"}]
[17,{"$f":"VLOOKUP(A19,#REF!,2,0)","v":{"$error":"#REF!"}},{"$f":"VLOOKUP(B19,#REF!,4,0)","v":{"$error":"#REF!"}},{"$f":"VLOOKUP(B19,#REF!,13,0)","v":{"$error":"#REF!"}},{"$f":"D19/#REF!","v":{"$error":"#REF!"}},{"$error":"#REF!"},{"$error":"#REF!"}]
[18,{"$f":"VLOOKUP(A20,#REF!,2,0)","v":{"$error":"#REF!"}},{"$f":"VLOOKUP(B20,#REF!,4,0)","v":{"$error":"#REF!"}},{"$f":"VLOOKUP(B20,#REF!,13,0)","v":{"$error":"#REF!"}},{"$f":"D20/#REF!","v":{"$error":"#REF!"}},{"$error":"#REF!"},{"$error":"#REF!"}]
[19,{"$f":"VLOOKUP(A21,#REF!,2,0)","v":{"$error":"#REF!"}},{"$f":"VLOOKUP(B21,#REF!,4,0)","v":{"$error":"#REF!"}},{"$f":"VLOOKUP(B21,#REF!,13,0)","v":{"$error":"#REF!"}},{"$f":"D21/#REF!","v":{"$error":"#REF!"}},{"$error":"#REF!"},{"$error":"#REF!"}]
[20,{"$f":"VLOOKUP(A22,#REF!,2,0)","v":{"$error":"#REF!"}},{"$f":"VLOOKUP(B22,#REF!,4,0)","v":{"$error":"#REF!"}},{"$f":"VLOOKUP(B22,#REF!,13,0)","v":{"$error":"#REF!"}},{"$f":"D22/#REF!","v":{"$error":"#REF!"}},{"$error":"#REF!"},{"$error":"#REF!"}]
[21,{"$f":"VLOOKUP(A23,#REF!,2,0)","v":{"$error":"#REF!"}},{"$f":"VLOOKUP(B23,#REF!,4,0)","v":{"$error":"#REF!"}},{"$f":"VLOOKUP(B23,#REF!,13,0)","v":{"$error":"#REF!"}},{"$f":"D23/#REF!","v":{"$error":"#REF!"}},{"$error":"#REF!"},{"$error":"#REF!"}]
[22,{"$f":"VLOOKUP(A24,#REF!,2,0)","v":{"$error":"#REF!"}},{"$f":"VLOOKUP(B24,#REF!,4,0)","v":{"$error":"#REF!"}},{"$f":"VLOOKUP(B24,#REF!,13,0)","v":{"$error":"#REF!"}},{"$f":"D24/#REF!","v":{"$error":"#REF!"}},{"$error":"#REF!"},{"$error":"#REF!"}]
[23,{"$f":"VLOOKUP(A25,#REF!,2,0)","v":{"$error":"#REF!"}},{"$f":"VLOOKUP(B25,#REF!,4,0)","v":{"$error":"#REF!"}},{"$f":"VLOOKUP(B25,#REF!,13,0)","v":{"$error":"#REF!"}},{"$f":"D25/#REF!","v":{"$error":"#REF!"}},{"$error":"#REF!"},{"$error":"#REF!"}]
[24,{"$f":"VLOOKUP(A26,#REF!,2,0)","v":{"$error":"#REF!"}},{"$f":"VLOOKUP(B26,#REF!,4,0)","v":{"$error":"#REF!"}},{"$f":"VLOOKUP(B26,#REF!,13,0)","v":{"$error":"#REF!"}},{"$f":"D26/#REF!","v":{"$error":"#REF!"}},{"$error":"#REF!"},{"$error":"#REF!"}]
[25,{"$f":"VLOOKUP(A27,#REF!,2,0)","v":{"$error":"#REF!"}},{"$f":"VLOOKUP(B27,#REF!,4,0)","v":{"$error":"#REF!"}},{"$f":"VLOOKUP(B27,#REF!,13,0)","v":{"$error":"#REF!"}},{"$f":"D27/#REF!","v":{"$error":"#REF!"}},{"$error":"#REF!"},{"$error":"#REF!"}]
[26,{"$f":"VLOOKUP(A28,#REF!,2,0)","v":{"$error":"#REF!"}},{"$f":"VLOOKUP(B28,#REF!,4,0)","v":{"$error":"#REF!"}},{"$f":"VLOOKUP(B28,#REF!,13,0)","v":{"$error":"#REF!"}},{"$f":"D28/#REF!","v":{"$error":"#REF!"}},{"$f":"F27+E28","v":{"$error":"#REF!"}},{"$f":"IF(F28<=$K$2,\"A\",IF(AND(F28<=$L$3,F28>$J$3),\"B\",IF(F28>$K$4,\"C\")))","v":{"$error":"#REF!"}}]
[27,{"$f":"VLOOKUP(A29,#REF!,2,0)","v":{"$error":"#REF!"}},{"$f":"VLOOKUP(B29,#REF!,4,0)","v":{"$error":"#REF!"}},{"$f":"VLOOKUP(B29,#REF!,13,0)","v":{"$error":"#REF!"}},{"$f":"D29/#REF!","v":{"$error":"#REF!"}},{"$error":"#REF!"},{"$error":"#REF!"}]
[28,{"$f":"VLOOKUP(A30,#REF!,2,0)","v":{"$error":"#REF!"}},{"$f":"VLOOKUP(B30,#REF!,4,0)","v":{"$error":"#REF!"}},{"$f":"VLOOKUP(B30,#REF!,13,0)","v":{"$error":"#REF!"}},{"$f":"D30/#REF!","v":{"$error":"#REF!"}},{"$error":"#REF!"},{"$error":"#REF!"}]
[29,{"$f":"VLOOKUP(A31,#REF!,2,0)","v":{"$error":"#REF!"}},{"$f":"VLOOKUP(B31,#REF!,4,0)","v":{"$error":"#REF!"}},{"$f":"VLOOKUP(B31,#REF!,13,0)","v":{"$error":"#REF!"}},{"$f":"D31/#REF!","v":{"$error":"#REF!"}},{"$error":"#REF!"},{"$error":"#REF!"}]
[30,{"$f":"VLOOKUP(A32,#REF!,2,0)","v":{"$error":"#REF!"}},{"$f":"VLOOKUP(B32,#REF!,4,0)","v":{"$error":"#REF!"}},{"$f":"VLOOKUP(B32,#REF!,13,0)","v":{"$error":"#REF!"}},{"$f":"D32/#REF!","v":{"$error":"#REF!"}},{"$error":"#REF!"},{"$error":"#REF!"}]
[31,{"$f":"VLOOKUP(A33,#REF!,2,0)","v":{"$error":"#REF!"}},{"$f":"VLOOKUP(B33,#REF!,4,0)","v":{"$error":"#REF!"}},{"$f":"VLOOKUP(B33,#REF!,13,0)","v":{"$error":"#REF!"}},{"$f":"D33/#REF!","v":{"$error":"#REF!"}},{"$error":"#REF!"},{"$error":"#REF!"}]
[32,{"$f":"VLOOKUP(A34,#REF!,2,0)","v":{"$error":"#REF!"}},{"$f":"VLOOKUP(B34,#REF!,4,0)","v":{"$error":"#REF!"}},{"$f":"VLOOKUP(B34,#REF!,13,0)","v":{"$error":"#REF!"}},{"$f":"D34/#REF!","v":{"$error":"#REF!"}},{"$error":"#REF!"},{"$error":"#REF!"}]

{"sheet":"MATERIAL SICRO","index":20,"n_rows":1678,"n_cols":4,"rows_kept":1678,"cut":false,"hidden":true,"merged":[[0,1,0,2]]}
["CGCIT","SISTEMA DE CUSTOS REFERENCIAIS DE OBRAS - SICRO",null,"DNIT"]
[null,"Pernambuco - Julho/2024"]
["Código","Descrição","Unidade","Preço Unitário (R$)"]
["M0003","Aço CA 25","kg",6.2117000000000004]
["M0004","Aço CA 50","kg",6.085]
["M0005","Brita 0","m³",135.25620000000001]
["M0006","Fibra de poliamida para concreto","kg",27.881599999999999]
["M0007","Fibra de aço para concreto","kg",13.6189]
["M0008","Detergente líquido neutro","l",4.4798]
["M0009","Aço CP 175 RB","kg",8.9369999999999994]
["M0010","Aditivo superplastificante para concreto e argamassa","kg",17.274100000000001]
["M0011","Aditivo modificador de viscosidade para concreto e argamassa","kg",10.3811]
["M0012","Silicato de alumínio","kg",2.11]
["M0013","Grampo de ancoragem em aço CA 50 - D = 12,5 mm","kg",6.085]
["M0014","Aço CA 60","kg",7.6582999999999997]
["M0015","Espoleta elétrica Nº 8 - D = 6,0 mm","un",20.977599999999999]
["M0016","Grampo sargento em ferro fundido tipo C com abertura útil de 105 mm (4\")","un",46.834800000000001]
["M0017","Saco de aniagem ou de ráfia de 50 kg - C = 95 cm e L = 65 cm","un",2.7907999999999999]
["M0018","Grampo pesado em aço-carbono para cabo de aço - D = 13 mm (1/2\")","un",19.0274]
["M0019","Esticador em aço tipo olhal x olhal para cabo de aço - D = 13 mm","un",133.7028]
["M0020","Grampo de ancoragem em aço CA 50 - D = 6,3 mm","kg",6.8026999999999997]
["M0021","Herbicida glifosato para áreas contínuas","l",26.515899999999998]
["M0025","Adesivo plástico para tubos de PVC","kg",51.994399999999999]
["M0026","Aditivo aglutinante para argamassa","l",7.9122000000000003]
["M0028","Areia média","m³",121.85120000000001]
["M0029","Sílica ativa para concreto e argamassa (microssílica)","kg",2.0053000000000001]
["M0030","Aditivo plastificante e retardador de pega para concreto e argamassa","kg",6.6067]
["M0032","Adesivo de contato para laminado elastoplástico","kg",48.638199999999998]
["M0035","Diluente tipo aguarrás para tintas e vernizes","l",14.768000000000001]
["M0039","Gasolina comum","l",5.2236000000000002]
["M0041","Contêiner com 2 banheiros - L = 2,44 m e C = 6,09 m (1 TEU)","un",81103.883000000002]
["M0042","Contêiner com janela - L = 2,44 m e C = 6,09 m (1 TEU)","un",56753.832399999999]
["M0043","Óleo diesel","l",5.23]
["M0044","Abrasivo de vidro com granulometria de 210 a 420 micra","kg",9.4600000000000009]
["M0045","Barreira plástica monobloco para canalização de trânsito - C = 100 cm, L = 50 cm e H = 55 cm","un",505.0111]
["M0046","Barreira plástica para canalização de trânsito - C = 60 cm, L = 45 cm e H = 60 cm","un",316.88339999999999]
["M0047","Cone de sinalização em polietileno - H = 75 cm e base quadrada de 40 x 40 cm","un",100.0035]
["M0048","Balizador cônico refletivo em polietileno semiflexível - H = 114 cm e base octogonal de D = 40 cm","un",151.66]
["M0049","Delimitador de tráfego flexível com chumbador e duas faixas refletivas - H = 77 cm e D = 21 cm","un",187.5701]
["M0050","Aditivo natural tipo goma xantana para hidrossemeadura","kg",103.714]
["M0051","Cilindro canalizador de tráfego em polietileno - H = 117 cm e base quadrada de 60 x 60 cm","un",203.167]
["M0052","Fita adesiva de PVC - L = 50 mm e C = 50 m","m",0.1123]
["M0053","Tela plástica em polipropileno na cor laranja para tapume - L = 1,2 m","m",1.8815]
["M0054","Fita zebrada de cor laranja e branca - L = 7 a 8 cm","m",7.0999999999999994E-2]
["M0055","Barreira plástica articulável modular - C = 240 cm e H = 100 cm","un",1269.5155]
["M0056","Ferramenta de corte para removedora de faixa de sinalização (Smith Cutter)","un",7545.9611000000004]
["M0057","Contêiner com janela - L = 4,88 m e C = 6,09 m (1 TEU duplo)","un",115496.16740000001]
["M0058","Contêiner com janela e 2 banheiros - L = 4,88 m e C = 6,09 m (1 TEU duplo)","un",122015.66740000001]
["M0059","Contêiner com revestimento térmico, janela e banheiro - L = 2,44 m e C = 6,09 m (1 TEU)","un",75525.116500000004]
["M0060","Contêiner com janela - L = 2,44 m e C = 4,58 m (3/4 TEU)","un",58223.136200000001]
["M0065","Contêiner com janela e banheiro - L = 2,44 m e 4,58 m (3/4 TEU)","un",71486.138000000006]
["M0066","Contêiner com revestimento térmico, janela e banheiro - L = 2,44 m e C = 12,90 m (2 TEU)","un",119944.3784]
["M0067","Tubo PEAD PE 100 PN 10 com flanges - D = 160 mm","m",169.91480000000001]
["M0068","Caibro de pinho - L = 7,5 cm e E = 10,0 cm","m",25.1296]
["M0069","Arame farpado em aço galvanizado - D = 1,60 mm","m",0.72640000000000005]
["M0071","Contêiner com 3 janelas para guarita - L = 2,44 m e C = 3,05 m (1/2 TEU)","un",42617.034500000002]
["M0072","Arame liso em aço galvanizado - D = 2,10 mm (14 BWG)","kg",15.728400000000001]
["M0073","Muda de árvore com altura de 0,30 a 0,80 m","un",15.372299999999999]
["M0074","Muda de arbusto com altura até 0,50 m","un",21.393999999999998]
["M0075","Arame liso recozido em aço-carbono - D = 1,24 mm (18 BWG)","kg",11.900700000000001]
["M0076","Disco de corte abrasivo para policorte - D = 300 mm","un",15.361499999999999]
["M0080","Areia fina","m³",134.24010000000001]
["M0081","Areia grossa","m³",117.97320000000001]
["M0082","Areia média lavada","m³",132.75299999999999]
["M0083","Argamassa pré-dosada para grauteamento","kg",1.8855]
["M0084","Argamassa pré-dosada autoadensável para grauteamento","kg",1.7037]
["M0085","Ancoragem ativa para 4 cordoalhas - D = 12,7 mm","un",382.15280000000001]
["M0086","Ancoragem ativa para 6 cordoalhas - D = 12,7 mm","un",492.41860000000003]
["M0087","Ancoragem ativa para 7 cordoalhas - D = 12,7 mm","un",569.15809999999999]
["M0088","Ancoragem ativa para 8 cordoalhas - D = 12,7 mm","un",699.24890000000005]
["M0089","Ancoragem ativa para 9 cordoalhas - D = 12,7 mm","un",751.8646]
["M0091","Ancoragem ativa para 10 cordoalhas - D = 12,7 mm","un",832.76459999999997]
["M0092","Ancoragem ativa para 12 cordoalhas - D = 12,7 mm","un",1053.886]
["M0093","Ancoragem ativa para 15 cordoalhas - D = 12,7 mm","un",1461.4816000000001]
["M0094","Ancoragem ativa para 19 cordoalhas - D = 12,7 mm","un",1858.9593]
["M0098","Bambu com diâmetro médio de 10 cm","m",21.776900000000001]
["M0099","Equipamentos para a fábrica de dormentes de concreto protendido","ISF",571.80200000000002]
["M0100","Ancoragem ativa para 22 cordoalhas - D = 12,7 mm","un",2405.5036]
["M0101","Ancoragem ativa para 27 cordoalhas - D = 12,7 mm","un",2932.2995999999998]
["M0102","Ancoragem ativa para 31 cordoalhas - D = 12,7 mm","un",3344.5025000000001]
["M0103","Aditivo acelerador de pega para concreto e argamassa projetados","kg",7.4825999999999997]
["M0104","Asfalto diluído de petróleo - CM-30","t","-"]
["M0105","Ancoragem ativa para 4 cordoalhas - D = 15,2 mm","un",472.471]
["M0106","Ancoragem ativa para 6 cordoalhas - D = 15,2 mm","un",626.88789999999995]
["M0107","Geocomposto para drenagem","m²",42.488999999999997]
["M0108","Ancoragem ativa para 7 cordoalhas - D = 15,2 mm","un",738.42150000000004]
["M0109","Geodreno vertical - L = 10 cm e E = 5 mm","m",5.18]
["M0110","Ancoragem ativa para 10 cordoalhas - D = 15,2 mm","un",1139.1174000000001]
["M0111","Ancoragem ativa para 9 cordoalhas - D = 15,2 mm","un",1014.5649]
["M0112","Disco diamantado segmentado para corte de pavimento - D = 1.000 mm","un",5880.8292000000001]
["M0113","Ancoragem ativa para 12 cordoalhas - D = 15,2 mm","un",1393.3879999999999]
["M0114","Disco diamantado segmentado para corte de pavimento - D = 1.500 mm","un",26164.9787]
["M0115","Biomanta vegetal de fibras de coco entrelaçadas com fios de polipropileno biodegradáveis - densidade 0,4 kg/m²","m²",6.5033000000000003]
["M0116","Mangote flangeado de borracha reforçada com lonas sintéticas - C = 1,80 m e D = 0,30 m","un",16646.348699999999]
["M0117","Mangote flangeado de borracha reforçada com lonas sintéticas - C = 1,80 m e D = 0,40 m","un",23062.057000000001]
["M0118","Mangote flangeado de borracha reforçada com lonas sintéticas - C = 1,80 m e D = 0,45 m","un",25487.047299999998]
["M0119","Mangote flangeado de borracha reforçada com lonas sintéticas - C = 1,80 m e D = 0,50 m","un",27615.620599999998]
["M0120","Tubo PEAD PE 100 PN 8 com flanges - D = 250 mm","m",315.66390000000001]
["M0121","Tubo PEAD PE 100 PN 8 com flanges - D = 400 mm","m",2026.5106000000001]
["M0122","Tubo PEAD PE 100 PN 8 com flanges - D = 450 mm","m",2545.3906999999999]
["M0123","Tubo PEAD PE 100 PN 8 com flanges - D = 500 mm","m",2850.2269000000001]
["M0124","Flutuador bipartido em polietileno com núcleo de espuma em poliuretano para tubos - D = 0,30 m","un",4344.3132999999998]
["M0125","Flutuador bipartido em polietileno com núcleo de espuma em poliuretano para tubos - D = 0,40 m","un",5970.8334000000004]
["M0126","Flutuador bipartido em polietileno com núcleo de espuma em poliuretano para tubos - D = 0,45 m","un",6884.7233999999999]
["M0127","Flutuador bipartido em polietileno com núcleo de espuma em poliuretano para tubos - D = 0,50 m","un",7395.4495999999999]
["M0128","Biomanta vegetal de fibras de palha entrelaçadas com fios de polipropileno biodegradáveis - densidade 0,6 kg/m²","m²",5.7]
["M0129","Retentor de sedimento em fibras vegetais - D = 20 cm","m",63.142400000000002]
["M0130","Ancoragem ativa para 15 cordoalhas - D = 15,2 mm","un",1832.0785000000001]
["M0131","Tubo PEAD corrugado com paredes estruturadas para drenagem - D = 400 mm","m",235.02199999999999]
["M0132","Tubo PEAD corrugado com paredes estruturadas para drenagem - D = 450 mm","m",292.73200000000003]
["M0133","Tubo PEAD corrugado com paredes estruturadas para drenagem - D = 500 mm","m",387.03269999999998]
["M0134","Tubo PEAD corrugado com paredes estruturadas para drenagem - D = 600 mm","m",564.09289999999999]
["M0135","Tubo PEAD corrugado com paredes estruturadas para drenagem - D = 750 mm","m",795.61789999999996]
["M0136","Tubo PEAD corrugado com paredes estruturadas para drenagem - D = 800 mm","m",841.44479999999999]
["M0137","Tubo PEAD corrugado com paredes estruturadas para drenagem - D = 900 mm","m",1065.9447]
["M0138","Ancoragem ativa para 19 cordoalhas - D = 15,2 mm","un",2385.1954999999998]
["M0139","Tubo PEAD corrugado com paredes estruturadas para drenagem - D = 1.000 mm","m",1477.2086999999999]
["M0140","Bentonita","kg",2.883]
["M0141","Tubo PEAD corrugado com paredes estruturadas para drenagem - D = 1.050 mm","m",1489.645]
["M0142","Tubo PEAD corrugado com paredes estruturadas para drenagem - D = 1.200 mm","m",2073.4157]
["M0143","Tubo PEAD corrugado com paredes estruturadas para drenagem - D = 1.500 mm","m",2318.0976999999998]
["M0145","Ancoragem ativa para 22 cordoalhas - D = 15,2 mm","un",3087.2730999999999]
["M0146","Ancoragem ativa para 27 cordoalhas - D = 15,2 mm","un",4045.4238]
["M0148","Ancoragem ativa para lajes para 1 cordoalha - D = 12,7 mm","un",92.636700000000005]
["M0151","Ancoragem ativa para lajes para 2 cordoalhas - D = 12,7 mm","un",164.7877]
["M0152","Ancoragem ativa para lajes para 3 cordoalhas - D = 12,7 mm","un",232.48849999999999]
["M0153","Ancoragem ativa para lajes para 4 cordoalhas - D = 12,7 mm","un",310.55849999999998]
["M0156","Bloco de concreto - L = 19 cm, A = 19 cm e C = 39 cm","un",4.9471999999999996]
["M0158","Tela metálica galvanizada dobrada em L - C = 2,0 m, L = 0,4 m e H = 0,4 m","un",471.64949999999999]
["M0160","Extintor de incêndio tipo espuma mecânica - V = 10 l","un",613.34230000000002]
["M0161","Barra de fibra de vidro (vergalhão) - D = 25,0 mm","m",60.979900000000001]
["M0162","Corrente de elo soldado em aço galvanizado com acabamento polido - D = 3,18 mm (1/8\")","m",7.0834999999999999]
["M0163","Gonzo com aba em aço galvanizado - D = 12,7 mm (1/2\")","un",2.9300999999999999]
["M0164","Tubo em aço galvanizado - E = 1,50 mm e seção de 20 x 20 mm","m",12.4976]
["M0166","Tubo em aço galvanizado - E = 2,25 mm e D = 20 mm (3/4\")","m",30.3416]
["M0167","Tela de poliamida industrial - E = 0,40 mm e malha de 1,6 mm","m²",14.952999999999999]
["M0168","Abraçadeira de poliamida - E = 3,6 mm e C = 200 mm","un",0.2152]
["M0169","Roda em aço e pneu com câmara de ar 83/203 mm (3,25\"/8\") para carrinho de mão","un",75.861000000000004]
["M0173","Ancoragem ativa para lajes para 1 cordoalha - D = 15,2 mm","un",103.3583]
["M0178","Ancoragem ativa para lajes para 2 cordoalhas - D = 15,2 mm","un",217.39160000000001]
["M0181","Ancoragem ativa para lajes para 3 cordoalhas - D = 15,2 mm","un",264.18200000000002]
["M0184","Ancoragem ativa para lajes para 4 cordoalhas - D = 15,2 mm","un",375.50940000000003]
["M0191","Brita 1","m³",131.93729999999999]
["M0192","Brita 2","m³",129.29990000000001]
["M0193","Brita 3","m³",126.7137]
["M0194","Escória de aciaria","m³",12.8667]
["M0198","Parafuso de cabeça chata em aço - D = 4,5 mm e bucha plástica - D = 8 mm (S8)","un",0.34399999999999997]
["M0199","Coroa de botões cruzados linha R32 - D = 43 mm (1 11/16’’)","un",319.7346]
["M0201","Coroa de botões esféricos linha T38 - D = 89 mm (3 1/2\")","un",836.01139999999998]
["M0202","Coroa de botões esféricos linha T45 - D = 76 mm (3\")","un",678.46990000000005]
["M0204","Instalações físicas para a central de pré-moldagem de dormentes de concreto protendido","CMCC",1674.24]
["M0217","Enxofre","kg",4.4000000000000004]
["M0220","Adubo à base de nitrogênio, fósforo e potássio (NPK)","kg",3.2774000000000001]
["M0222","Filer calcário","kg",0.19939999999999999]
["M0223","Sementes para hidrossemeadura","kg",33.9]
["M0224","Guia-chapéu pré-moldada - C = 120 cm","un",63]
["M0225","Adubo orgânico composto","kg",0.24590000000000001]
["M0229","Gabião tipo colchão em liga de zinco e alumínio revestido com polímero de malha hexagonal - E = 0,17 m","m²",209.04419999999999]
["M0230","Gabião tipo caixa em liga de zinco e alumínio de malha hexagonal - C = 2,00 m, L = 1,00 m e H = 0,50 m","un",641.45550000000003]
["M0231","Gabião tipo caixa em liga de zinco e alumínio de malha hexagonal - C = 2,00 m, L = 1,00 m e H = 1,00 m","un",993.63689999999997]
["M0232","Gabião tipo caixa em liga de zinco e alumínio revestido com polímero de malha hexagonal - C = 2,00 m, L = 1,00 m e H = 0,50 m","un",794.99419999999998]
["M0233","Gabião tipo caixa em liga de zinco e alumínio revestido com polímero de malha hexagonal - C = 2,00 m, L = 1,00 m e H = 1,00 m","un",1113.4686999999999]
["M0234","Gabião tipo saco em liga de zinco e alumínio revestido com polímero de malha hexagonal - D = 0,65 m","m³",576.20240000000001]
["M0235","Gabião tipo colchão em liga de zinco e alumínio revestido com polímero de malha hexagonal - E = 0,23 m","m²",220.33959999999999]
["M0236","Gabião tipo colchão em liga de zinco e alumínio revestido com polímero de malha hexagonal - E = 0,30 m","m²",240.7945]
["M0237","Energia elétrica","kWh",0.99729999999999996]
["M0253","Cabo de cobre flexível antichama isolado em PVC - tensão de 450/750 V e seção de 16 mm²","m",14.099500000000001]
["M0254","Mistura gasosa de argônio e dióxido de carbono para solda MIG/MAG","m³",50.034300000000002]
["M0256","Tinta à base de etil silicato de zinco bicomponente para fundo preparador de pintura","l",87.758399999999995]
["M0257","Diluente para tinta à base de etil silicato de zinco","l",33.9452]
["M0260","Cabo de cobre PP flexível isolado em PVC - tensão de 300/500 V e seção de 3 x 1,5 mm²","m",4.8699000000000003]
["M0264","Bomba de combustível industrial eletrônica simples","un",25709.945800000001]
["M0265","Tanque de combustível aéreo horizontal com escada para visita - capacidade de 5.000 l","un",20601.088500000002]
["M0266","Cabo de cobre flexível antichama isolado em PVC - tensão de 0,6/1,0 kV e seção de 240 mm²","m",152.01910000000001]
["M0267","Módulo de torre de elevador de cremalheira","un",3975.0731000000001]
["M0268","Módulo de ancoragem de torre de elevador de cremalheira","un",2998.2574]
["M0269","Cabo de cobre flexível antichama isolado em PVC - tensão de 0,6/1,0 kV e seção de 50 mm²","m",37.038400000000003]
["M0284","Caibro de pinho - L = 7,5 cm e E = 7,5 cm","m",17.950099999999999]
["M0285","Pontalete para escoramento - D = 15 cm","m",8.5399999999999991]
["M0286","Tábua - E = 2,5 cm e L = 30 cm","m",19.2529]
["M0289","Tábua - E = 2,5 cm e L = 15 cm","m",8.8678000000000008]
["M0290","Tábua - E = 2,5 cm e L = 10 cm","m",5.5774999999999997]
["M0291","Estrutura modular com 2 banheiros - L = 2,44 m e C = 6,06 m (1 TEU)","un",80138.644700000004]
["M0292","Estrutura modular com janela - L = 2,44 m e C = 6,06 m (1 TEU)","un",73492.239799999996]
["M0293","Estrutura modular com janela - L = 4,88 m e C = 6,06 m (1 TEU duplo)","un",121064.11109999999]
["M0294","Estrutura modular com janela e 2 banheiros - L = 4,88 m e C = 6,06 m (1 TEU duplo)","un",121611.5019]
["M0295","Estrutura modular com revestimento térmico, janela e banheiro - L = 2,44 m e C = 6,06 m (1 TEU)","un",72679.016300000003]
["M0296","Estrutura modular com revestimento térmico, janela e banheiro - L = 2,44 m e C = 12,19 m (2 TEU)","un",144596.71]
["M0297","Estrutura modular com 3 janelas para guarita - L = 2,44 m e C = 3,05 m (1/2 TEU)","un",48949.403400000003]
["M0301","Pontalete para escoramento - D = 10 cm","m",3.7974000000000001]
["M0310","Peça de madeira - L = 7,5 cm e E = 2,5 cm","m",6.0349000000000004]
["M0311","Filtro de aspiração de ar externo com capacidade 3,58 l/s para compressor de ar respirável ","un",200.48859999999999]
["M0312","Filtro de purificação de ar comprimido com capacidade de 35 MPa para compressor de ar respirável ","un",222.6208]
["M0344","Cal hidratada - a granel","kg",0.53580000000000005]
["M0345","Cal hidratada - saco","kg",0.85829999999999995]
["M0346","Disco de aço para bomba de projeção via seca","un",369.38850000000002]
["M0347","Disco de aço para bomba de projeção via úmida","un",1372.9972]
["M0348","Disco de borracha para bomba de projeção via seca","un",284.99419999999998]
["M0349","Disco de borracha para bomba de projeção via úmida","un",639.65300000000002]
["M0350","Bico para bomba de projeção","un",291.85550000000001]
["M0351","Mangote para bomba de projeção","m",294.80860000000001]
["M0364","Perfil cartola em aço carbono SAE 1010/1020 galvanizado - 50 x 70 x 3 mm - aba 20 mm","m",131.65270000000001]
["M0365","Cantoneira em ferro de abas iguais - L = 25,4 mm e E = 4,76 mm","kg",9.7922999999999991]
["M0366","Cantoneira em aço ASTM A36 galvanizado","kg",9.3709000000000007]
["M0375","Serra copo com suporte para furadeira para chapas de até 3 mm - D = 25 mm","un",111.76]
["M0395","Chapa de alumínio - E = 1,5 mm","m²",196.85470000000001]
["M0408","Chumbador de expansão controlada por torque em aço zincado para concreto - D = 12,5 mm","un",8.9944000000000006]
["M0409","Chumbador de expansão controlada por torque em aço zincado para concreto - D = 6,3 mm","un",0.99209999999999998]
["M0410","Chumbador de expansão controlada por torque em aço zincado para concreto - D = 20,0 mm","un",15.521800000000001]
["M0411","Chumbador de expansão controlada por torque em aço zincado para concreto - D = 10,0 mm","un",3.3258000000000001]
["M0412","Chumbador de expansão controlada por torque em aço zincado para concreto - D = 16,0 mm","un",11.1995]
["M0413","Chumbador de expansão controlada por torque em aço zincado para concreto - D = 25,0 mm","un",29.3627]
["M0421","Argamassa expansiva para desmonte de rocha e demolição de concreto","kg",11.5489]
["M0424","Cimento Portland CP II - 32 - saco","kg",0.61739999999999995]
["M0427","Cordoalha nua tipo CP 190 RB - D = 12,7 mm","kg",10.799300000000001]
["M0428","Cordoalha nua tipo CP 190 RB - D = 15,2 mm","kg",10.799300000000001]
["M0429","Perfil de alumínio tipo L421 para placa de sinalização - seção de 33 x 40 mm","m",14.7051]
["M0434","Tirante de barra de aço - tensão de escoamento = 950 MPa, tensão de ruptura = 1.050 MPa e D = 32 mm","m",266.39580000000001]
["M0442","Compensado plastificado - E = 10 mm","m²",45.454500000000003]
["M0443","Compensado plastificado - E = 12 mm","m²",53.305700000000002]
["M0444","Luva em aço para emenda tipo prensada - D = 12,5 mm","un",17.606300000000001]
["M0445","Luva em aço para emenda tipo prensada - D = 16,0 mm","un",24.927199999999999]
["M0446","Compensado resinado - E = 10 mm","m²",31.4876]
["M0447","Compensado resinado - E = 12 mm","m²",38.3583]
["M0448","Compensado resinado - E = 14 mm","m²",43.319499999999998]
["M0450","Compensado de virola - E = 6 mm","m²",40.603099999999998]
["M0451","Concreto usinado - fck = 20 MPa (comercial)","m³","-"]
["M0452","Concreto usinado - fck = 25 MPa (comercial)","m³","-"]
["M0453","Concreto usinado - fck = 30 MPa (comercial)","m³","-"]
["M0454","Concreto usinado - fck = 35 MPa (comercial)","m³","-"]
["M0459","Compensado plastificado - E = 14 mm","m²",57.0627]
["M0467","Luva em aço para emenda tipo prensada - D = 20,0 mm","un",34.94]
["M0468","Luva em aço para emenda tipo prensada - D = 25,0 mm","un",63.266500000000001]
["M0469","Luva em aço para emenda tipo prensada - D = 32,0 mm","un",139.483]
["M0470","Luva em aço para emenda com rosca cônica - D = 12,5 mm","un",14.613899999999999]
["M0471","Luva em aço para emenda com rosca cônica - D = 16,0 mm","un",25.3781]
["M0472","Luva em aço para emenda com rosca cônica - D = 20,0 mm","un",33.808599999999998]
["M0481","Luva em aço para emenda com rosca cônica - D = 25,0 mm","un",45.717799999999997]
["M0502","Luva em aço para emenda com rosca cônica - D = 32,0 mm","un",67.126000000000005]
["M0505","Broca de widia - D = 6,5 mm e C = 100 mm","un",4.0983000000000001]
["M0506","Broca de widia - D = 8 mm e C = 120 mm","un",7.4787999999999997]
["M0511","Abrasivo tipo granalha de aço","kg",10.7554]
["M0512","Bico venturi longo - D = 7,9 mm (5/16\")","un",555.24969999999996]
["M0521","Laminado elastoplástico - E = 1,5 mm","m²",196.10839999999999]
["M0532","Escora tubular galvanizada regulável telescópica para tunnel liner - L = 2,42 a 4,00 m e capacidade de 1.750 a 625 kg","kg",19.5044]
["M0533","Escora tubular galvanizada regulável - L = 3,00 a 4,50 m e capacidade de 2.100 a 750 kg","un",194.9546]
["M0534","Escora tubular galvanizada regulável - L = 2,00 a 3,10 m e capacidade de 3.200 a 1.500 kg","un",142.0934]
["M0536","Quadro tubular contraventado com acessórios - C = 1,00 m, L = 1,00 m e H = 1,25 m","un",521.17330000000004]
["M0537","Sapata ajustável para andaime - base quadrada de 15 x 15 cm","un",91.160899999999998]
["M0538","Escada metálica tipo marinheiro para andaime","m",141.2354]
["M0539","Quadro tubular contraventado para andaime - H = 100 cm e L = 100 cm","un",182.2612]
["M0540","Quadro tubular contraventado para andaime - H = 100 cm e L = 150 cm","un",241.8698]
["M0541","Quadro tubular contraventado para andaime - H = 100 cm e L = 200 cm","un",256.32330000000002]
["M0542","Diagonal tubular para andaime - C = 141 cm","un",74.523399999999995]
["M0543","Diagonal tubular para andaime - C = 212 cm","un",82.573800000000006]
["M0544","Diagonal tubular para andaime - C = 283 cm","un",87.797799999999995]
["M0545","Plataforma metálica de piso para andaime - C = 100 e L = 33 cm","un",214.8681]
["M0546","Plataforma metálica de piso para andaime - C = 150 e L = 37 cm","un",234.69390000000001]
["M0547","Plataforma metálica de piso para andaime - C = 200 e L = 33 cm","un",288.30279999999999]
["M0548","Quadro tubular tipo guarda-corpo para andaime - H = 120 cm e L = 100 cm","un",211.7672]
["M0549","Quadro tubular tipo guarda-corpo com acessórios para andaime - H = 120 cm e L = 150 cm","un",259.52339999999998]
["M0550","Quadro tubular tipo guarda-corpo com acessórios para andaime - H = 120 cm e L = 200 cm","un",363.83690000000001]
["M0560","Desmoldante para fôrmas de madeira","l",12.8818]
["M0562","Abraçadeira giratória em aço galvanizado para escada multidirecional - D = 48 mm","un",64.345799999999997]
["M0563","Tubo em aço galvanizado para escada multidirecional - C = 100 cm","un",89.742099999999994]
["M0564","Peça base em aço galvanizado para escada multidirecional - C = 33 cm","un",132.77000000000001]
["M0565","Poste vertical em aço galvanizado para escada multidirecional - C = 100 cm","un",257.77249999999998]
["M0566","Poste vertical em aço galvanizado para escada multidirecional - C = 200 cm","un",409.76119999999997]
["M0567","Travessa em aço galvanizado para escada multidirecional - C = 75 cm","un",166.42570000000001]
["M0568","Travessa em aço galvanizado para escada multidirecional - C = 150 cm","un",311.565]
["M0569","Travessa em aço galvanizado para escada multidirecional - C = 250 cm","un",405.59980000000002]
["M0570","Diagonal em aço galvanizado para escada multidirecional - C = 150 cm para módulos de H = 200 cm","un",282.33659999999998]
["M0571","Diagonal em aço galvanizado para escada multidirecional - C = 250 cm para módulos de H = 200 cm","un",317.04500000000002]
["M0572","Piso em aço galvanizado para escada multidirecional - L = 32 cm e C = 150 cm","un",552.19370000000004]
["M0573","Escada de alumínio para escada multidirecional - H = 200 cm e C = 250 cm","un",5716.3220000000001]
["M0574","Corrimão externo em alumínio para escada multidirecional - C = 250 cm","un",945.90970000000004]
["M0575","Corrimão interno em alumínio para escada multidirecional - C = 250 cm","un",1429.076]
["M0576","Conexão tubular em aço galvanizado com semiabraçadeira para travessas - C = 30 cm e D = 48,3 mm","un",307.56889999999999]
["M0601","Ponteiro para martelete - D = 32 mm e C = 1,00 m","un",758.82429999999999]
["M0602","Ponteiro para rompedor hidráulico de 1.700 kg","un",7218.9351999999999]
["M0603","Ponteiro para rompedor hidráulico de 520 kg","un",5880.7691999999997]
["M0614","Concreto usinado - fctM,k = 4,5 MPa (comercial)","m³","-"]
["M0615","Aditivo incorporador de ar para concreto e argamassa","kg",7.1772999999999998]
["M0639","Bico para corte a plasma CNC - 130A","un",139.9042]
["M0640","Bocal para corte a plasma CNC - 130A","un",114.56140000000001]
["M0641","Capa do bico para corte a plasma CNC - 130A","un",1464.3333]
["M0642","Capa do bocal para corte a plasma CNC - 130A","un",730.26059999999995]
["M0643","Distribuidor de gás para corte a plasma CNC - 130A","un",207.43]
["M0644","Eletrodo para corte a plasma CNC - 130A","un",119.7398]
["M0645","Tubo de água para corte a plasma CNC - 130A","un",196.62]
["M0646","Estaca pré-moldada de concreto protendido com compressão admissível de 100 t","m",244.4494]
["M0647","Estaca pré-moldada de concreto protendido com compressão admissível de 25 t","m",84.394400000000005]
["M0648","Estaca pré-moldada de concreto protendido com compressão admissível de 35 t","m",107.1897]
["M0649","Estaca pré-moldada de concreto protendido com compressão admissível de 60 t","m",124]
["M0650","Estaca pré-moldada de concreto protendido com compressão admissível de 75 t","m",174.39769999999999]
["M0666","Martelo de fundo DTH - DN = 76 mm (3\")","un",8651.8348999999998]
["M0667","Martelo de fundo DTH - DN = 127 mm (5\")","un",12383.6677]
["M0668","Martelo de fundo DTH - DN = 152 mm (6\")","un",18557.920999999998]
["M0669","Martelo de fundo DTH - DN = 203 mm (8\")","un",30953.0537]
["M0673","Estaca pré-moldada de concreto armado centrifugado com compressão admissível de 55 t","m",175.1208]
["M0677","Estaca pré-moldada de concreto armado centrifugado com compressão admissível de 80 t","m",243.2568]
["M0682","Aço em perfis ASTM A36","kg",8.8501999999999992]
["M0686","Estaca pré-moldada de concreto armado centrifugado com compressão admissível de 100 t","m",264.09660000000002]
["M0713","Cinta com cerdas de aço","un",350.27859999999998]
["M0714","Tinta de acabamento poliuretano acrílico alifático brilhante bicomponente","l",126.11409999999999]
["M0715","Tinta selante epóxi vinílico bicomponente curada com poliamida","l",139.1523]
["M0716","Tinta anti-incrustante livre de estanho","l",204.02690000000001]
["M0717","Tinta à base de resina epóxi bicomponente para fundo preparador de pintura","l",275.91789999999997]
["M0718","Tinta esmalte à base de resina epóxi bicomponente","l",61.753599999999999]
["M0719","Diluente epóxi","l",35.785200000000003]
["M0721","Tinta anticorrosiva zarcão para fundo preparador de pintura","l",56.576300000000003]
["M0722","Estaca pré-moldada de concreto armado centrifugado com compressão admissível de 125 t","m",335.11439999999999]
["M0729","Fixador de cal para pintura","l",3.9575999999999998]
["M0734","Estaca pré-moldada de concreto armado centrifugado com compressão admissível de 170 t","m",475.6995]
["M0741","Grama tipo batatais","m²",4.1153000000000004]
["M0745","Grampo em aço galvanizado para cerca - C = 25,4 mm e E = 3,76 mm (1\" x 9 BWG)","kg",11.230499999999999]
["M0755","Estaca pré-moldada de concreto armado centrifugado com compressão admissível de 230 t","m",604.89390000000003]
["M0756","Estaca pré-moldada de concreto armado centrifugado com compressão admissível de 300 t","m",723.10990000000004]
["M0767","Sinalizador a LED com bateria","un",219.4965]
["M0769","Lona plástica - E = 200 micra","m²",1.5507]
["M0771","Cavalete em polietileno zebrado com faixa refletiva","un",355]
["M0773","Perfil de alumínio tipo L463 para placa de sinalização - seção de 50 x 50 mm","m",54.2804]
["M0783","Massa asfáltica comercial - capa de rolamento","t","-"]
["M0784","Massa asfáltica comercial - binder","t","-"]
["M0786","Placa de poliestireno expandido (EPS)","m³",343.22710000000001]
["M0787","Suporte em aço-carbono galvanizado tipo perfil C para placa de sinalização","kg",29.461200000000002]
["M0789","Conjunto para fixação de placas em aço galvanizado composto por barra chata, abraçadeira, parafusos, porcas e arruelas","kg",30.132200000000001]
["M0796","Semipórtico metálico para vão de 8,3 m e vento de 35 m/s","un",57536.1]
["M0798","Apoio de neoprene fretado","dm³",107.5676]
["M0804","Cabo de aço - D = 12,70 mm (1/2\")","m",31.191400000000002]
["M0805","Semipórtico duplo metálico para vão de 2 x 8,3 m e vento de 35 m/s","un",97236.008900000001]
["M0808","Brita 4","m³",126.0736]
["M0809","Cabo de aço - D = 6,35 mm (1/4\")","m",12.120799999999999]
["M0810","Cabo de aço - D = 52,00 mm (2\")","m",809.11009999999999]
["M0812","Sapatilha em aço inox - D = 6,35 mm (1/4\")","un",3.8191000000000002]
["M0818","Semipórtico metálico para vão de 8,3 m e vento de 40 m/s","un",65188.715300000003]
["M0824","Semipórtico duplo metálico para vão de 2 x 8,3 m e vento de 40 m/s","un",108040.0099]
["M0831","Pórtico metálico para vão de 15,9 m e vento de 40 m/s","un",110449.92479999999]
["M0848","Semipórtico metálico para vão de 8,3 m e vento de 45 m/s","un",70321.899999999994]
["M0849","Corda de sisal - D = 12,0 mm","m",2.4823]
["M0851","Grampo leve em aço-carbono para cabo de aço - D = 6,3 mm (1/4\")","un",1.0848]
["M0852","Poste de concreto - carga nominal de 800 daN, H = 15 m e D = 520 mm","un",6316.5707000000002]
["M0858","Semipórtico duplo metálico para vão de 2 x 8,3 m e vento de 45 m/s","un",118844.01089999999]
["M0865","Pórtico metálico para vão de 15,9 m e vento de 45 m/s","un",118498.6]
["M0868","Lâmpada fluorescente compacta eletrônica - potência de 20 W","un",11.32]
["M0875","Manta asfáltica não-tecido em poliéster - E = 3 mm","m²",39.570999999999998]
["M0876","Manta asfáltica não-tecido em poliéster - E = 4 mm","m²",47.685600000000001]
["M0879","Lixa para ferro Nº 150","un",2.8969]
["M0942","Estaca prancha metálica","kg",15.398300000000001]
["M0945","Parafuso de cabeça sextavada em aço galvanizado com porca e arruela de pressão - D = 6,35 mm (1/4\")","cj",0.56359999999999999]
["M0946","Aço em perfis ASTM A572 grau 50","kg",12.8207]
["M0947","Parafuso de cabeça sextavada em aço galvanizado com porca e arruela de pressão - D = 9,525 mm (3/8\")","cj",1.6987000000000001]
["M0948","Arruela lisa em aço ASTM F436 para parafuso - D = 12,7 mm","un",1.111]
["M0949","Arruela lisa em aço ASTM F436 para parafuso - D = 16,0 mm","un",1.5149999999999999]
["M0950","Arruela lisa em aço ASTM F436 para parafuso - D = 20,0 mm","un",1.7887999999999999]
["M0951","Parafuso de cabeça sextavada em aço ASTM A325 de alta resistência com rosca parcial - D = 12,7 mm e C = 38,10 mm","un",2.7623000000000002]
["M0952","Parafuso de cabeça sextavada em aço ASTM A325 de alta resistência com rosca parcial - D = 12,7 mm e C = 44,45 mm","un",2.9157999999999999]
["M0953","Parafuso de cabeça sextavada em aço ASTM A325 de alta resistência com rosca parcial - D = 12,7 mm e C = 50,80 mm","un",3.1998000000000002]
["M0954","Parafuso de cabeça sextavada em aço ASTM A325 de alta resistência com rosca parcial - D = 12,7 mm e C = 57,15 mm","un",3.3586999999999998]
["M0955","Parafuso de cabeça sextavada em aço ASTM A325 de alta resistência com rosca parcial - D = 16 mm e C = 44,45 mm","un",4.9081999999999999]
["M0956","Parafuso de cabeça sextavada em aço ASTM A325 de alta resistência com rosca parcial - D = 16 mm e C = 50,80 mm","un",5.3529]
["M0957","Parafuso de cabeça sextavada em aço ASTM A325 de alta resistência com rosca parcial - D = 16 mm e C = 63,50 mm","un",6.8106]
["M0958","Parafuso de cabeça sextavada em aço ASTM A325 de alta resistência com rosca parcial - D = 20 mm e C = 50,80 mm","un",7.5564]
["M0959","Parafuso de cabeça sextavada em aço ASTM A325 de alta resistência com rosca parcial - D = 20 mm e C = 57,15 mm","un",8.5571000000000002]
["M0960","Parafuso de cabeça sextavada em aço ASTM A325 de alta resistência com rosca parcial - D = 20 mm e C = 63,50 mm","un",10.104699999999999]
["M0961","Parafuso de cabeça sextavada em aço ASTM A325 de alta resistência com rosca parcial - D = 20 mm e C = 76,20 mm","un",10.4826]
["M0962","Tubo em aço galvanizado - E = 2,00 mm e D = 50,80 mm (2\")","m",24.556000000000001]
["M0963","Tubo em aço galvanizado - E = 3,00 mm e seção de 80 x 80 mm","m",64.931399999999996]
["M0964","Aço em perfis ASTM A572 grau 50 perfurado","kg",13.2561]
["M0965","Pino conector de cisalhamento para laje steel deck - D = 19 mm e C = 80 mm","un",7.5133000000000001]
["M0966","Porca sextavada pesada em aço ASTM A194 grau 2H para parafuso - D = 12,7 mm","un",1.4384999999999999]
["M0967","Porca sextavada pesada em aço ASTM A194 grau 2H para parafuso - D = 16 mm","un",2.7328999999999999]
["M0968","Porca sextavada pesada em aço ASTM A194 grau 2H para parafuso - D = 20 mm","un",4.2969999999999997]
["M0969","Steel deck em aço galvanizado ASTM A653 grau 40","m²",184.88310000000001]
["M0970","Chapa de aço ASTM A572 grau 50 cortada e perfurada","kg",18.4955]
["M0971","Suporte em aço-carbono para corrimão de guarda-corpo metálico","un",23.000399999999999]
["M0972","Fluido de resfriamento para usinagem de metais","l",22.479099999999999]
["M0998","Madeira estrutural de eucalipto","m³",2164.6799999999998]
["M0999","Tela em aço CA 60 soldada nervurada","kg",8.4659999999999993]
["M1000","Tela em aço galvanizado para alambrado - E = 1,64 mm (BWG 16) e malha de 50 mm","m²",20.421700000000001]
["M1001","Tela em aço galvanizado para passarelas rodoviárias - E = 2,75 mm e malha de 50 mm","m²",62.988700000000001]
["M1010","Manta de PVC reforçada com tela de poliéster - E = 1,2 mm","m²",127.0654]
["M1011","Manta de PVC reforçada com tela de poliéster - E = 1,5 mm","m²",171.42189999999999]
["M1022","Massa para vidro","kg",3.8551000000000002]
["M1066","Cera de proteção para ancoragem de estais","kg",29.565899999999999]
["M1078","Parafuso de cabeça sextavada em aço inox - D = 12,7 mm (1/2\") e C = 127,0 mm (5\")","un",5.2347999999999999]
["M1079","Parafuso de cabeça sextavada em aço galvanizado tipo autoatarrachante com arruela de vedação - D = 6,3 mm e C = 19 mm","un",0.4501]
["M1097","Pedra de mão ou rachão","m³",108.27070000000001]
["M1103","Pedrisco","m³",133.12450000000001]
["M1118","Cruzeta de madeira para poste - H = 240 cm","un",190.5]
["M1129","Junta de dilatação em perfil extrudado de borracha vulcanizada","m","-"]
["M1130","Selante elástico à base de poliuretano","kg",101.34050000000001]
["M1131","Cordão de polietileno expandido de baixa densidade - D = 15,0 mm","m",0.7026]
["M1132","Junta de dilatação em elastômero e perfil VV - L = 20 mm e H = 40 mm","m",162.02500000000001]
["M1134","Junta de dilatação em elastômero e perfil VV - L = 25 mm e H = 50 mm","m",192.8]
["M1135","Pó de pedra","m³",100.77070000000001]
["M1136","Cordão de polietileno expandido de baixa densidade - D = 10,0 mm","m",0.2213]
["M1142","Junta de dilatação em elastômero e perfil VV - L = 35 mm e H = 60 mm","m",268.8]
["M1150","Adesivo estrutural à base de resina epóxi bicomponente tipo ADE-52 ou similar","kg",128.77520000000001]
["M1151","Junta de dilatação em elastômero e perfil VV - L = 40 mm e H = 70 mm","m",384.47500000000002]
["M1152","Junta de dilatação em elastômero e perfil VV - L = 50 mm e H = 80 mm","m",393.75]
["M1176","Arame liso em aço galvanizado - D = 1,65 mm (16 BWG)","kg",16.4026]
["M1205","Prego de ferro","kg",16.047699999999999]
["M1210","Pórtico metálico para vão de 15,9 m e vento de 35 m/s","un",96953.4]
["M1218","Projetor externo em alumínio fundido para lâmpada de até 2.000 W","un",562.40269999999998]
["M1242","Coroa diamantada - D = 15,87 mm (5/8\")","un",283.7627]
["M1243","Coroa diamantada - D = 19,50 mm (3/4\")","un",288.49009999999998]
["M1244","Coroa diamantada - D = 25,40 mm (1\")","un",336.22609999999997]
["M1245","Barra em aço SAE 1010/1020 roscada - D = 9,5 mm (3/8\")","m",9.7432999999999996]
["M1300","Roller bit - Tooth cutter - série 8 - D = 700 mm","un",218038.34719999999]
["M1301","Roller bit - Tooth cutter - série 8 - D = 800 mm","un",234380.06289999999]
["M1302","Roller bit - Tooth cutter - série 8 - D = 900 mm","un",250794.36629999999]
["M1303","Roller bit - Tooth cutter - série 8 - D = 1.000 mm","un",279664.63419999997]
["M1304","Roller bit - Tooth cutter - série 8 - D = 1.100 mm","un",309519.80129999999]
["M1305","Roller bit - Tooth cutter - série 8 - D = 1.200 mm","un",314554.02630000003]
["M1306","Roller bit - Tooth cutter - série 8 - D = 1.300 mm","un",404520.74550000002]
["M1307","Roller bit - Tooth cutter - série 13 - D = 1.400 mm","un",411104.71879999997]
["M1308","Roller bit - Tooth cutter - série 13 - D = 1.500 mm","un",461007.09590000001]
["M1309","Roller bit - Tooth cutter - série 13 - D = 1.600 mm","un",505286.39750000002]
["M1310","Roller bit - Tooth cutter - série 13 - D = 1.700 mm","un",519138.42019999999]
["M1311","Roller bit - Tooth cutter - série 13 - D = 1.800 mm","un",562057.57440000004]
["M1312","Roller bit - Tooth cutter - cantilever - D = 600 mm","un",185906.83689999999]
["M1313","Roller bit - TCI button cutter - cantilever - D = 600 mm","un",190778.0778]
["M1314","Roller bit - TCI button cutter - série 8 - D = 700 mm","un",205384.99780000001]
["M1315","Roller bit - TCI button cutter - série 8 - D = 800 mm","un",219987.8364]
["M1316","Roller bit - TCI button cutter - série 8 - D = 900 mm","un",234616.90650000001]
["M1317","Roller bit - TCI button cutter - série 8 - D = 1.000 mm","un",260028.1464]
["M1318","Roller bit - TCI button cutter - série 8 - D = 1.100 mm","un",286407.4117]
["M1319","Roller bit - TCI button cutter - série 8 - D = 1.200 mm","un",291361.28860000003]
["M1320","Roller bit - TCI button cutter - série 8 - D = 1.300 mm","un",312535.54729999998]
["M1321","Roller bit - TCI button cutter - série 13 - D = 1.400 mm","un",319007.0331]
["M1322","Roller bit - TCI button cutter - série 13 - D = 1.500 mm","un",340494.84139999998]
["M1323","Roller bit - TCI button cutter - série 13 - D = 1.600 mm","un",390300.2022]
["M1324","Roller bit - TCI button cutter - série 13 - D = 1.700 mm","un",403923.23200000002]
["M1325","Roller bit - TCI button cutter - série 13 - D = 1.800 mm","un",435492.81939999998]
["M1328","Ripa de madeira - E = 4,0 cm e L = 1,5 cm","m",2.0895999999999999]
["M1337","Série de brocas integrais S11","un",799.26779999999997]
["M1341","Parafuso de cabeça sextavada em aço galvanizado - D = 15,875 mm (5/8\") e C = 101,600 mm (4\")","un",4.7778]
["M1350","Muda de árvore ornamental com altura de 2,00 a 3,00 m","un",91.417599999999993]
["M1351","Muda de árvore ornamental com altura de 1,00 a 2,00 m","un",84.326599999999999]
["M1356","Muda de árvore ornamental com altura até 1,00 m","un",29.355399999999999]
["M1358","Sarrafo em madeira de terceira - E = 2,5 cm e L = 5 cm","m",2.7850999999999999]
["M1359","Muda de árvore frutífera com altura de 2,00 a 3,00 m","un",208.5421]
["M1360","Muda de árvore frutífera com altura de 1,00 a 2,00 m","un",82.623999999999995]
["M1361","Muda de árvore frutífera com altura até 1,00 m","un",36.752400000000002]
["M1362","Tapete de floríferas com altura até 0,50 m","m²",60.375700000000002]
["M1364","Herbicida glifosato para aplicação localizada","l",26.723400000000002]
["M1366","Desengraxante líquido biodegradável","l",28.133600000000001]
["M1367","Chapa fina em aço galvanizado","kg",11.576599999999999]
["M1368","Pingadeira de elastômero com aba inclinada - L = 40 mm e H = 40 mm","m",167.37280000000001]
["M1369","Selador acrílico para pintura","l",8.5372000000000003]
["M1370","Aditivo látex de polímero SBR para concreto e argamassa","l",7.5015000000000001]
["M1376","Chapa fina em aço ASTM A36","kg",9.9207999999999998]
["M1377","Treliça nervurada eletrossoldada em aço CA 60","kg",9.3579000000000008]
["M1378","Chapa grossa em aço ASTM A36","kg",9.2326999999999995]
["M1379","Argamassa polimérica monocomponente para reparos estruturais","kg",5.3792999999999997]
["M1382","Areia grossa lavada","m³",119.383]
["M1383","Areia fina lavada","m³",169.3135]
["M1384","Tubo em aço-carbono com funil cônico tremonha para lançamento de concreto","kg",25.972100000000001]
["M1385","Disco de corte diamantado para concreto e asfalto - D = 350 mm","un",487.2346]
["M1387","Adesivo estrutural à base de resina epóxi de média viscosidade","kg",61.114800000000002]
["M1388","Cordoalha tipo CP 177 RB para estais - D = 15,7 mm","kg",24.818200000000001]
["M1390","Adesivo estrutural à base de resina epóxi de baixa viscosidade","kg",178.28729999999999]
["M1391","Ponteiro para martelete - D = 22 mm e C = 1,00 m","un",421.55309999999997]
["M1397","Eletrodo revestido E60XX","kg",33.928699999999999]
["M1398","Vareta em aço-carbono para solda oxiacetileno AWS A 5.2 R45","kg",34.622999999999998]
["M1399","Broca de widia - D = 14 mm e C = 150 mm","un",30.175799999999999]
["M1400","Adesivo estrutural à base de resina epóxi de alta viscosidade","kg",57.338700000000003]
["M1401","Bico de adesão para injeção de adesivo estrutural à base de resina epóxi","un",7.8571]
["M1402","Bico de perfuração para injeção de adesivo estrutural à base de resina epóxi","un",5.5387000000000004]
["M1404","Aplicador manual de adesivo estrutural","un",2942.848]
["M1405","Disco diamantado para desbaste - D = 180 mm","un",494.51900000000001]
["M1406","Broca de aço rápido - D = 12,5 mm e C = 151 mm","un",35.168900000000001]
["M1408","Grelha metálica para canaletas - C = 1,00 m e L = 0,30 m","un",401.78620000000001]
["M1409","Porta-grelha metálica - C = 1,00 m e L = 0,30 m","m",100.9842]
["M1429","Tábua de pinho de terceira - E = 2,5 cm","m²",59.94]
["M1432","Tampão de ferro fundido articulado para águas pluviais - DN 600 classe 400","un",619.66319999999996]
["M1433","Grelha metálica para canaletas - C = 0,50 m e L = 0,50 m","un",315.779]
["M1434","Porta-grelha metálica - C = 0,50 m e L = 0,50 m","m",171.81190000000001]
["M1446","Geogrelha bidirecional em polipropileno extrudado - resistência à tração de 30 kN/m, deformação inferior a 5% e malha de 36 x 34 mm","m²",35.101399999999998]
["M1447","Geogrelha unidirecional em poliéster - resistência à tração longitudinal de 50 kN/m","m²",22.250699999999998]
["M1448","Geogrelha unidirecional em poliéster - resistência à tração longitudinal de 90 kN/m","m²",28.361000000000001]
["M1449","Geogrelha unidirecional em poliéster - resistência à tração longitudinal de 100 kN/m","m²",29.325099999999999]
["M1450","Geogrelha unidirecional em poliéster - resistência à tração longitudinal de 150 kN/m","m²",31.354700000000001]
["M1451","Geogrelha unidirecional em poliéster - resistência à tração longitudinal de 200 kN/m","m²",41.024999999999999]
["M1452","Geogrelha unidirecional em poliéster - resistência à tração longitudinal de 300 kN/m","m²",60.342199999999998]
["M1453","Geogrelha unidirecional em poliéster - resistência à tração longitudinal de 400 kN/m","m²",79.644000000000005]
["M1454","Geocélula em PEAD - H = 75 mm e célula de 289 cm²","m²",41.076700000000002]
["M1455","Geocélula em PEAD - H = 100 mm e célula de 289 cm²","m²",51.540100000000002]
["M1456","Geocélula em PEAD - H = 150 mm e célula de 289 cm²","m²",61.907600000000002]
["M1457","Geocélula em PEAD - H = 200 mm e célula de 289 cm²","m²",73.2911]
["M1458","Geocélula em PEAD - H = 75 mm e célula de 460 cm²","m²",33.857500000000002]
["M1459","Geocélula em PEAD - H = 100 mm e célula de 460 cm²","m²",41.957500000000003]
["M1460","Geocélula em PEAD - H = 150 mm e célula de 460 cm²","m²",50.391100000000002]
["M1461","Geocélula em PEAD - H = 200 mm e célula de 460 cm²","m²",59.289900000000003]
["M1462","Geocélula em PEAD - H = 75 mm e célula de 1.206 cm²","m²",30.3507]
["M1463","Geocélula em PEAD - H = 100 mm e célula de 1.206 cm²","m²",41.585299999999997]
["M1464","Geocélula em PEAD - H = 150 mm e célula de 1.206 cm²","m²",47.692399999999999]
["M1465","Geocélula em PEAD - H = 200 mm e célula de 1.206 cm²","m²",55.237200000000001]
["M1472","Tubo de PVC rosqueável para água fria - D = 75 mm (3\")","m",60.076900000000002]
["M1481","Coroa diamantada - D = 31,80 mm (1 1/4\")","un",391.93130000000002]
["M1496","Coroa diamantada - D = 38,10 mm (1 1/2\")","un",397.3229]
["M1498","Coroa diamantada - D = 44,50 mm (1 3/4\")","un",423.7645]
["M1518","Coroa diamantada - D = 50,80 mm (2\")","un",437.64389999999997]
["M1519","Coroa diamantada - D = 63,50 mm (2 1/2\")","un",489.10930000000002]
["M1520","Coroa diamantada - D = 76,20 mm (3\")","un",675.80420000000004]
["M1526","Coroa diamantada - D = 101,60 mm (4\")","un",927.17539999999997]
["M1527","Broca de widia - D = 10 mm e C = 150 mm","un",10.5966]
["M1528","Broca de widia - D = 13 mm e C = 150 mm","un",19.937899999999999]
["M1546","Telha trapezoidal em aço zincado - E = 0,43 mm","m²",47.331099999999999]
["M1553","Geotêxtil não-tecido agulhado em poliéster - resistência à tração longitudinal de 31 kN/m","m²",16.106200000000001]
["M1556","Terra vegetal produzida","m³","-"]
["M1575","Tinta látex à base de resina acrílica","l",13.7797]
["M1577","Tinta plástica à base de resina metacrílica aplicada a frio por dispersão ou extrusão","kg",32.452399999999997]
["M1585","Massa termoplástica aplicada por extrusão","kg",13.1974]
["M1591","Suporte polimérico ecológico maciço colapsível para placa de sinalização - D = 6,4 cm","m",200.29079999999999]
["M1600","Trilho TR25 em aço-carbono usado","kg",5.4043000000000001]
["M1602","Trilho TR37 em aço-carbono usado","kg",5.4043999999999999]
["M1603","Trilho TR45 em aço-carbono usado","kg",5.4043000000000001]
["M1605","Trilho TR57 em aço-carbono usado","kg",5.4043000000000001]
["M1606","Trilho TR68 em aço-carbono usado","kg",5.4044999999999996]
["M1614","Tubo em aço galvanizado com rosca BSP classe leve - D = 50 mm (2\")","m",61.926900000000003]
["M1616","Tubo em aço galvanizado com rosca BSP classe leve - D = 20 mm (3/4\")","m",11.3027]
["M1617","Tubo em aço galvanizado com rosca BSP classe leve - D = 80 mm (3\")","m",130.6884]
["M1618","Tubo em aço galvanizado com rosca BSP classe leve - D = 100 mm (4\")","m",141.27379999999999]
["M1624","Suporte polimérico ecológico maciço colapsível para placa de sinalização - seção de 8 x 8 cm","m",272.44420000000002]
["M1636","Suporte polimérico ecológico maciço colapsível para placa de sinalização - seção de 7 x 15 cm","m",586.59649999999999]
["M1638","Mourão de madeira - H = 2,10 m e D = 0,10 m","un",23.276900000000001]
["M1639","Mourão de madeira - H = 2,20 m e D = 0,15 m","un",54.866999999999997]
["M1640","Nonel iniciador - C = 300,0 m","un",270.80290000000002]
["M1642","Coroa de botões esféricos - D = 130 mm (5 1/8\")","un",3157.3164000000002]
["M1643","Coroa de botões esféricos - D = 194 mm (7 5/8\")","un",7288.8649999999998]
["M1644","Coroa de botões esféricos - D = 251 mm (9 7/8\")","un",8753.3611000000001]
["M1645","Coroa de botões esféricos - D = 305 mm (12\")","un",13026.635399999999]
["M1646","Coroa de botões esféricos - D = 355 mm (14\")","un",8416.6281999999992]
["M1648","Dente de corte para trado ou caçamba de perfuração","un",31.564699999999998]
["M1649","Coroa de botões esféricos linha ST68 - D = 102 mm (4\")","un",2506.7087999999999]
["M1650","Coroa de botões esféricos para tirante autoinjetável - D = 87 mm (3 7/16\")","un",749.80280000000005]
["M1651","Tricone para tirante autoinjetável - D = 120 mm","un",368.64190000000002]
["M1653","Coroa piloto de botões esféricos para sistema autoperfurante - D = 76,2 mm (3\")","un",1271.5231000000001]
["M1655","Tubo de PVC ponta e bolsa para esgoto - D = 50 mm (2\")","m",7.8723999999999998]
["M1656","Tubo de PVC ponta e bolsa para esgoto - D = 75 mm (3\")","m",12.272500000000001]
["M1657","Tubo PEAD corrugado perfurado para drenagem - D = 170 mm","m",31.2668]
["M1658","Tubo PEAD corrugado perfurado para drenagem - D = 230 mm","m",43.364600000000003]
["M1662","Suporte em madeira de eucalipto tratado - seção de 8 x 8 cm","m",12]
["M1665","Tubo de PVC rosqueável para água fria - D = 40 mm (1 1/2\")","m",21.441700000000001]
["M1673","Tubo de PVC rosqueável para água fria - D = 100 mm (4\")","m",84.022099999999995]
["M1675","Tubo de PVC rosqueável para água fria - D = 150 mm (6\")","m",82.713399999999993]
["M1702","Duto flexível de ventilação em PVC - D = 1,20 m","m",138.38829999999999]
["M1719","Broca integral série H19 - D = 24 mm e C = 0,4 m","un",503.62950000000001]
["M1720","Geotêxtil não-tecido agulhado em poliéster - resistência à tração longitudinal de 10 kN/m","m²",5.9558]
["M1728","Punho linha R25 para martelete perfurador e rompedor - D = 25 mm (1\")","un",780.42639999999994]
["M1729","Haste linha R25 para martelete perfurador e rompedor - D = 25 mm (1\") e C = 1,00 m","un",1357.5841]
["M1730","Luva de acoplamento linha R25 para martelete perfurador e rompedor - D = 25 mm (1\")","un",274.97699999999998]
["M1731","Haste de perfuração simples para jet grouting - D = 88,9 mm (3 1/2\") e C = 3,00 m","un",1970.8492000000001]
["M1732","Luva em aço galvanizado com rosca BSP classe leve - D = 50 mm (2\")","un",14.9793]
["M1733","Manta drenante em malha de polietileno e geotêxtil de polipropileno em uma das faces","m²",48.673699999999997]
["M1735","Punho linha ST68 para perfuração - D = 80 mm (3 5/32\")","un",7390.3369000000002]
["M1736","Adesivo à base de resina poliéster bicomponente para ancoragem","kg",52.616599999999998]
["M1737","Tubo em aço-carbono para ar comprimido - D = 150 mm (6\")","m",222.63980000000001]
["M1739","Haste linha T45 para perfuratriz sobre esteiras - D = 45,0 mm (1 3/4\") e C = 3,60 m","un",4401.9767000000002]
["M1740","Punho linha T45 para perfuratriz sobre esteiras - D = 45 mm (1 3/4\")","un",2609.1309000000001]
["M1741","Luva em aço linha T45 para perfuratriz sobre esteiras - D = 45,0 mm (1 3/4\")","un",536.20680000000004]
["M1742","Coroa de botões esféricos linha T45 - D = 89 mm (3 1/2\")","un",1444.2384]
["M1747","Tubo em aço-carbono para sistema autoperfurante - D = 76,2 mm","m",152.83500000000001]
["M1748","Tubo em aço-carbono iniciador para sistema autoperfurante com anel da coroa piloto - D = 76,2 mm (3\") e C = 3 m","un",1125.9329]
["M1749","Haste linha ST68 para perfuração - D = 87,0 mm (3 7/16\") e C = 1,83 m","un",9654.8484000000008]
["M1750","Hidromonitor com bico de injeção para jet grouting - D = 88,9 mm (3 1/2\")","un",10582.692999999999]
["M1751","Válvula manchete - D = 73 mm","un",6.125]
["M1752","Borracha para obturador mecânico","un",390]
["M1753","Disco de corte diamantado segmentado para concreto - D = 110 mm","un",38.374499999999998]
["M1754","Conjunto de lâminas de corte para trituradora de galhos e troncos","un",5119.4511000000002]
["M1755","Pó calcário dolomítico","kg",0.1782]
["M1756","Material formador de camada protetora para hidrossemeadura","kg",2.5859000000000001]
["M1765","Tubo em aço-carbono schedule 40 - D = 65 mm (2 1/2\")","m",108.5234]
["M1773","Ancoragem regulável para estais de 19 cordoalhas - D = 15,7 mm","un",28438.486499999999]
["M1774","Ancoragem regulável para estais de 31 cordoalhas - D = 15,7 mm","un",46023.581200000001]
["M1775","Ancoragem regulável para estais de 37 cordoalhas - D = 15,7 mm","un",54662.365400000002]
["M1776","Ancoragem regulável para estais de 55 cordoalhas - D = 15,7 mm","un",80081.932100000005]
["M1777","Ancoragem regulável para estais de 61 cordoalhas - D = 15,7 mm","un",88337.117100000003]
["M1778","Ancoragem regulável para estais de 73 cordoalhas - D = 15,7 mm","un",105158.648]
["M1779","Ancoragem regulável para estais de 91 cordoalhas - D = 15,7 mm","un",130539.351]
["M1780","Ancoragem fixa para estais de 19 cordoalhas - D = 15,7 mm","un",17550.487000000001]
["M1781","Ancoragem fixa para estais de 31 cordoalhas - D = 15,7 mm","un",28378.1355]
["M1782","Ancoragem fixa para estais de 37 cordoalhas - D = 15,7 mm","un",33693.359100000001]
["M1783","Ancoragem fixa para estais de 55 cordoalhas - D = 15,7 mm","un",49377.152199999997]
["M1784","Ancoragem fixa para estais de 61 cordoalhas - D = 15,7 mm","un",54492.344599999997]
["M1785","Ancoragem fixa para estais de 73 cordoalhas - D = 15,7 mm","un",67315.795800000007]
["M1786","Ancoragem fixa para estais de 91 cordoalhas - D = 15,7 mm","un",85725.613100000002]
["M1787","Estaca de tutoramento - D = 5 cm e H = 2 m","un",9.0315999999999992]
["M1789","Ancoragem ativa para 31 cordoalhas - D = 15,2 mm","un",5330.7101000000002]
["M1790","Gás liquefeito de petróleo (GLP)","kg",7.2306999999999997]
["M1795","Gás oxigênio","m³",21.9]
["M1796","Gás acetileno","kg",117.9277]
["M1797","Fita de espuma EPDM para vedação com adesivo em uma face - E = 4 mm e L = 40 mm","m",3.0547]
["M1800","Manta asfáltica não-tecido em poliéster - antirraíz - E = 3 mm","m²",41.308100000000003]
["M1811","Longarina de madeira de primeira - L = 16 cm e E = 6 cm","m",49.061199999999999]
["M1812","Estronca de madeira - D = 20 cm","m",27.648399999999999]
["M1814","Tela metálica galvanizada dobrada em L - C = 2,0 m, L = 0,5 m e H = 0,5 m","un",467.03429999999997]
["M1819","Cartucho de cimento - D = 25 mm e C = 320 mm","un",3.6501000000000001]
["M1820","Cartucho de resina poliéster - D = 38 mm e C = 500 mm","un",15.305400000000001]
["M1844","Ancoragem ativa para 8 cordoalhas - D = 15,2 mm","un",849.74450000000002]
["M1845","Ancoragem passiva aderente para 10 cordoalhas - D = 15,2 mm","un",143.99199999999999]
["M1868","Tinta em pó à base de resina epóxi","kg",104.916]
["M1869","Coroa de botões esféricos - D = 120 mm (4 3/4\")","un",2090.6374000000001]
["M1870","Cunha metálica para cordoalha - D = 12,7 mm","un",16.168800000000001]
["M1874","Martelo de fundo DTH - DN = 102 mm (4\")","un",9944.8255000000008]
["M1875","Haste de perfuração com rosca API 2 3/8\" - D = 73 mm (2 7/8\")","m",954.34270000000004]
["M1876","Válvula manchete - D = 32 mm","un",2.4697]
["M1877","Válvula manchete - D = 40 mm","un",4.0091000000000001]
["M1879","Tubo PEAD PE 80 PN 6 - D = 40 mm","m",10.4175]
["M1880","Tubo PEAD PE 80 PN 16 - D = 20 mm","m",4.1628999999999996]
["M1894","Cabo de aço - D = 16,00 mm (5/8\")","m",38.1539]
["M1895","Coroa de botões esféricos linha R25 - D = 48 mm (1 7/8\")","un",401.8005]
["M1898","Pasta lubrificante para tubo PEAD","kg",41.552799999999998]
["M1899","Tela metálica de dupla torção em liga de zinco e alumínio com cabos de aço longitudinais - resistência longitudinal à tração de 121 kN/m - inclusive grampos e clipes de junção","m²",162.52269999999999]
["M1907","Tubo PEAD PE 80 PN 8 - D = 32 mm","m",5.0130999999999997]
["M1909","Tubo PEAD PE 80 PN 8 - D = 40 mm","m",7.8868]
["M1911","Tubo PEAD PE 80 PN 8 - D = 50 mm","m",12.103300000000001]
["M1912","Tubo PEAD PE 80 PN 8 - D = 63 mm","m",18.628699999999998]
["M1913","Tubo PEAD PE 80 PN 8 - D = 75 mm","m",25.434899999999999]
["M1919","Tubo PEAD PE 80 PN 8 - D = 110 mm","m",76.437700000000007]
["M1920","Duto flexível de poliéster aluminizado sem isolamento para exaustão - D = 263 mm","m",37.383099999999999]
["M1922","Tubo de PVC espaguete - D = 14 mm","m",1.6476]
["M1923","Duto flexível de poliéster aluminizado sem isolamento para ventilação forçada - D = 161 mm","m",14.9406]
["M1926","Espaçador plástico tipo disco separador para tirante com 6 cordoalhas - D = 12,7 mm","un",1.1854]
["M1927","Espaçador plástico tipo disco separador para tirante com 8 cordoalhas - D = 12,7 mm","un",1.1854]
["M1928","Espaçador plástico tipo disco separador para tirante com 10 cordoalhas - D = 12,7 mm","un",1.1854]
["M1931","Espaçador plástico tipo disco separador para tirante com 12 cordoalhas - D = 12,7 mm","un",1.1854]
["M1935","Espaçador plástico tipo centralizador carambola para tirante de barra de aço - D = 32,0 mm","un",8.1271000000000004]
["M1936","Espaçador plástico tipo centralizador carambola para tirante de barra de aço - D = 30,0 mm","un",8.1220999999999997]
["M1937","Espaçador plástico tipo centralizador carambola para tirante de barra de aço - D = 40,0 mm","un",8.1472999999999995]
["M1941","Óleo tipo A1","l",5.6813000000000002]
["M1942","Espaçador plástico tipo centralizador carambola para tirante de barra de aço - D = 47,0 mm","un",9.8320000000000007]
["M1943","Cimento asfáltico de petróleo - CAP 50/70","t","-"]
["M1944","Cimento asfáltico de petróleo - CAP 150/200","t","-"]
["M1945","Cimento asfáltico de petróleo - CAP 85/100","t","-"]
["M1946","Emulsão asfáltica - RR-1C","t","-"]
["M1947","Emulsão asfáltica - RM-1C","t","-"]
["M1948","Espaçador plástico tipo centralizador carambola para tirante de barra de aço - D = 50,0 mm","un",9.8399000000000001]
["M1949","Emulsão asfáltica - RL-1C","t","-"]
["M1950","Emulsão asfáltica com polímero - RC-1C-E","t","-"]
["M1952","Cimento asfáltico de petróleo com polímero - CAP 150/200-E","t","-"]
["M1953","Aditivo asfáltico de reciclagem para misturas a quente","t",9139.7811000000002]
["M1954","Cimento Portland CP II - 32 - a granel","kg",0.60819999999999996]
["M1955","Cimento asfáltico de petróleo com polímero - CAP 55/75-E","t","-"]
["M1956","Emulsão asfáltica com polímero - RR-2C-E","t","-"]
["M1958","Emulsão asfáltica com polímero - RM-1C-E","t","-"]
["M1959","Espaçador plástico tipo centralizador carambola para tirante de barra de aço - D = 53,0 mm","un",12.0739]
["M1960","Espaçador plástico tipo centralizador carambola para tirante de barra de aço - D = 57,0 mm","un",21.389600000000002]
["M1961","Espaçador plástico tipo centralizador carambola para tirante de barra de aço - D = 63,0 mm","un",23.759899999999998]
["M1962","Espaçador plástico tipo centralizador carambola para tirante de barra de aço - D = 69,0 mm","un",23.77]
["M1965","Cantoneira em ferro de abas iguais - L = 63,5 mm e E = 9,53 mm","kg",9.9528999999999996]
["M1966","Defensa metálica maleável simples","un",2759.9097999999999]
["M1967","Defensa metálica maleável dupla","un",3786.9011]
["M1968","Defensa metálica semimaleável simples","un",1795.3305]
["M1969","Defensa metálica semimaleável dupla","un",2784.8917000000001]
["M1970","Dente de corte para fresadora de 155 kW","un",38.052700000000002]
["M1971","Módulo de transição de defensa metálica tipo dupla onda com lâmina adicional para barreira rígida","un",6834.2304999999997]
["M1974","Dente de corte para fresadora de 455 kW","un",40.189100000000003]
["M1976","Terminal aéreo de defensa metálica (tipo A)","un",368.99810000000002]
["M1977","Terminal de ancoragem de defensa metálica em barreira rígida (tipo D)","un",368.99810000000002]
["M1979","Luva em aço para emenda de tirantes - D = 38 mm e C = 115 mm","un",72.738399999999999]
["M1980","Luva em aço para emenda de tirantes - D = 48 mm e C = 120 mm","un",74.880600000000001]
["M1981","Luva em aço para emenda de tirantes - D = 60 mm e C = 160 mm","un",105.66289999999999]
["M1982","Luva em aço para emenda de tirantes - D = 50 mm e C = 130 mm","un",82.024699999999996]
["M1983","Luva em aço para emenda de tirantes - D = 63 mm e C = 180 mm","un",133.4615]
["M1984","Luva em aço para emenda de tirantes - D = 73 mm e C = 180 mm","un",159.94540000000001]
["M1985","Luva em aço para emenda de tirantes - D = 73 mm e C = 200 mm","un",165.01779999999999]
["M1986","Luva em aço para emenda de tirantes - D = 82 mm e C = 200 mm","un",194.46610000000001]
["M1987","Luva em aço para emenda de tirantes - D = 89 mm e C = 210 mm","un",216.2234]
["M1988","Luva em aço para emenda de tirantes - D = 97 mm e C = 210 mm","un",289.44069999999999]
["M1990","Placa de ancoragem para tirante de barra de aço - E = 16,0 mm e seção de 160 x 160 mm","un",103.81319999999999]
["M1991","Placa de ancoragem para tirante de barra de aço - E = 16,0 mm e seção de 200 x 200 mm","un",162.2157]
["M1994","Placa de ancoragem para tirante de barra de aço - E = 22,0 mm e seção de 200 x 200 mm","un",226.9538]
["M1996","Amortecedor retrátil tipo TAU II paralelo PCB ou similar para velocidade de projeto de 100 km/h","un",157946.01149999999]
["M1997","Amortecedor retrátil tipo TAU II combinado PCB ou similar para velocidade de projeto de 100 km/h e âncora traseira de 900 mm","un",175909.28080000001]
["M1998","Amortecedor retrátil tipo TAU II combinado PCB ou similar para velocidade de projeto de 100 km/h e âncora traseira de 1.060 mm","un",216050.5099]
["M1999","Amortecedor retrátil tipo TAU II combinado PCB ou similar para velocidade de projeto de 100 km/h e âncora traseira de 1.220 mm","un",229657.3512]
["M2000","Amortecedor retrátil tipo TAU II combinado PCB ou similar para velocidade de projeto de 100 km/h e âncora traseira de 1.370 mm","un",248308.25289999999]
["M2001","Dispositivo de ancoragem de fixação elástica Pandrol","un",15.076000000000001]
["M2002","Amortecedor retrátil tipo TAU II combinado PCB ou similar para velocidade de projeto de 100 km/h e âncora traseira de 1.520 mm","un",261856.95079999999]
["M2003","Amortecedor retrátil tipo TAU II afunilado PCB ou similar para velocidade de projeto de 100 km/h e âncora traseira de 1.680 mm","un",251088.70170000001]
["M2004","Amortecedor retrátil tipo TAU II afunilado PCB ou similar para velocidade de projeto de 100 km/h e âncora traseira de 1.830 mm","un",254777.3817]
["M2005","Placa de ancoragem para tirante de barra de aço - E = 32,0 mm e seção de 250 x 250 mm","un",605.63199999999995]
["M2006","Placa de ancoragem para tirante de barra de aço - E = 38,0 mm e seção de 250 x 250 mm","un",607.31560000000002]
["M2007","Placa de ancoragem para tirante de barra de aço - E = 51,0 mm e seção de 300 x 300 mm","un",1167.6201000000001]
["M2008","Placa de ancoragem para tirante de barra de aço - E = 64,0 mm e seção de 350 x 350 mm","un",1986.5741]
["M2009","Placa de ancoragem para tirante com 6 cordoalhas de D = 12,7 mm","un",232.83510000000001]
["M2010","Placa de ancoragem para tirante com 8 cordoalhas de D = 12,7 mm","un",306.18849999999998]
["M2011","Placa de ancoragem para tirante com 10 cordoalhas de D = 12,7 mm","un",363.48540000000003]
["M2012","Placa de ancoragem para tirante com 12 cordoalhas de D = 12,7 mm","un",473.92559999999997]
["M2014","Mourão de madeira - H = 2,20 m e D = 0,10 m","un",24.385300000000001]
["M2016","Amortecedor retrátil tipo TAU II afunilado PCB ou similar para velocidade de projeto de 100 km/h e âncora traseira de 1.980 mm","un",255149.68650000001]
["M2017","Porca em aço para ancoragem de tirantes - D = 38 mm e C = 55 mm","un",38.8048]
["M2018","Gastalho - L = 10 cm e E = 2 cm","m",4.8]
["M2019","Porca em aço para ancoragem de tirantes - D = 38 mm e C = 60 mm","un",46.7333]
["M2020","Porca em aço para ancoragem de tirantes - D = 48 mm e C = 65 mm","un",48.297400000000003]
["M2021","Amortecedor retrátil tipo TAU II afunilado PCB ou similar para velocidade de projeto de 100 km/h e âncora traseira de 2.130 mm","un",258160.0816]
["M2024","Cordel detonante NP 10","m",2.2115]
["M2025","Retardo de cordel","un",32.524799999999999]
["M2026","Estopim","m",2.7187999999999999]
["M2027","Tinta à base de resina acrílica estirenada para demarcação viária","l",42.273299999999999]
["M2028","Coroa de botões cônicos - TCI tricone - D = 75 mm (2 15/16\")","un",1164.4087]
["M2029","Porca em aço para ancoragem de tirantes - D = 60 mm e C = 65 mm","un",70.668300000000002]
["M2030","Porca em aço para ancoragem de tirantes - D = 73 mm e C = 80 mm","un",120.935]
["M2031","Porca em aço para ancoragem de tirantes - D = 73 mm e C = 100 mm","un",137.6653]
["M2032","Porca em aço para ancoragem de tirantes - D = 82 mm e C = 100 mm","un",151.78129999999999]
["M2033","Porca em aço para ancoragem de tirantes - D = 89 mm e C = 100 mm","un",191.0341]
["M2034","Solvente para tinta à base de resina acrílica","l",16.142499999999998]
["M2035","Porca em aço para ancoragem de tirantes - D = 97 mm e C = 110 mm","un",219.08160000000001]
["M2036","Tinta à base de resina acrílica emulsionada em água para demarcação viária","l",23.504000000000001]
["M2037","Microesferas refletivas de vidro tipo I-B","kg",9.6189]
["M2038","Microesferas refletivas de vidro tipo II-A","kg",10.4839]
["M2040","Massa termoplástica para aspersão","kg",12.2997]
["M2041","Adesivo à base de resina poliéster","kg",33.671500000000002]
["M2042","Emulsão explosiva encartuchada","kg",13.28]
["M2044","Tinta à base de resina acrílica emulsionada em água para pré-marcação viária","l",20.931100000000001]
["M2045","Microesferas refletivas de vidro tipo II-C","kg",9.2477]
["M2046","Coroa de botões cônicos - TCI tricone - D = 121 mm (4 3/4\")","un",1612.5442]
["M2047","Tirante autoinjetável de aço - tensão de escoamento = 440 MPa, tensão de ruptura = 580 MPa, seção de 684 mm² e D = 40 mm","m",161.39189999999999]
["M2048","Tirante autoinjetável de aço - tensão de escoamento = 470 MPa, tensão de ruptura = 600 MPa, seção de 822 mm² e D = 40 mm","m",191.10319999999999]
["M2049","Tirante autoinjetável de aço - tensão de escoamento = 700 MPa, tensão de ruptura = 830 MPa, seção de 936 mm² e D = 40 mm","m",240.82220000000001]
["M2050","Geotêxtil não-tecido agulhado em poliéster - resistência à tração longitudinal de 9 kN/m","m²",5.5536000000000003]
["M2051","Geotêxtil não-tecido agulhado em poliéster - resistência à tração longitudinal de 14 kN/m","m²",7.2186000000000003]
["M2052","Tirante autoinjetável de aço - tensão de escoamento = 630 MPa, tensão de ruptura = 740 MPa, seção de 1.330 mm² e D = 50 mm","m",318.714]
["M2053","Tirante autoinjetável de aço - tensão de escoamento = 630 MPa, tensão de ruptura = 740 MPa, seção de 1.569 mm² e D = 50 mm","m",370.99090000000001]
["M2054","Tirante de barra de aço - tensão de escoamento = 600 MPa, tensão de ruptura = 720 MPa e D = 30 mm","m",115.0454]
["M2055","Tirante de barra de aço - tensão de escoamento = 600 MPa, tensão de ruptura = 720 MPa e D = 40 mm","m",194.6857]
["M2056","Tirante de barra de aço - tensão de escoamento = 680 MPa, tensão de ruptura = 870 MPa e D = 44 mm","m",253.81569999999999]
["M2057","Tirante de barra de aço - tensão de escoamento = 600 MPa, tensão de ruptura = 720 MPa e D = 50 mm","m",306.06849999999997]
["M2058","Tirante de barra de aço - tensão de escoamento = 600 MPa, tensão de ruptura = 720 MPa e D = 53 mm","m",345.80959999999999]
["M2059","Tirante de barra de aço - tensão de escoamento = 600 MPa, tensão de ruptura = 720 MPa e D = 57 mm","m",389.21899999999999]
["M2060","Amortecedor retrátil tipo TAU II afunilado PCB ou similar para velocidade de projeto de 100 km/h e âncora traseira de 2.290 mm","un",258395.56580000001]
["M2061","Amortecedor retrátil tipo TAU II afunilado PCB ou similar para velocidade de projeto de 100 km/h e âncora traseira de 2.440 mm","un",259092.13589999999]
["M2062","Coroa de botões esféricos linha T38 - D = 64 mm (2 1/2\")","un",722.04499999999996]
["M2063","Tirante de barra de aço - tensão de escoamento = 600 MPa, tensão de ruptura = 720 MPa e D = 63 mm","m",484.755]
["M2064","Termoplástico pré-formado - E = 2,00 mm","m²",334.68810000000002]
["M2065","Haste linha T38 para perfuratriz sobre esteiras - D = 38,0 mm (1 1/2\") e C = 3,05 m","un",2087.6111999999998]
["M2066","Luva em aço linha T38 para perfuratriz sobre esteiras - D = 38,0 mm (1 1/2\")","un",323.25450000000001]
["M2067","Punho linha T38 para perfuratriz sobre esteiras - D = 38 mm (1 1/2\")","un",1000.7115]
["M2069","Tirante de barra de aço - tensão de escoamento = 600 MPa, tensão de ruptura = 720 MPa e D = 69 mm","m",589.68150000000003]
["M2070","Haste linha R/T38 - R32 para jumbo hidráulico - D = 38 mm (1 1/2\") e C = 4,50 m","un",4050.8357000000001]
["M2071","Coroa de botões esféricos linha R32 - D = 51 mm (2\")","un",603.97609999999997]
["M2072","Luva de acoplamento linha T38 para jumbo hidráulico - D = 38,0 mm (1 1/2\")","un",247.20779999999999]
["M2073","Punho linha T38 para jumbo hidráulico - D = 38 mm (1 1/2\")","un",1438.4743000000001]
["M2074","Cartucho de absorção de energia para amortecedor retrátil - tipo A","un",5580.7861999999996]
["M2075","Cartucho de absorção de energia para amortecedor retrátil - tipo B","un",5460.8095999999996]
["M2079","Fio de poliamida Nº 40 - E = 0,40 mm","m",9.01E-2]
["M2087","Placa de ancoragem para tirante de barra de aço - E = 25,4 mm e seção de 225 x 225 mm","un",330.2724]
["M2088","Placa de ancoragem para tirante de barra de aço - E = 20,0 mm e seção de 200 x 200 mm","un",195.4083]
["M2089","Porca sextavada em aço para ancoragem de tirantes - D = 50 mm e C = 85 mm","un",98.822299999999998]
["M2090","Porca em aço para ancoragem de tirantes - D = 73 mm e C = 60 mm","un",88.624300000000005]
["M2091","Porca sextavada em aço para ancoragem de tirantes - D = 50 mm e C = 50 mm","un",67.737499999999997]
["M2092","Emulsão asfáltica para imprimação","t","-"]
["M2093","Material fresado","m³","-"]
["M2094","Porca em aço para ancoragem de tirantes - D = 49 mm e C = 60 mm","un",57.8035]
["M2095","Porca em aço para ancoragem de tirantes - D = 60 mm e C = 90 mm","un",85.618799999999993]
["M2096","Porca em aço para ancoragem de tirantes - D = 60 mm e C = 110 mm","un",131.75]
["M2097","Emulsão asfáltica - RR-2C","t","-"]
["M2100","Placa de ancoragem para tirante de barra de aço - E = 16,0 mm e seção de 140 x 140 mm","un",96.912199999999999]
["M2101","Porca sextavada em aço para ancoragem de tirantes - D = 41 mm e C = 50 mm","un",48.627499999999998]
["M2102","Adesivo à base de PVA","kg",12.626099999999999]
["M2110","Mandíbula móvel para britador - abertura de alimentação com L = 930 mm","un",24870.695100000001]
["M2111","Mandíbula fixa para britador - abertura de alimentação com L = 930 mm","un",32804.438300000002]
["M2112","Manta do britador cônico HP200 ou similar","un",21532.852299999999]
["M2113","Revestimento do bojo interno do britador cônico HP200 ou similar","un",24955.923200000001]
["M2114","Cunha lateral superior para britador","un",2496.0740999999998]
["M2115","Cunha lateral inferior para britador","un",1944.7708]
["M2117","Meio tubo de concreto simples - D = 0,40 m","m",39.865000000000002]
["M2118","Calha metálica semicircular corrugada e galvanizada, incluindo fixações - D = 400 mm","m",601.99]
["M2119","Mourão de madeira - H = 2,80 m e D = 0,15 m","un",69.830699999999993]
["M2128","Tinta esmalte sintético acetinado","l",34.010199999999998]
["M2130","Eletrodo revestido E70XX","kg",35.879399999999997]
["M2135","Nonel de coluna (túnel) - C = 4,8 m","un",22.269200000000001]
["M2137","Tubo de PVC soldável para água fria - D = 50 mm (2\")","m",12.198]
["M2138","Nonel de coluna - C = 12,0 m","un",19.7531]
["M2140","Coroa de diamante linha AWG","un",988.19719999999995]
["M2141","Nonel de iniciação para fogacho - C = 6,0 m","un",14.2502]
["M2142","Nonel de coluna - C = 4,8 m","un",18.162600000000001]
["M2143","Nonel de ligação - C = 6,0 m","un",17.549900000000001]
["M2144","Nonel de coluna - C = 6,0 m","un",14.698700000000001]
["M2145","Série de brocas integrais S12","un",1033.3661]
["M2146","Nonel iniciador - C = 150,0 m","un",203.75579999999999]
["M2147","Dente de corte para recicladora","un",54.181100000000001]
["M2148","Porta-dente de corte para fresadora e recicladora a frio","un",493.35759999999999]
["M2150","Selante elástico à base de poliuretano e asfalto","kg",51.563400000000001]
["M2152","Aditivo de cura para concreto","kg",10.758100000000001]
["M2153","Coroa de diamante linha HWG","un",1890.7835]
["M2156","Coroa de diamante linha NWG","un",1593.6397999999999]
["M2158","Argamassa asfáltica","kg",26.272200000000002]
["M2160","Tubo PEAD corrugado perfurado para drenagem - D = 100 mm","m",20.857700000000001]
["M2162","Coroa de widia linha AWG","un",454.39030000000002]
["M2163","Tubo de concreto armado PA1 - D = 0,40 m","m",98.8]
["M2164","Tubo de concreto armado PA2 - D = 0,40 m","m",125.84780000000001]
["M2165","Tubo de concreto armado PA3 - D = 0,40 m","m",127.1023]
["M2166","Tubo de concreto armado PA4 - D = 0,40 m","m",172.21260000000001]
["M2167","Tubo de concreto armado PA1 - D = 0,60 m","m",183.4]
["M2168","Tubo de concreto armado PA2 - D = 0,60 m","m",221.4]
["M2169","Tubo de concreto armado PA3 - D = 0,60 m","m",241.28809999999999]
["M2170","Tubo de concreto armado PA4 - D = 0,60 m","m",270.5027]
["M2171","Tubo de concreto armado PA1 - D = 0,80 m","m",343.87029999999999]
["M2172","Tubo de concreto armado PA2 - D = 0,80 m","m",372.8]
["M2173","Tubo de concreto armado PA3 - D = 0,80 m","m",485.6]
["M2174","Tubo de concreto armado PA4 - D = 0,80 m","m",631.4]
["M2175","Tubo de concreto armado PA1 - D = 1,00 m","m",437.3]
["M2176","Tubo de concreto armado PA2 - D = 1,00 m","m",488.7]
["M2177","Tubo de concreto armado PA3 - D = 1,00 m","m",513.36500000000001]
["M2178","Tubo de concreto armado PA4 - D = 1,00 m","m",520.47080000000005]
["M2179","Tubo de concreto armado PA1 - D = 1,20 m","m",557.88440000000003]
["M2180","Tubo de concreto armado PA2 - D = 1,20 m","m",615.87549999999999]
["M2181","Tubo de concreto armado PA3 - D = 1,20 m","m",741.19389999999999]
["M2182","Tubo de concreto armado PA4 - D = 1,20 m","m",823.36569999999995]
["M2183","Tubo de concreto armado PA1 - D = 1,50 m","m",1006.806]
["M2184","Tubo de concreto armado PA2 - D = 1,50 m","m",1063.2675999999999]
["M2185","Tubo de concreto armado PA3 - D = 1,50 m","m",1131.1316999999999]
["M2186","Tubo de concreto armado PA4 - D = 1,50 m","m",1201.3189]
["M2187","Tubo de concreto armado PA1 - D = 0,50 m","m",109.1]
["M2188","Tubo de concreto armado PA2 - D = 0,50 m","m",162.76130000000001]
["M2189","Tubo de concreto armado PA3 - D = 0,50 m","m",168.69739999999999]
["M2190","Tubo de concreto armado PA4 - D = 0,50 m","m",247.0703]
["M2192","Coroa de widia linha HWG","un",812.87369999999999]
["M2193","Coroa de widia linha NWG","un",740.0145]
["M2197","Haste de paredes paralelas com niple linha NW","m",738.27819999999997]
["M2198","Trilho UIC60 em aço-carbono - C = 12 m","t",16491.715700000001]
["M2200","Trilho TR45 em aço-carbono - C = 12 m","t",16620.864300000001]
["M2202","Trilho TR57 em aço-carbono - C = 12 m","t",16620.864300000001]
["M2204","Trilho TR68 em aço-carbono - C = 12 m","t",16620.864300000001]
["M2206","Lubrificador de trilhos e de flanges de rodas","un",92416.609400000001]
["M2207","Tirefão - D = 24 mm e C = 188 mm","un",17.718699999999998]
["M2208","Tirefão - D = 22 mm e C = 155 mm","un",11.363]
["M2209","Retensor para via férrea de TR45","un",52.410299999999999]
["M2210","Retensor para via férrea de TR57","un",54.190199999999997]
["M2211","Retensor para via férrea de TR68","un",56.9694]
["M2213","Placa de apoio em aço laminado para UIC60 com fixação rígida","un",162.54130000000001]
["M2214","Grampo elástico Pandrol para fixação elástica","un",14.337199999999999]
["M2215","Placa de apoio em aço laminado para TR45 com fixação elástica","un",90.011600000000001]
["M2216","Placa de apoio em aço laminado para TR57 com fixação elástica","un",126.6541]
["M2217","Placa de apoio em aço laminado para TR68 com fixação elástica","un",137.8237]
["M2218","Placa de apoio em aço laminado para TR45 com fixação rígida","un",72.088800000000006]
["M2219","Placa de apoio em aço laminado para TR57 com fixação rígida","un",151.5333]
["M2220","Placa de apoio em aço laminado para TR68 com fixação rígida","un",163.12289999999999]
["M2221","Retensor para via férrea de UIC60","un",59.088700000000003]
["M2222","Placa de apoio em aço laminado para UIC60 com fixação elástica","un",133.27950000000001]
["M2225","Tala de junção TJ 45 não isolada com 6 furos","par",690.35040000000004]
["M2227","Tala de junção TJ 57 não isolada com 6 furos","par",844.28779999999995]
["M2229","Tala de junção TJ 68 não isolada com 6 furos","par",1000.1043]
["M2233","Parafuso de cabeça abaulada em aço inox com porca e arruela de pressão para tala de junção - D = 25,4 mm","un",47.589700000000001]
["M2234","Tala de junção TJ 60 não isolada com 6 furos","par",923.27779999999996]
["M2236","AMV tipo TR45, abertura 1:8, bitola métrica","un",281004.73469999997]
["M2237","AMV tipo TR45, abertura 1:10, bitola métrica","un",308144.82949999999]
["M2238","AMV tipo TR45, abertura 1:12, bitola métrica","un",337999.21500000003]
["M2239","AMV tipo TR45, abertura 1:14, bitola métrica","un",370838.71710000001]
["M2240","AMV tipo TR57, abertura 1:8, bitola métrica","un",353308.13589999999]
["M2241","AMV tipo TR57, abertura 1:10, bitola métrica","un",387678.57040000003]
["M2242","AMV tipo TR57, abertura 1:12, bitola métrica","un",425486.16879999998]
["M2243","AMV tipo TR57, abertura 1:14, bitola métrica","un",467074.48739999998]
["M2244","AMV tipo TR57, abertura 1:20, bitola métrica","un",563370.28130000003]
["M2245","AMV tipo TR68, abertura 1:10, bitola métrica","un",460653.61259999999]
["M2246","AMV tipo TR68, abertura 1:12, bitola métrica","un",510560.34950000001]
["M2247","AMV tipo TR68, abertura 1:14, bitola métrica","un",560175.81640000001]
["M2248","AMV tipo UIC60, abertura 1:10, bitola métrica","un",407603.5943]
["M2249","AMV tipo TR68, abertura 1:20, bitola métrica","un",669330.08369999996]
["M2250","AMV tipo TR45, abertura 1:8, bitola larga","un",321654.60350000003]
["M2251","AMV tipo TR45, abertura 1:10, bitola larga","un",352859.70539999998]
["M2252","AMV tipo TR45, abertura 1:12, bitola larga","un",387185.538]
["M2253","AMV tipo TR45, abertura 1:14, bitola larga","un",424943.71289999998]
["M2254","AMV tipo TR57, abertura 1:8, bitola larga","un",404828.22649999999]
["M2255","AMV tipo TR57, abertura 1:10, bitola larga","un",444381.73149999999]
["M2256","AMV tipo TR57, abertura 1:12, bitola larga","un",487859.60590000002]
["M2257","AMV tipo TR57, abertura 1:14, bitola larga","un",540486.66070000001]
["M2258","AMV tipo TR57, abertura 1:20, bitola larga","un",645703.09719999996]
["M2259","AMV tipo TR68, abertura 1:10, bitola larga","un",533116.88919999998]
["M2260","AMV tipo TR68, abertura 1:12, bitola larga","un",584988.17070000002]
["M2261","AMV tipo TR68, abertura 1:14, bitola larga","un",642046.53949999996]
["M2262","AMV tipo UIC60, abertura 1:10, bitola larga","un",467278.8124]
["M2263","AMV tipo TR68, abertura 1:20, bitola larga","un",783771.98659999995]
["M2264","AMV tipo TR45, abertura 1:8, bitola mista","un",383950.28840000002]
["M2265","AMV tipo TR45, abertura 1:10, bitola mista","un",421384.9987]
["M2266","AMV tipo TR45, abertura 1:12, bitola mista","un",462563.2597]
["M2267","AMV tipo TR45, abertura 1:14, bitola mista","un",512660.66029999999]
["M2268","AMV tipo TR57, abertura 1:8, bitola mista","un",483952.3124]
["M2269","AMV tipo TR57, abertura 1:10, bitola mista","un",536188.59880000004]
["M2270","AMV tipo TR57, abertura 1:12, bitola mista","un",588367.07019999996]
["M2271","AMV tipo TR57, abertura 1:14, bitola mista","un",645763.36990000005]
["M2272","AMV tipo TR57, abertura 1:20, bitola mista","un",788232.18279999995]
["M2273","AMV tipo TR68, abertura 1:10, bitola mista","un",636892.60140000004]
["M2274","AMV tipo TR68, abertura 1:12, bitola mista","un",699141.47400000005]
["M2275","AMV tipo TR68, abertura 1:14, bitola mista","un",783812.16859999998]
["M2276","Revestimento com conector linha AW","m",348.41]
["M2277","AMV tipo TR68, abertura 1:20, bitola mista","un",934454.29909999995]
["M2281","Dormente de madeira bitola larga - C = 280 cm, L = 24 cm e H = 17 cm","un",457.96969999999999]
["M2282","Dormente de madeira bitola métrica - C = 200 cm, L = 22 cm e H = 16 cm","un",282.22219999999999]
["M2284","Revestimento com conector linha HW","m",693.83849999999995]
["M2285","Revestimento com conector linha NW","m",571.82839999999999]
["M2292","AMV tipo UIC60, abertura 1:12, bitola métrica","un",447403.61489999999]
["M2293","AMV tipo UIC60, abertura 1:14, bitola métrica","un",491183.65759999998]
["M2294","AMV tipo UIC60, abertura 1:20, bitola métrica","un",592301.28540000005]
["M2298","AMV tipo UIC60, abertura 1:10, bitola mista","un",563668.43149999995]
["M2299","AMV tipo UIC60, abertura 1:12, bitola mista","un",618594.94700000004]
["M2300","AMV tipo UIC60, abertura 1:14, bitola mista","un",679013.93319999997]
["M2301","AMV tipo UIC60, abertura 1:20, bitola mista","un",828132.85930000001]
["M2303","Sapata de widia linha NW","un",627.94730000000004]
["M2304","Broca de arraste com três asas linha NW","un",1903.4576]
["M2308","Dormente de madeira para pontes - C = 300 cm, L = 25 cm e H = 20 cm","un",601.32579999999996]
["M2313","AMV tipo UIC60, abertura 1:12, bitola larga","un",517847.74829999998]
["M2314","AMV tipo UIC60, abertura 1:14, bitola larga","un",568192.11529999995]
["M2316","AMV tipo UIC60, abertura 1:20, bitola larga","un",678949.64210000006]
["M2317","Tubo de revestimento em aço-carbono schedule 40 para estaca raiz - ponteira schedule 80, D = 141,3 mm, peso 24 kg/m","m",481.98230000000001]
["M2318","Tubo de revestimento em aço-carbono schedule 40 para estaca raiz - ponteira schedule 80, D = 168,3 mm, peso 31 kg/m","m",726.85400000000004]
["M2319","Tubo de revestimento em aço-carbono schedule 40 para estaca raiz - ponteira schedule 80, D = 219,1 mm, peso 47 kg/m","m",1107.2064]
["M2320","Tubo de revestimento em aço-carbono schedule 40 para estaca raiz - ponteira schedule 80, D = 273,0 mm, peso 67 kg/m","m",1515.2760000000001]
["M2321","Tubo de revestimento em aço-carbono schedule 40 para estaca raiz - ponteira schedule 80, D = 323,8 mm, peso 90 kg/m","m",2002.8907999999999]
["M2322","Tubo de revestimento em aço-carbono schedule 40 para estaca raiz - ponteira schedule 80, D = 406,0 mm, peso 143 kg/m","m",2913.8865000000001]
["M2325","Anel de compensação angular para tirantes com diâmetro de 30 mm","un",53.584099999999999]
["M2326","Anel de compensação angular para tirantes com diâmetro de 32 mm","un",77.793999999999997]
["M2327","Anel de compensação angular para tirantes com diâmetro de 40 mm","un",80.049700000000001]
["M2328","Anel de compensação angular para tirantes com diâmetro de 44 mm","un",91.598299999999995]
["M2329","Anel de compensação angular para tirantes com diâmetro de 50 mm","un",100.7231]
["M2330","Anel de compensação angular para tirantes com diâmetro de 53 mm","un",109.93859999999999]
["M2331","Anel de compensação angular para tirantes com diâmetro de 57 mm","un",120.6225]
["M2332","Anel de compensação angular para tirantes com diâmetro de 63 mm","un",133.32509999999999]
["M2333","Anel de compensação angular para tirantes com diâmetro de 69 mm","un",151.03219999999999]
["M2334","Coroa de widia linha BWG","un",606.13750000000005]
["M2352","Conjunto para solda aluminotérmica de TR45 - porção, fôrmas, acendedor, pasta de vedação e cadinho descartável","un",1434.98]
["M2353","Conjunto para solda aluminotérmica de TR57 - porção, fôrmas, acendedor, pasta de vedação e cadinho descartável","un",1464.3014000000001]
["M2354","Conjunto para solda aluminotérmica de TR68 - porção, fôrmas, acendedor, pasta de vedação e cadinho descartável","un",1486.34]
["M2355","Conjunto para solda aluminotérmica de UIC60 - porção, fôrmas, acendedor, pasta de vedação e cadinho descartável","un",1470.7147]
["M2356","Brita padrão para lastro ferroviário","m³",127.7651]
["M2358","Palmilha de borracha para dormente de concreto","un",11.9948]
["M2364","Broca para furar trilho - D = 29 mm (1 1/8\")","un",1186.5515]
["M2365","Disco de corte abrasivo para máquina para serrar trilho - D = 350 mm","un",24.110299999999999]
["M2370","Dormentes de madeira para AMV","m³",4008.8384000000001]
["M2379","Coroa de diamante linha BWG","un",1247.1563000000001]
["M2383","Revestimento com conector linha BW","m",433.94900000000001]
["M2386","Corda de poliamida - D = 12,0 mm e capacidade de carga de 2.200 kg","m",4.5335999999999999]
["M2388","Broca de widia - D = 16 mm e C = 150 mm","un",39.179099999999998]
["M2389","Broca de widia - D = 19 mm e C = 160 mm","un",74.370500000000007]
["M2419","Parafuso de cabeça abaulada em aço inox com porca e arruela - D = 6 mm (M6) e C = 30 mm","un",1.0601]
["M2420","Parafuso de cabeça abaulada em aço inox com porca e arruela - D = 8 mm (M8) e C = 50 mm","un",2.3719000000000001]
["M2421","Mangueira cristal trançada de PVC com pressão de trabalho de 1,50 MPa (250 psi) - D = 9,5 mm (3/8\")","m",3.6610999999999998]
["M2423","Fôrma plástica para nicho de protensão de cordoalha - D = 15,2 mm","un",2.1244999999999998]
["M2424","Fôrma plástica para nicho de protensão de cordoalha - D = 12,7 mm","un",1.1007]
["M2425","Cordoalha engraxada tipo CP 190 RB - D = 15,2 mm","kg",13.4033]
["M2426","Cordoalha engraxada tipo CP 190 RB - D = 12,7 mm","kg",13.4033]
["M2427","Bainha metálica para protensão - D = 35 mm","m",13.917899999999999]
["M2428","Bainha metálica para protensão - D = 30 mm","m",13.0748]
["M2429","Ancoragem passiva aderente para 8 cordoalhas - D = 15,2 mm","un",106.5329]
["M2430","Ancoragem passiva aderente para 31 cordoalhas - D = 15,2 mm","un",632.12159999999994]
["M2431","Ancoragem ativa para cordoalha engraxada - D = 12,7 mm","un",70.278800000000004]
["M2432","Ancoragem ativa para cordoalha engraxada - D = 15,2 mm","un",102.038]
["M2433","Ancoragem passiva aderente para 10 cordoalhas - D = 12,7 mm","un",134.46979999999999]
["M2434","Ancoragem passiva aderente para 12 cordoalhas - D = 12,7 mm","un",157.21789999999999]
["M2435","Ancoragem passiva aderente para 12 cordoalhas - D = 15,2 mm","un",166.78559999999999]
["M2436","Ancoragem passiva aderente para 15 cordoalhas - D = 12,7 mm","un",216.55840000000001]
["M2437","Ancoragem passiva aderente para 15 cordoalhas - D = 15,2 mm","un",235.7373]
["M2438","Ancoragem passiva aderente para 19 cordoalhas - D = 12,7 mm","un",267.14409999999998]
["M2439","Ancoragem passiva aderente para 19 cordoalhas - D = 15,2 mm","un",291.51260000000002]
["M2440","Ancoragem passiva aderente para 22 cordoalhas - D = 12,7 mm","un",326.3947]
["M2441","Ancoragem passiva aderente para 22 cordoalhas - D = 15,2 mm","un",365.3836]
["M2442","Ancoragem passiva aderente para 27 cordoalhas - D = 12,7 mm","un",447.23770000000002]
["M2443","Ancoragem passiva aderente para 27 cordoalhas - D = 15,2 mm","un",516.68920000000003]
["M2444","Ancoragem passiva aderente para 31 cordoalhas - D = 12,7 mm","un",516.57100000000003]
["M2445","Ancoragem passiva aderente para 4 cordoalhas - D = 12,7 mm","un",55.294499999999999]
["M2446","Ancoragem passiva aderente para 4 cordoalhas - D = 15,2 mm","un",57.703000000000003]
["M2447","Ancoragem passiva aderente para 6 cordoalhas - D = 12,7 mm","un",84.3065]
["M2448","Ancoragem passiva aderente para 6 cordoalhas - D = 15,2 mm","un",87.846999999999994]
["M2449","Ancoragem passiva aderente para 7 cordoalhas - D = 12,7 mm","un",102.9924]
["M2450","Ancoragem passiva aderente para 7 cordoalhas - D = 15,2 mm","un",106.5329]
["M2451","Ancoragem passiva aderente para 8 cordoalhas - D = 12,7 mm","un",102.9924]
["M2452","Ancoragem passiva aderente para 9 cordoalhas - D = 12,7 mm","un",130.1069]
["M2453","Ancoragem passiva aderente para 9 cordoalhas - D = 15,2 mm","un",131.83099999999999]
["M2454","Ancoragem passiva aderente para lajes para 1 cordoalha - D = 12,7 mm","un",18.153400000000001]
["M2455","Ancoragem passiva aderente para lajes para 1 cordoalha - D = 15,2 mm","un",23.639800000000001]
["M2456","Ancoragem passiva aderente para lajes para 2 cordoalhas - D = 12,7 mm","un",20.410900000000002]
["M2457","Ancoragem passiva aderente para lajes para 2 cordoalhas - D = 15,2 mm","un",27.162400000000002]
["M2458","Ancoragem passiva aderente para lajes para 3 cordoalhas - D = 12,7 mm","un",40.611199999999997]
["M2459","Ancoragem passiva aderente para lajes para 3 cordoalhas - D = 15,2 mm","un",48.268599999999999]
["M2460","Ancoragem passiva aderente para lajes para 4 cordoalhas - D = 12,7 mm","un",45.571800000000003]
["M2461","Ancoragem passiva aderente para lajes para 4 cordoalhas - D = 15,2 mm","un",58.427900000000001]
["M2462","Mangueira cristal trançada de PVC com pressão de trabalho de 1,50 MPa (250 psi) - D = 19,0 mm (3/4\")","m",9.0137]
["M2465","Bainha metálica para protensão - D = 40 mm","m",15.4381]
["M2466","Bainha metálica para protensão - D = 45 mm","m",17.0669]
["M2467","Bainha metálica para protensão - D = 50 mm","m",18.571999999999999]
["M2468","Bainha metálica para protensão - D = 55 mm","m",20.319900000000001]
["M2469","Bainha metálica para protensão - D = 60 mm","m",23.1511]
["M2470","Bainha metálica para protensão - D = 65 mm","m",24.3782]
["M2471","Bainha metálica para protensão - D = 70 mm","m",26.5137]
["M2472","Bainha metálica para protensão - D = 75 mm","m",27.555800000000001]
["M2473","Bainha metálica para protensão - D = 80 mm","m",30.286000000000001]
["M2474","Bainha metálica para protensão - D = 85 mm","m",32.336100000000002]
["M2475","Bainha metálica para protensão - D = 90 mm","m",37.082799999999999]
["M2476","Bainha metálica para protensão - D = 95 mm","m",38.2271]
["M2477","Bainha metálica para protensão - D = 100 mm","m",41.23]
["M2478","Bainha metálica para protensão - D = 110 mm","m",46.318300000000001]
["M2479","Bainha metálica para protensão - D = 120 mm","m",49.959200000000003]
["M2480","Bainha metálica para protensão - D = 130 mm","m",53.176699999999997]
["M2481","Bainha metálica ovalizada para protensão - seção de 19 x 36 mm","m",13.5548]
["M2482","Bainha metálica ovalizada para protensão - seção de 19 x 48 mm","m",16.216100000000001]
["M2483","Bainha metálica ovalizada para protensão - seção de 19 x 62 mm","m",18.027100000000001]
["M2484","Bainha metálica ovalizada para protensão - seção de 22 x 32 mm","m",13.291399999999999]
["M2485","Bainha metálica ovalizada para protensão - seção de 22 x 55 mm","m",16.858000000000001]
["M2486","Bainha metálica ovalizada para protensão - seção de 22 x 73 mm","m",19.694500000000001]
["M2487","Espaçador plástico tipo centralizador carambola para grampo de barra de aço - D ≤ 25,4 mm","un",0.47599999999999998]
["M2488","Cinta para elevação de cargas tipo Grab com 1 ramal, anel de suspensão e gancho - C = 3 m a 5 m, capacidade de carga de 5.000 kg, F. S. = 4:1","un",1282.0715]
["M2489","Cinta para elevação de cargas tipo Grab com 2 ramais, anel de suspensão e ganchos - C = 3 m a 5 m, capacidade de carga de 5.000 kg, F. S. = 4:1","un",2650.5963000000002]
["M2490","Cinta para elevação de cargas tipo sling com 1 ramal - C = 2 m a 3 m, capacidade de carga de 1.000 kg, F. S. = 7:1","un",43.021799999999999]
["M2500","Chapa metálica corrugada galvanizada para tunnel liner - E = 2,2 mm e D = 1,2 m","m",4270.1437999999998]
["M2501","Chapa metálica corrugada galvanizada para tunnel liner - E = 2,2 mm e D = 1,4 m","m",4848.4251000000004]
["M2502","Chapa metálica corrugada galvanizada para tunnel liner - E = 2,2 mm e D = 1,6 m","m",5738.0726000000004]
["M2503","Chapa metálica corrugada galvanizada para tunnel liner - E = 2,2 mm e D = 1,8 m","m",6555.7130999999999]
["M2504","Chapa metálica corrugada galvanizada para tunnel liner - E = 2,2 mm e D = 2,0 m","m",7224.8924999999999]
["M2505","Chapa metálica corrugada galvanizada para tunnel liner - E = 2,2 mm e D = 2,2 m","m",7983.7569999999996]
["M2506","Chapa metálica corrugada galvanizada para tunnel liner - E = 2,2 mm e D = 2,4 m","m",8608.1689999999999]
["M2507","Chapa metálica corrugada galvanizada para tunnel liner - E = 2,2 mm e D = 2,6 m","m",9365.9544999999998]
["M2508","Chapa metálica corrugada galvanizada para tunnel liner - E = 2,2 mm e D = 2,8 m","m",10034.209999999999]
["M2509","Chapa metálica corrugada galvanizada para tunnel liner - E = 2,2 mm e D = 3,0 m","m",10837.713]
["M2510","Chapa metálica corrugada galvanizada para tunnel liner - E = 2,7 mm e D = 3,2 m","m",13543.5548]
["M2511","Chapa metálica corrugada galvanizada para tunnel liner - E = 2,7 mm e D = 3,4 m","m",14500.8886]
["M2512","Chapa metálica corrugada galvanizada para tunnel liner - E = 2,7 mm e D = 3,6 m","m",15241.866400000001]
["M2513","Chapa metálica corrugada galvanizada para tunnel liner - E = 2,7 mm e D = 3,8 m","m",16112.9712]
["M2514","Chapa metálica corrugada galvanizada para tunnel liner - E = 2,7 mm e D = 4,0 m","m",16907.340400000001]
["M2515","Chapa metálica corrugada galvanizada para tunnel liner - E = 3,4 mm e D = 4,2 m","m",21064.827499999999]
["M2516","Chapa metálica corrugada galvanizada para tunnel liner - E = 3,4 mm e D = 4,4 m","m",21978.3475]
["M2517","Chapa metálica corrugada galvanizada para tunnel liner - E = 3,4 mm e D = 4,6 m","m",23056.813699999999]
["M2518","Chapa metálica corrugada galvanizada para tunnel liner - E = 3,9 mm e D = 4,8 m","m",26753.967100000002]
["M2519","Chapa metálica corrugada galvanizada para tunnel liner - E = 3,9 mm e D = 5,0 m","m",27991.7091]
["M2520","Chapa metálica corrugada galvanizada revestida com epóxi para tunnel liner - E = 2,2 mm e D = 1,2 m","m",4572.7088000000003]
["M2521","Chapa metálica corrugada galvanizada revestida com epóxi para tunnel liner - E = 2,2 mm e D = 1,4 m","m",5191.9625999999998]
["M2522","Chapa metálica corrugada galvanizada revestida com epóxi para tunnel liner - E = 2,2 mm e D = 1,6 m","m",6144.6387000000004]
["M2523","Chapa metálica corrugada galvanizada revestida com epóxi para tunnel liner - E = 2,2 mm e D = 1,8 m","m",7019.0087999999996]
["M2524","Chapa metálica corrugada galvanizada revestida com epóxi para tunnel liner - E = 2,2 mm e D = 2,0 m","m",7735.4696000000004]
["M2525","Chapa metálica corrugada galvanizada revestida com epóxi para tunnel liner - E = 2,2 mm e D = 2,2 m","m",8547.9043999999994]
["M2526","Chapa metálica corrugada galvanizada revestida com epóxi para tunnel liner - E = 2,2 mm e D = 2,4 m","m",9216.4483999999993]
["M2527","Chapa metálica corrugada galvanizada revestida com epóxi para tunnel liner - E = 2,2 mm e D = 2,6 m","m",10027.8141]
["M2528","Chapa metálica corrugada galvanizada revestida com epóxi para tunnel liner - E = 2,2 mm e D = 2,8 m","m",10743.341]
["M2529","Chapa metálica corrugada galvanizada revestida com epóxi para tunnel liner - E = 2,2 mm e D = 3,0 m","m",11603.573700000001]
["M2530","Chapa metálica corrugada galvanizada revestida com epóxi para tunnel liner - E = 2,7 mm e D = 3,2 m","m",14211.2017]
["M2531","Chapa múltipla metálica corrugada galvanizada tipo MP 100 ou similar - E = 1,60 mm e D = 0,60 m","m",1405.9539]
["M2532","Chapa múltipla metálica corrugada galvanizada tipo MP 100 ou similar - E = 1,60 mm e D = 0,70 m","m",1625.643]
["M2533","Chapa múltipla metálica corrugada galvanizada tipo MP 100 ou similar - E = 1,60 mm e D = 0,80 m","m",1845.328]
["M2534","Chapa múltipla metálica corrugada galvanizada tipo MP 100 ou similar - E = 1,60 mm e D = 0,90 m","m",2021.0639000000001]
["M2535","Chapa múltipla metálica corrugada galvanizada tipo MP 100 ou similar - E = 1,60 mm e D = 1,00 m","m",2240.7575999999999]
["M2536","Chapa múltipla metálica corrugada galvanizada tipo MP 100 ou similar - E = 1,60 mm e D = 1,10 m","m",2548.3337999999999]
["M2537","Chapa múltipla metálica corrugada galvanizada tipo MP 100 ou similar - E = 1,60 mm e D = 1,20 m","m",2724.0853999999999]
["M2538","Chapa múltipla metálica corrugada galvanizada tipo MP 100 ou similar - E = 1,60 mm e D = 1,30 m","m",2943.7608]
["M2539","Chapa múltipla metálica corrugada galvanizada tipo MP 100 ou similar - E = 1,60 mm e D = 1,40 m","m",3119.5261999999998]
["M2540","Chapa múltipla metálica corrugada galvanizada tipo MP 100 ou similar - E = 1,60 mm e D = 1,50 m","m",3339.1556999999998]
["M2541","Chapa múltipla metálica corrugada galvanizada tipo MP 100 ou similar - E = 1,60 mm e D = 1,60 m","m",3558.8773999999999]
["M2542","Chapa múltipla metálica corrugada galvanizada tipo MP 100 ou similar - E = 1,60 mm e D = 1,70 m","m",3734.6167]
["M2543","Chapa múltipla metálica corrugada galvanizada tipo MP 100 ou similar - E = 1,60 mm e D = 1,80 m","m",3954.2528000000002]
["M2544","Chapa múltipla metálica corrugada galvanizada tipo MP 100 ou similar - E = 2,00 mm e D = 1,90 m","m",4645.7159000000001]
["M2545","Chapa múltipla metálica corrugada galvanizada tipo MP 100 ou similar - E = 2,00 mm e D = 2,00 m","m",4896.8855999999996]
["M2546","Chapa múltipla metálica corrugada galvanizada tipo MP 100 ou similar - E = 2,00 mm e D = 2,10 m","m",5231.5833000000002]
["M2547","Chapa múltipla metálica corrugada galvanizada tipo MP 100 ou similar - E = 2,00 mm e D = 2,20 m","m",5357.2749999999996]
["M2548","Chapa múltipla metálica corrugada galvanizada tipo MP 100 ou similar - E = 2,00 mm e D = 2,30 m","m",5566.4982]
["M2549","Chapa múltipla metálica corrugada galvanizada tipo MP 100 ou similar - E = 2,70 mm e D = 2,40 m","m",7410.4539000000004]
["M2550","Chapa múltipla metálica corrugada galvanizada tipo MP 100 ou similar - E = 3,40 mm e D = 2,50 m","m",9399.3611999999994]
["M2551","Chapa múltipla metálica corrugada galvanizada tipo MP 100 ou similar - E = 3,40 mm e D = 2,60 m","m",9933.5090999999993]
["M2552","Chapa múltipla metálica corrugada galvanizada tipo MP 100 ou similar - E = 3,40 mm e D = 2,70 m","m",10125.282300000001]
["M2553","Chapa múltipla metálica corrugada galvanizada tipo MP 100 ou similar - E = 3,40 mm e D = 2,80 m","m",10622.1034]
["M2554","Chapa múltipla metálica corrugada galvanizada tipo MP 152 ou similar - E = 2,70 mm e D = 1,50 m","m",6994.2766000000001]
["M2555","Chapa múltipla metálica corrugada galvanizada tipo MP 152 ou similar - E = 2,70 mm e D = 1,80 m","m",8457.2065000000002]
["M2556","Chapa múltipla metálica corrugada galvanizada tipo MP 152 ou similar - E = 2,70 mm e D = 1,90 m","m",8731.6913000000004]
["M2557","Chapa múltipla metálica corrugada galvanizada tipo MP 152 ou similar - E = 2,70 mm e D = 2,15 m","m",10131.5311]
["M2558","Chapa múltipla metálica corrugada galvanizada tipo MP 152 ou similar - E = 2,70 mm e D = 2,30 m","m",10468.887500000001]
["M2559","Chapa múltipla metálica corrugada galvanizada tipo MP 152 ou similar - E = 2,70 mm e D = 2,65 m","m",12252.289699999999]
["M2560","Chapa múltipla metálica corrugada galvanizada tipo MP 152 ou similar - E = 2,70 mm e D = 3,05 m","m",13988.5633]
["M2561","Chapa múltipla metálica corrugada galvanizada tipo MP 152 ou similar - E = 2,70 mm e D = 3,20 m","m",14857.756100000001]
["M2562","Chapa múltipla metálica corrugada galvanizada tipo MP 152 ou similar - E = 2,70 mm e D = 3,40 m","m",15727.0044]
["M2563","Chapa múltipla metálica corrugada galvanizada tipo MP 152 ou similar - E = 2,70 mm e D = 3,65 m","m",16870.328000000001]
["M2564","Chapa múltipla metálica corrugada galvanizada tipo MP 152 ou similar - E = 2,70 mm e D = 3,80 m","m",17464.430499999999]
["M2565","Chapa múltipla metálica corrugada galvanizada tipo MP 152 ou similar - E = 2,70 mm e D = 4,20 m","m",19247.8606]
["M2566","Chapa múltipla metálica corrugada galvanizada tipo MP 152 ou similar - E = 2,70 mm e D = 4,60 m","m",20982.85]
["M2567","Chapa múltipla metálica corrugada galvanizada tipo MP 152 ou similar - E = 3,40 mm e D = 4,80 m","m",24026.369299999998]
["M2568","Chapa múltipla metálica corrugada galvanizada tipo MP 152 ou similar - E = 3,40 mm e D = 5,00 m","m",24704.67]
["M2569","Chapa múltipla metálica corrugada galvanizada tipo MP 152 ou similar - E = 3,90 mm e D = 5,35 m","m",31171.495299999999]
["M2570","Chapa múltipla metálica corrugada galvanizada tipo MP 152 ou similar - E = 3,90 mm e D = 5,70 m","m",33402.190399999999]
["M2571","Chapa múltipla metálica corrugada galvanizada tipo MP 152 ou similar - E = 4,70 mm e D = 6,10 m","m",41153.533199999998]
["M2572","Chapa múltipla metálica corrugada galvanizada tipo MP 152 ou similar - E = 6,40 mm e D = 6,50 m","m",49411.662700000001]
["M2573","Chapa múltipla metálica corrugada galvanizada tipo MP 152 ou similar - E = 6,40 mm e D = 6,85 m","m",52322.134100000003]
["M2574","Chapa múltipla metálica corrugada galvanizada tipo MP 152 ou similar - E = 6,40 mm e D = 7,25 m","m",55200.057699999998]
["M2580","Parafuso de cabeça sextavada em aço galvanizado com porca e arruela de pressão - D = 7,938 mm (5/16\")","cj",0.68610000000000004]
["M2585","Tirante de barra de aço - tensão de escoamento = 520 MPa, tensão de ruptura = 690 MPa e D = 25 mm","m",63.58]
["M2586","Tirante de barra de aço - tensão de escoamento = 700 MPa, tensão de ruptura = 800 MPa e D = 19 mm","m",26.58]
["M2587","Tirante de barra de aço - tensão de escoamento = 700 MPa, tensão de ruptura = 800 MPa e D = 22 mm","m",38.54]
["M2588","Tirante de barra de aço - tensão de escoamento = 700 MPa, tensão de ruptura = 800 MPa e D = 25 mm","m",47.84]
["M2589","Tirante de barra de aço - tensão de escoamento = 700 MPa, tensão de ruptura = 800 MPa e D = 32 mm","m",88.61]
["M2590","Tirante de barra de aço - tensão de escoamento = 700 MPa, tensão de ruptura = 800 MPa e D = 36 mm","m",102.86]
["M2591","Luva em aço para emenda de tirantes - D = 73 mm e C = 150 mm","un",155.02889999999999]
["M2597","Concreto usinado - fck = 40 MPa (comercial)","m³","-"]
["M2598","Concreto usinado - fck = 45 MPa (comercial)","m³","-"]
["M2599","Concreto usinado - fck = 50 MPa (comercial)","m³","-"]
["M2601","Aparelho de apoio metálico esférico fixo com 4 chumbadores e capacidade de 1.000 kN","un",6156.4575999999997]
["M2602","Aparelho de apoio metálico esférico unidirecional com 4 chumbadores e capacidade de 1.500 kN","un",12875.8941]
["M2603","Aparelho de apoio metálico esférico fixo com 4 chumbadores e capacidade de 1.500 kN","un",9620.8104999999996]
["M2604","Aparelho de apoio metálico esférico fixo com 4 chumbadores e capacidade de 2.000 kN","un",11510.185299999999]
["M2605","Aparelho de apoio metálico esférico fixo com 4 chumbadores e capacidade de 2.500 kN","un",14143.175499999999]
["M2606","Aparelho de apoio metálico esférico fixo com 4 chumbadores e capacidade de 3.000 kN","un",16313.3547]
["M2607","Aparelho de apoio metálico esférico fixo com 4 chumbadores e capacidade de 3.500 kN","un",19614.979299999999]
["M2608","Aparelho de apoio metálico esférico fixo com 4 chumbadores e capacidade de 4.000 kN","un",25467.302599999999]
["M2609","Aparelho de apoio metálico esférico unidirecional com 4 chumbadores e capacidade de 1.000 kN","un",9315.3534999999993]
["M2610","Aparelho de apoio metálico esférico unidirecional com 4 chumbadores e capacidade de 2.000 kN","un",16007.1513]
["M2611","Aparelho de apoio metálico esférico unidirecional com 4 chumbadores e capacidade de 2.500 kN","un",18734.931799999998]
["M2612","Aparelho de apoio metálico esférico unidirecional com 4 chumbadores e capacidade de 3.000 kN","un",22292]
["M2613","Aparelho de apoio metálico esférico unidirecional com 4 chumbadores e capacidade de 3.500 kN","un",25796.553899999999]
["M2614","Aparelho de apoio metálico esférico unidirecional com 4 chumbadores e capacidade de 4.000 kN","un",29876.85]
["M2615","Aparelho de apoio metálico esférico fixo com 4 chumbadores e capacidade de 4.500 kN","un",30632.6901]
["M2616","Aparelho de apoio metálico esférico fixo com 4 chumbadores e capacidade de 5.000 kN","un",34186.501499999998]
["M2617","Aparelho de apoio metálico esférico fixo com 4 chumbadores e capacidade de 5.500 kN","un",39379.783600000002]
["M2618","Aparelho de apoio metálico esférico fixo com 4 chumbadores e capacidade de 6.000 kN","un",43681.996899999998]
["M2619","Aparelho de apoio metálico esférico fixo com 4 chumbadores e capacidade de 6.500 kN","un",48046.747900000002]
["M2620","Aparelho de apoio metálico esférico fixo com 4 chumbadores e capacidade de 7.000 kN","un",53954.182000000001]
["M2621","Aparelho de apoio metálico esférico fixo com 4 chumbadores e capacidade de 7.500 kN","un",55099.538699999997]
["M2622","Aparelho de apoio metálico esférico fixo com 4 chumbadores e capacidade de 8.000 kN","un",59537.869599999998]
["M2623","Grelha metálica para boca de lobo com capacidade de até 300 kN - C = 0,90 m e L = 0,30 m","un",569.2432]
["M2624","Grelha de piso em PVC para passagem de pedestres - C = 50 cm e L = 13 cm","un",63.338000000000001]
["M2625","Marco em PVC para grelha de piso - L = 2,50 m","un",74.799199999999999]
["M2626","Grelha de piso em PVC para passagem de veículos de até 3 t - C = 50 cm e L = 13 cm","un",88.6417]
["M2627","Grelha de piso em PVC para passagem de veículos de até 10 t - C = 50 cm e L = 13 cm","un",121.5746]
["M2628","Grelha de piso em PVC para passagem de pedestres - C = 50 cm e L = 20 cm","un",113.586]
["M2629","Grelha de piso em PVC para passagem de veículos de até 3 t - C = 50 cm e L = 20 cm","un",107.61069999999999]
["M2631","Grelha metálica para canaletas - C = 1,00 m e L = 0,10 m","un",74.095500000000001]
["M2632","Grelha metálica para canaletas - C = 1,00 m e L = 0,15 m","un",147.34979999999999]
["M2633","Porta-grelha metálica - C = 1,00 m e L = 0,15 m","m",112.0752]
["M2634","Grelha metálica para canaletas - C = 1,00 m e L = 0,20 m","un",305.83370000000002]
["M2635","Porta-grelha metálica - C = 1,00 m e L = 0,20 m","m",110.6561]
["M2636","Porta-grelha metálica - C = 1,00 m e L = 0,10 m","m",75.902600000000007]
["M2637","Aparelho de apoio metálico esférico fixo com 4 chumbadores e capacidade de 8.500 kN","un",60567.163099999998]
["M2638","Aparelho de apoio metálico esférico fixo com 4 chumbadores e capacidade de 9.000 kN","un",68621.641300000003]
["M2639","Aparelho de apoio metálico esférico fixo com 4 chumbadores e capacidade de 9.500 kN","un",72663.907800000001]
["M2640","Aparelho de apoio metálico esférico fixo com 4 chumbadores e capacidade de 10.000 kN","un",76637.156600000002]
["M2641","Aparelho de apoio metálico esférico unidirecional com 4 chumbadores e capacidade de 4.500 kN","un",38227.697399999997]
["M2642","Aparelho de apoio metálico esférico unidirecional com 4 chumbadores e capacidade de 5.000 kN","un",42322.374300000003]
["M2643","Aparelho de apoio metálico esférico unidirecional com 4 chumbadores e capacidade de 5.500 kN","un",45885.1325]
["M2644","Aparelho de apoio metálico esférico unidirecional com 4 chumbadores e capacidade de 6.000 kN","un",49578.432500000003]
["M2645","Aparelho de apoio metálico esférico unidirecional com 4 chumbadores e capacidade de 6.500 kN","un",53837.082399999999]
["M2646","Aparelho de apoio metálico esférico unidirecional com 4 chumbadores e capacidade de 7.000 kN","un",57847.251600000003]
["M2647","Aparelho de apoio metálico esférico unidirecional com 4 chumbadores e capacidade de 7.500 kN","un",62120.514199999998]
["M2648","Fincapino de ação direta e pino com furo - D = 6,35 mm (1/4\")","un",1.6016999999999999]
["M2649","Aparelho de apoio metálico esférico unidirecional com 4 chumbadores e capacidade de 8.000 kN","un",66032.831999999995]
["M2650","Aparelho de apoio metálico esférico unidirecional com 4 chumbadores e capacidade de 8.500 kN","un",71253.800499999998]
["M2651","Chapa múltipla metálica corrugada revestida em epóxi tipo MP 100 ou similar - E = 1,60 mm e D = 0,60 m","m",1492.904]
["M2652","Chapa múltipla metálica corrugada revestida em epóxi tipo MP 100 ou similar - E = 1,60 mm e D = 0,70 m","m",1726.1637000000001]
["M2653","Chapa múltipla metálica corrugada revestida em epóxi tipo MP 100 ou similar - E = 1,60 mm e D = 0,80 m","m",1959.4394]
["M2654","Chapa múltipla metálica corrugada revestida em epóxi tipo MP 100 ou similar - E = 1,60 mm e D = 0,90 m","m",2146.0477000000001]
["M2655","Chapa múltipla metálica corrugada revestida em epóxi tipo MP 100 ou similar - E = 1,60 mm e D = 1,00 m","m",2379.3220999999999]
["M2656","Chapa múltipla metálica corrugada revestida em epóxi tipo MP 100 ou similar - E = 1,60 mm e D = 1,10 m","m",2705.9250999999999]
["M2657","Chapa múltipla metálica corrugada revestida em epóxi tipo MP 100 ou similar - E = 1,60 mm e D = 1,20 m","m",2892.5392999999999]
["M2658","Chapa múltipla metálica corrugada revestida em epóxi tipo MP 100 ou similar - E = 1,60 mm e D = 1,30 m","m",3125.7952]
["M2659","Chapa múltipla metálica corrugada revestida em epóxi tipo MP 100 ou similar - E = 1,60 mm e D = 1,40 m","m",3312.4331999999999]
["M2660","Chapa múltipla metálica corrugada revestida em epóxi tipo MP 100 ou similar - E = 1,60 mm e D = 1,50 m","m",3545.6433000000002]
["M2661","Chapa múltipla metálica corrugada revestida em epóxi tipo MP 100 ou similar - E = 1,60 mm e D = 1,60 m","m",3778.9557]
["M2662","Chapa múltipla metálica corrugada revestida em epóxi tipo MP 100 ou similar - E = 1,60 mm e D = 1,70 m","m",3965.5574000000001]
["M2663","Chapa múltipla metálica corrugada revestida em epóxi tipo MP 100 ou similar - E = 1,60 mm e D = 1,80 m","m",4198.7842000000001]
["M2664","Chapa múltipla metálica corrugada revestida em epóxi tipo MP 100 ou similar - E = 2,00 mm e D = 1,90 m","m",4938.7524000000003]
["M2665","Chapa múltipla metálica corrugada revestida em epóxi tipo MP 100 ou similar - E = 2,00 mm e D = 2,00 m","m",5316.1466]
["M2666","Chapa múltipla metálica corrugada revestida em epóxi tipo MP 100 ou similar - E = 2,00 mm e D = 2,10 m","m",5561.5802999999996]
["M2667","Chapa múltipla metálica corrugada revestida em epóxi tipo MP 100 ou similar - E = 2,00 mm e D = 2,20 m","m",5695.1857]
["M2668","Chapa múltipla metálica corrugada revestida em epóxi tipo MP 100 ou similar - E = 2,00 mm e D = 2,30 m","m",5917.6084000000001]
["M2669","Chapa múltipla metálica corrugada revestida em epóxi tipo MP 100 ou similar - E = 2,70 mm e D = 2,40 m","m",8061.8020999999999]
["M2670","Chapa múltipla metálica corrugada revestida em epóxi tipo MP 100 ou similar - E = 3,40 mm e D = 2,50 m","m",10220.176299999999]
["M2671","Chapa múltipla metálica corrugada revestida em epóxi tipo MP 100 ou similar - E = 3,40 mm e D = 2,60 m","m",10801.043900000001]
["M2672","Chapa múltipla metálica corrugada revestida em epóxi tipo MP 100 ou similar - E = 3,40 mm e D = 2,70 m","m",11009.496999999999]
["M2673","Chapa múltipla metálica corrugada revestida em epóxi tipo MP 100 ou similar - E = 3,40 mm e D = 2,80 m","m",11549.6878]
["M2674","Chapa múltipla metálica corrugada revestida em epóxi tipo MP 152 ou similar - E = 2,70 mm e D = 1,50 m","m",7242.82]
["M2675","Chapa múltipla metálica corrugada revestida em epóxi tipo MP 152 ou similar - E = 2,70 mm e D = 1,80 m","m",8757.7353999999996]
["M2676","Chapa múltipla metálica corrugada revestida em epóxi tipo MP 152 ou similar - E = 2,70 mm e D = 1,90 m","m",9041.9593999999997]
["M2677","Chapa múltipla metálica corrugada revestida em epóxi tipo MP 152 ou similar - E = 2,70 mm e D = 2,15 m","m",10272.693300000001]
["M2678","Chapa múltipla metálica corrugada revestida em epóxi tipo MP 152 ou similar - E = 2,70 mm e D = 2,30 m","m",10840.8902]
["M2679","Chapa múltipla metálica corrugada revestida em epóxi tipo MP 152 ou similar - E = 2,70 mm e D = 2,65 m","m",12687.641799999999]
["M2680","Chapa múltipla metálica corrugada revestida em epóxi tipo MP 152 ou similar - E = 2,70 mm e D = 3,05 m","m",14485.650100000001]
["M2681","Chapa múltipla metálica corrugada revestida em epóxi tipo MP 152 ou similar - E = 2,70 mm e D = 3,20 m","m",15385.6952]
["M2682","Chapa múltipla metálica corrugada revestida em epóxi tipo MP 152 ou similar - E = 2,70 mm e D = 3,40 m","m",16285.8158]
["M2683","Chapa múltipla metálica corrugada revestida em epóxi tipo MP 152 ou similar - E = 2,70 mm e D = 3,65 m","m",17469.750899999999]
["M2684","Chapa múltipla metálica corrugada revestida em epóxi tipo MP 152 ou similar - E = 2,70 mm e D = 3,80 m","m",18084.976600000002]
["M2685","Chapa múltipla metálica corrugada revestida em epóxi tipo MP 152 ou similar - E = 2,70 mm e D = 4,20 m","m",19931.756099999999]
["M2686","Chapa múltipla metálica corrugada revestida em epóxi tipo MP 152 ou similar - E = 2,70 mm e D = 4,60 m","m",21728.480200000002]
["M2687","Chapa múltipla metálica corrugada revestida em epóxi tipo MP 152 ou similar - E = 3,40 mm e D = 4,80 m","m",27710.629099999998]
["M2688","Chapa múltipla metálica corrugada revestida em epóxi tipo MP 152 ou similar - E = 3,40 mm e D = 5,00 m","m",28492.980899999999]
["M2689","Chapa múltipla metálica corrugada revestida em epóxi tipo MP 152 ou similar - E = 3,90 mm e D = 5,35 m","m",34845.193500000001]
["M2690","Chapa múltipla metálica corrugada revestida em epóxi tipo MP 152 ou similar - E = 3,90 mm e D = 5,70 m","m",37338.634400000003]
["M2691","Chapa múltipla metálica corrugada revestida em epóxi tipo MP 152 ou similar - E = 4,70 mm e D = 6,10 m","m",46163.147100000002]
["M2692","Chapa múltipla metálica corrugada revestida em epóxi tipo MP 152 ou similar - E = 6,40 mm e D = 6,50 m","m",60463.206299999998]
["M2693","Chapa múltipla metálica corrugada revestida em epóxi tipo MP 152 ou similar - E = 6,40 mm e D = 6,85 m","m",62727.286099999998]
["M2694","Chapa múltipla metálica corrugada revestida em epóxi tipo MP 152 ou similar - E = 6,40 mm e D = 7,25 m","m",66181.112299999993]
["M2695","Aparelho de apoio metálico esférico unidirecional com 4 chumbadores e capacidade de 9.000 kN","un",75524.464000000007]
["M2696","Aparelho de apoio metálico esférico unidirecional com 4 chumbadores e capacidade de 9.500 kN","un",79908.4617]
["M2697","Aparelho de apoio metálico esférico unidirecional com 4 chumbadores e capacidade de 10.000 kN","un",84092.07]
["M2698","Fincapino de ação indireta e pino liso - D = 6,35 mm (1/4\")","un",0.87160000000000004]
["M2700","Corpo de BSCC pré-moldado comercial - seção de 1,5 m x 1,5 m - tipo I","m",2109.7174]
["M2701","Corpo de BSCC pré-moldado comercial - seção de 1,5 m x 1,5 m - tipo II","m",2204.1684]
["M2702","Corpo de BSCC pré-moldado comercial - seção de 1,5 m x 1,5 m - tipo III","m",2292.3593000000001]
["M2703","Corpo de BSCC pré-moldado comercial - seção de 1,5 m x 1,5 m - tipo IV","m",2351.2979999999998]
["M2704","Corpo de BSCC pré-moldado comercial - seção de 1,5 m x 1,5 m - tipo V","m",2880.0769]
["M2705","Corpo de BSCC pré-moldado comercial - seção de 1,5 m x 1,5 m - tipo VI","m",3007.5214999999998]
["M2706","Corpo de BSCC pré-moldado comercial - seção de 1,5 m x 1,5 m - tipo VII","m",3139.973]
["M2707","Corpo de BSCC pré-moldado comercial - seção de 2,0 m x 2,0 m - tipo I","m",2719.9809]
["M2708","Corpo de BSCC pré-moldado comercial - seção de 2,0 m x 2,0 m - tipo II","m",2806.0383000000002]
["M2709","Corpo de BSCC pré-moldado comercial - seção de 2,0 m x 2,0 m - tipo III","m",2886.1718999999998]
["M2710","Corpo de BSCC pré-moldado comercial - seção de 2,0 m x 2,0 m - tipo IV","m",3446.4832999999999]
["M2711","Corpo de BSCC pré-moldado comercial - seção de 2,0 m x 2,0 m - tipo V","m",3620.64]
["M2712","Corpo de BSCC pré-moldado comercial - seção de 2,0 m x 2,0 m - tipo VI","m",3645.4600999999998]
["M2713","Corpo de BSCC pré-moldado comercial - seção de 2,0 m x 2,0 m - tipo VII","m",3924.8944000000001]
["M2714","Corpo de BSCC pré-moldado comercial - seção de 2,5 m x 2,5 m - tipo I","m",3154.4187999999999]
["M2715","Corpo de BSCC pré-moldado comercial - seção de 2,5 m x 2,5 m - tipo II","m",3494.5036]
["M2716","Corpo de BSCC pré-moldado comercial - seção de 2,5 m x 2,5 m - tipo III","m",4238.7223999999997]
["M2717","Corpo de BSCC pré-moldado comercial - seção de 2,5 m x 2,5 m - tipo IV","m",4541.5342000000001]
["M2718","Corpo de BSCC pré-moldado comercial - seção de 2,5 m x 2,5 m - tipo V","m",4550.3311999999996]
["M2719","Corpo de BSCC pré-moldado comercial - seção de 2,5 m x 2,5 m - tipo VI","m",5358.2326999999996]
["M2720","Corpo de BSCC pré-moldado comercial - seção de 2,5 m x 2,5 m - tipo VII","m",5593.3759]
["M2721","Corpo de BSCC pré-moldado comercial - seção de 3,0 m x 3,0 m - tipo I","m",4675.1288000000004]
["M2722","Corpo de BSCC pré-moldado comercial - seção de 3,0 m x 3,0 m - tipo II","m",4862.7408999999998]
["M2723","Corpo de BSCC pré-moldado comercial - seção de 3,0 m x 3,0 m - tipo III","m",5612.6207000000004]
["M2724","Corpo de BSCC pré-moldado comercial - seção de 3,0 m x 3,0 m - tipo IV","m",5949.1169]
["M2725","Corpo de BSCC pré-moldado comercial - seção de 3,0 m x 3,0 m - tipo V","m",6224.9566000000004]
["M2726","Corpo de BSCC pré-moldado comercial - seção de 3,0 m x 3,0 m - tipo VI","m",6422.6252000000004]
["M2727","Corpo de BSCC pré-moldado comercial - seção de 3,0 m x 3,0 m - tipo VII","m",6980.9925999999996]
["M2728","Corpo de BSCC pré-moldado comercial - seção canal de 1,5 m x 1,5 m","m",1802.6813]
["M2729","Corpo de BSCC pré-moldado comercial - seção canal de 2,0 m x 1,5 m","m",1935.0961]
["M2730","Corpo de BSCC pré-moldado comercial - seção canal de 2,0 m x 2,0 m - tipo I","m",2812.2739000000001]
["M2731","Corpo de BSCC pré-moldado comercial - seção canal de 2,0 m x 2,0 m - tipo II","m",2926.1714000000002]
["M2732","Corpo de BSCC pré-moldado comercial - seção canal de 2,5 m x 1,5 m","m",2232.7238000000002]
["M2733","Corpo de BSCC pré-moldado comercial - seção canal de 2,5 m x 2,0 m - tipo I","m",3168.7667999999999]
["M2734","Corpo de BSCC pré-moldado comercial - seção canal de 2,5 m x 2,0 m - tipo II","m",3821.5852]
["M2735","Corpo de BSCC pré-moldado comercial - seção canal de 3,0 m x 1,5 m","m",2650.2521999999999]
["M2736","Corpo de BSCC pré-moldado comercial - seção canal de 3,0 m x 2,0 m - tipo I","m",3568.4688000000001]
["M2737","Corpo de BSCC pré-moldado comercial - seção canal de 3,0 m x 2,0 m - tipo II","m",3614.3126999999999]
["M2738","Aparelho de apoio metálico esférico multidirecional com 4 chumbadores e capacidade de 1.000 kN","un",8118.7752]
["M2739","Aparelho de apoio metálico esférico multidirecional com 4 chumbadores e capacidade de 1.500 kN","un",11700.7652]
["M2740","Aparelho de apoio metálico esférico multidirecional com 4 chumbadores e capacidade de 2.000 kN","un",15108.441500000001]
["M2741","Aparelho de apoio metálico esférico multidirecional com 4 chumbadores e capacidade de 2.500 kN","un",18535.4823]
["M2742","Aparelho de apoio metálico esférico multidirecional com 4 chumbadores e capacidade de 3.000 kN","un",20797.241600000001]
["M2743","Aparelho de apoio metálico esférico multidirecional com 4 chumbadores e capacidade de 3.500 kN","un",23841.1217]
["M2744","Aparelho de apoio metálico esférico multidirecional com 4 chumbadores e capacidade de 4.000 kN","un",26802.281800000001]
["M2745","Aparelho de apoio metálico esférico multidirecional com 4 chumbadores e capacidade de 4.500 kN","un",32188.907899999998]
["M2746","Aparelho de apoio metálico esférico multidirecional com 4 chumbadores e capacidade de 5.000 kN","un",34958.854299999999]
["M2747","Aparelho de apoio metálico esférico multidirecional com 4 chumbadores e capacidade de 5.500 kN","un",38860.858999999997]
["M2748","Aparelho de apoio metálico esférico multidirecional com 4 chumbadores e capacidade de 6.000 kN","un",44148.610399999998]
["M2749","Aparelho de apoio metálico esférico multidirecional com 4 chumbadores e capacidade de 6.500 kN","un",47705.016300000003]
["M2750","Aparelho de apoio metálico esférico multidirecional com 4 chumbadores e capacidade de 7.000 kN","un",51357.514499999997]
["M2751","Aparelho de apoio metálico esférico multidirecional com 4 chumbadores e capacidade de 7.500 kN","un",55417.049800000001]
["M2752","Aparelho de apoio metálico esférico multidirecional com 4 chumbadores e capacidade de 8.000 kN","un",62492.011400000003]
["M2753","Aparelho de apoio metálico esférico multidirecional com 4 chumbadores e capacidade de 8.500 kN","un",68434.444799999997]
["M2754","Aparelho de apoio metálico esférico multidirecional com 4 chumbadores e capacidade de 9.000 kN","un",72225.753200000006]
["M2755","Aparelho de apoio metálico esférico multidirecional com 4 chumbadores e capacidade de 9.500 kN","un",76682.443199999994]
["M2756","Aparelho de apoio metálico esférico multidirecional com 4 chumbadores e capacidade de 10.000 kN","un",80528.2212]
["M2757","Aparelho de apoio metálico elastomérico fixo com 4 chumbadores e capacidade de 700 kN","un",3798.6684]
["M2758","Aparelho de apoio metálico elastomérico fixo com 4 chumbadores e capacidade de 1.500 kN","un",6017.9110000000001]
["M2759","Aparelho de apoio metálico elastomérico fixo com 4 chumbadores e capacidade de 2.500 kN","un",9970.1717000000008]
["M2760","Aparelho de apoio metálico elastomérico fixo com 4 chumbadores e capacidade de 4.000 kN","un",14540.035400000001]
["M2761","Aparelho de apoio metálico elastomérico fixo com 4 chumbadores e capacidade de 5.500 kN","un",20262.307400000002]
["M2762","Aparelho de apoio metálico elastomérico fixo com 4 chumbadores e capacidade de 7.500 kN","un",28204.446400000001]
["M2763","Aparelho de apoio metálico elastomérico fixo com 4 chumbadores e capacidade de 10.000 kN","un",39115.907399999996]
["M2764","Aparelho de apoio metálico elastomérico unidirecional com 4 chumbadores e capacidade de 700 kN","un",4447.1821]
["M2765","Aparelho de apoio metálico elastomérico unidirecional com 4 chumbadores e capacidade de 1.500 kN","un",6482.5438999999997]
["M2766","Aparelho de apoio metálico elastomérico unidirecional com 4 chumbadores e capacidade de 2.500 kN","un",9331.3917000000001]
["M2767","Aparelho de apoio metálico elastomérico unidirecional com 4 chumbadores e capacidade de 4.000 kN","un",16690.7343]
["M2768","Aparelho de apoio metálico elastomérico unidirecional com 4 chumbadores e capacidade de 5.500 kN","un",23041.4159]
["M2769","Aparelho de apoio metálico elastomérico unidirecional com 4 chumbadores e capacidade de 7.500 kN","un",27645.120599999998]
["M2770","Aparelho de apoio metálico elastomérico unidirecional com 4 chumbadores e capacidade de 10.000 kN","un",44291.450700000001]
["M2771","Aparelho de apoio metálico elastomérico multidirecional com 4 chumbadores e capacidade de 700 kN","un",3817.6658000000002]
["M2772","Aparelho de apoio metálico elastomérico multidirecional com 4 chumbadores e capacidade de 1.500 kN","un",5139.8352999999997]
["M2773","Aparelho de apoio metálico elastomérico multidirecional com 4 chumbadores e capacidade de 2.500 kN","un",7759.3809000000001]
["M2774","Aparelho de apoio metálico elastomérico multidirecional com 4 chumbadores e capacidade de 4.000 kN","un",12080.893400000001]
["M2775","Aparelho de apoio metálico elastomérico multidirecional com 4 chumbadores e capacidade de 5.500 kN","un",17176.845000000001]
["M2776","Aparelho de apoio metálico elastomérico multidirecional com 4 chumbadores e capacidade de 7.500 kN","un",24182.769499999999]
["M2777","Aparelho de apoio metálico elastomérico multidirecional com 4 chumbadores e capacidade de 10.000 kN","un",32830.678399999997]
["M2780","Chapa metálica corrugada galvanizada para tunnel liner - E = 2,7 mm e D = 1,2 m","m",5138.4490999999998]
["M2781","Chapa metálica corrugada galvanizada para tunnel liner - E = 2,7 mm e D = 1,4 m","m",5791.6453000000001]
["M2782","Chapa metálica corrugada galvanizada para tunnel liner - E = 2,7 mm e D = 1,6 m","m",6749.6742999999997]
["M2783","Chapa metálica corrugada galvanizada para tunnel liner - E = 2,7 mm e D = 1,8 m","m",7707.6686]
["M2784","Chapa metálica corrugada galvanizada para tunnel liner - E = 2,7 mm e D = 2,0 m","m",8491.7718000000004]
["M2785","Chapa metálica corrugada galvanizada para tunnel liner - E = 3,4 mm e D = 2,2 m","m",11070.9584]
["M2786","Chapa metálica corrugada galvanizada para tunnel liner - E = 3,4 mm e D = 2,4 m","m",11983.394700000001]
["M2787","Chapa metálica corrugada galvanizada para tunnel liner - E = 3,4 mm e D = 2,6 m","m",13061.743]
["M2788","Chapa metálica corrugada galvanizada para tunnel liner - E = 3,4 mm e D = 2,8 m","m",13973.607900000001]
["M2789","Chapa metálica corrugada galvanizada para tunnel liner - E = 3,4 mm e D = 3,0 m","m",15052.4853]
["M2790","Chapa metálica corrugada galvanizada para tunnel liner - E = 3,4 mm e D = 3,2 m","m",15964.7006]
["M2791","Chapa metálica corrugada galvanizada para tunnel liner - E = 3,9 mm e D = 3,4 m","m",19040.136500000001]
["M2792","Chapa metálica corrugada galvanizada para tunnel liner - E = 3,9 mm e D = 3,6 m","m",20082.737300000001]
["M2793","Chapa metálica corrugada galvanizada para tunnel liner - E = 3,9 mm e D = 3,8 m","m",21324.702499999999]
["M2794","Chapa metálica corrugada galvanizada para tunnel liner - E = 3,9 mm e D = 4,0 m","m",22288.2048]
["M2795","Chapa metálica corrugada galvanizada para tunnel liner - E = 3,9 mm e D = 4,2 m","m",23490.382099999999]
["M2796","Chapa metálica corrugada galvanizada para tunnel liner - E = 3,9 mm e D = 4,4 m","m",24571.022099999998]
["M2797","Chapa metálica corrugada galvanizada para tunnel liner - E = 3,9 mm e D = 4,6 m","m",25692.368200000001]
["M2798","Chapa metálica corrugada galvanizada para tunnel liner - E = 4,7 mm e D = 4,8 m","m",31115.997800000001]
["M2799","Chapa metálica corrugada galvanizada para tunnel liner - E = 4,7 mm e D = 5,0 m","m",32580.895499999999]
["M2800","Chapa metálica corrugada galvanizada revestida com epóxi para tunnel liner - E = 2,7 mm e D = 1,2 m","m",5391.7667000000001]
["M2801","Chapa metálica corrugada galvanizada revestida com epóxi para tunnel liner - E = 2,7 mm e D = 1,4 m","m",6077.1693999999998]
["M2802","Chapa metálica corrugada galvanizada revestida com epóxi para tunnel liner - E = 2,7 mm e D = 1,6 m","m",7082.4296000000004]
["M2803","Chapa metálica corrugada galvanizada revestida com epóxi para tunnel liner - E = 2,7 mm e D = 1,8 m","m",8087.6550999999999]
["M2804","Chapa metálica corrugada galvanizada revestida com epóxi para tunnel liner - E = 2,7 mm e D = 2,0 m","m",8910.3938999999991]
["M2805","Chapa metálica corrugada galvanizada revestida com epóxi para tunnel liner - E = 3,4 mm e D = 2,2 m","m",11953.086799999999]
["M2806","Chapa metálica corrugada galvanizada revestida com epóxi para tunnel liner - E = 3,4 mm e D = 2,4 m","m",12938.210499999999]
["M2807","Chapa metálica corrugada galvanizada revestida com epóxi para tunnel liner - E = 3,4 mm e D = 2,6 m","m",14102.465899999999]
["M2808","Chapa metálica corrugada galvanizada revestida com epóxi para tunnel liner - E = 3,4 mm e D = 2,8 m","m",15087.008099999999]
["M2809","Chapa metálica corrugada galvanizada revestida com epóxi para tunnel liner - E = 3,4 mm e D = 3,0 m","m",16251.782499999999]
["M2810","Chapa metálica corrugada galvanizada revestida com epóxi para tunnel liner - E = 3,4 mm e D = 3,2 m","m",17236.6852]
["M2811","Chapa múltipla metálica corrugada galvanizada tipo MP 152 lenticular ou similar - E = 2,70 mm, H = 1,40 m e vão = 1,95 m","m",8384.1064000000006]
["M2812","Chapa múltipla metálica corrugada galvanizada tipo MP 152 lenticular ou similar - E = 2,70 mm, H = 1,50 m e vão = 2,15 m","m",9264.2366999999995]
["M2813","Chapa múltipla metálica corrugada galvanizada tipo MP 152 lenticular ou similar - E = 2,70 mm, H = 1,60 m e vão = 2,30 m","m",9881.6949999999997]
["M2814","Chapa múltipla metálica corrugada galvanizada tipo MP 152 lenticular ou similar - E = 2,70 mm, H = 1,65 m e vão = 2,55 m","m",10484.3685]
["M2815","Chapa múltipla metálica corrugada galvanizada tipo MP 152 lenticular ou similar - E = 2,70 mm, H = 1,85 m e vão = 2,70 m","m",11364.0237]
["M2816","Chapa múltipla metálica corrugada galvanizada tipo MP 152 lenticular ou similar - E = 2,70 mm, H = 1,90 m e vão = 2,75 m","m",11672.893400000001]
["M2817","Chapa múltipla metálica corrugada galvanizada tipo MP 152 lenticular ou similar - E = 2,70 mm, H = 2,00 m e vão = 3,00 m","m",12275.188399999999]
["M2818","Chapa múltipla metálica corrugada galvanizada tipo MP 152 lenticular ou similar - E = 2,70 mm, H = 2,10 m e vão = 3,20 m","m",12877.3254]
["M2819","Chapa múltipla metálica corrugada galvanizada tipo MP 152 lenticular ou similar - E = 2,70 mm, H = 2,15 m e vão = 3,35 m","m",13479.114100000001]
["M2820","Chapa múltipla metálica corrugada galvanizada tipo MP 152 lenticular ou similar - E = 2,70 mm, H = 2,25 m e vão = 3,55 m","m",14081.6438]
["M2821","Chapa múltipla metálica corrugada galvanizada tipo MP 152 lenticular ou similar - E = 2,70 mm, H = 2,35 m e vão = 3,70 m","m",14961.9995]
["M2822","Chapa múltipla metálica corrugada galvanizada tipo MP 152 lenticular ou similar - E = 2,70 mm, H = 2,45 m e vão = 3,90 m","m",15580.2724]
["M2823","Chapa múltipla metálica corrugada galvanizada tipo MP 152 lenticular ou similar - E = 2,70 mm, H = 2,55 m e vão = 4,00 m","m",16182.4467]
["M2824","Chapa múltipla metálica corrugada galvanizada tipo MP 152 lenticular ou similar - E = 2,70 mm, H = 2,80 m e vão = 4,15 m","m",16783.438399999999]
["M2825","Chapa múltipla metálica corrugada galvanizada tipo MP 152 lenticular ou similar - E = 2,70 mm, H = 2,90 m e vão = 4,40 m","m",17386.852999999999]
["M2826","Chapa múltipla metálica corrugada galvanizada tipo MP 152 lenticular ou similar - E = 2,70 mm, H = 3,00 m e vão = 4,60 m","m",18282.607100000001]
["M2827","Chapa múltipla metálica corrugada galvanizada tipo MP 152 lenticular ou similar - E = 3,40 mm, H = 3,05 m e vão = 4,80 m","m",22730.298999999999]
["M2828","Chapa múltipla metálica corrugada galvanizada tipo MP 152 lenticular ou similar - E = 3,40 mm, H = 3,15 m e vão = 5,05 m","m",23791.296300000002]
["M2829","Chapa múltipla metálica corrugada galvanizada tipo MP 152 lenticular ou similar - E = 3,40 mm, H = 3,25 m e vão = 5,25 m","m",24540.087800000001]
["M2830","Chapa múltipla metálica corrugada galvanizada tipo MP 152 lenticular ou similar - E = 3,90 mm, H = 3,35 m e vão = 5,45 m","m",28098.569200000002]
["M2831","Chapa múltipla metálica corrugada galvanizada tipo MP 152 lenticular ou similar - E = 3,90 mm, H = 3,40 m e vão = 5,60 m","m",28515.874100000001]
["M2832","Chapa múltipla metálica corrugada galvanizada tipo MP 152 lenticular ou similar - E = 4,70 mm, H = 3,50 m e vão = 5,80 m","m",34246.128100000002]
["M2833","Chapa múltipla metálica corrugada galvanizada tipo MP 152 lenticular ou similar - E = 4,70 mm, H = 3,55 m e vão = 5,90 m","m",34726.099300000002]
["M2834","Chapa múltipla metálica corrugada galvanizada tipo MP 152 lenticular ou similar - E = 4,70 mm, H = 3,65 m e vão = 6,10 m","m",36060.798300000002]
["M2835","Chapa múltipla metálica corrugada galvanizada tipo MP 152 lenticular ou similar - E = 4,70 mm, H = 3,65 m e vão = 6,25 m","m",36541.869100000004]
["M2836","Chapa múltipla metálica corrugada galvanizada tipo MP 152 lenticular ou similar - E = 6,40 mm, H = 3,75 m e vão = 6,40 m","m",50101.205699999999]
["M2837","Chapa múltipla metálica corrugada galvanizada tipo MP 152 lenticular ou similar - E = 6,40 mm, H = 3,85 m e vão = 6,60 m","m",51857.462399999997]
["M2838","Chapa múltipla metálica corrugada galvanizada tipo MP 152 ou similar para passagem de gado - E = 2,70 mm, H = 2,25 m e vão = 2,20 m","m",11639.220799999999]
["M2839","Chapa múltipla metálica corrugada galvanizada tipo MP 152 ou similar para passagem de gado - E = 2,70 mm, H = 3,10 m e vão = 2,90 m","m",14961.9995]
["M2840","Chapa múltipla metálica corrugada galvanizada tipo MP 152 ou similar para passagem inferior - E = 2,70 mm, H = 3,50 m e vão = 3,70 m","m",17371.627400000001]
["M2841","Chapa múltipla metálica corrugada galvanizada tipo MP 152 ou similar para passagem inferior - E = 2,70 mm, H = 3,60 m e vão = 3,90 m","m",18267.371599999999]
["M2842","Chapa múltipla metálica corrugada galvanizada tipo MP 152 ou similar para passagem inferior - E = 2,70 mm, H = 3,75 m e vão = 4,00 m","m",18868.048299999999]
["M2843","Chapa múltipla metálica corrugada galvanizada tipo MP 152 ou similar para passagem inferior - E = 2,70 mm, H = 3,90 m e vão = 4,20 m","m",19471.531599999998]
["M2844","Chapa múltipla metálica corrugada galvanizada tipo MP 152 ou similar para passagem inferior - E = 2,70 mm, H = 4,10 m e vão = 4,25 m","m",20073.119600000002]
["M2845","Chapa múltipla metálica corrugada galvanizada tipo MP 152 ou similar para passagem inferior - E = 2,70 mm, H = 4,25 m e vão = 4,40 m","m",20970.1702]
["M2846","Chapa múltipla metálica corrugada galvanizada tipo MP 152 ou similar para passagem inferior - E = 2,70 mm, H = 4,40 m e vão = 4,50 m","m",21570.0062]
["M2847","Chapa múltipla metálica corrugada galvanizada tipo MP 152 ou similar para passagem inferior - E = 3,40 mm, H = 4,50 m e vão = 4,70 m","m",26708.467199999999]
["M2848","Chapa múltipla metálica corrugada galvanizada tipo MP 152 ou similar para passagem inferior - E = 3,40 mm, H = 4,75 m e vão = 4,80 m","m",28064.835599999999]
["M2849","Chapa múltipla metálica corrugada galvanizada tipo MP 152 ou similar para passagem inferior - E = 3,40 mm, H = 4,85 m e vão = 5,00 m","m",29426.084299999999]
["M2850","Chapa múltipla metálica corrugada galvanizada tipo MP 152 ou similar para passagem inferior - E = 3,40 mm, H = 4,90 m e vão = 5,15 m","m",29561.100399999999]
["M2851","Chapa múltipla metálica corrugada galvanizada tipo MP 152 ou similar para passagem inferior - E = 3,40 mm, H = 5,00 m e vão = 5,25 m","m",29920.848000000002]
["M2852","Chapa múltipla metálica corrugada galvanizada tipo MP 152 ou similar para passagem inferior - E = 3,40 mm, H = 5,30 m e vão = 5,30 m","m",31295.916000000001]
["M2853","Chapa múltipla metálica corrugada galvanizada tipo MP 152 ou similar para passagem inferior - E = 3,90 mm, H = 5,25 m e vão = 5,65 m","m",35922.388400000003]
["M2854","Chapa múltipla metálica corrugada galvanizada tipo MP 152 ou similar para passagem inferior - E = 4,70 mm, H = 5,30 m e vão = 5,85 m","m",42718.2958]
["M2855","Chapa múltipla metálica corrugada galvanizada tipo MP 152 ou similar para passagem inferior - E = 4,70 mm, H = 5,45 m e vão = 6,00 m","m",43674.071100000001]
["M2856","Chapa múltipla metálica corrugada galvanizada tipo MP 152 ou similar para passagem inferior - E = 4,70 mm, H = 5,50 m e vão = 6,25 m","m",44644.354399999997]
["M2857","Chapa múltipla metálica corrugada galvanizada de arco alto tipo MP 152S ou similar - E = 4,70 mm, H = 2,77 m e vão = 6,12 m","m",26063.4745]
["M2858","Chapa múltipla metálica corrugada galvanizada de arco alto tipo MP 152S ou similar - E = 4,70 mm, H = 3,68 m e vão = 6,30 m","m",31631.895100000002]
["M2859","Chapa múltipla metálica corrugada galvanizada de arco alto tipo MP 152S ou similar - E = 4,70 mm, H = 3,56 m e vão = 6,55 m","m",31855.559300000001]
["M2860","Chapa múltipla metálica corrugada galvanizada de arco alto tipo MP 152S ou similar - E = 4,70 mm, H = 4,42 m e vão = 6,96 m","m",36302.749499999998]
["M2861","Chapa múltipla metálica corrugada galvanizada de arco alto tipo MP 152S ou similar - E = 4,70 mm, H = 3,61 m e vão = 6,78 m","m",32126.625400000001]
["M2862","Chapa múltipla metálica corrugada galvanizada de arco alto tipo MP 152S ou similar - E = 4,70 mm, H = 4,27 m e vão = 6,99 m","m",36179.169800000003]
["M2863","Chapa múltipla metálica corrugada galvanizada de arco alto tipo MP 152S ou similar - E = 4,70 mm, H = 3,63 m e vão = 7,01 m","m",32673.977800000001]
["M2864","Chapa múltipla metálica corrugada galvanizada de arco alto tipo MP 152S ou similar - E = 4,70 mm, H = 4,52 m e vão = 7,42 m","m",37796.366900000001]
["M2865","Chapa múltipla metálica corrugada galvanizada de arco alto tipo MP 152S ou similar - E = 4,70 mm, H = 3,68 m e vão = 7,24 m","m",33206.103999999999]
["M2866","Chapa múltipla metálica corrugada galvanizada de arco alto tipo MP 152S ou similar - E = 4,70 mm, H = 4,19 m e vão = 7,47 m","m",35901.128199999999]
["M2867","Chapa múltipla metálica corrugada galvanizada de arco alto tipo MP 152S ou similar - E = 4,70 mm, H = 4,60 m e vão = 7,85 m","m",38871.558499999999]
["M2868","Chapa múltipla metálica corrugada galvanizada de arco alto tipo MP 152S ou similar - E = 4,70 mm, H = 3,99 m e vão = 7,67 m","m",35367.789100000002]
["M2869","Chapa múltipla metálica corrugada galvanizada de arco alto tipo MP 152S ou similar - E = 4,70 mm, H = 4,65 m e vão = 8,08 m","m",39406.459300000002]
["M2870","Chapa múltipla metálica corrugada galvanizada de arco alto tipo MP 152S ou similar - E = 4,70 mm, H = 4,04 m e vão = 7,90 m","m",36302.749499999998]
["M2871","Chapa múltipla metálica corrugada galvanizada de arco alto tipo MP 152S ou similar - E = 4,70 mm, H = 4,70 m e vão = 8,31 m","m",40358.7837]
["M2872","Chapa múltipla metálica corrugada galvanizada de arco alto tipo MP 152S ou similar - E = 4,70 mm, H = 4,11 m e vão = 8,36 m","m",37385.720300000001]
["M2873","Chapa múltipla metálica corrugada galvanizada de arco alto tipo MP 152S ou similar - E = 4,70 mm, H = 5,00 m e vão = 8,97 m","m",42507.637300000002]
["M2874","Chapa múltipla metálica corrugada galvanizada de arco alto tipo MP 152S ou similar - E = 4,70 mm, H = 4,39 m e vão = 8,59 m","m",38995.138099999996]
["M2875","Chapa múltipla metálica corrugada galvanizada de arco alto tipo MP 152S ou similar - E = 4,70 mm, H = 5,49 m e vão = 9,17 m","m",45201.291499999999]
["M2876","Chapa múltipla metálica corrugada galvanizada de arco alto tipo MP 152S ou similar - E = 4,70 mm, H = 4,70 m e vão = 9,22 m","m",42384.057699999998]
["M2877","Chapa múltipla metálica corrugada galvanizada de arco alto tipo MP 152S ou similar - E = 4,70 mm, H = 5,59 m e vão = 9,63 m","m",46682.075900000003]
["M2878","Chapa múltipla metálica corrugada galvanizada de arco alto tipo MP 152S ou similar - E = 4,70 mm, H = 4,75 m e vão = 9,45 m","m",42909.258600000001]
["M2879","Chapa múltipla metálica corrugada galvanizada de arco alto tipo MP 152S ou similar - E = 4,70 mm, H = 5,41 m e vão = 9,65 m","m",46156.885000000002]
["M2880","Chapa múltipla metálica corrugada galvanizada de arco alto tipo MP 152S ou similar - E = 4,70 mm, H = 6,07 m e vão = 9,86 m","m",50201.841099999998]
["M2881","Chapa múltipla metálica corrugada galvanizada de arco alto tipo MP 152S ou similar - E = 4,70 mm, H = 5,23 m e vão = 9,68 m","m",45602.912799999998]
["M2882","Chapa múltipla metálica corrugada galvanizada de arco alto tipo MP 152S ou similar - E = 4,70 mm, H = 6,12 m e vão = 10,08 m","m",50727.042000000001]
["M2883","Chapa múltipla metálica corrugada galvanizada de arco alto tipo MP 152S ou similar - E = 4,70 mm, H = 5,28 m e vão = 9,91 m","m",46156.885000000002]
["M2884","Chapa múltipla metálica corrugada galvanizada de arco alto tipo MP 152S ou similar - E = 4,70 mm, H = 6,17 m e vão = 10,31 m","m",51284.409]
["M2885","Chapa múltipla metálica corrugada galvanizada de arco alto tipo MP 152S ou similar - E = 4,70 mm, H = 5,38 m e vão = 10,36 m","m",47622.815399999999]
["M2886","Chapa múltipla metálica corrugada galvanizada de arco alto tipo MP 152S ou similar - E = 4,70 mm, H = 6,05 m e vão = 10,54 m","m",51686.030200000001]
["M2887","Chapa múltipla metálica corrugada galvanizada de arco alto tipo MP 152S ou similar - E = 4,70 mm, H = 6,48 m e vão = 10,74 m","m",53838.303699999997]
["M2888","Chapa múltipla metálica corrugada galvanizada de arco alto tipo MP 152S ou similar - E = 4,70 mm, H = 7,12 m e vão = 11,35 m","m",57878.989300000001]
["M2889","Chapa múltipla metálica corrugada galvanizada de arco alto tipo MP 152S ou similar - E = 6,40 mm, H = 5,41 m e vão = 10,57 m","m",63799.483200000002]
["M2890","Chapa múltipla metálica corrugada galvanizada de arco alto tipo MP 152S ou similar - E = 6,40 mm, H = 6,10 m e vão = 10,77 m","m",69156.695999999996]
["M2891","Chapa múltipla metálica corrugada galvanizada de arco alto tipo MP 152S ou similar - E = 6,40 mm, H = 6,53 m e vão = 10,97 m","m",72091.471600000004]
["M2892","Chapa múltipla metálica corrugada galvanizada de arco alto tipo MP 152S ou similar - E = 6,40 mm, H = 7,16 m e vão = 11,58 m","m",77467.811100000006]
["M2893","Chapa múltipla metálica corrugada galvanizada tipo MP 152S ovoide ou similar - E = 4,70 mm, H = 7,82 m e vão = 7,21 m","m",61461.2503]
["M2894","Chapa múltipla metálica corrugada galvanizada tipo MP 152S ovoide ou similar - E = 4,70 mm, H = 7,87 m e vão = 7,31 m","m",63742.182200000003]
["M2895","Chapa múltipla metálica corrugada galvanizada tipo MP 152S ovoide ou similar - E = 4,70 mm, H = 7,90 m e vão = 7,77 m","m",64808.030200000001]
["M2896","Chapa múltipla metálica corrugada galvanizada tipo MP 152S ovoide ou similar - E = 4,70 mm, H = 8,44 m e vão = 7,57 m","m",66040.175199999998]
["M2897","Chapa múltipla metálica corrugada galvanizada tipo MP 152S ovoide ou similar - E = 4,70 mm, H = 8,23 m e vão = 8,36 m","m",70348.109500000006]
["M2898","Chapa múltipla metálica corrugada galvanizada tipo MP 152S ovoide ou similar - E = 4,70 mm, H = 8,01 m e vão = 8,13 m","m",69127.714600000007]
["M2899","Chapa múltipla metálica corrugada galvanizada tipo MP 152S ovoide ou similar - E = 4,70 mm, H = 8,48 m e vão = 8,56 m","m",71012.326199999996]
["M2900","Chapa múltipla metálica corrugada galvanizada tipo MP 152S ovoide ou similar - E = 4,70 mm, H = 9,32 m e vão = 8,71 m","m",74680.054099999994]
["M2901","Chapa múltipla metálica corrugada galvanizada tipo MP 152S ovoide ou similar - E = 4,70 mm, H = 9,04 m e vão = 9,15 m","m",76816.559599999993]
["M2902","Chapa múltipla metálica corrugada galvanizada tipo MP 152S ovoide ou similar - E = 4,70 mm, H = 9,50 m e vão = 9,15 m","m",77236.022200000007]
["M2908","Terminal absorvedor de energia de abertura com nível de contenção TL3 para defensa metálica","un",47817.054300000003]
["M2909","Terminal absorvedor de energia de não abertura com nível de contenção TL3 para defensa metálica","un",63865.054300000003]
["M2979","Chumbador em aço CA 25","kg",6.1909999999999998]
["M3089","Arame liso em aço galvanizado - D = 1,24 mm (18 BWG)","kg",19.5564]
["M3091","Porca sextavada em aço para ancoragem de tirantes - D = 38 mm e C = 55 mm","un",27.193300000000001]
["M3093","Tela de poliamida - malha de 60 fios/cm","m²",20.219799999999999]
["M3094","Tirante de barra de aço - tensão de escoamento = 520 MPa, tensão de ruptura = 690 MPa e D = 32 mm","m",123.6087]
["M3095","Válvula manchete - D = 20 mm","un",2.4037999999999999]
["M3126","Barra chata em aço galvanizado","kg",8.7370000000000001]
["M3127","Luva para bainha metálica - D = 30 mm","un",3.5022000000000002]
["M3128","Luva para bainha metálica - D = 35 mm","un",3.6198000000000001]
["M3129","Luva para bainha metálica - D = 40 mm","un",4.0129999999999999]
["M3130","Luva para bainha metálica - D = 45 mm","un",5.0785]
["M3131","Luva para bainha metálica - D = 50 mm","un",5.4634999999999998]
["M3132","Luva para bainha metálica - D = 55 mm","un",6.2511000000000001]
["M3133","Luva para bainha metálica - D = 60 mm","un",6.6840000000000002]
["M3134","Luva para bainha metálica - D = 65 mm","un",7.2617000000000003]
["M3135","Luva para bainha metálica - D = 70 mm","un",7.3491999999999997]
["M3136","Luva para bainha metálica - D = 75 mm","un",8.2475000000000005]
["M3137","Luva para bainha metálica - D = 80 mm","un",8.5640999999999998]
["M3138","Luva para bainha metálica - D = 85 mm","un",8.8910999999999998]
["M3139","Luva para bainha metálica - D = 90 mm","un",9.8364999999999991]
["M3140","Luva para bainha metálica - D = 95 mm","un",10.4002]
["M3141","Luva para bainha metálica - D = 100 mm","un",10.974299999999999]
["M3142","Luva para bainha metálica - D = 110 mm","un",12.1874]
["M3143","Luva para bainha metálica - D = 120 mm","un",13.487299999999999]
["M3144","Luva para bainha metálica - D = 130 mm","un",15.626099999999999]
["M3145","Luva para bainha metálica ovalizada de 19 x 36 mm","un",8.4345999999999997]
["M3146","Luva para bainha metálica ovalizada de 19 x 48 mm","un",8.9969000000000001]
["M3147","Luva para bainha metálica ovalizada de 19 x 62 mm","un",9.4285999999999994]
["M3148","Luva para bainha metálica ovalizada de 22 x 32 mm","un",9.9765999999999995]
["M3149","Luva para bainha metálica ovalizada de 22 x 55 mm","un",10.319000000000001]
["M3150","Luva para bainha metálica ovalizada de 22 x 73 mm","un",11.0093]
["M3153","Tinta em pó à base de resina poliéster","kg",80.059700000000007]
["M3170","Apoio de neoprene não fretado - C = 100 mm, L = 100 mm e E = 20 mm","un",22.6173]
["M3171","Porca sextavada em aço galvanizado para parafuso - D = 9,525 mm (3/8\")","un",0.31090000000000001]
["M3172","Porca sextavada em aço galvanizado para parafuso - D = 12 mm (M12)","un",0.61860000000000004]
["M3173","Parafuso de cabeça sextavada em aço galvanizado, classe 8.8 - D = 12 mm (M12) e C = 30 mm","un",1.8130999999999999]
["M3174","Ligação tipo barra chata em aço galvanizado para contenção - L = 45 mm e E = 4 mm","kg",16.8201]
["M3177","Fita metálica SAE 1010/1020 para solo reforçado - L = 50 mm e E = 4 mm","kg",16.043600000000001]
["M3178","Material para aterro reforçado com fitas metálicas","m³","-"]
["M3179","Tubo PEAD PE 100 PN 5 para estais - D = 140 mm","m",210.9016]
["M3180","Tubo PEAD PE 100 PN 5 para estais - D = 160 mm","m",251.9434]
["M3181","Tubo PEAD PE 100 PN 5 para estais - D = 180 mm","m",300.39499999999998]
["M3182","Tubo PEAD PE 100 PN 5 para estais - D = 200 mm","m",349.19779999999997]
["M3183","Tubo PEAD PE 100 PN 5 para estais - D = 225 mm","m",400.88780000000003]
["M3184","Tubo PEAD PE 100 PN 5 para estais - D = 250 mm","m",452.52010000000001]
["M3185","Tubo PEAD PE 100 PN 5 para estais - D = 280 mm","m",473.89]
["M3186","Tubo PEAD PE 100 PN 5 para estais - D = 315 mm","m",524.01220000000001]
["M3187","Tubo antivandalismo em aço galvanizado para estais de 12 cordoalhas - D = 15,7 mm","m",1939.1692]
["M3188","Tubo antivandalismo em aço galvanizado para estais de 19 cordoalhas - D = 15,7 mm","m",2220.7220000000002]
["M3189","Tubo antivandalismo em aço galvanizado para estais de 22 cordoalhas - D = 15,7 mm","m",2409.8613]
["M3190","Tubo antivandalismo em aço galvanizado para estais de 31 cordoalhas - D = 15,7 mm","m",2886.3633]
["M3191","Tubo antivandalismo em aço galvanizado para estais de 37 cordoalhas - D = 15,7 mm","m",2891.6641]
["M3192","Tubo antivandalismo em aço galvanizado para estais de 43 cordoalhas - D = 15,7 mm","m",3614.3053]
["M3193","Tubo antivandalismo em aço galvanizado para estais de 55 cordoalhas - D = 15,7 mm","m",3625.7374]
["M3194","Tubo antivandalismo em aço galvanizado para estais de 61 cordoalhas - D = 15,7 mm","m",3625.7374]
["M3195","Tubo antivandalismo em aço galvanizado para estais de 73 cordoalhas - D = 15,7 mm","m",4185.8748999999998]
["M3196","Tubo antivandalismo em aço galvanizado para estais de 85 cordoalhas - D = 15,7 mm","m",4737.5249000000003]
["M3197","Tubo antivandalismo em aço galvanizado para estais de 91 cordoalhas - D = 15,7 mm","m",4749.0436]
["M3198","Tubo fôrma lado fixo em aço galvanizado para estais de 12 cordoalhas - D = 15,7 mm","m",2158.0499]
["M3199","Tubo fôrma lado fixo em aço galvanizado para estais de 19 cordoalhas - D = 15,7 mm","m",2462.2574]
["M3200","Tubo fôrma lado fixo em aço galvanizado para estais de 22 cordoalhas - D = 15,7 mm","m",3131.0362]
["M3201","Tubo fôrma lado fixo em aço galvanizado para estais de 31 cordoalhas - D = 15,7 mm","m",4177.3335999999999]
["M3202","Tubo fôrma lado fixo em aço galvanizado para estais de 37 cordoalhas - D = 15,7 mm","m",4434.2491]
["M3203","Tubo fôrma lado fixo em aço galvanizado para estais de 43 cordoalhas - D = 15,7 mm","m",5852.2361000000001]
["M3204","Tubo fôrma lado fixo em aço galvanizado para estais de 55 cordoalhas - D = 15,7 mm","m",7381.0562]
["M3205","Tubo fôrma lado fixo em aço galvanizado para estais de 61 cordoalhas - D = 15,7 mm","m",7381.0562]
["M3206","Tubo fôrma lado fixo em aço galvanizado para estais de 73 cordoalhas - D = 15,7 mm","m",8637.9071999999996]
["M3207","Tubo fôrma lado fixo em aço galvanizado para estais de 85 cordoalhas - D = 15,7 mm","m",9527.1077999999998]
["M3208","Tubo fôrma lado fixo em aço galvanizado para estais de 91 cordoalhas - D = 15,7 mm","m",9929.0545999999995]
["M3209","Tubo fôrma lado regulável em aço galvanizado para estais de 12 cordoalhas - D = 15,7 mm","m",1864.0008]
["M3210","Tubo fôrma lado regulável em aço galvanizado para estais de 19 cordoalhas - D = 15,7 mm","m",2146.3123999999998]
["M3211","Tubo fôrma lado regulável em aço galvanizado para estais de 22 cordoalhas - D = 15,7 mm","m",2724.7629999999999]
["M3212","Tubo fôrma lado regulável em aço galvanizado para estais de 31 cordoalhas - D = 15,7 mm","m",3640.7285999999999]
["M3213","Tubo fôrma lado regulável em aço galvanizado para estais de 37 cordoalhas - D = 15,7 mm","m",3867.5540999999998]
["M3214","Tubo fôrma lado regulável em aço galvanizado para estais de 43 cordoalhas - D = 15,7 mm","m",5102.4935999999998]
["M3215","Tubo fôrma lado regulável em aço galvanizado para estais de 55 cordoalhas - D = 15,7 mm","m",6433.2212]
["M3216","Tubo fôrma lado regulável em aço galvanizado para estais de 61 cordoalhas - D = 15,7 mm","m",6433.2212]
["M3217","Tubo fôrma lado regulável em aço galvanizado para estais de 73 cordoalhas - D = 15,7 mm","m",7532.0996999999998]
["M3218","Tubo fôrma lado regulável em aço galvanizado para estais de 85 cordoalhas - D = 15,7 mm","m",8585.2497000000003]
["M3219","Tubo fôrma lado regulável em aço galvanizado para estais de 91 cordoalhas - D = 15,7 mm","m",8665.2746000000006]
["M3220","Coroa de botões esféricos - Ring bit - D = 104 mm (4 3/32\")","un",1022.2489]
["M3225","Película retrorrefletiva tipo III + SI (sinal impresso com película de sobreposição tipo V)","m²",436.56079999999997]
["M3227","Tubo de revestimento em aço-carbono schedule 40 - DN = 101,6 mm (4\")","m",239.00989999999999]
["M3228","Cimento asfáltico de petróleo com borracha - CAP 50/70 com 15% de borracha de pneu","t","-"]
["M3229","Película retrorrefletiva tipo I + SI (sinal impresso com película de sobreposição tipo V)","m²",368.32589999999999]
["M3230","Chapa de poliéster reforçada com fibra de vidro - E = 2,0 mm","m²",119.45180000000001]
["M3231","Chapa de alumínio composto (ACM) - E = 3,0 mm","m²",166.93960000000001]
["M3232","Película retrorrefletiva tipo X + SI (sinal impresso com película de sobreposição tipo V)","m²",534.67420000000004]
["M3233","Fita adesiva estrutural dupla-face - E = 2 mm e L = 25 mm","m",8.4659999999999993]
["M3235","Película retrorrefletiva tipo I","m²",151.64060000000001]
["M3236","Película retrorrefletiva tipo III + SI","m²",502.02780000000001]
["M3237","Película retrorrefletiva tipo III","m²",276.58929999999998]
["M3238","Película não retrorrefletiva tipo IV","m²",128.12870000000001]
["M3239","Película retrorrefletiva tipo X","m²",451.40289999999999]
["M3240","Duto flexível de ventilação de poliéster aluminizado sem isolamento - D = 200 mm","m",22.447600000000001]
["M3241","Cabo de cobre flexível antichama isolado em HEPR - tensão de 0,6/1,0 kV e seção de 2 x 6 mm²","m",14.638999999999999]
["M3242","Cabo de cobre flexível antichama isolado em HEPR - tensão de 0,6/1,0 kV e seção de 4 x 6 mm²","m",25.700399999999998]
["M3245","Tinta plástica à base de resina metacrílica aplicada a frio por aspersão (spray)","kg",57.951900000000002]
["M3270","Ancoragem fixa para estais de 12 cordoalhas - D = 15,7 mm","un",13241.2004]
["M3271","Ancoragem fixa para estais de 22 cordoalhas - D = 15,7 mm","un",20501.536700000001]
["M3272","Ancoragem fixa para estais de 43 cordoalhas - D = 15,7 mm","un",38999.624799999998]
["M3273","Ancoragem fixa para estais de 85 cordoalhas - D = 15,7 mm","un",75695.119300000006]
["M3274","Ancoragem regulável para estais de 12 cordoalhas - D = 15,7 mm","un",20793.454399999999]
["M3275","Ancoragem regulável para estais de 22 cordoalhas - D = 15,7 mm","un",33689.192300000002]
["M3276","Ancoragem regulável para estais de 43 cordoalhas - D = 15,7 mm","un",63199.546699999999]
["M3277","Ancoragem regulável para estais de 85 cordoalhas - D = 15,7 mm","un",122602.0592]
["M3278","Tubo PEAD PE 100 PN 5 para estais - D = 110 mm","m",187.32749999999999]
["M3279","Arruela lisa em aço zincado branco para parafuso - D = 9,525 mm (3/8\")","un",0.18340000000000001]
["M3280","Viga de madeira - E = 5 cm e L = 11 cm","m",28.108000000000001]
["M3353","Purgador plástico","un",1.2023999999999999]
["M3360","Chumbador de expansão controlada por torque em aço zincado para concreto - D = 8,0 mm","un",2.2248000000000001]
["M3361","Corrente de elo soldado em aço SAE 1010/1020 com acabamento polido - E = 25,00 mm (1\")","m",330.12029999999999]
["M3362","Corrente de elo soldado em aço SAE 1010/1020 com acabamento polido - E = 12,50 mm (1/2\")","m",91.027900000000002]
["M3363","Corrente de elo soldado em aço SAE 1010/1020 com acabamento polido - E = 19,00 mm (3/4\")","m",211.38290000000001]
["M3364","Lanterna de sinalização náutica com acessórios de fixação - alcance 2 mn","un",3967.9443999999999]
["M3365","Lanterna de sinalização náutica com acessórios de fixação - alcance 3 mn","un",4624.3509999999997]
["M3366","Lanterna de sinalização náutica com acessórios de fixação - alcance 4 mn","un",7097.7489999999998]
["M3367","Lanterna de sinalização náutica com acessórios de fixação - alcance 6 mn","un",8739.1779999999999]
["M3368","Lanterna de sinalização náutica com acessórios de fixação - alcance 8 mn","un",10977.874]
["M3369","Manilha âncora em aço forjado com porca e cupilha - DN = 16,0 mm (5/8\")","un",52.570099999999996]
["M3370","Manilha reta em aço forjado com porca e cupilha - DN = 38,1 mm (1 1/2\")","un",566.81730000000005]
["M3371","Manilha reta em aço forjado com porca e cupilha - DN = 25,4 mm (1\")","un",134.75049999999999]
["M3372","Suporte polimérico ecológico maciço colapsível para placa de sinalização - seção de 10 x 10 cm","m",437.54649999999998]
["M3501","Placa de ancoragem para tirante de barra de aço - E = 12,7 mm e seção de 160 x 160 mm","un",83.027000000000001]
["M3502","Mistura betuminosa","m³","-"]
["M3503","Material de base","m³","-"]
["M3504","Concreto","m³","-"]
["M3505","Material demolido - concreto simples","m³","-"]
["M3506","Material demolido - madeira","m³","-"]
["M3507","Revestimento asfáltico","m³","-"]
["M3508","Camada granular (base ou sub-base)","m³","-"]
["M3509","Material demolido - remendo profundo","m³","-"]
["M3510","Material demolido - alvenaria","m³","-"]
["M3511","Acessórios e materiais metálicos","t","-"]
["M3512","Material demolido - concreto armado","m³","-"]
["M3513","Material de 3ª categoria","m³","-"]
["M3514","Solo","m³","-"]
["M3515","Grãos, agregados e solos derramados na pista","t","-"]
["M3516","Veículos de pequeno porte incendiados em rodovia","un","-"]
["M3518","Tinta à base de resina epóxi bicomponente","l",62.479399999999998]
["M3519","Tinta à base de resina epóxi poliamida bicomponente para fundo preparador de pintura","l",102.32640000000001]
["M3520","Tinta anticorrosiva à base de resina epóxi poliamida bicomponente","l",98.127499999999998]
["M3521","Guincho manual com capacidade de tração de 100 kN com cabo de aço","un",174855.29079999999]
["M3522","Guincho manual com capacidade de tração de 200 kN com cabo de aço","un",257401.035]
["M3523","Pneu reaproveitado","un",60]
["M3524","Sapatilha em aço inox - D = 13 mm (1/2\")","un",24.991800000000001]
["M3525","Molinete manual com capacidade de tração de 70 kN","un",256391.27220000001]
["M3526","Ânodo de sacrifício em liga de zinco - peso = 20 kg","un",1553.7041999999999]
["M3527","Cabo de aço - D = 42,00 mm (1 5/8\")","m",278.64100000000002]
["M3528","Terminal soquete fechado em aço galvanizado compatível com cabo de aço de D = 42 mm","un",4316.6601000000001]
["M3529","Manilha reta em aço forjado com porca e cupilha - D = 57,2 mm (2 1/4\")","un",1387.4992]
["M3530","Tubo mecânico em aço-carbono","kg",32.797699999999999]
["M3718","Material combustível removido","t","-"]
["M3719","Blocos de rocha ou matacões","m³","-"]
["M3720","Material asfáltico removido","t","-"]
["M3721","Estrutura de pórtico metálico removida","un","-"]
["M3722","Estrutura de semipórtico duplo metálico removida","un","-"]
["M3723","Estrutura de semipórtico metálico removida","un","-"]
["M3727","Mangueira para hidrojateamento com pressão de trabalho de até 17,5 MPa (2.538 psi) - D = 25 mm (1\")","m",153.30950000000001]
["M3728","Mangueira para sistema de sucção a vácuo com vazão de entrada de até 3,6 m³/h (60 l/min) - D = 72,5 mm (3\")","m",124.69329999999999]
["M3729","Detritos removidos de bueiros","m³","-"]
["M3730","Material triturado - galhos e troncos","m³","-"]
["M3772","Canal monobloco com corpo e grelha em concreto polímero com efeito autolimpante - carga de controle de 400 kN - C = 100,0 cm, L = 15,0 cm e H = 23,0 cm","m",378.73230000000001]
["M3773","Canal monobloco com corpo e grelha em concreto polímero com efeito autolimpante - carga de controle de 400 kN - C = 100,0 cm, L = 25,0 cm e H = 32,0 cm","m",728.38969999999995]
["M3774","Canal monobloco com corpo e grelha em concreto polímero com efeito autolimpante - carga de controle de 900 kN - C = 100,0 cm, L = 16,0 cm e H = 26,5 cm","m",757.94569999999999]
["M3775","Canal monobloco com corpo e grelha em concreto polímero com efeito autolimpante - carga de controle de 900 kN - C = 100,0 cm, L = 21,0 cm e H = 28,0 cm","m",780.65459999999996]
["M3776","Canal monobloco com corpo e grelha em concreto polímero com efeito autolimpante - carga de controle de 900 kN - C = 100,0 cm, L = 21,0 cm e H = 38,0 cm","m",833.16010000000006]
["M3777","Canal monobloco com corpo e grelha em concreto polímero com efeito autolimpante - carga de controle de 900 kN - C = 100,0 cm, L = 21,0 cm e H = 48,0 cm","m",1123.9431]
["M3778","Canal monobloco com corpo e grelha em concreto polímero com efeito autolimpante - carga de controle de 900 kN - C = 100,0 cm, L = 26,0 cm e H = 33,0 cm","m",1138.4562000000001]
["M3779","Canal monobloco com corpo e grelha em concreto polímero com efeito autolimpante - carga de controle de 900 kN - C = 100,0 cm, L = 26,0 cm e H = 53,0 cm","m",1224.0645999999999]
["M3780","Canal monobloco com corpo e grelha em concreto polímero com efeito autolimpante - carga de controle de 900 kN - C = 200,0 cm, L = 40,0 cm e H = 59,5 cm","m",4777.1957000000002]
["M3781","Canal em polietileno e polipropileno com efeito autolimpante e grelha de encaixe em poliamida reforçada - carga de controle de 250 kN - C = 100,0 cm, L = 16,0 cm e H = 12,2 cm","m",309.70949999999999]
["M3782","Canal em polietileno e polipropileno com efeito autolimpante e grelha de encaixe em poliamida reforçada - carga de controle de 250 kN - C = 100,0 cm, L = 16,0 cm e H = 17,2 cm","m",328.61770000000001]
["M3783","Canal em polietileno e polipropileno com efeito autolimpante e grelha de encaixe em poliamida reforçada - carga de controle de 250 kN - C = 100,0 cm, L = 16,0 cm e H = 5,5 cm","m",291.62299999999999]
["M3784","Canal em polietileno e polipropileno com efeito autolimpante e grelha de encaixe em ferro fundido dúctil - carga de controle de 400 kN - C = 100,0 cm, L = 14,7 cm e H = 15,7 cm","m",483.64359999999999]
["M3785","Canal em polietileno e polipropileno com efeito autolimpante e grelha de encaixe em ferro fundido dúctil - carga de controle de 400 kN - C = 100,0 cm, L = 24,7 cm e H = 20,8 cm","m",1309.1376]
["M3786","Canal em polietileno e polipropileno com efeito autolimpante e grelha de encaixe em ferro fundido dúctil - carga de controle de 400 kN - C = 100,0 cm, L = 34,9 cm e H = 25,8 cm","m",2208.8647999999998]
["M3787","Canal em polietileno e polipropileno com efeito autolimpante e grelha de encaixe em ferro fundido dúctil - carga de controle de 600 kN - C = 100,0 cm, L = 16,0 cm e H = 12,2 cm","m",740.51319999999998]
["M3788","Canal em polietileno e polipropileno com efeito autolimpante e grelha de encaixe em ferro fundido dúctil - carga de controle de 600 kN - C = 100,0 cm, L = 21,2 cm e H = 18,0 cm","m",902.72050000000002]
["M3789","Canal em polietileno e polipropileno com efeito autolimpante e grelha de encaixe em ferro fundido dúctil - carga de controle de 600 kN - C = 100,0 cm, L = 26,2 cm e H = 17,2 cm","m",1157.2575999999999]
["M3790","Canal em polietileno e polipropileno com efeito autolimpante e abertura de captação em ferro fundido dúctil - carga de controle de 900 kN - C = 100,0 cm, L = 21,0 cm e H = 57,9 cm","m",1002.4509]
["M3791","Canal em polietileno e polipropileno com efeito autolimpante e abertura de captação em ferro fundido dúctil - carga de controle de 900 kN - C = 100,0 cm, L = 25,2 cm e H = 57,8 cm","m",1639.0558000000001]
["M3792","Canal em polietileno e polipropileno com efeito autolimpante e abertura de captação em ferro fundido dúctil - carga de controle de 900 kN - C = 100,0 cm, L = 42,0 cm e H = 95,0 cm","m",2044.8833]
["M3793","Canal em polietileno e polipropileno com efeito autolimpante e abertura de captação em ferro fundido dúctil - carga de controle de 900 kN - C = 114,2 cm, L = 78,0 cm e H = 106,0 cm","m",2680.3380000000002]
["M3795","Custo equivalente da construção civil para construção do Estaleiro Padrão","m²",1674.24]
["M3801","Animais de grande porte mortos em rodovia","t","-"]
["M3802","Animais de pequeno porte mortos em rodovia","t","-"]
["M3803","Emborrachados de pneus espalhados em rodovia","t","-"]
["M3804","Espécimes arbóreos de até 20 m tombados na pista","t","-"]
["M3805","Espécimes arbóreos de 20 a 40 m tombados na pista","t","-"]
["M3806","Sucatas derramadas em rodovia","t","-"]
["M3807","Veículos de grande porte incendiados em rodovia","un","-"]
["M3808","Veículos de médio porte incendiados em rodovia","un","-"]
["M3809","Veículos de grande porte tombados em rodovia","un","-"]
["M3810","Veículos de médio porte tombados em rodovia","un","-"]
["M3811","Veículos de pequeno porte tombados em rodovia","un","-"]
["M3813","Vidros, caixas e engradados derramados na pista","t","-"]
["M3821","Tacha refletiva em plástico injetado bidirecional com um pino - tipo I","un",23.035799999999998]
["M3822","Tacha refletiva em plástico injetado bidirecional com um pino - tipo II","un",30.889299999999999]
["M3823","Tacha refletiva em plástico injetado bidirecional com um pino - tipo III","un",30.889299999999999]
["M3824","Tacha refletiva em plástico injetado bidirecional com um pino - tipo IV","un",33.777900000000002]
["M3825","Tacha refletiva em plástico injetado bidirecional sem pino - tipo I","un",21.543700000000001]
["M3826","Tacha refletiva em plástico injetado bidirecional sem pino - tipo II","un",25.583400000000001]
["M3827","Tacha refletiva em plástico injetado bidirecional sem pino - tipo III","un",25.583400000000001]
["M3828","Tacha refletiva em plástico injetado bidirecional sem pino - tipo IV","un",31.561299999999999]
["M3829","Tacha refletiva em plástico injetado monodirecional com um pino - tipo I","un",18.672699999999999]
["M3830","Tacha refletiva em plástico injetado monodirecional com um pino - tipo II","un",23.2364]
["M3831","Tacha refletiva em plástico injetado monodirecional com um pino - tipo III","un",24.2193]
["M3832","Tacha refletiva em plástico injetado monodirecional com um pino - tipo IV","un",31.009599999999999]
["M3833","Tacha refletiva em plástico injetado monodirecional sem pino - tipo I","un",18.0379]
["M3834","Tacha refletiva em plástico injetado monodirecional sem pino - tipo II","un",22.684699999999999]
["M3835","Tacha refletiva em plástico injetado monodirecional sem pino - tipo III","un",23.2364]
["M3836","Tacha refletiva em plástico injetado monodirecional sem pino - tipo IV","un",30.377700000000001]
["M3837","Tacha refletiva em resina sintética bidirecional com um pino - tipo I","un",34.133499999999998]
["M3838","Tacha refletiva em resina sintética bidirecional com um pino - tipo II","un",43.3611]
["M3839","Tacha refletiva em resina sintética bidirecional com um pino - tipo III","un",48.025100000000002]
["M3840","Tacha refletiva em resina sintética bidirecional com um pino - tipo IV","un",48.280200000000001]
["M3841","Tacha refletiva em resina sintética bidirecional sem pino - tipo I","un",33.531700000000001]
["M3842","Tacha refletiva em resina sintética bidirecional sem pino - tipo II","un",42.8095]
["M3843","Tacha refletiva em resina sintética bidirecional sem pino - tipo III","un",47.373100000000001]
["M3844","Tacha refletiva em resina sintética bidirecional sem pino - tipo IV","un",47.373100000000001]
["M3845","Tacha refletiva em resina sintética monodirecional com um pino - tipo I","un",30.7835]
["M3846","Tacha refletiva em resina sintética monodirecional com um pino - tipo II","un",37.894799999999996]
["M3847","Tacha refletiva em resina sintética monodirecional com um pino - tipo III","un",42.157499999999999]
["M3848","Tacha refletiva em resina sintética monodirecional com um pino - tipo IV","un",46.725499999999997]
["M3851","Tacha refletiva em resina sintética monodirecional sem pino - tipo I","un",30.081399999999999]
["M3852","Tacha refletiva em resina sintética monodirecional sem pino - tipo II","un",37.182600000000001]
["M3853","Tacha refletiva em resina sintética monodirecional sem pino - tipo III","un",41.3551]
["M3854","Tacha refletiva em resina sintética monodirecional sem pino - tipo IV","un",45.868600000000001]
["M3855","Tacha refletiva metálica bidirecional com dois pinos - tipo II","un",26.9876]
["M3856","Tacha refletiva metálica bidirecional com dois pinos - tipo III","un",23.844000000000001]
["M3857","Tacha refletiva metálica bidirecional com dois pinos - tipo IV","un",65.230900000000005]
["M3858","Tacha refletiva metálica bidirecional com um pino - tipo II","un",24.2102]
["M3859","Tacha refletiva metálica bidirecional com um pino - tipo III","un",20.6358]
["M3860","Tacha refletiva metálica bidirecional com um pino - tipo IV","un",63.676200000000001]
["M3861","Tacha refletiva metálica monodirecional com dois pinos - tipo II","un",21.6739]
["M3862","Tacha refletiva metálica monodirecional com dois pinos - tipo III","un",20.1112]
["M3863","Tacha refletiva metálica monodirecional com dois pinos - tipo IV","un",55.953099999999999]
["M3864","Tacha refletiva metálica monodirecional com um pino - tipo II","un",17.927299999999999]
["M3865","Tacha refletiva metálica monodirecional com um pino - tipo III","un",16.795100000000001]
["M3866","Tacha refletiva metálica monodirecional com um pino - tipo IV","un",54.448599999999999]
["M3867","Tachão refletivo em plástico injetado bidirecional","un",75.884799999999998]
["M3868","Tachão refletivo em plástico injetado monodirecional","un",74.399799999999999]
["M3869","Tachão refletivo em resina sintética bidirecional","un",63.157400000000003]
["M3870","Tachão refletivo em resina sintética monodirecional","un",61.912100000000002]
["M3900","Emulsão asfáltica com polímero - RR-1C-E","t","-"]
["M3901","Reservatório metálico tipo taça - capacidade de 5.000 l","un",20528.985000000001]
["M3902","Reservatório metálico tipo taça - capacidade de 10.000 l","un",25064.289100000002]
["M3903","Reservatório metálico tipo taça - capacidade de 20.000 l","un",37829.878499999999]
["M3904","Reservatório metálico tipo taça - capacidade de 30.000 l","un",52116.573199999999]
["M3905","AMV tipo TR37, abertura 1:8, bitola métrica","un","-"]
["M3906","AMV tipo TR37, abertura 1:10, bitola métrica","un","-"]
["M3907","AMV tipo TR37, abertura 1:12, bitola métrica","un","-"]
["M3908","AMV tipo TR37, abertura 1:14, bitola métrica","un","-"]
["M3909","Bico para corte a plasma manual - 65A","un",64.413600000000002]
["M3910","Bico para corte a plasma manual - 45A","un",62.387599999999999]
["M3911","Bocal para corte a plasma manual - 45A/65A","un",165.2397]
["M3912","Capa de retenção para corte a plasma manual - 45A/65A","un",271.80709999999999]
["M3913","Eletrodo para corte a plasma manual - 45A/65A","un",76.139799999999994]
["M3914","Distribuidor de gás para corte a plasma manual - 45A/65A","un",179.6995]
["M3915","Parafuso de cabeça sextavada em aço inox - D = 12,7 mm (1/2\") e C = 38,1 mm (1.1/2\")","un",4.9721000000000002]
["M3916","Porca sextavada em aço inox para parafuso - D = 12,7 mm (1/2\")","un",1.9218]
["M3917","Arruela lisa em aço inox - D = 12,7 mm (1/2\")","un",0.78639999999999999]
["M3918","Disco de corte com 80 dentes multimaterial - D = 250 mm","un",369.44009999999997]
["M3919","Lixa d'água Nº 360","un",1.1471]
["M3920","Diluente para tinta epóxi bicomponente ou tricomponente","l",61.203400000000002]
["M3921","Tinta à base de resina epóxi óxido de ferro","l",155.7037]
["M3922","Diluente para esmalte poliuretano de dois componentes","l",93.4816]
["M3923","Tinta esmalte poliuretano bicomponente","l",191.0351]
["M3924","Catalisador para tinta fosfatizante","l",61.528300000000002]
["M3925","Tinta fosfatizante para fundo preparador de pintura","l",74.196799999999996]
["M3926","Luva em aço galvanizado com rosca BSP classe leve - D = 12,5 mm (1/2\")","un",4.0049999999999999]
["M3927","Plug tipo bujão em aço galvanizado com rosca BSP - D = 15 mm (1/2\")","un",3.8098000000000001]
["M3928","Tubo em aço-carbono - E = 3,35 mm e D = 80 mm (3\")","m",64.582300000000004]
["M3929","Tubo em aço-carbono - E = 3,00 mm e D = 150 mm (6\")","m",166.37819999999999]
["M3931","Cantoneira em alumínio de abas iguais - L = 38,1 mm e E = 4,76 mm","kg",32.685000000000002]
["M3932","Parafuso de cabeça sextavada em aço inox - D = 8 mm (M8) e C = 20 mm","un",1.4238999999999999]
["M3933","Porca sextavada em aço inox para parafuso - D = 8 mm (M8)","un",0.5474]
["M3934","Arruela lisa em aço inox para parafuso - D = 8,4 mm (M8)","un",0.20569999999999999]
["M3935","Arruela de pressão em aço inox para parafuso - D = 8,1 mm (M8)","un",0.28289999999999998]
["M3936","Parafuso de cabeça sextavada em aço inox - D = 12,7 mm (1/2\") e C = 19,05 mm (3/4\")","un",4.4617000000000004]
["M3939","Barra redonda em aço SAE 1020 - D = 25,4 mm (1\")","m",35.603299999999997]
["M3947","Tubo em aço - E = 3,00 mm e seção de 40 x 40 mm","m",33.224200000000003]
["M3949","Desmoldante para fôrmas metálicas","l",18.171099999999999]
["M4413","Arame E70S6 para solda MIG/MAG - D = 0,9 mm","kg",21.1691]

{"sheet":"Pessoal Sicro","index":21,"n_rows":106,"n_cols":7,"rows_kept":106,"cut":false,"hidden":true,"merged":[[2,0,2,6],[3,0,3,6],[0,0,1,0],[0,6,1,6],[0,1,1,5]]}
["CGCIT","SISTEMA DE CUSTOS REFERENCIAIS DE OBRAS - SICRO",{"$nulls":4},"DNIT"]
[]
["Pernambuco - Julho/2024"]
["Sem desoneração"]
["Código","Descrição","Unidade","Salário (R$)","Encargos Totais","Custo (R$)","Periculosidade/\nInsalubridade"]
["P9801","Ajudante","h",7.2325999999999997,2.0270920000000001,21.893699999999999,0]
["P9802","Ajudante especializado","h",8.6655999999999995,1.957595,25.629300000000001,0]
["P9803","Almoxarife","mês",2769.8,1.1961539999999999,6082.9072999999999,0]
["P9804","Apontador","mês",2062.2917000000002,1.3434299999999999,4832.8361999999997,0]
["P9805","Armador","h",11.35,1.6980489999999999,30.622800000000002,0]
["P9806","Auxiliar administrativo","mês",2041.6,1.3465659999999999,4790.7491,0]
["P9807","Bombeiro hidráulico","h",11.35,1.7601610000000001,31.3278,0]
["P9808","Carpinteiro","h",9.4893000000000001,1.813253,26.695799999999998,0]
["P9809","Encarregado administrativo","mês",3681.6786000000002,0.981985,7297.0316999999995,0]
["P9810","Eletricista","h",10.843,1.765536,29.986699999999999,0]
["P9811","Encarregado especializado","mês",3779.5745999999999,0.99941400000000002,7556.9342999999999,0]
["P9812","Engenheiro","mês",13144.9414,0.82677800000000001,24012.8897,0]
["P9814","Operacional","mês",1598.9799,1.48864,3979.2853,0]
["P9815","Jardineiro","h",10.01,1.7704770000000001,27.732399999999998,0]
["P9819","Engenheiro supervisor","mês",13144.9414,0.82677800000000001,24012.8897,0]
["P9821","Pedreiro","h",9.3745999999999992,1.8154410000000001,26.393599999999999,0]
["P9822","Pintor","h",11.35,1.700979,30.656099999999999,0]
["P9823","Serralheiro","h",9.8816000000000006,1.7844800000000001,27.5151,0]
["P9824","Servente","h",7,2.0559989999999999,21.3919,0]
["P9825","Soldador","h",12.7906,1.633777,33.6875,0]
["P9826","Chefe setor de finanças","mês",13224.551100000001,0.82587200000000005,24146.337500000001,0]
["P9827","Vigia","mês",1494.4353000000001,1.798635,4630.7094999999999,0.3]
["P9830","Montador","h",11.35,1.764589,31.378,0]
["P9833","Auxiliar de laboratório","mês",2497,1.2494620000000001,5616.9066000000003,0]
["P9837","Oceanógrafo","mês",5497.5504000000001,0.96458299999999997,10800.394,0]
["P9840","Encarregado geral","mês",5555.7709999999997,0.92236099999999999,10680.197399999999,0]
["P9842","Faxineiro","mês",1526.8,1.55524,3901.3404,0]
["P9843","Operador de equipamento leve","h",9.2799999999999994,1.8059590000000001,26.039200000000001,0]
["P9845","Operador de equipamento pesado","h",12.27,1.6310260000000001,32.282600000000002,0]
["P9846","Operador de equipamento especial","h",15.4572,1.510232,38.801099999999998,0]
["P9847","Perfurador de tubulão","h",7.2214999999999998,2.0238070000000001,21.836400000000001,0]
["P9848","Desenhista","mês",3503.4059000000002,1.002192,7014.4912000000004,0]
["P9849","Condutor maquinista fluvial","mês",2517.7240999999999,1.2073910000000001,5557.6014999999998,0]
["P9850","Copeiro","mês",1579.6,1.5080709999999999,3961.7489,0]
["P9851","Médico do trabalho","mês",9755.7284999999993,0.85127600000000003,18060.545999999998,0]
["P9852","Blaster","h",11.3432,2.0360740000000002,37.841700000000003,0.3]
["P9853","Pré-marcador","h",7.2213000000000003,2.0033789999999998,21.688300000000002,0]
["P9854","Recepcionista","mês",1617.2445,1.4639850000000001,3984.8661000000002,0]
["P9855","Marinheiro de máquinas","mês",2253.4092000000001,1.25684,5085.5839999999998,0]
["P9856","Marinheiro de convés","h",10.09,1.70695,27.313099999999999,0]
["P9857","Marinheiro de convés - mensalista","mês",2219.8015999999998,1.264222,5026.1235999999999,0]
["P9858","Laboratorista","mês",3425.4,1.03267,6962.7078000000001,0]
["P9859","Trabalhador de via","h",6.7613000000000003,2.0986159999999998,20.950600000000001,0]
["P9861","Selecionador de material pétreo","h",7.2213000000000003,2.0123530000000001,21.7531,0]
["P9864","Engenheiro de segurança do trabalho","mês",12545.668299999999,0.83513899999999996,23023.045099999999,0]
["P9866","Motorista de caminhão","h",12.27,1.6188439999999999,32.133200000000002,0]
["P9867","Técnico especializado - mensalista","mês",3176.3539999999998,1.14408,6810.357,0]
["P9869","Encarregado de obras de artes especiais","mês",3779.5745999999999,0.99941400000000002,7556.9342999999999,0]
["P9870","Motorista de veículo leve","h",11.35,1.6630510000000001,30.2256,0]
["P9871","Motorista de veículo especial","h",12.736000000000001,1.5995200000000001,33.107399999999998,0]
["P9875","Encarregado de turma","mês",2419.0967999999998,1.2589710000000001,5464.6695,0]
["P9876","Técnico de segurança do trabalho","mês",3425.4,1.030462,6955.1445000000003,0]
["P9878","Secretária","mês",2880.5744,1.154196,6205.3217999999997,0]
["P9880","Piloto fluvial","mês",3456.53,1.080562,7191.5249000000003,0]
["P9882","Técnico especializado","h",14.438000000000001,1.5521290000000001,36.8476,0]
["P9883","Chefe do setor administrativo","mês",3681.6770000000001,0.981985,7297.0285000000003,0]
["P9884","Encarregado de terraplenagem","mês",3779.5745999999999,0.99941400000000002,7556.9342999999999,0]
["P9885","Frentista de túnel","h",9.2799999999999994,1.8600620000000001,26.5413,0]
["P9889","Técnico da qualidade","mês",3599.0169999999998,1.0143800000000001,7249.7878000000001,0]
["P9892","Auxiliar de blaster","h",10.01,2.1172580000000001,34.206699999999998,0.3]
["P9893","Encarregado de pavimentação","mês",3779.5745999999999,0.99941400000000002,7556.9342999999999,0]
["P9896","Porteiro","mês",1526.8,1.5554380000000001,3901.6426999999999,0]
["P9897","Técnico de meio ambiente","mês",3625.7572,1.025555,7344.1706000000004,0]
["P9900","Comprador","mês",3417.5003000000002,1.109804,7210.2557999999999,0]
["P9901","Encarregado de superestrutura ferroviária","mês",3779.5745999999999,0.99941400000000002,7556.9342999999999,0]
["P9903","Auxiliar técnico","mês",1813.9413,1.4212720000000001,4392.0451999999996,0]
["P9907","Comandante de longo curso","mês",10939.127200000001,0.85759700000000005,20320.489799999999,0]
["P9908","Imediato","mês",9096.5301999999992,0.87846000000000002,17087.468099999998,0]
["P9909","Oficial de náutica","mês",2898.3708999999999,1.1477059999999999,6224.8485000000001,0]
["P9910","Oficial de máquinas","mês",2911.9083000000001,1.14124,6235.0945000000002,0]
["P9913","Draguista","mês",3319.6694000000002,1.094001,6951.3909999999996,0]
["P9915","Maquinista","h",12.869400000000001,1.6033459999999999,33.503500000000003,0]
["P9916","Encarregado de conservação rodoviária","mês",3779.5745999999999,0.99941400000000002,7556.9342999999999,0]
["P9920","Mestre fluvial","mês",4603.1372000000001,0.99936800000000003,9203.3652000000002,0]
["P9921","Mergulhador raso autônomo de emergência","h",10.2049,2.4305889999999999,37.576300000000003,0.25159999999999999]
["P9922","Mergulhador raso dependente de emergência","h",10.179399999999999,2.4966469999999998,38.647500000000001,0.3]
["P9924","Mergulhador raso dependente","h",10.179399999999999,3.658874,50.478299999999997,0.3]
["P9925","Mergulhador raso autônomo","h",10.2049,3.3859659999999998,47.325800000000001,0.25159999999999999]
["P9926","Mergulhador raso auxiliar de superfície","h",10.2049,2.2273269999999998,35.502099999999999,0.25159999999999999]
["P9927","Frentista de túnel com periculosidade","h",9.2799999999999994,2.1879330000000001,32.368000000000002,0.3]
["P9930","Eletricista com periculosidade","h",10.843,2.0930460000000002,36.790700000000001,0.3]
["P9931","Operador de equipamento de mergulho","h",18.839700000000001,1.7870429999999999,55.0749,0.1363]
["P9932","Operador de equipamento pesado com periculosidade","h",12.27,1.958296,39.979199999999999,0.3]
["P9933","Supervisor de mergulho raso","mês",4144.7422999999999,1.3152509999999999,10161.0471,0.1363]
["P9934","Motorista de veículo especial com periculosidade","h",12.736000000000001,1.9267300000000001,41.095599999999997,0.3]
["P9938","Operador de equipamento leve com periculosidade","h",9.2799999999999994,2.1332300000000002,31.860299999999999,0.3]
["P9939","Operador de equipamento leve com insalubridade","h",9.2799999999999994,2.3209559999999998,33.385300000000001,0.27660000000000001]
["P9942","Marinheiro de convés com periculosidade","h",10.09,2.0355400000000001,33.655500000000004,0.3]
["P9944","Operador de equipamento especial com periculosidade","h",15.4572,1.8375049999999999,48.497,0.3]
["P9946","Engenheiro auxiliar","mês",12002,0.83302299999999996,21999.941999999999,0]
["P9947","Técnico florestal","mês",3625.7572,1.025555,7344.1706000000004,0]
["P9948","Motorista de veículo leve - mensalista","mês",2497,1.2364280000000001,5584.3607000000002,0]
["P9949","Topógrafo","mês",4239.3999999999996,0.99146400000000001,8442.6124,0]
["P9950","Auxiliar de topografia","mês",2497,1.2620979999999999,5648.4587000000001,0]
["P9951","Médico de câmara hiperbárica","mês",9755.7284999999993,1.0431170000000001,20496.951400000002,5.79E-2]
["P9952","Pedreiro - mensalista","mês",2062.4086000000002,1.3645579999999999,4876.6846999999998,0]
["P9953","Eletricista - mensalista","mês",2385.4463999999998,1.31908,5532.0410000000002,0]
["P9954","Servente - mensalista","mês",1540,1.5674920000000001,3953.9376000000002,0]
["P9955","Engenheiro chefe","mês",16729.033299999999,0.81272900000000003,30325.203799999999,0]
["P9956","Motorista de caminhão com periculosidade","h",12.27,1.946054,39.829000000000001,0.3]
["P9972","Técnico de batimetria","mês",3437.2197999999999,1.096195,7205.0829000000003,0]

{"sheet":"Equipamentos","index":22,"n_rows":541,"n_cols":11,"rows_kept":541,"cut":false,"hidden":true,"merged":[[538,2,538,8],[521,2,521,8],[524,2,524,8],[529,2,529,8],[532,2,532,8],[535,2,535,8],[503,2,503,8],[506,2,506,8],[509,2,509,8],[514,2,514,8],[517,2,517,8],[488,2,488,8],[491,2,491,8],[494,2,494,8],[497,2,497,8],[500,2,500,8],[472,2,472,8],[475,2,475,8],[478,2,478,8],[481,2,481,8],[484,2,484,8],[457,2,457,8],[460,2,460,8],[463,2,463,8],[466,2,466,8],[469,2,469,8],[442,2,442,8],[445,2,445,8],[448,2,448,8],[451,2,451,8],[454,2,454,8],[422,2,422,8],[425,2,425,8],[429,2,429,8],[434,2,434,8],[439,2,439,8],[410,2,410,8],[413,2,413,8],[415,2,415,8],[417,2,417,8],[419,2,419,8],[392,2,392,8],[395,2,395,8],[399,2,399,8],[404,2,404,8],[407,2,407,8],[0,1,0,9],[1,1,1,9],[382,2,382,8],[385,2,385,8],[389,2,389,8]]}
["CGCIT","SISTEMA DE CUSTOS REFERENCIAIS DE OBRAS - SICRO",{"$nulls":8},"DNIT"]
[null,"Pernambuco - Julho/2024"]
["Código","Descrição","Valor de Aquisição (R$)","Depreciação (R$/h)","Oportunidade de Capital (R$/h)","Seguros e Impostos (R$/h)","Manutenção (R$/h)","Operação (R$/h)","Mão de Obra de Operação (R$/h)","Custo Produtivo (R$/h)","Custo Improdutivo (R$/h)"]
["E9001","Conjunto vibratório para tubos de concreto com encaixe PB e 3 jogos de fôrmas - D = 0,60 m - 2,20 kW",64610.704899999997,8.6148000000000007,1.9932000000000001,0,6.4611000000000001,0,0,17.069099999999999,10.608000000000001]
["E9002","Conjunto vibratório para tubos de concreto com encaixe PB e 3 jogos de fôrmas - D = 0,80 m - 2,20 kW",87779.032399999996,11.703900000000001,2.7080000000000002,0,8.7779000000000007,0,0,23.189800000000002,14.411899999999999]
["E9003","Conjunto vibratório para tubos de concreto com encaixe PB e 3 jogos de fôrmas - D = 1,00 m - 2,20 kW",105144.5162,14.019299999999999,3.2437,0,10.5145,0,0,27.7775,17.263000000000002]
["E9004","Conjunto vibratório para tubos de concreto com encaixe PB e 3 jogos de fôrmas - D = 1,20 m - 2,20 kW",111470.32369999999,14.8627,3.4388999999999998,0,11.147,0,0,29.448599999999999,18.301600000000001]
["E9005","Conjunto vibratório para tubos de concreto com encaixe PB e 3 jogos de fôrmas - D = 1,50 m - 2,20 kW",132342.51459999999,17.645700000000001,4.0827999999999998,0,13.234299999999999,0,0,34.962800000000001,21.7285]
["E9006","Equipamento para sondagem manual",3680.5970000000002,0.62570000000000003,0.1363,0,0.36809999999999998,0,0,1.1301000000000001,0.76200000000000001]
["E9007","Bomba de pistão triplex com capacidade de 7,80 m³/h (130 l/min) - 8,20 kW",158061.9834,12.645,2.9257,0,11.064299999999999,8.1483000000000008,0,34.783299999999997,15.5707]
["E9008","Transportador manual de tubos de concreto com capacidade de 1 t",1582.1766,1.4239999999999999,9.7600000000000006E-2,0,0.79110000000000003,0,0,2.3127,1.5216000000000001]
["E9009","Embarcação rebocadora - 268 kW",643959.79139999999,8.3849,3.7364000000000002,0,18.633099999999999,266.3116,136.06710000000001,433.13310000000001,148.1884]
["E9010","Balança plataforma digital à bateria, com mesa de 75 x 75 cm e capacidade de 500 kg",4847.9993000000004,0.72719999999999996,9.9699999999999997E-2,0,0.40400000000000003,0,0,1.2309000000000001,0.82689999999999997]
["E9011","Carro manual modelo plataforma de 200 x 80 cm com capacidade de 800 kg",1937.0054,0.34870000000000001,7.17E-2,0,0.19370000000000001,0,0,0.61409999999999998,0.4204]
["E9014","Deflectômetro de impacto (FWD) instalado em picape com reboque e faixa de carga de 7 a 120 kN - 147 kW",2132937.915,170.63499999999999,39.480699999999999,0,106.6469,0,33.107399999999998,349.87,243.22309999999999]
["E9015","Elevador de obra com capacidade de 1.000 kg - 9 kW",65864.444099999993,5.2691999999999997,1.2192000000000001,0,4.6105,0,26.039200000000001,37.138100000000001,32.5276]
["E9016","Usina misturadora móvel de reciclagem a frio com sistema de espuma de asfalto - 129,40 kW",10045342.763900001,585.97829999999999,180.77430000000001,0,753.40070000000003,94.746700000000004,38.801099999999998,1653.7011,805.55370000000005]
["E9017","Escavadeira hidráulica sobre esteira com capacidade de 0,4 m³ - 64 kW",718069.15170000005,50.264800000000001,13.291499999999999,0,50.264800000000001,43.513599999999997,32.282600000000002,189.6173,95.838899999999995]
["E9020","Recicladora a frio - 455 kW",5110609.3624999998,298.1189,91.969700000000003,0,425.88409999999999,475.93,38.801099999999998,1330.7038,428.8897]
["E9021","Grupo gerador - 456 kVA",351962.71649999998,17.598099999999999,6.2046000000000001,0,12.5701,362.70049999999998,0,399.07330000000002,23.802700000000002]
["E9022","Pórtico metálico rolante com capacidade de 25 t - 30 kW",978187.5233,44.0184,16.5974,0,34.236600000000003,0,26.039200000000001,120.8916,86.655000000000001]
["E9023","Guindaste móvel sobre esteiras com dragline com capacidade de 1,9 a 2,3 m³ - 270 kW",3557936.0066999998,124.5278,60.369300000000003,0,177.89680000000001,70.605000000000004,38.801099999999998,472.2,223.69820000000001]
["E9024","Misturador de nata cimento - 1,50 kW",8161.9690000000001,0.65300000000000002,0.15110000000000001,0,0.57130000000000003,0,26.039200000000001,27.4146,26.843299999999999]
["E9025","Conjunto bomba e macaco hidráulico para protensão com capacidade de 7.000 kN - 15 kW",100609.78969999999,5.7491000000000003,1.7736000000000001,0,5.7491000000000003,0,38.801099999999998,52.072899999999997,46.323799999999999]
["E9026","Bomba para injeção de nata de cimento com capacidade de 2 MPa - 2,20 kW",31819.923999999999,2.5455999999999999,0.58899999999999997,0,2.2273999999999998,0,0,5.3620000000000001,3.1345999999999998]
["E9028","Bomba de alta pressão para hidrojateamento com capacidade de 18 MPa - 5,20 kW",5108.0482000000002,0.40860000000000002,9.4500000000000001E-2,0,0.4597,9.5069999999999997,26.039200000000001,36.509,26.542300000000001]
["E9029","Conjunto bomba e macaco hidráulico para protensão com capacidade de 8.000 kN - 20 kW",127936.7052,7.3106999999999998,2.2553000000000001,0,7.3106999999999998,0,38.801099999999998,55.677799999999998,48.367100000000001]
["E9030","Bomba de protensão com leitura digital para tensionamento de estais - 3 kW",13914.183300000001,0.79510000000000003,0.24529999999999999,0,0.79510000000000003,0,0,1.8354999999999999,1.0404]
["E9031","Elevador de cremalheira com cabine simples, com capacidade de 1.500 kg e altura de até 100 m - 15 kW",338640.37910000002,27.091200000000001,6.2682000000000002,0,23.704799999999999,0,26.039200000000001,83.103399999999993,59.398600000000002]
["E9032","Equipamento para regulagem final de estais com até 37 cordoalhas - D = 15,7 mm - 20 kW",74560.440499999997,4.2606000000000002,1.3144,0,4.2606000000000002,0,38.801099999999998,48.636699999999998,44.376100000000001]
["E9033","Equipamento para regulagem final de estais de 38 a 55 cordoalhas - D = 15,7 mm - 30 kW",106499.6756,6.0857000000000001,1.8774,0,6.0857000000000001,0,38.801099999999998,52.849899999999998,46.764200000000002]
["E9034","Equipamento para regulagem final de estais de 56 a 73 cordoalhas - D = 15,7 mm - 40 kW",159704.18369999999,9.1259999999999994,2.8153999999999999,0,9.1259999999999994,0,38.801099999999998,59.868499999999997,50.7425]
["E9035","Equipamento para regulagem final de estais de 74 a 91 cordoalhas - D = 15,7 mm - 50 kW",212909.47820000001,12.1663,3.7532999999999999,0,12.1663,0,38.801099999999998,66.887,54.720700000000001]
["E9036","Grua fixa para alturas de 60 a 102 m, com alcance de 60 m com capacidade de 1.500 kg na ponta da lança - 37 kW",3356216.4780000001,167.8108,59.165300000000002,0,191.78380000000001,0,38.801099999999998,457.56099999999998,265.77719999999999]
["E9038","Macaco hidráulico monocordoalha para tensionamento de estais - 3 kW",17416.000899999999,0.99519999999999997,0.307,0,0.99519999999999997,0,38.801099999999998,41.098500000000001,40.103299999999997]
["E9039","Máquina de solda por termofusão para tubos PEAD com gerador de 4 kW",118918.6009,6.7953000000000001,2.0964,0,6.7953000000000001,3.9748000000000001,38.801099999999998,58.462899999999998,47.692799999999998]
["E9040","Serra mármore - 1,45 kW",460.88170000000002,4.1500000000000002E-2,8.5000000000000006E-3,0,2.3E-2,0,0,7.2999999999999995E-2,0.05]
["E9042","Trator sobre esteiras com lâmina - 97 kW",1332835.5234999999,51.832500000000003,22.843299999999999,0,74.046400000000006,71.023399999999995,32.282600000000002,252.0282,106.9584]
["E9043","Embarcação de alumínio com comprimento de 6 m e motor de popa - 18,60 kW",25155.114799999999,0.39300000000000002,0.1482,0,0.43669999999999998,38.863599999999998,39.407699999999998,79.249200000000002,39.948900000000002]
["E9044","Central de concreto com capacidade de 150 m³/h - dosadora e misturadora",2107725.2048999998,120.4414,37.156199999999998,0,105.38630000000001,0,38.801099999999998,301.78500000000003,196.39869999999999]
["E9045","Conjunto bomba e macaco hidráulico para elevação com capacidade de 496 kN",64095.620199999998,5.1276000000000002,1.1863999999999999,0,5.1276000000000002,6.0175999999999998,38.801099999999998,56.260300000000001,45.115099999999998]
["E9046","Conjunto bomba e macaco hidráulico para elevação com capacidade de 929 kN",76865.5962,6.1492000000000004,1.4228000000000001,0,6.1492000000000004,6.0175999999999998,38.801099999999998,58.539900000000003,46.373100000000001]
["E9047","Conjunto bomba e macaco hidráulico para elevação com capacidade de 1.390 kN",109843.44680000001,8.7874999999999996,2.0331999999999999,0,8.7874999999999996,6.0175999999999998,38.801099999999998,64.426900000000003,49.6218]
["E9048","Conjunto bomba e macaco hidráulico para elevação com capacidade de 1.859 kN",127514.4249,10.2012,2.3603000000000001,0,10.2012,6.0175999999999998,38.801099999999998,67.581400000000002,51.3626]
["E9049","Bomba de alta pressão para hidrojateamento com capacidade de 250 MPa - 72 kW",703291.18480000005,56.263300000000001,13.017899999999999,0,63.296199999999999,56.484000000000002,26.039200000000001,215.10059999999999,95.320400000000006]
["E9050","Guindaste móvel sobre pneus com 2 eixos com capacidade de 18 t - 97 kW",2984725.8820000002,149.2363,52.616500000000002,0,191.87520000000001,25.365500000000001,33.107399999999998,452.20089999999999,234.96019999999999]
["E9051","Máquina levantadora e posicionadora de via - 7,40 kW",868908.59809999994,69.512699999999995,16.083500000000001,0,60.823599999999999,10.8233,26.039200000000001,183.28229999999999,111.6354]
["E9052","Empilhadeira a diesel com capacidade de 10 t - 82 kW",722900.10160000005,57.832000000000001,13.3809,0,50.603000000000002,64.328999999999994,26.039200000000001,212.1841,97.252099999999999]
["E9053","Perfuratriz hidráulica montada em flutuante - 32 kW",369725.70520000003,11.553900000000001,2.3763000000000001,0,10.270200000000001,16.736000000000001,31.860299999999999,72.796700000000001,45.790500000000002]
["E9054","Equipamento sobre forma-trilho para execução e acabamento de pavimento de concreto - 13,40 kW",1421116.0796999999,113.6893,26.3049,0,71.055800000000005,19.5989,26.039200000000001,256.68810000000002,166.0334]
["E9055","Guincho pneumático com capacidade de 2,5 t",524214.0097,47.179299999999998,9.7032000000000007,0,26.210699999999999,0,0,83.093199999999996,56.8825]
["E9056","Plataforma autoelevatória de 12 x 24 m com capacidade de 150 t",840623.78280000004,6.5674000000000001,4.7274000000000003,0,14.594200000000001,0,105.1527,131.04169999999999,116.44750000000001]
["E9057","Batelão sem propulsão com capacidade de 66 m³",224795.53049999999,1.7562,1.2642,0,2.927,0,27.313099999999999,33.2605,30.333500000000001]
["E9058","Plataforma flutuante de 12 x 24 x 1,8 m com capacidade de 150 t",672325.18720000004,5.2525000000000004,3.7810000000000001,0,8.7542000000000009,0,27.313099999999999,45.1008,36.346600000000002]
["E9059","Plataforma autoelevatória de 12 x 24 m montada na obra com capacidade de 150 t",840623.78280000004,6.5674000000000001,4.7274000000000003,0,14.594200000000001,0,105.1527,131.04169999999999,116.44750000000001]
["E9060","Perfuratriz pneumática rotopercussiva montada em flutuante com pressão de 0,70 MPa e capacidade de 2.500 gpm",34962.638700000003,1.0926,0.22470000000000001,0,0.97119999999999995,0,63.720599999999997,66.009100000000004,65.037899999999993]
["E9061","Lixadeira elétrica manual angular - 2 kW",1406.0119,0.1125,2.5999999999999999E-2,0,7.0300000000000001E-2,0,0,0.20880000000000001,0.13850000000000001]
["E9062","Soprador de ar quente manual - 1,60 kW",4793.5934999999999,0.6391,9.8599999999999993E-2,0,0.39950000000000002,0,0,1.1372,0.73770000000000002]
["E9063","Equipamento de estabilização dinâmica da via - 300 kW",24797418.244899999,991.89670000000001,420.75020000000001,0,991.89670000000001,188.28,38.801099999999998,2631.6246999999998,1451.4480000000001]
["E9064","Transportador manual gerica com capacidade de 180 l",1041.1782000000001,1.0411999999999999,6.4199999999999993E-2,0,0.52059999999999995,0,0,1.6259999999999999,1.1053999999999999]
["E9065","Carro controle ferroviário - 186 kW",29728075.103399999,1189.123,504.41109999999998,0,1040.4826,116.7336,38.801099999999998,2889.5513999999998,1732.3352]
["E9066","Grupo gerador - 14 kVA",68323.214300000007,3.4161999999999999,1.2043999999999999,0,2.4401000000000002,10.9307,0,17.991399999999999,4.6205999999999996]
["E9067","Veículo ferroviário para capina química com capacidade de 12.000 l - 115 kW",1697951.3810000001,67.918099999999995,28.81,0,42.448799999999999,72.174000000000007,26.039200000000001,237.39009999999999,122.76730000000001]
["E9068","Perfuratriz hidráulica rotopercussiva para CCPH - 123 kW",3692600.6995000001,246.17339999999999,66.451400000000007,0,246.17339999999999,96.493499999999997,32.282600000000002,687.57429999999999,344.9074]
["E9069","Vibrador de imersão para concreto - 4,10 kW",4031.3721999999998,0.64500000000000002,0.1492,0,0.40310000000000001,7.4958999999999998,0,8.6931999999999992,0.79420000000000002]
["E9070","Ponte rolante com capacidade de 5 t e vão de até 15 m - 10 kW",330297.91649999999,13.2119,5.6043000000000003,0,8.2574000000000005,0,26.039200000000001,53.1128,44.855400000000003]
["E9071","Transportador manual carrinho de mão com capacidade de 80 l",453.83409999999998,0.45379999999999998,2.8000000000000001E-2,0,0.22689999999999999,0,0,0.7087,0.48180000000000001]
["E9072","Martelo hidráulico vibratório com unidade hidráulica - 486 kW",2989021.2407,199.2681,53.789900000000003,0,174.3596,381.267,38.801099999999998,847.48569999999995,291.85910000000001]
["E9073","Bomba de concreto rebocável com capacidade de 30 m³/h - 74 kW",481951.51650000003,38.556100000000001,8.9208999999999996,0,38.556100000000001,73.533799999999999,26.039200000000001,185.6061,73.516199999999998]
["E9074","Tanque de estocagem de asfalto com agitadores de 60.000 l",880858.55070000002,36.702399999999997,12.738,0,22.939,0,0,72.379400000000004,49.440399999999997]
["E9075","Trado cavadeira de 12\"",144.54740000000001,7.2300000000000003E-2,6.7000000000000002E-3,0,3.61E-2,0,0,0.11509999999999999,7.9000000000000001E-2]
["E9076","Equipamento para pintura eletrostática com cabine dupla de 7,00 kW e estufa de 80.000 kCal",162054.88279999999,10.4178,2.8567999999999998,0,5.7877000000000001,0,26.039200000000001,45.101500000000001,39.313800000000001]
["E9077","Perfuratriz de circulação reversa tipo Wirth ou similar com unidade hidráulica (Power Pack) - 273 kW",4242891.0707999999,282.85939999999999,76.354399999999998,0,282.85939999999999,142.779,32.282600000000002,817.13480000000004,391.49639999999999]
["E9078","Treliça lançadeira com capacidade de carga de 100 a 120 t e vão máximo de 45 m - 110 kW",3543334.9652999998,94.488900000000001,58.299700000000001,0,59.055599999999998,0,38.801099999999998,250.64529999999999,191.58969999999999]
["E9079","Bomba submersível com capacidade de 360 m³/h - 23 kW",179355.87839999999,14.3485,3.3199000000000001,0,12.5549,0,0,30.223299999999998,17.668399999999998]
["E9080","Carrelone com capacidade máxima de 70 t",1759337.9335,79.170199999999994,29.851600000000001,0,43.983400000000003,0,26.039200000000001,179.0444,135.06100000000001]
["E9081","Fischietti simples com capacidade de 70 t",106229.9884,4.7803000000000004,1.8025,0,2.6556999999999999,0,26.039200000000001,35.277700000000003,32.622]
["E9083","Vagão fechado FLT com capacidade de 99 t",822500,13.0229,13.11,0,6.8541999999999996,0,0,32.987099999999998,26.132899999999999]
["E9084","Vagão tanque convencional TCT com capacidade de 97 t e 103.000 l",1230000,19.475000000000001,19.6052,0,10.25,0,0,49.330199999999998,39.080199999999998]
["E9085","Vagão gôndola GDE com capacidade de 93,5 t / 29 m³",620000,9.8167000000000009,9.8823000000000008,0,5.1666999999999996,0,0,24.8657,19.699000000000002]
["E9086","Bomba de concreto rebocável com capacidade de 41 m³/h - 74 kW",532101.51650000003,42.568100000000001,9.8491999999999997,0,42.568100000000001,73.533799999999999,26.039200000000001,194.55840000000001,78.456500000000005]
["E9089","Roçadeira costal - 1,40 kW",2865.8126999999999,0.4299,5.8900000000000001E-2,0,0.33429999999999999,8.0442999999999998,0,8.8673999999999999,0.48880000000000001]
["E9093","Veículo leve - 53 kW (sem motorista)",71248.434200000003,4.2748999999999997,1.3188,0.53439999999999999,4.2748999999999997,24.916599999999999,0,35.319600000000001,6.1280999999999999]
["E9094","Guindaste móvel sobre pneus com 6 eixos com capacidade máxima de 350 t - 450 kW",17355120.602200001,867.75599999999997,305.94600000000003,123.96510000000001,1115.6863000000001,117.675,33.107399999999998,2564.1358,1330.7745]
["E9095","Guindaste móvel sobre pneus com 8 eixos com capacidade máxima de 500 t - 500 kW",30011948.7729,1500.5974000000001,529.06780000000003,214.37110000000001,1929.3396,130.75,33.107399999999998,4337.2332999999999,2277.1437000000001]
["E9096","Minicarregadeira de pneus - 45,50 kW",406469.56829999998,28.4529,7.5237999999999996,0,28.4529,59.491300000000003,32.282600000000002,156.20349999999999,68.259299999999996]
["E9101","Removedora de faixas de sinalização viária - 9,69 kW",50803.518799999998,4.0643000000000002,0.94040000000000001,0,3.5562,17.715800000000002,0,26.276700000000002,5.0046999999999997]
["E9102","Extrusora para sarjeta de concreto - 10,44 kW",81168.206999999995,6.4935,1.5024,0,5.6818,8.1902000000000008,26.039200000000001,47.9071,34.0351]
["E9103","Extrusora para meio-fio de concreto - 10,44 kW",63929.473599999998,5.1143999999999998,1.1833,0,4.4751000000000003,8.1902000000000008,26.039200000000001,45.002200000000002,32.3369]
["E9105","Embarcação empurradora multipropósito - 2 x 186 kW",5205497.1841000002,67.779899999999998,30.203499999999998,0,150.62200000000001,369.65640000000002,136.06710000000001,754.32889999999998,234.0505]
["E9106","Balsa de convés com capacidade de 200 t",1924659.0714,15.0364,10.823700000000001,0,25.060700000000001,0,27.313099999999999,78.233900000000006,53.173200000000001]
["E9107","Compactador manual com soquete vibratório - 2,24 kW",11363.337600000001,0.75760000000000005,0.20449999999999999,0,0.75760000000000005,4.0952999999999999,0,5.8150000000000004,0.96209999999999996]
["E9108","Soldadora de trilho por caldeamento na via - 400 kW",9438533.3910000008,151.01650000000001,151.41300000000001,0,188.77070000000001,251.04,77.602199999999996,819.8424,380.0317]
["E9110","Escavadeira hidráulica sobre esteiras para rocha com caçamba com capacidade de 1,56 m³ - 118 kW",1082017.3295,108.2017,21.4587,0,108.2017,117.25660000000001,32.282600000000002,387.40129999999999,161.94300000000001]
["E9111","Jateador abrasivo úmido com capacidade de 350 kg de abrasivo",257231.63219999999,23.1508,4.7614000000000001,0,23.1508,0,26.039200000000001,77.102199999999996,53.9514]
["E9112","Sinalizador direcional móvel com sistema fotovoltaico de energia e montado em chassi sobre pneus",22763.084200000001,2.0487000000000002,0.42130000000000001,0,1.1382000000000001,0,0,3.6082000000000001,2.4700000000000002]
["E9113","Painel de Mensagem Variável - PMV móvel, com sistema fotovoltaico de energia e montado em chassi sobre pneus",171021.5165,15.3919,3.1656,0,8.5510999999999999,0,0,27.108599999999999,18.557500000000001]
["E9116","Semáforo móvel com 3 lentes e bateria - D = 200 mm",7830.0168999999996,0.70469999999999999,0.1449,0,0.39150000000000001,0,0,1.2411000000000001,0.84960000000000002]
["E9117","Carregadeira de pneus para rocha com capacidade de 2,50 m³ - 105 kW",1000824.4795,100.08240000000001,19.848500000000001,0,100.08240000000001,104.3385,32.282600000000002,356.63440000000003,152.21350000000001]
["E9118","Cortadora de pavimento com disco diamantado de 450 a 1.500 mm - 55,40 kW",485941.6789,38.875300000000003,8.9947999999999997,0,38.875300000000003,43.461300000000001,26.039200000000001,156.24590000000001,73.909300000000002]
["E9119","Minicarregadeira sobre pneus com valetadeira - 55,40 kW",614245.55189999996,42.997199999999999,11.3697,0,42.997199999999999,72.435500000000005,32.282600000000002,202.0822,86.649500000000003]
["E9120","Equipamento de cravação sobre esteira para geodreno com haste para profundidade de até 20 m - 258 kW",2943389.3456999999,206.03729999999999,54.482100000000003,0,206.03729999999999,175.41419999999999,26.039200000000001,668.01009999999997,286.55860000000001]
["E9122","Perfuratriz tipo Bottom Feed para coluna de brita - 194 kW",4764553.8386000004,317.63690000000003,85.742099999999994,0,317.63690000000003,101.462,32.282600000000002,854.76049999999998,435.66160000000002]
["E9125","Veículo tipo van furgão com capacidade de 1,54 t - 93 kW",227277.10200000001,11.363899999999999,4.09,1.6572,11.363899999999999,24.319500000000001,30.2256,83.020099999999999,47.3367]
["E9126","Draga backhoe com capacidade de 7 m³ - 1.000 kW",86160818.314099997,969.30920000000003,697.74109999999996,0,2154.0205000000001,993.7,65.405000000000001,4880.1758,1732.4553000000001]
["E9127","Escavadeira hidráulica com martelo hidráulico de 520 kg - 75 kW",1022936.3188,116.907,20.286999999999999,0,146.13380000000001,50.9925,32.282600000000002,366.60289999999998,169.47659999999999]
["E9134","Miniônibus com capacidade para 30 passageiros - 111 kW",653548.55929999996,28.0092,11.521100000000001,4.6681999999999997,42.013800000000003,110.30070000000001,32.133200000000002,228.64619999999999,76.331699999999998]
["E9141","Rebarbador hidráulico com bomba manual com capacidade de força de 9.000 kgf",93422.482999999993,7.4737999999999998,1.7293000000000001,0,4.6711,0,0,13.8742,9.2030999999999992]
["E9144","Pórtico metálico rolante com talha com capacidade de 5 t - 10 kW",303016.29969999997,12.120699999999999,5.1414,0,7.5754000000000001,0,26.039200000000001,50.8767,43.301299999999998]
["E9148","Macaco de protensão de fios com bomba - 3,72 kW",101509.7899,5.8006000000000002,1.7895000000000001,0,5.8006000000000002,0,38.801099999999998,52.191800000000001,46.391199999999998]
["E9149","Máquina de aplicação e extração de grampo elástico tipo Pandrol - 6,70 kW",265351.67320000002,21.228100000000001,4.9116999999999997,0,21.228100000000001,9.7995000000000001,0,57.167400000000001,26.139800000000001]
["E9151","Britador de mandíbulas móvel sobre esteiras, sem peneira, com capacidade de 140 m³/h - 170 kW",2973157.9582000002,169.8947,52.412500000000001,0,169.8947,160.03800000000001,38.801099999999998,591.04100000000005,261.10829999999999]
["E9152","Ferramenta de fixação à pólvora de ação direta",1050.2245,8.9300000000000004E-2,1.9400000000000001E-2,0,8.4000000000000005E-2,0,0,0.19270000000000001,0.1087]
["E9153","Ferramenta de fixação à pólvora e sistema à pistão",990.76329999999996,8.4199999999999997E-2,1.83E-2,0,7.9299999999999995E-2,0,0,0.18179999999999999,0.10249999999999999]
["E9154","Equipamento para selagem com material asfáltico rebocável com capacidade de 370 l - 35 kW",462534.163,29.734300000000001,8.1538000000000004,0,9.9114000000000004,27.4575,26.039200000000001,101.2962,63.927300000000002]
["E9155","Caldeira de asfalto rebocável com capacidade de 600 l - 5,20 kW",136142.53839999999,8.7520000000000007,2.4,0,2.9173,3.8073999999999999,0,17.8767,11.151999999999999]
["E9156","Soprador de ar costal - 2,6 kW",2636.3299000000002,0.42180000000000001,9.7600000000000006E-2,0,0.36909999999999998,4.7534999999999998,0,5.6420000000000003,0.51939999999999997]
["E9157","Locomotiva diesel-elétrica CC - bitola métrica - 2.237 kW",8595000,137.52000000000001,137.881,0,171.9,1403.9412,33.503500000000003,1884.7456999999999,308.90449999999998]
["E9158","Locomotiva diesel-elétrica CC - bitola larga - 2.237 kW",8975000,143.6,143.977,0,179.5,1403.9412,33.503500000000003,1904.5217,321.08049999999997]
["E9159","Vagão plataforma PNE com capacidade de 82 t - bitola métrica",736000,11.6533,11.731199999999999,0,6.1333000000000002,0,0,29.517800000000001,23.384499999999999]
["E9160","Vagão plataforma PNT com capacidade de 98 t - bitola larga",880000,13.933299999999999,14.0265,0,7.3333000000000004,0,0,35.293100000000003,27.959800000000001]
["E9161","Vagão fechado com porta para carga e descarga de paletes FLD com capacidade de 64 t - bitola métrica",730000,11.558299999999999,11.6356,0,6.0833000000000004,0,0,29.277200000000001,23.193899999999999]
["E9162","Vagão fechado com porta para carga e descarga de paletes FLT com capacidade de 99 t - bitola larga",823000,13.030799999999999,13.117900000000001,0,6.8582999999999998,0,0,33.006999999999998,26.148700000000002]
["E9163","Vagão hopper aberto com descarga automática HNE com capacidade de 45 m³ - bitola métrica",880000,13.933299999999999,14.0265,0,7.3333000000000004,0,0,35.293100000000003,27.959800000000001]
["E9164","Vagão hopper aberto com descarga automática HNT com capacidade de 63 m³ - bitola larga",915000,14.487500000000001,14.584300000000001,0,7.625,0,0,36.696800000000003,29.0718]
["E9167","Equipamento para carga e descarga de TLS de até 250 m - 90 kW",2825235.9950000001,45.203800000000001,45.322400000000002,0,56.5047,56.484000000000002,38.801099999999998,242.316,129.32730000000001]
["E9168","Carregadeira de pneus com implemento de garfo - 195 kW",1733507.2434,121.3455,32.087200000000003,0,121.3455,81.587999999999994,32.282600000000002,388.64879999999999,185.71530000000001]
["E9200","Carregadeira de pneus para rocha com capacidade de 2,50 m³ - 105 kW com periculosidade",1000824.4795,100.08240000000001,19.848500000000001,0,100.08240000000001,104.3385,39.979199999999999,364.33100000000002,159.9101]
["E9203","Escavadeira hidráulica com martelo hidráulico de 1.700 kg - 103 kW com periculosidade",1962701.1740000001,224.30869999999999,38.924599999999998,0,280.38589999999999,70.029700000000005,39.979199999999999,653.62810000000002,303.21249999999998]
["E9204","Perfuratriz sobre esteiras - 145 kW com periculosidade",1723726.9901000001,114.9151,31.0199,0,114.9151,113.7525,39.979199999999999,414.58179999999999,185.91419999999999]
["E9205","Equipamento de corte a plasma CNC - 12.000 x 5.500 mm - 19,5 kW",1090274.9591999999,87.221999999999994,20.181000000000001,0,65.416499999999999,0,0,172.81950000000001,107.40300000000001]
["E9206","Equipamento de solda MIG automática com acessórios - 14,6 kVA",83493.384000000005,6.6795,1.5455000000000001,0,6.6795,0,0,14.904500000000001,8.2249999999999996]
["E9207","Máquina de solda elétrica retificadora 425 A - 18,70 kW",6193.8037000000004,0.4955,0.11459999999999999,0,0.4955,0,0,1.1055999999999999,0.61009999999999998]
["E9209","Martelete perfurador/rompedor a ar comprimido de 25 kg para rocha, com insalubridade, com capacidade de 2.040 gpm",27308.3691,2.1846999999999999,0.50549999999999995,0,2.1846999999999999,0,33.385300000000001,38.260199999999998,36.075499999999998]
["E9213","Jumbo eletro-hidráulico com 3 braços - 155 kW/237 kW com periculosidade",12143146.735099999,809.54309999999998,218.52600000000001,0,1011.9289,170.23650000000001,48.497,2258.7314999999999,1076.5661]
["E9231","Maçarico lança-chamas a gás liquefeito de petróleo (GLP)",85.741500000000002,6.8999999999999999E-3,1.6000000000000001E-3,0,6.8999999999999999E-3,0,0,1.54E-2,8.5000000000000006E-3]
["E9242","Estação transmissora de superfície para televisionamento",12122.349200000001,0.77929999999999999,0.2137,0,0.43290000000000001,0,0,1.4258999999999999,0.99299999999999999]
["E9243","Câmara hiperbárica com filtro, serpentina e reservatório de ar para mergulho raso - D = 1,80 m e H = 2,22 m",448392.94189999998,7.8468999999999998,7.2622999999999998,0,11.2098,0,55.0749,81.393900000000002,70.184100000000001]
["E9244","Estação transmissora de superfície para comunicação sem fio",38780.513400000003,2.4929999999999999,0.68359999999999999,0,1.385,0,0,4.5616000000000003,3.1766000000000001]
["E9245","Estação transmissora de superfície para comunicação com fio",6499.7987999999996,0.4178,0.11459999999999999,0,0.2321,0,0,0.76449999999999996,0.53239999999999998]
["E9246","Painel de controle de ar com manômetros e pneufatômetros",12473.234399999999,0.80189999999999995,0.21990000000000001,0,0.44550000000000001,0,0,1.4673,1.0218]
["E9247","Sistema de Sino aberto (sinete) para mergulho até 50 m - 33,50 kW",553214.51639999996,14.7524,9.1021999999999998,0,14.7524,0,55.0749,93.681899999999999,78.929500000000004]
["E9248","Sistema de ar comprimido para mergulho até 30 m com pressão de trabalho de 1,4 MPa - 7,46 kW",51800.396099999998,3.4533999999999998,0.93220000000000003,0,3.4533999999999998,6.6326999999999998,0,14.4717,4.3856000000000002]
["E9249","Sistema de ar comprimido para mergulho até 50 m com pressão de trabalho de 1,7 MPa - 16,18 kW",79131.9997,5.2755000000000001,1.4239999999999999,0,5.2755000000000001,14.3856,0,26.360600000000002,6.6994999999999996]
["E9251","Fonte de plasma para corte manual - 65A - 15 kW",32636.7327,2.6109,0.60409999999999997,0,2.6109,0,0,5.8258999999999999,3.2149999999999999]
["E9252","Serra de esquadria com braço telescópico - D = 250 mm (10\") - 1,80 kW",5296.9182000000001,0.47670000000000001,9.8000000000000004E-2,0,0.26479999999999998,0,0,0.83950000000000002,0.57469999999999999]
["E9253","Rebordeadeira diâmetro máximo 3,00 m - 4,85 kW",66070.5533,2.6427999999999998,1.1211,0,2.3125,0,0,6.0763999999999996,3.7639]
["E9254","Dobradeira viradeira manual comprimento máximo de dobra de até 2.000 mm",18888.2435,0.75549999999999995,0.32050000000000001,0,0.66110000000000002,0,0,1.7371000000000001,1.0760000000000001]
["E9255","Fonte de plasma para corte manual - 45A - 10 kW",21804.332699999999,1.7443,0.40360000000000001,0,1.7443,0,0,3.8921999999999999,2.1478999999999999]
["E9256","Equipamento para pintura com cal rebocável com dois bicos aplicadores e capacidade de 2.200 l",71536.367499999993,4.0877999999999997,1.2611000000000001,0,4.0877999999999997,0,26.039200000000001,35.475900000000003,31.388100000000001]
["E9259","Ventilador centrífugo média pressão com capacidade de 38 m³/min - 2,21 kW",17059.991099999999,1.5354000000000001,0.31580000000000003,0,1.0236000000000001,0,0,2.8748,1.8512]
["E9260","Detector de gases com bomba elétrica para espaço confinado",4078.3490000000002,0.32629999999999998,7.5499999999999998E-2,0,0.2039,0,0,0.60570000000000002,0.40179999999999999]
["E9261","Equipamento de pintura com pistola airless - 0,90 kW",2457.1322,0.22109999999999999,4.5499999999999999E-2,0,0.1229,0,0,0.38950000000000001,0.2666]
["E9262","Escova rotativa com cerdas de aço para tratamento de superfície - 0,91 kW",19592.997299999999,1.5673999999999999,0.36270000000000002,0,0.97960000000000003,0,26.039200000000001,28.948899999999998,27.9693]
["E9263","Tripé com guincho para espaço confinado",9742.4123,0.77939999999999998,0.18029999999999999,0,0.58450000000000002,0,0,1.5442,0.9597]
["E9264","Respirador purificador de ar motorizado",8476.0072,0.67810000000000004,0.15690000000000001,0,0.42380000000000001,0,0,1.2587999999999999,0.83499999999999996]
["E9265","Respirador de adução de ar tipo linha de ar comprimido para jateamento",17302.367200000001,1.3842000000000001,0.32029999999999997,0,0.86509999999999998,0,0,2.5695999999999999,1.7044999999999999]
["E9267","Exaustor centrífugo alta pressão com capacidade de 35 m³/min - 1,47 kW",5483.6017000000002,0.49349999999999999,0.10150000000000001,0,0.32900000000000001,0,0,0.92400000000000004,0.59499999999999997]
["E9501","Ventilador axial para ventilação forçada com velocidade de saída de 32,8 m/s - D = 1.000 mm - 30 kW",458424.85389999999,41.258200000000002,8.4854000000000003,0,27.505500000000001,0,0,77.249099999999999,49.743600000000001]
["E9502","Bate-estaca de gravidade para 6 t - 119 kW",934478.42209999997,53.398800000000001,16.473500000000001,0,40.049100000000003,80.908100000000005,32.282600000000002,223.1121,102.1549]
["E9503","Guilhotina hidráulica 16 x 6.100 mm - 30 kW",1328606.4791000001,53.144300000000001,22.543099999999999,0,46.501199999999997,0,26.039200000000001,148.2278,101.7266]
["E9505","Prensa dobradeira capacidade 320 t - comprimento até 3.100 mm - 30 kW",841605.65269999998,33.664200000000001,14.2799,0,29.456199999999999,0,26.039200000000001,103.4395,73.9833]
["E9507","Plotadora de recorte com computador e programa computacional",90334.823799999998,13.5502,1.8579000000000001,0,9.0335000000000001,0,0,24.441600000000001,15.408099999999999]
["E9510","Ventilador centrífugo baixa pressão com capacidade de 58 m³/min - 3,68 kW",13611.336799999999,1.2250000000000001,0.25190000000000001,0,0.81669999999999998,0,0,2.2936000000000001,1.4769000000000001]
["E9511","Carregadeira de pneus com capacidade de 3,40 m³ - 195 kW",2045679.6258,143.19759999999999,37.865499999999997,0,143.19759999999999,81.587999999999994,32.282600000000002,438.13130000000001,213.34569999999999]
["E9512","Veículo leve - 53 kW",71248.434200000003,4.2748999999999997,1.3188,0.53439999999999999,4.2748999999999997,24.916599999999999,30.2256,65.545199999999994,36.353700000000003]
["E9513","Compressor de ar portátil de 160,46 l/s (340 PCM) - 81 kW",317421.40919999999,21.1614,5.7122999999999999,0,21.1614,72.017099999999999,0,120.0522,26.873699999999999]
["E9514","Distribuidor de agregados sobre pneus autopropelido - 130 kW",957664.29520000005,54.723700000000001,16.882300000000001,0,47.883200000000002,129.18100000000001,32.282600000000002,280.95280000000002,103.8886]
["E9515","Escavadeira hidráulica sobre esteiras com caçamba com capacidade de 1,56 m³ - 118 kW",1082017.3295,75.741200000000006,20.028099999999998,0,75.741200000000006,80.228200000000001,32.282600000000002,284.0213,128.05189999999999]
["E9516","Perfuratriz hidráulica sobre esteiras - 283 kW",5256668.8169999998,350.44459999999998,94.598100000000002,0,350.44459999999998,148.00899999999999,32.282600000000002,975.77890000000002,477.32530000000003]
["E9518","Grade de 24 discos rebocável de D = 60 cm (24\")",43022.681400000001,2.7656999999999998,0.75839999999999996,0,1.5365,0,0,5.0606,3.5240999999999998]
["E9519","Betoneira com motor a gasolina com capacidade de 600 l - 10 kW",38556.490899999997,3.0844999999999998,0.7137,0,2.3134000000000001,18.282599999999999,26.039200000000001,50.433399999999999,29.837399999999999]
["E9521","Grupo gerador - 3,2 kVA",3555.5045,0.17780000000000001,6.2700000000000006E-2,0,0.127,4.3460000000000001,0,4.7134999999999998,0.24049999999999999]
["E9522","Caldeira de asfalto rebocável com capacidade de 1.500 l - 6,5 kW",184914.48130000001,11.8874,3.2597999999999998,0,3.9624999999999999,4.7592999999999996,0,23.869,15.1472]
["E9523","Motoscraper - 304 kW",5781703.2920000004,272.08019999999999,99.674899999999994,0,306.09019999999998,254.38720000000001,32.282600000000002,964.51509999999996,404.03769999999997]
["E9524","Motoniveladora - 93 kW",1353454.9542,67.672700000000006,23.859500000000001,0,87.007800000000003,72.958500000000001,32.282600000000002,283.78109999999998,123.81480000000001]
["E9525","Ponte rolante com capacidade de 15 t e vão de até 15 m - 20 kW",3438996.2790000001,137.5599,58.351199999999999,0,85.974900000000005,0,52.078400000000002,333.96440000000001,247.98949999999999]
["E9526","Retroescavadeira de pneus - capacidade da caçamba da pá-carregadeira de 0,76 m³ e da retroescavadeira de 0,29 m³ - 58 kW ",466217.21830000001,32.635199999999998,8.6296999999999997,0,32.635199999999998,39.434199999999997,32.282600000000002,145.61689999999999,73.547499999999999]
["E9527","Martelete perfurador/rompedor a ar comprimido de 25 kg para rocha com capacidade de 2.040 gpm",27308.3691,2.1846999999999999,0.50549999999999995,0,2.1846999999999999,0,26.039200000000001,30.914100000000001,28.729399999999998]
["E9528","Empilhadeira a diesel com capacidade de 4 t - 60 kW",522435.52240000002,41.794800000000002,9.6702999999999992,0,36.570500000000003,47.07,26.039200000000001,161.1448,77.504300000000001]
["E9529","Jateador para estruturas metálicas com transportador a roletes - 22 kW",4298734.5373,286.58229999999998,77.359300000000005,0,214.9367,0,26.039200000000001,604.91750000000002,389.98079999999999]
["E9530","Rolo compactador liso vibratório autopropelido por pneus de 11 t - 97 kW",911450.06519999995,60.763300000000001,16.4023,0,60.763300000000001,81.169600000000003,32.282600000000002,251.3811,109.4482]
["E9532","Equipamento de solda MIG com acessórios - 14,6 kVA",80505.239799999996,6.4404000000000003,1.4902,0,6.4404000000000003,0,0,14.371,7.9306000000000001]
["E9535","Serra circular com bancada - D = 30 cm - 4 kW",7181.4296000000004,0.64629999999999999,0.13289999999999999,0,0.35909999999999997,0,26.039200000000001,27.177499999999998,26.8184]
["E9536","Embarcação de transporte de pessoal e apoio logístico - 30 kW",129622.1931,2.0253000000000001,0.76370000000000005,0,2.2504,62.683199999999999,39.407699999999998,107.13030000000001,42.1967]
["E9538","Conjunto vibratório para meio tubo de concreto com encaixe PB e 3 jogos de fôrmas - D = 0,30 m - 2,20 kW",15779.9375,2.1040000000000001,0.48680000000000001,0,1.5780000000000001,0,0,4.1688000000000001,2.5908000000000002]
["E9539","Equipamento de batimetria monofeixe",108471.9421,6.9732000000000003,1.9121999999999999,0,3.8740000000000001,0,39.481999999999999,52.241399999999999,48.367400000000004]
["E9540","Trator sobre esteiras com lâmina - 127 kW",1725963.3895,67.120800000000003,29.581099999999999,0,95.886899999999997,92.989400000000003,32.282600000000002,317.86079999999998,128.9845]
["E9541","Trator sobre esteiras com lâmina - 259 kW",4800373.0314999996,186.68119999999999,82.273099999999999,0,266.68740000000003,189.63980000000001,32.282600000000002,757.56410000000005,301.23689999999999]
["E9543","Compressor de ar respirável com capacidade de até 35 MPa e 3,58 l/s - 5,52 kW",57334.888099999996,3.8222999999999998,1.0318000000000001,0,3.8222999999999998,0,0,8.6763999999999992,4.8540999999999999]
["E9544","Vassoura mecânica rebocável com largura de 2,44 m",71235.041400000002,6.4112,1.3186,0,4.2740999999999998,0,0,12.0039,7.7298]
["E9545","Vibroacabadora de asfalto sobre esteiras - 82 kW",3742066.2722,187.10329999999999,65.967299999999994,0,240.56139999999999,81.483400000000003,38.801099999999998,613.91650000000004,291.87169999999998]
["E9547","Máquina de solda elétrica transformadora 250 A - 9,20 kW",1379.4875999999999,0.1104,2.5499999999999998E-2,0,0.1104,0,0,0.24629999999999999,0.13589999999999999]
["E9548","Bomba centrífuga com capacidade de 7,1 a 22 m³/h - 1,50 kW",2494.1817999999998,0.19950000000000001,4.6199999999999998E-2,0,0.17460000000000001,0,0,0.42030000000000001,0.2457]
["E9551","Obturador mecânico simples com extensão de 12 m",4889.9952999999996,0.44009999999999999,9.0499999999999997E-2,0,0.2445,0,0,0.77510000000000001,0.53059999999999996]
["E9552","Nível ótico com capacidade de aumento de 32x",12008.8151,0.9607,0.2223,0,0.60040000000000004,0,0,1.7834000000000001,1.1830000000000001]
["E9553","Estação total eletrônica com alcance máximo de 3.000 m",39453.835500000001,3.5508000000000002,0.73029999999999995,0,1.9726999999999999,0,0,6.2538,4.2811000000000003]
["E9556","Compactador manual de placa vibratória - 3,00 kW",10899.980100000001,0.72670000000000001,0.19620000000000001,0,0.72670000000000001,5.4847999999999999,0,7.1344000000000003,0.92290000000000005]
["E9558","Tanque de estocagem de asfalto com capacidade de 30.000 l",705715.8334,29.404800000000002,10.205299999999999,0,18.378,0,0,57.988100000000003,39.610100000000003]
["E9559","Aquecedor de fluido térmico - 12 kW",687496.81810000003,30.9374,9.5442,0,20.6249,9.4139999999999997,0,70.520499999999998,40.4816]
["E9560","Ônibus com capacidade para 80 passageiros - 175 kW",1094658.2467,46.913899999999998,19.2973,7.819,70.370900000000006,173.89750000000001,32.133200000000002,350.43180000000001,106.1634]
["E9561","GPS geodésico de simples frequência (L1)",38003.892,3.0402999999999998,0.70350000000000001,0,1.9001999999999999,0,0,5.6440000000000001,3.7437999999999998]
["E9562","GPS geodésico de dupla frequência (L1/L2)",88377.459000000003,7.0701999999999998,1.6358999999999999,0,4.4188999999999998,0,0,13.125,8.7060999999999993]
["E9563","Perfuratriz hidráulica sobre esteiras com clamshell - 220 kW",3165811.5910999998,211.05410000000001,56.971400000000003,0,211.05410000000001,115.06,32.282600000000002,626.42219999999998,300.30810000000002]
["E9565","Trator sobre esteiras com lâmina e escarificador - 259 kW",4864231.0324999997,189.1645,83.367500000000007,0,270.23509999999999,189.63980000000001,32.282600000000002,764.68949999999995,304.81459999999998]
["E9566","Guindaste móvel sobre esteiras com clamshell de 1,9 m³ - 220 kW",3951356.5871000001,138.29750000000001,67.044600000000003,0,197.56780000000001,57.53,38.801099999999998,499.24099999999999,244.14320000000001]
["E9567","Fresadora de piso de concreto - 6,7 kW",19155.686699999998,1.5325,0.35460000000000003,0,1.5325,12.2493,0,15.668900000000001,1.8871]
["E9568","Furadeira de impacto de 12,5 mm - 0,80 kW",1385.1186,0.1108,2.5600000000000001E-2,0,6.93E-2,0,0,0.20569999999999999,0.13639999999999999]
["E9569","Guindaste móvel sobre esteiras com clamshell de 4,6 m³ - 403 kW",6879310.9155000001,83.602699999999999,40.529400000000003,0,119.4325,105.3845,77.602199999999996,426.55130000000003,201.73429999999999]
["E9570","Furadeira com base magnética - 1,20 kW",6019.8356000000003,0.34399999999999997,0.1061,0,0.25800000000000001,0,0,0.70809999999999995,0.4501]
["E9574","Perfuratriz sobre esteiras - 145 kW",1723726.9901000001,114.9151,31.0199,0,114.9151,113.7525,32.282600000000002,406.8852,178.2176]
["E9576","Escavadeira hidráulica de longo alcance sobre esteiras - 103 kW",1076369.4365000001,75.3459,19.9236,0,75.3459,70.029700000000005,32.282600000000002,272.92770000000002,127.5521]
["E9577","Trator agrícola sobre pneus - 77 kW",363545.29399999999,24.2364,6.5423,0,21.206800000000001,72.487799999999993,26.039200000000001,150.51249999999999,56.817900000000002]
["E9578","Conjunto vibratório para meio tubo de concreto com encaixe PB e 3 jogos de fôrmas - D = 0,40 m - 2,20 kW",16892.3799,2.2523,0.52110000000000001,0,1.6892,0,0,4.4626000000000001,2.7734000000000001]
["E9580","Fresadora e distribuidora com controle de greide - 287 kW",3205058.3135000002,186.96170000000001,57.677700000000002,0,267.08819999999997,270.18180000000001,38.801099999999998,820.71050000000002,283.44049999999999]
["E9581","Carregadeira de pneus para rocha com capacidade de 1,72 m³ - 113 kW",752761.51650000003,75.276200000000003,14.928900000000001,0,75.276200000000003,112.2881,32.282600000000002,310.05200000000002,122.4877]
["E9583","Distribuidor de agregados rebocável com capacidade de 1,9 m³",83225.085600000006,7.4903000000000004,1.5405,0,4.9935,0,0,14.0243,9.0307999999999993]
["E9584","Carregadeira de pneus com capacidade de 1,72 m³ - 113 kW",752761.51650000003,52.693300000000001,13.9336,0,52.693300000000001,47.279200000000003,32.282600000000002,198.88200000000001,98.909499999999994]
["E9585","Motosserra com motor a gasolina - 2,30 kW",1815.1053999999999,1.3613,0.1867,0,1.3613,4.2050000000000001,26.039200000000001,33.153500000000001,27.587199999999999]
["E9586","Régua vibratória dupla com 4 m - 4,10 kW",5845.5509000000002,0.52610000000000001,0.1082,0,0.40920000000000001,7.4958999999999998,0,8.5394000000000005,0.63429999999999997]
["E9587","Serra para corte de concreto - 4 kW",13473.506600000001,1.0779000000000001,0.24940000000000001,0,0.94310000000000005,7.3129999999999997,0,9.5833999999999993,1.3272999999999999]
["E9588","Vibroacabadora de concreto sobre esteiras com fôrmas deslizantes - 205 kW",6034586.6017000005,301.72930000000002,106.3811,0,387.93770000000001,203.70849999999999,38.801099999999998,1038.5577000000001,446.91149999999999]
["E9589","Máquina texturizadora e aplicadora de cura química em pavimento de concreto - 44,80 kW",1511900.6262000001,75.594999999999999,26.6526,0,75.594999999999999,35.145600000000002,32.282600000000002,245.27080000000001,134.53020000000001]
["E9590","Central de concreto com capacidade de 40 m³/h - dosadora fixa",419676.50900000002,23.9815,7.3982999999999999,0,20.983799999999999,0,38.801099999999998,91.164699999999996,70.180899999999994]
["E9591","Serra para corte de concreto e asfalto - 10 kW",19959.493399999999,1.5968,0.3695,0,1.3972,18.282599999999999,0,21.646100000000001,1.9662999999999999]
["E9593","Draga hopper com capacidade de 750 m³",118426163.8804,925.20439999999996,665.99300000000005,0,2056.0097999999998,627.6,167.0497,4441.8568999999998,1758.2471]
["E9594","Draga hopper com capacidade de 1.000 m³",130582471.6072,1020.1756,734.35640000000001,0,2267.0567999999998,753.12,194.36279999999999,4969.0716000000002,1948.8948]
["E9595","Draga hopper com capacidade de 2.000 m³",179207702.5147,1400.0601999999999,1007.81,0,3111.2447999999999,1317.96,194.36279999999999,7031.4377999999997,2602.2330000000002]
["E9596","Draga hopper com capacidade de 3.000 m³",227832933.42230001,1779.9448,1281.2636,0,3955.4328999999998,1882.8,349.4776,9248.9189000000006,3410.6860000000001]
["E9597","Draga hopper com capacidade de 4.000 m³",276458164.32980001,2159.8294000000001,1554.7172,0,4799.6208999999999,2447.64,407.24489999999997,11369.0524,4121.7915000000003]
["E9598","Draga hopper com capacidade de 5.000 m³",325083395.23710001,2539.7139999999999,1828.1708000000001,0,5643.8089,3012.48,407.24489999999997,13431.418600000001,4775.1297000000004]
["E9599","Central de concreto com capacidade de 30 m³/h - dosadora RS",302634.53360000002,17.293399999999998,5.335,0,15.1317,0,38.801099999999998,76.561199999999999,61.429499999999997]
["E9601","Embarcação de transporte de pessoal e apoio logístico - 130 kW",525097.70140000002,8.2047000000000008,3.0935999999999999,0,9.1163000000000007,271.62720000000002,39.407699999999998,331.4495,50.706000000000003]
["E9603","Embarcação empurradora multipropósito com guindaste hidráulico de 74 kN.m - 165 kW",2154518.4829000002,28.053599999999999,12.500999999999999,0,62.3414,163.9605,136.06710000000001,402.92360000000002,176.6217]
["E9606","Embarcação rebocadora - 2 x 268 kW",1116840.1118000001,14.542199999999999,6.4802,0,32.316000000000003,533.61689999999999,136.06710000000001,723.02239999999995,157.08949999999999]
["E9607","Conjunto de britagem para rachão com capacidade de 80 m³/h - 224 kW",2270887.7253,129.76499999999999,40.032499999999999,0,97.323800000000006,0,38.801099999999998,305.92239999999998,208.5986]
["E9609","Draga de sucção para extração de areia com tubo de descarga de 150 mm - 100 kW",656037.01699999999,5.1253000000000002,3.6894,0,11.3895,78.45,38.091900000000003,136.74610000000001,46.906599999999997]
["E9610","Compressor de ar portátil de 42,48 l/s (90 PCM) - 18,50 kW",110413.65119999999,7.3609,1.9870000000000001,0,7.3609,16.448399999999999,0,33.157200000000003,9.3478999999999992]
["E9611","Conjunto de britagem com capacidade de 80 m³/h - 313 kW",8098445.8335999995,462.76830000000001,142.76400000000001,0,347.0763,0,38.801099999999998,991.40970000000004,644.33339999999998]
["E9612","Plataforma flutuante montada na obra de 12 x 24 x 1,8 m com capacidade de 150 t",672325.18720000004,5.2525000000000004,3.7810000000000001,0,8.7542000000000009,0,54.626199999999997,72.413899999999998,63.659700000000001]
["E9613","Guindaste móvel sobre esteiras com pinça com capacidade de 40 t - 186 kW",7072158.4896,247.52549999999999,119.99679999999999,0,353.60789999999997,48.639000000000003,38.801099999999998,808.57029999999997,406.32339999999999]
["E9614","Bomba com capacidade de 136 m³/h e câmara de vácuo - 5,60 kW",10631.520699999999,0.85050000000000003,0.1968,0,0.74419999999999997,0,0,1.7915000000000001,1.0472999999999999]
["E9615","Usina misturadora de solos com capacidade de 300 t/h - 44 kW",1487305.4439000001,84.988900000000001,26.219100000000001,0,74.365300000000005,0,32.282600000000002,217.85589999999999,143.4906]
["E9617","Usina misturadora de pré-misturado a frio com capacidade de 60 t/h - 23,50 kW",255208.5049,14.583299999999999,4.4989999999999997,0,12.760400000000001,0,32.282600000000002,64.125299999999996,51.364899999999999]
["E9618","Batelão autopropelido com capacidade de 300 m³ - 224 kW",21528609.362,168.19229999999999,121.07040000000001,0,373.76060000000001,70.291200000000003,105.6129,838.92740000000003,394.87560000000002]
["E9619","Batelão autopropelido com capacidade de 500 m³ - 373 kW",26410562.589899998,206.33250000000001,148.52500000000001,0,458.51670000000001,117.0474,105.6129,1036.0345,460.47039999999998]
["E9620","Pontão flutuante de 15 x 30 x 1,8 m com capacidade de 500 t",3318250.3820000002,25.9238,18.660799999999998,0,43.206400000000002,0,27.313099999999999,115.1041,71.8977]
["E9621","Bomba de injeção de argamassa e nata com capacidade de 1,08 m³/h (18 l/min) e misturador com tambor de 0,100 m³ - 6,20 kW",48882.920899999997,3.9106000000000001,0.90480000000000005,0,3.9106000000000001,0,26.039200000000001,34.7652,30.854600000000001]
["E9622","Máquina de bancada universal para corte de chapa - 1,50 kW",105924.40089999999,6.0528000000000004,1.8673,0,4.5396000000000001,0,0,12.4597,7.9200999999999997]
["E9623","Máquina de bancada guilhotina - 4,00 kW",128197.18949999999,7.3255999999999997,2.2599,0,5.4942000000000002,0,0,15.079700000000001,9.5854999999999997]
["E9624","Draga hopper com capacidade de 10.000 m³",568209549.77450001,4439.1370999999999,3195.4389000000001,0,9864.7491000000009,5146.32,540.17089999999996,23185.815999999999,8174.7469000000001]
["E9625","Draga hopper com capacidade de 15.000 m³",811335704.3118,6338.5601999999999,4562.7069000000001,0,14085.6893,7405.68,568.03859999999997,32960.675000000003,11469.305700000001]
["E9626","Draga hopper com capacidade de 20.000 m³",1054461858.8491,8237.9832999999999,5929.9750000000004,0,18306.629499999999,9727.7999999999993,595.35170000000005,42797.739500000003,14763.31]
["E9627","Embarcação hotel com capacidade para 15 pessoas - 199 kW",2348507.4992,24.4636,10.901300000000001,0,54.363599999999998,197.74629999999999,57.767299999999999,345.24209999999999,93.132199999999997]
["E9628","Fábrica de pré-moldado de concreto para balizador - 2,20 kW",14234.559300000001,1.8978999999999999,0.43909999999999999,0,1.4235,0,0,3.7605,2.3370000000000002]
["E9629","Compressor de ar portátil de 185,95 l/s (394 PCM) - 81,50 kW",330452.76640000002,22.030200000000001,5.9467999999999996,0,22.030200000000001,72.461699999999993,0,122.4689,27.977]
["E9630","Bomba submersível com capacidade de 75 m³/h - 3,6 kW",5380.6144000000004,0.4304,9.9599999999999994E-2,0,0.37659999999999999,0,0,0.90659999999999996,0.53]
["E9631","Bomba para concreto projetado via seca com capacidade de 6 m³/h - 7,5 kW",256580.22990000001,20.526399999999999,4.7492999999999999,0,17.960599999999999,0,38.801099999999998,82.037400000000005,64.076800000000006]
["E9632","Conjunto vibratório para tubos de concreto com encaixe PB e 3 jogos de fôrmas - D = 0,20 m - 2,20 kW",48962.639799999997,6.5284000000000004,1.5105,0,4.8963000000000001,0,0,12.9352,8.0388999999999999]
["E9633","Conjunto vibratório para tubos de concreto com encaixe PB e 3 jogos de fôrmas - D = 0,30 m - 2,20 kW",56097.6149,7.4797000000000002,1.7305999999999999,0,5.6097999999999999,0,0,14.8201,9.2103000000000002]
["E9634","Conjunto vibratório para tubos de concreto com encaixe PB e 3 jogos de fôrmas - D = 0,40 m - 2,20 kW",61659.826699999998,8.2212999999999994,1.9021999999999999,0,6.1660000000000004,0,0,16.2895,10.1235]
["E9635","Draga de sucção e recalque com potência da bomba de 294 kW e cortador de 30 kW",4406812.2401000001,34.428199999999997,24.782599999999999,0,76.507199999999997,230.643,65.405000000000001,431.76600000000002,124.61579999999999]
["E9636","Draga de sucção e recalque com potência da bomba de 483 kW e cortador de 55 kW",7423326.7993999999,57.994700000000002,41.746499999999997,0,128.87719999999999,378.9135,65.405000000000001,672.93690000000004,165.14619999999999]
["E9637","Draga de sucção e recalque com potência da bomba de 746 kW e cortador de 110 kW",13964135.6735,109.09480000000001,78.530100000000004,0,242.43289999999999,585.23699999999997,92.718100000000007,1108.0128999999999,280.34300000000002]
["E9638","Draga de sucção e recalque com potência da bomba de 1.350 kW e cortador de 170 kW",21341747.454399999,166.73240000000001,120.01949999999999,0,370.51639999999998,1059.075,92.718100000000007,1809.0614,379.47]
["E9639","Embarcação hotel com capacidade para 30 pessoas - 2 x 112 kW",3748184.0523000001,39.043599999999998,17.398299999999999,0,86.763499999999993,222.58879999999999,136.06710000000001,501.86130000000003,192.50899999999999]
["E9640","Compressor de ar portátil de 33,51 l/s (71 PCM) - 14 kW",102493.0583,6.8329000000000004,1.8444,0,6.8329000000000004,12.4474,0,27.957599999999999,8.6773000000000007]
["E9641","Compressor de ar portátil de 75,04 l/s (159 PCM) - 33 kW",146966.7598,9.7978000000000005,2.6448,0,9.7978000000000005,29.340299999999999,0,51.5807,12.442600000000001]
["E9642","Perfuratriz hidráulica sobre esteiras para estaca raiz - 56 kW",1481564.3418000001,98.771000000000001,26.661999999999999,0,98.771000000000001,29.288,32.282600000000002,285.77460000000002,157.71559999999999]
["E9643","Equipamento para pintura a ar comprimido de pistola com caneca com capacidade de 1.000 ml e compressor de 1,50 kW",3071.3656000000001,0.27639999999999998,5.6899999999999999E-2,0,0.15359999999999999,0,0,0.4869,0.33329999999999999]
["E9646","Compressor de ar portátil de 58,52 l/s (124 PCM) - 27 kW",121348.18399999999,8.0899000000000001,2.1838000000000002,0,8.0899000000000001,24.005700000000001,0,42.369300000000003,10.2737]
["E9647","Compactador manual com soquete vibratório - 4,10 kW",12431.045899999999,0.82869999999999999,0.22370000000000001,0,0.82869999999999999,7.4958999999999998,0,9.3770000000000007,1.0524]
["E9648","Compressor de ar portátil de 422,86 l/s (896 PCM) - 213 kW",768482.19350000005,51.232100000000003,13.829499999999999,0,51.232100000000003,189.3783,0,305.67200000000003,65.061599999999999]
["E9649","Compressor de ar portátil de 94,39 l/s (200 PCM) - 36 kW",188452.66020000001,12.563499999999999,3.3914,0,12.563499999999999,32.007599999999996,0,60.526000000000003,15.9549]
["E9651","Guindaste móvel sobre esteiras com Hammer Grab - 186 kW",3766386.5005999999,131.8235,63.906199999999998,0,188.3193,48.639000000000003,38.801099999999998,471.48910000000001,234.5308]
["E9652","Compressor de ar portátil de 540,85 l/s (1.146 PCM) - 331,10 kW",917805.16650000005,61.186999999999998,16.5167,0,61.186999999999998,294.38099999999997,0,433.27170000000001,77.703699999999998]
["E9653","Guindaste móvel sobre esteiras com trado para escavação em solos - 186 kW",5413187.4301000005,189.4616,91.848299999999995,0,270.65940000000001,48.639000000000003,38.801099999999998,639.40940000000001,320.11099999999999]
["E9654","Guindaste móvel sobre esteiras com trado com bits escavação em rocha - 186 kW",5413187.4301000005,189.4616,91.848299999999995,0,270.65940000000001,48.639000000000003,38.801099999999998,639.40940000000001,320.11099999999999]
["E9656","Guindaste móvel sobre esteiras com caçamba para escavação em solos - 186 kW",5395683.2476000004,188.84889999999999,91.551299999999998,0,269.7842,48.639000000000003,38.801099999999998,637.62450000000001,319.2013]
["E9657","Guindaste móvel sobre esteiras com caçamba para escavação em rocha - 186 kW",5395683.2476000004,188.84889999999999,91.551299999999998,0,269.7842,48.639000000000003,38.801099999999998,637.62450000000001,319.2013]
["E9660","Guindaste móvel sobre esteiras com capacidade de 40 t - 186 kW",3538338.7883000001,123.8419,60.036799999999999,0,176.9169,48.639000000000003,38.801099999999998,448.23570000000001,222.6798]
["E9661","Compressor de ar portátil de 89,67 l/s (190 PCM) - 36 kW",167492.4711,11.1662,3.0142000000000002,0,11.1662,32.007599999999996,0,57.354199999999999,14.180400000000001]
["E9662","Equipamento para solda e corte com oxiacetileno",5090.9903000000004,0.4073,9.4200000000000006E-2,0,0.4073,0,0,0.90880000000000005,0.50149999999999995]
["E9664","Guindaste móvel sobre esteiras com capacidade de 80 t - 212 kW",6057288.8523000004,212.0051,102.777,0,302.86439999999999,55.438000000000002,38.801099999999998,711.88559999999995,353.58319999999998]
["E9668","Mesa vibratória - 2,20 kW",13227.7713,1.7637,0.40810000000000002,0,1.3228,0,0,3.4946000000000002,2.1718000000000002]
["E9671","Compressor de ar portátil de 363,87 l/s (771 PCM) - 158,13 kW",564618.77650000004,37.641300000000001,10.1608,0,37.641300000000001,140.5934,0,226.0368,47.802100000000003]
["E9673","Equipamento de batimetria multifeixe",2097025.9539000001,67.404399999999995,18.483799999999999,0,74.893799999999999,0,78.963999999999999,239.74600000000001,164.85220000000001]
["E9674","Equipamento de medição de descarga líquida com ADCP",412071.20890000003,13.245100000000001,3.6320999999999999,0,14.716799999999999,0,78.963999999999999,110.55800000000001,95.841200000000001]
["E9675","Martelete perfurador/rompedor elétrico - 1,50 kW",6343.9549999999999,0.50749999999999995,0.1174,0,0.50749999999999995,0,0,1.1324000000000001,0.62490000000000001]
["E9676","Embarcação de transporte de pessoal e apoio logístico - 90 kW",519552.43369999999,8.1180000000000003,3.0609000000000002,0,9.02,188.0496,39.407699999999998,247.65620000000001,50.586599999999997]
["E9677","Martelete perfurador/rompedor a ar comprimido de 10 kg com capacidade de 1.800 gpm",20317.3194,1.6254,0.37609999999999999,0,1.6254,0,26.039200000000001,29.6661,28.040700000000001]
["E9678","Fresadora a frio - 455 kW",5780510.5033,337.19639999999998,104.02509999999999,0,481.70920000000001,428.33699999999999,38.801099999999998,1390.0688,480.02260000000001]
["E9681","Rolo compactador liso tandem vibratório autopropelido de 10,4 t - 82 kW",886431.97149999999,59.095500000000001,15.9521,0,59.095500000000001,115.79219999999999,32.282600000000002,282.21789999999999,107.3302]
["E9682","Rolo compactador liso tandem vibratório autopropelido de 1,6 t - 18 kW",274579.80070000002,18.305299999999999,4.9413,0,18.305299999999999,25.4178,32.282600000000002,99.252300000000005,55.529200000000003]
["E9683","Martelete perfurador/rompedor elétrico - 0,90 kW",5284.0501000000004,0.42270000000000002,9.7799999999999998E-2,0,0.42270000000000002,0,0,0.94320000000000004,0.52049999999999996]
["E9684","Veículo leve picape 4 x 4 com capacidade de 1,10 t - 147 kW",288722.59989999997,17.323399999999999,5.3442999999999996,2.1654,17.323399999999999,38.4405,30.2256,110.82259999999999,55.058700000000002]
["E9685","Rolo compactador pé de carneiro vibratório autopropelido por pneus de 11,6 t - 82 kW",760409.71660000004,50.694000000000003,13.684200000000001,0,50.694000000000003,68.617599999999996,32.282600000000002,215.97239999999999,96.660799999999995]
["E9689","Usina de asfalto a quente gravimétrica com capacidade de 100/140 t/h - 260 kW",9087109.1336000003,454.35550000000001,160.19280000000001,0,584.17129999999997,0,38.801099999999998,1237.5207,653.34939999999995]
["E9691","Guincho tracionador de cordoalhas - 7,50 kW",389106.62319999997,31.128499999999999,7.2023999999999999,0,19.455300000000001,0,26.039200000000001,83.825400000000002,64.370099999999994]
["E9692","Caldeira para aquecimento e injeção de cera - 1 kW",110861.8119,7.1268000000000002,1.9542999999999999,0,2.3755999999999999,0,26.039200000000001,37.495899999999999,35.1203]
["E9694","Misturador de argamassa de alta turbulência com capacidade de 220 l - 13 kW",28571.887500000001,2.2858000000000001,0.52890000000000004,0,2,0,26.039200000000001,30.853899999999999,28.853899999999999]
["E9697","Minicarregadeira de pneus com vassoura de 1,68 m - 45,50 kW",426158.20890000003,29.831099999999999,7.8882000000000003,0,29.831099999999999,59.491300000000003,32.282600000000002,159.32429999999999,70.001900000000006]
["E9699","Trituradora de galhos e troncos rebocável com capacidade de até 350 mm de diâmetro com guincho - 96,94 kW",417543.12319999997,46.973599999999998,14.491400000000001,0,52.192900000000002,76.049400000000006,26.039200000000001,215.7465,87.504199999999997]
["E9700","Fresadora a frio - 155 kW",3340837.8467000001,194.88220000000001,60.121200000000002,0,278.40320000000003,145.917,38.801099999999998,718.12469999999996,293.80450000000002]
["E9701","Jateador pressurizado multiabrasivo com capacidade de 280 l",24768.2225,2.2290999999999999,0.45850000000000002,0,2.2290999999999999,0,26.039200000000001,30.9559,28.726800000000001]
["E9703","Fábrica de pré-moldado de concreto para mourão - 2,20 kW",14234.559300000001,1.8978999999999999,0.43909999999999999,0,1.4235,0,0,3.7605,2.3370000000000002]
["E9704","Batelão sem propulsão montado na obra com capacidade de 66 m³",224795.53049999999,1.7562,1.2642,0,2.927,0,27.313099999999999,33.2605,30.333500000000001]
["E9705","Misturador de lama bentonítica - 4 kW",16616.127499999999,1.3292999999999999,0.30759999999999998,0,1.1631,0,26.039200000000001,28.839200000000002,27.676100000000002]
["E9706","Martelete perfurador/rompedor a ar comprimido de 28 kg para concreto com capacidade de 1.230 gpm",25800.183700000001,2.0640000000000001,0.47760000000000002,0,2.0640000000000001,0,26.039200000000001,30.6448,28.5808]
["E9707","Desarenador - 15 kW",13359.404200000001,1.0688,0.24729999999999999,0,1.0688,0,26.039200000000001,28.424099999999999,27.3553]
["E9708","Microtrator com roçadeira - 10 kW",51325.801599999999,3.4217,0.92369999999999997,0,2.9940000000000002,7.8449999999999998,26.039200000000001,41.223599999999998,30.384599999999999]
["E9710","Socadora automática de linha - 253 kW",31877300.882599998,1275.0920000000001,540.87810000000002,0,1275.0920000000001,158.78280000000001,77.602199999999996,3327.4470999999999,1893.5723]
["E9712","Reguladora e distribuidora de lastro - 300 kW",14919737.160399999,596.78949999999998,253.1506,0,596.78949999999998,188.28,77.602199999999996,1712.6117999999999,927.54229999999995]
["E9714","Bate-estaca com martelo hidráulico - 450 kW",3246528.9056000002,185.51589999999999,57.231699999999996,0,139.137,305.95499999999998,32.282600000000002,720.12220000000002,275.03019999999998]
["E9716","Conjunto bomba e macaco hidráulico para protensão com capacidade de 590 kN - 3,70 kW",15091.4665,0.86240000000000006,0.26600000000000001,0,0.86240000000000006,0,38.801099999999998,40.791899999999998,39.929499999999997]
["E9717","Máquina policorte - 2,20 kW",965.92520000000002,8.6900000000000005E-2,1.7899999999999999E-2,0,4.8300000000000003E-2,0,0,0.15310000000000001,0.1048]
["E9718","Pórtico duplo de descarga e posicionamento de dormente - 89 kW",10133015.2037,405.32060000000001,171.93190000000001,0,303.9905,55.856400000000001,77.602199999999996,1014.7016,654.85469999999998]
["E9719","Talha manual com capacidade de 3 t",7656.8696,0.30630000000000002,0.12989999999999999,0,0.19139999999999999,0,0,0.62760000000000005,0.43619999999999998]
["E9720","Conjunto bomba e macaco hidráulico para protensão com capacidade de 250 kN - 3,70 kW",11927.132799999999,0.68159999999999998,0.21029999999999999,0,0.68159999999999998,0,38.801099999999998,40.374600000000001,39.692999999999998]
["E9721","Conjunto bomba e macaco hidráulico para protensão com capacidade de 1.150 kN - 5 kW",24827.846099999999,1.4187000000000001,0.43769999999999998,0,1.4187000000000001,0,38.801099999999998,42.0762,40.657499999999999]
["E9722","Conjunto bomba e macaco hidráulico para protensão com capacidade de 2.000 kN - 5 kW",39594.822200000002,2.2625999999999999,0.69799999999999995,0,2.2625999999999999,0,38.801099999999998,44.024299999999997,41.761699999999998]
["E9723","Conjunto bomba e macaco hidráulico para protensão com capacidade de 2.500 kN - 7 kW",46734.873599999999,2.6705999999999999,0.82389999999999997,0,2.6705999999999999,0,38.801099999999998,44.966200000000001,42.2956]
["E9724","Conjunto bomba e macaco hidráulico para protensão com capacidade de 4.000 kN - 10 kW",49980.34,2.8559999999999999,0.88109999999999999,0,2.8559999999999999,0,38.801099999999998,45.394199999999998,42.538200000000003]
["E9725","Conjunto bomba e macaco hidráulico para protensão com capacidade de 5.400 kN - 10 kW",53388.100899999998,3.0507,0.94120000000000004,0,3.0507,0,38.801099999999998,45.843699999999998,42.792999999999999]
["E9726","Bate-estaca Strauss - 15 kW",125985.7506,7.1992000000000003,2.2208999999999999,0,5.3994,10.198499999999999,32.282600000000002,57.300600000000003,41.7027]
["E9727","Posicionadora de trilhos - 7,40 kW",616788.09779999999,35.244999999999997,10.873100000000001,0,30.839400000000001,4.6441999999999997,0,81.601699999999994,46.118099999999998]
["E9728","Tirefonadora/parafusadora portátil - 3,10 kW",51926.759899999997,4.1540999999999997,0.96120000000000005,0,4.1540999999999997,4.5340999999999996,0,13.8035,5.1153000000000004]
["E9729","Equipamento para pintura eletrostática com cabine simples de 5,50 kW e estufa de 2x120.000 kCal",149081.53109999999,11.358599999999999,3.0661,0,11.358599999999999,0,0,25.783300000000001,14.4247]
["E9730","Grupo vibrador com gerador - 2,80 kW",83622.579199999993,4.1810999999999998,1.4741,0,2.9864999999999999,4.0952999999999999,0,12.737,5.6551999999999998]
["E9731","Máquina de furar dormente portátil - 1,50 kW",79799.209099999993,6.3838999999999997,1.4771000000000001,0,6.3838999999999997,2.1939000000000002,0,16.438800000000001,7.8609999999999998]
["E9732","Máquina para furar dormente - 6,70 kW",82112.817299999995,6.569,1.5199,0,6.569,9.7995000000000001,0,24.4574,8.0889000000000006]
["E9733","Máquina tirefonadora e parafusadora - 6,70 kW",84285.793900000004,6.7428999999999997,1.5601,0,6.7428999999999997,9.7995000000000001,0,24.845400000000001,8.3030000000000008]
["E9734","Bomba projetora de argamassa com capacidade de 2 m³/h - 5,50 kW",177125.49789999999,14.17,3.2786,0,12.3988,0,26.039200000000001,55.886600000000001,43.4878]
["E9735","Máquina para serrar trilho - 5,00 kW",27906.351500000001,2.2324999999999999,0.51649999999999996,0,2.2324999999999999,7.3129999999999997,0,12.294499999999999,2.7490000000000001]
["E9736","Máquina para furar trilho - 1,20 kW",39152.246099999997,3.1322000000000001,0.72470000000000001,0,3.1322000000000001,1.7551000000000001,0,8.7441999999999993,3.8569]
["E9737","Conjunto para pré-aquecimento de trilho em solda aluminotérmica",4062.6089000000002,0.32500000000000001,7.5200000000000003E-2,0,0.32500000000000001,0,0,0.72519999999999996,0.4002]
["E9738","Máquina de esmerilhar topo e lateral de boleto - 5,20 kW",86711.907500000001,6.9370000000000003,1.605,0,6.9370000000000003,7.6055999999999999,0,23.084599999999998,8.5419999999999998]
["E9742","Trator agrícola sobre pneus com roçadeira articulada e capacidade de 1,12 m - 77 kW",670040.90650000004,44.669400000000003,12.0579,0,39.085700000000003,72.487799999999993,26.039200000000001,194.34,82.766499999999994]
["E9745","Trator agrícola sobre pneus com roçadeira de arraste e capacidade de 1,50 m - 77 kW",388763.33029999997,25.9176,6.9961000000000002,0,22.677900000000001,72.487799999999993,26.039200000000001,154.11859999999999,58.9529]
["E9746","Conjunto bomba e prensa para luva de emenda de 25 mm",25152.396100000002,2.0122,0.46560000000000001,0,1.2576000000000001,0,26.039200000000001,29.7746,28.516999999999999]
["E9747","Conjunto bomba e prensa para luva de emenda de 32 mm",26410.0069,2.1128,0.48880000000000001,0,1.3205,0,26.039200000000001,29.961300000000001,28.640799999999999]
["E9748","Rosqueadeira para rosca cônica - 0,75 kW",6384.4925000000003,0.36480000000000001,0.1125,0,0.36480000000000001,0,26.039200000000001,26.8813,26.516500000000001]
["E9749","Jateador portátil multiabrasivo com capacidade de 300 kg",8049.1171000000004,0.72440000000000004,0.14899999999999999,0,0.72440000000000004,0,26.039200000000001,27.637,26.912600000000001]
["E9750","Bomba de injeção de argamassa com capacidade de 50 l/min",42427.150099999999,3.3942000000000001,0.7853,0,2.9699,0,0,7.1494,4.1795]
["E9753","Grupo gerador - 23 kVA",82381.712299999999,4.1191000000000004,1.4522999999999999,0,2.9422000000000001,17.886600000000001,0,26.400200000000002,5.5713999999999997]
["E9754","Grupo gerador - 68 kVA",112896.9277,5.6448,1.9902,0,4.032,53.659799999999997,0,65.326800000000006,7.6349999999999998]
["E9755","Bomba de alta pressão para jet grouting de até 45 MPa - 150 kW",1595892.297,127.67140000000001,29.54,0,127.67140000000001,149.05500000000001,26.039200000000001,459.97699999999998,183.25059999999999]
["E9756","Calandra para chapas de aço até 25 mm - 22 kW",1004913.0274,40.1965,17.050899999999999,0,35.171999999999997,0,26.039200000000001,118.4586,83.286600000000007]
["E9758","Vibroacabadora de asfalto sobre pneus - 82 kW",2165670.9755000002,123.7526,38.177700000000002,0,139.2217,81.483400000000003,38.801099999999998,421.43650000000002,200.73140000000001]
["E9760","Perfuratriz manual para coroa diamantada - 1,60 kW",20028.3292,1.6023000000000001,0.37069999999999997,0,1.6023000000000001,0,0,3.5752999999999999,1.9730000000000001]
["E9761","Guincho de coluna com capacidade de 200 kg - 0,92 kW",4649.8414000000002,0.372,8.6099999999999996E-2,0,0.27900000000000003,0,0,0.73709999999999998,0.45810000000000001]
["E9762","Rolo compactador de pneus autopropelido de 27 t - 85 kW",1077127.4236999999,71.808499999999995,19.383800000000001,0,71.808499999999995,57.791499999999999,32.282600000000002,253.07490000000001,123.47490000000001]
["E9763","Grupo gerador - 40 kVA",106590.0631,5.3295000000000003,1.879,0,3.8068,31.798400000000001,0,42.813699999999997,7.2084999999999999]
["E9764","Grupo gerador - 7,2 kVA",7248.4201000000003,0.3624,0.1278,0,0.25890000000000002,9.7786000000000008,0,10.527699999999999,0.49020000000000002]
["E9765","Grupo gerador - 569 kVA",431140.71980000002,21.556999999999999,7.6003999999999996,0,15.3979,452.13350000000003,0,496.68880000000001,29.157399999999999]
["E9766","Prensa hidráulica para fabricação de blocos pré-moldados - 20 kW",634406.72660000005,43.048999999999999,11.1837,0,36.251800000000003,0,26.039200000000001,116.52370000000001,80.271900000000002]
["E9767","Compressor de ar portátil de 9,44 l/s (20 PCM) a gasolina - 5,22 kW",12608.7994,0.84060000000000001,0.22689999999999999,0,0.84060000000000001,9.5434999999999999,0,11.451599999999999,1.0674999999999999]
["E9768","Compressor de ar portátil de 373,78 l/s (792 PCM) - 213,30 kW",633398.13690000004,42.226500000000001,11.3985,0,42.226500000000001,189.64500000000001,0,285.49650000000003,53.625]
["E9769","Cunha hidráulica com três cilindros e acessórios com capacidade de 3.000 kN - 5,60 kW",254026.8461,20.322099999999999,4.702,0,20.322099999999999,5.5647000000000002,26.039200000000001,76.950100000000006,51.063299999999998]
["E9770","Retroescavadeira de pneus com caçamba de escavação trapezoidal ou triangular com seção de corte inferior a 0,10 m² - 58 kW",466217.21830000001,32.635199999999998,8.6296999999999997,0,32.635199999999998,39.434199999999997,32.282600000000002,145.61689999999999,73.547499999999999]
["E9771","Retroescavadeira de pneus com caçamba de escavação trapezoidal ou triangular com seção de corte de 0,10 a 0,15 m² - 58 kW",466217.21830000001,32.635199999999998,8.6296999999999997,0,32.635199999999998,39.434199999999997,32.282600000000002,145.61689999999999,73.547499999999999]
["E9772","Retroescavadeira de pneus com caçamba de escavação trapezoidal ou triangular com seção de corte de 0,15 a 0,20 m² - 58 kW",466217.21830000001,32.635199999999998,8.6296999999999997,0,32.635199999999998,39.434199999999997,32.282600000000002,145.61689999999999,73.547499999999999]
["E9773","Retroescavadeira de pneus com caçamba de escavação trapezoidal ou triangular com seção de corte de 0,20 a 0,30 m² - 58 kW",466217.21830000001,32.635199999999998,8.6296999999999997,0,32.635199999999998,39.434199999999997,32.282600000000002,145.61689999999999,73.547499999999999]
["E9774","Retroescavadeira de pneus com caçamba de escavação trapezoidal ou triangular com seção de corte de 0,30 a 0,50 m² - 58 kW",466217.21830000001,32.635199999999998,8.6296999999999997,0,32.635199999999998,39.434199999999997,32.282600000000002,145.61689999999999,73.547499999999999]
["E9775","Escavadeira hidráulica com martelo hidráulico de 1.700 kg - 103 kW",1962701.1740000001,224.30869999999999,38.924599999999998,0,280.38589999999999,70.029700000000005,32.282600000000002,645.93150000000003,295.51589999999999]
["E9776","Grupo gerador - 174 kVA",187429.5233,9.3714999999999993,3.3041,0,6.6939000000000002,138.12430000000001,0,157.49379999999999,12.675599999999999]
["E9777","Extrusora de barreira de concreto - 74 kW",5180165.1863000002,362.61160000000001,95.884900000000002,0,466.2149,58.052999999999997,32.282600000000002,1015.047,490.77910000000003]
["E9778","Grupo gerador - 338 kVA",260606.9791,13.0303,4.5941000000000001,0,9.3073999999999995,268.29899999999998,0,295.23079999999999,17.624400000000001]
["E9779","Grupo gerador - 113 kVA",126405.5791,6.3202999999999996,2.2282999999999999,0,4.5145,89.433000000000007,0,102.4961,8.5486000000000004]
["E9780","Misturador automático para grauteamento com capacidade de 20 m³/h - 7 kW",264847.15820000001,21.187799999999999,4.9023000000000003,0,21.187799999999999,6.9558999999999997,26.039200000000001,80.272999999999996,52.129300000000001]
["E9781","Misturador com bomba para grauteamento tipo Flex E ou similar - 25 kW",579934.28130000003,46.3947,10.7346,0,46.3947,0,26.039200000000001,129.56319999999999,83.168499999999995]
["E9782","Perfuratriz pneumática com avanço de coluna de 33,5 kg com capacidade de 2.280 gpm",45964.311800000003,3.6770999999999998,0.8508,0,3.6770999999999998,0,26.039200000000001,34.244199999999999,30.5671]
["E9784","Plataforma autopropelida com alcance de 12 m com capacidade de 700 kg - 24 kW",584826.61869999999,38.988399999999999,10.5244,0,38.988399999999999,18.827999999999999,26.039200000000001,133.36840000000001,75.552000000000007]
["E9785","Guindaste móvel sobre pneus com 2 eixos com capacidade máxima de 55 t - 186 kW",2278873.1575000002,113.94370000000001,40.173299999999998,16.277699999999999,146.499,48.639000000000003,33.107399999999998,398.64010000000002,203.50210000000001]
["E9788","Misturador de argamassa com capacidade de 0,250 m³ - 3,70 kW",22382.162400000001,1.7906,0.4143,0,1.7906,3.6766999999999999,26.039200000000001,33.711399999999998,28.2441]
["E9789","Carro manual modelo plataforma de 150 x 80 cm com capacidade de 800 kg",1772.9121,0.31909999999999999,6.5600000000000006E-2,0,0.17730000000000001,0,0,0.56200000000000006,0.38469999999999999]
["E9790","Bomba para concreto projetado via úmida com capacidade de 10 m³/h - 14,70 kW",305422.99849999999,24.433800000000002,5.6534000000000004,0,24.433800000000002,14.6074,38.801099999999998,107.9295,68.888300000000001]
["E9791","Bomba pneumática para injeção de resina com capacidade de 0,18 m³/h",46723.872799999997,3.7378999999999998,0.8649,0,3.2707000000000002,0,0,7.8734999999999999,4.6028000000000002]
["E9793","Robot para concreto projetado com capacidade de 30 m³/h - 70 kW - com compressor diesel",5438936.8498,435.11489999999998,100.6747,0,435.11489999999998,69.558999999999997,38.801099999999998,1079.2646,574.59069999999997]
["E9795","Perfuratriz de superfície sobre pneus com martelo de topo e controle remoto via rádio - 60 kW",1534394.2248,102.2929,27.6127,0,102.2929,47.07,32.282600000000002,311.55110000000002,162.18819999999999]
["E9797","Jumbo eletro-hidráulico com 3 braços - 155 kW/237 kW",12143146.735099999,809.54309999999998,218.52600000000001,0,1011.9289,170.23650000000001,38.801099999999998,2249.0356000000002,1066.8702000000001]
["E9798","Perfuratriz hidráulica rotopercussiva - 123 kW",1645037.7927000001,109.6692,29.6038,0,109.6692,96.493499999999997,32.282600000000002,377.7183,171.5556]
["E9013","Caminhão tanque de asfalto com capacidade de 31.000 l - 265 kW",{"$nulls":7},434.44200000000001,104.9949]
["A9335","Cavalo mecânico estradeiro 6 x 2, PBT 23.000 kg - 265 kW - condição de trabalho severa - motorista de caminhão",854136,36.605800000000002,15.0572,6.101,54.908700000000003,263.33049999999997,32.133200000000002,408.13639999999998,89.897199999999998]
["A9364","Tanque isotérmico de asfalto com capacidade de 31.000 l",280198,11.2079,3.8898000000000001,0,11.2079,0,0,26.305599999999998,15.0977]
["E9018","Cavalo mecânico com dolly intermediário e semirreboque de 4 eixos com capacidade de 53 t - 323 kW",{"$nulls":7},498.60219999999998,156.94759999999999]
["A9324","Cavalo mecânico estradeiro 6 x 4, PBT 23.000 kg - 323 kW - motorista de veículo especial",907885,38.909399999999998,16.0047,6.4848999999999997,58.363999999999997,236.50059999999999,33.107399999999998,389.37099999999998,94.506399999999999]
["A9355","Semirreboque com 4 eixos",533596,35.573099999999997,17.833200000000001,0,40.0197,0,0,93.426000000000002,53.406300000000002]
["A9382","Dolly intermediário com 2 eixos para semirreboque",90270,6.0179999999999998,3.0169000000000001,0,6.7702999999999998,0,0,15.805199999999999,9.0349000000000004]
["E9027","Caminhão distribuidor de cimento e cal com capacidade de 17 m³ - 210 kW",{"$nulls":7},441.41449999999998,136.16239999999999]
["A9333","Caminhão plataforma 8 x 2, PBTC 36.000 kg e distância entre eixos 4,8 m - 210 kW - motorista de caminhão",786259,33.696800000000003,13.8606,5.6161000000000003,50.545200000000001,208.67699999999999,32.133200000000002,344.52890000000002,85.306700000000006]
["A9365","Distribuidor de cimento montado sobre chassi com capacidade de 17 m³",542130,40.915500000000002,9.9402000000000008,0,46.029899999999998,0,0,96.885599999999997,50.855699999999999]
["E9037","Plataforma de inspeção sob pontes montada em caminhão com capacidade de 500 kg e alcance de 15 m - 188 kW",{"$nulls":7},669.43650000000002,284.28219999999999]
["A9334","Caminhão plataforma 8 x 2, PBT 29.000 kg e distância entre eixos 4,8 m - 188 kW - condição de trabalho severa - motorista de veículo especial",777606,33.326000000000001,13.7081,5.5542999999999996,49.988999999999997,186.81559999999999,33.107399999999998,322.50040000000001,85.695800000000006]
["A9378","Plataforma telescópica para inspeção de pontes montada sobre chassi com capacidade de 500 kg",2307662,131.8664,40.680799999999998,0,148.34970000000001,0,26.039200000000001,346.93610000000001,198.5864]
["E9041","Caminhão carroceria com guindauto com capacidade de 45 t.m - 188 kW",{"$nulls":7},380.0711,130.53649999999999]
["A9313","Caminhão plataforma 6 x 2, PBT 23.000 kg e distância entre eixos 5,4 m - 188 kW - motorista de veículo especial",575352,24.657900000000001,10.1426,4.1097000000000001,36.986899999999999,186.81559999999999,33.107399999999998,295.82010000000002,72.017600000000002]
["A9351","Carroceria de madeira com capacidade de 11 t",36108,2.4902000000000002,0.65300000000000002,0,2.4902000000000002,0,0,5.6334,3.1432000000000002]
["A9373","Guindaste articulado montado sobre chassi com capacidade de 45 t.m",337008,23.241900000000001,6.0945999999999998,0,23.241900000000001,0,26.039200000000001,78.617599999999996,55.375700000000002]
["E9082","Bate-estaca hidráulico para defensas montado em caminhão guindauto com capacidade de 20 t.m e carroceria de 4 t - 136 kW",{"$nulls":7},347.82350000000002,154.14709999999999]
["A9323","Caminhão plataforma 4 x 2, PBT 14.300 kg e distância entre eixos 4,8 m - 136 kW - condição de trabalho severa - motorista de caminhão",474156,20.321000000000002,8.3587000000000007,3.3868,30.4815,135.14320000000001,32.133200000000002,229.8244,64.199700000000007]
["A9347","Carroceria de madeira com capacidade de 4 t",27081,1.8676999999999999,0.48970000000000002,0,1.8676999999999999,0,0,4.2251000000000003,2.3574000000000002]
["A9372","Guindaste articulado montado sobre chassi com capacidade de 20 t.m",220660,15.2179,3.9904999999999999,0,15.2179,0,26.039200000000001,60.465499999999999,45.247599999999998]
["A9379","Bate-estaca hidráulico para defensas metálicas montada sobre chassi",205615,11.6515,4.6516999999999999,0,10.966100000000001,0,26.039200000000001,53.308500000000002,42.342399999999998]
["E9097","Caminhão de resgate de veículos leves com plataforma com capacidade de 4 t - 115 kW",{"$nulls":7},206.67259999999999,63.755400000000002]
["A9326","Caminhão plataforma 4 x 2 PBT 9.600 kg e distância entre eixos 3,7 m - 115 kW - motorista de veículo especial",373172,15.9931,6.5785,2.6655000000000002,23.989599999999999,114.27549999999999,33.107399999999998,196.6096,58.344499999999996]
["A9374","Plataforma hidráulica para resgate de veículos montada sobre chassi com capacidade de 4 t",72366,4.1352000000000002,1.2757000000000001,0,4.6520999999999999,0,0,10.063000000000001,5.4108999999999998]
["E9098","Caminhão de resgate de veículos de porte médio com capacidade do guincho de 20 t - 136 kW",{"$nulls":7},286.3716,107.0972]
["A9306","Caminhão plataforma 4 x 2, PBT 16.000 kg e distância entre eixos 3,6 m - 136 kW - motorista de veículo especial",473050,20.273599999999998,8.3391999999999999,3.3788999999999998,30.410399999999999,135.14320000000001,33.107399999999998,230.65270000000001,65.099100000000007]
["A9375","Guincho rebocador para resgate de veículos montada sobre chassi com capacidade de 20 t",213435,12.196300000000001,3.7625999999999999,0,13.720800000000001,0,26.039200000000001,55.718899999999998,41.998100000000001]
["E9099","Caminhão de resgate de veículos pesados com dois guinchos com capacidade de 35 t - 240 kW",{"$nulls":7},493.60320000000002,161.69130000000001]
["A9320","Caminhão plataforma 6 x 2, PBT 23.000 kg e distância entre eixos 4,8 m - 240 kW - motorista de veículo especial",856475,36.706099999999999,15.0984,6.1177000000000001,55.059100000000001,238.488,33.107399999999998,384.57670000000002,91.029600000000002]
["A9376","Guincho rebocador para resgate de veículos montada sobre chassi com capacidade de 35 t",596785,34.101999999999997,10.5205,0,38.364800000000002,0,26.039200000000001,109.0265,70.661699999999996]
["E9100","Cavalo mecânico sem reboque - 210 kW",{"$nulls":7},264.87790000000001,72.625299999999996]
["A9310","Cavalo mecânico 4 x 2, PBT 16.000 kg - 210 kW - motorista de caminhão",598742,25.660399999999999,10.555,4.2766999999999999,38.490600000000001,153.762,32.133200000000002,264.87790000000001,72.625299999999996]
["E9114","Painel com seta luminosa para montagem em caminhão",{"$nulls":7},5.5446999999999997,3.7957000000000001]
["A9380","Painel com seta luminosa montado sobre chassi",34980,3.1482000000000001,0.64749999999999996,0,1.7490000000000001,0,0,5.5446999999999997,3.7957000000000001]
["E9115","Amortecedor retrátil (AMC) para montagem em caminhão",{"$nulls":7},92.188900000000004,50.392499999999998]
["A9381","Amortecedor retrátil montado em caminhão",464404,41.796399999999998,8.5960999999999999,0,41.796399999999998,0,0,92.188900000000004,50.392499999999998]
["E9145","Caminhão basculante para concreto com capacidade de 7 m³ - 210 kW",{"$nulls":7},299.6404,90.583600000000004]
["A9316","Caminhão plataforma 8 x 4, PBT 29.000 kg e distância entre eixos 4,6 m - 210 kW - motorista de caminhão",777606,33.326000000000001,13.7081,5.5542999999999996,49.988999999999997,153.762,32.133200000000002,288.4726,84.721599999999995]
["A9340","Caçamba basculante para concreto com capacidade de 7 m³",62490,4.7161999999999997,1.1457999999999999,0,5.3057999999999996,0,0,11.1678,5.8620000000000001]
["E9146","Caminhão silo com capacidade de 30 m³ - 265 kW",{"$nulls":7},451.1694,113.90779999999999]
["A9335","Cavalo mecânico estradeiro 6 x 2, PBT 23.000 kg - 265 kW - condição de trabalho severa - motorista de caminhão",854136,36.605800000000002,15.0572,6.101,54.908700000000003,263.33049999999997,32.133200000000002,408.13639999999998,89.897199999999998]
["A9357","Semirreboque silo para cimento com capacidade de 30 m³",275825,19.022400000000001,4.9882,0,19.022400000000001,0,0,43.033000000000001,24.0106]
["E9169","Cavalo mecânico com dolly pneumático de 4 eixos e mesas de giro com capacidade de 57 t - 323 kW",{"$nulls":7},529.21810000000005,174.44900000000001]
["A9324","Cavalo mecânico estradeiro 6 x 4, PBT 23.000 kg - 323 kW - motorista de veículo especial",907885,38.909399999999998,16.0047,6.4848999999999997,58.363999999999997,236.50059999999999,33.107399999999998,389.37099999999998,94.506399999999999]
["A9385","Conjunto de duas mesas de giro para quinta roda ou reboque com capacidade de 100 t cada",329003,21.933499999999999,10.9956,0,24.6752,0,0,57.604300000000002,32.929099999999998]
["A9389","Dolly pneumático com capacidade de 48 t e 4 eixos",469724,31.314900000000002,15.698600000000001,0,35.229300000000002,0,0,82.242800000000003,47.013500000000001]
["E9170","Cavalo mecânico com dois dollys pneumáticos de 3 e 4 eixos e mesas de giro com capacidade de 77 t - 323 kW",{"$nulls":7},638.98450000000003,234.4462]
["A9385","Conjunto de duas mesas de giro para quinta roda ou reboque com capacidade de 100 t cada",329003,21.933499999999999,10.9956,0,24.6752,0,0,57.604300000000002,32.929099999999998]
["A9386","Cavalo mecânico estradeiro 6 x 4, CMT 123.000 kg - 323 kW - motorista de veículo especial",1261376,54.058999999999997,22.2363,9.0098000000000003,81.088499999999996,236.50059999999999,33.107399999999998,436.0016,118.41249999999999]
["A9387","Dolly pneumático com capacidade de 28,5 t e 3 eixos",360596,24.0397,12.051399999999999,0,27.044699999999999,0,0,63.135800000000003,36.091099999999997]
["A9389","Dolly pneumático com capacidade de 48 t e 4 eixos",469724,31.314900000000002,15.698600000000001,0,35.229300000000002,0,0,82.242800000000003,47.013500000000001]
["E9171","Cavalo mecânico com dois dollys pneumáticos de 4 e 5 eixos e mesas de giro com capacidade de 111 t - 440 kW",{"$nulls":7},1256.3468,509.28410000000002]
["A9325","Cavalo mecânico 8 x 8, PBT 26.000 kg - 440 kW -  motorista de veículo especial",5002298,214.38419999999999,88.183400000000006,35.730699999999999,321.5763,322.16800000000001,33.107399999999998,1015.15,371.40570000000002]
["A9385","Conjunto de duas mesas de giro para quinta roda ou reboque com capacidade de 100 t cada",329003,21.933499999999999,10.9956,0,24.6752,0,0,57.604300000000002,32.929099999999998]
["A9388","Dolly pneumático com capacidade de 60 t e 5 eixos",578852,38.5901,19.345700000000001,0,43.413899999999998,0,0,101.3497,57.9358]
["A9389","Dolly pneumático com capacidade de 48 t e 4 eixos",469724,31.314900000000002,15.698600000000001,0,35.229300000000002,0,0,82.242800000000003,47.013500000000001]
["E9199","Caminhão com sistema de hidrojateamento de alta pressão e vácuo para limpeza e desobstrução de bueiros com capacidade total de 15.600 l - 188 kW",{"$nulls":7},334.7235,94.873000000000005]
["A9299","Equipamento com sistema de hidrojateamento de alta pressão e vácuo para limpeza e desobstrução de bueiros com diâmetro de até 1.500 mm com capacidade total de 15.600 l",401200,16.047999999999998,6.8074000000000003,0,16.047999999999998,0,0,38.903399999999998,22.855399999999999]
["A9313","Caminhão plataforma 6 x 2, PBT 23.000 kg e distância entre eixos 5,4 m - 188 kW - motorista de veículo especial",575352,24.657900000000001,10.1426,4.1097000000000001,36.986899999999999,186.81559999999999,33.107399999999998,295.82010000000002,72.017600000000002]
["E9201","Caminhão basculante para rocha com capacidade de 12 m³ - 188 kW com periculosidade",{"$nulls":7},314.012,110.8407]
["A9327","Caminhão plataforma 8 x 2 PBT 29.000 kg e distância entre eixos 4,8 m - 188 kW - motorista de veículo especial com periculosidade",777606,33.326000000000001,13.7081,5.5542999999999996,49.988999999999997,137.65360000000001,41.095599999999997,281.32659999999998,93.683999999999997]
["A9343","Caçamba basculante para rocha com capacidade de 12 m³",182894,13.8033,3.3534000000000002,0,15.528700000000001,0,0,32.685400000000001,17.156700000000001]
["E9202","Plataforma pantográfica montada em caminhão - 115 kW com periculosidade",{"$nulls":7},305.85120000000001,137.17760000000001]
["A9300","Caminhão plataforma 4 x 2, PBT 8.300 kg e distância entre eixos 3,7 m - 115 kW - motorista de veículo especial com periculosidade",346922,14.8681,6.1157000000000004,2.4780000000000002,22.302099999999999,114.27549999999999,41.095599999999997,201.13499999999999,64.557400000000001]
["A9383","Plataforma pantográfica hidráulica montada sobre chassi com capacidade de 600 kg - com periculosidade",481440,32.095999999999997,8.6638999999999999,0,32.095999999999997,0,31.860299999999999,104.7162,72.620199999999997]
["E9506","Caminhão basculante com capacidade de 6 m³ - 136 kW",{"$nulls":7},176.95599999999999,70.052499999999995]
["A9307","Caminhão plataforma 4 x 2, PBT 16.000 kg e distância entre eixos 3,6 m - 136 kW - motorista de caminhão",473050,20.273599999999998,8.3391999999999999,3.3788999999999998,30.410399999999999,71.128,32.133200000000002,165.66329999999999,64.124899999999997]
["A9338","Caçamba basculante com capacidade de 6 m³",63189,4.7690000000000001,1.1586000000000001,0,5.3651,0,0,11.2927,5.9276]
["E9508","Caminhão carroceria com capacidade de 9 t - 136 kW",{"$nulls":7},178.8723,71.151899999999998]
["A9309","Caminhão plataforma 4 x 2, PBT 16.000 kg e distância entre eixos 4,8 m - 136 kW - motorista de caminhão",530478,22.7348,9.3515999999999995,3.7890999999999999,34.102200000000003,71.128,32.133200000000002,173.2389,68.008700000000005]
["A9350","Carroceria de madeira com capacidade de 9 t",36108,2.4902000000000002,0.65300000000000002,0,2.4902000000000002,0,0,5.6334,3.1432000000000002]
["E9509","Caminhão tanque distribuidor de asfalto com capacidade de 6.000 l - 7 kW/136 kW",{"$nulls":7},255.0376,74.468100000000007]
["A9323","Caminhão plataforma 4 x 2, PBT 14.300 kg e distância entre eixos 4,8 m - 136 kW - condição de trabalho severa - motorista de caminhão",474156,20.321000000000002,8.3587000000000007,3.3868,30.4815,135.14320000000001,32.133200000000002,229.8244,64.199700000000007]
["A9363","Tanque espargidor de asfalto com capacidade de 6.000 l - 7 kW",190570,7.6227999999999998,2.6456,0,7.6227999999999998,7.3220000000000001,0,25.213200000000001,10.2684]
["E9520","Caminhão com caçamba térmica com capacidade de 6 m³ - 188 kW",{"$nulls":7},263.05959999999999,80.3202]
["A9311","Caminhão plataforma 6 x 2, PBT 23.000 kg e distância entre eixos 4,8 m - 188 kW - motorista de caminhão",620379,26.587700000000002,10.936400000000001,4.4313000000000002,39.881500000000003,137.65360000000001,32.133200000000002,251.62370000000001,74.0886]
["A9339","Caçamba térmica com capacidade de 6 m³",92521,4.6261000000000001,1.6054999999999999,0,5.2042999999999999,0,0,11.4359,6.2316000000000003]
["E9571","Caminhão tanque com capacidade de 10.000 l - 188 kW",{"$nulls":7},317.52929999999998,83.430800000000005]
["A9332","Caminhão plataforma 6 x 2, PBT 23.000 kg e distância entre eixos 4,8 m - 188 kW - condição de trabalho severa - motorista de caminhão",620379,26.587700000000002,10.936400000000001,4.4313000000000002,39.881500000000003,186.81559999999999,32.133200000000002,300.78570000000002,74.0886]
["A9360","Tanque para transporte de água com capacidade de 10.000 l",107321,7.4013999999999998,1.9408000000000001,0,7.4013999999999998,0,0,16.743600000000001,9.3422000000000001]
["E9575","Caminhão basculante com caçamba estanque com capacidade de 14 m³ - 210 kW",{"$nulls":7},303.76549999999997,92.748900000000006]
["A9316","Caminhão plataforma 8 x 4, PBT 29.000 kg e distância entre eixos 4,6 m - 210 kW - motorista de caminhão",777606,33.326000000000001,13.7081,5.5542999999999996,49.988999999999997,153.762,32.133200000000002,288.4726,84.721599999999995]
["A9345","Caçamba basculante estanque com capacidade de 14 m³",85573,6.4583000000000004,1.569,0,7.2656000000000001,0,0,15.292899999999999,8.0273000000000003]
["E9579","Caminhão basculante com capacidade de 10 m³ - 210 kW",{"$nulls":7},301.91629999999998,91.778300000000002]
["A9316","Caminhão plataforma 8 x 4, PBT 29.000 kg e distância entre eixos 4,6 m - 210 kW - motorista de caminhão",777606,33.326000000000001,13.7081,5.5542999999999996,49.988999999999997,153.762,32.133200000000002,288.4726,84.721599999999995]
["A9342","Caçamba basculante com capacidade de 10 m³",75225,5.6773999999999996,1.3793,0,6.3869999999999996,0,0,13.4437,7.0567000000000002]
["E9592","Caminhão carroceria com capacidade de 15 t - 188 kW",{"$nulls":7},252.72569999999999,74.972399999999993]
["A9314","Caminhão plataforma 6 x 2, PBT 23.000 kg e distância entre eixos 5,4 m - 188 kW - motorista de caminhão",575352,24.657900000000001,10.1426,4.1097000000000001,36.986899999999999,137.65360000000001,32.133200000000002,245.68389999999999,71.043400000000005]
["A9352","Carroceria de madeira com capacidade de 15 t",45135,3.1128,0.81620000000000004,0,3.1128,0,0,7.0418000000000003,3.9289999999999998]
["E9600","Caminhão betoneira com capacidade de 8 m³ - 188 kW",{"$nulls":7},302.01830000000001,100.75]
["A9317","Caminhão plataforma 8 x 2, PBT 29.000 kg e distância entre eixos 4,8 m - 188 kW - motorista de veículo especial",777606,33.326000000000001,13.7081,5.5542999999999996,49.988999999999997,137.65360000000001,33.107399999999998,273.33839999999998,85.695800000000006]
["A9346","Misturador de concreto para montagem em chassi de caminhão com capacidade de 8 m³",160480,12.111700000000001,2.9424999999999999,0,13.6257,0,0,28.6799,15.0542]
["E9604","Caminhão basculante para rocha com capacidade de 8 m³ - 210 kW",{"$nulls":7},291.68880000000001,86.5077]
["A9315","Caminhão basculante 6 x 4, PBT 23.000 kg e distância entre eixos 3,6 m - 210 kW -  motorista de caminhão",716926,30.7254,12.638400000000001,5.1208999999999998,46.088099999999997,153.762,32.133200000000002,280.46800000000002,80.617900000000006]
["A9341","Caçamba basculante para rocha com capacidade de 8 m³",62787,4.7385999999999999,1.1512,0,5.3310000000000004,0,0,11.220800000000001,5.8898000000000001]
["E9605","Caminhão tanque com capacidade de 6.000 l - 136 kW",{"$nulls":7},243.90790000000001,72.057699999999997]
["A9323","Caminhão plataforma 4 x 2, PBT 14.300 kg e distância entre eixos 4,8 m - 136 kW - condição de trabalho severa - motorista de caminhão",474156,20.321000000000002,8.3587000000000007,3.3868,30.4815,135.14320000000001,32.133200000000002,229.8244,64.199700000000007]
["A9358","Tanque para transporte de água com capacidade de 6.000 l",90270,6.2255000000000003,1.6325000000000001,0,6.2255000000000003,0,0,14.083500000000001,7.8579999999999997]
["E9644","Caminhão demarcador de faixas com sistema de pintura a frio - 28 kW/115 kW",{"$nulls":7},365.92270000000002,154.64240000000001]
["A9302","Caminhão plataforma 4 x 2, PBT 8.300 kg e distância entre eixos 4,4 m - 115 kW - motorista de veículo especial",350615,15.026400000000001,6.1807999999999996,2.5044,22.5395,114.27549999999999,33.107399999999998,193.63399999999999,56.819000000000003]
["A9368","Equipamento demarcador de faixas a frio montado sobre chassi com capacidade de 800 l - 28 kW",697085,52.668599999999998,19.115600000000001,0,49.570500000000003,24.8948,26.039200000000001,172.28870000000001,97.823400000000007]
["E9645","Caminhão demarcador de faixas com sistema de pintura a quente - 5 kW/30,10 kW/136 kW",{"$nulls":7},553.50170000000003,247.2216]
["A9305","Caminhão plataforma 4 x 2, PBT 14.300 kg e distância entre eixos 4,8 m - 136 kW - motorista de veículo especial",474156,20.321000000000002,8.3587000000000007,3.3868,30.4815,135.14320000000001,33.107399999999998,230.79859999999999,65.173900000000003]
["A9328","Compressor de ar portátil de 70,79 l/s (150 PCM) sem reboque - 30,10 kW",145505,9.7003000000000004,2.6185,0,9.7003000000000004,26.761900000000001,0,48.780999999999999,12.3188]
["A9369","Equipamento demarcador de faixas a quente montado sobre chassi com capacidade de 500 l - 5,0 kW",1395347,105.42619999999999,38.263500000000001,0,99.224699999999999,4.9684999999999997,26.039200000000001,273.9221,169.72890000000001]
["E9663","Caminhão basculante com capacidade de 4 m³ - 136 kW",{"$nulls":7},174.77160000000001,68.9041]
["A9304","Caminhão plataforma 4 x 2, PBT 14.300 kg e distância entre eixos 4,8 m - 136 kW - motorista de caminhão",474156,20.321000000000002,8.3587000000000007,3.3868,30.4815,71.128,32.133200000000002,165.8092,64.199700000000007]
["A9336","Caçamba basculante com capacidade de 4 m³",50150,3.7848999999999999,0.91949999999999998,0,4.258,0,0,8.9624000000000006,4.7043999999999997]
["E9665","Cavalo mecânico com semirreboque com capacidade de 22 t - 240 kW",{"$nulls":7},389.01580000000001,129.3124]
["A9318","Cavalo mecânico 4 x 2, PBT 16.000 kg - 240 kW - motorista de veículo especial",873322,37.428100000000001,15.3954,6.2380000000000004,56.142099999999999,175.72800000000001,33.107399999999998,324.03899999999999,92.168899999999994]
["A9353","Semirreboque com 2 eixos",371110,24.7407,12.402799999999999,0,27.833300000000001,0,0,64.976799999999997,37.143500000000003]
["E9666","Cavalo mecânico com semirreboque com capacidade de 30 t - 265 kW",{"$nulls":7},410.84010000000001,131.05609999999999]
["A9321","Cavalo mecânico estradeiro 6 x 2, PBT 23.000 kg - 265 kW - motorista de caminhão",854136,36.605800000000002,15.0572,6.101,54.908700000000003,194.03299999999999,32.133200000000002,338.83890000000002,89.897199999999998]
["A9354","Semirreboque com 3 eixos",411230,27.415299999999998,13.743600000000001,0,30.842300000000002,0,0,72.001199999999997,41.158900000000003]
["E9667","Caminhão basculante com capacidade de 14 m³ - 210 kW",{"$nulls":7},302.63330000000002,92.154600000000002]
["A9316","Caminhão plataforma 8 x 4, PBT 29.000 kg e distância entre eixos 4,6 m - 210 kW - motorista de caminhão",777606,33.326000000000001,13.7081,5.5542999999999996,49.988999999999997,153.762,32.133200000000002,288.4726,84.721599999999995]
["A9344","Caçamba basculante com capacidade de 14 m³",79237,5.9802,1.4528000000000001,0,6.7276999999999996,0,0,14.1607,7.4329999999999998]
["E9669","Caminhão tanque com capacidade de 8.000 l - 136 kW",{"$nulls":7},251.96350000000001,76.215900000000005]
["A9331","Caminhão plataforma 4 x 2, PBT 16.000 kg e distância entre eixos 4,8 m - 136 kW - condição de trabalho severa - motorista de caminhão",530478,22.7348,9.3515999999999995,3.7890999999999999,34.102200000000003,135.14320000000001,32.133200000000002,237.25409999999999,68.008700000000005]
["A9359","Tanque para transporte de água com capacidade de 8.000 l",94282,6.5022000000000002,1.7050000000000001,0,6.5022000000000002,0,0,14.7094,8.2072000000000003]
["E9670","Usina móvel de lama asfáltica ou microrrevestimento com cavalo mecânico com capacidade de 12 m³ - 95,6 kW/240 kW",{"$nulls":7},753.85850000000005,260.35239999999999]
["A9319","Cavalo mecânico 4 x 2, PBT 16.000 kg - 240 kW - condição de trabalho severa - motorista de veículo especial",873322,37.428100000000001,15.3954,6.2380000000000004,56.142099999999999,238.488,33.107399999999998,386.79899999999998,92.168899999999994]
["A9367","Usina de lama asfáltica ou microrrevestimento asfáltico rebocável com capacidade de 12 m³ - 95,6 kW",1538109,98.878399999999999,30.504000000000001,0,98.878399999999999,99.997600000000006,38.801099999999998,367.05950000000001,168.18350000000001]
["E9672","Caminhão basculante para rocha com capacidade de 12 m³ - 188 kW",{"$nulls":7},306.02379999999999,102.85250000000001]
["A9317","Caminhão plataforma 8 x 2, PBT 29.000 kg e distância entre eixos 4,8 m - 188 kW - motorista de veículo especial",777606,33.326000000000001,13.7081,5.5542999999999996,49.988999999999997,137.65360000000001,33.107399999999998,273.33839999999998,85.695800000000006]
["A9343","Caçamba basculante para rocha com capacidade de 12 m³",182894,13.8033,3.3534000000000002,0,15.528700000000001,0,0,32.685400000000001,17.156700000000001]
["E9679","Cavalo mecânico com dois reboques hidropneumáticos de 5 e 4 eixos e mesas de giro com capacidade de 130 t - 440 kW",{"$nulls":7},1448.5497,619.15549999999996]
["A9325","Cavalo mecânico 8 x 8, PBT 26.000 kg - 440 kW -  motorista de veículo especial",5002298,214.38419999999999,88.183400000000006,35.730699999999999,321.5763,322.16800000000001,33.107399999999998,1015.15,371.40570000000002]
["A9384","Reboque hidropneumático com capacidade de 166 t e 4 eixos",979787,65.319100000000006,32.7453,0,73.483999999999995,0,0,171.54839999999999,98.064400000000006]
["A9385","Conjunto de duas mesas de giro para quinta roda ou reboque com capacidade de 100 t cada",329003,21.933499999999999,10.9956,0,24.6752,0,0,57.604300000000002,32.929099999999998]
["A9390","Reboque hidropneumático com capacidade de 117 t e 5 eixos",1166542,77.769499999999994,38.986800000000002,0,87.490700000000004,0,0,204.24700000000001,116.7563]
["E9680","Caminhão tanque com capacidade de 13.000 l - 188 kW",{"$nulls":7},320.03320000000002,84.8279]
["A9332","Caminhão plataforma 6 x 2, PBT 23.000 kg e distância entre eixos 4,8 m - 188 kW - condição de trabalho severa - motorista de caminhão",620379,26.587700000000002,10.936400000000001,4.4313000000000002,39.881500000000003,186.81559999999999,32.133200000000002,300.78570000000002,74.0886]
["A9361","Tanque para transporte de água com capacidade de 13.000 l",123369,8.5082000000000004,2.2311000000000001,0,8.5082000000000004,0,0,19.247499999999999,10.7393]
["E9686","Caminhão carroceria com guindauto com capacidade de 20 t.m - 136 kW",{"$nulls":7},303.15350000000001,116.7188]
["A9308","Caminhão plataforma 4 x 2, PBT 16.000 kg e distância entre eixos 4,8 m - 136 kW - motorista de veículo especial",530478,22.7348,9.3515999999999995,3.7890999999999999,34.102200000000003,135.14320000000001,33.107399999999998,238.22829999999999,68.982900000000001]
["A9349","Carroceria de madeira com capacidade de 7 t",28585,1.9714,0.51690000000000003,0,1.9714,0,0,4.4596999999999998,2.4883000000000002]
["A9372","Guindaste articulado montado sobre chassi com capacidade de 20 t.m",220660,15.2179,3.9904999999999999,0,15.2179,0,26.039200000000001,60.465499999999999,45.247599999999998]
["E9687","Caminhão carroceria com capacidade de 5 t - 115 kW",{"$nulls":7},145.88640000000001,59.814999999999998]
["A9303","Caminhão plataforma 4 x 2, PBT 9.600 kg e distância entre eixos 3,7 m - 115 kW - motorista de caminhão",373172,15.9931,6.5785,2.6655000000000002,23.989599999999999,60.145000000000003,32.133200000000002,141.50489999999999,57.3703]
["A9348","Carroceria de madeira com capacidade de 5 t",28084,1.9368000000000001,0.50790000000000002,0,1.9368000000000001,0,0,4.3815,2.4447000000000001]
["E9690","Caminhão carroceria com guindauto e cesto aéreo com capacidade de 10 t.m - 136 kW",{"$nulls":7},322.73,139.15209999999999]
["A9308","Caminhão plataforma 4 x 2, PBT 16.000 kg e distância entre eixos 4,8 m - 136 kW - motorista de veículo especial",530478,22.7348,9.3515999999999995,3.7890999999999999,34.102200000000003,135.14320000000001,33.107399999999998,238.22829999999999,68.982900000000001]
["A9329","Cesto aéreo simples isolado com capacidade para 135 kg",24327,1.6777,0.43990000000000001,0,1.6777,0,0,3.7953000000000001,2.1175999999999999]
["A9330","Guindaste articulado montado sobre chassi com capacidade de 10 t.m",147386,10.1646,2.6654,0,10.1646,0,52.078400000000002,75.072999999999993,64.9084]
["A9350","Carroceria de madeira com capacidade de 9 t",36108,2.4902000000000002,0.65300000000000002,0,2.4902000000000002,0,0,5.6334,3.1432000000000002]
["E9693","Caminhão demarcador de faixas com sistema de pintura Spray - 115 kW",{"$nulls":7},783.26760000000002,415.6053]
["A9322","Caminhão plataforma 4 x 2, PBT 9.600 kg e distância entre eixos 3,7 m - 115 kW - condição de trabalho severa - motorista de caminhão",373172,15.9931,6.5785,2.6655000000000002,23.989599999999999,114.27549999999999,32.133200000000002,195.6354,57.3703]
["A9370","Equipamento demarcador de faixas sistema spray montado sobre chassi com capacidade 1.080 l",3225898,243.7345,88.461299999999994,0,229.3972,0,26.039200000000001,587.63220000000001,358.23500000000001]
["E9783","Plataforma pantográfica montada em caminhão - 115 kW",{"$nulls":7},292.0419,123.3683]
["A9301","Caminhão plataforma 4 x 2, PBT 8.300 kg e distância entre eixos 3,7 m - 115 kW - motorista de veículo especial",346922,14.8681,6.1157000000000004,2.4780000000000002,22.302099999999999,114.27549999999999,33.107399999999998,193.14680000000001,56.569200000000002]
["A9377","Plataforma pantográfica hidráulica montada sobre chassi com capacidade de 600 kg",481440,32.095999999999997,8.6638999999999999,0,32.095999999999997,0,26.039200000000001,98.895099999999999,66.799099999999996]
["E9787","Bomba para concreto com lança montada sobre chassi com capacidade de 50 m³/h - 136 kW",{"$nulls":7},531.64869999999996,248.2946]
["A9308","Caminhão plataforma 4 x 2, PBT 16.000 kg e distância entre eixos 4,8 m - 136 kW - motorista de veículo especial",530478,22.7348,9.3515999999999995,3.7890999999999999,34.102200000000003,135.14320000000001,33.107399999999998,238.22829999999999,68.982900000000001]
["A9371","Bomba para concreto com lança montada sobre chassi com capacidade de 50 m³/h",1426359,114.1087,26.401900000000001,0,114.1087,0,38.801099999999998,293.42039999999997,179.3117]
["E9792","Caminhão para hidrossemeadura com capacidade de 7.500 l - 136 kW",{"$nulls":7},341.0068,134.93090000000001]
["A9323","Caminhão plataforma 4 x 2, PBT 14.300 kg e distância entre eixos 4,8 m - 136 kW - condição de trabalho severa - motorista de caminhão",474156,20.321000000000002,8.3587000000000007,3.3868,30.4815,135.14320000000001,32.133200000000002,229.8244,64.199700000000007]
["A9362","Tanque para hidrossemeadura com capacidade de 7.500 l",476425,35.956600000000002,8.7354000000000003,0,40.4512,0,26.039200000000001,111.1824,70.731200000000001]

{"sheet":"SINTÉTICO SICRO","index":23,"n_rows":6494,"n_cols":4,"rows_kept":6494,"cut":false,"hidden":true,"merged":[[0,1,0,2]]}
["CGCIT","SISTEMA DE CUSTOS REFERENCIAIS DE OBRAS - SICRO",null,"DNIT"]
[null,"Pernambuco - Julho/2024"]
["Código","Descrição do Serviço","Unidade","Custo Unitário (R$)"]
[307731,"Aparelho de apoio de neoprene fretado para estruturas moldadas no local - fornecimento e instalação","dm³",136.22]
[307732,"Aparelho de apoio de neoprene fretado para estruturas pré-moldadas - fornecimento e instalação","dm³",112.07]
[308308,"Aparelho de apoio metálico elastomérico fixo com capacidade de 1.500 kN - fornecimento e instalação","un",6271.42]
[308313,"Aparelho de apoio metálico elastomérico fixo com capacidade de 10.000 kN - fornecimento e instalação","un",39522.53]
[308309,"Aparelho de apoio metálico elastomérico fixo com capacidade de 2.500 kN - fornecimento e instalação","un",10249.59]
[308310,"Aparelho de apoio metálico elastomérico fixo com capacidade de 4.000 kN - fornecimento e instalação","un",14840.38]
[308311,"Aparelho de apoio metálico elastomérico fixo com capacidade de 5.500 kN - fornecimento e instalação","un",20587.45]
[308312,"Aparelho de apoio metálico elastomérico fixo com capacidade de 7.500 kN - fornecimento e instalação","un",28562.49]
[308307,"Aparelho de apoio metálico elastomérico fixo com capacidade de 700 kN - fornecimento e instalação","un",4031.46]
[308322,"Aparelho de apoio metálico elastomérico multidirecional com capacidade de 1.500 kN - fornecimento e instalação","un",5395.46]
[308327,"Aparelho de apoio metálico elastomérico multidirecional com capacidade de 10.000 kN - fornecimento e instalação","un",33237.97]
[308323,"Aparelho de apoio metálico elastomérico multidirecional com capacidade de 2.500 kN - fornecimento e instalação","un",8034.69]
[308324,"Aparelho de apoio metálico elastomérico multidirecional com capacidade de 4.000 kN - fornecimento e instalação","un",12376.66]
[308325,"Aparelho de apoio metálico elastomérico multidirecional com capacidade de 5.500 kN - fornecimento e instalação","un",17504.650000000001]
[308326,"Aparelho de apoio metálico elastomérico multidirecional com capacidade de 7.500 kN - fornecimento e instalação","un",24544.15]
[308321,"Aparelho de apoio metálico elastomérico multidirecional com capacidade de 700 kN - fornecimento e instalação","un",4052.69]
[308315,"Aparelho de apoio metálico elastomérico unidirecional com capacidade de 1.500 kN - fornecimento e instalação","un",6738.45]
[308320,"Aparelho de apoio metálico elastomérico unidirecional com capacidade de 10.000 kN - fornecimento e instalação","un",44698.77]
[308316,"Aparelho de apoio metálico elastomérico unidirecional com capacidade de 2.500 kN - fornecimento e instalação","un",9613.68]
[308317,"Aparelho de apoio metálico elastomérico unidirecional com capacidade de 4.000 kN - fornecimento e instalação","un",16993.240000000002]
[308318,"Aparelho de apoio metálico elastomérico unidirecional com capacidade de 5.500 kN - fornecimento e instalação","un",23368.33]
[308319,"Aparelho de apoio metálico elastomérico unidirecional com capacidade de 7.500 kN - fornecimento e instalação","un",28005.360000000001]
[308314,"Aparelho de apoio metálico elastomérico unidirecional com capacidade de 700 kN - fornecimento e instalação","un",4682.3100000000004]
[308250,"Aparelho de apoio metálico esférico fixo com capacidade de 1.000 kN - fornecimento e instalação","un",6424.09]
[308251,"Aparelho de apoio metálico esférico fixo com capacidade de 1.500 kN - fornecimento e instalação","un",9893.7099999999991]
[308268,"Aparelho de apoio metálico esférico fixo com capacidade de 10.000 kN - fornecimento e instalação","un",77160.2]
[308252,"Aparelho de apoio metálico esférico fixo com capacidade de 2.000 kN - fornecimento e instalação","un",11797.03]
[308253,"Aparelho de apoio metálico esférico fixo com capacidade de 2.500 kN - fornecimento e instalação","un",14447.89]
[308254,"Aparelho de apoio metálico esférico fixo com capacidade de 3.000 kN - fornecimento e instalação","un",16628.52]
[308255,"Aparelho de apoio metálico esférico fixo com capacidade de 3.500 kN - fornecimento e instalação","un",19939.59]
[308256,"Aparelho de apoio metálico esférico fixo com capacidade de 4.000 kN - fornecimento e instalação","un",25803.040000000001]
[308257,"Aparelho de apoio metálico esférico fixo com capacidade de 4.500 kN - fornecimento e instalação","un",30992.65]
[308258,"Aparelho de apoio metálico esférico fixo com capacidade de 5.000 kN - fornecimento e instalação","un",34558.449999999997]
[308259,"Aparelho de apoio metálico esférico fixo com capacidade de 5.500 kN - fornecimento e instalação","un",39760.76]
[308260,"Aparelho de apoio metálico esférico fixo com capacidade de 6.000 kN - fornecimento e instalação","un",44082.12]
[308261,"Aparelho de apoio metálico esférico fixo com capacidade de 6.500 kN - fornecimento e instalação","un",48456.959999999999]
[308262,"Aparelho de apoio metálico esférico fixo com capacidade de 7.000 kN - fornecimento e instalação","un",54376.45]
[308263,"Aparelho de apoio metálico esférico fixo com capacidade de 7.500 kN - fornecimento e instalação","un",55538]
[308264,"Aparelho de apoio metálico esférico fixo com capacidade de 8.000 kN - fornecimento e instalação","un",60011.8]
[308265,"Aparelho de apoio metálico esférico fixo com capacidade de 8.500 kN - fornecimento e instalação","un",61061.08]
[308266,"Aparelho de apoio metálico esférico fixo com capacidade de 9.000 kN - fornecimento e instalação","un",69121.289999999994]
[308267,"Aparelho de apoio metálico esférico fixo com capacidade de 9.500 kN - fornecimento e instalação","un",73173.039999999994]
[308288,"Aparelho de apoio metálico esférico multidirecional com capacidade de 1.000 kN - fornecimento e instalação","un",8389.98]
[308289,"Aparelho de apoio metálico esférico multidirecional com capacidade de 1.500 kN - fornecimento e instalação","un",11978.09]
[308306,"Aparelho de apoio metálico esférico multidirecional com capacidade de 10.000 kN - fornecimento e instalação","un",81014.559999999998]
[308290,"Aparelho de apoio metálico esférico multidirecional com capacidade de 2.000 kN - fornecimento e instalação","un",15396.98]
[308291,"Aparelho de apoio metálico esférico multidirecional com capacidade de 2.500 kN - fornecimento e instalação","un",18840.240000000002]
[308292,"Aparelho de apoio metálico esférico multidirecional com capacidade de 3.000 kN - fornecimento e instalação","un",21111.23]
[308293,"Aparelho de apoio metálico esférico multidirecional com capacidade de 3.500 kN - fornecimento e instalação","un",24164.29]
[308294,"Aparelho de apoio metálico esférico multidirecional com capacidade de 4.000 kN - fornecimento e instalação","un",27134.33]
[308295,"Aparelho de apoio metálico esférico multidirecional com capacidade de 4.500 kN - fornecimento e instalação","un",32532.15]
[308296,"Aparelho de apoio metálico esférico multidirecional com capacidade de 5.000 kN - fornecimento e instalação","un",35315.019999999997]
[308297,"Aparelho de apoio metálico esférico multidirecional com capacidade de 5.500 kN - fornecimento e instalação","un",39225.94]
[308298,"Aparelho de apoio metálico esférico multidirecional com capacidade de 6.000 kN - fornecimento e instalação","un",44525.32]
[308299,"Aparelho de apoio metálico esférico multidirecional com capacidade de 6.500 kN - fornecimento e instalação","un",48093.71]
[308300,"Aparelho de apoio metálico esférico multidirecional com capacidade de 7.000 kN - fornecimento e instalação","un",51757.59]
[308301,"Aparelho de apoio metálico esférico multidirecional com capacidade de 7.500 kN - fornecimento e instalação","un",55829.1]
[308302,"Aparelho de apoio metálico esférico multidirecional com capacidade de 8.000 kN - fornecimento e instalação","un",62932.57]
[308303,"Aparelho de apoio metálico esférico multidirecional com capacidade de 8.500 kN - fornecimento e instalação","un",68886.41]
[308304,"Aparelho de apoio metálico esférico multidirecional com capacidade de 9.000 kN - fornecimento e instalação","un",72688.62]
[308305,"Aparelho de apoio metálico esférico multidirecional com capacidade de 9.500 kN - fornecimento e instalação","un",77157.210000000006]
[308269,"Aparelho de apoio metálico esférico unidirecional com capacidade de 1.000 kN - fornecimento e instalação","un",9589.0300000000007]
[308270,"Aparelho de apoio metálico esférico unidirecional com capacidade de 1.500 kN - fornecimento e instalação","un",13158.72]
[308287,"Aparelho de apoio metálico esférico unidirecional com capacidade de 10.000 kN - fornecimento e instalação","un",84615.2]
[308271,"Aparelho de apoio metálico esférico unidirecional com capacidade de 2.000 kN - fornecimento e instalação","un",16302.88]
[308272,"Aparelho de apoio metálico esférico unidirecional com capacidade de 2.500 kN - fornecimento e instalação","un",19047.990000000002]
[308273,"Aparelho de apoio metálico esférico unidirecional com capacidade de 3.000 kN - fornecimento e instalação","un",22612.98]
[308274,"Aparelho de apoio metálico esférico unidirecional com capacidade de 3.500 kN - fornecimento e instalação","un",26130.14]
[308275,"Aparelho de apoio metálico esférico unidirecional com capacidade de 4.000 kN - fornecimento e instalação","un",30221.34]
[308276,"Aparelho de apoio metálico esférico unidirecional com capacidade de 4.500 kN - fornecimento e instalação","un",38584.28]
[308277,"Aparelho de apoio metálico esférico unidirecional com capacidade de 5.000 kN - fornecimento e instalação","un",42692.84]
[308278,"Aparelho de apoio metálico esférico unidirecional com capacidade de 5.500 kN - fornecimento e instalação","un",46267.14]
[308279,"Aparelho de apoio metálico esférico unidirecional com capacidade de 6.000 kN - fornecimento e instalação","un",49974.83]
[308280,"Aparelho de apoio metálico esférico unidirecional com capacidade de 6.500 kN - fornecimento e instalação","un",54247.92]
[308281,"Aparelho de apoio metálico esférico unidirecional com capacidade de 7.000 kN - fornecimento e instalação","un",58273.16]
[308282,"Aparelho de apoio metálico esférico unidirecional com capacidade de 7.500 kN - fornecimento e instalação","un",62559.45]
[308283,"Aparelho de apoio metálico esférico unidirecional com capacidade de 8.000 kN - fornecimento e instalação","un",66505.13]
[308284,"Aparelho de apoio metálico esférico unidirecional com capacidade de 8.500 kN - fornecimento e instalação","un",71736.08]
[308285,"Aparelho de apoio metálico esférico unidirecional com capacidade de 9.000 kN - fornecimento e instalação","un",76020.990000000005]
[308286,"Aparelho de apoio metálico esférico unidirecional com capacidade de 9.500 kN - fornecimento e instalação","un",80418.100000000006]
[307733,"Junta de dilatação em elastômero e perfil VV - L = 20 mm e H = 40 mm - fornecimento e instalação","m",261.52999999999997]
[307734,"Junta de dilatação em elastômero e perfil VV - L = 25 mm e H = 50 mm - fornecimento e instalação","m",315.02]
[307735,"Junta de dilatação em elastômero e perfil VV - L = 35 mm e H = 60 mm - fornecimento e instalação","m",413.3]
[307736,"Junta de dilatação em elastômero e perfil VV - L = 40 mm e H = 70 mm - fornecimento e instalação","m",551.74]
[307737,"Junta de dilatação em elastômero e perfil VV - L = 50 mm e H = 80 mm - fornecimento e instalação","m",582.70000000000005]
[307730,"Junta de dilatação em perfil extrudado de borracha vulcanizada","m",0]
[307084,"Lábios poliméricos em junta de pavimento de concreto - L = 20 mm e H = 30 mm - confecção e assentamento","m",32.340000000000003]
[407818,"Armação em aço CA-25 - fornecimento, preparo e colocação","kg",11.25]
[407819,"Armação em aço CA-50 - fornecimento, preparo e colocação","kg",11.63]
[407820,"Armação em aço CA-60 - fornecimento, preparo e colocação","kg",12.84]
[407740,"Chumbador tipo espera em aço CA-25 para fixação de estrutura metálica em concreto - fornecimento e instalação","kg",14.1]
[408037,"Luva de emenda com rosca cônica para aço CA-50 - D = 12,5 mm - fornecimento e instalação","un",20.29]
[408038,"Luva de emenda com rosca cônica para aço CA-50 - D = 16 mm - fornecimento e instalação","un",31.71]
[408039,"Luva de emenda com rosca cônica para aço CA-50 - D = 20 mm - fornecimento e instalação","un",41.96]
[408041,"Luva de emenda com rosca cônica para aço CA-50 - D = 25 mm - fornecimento e instalação","un",55.47]
[408042,"Luva de emenda com rosca cônica para aço CA-50 - D = 32 mm - fornecimento e instalação","un",79.2]
[408031,"Luva de emenda prensada para aço CA-50 - D = 12,5 mm - fornecimento e instalação","un",21.33]
[408032,"Luva de emenda prensada para aço CA-50 - D = 16 mm - fornecimento e instalação","un",29.02]
[408033,"Luva de emenda prensada para aço CA-50 - D = 20 mm - fornecimento e instalação","un",39.54]
[408035,"Luva de emenda prensada para aço CA-50 - D = 25 mm - fornecimento e instalação","un",68.87]
[408036,"Luva de emenda prensada para aço CA-50 - D = 32 mm - fornecimento e instalação","un",145.76]
[408067,"Tela de aço eletrossoldada - fornecimento, preparo e colocação","kg",10.57]
[407743,"Treliça nervurada três barras longitudinais interligadas por duas diagonais sinusoidal - fornecimento e instalação","kg",11.49]
[607137,"Arco metálico galvanizado tipo MP 152S - arco alto - vão = 10,08 m e altura = 6,12 m - aterro rodoviário mínimo = 0,90 m e máximo = 5,00 m - areia e brita comerciais","m",59298.73]
[606785,"Arco metálico galvanizado tipo MP 152S - arco alto - vão = 10,08 m e altura = 6,12 m - aterro rodoviário mínimo = 0,90 m e máximo = 5,00 m - areia extraída e brita produzida","m",58681.7]
[607139,"Arco metálico galvanizado tipo MP 152S - arco alto - vão = 10,31 m e altura = 6,17 m - aterro rodoviário mínimo = 0,90 m e máximo = 4,90 m - areia e brita comerciais","m",60095.67]
[606787,"Arco metálico galvanizado tipo MP 152S - arco alto - vão = 10,31 m e altura = 6,17 m - aterro rodoviário mínimo = 0,90 m e máximo = 4,90 m - areia extraída e brita produzida","m",59170.89]
[607140,"Arco metálico galvanizado tipo MP 152S - arco alto - vão = 10,36 m e altura = 5,38 m - aterro rodoviário mínimo = 1,20 m e máximo = 3,60 m - areia e brita comerciais","m",54888.88]
[606788,"Arco metálico galvanizado tipo MP 152S - arco alto - vão = 10,36 m e altura = 5,38 m - aterro rodoviário mínimo = 1,20 m e máximo = 3,60 m - areia extraída e brita produzida","m",54639.86]
[607141,"Arco metálico galvanizado tipo MP 152S - arco alto - vão = 10,54 m e altura = 6,05 m - aterro rodoviário mínimo = 1,20 m e máximo = 4,20 m - areia e brita comerciais","m",61159.25]
[606789,"Arco metálico galvanizado tipo MP 152S - arco alto - vão = 10,54 m e altura = 6,05 m - aterro rodoviário mínimo = 1,20 m e máximo = 4,20 m - areia extraída e brita produzida","m",60517.99]
[607144,"Arco metálico galvanizado tipo MP 152S - arco alto - vão = 10,57 m e altura = 5,41 m - aterro rodoviário mínimo = 1,20 m e máximo = 4,10 m - areia e brita comerciais","m",71710.47]
[606792,"Arco metálico galvanizado tipo MP 152S - arco alto - vão = 10,57 m e altura = 5,41 m - aterro rodoviário mínimo = 1,20 m e máximo = 4,10 m - areia extraída e brita produzida","m",71124.75]
[607142,"Arco metálico galvanizado tipo MP 152S - arco alto - vão = 10,74 m e altura = 6,48 m - aterro rodoviário mínimo = 1,20 m e máximo = 4,70 m - areia e brita comerciais","m",64150.26]
[606790,"Arco metálico galvanizado tipo MP 152S - arco alto - vão = 10,74 m e altura = 6,48 m - aterro rodoviário mínimo = 1,20 m e máximo = 4,70 m - areia extraída e brita produzida","m",63460.52]
[607145,"Arco metálico galvanizado tipo MP 152S - arco alto - vão = 10,77 m e altura = 6,10 m - aterro rodoviário mínimo = 1,20 m e máximo = 4,70 m - areia e brita comerciais","m",79164.149999999994]
[606793,"Arco metálico galvanizado tipo MP 152S - arco alto - vão = 10,77 m e altura = 6,10 m - aterro rodoviário mínimo = 1,20 m e máximo = 4,70 m - areia extraída e brita produzida","m",78509.08]
[607146,"Arco metálico galvanizado tipo MP 152S - arco alto - vão = 10,97 m e altura = 6,53 m - aterro rodoviário mínimo = 1,20 m e máximo = 4,70 m - areia e brita comerciais","m",82579.83]
[606794,"Arco metálico galvanizado tipo MP 152S - arco alto - vão = 10,97 m e altura = 6,53 m - aterro rodoviário mínimo = 1,20 m e máximo = 4,70 m - areia extraída e brita produzida","m",81868.84]
[607143,"Arco metálico galvanizado tipo MP 152S - arco alto - vão = 11,35 m e altura = 7,12 m - aterro rodoviário mínimo = 1,20 m e máximo = 4,70 m - areia e brita comerciais","m",69278.77]
[606791,"Arco metálico galvanizado tipo MP 152S - arco alto - vão = 11,35 m e altura = 7,12 m - aterro rodoviário mínimo = 1,20 m e máximo = 4,70 m - areia extraída e brita produzida","m",68484.69]
[607147,"Arco metálico galvanizado tipo MP 152S - arco alto - vão = 11,58 m e altura = 7,16 m - aterro rodoviário mínimo = 1,20 m e máximo = 6,40 m - areia e brita comerciais","m",89075.58]
[606795,"Arco metálico galvanizado tipo MP 152S - arco alto - vão = 11,58 m e altura = 7,16 m - aterro rodoviário mínimo = 1,20 m e máximo = 6,40 m - areia extraída e brita produzida","m",88256.3]
[607112,"Arco metálico galvanizado tipo MP 152S - arco alto - vão = 6,12 m e altura = 2,77 m - aterro rodoviário mínimo = 0,75 m e máximo = 5,40 m - areia e brita comerciais","m",28984.86]
[606760,"Arco metálico galvanizado tipo MP 152S - arco alto - vão = 6,12 m e altura = 2,77 m - aterro rodoviário mínimo = 0,75 m e máximo = 5,40 m - areia extraída e brita produzida","m",28770.1]
[607113,"Arco metálico galvanizado tipo MP 152S - arco alto - vão = 6,30 m e altura = 3,68 m - aterro rodoviário mínimo = 0,75 m e máximo = 7,50 m - areia e brita comerciais","m",35211.519999999997]
[606761,"Arco metálico galvanizado tipo MP 152S - arco alto - vão = 6,30 m e altura = 3,68 m - aterro rodoviário mínimo = 0,75 m e máximo = 7,50 m - areia extraída e brita produzida","m",34964.660000000003]
[606762,"Arco metálico galvanizado tipo MP 152S - arco alto - vão = 6,55 m e altura = 3,56 m - aterro rodoviário mínimo = 0,75 m e máximo = 4,9 m - areia extraída e brita produzida","m",34909.86]
[607114,"Arco metálico galvanizado tipo MP 152S - arco alto - vão = 6,55 m e altura = 3,56 m - aterro rodoviário mínimo = 0,75 m e máximo = 4,90 m - areia e brita comerciais","m",35161.39]
[607116,"Arco metálico galvanizado tipo MP 152S - arco alto - vão = 6,78 m e altura = 3,61 m - aterro rodoviário mínimo = 0,75 m e máximo = 4,80 m - areia e brita comerciais","m",35716.22]
[606764,"Arco metálico galvanizado tipo MP 152S - arco alto - vão = 6,78 m e altura = 3,61 m - aterro rodoviário mínimo = 0,75 m e máximo = 4,80 m - areia extraída e brita produzida","m",35454.1]
[607115,"Arco metálico galvanizado tipo MP 152S - arco alto - vão = 6,96 m e altura = 4,42 m - aterro rodoviário mínimo = 0,75 m e máximo = 8,10 m - areia e brita comerciais","m",40548.53]
[606763,"Arco metálico galvanizado tipo MP 152S - arco alto - vão = 6,96 m e altura = 4,42 m - aterro rodoviário mínimo = 0,75 m e máximo = 8,10 m - areia extraída e brita produzida","m",40233.19]
[607117,"Arco metálico galvanizado tipo MP 152S - arco alto - vão = 6,99 m e altura = 4,27 m - aterro rodoviário mínimo = 0,75 m e máximo = 5,70 m - areia e brita comerciais","m",40540.230000000003]
[606765,"Arco metálico galvanizado tipo MP 152S - arco alto - vão = 6,99 m e altura = 4,27 m - aterro rodoviário mínimo = 0,75 m e máximo = 5,70 m - areia extraída e brita produzida","m",40233.54]
[607118,"Arco metálico galvanizado tipo MP 152S - arco alto - vão = 7,01 m e altura = 3,63 m - aterro rodoviário mínimo = 0,75 m e máximo = 4,60 m - areia e brita comerciais","m",36342.730000000003]
[606766,"Arco metálico galvanizado tipo MP 152S - arco alto - vão = 7,01 m e altura = 3,63 m - aterro rodoviário mínimo = 0,75 m e máximo = 4,60 m - areia extraída e brita produzida","m",36072.129999999997]
[607120,"Arco metálico galvanizado tipo MP 152S - arco alto - vão = 7,24 m e altura = 3,68 m - aterro rodoviário mínimo = 0,90 m e máximo = 4,4 m - areia e brita comerciais","m",37006.589999999997]
[606768,"Arco metálico galvanizado tipo MP 152S - arco alto - vão = 7,24 m e altura = 3,68 m - aterro rodoviário mínimo = 0,90 m e máximo = 4,40 m - areia extraída e brita produzida","m",36721.64]
[607119,"Arco metálico galvanizado tipo MP 152S - arco alto - vão = 7,42 m e altura = 4,52 m - aterro rodoviário mínimo = 0,90 m e máximo = 6,40 m - areia e brita comerciais","m",42527.06]
[606767,"Arco metálico galvanizado tipo MP 152S - arco alto - vão = 7,42 m e altura = 4,52 m - aterro rodoviário mínimo = 0,90 m e máximo = 6,40 m - areia extraída e brita produzida","m",42179.55]
[607121,"Arco metálico galvanizado tipo MP 152S - arco alto - vão = 7,47 m e altura = 4,19 m - aterro rodoviário mínimo = 0,90 m e máximo = 4,30 m - areia e brita comerciais","m",40067.49]
[606769,"Arco metálico galvanizado tipo MP 152S - arco alto - vão = 7,47 m e altura = 4,19 m - aterro rodoviário mínimo = 0,90 m e máximo = 4,30 m - areia extraída e brita produzida","m",39742.61]
[607123,"Arco metálico galvanizado tipo MP 152S - arco alto - vão = 7,67 m e altura = 3,99 m - aterro rodoviário mínimo = 0,90 m e máximo = 4,10 m - areia e brita comerciais","m",39533.129999999997]
[606771,"Arco metálico galvanizado tipo MP 152S - arco alto - vão = 7,67 m e altura = 3,99 m - aterro rodoviário mínimo = 0,90 m e máximo = 4,10 m - areia extraída e brita produzida","m",39209.46]
[607122,"Arco metálico galvanizado tipo MP 152S - arco alto - vão = 7,85 m e altura = 4,60 m - aterro rodoviário mínimo = 0,90 m e máximo = 6,00 m - areia e brita comerciais","m",43855.47]
[606770,"Arco metálico galvanizado tipo MP 152S - arco alto - vão = 7,85 m e altura = 4,60 m - aterro rodoviário mínimo = 0,90 m e máximo = 6,00 m - areia extraída e brita produzida","m",43482.19]
[607125,"Arco metálico galvanizado tipo MP 152S - arco alto - vão = 7,90 m e altura = 4,04 m - aterro rodoviário mínimo = 0,90 m e máximo = 4,00 m - areia e brita comerciais","m",40864.800000000003]
[606773,"Arco metálico galvanizado tipo MP 152S - arco alto - vão = 7,90 m e altura = 4,04 m - aterro rodoviário mínimo = 0,90 m e máximo = 4,00 m - areia extraída e brita produzida","m",40524.25]
[607124,"Arco metálico galvanizado tipo MP 152S - arco alto - vão = 8,08 m e altura = 4,65 m - aterro rodoviário mínimo = 0,90 m e máximo = 5,80 m - areia e brita comerciais","m",44513.02]
[606772,"Arco metálico galvanizado tipo MP 152S - arco alto - vão = 8,08 m e altura = 4,65 m - aterro rodoviário mínimo = 0,90 m e máximo = 5,80 m - areia extraída e brita produzida","m",44127.79]
[607126,"Arco metálico galvanizado tipo MP 152S - arco alto - vão = 8,31 m e altura = 4,70 m - aterro rodoviário mínimo = 0,90 m e máximo = 5,60 m - areia e brita comerciais","m",45746.69]
[606774,"Arco metálico galvanizado tipo MP 152S - arco alto - vão = 8,31 m e altura = 4,70 m - aterro rodoviário mínimo = 0,90 m e máximo = 5,60 m - areia extraída e brita produzida","m",45342.9]
[607127,"Arco metálico galvanizado tipo MP 152S - arco alto - vão = 8,36 m e altura = 4,11 m - aterro rodoviário mínimo = 0,90 m e máximo = 3,70 m - areia e brita comerciais","m",42124.99]
[606775,"Arco metálico galvanizado tipo MP 152S - arco alto - vão = 8,36 m e altura = 4,11 m - aterro rodoviário mínimo = 0,90 m e máximo = 3,70 m - areia extraída e brita produzida","m",41763.97]
[607129,"Arco metálico galvanizado tipo MP 152S - arco alto - vão = 8,59 m e altura = 4,39 m - aterro rodoviário mínimo = 0,90 m e máximo = 3,60 m - areia e brita comerciais","m",44078.18]
[606777,"Arco metálico galvanizado tipo MP 152S - arco alto - vão = 8,59 m e altura = 4,39 m - aterro rodoviário mínimo = 0,90 m e máximo = 3,60 m - areia extraída e brita produzida","m",43682.81]
[607128,"Arco metálico galvanizado tipo MP 152S - arco alto - vão = 8,97 m e altura = 5,00 m - aterro rodoviário mínimo = 0,90 m e máximo = 5,80 m - areia e brita comerciais","m",48470.58]
[606776,"Arco metálico galvanizado tipo MP 152S - arco alto - vão = 8,97 m e altura = 5,00 m - aterro rodoviário mínimo = 0,90 m e máximo = 5,80 m - areia extraída e brita produzida","m",48008.62]
[607130,"Arco metálico galvanizado tipo MP 152S - arco alto - vão = 9,17 m e altura = 5,49 m - aterro rodoviário mínimo = 0,90 m e máximo = 5,60 m - areia e brita comerciais","m",51652.44]
[606778,"Arco metálico galvanizado tipo MP 152S - arco alto - vão = 9,17 m e altura = 5,49 m - aterro rodoviário mínimo = 0,90 m e máximo = 5,60 m - areia extraída e brita produzida","m",51144.66]
[607131,"Arco metálico galvanizado tipo MP 152S - arco alto - vão = 9,22 m e altura = 4,70 m - aterro rodoviário mínimo = 0,90 m e máximo = 4,10 m - areia e brita comerciais","m",48479.21]
[606779,"Arco metálico galvanizado tipo MP 152S - arco alto - vão = 9,22 m e altura = 4,70 m - aterro rodoviário mínimo = 0,90 m e máximo = 4,10 m - areia extraída e brita produzida","m",48030]
[607133,"Arco metálico galvanizado tipo MP 152S - arco alto - vão = 9,45 m e altura = 4,75 m - aterro rodoviário mínimo = 0,90 m e máximo = 4,00 m - areia e brita comerciais","m",49209.279999999999]
[606781,"Arco metálico galvanizado tipo MP 152S - arco alto - vão = 9,45 m e altura = 4,75 m - aterro rodoviário mínimo = 0,90 m e máximo = 4,00 m - areia extraída e brita produzida","m",48746.559999999998]
[607132,"Arco metálico galvanizado tipo MP 152S - arco alto - vão = 9,63 m e altura = 5,59 m - aterro rodoviário mínimo = 0,90 m e máximo = 5,30 m - areia e brita comerciais","m",53645.23]
[606780,"Arco metálico galvanizado tipo MP 152S - arco alto - vão = 9,63 m e altura = 5,59 m - aterro rodoviário mínimo = 0,90 m e máximo = 5,30 m - areia extraída e brita produzida","m",53101.86]
[607134,"Arco metálico galvanizado tipo MP 152S - arco alto - vão = 9,65 m e altura = 5,41 m - aterro rodoviário mínimo = 0,90 m e máximo = 4,70 m - areia e brita comerciais","m",53119.7]
[606782,"Arco metálico galvanizado tipo MP 152S - arco alto - vão = 9,65 m e altura = 5,41 m - aterro rodoviário mínimo = 0,90 m e máximo = 4,70 m - areia extraída e brita produzida","m",52588.75]
[607136,"Arco metálico galvanizado tipo MP 152S - arco alto - vão = 9,68 m e altura = 5,23 m - aterro rodoviário mínimo = 0,90 m e máximo = 3,90 m - areia e brita comerciais","m",52410.89]
[606784,"Arco metálico galvanizado tipo MP 152S - arco alto - vão = 9,68 m e altura = 5,23 m - aterro rodoviário mínimo = 0,90 m e máximo = 3,90 m - areia extraída e brita produzida","m",51896.91]
[607135,"Arco metálico galvanizado tipo MP 152S - arco alto - vão = 9,86 m e altura = 6,07 m - aterro rodoviário mínimo = 0,90 m e máximo = 5,20 m - areia e brita comerciais","m",58458.23]
[606783,"Arco metálico galvanizado tipo MP 152S - arco alto - vão = 9,86 m e altura = 6,07 m - aterro rodoviário mínimo = 0,90 m e máximo = 5,20 m - areia extraída e brita produzida","m",57862.39]
[607138,"Arco metálico galvanizado tipo MP 152S - arco alto - vão = 9,91 m e altura = 5,28 m - aterro rodoviário mínimo = 0,90 m e máximo = 3,80 m - areia e brita comerciais","m",53308.86]
[606786,"Arco metálico galvanizado tipo MP 152S - arco alto - vão = 9,91 m e altura = 5,28 m - aterro rodoviário mínimo = 0,90 m e máximo = 3,80 m - areia extraída e brita produzida","m",52761.32]
[606842,"Arco metálico galvanizado tipo MP 152S - ovoide - vão = 7,21 m e altura = 7,82 m - aterro rodoviário mínimo = 0,75 m e máximo = 6,70 m - areia e brita comerciais","m",66393.19]
[606832,"Arco metálico galvanizado tipo MP 152S - ovoide - vão = 7,21 m e altura = 7,82 m - aterro rodoviário mínimo = 0,75 m e máximo = 6,70 m - areia extraída e brita produzida","m",66085.33]
[606843,"Arco metálico galvanizado tipo MP 152S - ovoide - vão = 7,31 m e altura = 7,87 m - aterro rodoviário mínimo = 0,90 m e máximo = 6,80 m - areia e brita comerciais","m",68985.36]
[606833,"Arco metálico galvanizado tipo MP 152S - ovoide - vão = 7,31 m e altura = 7,87 m - aterro rodoviário mínimo = 0,90 m e máximo = 6,80 m - areia extraída e brita produzida","m",68661.8]
[606845,"Arco metálico galvanizado tipo MP 152S - ovoide - vão = 7,57 m e altura = 8,44 m - aterro rodoviário mínimo = 0,90 m e máximo = 5,60 m - areia e brita comerciais","m",71525.41]
[606835,"Arco metálico galvanizado tipo MP 152S - ovoide - vão = 7,57 m e altura = 8,44 m - aterro rodoviário mínimo = 0,90 m e máximo = 5,60 m - areia extraída e brita produzida","m",71202.990000000005]
[606844,"Arco metálico galvanizado tipo MP 152S - ovoide - vão = 7,77 m e altura = 7,90 m - aterro rodoviário mínimo = 0,90 m e máximo = 6,80 m - areia e brita comerciais","m",70054]
[606834,"Arco metálico galvanizado tipo MP 152S - ovoide - vão = 7,77 m e altura = 7,90 m - aterro rodoviário mínimo = 0,90 m e máximo = 6,80 m - areia extraída e brita produzida","m",69722.100000000006]
[606847,"Arco metálico galvanizado tipo MP 152S - ovoide - vão = 8,13 m e altura = 8,01 m - aterro rodoviário mínimo = 0,90 m e máximo = 3,50 m - areia e brita comerciais","m",74797.97]
[606837,"Arco metálico galvanizado tipo MP 152S - ovoide - vão = 8,13 m e altura = 8,01 m - aterro rodoviário mínimo = 0,90 m e máximo = 3,50 m - areia extraída e brita produzida","m",74435.070000000007]
[606846,"Arco metálico galvanizado tipo MP 152S - ovoide - vão = 8,36 m e altura = 8,23 m - aterro rodoviário mínimo = 0,90 m e máximo = 4,30 m - areia e brita comerciais","m",76603.08]
[606836,"Arco metálico galvanizado tipo MP 152S - ovoide - vão = 8,36 m e altura = 8,23 m - aterro rodoviário mínimo = 0,90 m e máximo = 4,30 m - areia extraída e brita produzida","m",76236.23]
[606848,"Arco metálico galvanizado tipo MP 152S - ovoide - vão = 8,56 m e altura = 8,48 m - aterro rodoviário mínimo = 0,90 m e máximo = 5,30 m - areia e brita comerciais","m",77023.259999999995]
[606838,"Arco metálico galvanizado tipo MP 152S - ovoide - vão = 8,56 m e altura = 8,48 m - aterro rodoviário mínimo = 0,90 m e máximo = 5,30 m - areia extraída e brita produzida","m",76641.649999999994]
[606849,"Arco metálico galvanizado tipo MP 152S - ovoide - vão = 8,71 m e altura = 9,32 m - aterro rodoviário mínimo = 0,90 m e máximo = 6,00 m - areia e brita comerciais","m",81641.73]
[606839,"Arco metálico galvanizado tipo MP 152S - ovoide - vão = 8,71 m e altura = 9,32 m - aterro rodoviário mínimo = 0,90 m e máximo = 6,00 m - areia extraída e brita produzida","m",81269.600000000006]
[606850,"Arco metálico galvanizado tipo MP 152S - ovoide - vão = 9,15 m e altura = 9,04 m - aterro rodoviário mínimo = 0,90 m e máximo = 4,70 m - areia e brita comerciais","m",83931.72]
[606840,"Arco metálico galvanizado tipo MP 152S - ovoide - vão = 9,15 m e altura = 9,04 m - aterro rodoviário mínimo = 0,90 m e máximo = 4,70 m - areia extraída e brita produzida","m",83524.649999999994]
[606851,"Arco metálico galvanizado tipo MP 152S - ovoide - vão = 9,15 m e altura = 9,50 m - aterro rodoviário mínimo = 0,90 m e máximo = 5,70 m - areia e brita comerciais","m",84707.72]
[606841,"Arco metálico galvanizado tipo MP 152S - ovoide - vão = 9,15 m e altura = 9,50 m - aterro rodoviário mínimo = 0,90 m e máximo = 5,70 m - areia extraída e brita produzida","m",84318.13]
[605604,"Argamassa de solo-cimento com 10% de cimento e material de jazida - preparo e injeção em tunnel liner","m³",296.29000000000002]
[605695,"Bueiro metálico com chapas múltiplas MP 100 com revestimento em epóxi - D = 0,60 m - brita comercial","m",1579.62]
[605607,"Bueiro metálico com chapas múltiplas MP 100 com revestimento em epóxi - D = 0,60 m - brita produzida","m",1554.81]
[605696,"Bueiro metálico com chapas múltiplas MP 100 com revestimento em epóxi - D = 0,70 m - brita comercial","m",1818.52]
[605608,"Bueiro metálico com chapas múltiplas MP 100 com revestimento em epóxi - D = 0,70 m - brita produzida","m",1792.15]
[605697,"Bueiro metálico com chapas múltiplas MP 100 com revestimento em epóxi - D = 0,80 m - brita comercial","m",2057.46]
[605609,"Bueiro metálico com chapas múltiplas MP 100 com revestimento em epóxi - D = 0,80 m - brita produzida","m",2029.54]
[605698,"Bueiro metálico com chapas múltiplas MP 100 com revestimento em epóxi - D = 0,90 m - brita comercial","m",2249.7600000000002]
[605610,"Bueiro metálico com chapas múltiplas MP 100 com revestimento em epóxi - D = 0,90 m - brita produzida","m",2220.29]
[605699,"Bueiro metálico com chapas múltiplas MP 100 com revestimento em epóxi - D = 1,00 m - brita comercial","m",2488.63]
[605611,"Bueiro metálico com chapas múltiplas MP 100 com revestimento em epóxi - D = 1,00 m - brita produzida","m",2457.61]
[605700,"Bueiro metálico com chapas múltiplas MP 100 com revestimento em epóxi - D = 1,10 m - brita comercial","m",2820.93]
[605612,"Bueiro metálico com chapas múltiplas MP 100 com revestimento em epóxi - D = 1,10 m - brita produzida","m",2788.36]
[605701,"Bueiro metálico com chapas múltiplas MP 100 com revestimento em epóxi - D = 1,20 m - brita comercial","m",3013.2]
[605613,"Bueiro metálico com chapas múltiplas MP 100 com revestimento em epóxi - D = 1,20 m - brita produzida","m",2979.08]
[605702,"Bueiro metálico com chapas múltiplas MP 100 com revestimento em epóxi - D = 1,30 m - brita comercial","m",3289.88]
[605614,"Bueiro metálico com chapas múltiplas MP 100 com revestimento em epóxi - D = 1,30 m - brita produzida","m",3236.37]
[605703,"Bueiro metálico com chapas múltiplas MP 100 com revestimento em epóxi - D = 1,40 m - brita comercial","m",3486.35]
[605615,"Bueiro metálico com chapas múltiplas MP 100 com revestimento em epóxi - D = 1,40 m - brita produzida","m",3430.51]
[605704,"Bueiro metálico com chapas múltiplas MP 100 com revestimento em epóxi - D = 1,50 m - brita comercial","m",3730.04]
[605616,"Bueiro metálico com chapas múltiplas MP 100 com revestimento em epóxi - D = 1,50 m - brita produzida","m",3671.88]
[605705,"Bueiro metálico com chapas múltiplas MP 100 com revestimento em epóxi - D = 1,60 m - brita comercial","m",3977.45]
[605617,"Bueiro metálico com chapas múltiplas MP 100 com revestimento em epóxi - D = 1,60 m - brita produzida","m",3916.96]
[605706,"Bueiro metálico com chapas múltiplas MP 100 com revestimento em epóxi - D = 1,70 m - brita comercial","m",4179.49]
[605618,"Bueiro metálico com chapas múltiplas MP 100 com revestimento em epóxi - D = 1,70 m - brita produzida","m",4116.68]
[605707,"Bueiro metálico com chapas múltiplas MP 100 com revestimento em epóxi - D = 1,80 m - brita comercial","m",4632.7]
[605619,"Bueiro metálico com chapas múltiplas MP 100 com revestimento em epóxi - D = 1,80 m - brita produzida","m",4567.5600000000004]
[605708,"Bueiro metálico com chapas múltiplas MP 100 com revestimento em epóxi - D = 1,90 m - brita comercial","m",5433.41]
[605620,"Bueiro metálico com chapas múltiplas MP 100 com revestimento em epóxi - D = 1,90 m - brita produzida","m",5365.94]
[605709,"Bueiro metálico com chapas múltiplas MP 100 com revestimento em epóxi - D = 2,00 m - brita comercial","m",5803.33]
[605621,"Bueiro metálico com chapas múltiplas MP 100 com revestimento em epóxi - D = 2,00 m - brita produzida","m",5733.54]
[605710,"Bueiro metálico com chapas múltiplas MP 100 com revestimento em epóxi - D = 2,10 m - brita comercial","m",6113.29]
[605622,"Bueiro metálico com chapas múltiplas MP 100 com revestimento em epóxi - D = 2,10 m - brita produzida","m",6041.17]
[605711,"Bueiro metálico com chapas múltiplas MP 100 com revestimento em epóxi - D = 2,20 m - brita comercial","m",6317.59]
[605623,"Bueiro metálico com chapas múltiplas MP 100 com revestimento em epóxi - D = 2,20 m - brita produzida","m",6243.14]
[605712,"Bueiro metálico com chapas múltiplas MP 100 com revestimento em epóxi - D = 2,30 m - brita comercial","m",6649.31]
[605624,"Bueiro metálico com chapas múltiplas MP 100 com revestimento em epóxi - D = 2,30 m - brita produzida","m",6572.53]
[605713,"Bueiro metálico com chapas múltiplas MP 100 com revestimento em epóxi - D = 2,40 m - brita comercial","m",8921.9]
[605625,"Bueiro metálico com chapas múltiplas MP 100 com revestimento em epóxi - D = 2,40 m - brita produzida","m",8842.7999999999993]
[605714,"Bueiro metálico com chapas múltiplas MP 100 com revestimento em epóxi - D = 2,50 m - brita comercial","m",11236.77]
[605626,"Bueiro metálico com chapas múltiplas MP 100 com revestimento em epóxi - D = 2,50 m - brita produzida","m",11155.34]
[605715,"Bueiro metálico com chapas múltiplas MP 100 com revestimento em epóxi - D = 2,60 m - brita comercial","m",11994.57]
[605627,"Bueiro metálico com chapas múltiplas MP 100 com revestimento em epóxi - D = 2,60 m - brita produzida","m",11910.81]
[605716,"Bueiro metálico com chapas múltiplas MP 100 com revestimento em epóxi - D = 2,70 m - brita comercial","m",12436.06]
[605628,"Bueiro metálico com chapas múltiplas MP 100 com revestimento em epóxi - D = 2,70 m - brita produzida","m",12349.98]
[605717,"Bueiro metálico com chapas múltiplas MP 100 com revestimento em epóxi - D = 2,80 m - brita comercial","m",13245.37]
[605629,"Bueiro metálico com chapas múltiplas MP 100 com revestimento em epóxi - D = 2,80 m - brita produzida","m",13156.96]
[605651,"Bueiro metálico com chapas múltiplas MP 100 galvanizadas - D = 0,60 m - brita comercial","m",1492.67]
[605460,"Bueiro metálico com chapas múltiplas MP 100 galvanizadas - D = 0,60 m - brita produzida","m",1467.86]
[605652,"Bueiro metálico com chapas múltiplas MP 100 galvanizadas - D = 0,70 m - brita comercial","m",1718]
[605461,"Bueiro metálico com chapas múltiplas MP 100 galvanizadas - D = 0,70 m - brita produzida","m",1691.63]
[605653,"Bueiro metálico com chapas múltiplas MP 100 galvanizadas - D = 0,80 m - brita comercial","m",1943.35]
[605462,"Bueiro metálico com chapas múltiplas MP 100 galvanizadas - D = 0,80 m - brita produzida","m",1915.43]
[605654,"Bueiro metálico com chapas múltiplas MP 100 galvanizadas - D = 0,90 m - brita comercial","m",2124.7800000000002]
[605463,"Bueiro metálico com chapas múltiplas MP 100 galvanizadas - D = 0,90 m - brita produzida","m",2095.31]
[605655,"Bueiro metálico com chapas múltiplas MP 100 galvanizadas - D = 1,00 m - brita comercial","m",2350.06]
[605464,"Bueiro metálico com chapas múltiplas MP 100 galvanizadas - D = 1,00 m - brita produzida","m",2319.04]
[605656,"Bueiro metálico com chapas múltiplas MP 100 galvanizadas - D = 1,10 m - brita comercial","m",2663.34]
[605465,"Bueiro metálico com chapas múltiplas MP 100 galvanizadas - D = 1,10 m - brita produzida","m",2630.77]
[605657,"Bueiro metálico com chapas múltiplas MP 100 galvanizadas - D = 1,20 m - brita comercial","m",2844.75]
[605466,"Bueiro metálico com chapas múltiplas MP 100 galvanizadas - D = 1,20 m - brita produzida","m",2810.62]
[605658,"Bueiro metálico com chapas múltiplas MP 100 galvanizadas - D = 1,30 m - brita comercial","m",3107.84]
[605467,"Bueiro metálico com chapas múltiplas MP 100 galvanizadas - D = 1,30 m - brita produzida","m",3054.33]
[605659,"Bueiro metálico com chapas múltiplas MP 100 galvanizadas - D = 1,40 m - brita comercial","m",3293.44]
[605468,"Bueiro metálico com chapas múltiplas MP 100 galvanizadas - D = 1,40 m - brita produzida","m",3237.6]
[605660,"Bueiro metálico com chapas múltiplas MP 100 galvanizadas - D = 1,50 m - brita comercial","m",3523.55]
[605469,"Bueiro metálico com chapas múltiplas MP 100 galvanizadas - D = 1,50 m - brita produzida","m",3465.39]
[605661,"Bueiro metálico com chapas múltiplas MP 100 galvanizadas - D = 1,60 m - brita comercial","m",3757.37]
[605470,"Bueiro metálico com chapas múltiplas MP 100 galvanizadas - D = 1,60 m - brita produzida","m",3696.88]
[605662,"Bueiro metálico com chapas múltiplas MP 100 galvanizadas - D = 1,70 m - brita comercial","m",3948.55]
[605471,"Bueiro metálico com chapas múltiplas MP 100 galvanizadas - D = 1,70 m - brita produzida","m",3885.74]
[605663,"Bueiro metálico com chapas múltiplas MP 100 galvanizadas - D = 1,80 m - brita comercial","m",4388.1899999999996]
[605472,"Bueiro metálico com chapas múltiplas MP 100 galvanizadas - D = 1,80 m - brita produzida","m",4323.04]
[605664,"Bueiro metálico com chapas múltiplas MP 100 galvanizadas - D = 1,90 m - brita comercial","m",5140.3900000000003]
[605473,"Bueiro metálico com chapas múltiplas MP 100 galvanizadas - D = 1,90 m - brita produzida","m",5072.92]
[605665,"Bueiro metálico com chapas múltiplas MP 100 galvanizadas - D = 2,00 m - brita comercial","m",5384.09]
[605474,"Bueiro metálico com chapas múltiplas MP 100 galvanizadas - D = 2,00 m - brita produzida","m",5314.3]
[605666,"Bueiro metálico com chapas múltiplas MP 100 galvanizadas - D = 2,10 m - brita comercial","m",5783.31]
[605475,"Bueiro metálico com chapas múltiplas MP 100 galvanizadas - D = 2,10 m - brita produzida","m",5711.19]
[605667,"Bueiro metálico com chapas múltiplas MP 100 galvanizadas - D = 2,20 m - brita comercial","m",5979.7]
[605476,"Bueiro metálico com chapas múltiplas MP 100 galvanizadas - D = 2,20 m - brita produzida","m",5905.25]
[605668,"Bueiro metálico com chapas múltiplas MP 100 galvanizadas - D = 2,30 m - brita comercial","m",6298.22]
[605477,"Bueiro metálico com chapas múltiplas MP 100 galvanizadas - D = 2,30 m - brita produzida","m",6221.45]
[605669,"Bueiro metálico com chapas múltiplas MP 100 galvanizadas - D = 2,40 m - brita comercial","m",8270.58]
[605478,"Bueiro metálico com chapas múltiplas MP 100 galvanizadas - D = 2,40 m - brita produzida","m",8191.48]
[605670,"Bueiro metálico com chapas múltiplas MP 100 galvanizadas - D = 2,50 m - brita comercial","m",10415.99]
[605479,"Bueiro metálico com chapas múltiplas MP 100 galvanizadas - D = 2,50 m - brita produzida","m",10334.57]
[605671,"Bueiro metálico com chapas múltiplas MP 100 galvanizadas - D = 2,60 m - brita comercial","m",11127.08]
[605480,"Bueiro metálico com chapas múltiplas MP 100 galvanizadas - D = 2,60 m - brita produzida","m",11043.32]
[605672,"Bueiro metálico com chapas múltiplas MP 100 galvanizadas - D = 2,70 m - brita comercial","m",11551.89]
[605481,"Bueiro metálico com chapas múltiplas MP 100 galvanizadas - D = 2,70 m - brita produzida","m",11465.81]
[605673,"Bueiro metálico com chapas múltiplas MP 100 galvanizadas - D = 2,80 m - brita comercial","m",12317.83]
[605482,"Bueiro metálico com chapas múltiplas MP 100 galvanizadas - D = 2,80 m - brita produzida","m",12229.42]
[605718,"Bueiro metálico com chapas múltiplas MP 152 com revestimento em epóxi - D = 1,50 m - brita comercial","m",7429.67]
[605630,"Bueiro metálico com chapas múltiplas MP 152 com revestimento em epóxi - D = 1,50 m - brita produzida","m",7371.51]
[605719,"Bueiro metálico com chapas múltiplas MP 152 com revestimento em epóxi - D = 1,80 m - brita comercial","m",9196.75]
[605631,"Bueiro metálico com chapas múltiplas MP 152 com revestimento em epóxi - D = 1,80 m - brita produzida","m",9131.61]
[605720,"Bueiro metálico com chapas múltiplas MP 152 com revestimento em epóxi - D = 1,90 m - brita comercial","m",9490.31]
[605632,"Bueiro metálico com chapas múltiplas MP 152 com revestimento em epóxi - D = 1,90 m - brita produzida","m",9422.84]
[605721,"Bueiro metálico com chapas múltiplas MP 152 com revestimento em epóxi - D = 2,15 m - brita comercial","m",10753.61]
[605633,"Bueiro metálico com chapas múltiplas MP 152 com revestimento em epóxi - D = 2,15 m - brita produzida","m",10680.33]
[605722,"Bueiro metálico com chapas múltiplas MP 152 com revestimento em epóxi - D = 2,30 m - brita comercial","m",11392.1]
[605634,"Bueiro metálico com chapas múltiplas MP 152 com revestimento em epóxi - D = 2,30 m - brita produzida","m",11315.33]
[605723,"Bueiro metálico com chapas múltiplas MP 152 com revestimento em epóxi - D = 2,65 m - brita comercial","m",13329.37]
[605635,"Bueiro metálico com chapas múltiplas MP 152 com revestimento em epóxi - D = 2,65 m - brita produzida","m",13244.45]
[605724,"Bueiro metálico com chapas múltiplas MP 152 com revestimento em epóxi - D = 3,05 m - brita comercial","m",15221.62]
[605636,"Bueiro metálico com chapas múltiplas MP 152 com revestimento em epóxi - D = 3,05 m - brita produzida","m",15104.14]
[605725,"Bueiro metálico com chapas múltiplas MP 152 com revestimento em epóxi - D = 3,20 m - brita comercial","m",16159.51]
[605637,"Bueiro metálico com chapas múltiplas MP 152 com revestimento em epóxi - D = 3,20 m - brita produzida","m",16038.53]
[605726,"Bueiro metálico com chapas múltiplas MP 152 com revestimento em epóxi - D = 3,40 m - brita comercial","m",17103.78]
[605638,"Bueiro metálico com chapas múltiplas MP 152 com revestimento em epóxi - D = 3,40 m - brita produzida","m",16978.150000000001]
[605727,"Bueiro metálico com chapas múltiplas MP 152 com revestimento em epóxi - D = 3,65 m - brita comercial","m",18332.29]
[605639,"Bueiro metálico com chapas múltiplas MP 152 com revestimento em epóxi - D = 3,65 m - brita produzida","m",18200.84]
[605728,"Bueiro metálico com chapas múltiplas MP 152 com revestimento em epóxi - D = 3,80 m - brita comercial","m",19016.45]
[605640,"Bueiro metálico com chapas múltiplas MP 152 com revestimento em epóxi - D = 3,80 m - brita produzida","m",18881.52]
[605729,"Bueiro metálico com chapas múltiplas MP 152 com revestimento em epóxi - D = 4,20 m - brita comercial","m",20888.580000000002]
[605641,"Bueiro metálico com chapas múltiplas MP 152 com revestimento em epóxi - D = 4,20 m - brita produzida","m",20744.34]
[605730,"Bueiro metálico com chapas múltiplas MP 152 com revestimento em epóxi - D = 4,60 m - brita comercial","m",22818.35]
[605642,"Bueiro metálico com chapas múltiplas MP 152 com revestimento em epóxi - D = 4,60 m - brita produzida","m",22664.799999999999]
[605731,"Bueiro metálico com chapas múltiplas MP 152 com revestimento em epóxi - D = 4,80 m - brita comercial","m",28929.91]
[605643,"Bueiro metálico com chapas múltiplas MP 152 com revestimento em epóxi - D = 4,80 m - brita produzida","m",28771.71]
[605732,"Bueiro metálico com chapas múltiplas MP 152 com revestimento em epóxi - D = 5,00 m - brita comercial","m",29913.21]
[605644,"Bueiro metálico com chapas múltiplas MP 152 com revestimento em epóxi - D = 5,00 m - brita produzida","m",29723.21]
[605733,"Bueiro metálico com chapas múltiplas MP 152 com revestimento em epóxi - D = 5,35 m - brita comercial","m",36435.96]
[605645,"Bueiro metálico com chapas múltiplas MP 152 com revestimento em epóxi - D = 5,35 m - brita produzida","m",36236.46]
[605734,"Bueiro metálico com chapas múltiplas MP 152 com revestimento em epóxi - D = 5,70 m - brita comercial","m",39143.53]
[605646,"Bueiro metálico com chapas múltiplas MP 152 com revestimento em epóxi - D = 5,70 m - brita produzida","m",38934.53]
[605735,"Bueiro metálico com chapas múltiplas MP 152 com revestimento em epóxi - D = 6,10 m - brita comercial","m",48266.74]
[605647,"Bueiro metálico com chapas múltiplas MP 152 com revestimento em epóxi - D = 6,10 m - brita produzida","m",48046.89]
[605736,"Bueiro metálico com chapas múltiplas MP 152 com revestimento em epóxi - D = 6,50 m - brita comercial","m",62935.95]
[605648,"Bueiro metálico com chapas múltiplas MP 152 com revestimento em epóxi - D = 6,50 m - brita produzida","m",62705.24]
[605737,"Bueiro metálico com chapas múltiplas MP 152 com revestimento em epóxi - D = 6,85 m - brita comercial","m",65621.98]
[605649,"Bueiro metálico com chapas múltiplas MP 152 com revestimento em epóxi - D = 6,85 m - brita produzida","m",65381.77]
[605738,"Bueiro metálico com chapas múltiplas MP 152 com revestimento em epóxi - D = 7,25 m - brita comercial","m",69567.28]
[605650,"Bueiro metálico com chapas múltiplas MP 152 com revestimento em epóxi - D = 7,25 m - brita produzida","m",69316.210000000006]
[605674,"Bueiro metálico com chapas múltiplas MP 152 galvanizadas - D = 1,50 m - brita comercial","m",7181.13]
[605483,"Bueiro metálico com chapas múltiplas MP 152 galvanizadas - D = 1,50 m - brita produzida","m",7122.96]
[605675,"Bueiro metálico com chapas múltiplas MP 152 galvanizadas - D = 1,80 m - brita comercial","m",8896.2199999999993]
[605484,"Bueiro metálico com chapas múltiplas MP 152 galvanizadas - D = 1,80 m - brita produzida","m",8831.08]
[605676,"Bueiro metálico com chapas múltiplas MP 152 galvanizadas - D = 1,90 m - brita comercial","m",9180.0400000000009]
[605485,"Bueiro metálico com chapas múltiplas MP 152 galvanizadas - D = 1,90 m - brita produzida","m",9112.57]
[605677,"Bueiro metálico com chapas múltiplas MP 152 galvanizadas - D = 2,15 m - brita comercial","m",10612.45]
[605486,"Bueiro metálico com chapas múltiplas MP 152 galvanizadas - D = 2,15 m - brita produzida","m",10539.17]
[605678,"Bueiro metálico com chapas múltiplas MP 152 galvanizadas - D = 2,30 m - brita comercial","m",11020.1]
[605487,"Bueiro metálico com chapas múltiplas MP 152 galvanizadas - D = 2,30 m - brita produzida","m",10943.32]
[605679,"Bueiro metálico com chapas múltiplas MP 152 galvanizadas - D = 2,65 m - brita comercial","m",12894.01]
[605488,"Bueiro metálico com chapas múltiplas MP 152 galvanizadas - D = 2,65 m - brita produzida","m",12809.1]
[605680,"Bueiro metálico com chapas múltiplas MP 152 galvanizadas - D = 3,05 m - brita comercial","m",14724.54]
[605489,"Bueiro metálico com chapas múltiplas MP 152 galvanizadas - D = 3,05 m - brita produzida","m",14607.05]
[605681,"Bueiro metálico com chapas múltiplas MP 152 galvanizadas - D = 3,20 m - brita comercial","m",15631.57]
[605490,"Bueiro metálico com chapas múltiplas MP 152 galvanizadas - D = 3,20 m - brita produzida","m",15510.59]
[605682,"Bueiro metálico com chapas múltiplas MP 152 galvanizadas - D = 3,40 m - brita comercial","m",16544.97]
[605491,"Bueiro metálico com chapas múltiplas MP 152 galvanizadas - D = 3,40 m - brita produzida","m",16419.34]
[605683,"Bueiro metálico com chapas múltiplas MP 152 galvanizadas - D = 3,65 m - brita comercial","m",17732.86]
[605492,"Bueiro metálico com chapas múltiplas MP 152 galvanizadas - D = 3,65 m - brita produzida","m",17601.419999999998]
[605684,"Bueiro metálico com chapas múltiplas MP 152 galvanizadas - D = 3,80 m - brita comercial","m",18395.91]
[605493,"Bueiro metálico com chapas múltiplas MP 152 galvanizadas - D = 3,80 m - brita produzida","m",18260.97]
[605685,"Bueiro metálico com chapas múltiplas MP 152 galvanizadas - D = 4,20 m - brita comercial","m",20204.68]
[605494,"Bueiro metálico com chapas múltiplas MP 152 galvanizadas - D = 4,20 m - brita produzida","m",20060.439999999999]
[605686,"Bueiro metálico com chapas múltiplas MP 152 galvanizadas - D = 4,60 m - brita comercial","m",22072.720000000001]
[605495,"Bueiro metálico com chapas múltiplas MP 152 galvanizadas - D = 4,60 m - brita produzida","m",21919.17]
[605687,"Bueiro metálico com chapas múltiplas MP 152 galvanizadas - D = 4,80 m - brita comercial","m",25245.65]
[605496,"Bueiro metálico com chapas múltiplas MP 152 galvanizadas - D = 4,80 m - brita produzida","m",25087.45]
[605688,"Bueiro metálico com chapas múltiplas MP 152 galvanizadas - D = 5,00 m - brita comercial","m",26124.9]
[605497,"Bueiro metálico com chapas múltiplas MP 152 galvanizadas - D = 5,00 m - brita produzida","m",25934.9]
[605689,"Bueiro metálico com chapas múltiplas MP 152 galvanizadas - D = 5,35 m - brita comercial","m",32762.26]
[605498,"Bueiro metálico com chapas múltiplas MP 152 galvanizadas - D = 5,35 m - brita produzida","m",32562.76]
[605690,"Bueiro metálico com chapas múltiplas MP 152 galvanizadas - D = 5,70 m - brita comercial","m",35207.089999999997]
[605499,"Bueiro metálico com chapas múltiplas MP 152 galvanizadas - D = 5,70 m - brita produzida","m",34998.089999999997]
[605691,"Bueiro metálico com chapas múltiplas MP 152 galvanizadas - D = 6,10 m - brita comercial","m",43257.13]
[605500,"Bueiro metálico com chapas múltiplas MP 152 galvanizadas - D = 6,10 m - brita produzida","m",43037.279999999999]
[605692,"Bueiro metálico com chapas múltiplas MP 152 galvanizadas - D = 6,50 m - brita comercial","m",51884.41]
[605501,"Bueiro metálico com chapas múltiplas MP 152 galvanizadas - D = 6,50 m - brita produzida","m",51653.7]
[605693,"Bueiro metálico com chapas múltiplas MP 152 galvanizadas - D = 6,85 m - brita comercial","m",55216.83]
[605502,"Bueiro metálico com chapas múltiplas MP 152 galvanizadas - D = 6,85 m - brita produzida","m",54976.62]
[605694,"Bueiro metálico com chapas múltiplas MP 152 galvanizadas - D = 7,25 m - brita comercial","m",58586.22]
[605503,"Bueiro metálico com chapas múltiplas MP 152 galvanizadas - D = 7,25 m - brita produzida","m",58335.15]
[606433,"Bueiro metálico com chapas múltiplas MP 152 galvanizadas - lenticular - vão = 1,95 m e altura = 1,40 m - aterro rodoviário mínimo = 0,60 m e máximo = 8,40 m - brita comercial","m",8649.6200000000008]
[606343,"Bueiro metálico com chapas múltiplas MP 152 galvanizadas - lenticular - vão = 1,95 m e altura = 1,40 m - aterro rodoviário mínimo = 0,60 m e máximo = 8,40 m - brita produzida","m",8580.99]
[606434,"Bueiro metálico com chapas múltiplas MP 152 galvanizadas - lenticular - vão = 2,15 m e altura = 1,50 m - aterro rodoviário mínimo = 0,60 m e máximo = 7,50 m - brita comercial","m",9563.75]
[606344,"Bueiro metálico com chapas múltiplas MP 152 galvanizadas - lenticular - vão = 2,15 m e altura = 1,50 m - aterro rodoviário mínimo = 0,60 m e máximo = 7,50 m - brita produzida","m",9490.4599999999991]
[606435,"Bueiro metálico com chapas múltiplas MP 152 galvanizadas - lenticular - vão = 2,30 m e altura = 1,60 m - aterro rodoviário mínimo = 0,60 m e máximo = 7,20 m - brita comercial","m",10448.530000000001]
[606345,"Bueiro metálico com chapas múltiplas MP 152 galvanizadas - lenticular - vão = 2,30 m e altura = 1,60 m - aterro rodoviário mínimo = 0,60 m e máximo = 7,20 m - brita produzida","m",10371.75]
[606436,"Bueiro metálico com chapas múltiplas MP 152 galvanizadas - lenticular - vão = 2,55 m e altura = 1,65 m - aterro rodoviário mínimo = 0,60 m e máximo = 6,50 m - brita comercial","m",11108.74]
[606346,"Bueiro metálico com chapas múltiplas MP 152 galvanizadas - lenticular - vão = 2,55 m e altura = 1,65 m - aterro rodoviário mínimo = 0,60 m e máximo = 6,50 m - brita produzida","m",11026.15]
[606437,"Bueiro metálico com chapas múltiplas MP 152 galvanizadas - lenticular - vão = 2,70 m e altura = 1,85 m - aterro rodoviário mínimo = 0,60 m e máximo = 6,60 m - brita comercial","m",12023.05]
[606347,"Bueiro metálico com chapas múltiplas MP 152 galvanizadas - lenticular - vão = 2,70 m e altura = 1,85 m - aterro rodoviário mínimo = 0,60 m e máximo = 6,60 m - brita produzida","m",11936.97]
[606438,"Bueiro metálico com chapas múltiplas MP 152 galvanizadas - lenticular - vão = 2,75 m e altura = 1,90 m - aterro rodoviário mínimo = 0,60 m e máximo = 6,50 m - brita comercial","m",12344.05]
[606348,"Bueiro metálico com chapas múltiplas MP 152 galvanizadas - lenticular - vão = 2,75 m e altura = 1,90 m - aterro rodoviário mínimo = 0,60 m e máximo = 6,50 m - brita produzida","m",12256.8]
[606439,"Bueiro metálico com chapas múltiplas MP 152 galvanizadas - lenticular - vão = 3,00 m e altura = 2,00 m - aterro rodoviário mínimo = 0,60 m e máximo = 6,00 m - brita comercial","m",13013.06]
[606349,"Bueiro metálico com chapas múltiplas MP 152 galvanizadas - lenticular - vão = 3,00 m e altura = 2,00 m - aterro rodoviário mínimo = 0,60 m e máximo = 6,00 m - brita produzida","m",12896.73]
[606440,"Bueiro metálico com chapas múltiplas MP 152 galvanizadas - lenticular - vão = 3,20 m e altura = 2,10 m - aterro rodoviário mínimo = 0,60 m e máximo = 5,60 m - brita comercial","m",13609.38]
[606350,"Bueiro metálico com chapas múltiplas MP 152 galvanizadas - lenticular - vão = 3,20 m e altura = 2,10 m - aterro rodoviário mínimo = 0,60 m e máximo = 5,60 m - brita produzida","m",13488.4]
[606441,"Bueiro metálico com chapas múltiplas MP 152 galvanizadas - lenticular - vão = 3,35 m e altura = 2,15 m - aterro rodoviário mínimo = 0,60 m e máximo = 5,30 m - brita comercial","m",14256.72]
[606351,"Bueiro metálico com chapas múltiplas MP 152 galvanizadas - lenticular - vão = 3,35 m e altura = 2,15 m - aterro rodoviário mínimo = 0,60 m e máximo = 5,30 m - brita produzida","m",14132.25]
[606442,"Bueiro metálico com chapas múltiplas MP 152 galvanizadas - lenticular - vão = 3,55 m e altura = 2,25 m - aterro rodoviário mínimo = 0,60 m e máximo = 5,00 m - brita comercial","m",14879.1]
[606352,"Bueiro metálico com chapas múltiplas MP 152 galvanizadas - lenticular - vão = 3,55 m e altura = 2,25 m - aterro rodoviário mínimo = 0,60 m e máximo = 5,00 m - brita produzida","m",14749.98]
[606443,"Bueiro metálico com chapas múltiplas MP 152 galvanizadas - lenticular - vão = 3,70 m e altura = 2,35 m - aterro rodoviário mínimo = 0,60 m e máximo = 4,90 m - brita comercial","m",15777.6]
[606353,"Bueiro metálico com chapas múltiplas MP 152 galvanizadas - lenticular - vão = 3,70 m e altura = 2,35 m - aterro rodoviário mínimo = 0,60 m e máximo = 4,90 m - brita produzida","m",15644.98]
[606444,"Bueiro metálico com chapas múltiplas MP 152 galvanizadas - lenticular - vão = 3,90 m e altura = 2,45 m - aterro rodoviário mínimo = 0,60 m e máximo = 4,60 m - brita comercial","m",16461.900000000001]
[606354,"Bueiro metálico com chapas múltiplas MP 152 galvanizadas - lenticular - vão = 3,90 m e altura = 2,45 m - aterro rodoviário mínimo = 0,60 m e máximo = 4,60 m - brita produzida","m",16324.64]
[606445,"Bueiro metálico com chapas múltiplas MP 152 galvanizadas - lenticular - vão = 4,00 m e altura = 2,55 m - aterro rodoviário mínimo = 0,60 m e máximo = 4,50 m - brita comercial","m",17104.18]
[606355,"Bueiro metálico com chapas múltiplas MP 152 galvanizadas - lenticular - vão = 4,00 m e altura = 2,55 m - aterro rodoviário mínimo = 0,60 m e máximo = 4,50 m - brita produzida","m",16964.59]
[606446,"Bueiro metálico com chapas múltiplas MP 152 galvanizadas - lenticular - vão = 4,15 m e altura = 2,80 m - aterro rodoviário mínimo = 0,60 m e máximo = 6,80 m - brita comercial","m",17727.5]
[606356,"Bueiro metálico com chapas múltiplas MP 152 galvanizadas - lenticular - vão = 4,15 m e altura = 2,80 m - aterro rodoviário mínimo = 0,60 m e máximo = 6,80 m - brita produzida","m",17584.419999999998]
[606447,"Bueiro metálico com chapas múltiplas MP 152 galvanizadas - lenticular - vão = 4,40 m e altura = 2,90 m - aterro rodoviário mínimo = 0,60 m e máximo = 6,40 m - brita comercial","m",18414.91]
[606357,"Bueiro metálico com chapas múltiplas MP 152 galvanizadas - lenticular - vão = 4,40 m e altura = 2,90 m - aterro rodoviário mínimo = 0,60 m e máximo = 6,40 m - brita produzida","m",18241.2]
[606448,"Bueiro metálico com chapas múltiplas MP 152 galvanizadas - lenticular - vão = 4,60 m e altura = 3,00 m - aterro rodoviário mínimo = 0,60 m e máximo = 6,10 m - brita comercial","m",19374.32]
[606358,"Bueiro metálico com chapas múltiplas MP 152 galvanizadas - lenticular - vão = 4,60 m e altura = 3,00 m - aterro rodoviário mínimo = 0,60 m e máximo = 6,10 m - brita produzida","m",19195.18]
[606449,"Bueiro metálico com chapas múltiplas MP 152 galvanizadas - lenticular - vão = 4,80 m e altura = 3,05 m - aterro rodoviário mínimo = 0,60 m e máximo = 5,80 m - brita comercial","m",23890.73]
[606359,"Bueiro metálico com chapas múltiplas MP 152 galvanizadas - lenticular - vão = 4,80 m e altura = 3,05 m - aterro rodoviário mínimo = 0,60 m e máximo = 5,80 m - brita produzida","m",23706.16]
[606450,"Bueiro metálico com chapas múltiplas MP 152 galvanizadas - lenticular - vão = 5,05 m e altura = 3,15 m - aterro rodoviário mínimo = 0,90 m e máximo = 5,50 m - brita comercial","m",24840.400000000001]
[606360,"Bueiro metálico com chapas múltiplas MP 152 galvanizadas - lenticular - vão = 5,05 m e altura = 3,15 m - aterro rodoviário mínimo = 0,90 m e máximo = 5,50 m - brita produzida","m",24649.05]
[606451,"Bueiro metálico com chapas múltiplas MP 152 galvanizadas - lenticular - vão = 5,25 m e altura = 3,25 m - aterro rodoviário mínimo = 0,90 m e máximo = 5,30 m - brita comercial","m",25640]
[606361,"Bueiro metálico com chapas múltiplas MP 152 galvanizadas - lenticular - vão = 5,25 m e altura = 3,25 m - aterro rodoviário mínimo = 0,90 m e máximo = 5,30 m - brita produzida","m",25443.22]
[606452,"Bueiro metálico com chapas múltiplas MP 152 galvanizadas - lenticular - vão = 5,45 m e altura = 3,35 m - aterro rodoviário mínimo = 0,90 m e máximo = 5,10 m - brita comercial","m",29227.37]
[606362,"Bueiro metálico com chapas múltiplas MP 152 galvanizadas - lenticular - vão = 5,45 m e altura = 3,35 m - aterro rodoviário mínimo = 0,90 m e máximo = 5,10 m - brita produzida","m",29025.15]
[606453,"Bueiro metálico com chapas múltiplas MP 152 galvanizadas - lenticular - vão = 5,60 m e altura = 3,40 m - aterro rodoviário mínimo = 0,90 m e máximo = 4,90 m - brita comercial","m",29679.16]
[606363,"Bueiro metálico com chapas múltiplas MP 152 galvanizadas - lenticular - vão = 5,60 m e altura = 3,40 m - aterro rodoviário mínimo = 0,90 m e máximo = 4,90 m - brita produzida","m",29472.880000000001]
[606454,"Bueiro metálico com chapas múltiplas MP 152 galvanizadas - lenticular - vão = 5,80 m e altura = 3,50 m - aterro rodoviário mínimo = 0,90 m e máximo = 4,70 m - brita comercial","m",35441.32]
[606364,"Bueiro metálico com chapas múltiplas MP 152 galvanizadas - lenticular - vão = 5,80 m e altura = 3,50 m - aterro rodoviário mínimo = 0,90 m e máximo = 4,70 m - brita produzida","m",35229.61]
[606455,"Bueiro metálico com chapas múltiplas MP 152 galvanizadas - lenticular - vão = 5,90 m e altura = 3,55 m - aterro rodoviário mínimo = 0,90 m e máximo = 4,70 m - brita comercial","m",36012.44]
[606365,"Bueiro metálico com chapas múltiplas MP 152 galvanizadas - lenticular - vão = 5,90 m e altura = 3,55 m - aterro rodoviário mínimo = 0,90 m e máximo = 4,70 m - brita produzida","m",35798.01]
[606456,"Bueiro metálico com chapas múltiplas MP 152 galvanizadas - lenticular - vão = 6,10 m e altura = 3,65 m - aterro rodoviário mínimo = 0,90 m e máximo = 4,50 m - brita comercial","m",37392.85]
[606366,"Bueiro metálico com chapas múltiplas MP 152 galvanizadas - lenticular - vão = 6,10 m e altura = 3,65 m - aterro rodoviário mínimo = 0,90 m e máximo = 4,50 m - brita produzida","m",37172.99]
[606457,"Bueiro metálico com chapas múltiplas MP 152 galvanizadas - lenticular - vão = 6,25 m e altura = 3,65 m - aterro rodoviário mínimo = 0,90 m e máximo = 4,30 m - brita comercial","m",37996.68]
[606367,"Bueiro metálico com chapas múltiplas MP 152 galvanizadas - lenticular - vão = 6,25 m e altura = 3,65 m - aterro rodoviário mínimo = 0,90 m e máximo = 4,30 m - brita produzida","m",37772.75]
[606458,"Bueiro metálico com chapas múltiplas MP 152 galvanizadas - lenticular - vão = 6,40 m e altura = 3,75 m - aterro rodoviário mínimo = 0,90 m e máximo = 4,30 m - brita comercial","m",51659.68]
[606368,"Bueiro metálico com chapas múltiplas MP 152 galvanizadas - lenticular - vão = 6,40 m e altura = 3,75 m - aterro rodoviário mínimo = 0,90 m e máximo = 4,30 m - brita produzida","m",51431.68]
[606459,"Bueiro metálico com chapas múltiplas MP 152 galvanizadas - lenticular - vão = 6,60 m e altura = 3,85 m - aterro rodoviário mínimo = 0,90 m e máximo = 4,10 m - brita comercial","m",53756.35]
[606369,"Bueiro metálico com chapas múltiplas MP 152 galvanizadas - lenticular - vão = 6,60 m e altura = 3,85 m - aterro rodoviário mínimo = 0,90 m e máximo = 4,10 m - brita produzida","m",53522.92]
[606479,"Bueiro metálico com chapas múltiplas MP 152 galvanizadas - passagem de gado - vão = 2,20 m e altura = 2,25 m -aterro rodoviário mínimo = 0,30 m e máximo = 8,90 m - brita comercial","m",12381.78]
[606460,"Bueiro metálico com chapas múltiplas MP 152 galvanizadas - passagem de gado - vão = 2,20 m e altura = 2,25 m -aterro rodoviário mínimo = 0,30 m e máximo = 8,90 m - brita produzida","m",12294.93]
[606480,"Bueiro metálico com chapas múltiplas MP 152 galvanizadas - passagem de gado - vão = 2,90 m e altura = 3,10 m - aterro rodoviário mínimo = 0,60 m e máximo = 11,40 m - brita comercial","m",15820.28]
[606461,"Bueiro metálico com chapas múltiplas MP 152 galvanizadas - passagem de gado - vão = 2,90 m e altura = 3,10 m - aterro rodoviário mínimo = 0,60 m e máximo = 11,40 m - brita produzida","m",15714.42]
[606481,"Bueiro metálico com chapas múltiplas MP 152 galvanizadas - passagem inferior - vão = 3,70 m e altura = 3,50 m - aterro rodoviário mínimo = 0,60 m e máximo = 10,30 m - brita comercial","m",18410.32]
[606462,"Bueiro metálico com chapas múltiplas MP 152 galvanizadas - passagem inferior - vão = 3,70 m e altura = 3,50 m - aterro rodoviário mínimo = 0,60 m e máximo = 10,30 m - brita produzida","m",18255.61]
[606482,"Bueiro metálico com chapas múltiplas MP 152 galvanizadas - passagem inferior - vão = 3,90 m e altura = 3,60 m - aterro rodoviário mínimo = 0,60 m e máximo = 9,80 m - brita comercial","m",19368.45]
[606463,"Bueiro metálico com chapas múltiplas MP 152 galvanizadas - passagem inferior - vão = 3,90 m e altura = 3,60 m - aterro rodoviário mínimo = 0,60 m e máximo = 9,80 m - brita produzida","m",19208.310000000001]
[606483,"Bueiro metálico com chapas múltiplas MP 152 galvanizadas - passagem inferior - vão = 4,00 m e altura = 3,75 m - aterro rodoviário mínimo = 0,60 m e máximo = 9,50 m - brita comercial","m",19854.53]
[606464,"Bueiro metálico com chapas múltiplas MP 152 galvanizadas - passagem inferior - vão = 4,00 m e altura = 3,75 m - aterro rodoviário mínimo = 0,60 m e máximo = 9,50 m - brita produzida","m",19691.68]
[606484,"Bueiro metálico com chapas múltiplas MP 152 galvanizadas - passagem inferior - vão = 4,20 m e altura = 3,90 m - aterro rodoviário mínimo = 0,60 m e máximo = 9,10 m - brita comercial","m",20538.3]
[606465,"Bueiro metálico com chapas múltiplas MP 152 galvanizadas - passagem inferior - vão = 4,20 m e altura = 3,90 m - aterro rodoviário mínimo = 0,60 m e máximo = 9,10 m - brita produzida","m",20370.009999999998]
[606485,"Bueiro metálico com chapas múltiplas MP 152 galvanizadas - passagem inferior - vão = 4,25 m e altura = 4,10 m - aterro rodoviário mínimo = 0,60 m e máximo = 8,90 m - brita comercial","m",21194.27]
[606466,"Bueiro metálico com chapas múltiplas MP 152 galvanizadas - passagem inferior - vão = 4,25 m e altura = 4,10 m - aterro rodoviário mínimo = 0,60 m e máximo = 8,90 m - brita produzida","m",21024.63]
[606486,"Bueiro metálico com chapas múltiplas MP 152 galvanizadas - passagem inferior - vão = 4,40 m e altura = 4,25 m - aterro rodoviário mínimo = 0,60 m e máximo = 8,60 m - brita comercial","m",22122.28]
[606467,"Bueiro metálico com chapas múltiplas MP 152 galvanizadas - passagem inferior - vão = 4,40 m e altura = 4,25 m - aterro rodoviário mínimo = 0,60 m e máximo = 8,60 m - brita produzida","m",21948.57]
[606487,"Bueiro metálico com chapas múltiplas MP 152 galvanizadas - passagem inferior - vão = 4,50 m e altura = 4,40 m - aterro rodoviário mínimo = 0,60 m e máximo = 8,40 m - brita comercial","m",22764.31]
[606468,"Bueiro metálico com chapas múltiplas MP 152 galvanizadas - passagem inferior - vão = 4,50 m e altura = 4,40 m - aterro rodoviário mínimo = 0,60 m e máximo = 8,40 m - brita produzida","m",22587.88]
[606488,"Bueiro metálico com chapas múltiplas MP 152 galvanizadas - passagem inferior - vão = 4,70 m e altura = 4,50 m - aterro rodoviário mínimo = 0,60 m e máximo = 8,90 m - brita comercial","m",28137.59]
[606469,"Bueiro metálico com chapas múltiplas MP 152 galvanizadas - passagem inferior - vão = 4,70 m e altura = 4,50 m - aterro rodoviário mínimo = 0,60 m e máximo = 8,90 m - brita produzida","m",27955.74]
[606489,"Bueiro metálico com chapas múltiplas MP 152 galvanizadas - passagem inferior - vão = 4,80 m e altura = 4,75 m - aterro rodoviário mínimo = 0,90 m e máximo = 9,00 m - brita comercial","m",29687.97]
[606470,"Bueiro metálico com chapas múltiplas MP 152 galvanizadas - passagem inferior - vão = 4,80 m e altura = 4,75 m - aterro rodoviário mínimo = 0,90 m e máximo = 9,00 m - brita produzida","m",29503.4]
[606490,"Bueiro metálico com chapas múltiplas MP 152 galvanizadas - passagem inferior - vão = 5,00 m e altura = 4,85 m - aterro rodoviário mínimo = 0,90 m e máximo = 8,60 m - brita comercial","m",31171.16]
[606471,"Bueiro metálico com chapas múltiplas MP 152 galvanizadas - passagem inferior - vão = 5,00 m e altura = 4,85 m - aterro rodoviário mínimo = 0,90 m e máximo = 8,60 m - brita produzida","m",30981.16]
[606491,"Bueiro metálico com chapas múltiplas MP 152 galvanizadas - passagem inferior - vão = 5,15 m e altura = 4,90 m - aterro rodoviário mínimo = 0,90 m e máximo = 8,50 m - brita comercial","m",31411.09]
[606472,"Bueiro metálico com chapas múltiplas MP 152 galvanizadas - passagem inferior - vão = 5,15 m e altura = 4,90 m - aterro rodoviário mínimo = 0,90 m e máximo = 8,50 m - brita produzida","m",31217.02]
[606492,"Bueiro metálico com chapas múltiplas MP 152 galvanizadas - passagem inferior - vão = 5,25 m e altura = 5,00 m - aterro rodoviário mínimo = 0,90 m e máximo = 8,40 m - brita comercial","m",32057.41]
[606473,"Bueiro metálico com chapas múltiplas MP 152 galvanizadas - passagem inferior - vão = 5,25 m e altura = 5,00 m - aterro rodoviário mínimo = 0,90 m e máximo = 8,40 m - brita produzida","m",31860.62]
[606493,"Bueiro metálico com chapas múltiplas MP 152 galvanizadas - passagem inferior - vão = 5,30 m e altura = 5,30 m - aterro rodoviário mínimo = 0,90 m e máximo = 9,60 m - brita comercial","m",33782.71]
[606474,"Bueiro metálico com chapas múltiplas MP 152 galvanizadas - passagem inferior - vão = 5,30 m e altura = 5,30 m - aterro rodoviário mínimo = 0,90 m e máximo = 9,60 m - brita produzida","m",33584.57]
[606494,"Bueiro metálico com chapas múltiplas MP 152 galvanizadas - passagem inferior - vão = 5,65 m e altura = 5,25 m - aterro rodoviário mínimo = 0,90 m e máximo = 9,00 m - brita comercial","m",39042.36]
[606475,"Bueiro metálico com chapas múltiplas MP 152 galvanizadas - passagem inferior - vão = 5,65 m e altura = 5,25 m - aterro rodoviário mínimo = 0,90 m e máximo = 9,00 m - brita produzida","m",38834.720000000001]
[606495,"Bueiro metálico com chapas múltiplas MP 152 galvanizadas - passagem inferior - vão = 5,85 m e altura = 5,30 m - aterro rodoviário mínimo = 0,90 m e máximo = 8,40 m - brita comercial","m",45971.72]
[606476,"Bueiro metálico com chapas múltiplas MP 152 galvanizadas - passagem inferior - vão = 5,85 m e altura = 5,30 m - aterro rodoviário mínimo = 0,90 m e máximo = 8,40 m - brita produzida","m",45758.65]
[606496,"Bueiro metálico com chapas múltiplas MP 152 galvanizadas - passagem inferior - vão = 6,00 m e altura = 5,45 m - aterro rodoviário mínimo = 0,90 m e máximo = 8,30 m - brita comercial","m",47064.59]
[606477,"Bueiro metálico com chapas múltiplas MP 152 galvanizadas - passagem inferior - vão = 6,00 m e altura = 5,45 m - aterro rodoviário mínimo = 0,90 m e máximo = 8,30 m - brita produzida","m",46847.45]
[606497,"Bueiro metálico com chapas múltiplas MP 152 galvanizadas - passagem inferior - vão = 6,25 m e altura = 5,50 m - aterro rodoviário mínimo = 0,90 m e máximo = 7,90 m - brita comercial","m",48342.01]
[606478,"Bueiro metálico com chapas múltiplas MP 152 galvanizadas - passagem inferior - vão = 6,25 m e altura = 5,50 m - aterro rodoviário mínimo = 0,90 m e máximo = 7,90 m - brita produzida","m",48118.09]
[605835,"Bueiro metálico sem interrupção de tráfego - D = 1,20 m - chapa com epóxi - escavado em material de 1ª categoria - aterro ferroviário máximo = 12,90 m","m",7159.45]
[605571,"Bueiro metálico sem interrupção de tráfego - D = 1,20 m - chapa com epóxi - escavado em material de 1ª categoria - aterro rodoviário máximo = 9,00 m","m",6339.68]
[605850,"Bueiro metálico sem interrupção de tráfego - D = 1,20 m - chapa com epóxi - escavado em material de 2ª categoria - aterro ferroviário máximo = 12,90 m","m",7644.63]
[605582,"Bueiro metálico sem interrupção de tráfego - D = 1,20 m - chapa com epóxi - escavado em material de 2ª categoria - aterro rodoviário máximo = 9,00 m","m",6824.87]
[605889,"Bueiro metálico sem interrupção de tráfego - D = 1,20 m - chapa com epóxi - escavado em material de 3ª categoria - aterro ferroviário máximo = 12,90 m","m",8593.91]
[605593,"Bueiro metálico sem interrupção de tráfego - D = 1,20 m - chapa com epóxi - escavado em material de 3ª categoria - aterro rodoviário máximo = 9,00 m","m",7774.15]
[605739,"Bueiro metálico sem interrupção de tráfego - D = 1,20 m - chapa galvanizada - escavado em material de 1ª categoria - aterro ferroviário máximo = 12,90 m","m",6906.13]
[605504,"Bueiro metálico sem interrupção de tráfego - D = 1,20 m - chapa galvanizada - escavado em material de 1ª categoria - aterro rodoviário máximo = 9,00 m","m",6037.12]
[605781,"Bueiro metálico sem interrupção de tráfego - D = 1,20 m - chapa galvanizada - escavado em material de 2ª categoria - aterro ferroviário máximo = 12,90 m","m",7391.31]
[605524,"Bueiro metálico sem interrupção de tráfego - D = 1,20 m - chapa galvanizada - escavado em material de 2ª categoria - aterro rodoviário máximo = 9,00 m","m",6522.3]
[605815,"Bueiro metálico sem interrupção de tráfego - D = 1,20 m - chapa galvanizada - escavado em material de 3ª categoria - aterro ferroviário máximo = 12,90 m","m",8340.6]
[605544,"Bueiro metálico sem interrupção de tráfego - D = 1,20 m - chapa galvanizada - escavado em material de 3ª categoria - aterro rodoviário máximo = 9,00 m","m",7471.58]
[605836,"Bueiro metálico sem interrupção de tráfego - D = 1,40 m - chapa com epóxi - escavado em material de 1ª categoria - aterro ferroviário máximo = 11,00 m","m",8115.25]
[605572,"Bueiro metálico sem interrupção de tráfego - D = 1,40 m - chapa com epóxi - escavado em material de 1ª categoria - aterro rodoviário máximo = 7,70 m","m",7229.27]
[605851,"Bueiro metálico sem interrupção de tráfego - D = 1,40 m - chapa com epóxi - escavado em material de 2ª categoria - aterro ferroviário máximo = 11,00 m","m",8748.9599999999991]
[605583,"Bueiro metálico sem interrupção de tráfego - D = 1,40 m - chapa com epóxi - escavado em material de 2ª categoria - aterro rodoviário máximo = 7,70 m","m",7862.98]
[605890,"Bueiro metálico sem interrupção de tráfego - D = 1,40 m - chapa com epóxi - escavado em material de 3ª categoria - aterro ferroviário máximo = 11,00 m","m",9988.84]
[605594,"Bueiro metálico sem interrupção de tráfego - D = 1,40 m - chapa com epóxi - escavado em material de 3ª categoria - aterro rodoviário máximo = 7,70 m","m",9102.86]
[605740,"Bueiro metálico sem interrupção de tráfego - D = 1,40 m - chapa galvanizada - escavado em material de 1ª categoria - aterro ferroviário máximo = 11,00 m","m",7829.72]
[605505,"Bueiro metálico sem interrupção de tráfego - D = 1,40 m - chapa galvanizada - escavado em material de 1ª categoria - aterro rodoviário máximo = 7,70 m","m",6885.73]
[605782,"Bueiro metálico sem interrupção de tráfego - D = 1,40 m - chapa galvanizada - escavado em material de 2ª categoria - aterro ferroviário máximo = 11,00 m","m",8463.43]
[605525,"Bueiro metálico sem interrupção de tráfego - D = 1,40 m - chapa galvanizada - escavado em material de 2ª categoria - aterro rodoviário máximo = 7,70 m","m",7519.44]
[605816,"Bueiro metálico sem interrupção de tráfego - D = 1,40 m - chapa galvanizada - escavado em material de 3ª categoria - aterro ferroviário máximo = 11,00 m","m",9703.31]
[605545,"Bueiro metálico sem interrupção de tráfego - D = 1,40 m - chapa galvanizada - escavado em material de 3ª categoria - aterro rodoviário máximo = 7,70 m","m",8759.32]
[605837,"Bueiro metálico sem interrupção de tráfego - D = 1,60 m - chapa com epóxi - escavado em material de 1ª categoria - aterro ferroviário máximo = 9,60 m","m",9657.06]
[605573,"Bueiro metálico sem interrupção de tráfego - D = 1,60 m - chapa com epóxi - escavado em material de 1ª categoria - aterro rodoviário máximo = 6,70 m","m",8718.44]
[605852,"Bueiro metálico sem interrupção de tráfego - D = 1,60 m - chapa com epóxi - escavado em material de 2ª categoria - aterro ferroviário máximo = 9,60 m","m",10459.1]
[605584,"Bueiro metálico sem interrupção de tráfego - D = 1,60 m - chapa com epóxi - escavado em material de 2ª categoria - aterro rodoviário máximo = 6,70 m","m",9520.4699999999993]
[605891,"Bueiro metálico sem interrupção de tráfego - D = 1,60 m - chapa com epóxi - escavado em material de 3ª categoria - aterro ferroviário máximo = 9,60 m","m",12028.32]
[605595,"Bueiro metálico sem interrupção de tráfego - D = 1,60 m - chapa com epóxi - escavado em material de 3ª categoria - aterro rodoviário máximo = 6,70 m","m",11089.7]
[605741,"Bueiro metálico sem interrupção de tráfego - D = 1,60 m - chapa galvanizada - escavado em material de 1ª categoria - aterro ferroviário máximo = 9,60 m","m",9324.31]
[605506,"Bueiro metálico sem interrupção de tráfego - D = 1,60 m - chapa galvanizada - escavado em material de 1ª categoria - aterro rodoviário máximo = 6,70 m","m",8311.8700000000008]
[605783,"Bueiro metálico sem interrupção de tráfego - D = 1,60 m - chapa galvanizada - escavado em material de 2ª categoria - aterro ferroviário máximo = 9,60 m","m",10126.35]
[605526,"Bueiro metálico sem interrupção de tráfego - D = 1,60 m - chapa galvanizada - escavado em material de 2ª categoria - aterro rodoviário máximo = 6,70 m","m",9113.91]
[605817,"Bueiro metálico sem interrupção de tráfego - D = 1,60 m - chapa galvanizada - escavado em material de 3ª categoria - aterro ferroviário máximo = 9,60 m","m",11695.57]
[605546,"Bueiro metálico sem interrupção de tráfego - D = 1,60 m - chapa galvanizada - escavado em material de 3ª categoria - aterro rodoviário máximo = 6,70 m","m",10683.13]
[605838,"Bueiro metálico sem interrupção de tráfego - D = 1,80 m - chapa com epóxi - escavado em material de 1ª categoria - aterro ferroviário máximo = 8,00 m","m",10997.67]
[605574,"Bueiro metálico sem interrupção de tráfego - D = 1,80 m - chapa com epóxi - escavado em material de 1ª categoria - aterro rodoviário máximo = 6,00 m","m",9928.06]
[605853,"Bueiro metálico sem interrupção de tráfego - D = 1,80 m - chapa com epóxi - escavado em material de 2ª categoria - aterro ferroviário máximo = 8,00 m","m",11987.84]
[605585,"Bueiro metálico sem interrupção de tráfego - D = 1,80 m - chapa com epóxi - escavado em material de 2ª categoria - aterro rodoviário máximo = 6,00 m","m",10918.23]
[605892,"Bueiro metálico sem interrupção de tráfego - D = 1,80 m - chapa com epóxi - escavado em material de 3ª categoria - aterro ferroviário máximo = 8,00 m","m",13925.15]
[605596,"Bueiro metálico sem interrupção de tráfego - D = 1,80 m - chapa com epóxi - escavado em material de 3ª categoria - aterro rodoviário máximo = 6,00 m","m",12855.54]
[605742,"Bueiro metálico sem interrupção de tráfego - D = 1,80 m - chapa galvanizada - escavado em material de 1ª categoria - aterro ferroviário máximo = 8,00 m","m",10617.68]
[605507,"Bueiro metálico sem interrupção de tráfego - D = 1,80 m - chapa galvanizada - escavado em material de 1ª categoria - aterro rodoviário máximo = 6,00 m","m",9464.76]
[605784,"Bueiro metálico sem interrupção de tráfego - D = 1,80 m - chapa galvanizada - escavado em material de 2ª categoria - aterro ferroviário máximo = 8,00 m","m",11607.85]
[605527,"Bueiro metálico sem interrupção de tráfego - D = 1,80 m - chapa galvanizada - escavado em material de 2ª categoria - aterro rodoviário máximo = 6,00 m","m",10454.93]
[605818,"Bueiro metálico sem interrupção de tráfego - D = 1,80 m - chapa galvanizada - escavado em material de 3ª categoria - aterro ferroviário máximo = 8,00 m","m",13545.16]
[605547,"Bueiro metálico sem interrupção de tráfego - D = 1,80 m - chapa galvanizada - escavado em material de 3ª categoria - aterro rodoviário máximo = 6,00 m","m",12392.24]
[605839,"Bueiro metálico sem interrupção de tráfego - D = 2,00 m - chapa com epóxi - escavado em material de 1ª categoria - aterro ferroviário máximo = 6,90 m","m",12384.27]
[605575,"Bueiro metálico sem interrupção de tráfego - D = 2,00 m - chapa com epóxi - escavado em material de 1ª categoria - aterro rodoviário máximo = 5,40 m","m",11208.28]
[605854,"Bueiro metálico sem interrupção de tráfego - D = 2,00 m - chapa com epóxi - escavado em material de 2ª categoria - aterro ferroviário máximo = 6,90 m","m",13582.37]
[605586,"Bueiro metálico sem interrupção de tráfego - D = 2,00 m - chapa com epóxi - escavado em material de 2ª categoria - aterro rodoviário máximo = 5,40 m","m",12406.39]
[605893,"Bueiro metálico sem interrupção de tráfego - D = 2,00 m - chapa com epóxi - escavado em material de 3ª categoria - aterro ferroviário máximo = 6,90 m","m",15926.52]
[605597,"Bueiro metálico sem interrupção de tráfego - D = 2,00 m - chapa com epóxi - escavado em material de 3ª categoria - aterro rodoviário máximo = 5,40 m","m",14750.54]
[605743,"Bueiro metálico sem interrupção de tráfego - D = 2,00 m - chapa galvanizada - escavado em material de 1ª categoria - aterro ferroviário máximo = 6,90 m","m",11965.65]
[605508,"Bueiro metálico sem interrupção de tráfego - D = 2,00 m - chapa galvanizada - escavado em material de 1ª categoria - aterro rodoviário máximo = 5,40 m","m",10697.7]
[605785,"Bueiro metálico sem interrupção de tráfego - D = 2,00 m - chapa galvanizada - escavado em material de 2ª categoria - aterro ferroviário máximo = 6,90 m","m",13163.75]
[605528,"Bueiro metálico sem interrupção de tráfego - D = 2,00 m - chapa galvanizada - escavado em material de 2ª categoria - aterro rodoviário máximo = 5,40 m","m",11895.81]
[605819,"Bueiro metálico sem interrupção de tráfego - D = 2,00 m - chapa galvanizada - escavado em material de 3ª categoria - aterro ferroviário máximo = 6,90 m","m",15507.9]
[605548,"Bueiro metálico sem interrupção de tráfego - D = 2,00 m - chapa galvanizada - escavado em material de 3ª categoria - aterro rodoviário máximo = 5,40 m","m",14239.96]
[605840,"Bueiro metálico sem interrupção de tráfego - D = 2,20 m - chapa com epóxi - escavado em material de 1ª categoria - aterro ferroviário máximo = 7,90 m","m",16057.24]
[605576,"Bueiro metálico sem interrupção de tráfego - D = 2,20 m - chapa com epóxi - escavado em material de 1ª categoria - aterro rodoviário máximo = 4,90 m","m",12649.23]
[605855,"Bueiro metálico sem interrupção de tráfego - D = 2,20 m - chapa com epóxi - escavado em material de 2ª categoria - aterro ferroviário máximo = 7,90 m","m",17483.09]
[605587,"Bueiro metálico sem interrupção de tráfego - D = 2,20 m - chapa com epóxi - escavado em material de 2ª categoria - aterro rodoviário máximo = 4,90 m","m",14075.07]
[605898,"Bueiro metálico sem interrupção de tráfego - D = 2,20 m - chapa com epóxi - escavado em material de 3ª categoria - aterro ferroviário máximo = 7,90 m","m",20272.810000000001]
[605598,"Bueiro metálico sem interrupção de tráfego - D = 2,20 m - chapa com epóxi - escavado em material de 3ª categoria - aterro rodoviário máximo = 4,90 m","m",16864.8]
[605744,"Bueiro metálico sem interrupção de tráfego - D = 2,20 m - chapa galvanizada - escavado em material de 1ª categoria - aterro ferroviário máximo = 7,90 m","m",15175.12]
[605509,"Bueiro metálico sem interrupção de tráfego - D = 2,20 m - chapa galvanizada - escavado em material de 1ª categoria - aterro rodoviário máximo = 4,90 m","m",12085.08]
[605787,"Bueiro metálico sem interrupção de tráfego - D = 2,20 m - chapa galvanizada - escavado em material de 2ª categoria - aterro ferroviário máximo = 7,90 m","m",16600.96]
[605529,"Bueiro metálico sem interrupção de tráfego - D = 2,20 m - chapa galvanizada - escavado em material de 2ª categoria - aterro rodoviário máximo = 4,90 m","m",13510.92]
[605820,"Bueiro metálico sem interrupção de tráfego - D = 2,20 m - chapa galvanizada - escavado em material de 3ª categoria - aterro ferroviário máximo = 7,90 m","m",19390.689999999999]
[605549,"Bueiro metálico sem interrupção de tráfego - D = 2,20 m - chapa galvanizada - escavado em material de 3ª categoria - aterro rodoviário máximo = 4,90 m","m",16300.65]
[605841,"Bueiro metálico sem interrupção de tráfego - D = 2,40 m - chapa com epóxi - escavado em material de 1ª categoria - aterro ferroviário máximo = 7,00 m","m",17563.560000000001]
[605577,"Bueiro metálico sem interrupção de tráfego - D = 2,40 m - chapa com epóxi - escavado em material de 1ª categoria - aterro rodoviário máximo = 4,50 m","m",13838.7]
[605856,"Bueiro metálico sem interrupção de tráfego - D = 2,40 m - chapa com epóxi - escavado em material de 2ª categoria - aterro ferroviário máximo = 7,00 m","m",19236.939999999999]
[605588,"Bueiro metálico sem interrupção de tráfego - D = 2,40 m - chapa com epóxi - escavado em material de 2ª categoria - aterro rodoviário máximo = 4,50 m","m",15512.09]
[605899,"Bueiro metálico sem interrupção de tráfego - D = 2,40 m - chapa com epóxi - escavado em material de 3ª categoria - aterro ferroviário máximo = 7,00 m","m",22511]
[605599,"Bueiro metálico sem interrupção de tráfego - D = 2,40 m - chapa com epóxi - escavado em material de 3ª categoria - aterro rodoviário máximo = 4,50 m","m",18786.150000000001]
[605745,"Bueiro metálico sem interrupção de tráfego - D = 2,40 m - chapa galvanizada - escavado em material de 1ª categoria - aterro ferroviário máximo = 7,00 m","m",16608.740000000002]
[605510,"Bueiro metálico sem interrupção de tráfego - D = 2,40 m - chapa galvanizada - escavado em material de 1ª categoria - aterro rodoviário máximo = 4,50 m","m",13230.42]
[605788,"Bueiro metálico sem interrupção de tráfego - D = 2,40 m - chapa galvanizada - escavado em material de 2ª categoria - aterro ferroviário máximo = 7,00 m","m",18282.13]
[605530,"Bueiro metálico sem interrupção de tráfego - D = 2,40 m - chapa galvanizada - escavado em material de 2ª categoria - aterro rodoviário máximo = 4,50 m","m",14903.81]
[605821,"Bueiro metálico sem interrupção de tráfego - D = 2,40 m - chapa galvanizada - escavado em material de 3ª categoria - aterro ferroviário máximo = 7,00 m","m",21556.18]
[605550,"Bueiro metálico sem interrupção de tráfego - D = 2,40 m - chapa galvanizada - escavado em material de 3ª categoria - aterro rodoviário máximo = 4,50 m","m",18177.87]
[605842,"Bueiro metálico sem interrupção de tráfego - D = 2,60 m - chapa com epóxi - escavado em material de 1ª categoria - aterro ferroviário máximo = 6,40 m","m",19402.95]
[605578,"Bueiro metálico sem interrupção de tráfego - D = 2,60 m - chapa com epóxi - escavado em material de 1ª categoria - aterro rodoviário máximo = 4,10 m","m",15324.92]
[605857,"Bueiro metálico sem interrupção de tráfego - D = 2,60 m - chapa com epóxi - escavado em material de 2ª categoria - aterro ferroviário máximo = 6,40 m","m",21343.68]
[605589,"Bueiro metálico sem interrupção de tráfego - D = 2,60 m - chapa com epóxi - escavado em material de 2ª categoria - aterro rodoviário máximo = 4,10 m","m",17265.650000000001]
[605900,"Bueiro metálico sem interrupção de tráfego - D = 2,60 m - chapa com epóxi - escavado em material de 3ª categoria - aterro ferroviário máximo = 6,40 m","m",25140.82]
[605600,"Bueiro metálico sem interrupção de tráfego - D = 2,60 m - chapa com epóxi - escavado em material de 3ª categoria - aterro rodoviário máximo = 4,10 m","m",21062.78]
[605746,"Bueiro metálico sem interrupção de tráfego - D = 2,60 m - chapa galvanizada - escavado em material de 1ª categoria - aterro ferroviário máximo = 6,40 m","m",18362.23]
[605511,"Bueiro metálico sem interrupção de tráfego - D = 2,60 m - chapa galvanizada - escavado em material de 1ª categoria - aterro rodoviário máximo = 4,10 m","m",14663.06]
[605789,"Bueiro metálico sem interrupção de tráfego - D = 2,60 m - chapa galvanizada - escavado em material de 2ª categoria - aterro ferroviário máximo = 6,40 m","m",20302.96]
[605531,"Bueiro metálico sem interrupção de tráfego - D = 2,60 m - chapa galvanizada - escavado em material de 2ª categoria - aterro rodoviário máximo = 4,10 m","m",16603.79]
[605822,"Bueiro metálico sem interrupção de tráfego - D = 2,60 m - chapa galvanizada - escavado em material de 3ª categoria - aterro ferroviário máximo = 6,40 m","m",24100.09]
[605551,"Bueiro metálico sem interrupção de tráfego - D = 2,60 m - chapa galvanizada - escavado em material de 3ª categoria - aterro rodoviário máximo = 4,10 m","m",20400.919999999998]
[605843,"Bueiro metálico sem interrupção de tráfego - D = 2,80 m - chapa com epóxi - escavado em material de 1ª categoria - aterro ferroviário máximo = 5,50 m","m",20889.47]
[605579,"Bueiro metálico sem interrupção de tráfego - D = 2,80 m - chapa com epóxi - escavado em material de 1ª categoria - aterro rodoviário máximo = 3,80 m","m",16542.189999999999]
[605858,"Bueiro metálico sem interrupção de tráfego - D = 2,80 m - chapa com epóxi - escavado em material de 2ª categoria - aterro ferroviário máximo = 5,50 m","m",23117.35]
[605590,"Bueiro metálico sem interrupção de tráfego - D = 2,80 m - chapa com epóxi - escavado em material de 2ª categoria - aterro rodoviário máximo = 3,80 m","m",18770.07]
[605901,"Bueiro metálico sem interrupção de tráfego - D = 2,80 m - chapa com epóxi - escavado em material de 3ª categoria - aterro ferroviário máximo = 5,50 m","m",27476.3]
[605601,"Bueiro metálico sem interrupção de tráfego - D = 2,80 m - chapa com epóxi - escavado em material de 3ª categoria - aterro rodoviário máximo = 3,80 m","m",23129.02]
[605747,"Bueiro metálico sem interrupção de tráfego - D = 2,80 m - chapa galvanizada - escavado em material de 1ª categoria - aterro ferroviário máximo = 5,50 m","m",19776.07]
[605512,"Bueiro metálico sem interrupção de tráfego - D = 2,80 m - chapa galvanizada - escavado em material de 1ª categoria - aterro rodoviário máximo = 3,80 m","m",15833.06]
[605790,"Bueiro metálico sem interrupção de tráfego - D = 2,80 m - chapa galvanizada - escavado em material de 2ª categoria - aterro ferroviário máximo = 5,50 m","m",22003.95]
[605532,"Bueiro metálico sem interrupção de tráfego - D = 2,80 m - chapa galvanizada - escavado em material de 2ª categoria - aterro rodoviário máximo = 3,80 m","m",18060.939999999999]
[605823,"Bueiro metálico sem interrupção de tráfego - D = 2,80 m - chapa galvanizada - escavado em material de 3ª categoria - aterro ferroviário máximo = 5,50 m","m",26362.9]
[605552,"Bueiro metálico sem interrupção de tráfego - D = 2,80 m - chapa galvanizada - escavado em material de 3ª categoria - aterro rodoviário máximo = 3,80 m","m",22419.89]
[605844,"Bueiro metálico sem interrupção de tráfego - D = 3,00 m - chapa com epóxi - escavado em material de 1ª categoria - aterro ferroviário máximo = 4,70 m","m",22796.06]
[605580,"Bueiro metálico sem interrupção de tráfego - D = 3,00 m - chapa com epóxi - escavado em material de 1ª categoria - aterro rodoviário máximo = 3,60 m","m",18143.98]
[605887,"Bueiro metálico sem interrupção de tráfego - D = 3,00 m - chapa com epóxi - escavado em material de 2ª categoria - aterro ferroviário máximo = 4,70 m","m",25330.89]
[605591,"Bueiro metálico sem interrupção de tráfego - D = 3,00 m - chapa com epóxi - escavado em material de 2ª categoria - aterro rodoviário máximo = 3,60 m","m",20678.82]
[605902,"Bueiro metálico sem interrupção de tráfego - D = 3,00 m - chapa com epóxi - escavado em material de 3ª categoria - aterro ferroviário máximo = 4,70 m","m",30290.41]
[605602,"Bueiro metálico sem interrupção de tráfego - D = 3,00 m - chapa com epóxi - escavado em material de 3ª categoria - aterro rodoviário máximo = 3,60 m","m",25638.34]
[605748,"Bueiro metálico sem interrupção de tráfego - D = 3,00 m - chapa galvanizada - escavado em material de 1ª categoria - aterro ferroviário máximo = 4,70 m","m",21596.76]
[605513,"Bueiro metálico sem interrupção de tráfego - D = 3,00 m - chapa galvanizada - escavado em material de 1ª categoria - aterro rodoviário máximo = 3,60 m","m",17378.12]
[605804,"Bueiro metálico sem interrupção de tráfego - D = 3,00 m - chapa galvanizada - escavado em material de 2ª categoria - aterro ferroviário máximo = 4,70 m","m",24131.59]
[605533,"Bueiro metálico sem interrupção de tráfego - D = 3,00 m - chapa galvanizada - escavado em material de 2ª categoria - aterro rodoviário máximo = 3,60 m","m",19912.96]
[605824,"Bueiro metálico sem interrupção de tráfego - D = 3,00 m - chapa galvanizada - escavado em material de 3ª categoria - aterro ferroviário máximo = 4,70 m","m",29091.11]
[605553,"Bueiro metálico sem interrupção de tráfego - D = 3,00 m - chapa galvanizada - escavado em material de 3ª categoria - aterro rodoviário máximo = 3,60 m","m",24872.48]
[605845,"Bueiro metálico sem interrupção de tráfego - D = 3,20 m - chapa com epóxi - escavado em material de 1ª categoria - aterro ferroviário máximo = 4,00 m","m",24714.22]
[605581,"Bueiro metálico sem interrupção de tráfego - D = 3,20 m - chapa com epóxi - escavado em material de 1ª categoria - aterro rodoviário máximo = 4,80 m","m",21686.35]
[605888,"Bueiro metálico sem interrupção de tráfego - D = 3,20 m - chapa com epóxi - escavado em material de 2ª categoria - aterro ferroviário máximo = 4,00 m","m",27575.81]
[605592,"Bueiro metálico sem interrupção de tráfego - D = 3,20 m - chapa com epóxi - escavado em material de 2ª categoria - aterro rodoviário máximo = 4,80 m","m",24547.94]
[605903,"Bueiro metálico sem interrupção de tráfego - D = 3,20 m - chapa com epóxi - escavado em material de 3ª categoria - aterro ferroviário máximo = 4,00 m","m",33174.639999999999]
[605603,"Bueiro metálico sem interrupção de tráfego - D = 3,20 m - chapa com epóxi - escavado em material de 3ª categoria - aterro rodoviário máximo = 4,80 m","m",30146.77]
[605771,"Bueiro metálico sem interrupção de tráfego - D = 3,20 m - chapa galvanizada - escavado em material de 1ª categoria - aterro ferroviário máximo = 4,00 m","m",23442.23]
[605514,"Bueiro metálico sem interrupção de tráfego - D = 3,20 m - chapa galvanizada - escavado em material de 1ª categoria - aterro rodoviário máximo = 4,80 m","m",21018.7]
[605805,"Bueiro metálico sem interrupção de tráfego - D = 3,20 m - chapa galvanizada - escavado em material de 2ª categoria - aterro ferroviário máximo = 4,00 m","m",26303.82]
[605534,"Bueiro metálico sem interrupção de tráfego - D = 3,20 m - chapa galvanizada - escavado em material de 2ª categoria - aterro rodoviário máximo = 4,80 m","m",23880.29]
[605825,"Bueiro metálico sem interrupção de tráfego - D = 3,20 m - chapa galvanizada - escavado em material de 3ª categoria - aterro ferroviário máximo = 4,00 m","m",31902.65]
[605554,"Bueiro metálico sem interrupção de tráfego - D = 3,20 m - chapa galvanizada - escavado em material de 3ª categoria - aterro rodoviário máximo = 4,80 m","m",29479.119999999999]
[605772,"Bueiro metálico sem interrupção de tráfego - D = 3,40 m - chapa galvanizada - escavado em material de 1ª categoria - aterro ferroviário máximo = 7,00 m","m",27397.81]
[605515,"Bueiro metálico sem interrupção de tráfego - D = 3,40 m - chapa galvanizada - escavado em material de 1ª categoria - aterro rodoviário máximo = 4,50 m","m",22853.99]
[605806,"Bueiro metálico sem interrupção de tráfego - D = 3,40 m - chapa galvanizada - escavado em material de 2ª categoria - aterro ferroviário máximo = 7,00 m","m",30605.96]
[605535,"Bueiro metálico sem interrupção de tráfego - D = 3,40 m - chapa galvanizada - escavado em material de 2ª categoria - aterro rodoviário máximo = 4,50 m","m",26062.14]
[605826,"Bueiro metálico sem interrupção de tráfego - D = 3,40 m - chapa galvanizada - escavado em material de 3ª categoria - aterro ferroviário máximo = 7,00 m","m",36882.85]
[605555,"Bueiro metálico sem interrupção de tráfego - D = 3,40 m - chapa galvanizada - escavado em material de 3ª categoria - aterro rodoviário máximo = 4,50 m","m",32339.03]
[605773,"Bueiro metálico sem interrupção de tráfego - D = 3,60 m - chapa galvanizada - escavado em material de 1ª categoria - aterro ferroviário máximo = 6,60 m","m",29080.94]
[605516,"Bueiro metálico sem interrupção de tráfego - D = 3,60 m - chapa galvanizada - escavado em material de 1ª categoria - aterro rodoviário máximo = 4,30 m","m",24235.21]
[605807,"Bueiro metálico sem interrupção de tráfego - D = 3,60 m - chapa galvanizada - escavado em material de 2ª categoria - aterro ferroviário máximo = 6,60 m","m",32655.45]
[605536,"Bueiro metálico sem interrupção de tráfego - D = 3,60 m - chapa galvanizada - escavado em material de 2ª categoria - aterro rodoviário máximo = 4,30 m","m",27809.72]
[605827,"Bueiro metálico sem interrupção de tráfego - D = 3,60 m - chapa galvanizada - escavado em material de 3ª categoria - aterro ferroviário máximo = 6,60 m","m",39649.15]
[605556,"Bueiro metálico sem interrupção de tráfego - D = 3,60 m - chapa galvanizada - escavado em material de 3ª categoria - aterro rodoviário máximo = 4,30 m","m",34803.410000000003]
[605774,"Bueiro metálico sem interrupção de tráfego - D = 3,80 m - chapa galvanizada - escavado em material de 1ª categoria - aterro ferroviário máximo = 6,20 m","m",31271.97]
[605517,"Bueiro metálico sem interrupção de tráfego - D = 3,80 m - chapa galvanizada - escavado em material de 1ª categoria - aterro rodoviário máximo = 4,00 m","m",26055.03]
[605808,"Bueiro metálico sem interrupção de tráfego - D = 3,80 m - chapa galvanizada - escavado em material de 2ª categoria - aterro ferroviário máximo = 6,20 m","m",35232.65]
[605537,"Bueiro metálico sem interrupção de tráfego - D = 3,80 m - chapa galvanizada - escavado em material de 2ª categoria - aterro rodoviário máximo = 4,00 m","m",30015.7]
[605828,"Bueiro metálico sem interrupção de tráfego - D = 3,80 m - chapa galvanizada - escavado em material de 3ª categoria - aterro ferroviário máximo = 6,20 m","m",42981.9]
[605557,"Bueiro metálico sem interrupção de tráfego - D = 3,80 m - chapa galvanizada - escavado em material de 3ª categoria - aterro rodoviário máximo = 4,00 m","m",37764.949999999997]
[605775,"Bueiro metálico sem interrupção de tráfego - D = 4,00 m - chapa galvanizada - escavado em material de 1ª categoria - aterro ferroviário máximo = 5,10 m","m",32935.17]
[605518,"Bueiro metálico sem interrupção de tráfego - D = 4,00 m - chapa galvanizada - escavado em material de 1ª categoria - aterro rodoviário máximo = 3,10 m","m",27548.87]
[605809,"Bueiro metálico sem interrupção de tráfego - D = 4,00 m - chapa galvanizada - escavado em material de 2ª categoria - aterro ferroviário máximo = 5,10 m","m",37301.82]
[605538,"Bueiro metálico sem interrupção de tráfego - D = 4,00 m - chapa galvanizada - escavado em material de 2ª categoria - aterro rodoviário máximo = 3,10 m","m",31915.51]
[605829,"Bueiro metálico sem interrupção de tráfego - D = 4,00 m - chapa galvanizada - escavado em material de 3ª categoria - aterro ferroviário máximo = 5,10 m","m",45845.36]
[605558,"Bueiro metálico sem interrupção de tráfego - D = 4,00 m - chapa galvanizada - escavado em material de 3ª categoria - aterro rodoviário máximo = 3,10 m","m",40459.06]
[605776,"Bueiro metálico sem interrupção de tráfego - D = 4,20 m - chapa galvanizada - escavado em material de 1ª categoria - aterro ferroviário máximo = 4,80 m","m",35117]
[605519,"Bueiro metálico sem interrupção de tráfego - D = 4,20 m - chapa galvanizada - escavado em material de 1ª categoria - aterro rodoviário máximo = 4,40 m","m",32688.94]
[605810,"Bueiro metálico sem interrupção de tráfego - D = 4,20 m - chapa galvanizada - escavado em material de 2ª categoria - aterro ferroviário máximo = 4,80 m","m",39909.42]
[605539,"Bueiro metálico sem interrupção de tráfego - D = 4,20 m - chapa galvanizada - escavado em material de 2ª categoria - aterro rodoviário máximo = 4,40 m","m",37481.360000000001]
[605830,"Bueiro metálico sem interrupção de tráfego - D = 4,20 m - chapa galvanizada - escavado em material de 3ª categoria - aterro ferroviário máximo = 4,80 m","m",49286.02]
[605559,"Bueiro metálico sem interrupção de tráfego - D = 4,20 m - chapa galvanizada - escavado em material de 3ª categoria - aterro rodoviário máximo = 4,40 m","m",46857.95]
[605777,"Bueiro metálico sem interrupção de tráfego - D = 4,40 m - chapa galvanizada - escavado em material de 1ª categoria - aterro ferroviário máximo = 4,20 m","m",37461.9]
[605520,"Bueiro metálico sem interrupção de tráfego - D = 4,40 m - chapa galvanizada - escavado em material de 1ª categoria - aterro rodoviário máximo = 4,20 m","m",34866.550000000003]
[605811,"Bueiro metálico sem interrupção de tráfego - D = 4,40 m - chapa galvanizada - escavado em material de 2ª categoria - aterro ferroviário máximo = 4,20 m","m",42699.9]
[605540,"Bueiro metálico sem interrupção de tráfego - D = 4,40 m - chapa galvanizada - escavado em material de 2ª categoria - aterro rodoviário máximo = 4,20 m","m",40104.550000000003]
[605831,"Bueiro metálico sem interrupção de tráfego - D = 4,40 m - chapa galvanizada - escavado em material de 3ª categoria - aterro ferroviário máximo = 4,20 m","m",52948.28]
[605560,"Bueiro metálico sem interrupção de tráfego - D = 4,40 m - chapa galvanizada - escavado em material de 3ª categoria - aterro rodoviário máximo = 4,20 m","m",50352.94]
[605778,"Bueiro metálico sem interrupção de tráfego - D = 4,60 m - chapa galvanizada - escavado em material de 1ª categoria - aterro ferroviário máximo = 4,00 m","m",39702.51]
[605521,"Bueiro metálico sem interrupção de tráfego - D = 4,60 m - chapa galvanizada - escavado em material de 1ª categoria - aterro rodoviário máximo = 4,00 m","m",37064.22]
[605812,"Bueiro metálico sem interrupção de tráfego - D = 4,60 m - chapa galvanizada - escavado em material de 2ª categoria - aterro ferroviário máximo = 4,00 m","m",45405.88]
[605541,"Bueiro metálico sem interrupção de tráfego - D = 4,60 m - chapa galvanizada - escavado em material de 2ª categoria - aterro rodoviário máximo = 4,00 m","m",42767.59]
[605832,"Bueiro metálico sem interrupção de tráfego - D = 4,60 m - chapa galvanizada - escavado em material de 3ª categoria - aterro ferroviário máximo = 4,00 m","m",56564.800000000003]
[605561,"Bueiro metálico sem interrupção de tráfego - D = 4,60 m - chapa galvanizada - escavado em material de 3ª categoria - aterro rodoviário máximo = 4,00 m","m",53926.51]
[605779,"Bueiro metálico sem interrupção de tráfego - D = 4,80 m - chapa galvanizada - escavado em material de 1ª categoria - aterro ferroviário máximo = 5,10 m","m",45974.62]
[605522,"Bueiro metálico sem interrupção de tráfego - D = 4,80 m - chapa galvanizada - escavado em material de 1ª categoria - aterro rodoviário máximo = 5,50 m","m",41608.69]
[605813,"Bueiro metálico sem interrupção de tráfego - D = 4,80 m - chapa galvanizada - escavado em material de 2ª categoria - aterro ferroviário máximo = 5,10 m","m",52163.17]
[605542,"Bueiro metálico sem interrupção de tráfego - D = 4,80 m - chapa galvanizada - escavado em material de 2ª categoria - aterro rodoviário máximo = 5,50 m","m",47797.25]
[605833,"Bueiro metálico sem interrupção de tráfego - D = 4,80 m - chapa galvanizada - escavado em material de 3ª categoria - aterro ferroviário máximo = 5,10 m","m",64271.37]
[605562,"Bueiro metálico sem interrupção de tráfego - D = 4,80 m - chapa galvanizada - escavado em material de 3ª categoria - aterro rodoviário máximo = 5,50 m","m",59905.45]
[605780,"Bueiro metálico sem interrupção de tráfego - D = 5,00 m - chapa galvanizada - escavado em material de 1ª categoria - aterro ferroviário máximo = 4,80 m","m",48629.09]
[605523,"Bueiro metálico sem interrupção de tráfego - D = 5,00 m - chapa galvanizada - escavado em material de 1ª categoria - aterro rodoviário máximo = 5,30 m","m",44035.81]
[605814,"Bueiro metálico sem interrupção de tráfego - D = 5,00 m - chapa galvanizada - escavado em material de 2ª categoria - aterro ferroviário máximo = 4,80 m","m",55322.63]
[605543,"Bueiro metálico sem interrupção de tráfego - D = 5,00 m - chapa galvanizada - escavado em material de 2ª categoria - aterro rodoviário máximo = 5,30 m","m",50729.36]
[605834,"Bueiro metálico sem interrupção de tráfego - D = 5,00 m - chapa galvanizada - escavado em material de 3ª categoria - aterro ferroviário máximo = 4,80 m","m",68418.87]
[605563,"Bueiro metálico sem interrupção de tráfego - D = 5,00 m - chapa galvanizada - escavado em material de 3ª categoria - aterro rodoviário máximo = 5,30 m","m",63825.59]
[605606,"Sistema de escoramento telescópico regulável para tunnel liner","m³",14.17]
[705314,"Boca de BDCC 1,50 x 1,50 m - esconsidade 0° - areia e brita comerciais","un",13132.08]
[705312,"Boca de BDCC 1,50 x 1,50 m - esconsidade 0° - areia extraída e brita produzida","un",12027.13]
[705316,"Boca de BDCC 1,50 x 1,50 m - esconsidade 15° - areia e brita comerciais","un",14388.68]
[705315,"Boca de BDCC 1,50 x 1,50 m - esconsidade 15° - areia extraída e brita produzida","un",13197.29]
[705318,"Boca de BDCC 1,50 x 1,50 m - esconsidade 30° - areia e brita comerciais","un",15378.87]
[705317,"Boca de BDCC 1,50 x 1,50 m - esconsidade 30° - areia extraída e brita produzida","un",14036.13]
[705320,"Boca de BDCC 1,50 x 1,50 m - esconsidade 45° - areia e brita comerciais","un",19275.830000000002]
[705319,"Boca de BDCC 1,50 x 1,50 m - esconsidade 45° - areia extraída e brita produzida","un",17632.509999999998]
[705322,"Boca de BDCC 2,00 x 2,00 m - esconsidade 0° - areia e brita comerciais","un",20257.22]
[705321,"Boca de BDCC 2,00 x 2,00 m - esconsidade 0° - areia extraída e brita produzida","un",18400]
[705324,"Boca de BDCC 2,00 x 2,00 m - esconsidade 15° - areia e brita comerciais","un",22230.799999999999]
[705323,"Boca de BDCC 2,00 x 2,00 m - esconsidade 15° - areia extraída e brita produzida","un",20241.75]
[705326,"Boca de BDCC 2,00 x 2,00 m - esconsidade 30° - areia e brita comerciais","un",23899.66]
[705325,"Boca de BDCC 2,00 x 2,00 m - esconsidade 30° - areia extraída e brita produzida","un",21722.29]
[705328,"Boca de BDCC 2,00 x 2,00 m - esconsidade 45° - areia e brita comerciais","un",30314.16]
[705327,"Boca de BDCC 2,00 x 2,00 m - esconsidade 45° - areia extraída e brita produzida","un",27612.89]
[705330,"Boca de BDCC 2,50 x 2,50 m - esconsidade 0° - areia e brita comerciais","un",28279.64]
[705329,"Boca de BDCC 2,50 x 2,50 m - esconsidade 0° - areia extraída e brita produzida","un",25577.59]
[705332,"Boca de BDCC 2,50 x 2,50 m - esconsidade 15° - areia e brita comerciais","un",30578.27]
[705331,"Boca de BDCC 2,50 x 2,50 m - esconsidade 15° - areia extraída e brita produzida","un",27823.66]
[705334,"Boca de BDCC 2,50 x 2,50 m - esconsidade 30° - areia e brita comerciais","un",32446.81]
[705333,"Boca de BDCC 2,50 x 2,50 m - esconsidade 30° - areia extraída e brita produzida","un",29717.65]
[705336,"Boca de BDCC 2,50 x 2,50 m - esconsidade 45° - areia e brita comerciais","un",43731.97]
[705335,"Boca de BDCC 2,50 x 2,50 m - esconsidade 45° - areia extraída e brita produzida","un",39927.83]
[705338,"Boca de BDCC 3,00 x 3,00 m - esconsidade 0° - areia e brita comerciais","un",40745.57]
[705337,"Boca de BDCC 3,00 x 3,00 m - esconsidade 0° - areia extraída e brita produzida","un",36808.58]
[705340,"Boca de BDCC 3,00 x 3,00 m - esconsidade 15° - areia e brita comerciais","un",43910.74]
[705339,"Boca de BDCC 3,00 x 3,00 m - esconsidade 15° - areia extraída e brita produzida","un",39933.93]
[705342,"Boca de BDCC 3,00 x 3,00 m - esconsidade 30° - areia e brita comerciais","un",49807.24]
[705341,"Boca de BDCC 3,00 x 3,00 m - esconsidade 30° - areia extraída e brita produzida","un",45384.18]
[705344,"Boca de BDCC 3,00 x 3,00 m - esconsidade 45° - areia e brita comerciais","un",63071.58]
[705343,"Boca de BDCC 3,00 x 3,00 m - esconsidade 45° - areia extraída e brita produzida","un",57653.279999999999]
[705225,"Boca de BSCC 1,50 x 1,50 m - esconsidade 0° - areia e brita comerciais","un",11272.92]
[705224,"Boca de BSCC 1,50 x 1,50 m - esconsidade 0° - areia extraída e brita produzida","un",10254.27]
[705227,"Boca de BSCC 1,50 x 1,50 m - esconsidade 15° - areia e brita comerciais","un",11645.6]
[705226,"Boca de BSCC 1,50 x 1,50 m - esconsidade 15° - areia extraída e brita produzida","un",10713.26]
[705229,"Boca de BSCC 1,50 x 1,50 m - esconsidade 30° - areia e brita comerciais","un",12548.2]
[705228,"Boca de BSCC 1,50 x 1,50 m - esconsidade 30° - areia extraída e brita produzida","un",11471.96]
[705231,"Boca de BSCC 1,50 x 1,50 m - esconsidade 45° - areia e brita comerciais","un",15616.36]
[705230,"Boca de BSCC 1,50 x 1,50 m - esconsidade 45° - areia extraída e brita produzida","un",14356.31]
[705233,"Boca de BSCC 2,00 x 2,00 m - esconsidade 0° - areia e brita comerciais","un",17494.689999999999]
[705232,"Boca de BSCC 2,00 x 2,00 m - esconsidade 0° - areia extraída e brita produzida","un",15874.28]
[705235,"Boca de BSCC 2,00 x 2,00 m - esconsidade 15° - areia e brita comerciais","un",17937.8]
[705234,"Boca de BSCC 2,00 x 2,00 m - esconsidade 15° - areia extraída e brita produzida","un",16428.150000000001]
[705237,"Boca de BSCC 2,00 x 2,00 m - esconsidade 30° - areia e brita comerciais","un",19435.349999999999]
[705236,"Boca de BSCC 2,00 x 2,00 m - esconsidade 30° - areia extraída e brita produzida","un",17741.09]
[705239,"Boca de BSCC 2,00 x 2,00 m - esconsidade 45° - areia e brita comerciais","un",24792.58]
[705238,"Boca de BSCC 2,00 x 2,00 m - esconsidade 45° - areia extraída e brita produzida","un",22674.29]
[705241,"Boca de BSCC 2,50 x 2,50 m - esconsidade 0° - areia e brita comerciais","un",23616.5]
[705240,"Boca de BSCC 2,50 x 2,50 m - esconsidade 0° - areia extraída e brita produzida","un",21390.42]
[705243,"Boca de BSCC 2,50 x 2,50 m - esconsidade 15° - areia e brita comerciais","un",24982.81]
[705242,"Boca de BSCC 2,50 x 2,50 m - esconsidade 15° - areia extraída e brita produzida","un",22754.66]
[705245,"Boca de BSCC 2,50 x 2,50 m - esconsidade 30° - areia e brita comerciais","un",27690.78]
[705244,"Boca de BSCC 2,50 x 2,50 m - esconsidade 30° - areia extraída e brita produzida","un",25313.56]
[705247,"Boca de BSCC 2,50 x 2,50 m - esconsidade 45° - areia e brita comerciais","un",35013.75]
[705246,"Boca de BSCC 2,50 x 2,50 m - esconsidade 45° - areia extraída e brita produzida","un",32101.17]
[705249,"Boca de BSCC 3,00 x 3,00 m - esconsidade 0° - areia e brita comerciais","un",33460.15]
[705248,"Boca de BSCC 3,00 x 3,00 m - esconsidade 0° - areia extraída e brita produzida","un",30231.82]
[705251,"Boca de BSCC 3,00 x 3,00 m - esconsidade 15° - areia e brita comerciais","un",35351.879999999997]
[705250,"Boca de BSCC 3,00 x 3,00 m - esconsidade 15° - areia extraída e brita produzida","un",32119.64]
[705253,"Boca de BSCC 3,00 x 3,00 m - esconsidade 30° - areia e brita comerciais","un",38685.43]
[705252,"Boca de BSCC 3,00 x 3,00 m - esconsidade 30° - areia extraída e brita produzida","un",35169.919999999998]
[705255,"Boca de BSCC 3,00 x 3,00 m - esconsidade 45° - areia e brita comerciais","un",48861]
[705254,"Boca de BSCC 3,00 x 3,00 m - esconsidade 45° - areia extraída e brita produzida","un",44609.93]
[705403,"Boca de BTCC 1,50 x 1,50 m - esconsidade 0° - areia e brita comerciais","un",16396.66]
[705402,"Boca de BTCC 1,50 x 1,50 m - esconsidade 0° - areia extraída e brita produzida","un",14916.68]
[705405,"Boca de BTCC 1,50 x 1,50 m - esconsidade 15° - areia e brita comerciais","un",17725.05]
[705404,"Boca de BTCC 1,50 x 1,50 m - esconsidade 15° - areia extraída e brita produzida","un",16227.83]
[705407,"Boca de BTCC 1,50 x 1,50 m - esconsidade 30° - areia e brita comerciais","un",18605.75]
[705406,"Boca de BTCC 1,50 x 1,50 m - esconsidade 30° - areia extraída e brita produzida","un",16938.099999999999]
[705409,"Boca de BTCC 1,50 x 1,50 m - esconsidade 45° - areia e brita comerciais","un",23413.19]
[705408,"Boca de BTCC 1,50 x 1,50 m - esconsidade 45° - areia extraída e brita produzida","un",21358.83]
[705411,"Boca de BTCC 2,00 x 2,00 m - esconsidade 0° - areia e brita comerciais","un",24806.73]
[705410,"Boca de BTCC 2,00 x 2,00 m - esconsidade 0° - areia extraída e brita produzida","un",22420.720000000001]
[705413,"Boca de BTCC 2,00 x 2,00 m - esconsidade 15° - areia e brita comerciais","un",26700.7]
[705412,"Boca de BTCC 2,00 x 2,00 m - esconsidade 15° - areia extraída e brita produzida","un",24311.57]
[705415,"Boca de BTCC 2,00 x 2,00 m - esconsidade 30° - areia e brita comerciais","un",29418.83]
[705414,"Boca de BTCC 2,00 x 2,00 m - esconsidade 30° - areia extraída e brita produzida","un",26726.81]
[705417,"Boca de BTCC 2,00 x 2,00 m - esconsidade 45° - areia e brita comerciais","un",37229.15]
[705416,"Boca de BTCC 2,00 x 2,00 m - esconsidade 45° - areia extraída e brita produzida","un",33915.599999999999]
[705419,"Boca de BTCC 2,50 x 2,50 m - esconsidade 0° - areia e brita comerciais","un",35046.33]
[705418,"Boca de BTCC 2,50 x 2,50 m - esconsidade 0° - areia extraída e brita produzida","un",31711.58]
[705421,"Boca de BTCC 2,50 x 2,50 m - esconsidade 15° - areia e brita comerciais","un",37719.5]
[705420,"Boca de BTCC 2,50 x 2,50 m - esconsidade 15° - areia extraída e brita produzida","un",34368.18]
[705423,"Boca de BTCC 2,50 x 2,50 m - esconsidade 30° - areia e brita comerciais","un",42904.35]
[705422,"Boca de BTCC 2,50 x 2,50 m - esconsidade 30° - areia extraída e brita produzida","un",39154.6]
[705425,"Boca de BTCC 2,50 x 2,50 m - esconsidade 45° - areia e brita comerciais","un",54276.47]
[705424,"Boca de BTCC 2,50 x 2,50 m - esconsidade 45° - areia extraída e brita produzida","un",49675.21]
[705427,"Boca de BTCC 3,00 x 3,00 m - esconsidade 0° - areia e brita comerciais","un",49425.55]
[705426,"Boca de BTCC 3,00 x 3,00 m - esconsidade 0° - areia extraída e brita produzida","un",44602.52]
[705429,"Boca de BTCC 3,00 x 3,00 m - esconsidade 15° - areia e brita comerciais","un",51189.94]
[705428,"Boca de BTCC 3,00 x 3,00 m - esconsidade 15° - areia extraída e brita produzida","un",46443.81]
[705431,"Boca de BTCC 3,00 x 3,00 m - esconsidade 30° - areia e brita comerciais","un",61487.63]
[705430,"Boca de BTCC 3,00 x 3,00 m - esconsidade 30° - areia extraída e brita produzida","un",56191.07]
[705433,"Boca de BTCC 3,00 x 3,00 m - esconsidade 45° - areia e brita comerciais","un",77917.11]
[705432,"Boca de BTCC 3,00 x 3,00 m - esconsidade 45° - areia extraída e brita produzida","un",71356.84]
[705257,"Corpo de BDCC 1,50 x 1,50 m - moldado no local - altura do aterro 0,00 a 1,00 m - areia e brita comerciais","m",3941.21]
[705256,"Corpo de BDCC 1,50 x 1,50 m - moldado no local - altura do aterro 0,00 a 1,00 m - areia extraída e brita produzida","m",3640.54]
[705259,"Corpo de BDCC 1,50 x 1,50 m - moldado no local - altura do aterro 1,00 a 2,50 m - areia e brita comerciais","m",3462.11]
[705258,"Corpo de BDCC 1,50 x 1,50 m - moldado no local - altura do aterro 1,00 a 2,50 m - areia extraída e brita produzida","m",3161.45]
[705267,"Corpo de BDCC 1,50 x 1,50 m - moldado no local - altura do aterro 10,00 a 12,50 m - areia e brita comerciais","m",4908.37]
[705266,"Corpo de BDCC 1,50 x 1,50 m - moldado no local - altura do aterro 10,00 a 12,50 m - areia extraída e brita produzida","m",4510.7299999999996]
[705269,"Corpo de BDCC 1,50 x 1,50 m - moldado no local - altura do aterro 12,50 a 15,00 m - areia e brita comerciais","m",5142.53]
[705268,"Corpo de BDCC 1,50 x 1,50 m - moldado no local - altura do aterro 12,50 a 15,00 m - areia extraída e brita produzida","m",4744.8900000000003]
[705261,"Corpo de BDCC 1,50 x 1,50 m - moldado no local - altura do aterro 2,50 a 5,00 m - areia e brita comerciais","m",3684.92]
[705260,"Corpo de BDCC 1,50 x 1,50 m - moldado no local - altura do aterro 2,50 a 5,00 m - areia extraída e brita produzida","m",3384.25]
[705263,"Corpo de BDCC 1,50 x 1,50 m - moldado no local - altura do aterro 5,00 a 7,50 m - areia e brita comerciais","m",4125.29]
[705262,"Corpo de BDCC 1,50 x 1,50 m - moldado no local - altura do aterro 5,00 a 7,50 m - areia extraída e brita produzida","m",3824.62]
[705265,"Corpo de BDCC 1,50 x 1,50 m - moldado no local - altura do aterro 7,50 a 10,00 m - areia e brita comerciais","m",4503.78]
[705264,"Corpo de BDCC 1,50 x 1,50 m - moldado no local - altura do aterro 7,50 a 10,00 m - areia extraída e brita produzida","m",4203.12]
[705271,"Corpo de BDCC 2,00 x 2,00 m - moldado no local - altura do aterro 0,00 a 1,00 m - areia e brita comerciais","m",5656.74]
[705270,"Corpo de BDCC 2,00 x 2,00 m - moldado no local - altura do aterro 0,00 a 1,00 m - areia extraída e brita produzida","m",5267.96]
[705273,"Corpo de BDCC 2,00 x 2,00 m - moldado no local - altura do aterro 1,00 a 2,50 m - areia e brita comerciais","m",5070.2299999999996]
[705272,"Corpo de BDCC 2,00 x 2,00 m - moldado no local - altura do aterro 1,00 a 2,50 m - areia extraída e brita produzida","m",4681.45]
[705281,"Corpo de BDCC 2,00 x 2,00 m - moldado no local - altura do aterro 10,00 a 12,50 m - areia e brita comerciais","m",7677.88]
[705280,"Corpo de BDCC 2,00 x 2,00 m - moldado no local - altura do aterro 10,00 a 12,50 m - areia extraída e brita produzida","m",7051.92]
[705283,"Corpo de BDCC 2,00 x 2,00 m - moldado no local - altura do aterro 12,50 a 15,00 m - areia e brita comerciais","m",7861.4]
[705282,"Corpo de BDCC 2,00 x 2,00 m - moldado no local - altura do aterro 12,50 a 15,00 m - areia extraída e brita produzida","m",7235.44]
[705275,"Corpo de BDCC 2,00 x 2,00 m - moldado no local - altura do aterro 2,50 a 5,00 m - areia e brita comerciais","m",5646.91]
[705274,"Corpo de BDCC 2,00 x 2,00 m - moldado no local - altura do aterro 2,50 a 5,00 m - areia extraída e brita produzida","m",5258.13]
[705277,"Corpo de BDCC 2,00 x 2,00 m - moldado no local - altura do aterro 5,00 a 7,50 m - areia e brita comerciais","m",6322.45]
[705276,"Corpo de BDCC 2,00 x 2,00 m - moldado no local - altura do aterro 5,00 a 7,50 m - areia extraída e brita produzida","m",5814.4]
[705279,"Corpo de BDCC 2,00 x 2,00 m - moldado no local - altura do aterro 7,50 a 10,00 m - areia e brita comerciais","m",7129.76]
[705278,"Corpo de BDCC 2,00 x 2,00 m - moldado no local - altura do aterro 7,50 a 10,00 m - areia extraída e brita produzida","m",6621.71]
[705285,"Corpo de BDCC 2,50 x 2,50 m - moldado no local - altura do aterro 0,00 a 1,00 m - areia e brita comerciais","m",7277.63]
[705284,"Corpo de BDCC 2,50 x 2,50 m - moldado no local - altura do aterro 0,00 a 1,00 m - areia extraída e brita produzida","m",6788.93]
[705287,"Corpo de BDCC 2,50 x 2,50 m - moldado no local - altura do aterro 1,00 a 2,50 m - areia e brita comerciais","m",6697.81]
[705286,"Corpo de BDCC 2,50 x 2,50 m - moldado no local - altura do aterro 1,00 a 2,50 m - areia extraída e brita produzida","m",6209.11]
[705295,"Corpo de BDCC 2,50 x 2,50 m - moldado no local - altura do aterro 10,00 a 12,50 m - areia e brita comerciais","m",10053.18]
[705294,"Corpo de BDCC 2,50 x 2,50 m - moldado no local - altura do aterro 10,00 a 12,50 m - areia extraída e brita produzida","m",9299.77]
[705297,"Corpo de BDCC 2,50 x 2,50 m - moldado no local - altura do aterro 12,50 a 15,00 m - areia e brita comerciais","m",10812.59]
[705296,"Corpo de BDCC 2,50 x 2,50 m - moldado no local - altura do aterro 12,50 a 15,00 m - areia extraída e brita produzida","m",10059.18]
[705289,"Corpo de BDCC 2,50 x 2,50 m - moldado no local - altura do aterro 2,50 a 5,00 m - areia e brita comerciais","m",7529.4]
[705288,"Corpo de BDCC 2,50 x 2,50 m - moldado no local - altura do aterro 2,50 a 5,00 m - areia extraída e brita produzida","m",6910.94]
[705291,"Corpo de BDCC 2,50 x 2,50 m - moldado no local - altura do aterro 5,00 a 7,50 m - areia e brita comerciais","m",8501.16]
[705290,"Corpo de BDCC 2,50 x 2,50 m - moldado no local - altura do aterro 5,00 a 7,50 m - areia extraída e brita produzida","m",7882.71]
[705293,"Corpo de BDCC 2,50 x 2,50 m - moldado no local - altura do aterro 7,50 a 10,00 m - areia e brita comerciais","m",9160.09]
[705292,"Corpo de BDCC 2,50 x 2,50 m - moldado no local - altura do aterro 7,50 a 10,00 m - areia extraída e brita produzida","m",8406.68]
[705299,"Corpo de BDCC 3,00 x 3,00 m - moldado no local - altura do aterro 0,00 a 1,00 m - areia e brita comerciais","m",9374.33]
[705298,"Corpo de BDCC 3,00 x 3,00 m - moldado no local - altura do aterro 0,00 a 1,00 m - areia extraída e brita produzida","m",8645.4699999999993]
[705301,"Corpo de BDCC 3,00 x 3,00 m - moldado no local - altura do aterro 1,00 a 2,50 m - areia e brita comerciais","m",8821.9699999999993]
[705300,"Corpo de BDCC 3,00 x 3,00 m - moldado no local - altura do aterro 1,00 a 2,50 m - areia extraída e brita produzida","m",8093.11]
[705309,"Corpo de BDCC 3,00 x 3,00 m - moldado no local - altura do aterro 10,00 a 12,50 m - areia e brita comerciais","m",13913.2]
[705308,"Corpo de BDCC 3,00 x 3,00 m - moldado no local - altura do aterro 10,00 a 12,50 m - areia extraída e brita produzida","m",12823.91]
[705311,"Corpo de BDCC 3,00 x 3,00 m - moldado no local - altura do aterro 12,50 a 15,00 m - areia e brita comerciais","m",13826.42]
[705310,"Corpo de BDCC 3,00 x 3,00 m - moldado no local - altura do aterro 12,50 a 15,00 m - areia extraída e brita produzida","m",12737.12]
[705303,"Corpo de BDCC 3,00 x 3,00 m - moldado no local - altura do aterro 2,50 a 5,00 m - areia e brita comerciais","m",9475.67]
[705302,"Corpo de BDCC 3,00 x 3,00 m - moldado no local - altura do aterro 2,50 a 5,00 m - areia extraída e brita produzida","m",8588.25]
[705305,"Corpo de BDCC 3,00 x 3,00 m - moldado no local - altura do aterro 5,00 a 7,50 m - areia e brita comerciais","m",11391.1]
[705304,"Corpo de BDCC 3,00 x 3,00 m - moldado no local - altura do aterro 5,00 a 7,50 m - areia extraída e brita produzida","m",10503.68]
[705307,"Corpo de BDCC 3,00 x 3,00 m - moldado no local - altura do aterro 7,50 a 10,00 m - areia e brita comerciais","m",12533.49]
[705306,"Corpo de BDCC 3,00 x 3,00 m - moldado no local - altura do aterro 7,50 a 10,00 m - areia extraída e brita produzida","m",11444.19]
[705169,"Corpo de BSCC 1,50 x 1,50 m - moldado no local - altura do aterro 0,00 a 1,00 m - areia e brita comerciais","m",2366.12]
[705168,"Corpo de BSCC 1,50 x 1,50 m - moldado no local - altura do aterro 0,00 a 1,00 m - areia extraída e brita produzida","m",2197.59]
[705171,"Corpo de BSCC 1,50 x 1,50 m - moldado no local - altura do aterro 1,00 a 2,50 m - areia e brita comerciais","m",2111.5500000000002]
[705170,"Corpo de BSCC 1,50 x 1,50 m - moldado no local - altura do aterro 1,00 a 2,50 m - areia extraída e brita produzida","m",1943.02]
[705179,"Corpo de BSCC 1,50 x 1,50 m - moldado no local - altura do aterro 10,00 a 12,50 m - areia e brita comerciais","m",2947.31]
[705178,"Corpo de BSCC 1,50 x 1,50 m - moldado no local - altura do aterro 10,00 a 12,50 m - areia extraída e brita produzida","m",2725.07]
[705181,"Corpo de BSCC 1,50 x 1,50 m - moldado no local - altura do aterro 12,50 a 15,00 m - areia e brita comerciais","m",3072.26]
[705180,"Corpo de BSCC 1,50 x 1,50 m - moldado no local - altura do aterro 12,50 a 15,00 m - areia extraída e brita produzida","m",2850.02]
[705173,"Corpo de BSCC 1,50 x 1,50 m - moldado no local - altura do aterro 2,50 a 5,00 m - areia e brita comerciais","m",2289.1]
[705172,"Corpo de BSCC 1,50 x 1,50 m - moldado no local - altura do aterro 2,50 a 5,00 m - areia extraída e brita produzida","m",2120.56]
[705175,"Corpo de BSCC 1,50 x 1,50 m - moldado no local - altura do aterro 5,00 a 7,50 m - areia e brita comerciais","m",2533.66]
[705174,"Corpo de BSCC 1,50 x 1,50 m - moldado no local - altura do aterro 5,00 a 7,50 m - areia extraída e brita produzida","m",2365.13]
[705177,"Corpo de BSCC 1,50 x 1,50 m - moldado no local - altura do aterro 7,50 a 10,00 m - areia e brita comerciais","m",2843.71]
[705176,"Corpo de BSCC 1,50 x 1,50 m - moldado no local - altura do aterro 7,50 a 10,00 m - areia extraída e brita produzida","m",2621.47]
[705183,"Corpo de BSCC 2,00 x 2,00 m - moldado no local - altura do aterro 0,00 a 1,00 m - areia e brita comerciais","m",3300.32]
[705182,"Corpo de BSCC 2,00 x 2,00 m - moldado no local - altura do aterro 0,00 a 1,00 m - areia extraída e brita produzida","m",3083.74]
[705185,"Corpo de BSCC 2,00 x 2,00 m - moldado no local - altura do aterro 1,00 a 2,50 m - areia e brita comerciais","m",3005.25]
[705184,"Corpo de BSCC 2,00 x 2,00 m - moldado no local - altura do aterro 1,00 a 2,50 m - areia extraída e brita produzida","m",2788.67]
[705193,"Corpo de BSCC 2,00 x 2,00 m - moldado no local - altura do aterro 10,00 a 12,50 m - areia e brita comerciais","m",4477.7700000000004]
[705192,"Corpo de BSCC 2,00 x 2,00 m - moldado no local - altura do aterro 10,00 a 12,50 m - areia extraída e brita produzida","m",4128.8599999999997]
[705195,"Corpo de BSCC 2,00 x 2,00 m - moldado no local - altura do aterro 12,50 a 15,00 m - areia e brita comerciais","m",4777.29]
[705194,"Corpo de BSCC 2,00 x 2,00 m - moldado no local - altura do aterro 12,50 a 15,00 m - areia extraída e brita produzida","m",4428.38]
[705187,"Corpo de BSCC 2,00 x 2,00 m - moldado no local - altura do aterro 2,50 a 5,00 m - areia e brita comerciais","m",3396.17]
[705186,"Corpo de BSCC 2,00 x 2,00 m - moldado no local - altura do aterro 2,50 a 5,00 m - areia extraída e brita produzida","m",3112.77]
[705189,"Corpo de BSCC 2,00 x 2,00 m - moldado no local - altura do aterro 5,00 a 7,50 m - areia e brita comerciais","m",3785.32]
[705188,"Corpo de BSCC 2,00 x 2,00 m - moldado no local - altura do aterro 5,00 a 7,50 m - areia extraída e brita produzida","m",3501.92]
[705191,"Corpo de BSCC 2,00 x 2,00 m - moldado no local - altura do aterro 7,50 a 10,00 m - areia e brita comerciais","m",4138.2]
[705190,"Corpo de BSCC 2,00 x 2,00 m - moldado no local - altura do aterro 7,50 a 10,00 m - areia extraída e brita produzida","m",3789.29]
[705197,"Corpo de BSCC 2,50 x 2,50 m - moldado no local - altura do aterro 0,00 a 1,00 m - areia e brita comerciais","m",4501.8100000000004]
[705196,"Corpo de BSCC 2,50 x 2,50 m - moldado no local - altura do aterro 0,00 a 1,00 m - areia extraída e brita produzida","m",4156.05]
[705199,"Corpo de BSCC 2,50 x 2,50 m - moldado no local - altura do aterro 1,00 a 2,50 m - areia e brita comerciais","m",4278.6000000000004]
[705198,"Corpo de BSCC 2,50 x 2,50 m - moldado no local - altura do aterro 1,00 a 2,50 m - areia extraída e brita produzida","m",3932.84]
[705207,"Corpo de BSCC 2,50 x 2,50 m - moldado no local - altura do aterro 10,00 a 12,50 m - areia e brita comerciais","m",6321]
[705206,"Corpo de BSCC 2,50 x 2,50 m - moldado no local - altura do aterro 10,00 a 12,50 m - areia extraída e brita produzida","m",5806.19]
[705209,"Corpo de BSCC 2,50 x 2,50 m - moldado no local - altura do aterro 12,50 a 15,00 m - areia e brita comerciais","m",7144.18]
[705208,"Corpo de BSCC 2,50 x 2,50 m - moldado no local - altura do aterro 12,50 a 15,00 m - areia extraída e brita produzida","m",6544.19]
[705201,"Corpo de BSCC 2,50 x 2,50 m - moldado no local - altura do aterro 2,50 a 5,00 m - areia e brita comerciais","m",4865.28]
[705200,"Corpo de BSCC 2,50 x 2,50 m - moldado no local - altura do aterro 2,50 a 5,00 m - areia extraída e brita produzida","m",4519.51]
[705203,"Corpo de BSCC 2,50 x 2,50 m - moldado no local - altura do aterro 5,00 a 7,50 m - areia e brita comerciais","m",5333.72]
[705202,"Corpo de BSCC 2,50 x 2,50 m - moldado no local - altura do aterro 5,00 a 7,50 m - areia extraída e brita produzida","m",4909.33]
[705205,"Corpo de BSCC 2,50 x 2,50 m - moldado no local - altura do aterro 7,50 a 10,00 m - areia e brita comerciais","m",5803.9]
[705204,"Corpo de BSCC 2,50 x 2,50 m - moldado no local - altura do aterro 7,50 a 10,00 m - areia extraída e brita produzida","m",5379.51]
[705211,"Corpo de BSCC 3,00 x 3,00 m - moldado no local - altura do aterro 0,00 a 1,00 m - areia e brita comerciais","m",5756.54]
[705210,"Corpo de BSCC 3,00 x 3,00 m - moldado no local - altura do aterro 0,00 a 1,00 m - areia extraída e brita produzida","m",5257.88]
[705213,"Corpo de BSCC 3,00 x 3,00 m - moldado no local - altura do aterro 1,00 a 2,50 m - areia e brita comerciais","m",5689.38]
[705212,"Corpo de BSCC 3,00 x 3,00 m - moldado no local - altura do aterro 1,00 a 2,50 m - areia extraída e brita produzida","m",5190.7299999999996]
[705221,"Corpo de BSCC 3,00 x 3,00 m - moldado no local - altura do aterro 10,00 a 12,50 m - areia e brita comerciais","m",8654.9]
[705220,"Corpo de BSCC 3,00 x 3,00 m - moldado no local - altura do aterro 10,00 a 12,50 m - areia extraída e brita produzida","m",7954.42]
[705223,"Corpo de BSCC 3,00 x 3,00 m - moldado no local - altura do aterro 12,50 a 15,00 m - areia e brita comerciais","m",9347.11]
[705222,"Corpo de BSCC 3,00 x 3,00 m - moldado no local - altura do aterro 12,50 a 15,00 m - areia extraída e brita produzida","m",8540.48]
[705215,"Corpo de BSCC 3,00 x 3,00 m - moldado no local - altura do aterro 2,50 a 5,00 m - areia e brita comerciais","m",6687.25]
[705214,"Corpo de BSCC 3,00 x 3,00 m - moldado no local - altura do aterro 2,50 a 5,00 m - areia extraída e brita produzida","m",6083.75]
[705217,"Corpo de BSCC 3,00 x 3,00 m - moldado no local - altura do aterro 5,00 a 7,50 m - areia e brita comerciais","m",7381.4]
[705216,"Corpo de BSCC 3,00 x 3,00 m - moldado no local - altura do aterro 5,00 a 7,50 m - areia extraída e brita produzida","m",6777.9]
[705219,"Corpo de BSCC 3,00 x 3,00 m - moldado no local - altura do aterro 7,50 a 10,00 m - areia e brita comerciais","m",8020.58]
[705218,"Corpo de BSCC 3,00 x 3,00 m - moldado no local - altura do aterro 7,50 a 10,00 m - areia extraída e brita produzida","m",7320.1]
[705346,"Corpo de BTCC 1,50 x 1,50 m - moldado no local - altura do aterro 0,00 a 1,00 m - areia e brita comerciais","m",5424.53]
[705345,"Corpo de BTCC 1,50 x 1,50 m - moldado no local - altura do aterro 0,00 a 1,00 m - areia extraída e brita produzida","m",4991.8]
[705348,"Corpo de BTCC 1,50 x 1,50 m - moldado no local - altura do aterro 1,00 a 2,50 m - areia e brita comerciais","m",4908.5200000000004]
[705347,"Corpo de BTCC 1,50 x 1,50 m - moldado no local - altura do aterro 1,00 a 2,50 m - areia extraída e brita produzida","m",4475.79]
[705356,"Corpo de BTCC 1,50 x 1,50 m - moldado no local - altura do aterro 10,00 a 12,50 m - areia e brita comerciais","m",7132.08]
[705355,"Corpo de BTCC 1,50 x 1,50 m - moldado no local - altura do aterro 10,00 a 12,50 m - areia extraída e brita produzida","m",6556.53]
[705358,"Corpo de BTCC 1,50 x 1,50 m - moldado no local - altura do aterro 12,50 a 15,00 m - areia e brita comerciais","m",7236.69]
[705357,"Corpo de BTCC 1,50 x 1,50 m - moldado no local - altura do aterro 12,50 a 15,00 m - areia extraída e brita produzida","m",6661.14]
[705350,"Corpo de BTCC 1,50 x 1,50 m - moldado no local - altura do aterro 2,50 a 5,00 m - areia e brita comerciais","m",5330.27]
[705349,"Corpo de BTCC 1,50 x 1,50 m - moldado no local - altura do aterro 2,50 a 5,00 m - areia extraída e brita produzida","m",4897.54]
[705352,"Corpo de BTCC 1,50 x 1,50 m - moldado no local - altura do aterro 5,00 a 7,50 m - areia e brita comerciais","m",5690.49]
[705351,"Corpo de BTCC 1,50 x 1,50 m - moldado no local - altura do aterro 5,00 a 7,50 m - areia extraída e brita produzida","m",5257.75]
[705354,"Corpo de BTCC 1,50 x 1,50 m - moldado no local - altura do aterro 7,50 a 10,00 m - areia e brita comerciais","m",6235]
[705353,"Corpo de BTCC 1,50 x 1,50 m - moldado no local - altura do aterro 7,50 a 10,00 m - areia extraída e brita produzida","m",5802.27]
[705360,"Corpo de BTCC 2,00 x 2,00 m - moldado no local - altura do aterro 0,00 a 1,00 m - areia e brita comerciais","m",7787.04]
[705359,"Corpo de BTCC 2,00 x 2,00 m - moldado no local - altura do aterro 0,00 a 1,00 m - areia extraída e brita produzida","m",7228.63]
[705362,"Corpo de BTCC 2,00 x 2,00 m - moldado no local - altura do aterro 1,00 a 2,50 m - areia e brita comerciais","m",7121.17]
[705361,"Corpo de BTCC 2,00 x 2,00 m - moldado no local - altura do aterro 1,00 a 2,50 m - areia extraída e brita produzida","m",6562.77]
[705370,"Corpo de BTCC 2,00 x 2,00 m - moldado no local - altura do aterro 10,00 a 12,50 m - areia e brita comerciais","m",10468.51]
[705369,"Corpo de BTCC 2,00 x 2,00 m - moldado no local - altura do aterro 10,00 a 12,50 m - areia extraída e brita produzida","m",9577.26]
[705372,"Corpo de BTCC 2,00 x 2,00 m - moldado no local - altura do aterro 12,50 a 15,00 m - areia e brita comerciais","m",11120.57]
[705371,"Corpo de BTCC 2,00 x 2,00 m - moldado no local - altura do aterro 12,50 a 15,00 m - areia extraída e brita produzida","m",10229.32]
[705364,"Corpo de BTCC 2,00 x 2,00 m - moldado no local - altura do aterro 2,50 a 5,00 m - areia e brita comerciais","m",8011.8]
[705363,"Corpo de BTCC 2,00 x 2,00 m - moldado no local - altura do aterro 2,50 a 5,00 m - areia extraída e brita produzida","m",7453.39]
[705366,"Corpo de BTCC 2,00 x 2,00 m - moldado no local - altura do aterro 5,00 a 7,50 m - areia e brita comerciais","m",8734.9]
[705365,"Corpo de BTCC 2,00 x 2,00 m - moldado no local - altura do aterro 5,00 a 7,50 m - areia extraída e brita produzida","m",8000.89]
[705368,"Corpo de BTCC 2,00 x 2,00 m - moldado no local - altura do aterro 7,50 a 10,00 m - areia e brita comerciais","m",9742.2199999999993]
[705367,"Corpo de BTCC 2,00 x 2,00 m - moldado no local - altura do aterro 7,50 a 10,00 m - areia extraída e brita produzida","m",9008.2099999999991]
[705374,"Corpo de BTCC 2,50 x 2,50 m - moldado no local - altura do aterro 0,00 a 1,00 m - areia e brita comerciais","m",10287.709999999999]
[705373,"Corpo de BTCC 2,50 x 2,50 m - moldado no local - altura do aterro 0,00 a 1,00 m - areia extraída e brita produzida","m",9578.83]
[705376,"Corpo de BTCC 2,50 x 2,50 m - moldado no local - altura do aterro 1,00 a 2,50 m - areia e brita comerciais","m",9276.32]
[705375,"Corpo de BTCC 2,50 x 2,50 m - moldado no local - altura do aterro 1,00 a 2,50 m - areia extraída e brita produzida","m",8567.44]
[705384,"Corpo de BTCC 2,50 x 2,50 m - moldado no local - altura do aterro 10,00 a 12,50 m - areia e brita comerciais","m",13850.77]
[705383,"Corpo de BTCC 2,50 x 2,50 m - moldado no local - altura do aterro 10,00 a 12,50 m - areia extraída e brita produzida","m",12767.08]
[705386,"Corpo de BTCC 2,50 x 2,50 m - moldado no local - altura do aterro 12,50 a 15,00 m - areia e brita comerciais","m",14886.07]
[705385,"Corpo de BTCC 2,50 x 2,50 m - moldado no local - altura do aterro 12,50 a 15,00 m - areia extraída e brita produzida","m",13802.38]
[705378,"Corpo de BTCC 2,50 x 2,50 m - moldado no local - altura do aterro 2,50 a 5,00 m - areia e brita comerciais","m",10490.12]
[705377,"Corpo de BTCC 2,50 x 2,50 m - moldado no local - altura do aterro 2,50 a 5,00 m - areia extraída e brita produzida","m",9596.4599999999991]
[705380,"Corpo de BTCC 2,50 x 2,50 m - moldado no local - altura do aterro 5,00 a 7,50 m - areia e brita comerciais","m",11825.56]
[705379,"Corpo de BTCC 2,50 x 2,50 m - moldado no local - altura do aterro 5,00 a 7,50 m - areia extraída e brita produzida","m",10931.9]
[705382,"Corpo de BTCC 2,50 x 2,50 m - moldado no local - altura do aterro 7,50 a 10,00 m - areia e brita comerciais","m",12992.42]
[705381,"Corpo de BTCC 2,50 x 2,50 m - moldado no local - altura do aterro 7,50 a 10,00 m - areia extraída e brita produzida","m",11908.74]
[705388,"Corpo de BTCC 3,00 x 3,00 m - moldado no local - altura do aterro 0,00 a 1,00 m - areia e brita comerciais","m",12963.76]
[705387,"Corpo de BTCC 3,00 x 3,00 m - moldado no local - altura do aterro 0,00 a 1,00 m - areia extraída e brita produzida","m",11911.64]
[705390,"Corpo de BTCC 3,00 x 3,00 m - moldado no local - altura do aterro 1,00 a 2,50 m - areia e brita comerciais","m",12248.28]
[705389,"Corpo de BTCC 3,00 x 3,00 m - moldado no local - altura do aterro 1,00 a 2,50 m - areia extraída e brita produzida","m",11196.17]
[705399,"Corpo de BTCC 3,00 x 3,00 m - moldado no local - altura do aterro 10,00 a 12,50 m - areia e brita comerciais","m",18560.919999999998]
[705398,"Corpo de BTCC 3,00 x 3,00 m - moldado no local - altura do aterro 10,00 a 12,50 m - areia extraída e brita produzida","m",16984.52]
[705401,"Corpo de BTCC 3,00 x 3,00 m - moldado no local - altura do aterro 12,50 a 15,00 m - areia e brita comerciais","m",19963.009999999998]
[705400,"Corpo de BTCC 3,00 x 3,00 m - moldado no local - altura do aterro 12,50 a 15,00 m - areia extraída e brita produzida","m",18386.61]
[705392,"Corpo de BTCC 3,00 x 3,00 m - moldado no local - altura do aterro 2,50 a 5,00 m - areia e brita comerciais","m",13895.53]
[705391,"Corpo de BTCC 3,00 x 3,00 m - moldado no local - altura do aterro 2,50 a 5,00 m - areia extraída e brita produzida","m",12620.61]
[705395,"Corpo de BTCC 3,00 x 3,00 m - moldado no local - altura do aterro 5,00 a 7,50 m - areia e brita comerciais","m",15755.54]
[705394,"Corpo de BTCC 3,00 x 3,00 m - moldado no local - altura do aterro 5,00 a 7,50 m - areia extraída e brita produzida","m",14480.62]
[705397,"Corpo de BTCC 3,00 x 3,00 m - moldado no local - altura do aterro 7,50 a 10,00 m - areia e brita comerciais","m",17222.38]
[705396,"Corpo de BTCC 3,00 x 3,00 m - moldado no local - altura do aterro 7,50 a 10,00 m - areia extraída e brita produzida","m",15645.98]
[804213,"Boca de BDTC D = 0,80 m - esconsidade 0° - areia e brita comerciais - alas retas","un",1527.59]
[804212,"Boca de BDTC D = 0,80 m - esconsidade 0° - areia extraída e brita produzida - alas retas","un",1270.98]
[804217,"Boca de BDTC D = 0,80 m - esconsidade 10° - areia e brita comerciais - alas retas","un",1536.56]
[804216,"Boca de BDTC D = 0,80 m - esconsidade 10° - areia extraída e brita produzida - alas retas","un",1279.43]
[804219,"Boca de BDTC D = 0,80 m - esconsidade 15° - areia e brita comerciais - alas retas","un",1547.94]
[804218,"Boca de BDTC D = 0,80 m - esconsidade 15° - areia extraída e brita produzida - alas retas","un",1290.29]
[804221,"Boca de BDTC D = 0,80 m - esconsidade 20° - areia e brita comerciais - alas retas","un",1566.24]
[804220,"Boca de BDTC D = 0,80 m - esconsidade 20° - areia extraída e brita produzida - alas retas","un",1307.67]
[804223,"Boca de BDTC D = 0,80 m - esconsidade 25° - areia e brita comerciais - alas retas","un",1590.24]
[804222,"Boca de BDTC D = 0,80 m - esconsidade 25° - areia extraída e brita produzida - alas retas","un",1330.49]
[804225,"Boca de BDTC D = 0,80 m - esconsidade 30° - areia e brita comerciais - alas retas","un",1621.88]
[804224,"Boca de BDTC D = 0,80 m - esconsidade 30° - areia extraída e brita produzida - alas retas","un",1360.82]
[804227,"Boca de BDTC D = 0,80 m - esconsidade 35° - areia e brita comerciais - alas retas","un",1664.8]
[804226,"Boca de BDTC D = 0,80 m - esconsidade 35° - areia extraída e brita produzida - alas retas","un",1402.17]
[804229,"Boca de BDTC D = 0,80 m - esconsidade 40° - areia e brita comerciais - alas retas","un",1720.98]
[804228,"Boca de BDTC D = 0,80 m - esconsidade 40° - areia extraída e brita produzida - alas retas","un",1456.64]
[804231,"Boca de BDTC D = 0,80 m - esconsidade 45° - areia e brita comerciais - alas retas","un",1798.04]
[804230,"Boca de BDTC D = 0,80 m - esconsidade 45° - areia extraída e brita produzida - alas retas","un",1531.74]
[804215,"Boca de BDTC D = 0,80 m - esconsidade 5° - areia e brita comerciais - alas retas","un",1529.63]
[804214,"Boca de BDTC D = 0,80 m - esconsidade 5° - areia extraída e brita produzida - alas retas","un",1272.9000000000001]
[804417,"Boca de BDTC D = 1,00 m - esconsidade 0° - areia e brita comerciais - alas esconsas","un",3950.01]
[804233,"Boca de BDTC D = 1,00 m - esconsidade 0° - areia e brita comerciais - alas retas","un",2267.15]
[804416,"Boca de BDTC D = 1,00 m - esconsidade 0° - areia extraída e brita produzida - alas esconsas","un",3280.51]
[804232,"Boca de BDTC D = 1,00 m - esconsidade 0° - areia extraída e brita produzida - alas retas","un",1868.94]
[804237,"Boca de BDTC D = 1,00 m - esconsidade 10° - areia e brita comerciais - alas retas","un",2280.66]
[804236,"Boca de BDTC D = 1,00 m - esconsidade 10° - areia extraída e brita produzida - alas retas","un",1881.53]
[804419,"Boca de BDTC D = 1,00 m - esconsidade 15° - areia e brita comerciais - alas esconsas","un",4131.7700000000004]
[804239,"Boca de BDTC D = 1,00 m - esconsidade 15° - areia e brita comerciais - alas retas","un",2298.25]
[804418,"Boca de BDTC D = 1,00 m - esconsidade 15° - areia extraída e brita produzida - alas esconsas","un",3430.28]
[804238,"Boca de BDTC D = 1,00 m - esconsidade 15° - areia extraída e brita produzida - alas retas","un",1897.94]
[804241,"Boca de BDTC D = 1,00 m - esconsidade 20° - areia e brita comerciais - alas retas","un",2323.5700000000002]
[804240,"Boca de BDTC D = 1,00 m - esconsidade 20° - areia extraída e brita produzida - alas retas","un",1921.69]
[804243,"Boca de BDTC D = 1,00 m - esconsidade 25° - areia e brita comerciais - alas retas","un",2358.23]
[804242,"Boca de BDTC D = 1,00 m - esconsidade 25° - areia extraída e brita produzida - alas retas","un",1954.38]
[804421,"Boca de BDTC D = 1,00 m - esconsidade 30° - areia e brita comerciais - alas esconsas","un",4610.17]
[804245,"Boca de BDTC D = 1,00 m - esconsidade 30° - areia e brita comerciais - alas retas","un",2405.06]
[804420,"Boca de BDTC D = 1,00 m - esconsidade 30° - areia extraída e brita produzida - alas esconsas","un",3825.15]
[804244,"Boca de BDTC D = 1,00 m - esconsidade 30° - areia extraída e brita produzida - alas retas","un",1998.72]
[804247,"Boca de BDTC D = 1,00 m - esconsidade 35° - areia e brita comerciais - alas retas","un",2466.38]
[804246,"Boca de BDTC D = 1,00 m - esconsidade 35° - areia extraída e brita produzida - alas retas","un",2057.29]
[804249,"Boca de BDTC D = 1,00 m - esconsidade 40° - areia e brita comerciais - alas retas","un",2548.6799999999998]
[804248,"Boca de BDTC D = 1,00 m - esconsidade 40° - areia extraída e brita produzida - alas retas","un",2136.31]
[804423,"Boca de BDTC D = 1,00 m - esconsidade 45° - areia e brita comerciais - alas esconsas","un",5706.8]
[804251,"Boca de BDTC D = 1,00 m - esconsidade 45° - areia e brita comerciais - alas retas","un",2658.63]
[804422,"Boca de BDTC D = 1,00 m - esconsidade 45° - areia extraída e brita produzida - alas esconsas","un",4727.34]
[804250,"Boca de BDTC D = 1,00 m - esconsidade 45° - areia extraída e brita produzida - alas retas","un",2242.85]
[804235,"Boca de BDTC D = 1,00 m - esconsidade 5° - areia e brita comerciais - alas retas","un",2270.44]
[804234,"Boca de BDTC D = 1,00 m - esconsidade 5° - areia extraída e brita produzida - alas retas","un",1871.96]
[804425,"Boca de BDTC D = 1,20 m - esconsidade 0° - areia e brita comerciais - alas esconsas","un",5717.28]
[804253,"Boca de BDTC D = 1,20 m - esconsidade 0° - areia e brita comerciais - alas retas","un",3147.7]
[804424,"Boca de BDTC D = 1,20 m - esconsidade 0° - areia extraída e brita produzida - alas esconsas","un",4682.87]
[804252,"Boca de BDTC D = 1,20 m - esconsidade 0° - areia extraída e brita produzida - alas retas","un",2569.7199999999998]
[804257,"Boca de BDTC D = 1,20 m - esconsidade 10° - areia e brita comerciais - alas retas","un",3167.51]
[804256,"Boca de BDTC D = 1,20 m - esconsidade 10° - areia extraída e brita produzida - alas retas","un",2587.6999999999998]
[804427,"Boca de BDTC D = 1,20 m - esconsidade 15° - areia e brita comerciais - alas esconsas","un",5993.8]
[804259,"Boca de BDTC D = 1,20 m - esconsidade 15° - areia e brita comerciais - alas retas","un",3192.65]
[804426,"Boca de BDTC D = 1,20 m - esconsidade 15° - areia extraída e brita produzida - alas esconsas","un",4906.9399999999996]
[804258,"Boca de BDTC D = 1,20 m - esconsidade 15° - areia extraída e brita produzida - alas retas","un",2610.61]
[804261,"Boca de BDTC D = 1,20 m - esconsidade 20° - areia e brita comerciais - alas retas","un",3229.69]
[804260,"Boca de BDTC D = 1,20 m - esconsidade 20° - areia extraída e brita produzida - alas retas","un",2644.5]
[804263,"Boca de BDTC D = 1,20 m - esconsidade 25° - areia e brita comerciais - alas retas","un",3280.24]
[804262,"Boca de BDTC D = 1,20 m - esconsidade 25° - areia extraída e brita produzida - alas retas","un",2690.99]
[804429,"Boca de BDTC D = 1,20 m - esconsidade 30° - areia e brita comerciais - alas esconsas","un",6689.73]
[804265,"Boca de BDTC D = 1,20 m - esconsidade 30° - areia e brita comerciais - alas retas","un",3347.86]
[804428,"Boca de BDTC D = 1,20 m - esconsidade 30° - areia extraída e brita produzida - alas esconsas","un",5472.28]
[804264,"Boca de BDTC D = 1,20 m - esconsidade 30° - areia extraída e brita produzida - alas retas","un",2753.75]
[804267,"Boca de BDTC D = 1,20 m - esconsidade 35° - areia e brita comerciais - alas retas","un",3434.49]
[804266,"Boca de BDTC D = 1,20 m - esconsidade 35° - areia extraída e brita produzida - alas retas","un",2834.88]
[804269,"Boca de BDTC D = 1,20 m - esconsidade 40° - areia e brita comerciais - alas retas","un",3549.83]
[804268,"Boca de BDTC D = 1,20 m - esconsidade 40° - areia extraída e brita produzida - alas retas","un",2943.79]
[804431,"Boca de BDTC D = 1,20 m - esconsidade 45° - areia e brita comerciais - alas esconsas","un",8293.4699999999993]
[804271,"Boca de BDTC D = 1,20 m - esconsidade 45° - areia e brita comerciais - alas retas","un",3704.2]
[804430,"Boca de BDTC D = 1,20 m - esconsidade 45° - areia extraída e brita produzida - alas esconsas","un",6771.56]
[804270,"Boca de BDTC D = 1,20 m - esconsidade 45° - areia extraída e brita produzida - alas retas","un",3091.08]
[804255,"Boca de BDTC D = 1,20 m - esconsidade 5° - areia e brita comerciais - alas retas","un",3152.67]
[804254,"Boca de BDTC D = 1,20 m - esconsidade 5° - areia extraída e brita produzida - alas retas","un",2574.17]
[804433,"Boca de BDTC D = 1,50 m - esconsidade 0° - areia e brita comerciais - alas esconsas","un",10081.81]
[804273,"Boca de BDTC D = 1,50 m - esconsidade 0° - areia e brita comerciais - alas retas","un",5396.22]
[804432,"Boca de BDTC D = 1,50 m - esconsidade 0° - areia extraída e brita produzida - alas esconsas","un",8096.92]
[804272,"Boca de BDTC D = 1,50 m - esconsidade 0° - areia extraída e brita produzida - alas retas","un",4362.34]
[804277,"Boca de BDTC D = 1,50 m - esconsidade 10° - areia e brita comerciais - alas retas","un",5426.07]
[804276,"Boca de BDTC D = 1,50 m - esconsidade 10° - areia extraída e brita produzida - alas retas","un",4389.04]
[804435,"Boca de BDTC D = 1,50 m - esconsidade 15° - areia e brita comerciais - alas esconsas","un",10580.92]
[804279,"Boca de BDTC D = 1,50 m - esconsidade 15° - areia e brita comerciais - alas retas","un",5463.37]
[804434,"Boca de BDTC D = 1,50 m - esconsidade 15° - areia extraída e brita produzida - alas esconsas","un",8494.5400000000009]
[804278,"Boca de BDTC D = 1,50 m - esconsidade 15° - areia extraída e brita produzida - alas retas","un",4422.41]
[804281,"Boca de BDTC D = 1,50 m - esconsidade 20° - areia e brita comerciais - alas retas","un",5518.35]
[804280,"Boca de BDTC D = 1,50 m - esconsidade 20° - areia extraída e brita produzida - alas retas","un",4472.01]
[804283,"Boca de BDTC D = 1,50 m - esconsidade 25° - areia e brita comerciais - alas retas","un",5593.41]
[804282,"Boca de BDTC D = 1,50 m - esconsidade 25° - areia extraída e brita produzida - alas retas","un",4540.26]
[804437,"Boca de BDTC D = 1,50 m - esconsidade 30° - areia e brita comerciais - alas esconsas","un",11849.14]
[804285,"Boca de BDTC D = 1,50 m - esconsidade 30° - areia e brita comerciais - alas retas","un",5692.2]
[804436,"Boca de BDTC D = 1,50 m - esconsidade 30° - areia extraída e brita produzida - alas esconsas","un",9505.24]
[804284,"Boca de BDTC D = 1,50 m - esconsidade 30° - areia extraída e brita produzida - alas retas","un",4630.6499999999996]
[804287,"Boca de BDTC D = 1,50 m - esconsidade 35° - areia e brita comerciais - alas retas","un",5820.58]
[804286,"Boca de BDTC D = 1,50 m - esconsidade 35° - areia extraída e brita produzida - alas retas","un",4749.46]
[804289,"Boca de BDTC D = 1,50 m - esconsidade 40° - areia e brita comerciais - alas retas","un",5989.04]
[804288,"Boca de BDTC D = 1,50 m - esconsidade 40° - areia extraída e brita produzida - alas retas","un",4906.91]
[804439,"Boca de BDTC D = 1,50 m - esconsidade 45° - areia e brita comerciais - alas esconsas","un",14753.93]
[804291,"Boca de BDTC D = 1,50 m - esconsidade 45° - areia e brita comerciais - alas retas","un",6212.27]
[804438,"Boca de BDTC D = 1,50 m - esconsidade 45° - areia extraída e brita produzida - alas esconsas","un",11813.96]
[804290,"Boca de BDTC D = 1,50 m - esconsidade 45° - areia extraída e brita produzida - alas retas","un",5118.07]
[804275,"Boca de BDTC D = 1,50 m - esconsidade 5° - areia e brita comerciais - alas retas","un",5403.68]
[804274,"Boca de BDTC D = 1,50 m - esconsidade 5° - areia extraída e brita produzida - alas retas","un",4369.0200000000004]
[804061,"Boca de BSTC D = 0,40 m - esconsidade 0° - areia e brita comerciais - alas retas","un",370.74]
[804060,"Boca de BSTC D = 0,40 m - esconsidade 0° - areia extraída e brita produzida - alas retas","un",315.27]
[804065,"Boca de BSTC D = 0,40 m - esconsidade 10° - areia e brita comerciais - alas retas","un",372.34]
[804064,"Boca de BSTC D = 0,40 m - esconsidade 10° - areia extraída e brita produzida - alas retas","un",316.87]
[804067,"Boca de BSTC D = 0,40 m - esconsidade 15° - areia e brita comerciais - alas retas","un",373.94]
[804066,"Boca de BSTC D = 0,40 m - esconsidade 15° - areia extraída e brita produzida - alas retas","un",318.47000000000003]
[804069,"Boca de BSTC D = 0,40 m - esconsidade 20° - areia e brita comerciais - alas retas","un",376.78]
[804068,"Boca de BSTC D = 0,40 m - esconsidade 20° - areia extraída e brita produzida - alas retas","un",321.19]
[804071,"Boca de BSTC D = 0,40 m - esconsidade 25° - areia e brita comerciais - alas retas","un",380.78]
[804070,"Boca de BSTC D = 0,40 m - esconsidade 25° - areia extraída e brita produzida - alas retas","un",325.19]
[804073,"Boca de BSTC D = 0,40 m - esconsidade 30° - areia e brita comerciais - alas retas","un",386.03]
[804072,"Boca de BSTC D = 0,40 m - esconsidade 30° - areia extraída e brita produzida - alas retas","un",330.3]
[804075,"Boca de BSTC D = 0,40 m - esconsidade 35° - areia e brita comerciais - alas retas","un",393.23]
[804074,"Boca de BSTC D = 0,40 m - esconsidade 35° - areia extraída e brita produzida - alas retas","un",337.5]
[804077,"Boca de BSTC D = 0,40 m - esconsidade 40° - areia e brita comerciais - alas retas","un",402.47]
[804076,"Boca de BSTC D = 0,40 m - esconsidade 40° - areia extraída e brita produzida - alas retas","un",346.62]
[804079,"Boca de BSTC D = 0,40 m - esconsidade 45° - areia e brita comerciais - alas retas","un",416.52]
[804078,"Boca de BSTC D = 0,40 m - esconsidade 45° - areia extraída e brita produzida - alas retas","un",360.53]
[804063,"Boca de BSTC D = 0,40 m - esconsidade 5° - areia e brita comerciais - alas retas","un",371.54]
[804062,"Boca de BSTC D = 0,40 m - esconsidade 5° - areia extraída e brita produzida - alas retas","un",316.07]
[804377,"Boca de BSTC D = 0,60 m - esconsidade 0° - areia e brita comerciais - alas esconsas","un",1107.2]
[804081,"Boca de BSTC D = 0,60 m - esconsidade 0° - areia e brita comerciais - alas retas","un",746.78]
[804376,"Boca de BSTC D = 0,60 m - esconsidade 0° - areia extraída e brita produzida - alas esconsas","un",956.02]
[804080,"Boca de BSTC D = 0,60 m - esconsidade 0° - areia extraída e brita produzida - alas retas","un",624.58000000000004]
[804085,"Boca de BSTC D = 0,60 m - esconsidade 10° - areia e brita comerciais - alas retas","un",749.63]
[804084,"Boca de BSTC D = 0,60 m - esconsidade 10° - areia extraída e brita produzida - alas retas","un",627.29]
[804379,"Boca de BSTC D = 0,60 m - esconsidade 15° - areia e brita comerciais - alas esconsas","un",925.56]
[804087,"Boca de BSTC D = 0,60 m - esconsidade 15° - areia e brita comerciais - alas retas","un",752.83]
[804378,"Boca de BSTC D = 0,60 m - esconsidade 15° - areia extraída e brita produzida - alas esconsas","un",765.86]
[804086,"Boca de BSTC D = 0,60 m - esconsidade 15° - areia extraída e brita produzida - alas retas","un",630.49]
[804089,"Boca de BSTC D = 0,60 m - esconsidade 20° - areia e brita comerciais - alas retas","un",758.07]
[804088,"Boca de BSTC D = 0,60 m - esconsidade 20° - areia extraída e brita produzida - alas retas","un",635.61]
[804091,"Boca de BSTC D = 0,60 m - esconsidade 25° - areia e brita comerciais - alas retas","un",764.92]
[804090,"Boca de BSTC D = 0,60 m - esconsidade 25° - areia extraída e brita produzida - alas retas","un",642.32000000000005]
[804381,"Boca de BSTC D = 0,60 m - esconsidade 30° - areia e brita comerciais - alas esconsas","un",1308.6500000000001]
[804093,"Boca de BSTC D = 0,60 m - esconsidade 30° - areia e brita comerciais - alas retas","un",774.61]
[804380,"Boca de BSTC D = 0,60 m - esconsidade 30° - areia extraída e brita produzida - alas esconsas","un",1127.7]
[804092,"Boca de BSTC D = 0,60 m - esconsidade 30° - areia extraída e brita produzida - alas retas","un",651.75]
[804095,"Boca de BSTC D = 0,60 m - esconsidade 35° - areia e brita comerciais - alas retas","un",787.85]
[804094,"Boca de BSTC D = 0,60 m - esconsidade 35° - areia extraída e brita produzida - alas retas","un",664.86]
[804097,"Boca de BSTC D = 0,60 m - esconsidade 40° - areia e brita comerciais - alas retas","un",804.74]
[804096,"Boca de BSTC D = 0,60 m - esconsidade 40° - areia extraída e brita produzida - alas retas","un",681.49]
[804383,"Boca de BSTC D = 0,60 m - esconsidade 45° - areia e brita comerciais - alas esconsas","un",1617.87]
[804099,"Boca de BSTC D = 0,60 m - esconsidade 45° - areia e brita comerciais - alas retas","un",828.83]
[804382,"Boca de BSTC D = 0,60 m - esconsidade 45° - areia extraída e brita produzida - alas esconsas","un",1392.08]
[804098,"Boca de BSTC D = 0,60 m - esconsidade 45° - areia extraída e brita produzida - alas retas","un",705.32]
[804083,"Boca de BSTC D = 0,60 m - esconsidade 5° - areia e brita comerciais - alas retas","un",747.58]
[804082,"Boca de BSTC D = 0,60 m - esconsidade 5° - areia extraída e brita produzida - alas retas","un",625.38]
[804385,"Boca de BSTC D = 0,80 m - esconsidade 0° - areia e brita comerciais - alas esconsas","un",1842.36]
[804101,"Boca de BSTC D = 0,80 m - esconsidade 0° - areia e brita comerciais - alas retas","un",1264.1400000000001]
[804384,"Boca de BSTC D = 0,80 m - esconsidade 0° - areia extraída e brita produzida - alas esconsas","un",1561.76]
[804100,"Boca de BSTC D = 0,80 m - esconsidade 0° - areia extraída e brita produzida - alas retas","un",1051.8599999999999]
[804105,"Boca de BSTC D = 0,80 m - esconsidade 10° - areia e brita comerciais - alas retas","un",1268.5899999999999]
[804104,"Boca de BSTC D = 0,80 m - esconsidade 10° - areia extraída e brita produzida - alas retas","un",1056.17]
[804387,"Boca de BSTC D = 0,80 m - esconsidade 15° - areia e brita comerciais - alas esconsas","un",1941.24]
[804107,"Boca de BSTC D = 0,80 m - esconsidade 15° - areia e brita comerciais - alas retas","un",1274.6300000000001]
[804386,"Boca de BSTC D = 0,80 m - esconsidade 15° - areia extraída e brita produzida - alas esconsas","un",1644.65]
[804106,"Boca de BSTC D = 0,80 m - esconsidade 15° - areia extraída e brita produzida - alas retas","un",1062.0899999999999]
[804109,"Boca de BSTC D = 0,80 m - esconsidade 20° - areia e brita comerciais - alas retas","un",1283.8800000000001]
[804108,"Boca de BSTC D = 0,80 m - esconsidade 20° - areia extraída e brita produzida - alas retas","un",1071.2]
[804111,"Boca de BSTC D = 0,80 m - esconsidade 25° - areia e brita comerciais - alas retas","un",1295.97]
[804110,"Boca de BSTC D = 0,80 m - esconsidade 25° - areia extraída e brita produzida - alas retas","un",1083.03]
[804389,"Boca de BSTC D = 0,80 m - esconsidade 30° - areia e brita comerciais - alas esconsas","un",2168.0500000000002]
[804113,"Boca de BSTC D = 0,80 m - esconsidade 30° - areia e brita comerciais - alas retas","un",1312.5]
[804388,"Boca de BSTC D = 0,80 m - esconsidade 30° - areia extraída e brita produzida - alas esconsas","un",1835.13]
[804112,"Boca de BSTC D = 0,80 m - esconsidade 30° - areia extraída e brita produzida - alas retas","un",1099.17]
[804115,"Boca de BSTC D = 0,80 m - esconsidade 35° - areia e brita comerciais - alas retas","un",1335.43]
[804114,"Boca de BSTC D = 0,80 m - esconsidade 35° - areia extraída e brita produzida - alas retas","un",1121.71]
[804117,"Boca de BSTC D = 0,80 m - esconsidade 40° - areia e brita comerciais - alas retas","un",1365.57]
[804116,"Boca de BSTC D = 0,80 m - esconsidade 40° - areia extraída e brita produzida - alas retas","un",1151.45]
[804391,"Boca de BSTC D = 0,80 m - esconsidade 45° - areia e brita comerciais - alas esconsas","un",2690.97]
[804119,"Boca de BSTC D = 0,80 m - esconsidade 45° - areia e brita comerciais - alas retas","un",1406.91]
[804390,"Boca de BSTC D = 0,80 m - esconsidade 45° - areia extraída e brita produzida - alas esconsas","un",2272.96]
[804118,"Boca de BSTC D = 0,80 m - esconsidade 45° - areia extraída e brita produzida - alas retas","un",1192.4000000000001]
[804103,"Boca de BSTC D = 0,80 m - esconsidade 5° - areia e brita comerciais - alas retas","un",1265.74]
[804102,"Boca de BSTC D = 0,80 m - esconsidade 5° - areia extraída e brita produzida - alas retas","un",1053.46]
[804393,"Boca de BSTC D = 1,00 m - esconsidade 0° - areia e brita comerciais - alas esconsas","un",2835.75]
[804121,"Boca de BSTC D = 1,00 m - esconsidade 0° - areia e brita comerciais - alas retas","un",1888.9]
[804392,"Boca de BSTC D = 1,00 m - esconsidade 0° - areia extraída e brita produzida - alas esconsas","un",2368.0500000000002]
[804120,"Boca de BSTC D = 1,00 m - esconsidade 0° - areia extraída e brita produzida - alas retas","un",1559.26]
[804125,"Boca de BSTC D = 1,00 m - esconsidade 10° - areia e brita comerciais - alas retas","un",1894.94]
[804124,"Boca de BSTC D = 1,00 m - esconsidade 10° - areia extraída e brita produzida - alas retas","un",1565.18]
[804395,"Boca de BSTC D = 1,00 m - esconsidade 15° - areia e brita comerciais - alas esconsas","un",2978.38]
[804127,"Boca de BSTC D = 1,00 m - esconsidade 15° - areia e brita comerciais - alas retas","un",1903.83]
[804394,"Boca de BSTC D = 1,00 m - esconsidade 15° - areia extraída e brita produzida - alas esconsas","un",2485.7600000000002]
[804126,"Boca de BSTC D = 1,00 m - esconsidade 15° - areia extraída e brita produzida - alas retas","un",1573.8]
[804129,"Boca de BSTC D = 1,00 m - esconsidade 20° - areia e brita comerciais - alas retas","un",1916.36]
[804128,"Boca de BSTC D = 1,00 m - esconsidade 20° - areia extraída e brita produzida - alas retas","un",1585.94]
[804131,"Boca de BSTC D = 1,00 m - esconsidade 25° - areia e brita comerciais - alas retas","un",1933.7]
[804130,"Boca de BSTC D = 1,00 m - esconsidade 25° - areia extraída e brita produzida - alas retas","un",1602.88]
[804397,"Boca de BSTC D = 1,00 m - esconsidade 30° - areia e brita comerciais - alas esconsas","un",3319.39]
[804133,"Boca de BSTC D = 1,00 m - esconsidade 30° - areia e brita comerciais - alas retas","un",1957.88]
[804396,"Boca de BSTC D = 1,00 m - esconsidade 30° - areia extraída e brita produzida - alas esconsas","un",2768.03]
[804132,"Boca de BSTC D = 1,00 m - esconsidade 30° - areia extraída e brita produzida - alas retas","un",1626.54]
[804135,"Boca de BSTC D = 1,00 m - esconsidade 35° - areia e brita comerciais - alas retas","un",1989.26]
[804134,"Boca de BSTC D = 1,00 m - esconsidade 35° - areia extraída e brita produzida - alas retas","un",1657.39]
[804137,"Boca de BSTC D = 1,00 m - esconsidade 40° - areia e brita comerciais - alas retas","un",1953.06]
[804136,"Boca de BSTC D = 1,00 m - esconsidade 40° - areia extraída e brita produzida - alas retas","un",1620.54]
[804399,"Boca de BSTC D = 1,00 m - esconsidade 45° - areia e brita comerciais - alas esconsas","un",4130.5200000000004]
[804139,"Boca de BSTC D = 1,00 m - esconsidade 45° - areia e brita comerciais - alas retas","un",2092.56]
[804398,"Boca de BSTC D = 1,00 m - esconsidade 45° - areia extraída e brita produzida - alas esconsas","un",3436.5]
[804138,"Boca de BSTC D = 1,00 m - esconsidade 45° - areia extraída e brita produzida - alas retas","un",1759.25]
[804123,"Boca de BSTC D = 1,00 m - esconsidade 5° - areia e brita comerciais - alas retas","un",1889.7]
[804122,"Boca de BSTC D = 1,00 m - esconsidade 5° - areia extraída e brita produzida - alas retas","un",1560.06]
[804401,"Boca de BSTC D = 1,20 m - esconsidade 0° - areia e brita comerciais - alas esconsas","un",4092.89]
[804141,"Boca de BSTC D = 1,20 m - esconsidade 0° - areia e brita comerciais - alas retas","un",2621.56]
[804400,"Boca de BSTC D = 1,20 m - esconsidade 0° - areia extraída e brita produzida - alas esconsas","un",3370.95]
[804140,"Boca de BSTC D = 1,20 m - esconsidade 0° - areia extraída e brita produzida - alas retas","un",2144.54]
[804145,"Boca de BSTC D = 1,20 m - esconsidade 10° - areia e brita comerciais - alas retas","un",2631.33]
[804144,"Boca de BSTC D = 1,20 m - esconsidade 10° - areia extraída e brita produzida - alas retas","un",2153.8000000000002]
[804403,"Boca de BSTC D = 1,20 m - esconsidade 15° - areia e brita comerciais - alas esconsas","un",4310.05]
[804147,"Boca de BSTC D = 1,20 m - esconsidade 15° - areia e brita comerciais - alas retas","un",2643.51]
[804402,"Boca de BSTC D = 1,20 m - esconsidade 15° - areia extraída e brita produzida - alas esconsas","un",3547.06]
[804146,"Boca de BSTC D = 1,20 m - esconsidade 15° - areia extraída e brita produzida - alas retas","un",2165.4499999999998]
[804149,"Boca de BSTC D = 1,20 m - esconsidade 20° - areia e brita comerciais - alas retas","un",2661.82]
[804148,"Boca de BSTC D = 1,20 m - esconsidade 20° - areia extraída e brita produzida - alas retas","un",2182.84]
[804151,"Boca de BSTC D = 1,20 m - esconsidade 25° - areia e brita comerciais - alas retas","un",2686.97]
[804150,"Boca de BSTC D = 1,20 m - esconsidade 25° - areia extraída e brita produzida - alas retas","un",2206.94]
[804405,"Boca de BSTC D = 1,20 m - esconsidade 30° - areia e brita comerciais - alas esconsas","un",4817.5]
[804153,"Boca de BSTC D = 1,20 m - esconsidade 30° - areia e brita comerciais - alas retas","un",2721.01]
[804404,"Boca de BSTC D = 1,20 m - esconsidade 30° - areia extraída e brita produzida - alas esconsas","un",3960.5]
[804152,"Boca de BSTC D = 1,20 m - esconsidade 30° - areia extraída e brita produzida - alas retas","un",2239.67]
[804155,"Boca de BSTC D = 1,20 m - esconsidade 35° - areia e brita comerciais - alas retas","un",2765.09]
[804154,"Boca de BSTC D = 1,20 m - esconsidade 35° - areia extraída e brita produzida - alas retas","un",2282.31]
[804157,"Boca de BSTC D = 1,20 m - esconsidade 40° - areia e brita comerciais - alas retas","un",2826.07]
[804156,"Boca de BSTC D = 1,20 m - esconsidade 40° - areia extraída e brita produzida - alas retas","un",2341.58]
[804407,"Boca de BSTC D = 1,20 m - esconsidade 45° - areia e brita comerciais - alas esconsas","un",6001.41]
[804159,"Boca de BSTC D = 1,20 m - esconsidade 45° - areia e brita comerciais - alas retas","un",2907.49]
[804406,"Boca de BSTC D = 1,20 m - esconsidade 45° - areia extraída e brita produzida - alas esconsas","un",4920.59]
[804158,"Boca de BSTC D = 1,20 m - esconsidade 45° - areia extraída e brita produzida - alas retas","un",2421.17]
[804143,"Boca de BSTC D = 1,20 m - esconsidade 5° - areia e brita comerciais - alas retas","un",2624.4]
[804142,"Boca de BSTC D = 1,20 m - esconsidade 5° - areia extraída e brita produzida - alas retas","un",2147.2600000000002]
[804409,"Boca de BSTC D = 1,50 m - esconsidade 0° - areia e brita comerciais - alas esconsas","un",7395.28]
[804161,"Boca de BSTC D = 1,50 m - esconsidade 0° - areia e brita comerciais - alas retas","un",4506.91]
[804408,"Boca de BSTC D = 1,50 m - esconsidade 0° - areia extraída e brita produzida - alas esconsas","un",5977.87]
[804160,"Boca de BSTC D = 1,50 m - esconsidade 0° - areia extraída e brita produzida - alas retas","un",3656.33]
[804165,"Boca de BSTC D = 1,50 m - esconsidade 10° - areia e brita comerciais - alas retas","un",4520.32]
[804164,"Boca de BSTC D = 1,50 m - esconsidade 10° - areia extraída e brita produzida - alas retas","un",3669.09]
[804411,"Boca de BSTC D = 1,50 m - esconsidade 15° - areia e brita comerciais - alas esconsas","un",7799.36]
[804167,"Boca de BSTC D = 1,50 m - esconsidade 15° - areia e brita comerciais - alas retas","un",4537.83]
[804410,"Boca de BSTC D = 1,50 m - esconsidade 15° - areia extraída e brita produzida - alas esconsas","un",6300.53]
[804166,"Boca de BSTC D = 1,50 m - esconsidade 15° - areia extraída e brita produzida - alas retas","un",3685.68]
[804169,"Boca de BSTC D = 1,50 m - esconsidade 20° - areia e brita comerciais - alas retas","un",4563.43]
[804168,"Boca de BSTC D = 1,50 m - esconsidade 20° - areia extraída e brita produzida - alas retas","un",3710.1]
[804171,"Boca de BSTC D = 1,50 m - esconsidade 25° - areia e brita comerciais - alas retas","un",4598.3500000000004]
[804170,"Boca de BSTC D = 1,50 m - esconsidade 25° - areia extraída e brita produzida - alas retas","un",3743.45]
[804413,"Boca de BSTC D = 1,50 m - esconsidade 30° - areia e brita comerciais - alas esconsas","un",8740.3700000000008]
[804173,"Boca de BSTC D = 1,50 m - esconsidade 30° - areia e brita comerciais - alas retas","un",4645.37]
[804412,"Boca de BSTC D = 1,50 m - esconsidade 30° - areia extraída e brita produzida - alas esconsas","un",7053.12]
[804172,"Boca de BSTC D = 1,50 m - esconsidade 30° - areia extraída e brita produzida - alas retas","un",3788.63]
[804175,"Boca de BSTC D = 1,50 m - esconsidade 35° - areia e brita comerciais - alas retas","un",4708.47]
[804174,"Boca de BSTC D = 1,50 m - esconsidade 35° - areia extraída e brita produzida - alas retas","un",3849.64]
[804177,"Boca de BSTC D = 1,50 m - esconsidade 40° - areia e brita comerciais - alas retas","un",4792.91]
[804176,"Boca de BSTC D = 1,50 m - esconsidade 40° - areia extraída e brita produzida - alas retas","un",3931.59]
[804415,"Boca de BSTC D = 1,50 m - esconsidade 45° - areia e brita comerciais - alas esconsas","un",10955.07]
[804179,"Boca de BSTC D = 1,50 m - esconsidade 45° - areia e brita comerciais - alas retas","un",4908.6499999999996]
[804414,"Boca de BSTC D = 1,50 m - esconsidade 45° - areia extraída e brita produzida - alas esconsas","un",8817.42]
[804178,"Boca de BSTC D = 1,50 m - esconsidade 45° - areia extraída e brita produzida - alas retas","un",4044.57]
[804163,"Boca de BSTC D = 1,50 m - esconsidade 5° - areia e brita comerciais - alas retas","un",4510.55]
[804162,"Boca de BSTC D = 1,50 m - esconsidade 5° - areia extraída e brita produzida - alas retas","un",3659.84]
[804441,"Boca de BTTC D = 1,00 m - esconsidade 0° - areia e brita comerciais - alas esconsas","un",5064.26]
[804317,"Boca de BTTC D = 1,00 m - esconsidade 0° - areia e brita comerciais - alas retas","un",2756.65]
[804440,"Boca de BTTC D = 1,00 m - esconsidade 0° - areia extraída e brita produzida - alas esconsas","un",4192.97]
[804316,"Boca de BTTC D = 1,00 m - esconsidade 0° - areia extraída e brita produzida - alas retas","un",2256.96]
[804321,"Boca de BTTC D = 1,00 m - esconsidade 10° - areia e brita comerciais - alas retas","un",2776.38]
[804320,"Boca de BTTC D = 1,00 m - esconsidade 10° - areia extraída e brita produzida - alas retas","un",2275.11]
[804443,"Boca de BTTC D = 1,00 m - esconsidade 15° - areia e brita comerciais - alas esconsas","un",5284.72]
[804323,"Boca de BTTC D = 1,00 m - esconsidade 15° - areia e brita comerciais - alas retas","un",2802.67]
[804442,"Boca de BTTC D = 1,00 m - esconsidade 15° - areia extraída e brita produzida - alas esconsas","un",4374.49]
[804322,"Boca de BTTC D = 1,00 m - esconsidade 15° - areia extraída e brita produzida - alas retas","un",2299.3000000000002]
[804325,"Boca de BTTC D = 1,00 m - esconsidade 20° - areia e brita comerciais - alas retas","un",2840.79]
[804324,"Boca de BTTC D = 1,00 m - esconsidade 20° - areia extraída e brita produzida - alas retas","un",2334.67]
[804327,"Boca de BTTC D = 1,00 m - esconsidade 25° - areia e brita comerciais - alas retas","un",2893.21]
[804326,"Boca de BTTC D = 1,00 m - esconsidade 25° - areia extraída e brita produzida - alas retas","un",2383.42]
[804445,"Boca de BTTC D = 1,00 m - esconsidade 30° - areia e brita comerciais - alas esconsas","un",5897.22]
[804329,"Boca de BTTC D = 1,00 m - esconsidade 30° - areia e brita comerciais - alas retas","un",2963.05]
[804444,"Boca de BTTC D = 1,00 m - esconsidade 30° - areia extraída e brita produzida - alas esconsas","un",4878.9399999999996]
[804328,"Boca de BTTC D = 1,00 m - esconsidade 30° - areia extraída e brita produzida - alas retas","un",2448.9299999999998]
[804331,"Boca de BTTC D = 1,00 m - esconsidade 35° - areia e brita comerciais - alas retas","un",3053.51]
[804330,"Boca de BTTC D = 1,00 m - esconsidade 35° - areia extraída e brita produzida - alas retas","un",2534.41]
[804333,"Boca de BTTC D = 1,00 m - esconsidade 40° - areia e brita comerciais - alas retas","un",3174.64]
[804332,"Boca de BTTC D = 1,00 m - esconsidade 40° - areia extraída e brita produzida - alas retas","un",2649.77]
[804447,"Boca de BTTC D = 1,00 m - esconsidade 45° - areia e brita comerciais - alas esconsas","un",7294.55]
[804335,"Boca de BTTC D = 1,00 m - esconsidade 45° - areia e brita comerciais - alas retas","un",3335.15]
[804446,"Boca de BTTC D = 1,00 m - esconsidade 45° - areia extraída e brita produzida - alas esconsas","un",6028.85]
[804334,"Boca de BTTC D = 1,00 m - esconsidade 45° - areia extraída e brita produzida - alas retas","un",2803.98]
[804319,"Boca de BTTC D = 1,00 m - esconsidade 5° - areia e brita comerciais - alas retas","un",2761.19]
[804318,"Boca de BTTC D = 1,00 m - esconsidade 5° - areia extraída e brita produzida - alas retas","un",2261.09]
[804449,"Boca de BTTC D = 1,20 m - esconsidade 0° - areia e brita comerciais - alas esconsas","un",7340.86]
[804337,"Boca de BTTC D = 1,20 m - esconsidade 0° - areia e brita comerciais - alas retas","un",3769.62]
[804448,"Boca de BTTC D = 1,20 m - esconsidade 0° - areia extraída e brita produzida - alas esconsas","un",5993.99]
[804336,"Boca de BTTC D = 1,20 m - esconsidade 0° - areia extraída e brita produzida - alas retas","un",3048.86]
[804341,"Boca de BTTC D = 1,20 m - esconsidade 10° - areia e brita comerciais - alas retas","un",3799.47]
[804340,"Boca de BTTC D = 1,20 m - esconsidade 10° - areia extraída e brita produzida - alas retas","un",3075.55]
[804451,"Boca de BTTC D = 1,20 m - esconsidade 15° - areia e brita comerciais - alas esconsas","un",7677.55]
[804343,"Boca de BTTC D = 1,20 m - esconsidade 15° - areia e brita comerciais - alas retas","un",3837.57]
[804450,"Boca de BTTC D = 1,20 m - esconsidade 15° - areia extraída e brita produzida - alas esconsas","un",6266.83]
[804342,"Boca de BTTC D = 1,20 m - esconsidade 15° - areia extraída e brita produzida - alas retas","un",3109.72]
[804345,"Boca de BTTC D = 1,20 m - esconsidade 20° - areia e brita comerciais - alas retas","un",3893.35]
[804344,"Boca de BTTC D = 1,20 m - esconsidade 20° - areia extraída e brita produzida - alas retas","un",3160.13]
[804347,"Boca de BTTC D = 1,20 m - esconsidade 25° - areia e brita comerciais - alas retas","un",3969.66]
[804346,"Boca de BTTC D = 1,20 m - esconsidade 25° - areia extraída e brita produzida - alas retas","un",3229.48]
[804453,"Boca de BTTC D = 1,20 m - esconsidade 30° - areia e brita comerciais - alas esconsas","un",8558.57]
[804349,"Boca de BTTC D = 1,20 m - esconsidade 30° - areia e brita comerciais - alas retas","un",4070.04]
[804452,"Boca de BTTC D = 1,20 m - esconsidade 30° - areia extraída e brita produzida - alas esconsas","un",6980.02]
[804348,"Boca de BTTC D = 1,20 m - esconsidade 30° - areia extraída e brita produzida - alas retas","un",3321.48]
[804351,"Boca de BTTC D = 1,20 m - esconsidade 35° - areia e brita comerciais - alas retas","un",4199.67]
[804350,"Boca de BTTC D = 1,20 m - esconsidade 35° - areia extraída e brita produzida - alas retas","un",3441.4]
[804353,"Boca de BTTC D = 1,20 m - esconsidade 40° - areia e brita comerciais - alas retas","un",4370.53]
[804352,"Boca de BTTC D = 1,20 m - esconsidade 40° - areia extraída e brita produzida - alas retas","un",3601.25]
[804455,"Boca de BTTC D = 1,20 m - esconsidade 45° - areia e brita comerciais - alas esconsas","un",10593.25]
[804355,"Boca de BTTC D = 1,20 m - esconsidade 45° - areia e brita comerciais - alas retas","un",4596.24]
[804454,"Boca de BTTC D = 1,20 m - esconsidade 45° - areia extraída e brita produzida - alas esconsas","un",8628.68]
[804354,"Boca de BTTC D = 1,20 m - esconsidade 45° - areia extraída e brita produzida - alas retas","un",3814.64]
[804339,"Boca de BTTC D = 1,20 m - esconsidade 5° - areia e brita comerciais - alas retas","un",3777.08]
[804338,"Boca de BTTC D = 1,20 m - esconsidade 5° - areia extraída e brita produzida - alas retas","un",3055.53]
[804457,"Boca de BTTC D = 1,50 m - esconsidade 0° - areia e brita comerciais - alas esconsas","un",12816.91]
[804357,"Boca de BTTC D = 1,50 m - esconsidade 0° - areia e brita comerciais - alas retas","un",6349.76]
[804456,"Boca de BTTC D = 1,50 m - esconsidade 0° - areia extraída e brita produzida - alas esconsas","un",10257.98]
[804356,"Boca de BTTC D = 1,50 m - esconsidade 0° - areia extraída e brita produzida - alas retas","un",5073.57]
[804361,"Boca de BTTC D = 1,50 m - esconsidade 10° - areia e brita comerciais - alas retas","un",6395.59]
[804360,"Boca de BTTC D = 1,50 m - esconsidade 10° - areia extraída e brita produzida - alas retas","un",5113.8900000000003]
[804459,"Boca de BTTC D = 1,50 m - esconsidade 15° - areia e brita comerciais - alas esconsas","un",13413.17]
[804363,"Boca de BTTC D = 1,50 m - esconsidade 15° - areia e brita comerciais - alas retas","un",6454.29]
[804458,"Boca de BTTC D = 1,50 m - esconsidade 15° - areia extraída e brita produzida - alas esconsas","un",10732.29]
[804362,"Boca de BTTC D = 1,50 m - esconsidade 15° - areia extraída e brita produzida - alas retas","un",5165.6400000000003]
[804365,"Boca de BTTC D = 1,50 m - esconsidade 20° - areia e brita comerciais - alas retas","un",6539.1]
[804364,"Boca de BTTC D = 1,50 m - esconsidade 20° - areia extraída e brita produzida - alas retas","un",5240.75]
[804367,"Boca de BTTC D = 1,50 m - esconsidade 25° - areia e brita comerciais - alas retas","un",6654.38]
[804366,"Boca de BTTC D = 1,50 m - esconsidade 25° - areia extraída e brita produzida - alas retas","un",5343.71]
[804461,"Boca de BTTC D = 1,50 m - esconsidade 30° - areia e brita comerciais - alas esconsas","un",14996.45]
[804369,"Boca de BTTC D = 1,50 m - esconsidade 30° - areia e brita comerciais - alas retas","un",6804.94]
[804460,"Boca de BTTC D = 1,50 m - esconsidade 30° - areia extraída e brita produzida - alas esconsas","un",11991.84]
[804371,"Boca de BTTC D = 1,50 m - esconsidade 35° - areia e brita comerciais - alas retas","un",6999.48]
[804370,"Boca de BTTC D = 1,50 m - esconsidade 35° - areia extraída e brita produzida - alas retas","un",5656.55]
[804373,"Boca de BTTC D = 1,50 m - esconsidade 40° - areia e brita comerciais - alas retas","un",7251.17]
[804372,"Boca de BTTC D = 1,50 m - esconsidade 40° - areia extraída e brita produzida - alas retas","un",5888.7]
[804463,"Boca de BTTC D = 1,50 m - esconsidade 45° - areia e brita comerciais - alas esconsas","un",18622.84]
[804375,"Boca de BTTC D = 1,50 m - esconsidade 45° - areia e brita comerciais - alas retas","un",7583.21]
[804462,"Boca de BTTC D = 1,50 m - esconsidade 45° - areia extraída e brita produzida - alas esconsas","un",14870.71]
[804374,"Boca de BTTC D = 1,50 m - esconsidade 45° - areia extraída e brita produzida - alas retas","un",6198.98]
[804359,"Boca de BTTC D = 1,50 m - esconsidade 5° - areia e brita comerciais - alas retas","un",6361.4]
[804358,"Boca de BTTC D = 1,50 m - esconsidade 5° - areia extraída e brita produzida - alas retas","un",5083.8999999999996]
[804368,"Boca de BTTC D = 1,50 m esconsidade 30° - areia extraída e brita produzida - alas retas","un",5479.31]
[804465,"Confecção de tubos de concreto armado D = 0,60 m PA1 - areia e brita comerciais","m",123.71]
[804464,"Confecção de tubos de concreto armado D = 0,60 m PA1 - areia extraída e brita produzida","m",106.02]
[804475,"Confecção de tubos de concreto armado D = 0,60 m PA2 - areia e brita comerciais","m",136.5]
[804474,"Confecção de tubos de concreto armado D = 0,60 m PA2 - areia extraída e brita produzida","m",118.82]
[804485,"Confecção de tubos de concreto armado D = 0,60 m PA3 - areia e brita comerciais","m",200.41]
[804484,"Confecção de tubos de concreto armado D = 0,60 m PA3 - areia extraída e brita produzida","m",182.82]
[804495,"Confecção de tubos de concreto armado D = 0,60 m PA4 - areia e brita comerciais","m",249.96]
[804494,"Confecção de tubos de concreto armado D = 0,60 m PA4 - areia extraída e brita produzida","m",229.11]
[804467,"Confecção de tubos de concreto armado D = 0,80 m PA1 - areia e brita comerciais","m",188.3]
[804466,"Confecção de tubos de concreto armado D = 0,80 m PA1 - areia extraída e brita produzida","m",160.13]
[804477,"Confecção de tubos de concreto armado D = 0,80 m PA2 - areia e brita comerciais","m",239.44]
[804476,"Confecção de tubos de concreto armado D = 0,80 m PA2 - areia extraída e brita produzida","m",211.33]
[804487,"Confecção de tubos de concreto armado D = 0,80 m PA3 - areia e brita comerciais","m",340.65]
[804486,"Confecção de tubos de concreto armado D = 0,80 m PA3 - areia extraída e brita produzida","m",309.19]
[804497,"Confecção de tubos de concreto armado D = 0,80 m PA4 - areia e brita comerciais","m",401.58]
[804496,"Confecção de tubos de concreto armado D = 0,80 m PA4 - areia extraída e brita produzida","m",363.49]
[804469,"Confecção de tubos de concreto armado D = 1,00 m PA1 - areia e brita comerciais","m",331.27]
[804468,"Confecção de tubos de concreto armado D = 1,00 m PA1 - areia extraída e brita produzida","m",292.64]
[804479,"Confecção de tubos de concreto armado D = 1,00 m PA2 - areia e brita comerciais","m",382.4]
[804478,"Confecção de tubos de concreto armado D = 1,00 m PA2 - areia extraída e brita produzida","m",343.84]
[804489,"Confecção de tubos de concreto armado D = 1,00 m PA3 - areia e brita comerciais","m",482.62]
[804488,"Confecção de tubos de concreto armado D = 1,00 m PA3 - areia extraída e brita produzida","m",433.4]
[804499,"Confecção de tubos de concreto armado D = 1,00 m PA4 - areia e brita comerciais","m",613.01]
[804498,"Confecção de tubos de concreto armado D = 1,00 m PA4 - areia extraída e brita produzida","m",555.61]
[804471,"Confecção de tubos de concreto armado D = 1,20 m PA1 - areia e brita comerciais","m",449.6]
[804470,"Confecção de tubos de concreto armado D = 1,20 m PA1 - areia extraída e brita produzida","m",393.36]
[804481,"Confecção de tubos de concreto armado D = 1,20 m PA2 - areia e brita comerciais","m",564.65]
[804480,"Confecção de tubos de concreto armado D = 1,20 m PA2 - areia extraída e brita produzida","m",508.56]
[804491,"Confecção de tubos de concreto armado D = 1,20 m PA3 - areia e brita comerciais","m",743.86]
[804490,"Confecção de tubos de concreto armado D = 1,20 m PA3 - areia extraída e brita produzida","m",668.94]
[804501,"Confecção de tubos de concreto armado D = 1,20 m PA4 - areia e brita comerciais","m",893.26]
[804500,"Confecção de tubos de concreto armado D = 1,20 m PA4 - areia extraída e brita produzida","m",808.33]
[804473,"Confecção de tubos de concreto armado D = 1,50 m PA1 - areia e brita comerciais","m",726.88]
[804472,"Confecção de tubos de concreto armado D = 1,50 m PA1 - areia extraída e brita produzida","m",639.03]
[804483,"Confecção de tubos de concreto armado D = 1,50 m PA2 - areia e brita comerciais","m",905.85]
[804482,"Confecção de tubos de concreto armado D = 1,50 m PA2 - areia extraída e brita produzida","m",818.23]
[804493,"Confecção de tubos de concreto armado D = 1,50 m PA3 - areia e brita comerciais","m",1194.31]
[804492,"Confecção de tubos de concreto armado D = 1,50 m PA3 - areia extraída e brita produzida","m",1078.33]
[804503,"Confecção de tubos de concreto armado D = 1,50 m PA4 - areia e brita comerciais","m",1425.8]
[804502,"Confecção de tubos de concreto armado D = 1,50 m PA4 - areia extraída e brita produzida","m",1305.9100000000001]
[804180,"Corpo de BDTC D = 0,80 m PA1 - areia extraída e brita e pedra de mão produzidas","m",1080.03]
[804181,"Corpo de BDTC D = 0,80 m PA1 - areia, brita e pedra de mão comerciais","m",1159.52]
[804182,"Corpo de BDTC D = 0,80 m PA2 - areia extraída e brita e pedra de mão produzidas","m",1137.8900000000001]
[804183,"Corpo de BDTC D = 0,80 m PA2 - areia, brita e pedra de mão comerciais","m",1217.3800000000001]
[804184,"Corpo de BDTC D = 0,80 m PA3 - areia extraída e brita e pedra de mão produzidas","m",1363.49]
[804185,"Corpo de BDTC D = 0,80 m PA3 - areia, brita e pedra de mão comerciais","m",1442.98]
[804186,"Corpo de BDTC D = 0,80 m PA4 - areia extraída e brita e pedra de mão produzidas","m",1655.09]
[804187,"Corpo de BDTC D = 0,80 m PA4 - areia, brita e pedra de mão comerciais","m",1734.58]
[804188,"Corpo de BDTC D = 1,00 m PA1 - areia extraída e brita e pedra de mão produzidas","m",1387.66]
[804189,"Corpo de BDTC D = 1,00 m PA1 - areia, brita e pedra de mão comerciais","m",1493.99]
[804190,"Corpo de BDTC D = 1,00 m PA2 - areia extraída e brita e pedra de mão produzidas","m",1490.46]
[804191,"Corpo de BDTC D = 1,00 m PA2 - areia, brita e pedra de mão comerciais","m",1596.79]
[804192,"Corpo de BDTC D = 1,00 m PA3 - areia extraída e brita e pedra de mão produzidas","m",1539.79]
[804193,"Corpo de BDTC D = 1,00 m PA3 - areia, brita e pedra de mão comerciais","m",1646.12]
[804194,"Corpo de BDTC D = 1,00 m PA4 - areia extraída e brita e pedra de mão produzidas","m",1554]
[804195,"Corpo de BDTC D = 1,00 m PA4 - areia, brita e pedra de mão comerciais","m",1660.33]
[804196,"Corpo de BDTC D = 1,20 m PA1 - areia extraída e brita e pedra de mão produzidas","m",1754.76]
[804197,"Corpo de BDTC D = 1,20 m PA1 - areia, brita e pedra de mão comerciais","m",1890.33]
[804198,"Corpo de BDTC D = 1,20 m PA2 - areia extraída e brita e pedra de mão produzidas","m",1870.74]
[804199,"Corpo de BDTC D = 1,20 m PA2 - areia, brita e pedra de mão comerciais","m",2006.31]
[804200,"Corpo de BDTC D = 1,20 m PA3 - areia extraída e brita e pedra de mão produzidas","m",2121.38]
[804201,"Corpo de BDTC D = 1,20 m PA3 - areia, brita e pedra de mão comerciais","m",2256.94]
[804202,"Corpo de BDTC D = 1,20 m PA4 - areia extraída e brita e pedra de mão produzidas","m",2285.7199999999998]
[804203,"Corpo de BDTC D = 1,20 m PA4 - areia, brita e pedra de mão comerciais","m",2421.29]
[804204,"Corpo de BDTC D = 1,50 m PA1 - areia extraída e brita e pedra de mão produzidas","m",2828.96]
[804205,"Corpo de BDTC D = 1,50 m PA1 - areia, brita e pedra de mão comerciais","m",3004.06]
[804206,"Corpo de BDTC D = 1,50 m PA2 - areia extraída e brita e pedra de mão produzidas","m",2941.89]
[804207,"Corpo de BDTC D = 1,50 m PA2 - areia, brita e pedra de mão comerciais","m",3116.98]
[804208,"Corpo de BDTC D = 1,50 m PA3 - areia extraída e brita e pedra de mão produzidas","m",3077.61]
[804209,"Corpo de BDTC D = 1,50 m PA3 - areia, brita e pedra de mão comerciais","m",3252.71]
[804210,"Corpo de BDTC D = 1,50 m PA4 - areia extraída e brita e pedra de mão produzidas","m",3217.99]
[804211,"Corpo de BDTC D = 1,50 m PA4 - areia, brita e pedra de mão comerciais","m",3393.09]
[804012,"Corpo de BSTC D = 0,40 m PA1 - areia extraída e brita e pedra de mão produzidas","m",207.02]
[804013,"Corpo de BSTC D = 0,40 m PA1 - areia, brita e pedra de mão comerciais","m",226.37]
[804014,"Corpo de BSTC D = 0,40 m PA2 - areia extraída e brita e pedra de mão produzidas","m",234.07]
[804015,"Corpo de BSTC D = 0,40 m PA2 - areia, brita e pedra de mão comerciais","m",253.41]
[804016,"Corpo de BSTC D = 0,40 m PA3 - areia extraída e brita e pedra de mão produzidas","m",235.32]
[804017,"Corpo de BSTC D = 0,40 m PA3 - areia, brita e pedra de mão comerciais","m",254.67]
[804018,"Corpo de BSTC D = 0,40 m PA4 - areia extraída e brita e pedra de mão produzidas","m",280.43]
[804019,"Corpo de BSTC D = 0,40 m PA4 - areia, brita e pedra de mão comerciais","m",299.77999999999997]
[804020,"Corpo de BSTC D = 0,60 m PA1 - areia extraída e brita e pedra de mão produzidas","m",348.68]
[804021,"Corpo de BSTC D = 0,60 m PA1 - areia, brita e pedra de mão comerciais","m",377.75]
[804022,"Corpo de BSTC D = 0,60 m PA2 - areia extraída e brita e pedra de mão produzidas","m",386.68]
[804023,"Corpo de BSTC D = 0,60 m PA2 - areia, brita e pedra de mão comerciais","m",415.75]
[804024,"Corpo de BSTC D = 0,60 m PA3 - areia extraída e brita e pedra de mão produzidas","m",406.57]
[804025,"Corpo de BSTC D = 0,60 m PA3 - areia, brita e pedra de mão comerciais","m",435.64]
[804026,"Corpo de BSTC D = 0,60 m PA4 - areia extraída e brita e pedra de mão produzidas","m",435.78]
[804027,"Corpo de BSTC D = 0,60 m PA4 - areia, brita e pedra de mão comerciais","m",464.85]
[804028,"Corpo de BSTC D = 0,80 m PA1 - areia extraída e brita e pedra de mão produzidas","m",568.02]
[804029,"Corpo de BSTC D = 0,80 m PA1 - areia, brita e pedra de mão comerciais","m",607.77]
[804030,"Corpo de BSTC D = 0,80 m PA2 - areia extraída e brita e pedra de mão produzidas","m",596.95000000000005]
[804031,"Corpo de BSTC D = 0,80 m PA2 - areia, brita e pedra de mão comerciais","m",636.70000000000005]
[804032,"Corpo de BSTC D = 0,80 m PA3 - areia extraída e brita e pedra de mão produzidas","m",709.75]
[804033,"Corpo de BSTC D = 0,80 m PA3 - areia, brita e pedra de mão comerciais","m",749.5]
[804034,"Corpo de BSTC D = 0,80 m PA4 - areia extraída e brita e pedra de mão produzidas","m",855.55]
[804035,"Corpo de BSTC D = 0,80 m PA4 - areia, brita e pedra de mão comerciais","m",895.3]
[804036,"Corpo de BSTC D = 1,00 m PA1 - areia extraída e brita e pedra de mão produzidas","m",723.31]
[804037,"Corpo de BSTC D = 1,00 m PA1 - areia, brita e pedra de mão comerciais","m",775.21]
[804038,"Corpo de BSTC D = 1,00 m PA2 - areia extraída e brita e pedra de mão produzidas","m",774.71]
[804039,"Corpo de BSTC D = 1,00 m PA2 - areia, brita e pedra de mão comerciais","m",826.61]
[804040,"Corpo de BSTC D = 1,00 m PA3 - areia extraída e brita e pedra de mão produzidas","m",799.38]
[804041,"Corpo de BSTC D = 1,00 m PA3 - areia, brita e pedra de mão comerciais","m",851.28]
[804042,"Corpo de BSTC D = 1,00 m PA4 - areia extraída e brita e pedra de mão produzidas","m",806.48]
[804043,"Corpo de BSTC D = 1,00 m PA4 - areia, brita e pedra de mão comerciais","m",858.38]
[804044,"Corpo de BSTC D = 1,20 m PA1 - areia extraída e brita e pedra de mão produzidas","m",907.57]
[804045,"Corpo de BSTC D = 1,20 m PA1 - areia, brita e pedra de mão comerciais","m",972.44]
[804046,"Corpo de BSTC D = 1,20 m PA2 - areia extraída e brita e pedra de mão produzidas","m",965.57]
[804047,"Corpo de BSTC D = 1,20 m PA2 - areia, brita e pedra de mão comerciais","m",1030.44]
[804048,"Corpo de BSTC D = 1,20 m PA3 - areia extraída e brita e pedra de mão produzidas","m",1090.8800000000001]
[804049,"Corpo de BSTC D = 1,20 m PA3 - areia, brita e pedra de mão comerciais","m",1155.75]
[804050,"Corpo de BSTC D = 1,20 m PA4 - areia extraída e brita e pedra de mão produzidas","m",1173.06]
[804051,"Corpo de BSTC D = 1,20 m PA4 - areia, brita e pedra de mão comerciais","m",1237.93]
[804052,"Corpo de BSTC D = 1,50 m PA1 - areia extraída e brita e pedra de mão produzidas","m",1448.17]
[804053,"Corpo de BSTC D = 1,50 m PA1 - areia, brita e pedra de mão comerciais","m",1532.55]
[804054,"Corpo de BSTC D = 1,50 m PA2 - areia extraída e brita e pedra de mão produzidas","m",1504.63]
[804055,"Corpo de BSTC D = 1,50 m PA2 - areia, brita e pedra de mão comerciais","m",1589.01]
[804056,"Corpo de BSTC D = 1,50 m PA3 - areia extraída e brita e pedra de mão produzidas","m",1572.5]
[804057,"Corpo de BSTC D = 1,50 m PA3 - areia, brita e pedra de mão comerciais","m",1656.88]
[804058,"Corpo de BSTC D = 1,50 m PA4 - areia extraída e brita e pedra de mão produzidas","m",1642.68]
[804059,"Corpo de BSTC D = 1,50 m PA4 - areia, brita e pedra de mão comerciais","m",1727.07]
[804292,"Corpo de BTTC D = 1,00 m PA1 - areia extraída e brita e pedra de mão produzidas","m",2052.02]
[804293,"Corpo de BTTC D = 1,00 m PA1 - areia, brita e pedra de mão comerciais","m",2212.7800000000002]
[804294,"Corpo de BTTC D = 1,00 m PA2 - areia extraída e brita e pedra de mão produzidas","m",2206.2199999999998]
[804295,"Corpo de BTTC D = 1,00 m PA2 - areia, brita e pedra de mão comerciais","m",2366.98]
[804296,"Corpo de BTTC D = 1,00 m PA3 - areia extraída e brita e pedra de mão produzidas","m",2280.21]
[804297,"Corpo de BTTC D = 1,00 m PA3 - areia, brita e pedra de mão comerciais","m",2440.9699999999998]
[804298,"Corpo de BTTC D = 1,00 m PA4 - areia extraída e brita e pedra de mão produzidas","m",2301.5300000000002]
[804299,"Corpo de BTTC D = 1,00 m PA4 - areia, brita e pedra de mão comerciais","m",2462.29]
[804300,"Corpo de BTTC D = 1,20 m PA1 - areia extraída e brita e pedra de mão produzidas","m",2601.69]
[804301,"Corpo de BTTC D = 1,20 m PA1 - areia, brita e pedra de mão comerciais","m",2807.83]
[804302,"Corpo de BTTC D = 1,20 m PA2 - areia extraída e brita e pedra de mão produzidas","m",2775.67]
[804303,"Corpo de BTTC D = 1,20 m PA2 - areia, brita e pedra de mão comerciais","m",2981.8]
[804304,"Corpo de BTTC D = 1,20 m PA3 - areia extraída e brita e pedra de mão produzidas","m",3151.62]
[804305,"Corpo de BTTC D = 1,20 m PA3 - areia, brita e pedra de mão comerciais","m",3357.76]
[804306,"Corpo de BTTC D = 1,20 m PA4 - areia extraída e brita e pedra de mão produzidas","m",3398.14]
[804307,"Corpo de BTTC D = 1,20 m PA4 - areia, brita e pedra de mão comerciais","m",3604.27]
[804308,"Corpo de BTTC D = 1,50 m PA1 - areia extraída e brita e pedra de mão produzidas","m",4210.01]
[804309,"Corpo de BTTC D = 1,50 m PA1 - areia, brita e pedra de mão comerciais","m",4475.95]
[804310,"Corpo de BTTC D = 1,50 m PA2 - areia extraída e brita e pedra de mão produzidas","m",4379.3900000000003]
[804311,"Corpo de BTTC D = 1,50 m PA2 - areia, brita e pedra de mão comerciais","m",4645.33]
[804312,"Corpo de BTTC D = 1,50 m PA3 - areia extraída e brita e pedra de mão produzidas","m",4582.99]
[804313,"Corpo de BTTC D = 1,50 m PA3 - areia, brita e pedra de mão comerciais","m",4848.93]
[804314,"Corpo de BTTC D = 1,50 m PA4 - areia extraída e brita e pedra de mão produzidas","m",4793.55]
[804315,"Corpo de BTTC D = 1,50 m PA4 - areia, brita e pedra de mão comerciais","m",5059.49]
[805446,"Dentes para bueiros duplos D = 0,80 m - areia extraída e brita e pedra de mão produzidas","un",38.81]
[805447,"Dentes para bueiros duplos D = 0,80 m - areia, brita e pedra de mão comerciais","un",50.97]
[805448,"Dentes para bueiros duplos D = 1,00 m - areia extraída e brita e pedra de mão produzidas","un",46.52]
[805449,"Dentes para bueiros duplos D = 1,00 m - areia, brita e pedra de mão comerciais","un",61.09]
[805450,"Dentes para bueiros duplos D = 1,20 m - areia extraída e brita e pedra de mão produzidas","un",53.98]
[805451,"Dentes para bueiros duplos D = 1,20 m - areia, brita e pedra de mão comerciais","un",70.83]
[805452,"Dentes para bueiros duplos D = 1,50 m - areia extraída e brita e pedra de mão produzidas","un",63.21]
[805453,"Dentes para bueiros duplos D = 1,50 m - areia, brita e pedra de mão comerciais","un",83.22]
[805434,"Dentes para bueiros simples D = 0,40 m - areia extraída e brita e pedra de mão produzidas","un",13.15]
[805435,"Dentes para bueiros simples D = 0,40 m - areia, brita e pedra de mão comerciais","un",16.82]
[805436,"Dentes para bueiros simples D = 0,60 m - areia extraída e brita e pedra de mão produzidas","un",15.42]
[805437,"Dentes para bueiros simples D = 0,60 m - areia, brita e pedra de mão comerciais","un",20.239999999999998]
[805438,"Dentes para bueiros simples D = 0,80 m - areia extraída e brita e pedra de mão produzidas","un",20.86]
[805439,"Dentes para bueiros simples D = 0,80 m - areia, brita e pedra de mão comerciais","un",26.94]
[805440,"Dentes para bueiros simples D = 1,00 m - areia extraída e brita e pedra de mão produzidas","un",23.39]
[805441,"Dentes para bueiros simples D = 1,00 m - areia, brita e pedra de mão comerciais","un",30.73]
[805442,"Dentes para bueiros simples D = 1,20 m - areia extraída e brita e pedra de mão produzidas","un",28.32]
[805443,"Dentes para bueiros simples D = 1,20 m - areia, brita e pedra de mão comerciais","un",36.68]
[805444,"Dentes para bueiros simples D = 1,50 m - areia extraída e brita e pedra de mão produzidas","un",31.6]
[805445,"Dentes para bueiros simples D = 1,50 m - areia, brita e pedra de mão comerciais","un",41.61]
[805454,"Dentes para bueiros triplos D = 1,00 m - areia extraída e brita e pedra de mão produzidas","un",69.91]
[805455,"Dentes para bueiros triplos D = 1,00 m - areia, brita e pedra de mão comerciais","un",91.82]
[805456,"Dentes para bueiros triplos D = 1,20 m - areia extraída e brita e pedra de mão produzidas","un",79.39]
[805457,"Dentes para bueiros triplos D = 1,20 m - areia, brita e pedra de mão comerciais","un",104.6]
[805458,"Dentes para bueiros triplos D = 1,50 m - areia extraída e brita e pedra de mão produzidas","un",95.06]
[805459,"Dentes para bueiros triplos D = 1,50 m - areia, brita e pedra de mão comerciais","un",125.22]
[909620,"Alvenaria de blocos de concreto 19 x 19 x 39 cm com espessura de 20 cm com argamassa traço 1:0,5:3,5 - areia comercial","m²",125.78]
[909621,"Alvenaria de blocos de concreto 19 x 19 x 39 cm com espessura de 20 cm com argamassa traço 1:0,5:3,5 - areia extraída","m²",124.3]
[903802,"Bacia de contenção para tanque de emulsão de 30.000 l - inclusive demolição","un",14434.84]
[919113,"Canaleta perfil cartola 50 x 70 x 3 mm - aba 20 mm","m",146.16]
[903788,"Chapisco com argamassa de cimento e areia 1:3 - aplicação manual","m²",4.17]
[919247,"Cobertura em chapas zincadas com espessura de 0,43 mm - utilização 2 vezes","m²",36.47]
[919016,"Depósito de óleo para oficina - inclusive demolição","un",7506.98]
[919078,"Dique de contenção para usina de asfalto a quente - inclusive demolição","un",34655.449999999997]
[903789,"Emboço com argamassa de cimento, cal hidratada e areia 1:2:8 com espessura de 2 cm - aplicação manual","m²",31.36]
[919250,"Fornecimento e instalação de extintor de espuma 10 l","un",635.45000000000005]
[903807,"Instalação da central de britagem com capacidade de 80 m³/h","un",102569.84]
[903806,"Instalação da central de concreto com capacidade de 150 m³/h","un",173355.07]
[903804,"Instalação da central de concreto com capacidade de 30 m³/h","un",64173.66]
[903805,"Instalação da central de concreto com capacidade de 40 m³/h","un",74722]
[903810,"Instalação da usina de asfalto a quente capacidade de 120 t/h","un",184369.92000000001]
[903809,"Instalação da usina de pré-misturado a frio com capacidade de 60 t/h","un",119177.8]
[903808,"Instalação da usina misturadora de solos com capacidade de 300 t/h","un",108555.77]
[903845,"Lastro de brita comercial - espalhamento mecânico","m³",133.35]
[919009,"Montagem e desmontagem da central de britagem com capacidade de 80 m³/h - inclusive construção de aterro, construção e demolição de rampa e bases","un",62713.64]
[919007,"Montagem e desmontagem da central de concreto com capacidade de 150 m³/h - inclusive construção e demolição de bases, rampas e depósitos de agregados","un",116757.99]
[919011,"Montagem e desmontagem da central de concreto com capacidade de 30 m³/h - inclusive construção e demolição de bases, rampas e depósitos de agregados","un",33455.449999999997]
[919246,"Montagem e desmontagem da central de concreto com capacidade de 40 m³/h - inclusive construção e demolição de bases, rampas e depósitos de agregados","un",45730.94]
[919013,"Montagem e desmontagem da usina de asfalto a quente com capacidade de 120 t/h - inclusive construção e demolição de bases, rampas, depósitos de agregados e dique de contenção","un",127148.06]
[919008,"Montagem e desmontagem da usina de pré-misturado a frio com capacidade de 60 t/h - inclusive construção e demolição de bases, rampas, depósitos de agregados e bacia de contenção","un",91895.679999999993]
[919012,"Montagem e desmontagem da usina misturadora de solos com capacidade de 300 t/h - inclusive construção e demolição de bases, rampas e depósitos de agregados","un",60314.27]
[903848,"Muro em alvenaria de blocos de concreto com espessura de 0,20 m h = 1,0 m","m",168.65]
[919002,"Posto de combustível - com reaproveitamento de 2 vezes do tanque/bomba/cobertura - inclusive demolição","un",37972.14]
[919210,"Rampa de lavagem - inclusive demolição","un",22358.99]
[909612,"Rampa para acesso do misturador de agregados para centrais de 30 m³ e 40 m³ - inclusive demolição","un",12818.2]
[909613,"Rampa para acesso do misturador de agregados para central de 150 m³ - inclusive demolição","un",21069.42]
[909614,"Rampa para acesso do misturador de agregados para central de britagem - inclusive demolição","un",45998.53]
[909616,"Rampa para acesso do misturador de agregados para PMF - inclusive demolição","un",36564.46]
[909617,"Rampa para acesso do misturador de agregados para usina de asfalto a quente - inclusive demolição","un",21684.13]
[909615,"Rampa para acesso do misturador de agregados para usina de solos - inclusive demolição","un",16658.12]
[903860,"Selador acrílico - camada de fundo com aplicação manual","m²",2.87]
[919101,"Sistema separador água e óleo, inclusive demolição","un",1849.66]
[903818,"Tinta látex - duas camadas com aplicação manual","m²",15.15]
[1100657,"Adensamento de concreto por vibrador de imersão","m³",3.34]
[1108055,"Argamassa autoadensável para reparos e grauteamento - confecção em misturador e lançamento manual","m³",3504]
[1109665,"Argamassa de cimento e areia 1:1 - confecção em betoneira e lançamento manual - areia comercial","m³",757.07]
[1109664,"Argamassa de cimento e areia 1:1 - confecção em betoneira e lançamento manual - areia extraída","m³",699.21]
[1109667,"Argamassa de cimento e areia 1:2 - confecção em betoneira e lançamento manual - areia comercial","m³",580.75]
[1109666,"Argamassa de cimento e areia 1:2 - confecção em betoneira e lançamento manual - areia extraída","m³",480.47]
[1109669,"Argamassa de cimento e areia 1:3 - confecção em betoneira e lançamento manual - areia comercial","m³",493.72]
[1109668,"Argamassa de cimento e areia 1:3 - confecção em betoneira e lançamento manual - areia extraída","m³",373.43]
[1108060,"Argamassa de cimento e areia 1:3 com 8% de microssílica - confecção em betoneira e lançamento manual - areia comercial","m³",622.04]
[1109626,"Argamassa de cimento e areia 1:3 com 8% de microssílica - confecção em betoneira e lançamento manual - areia extraída","m³",470.52]
[1109671,"Argamassa de cimento e areia 1:4 - confecção em betoneira e lançamento manual - areia comercial","m³",450.49]
[1109670,"Argamassa de cimento e areia 1:4 - confecção em betoneira e lançamento manual - areia extraída","m³",318.54000000000002]
[1109672,"Argamassa de cimento e areia com aditivo aglutinante 1:8 - confecção em betoneira e lançamento manual - areia comercial","m³",366.19]
[1109624,"Argamassa de cimento e areia com aditivo aglutinante 1:8 - confecção em betoneira e lançamento manual - areia extraída","m³",214.15]
[1109622,"Argamassa de cimento, cal hidratada e areia 1:0,5:3,5 - confecção em betoneira e lançamento manual - areia comercial","m³",460.06]
[1109623,"Argamassa de cimento, cal hidratada e areia 1:0,5:3,5 - confecção em betoneira e lançamento manual - areia extraída","m³",361.77]
[1109697,"Argamassa de cimento, cal hidratada e areia 1:0,5:8 - confecção em betoneira e lançamento manual - areia comercial","m³",344.74]
[1109698,"Argamassa de cimento, cal hidratada e areia 1:0,5:8 - confecção em betoneira e lançamento manual - areia extraída","m³",220.25]
[1109679,"Argamassa de cimento, cal hidratada e areia 1:1:6 - confecção em betoneira e lançamento manual - areia comercial","m³",404.42]
[1109625,"Argamassa de cimento, cal hidratada e areia 1:1:6 - confecção em betoneira e lançamento manual - areia extraída","m³",291.5]
[1109678,"Argamassa de cimento, cal hidratada e areia 1:2:10 - confecção em betoneira e lançamento manual - areia comercial","m³",376.33]
[1109694,"Argamassa de cimento, cal hidratada e areia 1:2:10 - confecção em betoneira e lançamento manual - areia extraída","m³",255.26]
[1109673,"Argamassa de cimento, cal hidratada e areia 1:2:6 - confecção em betoneira e lançamento manual - areia comercial","m³",453.79]
[1109690,"Argamassa de cimento, cal hidratada e areia 1:2:6 - confecção em betoneira e lançamento manual - areia extraída","m³",348.35]
[1109674,"Argamassa de cimento, cal hidratada e areia 1:2:7 - confecção em betoneira e lançamento manual - areia comercial","m³",427.71]
[1109691,"Argamassa de cimento, cal hidratada e areia 1:2:7 - confecção em betoneira e lançamento manual - areia extraída","m³",317.01]
[1109675,"Argamassa de cimento, cal hidratada e areia 1:2:8 - confecção em betoneira e lançamento manual - areia comercial","m³",406.93]
[1109692,"Argamassa de cimento, cal hidratada e areia 1:2:8 - confecção em betoneira e lançamento manual - areia extraída","m³",292.06]
[1109676,"Argamassa de cimento, cal hidratada e areia 1:2:9 - confecção em betoneira e lançamento manual - areia comercial","m³",390.12]
[1109693,"Argamassa de cimento, cal hidratada e areia 1:2:9 - confecção em betoneira e lançamento manual - areia extraída","m³",271.86]
[1109680,"Argamassa para reparos e grauteamento - confecção em misturador e lançamento manual","m³",4064.75]
[1107748,"Argamassa polimérica de alto desempenho projetada para reparos superficiais e reforços estruturais - confecção em misturador e lançamento projetado","m³",11700.5]
[1110000,"Concreto","m³",0]
[1106059,"Concreto autoadensável com silicato de alumínio fck = 20 MPa - confecção em betoneira e lançamento manual - areia e brita comerciais","m³",583.65]
[1106060,"Concreto autoadensável com silicato de alumínio fck = 20 MPa - confecção em betoneira e lançamento manual - areia extraída e brita produzida","m³",454.83]
[1100658,"Concreto autoadensável com silicato de alumínio fck = 20 MPa - confecção em central dosadora de 30 m³/h - areia e brita comerciais","m³",502.53]
[1106159,"Concreto autoadensável com silicato de alumínio fck = 25 MPa - confecção em central dosadora de 30 m³/h - areia e brita comerciais","m³",536.02]
[1107902,"Concreto autoadensável com silicato de alumínio fck = 30 MPa - confecção em central dosadora de 30 m³/h - areia e brita comerciais","m³",573.4]
[1107906,"Concreto autoadensável com silicato de alumínio fck = 35 MPa - confecção em central dosadora de 30 m³/h - areia e brita comerciais","m³",615.19000000000005]
[1107910,"Concreto autoadensável com silicato de alumínio fck = 40 MPa - confecção em central dosadora de 30 m³/h - areia e brita comerciais","m³",661.88]
[1107911,"Concreto autoadensável com silicato de alumínio fck = 45 MPa - confecção em central dosadora de 30 m³/h - areia e brita comerciais","m³",714.07]
[1107912,"Concreto autoadensável com silicato de alumínio fck = 50 MPa - confecção em central dosadora de 30 m³/h - areia e brita comerciais","m³",786.96]
[1106164,"Concreto ciclópico fck = 20 MPa - confecção em betoneira e lançamento manual - areia extraída, brita e pedra de mão produzidas","m³",252.83]
[1106165,"Concreto ciclópico fck = 20 MPa - confecção em betoneira e lançamento manual - areia, brita e pedra de mão comerciais","m³",379.52]
[1106156,"Concreto com 10% de microssílica fck = 45 MPa - confecção em central dosadora de 30 m³/h - areia e brita comerciais","m³",556.58000000000004]
[1107932,"Concreto com 10% de microssílica fck = 50 MPa - confecção em central dosadora de 30 m³/h - areia e brita comerciais","m³",595.72]
[1108111,"Concreto com 8% de microssílica fck = 25 MPa - confecção em central dosadora de 30 m³/h - areia e brita comerciais","m³",444.6]
[1108112,"Concreto com 8% de microssílica fck = 30 MPa - confecção em central dosadora de 30 m³/h - areia e brita comerciais","m³",455.27]
[1108113,"Concreto com 8% de microssílica fck = 35 MPa - confecção em central dosadora de 30 m³/h - areia e brita comerciais","m³",482.5]
[1108114,"Concreto com 8% de microssílica fck = 40 MPa - confecção em central dosadora de 30 m³/h - areia e brita comerciais","m³",512.89]
[1108061,"Concreto com látex SBR fck = 25 MPa - confecção em betoneira e lançamento manual - areia e brita comerciais","m³",879.3]
[1108064,"Concreto com látex SBR fck = 30 MPa - confecção em betoneira e lançamento manual - areia e brita comerciais","m³",950.81]
[1107888,"Concreto fck = 15 MPa - confecção em betoneira e lançamento manual - areia e brita comerciais","m³",425.1]
[1107889,"Concreto fck = 15 MPa - confecção em betoneira e lançamento manual - areia extraída e brita produzida","m³",291.97000000000003]
[1107892,"Concreto fck = 20 MPa - confecção em betoneira e lançamento manual - areia e brita comerciais","m³",443.24]
[1107891,"Concreto fck = 20 MPa - confecção em betoneira e lançamento manual - areia extraída e brita produzida","m³",312.12]
[1107928,"Concreto fck = 20 MPa - confecção em central dosadora de 30 m³/h - areia e brita comerciais","m³",382.46]
[1107929,"Concreto fck = 20 MPa - confecção em central dosadora de 30 m³/h - areia extraída e brita produzida","m³",250.83]
[1106109,"Concreto fck = 20 MPa - confecção em central dosadora de 40 m³/h - areia e brita comerciais","m³",371.31]
[1106117,"Concreto fck = 20 MPa - confecção em central dosadora de 40 m³/h - areia extraída e brita produzida","m³",239.68]
[1107896,"Concreto fck = 25 MPa - confecção em betoneira e lançamento manual - areia e brita comerciais","m³",463.59]
[1107895,"Concreto fck = 25 MPa - confecção em betoneira e lançamento manual - areia extraída e brita produzida","m³",334.72]
[1119528,"Concreto fck = 25 MPa - confecção em central dosadora de 30 m³/h - areia e brita comerciais","m³",396.03]
[1106135,"Concreto fck = 25 MPa - confecção em central dosadora de 30 m³/h - areia extraída e brita produzida","m³",265.95]
[1106136,"Concreto fck = 25 MPa - confecção em central dosadora de 40 m³/h - areia e brita comerciais","m³",384.29]
[1106137,"Concreto fck = 25 MPa - confecção em central dosadora de 40 m³/h - areia extraída e brita produzida","m³",254.22]
[1116127,"Concreto fck = 25 MPa para pré-moldados (mourões) - confecção em betoneira e lançamento manual - areia e brita comerciais","m³",481.92]
[1116126,"Concreto fck = 25 MPa para pré-moldados (mourões) - confecção em betoneira e lançamento manual - areia extraída e brita produzida","m³",359.68]
[1107900,"Concreto fck = 30 MPa - confecção em betoneira e lançamento manual - areia e brita comerciais","m³",486.25]
[1107899,"Concreto fck = 30 MPa - confecção em betoneira e lançamento manual - areia extraída e brita produzida","m³",359.89]
[1107890,"Concreto fck = 30 MPa - confecção em central dosadora de 30 m³/h - areia e brita comerciais","m³",413.73]
[1106138,"Concreto fck = 30 MPa - confecção em central dosadora de 30 m³/h - areia extraída e brita produzida","m³",285.68]
[1106139,"Concreto fck = 30 MPa - confecção em central dosadora de 40 m³/h - areia e brita comerciais","m³",401.31]
[1106140,"Concreto fck = 30 MPa - confecção em central dosadora de 40 m³/h - areia extraída e brita produzida","m³",273.26]
[1107904,"Concreto fck = 35 MPa - confecção em betoneira e lançamento manual - areia e brita comerciais","m³",511.63]
[1107903,"Concreto fck = 35 MPa - confecção em betoneira e lançamento manual - areia extraída e brita produzida","m³",388.07]
[1107908,"Concreto fck = 40 MPa - confecção em betoneira e lançamento manual - areia e brita comerciais","m³",539.89]
[1107907,"Concreto fck = 40 MPa - confecção em betoneira e lançamento manual - areia extraída e brita produzida","m³",419.47]
[1107871,"Concreto fctm,k = 4,5 MPa - confecção em central dosadora de 30 m³/h - areia e brita comerciais","m³",445.78]
[1107870,"Concreto fctm,k = 4,5 MPa - confecção em central dosadora de 30 m³/h - areia extraída e brita produzida","m³",320.27999999999997]
[1106057,"Concreto magro - confecção em betoneira e lançamento manual - areia e brita comerciais","m³",430.7]
[1106058,"Concreto magro - confecção em betoneira e lançamento manual - areia extraída e brita produzida","m³",304.61]
[1106380,"Concreto para bombeamento fck = 25 MPa - confecção em central dosadora de 30 m³/h - areia e brita comerciais","m³",421.2]
[1106378,"Concreto para bombeamento fck = 25 MPa - confecção em central dosadora de 30 m³/h - areia extraída e brita produzida","m³",297.55]
[1116263,"Concreto para bombeamento fck = 25 MPa - confecção em central dosadora de 40 m³/h - areia e brita comerciais","m³",408.27]
[1116267,"Concreto para bombeamento fck = 25 MPa - confecção em central dosadora de 40 m³/h - areia extraída e brita produzida","m³",284.63]
[1106280,"Concreto para bombeamento fck = 30 MPa - confecção em central dosadora de 30 m³/h - areia e brita comerciais","m³",442.03]
[1106289,"Concreto para bombeamento fck = 30 MPa - confecção em central dosadora de 30 m³/h - areia extraída e brita produzida","m³",320.75]
[1116264,"Concreto para bombeamento fck = 30 MPa - confecção em central dosadora de 40 m³/h - areia e brita comerciais","m³",428.31]
[1116268,"Concreto para bombeamento fck = 30 MPa - confecção em central dosadora de 40 m³/h - areia extraída e brita produzida","m³",307.02999999999997]
[1106281,"Concreto para bombeamento fck = 35 MPa - confecção em central dosadora de 30 m³/h - areia e brita comerciais","m³",468.88]
[1106382,"Concreto para bombeamento fck = 35 MPa - confecção em central dosadora de 30 m³/h - areia extraída e brita produzida","m³",350.63]
[1116265,"Concreto para bombeamento fck = 35 MPa - confecção em central dosadora de 40 m³/h - areia e brita comerciais","m³",454.05]
[1116269,"Concreto para bombeamento fck = 35 MPa - confecção em central dosadora de 40 m³/h - areia extraída e brita produzida","m³",335.8]
[1106282,"Concreto para bombeamento fck = 40 MPa - confecção em central dosadora de 30 m³/h - areia e brita comerciais","m³",498.85]
[1106384,"Concreto para bombeamento fck = 40 MPa - confecção em central dosadora de 30 m³/h - areia extraída e brita produzida","m³",383.99]
[1116266,"Concreto para bombeamento fck = 40 MPa - confecção em central dosadora de 40 m³/h - areia e brita comerciais","m³",482.81]
[1116270,"Concreto para bombeamento fck = 40 MPa - confecção em central dosadora de 40 m³/h - areia extraída e brita produzida","m³",367.95]
[1107868,"Concreto para sub-base adensado por vibração fck = 7,5 MPa - confecção em central dosadora de 30 m³/h - areia e brita comerciais","m³",337.42]
[1107869,"Concreto para sub-base adensado por vibração fck = 7,5 MPa - confecção em central dosadora de 30 m³/h - areia extraída e brita produzida","m³",200.64]
[1103853,"Concreto poroso para tubos de drenagem fck = 25 MPa - confecção em betoneira e lançamento manual - areia e brita comerciais","m³",425.74]
[1103852,"Concreto poroso para tubos de drenagem fck = 25 MPa - confecção em betoneira e lançamento manual - areia extraída e brita produzida","m³",349.5]
[1106284,"Concreto submerso fck = 20 MPa - confecção em central dosadora de 30 m³/h - areia e brita comerciais","m³",442.14]
[1108116,"Concreto submerso fck = 25 MPa - confecção em central dosadora de 30 m³/h - areia e brita comerciais","m³",447.13]
[1108118,"Concreto submerso fck = 30 MPa - confecção em central dosadora de 30 m³/h - areia e brita comerciais","m³",469.91]
[1106158,"Concreto submerso fck = 35 MPa - confecção em central dosadora de 30 m³/h - areia e brita comerciais","m³",499.71]
[1108120,"Concreto submerso fck = 40 MPa - confecção em central dosadora de 30 m³/h - areia e brita comerciais","m³",533.01]
[1106050,"Lançamento livre de concreto usinado por meio de caminhão betoneira - confecção em central dosadora de 30 m³/h","m³",45.69]
[1106051,"Lançamento livre de concreto usinado por meio de caminhão betoneira - confecção em central dosadora de 40 m³/h","m³",38.15]
[1106061,"Lançamento manual de concreto usinado - confecção em central dosadora de 30 m³/h","m³",53.07]
[1106087,"Lançamento manual de concreto usinado - confecção em central dosadora de 40 m³/h","m³",45.77]
[1107860,"Lançamento mecânico de concreto com bomba lança sobre chassi com capacidade de 50 m³/h - confecção em central dosadora de 40 m³/h","m³",53.1]
[1106088,"Lançamento mecânico de concreto com bomba rebocável com capacidade de 30 m³/h - confecção em central dosadora de 30 m³/h","m³",56.58]
[1106128,"Lançamento mecânico de concreto com bomba rebocável com capacidade de 41 m³/h - confecção em central dosadora de 40 m³/h","m³",46.52]
[1108056,"Microconcreto autoadensável para reparos e grauteamento - confecção em misturador e lançamento manual","m³",3035.84]
[1108059,"Microconcreto para reparos e grauteamento - confecção em misturador e lançamento manual","m³",3661.41]
[1207700,"Concreto fck = 20 MPa para projeção via seca - confecção em betoneira - areia e brita comerciais","m³",554.88]
[1207701,"Concreto fck = 25 MPa para projeção via seca - confecção em betoneira - areia e brita comerciais","m³",590.62]
[1207702,"Concreto fck = 30 MPa para projeção via seca - confecção em betoneira - areia e brita comerciais","m³",630.62]
[1207708,"Concreto fck = 30 MPa para projeção via úmida - confecção em central dosadora de 30 m³/h - areia e brita comerciais","m³",570.73]
[1207703,"Concreto fck = 40 MPa para projeção via seca - confecção em betoneira - areia e brita comerciais","m³",725.37]
[1207709,"Concreto fck = 40 MPa para projeção via úmida - confecção em central dosadora de 30 m³/h - areia e brita comerciais","m³",657.64]
[1207710,"Concreto projetado via seca fck = 20 MPa aplicado em pisos","m³",858.42]
[1207711,"Concreto projetado via seca fck = 20 MPa aplicado em superfícies inclinadas e verticais","m³",1071.3599999999999]
[1207713,"Concreto projetado via seca fck = 20 MPa aplicado em teto","m³",1624.67]
[1207714,"Concreto projetado via seca fck = 25 MPa aplicado em pisos","m³",900.46]
[1207715,"Concreto projetado via seca fck = 25 MPa aplicado em superfícies inclinadas e verticais","m³",1122.4100000000001]
[1207717,"Concreto projetado via seca fck = 25 MPa aplicado em teto","m³",1696.15]
[1207718,"Concreto projetado via seca fck = 30 MPa aplicado em pisos","m³",947.52]
[1207719,"Concreto projetado via seca fck = 30 MPa aplicado em superfícies inclinadas e verticais","m³",1179.56]
[1207721,"Concreto projetado via seca fck = 30 MPa aplicado em teto","m³",1776.15]
[1207722,"Concreto projetado via seca fck = 40 MPa aplicado em pisos","m³",1058.99]
[1207723,"Concreto projetado via seca fck = 40 MPa aplicado em superfícies inclinadas e verticais","m³",1314.91]
[1207725,"Concreto projetado via seca fck = 40 MPa via seca aplicado em teto","m³",1965.65]
[1207728,"Concreto projetado via úmida fck = 30 MPa aplicado em túneis classe I com seção de 20 a 40 m²","m³",832.37]
[1207727,"Concreto projetado via úmida fck = 30 MPa aplicado em túneis classe I com seção de 40 a 60 m²","m³",814.81]
[1207726,"Concreto projetado via úmida fck = 30 MPa aplicado em túneis classe I com seção de 60 a 90 m²","m³",800.77]
[1208329,"Concreto projetado via úmida fck = 30 MPa aplicado em túneis classe I com seção superior a 90 m²","m³",784.6]
[1207685,"Concreto projetado via úmida fck = 30 MPa aplicado em túneis classe II com seção de 20 a 40 m²","m³",874]
[1207684,"Concreto projetado via úmida fck = 30 MPa aplicado em túneis classe II com seção de 40 a 60 m²","m³",850.81]
[1207683,"Concreto projetado via úmida fck = 30 MPa aplicado em túneis classe II com seção de 60 a 90 m²","m³",833.13]
[1208337,"Concreto projetado via úmida fck = 30 MPa aplicado em túneis classe II com seção superior a 90 m²","m³",814.34]
[1207691,"Concreto projetado via úmida fck = 30 MPa aplicado em túneis classe III com seção de 20 a 40 m²","m³",923.87]
[1207690,"Concreto projetado via úmida fck = 30 MPa aplicado em túneis classe III com seção de 40 a 60 m²","m³",892.29]
[1207689,"Concreto projetado via úmida fck = 30 MPa aplicado em túneis classe III com seção de 60 a 90 m²","m³",865.74]
[1208345,"Concreto projetado via úmida fck = 30 MPa aplicado em túneis classe III com seção superior a 90 m²","m³",843.85]
[1207697,"Concreto projetado via úmida fck = 30 MPa aplicado em túneis classe IV com seção de 20 a 40 m²","m³",986.27]
[1207696,"Concreto projetado via úmida fck = 30 MPa aplicado em túneis classe IV com seção de 40 a 60 m²","m³",941.14]
[1207695,"Concreto projetado via úmida fck = 30 MPa aplicado em túneis classe IV com seção de 60 a 90 m²","m³",910.43]
[1208353,"Concreto projetado via úmida fck = 30 MPa aplicado em túneis classe IV com seção superior a 90 m²","m³",879.56]
[1207663,"Concreto projetado via úmida fck = 30 MPa aplicado em túneis classe V com seção de 20 a 40 m²","m³",1142.1500000000001]
[1207662,"Concreto projetado via úmida fck = 30 MPa aplicado em túneis classe V com seção de 40 a 60 m²","m³",1113.3599999999999]
[1207661,"Concreto projetado via úmida fck = 30 MPa aplicado em túneis classe V com seção de 60 a 90 m²","m³",1090.33]
[1208361,"Concreto projetado via úmida fck = 30 MPa aplicado em túneis classe V com seção superior a 90 m²","m³",1055.79]
[1207669,"Concreto projetado via úmida fck = 30 MPa aplicado em túneis classe VI com seção de 20 a 40 m²","m³",1270.8699999999999]
[1207668,"Concreto projetado via úmida fck = 30 MPa aplicado em túneis classe VI com seção de 40 a 60 m²","m³",1235.1300000000001]
[1207667,"Concreto projetado via úmida fck = 30 MPa aplicado em túneis classe VI com seção de 60 a 90 m²","m³",1181.53]
[1208369,"Concreto projetado via úmida fck = 30 MPa aplicado em túneis classe VI com seção superior a 90 m²","m³",1127.93]
[1207682,"Concreto projetado via úmida fck = 40 MPa aplicado em túneis classe I com seção de 20 a 40 m²","m³",934.61]
[1207681,"Concreto projetado via úmida fck = 40 MPa aplicado em túneis classe I com seção de 40 a 60 m²","m³",917.05]
[1207729,"Concreto projetado via úmida fck = 40 MPa aplicado em túneis classe I com seção de 60 a 90 m²","m³",903.02]
[1208333,"Concreto projetado via úmida fck = 40 MPa aplicado em túneis classe I com seção superior a 90 m²","m³",886.85]
[1207688,"Concreto projetado via úmida fck = 40 MPa aplicado em túneis classe II com seção de 20 a 40 m²","m³",979.35]
[1207687,"Concreto projetado via úmida fck = 40 MPa aplicado em túneis classe II com seção de 40 a 60 m²","m³",956.15]
[1207686,"Concreto projetado via úmida fck = 40 MPa aplicado em túneis classe II com seção de 60 a 90 m²","m³",938.48]
[1208341,"Concreto projetado via úmida fck = 40 MPa aplicado em túneis classe II com seção superior a 90 m²","m³",919.68]
[1207694,"Concreto projetado via úmida fck = 40 MPa aplicado em túneis classe III com seção de 20 a 40 m²","m³",1032.51]
[1207693,"Concreto projetado via úmida fck = 40 MPa aplicado em túneis classe III com seção de 40 a 60 m²","m³",1000.93]
[1207692,"Concreto projetado via úmida fck = 40 MPa aplicado em túneis classe III com seção de 60 a 90 m²","m³",974.38]
[1208349,"Concreto projetado via úmida fck = 40 MPa aplicado em túneis classe III com seção superior a 90 m²","m³",952.49]
[1207660,"Concreto projetado via úmida fck = 40 MPa aplicado em túneis classe IV com seção de 20 a 40 m²","m³",1098.42]
[1207699,"Concreto projetado via úmida fck = 40 MPa aplicado em túneis classe IV com seção de 40 a 60 m²","m³",1053.28]
[1207698,"Concreto projetado via úmida fck = 40 MPa aplicado em túneis classe IV com seção de 60 a 90 m²","m³",1022.57]
[1208357,"Concreto projetado via úmida fck = 40 MPa aplicado em túneis classe IV com seção superior a 90 m²","m³",991.7]
[1207666,"Concreto projetado via úmida fck = 40 MPa aplicado em túneis classe V com seção de 20 a 40 m²","m³",1258.03]
[1207665,"Concreto projetado via úmida fck = 40 MPa aplicado em túneis classe V com seção de 40 a 60 m²","m³",1229.24]
[1207664,"Concreto projetado via úmida fck = 40 MPa aplicado em túneis classe V com seção de 60 a 90 m²","m³",1206.21]
[1208365,"Concreto projetado via úmida fck = 40 MPa aplicado em túneis classe V com seção superior a 90 m²","m³",1171.67]
[1207672,"Concreto projetado via úmida fck = 40 MPa aplicado em túneis classe VI com seção de 20 a 40 m²","m³",1390.74]
[1207671,"Concreto projetado via úmida fck = 40 MPa aplicado em túneis classe VI com seção de 40 a 60 m²","m³",1355.01]
[1207670,"Concreto projetado via úmida fck = 40 MPa aplicado em túneis classe VI com seção de 60 a 90 m²","m³",1301.4100000000001]
[1208373,"Concreto projetado via úmida fck = 40 MPa aplicado em túneis classe VI com seção superior a 90 m²","m³",1247.81]
[1400976,"Corte a plasma CNC em chapa com espessura de 6,3 a 10 mm","m",5.78]
[1400970,"Corte a plasma manual em chapa de aço-carbono com espessura de 4 a 8 mm","m",2.15]
[1400971,"Corte a plasma manual em chapa de aço-carbono com espessura de 9 a 25 mm","m",9.3800000000000008]
[1400972,"Corte a plasma manual em chapa de alumínio com espessura de 1,5 mm","m",2.0699999999999998]
[1416201,"Corte de barras de aço CA-50 com maçarico oxiacetileno","cm²",0.27]
[1400969,"Corte de cantoneira de alumínio","un",0.14000000000000001]
[1400975,"Corte de chapa de aço com guilhotina hidráulica","m",4.09]
[1416141,"Corte de chapas de aço com espessura de 12,5 mm com maçarico oxiacetileno","m",4.17]
[1416142,"Corte de chapas de aço com espessura de 16 mm com maçarico oxiacetileno","m",6.49]
[1400973,"Corte de chapas de aço com espessura de 3 mm com maçarico oxiacetileno","m",1.7]
[1400974,"Corte de chapas de aço com espessura de 5 mm com maçarico oxiacetileno","m",2.02]
[1416139,"Corte de chapas de aço com espessura de 6,3 mm com maçarico oxiacetileno","m",2.2599999999999998]
[1416202,"Corte de chapas de aço com espessura de 8 mm com maçarico oxiacetileno","m",2.64]
[1416140,"Corte de chapas de aço com espessura de 9,5 mm com maçarico oxiacetileno","m",3.05]
[1419543,"Corte de perfil metálico com máquina policorte com espessura de até 1/8\"","un",0.17]
[1408173,"Corte de perfis metálicos com maçarico oxiacetileno","cm²",7.0000000000000007E-2]
[1407063,"Corte de trilho TR45 com utilização de equipamento leve","un",7.71]
[1407064,"Corte de trilho TR57 com utilização de equipamento leve","un",7.95]
[1407065,"Corte de trilho TR68 com utilização de equipamento leve","un",8.14]
[1407066,"Corte de trilho UIC60 com utilização de equipamento leve","un",8]
[1400977,"Dobramento de chapas metálicas com espessuras de até 10 mm","m",3.38]
[1407067,"Furação de trilho TR45 com utilização de equipamento leve","un",2.68]
[1407068,"Furação de trilho TR57 com utilização de equipamento leve","un",3.01]
[1407069,"Furação de trilho TR68 com utilização de equipamento leve","un",3.27]
[1407070,"Furação de trilho UIC60 com utilização de equipamento leve","un",3.11]
[1400987,"Perfuração de chapas metálicas com espessura de até 3 mm - D = 25 mm","un",1.33]
[1416257,"Solda com maçarico oxiacetileno de chapas de aço de 12,5 mm","m",321.12]
[1416253,"Solda com maçarico oxiacetileno de chapas de aço de 16 mm","m",756.49]
[1416254,"Solda com maçarico oxiacetileno de chapas de aço de 6,3 mm","m",58.5]
[1416255,"Solda com maçarico oxiacetileno de chapas de aço de 8 mm","m",104.54]
[1416256,"Solda com maçarico oxiacetileno de chapas de aço de 9,5 mm","m",163.66999999999999]
[1408028,"Solda elétrica manual de perfis metálicos e chapas de aço com eletrodo E70XX para beneficiamento de aço naval","kg",205.56]
[1408027,"Solda tipo MIG/MAG automatizada","kg",115.58]
[1400978,"Solda tipo MIG/MAG manual","kg",184]
[1513941,"Contenção em areia-cimento ensacada com mistura de areia com 8% de cimento - confecção e assentamento","m³",508.36]
[1513940,"Contenção em solo-cimento ensacado com mistura de solo de jazida com 8% de cimento - confecção e assentamento","m³",355.68]
[1505879,"Enrocamento de pedra arrumada manualmente - pedra de mão comercial - fornecimento e assentamento","m³",253.3]
[1505878,"Enrocamento de pedra arrumada manualmente - pedra de mão produzida - confecção e assentamento","m³",173.67]
[1505877,"Enrocamento de pedra espalhada e compactada mecanicamente - pedra de mão comercial - fornecimento e assentamento","m³",151.87]
[1505860,"Enrocamento de pedra jogada - pedra de mão comercial - fornecimento e assentamento","m³",160.34]
[1505859,"Enrocamento de pedra jogada - pedra de mão produzida - confecção e assentamento","m³",93.98]
[1516204,"Fabricação de blocos segmentais de face pré-moldados - C = 40 cm, L = 40 cm e H = 20 cm - massa de 25 kg","un",5.8]
[1516312,"Geocélula em PEAD, paredes perfuradas, soldadas - altura de 100 mm e 1.206 cm² de área de célula - fornecimento e instalação","m²",43.58]
[1516304,"Geocélula em PEAD, paredes perfuradas, soldadas - altura de 100 mm e 289 cm² de área de célula - fornecimento e instalação","m²",53.85]
[1516308,"Geocélula em PEAD, paredes perfuradas, soldadas - altura de 100 mm e 460 cm² de área de célula - fornecimento e instalação","m²",43.97]
[1516313,"Geocélula em PEAD, paredes perfuradas, soldadas - altura de 150 mm e 1.206 cm² de área de célula - fornecimento e instalação","m²",50.13]
[1516305,"Geocélula em PEAD, paredes perfuradas, soldadas - altura de 150 mm e 289 cm² de área de célula - fornecimento e instalação","m²",64.790000000000006]
[1516309,"Geocélula em PEAD, paredes perfuradas, soldadas - altura de 150 mm e 460 cm² de área de célula - fornecimento e instalação","m²",52.92]
[1516314,"Geocélula em PEAD, paredes perfuradas, soldadas - altura de 200 mm e 1.206 cm² de área de célula - fornecimento e instalação","m²",58.16]
[1516306,"Geocélula em PEAD, paredes perfuradas, soldadas - altura de 200 mm e 289 cm² de área de célula - fornecimento e instalação","m²",76.78]
[1516310,"Geocélula em PEAD, paredes perfuradas, soldadas - altura de 200 mm e 460 cm² de área de célula - fornecimento e instalação","m²",62.34]
[1516311,"Geocélula em PEAD, paredes perfuradas, soldadas - altura de 75 mm e 1.206 cm² de área de célula - fornecimento e instalação","m²",31.88]
[1516303,"Geocélula em PEAD, paredes perfuradas, soldadas - altura de 75 mm e 289 cm² de área de célula - fornecimento e instalação","m²",42.94]
[1516307,"Geocélula em PEAD, paredes perfuradas, soldadas - altura de 75 mm e 460 cm² de área de célula - fornecimento e instalação","m²",35.5]
[1516298,"Geogrelha unidirecional com resistência à tração de 100 kN/m - fornecimento e instalação","m²",31.09]
[1516299,"Geogrelha unidirecional com resistência à tração de 150 kN/m - fornecimento e instalação","m²",33.22]
[1516300,"Geogrelha unidirecional com resistência à tração de 200 kN/m - fornecimento e instalação","m²",43.37]
[1516301,"Geogrelha unidirecional com resistência à tração de 300 kN/m - fornecimento e instalação","m²",63.77]
[1516302,"Geogrelha unidirecional com resistência à tração de 400 kN/m - fornecimento e instalação","m²",84.03]
[1516296,"Geogrelha unidirecional com resistência à tração de 50 kN/m - fornecimento e instalação","m²",23.55]
[1516297,"Geogrelha unidirecional com resistência à tração de 90 kN/m - fornecimento e instalação","m²",30.08]
[1505847,"Muro em blocos segmentais de face pré-moldados - C = 40 cm, L = 40 cm, e H = 20 cm com altura de 4 a 6 m - confecção e assentamento","m²",175.13]
[1505848,"Muro em blocos segmentais de face pré-moldados - C = 40 cm, L = 40 cm, e H = 20 cm com altura de 6 a 8 m - confecção e assentamento","m²",170.76]
[1505849,"Muro em blocos segmentais de face pré-moldados - C = 40 cm, L = 40 cm, e H = 20 cm com altura de 8 a 10 m - confecção e assentamento","m²",168.34]
[1505930,"Muro em blocos segmentais de face pré-moldados - C = 40 cm, L = 40 cm, e H = 20 cm com altura de até 4 m - confecção e assentamento","m²",198.03]
[1506055,"Pedra argamassada com cimento e areia 1:3 - areia e pedra de mão comercial - fornecimento e assentamento","m³",400.92]
[1506056,"Pedra argamassada com cimento e areia 1:3 - areia extraída e pedra de mão produzida - confecção e assentamento","m³",283.33]
[1513943,"Proteção de taludes rochosos com telas metálicas - resistência longitudinal à tração de 121 kN/m - fornecimento e posicionamento - inclusive cabos de aço, grampos e clipes de junção","m²",176.66]
[1516318,"Tela metálica dobrada em L para muro em solo reforçado - C = 200 cm, L = 40 cm e H = 40 cm - fornecimento e instalação","m²",627.91]
[1516317,"Tela metálica dobrada em L para muro em solo reforçado - C = 200 cm, L = 50 cm e H = 50 cm - fornecimento e instalação","m²",499.26]
[1600965,"Abertura em muro de alvenaria de pedra argamassada com martelete","m³",97.16]
[1600408,"Apicoamento manual de concreto","m²",18.32]
[1600990,"Demolição de concreto armado com martelete e corte oxiacetileno","m³",756.94]
[1600989,"Demolição de concreto simples com martelete","m³",391.82]
[1600438,"Demolição manual de concreto armado","m³",578.29999999999995]
[1600436,"Demolição manual de concreto simples","m³",394.81]
[1600895,"Demolição manual de construções provisórias de madeira - sem reaproveitamento","m²",13.87]
[1600897,"Demolição manual de construções provisórias de madeira, sem fechamento lateral e sem pavimentação","m²",3.74]
[1619004,"Demolição mecânica de alvenaria com carregadeira de pneus","m³",7.28]
[1600896,"Demolição mecânica de alvenaria com escavadeira hidráulica","m²",15.72]
[1619003,"Demolição mecânica de concreto armado com escavadeira hidráulica","m³",66.430000000000007]
[1619006,"Demolição mecânica de concreto simples com escavadeira hidráulica","m³",47.1]
[1600414,"Fresagem de piso de concreto","m²",1.1299999999999999]
[1608148,"Perfuração em concreto com coroa diamantada - D = 100 mm","m",238.89]
[1608021,"Perfuração em concreto com coroa diamantada - D = 16 mm","m",71.010000000000005]
[1608024,"Perfuração em concreto com coroa diamantada - D = 20 mm","m",73.84]
[1608026,"Perfuração em concreto com coroa diamantada - D = 25 mm","m",85.44]
[1608142,"Perfuração em concreto com coroa diamantada - D = 32 mm","m",99.77]
[1608143,"Perfuração em concreto com coroa diamantada - D = 38 mm","m",103.22]
[1608144,"Perfuração em concreto com coroa diamantada - D = 44 mm","m",111.48]
[1608145,"Perfuração em concreto com coroa diamantada - D = 50 mm","m",116.04]
[1608146,"Perfuração em concreto com coroa diamantada - D = 63 mm","m",133.46]
[1608147,"Perfuração em concreto com coroa diamantada - D = 75 mm","m",177.93]
[1608019,"Perfuração em concreto com martelete elétrico - D = 10 mm","m",18.91]
[1608020,"Perfuração em concreto com martelete elétrico - D = 13,0 mm","m",29.96]
[1608025,"Perfuração em concreto com martelete elétrico - D = 14 mm","m",36.619999999999997]
[1600966,"Remoção de cerca com mourões de concreto","m",0.75]
[1600898,"Remoção de painel publicitário, tipo outdoor, com estrutura e suportes em madeira","m²",11.61]
[1600441,"Remoção de paralelepípedos","m²",3.97]
[1600404,"Remoção de tubos de concreto com diâmetro de 0,40 m a 1,00 m em valas e bueiros","m",9.7200000000000006]
[1600405,"Remoção de tubos de concreto com diâmetro de 1,20 m a 1,50 m em valas e bueiros","m",10.83]
[1716605,"Derrocagem subaquática de material de 3ª categoria - carga e limpeza - plataforma com clamshell - flutuante e batelão rebocado de 100 t montado na obra - DMT até 200 m","m³",111.79]
[1716610,"Derrocagem subaquática de material de 3ª categoria - carga e limpeza - plataforma com clamshell - flutuante e batelão rebocado de 100 t montado na obra - DMT de 1.000 a 1200 m","m³",116.03]
[1716611,"Derrocagem subaquática de material de 3ª categoria - carga e limpeza - plataforma com clamshell - flutuante e batelão rebocado de 100 t montado na obra - DMT de 1.200 a 1.400 m","m³",116.56]
[1716612,"Derrocagem subaquática de material de 3ª categoria - carga e limpeza - plataforma com clamshell - flutuante e batelão rebocado de 100 t montado na obra - DMT de 1.400 a 1.600 m","m³",117.09]
[1716613,"Derrocagem subaquática de material de 3ª categoria - carga e limpeza - plataforma com clamshell - flutuante e batelão rebocado de 100 t montado na obra - DMT de 1.600 a 1.800 m","m³",117.62]
[1716614,"Derrocagem subaquática de material de 3ª categoria - carga e limpeza - plataforma com clamshell - flutuante e batelão rebocado de 100 t montado na obra - DMT de 1.800 a 2.000 m","m³",118.68]
[1716615,"Derrocagem subaquática de material de 3ª categoria - carga e limpeza - plataforma com clamshell - flutuante e batelão rebocado de 100 t montado na obra - DMT de 2.000 a 2.500 m","m³",119.74]
[1716616,"Derrocagem subaquática de material de 3ª categoria - carga e limpeza - plataforma com clamshell - flutuante e batelão rebocado de 100 t montado na obra - DMT de 2.500 a 3.000 m","m³",121.33]
[1716606,"Derrocagem subaquática de material de 3ª categoria - carga e limpeza - plataforma com clamshell - flutuante e batelão rebocado de 100 t montado na obra - DMT de 200 a 400 m","m³",113.38]
[1716617,"Derrocagem subaquática de material de 3ª categoria - carga e limpeza - plataforma com clamshell - flutuante e batelão rebocado de 100 t montado na obra - DMT de 3.000 m","m³",122.39]
[1716607,"Derrocagem subaquática de material de 3ª categoria - carga e limpeza - plataforma com clamshell - flutuante e batelão rebocado de 100 t montado na obra - DMT de 400 a 600 m","m³",113.91]
[1716608,"Derrocagem subaquática de material de 3ª categoria - carga e limpeza - plataforma com clamshell - flutuante e batelão rebocado de 100 t montado na obra - DMT de 600 a 800 m","m³",114.97]
[1716609,"Derrocagem subaquática de material de 3ª categoria - carga e limpeza - plataforma com clamshell - flutuante e batelão rebocado de 100 t montado na obra - DMT de 800 a 1.000 m","m³",115.5]
[1716604,"Derrocagem subaquática de material de 3ª categoria - carga e limpeza - plataforma com clamshell - flutuante montado na obra - sem transporte","m³",64.08]
[1716623,"Derrocagem subaquática de material de 3ª categoria - carga e limpeza - plataforma flutuante com clamshell - sem transporte","m³",62.8]
[1716624,"Derrocagem subaquática de material de 3ª categoria - carga e limpeza - plataforma flutuante com clamshell e batelão rebocado de 100 t - DMT até 200 m","m³",110.51]
[1716629,"Derrocagem subaquática de material de 3ª categoria - carga e limpeza - plataforma flutuante com clamshell e batelão rebocado de 100 t - DMT de 1.000 a 1.200 m","m³",114.76]
[1716630,"Derrocagem subaquática de material de 3ª categoria - carga e limpeza - plataforma flutuante com clamshell e batelão rebocado de 100 t - DMT de 1.200 a 1.400 m","m³",115.29]
[1716631,"Derrocagem subaquática de material de 3ª categoria - carga e limpeza - plataforma flutuante com clamshell e batelão rebocado de 100 t - DMT de 1.400 a 1.600 m","m³",115.82]
[1716632,"Derrocagem subaquática de material de 3ª categoria - carga e limpeza - plataforma flutuante com clamshell e batelão rebocado de 100 t - DMT de 1.600 a 1.800 m","m³",116.35]
[1716633,"Derrocagem subaquática de material de 3ª categoria - carga e limpeza - plataforma flutuante com clamshell e batelão rebocado de 100 t - DMT de 1.800 a 2.000 m","m³",117.41]
[1716634,"Derrocagem subaquática de material de 3ª categoria - carga e limpeza - plataforma flutuante com clamshell e batelão rebocado de 100 t - DMT de 2.000 a 2.500 m","m³",118.47]
[1716635,"Derrocagem subaquática de material de 3ª categoria - carga e limpeza - plataforma flutuante com clamshell e batelão rebocado de 100 t - DMT de 2.500 a 3.000 m","m³",120.06]
[1716625,"Derrocagem subaquática de material de 3ª categoria - carga e limpeza - plataforma flutuante com clamshell e batelão rebocado de 100 t - DMT de 200 a 400 m","m³",112.1]
[1716636,"Derrocagem subaquática de material de 3ª categoria - carga e limpeza - plataforma flutuante com clamshell e batelão rebocado de 100 t - DMT de 3.000 m","m³",121.12]
[1716626,"Derrocagem subaquática de material de 3ª categoria - carga e limpeza - plataforma flutuante com clamshell e batelão rebocado de 100 t - DMT de 400 a 600 m","m³",112.63]
[1716627,"Derrocagem subaquática de material de 3ª categoria - carga e limpeza - plataforma flutuante com clamshell e batelão rebocado de 100 t - DMT de 600 a 800 m","m³",113.7]
[1716628,"Derrocagem subaquática de material de 3ª categoria - carga e limpeza - plataforma flutuante com clamshell e batelão rebocado de 100 t - DMT de 800 a 1.000 m","m³",114.23]
[1716640,"Derrocagem subaquática de material de 3ª categoria - carga e limpeza com draga backhoe de 7 m³ - sem transporte","m³",31.58]
[1716641,"Derrocagem subaquática de material de 3ª categoria - carga e limpeza com draga backhoe de 7 m³ - transporte com batelão autopropelido de 300 m³ - DMT até 200 m","m³",40.65]
[1716646,"Derrocagem subaquática de material de 3ª categoria - carga e limpeza com draga backhoe de 7 m³ - transporte com batelão autopropelido de 300 m³ - DMT de 1.000 a 1.200 m","m³",41.23]
[1716647,"Derrocagem subaquática de material de 3ª categoria - carga e limpeza com draga backhoe de 7 m³ - transporte com batelão autopropelido de 300 m³ - DMT de 1.200 a 1.400 m","m³",41.28]
[1716648,"Derrocagem subaquática de material de 3ª categoria - carga e limpeza com draga backhoe de 7 m³ - transporte com batelão autopropelido de 300 m³ - DMT de 1.400 a 1.600 m","m³",41.4]
[1716649,"Derrocagem subaquática de material de 3ª categoria - carga e limpeza com draga backhoe de 7 m³ - transporte com batelão autopropelido de 300 m³ - DMT de 1.600 a 1.800 m","m³",41.46]
[1716650,"Derrocagem subaquática de material de 3ª categoria - carga e limpeza com draga backhoe de 7 m³ - transporte com batelão autopropelido de 300 m³ - DMT de 1.800 a 2.000 m","m³",41.57]
[1716651,"Derrocagem subaquática de material de 3ª categoria - carga e limpeza com draga backhoe de 7 m³ - transporte com batelão autopropelido de 300 m³ - DMT de 2.000 a 2.500 m","m³",41.69]
[1716652,"Derrocagem subaquática de material de 3ª categoria - carga e limpeza com draga backhoe de 7 m³ - transporte com batelão autopropelido de 300 m³ - DMT de 2.500 a 3.000 m","m³",41.92]
[1716642,"Derrocagem subaquática de material de 3ª categoria - carga e limpeza com draga backhoe de 7 m³ - transporte com batelão autopropelido de 300 m³ - DMT de 200 a 400 m","m³",40.82]
[1716653,"Derrocagem subaquática de material de 3ª categoria - carga e limpeza com draga backhoe de 7 m³ - transporte com batelão autopropelido de 300 m³ - DMT de 3.000 m","m³",42.09]
[1716643,"Derrocagem subaquática de material de 3ª categoria - carga e limpeza com draga backhoe de 7 m³ - transporte com batelão autopropelido de 300 m³ - DMT de 400 a 600 m","m³",40.94]
[1716644,"Derrocagem subaquática de material de 3ª categoria - carga e limpeza com draga backhoe de 7 m³ - transporte com batelão autopropelido de 300 m³ - DMT de 600 a 800 m","m³",41.05]
[1716645,"Derrocagem subaquática de material de 3ª categoria - carga e limpeza com draga backhoe de 7 m³ - transporte com batelão autopropelido de 300 m³ - DMT de 800 a 1.000 m","m³",41.11]
[1716622,"Derrocagem subaquática de material de 3ª categoria - malha de 1,5 m² - perfuração e detonação - plataforma autoelevatória com três torres de perfuração","m³",89.11]
[1716603,"Derrocagem subaquática de material de 3ª categoria - malha de 1,5 m² - perfuração e detonação - plataforma autoelevatória montada na obra com três torres de perfuração","m³",89.11]
[1716620,"Derrocagem subaquática de material de 3ª categoria - malha de 1,5 m² - perfuração e detonação - plataforma flutuante com duas torres de perfuração","m³",121.17]
[1716621,"Derrocagem subaquática de material de 3ª categoria - malha de 1,5 m² - perfuração e detonação - plataforma flutuante com três torres de perfuração","m³",95.73]
[1716619,"Derrocagem subaquática de material de 3ª categoria - malha de 1,5 m² - perfuração e detonação - plataforma flutuante com uma torre de perfuração","m³",197.57]
[1716601,"Derrocagem subaquática de material de 3ª categoria - malha de 1,5 m² - perfuração e detonação - plataforma montada na obra com duas torres de perfuração","m³",122.88]
[1716602,"Derrocagem subaquática de material de 3ª categoria - malha de 1,5 m² - perfuração e detonação - plataforma montada na obra com três torres de perfuração","m³",96.87]
[1716600,"Derrocagem subaquática de material de 3ª categoria - malha de 1,5 m² - perfuração e detonação - plataforma montada na obra com uma torre de perfuração","m³",200.98]
[1716655,"Derrocagem subaquática de material de 3ª categoria - malha de 2,5 m² - perfuração e detonação - plataforma com duas torres de perfuração","m³",71.58]
[1716639,"Derrocagem subaquática de material de 3ª categoria - malha de 4,0 m² - perfuração e detonação - plataforma com duas torres de perfuração","m³",50.72]
[1801636,"Levantamento batimétrico monofeixe longitudinal","km",19.920000000000002]
[1801637,"Levantamento batimétrico monofeixe transversal","km",26.56]
[1817720,"Levantamento batimétrico multifeixe","km",99.98]
[1817723,"Levantamento hidrométrico com ADCP em rios com velocidade de corrente acima de 1,5 m/s","km",48.57]
[1817721,"Levantamento hidrométrico com ADCP em rios com velocidade de corrente de 0,5 a 1,0 m/s","km",145.71]
[1817722,"Levantamento hidrométrico com ADCP em rios com velocidade de corrente de 1,0 a 1,5 m/s","km",72.849999999999994]
[1917483,"Dragagem de areia fina com draga de sucção e recalque - bomba de 1.350 kW e cortador de 170 kW - distância de recalque de 1.100 a 1.300 m","m³",4.5]
[1917484,"Dragagem de areia fina com draga de sucção e recalque - bomba de 1.350 kW e cortador de 170 kW - distância de recalque de 1.300 a 1.500 m","m³",4.6900000000000004]
[1917485,"Dragagem de areia fina com draga de sucção e recalque - bomba de 1.350 kW e cortador de 170 kW - distância de recalque de 1.500 a 1.700 m","m³",5.22]
[1917486,"Dragagem de areia fina com draga de sucção e recalque - bomba de 1.350 kW e cortador de 170 kW - distância de recalque de 1.700 a 1.900 m","m³",5.43]
[1917487,"Dragagem de areia fina com draga de sucção e recalque - bomba de 1.350 kW e cortador de 170 kW - distância de recalque de 1.900 a 2.100 m","m³",5.73]
[1917528,"Dragagem de areia fina com draga de sucção e recalque - bomba de 1.350 kW e cortador de 170 kW - distância de recalque de 10.100 a 10.300 m","m³",29.97]
[1917529,"Dragagem de areia fina com draga de sucção e recalque - bomba de 1.350 kW e cortador de 170 kW - distância de recalque de 10.300 a 10.500 m","m³",30.95]
[1917530,"Dragagem de areia fina com draga de sucção e recalque - bomba de 1.350 kW e cortador de 170 kW - distância de recalque de 10.500 a 10.700 m","m³",32.56]
[1917531,"Dragagem de areia fina com draga de sucção e recalque - bomba de 1.350 kW e cortador de 170 kW - distância de recalque de 10.700 a 10.900 m","m³",34.229999999999997]
[1917532,"Dragagem de areia fina com draga de sucção e recalque - bomba de 1.350 kW e cortador de 170 kW - distância de recalque de 10.900 a 11.100 m","m³",36.11]
[1917533,"Dragagem de areia fina com draga de sucção e recalque - bomba de 1.350 kW e cortador de 170 kW - distância de recalque de 11.100 a 11.300 m","m³",37.14]
[1917534,"Dragagem de areia fina com draga de sucção e recalque - bomba de 1.350 kW e cortador de 170 kW - distância de recalque de 11.300 a 11.500 m","m³",38.19]
[1917535,"Dragagem de areia fina com draga de sucção e recalque - bomba de 1.350 kW e cortador de 170 kW - distância de recalque de 11.500 a 11.700 m","m³",39.619999999999997]
[1917536,"Dragagem de areia fina com draga de sucção e recalque - bomba de 1.350 kW e cortador de 170 kW - distância de recalque de 11.700 a 11.900 m","m³",40.82]
[1917537,"Dragagem de areia fina com draga de sucção e recalque - bomba de 1.350 kW e cortador de 170 kW - distância de recalque de 11.900 a 12.100 m","m³",42.06]
[1917488,"Dragagem de areia fina com draga de sucção e recalque - bomba de 1.350 kW e cortador de 170 kW - distância de recalque de 2.100 a 2.300 m","m³",5.95]
[1917489,"Dragagem de areia fina com draga de sucção e recalque - bomba de 1.350 kW e cortador de 170 kW - distância de recalque de 2.300 a 2.500 m","m³",6.23]
[1917490,"Dragagem de areia fina com draga de sucção e recalque - bomba de 1.350 kW e cortador de 170 kW - distância de recalque de 2.500 a 2.700 m","m³",6.72]
[1917491,"Dragagem de areia fina com draga de sucção e recalque - bomba de 1.350 kW e cortador de 170 kW - distância de recalque de 2.700 a 2.900 m","m³",7.03]
[1917492,"Dragagem de areia fina com draga de sucção e recalque - bomba de 1.350 kW e cortador de 170 kW - distância de recalque de 2.900 a 3.100 m","m³",7.27]
[1917493,"Dragagem de areia fina com draga de sucção e recalque - bomba de 1.350 kW e cortador de 170 kW - distância de recalque de 3.100 a 3.300 m","m³",7.59]
[1917494,"Dragagem de areia fina com draga de sucção e recalque - bomba de 1.350 kW e cortador de 170 kW - distância de recalque de 3.300 a 3.500 m","m³",7.93]
[1917495,"Dragagem de areia fina com draga de sucção e recalque - bomba de 1.350 kW e cortador de 170 kW - distância de recalque de 3.500 a 3.700 m","m³",8.4700000000000006]
[1917496,"Dragagem de areia fina com draga de sucção e recalque - bomba de 1.350 kW e cortador de 170 kW - distância de recalque de 3.700 a 3.900 m","m³",8.7799999999999994]
[1917497,"Dragagem de areia fina com draga de sucção e recalque - bomba de 1.350 kW e cortador de 170 kW - distância de recalque de 3.900 a 4.100 m","m³",9.1]
[1917498,"Dragagem de areia fina com draga de sucção e recalque - bomba de 1.350 kW e cortador de 170 kW - distância de recalque de 4.100 a 4.300 m","m³",9.43]
[1917499,"Dragagem de areia fina com draga de sucção e recalque - bomba de 1.350 kW e cortador de 170 kW - distância de recalque de 4.300 a 4.500 m","m³",9.69]
[1917500,"Dragagem de areia fina com draga de sucção e recalque - bomba de 1.350 kW e cortador de 170 kW - distância de recalque de 4.500 a 4.700 m","m³",10.29]
[1917501,"Dragagem de areia fina com draga de sucção e recalque - bomba de 1.350 kW e cortador de 170 kW - distância de recalque de 4.700 a 4.900 m","m³",10.62]
[1917502,"Dragagem de areia fina com draga de sucção e recalque - bomba de 1.350 kW e cortador de 170 kW - distância de recalque de 4.900 a 5.100 m","m³",10.95]
[1917503,"Dragagem de areia fina com draga de sucção e recalque - bomba de 1.350 kW e cortador de 170 kW - distância de recalque de 5.100 a 5.300 m","m³",11.29]
[1917504,"Dragagem de areia fina com draga de sucção e recalque - bomba de 1.350 kW e cortador de 170 kW - distância de recalque de 5.300 a 5.500 m","m³",11.64]
[1917505,"Dragagem de areia fina com draga de sucção e recalque - bomba de 1.350 kW e cortador de 170 kW - distância de recalque de 5.500 a 5.700 m","m³",12.27]
[1917506,"Dragagem de areia fina com draga de sucção e recalque - bomba de 1.350 kW e cortador de 170 kW - distância de recalque de 5.700 a 5.900 m","m³",12.61]
[1917507,"Dragagem de areia fina com draga de sucção e recalque - bomba de 1.350 kW e cortador de 170 kW - distância de recalque de 5.900 a 6.100 m","m³",12.96]
[1917480,"Dragagem de areia fina com draga de sucção e recalque - bomba de 1.350 kW e cortador de 170 kW - distância de recalque de 500 a 700 m","m³",3.9]
[1917508,"Dragagem de areia fina com draga de sucção e recalque - bomba de 1.350 kW e cortador de 170 kW - distância de recalque de 6.100 a 6.300 m","m³",13.32]
[1917509,"Dragagem de areia fina com draga de sucção e recalque - bomba de 1.350 kW e cortador de 170 kW - distância de recalque de 6.300 a 6.500 m","m³",13.76]
[1917510,"Dragagem de areia fina com draga de sucção e recalque - bomba de 1.350 kW e cortador de 170 kW - distância de recalque de 6.500 a 6.700 m","m³",14.42]
[1917511,"Dragagem de areia fina com draga de sucção e recalque - bomba de 1.350 kW e cortador de 170 kW - distância de recalque de 6.700 a 6.900 m","m³",14.81]
[1917512,"Dragagem de areia fina com draga de sucção e recalque - bomba de 1.350 kW e cortador de 170 kW - distância de recalque de 6.900 a 7.100 m","m³",15.29]
[1917513,"Dragagem de areia fina com draga de sucção e recalque - bomba de 1.350 kW e cortador de 170 kW - distância de recalque de 7.100 a 7.300 m","m³",15.72]
[1917514,"Dragagem de areia fina com draga de sucção e recalque - bomba de 1.350 kW e cortador de 170 kW - distância de recalque de 7.300 a 7.500 m","m³",16.25]
[1917515,"Dragagem de areia fina com draga de sucção e recalque - bomba de 1.350 kW e cortador de 170 kW - distância de recalque de 7.500 a 7.700 m","m³",17.059999999999999]
[1917516,"Dragagem de areia fina com draga de sucção e recalque - bomba de 1.350 kW e cortador de 170 kW - distância de recalque de 7.700 a 7.900 m","m³",17.63]
[1917517,"Dragagem de areia fina com draga de sucção e recalque - bomba de 1.350 kW e cortador de 170 kW - distância de recalque de 7.900 a 8.100 m","m³",18.399999999999999]
[1917481,"Dragagem de areia fina com draga de sucção e recalque - bomba de 1.350 kW e cortador de 170 kW - distância de recalque de 700 a 900 m","m³",4.08]
[1917518,"Dragagem de areia fina com draga de sucção e recalque - bomba de 1.350 kW e cortador de 170 kW - distância de recalque de 8.100 a 8.300 m","m³",19.149999999999999]
[1917519,"Dragagem de areia fina com draga de sucção e recalque - bomba de 1.350 kW e cortador de 170 kW - distância de recalque de 8.300 a 8.500 m","m³",20.100000000000001]
[1917520,"Dragagem de areia fina com draga de sucção e recalque - bomba de 1.350 kW e cortador de 170 kW - distância de recalque de 8.500 a 8.700 m","m³",21.22]
[1917521,"Dragagem de areia fina com draga de sucção e recalque - bomba de 1.350 kW e cortador de 170 kW - distância de recalque de 8.700 a 8.900 m","m³",22.12]
[1917522,"Dragagem de areia fina com draga de sucção e recalque - bomba de 1.350 kW e cortador de 170 kW - distância de recalque de 8.900 a 9.100 m","m³",23.12]
[1917523,"Dragagem de areia fina com draga de sucção e recalque - bomba de 1.350 kW e cortador de 170 kW - distância de recalque de 9.100 a 9.300 m","m³",24.15]
[1917524,"Dragagem de areia fina com draga de sucção e recalque - bomba de 1.350 kW e cortador de 170 kW - distância de recalque de 9.300 a 9.500 m","m³",25.24]
[1917525,"Dragagem de areia fina com draga de sucção e recalque - bomba de 1.350 kW e cortador de 170 kW - distância de recalque de 9.500 a 9.700 m","m³",26.6]
[1917526,"Dragagem de areia fina com draga de sucção e recalque - bomba de 1.350 kW e cortador de 170 kW - distância de recalque de 9.700 a 9.900 m","m³",27.61]
[1917527,"Dragagem de areia fina com draga de sucção e recalque - bomba de 1.350 kW e cortador de 170 kW - distância de recalque de 9.900 a 10.100 m","m³",28.62]
[1917482,"Dragagem de areia fina com draga de sucção e recalque - bomba de 1.350 kW e cortador de 170 kW - distância de recalque de 900 a 1.100 m","m³",4.25]
[1917737,"Dragagem de areia fina com draga de sucção e recalque - bomba de 1.350 kW e cortador de 170 kW - distância de recalque de até 500 m","m³",3.87]
[1917220,"Dragagem de areia fina com draga de sucção e recalque - bomba de 294 kW e cortador de 30 kW - distância de recalque de 1.100 a 1.300 m","m³",6.49]
[1917221,"Dragagem de areia fina com draga de sucção e recalque - bomba de 294 kW e cortador de 30 kW - distância de recalque de 1.300 a 1.500 m","m³",6.94]
[1917222,"Dragagem de areia fina com draga de sucção e recalque - bomba de 294 kW e cortador de 30 kW - distância de recalque de 1.500 a 1.700 m","m³",7.52]
[1917223,"Dragagem de areia fina com draga de sucção e recalque - bomba de 294 kW e cortador de 30 kW - distância de recalque de 1.700 a 1.900 m","m³",7.87]
[1917224,"Dragagem de areia fina com draga de sucção e recalque - bomba de 294 kW e cortador de 30 kW - distância de recalque de 1.900 a 2.100 m","m³",8.24]
[1917225,"Dragagem de areia fina com draga de sucção e recalque - bomba de 294 kW e cortador de 30 kW - distância de recalque de 2.100 a 2.300 m","m³",8.67]
[1917226,"Dragagem de areia fina com draga de sucção e recalque - bomba de 294 kW e cortador de 30 kW - distância de recalque de 2.300 a 2.500 m","m³",9.08]
[1917227,"Dragagem de areia fina com draga de sucção e recalque - bomba de 294 kW e cortador de 30 kW - distância de recalque de 2.500 a 2.700 m","m³",9.68]
[1917228,"Dragagem de areia fina com draga de sucção e recalque - bomba de 294 kW e cortador de 30 kW - distância de recalque de 2.700 a 2.900 m","m³",10.18]
[1917229,"Dragagem de areia fina com draga de sucção e recalque - bomba de 294 kW e cortador de 30 kW - distância de recalque de 2.900 a 3.100 m","m³",10.6]
[1917230,"Dragagem de areia fina com draga de sucção e recalque - bomba de 294 kW e cortador de 30 kW - distância de recalque de 3.100 a 3.300 m","m³",11.09]
[1917231,"Dragagem de areia fina com draga de sucção e recalque - bomba de 294 kW e cortador de 30 kW - distância de recalque de 3.300 a 3.500 m","m³",11.6]
[1917232,"Dragagem de areia fina com draga de sucção e recalque - bomba de 294 kW e cortador de 30 kW - distância de recalque de 3.500 a 3.700 m","m³",12.3]
[1917233,"Dragagem de areia fina com draga de sucção e recalque - bomba de 294 kW e cortador de 30 kW - distância de recalque de 3.700 a 3.900 m","m³",12.83]
[1917234,"Dragagem de areia fina com draga de sucção e recalque - bomba de 294 kW e cortador de 30 kW - distância de recalque de 3.900 a 4.100 m","m³",13.46]
[1917217,"Dragagem de areia fina com draga de sucção e recalque - bomba de 294 kW e cortador de 30 kW - distância de recalque de 500 a 700 m","m³",5.29]
[1917218,"Dragagem de areia fina com draga de sucção e recalque - bomba de 294 kW e cortador de 30 kW - distância de recalque de 700 a 900 m","m³",5.51]
[1917219,"Dragagem de areia fina com draga de sucção e recalque - bomba de 294 kW e cortador de 30 kW - distância de recalque de 900 a 1.100 m","m³",5.95]
[1917724,"Dragagem de areia fina com draga de sucção e recalque - bomba de 294 kW e cortador de 30 kW - distância de recalque de até 500 m","m³",5.16]
[1917274,"Dragagem de areia fina com draga de sucção e recalque - bomba de 483 kW e cortador de 55 kW - distância de recalque de 1.100 a 1.300 m","m³",4.8099999999999996]
[1917275,"Dragagem de areia fina com draga de sucção e recalque - bomba de 483 kW e cortador de 55 kW - distância de recalque de 1.300 a 1.500 m","m³",5.12]
[1917276,"Dragagem de areia fina com draga de sucção e recalque - bomba de 483 kW e cortador de 55 kW - distância de recalque de 1.500 a 1.700 m","m³",5.66]
[1917277,"Dragagem de areia fina com draga de sucção e recalque - bomba de 483 kW e cortador de 55 kW - distância de recalque de 1.700 a 1.900 m","m³",6.06]
[1917278,"Dragagem de areia fina com draga de sucção e recalque - bomba de 483 kW e cortador de 55 kW - distância de recalque de 1.900 a 2.100 m","m³",6.27]
[1917279,"Dragagem de areia fina com draga de sucção e recalque - bomba de 483 kW e cortador de 55 kW - distância de recalque de 2.100 a 2.300 m","m³",6.67]
[1917280,"Dragagem de areia fina com draga de sucção e recalque - bomba de 483 kW e cortador de 55 kW - distância de recalque de 2.300 a 2.500 m","m³",7.06]
[1917281,"Dragagem de areia fina com draga de sucção e recalque - bomba de 483 kW e cortador de 55 kW - distância de recalque de 2.500 a 2.700 m","m³",7.63]
[1917282,"Dragagem de areia fina com draga de sucção e recalque - bomba de 483 kW e cortador de 55 kW - distância de recalque de 2.700 a 2.900 m","m³",8.01]
[1917283,"Dragagem de areia fina com draga de sucção e recalque - bomba de 483 kW e cortador de 55 kW - distância de recalque de 2.900 a 3.100 m","m³",8.4]
[1917284,"Dragagem de areia fina com draga de sucção e recalque - bomba de 483 kW e cortador de 55 kW - distância de recalque de 3.100 a 3.300 m","m³",8.75]
[1917285,"Dragagem de areia fina com draga de sucção e recalque - bomba de 483 kW e cortador de 55 kW - distância de recalque de 3.300 a 3.500 m","m³",9.16]
[1917286,"Dragagem de areia fina com draga de sucção e recalque - bomba de 483 kW e cortador de 55 kW - distância de recalque de 3.500 a 3.700 m","m³",9.8699999999999992]
[1917287,"Dragagem de areia fina com draga de sucção e recalque - bomba de 483 kW e cortador de 55 kW - distância de recalque de 3.700 a 3.900 m","m³",10.31]
[1917288,"Dragagem de areia fina com draga de sucção e recalque - bomba de 483 kW e cortador de 55 kW - distância de recalque de 3.900 a 4.100 m","m³",10.76]
[1917289,"Dragagem de areia fina com draga de sucção e recalque - bomba de 483 kW e cortador de 55 kW - distância de recalque de 4.100 a 4.300 m","m³",11.27]
[1917290,"Dragagem de areia fina com draga de sucção e recalque - bomba de 483 kW e cortador de 55 kW - distância de recalque de 4.300 a 4.500 m","m³",11.8]
[1917291,"Dragagem de areia fina com draga de sucção e recalque - bomba de 483 kW e cortador de 55 kW - distância de recalque de 4.500 a 4.700 m","m³",12.59]
[1917292,"Dragagem de areia fina com draga de sucção e recalque - bomba de 483 kW e cortador de 55 kW - distância de recalque de 4.700 a 4.900 m","m³",13.16]
[1917293,"Dragagem de areia fina com draga de sucção e recalque - bomba de 483 kW e cortador de 55 kW - distância de recalque de 4.900 a 5.100 m","m³",13.77]
[1917294,"Dragagem de areia fina com draga de sucção e recalque - bomba de 483 kW e cortador de 55 kW - distância de recalque de 5.100 a 5.300 m","m³",14.57]
[1917295,"Dragagem de areia fina com draga de sucção e recalque - bomba de 483 kW e cortador de 55 kW - distância de recalque de 5.300 a 5.500 m","m³",15.36]
[1917296,"Dragagem de areia fina com draga de sucção e recalque - bomba de 483 kW e cortador de 55 kW - distância de recalque de 5.500 a 5.700 m","m³",16.5]
[1917297,"Dragagem de areia fina com draga de sucção e recalque - bomba de 483 kW e cortador de 55 kW - distância de recalque de 5.700 a 5.900 m","m³",17.52]
[1917298,"Dragagem de areia fina com draga de sucção e recalque - bomba de 483 kW e cortador de 55 kW - distância de recalque de 5.900 a 6.100 m","m³",18.63]
[1917271,"Dragagem de areia fina com draga de sucção e recalque - bomba de 483 kW e cortador de 55 kW - distância de recalque de 500 a 700 m","m³",4.03]
[1917299,"Dragagem de areia fina com draga de sucção e recalque - bomba de 483 kW e cortador de 55 kW - distância de recalque de 6.100 a 6.300 m","m³",19.95]
[1917300,"Dragagem de areia fina com draga de sucção e recalque - bomba de 483 kW e cortador de 55 kW - distância de recalque de 6.300 a 6.500 m","m³",21.4]
[1917301,"Dragagem de areia fina com draga de sucção e recalque - bomba de 483 kW e cortador de 55 kW - distância de recalque de 6.500 a 6.700 m","m³",23.33]
[1917302,"Dragagem de areia fina com draga de sucção e recalque - bomba de 483 kW e cortador de 55 kW - distância de recalque de 6.700 a 6.900 m","m³",25.15]
[1917303,"Dragagem de areia fina com draga de sucção e recalque - bomba de 483 kW e cortador de 55 kW - distância de recalque de 6.900 a 7.100 m","m³",26.87]
[1917304,"Dragagem de areia fina com draga de sucção e recalque - bomba de 483 kW e cortador de 55 kW - distância de recalque de 7.100 a 7.300 m","m³",28.55]
[1917305,"Dragagem de areia fina com draga de sucção e recalque - bomba de 483 kW e cortador de 55 kW - distância de recalque de 7.300 a 7.500 m","m³",30.41]
[1917306,"Dragagem de areia fina com draga de sucção e recalque - bomba de 483 kW e cortador de 55 kW - distância de recalque de 7.500 a 7.700 m","m³",32.72]
[1917307,"Dragagem de areia fina com draga de sucção e recalque - bomba de 483 kW e cortador de 55 kW - distância de recalque de 7.700 a 7.900 m","m³",34.43]
[1917272,"Dragagem de areia fina com draga de sucção e recalque - bomba de 483 kW e cortador de 55 kW - distância de recalque de 700 a 900 m","m³",4.24]
[1917273,"Dragagem de areia fina com draga de sucção e recalque - bomba de 483 kW e cortador de 55 kW - distância de recalque de 900 a 1.100 m","m³",4.46]
[1917729,"Dragagem de areia fina com draga de sucção e recalque - bomba de 483 kW e cortador de 55 kW - distância de recalque de até 500 m","m³",3.97]
[1917367,"Dragagem de areia fina com draga de sucção e recalque - bomba de 746 kW e cortador de 110 kW - distância de recalque de 1.100 a 1.300 m","m³",4.51]
[1917368,"Dragagem de areia fina com draga de sucção e recalque - bomba de 746 kW e cortador de 110 kW - distância de recalque de 1.300 a 1.500 m","m³",4.83]
[1917369,"Dragagem de areia fina com draga de sucção e recalque - bomba de 746 kW e cortador de 110 kW - distância de recalque de 1.500 a 1.700 m","m³",5.31]
[1917370,"Dragagem de areia fina com draga de sucção e recalque - bomba de 746 kW e cortador de 110 kW - distância de recalque de 1.700 a 1.900 m","m³",5.6]
[1917371,"Dragagem de areia fina com draga de sucção e recalque - bomba de 746 kW e cortador de 110 kW - distância de recalque de 1.900 a 2.100 m","m³",5.88]
[1917372,"Dragagem de areia fina com draga de sucção e recalque - bomba de 746 kW e cortador de 110 kW - distância de recalque de 2.100 a 2.300 m","m³",6.16]
[1917373,"Dragagem de areia fina com draga de sucção e recalque - bomba de 746 kW e cortador de 110 kW - distância de recalque de 2.300 a 2.500 m","m³",6.37]
[1917374,"Dragagem de areia fina com draga de sucção e recalque - bomba de 746 kW e cortador de 110 kW - distância de recalque de 2.500 a 2.700 m","m³",6.92]
[1917375,"Dragagem de areia fina com draga de sucção e recalque - bomba de 746 kW e cortador de 110 kW - distância de recalque de 2.700 a 2.900 m","m³",7.18]
[1917376,"Dragagem de areia fina com draga de sucção e recalque - bomba de 746 kW e cortador de 110 kW - distância de recalque de 2.900 a 3.100 m","m³",7.44]
[1917377,"Dragagem de areia fina com draga de sucção e recalque - bomba de 746 kW e cortador de 110 kW - distância de recalque de 3.100 a 3.300 m","m³",7.71]
[1917378,"Dragagem de areia fina com draga de sucção e recalque - bomba de 746 kW e cortador de 110 kW - distância de recalque de 3.300 a 3.500 m","m³",7.98]
[1917379,"Dragagem de areia fina com draga de sucção e recalque - bomba de 746 kW e cortador de 110 kW - distância de recalque de 3.500 a 3.700 m","m³",8.5500000000000007]
[1917380,"Dragagem de areia fina com draga de sucção e recalque - bomba de 746 kW e cortador de 110 kW - distância de recalque de 3.700 a 3.900 m","m³",8.8699999999999992]
[1917381,"Dragagem de areia fina com draga de sucção e recalque - bomba de 746 kW e cortador de 110 kW - distância de recalque de 3.900 a 4.100 m","m³",9.2100000000000009]
[1917382,"Dragagem de areia fina com draga de sucção e recalque - bomba de 746 kW e cortador de 110 kW - distância de recalque de 4.100 a 4.300 m","m³",9.6199999999999992]
[1917383,"Dragagem de areia fina com draga de sucção e recalque - bomba de 746 kW e cortador de 110 kW - distância de recalque de 4.300 a 4.500 m","m³",9.98]
[1917384,"Dragagem de areia fina com draga de sucção e recalque - bomba de 746 kW e cortador de 110 kW - distância de recalque de 4.500 a 4.700 m","m³",10.61]
[1917385,"Dragagem de areia fina com draga de sucção e recalque - bomba de 746 kW e cortador de 110 kW - distância de recalque de 4.700 a 4.900 m","m³",11.06]
[1917386,"Dragagem de areia fina com draga de sucção e recalque - bomba de 746 kW e cortador de 110 kW - distância de recalque de 4.900 a 5.100 m","m³",11.53]
[1917387,"Dragagem de areia fina com draga de sucção e recalque - bomba de 746 kW e cortador de 110 kW - distância de recalque de 5.100 a 5.300 m","m³",12.03]
[1917388,"Dragagem de areia fina com draga de sucção e recalque - bomba de 746 kW e cortador de 110 kW - distância de recalque de 5.300 a 5.500 m","m³",12.54]
[1917389,"Dragagem de areia fina com draga de sucção e recalque - bomba de 746 kW e cortador de 110 kW - distância de recalque de 5.500 a 5.700 m","m³",13.33]
[1917390,"Dragagem de areia fina com draga de sucção e recalque - bomba de 746 kW e cortador de 110 kW - distância de recalque de 5.700 a 5.900 m","m³",14.03]
[1917391,"Dragagem de areia fina com draga de sucção e recalque - bomba de 746 kW e cortador de 110 kW - distância de recalque de 5.900 a 6.100 m","m³",14.78]
[1917364,"Dragagem de areia fina com draga de sucção e recalque - bomba de 746 kW e cortador de 110 kW - distância de recalque de 500 a 700 m","m³",3.59]
[1917392,"Dragagem de areia fina com draga de sucção e recalque - bomba de 746 kW e cortador de 110 kW - distância de recalque de 6.100 a 6.300 m","m³",15.72]
[1917393,"Dragagem de areia fina com draga de sucção e recalque - bomba de 746 kW e cortador de 110 kW - distância de recalque de 6.300 a 6.500 m","m³",16.71]
[1917394,"Dragagem de areia fina com draga de sucção e recalque - bomba de 746 kW e cortador de 110 kW - distância de recalque de 6.500 a 6.700 m","m³",18.12]
[1917395,"Dragagem de areia fina com draga de sucção e recalque - bomba de 746 kW e cortador de 110 kW - distância de recalque de 6.700 a 6.900 m","m³",19.09]
[1917396,"Dragagem de areia fina com draga de sucção e recalque - bomba de 746 kW e cortador de 110 kW - distância de recalque de 6.900 a 7.100 m","m³",20.21]
[1917397,"Dragagem de areia fina com draga de sucção e recalque - bomba de 746 kW e cortador de 110 kW - distância de recalque de 7.100 a 7.300 m","m³",21.49]
[1917398,"Dragagem de areia fina com draga de sucção e recalque - bomba de 746 kW e cortador de 110 kW - distância de recalque de 7.300 a 7.500 m","m³",22.62]
[1917399,"Dragagem de areia fina com draga de sucção e recalque - bomba de 746 kW e cortador de 110 kW - distância de recalque de 7.500 a 7.700 m","m³",24.23]
[1917400,"Dragagem de areia fina com draga de sucção e recalque - bomba de 746 kW e cortador de 110 kW - distância de recalque de 7.700 a 7.900 m","m³",25.69]
[1917401,"Dragagem de areia fina com draga de sucção e recalque - bomba de 746 kW e cortador de 110 kW - distância de recalque de 7.900 a 8.100 m","m³",27.01]
[1917365,"Dragagem de areia fina com draga de sucção e recalque - bomba de 746 kW e cortador de 110 kW - distância de recalque de 700 a 900 m","m³",3.95]
[1917402,"Dragagem de areia fina com draga de sucção e recalque - bomba de 746 kW e cortador de 110 kW - distância de recalque de 8.100 a 8.300 m","m³",28.56]
[1917403,"Dragagem de areia fina com draga de sucção e recalque - bomba de 746 kW e cortador de 110 kW - distância de recalque de 8.300 a 8.500 m","m³",30.3]
[1917404,"Dragagem de areia fina com draga de sucção e recalque - bomba de 746 kW e cortador de 110 kW - distância de recalque de 8.500 a 8.700 m","m³",32.1]
[1917405,"Dragagem de areia fina com draga de sucção e recalque - bomba de 746 kW e cortador de 110 kW - distância de recalque de 8.700 a 8.900 m","m³",33.81]
[1917406,"Dragagem de areia fina com draga de sucção e recalque - bomba de 746 kW e cortador de 110 kW - distância de recalque de 8.900 a 9.100 m","m³",35.71]
[1917407,"Dragagem de areia fina com draga de sucção e recalque - bomba de 746 kW e cortador de 110 kW - distância de recalque de 9.100 a 9.300 m","m³",37.880000000000003]
[1917408,"Dragagem de areia fina com draga de sucção e recalque - bomba de 746 kW e cortador de 110 kW - distância de recalque de 9.300 a 9.500 m","m³",40.29]
[1917409,"Dragagem de areia fina com draga de sucção e recalque - bomba de 746 kW e cortador de 110 kW - distância de recalque de 9.500 a 9.700 m","m³",42.23]
[1917410,"Dragagem de areia fina com draga de sucção e recalque - bomba de 746 kW e cortador de 110 kW - distância de recalque de 9.700 a 9.900 m","m³",43.99]
[1917411,"Dragagem de areia fina com draga de sucção e recalque - bomba de 746 kW e cortador de 110 kW - distância de recalque de 9.900 a 10.100 m","m³",45.97]
[1917366,"Dragagem de areia fina com draga de sucção e recalque - bomba de 746 kW e cortador de 110 kW - distância de recalque de 900 a 1.100 m","m³",4.1900000000000004]
[1917732,"Dragagem de areia fina com draga de sucção e recalque - bomba de 746 kW e cortador de 110 kW - distância de recalque de até 500 m","m³",3.36]
[1917043,"Dragagem de areia fina com draga hopper - capacidade da cisterna de 1.000 m³ - DMT de 1.500 a 1.800 m","m³",12.62]
[1917044,"Dragagem de areia fina com draga hopper - capacidade da cisterna de 1.000 m³ - DMT de 1.800 a 2.100 m","m³",12.84]
[1917045,"Dragagem de areia fina com draga hopper - capacidade da cisterna de 1.000 m³ - DMT de 2.100 a 2.400 m","m³",13.07]
[1917046,"Dragagem de areia fina com draga hopper - capacidade da cisterna de 1.000 m³ - DMT de 2.400 a 2.700 m","m³",13.31]
[1917047,"Dragagem de areia fina com draga hopper - capacidade da cisterna de 1.000 m³ - DMT de 2.700 a 3.000 m","m³",13.56]
[1917048,"Dragagem de areia fina com draga hopper - capacidade da cisterna de 1.000 m³ - DMT de 3.000 m","m³",13.69]
[1901518,"Dragagem de areia fina com draga hopper - capacidade da cisterna de 10.000 m³ - DMT de 1.500 a 1.800 m","m³",8.52]
[1901519,"Dragagem de areia fina com draga hopper - capacidade da cisterna de 10.000 m³ - DMT de 1.800 a 2.100 m","m³",8.59]
[1901520,"Dragagem de areia fina com draga hopper - capacidade da cisterna de 10.000 m³ - DMT de 2.100 a 2.400 m","m³",8.66]
[1901521,"Dragagem de areia fina com draga hopper - capacidade da cisterna de 10.000 m³ - DMT de 2.400 a 2.700 m","m³",8.73]
[1901522,"Dragagem de areia fina com draga hopper - capacidade da cisterna de 10.000 m³ - DMT de 2.700 a 3.000 m","m³",8.8000000000000007]
[1901517,"Dragagem de areia fina com draga hopper - capacidade da cisterna de 10.000 m³ - DMT de 3.000 m","m³",8.84]
[1901523,"Dragagem de areia fina com draga hopper - capacidade da cisterna de 15.000 m³ - DMT de 1.500 a 1.800 m","m³",11.33]
[1901524,"Dragagem de areia fina com draga hopper - capacidade da cisterna de 15.000 m³ - DMT de 1.800 a 2.100 m","m³",11.39]
[1901525,"Dragagem de areia fina com draga hopper - capacidade da cisterna de 15.000 m³ - DMT de 2.100 a 2.400 m","m³",11.45]
[1901526,"Dragagem de areia fina com draga hopper - capacidade da cisterna de 15.000 m³ - DMT de 2.400 a 2.700 m","m³",11.52]
[1901527,"Dragagem de areia fina com draga hopper - capacidade da cisterna de 15.000 m³ - DMT de 2.700 a 3.000 m","m³",11.59]
[1901528,"Dragagem de areia fina com draga hopper - capacidade da cisterna de 15.000 m³ - DMT de 3.000 m","m³",11.63]
[1917079,"Dragagem de areia fina com draga hopper - capacidade da cisterna de 2.000 m³ - DMT de 1.500 a 1.800 m","m³",8.92]
[1917080,"Dragagem de areia fina com draga hopper - capacidade da cisterna de 2.000 m³ - DMT de 1.800 a 2.100 m","m³",9.0500000000000007]
[1917081,"Dragagem de areia fina com draga hopper - capacidade da cisterna de 2.000 m³ - DMT de 2.100 a 2.400 m","m³",9.1999999999999993]
[1917082,"Dragagem de areia fina com draga hopper - capacidade da cisterna de 2.000 m³ - DMT de 2.400 a 2.700 m","m³",9.34]
[1917083,"Dragagem de areia fina com draga hopper - capacidade da cisterna de 2.000 m³ - DMT de 2.700 a 3.000 m","m³",9.5]
[1917084,"Dragagem de areia fina com draga hopper - capacidade da cisterna de 2.000 m³ - DMT de 3.000 m","m³",9.58]
[1901529,"Dragagem de areia fina com draga hopper - capacidade da cisterna de 20.000 m³ - DMT de 1.500 a 1.800 m","m³",14.2]
[1901530,"Dragagem de areia fina com draga hopper - capacidade da cisterna de 20.000 m³ - DMT de 1.800 a 2.100 m","m³",14.26]
[1901531,"Dragagem de areia fina com draga hopper - capacidade da cisterna de 20.000 m³ - DMT de 2.100 a 2.400 m","m³",14.32]
[1901532,"Dragagem de areia fina com draga hopper - capacidade da cisterna de 20.000 m³ - DMT de 2.400 a 2.700 m","m³",14.38]
[1901533,"Dragagem de areia fina com draga hopper - capacidade da cisterna de 20.000 m³ - DMT de 2.700 a 3.000 m","m³",14.45]
[1901534,"Dragagem de areia fina com draga hopper - capacidade da cisterna de 20.000 m³ - DMT de 3.000 m","m³",14.49]
[1917115,"Dragagem de areia fina com draga hopper - capacidade da cisterna de 3.000 m³ - DMT de 1.500 a 1.800 m","m³",8.56]
[1917116,"Dragagem de areia fina com draga hopper - capacidade da cisterna de 3.000 m³ - DMT de 1.800 a 2.100 m","m³",8.67]
[1917117,"Dragagem de areia fina com draga hopper - capacidade da cisterna de 3.000 m³ - DMT de 2.100 a 2.400 m","m³",8.7799999999999994]
[1917118,"Dragagem de areia fina com draga hopper - capacidade da cisterna de 3.000 m³ - DMT de 2.400 a 2.700 m","m³",8.9]
[1917119,"Dragagem de areia fina com draga hopper - capacidade da cisterna de 3.000 m³ - DMT de 2.700 a 3.000 m","m³",9.0299999999999994]
[1917120,"Dragagem de areia fina com draga hopper - capacidade da cisterna de 3.000 m³ - DMT de 3.000 m","m³",9.1]
[1917151,"Dragagem de areia fina com draga hopper - capacidade da cisterna de 4.000 m³ - DMT de 1.500 a 1.800 m","m³",8.16]
[1917152,"Dragagem de areia fina com draga hopper - capacidade da cisterna de 4.000 m³ - DMT de 1.800 a 2.100 m","m³",8.26]
[1917153,"Dragagem de areia fina com draga hopper - capacidade da cisterna de 4.000 m³ - DMT de 2.100 a 2.400 m","m³",8.36]
[1917154,"Dragagem de areia fina com draga hopper - capacidade da cisterna de 4.000 m³ - DMT de 2.400 a 2.700 m","m³",8.4600000000000009]
[1917155,"Dragagem de areia fina com draga hopper - capacidade da cisterna de 4.000 m³ - DMT de 2.700 a 3.000 m","m³",8.58]
[1917156,"Dragagem de areia fina com draga hopper - capacidade da cisterna de 4.000 m³ - DMT de 3.000 m","m³",8.64]
[1917187,"Dragagem de areia fina com draga hopper - capacidade da cisterna de 5.000 m³ - DMT de 1.500 a 1.800 m","m³",9.08]
[1917188,"Dragagem de areia fina com draga hopper - capacidade da cisterna de 5.000 m³ - DMT de 1.800 a 2.100 m","m³",9.17]
[1917189,"Dragagem de areia fina com draga hopper - capacidade da cisterna de 5.000 m³ - DMT de 2.100 a 2.400 m","m³",9.26]
[1917190,"Dragagem de areia fina com draga hopper - capacidade da cisterna de 5.000 m³ - DMT de 2.400 a 2.700 m","m³",9.35]
[1917191,"Dragagem de areia fina com draga hopper - capacidade da cisterna de 5.000 m³ - DMT de 2.700 a 3.000 m","m³",9.4499999999999993]
[1917192,"Dragagem de areia fina com draga hopper - capacidade da cisterna de 5.000 m³ - DMT de 3.000 m","m³",9.51]
[1917007,"Dragagem de areia fina com draga hopper - capacidade da cisterna de 750 m³ - DMT de 1.500 a 1.800 m","m³",17.16]
[1917008,"Dragagem de areia fina com draga hopper - capacidade da cisterna de 750 m³ - DMT de 1.800 a 2.100 m","m³",17.47]
[1917009,"Dragagem de areia fina com draga hopper - capacidade da cisterna de 750 m³ - DMT de 2.100 a 2.400 m","m³",17.79]
[1917010,"Dragagem de areia fina com draga hopper - capacidade da cisterna de 750 m³ - DMT de 2.400 a 2.700 m","m³",18.13]
[1917011,"Dragagem de areia fina com draga hopper - capacidade da cisterna de 750 m³ - DMT de 2.700 a 3.000 m","m³",18.489999999999998]
[1917012,"Dragagem de areia fina com draga hopper - capacidade da cisterna de 750 m³ - DMT de 3.000 m","m³",18.68]
[1917578,"Dragagem de areia grossa com draga de sucção e recalque - bomba de 1.350 kW e cortador de 170 kW - distância de recalque de 1.100 a 1.300 m","m³",6.38]
[1917579,"Dragagem de areia grossa com draga de sucção e recalque - bomba de 1.350 kW e cortador de 170 kW - distância de recalque de 1.300 a 1.500 m","m³",6.84]
[1917580,"Dragagem de areia grossa com draga de sucção e recalque - bomba de 1.350 kW e cortador de 170 kW - distância de recalque de 1.500 a 1.700 m","m³",7.22]
[1917581,"Dragagem de areia grossa com draga de sucção e recalque - bomba de 1.350 kW e cortador de 170 kW - distância de recalque de 1.700 a 1.900 m","m³",7.66]
[1917582,"Dragagem de areia grossa com draga de sucção e recalque - bomba de 1.350 kW e cortador de 170 kW - distância de recalque de 1.900 a 2.100 m","m³",8.31]
[1917583,"Dragagem de areia grossa com draga de sucção e recalque - bomba de 1.350 kW e cortador de 170 kW - distância de recalque de 2.100 a 2.300 m","m³",8.81]
[1917584,"Dragagem de areia grossa com draga de sucção e recalque - bomba de 1.350 kW e cortador de 170 kW - distância de recalque de 2.300 a 2.500 m","m³",9.23]
[1917585,"Dragagem de areia grossa com draga de sucção e recalque - bomba de 1.350 kW e cortador de 170 kW - distância de recalque de 2.500 a 2.700 m","m³",9.86]
[1917586,"Dragagem de areia grossa com draga de sucção e recalque - bomba de 1.350 kW e cortador de 170 kW - distância de recalque de 2.700 a 2.900 m","m³",10.8]
[1917587,"Dragagem de areia grossa com draga de sucção e recalque - bomba de 1.350 kW e cortador de 170 kW - distância de recalque de 2.900 a 3.100 m","m³",11.51]
[1917588,"Dragagem de areia grossa com draga de sucção e recalque - bomba de 1.350 kW e cortador de 170 kW - distância de recalque de 3.100 a 3.300 m","m³",12.29]
[1917589,"Dragagem de areia grossa com draga de sucção e recalque - bomba de 1.350 kW e cortador de 170 kW - distância de recalque de 3.300 a 3.500 m","m³",13.83]
[1917590,"Dragagem de areia grossa com draga de sucção e recalque - bomba de 1.350 kW e cortador de 170 kW - distância de recalque de 3.500 a 3.700 m","m³",16.010000000000002]
[1917591,"Dragagem de areia grossa com draga de sucção e recalque - bomba de 1.350 kW e cortador de 170 kW - distância de recalque de 3.700 a 3.900 m","m³",17.93]
[1917592,"Dragagem de areia grossa com draga de sucção e recalque - bomba de 1.350 kW e cortador de 170 kW - distância de recalque de 3.900 a 4.100 m","m³",20.37]
[1917593,"Dragagem de areia grossa com draga de sucção e recalque - bomba de 1.350 kW e cortador de 170 kW - distância de recalque de 4.100 a 4.300 m","m³",22.89]
[1917594,"Dragagem de areia grossa com draga de sucção e recalque - bomba de 1.350 kW e cortador de 170 kW - distância de recalque de 4.300 a 4.500 m","m³",25.99]
[1917595,"Dragagem de areia grossa com draga de sucção e recalque - bomba de 1.350 kW e cortador de 170 kW - distância de recalque de 4.500 a 4.700 m","m³",29.28]
[1917596,"Dragagem de areia grossa com draga de sucção e recalque - bomba de 1.350 kW e cortador de 170 kW - distância de recalque de 4.700 a 4.900 m","m³",32.270000000000003]
[1917597,"Dragagem de areia grossa com draga de sucção e recalque - bomba de 1.350 kW e cortador de 170 kW - distância de recalque de 4.900 a 5.100 m","m³",36.39]
[1917598,"Dragagem de areia grossa com draga de sucção e recalque - bomba de 1.350 kW e cortador de 170 kW - distância de recalque de 5.100 a 5.300 m","m³",40.21]
[1917599,"Dragagem de areia grossa com draga de sucção e recalque - bomba de 1.350 kW e cortador de 170 kW - distância de recalque de 5.300 a 5.500 m","m³",44.55]
[1917600,"Dragagem de areia grossa com draga de sucção e recalque - bomba de 1.350 kW e cortador de 170 kW - distância de recalque de 5.500 a 5.700 m","m³",50.11]
[1917601,"Dragagem de areia grossa com draga de sucção e recalque - bomba de 1.350 kW e cortador de 170 kW - distância de recalque de 5.700 a 5.900 m","m³",52.65]
[1917575,"Dragagem de areia grossa com draga de sucção e recalque - bomba de 1.350 kW e cortador de 170 kW - distância de recalque de 500 a 700 m","m³",4.91]
[1917576,"Dragagem de areia grossa com draga de sucção e recalque - bomba de 1.350 kW e cortador de 170 kW - distância de recalque de 700 a 900 m","m³",5.27]
[1917577,"Dragagem de areia grossa com draga de sucção e recalque - bomba de 1.350 kW e cortador de 170 kW - distância de recalque de 900 a 1.100 m","m³",5.72]
[1917739,"Dragagem de areia grossa com draga de sucção e recalque - bomba de 1.350 kW e cortador de 170 kW - distância de recalque de até 500 m","m³",4.83]
[1917253,"Dragagem de areia grossa com draga de sucção e recalque - bomba de 294 kW e cortador de 30 kW - distância de recalque de 1.100 a 1.300 m","m³",7.76]
[1917254,"Dragagem de areia grossa com draga de sucção e recalque - bomba de 294 kW e cortador de 30 kW - distância de recalque de 1.300 a 1.500 m","m³",8.32]
[1917255,"Dragagem de areia grossa com draga de sucção e recalque - bomba de 294 kW e cortador de 30 kW - distância de recalque de 1.500 a 1.700 m","m³",9.0299999999999994]
[1917256,"Dragagem de areia grossa com draga de sucção e recalque - bomba de 294 kW e cortador de 30 kW - distância de recalque de 1.700 a 1.900 m","m³",9.77]
[1917257,"Dragagem de areia grossa com draga de sucção e recalque - bomba de 294 kW e cortador de 30 kW - distância de recalque de 1.900 a 2.100 m","m³",10.79]
[1917258,"Dragagem de areia grossa com draga de sucção e recalque - bomba de 294 kW e cortador de 30 kW - distância de recalque de 2.100 a 2.300 m","m³",11.81]
[1917259,"Dragagem de areia grossa com draga de sucção e recalque - bomba de 294 kW e cortador de 30 kW - distância de recalque de 2.300 a 2.500 m","m³",14.73]
[1917250,"Dragagem de areia grossa com draga de sucção e recalque - bomba de 294 kW e cortador de 30 kW - distância de recalque de 500 a 700 m","m³",5.8]
[1917251,"Dragagem de areia grossa com draga de sucção e recalque - bomba de 294 kW e cortador de 30 kW - distância de recalque de 700 a 900 m","m³",6.15]
[1917252,"Dragagem de areia grossa com draga de sucção e recalque - bomba de 294 kW e cortador de 30 kW - distância de recalque de 900 a 1.100 m","m³",6.88]
[1917726,"Dragagem de areia grossa com draga de sucção e recalque - bomba de 294 kW e cortador de 30 kW - distância de recalque de até 500 m","m³",5.66]
[1917335,"Dragagem de areia grossa com draga de sucção e recalque - bomba de 483 kW e cortador de 55 kW - distância de recalque de 1.100 a 1.300 m","m³",5.72]
[1917336,"Dragagem de areia grossa com draga de sucção e recalque - bomba de 483 kW e cortador de 55 kW - distância de recalque de 1.300 a 1.500 m","m³",6.53]
[1917337,"Dragagem de areia grossa com draga de sucção e recalque - bomba de 483 kW e cortador de 55 kW - distância de recalque de 1.500 a 1.700 m","m³",7.13]
[1917338,"Dragagem de areia grossa com draga de sucção e recalque - bomba de 483 kW e cortador de 55 kW - distância de recalque de 1.700 a 1.900 m","m³",7.88]
[1917339,"Dragagem de areia grossa com draga de sucção e recalque - bomba de 483 kW e cortador de 55 kW - distância de recalque de 1.900 a 2.100 m","m³",8.8000000000000007]
[1917340,"Dragagem de areia grossa com draga de sucção e recalque - bomba de 483 kW e cortador de 55 kW - distância de recalque de 2.100 a 2.300 m","m³",10.24]
[1917341,"Dragagem de areia grossa com draga de sucção e recalque - bomba de 483 kW e cortador de 55 kW - distância de recalque de 2.300 a 2.500 m","m³",13.02]
[1917342,"Dragagem de areia grossa com draga de sucção e recalque - bomba de 483 kW e cortador de 55 kW - distância de recalque de 2.500 a 2.700 m","m³",16.170000000000002]
[1917343,"Dragagem de areia grossa com draga de sucção e recalque - bomba de 483 kW e cortador de 55 kW - distância de recalque de 2.700 a 2.900 m","m³",20.18]
[1917344,"Dragagem de areia grossa com draga de sucção e recalque - bomba de 483 kW e cortador de 55 kW - distância de recalque de 2.900 a 3.100 m","m³",24.41]
[1917345,"Dragagem de areia grossa com draga de sucção e recalque - bomba de 483 kW e cortador de 55 kW - distância de recalque de 3.100 a 3.300 m","m³",30.4]
[1917346,"Dragagem de areia grossa com draga de sucção e recalque - bomba de 483 kW e cortador de 55 kW - distância de recalque de 3.300 a 3.500 m","m³",36.270000000000003]
[1917347,"Dragagem de areia grossa com draga de sucção e recalque - bomba de 483 kW e cortador de 55 kW - distância de recalque de 3.500 a 3.700 m","m³",48.12]
[1917332,"Dragagem de areia grossa com draga de sucção e recalque - bomba de 483 kW e cortador de 55 kW - distância de recalque de 500 a 700 m","m³",4.66]
[1917333,"Dragagem de areia grossa com draga de sucção e recalque - bomba de 483 kW e cortador de 55 kW - distância de recalque de 700 a 900 m","m³",4.97]
[1917334,"Dragagem de areia grossa com draga de sucção e recalque - bomba de 483 kW e cortador de 55 kW - distância de recalque de 900 a 1.100 m","m³",5.29]
[1917331,"Dragagem de areia grossa com draga de sucção e recalque - bomba de 483 kW e cortador de 55 kW - distância de recalque de até 500 m","m³",4.24]
[1917443,"Dragagem de areia grossa com draga de sucção e recalque - bomba de 746 kW e cortador de 110 kW - distância de recalque de 1.100 a 1.300 m","m³",6.35]
[1917444,"Dragagem de areia grossa com draga de sucção e recalque - bomba de 746 kW e cortador de 110 kW - distância de recalque de 1.300 a 1.500 m","m³",6.87]
[1917445,"Dragagem de areia grossa com draga de sucção e recalque - bomba de 746 kW e cortador de 110 kW - distância de recalque de 1.500 a 1.700 m","m³",7.44]
[1917446,"Dragagem de areia grossa com draga de sucção e recalque - bomba de 746 kW e cortador de 110 kW - distância de recalque de 1.700 a 1.900 m","m³",8.0299999999999994]
[1917447,"Dragagem de areia grossa com draga de sucção e recalque - bomba de 746 kW e cortador de 110 kW - distância de recalque de 1.900 a 2.100 m","m³",8.9499999999999993]
[1917448,"Dragagem de areia grossa com draga de sucção e recalque - bomba de 746 kW e cortador de 110 kW - distância de recalque de 2.100 a 2.300 m","m³",9.6999999999999993]
[1917449,"Dragagem de areia grossa com draga de sucção e recalque - bomba de 746 kW e cortador de 110 kW - distância de recalque de 2.300 a 2.500 m","m³",10.69]
[1917450,"Dragagem de areia grossa com draga de sucção e recalque - bomba de 746 kW e cortador de 110 kW - distância de recalque de 2.500 a 2.700 m","m³",11.88]
[1917451,"Dragagem de areia grossa com draga de sucção e recalque - bomba de 746 kW e cortador de 110 kW - distância de recalque de 2.700 a 2.900 m","m³",14.52]
[1917452,"Dragagem de areia grossa com draga de sucção e recalque - bomba de 746 kW e cortador de 110 kW - distância de recalque de 2.900 a 3.100 m","m³",17.079999999999998]
[1917453,"Dragagem de areia grossa com draga de sucção e recalque - bomba de 746 kW e cortador de 110 kW - distância de recalque de 3.100 a 3.300 m","m³",20.170000000000002]
[1917454,"Dragagem de areia grossa com draga de sucção e recalque - bomba de 746 kW e cortador de 110 kW - distância de recalque de 3.300 a 3.500 m","m³",23.56]
[1917455,"Dragagem de areia grossa com draga de sucção e recalque - bomba de 746 kW e cortador de 110 kW - distância de recalque de 3.500 a 3.700 m","m³",27.94]
[1917456,"Dragagem de areia grossa com draga de sucção e recalque - bomba de 746 kW e cortador de 110 kW - distância de recalque de 3.700 a 3.900 m","m³",32.64]
[1917457,"Dragagem de areia grossa com draga de sucção e recalque - bomba de 746 kW e cortador de 110 kW - distância de recalque de 3.900 a 4.100 m","m³",36.85]
[1917458,"Dragagem de areia grossa com draga de sucção e recalque - bomba de 746 kW e cortador de 110 kW - distância de recalque de 4.100 a 4.300 m","m³",42.44]
[1917459,"Dragagem de areia grossa com draga de sucção e recalque - bomba de 746 kW e cortador de 110 kW - distância de recalque de 4.300 a 4.500 m","m³",44.74]
[1917440,"Dragagem de areia grossa com draga de sucção e recalque - bomba de 746 kW e cortador de 110 kW - distância de recalque de 500 a 700 m","m³",4.3899999999999997]
[1917441,"Dragagem de areia grossa com draga de sucção e recalque - bomba de 746 kW e cortador de 110 kW - distância de recalque de 700 a 900 m","m³",4.97]
[1917442,"Dragagem de areia grossa com draga de sucção e recalque - bomba de 746 kW e cortador de 110 kW - distância de recalque de 900 a 1.100 m","m³",5.54]
[1917734,"Dragagem de areia grossa com draga de sucção e recalque - bomba de 746 kW e cortador de 110 kW - distância de recalque de até 500 m","m³",4.07]
[1917055,"Dragagem de areia grossa com draga hopper - capacidade da cisterna de 1.000 m³ - DMT de 1.500 a 1.800 m","m³",11.5]
[1917056,"Dragagem de areia grossa com draga hopper - capacidade da cisterna de 1.000 m³ - DMT de 1.800 a 2.100 m","m³",11.72]
[1917057,"Dragagem de areia grossa com draga hopper - capacidade da cisterna de 1.000 m³ - DMT de 2.100 a 2.400 m","m³",11.94]
[1917058,"Dragagem de areia grossa com draga hopper - capacidade da cisterna de 1.000 m³ - DMT de 2.400 a 2.700 m","m³",12.17]
[1917059,"Dragagem de areia grossa com draga hopper - capacidade da cisterna de 1.000 m³ - DMT de 2.700 a 3.000 m","m³",12.41]
[1917060,"Dragagem de areia grossa com draga hopper - capacidade da cisterna de 1.000 m³ - DMT de 3.000 m","m³",12.54]
[1901536,"Dragagem de areia grossa com draga hopper - capacidade da cisterna de 10.000 m³ - DMT de 1.500 a 1.800 m","m³",7.66]
[1901537,"Dragagem de areia grossa com draga hopper - capacidade da cisterna de 10.000 m³ - DMT de 1.800 a 2.100 m","m³",7.72]
[1901538,"Dragagem de areia grossa com draga hopper - capacidade da cisterna de 10.000 m³ - DMT de 2.100 a 2.400 m","m³",7.79]
[1901539,"Dragagem de areia grossa com draga hopper - capacidade da cisterna de 10.000 m³ - DMT de 2.400 a 2.700 m","m³",7.85]
[1901540,"Dragagem de areia grossa com draga hopper - capacidade da cisterna de 10.000 m³ - DMT de 2.700 a 3.000 m","m³",7.93]
[1901535,"Dragagem de areia grossa com draga hopper - capacidade da cisterna de 10.000 m³ - DMT de 3.000 m","m³",7.96]
[1901542,"Dragagem de areia grossa com draga hopper - capacidade da cisterna de 15.000 m³ - DMT de 1.500 a 1.800 m","m³",10.119999999999999]
[1901543,"Dragagem de areia grossa com draga hopper - capacidade da cisterna de 15.000 m³ - DMT de 1.800 a 2.100 m","m³",10.18]
[1901544,"Dragagem de areia grossa com draga hopper - capacidade da cisterna de 15.000 m³ - DMT de 2.100 a 2.400 m","m³",10.24]
[1901545,"Dragagem de areia grossa com draga hopper - capacidade da cisterna de 15.000 m³ - DMT de 2.400 a 2.700 m","m³",10.3]
[1901546,"Dragagem de areia grossa com draga hopper - capacidade da cisterna de 15.000 m³ - DMT de 2.700 a 3.000 m","m³",10.37]
[1901541,"Dragagem de areia grossa com draga hopper - capacidade da cisterna de 15.000 m³ - DMT de 3.000 m","m³",10.41]
[1917091,"Dragagem de areia grossa com draga hopper - capacidade da cisterna de 2.000 m³ - DMT de 1.500 a 1.800 m","m³",8.11]
[1917092,"Dragagem de areia grossa com draga hopper - capacidade da cisterna de 2.000 m³ - DMT de 1.800 a 2.100 m","m³",8.25]
[1917093,"Dragagem de areia grossa com draga hopper - capacidade da cisterna de 2.000 m³ - DMT de 2.100 a 2.400 m","m³",8.3800000000000008]
[1917094,"Dragagem de areia grossa com draga hopper - capacidade da cisterna de 2.000 m³ - DMT de 2.400 a 2.700 m","m³",8.5299999999999994]
[1917095,"Dragagem de areia grossa com draga hopper - capacidade da cisterna de 2.000 m³ - DMT de 2.700 a 3.000 m","m³",8.68]
[1917096,"Dragagem de areia grossa com draga hopper - capacidade da cisterna de 2.000 m³ - DMT de 3.000 m","m³",8.76]
[1901548,"Dragagem de areia grossa com draga hopper - capacidade da cisterna de 20.000 m³ - DMT de 1.500 a 1.800 m","m³",12.64]
[1901549,"Dragagem de areia grossa com draga hopper - capacidade da cisterna de 20.000 m³ - DMT de 1.800 a 2.100 m","m³",12.7]
[1901550,"Dragagem de areia grossa com draga hopper - capacidade da cisterna de 20.000 m³ - DMT de 2.100 a 2.400 m","m³",12.76]
[1901551,"Dragagem de areia grossa com draga hopper - capacidade da cisterna de 20.000 m³ - DMT de 2.400 a 2.700 m","m³",12.82]
[1901552,"Dragagem de areia grossa com draga hopper - capacidade da cisterna de 20.000 m³ - DMT de 2.700 a 3.000 m","m³",12.89]
[1901547,"Dragagem de areia grossa com draga hopper - capacidade da cisterna de 20.000 m³ - DMT de 3.000 m","m³",12.92]
[1917127,"Dragagem de areia grossa com draga hopper - capacidade da cisterna de 3.000 m³ - DMT de 1.500 a 1.800 m","m³",7.76]
[1917128,"Dragagem de areia grossa com draga hopper - capacidade da cisterna de 3.000 m³ - DMT de 1.800 a 2.100 m","m³",7.86]
[1917129,"Dragagem de areia grossa com draga hopper - capacidade da cisterna de 3.000 m³ - DMT de 2.100 a 2.400 m","m³",7.98]
[1917130,"Dragagem de areia grossa com draga hopper - capacidade da cisterna de 3.000 m³ - DMT de 2.400 a 2.700 m","m³",8.09]
[1917131,"Dragagem de areia grossa com draga hopper - capacidade da cisterna de 3.000 m³ - DMT de 2.700 a 3.000 m","m³",8.2200000000000006]
[1917132,"Dragagem de areia grossa com draga hopper - capacidade da cisterna de 3.000 m³ - DMT de 3.000 m","m³",8.2799999999999994]
[1917163,"Dragagem de areia grossa com draga hopper - capacidade da cisterna de 4.000 m³ - DMT de 1.500 a 1.800 m","m³",7.39]
[1917164,"Dragagem de areia grossa com draga hopper - capacidade da cisterna de 4.000 m³ - DMT de 1.800 a 2.100 m","m³",7.48]
[1917165,"Dragagem de areia grossa com draga hopper - capacidade da cisterna de 4.000 m³ - DMT de 2.100 a 2.400 m","m³",7.58]
[1917166,"Dragagem de areia grossa com draga hopper - capacidade da cisterna de 4.000 m³ - DMT de 2.400 a 2.700 m","m³",7.68]
[1917167,"Dragagem de areia grossa com draga hopper - capacidade da cisterna de 4.000 m³ - DMT de 2.700 a 3.000 m","m³",7.79]
[1917168,"Dragagem de areia grossa com draga hopper - capacidade da cisterna de 4.000 m³ - DMT de 3.000 m","m³",7.85]
[1917199,"Dragagem de areia grossa com draga hopper - capacidade da cisterna de 5.000 m³ - DMT de 1.500 a 1.800 m","m³",8.18]
[1917200,"Dragagem de areia grossa com draga hopper - capacidade da cisterna de 5.000 m³ - DMT de 1.800 a 2.100 m","m³",8.27]
[1917201,"Dragagem de areia grossa com draga hopper - capacidade da cisterna de 5.000 m³ - DMT de 2.100 a 2.400 m","m³",8.36]
[1917202,"Dragagem de areia grossa com draga hopper - capacidade da cisterna de 5.000 m³ - DMT de 2.400 a 2.700 m","m³",8.4499999999999993]
[1917203,"Dragagem de areia grossa com draga hopper - capacidade da cisterna de 5.000 m³ - DMT de 2.700 a 3.000 m","m³",8.5500000000000007]
[1917204,"Dragagem de areia grossa com draga hopper - capacidade da cisterna de 5.000 m³ - DMT de 3.000 m","m³",8.6]
[1917019,"Dragagem de areia grossa com draga hopper - capacidade da cisterna de 750 m³ - DMT de 1.500 a 1.800 m","m³",15.6]
[1917020,"Dragagem de areia grossa com draga hopper - capacidade da cisterna de 750 m³ - DMT de 1.800 a 2.100 m","m³",15.91]
[1917021,"Dragagem de areia grossa com draga hopper - capacidade da cisterna de 750 m³ - DMT de 2.100 a 2.400 m","m³",16.22]
[1917022,"Dragagem de areia grossa com draga hopper - capacidade da cisterna de 750 m³ - DMT de 2.400 a 2.700 m","m³",16.55]
[1917023,"Dragagem de areia grossa com draga hopper - capacidade da cisterna de 750 m³ - DMT de 2.700 a 3.000 m","m³",16.899999999999999]
[1917024,"Dragagem de areia grossa com draga hopper - capacidade da cisterna de 750 m³ - DMT de 3.000 m","m³",17.079999999999998]
[1917541,"Dragagem de areia média com draga de sucção e recalque - bomba de 1.350 kW e cortador de 170 kW - distância de recalque de 1.100 a 1.300 m","m³",5.41]
[1917542,"Dragagem de areia média com draga de sucção e recalque - bomba de 1.350 kW e cortador de 170 kW - distância de recalque de 1.300 a 1.500 m","m³",6.06]
[1917543,"Dragagem de areia média com draga de sucção e recalque - bomba de 1.350 kW e cortador de 170 kW - distância de recalque de 1.500 a 1.700 m","m³",6.37]
[1917544,"Dragagem de areia média com draga de sucção e recalque - bomba de 1.350 kW e cortador de 170 kW - distância de recalque de 1.700 a 1.900 m","m³",6.68]
[1917545,"Dragagem de areia média com draga de sucção e recalque - bomba de 1.350 kW e cortador de 170 kW - distância de recalque de 1.900 a 2.100 m","m³",7.08]
[1917546,"Dragagem de areia média com draga de sucção e recalque - bomba de 1.350 kW e cortador de 170 kW - distância de recalque de 2.100 a 2.300 m","m³",7.41]
[1917547,"Dragagem de areia média com draga de sucção e recalque - bomba de 1.350 kW e cortador de 170 kW - distância de recalque de 2.300 a 2.500 m","m³",8.1]
[1917548,"Dragagem de areia média com draga de sucção e recalque - bomba de 1.350 kW e cortador de 170 kW - distância de recalque de 2.500 a 2.700 m","m³",8.5299999999999994]
[1917549,"Dragagem de areia média com draga de sucção e recalque - bomba de 1.350 kW e cortador de 170 kW - distância de recalque de 2.700 a 2.900 m","m³",8.9600000000000009]
[1917550,"Dragagem de areia média com draga de sucção e recalque - bomba de 1.350 kW e cortador de 170 kW - distância de recalque de 2.900 a 3.100 m","m³",9.44]
[1917551,"Dragagem de areia média com draga de sucção e recalque - bomba de 1.350 kW e cortador de 170 kW - distância de recalque de 3.100 a 3.300 m","m³",10.199999999999999]
[1917552,"Dragagem de areia média com draga de sucção e recalque - bomba de 1.350 kW e cortador de 170 kW - distância de recalque de 3.300 a 3.500 m","m³",10.72]
[1917553,"Dragagem de areia média com draga de sucção e recalque - bomba de 1.350 kW e cortador de 170 kW - distância de recalque de 3.500 a 3.700 m","m³",10.56]
[1917554,"Dragagem de areia média com draga de sucção e recalque - bomba de 1.350 kW e cortador de 170 kW - distância de recalque de 3.700 a 3.900 m","m³",11.68]
[1917555,"Dragagem de areia média com draga de sucção e recalque - bomba de 1.350 kW e cortador de 170 kW - distância de recalque de 3.900 a 4.100 m","m³",12.22]
[1917556,"Dragagem de areia média com draga de sucção e recalque - bomba de 1.350 kW e cortador de 170 kW - distância de recalque de 4.100 a 4.300 m","m³",13.14]
[1917557,"Dragagem de areia média com draga de sucção e recalque - bomba de 1.350 kW e cortador de 170 kW - distância de recalque de 4.300 a 4.500 m","m³",13.74]
[1917558,"Dragagem de areia média com draga de sucção e recalque - bomba de 1.350 kW e cortador de 170 kW - distância de recalque de 4.500 a 4.700 m","m³",14.6]
[1917559,"Dragagem de areia média com draga de sucção e recalque - bomba de 1.350 kW e cortador de 170 kW - distância de recalque de 4.700 a 4.900 m","m³",16.03]
[1917560,"Dragagem de areia média com draga de sucção e recalque - bomba de 1.350 kW e cortador de 170 kW - distância de recalque de 4.900 a 5.100 m","m³",17.86]
[1917561,"Dragagem de areia média com draga de sucção e recalque - bomba de 1.350 kW e cortador de 170 kW - distância de recalque de 5.100 a 5.300 m","m³",19.649999999999999]
[1917562,"Dragagem de areia média com draga de sucção e recalque - bomba de 1.350 kW e cortador de 170 kW - distância de recalque de 5.300 a 5.500 m","m³",21.69]
[1917563,"Dragagem de areia média com draga de sucção e recalque - bomba de 1.350 kW e cortador de 170 kW - distância de recalque de 5.500 a 5.700 m","m³",23.56]
[1917564,"Dragagem de areia média com draga de sucção e recalque - bomba de 1.350 kW e cortador de 170 kW - distância de recalque de 5.700 a 5.900 m","m³",25.58]
[1917565,"Dragagem de areia média com draga de sucção e recalque - bomba de 1.350 kW e cortador de 170 kW - distância de recalque de 5.900 a 6.100 m","m³",28.3]
[1917538,"Dragagem de areia média com draga de sucção e recalque - bomba de 1.350 kW e cortador de 170 kW - distância de recalque de 500 a 700 m","m³",4.45]
[1917566,"Dragagem de areia média com draga de sucção e recalque - bomba de 1.350 kW e cortador de 170 kW - distância de recalque de 6.100 a 6.300 m","m³",31.01]
[1917567,"Dragagem de areia média com draga de sucção e recalque - bomba de 1.350 kW e cortador de 170 kW - distância de recalque de 6.300 a 6.500 m","m³",33.880000000000003]
[1917568,"Dragagem de areia média com draga de sucção e recalque - bomba de 1.350 kW e cortador de 170 kW - distância de recalque de 6.500 a 6.700 m","m³",36.65]
[1917569,"Dragagem de areia média com draga de sucção e recalque - bomba de 1.350 kW e cortador de 170 kW - distância de recalque de 6.700 a 6.900 m","m³",40.08]
[1917570,"Dragagem de areia média com draga de sucção e recalque - bomba de 1.350 kW e cortador de 170 kW - distância de recalque de 6.900 a 7.100 m","m³",43.22]
[1917571,"Dragagem de areia média com draga de sucção e recalque - bomba de 1.350 kW e cortador de 170 kW - distância de recalque de 7.100 a 7.300 m","m³",46.94]
[1917572,"Dragagem de areia média com draga de sucção e recalque - bomba de 1.350 kW e cortador de 170 kW - distância de recalque de 7.300 a 7.500 m","m³",51.1]
[1917573,"Dragagem de areia média com draga de sucção e recalque - bomba de 1.350 kW e cortador de 170 kW - distância de recalque de 7.500 a 7.700 m","m³",55.62]
[1917574,"Dragagem de areia média com draga de sucção e recalque - bomba de 1.350 kW e cortador de 170 kW - distância de recalque de 7.700 a 7.900 m","m³",59.79]
[1917539,"Dragagem de areia média com draga de sucção e recalque - bomba de 1.350 kW e cortador de 170 kW - distância de recalque de 700 a 900 m","m³",4.74]
[1917540,"Dragagem de areia média com draga de sucção e recalque - bomba de 1.350 kW e cortador de 170 kW - distância de recalque de 900 a 1.100 m","m³",5.1100000000000003]
[1917738,"Dragagem de areia média com draga de sucção e recalque - bomba de 1.350 kW e cortador de 170 kW - distância de recalque de até 500 m","m³",4.38]
[1917238,"Dragagem de areia média com draga de sucção e recalque - bomba de 294 kW e cortador de 30 kW - distância de recalque de 1.100 a 1.300 m","m³",6.9]
[1917239,"Dragagem de areia média com draga de sucção e recalque - bomba de 294 kW e cortador de 30 kW - distância de recalque de 1.300 a 1.500 m","m³",7.57]
[1917240,"Dragagem de areia média com draga de sucção e recalque - bomba de 294 kW e cortador de 30 kW - distância de recalque de 1.500 a 1.700 m","m³",8.1]
[1917241,"Dragagem de areia média com draga de sucção e recalque - bomba de 294 kW e cortador de 30 kW - distância de recalque de 1.700 a 1.900 m","m³",8.59]
[1917242,"Dragagem de areia média com draga de sucção e recalque - bomba de 294 kW e cortador de 30 kW - distância de recalque de 1.900 a 2.100 m","m³",9.06]
[1917243,"Dragagem de areia média com draga de sucção e recalque - bomba de 294 kW e cortador de 30 kW - distância de recalque de 2.100 a 2.300 m","m³",9.51]
[1917244,"Dragagem de areia média com draga de sucção e recalque - bomba de 294 kW e cortador de 30 kW - distância de recalque de 2.300 a 2.500 m","m³",10.14]
[1917245,"Dragagem de areia média com draga de sucção e recalque - bomba de 294 kW e cortador de 30 kW - distância de recalque de 2.500 a 2.700 m","m³",10.69]
[1917246,"Dragagem de areia média com draga de sucção e recalque - bomba de 294 kW e cortador de 30 kW - distância de recalque de 2.700 a 2.900 m","m³",11.26]
[1917247,"Dragagem de areia média com draga de sucção e recalque - bomba de 294 kW e cortador de 30 kW - distância de recalque de 2.900 a 3.100 m","m³",12.2]
[1917248,"Dragagem de areia média com draga de sucção e recalque - bomba de 294 kW e cortador de 30 kW - distância de recalque de 3.100 a 3.300 m","m³",13.98]
[1917249,"Dragagem de areia média com draga de sucção e recalque - bomba de 294 kW e cortador de 30 kW - distância de recalque de 3.300 a 3.500 m","m³",16.760000000000002]
[1917235,"Dragagem de areia média com draga de sucção e recalque - bomba de 294 kW e cortador de 30 kW - distância de recalque de 500 a 700 m","m³",5.47]
[1917236,"Dragagem de areia média com draga de sucção e recalque - bomba de 294 kW e cortador de 30 kW - distância de recalque de 700 a 900 m","m³",5.85]
[1917237,"Dragagem de areia média com draga de sucção e recalque - bomba de 294 kW e cortador de 30 kW - distância de recalque de 900 a 1.100 m","m³",6.31]
[1917725,"Dragagem de areia média com draga de sucção e recalque - bomba de 294 kW e cortador de 30 kW - distância de recalque de até 500 m","m³",5.32]
[1917311,"Dragagem de areia média com draga de sucção e recalque - bomba de 483 kW e cortador de 55 kW - distância de recalque de 1.100 a 1.300 m","m³",5.44]
[1917312,"Dragagem de areia média com draga de sucção e recalque - bomba de 483 kW e cortador de 55 kW - distância de recalque de 1.300 a 1.500 m","m³",6.18]
[1917313,"Dragagem de areia média com draga de sucção e recalque - bomba de 483 kW e cortador de 55 kW - distância de recalque de 1.500 a 1.700 m","m³",6.64]
[1917314,"Dragagem de areia média com draga de sucção e recalque - bomba de 483 kW e cortador de 55 kW - distância de recalque de 1.700 a 1.900 m","m³",7.08]
[1917315,"Dragagem de areia média com draga de sucção e recalque - bomba de 483 kW e cortador de 55 kW - distância de recalque de 1.900 a 2.100 m","m³",7.62]
[1917316,"Dragagem de areia média com draga de sucção e recalque - bomba de 483 kW e cortador de 55 kW - distância de recalque de 2.100 a 2.300 m","m³",8.14]
[1917317,"Dragagem de areia média com draga de sucção e recalque - bomba de 483 kW e cortador de 55 kW - distância de recalque de 2.300 a 2.500 m","m³",8.99]
[1917318,"Dragagem de areia média com draga de sucção e recalque - bomba de 483 kW e cortador de 55 kW - distância de recalque de 2.500 a 2.700 m","m³",9.7100000000000009]
[1917319,"Dragagem de areia média com draga de sucção e recalque - bomba de 483 kW e cortador de 55 kW - distância de recalque de 2.700 a 2.900 m","m³",10.39]
[1917320,"Dragagem de areia média com draga de sucção e recalque - bomba de 483 kW e cortador de 55 kW - distância de recalque de 2.900 a 3.100 m","m³",11.12]
[1917321,"Dragagem de areia média com draga de sucção e recalque - bomba de 483 kW e cortador de 55 kW - distância de recalque de 3.100 a 3.300 m","m³",13.6]
[1917322,"Dragagem de areia média com draga de sucção e recalque - bomba de 483 kW e cortador de 55 kW - distância de recalque de 3.300 a 3.500 m","m³",15.73]
[1917323,"Dragagem de areia média com draga de sucção e recalque - bomba de 483 kW e cortador de 55 kW - distância de recalque de 3.500 a 3.700 m","m³",18.47]
[1917324,"Dragagem de areia média com draga de sucção e recalque - bomba de 483 kW e cortador de 55 kW - distância de recalque de 3.700 a 3.900 m","m³",21.36]
[1917325,"Dragagem de areia média com draga de sucção e recalque - bomba de 483 kW e cortador de 55 kW - distância de recalque de 3.900 a 4.100 m","m³",24.78]
[1917326,"Dragagem de areia média com draga de sucção e recalque - bomba de 483 kW e cortador de 55 kW - distância de recalque de 4.100 a 4.300 m","m³",29.44]
[1917327,"Dragagem de areia média com draga de sucção e recalque - bomba de 483 kW e cortador de 55 kW - distância de recalque de 4.300 a 4.500 m","m³",34.15]
[1917328,"Dragagem de areia média com draga de sucção e recalque - bomba de 483 kW e cortador de 55 kW - distância de recalque de 4.500 a 4.700 m","m³",39.57]
[1917329,"Dragagem de areia média com draga de sucção e recalque - bomba de 483 kW e cortador de 55 kW - distância de recalque de 4.700 a 4.900 m","m³",43.29]
[1917330,"Dragagem de areia média com draga de sucção e recalque - bomba de 483 kW e cortador de 55 kW - distância de recalque de 4.900 a 5.100 m","m³",47.92]
[1917308,"Dragagem de areia média com draga de sucção e recalque - bomba de 483 kW e cortador de 55 kW - distância de recalque de 500 a 700 m","m³",4.4400000000000004]
[1917309,"Dragagem de areia média com draga de sucção e recalque - bomba de 483 kW e cortador de 55 kW - distância de recalque de 700 a 900 m","m³",4.7300000000000004]
[1917310,"Dragagem de areia média com draga de sucção e recalque - bomba de 483 kW e cortador de 55 kW - distância de recalque de 900 a 1.100 m","m³",5.04]
[1917730,"Dragagem de areia média com draga de sucção e recalque - bomba de 483 kW e cortador de 55 kW - distância de recalque de até 500 m","m³",4.3899999999999997]
[1917415,"Dragagem de areia média com draga de sucção e recalque - bomba de 746 kW e cortador de 110 kW - distância de recalque de 1.100 a 1.300 m","m³",5.38]
[1917416,"Dragagem de areia média com draga de sucção e recalque - bomba de 746 kW e cortador de 110 kW - distância de recalque de 1.300 a 1.500 m","m³",6.06]
[1917417,"Dragagem de areia média com draga de sucção e recalque - bomba de 746 kW e cortador de 110 kW - distância de recalque de 1.500 a 1.700 m","m³",6.5]
[1917418,"Dragagem de areia média com draga de sucção e recalque - bomba de 746 kW e cortador de 110 kW - distância de recalque de 1.700 a 1.900 m","m³",6.92]
[1917419,"Dragagem de areia média com draga de sucção e recalque - bomba de 746 kW e cortador de 110 kW - distância de recalque de 1.900 a 2.100 m","m³",7.27]
[1917420,"Dragagem de areia média com draga de sucção e recalque - bomba de 746 kW e cortador de 110 kW - distância de recalque de 2.100 a 2.300 m","m³",7.71]
[1917421,"Dragagem de areia média com draga de sucção e recalque - bomba de 746 kW e cortador de 110 kW - distância de recalque de 2.300 a 2.500 m","m³",8.42]
[1917422,"Dragagem de areia média com draga de sucção e recalque - bomba de 746 kW e cortador de 110 kW - distância de recalque de 2.500 a 2.700 m","m³",8.83]
[1917423,"Dragagem de areia média com draga de sucção e recalque - bomba de 746 kW e cortador de 110 kW - distância de recalque de 2.700 a 2.900 m","m³",9.26]
[1917424,"Dragagem de areia média com draga de sucção e recalque - bomba de 746 kW e cortador de 110 kW - distância de recalque de 2.900 a 3.100 m","m³",9.6999999999999993]
[1917425,"Dragagem de areia média com draga de sucção e recalque - bomba de 746 kW e cortador de 110 kW - distância de recalque de 3.100 a 3.300 m","m³",10.57]
[1917426,"Dragagem de areia média com draga de sucção e recalque - bomba de 746 kW e cortador de 110 kW - distância de recalque de 3.300 a 3.500 m","m³",11.46]
[1917427,"Dragagem de areia média com draga de sucção e recalque - bomba de 746 kW e cortador de 110 kW - distância de recalque de 3.500 a 3.700 m","m³",13.05]
[1917428,"Dragagem de areia média com draga de sucção e recalque - bomba de 746 kW e cortador de 110 kW - distância de recalque de 3.700 a 3.900 m","m³",14.92]
[1917429,"Dragagem de areia média com draga de sucção e recalque - bomba de 746 kW e cortador de 110 kW - distância de recalque de 3.900 a 4.100 m","m³",16.88]
[1917430,"Dragagem de areia média com draga de sucção e recalque - bomba de 746 kW e cortador de 110 kW - distância de recalque de 4.100 a 4.300 m","m³",19.510000000000002]
[1917431,"Dragagem de areia média com draga de sucção e recalque - bomba de 746 kW e cortador de 110 kW - distância de recalque de 4.300 a 4.500 m","m³",21.8]
[1917432,"Dragagem de areia média com draga de sucção e recalque - bomba de 746 kW e cortador de 110 kW - distância de recalque de 4.500 a 4.700 m","m³",24.76]
[1917433,"Dragagem de areia média com draga de sucção e recalque - bomba de 746 kW e cortador de 110 kW - distância de recalque de 4.700 a 4.900 m","m³",27.82]
[1917434,"Dragagem de areia média com draga de sucção e recalque - bomba de 746 kW e cortador de 110 kW - distância de recalque de 4.900 a 5.100 m","m³",31.46]
[1917435,"Dragagem de areia média com draga de sucção e recalque - bomba de 746 kW e cortador de 110 kW - distância de recalque de 5.100 a 5.300 m","m³",35.79]
[1917436,"Dragagem de areia média com draga de sucção e recalque - bomba de 746 kW e cortador de 110 kW - distância de recalque de 5.300 a 5.500 m","m³",39.72]
[1917437,"Dragagem de areia média com draga de sucção e recalque - bomba de 746 kW e cortador de 110 kW - distância de recalque de 5.500 a 5.700 m","m³",44.75]
[1917438,"Dragagem de areia média com draga de sucção e recalque - bomba de 746 kW e cortador de 110 kW - distância de recalque de 5.700 a 5.900 m","m³",48.28]
[1917439,"Dragagem de areia média com draga de sucção e recalque - bomba de 746 kW e cortador de 110 kW - distância de recalque de 5.900 a 6.100 m","m³",51.43]
[1917412,"Dragagem de areia média com draga de sucção e recalque - bomba de 746 kW e cortador de 110 kW - distância de recalque de 500 a 700 m","m³",4.04]
[1917413,"Dragagem de areia média com draga de sucção e recalque - bomba de 746 kW e cortador de 110 kW - distância de recalque de 700 a 900 m","m³",4.53]
[1917414,"Dragagem de areia média com draga de sucção e recalque - bomba de 746 kW e cortador de 110 kW - distância de recalque de 900 a 1.100 m","m³",5.01]
[1917733,"Dragagem de areia média com draga de sucção e recalque - bomba de 746 kW e cortador de 110 kW - distância de recalque de até 500 m","m³",3.78]
[1917049,"Dragagem de areia média com draga hopper - capacidade da cisterna de 1.000 m³ - DMT de 1.500 a 1.800 m","m³",11.88]
[1917050,"Dragagem de areia média com draga hopper - capacidade da cisterna de 1.000 m³ - DMT de 1.800 a 2.100 m","m³",12.1]
[1917051,"Dragagem de areia média com draga hopper - capacidade da cisterna de 1.000 m³ - DMT de 2.100 a 2.400 m","m³",12.32]
[1917052,"Dragagem de areia média com draga hopper - capacidade da cisterna de 1.000 m³ - DMT de 2.400 a 2.700 m","m³",12.56]
[1917053,"Dragagem de areia média com draga hopper - capacidade da cisterna de 1.000 m³ - DMT de 2.700 a 3.000 m","m³",12.8]
[1917054,"Dragagem de areia média com draga hopper - capacidade da cisterna de 1.000 m³ - DMT de 3.000 m","m³",12.93]
[1901553,"Dragagem de areia média com draga hopper - capacidade da cisterna de 10.000 m³ - DMT de 1.500 a 1.800 m","m³",7.95]
[1901554,"Dragagem de areia média com draga hopper - capacidade da cisterna de 10.000 m³ - DMT de 1.800 a 2.100 m","m³",8.01]
[1901555,"Dragagem de areia média com draga hopper - capacidade da cisterna de 10.000 m³ - DMT de 2.100 a 2.400 m","m³",8.08]
[1901556,"Dragagem de areia média com draga hopper - capacidade da cisterna de 10.000 m³ - DMT de 2.400 a 2.700 m","m³",8.15]
[1901557,"Dragagem de areia média com draga hopper - capacidade da cisterna de 10.000 m³ - DMT de 2.700 a 3.000 m","m³",8.2200000000000006]
[1901558,"Dragagem de areia média com draga hopper - capacidade da cisterna de 10.000 m³ - DMT de 3.000 m","m³",8.26]
[1901560,"Dragagem de areia média com draga hopper - capacidade da cisterna de 15.000 m³ - DMT de 1.500 a 1.800 m","m³",10.53]
[1901561,"Dragagem de areia média com draga hopper - capacidade da cisterna de 15.000 m³ - DMT de 1.800 a 2.100 m","m³",10.59]
[1901562,"Dragagem de areia média com draga hopper - capacidade da cisterna de 15.000 m³ - DMT de 2.100 a 2.400 m","m³",10.65]
[1901563,"Dragagem de areia média com draga hopper - capacidade da cisterna de 15.000 m³ - DMT de 2.400 a 2.700 m","m³",10.71]
[1901564,"Dragagem de areia média com draga hopper - capacidade da cisterna de 15.000 m³ - DMT de 2.700 a 3.000 m","m³",10.78]
[1901559,"Dragagem de areia média com draga hopper - capacidade da cisterna de 15.000 m³ - DMT de 3.000 m","m³",10.82]
[1917085,"Dragagem de areia média com draga hopper - capacidade da cisterna de 2.000 m³ - DMT de 1.500 a 1.800 m","m³",8.39]
[1917086,"Dragagem de areia média com draga hopper - capacidade da cisterna de 2.000 m³ - DMT de 1.800 a 2.100 m","m³",8.52]
[1917087,"Dragagem de areia média com draga hopper - capacidade da cisterna de 2.000 m³ - DMT de 2.100 a 2.400 m","m³",8.66]
[1917088,"Dragagem de areia média com draga hopper - capacidade da cisterna de 2.000 m³ - DMT de 2.400 a 2.700 m","m³",8.8000000000000007]
[1917089,"Dragagem de areia média com draga hopper - capacidade da cisterna de 2.000 m³ - DMT de 2.700 a 3.000 m","m³",8.9600000000000009]
[1917090,"Dragagem de areia média com draga hopper - capacidade da cisterna de 2.000 m³ - DMT de 3.000 m","m³",9.0399999999999991]
[1901566,"Dragagem de areia média com draga hopper - capacidade da cisterna de 20.000 m³ - DMT de 1.500 a 1.800 m","m³",13.16]
[1901567,"Dragagem de areia média com draga hopper - capacidade da cisterna de 20.000 m³ - DMT de 1.800 a 2.100 m","m³",13.22]
[1901568,"Dragagem de areia média com draga hopper - capacidade da cisterna de 20.000 m³ - DMT de 2.100 a 2.400 m","m³",13.28]
[1901569,"Dragagem de areia média com draga hopper - capacidade da cisterna de 20.000 m³ - DMT de 2.400 a 2.700 m","m³",13.35]
[1901570,"Dragagem de areia média com draga hopper - capacidade da cisterna de 20.000 m³ - DMT de 2.700 a 3.000 m","m³",13.41]
[1901565,"Dragagem de areia média com draga hopper - capacidade da cisterna de 20.000 m³ - DMT de 3.000 m","m³",13.45]
[1917121,"Dragagem de areia média com draga hopper - capacidade da cisterna de 3.000 m³ - DMT de 1.500 a 1.800 m","m³",8.0299999999999994]
[1917122,"Dragagem de areia média com draga hopper - capacidade da cisterna de 3.000 m³ - DMT de 1.800 a 2.100 m","m³",8.14]
[1917123,"Dragagem de areia média com draga hopper - capacidade da cisterna de 3.000 m³ - DMT de 2.100 a 2.400 m","m³",8.25]
[1917124,"Dragagem de areia média com draga hopper - capacidade da cisterna de 3.000 m³ - DMT de 2.400 a 2.700 m","m³",8.3699999999999992]
[1917125,"Dragagem de areia média com draga hopper - capacidade da cisterna de 3.000 m³ - DMT de 2.700 a 3.000 m","m³",8.49]
[1917126,"Dragagem de areia média com draga hopper - capacidade da cisterna de 3.000 m³ - DMT de 3.000 m","m³",8.56]
[1917157,"Dragagem de areia média com draga hopper - capacidade da cisterna de 4.000 m³ - DMT de 1.500 a 1.800 m","m³",7.65]
[1917158,"Dragagem de areia média com draga hopper - capacidade da cisterna de 4.000 m³ - DMT de 1.800 a 2.100 m","m³",7.74]
[1917159,"Dragagem de areia média com draga hopper - capacidade da cisterna de 4.000 m³ - DMT de 2.100 a 2.400 m","m³",7.84]
[1917160,"Dragagem de areia média com draga hopper - capacidade da cisterna de 4.000 m³ - DMT de 2.400 a 2.700 m","m³",7.95]
[1917161,"Dragagem de areia média com draga hopper - capacidade da cisterna de 4.000 m³ - DMT de 2.700 a 3.000 m","m³",8.06]
[1917162,"Dragagem de areia média com draga hopper - capacidade da cisterna de 4.000 m³ - DMT de 3.000 m","m³",8.1199999999999992]
[1917193,"Dragagem de areia média com draga hopper - capacidade da cisterna de 5.000 m³ - DMT de 1.500 a 1.800 m","m³",8.49]
[1917194,"Dragagem de areia média com draga hopper - capacidade da cisterna de 5.000 m³ - DMT de 1.800 a 2.100 m","m³",8.57]
[1917195,"Dragagem de areia média com draga hopper - capacidade da cisterna de 5.000 m³ - DMT de 2.100 a 2.400 m","m³",8.66]
[1917196,"Dragagem de areia média com draga hopper - capacidade da cisterna de 5.000 m³ - DMT de 2.400 a 2.700 m","m³",8.76]
[1917197,"Dragagem de areia média com draga hopper - capacidade da cisterna de 5.000 m³ - DMT de 2.700 a 3.000 m","m³",8.85]
[1917198,"Dragagem de areia média com draga hopper - capacidade da cisterna de 5.000 m³ - DMT de 3.000 m","m³",8.91]
[1917013,"Dragagem de areia média com draga hopper - capacidade da cisterna de 750 m³ - DMT de 1.500 a 1.800 m","m³",16.13]
[1917014,"Dragagem de areia média com draga hopper - capacidade da cisterna de 750 m³ - DMT de 1.800 a 2.100 m","m³",16.440000000000001]
[1917015,"Dragagem de areia média com draga hopper - capacidade da cisterna de 750 m³ - DMT de 2.100 a 2.400 m","m³",16.760000000000002]
[1917016,"Dragagem de areia média com draga hopper - capacidade da cisterna de 750 m³ - DMT de 2.400 a 2.700 m","m³",17.09]
[1917017,"Dragagem de areia média com draga hopper - capacidade da cisterna de 750 m³ - DMT de 2.700 a 3.000 m","m³",17.440000000000001]
[1917018,"Dragagem de areia média com draga hopper - capacidade da cisterna de 750 m³ - DMT de 3.000 m","m³",17.63]
[1917623,"Dragagem de cascalho com draga de sucção e recalque - bomba de 1.350 kW e cortador de 170 kW - distância de recalque de 1.100 a 1.300 m","m³",18.559999999999999]
[1917624,"Dragagem de cascalho com draga de sucção e recalque - bomba de 1.350 kW e cortador de 170 kW - distância de recalque de 1.300 a 1.500 m","m³",23.37]
[1917625,"Dragagem de cascalho com draga de sucção e recalque - bomba de 1.350 kW e cortador de 170 kW - distância de recalque de 1.500 a 1.700 m","m³",29.29]
[1917626,"Dragagem de cascalho com draga de sucção e recalque - bomba de 1.350 kW e cortador de 170 kW - distância de recalque de 1.700 a 1.900 m","m³",35.79]
[1917627,"Dragagem de cascalho com draga de sucção e recalque - bomba de 1.350 kW e cortador de 170 kW - distância de recalque de 1.900 a 2.100 m","m³",43.01]
[1917628,"Dragagem de cascalho com draga de sucção e recalque - bomba de 1.350 kW e cortador de 170 kW - distância de recalque de 2.100 a 2.300 m","m³",50.31]
[1917620,"Dragagem de cascalho com draga de sucção e recalque - bomba de 1.350 kW e cortador de 170 kW - distância de recalque de 500 a 700 m","m³",8.6999999999999993]
[1917621,"Dragagem de cascalho com draga de sucção e recalque - bomba de 1.350 kW e cortador de 170 kW - distância de recalque de 700 a 900 m","m³",10.14]
[1917622,"Dragagem de cascalho com draga de sucção e recalque - bomba de 1.350 kW e cortador de 170 kW - distância de recalque de 900 a 1.100 m","m³",12.67]
[1917741,"Dragagem de cascalho com draga de sucção e recalque - bomba de 1.350 kW e cortador de 170 kW - distância de recalque de até 500 m","m³",8.06]
[1917269,"Dragagem de cascalho com draga de sucção e recalque - bomba de 294 kW e cortador de 30 kW - distância de recalque de 1.100 a 1.300 m","m³",22.61]
[1917270,"Dragagem de cascalho com draga de sucção e recalque - bomba de 294 kW e cortador de 30 kW - distância de recalque de 1.300 a 1.500 m","m³",30.5]
[1917266,"Dragagem de cascalho com draga de sucção e recalque - bomba de 294 kW e cortador de 30 kW - distância de recalque de 500 a 700 m","m³",7.41]
[1917267,"Dragagem de cascalho com draga de sucção e recalque - bomba de 294 kW e cortador de 30 kW - distância de recalque de 700 a 900 m","m³",10.75]
[1917268,"Dragagem de cascalho com draga de sucção e recalque - bomba de 294 kW e cortador de 30 kW - distância de recalque de 900 a 1.100 m","m³",16.41]
[1917728,"Dragagem de cascalho com draga de sucção e recalque - bomba de 294 kW e cortador de 30 kW - distância de recalque de até 500 m","m³",6.84]
[1917358,"Dragagem de cascalho com draga de sucção e recalque - bomba de 483 kW e cortador de 55 kW - distância de recalque até 500 m","m³",6.93]
[1917362,"Dragagem de cascalho com draga de sucção e recalque - bomba de 483 kW e cortador de 55 kW - distância de recalque de 1.100 a 1.300 m","m³",33.25]
[1917363,"Dragagem de cascalho com draga de sucção e recalque - bomba de 483 kW e cortador de 55 kW - distância de recalque de 1.300 a 1.500 m","m³",40.54]
[1917359,"Dragagem de cascalho com draga de sucção e recalque - bomba de 483 kW e cortador de 55 kW - distância de recalque de 500 a 700 m","m³",9.77]
[1917360,"Dragagem de cascalho com draga de sucção e recalque - bomba de 483 kW e cortador de 55 kW - distância de recalque de 700 a 900 m","m³",15.94]
[1917361,"Dragagem de cascalho com draga de sucção e recalque - bomba de 483 kW e cortador de 55 kW - distância de recalque de 900 a 1.100 m","m³",23.86]
[1917476,"Dragagem de cascalho com draga de sucção e recalque - bomba de 746 kW e cortador de 110 kW - distância de recalque de 1.100 a 1.300 m","m³",24.72]
[1917477,"Dragagem de cascalho com draga de sucção e recalque - bomba de 746 kW e cortador de 110 kW - distância de recalque de 1.300 a 1.500 m","m³",31.82]
[1917478,"Dragagem de cascalho com draga de sucção e recalque - bomba de 746 kW e cortador de 110 kW - distância de recalque de 1.500 a 1.700 m","m³",40.869999999999997]
[1917479,"Dragagem de cascalho com draga de sucção e recalque - bomba de 746 kW e cortador de 110 kW - distância de recalque de 1.700 a 1.900 m","m³",44.49]
[1917473,"Dragagem de cascalho com draga de sucção e recalque - bomba de 746 kW e cortador de 110 kW - distância de recalque de 500 a 700 m","m³",11.3]
[1917474,"Dragagem de cascalho com draga de sucção e recalque - bomba de 746 kW e cortador de 110 kW - distância de recalque de 700 a 900 m","m³",14.54]
[1917475,"Dragagem de cascalho com draga de sucção e recalque - bomba de 746 kW e cortador de 110 kW - distância de recalque de 900 a 1.100 m","m³",18.649999999999999]
[1917736,"Dragagem de cascalho com draga de sucção e recalque - bomba de 746 kW e cortador de 110 kW - distância de recalque de até 500 m","m³",8.19]
[1917067,"Dragagem de cascalho com draga hopper - capacidade da cisterna de 1.000 m³ - DMT de 1.500 a 1.800 m","m³",11.1]
[1917068,"Dragagem de cascalho com draga hopper - capacidade da cisterna de 1.000 m³ - DMT de 1.800 a 2.100 m","m³",11.32]
[1917069,"Dragagem de cascalho com draga hopper - capacidade da cisterna de 1.000 m³ - DMT de 2.100 a 2.400 m","m³",11.55]
[1917070,"Dragagem de cascalho com draga hopper - capacidade da cisterna de 1.000 m³ - DMT de 2.400 a 2.700 m","m³",11.79]
[1917071,"Dragagem de cascalho com draga hopper - capacidade da cisterna de 1.000 m³ - DMT de 2.700 a 3.000 m","m³",12.04]
[1917072,"Dragagem de cascalho com draga hopper - capacidade da cisterna de 1.000 m³ - DMT de 3.000 m","m³",12.18]
[1901572,"Dragagem de cascalho com draga hopper - capacidade da cisterna de 10.000 m³ - DMT de 1.500 a 1.800 m","m³",7.28]
[1901573,"Dragagem de cascalho com draga hopper - capacidade da cisterna de 10.000 m³ - DMT de 1.800 a 2.100 m","m³",7.34]
[1901574,"Dragagem de cascalho com draga hopper - capacidade da cisterna de 10.000 m³ - DMT de 2.100 a 2.400 m","m³",7.41]
[1901575,"Dragagem de cascalho com draga hopper - capacidade da cisterna de 10.000 m³ - DMT de 2.400 a 2.700 m","m³",7.48]
[1901576,"Dragagem de cascalho com draga hopper - capacidade da cisterna de 10.000 m³ - DMT de 2.700 a 3.000 m","m³",7.55]
[1901571,"Dragagem de cascalho com draga hopper - capacidade da cisterna de 10.000 m³ - DMT de 3.000 m","m³",7.59]
[1901578,"Dragagem de cascalho com draga hopper - capacidade da cisterna de 15.000 m³ - DMT de 1.500 a 1.800 m","m³",9.5500000000000007]
[1901579,"Dragagem de cascalho com draga hopper - capacidade da cisterna de 15.000 m³ - DMT de 1.800 a 2.100 m","m³",9.61]
[1901580,"Dragagem de cascalho com draga hopper - capacidade da cisterna de 15.000 m³ - DMT de 2.100 a 2.400 m","m³",9.67]
[1901581,"Dragagem de cascalho com draga hopper - capacidade da cisterna de 15.000 m³ - DMT de 2.400 a 2.700 m","m³",9.74]
[1901582,"Dragagem de cascalho com draga hopper - capacidade da cisterna de 15.000 m³ - DMT de 2.700 a 3.000 m","m³",9.81]
[1901577,"Dragagem de cascalho com draga hopper - capacidade da cisterna de 15.000 m³ - DMT de 3.000 m","m³",9.85]
[1917103,"Dragagem de cascalho com draga hopper - capacidade da cisterna de 2.000 m³ - DMT de 1.500 a 1.800 m","m³",7.82]
[1917104,"Dragagem de cascalho com draga hopper - capacidade da cisterna de 2.000 m³ - DMT de 1.800 a 2.100 m","m³",7.96]
[1917105,"Dragagem de cascalho com draga hopper - capacidade da cisterna de 2.000 m³ - DMT de 2.100 a 2.400 m","m³",8.1]
[1917106,"Dragagem de cascalho com draga hopper - capacidade da cisterna de 2.000 m³ - DMT de 2.400 a 2.700 m","m³",8.24]
[1917107,"Dragagem de cascalho com draga hopper - capacidade da cisterna de 2.000 m³ - DMT de 2.700 a 3.000 m","m³",8.4]
[1917108,"Dragagem de cascalho com draga hopper - capacidade da cisterna de 2.000 m³ - DMT de 3.000 m","m³",8.49]
[1901583,"Dragagem de cascalho com draga hopper - capacidade da cisterna de 20.000 m³ - DMT de 1.500 a 1.800 m","m³",11.88]
[1901584,"Dragagem de cascalho com draga hopper - capacidade da cisterna de 20.000 m³ - DMT de 1.800 a 2.100 m","m³",11.94]
[1901585,"Dragagem de cascalho com draga hopper - capacidade da cisterna de 20.000 m³ - DMT de 2.100 a 2.400 m","m³",12]
[1901586,"Dragagem de cascalho com draga hopper - capacidade da cisterna de 20.000 m³ - DMT de 2.400 a 2.700 m","m³",12.07]
[1901587,"Dragagem de cascalho com draga hopper - capacidade da cisterna de 20.000 m³ - DMT de 2.700 a 3.000 m","m³",12.14]
[1901588,"Dragagem de cascalho com draga hopper - capacidade da cisterna de 20.000 m³ - DMT de 3.000 m","m³",12.17]
[1917139,"Dragagem de cascalho com draga hopper - capacidade da cisterna de 3.000 m³ - DMT de 1.500 a 1.800 m","m³",7.44]
[1917140,"Dragagem de cascalho com draga hopper - capacidade da cisterna de 3.000 m³ - DMT de 1.800 a 2.100 m","m³",7.56]
[1917141,"Dragagem de cascalho com draga hopper - capacidade da cisterna de 3.000 m³ - DMT de 2.100 a 2.400 m","m³",7.67]
[1917142,"Dragagem de cascalho com draga hopper - capacidade da cisterna de 3.000 m³ - DMT de 2.400 a 2.700 m","m³",7.79]
[1917143,"Dragagem de cascalho com draga hopper - capacidade da cisterna de 3.000 m³ - DMT de 2.700 a 3.000 m","m³",7.92]
[1917144,"Dragagem de cascalho com draga hopper - capacidade da cisterna de 3.000 m³ - DMT de 3.000 m","m³",7.99]
[1917175,"Dragagem de cascalho com draga hopper - capacidade da cisterna de 4.000 m³ - DMT de 1.500 a 1.800 m","m³",7.08]
[1917176,"Dragagem de cascalho com draga hopper - capacidade da cisterna de 4.000 m³ - DMT de 1.800 a 2.100 m","m³",7.18]
[1917177,"Dragagem de cascalho com draga hopper - capacidade da cisterna de 4.000 m³ - DMT de 2.100 a 2.400 m","m³",7.28]
[1917178,"Dragagem de cascalho com draga hopper - capacidade da cisterna de 4.000 m³ - DMT de 2.400 a 2.700 m","m³",7.38]
[1917179,"Dragagem de cascalho com draga hopper - capacidade da cisterna de 4.000 m³ - DMT de 2.700 a 3.000 m","m³",7.5]
[1917180,"Dragagem de cascalho com draga hopper - capacidade da cisterna de 4.000 m³ - DMT de 3.000 m","m³",7.56]
[1917211,"Dragagem de cascalho com draga hopper - capacidade da cisterna de 5.000 m³ - DMT de 1.500 a 1.800 m","m³",7.8]
[1917212,"Dragagem de cascalho com draga hopper - capacidade da cisterna de 5.000 m³ - DMT de 1.800 a 2.100 m","m³",7.89]
[1917213,"Dragagem de cascalho com draga hopper - capacidade da cisterna de 5.000 m³ - DMT de 2.100 a 2.400 m","m³",7.98]
[1917214,"Dragagem de cascalho com draga hopper - capacidade da cisterna de 5.000 m³ - DMT de 2.400 a 2.700 m","m³",8.07]
[1917215,"Dragagem de cascalho com draga hopper - capacidade da cisterna de 5.000 m³ - DMT de 2.700 a 3.000 m","m³",8.17]
[1917216,"Dragagem de cascalho com draga hopper - capacidade da cisterna de 5.000 m³ - DMT de 3.000 m","m³",8.23]
[1917031,"Dragagem de cascalho com draga hopper - capacidade da cisterna de 750 m³ - DMT de 1.500 a 1.800 m","m³",15.03]
[1917032,"Dragagem de cascalho com draga hopper - capacidade da cisterna de 750 m³ - DMT de 1.800 a 2.100 m","m³",15.34]
[1917033,"Dragagem de cascalho com draga hopper - capacidade da cisterna de 750 m³ - DMT de 2.100 a 2.400 m","m³",15.67]
[1917034,"Dragagem de cascalho com draga hopper - capacidade da cisterna de 750 m³ - DMT de 2.400 a 2.700 m","m³",16.010000000000002]
[1917035,"Dragagem de cascalho com draga hopper - capacidade da cisterna de 750 m³ - DMT de 2.700 a 3.000 m","m³",16.37]
[1917036,"Dragagem de cascalho com draga hopper - capacidade da cisterna de 750 m³ - DMT de 3.000 m","m³",16.559999999999999]
[1917605,"Dragagem de cascalho fino com draga de sucção e recalque - bomba de 1.350 kW e cortador de 170 kW - distância de recalque de 1.100 a 1.300 m","m³",8.24]
[1917606,"Dragagem de cascalho fino com draga de sucção e recalque - bomba de 1.350 kW e cortador de 170 kW - distância de recalque de 1.300 a 1.500 m","m³",8.9]
[1917607,"Dragagem de cascalho fino com draga de sucção e recalque - bomba de 1.350 kW e cortador de 170 kW - distância de recalque de 1.500 a 1.700 m","m³",9.5500000000000007]
[1917608,"Dragagem de cascalho fino com draga de sucção e recalque - bomba de 1.350 kW e cortador de 170 kW - distância de recalque de 1.700 a 1.900 m","m³",10.66]
[1917609,"Dragagem de cascalho fino com draga de sucção e recalque - bomba de 1.350 kW e cortador de 170 kW - distância de recalque de 1.900 a 2.100 m","m³",12.15]
[1917610,"Dragagem de cascalho fino com draga de sucção e recalque - bomba de 1.350 kW e cortador de 170 kW - distância de recalque de 2.100 a 2.300 m","m³",14.36]
[1917611,"Dragagem de cascalho fino com draga de sucção e recalque - bomba de 1.350 kW e cortador de 170 kW - distância de recalque de 2.300 a 2.500 m","m³",16.86]
[1917612,"Dragagem de cascalho fino com draga de sucção e recalque - bomba de 1.350 kW e cortador de 170 kW - distância de recalque de 2.500 a 2.700 m","m³",19.8]
[1917613,"Dragagem de cascalho fino com draga de sucção e recalque - bomba de 1.350 kW e cortador de 170 kW - distância de recalque de 2.700 a 2.900 m","m³",23.07]
[1917614,"Dragagem de cascalho fino com draga de sucção e recalque - bomba de 1.350 kW e cortador de 170 kW - distância de recalque de 2.900 a 3.100 m","m³",26.65]
[1917615,"Dragagem de cascalho fino com draga de sucção e recalque - bomba de 1.350 kW e cortador de 170 kW - distância de recalque de 3.100 a 3.300 m","m³",30.71]
[1917616,"Dragagem de cascalho fino com draga de sucção e recalque - bomba de 1.350 kW e cortador de 170 kW - distância de recalque de 3.300 a 3.500 m","m³",35.590000000000003]
[1917617,"Dragagem de cascalho fino com draga de sucção e recalque - bomba de 1.350 kW e cortador de 170 kW - distância de recalque de 3.500 a 3.700 m","m³",39.9]
[1917618,"Dragagem de cascalho fino com draga de sucção e recalque - bomba de 1.350 kW e cortador de 170 kW - distância de recalque de 3.700 a 3.900 m","m³",45.49]
[1917619,"Dragagem de cascalho fino com draga de sucção e recalque - bomba de 1.350 kW e cortador de 170 kW - distância de recalque de 3.900 a 4.100 m","m³",49.35]
[1917602,"Dragagem de cascalho fino com draga de sucção e recalque - bomba de 1.350 kW e cortador de 170 kW - distância de recalque de 500 a 700 m","m³",6]
[1917603,"Dragagem de cascalho fino com draga de sucção e recalque - bomba de 1.350 kW e cortador de 170 kW - distância de recalque de 700 a 900 m","m³",6.69]
[1917604,"Dragagem de cascalho fino com draga de sucção e recalque - bomba de 1.350 kW e cortador de 170 kW - distância de recalque de 900 a 1.100 m","m³",7.3]
[1917740,"Dragagem de cascalho fino com draga de sucção e recalque - bomba de 1.350 kW e cortador de 170 kW - distância de recalque de até 500 m","m³",5.78]
[1917263,"Dragagem de cascalho fino com draga de sucção e recalque - bomba de 294 kW e cortador de 30 kW - distância de recalque de 1.100 a 1.300 m","m³",10.46]
[1917264,"Dragagem de cascalho fino com draga de sucção e recalque - bomba de 294 kW e cortador de 30 kW - distância de recalque de 1.300 a 1.500 m","m³",12.97]
[1917265,"Dragagem de cascalho fino com draga de sucção e recalque - bomba de 294 kW e cortador de 30 kW - distância de recalque de 1.500 a 1.700 m","m³",16.809999999999999]
[1917260,"Dragagem de cascalho fino com draga de sucção e recalque - bomba de 294 kW e cortador de 30 kW - distância de recalque de 500 a 700 m","m³",6.35]
[1917261,"Dragagem de cascalho fino com draga de sucção e recalque - bomba de 294 kW e cortador de 30 kW - distância de recalque de 700 a 900 m","m³",7.07]
[1917262,"Dragagem de cascalho fino com draga de sucção e recalque - bomba de 294 kW e cortador de 30 kW - distância de recalque de 900 a 1.100 m","m³",8.3699999999999992]
[1917727,"Dragagem de cascalho fino com draga de sucção e recalque - bomba de 294 kW e cortador de 30 kW - distância de recalque de até 500 m","m³",6.14]
[1917351,"Dragagem de cascalho fino com draga de sucção e recalque - bomba de 483 kW e cortador de 55 kW - distância de recalque de 1.100 a 1.300 m","m³",9.17]
[1917352,"Dragagem de cascalho fino com draga de sucção e recalque - bomba de 483 kW e cortador de 55 kW - distância de recalque de 1.300 a 1.500 m","m³",12.1]
[1917353,"Dragagem de cascalho fino com draga de sucção e recalque - bomba de 483 kW e cortador de 55 kW - distância de recalque de 1.500 a 1.700 m","m³",15.54]
[1917354,"Dragagem de cascalho fino com draga de sucção e recalque - bomba de 483 kW e cortador de 55 kW - distância de recalque de 1.700 a 1.900 m","m³",20.2]
[1917355,"Dragagem de cascalho fino com draga de sucção e recalque - bomba de 483 kW e cortador de 55 kW - distância de recalque de 1.900 a 2.100 m","m³",26.01]
[1917356,"Dragagem de cascalho fino com draga de sucção e recalque - bomba de 483 kW e cortador de 55 kW - distância de recalque de 2.100 a 2.300 m","m³",31.88]
[1917357,"Dragagem de cascalho fino com draga de sucção e recalque - bomba de 483 kW e cortador de 55 kW - distância de recalque de 2.300 a 2.500 m","m³",36.44]
[1917348,"Dragagem de cascalho fino com draga de sucção e recalque - bomba de 483 kW e cortador de 55 kW - distância de recalque de 500 a 700 m","m³",5.53]
[1917349,"Dragagem de cascalho fino com draga de sucção e recalque - bomba de 483 kW e cortador de 55 kW - distância de recalque de 700 a 900 m","m³",6]
[1917350,"Dragagem de cascalho fino com draga de sucção e recalque - bomba de 483 kW e cortador de 55 kW - distância de recalque de 900 a 1.100 m","m³",6.82]
[1917731,"Dragagem de cascalho fino com draga de sucção e recalque - bomba de 483 kW e cortador de 55 kW - distância de recalque de até 500 m","m³",5.42]
[1917463,"Dragagem de cascalho fino com draga de sucção e recalque - bomba de 746 kW e cortador de 110 kW - distância de recalque de 1.100 a 1.300 m","m³",9.2899999999999991]
[1917464,"Dragagem de cascalho fino com draga de sucção e recalque - bomba de 746 kW e cortador de 110 kW - distância de recalque de 1.300 a 1.500 m","m³",10.75]
[1917465,"Dragagem de cascalho fino com draga de sucção e recalque - bomba de 746 kW e cortador de 110 kW - distância de recalque de 1.500 a 1.700 m","m³",12.39]
[1917466,"Dragagem de cascalho fino com draga de sucção e recalque - bomba de 746 kW e cortador de 110 kW - distância de recalque de 1.700 a 1.900 m","m³",14.76]
[1917467,"Dragagem de cascalho fino com draga de sucção e recalque - bomba de 746 kW e cortador de 110 kW - distância de recalque de 1.900 a 2.100 m","m³",18.260000000000002]
[1917468,"Dragagem de cascalho fino com draga de sucção e recalque - bomba de 746 kW e cortador de 110 kW - distância de recalque de 2.100 a 2.300 m","m³",22.25]
[1917469,"Dragagem de cascalho fino com draga de sucção e recalque - bomba de 746 kW e cortador de 110 kW - distância de recalque de 2.300 a 2.500 m","m³",26.66]
[1917470,"Dragagem de cascalho fino com draga de sucção e recalque - bomba de 746 kW e cortador de 110 kW - distância de recalque de 2.500 a 2.700 m","m³",31.82]
[1917471,"Dragagem de cascalho fino com draga de sucção e recalque - bomba de 746 kW e cortador de 110 kW - distância de recalque de 2.700 a 2.900 m","m³",37.909999999999997]
[1917472,"Dragagem de cascalho fino com draga de sucção e recalque - bomba de 746 kW e cortador de 110 kW - distância de recalque de 2.900 a 3.100 m","m³",40.590000000000003]
[1917460,"Dragagem de cascalho fino com draga de sucção e recalque - bomba de 746 kW e cortador de 110 kW - distância de recalque de 500 a 700 m","m³",5.37]
[1917461,"Dragagem de cascalho fino com draga de sucção e recalque - bomba de 746 kW e cortador de 110 kW - distância de recalque de 700 a 900 m","m³",6.38]
[1917462,"Dragagem de cascalho fino com draga de sucção e recalque - bomba de 746 kW e cortador de 110 kW - distância de recalque de 900 a 1.100 m","m³",7.59]
[1917735,"Dragagem de cascalho fino com draga de sucção e recalque - bomba de 746 kW e cortador de 110 kW - distância de recalque de até 500 m","m³",4.8]
[1917061,"Dragagem de cascalho fino com draga hopper - capacidade da cisterna de 1.000 m³ - DMT de 1.500 a 1.800 m","m³",11.23]
[1917062,"Dragagem de cascalho fino com draga hopper - capacidade da cisterna de 1.000 m³ - DMT de 1.800 a 2.100 m","m³",11.45]
[1917063,"Dragagem de cascalho fino com draga hopper - capacidade da cisterna de 1.000 m³ - DMT de 2.100 a 2.400 m","m³",11.67]
[1917064,"Dragagem de cascalho fino com draga hopper - capacidade da cisterna de 1.000 m³ - DMT de 2.400 a 2.700 m","m³",11.9]
[1917065,"Dragagem de cascalho fino com draga hopper - capacidade da cisterna de 1.000 m³ - DMT de 2.700 a 3.000 m","m³",12.15]
[1917066,"Dragagem de cascalho fino com draga hopper - capacidade da cisterna de 1.000 m³ - DMT de 3.000 m","m³",12.28]
[1901590,"Dragagem de cascalho fino com draga hopper - capacidade da cisterna de 10.000 m³ - DMT de 1.500 a 1.800 m","m³",7.41]
[1901591,"Dragagem de cascalho fino com draga hopper - capacidade da cisterna de 10.000 m³ - DMT de 1.800 a 2.100 m","m³",7.47]
[1901592,"Dragagem de cascalho fino com draga hopper - capacidade da cisterna de 10.000 m³ - DMT de 2.100 a 2.400 m","m³",7.54]
[1901593,"Dragagem de cascalho fino com draga hopper - capacidade da cisterna de 10.000 m³ - DMT de 2.400 a 2.700 m","m³",7.61]
[1901594,"Dragagem de cascalho fino com draga hopper - capacidade da cisterna de 10.000 m³ - DMT de 2.700 a 3.000 m","m³",7.68]
[1901589,"Dragagem de cascalho fino com draga hopper - capacidade da cisterna de 10.000 m³ - DMT de 3.000 m","m³",7.72]
[1901596,"Dragagem de cascalho fino com draga hopper - capacidade da cisterna de 15.000 m³ - DMT de 1.500 a 1.800 m","m³",9.75]
[1901597,"Dragagem de cascalho fino com draga hopper - capacidade da cisterna de 15.000 m³ - DMT de 1.800 a 2.100 m","m³",9.81]
[1901598,"Dragagem de cascalho fino com draga hopper - capacidade da cisterna de 15.000 m³ - DMT de 2.100 a 2.400 m","m³",9.8800000000000008]
[1901599,"Dragagem de cascalho fino com draga hopper - capacidade da cisterna de 15.000 m³ - DMT de 2.400 a 2.700 m","m³",9.94]
[1901600,"Dragagem de cascalho fino com draga hopper - capacidade da cisterna de 15.000 m³ - DMT de 2.700 a 3.000 m","m³",10.01]
[1901595,"Dragagem de cascalho fino com draga hopper - capacidade da cisterna de 15.000 m³ - DMT de 3.000 m","m³",10.050000000000001]
[1917097,"Dragagem de cascalho fino com draga hopper - capacidade da cisterna de 2.000 m³ - DMT de 1.500 a 1.800 m","m³",7.91]
[1917098,"Dragagem de cascalho fino com draga hopper - capacidade da cisterna de 2.000 m³ - DMT de 1.800 a 2.100 m","m³",8.0500000000000007]
[1917099,"Dragagem de cascalho fino com draga hopper - capacidade da cisterna de 2.000 m³ - DMT de 2.100 a 2.400 m","m³",8.19]
[1917100,"Dragagem de cascalho fino com draga hopper - capacidade da cisterna de 2.000 m³ - DMT de 2.400 a 2.700 m","m³",8.33]
[1917101,"Dragagem de cascalho fino com draga hopper - capacidade da cisterna de 2.000 m³ - DMT de 2.700 a 3.000 m","m³",8.49]
[1917102,"Dragagem de cascalho fino com draga hopper - capacidade da cisterna de 2.000 m³ - DMT de 3.000 m","m³",8.57]
[1901601,"Dragagem de cascalho fino com draga hopper - capacidade da cisterna de 20.000 m³ - DMT de 1.500 a 1.800 m","m³",12.16]
[1901602,"Dragagem de cascalho fino com draga hopper - capacidade da cisterna de 20.000 m³ - DMT de 1.800 a 2.100 m","m³",12.22]
[1901603,"Dragagem de cascalho fino com draga hopper - capacidade da cisterna de 20.000 m³ - DMT de 2.100 a 2.400 m","m³",12.28]
[1901604,"Dragagem de cascalho fino com draga hopper - capacidade da cisterna de 20.000 m³ - DMT de 2.400 a 2.700 m","m³",12.34]
[1901605,"Dragagem de cascalho fino com draga hopper - capacidade da cisterna de 20.000 m³ - DMT de 2.700 a 3.000 m","m³",12.41]
[1901606,"Dragagem de cascalho fino com draga hopper - capacidade da cisterna de 20.000 m³ - DMT de 3.000 m","m³",12.45]
[1917133,"Dragagem de cascalho fino com draga hopper - capacidade da cisterna de 3.000 m³ - DMT de 1.500 a 1.800 m","m³",7.55]
[1917134,"Dragagem de cascalho fino com draga hopper - capacidade da cisterna de 3.000 m³ - DMT de 1.800 a 2.100 m","m³",7.66]
[1917135,"Dragagem de cascalho fino com draga hopper - capacidade da cisterna de 3.000 m³ - DMT de 2.100 a 2.400 m","m³",7.77]
[1917136,"Dragagem de cascalho fino com draga hopper - capacidade da cisterna de 3.000 m³ - DMT de 2.400 a 2.700 m","m³",7.89]
[1917137,"Dragagem de cascalho fino com draga hopper - capacidade da cisterna de 3.000 m³ - DMT de 2.700 a 3.000 m","m³",8.01]
[1917138,"Dragagem de cascalho fino com draga hopper - capacidade da cisterna de 3.000 m³ - DMT de 3.000 m","m³",8.08]
[1917169,"Dragagem de cascalho fino com draga hopper - capacidade da cisterna de 4.000 m³ - DMT de 1.500 a 1.800 m","m³",7.18]
[1917170,"Dragagem de cascalho fino com draga hopper - capacidade da cisterna de 4.000 m³ - DMT de 1.800 a 2.100 m","m³",7.28]
[1917171,"Dragagem de cascalho fino com draga hopper - capacidade da cisterna de 4.000 m³ - DMT de 2.100 a 2.400 m","m³",7.38]
[1917172,"Dragagem de cascalho fino com draga hopper - capacidade da cisterna de 4.000 m³ - DMT de 2.400 a 2.700 m","m³",7.48]
[1917173,"Dragagem de cascalho fino com draga hopper - capacidade da cisterna de 4.000 m³ - DMT de 2.700 a 3.000 m","m³",7.59]
[1917174,"Dragagem de cascalho fino com draga hopper - capacidade da cisterna de 4.000 m³ - DMT de 3.000 m","m³",7.65]
[1917205,"Dragagem de cascalho fino com draga hopper - capacidade da cisterna de 5.000 m³ - DMT de 1.500 a 1.800 m","m³",7.93]
[1917206,"Dragagem de cascalho fino com draga hopper - capacidade da cisterna de 5.000 m³ - DMT de 1.800 a 2.100 m","m³",8.02]
[1917207,"Dragagem de cascalho fino com draga hopper - capacidade da cisterna de 5.000 m³ - DMT de 2.100 a 2.400 m","m³",8.11]
[1917208,"Dragagem de cascalho fino com draga hopper - capacidade da cisterna de 5.000 m³ - DMT de 2.400 a 2.700 m","m³",8.1999999999999993]
[1917209,"Dragagem de cascalho fino com draga hopper - capacidade da cisterna de 5.000 m³ - DMT de 2.700 a 3.000 m","m³",8.3000000000000007]
[1917210,"Dragagem de cascalho fino com draga hopper - capacidade da cisterna de 5.000 m³ - DMT de 3.000 m","m³",8.35]
[1917025,"Dragagem de cascalho fino com draga hopper - capacidade da cisterna de 750 m³ - DMT de 1.500 a 1.800 m","m³",15.21]
[1917026,"Dragagem de cascalho fino com draga hopper - capacidade da cisterna de 750 m³ - DMT de 1.800 a 2.100 m","m³",15.52]
[1917027,"Dragagem de cascalho fino com draga hopper - capacidade da cisterna de 750 m³ - DMT de 2.100 a 2.400 m","m³",15.84]
[1917028,"Dragagem de cascalho fino com draga hopper - capacidade da cisterna de 750 m³ - DMT de 2.400 a 2.700 m","m³",16.18]
[1917029,"Dragagem de cascalho fino com draga hopper - capacidade da cisterna de 750 m³ - DMT de 2.700 a 3.000 m","m³",16.53]
[1917030,"Dragagem de cascalho fino com draga hopper - capacidade da cisterna de 750 m³ - DMT de 3.000 m","m³",16.72]
[1917629,"Dragagem de material de 1ª categoria com clamshell sobre pontão flutuante - capacidade da caçamba de 4,6 m³ - transporte com batelão sem propulsão com capacidade de 100 t - DMT 0 a 300 m","m³",13.76]
[1917633,"Dragagem de material de 1ª categoria com clamshell sobre pontão flutuante - capacidade da caçamba de 4,6 m³ - transporte com batelão sem propulsão com capacidade de 100 t - DMT 1.200 a 1.500 m","m³",15.39]
[1917634,"Dragagem de material de 1ª categoria com clamshell sobre pontão flutuante - capacidade da caçamba de 4,6 m³ - transporte com batelão sem propulsão com capacidade de 100 t - DMT 1.500 a 1.800 m","m³",15.69]
[1917635,"Dragagem de material de 1ª categoria com clamshell sobre pontão flutuante - capacidade da caçamba de 4,6 m³ - transporte com batelão sem propulsão com capacidade de 100 t - DMT 1.800 a 2.100 m","m³",15.99]
[1917636,"Dragagem de material de 1ª categoria com clamshell sobre pontão flutuante - capacidade da caçamba de 4,6 m³ - transporte com batelão sem propulsão com capacidade de 100 t - DMT 2.100 a 2.400 m","m³",17.88]
[1917637,"Dragagem de material de 1ª categoria com clamshell sobre pontão flutuante - capacidade da caçamba de 4,6 m³ - transporte com batelão sem propulsão com capacidade de 100 t - DMT 2.400 a 2.700 m","m³",18.28]
[1917638,"Dragagem de material de 1ª categoria com clamshell sobre pontão flutuante - capacidade da caçamba de 4,6 m³ - transporte com batelão sem propulsão com capacidade de 100 t - DMT 2.700 a 3.000 m","m³",18.670000000000002]
[1917630,"Dragagem de material de 1ª categoria com clamshell sobre pontão flutuante - capacidade da caçamba de 4,6 m³ - transporte com batelão sem propulsão com capacidade de 100 t - DMT 300 a 600 m","m³",14.28]
[1917631,"Dragagem de material de 1ª categoria com clamshell sobre pontão flutuante - capacidade da caçamba de 4,6 m³ - transporte com batelão sem propulsão com capacidade de 100 t - DMT 600 a 900 m","m³",14.72]
[1917632,"Dragagem de material de 1ª categoria com clamshell sobre pontão flutuante - capacidade da caçamba de 4,6 m³ - transporte com batelão sem propulsão com capacidade de 100 t - DMT 900 a 1.200 m","m³",15.02]
[1917639,"Dragagem de material de 1ª categoria com clamshell sobre pontão flutuante - capacidade da caçamba de 4,6 m³ - transporte com batelão sem propulsão com capacidade de 100 t - DMT de 3.000 m","m³",18.87]
[1917646,"Dragagem de material de 1ª categoria com dragline - caçamba de 2,1 m³ - caminho de serviço em leito natural - DMT 1.000 a 1.200 m - com caminhão de 14 m³ e carregadeira","m³",18.91]
[1917647,"Dragagem de material de 1ª categoria com dragline - caçamba de 2,1 m³ - caminho de serviço em leito natural - DMT 1.200 a 1.400 m - com caminhão de 14 m³ e carregadeira","m³",19.2]
[1917648,"Dragagem de material de 1ª categoria com dragline - caçamba de 2,1 m³ - caminho de serviço em leito natural - DMT 1.400 a 1.600 m - com caminhão de 14 m³ e carregadeira","m³",19.420000000000002]
[1917649,"Dragagem de material de 1ª categoria com dragline - caçamba de 2,1 m³ - caminho de serviço em leito natural - DMT 1.600 a 1.800 m - com caminhão de 14 m³ e carregadeira","m³",19.7]
[1917650,"Dragagem de material de 1ª categoria com dragline - caçamba de 2,1 m³ - caminho de serviço em leito natural - DMT 1.800 a 2.000 m - com caminhão de 14 m³ e carregadeira","m³",19.989999999999998]
[1917651,"Dragagem de material de 1ª categoria com dragline - caçamba de 2,1 m³ - caminho de serviço em leito natural - DMT 2.000 a 2.500 m - com caminhão de 14 m³ e carregadeira","m³",20.43]
[1917652,"Dragagem de material de 1ª categoria com dragline - caçamba de 2,1 m³ - caminho de serviço em leito natural - DMT 2.500 a 3.000 m - com caminhão de 14 m³ e carregadeira","m³",22.77]
[1917642,"Dragagem de material de 1ª categoria com dragline - caçamba de 2,1 m³ - caminho de serviço em leito natural - DMT 200 a 400 m - com caminhão de 14 m³ e carregadeira","m³",17.690000000000001]
[1917643,"Dragagem de material de 1ª categoria com dragline - caçamba de 2,1 m³ - caminho de serviço em leito natural - DMT 400 a 600 m - com caminhão de 14 m³ e carregadeira","m³",18.05]
[1917641,"Dragagem de material de 1ª categoria com dragline - caçamba de 2,1 m³ - caminho de serviço em leito natural - DMT 50 a 200 m - com caminhão de 14 m³ e carregadeira","m³",15.71]
[1917644,"Dragagem de material de 1ª categoria com dragline - caçamba de 2,1 m³ - caminho de serviço em leito natural - DMT 600 a 800 m - com caminhão de 14 m³ e carregadeira","m³",18.41]
[1917645,"Dragagem de material de 1ª categoria com dragline - caçamba de 2,1 m³ - caminho de serviço em leito natural - DMT 800 a 1.000 m - com caminhão de 14 m³ e carregadeira","m³",18.62]
[1917653,"Dragagem de material de 1ª categoria com dragline - caçamba de 2,1 m³ - caminho de serviço em leito natural - DMT de 3.000 m - com caminhão de 14 m³ e carregadeira","m³",23.09]
[1917659,"Dragagem de material de 1ª categoria com dragline - caçamba de 2,1 m³ - caminho de serviço em revestimento primário - DMT 1.000 a 1.200 m - com caminhão de 14 m³ e carregadeira","m³",18.12]
[1917660,"Dragagem de material de 1ª categoria com dragline - caçamba de 2,1 m³ - caminho de serviço em revestimento primário - DMT 1.200 a 1.400 m - com caminhão de 14 m³ e carregadeira","m³",18.260000000000002]
[1917661,"Dragagem de material de 1ª categoria com dragline - caçamba de 2,1 m³ - caminho de serviço em revestimento primário - DMT 1.400 a 1.600 m - com caminhão de 14 m³ e carregadeira","m³",18.41]
[1917662,"Dragagem de material de 1ª categoria com dragline - caçamba de 2,1 m³ - caminho de serviço em revestimento primário - DMT 1.600 a 1.800 m - com caminhão de 14 m³ e carregadeira","m³",18.55]
[1917663,"Dragagem de material de 1ª categoria com dragline - caçamba de 2,1 m³ - caminho de serviço em revestimento primário - DMT 1.800 a 2.000 m - com caminhão de 14 m³ e carregadeira","m³",18.77]
[1917664,"Dragagem de material de 1ª categoria com dragline - caçamba de 2,1 m³ - caminho de serviço em revestimento primário - DMT 2.000 a 2.500 m - com caminhão de 14 m³ e carregadeira","m³",19.059999999999999]
[1917665,"Dragagem de material de 1ª categoria com dragline - caçamba de 2,1 m³ - caminho de serviço em revestimento primário - DMT 2.500 a 3.000 m - com caminhão de 14 m³ e carregadeira","m³",19.489999999999998]
[1917655,"Dragagem de material de 1ª categoria com dragline - caçamba de 2,1 m³ - caminho de serviço em revestimento primário - DMT 200 a 400 m - com caminhão de 14 m³ e carregadeira","m³",15.71]
[1917656,"Dragagem de material de 1ª categoria com dragline - caçamba de 2,1 m³ - caminho de serviço em revestimento primário - DMT 400 a 600 m - com caminhão de 14 m³ e carregadeira","m³",17.54]
[1917654,"Dragagem de material de 1ª categoria com dragline - caçamba de 2,1 m³ - caminho de serviço em revestimento primário - DMT 50 a 200 m - com caminhão de 14 m³ e carregadeira","m³",15.45]
[1917657,"Dragagem de material de 1ª categoria com dragline - caçamba de 2,1 m³ - caminho de serviço em revestimento primário - DMT 600 a 800 m - com caminhão de 14 m³ e carregadeira","m³",17.760000000000002]
[1917658,"Dragagem de material de 1ª categoria com dragline - caçamba de 2,1 m³ - caminho de serviço em revestimento primário - DMT 800 a 1.000 m - com caminhão de 14 m³ e carregadeira","m³",17.899999999999999]
[1917666,"Dragagem de material de 1ª categoria com dragline - caçamba de 2,1 m³ - caminho de serviço em revestimento primário - DMT de 3.000 m - com caminhão de 14 m³ e carregadeira","m³",19.78]
[1917672,"Dragagem de material de 1ª categoria com dragline - caçamba de 2,1 m³ - caminho de serviço pavimentado - DMT 1.000 a 1.200 m - com caminhão de 14 m³ e carregadeira","m³",18.05]
[1917673,"Dragagem de material de 1ª categoria com dragline - caçamba de 2,1 m³ - caminho de serviço pavimentado - DMT 1.200 a 1.400 m - com caminhão de 14 m³ e carregadeira","m³",18.260000000000002]
[1917674,"Dragagem de material de 1ª categoria com dragline - caçamba de 2,1 m³ - caminho de serviço pavimentado - DMT 1.400 a 1.600 m - com caminhão de 14 m³ e carregadeira","m³",18.41]
[1917675,"Dragagem de material de 1ª categoria com dragline - caçamba de 2,1 m³ - caminho de serviço pavimentado - DMT 1.600 a 1.800 m - com caminhão de 14 m³ e carregadeira","m³",18.55]
[1917676,"Dragagem de material de 1ª categoria com dragline - caçamba de 2,1 m³ - caminho de serviço pavimentado - DMT 1.800 a 2.000 m - com caminhão de 14 m³ e carregadeira","m³",18.7]
[1917677,"Dragagem de material de 1ª categoria com dragline - caçamba de 2,1 m³ - caminho de serviço pavimentado - DMT 2.000 a 2.500 m - com caminhão de 14 m³ e carregadeira","m³",18.98]
[1917678,"Dragagem de material de 1ª categoria com dragline - caçamba de 2,1 m³ - caminho de serviço pavimentado - DMT 2.500 a 3.000 m - com caminhão de 14 m³ e carregadeira","m³",19.420000000000002]
[1917668,"Dragagem de material de 1ª categoria com dragline - caçamba de 2,1 m³ - caminho de serviço pavimentado - DMT 200 a 400 m - com caminhão de 14 m³ e carregadeira","m³",17.399999999999999]
[1917669,"Dragagem de material de 1ª categoria com dragline - caçamba de 2,1 m³ - caminho de serviço pavimentado - DMT 400 a 600 m - com caminhão de 14 m³ e carregadeira","m³",17.54]
[1917667,"Dragagem de material de 1ª categoria com dragline - caçamba de 2,1 m³ - caminho de serviço pavimentado - DMT 50 a 200 m - com caminhão de 14 m³ e carregadeira","m³",15.53]
[1917670,"Dragagem de material de 1ª categoria com dragline - caçamba de 2,1 m³ - caminho de serviço pavimentado - DMT 600 a 800 m - com caminhão de 14 m³ e carregadeira","m³",17.760000000000002]
[1917671,"Dragagem de material de 1ª categoria com dragline - caçamba de 2,1 m³ - caminho de serviço pavimentado - DMT 800 a 1.000 m - com caminhão de 14 m³ e carregadeira","m³",17.899999999999999]
[1917679,"Dragagem de material de 1ª categoria com dragline - caçamba de 2,1 m³ - caminho de serviço pavimentado - DMT de 3.000 m - com caminhão de 14 m³ e carregadeira","m³",19.63]
[1917640,"Dragagem de material de 1ª categoria com dragline - caçamba de 2,1 m³ - DMT até 50 m","m³",8.06]
[1917686,"Dragagem de material de 1ª categoria com escavadeira hidráulica - capacidade de caçamba de 1,56 m³ - caminho de serviço em leito natural - DMT 1.000 a 1.200 m","m³",10.4]
[1917687,"Dragagem de material de 1ª categoria com escavadeira hidráulica - capacidade de caçamba de 1,56 m³ - caminho de serviço em leito natural - DMT 1.200 a 1.400 m","m³",10.68]
[1917688,"Dragagem de material de 1ª categoria com escavadeira hidráulica - capacidade de caçamba de 1,56 m³ - caminho de serviço em leito natural - DMT 1.400 a 1.600 m","m³",11.74]
[1917689,"Dragagem de material de 1ª categoria com escavadeira hidráulica - capacidade de caçamba de 1,56 m³ - caminho de serviço em leito natural - DMT 1.600 a 1.800 m","m³",12.04]
[1917690,"Dragagem de material de 1ª categoria com escavadeira hidráulica - capacidade de caçamba de 1,56 m³ - caminho de serviço em leito natural - DMT 1.800 a 2.000 m","m³",12.27]
[1917691,"Dragagem de material de 1ª categoria com escavadeira hidráulica - capacidade de caçamba de 1,56 m³ - caminho de serviço em leito natural - DMT 2.000 a 2.500 m","m³",12.72]
[1917692,"Dragagem de material de 1ª categoria com escavadeira hidráulica - capacidade de caçamba de 1,56 m³ - caminho de serviço em leito natural - DMT 2.500 a 3.000 m","m³",14.32]
[1917682,"Dragagem de material de 1ª categoria com escavadeira hidráulica - capacidade de caçamba de 1,56 m³ - caminho de serviço em leito natural - DMT 200 a 400 m","m³",9.2100000000000009]
[1917693,"Dragagem de material de 1ª categoria com escavadeira hidráulica - capacidade de caçamba de 1,56 m³ - caminho de serviço em leito natural - DMT 3.000 m","m³",14.7]
[1917683,"Dragagem de material de 1ª categoria com escavadeira hidráulica - capacidade de caçamba de 1,56 m³ - caminho de serviço em leito natural - DMT 400 a 600 m","m³",9.5500000000000007]
[1917681,"Dragagem de material de 1ª categoria com escavadeira hidráulica - capacidade de caçamba de 1,56 m³ - caminho de serviço em leito natural - DMT 50 a 200 m","m³",7.93]
[1917684,"Dragagem de material de 1ª categoria com escavadeira hidráulica - capacidade de caçamba de 1,56 m³ - caminho de serviço em leito natural - DMT 600 a 800 m","m³",9.84]
[1917685,"Dragagem de material de 1ª categoria com escavadeira hidráulica - capacidade de caçamba de 1,56 m³ - caminho de serviço em leito natural - DMT 800 a 1.000 m","m³",10.119999999999999]
[1917699,"Dragagem de material de 1ª categoria com escavadeira hidráulica - capacidade de caçamba de 1,56 m³ - caminho de serviço em revestimento primário - DMT 1.000 a 1.200 m","m³",9.5500000000000007]
[1917700,"Dragagem de material de 1ª categoria com escavadeira hidráulica - capacidade de caçamba de 1,56 m³ - caminho de serviço em revestimento primário - DMT 1.200 a 1.400 m","m³",9.7200000000000006]
[1917701,"Dragagem de material de 1ª categoria com escavadeira hidráulica - capacidade de caçamba de 1,56 m³ - caminho de serviço em revestimento primário - DMT 1.400 a 1.600 m","m³",9.89]
[1917702,"Dragagem de material de 1ª categoria com escavadeira hidráulica - capacidade de caçamba de 1,56 m³ - caminho de serviço em revestimento primário - DMT 1.600 a 1.800 m","m³",10.06]
[1917703,"Dragagem de material de 1ª categoria com escavadeira hidráulica - capacidade de caçamba de 1,56 m³ - caminho de serviço em revestimento primário - DMT 1.800 a 2.000 m","m³",10.23]
[1917704,"Dragagem de material de 1ª categoria com escavadeira hidráulica - capacidade de caçamba de 1,56 m³ - caminho de serviço em revestimento primário - DMT 2.000 a 2.500 m","m³",10.52]
[1917705,"Dragagem de material de 1ª categoria com escavadeira hidráulica - capacidade de caçamba de 1,56 m³ - caminho de serviço em revestimento primário - DMT 2.500 a 3.000 m","m³",11.82]
[1917695,"Dragagem de material de 1ª categoria com escavadeira hidráulica - capacidade de caçamba de 1,56 m³ - caminho de serviço em revestimento primário - DMT 200 a 400 m","m³",7.93]
[1917706,"Dragagem de material de 1ª categoria com escavadeira hidráulica - capacidade de caçamba de 1,56 m³ - caminho de serviço em revestimento primário - DMT 3.000 m","m³",12.12]
[1917696,"Dragagem de material de 1ª categoria com escavadeira hidráulica - capacidade de caçamba de 1,56 m³ - caminho de serviço em revestimento primário - DMT 400 a 600 m","m³",8.99]
[1917694,"Dragagem de material de 1ª categoria com escavadeira hidráulica - capacidade de caçamba de 1,56 m³ - caminho de serviço em revestimento primário - DMT 50 a 200 m","m³",7.67]
[1917697,"Dragagem de material de 1ª categoria com escavadeira hidráulica - capacidade de caçamba de 1,56 m³ - caminho de serviço em revestimento primário - DMT 600 a 800 m","m³",9.2100000000000009]
[1917698,"Dragagem de material de 1ª categoria com escavadeira hidráulica - capacidade de caçamba de 1,56 m³ - caminho de serviço em revestimento primário - DMT 800 a 1.000 m","m³",9.3800000000000008]
[1917712,"Dragagem de material de 1ª categoria com escavadeira hidráulica - capacidade de caçamba de 1,56 m³ - caminho de serviço pavimentado - DMT 1.000 a 1.200 m","m³",9.5500000000000007]
[1917713,"Dragagem de material de 1ª categoria com escavadeira hidráulica - capacidade de caçamba de 1,56 m³ - caminho de serviço pavimentado - DMT 1.200 a 1.400 m","m³",9.7200000000000006]
[1917714,"Dragagem de material de 1ª categoria com escavadeira hidráulica - capacidade de caçamba de 1,56 m³ - caminho de serviço pavimentado - DMT 1.400 a 1.600 m","m³",9.89]
[1917715,"Dragagem de material de 1ª categoria com escavadeira hidráulica - capacidade de caçamba de 1,56 m³ - caminho de serviço pavimentado - DMT 1.600 a 1.800 m","m³",10.01]
[1917716,"Dragagem de material de 1ª categoria com escavadeira hidráulica - capacidade de caçamba de 1,56 m³ - caminho de serviço pavimentado - DMT 1.800 a 2.000 m","m³",10.18]
[1917717,"Dragagem de material de 1ª categoria com escavadeira hidráulica - capacidade de caçamba de 1,56 m³ - caminho de serviço pavimentado - DMT 2.000 a 2.500 m","m³",10.46]
[1917718,"Dragagem de material de 1ª categoria com escavadeira hidráulica - capacidade de caçamba de 1,56 m³ - caminho de serviço pavimentado - DMT 2.500 a 3.000 m","m³",11.66]
[1917708,"Dragagem de material de 1ª categoria com escavadeira hidráulica - capacidade de caçamba de 1,56 m³ - caminho de serviço pavimentado - DMT 200 a 400 m","m³",8.82]
[1917719,"Dragagem de material de 1ª categoria com escavadeira hidráulica - capacidade de caçamba de 1,56 m³ - caminho de serviço pavimentado - DMT 3.000 m","m³",11.97]
[1917709,"Dragagem de material de 1ª categoria com escavadeira hidráulica - capacidade de caçamba de 1,56 m³ - caminho de serviço pavimentado - DMT 400 a 600 m","m³",9.0399999999999991]
[1917707,"Dragagem de material de 1ª categoria com escavadeira hidráulica - capacidade de caçamba de 1,56 m³ - caminho de serviço pavimentado - DMT 50 a 200 m","m³",7.78]
[1917710,"Dragagem de material de 1ª categoria com escavadeira hidráulica - capacidade de caçamba de 1,56 m³ - caminho de serviço pavimentado - DMT 600 a 800 m","m³",9.2100000000000009]
[1917711,"Dragagem de material de 1ª categoria com escavadeira hidráulica - capacidade de caçamba de 1,56 m³ - caminho de serviço pavimentado - DMT 800 a 1.000 m","m³",9.3800000000000008]
[1917680,"Dragagem de material de 1ª categoria com escavadeira hidráulica - capacidade de caçamba de 1,56 m³ - DMT 0 a 50 m","m³",2.54]
[1901607,"Dragagem de material de 1ª categoria com escavadeira hidráulica sobre pontão flutuante - capacidade da caçamba de 1,56 m³ - transporte com batelão sem propulsão com capacidade de 100 t - DMT 0 a 300 m","m³",14.09]
[1901611,"Dragagem de material de 1ª categoria com escavadeira hidráulica sobre pontão flutuante - capacidade da caçamba de 1,56 m³ - transporte com batelão sem propulsão com capacidade de 100 t - DMT 1.200 a 1.500 m","m³",17.75]
[1901612,"Dragagem de material de 1ª categoria com escavadeira hidráulica sobre pontão flutuante - capacidade da caçamba de 1,56 m³ - transporte com batelão sem propulsão com capacidade de 100 t - DMT 1.500 a 1.800 m","m³",18.16]
[1901613,"Dragagem de material de 1ª categoria com escavadeira hidráulica sobre pontão flutuante - capacidade da caçamba de 1,56 m³ - transporte com batelão sem propulsão com capacidade de 100 t - DMT 1.800 a 2.100 m","m³",18.47]
[1901614,"Dragagem de material de 1ª categoria com escavadeira hidráulica sobre pontão flutuante - capacidade da caçamba de 1,56 m³ - transporte com batelão sem propulsão com capacidade de 100 t - DMT 2.100 a 2.400 m","m³",18.77]
[1901615,"Dragagem de material de 1ª categoria com escavadeira hidráulica sobre pontão flutuante - capacidade da caçamba de 1,56 m³ - transporte com batelão sem propulsão com capacidade de 100 t - DMT 2.400 a 2.700 m","m³",19.18]
[1901616,"Dragagem de material de 1ª categoria com escavadeira hidráulica sobre pontão flutuante - capacidade da caçamba de 1,56 m³ - transporte com batelão sem propulsão com capacidade de 100 t - DMT 2.700 a 3.000 m","m³",19.489999999999998]
[1901608,"Dragagem de material de 1ª categoria com escavadeira hidráulica sobre pontão flutuante - capacidade da caçamba de 1,56 m³ - transporte com batelão sem propulsão com capacidade de 100 t - DMT 300 a 600 m","m³",14.57]
[1901609,"Dragagem de material de 1ª categoria com escavadeira hidráulica sobre pontão flutuante - capacidade da caçamba de 1,56 m³ - transporte com batelão sem propulsão com capacidade de 100 t - DMT 600 a 900 m","m³",14.98]
[1901610,"Dragagem de material de 1ª categoria com escavadeira hidráulica sobre pontão flutuante - capacidade da caçamba de 1,56 m³ - transporte com batelão sem propulsão com capacidade de 100 t - DMT 900 a 1.200 m","m³",17.440000000000001]
[1901617,"Dragagem de material de 1ª categoria com escavadeira hidráulica sobre pontão flutuante - capacidade da caçamba de 1,56 m³ - transporte com batelão sem propulsão com capacidade de 100 t - DMT de 3.000 m","m³",19.7]
[1917037,"Dragagem de silte com draga hopper - capacidade da cisterna de 1.000 m³ - DMT de 1.500 a 1.800 m","m³",18.68]
[1917038,"Dragagem de silte com draga hopper - capacidade da cisterna de 1.000 m³ - DMT de 1.800 a 2.100 m","m³",19.309999999999999]
[1917039,"Dragagem de silte com draga hopper - capacidade da cisterna de 1.000 m³ - DMT de 2.100 a 2.400 m","m³",19.96]
[1917040,"Dragagem de silte com draga hopper - capacidade da cisterna de 1.000 m³ - DMT de 2.400 a 2.700 m","m³",20.63]
[1917041,"Dragagem de silte com draga hopper - capacidade da cisterna de 1.000 m³ - DMT de 2.700 a 3.000 m","m³",21.35]
[1917042,"Dragagem de silte com draga hopper - capacidade da cisterna de 1.000 m³ - DMT de 3.000 m","m³",21.73]
[1901619,"Dragagem de silte com draga hopper - capacidade da cisterna de 10.000 m³ - DMT de 1.500 a 1.800 m","m³",10.25]
[1901620,"Dragagem de silte com draga hopper - capacidade da cisterna de 10.000 m³ - DMT de 1.800 a 2.100 m","m³",10.44]
[1901621,"Dragagem de silte com draga hopper - capacidade da cisterna de 10.000 m³ - DMT de 2.100 a 2.400 m","m³",10.63]
[1901622,"Dragagem de silte com draga hopper - capacidade da cisterna de 10.000 m³ - DMT de 2.400 a 2.700 m","m³",10.83]
[1901623,"Dragagem de silte com draga hopper - capacidade da cisterna de 10.000 m³ - DMT de 2.700 a 3.000 m","m³",11.04]
[1901618,"Dragagem de silte com draga hopper - capacidade da cisterna de 10.000 m³ - DMT de 3.000 m","m³",11.16]
[1901625,"Dragagem de silte com draga hopper - capacidade da cisterna de 15.000 m³ - DMT de 1.500 a 1.800 m","m³",12.32]
[1901626,"Dragagem de silte com draga hopper - capacidade da cisterna de 15.000 m³ - DMT de 1.800 a 2.100 m","m³",12.49]
[1901627,"Dragagem de silte com draga hopper - capacidade da cisterna de 15.000 m³ - DMT de 2.100 a 2.400 m","m³",12.68]
[1901628,"Dragagem de silte com draga hopper - capacidade da cisterna de 15.000 m³ - DMT de 2.400 a 2.700 m","m³",12.86]
[1901629,"Dragagem de silte com draga hopper - capacidade da cisterna de 15.000 m³ - DMT de 2.700 a 3.000 m","m³",13.07]
[1901624,"Dragagem de silte com draga hopper - capacidade da cisterna de 15.000 m³ - DMT de 3.000 m","m³",13.17]
[1917073,"Dragagem de silte com draga hopper - capacidade da cisterna de 2.000 m³ - DMT de 1.500 a 1.800 m","m³",12.93]
[1917074,"Dragagem de silte com draga hopper - capacidade da cisterna de 2.000 m³ - DMT de 1.800 a 2.100 m","m³",13.32]
[1917075,"Dragagem de silte com draga hopper - capacidade da cisterna de 2.000 m³ - DMT de 2.100 a 2.400 m","m³",13.72]
[1917076,"Dragagem de silte com draga hopper - capacidade da cisterna de 2.000 m³ - DMT de 2.400 a 2.700 m","m³",14.14]
[1917077,"Dragagem de silte com draga hopper - capacidade da cisterna de 2.000 m³ - DMT de 2.700 a 3.000 m","m³",14.59]
[1917078,"Dragagem de silte com draga hopper - capacidade da cisterna de 2.000 m³ - DMT de 3.000 m","m³",14.83]
[1901631,"Dragagem de silte com draga hopper - capacidade da cisterna de 20.000 m³ - DMT de 1.500 a 1.800 m","m³",14.53]
[1901632,"Dragagem de silte com draga hopper - capacidade da cisterna de 20.000 m³ - DMT de 1.800 a 2.100 m","m³",14.7]
[1901633,"Dragagem de silte com draga hopper - capacidade da cisterna de 20.000 m³ - DMT de 2.100 a 2.400 m","m³",14.88]
[1901634,"Dragagem de silte com draga hopper - capacidade da cisterna de 20.000 m³ - DMT de 2.400 a 2.700 m","m³",15.06]
[1901635,"Dragagem de silte com draga hopper - capacidade da cisterna de 20.000 m³ - DMT de 2.700 a 3.000 m","m³",15.26]
[1901630,"Dragagem de silte com draga hopper - capacidade da cisterna de 20.000 m³ - DMT de 3.000 m","m³",15.36]
[1917109,"Dragagem de silte com draga hopper - capacidade da cisterna de 3.000 m³ - DMT de 1.500 a 1.800 m","m³",11.8]
[1917110,"Dragagem de silte com draga hopper - capacidade da cisterna de 3.000 m³ - DMT de 1.800 a 2.100 m","m³",12.12]
[1917111,"Dragagem de silte com draga hopper - capacidade da cisterna de 3.000 m³ - DMT de 2.100 a 2.400 m","m³",12.44]
[1917112,"Dragagem de silte com draga hopper - capacidade da cisterna de 3.000 m³ - DMT de 2.400 a 2.700 m","m³",12.79]
[1917113,"Dragagem de silte com draga hopper - capacidade da cisterna de 3.000 m³ - DMT de 2.700 a 3.000 m","m³",13.15]
[1917114,"Dragagem de silte com draga hopper - capacidade da cisterna de 3.000 m³ - DMT de 3.000 m","m³",13.35]
[1917145,"Dragagem de silte com draga hopper - capacidade da cisterna de 4.000 m³ - DMT de 1.500 a 1.800 m","m³",11.03]
[1917146,"Dragagem de silte com draga hopper - capacidade da cisterna de 4.000 m³ - DMT de 1.800 a 2.100 m","m³",11.31]
[1917147,"Dragagem de silte com draga hopper - capacidade da cisterna de 4.000 m³ - DMT de 2.100 a 2.400 m","m³",11.6]
[1917148,"Dragagem de silte com draga hopper - capacidade da cisterna de 4.000 m³ - DMT de 2.400 a 2.700 m","m³",11.9]
[1917149,"Dragagem de silte com draga hopper - capacidade da cisterna de 4.000 m³ - DMT de 2.700 a 3.000 m","m³",12.22]
[1917150,"Dragagem de silte com draga hopper - capacidade da cisterna de 4.000 m³ - DMT de 3.000 m","m³",12.39]
[1917181,"Dragagem de silte com draga hopper - capacidade da cisterna de 5.000 m³ - DMT de 1.500 a 1.800 m","m³",11.43]
[1917182,"Dragagem de silte com draga hopper - capacidade da cisterna de 5.000 m³ - DMT de 1.800 a 2.100 m","m³",11.68]
[1917183,"Dragagem de silte com draga hopper - capacidade da cisterna de 5.000 m³ - DMT de 2.100 a 2.400 m","m³",11.94]
[1917184,"Dragagem de silte com draga hopper - capacidade da cisterna de 5.000 m³ - DMT de 2.400 a 2.700 m","m³",12.21]
[1917185,"Dragagem de silte com draga hopper - capacidade da cisterna de 5.000 m³ - DMT de 2.700 a 3.000 m","m³",12.5]
[1917186,"Dragagem de silte com draga hopper - capacidade da cisterna de 5.000 m³ - DMT de 3.000 m","m³",12.65]
[1917001,"Dragagem de silte com draga hopper - capacidade da cisterna de 750 m³ - DMT de 1.500 a 1.800 m","m³",24.73]
[1917002,"Dragagem de silte com draga hopper - capacidade da cisterna de 750 m³ - DMT de 1.800 a 2.100 m","m³",25.63]
[1917003,"Dragagem de silte com draga hopper - capacidade da cisterna de 750 m³ - DMT de 2.100 a 2.400 m","m³",26.55]
[1917004,"Dragagem de silte com draga hopper - capacidade da cisterna de 750 m³ - DMT de 2.400 a 2.700 m","m³",27.52]
[1917005,"Dragagem de silte com draga hopper - capacidade da cisterna de 750 m³ - DMT de 2.700 a 3.000 m","m³",28.54]
[1917006,"Dragagem de silte com draga hopper - capacidade da cisterna de 750 m³ - DMT de 3.000 m","m³",29.09]
[2009619,"Alvenaria de blocos de concreto 19 x 19 x 39 cm com espessura de 20 cm - areia comercial","m²",124.05]
[2009618,"Alvenaria de blocos de concreto 19 x 19 x 39 cm com espessura de 20 cm - areia extraída","m²",122.18]
[2003866,"Aplicação de geotêxtil não-tecido agulhado com resistência à tração longitudinal de 14 kN/m","m²",7.94]
[2003867,"Aplicação de geotêxtil não-tecido agulhado com resistência à tração longitudinal de 31 kN/m","m²",17.28]
[2003622,"Boca de lobo combinada - chapéu e grelha simples - BLC 01 - areia e brita comerciais","un",2452.85]
[2003621,"Boca de lobo combinada - chapéu e grelha simples - BLC 01 - areia extraída e brita produzida","un",2353.2199999999998]
[2003624,"Boca de lobo combinada - chapéu e grelha simples - BLC 02 - areia e brita comerciais","un",2857.13]
[2003623,"Boca de lobo combinada - chapéu e grelha simples - BLC 02 - areia extraída e brita produzida","un",2745.76]
[2003634,"Boca de lobo dupla - grelha de concreto - BLDG 01 - areia e brita comerciais","un",1807.42]
[2003633,"Boca de lobo dupla - grelha de concreto - BLDG 01 - areia extraída e brita produzida","un",1707.78]
[2003636,"Boca de lobo dupla - grelha de concreto - BLDG 02 - areia e brita comerciais","un",2211.6999999999998]
[2003635,"Boca de lobo dupla - grelha de concreto - BLDG 02 - areia extraída e brita produzida","un",2100.3200000000002]
[2003638,"Boca de lobo dupla - grelha de concreto - BLDG 03 - areia e brita comerciais","un",2620.91]
[2003637,"Boca de lobo dupla - grelha de concreto - BLDG 03 - areia extraída e brita produzida","un",2496.6]
[2003640,"Boca de lobo dupla - grelha de concreto - BLDG 04 - areia e brita comerciais","un",3025.19]
[2003639,"Boca de lobo dupla - grelha de concreto - BLDG 04 - areia extraída e brita produzida","un",2889.14]
[2003618,"Boca de lobo simples - BLS 01 - areia e brita comerciais","un",1006.16]
[2003617,"Boca de lobo simples - BLS 01 - areia extraída e brita produzida","un",951.3]
[2003620,"Boca de lobo simples - BLS 02 - areia e brita comerciais","un",1252.94]
[2003619,"Boca de lobo simples - BLS 02 - areia extraída e brita produzida","un",1190.98]
[2003626,"Boca de lobo simples - grelha de concreto - BLSG 01 - areia e brita comerciais","un",938.76]
[2003625,"Boca de lobo simples - grelha de concreto - BLSG 01 - areia extraída e brita produzida","un",883.91]
[2003628,"Boca de lobo simples - grelha de concreto - BLSG 02 - areia e brita comerciais","un",1185.55]
[2003627,"Boca de lobo simples - grelha de concreto - BLSG 02 - areia extraída e brita produzida","un",1123.5899999999999]
[2003630,"Boca de lobo simples - grelha de concreto - BLSG 03 - areia e brita comerciais","un",1432.33]
[2003629,"Boca de lobo simples - grelha de concreto - BLSG 03 - areia extraída e brita produzida","un",1363.27]
[2003632,"Boca de lobo simples - grelha de concreto - BLSG 04 - areia e brita comerciais","un",1679.12]
[2003631,"Boca de lobo simples - grelha de concreto - BLSG 04 - areia extraída e brita produzida","un",1602.95]
[2003599,"Boca de saída para dreno longitudinal profundo - BSD 01 - tubo de concreto perfurado - areia e brita comerciais","un",209.98]
[2003598,"Boca de saída para dreno longitudinal profundo - BSD 01 - tubo de concreto perfurado - areia extraída e brita produzida","un",189.53]
[2003919,"Boca de saída para dreno longitudinal profundo - BSD 01 - tubo de PEAD - areia e brita comerciais","un",209.98]
[2003918,"Boca de saída para dreno longitudinal profundo - BSD 01 - tubo de PEAD - areia extraída e brita produzida","un",189.53]
[2003601,"Boca de saída para dreno longitudinal profundo - BSD 02 - tubo de concreto perfurado - areia e brita comerciais","un",263.26]
[2003600,"Boca de saída para dreno longitudinal profundo - BSD 02 - tubo de concreto perfurado - areia extraída e brita produzida","un",236.52]
[2003921,"Boca de saída para dreno longitudinal profundo - BSD 02 - tubo de PEAD - areia e brita comerciais","un",263.26]
[2003920,"Boca de saída para dreno longitudinal profundo - BSD 02 - tubo de PEAD - areia extraída e brita produzida","un",236.52]
[2003616,"Boca de saída para dreno sub-horizontal em material de 1ª categoria - BSD 04 - areia e brita comerciais","un",22.33]
[2003615,"Boca de saída para dreno sub-horizontal em material de 1ª categoria - BSD 04 - areia extraída e brita produzida","un",19.440000000000001]
[2003927,"Boca de saída para dreno sub-horizontal em material de 2ª categoria - BSD 04 - areia e brita comerciais","un",23.2]
[2003926,"Boca de saída para dreno sub-horizontal em material de 2ª categoria - BSD 04 - areia extraída e brita produzida","un",20.32]
[2003613,"Boca de saída para dreno subsuperficial - BSD 03 - areia e brita comerciais","un",150.58000000000001]
[2003612,"Boca de saída para dreno subsuperficial - BSD 03 - areia extraída e brita produzida","un",137.99]
[2003477,"Caixa coletora de sarjeta - CCS 200-60 A - com grelha de concreto - areia e brita comerciais","un",4560.53]
[2003476,"Caixa coletora de sarjeta - CCS 200-60 A - com grelha de concreto - areia extraída e brita produzida","un",4216.3]
[2003517,"Caixa coletora de sarjeta - CCS 200-60 B - com grelha de aço - areia e brita comerciais","un",4774.17]
[2003516,"Caixa coletora de sarjeta - CCS 200-60 B - com grelha de aço - areia extraída e brita produzida","un",4439.5600000000004]
[2003479,"Caixa coletora de sarjeta - CCS 200-80 A - com grelha de concreto - areia e brita comerciais","un",4530.32]
[2003478,"Caixa coletora de sarjeta - CCS 200-80 A - com grelha de concreto - areia extraída e brita produzida","un",4191.8599999999997]
[2003519,"Caixa coletora de sarjeta - CCS 200-80 B - com grelha de aço - areia e brita comerciais","un",4743.96]
[2003518,"Caixa coletora de sarjeta - CCS 200-80 B - com grelha de aço - areia extraída e brita produzida","un",4415.1099999999997]
[2003489,"Caixa coletora de sarjeta - CCS 250-100 A - com grelha de concreto - areia e brita comerciais","un",5534.16]
[2003488,"Caixa coletora de sarjeta - CCS 250-100 A - com grelha de concreto - areia extraída e brita produzida","un",5117.87]
[2003529,"Caixa coletora de sarjeta - CCS 250-100 B - com grelha de aço - areia e brita comerciais","un",5747.8]
[2003528,"Caixa coletora de sarjeta - CCS 250-100 B - com grelha de aço - areia extraída e brita produzida","un",5341.12]
[2003491,"Caixa coletora de sarjeta - CCS 250-120 A - com grelha de concreto - areia e brita comerciais","un",6291]
[2003490,"Caixa coletora de sarjeta - CCS 250-120 A - com grelha de concreto - areia extraída e brita produzida","un",5814.52]
[2003531,"Caixa coletora de sarjeta - CCS 250-120 B - com grelha de aço - areia e brita comerciais","un",6537.46]
[2003530,"Caixa coletora de sarjeta - CCS 250-120 B - com grelha de aço - areia extraída e brita produzida","un",6072.94]
[2003485,"Caixa coletora de sarjeta - CCS 250-60 A - com grelha de concreto - areia e brita comerciais","un",5603.22]
[2003484,"Caixa coletora de sarjeta - CCS 250-60 A - com grelha de concreto - areia extraída e brita produzida","un",5173.74]
[2003525,"Caixa coletora de sarjeta - CCS 250-60 B - com grelha de aço - areia e brita comerciais","un",5816.86]
[2003524,"Caixa coletora de sarjeta - CCS 250-60 B - com grelha de aço - areia extraída e brita produzida","un",5396.99]
[2003487,"Caixa coletora de sarjeta - CCS 250-80 A - com grelha de concreto - areia e brita comerciais","un",5573.01]
[2003486,"Caixa coletora de sarjeta - CCS 250-80 A - com grelha de concreto - areia extraída e brita produzida","un",5149.29]
[2003527,"Caixa coletora de sarjeta - CCS 250-80 B - com grelha de aço - areia e brita comerciais","un",5786.65]
[2003526,"Caixa coletora de sarjeta - CCS 250-80 B - com grelha de aço - areia extraída e brita produzida","un",5372.55]
[2003497,"Caixa coletora de sarjeta - CCS 300-100 A - com grelha de concreto - areia e brita comerciais","un",6535.33]
[2003496,"Caixa coletora de sarjeta - CCS 300-100 A - com grelha de concreto - areia extraída e brita produzida","un",6049.55]
[2003537,"Caixa coletora de sarjeta - CCS 300-100 B - com grelha de aço - areia e brita comerciais","un",6748.97]
[2003536,"Caixa coletora de sarjeta - CCS 300-100 B - com grelha de aço - areia extraída e brita produzida","un",6272.8]
[2003499,"Caixa coletora de sarjeta - CCS 300-120 A - com grelha de concreto - areia e brita comerciais","un",7415.92]
[2003498,"Caixa coletora de sarjeta - CCS 300-120 A - com grelha de concreto - areia extraída e brita produzida","un",6860.78]
[2003539,"Caixa coletora de sarjeta - CCS 300-120 B - com grelha de aço - areia e brita comerciais","un",7662.39]
[2003538,"Caixa coletora de sarjeta - CCS 300-120 B - com grelha de aço - areia extraída e brita produzida","un",7119.19]
[2003493,"Caixa coletora de sarjeta - CCS 300-60 A - com grelha de concreto - areia e brita comerciais","un",6604.39]
[2003492,"Caixa coletora de sarjeta - CCS 300-60 A - com grelha de concreto - areia extraída e brita produzida","un",6105.42]
[2003533,"Caixa coletora de sarjeta - CCS 300-60 B - com grelha de aço - areia e brita comerciais","un",6818.03]
[2003532,"Caixa coletora de sarjeta - CCS 300-60 B - com grelha de aço - areia extraída e brita produzida","un",6328.67]
[2003495,"Caixa coletora de sarjeta - CCS 300-80 A - com grelha de concreto - areia e brita comerciais","un",6574.18]
[2003494,"Caixa coletora de sarjeta - CCS 300-80 A - com grelha de concreto - areia extraída e brita produzida","un",6080.97]
[2003535,"Caixa coletora de sarjeta - CCS 300-80 B - com grelha de aço - areia e brita comerciais","un",6787.82]
[2003534,"Caixa coletora de sarjeta - CCS 300-80 B - com grelha de aço - areia extraída e brita produzida","un",6304.23]
[2003505,"Caixa coletora de sarjeta - CCS 350-100 A - com grelha de concreto - areia e brita comerciais","un",7478.37]
[2003504,"Caixa coletora de sarjeta - CCS 350-100 A - com grelha de concreto - areia extraída e brita produzida","un",6923.09]
[2003545,"Caixa coletora de sarjeta - CCS 350-100 B - com grelha de aço - areia e brita comerciais","un",7692.01]
[2003544,"Caixa coletora de sarjeta - CCS 350-100 B - com grelha de aço - areia extraída e brita produzida","un",7146.34]
[2003507,"Caixa coletora de sarjeta - CCS 350-120 A - com grelha de concreto - areia e brita comerciais","un",8478.61]
[2003506,"Caixa coletora de sarjeta - CCS 350-120 A - com grelha de concreto - areia extraída e brita produzida","un",7844.79]
[2003547,"Caixa coletora de sarjeta - CCS 350-120 B - com grelha de aço - areia e brita comerciais","un",8725.07]
[2003546,"Caixa coletora de sarjeta - CCS 350-120 B - com grelha de aço - areia extraída e brita produzida","un",8103.2]
[2003501,"Caixa coletora de sarjeta - CCS 350-60 A - com grelha de concreto - areia e brita comerciais","un",7547.43]
[2003500,"Caixa coletora de sarjeta - CCS 350-60 A - com grelha de concreto - areia extraída e brita produzida","un",6978.96]
[2003541,"Caixa coletora de sarjeta - CCS 350-60 B - com grelha de aço - areia e brita comerciais","un",7761.07]
[2003540,"Caixa coletora de sarjeta - CCS 350-60 B - com grelha de aço - areia extraída e brita produzida","un",7202.21]
[2003503,"Caixa coletora de sarjeta - CCS 350-80 A - com grelha de concreto - areia e brita comerciais","un",7517.22]
[2003502,"Caixa coletora de sarjeta - CCS 350-80 A - com grelha de concreto - areia extraída e brita produzida","un",6954.51]
[2003543,"Caixa coletora de sarjeta - CCS 350-80 B - com grelha de aço - areia e brita comerciais","un",7730.86]
[2003542,"Caixa coletora de sarjeta - CCS 350-80 B - com grelha de aço - areia extraída e brita produzida","un",7177.77]
[2003513,"Caixa coletora de sarjeta - CCS 400-100 A - com grelha de concreto - areia e brita comerciais","un",8479.5400000000009]
[2003512,"Caixa coletora de sarjeta - CCS 400-100 A - com grelha de concreto - areia extraída e brita produzida","un",7854.77]
[2003553,"Caixa coletora de sarjeta - CCS 400-100 B - com grelha de aço - areia e brita comerciais","un",8693.18]
[2003552,"Caixa coletora de sarjeta - CCS 400-100 B - com grelha de aço - areia extraída e brita produzida","un",8078.02]
[2003515,"Caixa coletora de sarjeta - CCS 400-120 A - com grelha de concreto - areia e brita comerciais","un",9603.5400000000009]
[2003514,"Caixa coletora de sarjeta - CCS 400-120 A - com grelha de concreto - areia extraída e brita produzida","un",8891.0400000000009]
[2003555,"Caixa coletora de sarjeta - CCS 400-120 B - com grelha de aço - areia e brita comerciais","un",9850]
[2003554,"Caixa coletora de sarjeta - CCS 400-120 B - com grelha de aço - areia extraída e brita produzida","un",9149.4599999999991]
[2003509,"Caixa coletora de sarjeta - CCS 400-60 A - com grelha de concreto - areia e brita comerciais","un",8548.6]
[2003508,"Caixa coletora de sarjeta - CCS 400-60 A - com grelha de concreto - areia extraída e brita produzida","un",7910.63]
[2003549,"Caixa coletora de sarjeta - CCS 400-60 B - com grelha de aço - areia e brita comerciais","un",8762.24]
[2003548,"Caixa coletora de sarjeta - CCS 400-60 B - com grelha de aço - areia extraída e brita produzida","un",8133.89]
[2003511,"Caixa coletora de sarjeta - CCS 400-80 A - com grelha de concreto - areia e brita comerciais","un",8518.39]
[2003510,"Caixa coletora de sarjeta - CCS 400-80 A - com grelha de concreto - areia extraída e brita produzida","un",7886.19]
[2003551,"Caixa coletora de sarjeta - CCS 400-80 B - com grelha de aço - areia e brita comerciais","un",8732.0300000000007]
[2003550,"Caixa coletora de sarjeta - CCS 400-80 B - com grelha de aço - areia extraída e brita produzida","un",8109.45]
[2003728,"Caixa coletora de talvegue - CCT 01 - areia e brita comerciais","un",3601.83]
[2003727,"Caixa coletora de talvegue - CCT 01 - areia extraída e brita produzida","un",3305.5]
[2003730,"Caixa coletora de talvegue - CCT 02 - areia e brita comerciais","un",3557.5]
[2003729,"Caixa coletora de talvegue - CCT 02 - areia extraída e brita produzida","un",3274.29]
[2003732,"Caixa coletora de talvegue - CCT 03 - areia e brita comerciais","un",3517.61]
[2003731,"Caixa coletora de talvegue - CCT 03 - areia extraída e brita produzida","un",3246.19]
[2003734,"Caixa coletora de talvegue - CCT 04 - areia e brita comerciais","un",3468.86]
[2003733,"Caixa coletora de talvegue - CCT 04 - areia extraída e brita produzida","un",3211.86]
[2003736,"Caixa coletora de talvegue - CCT 05 - areia e brita comerciais","un",4725.74]
[2003735,"Caixa coletora de talvegue - CCT 05 - areia extraída e brita produzida","un",4357.29]
[2003738,"Caixa coletora de talvegue - CCT 06 - areia e brita comerciais","un",4681.41]
[2003737,"Caixa coletora de talvegue - CCT 06 - areia extraída e brita produzida","un",4326.08]
[2003740,"Caixa coletora de talvegue - CCT 07 - areia e brita comerciais","un",4641.5200000000004]
[2003739,"Caixa coletora de talvegue - CCT 07 - areia extraída e brita produzida","un",4297.99]
[2003742,"Caixa coletora de talvegue - CCT 08 - areia e brita comerciais","un",4770.0600000000004]
[2003741,"Caixa coletora de talvegue - CCT 08 - areia extraída e brita produzida","un",4388.5]
[2003744,"Caixa coletora de talvegue - CCT 09 - areia e brita comerciais","un",5686.59]
[2003743,"Caixa coletora de talvegue - CCT 09 - areia extraída e brita produzida","un",5246.03]
[2003746,"Caixa coletora de talvegue - CCT 10 - areia e brita comerciais","un",5642.27]
[2003745,"Caixa coletora de talvegue - CCT 10 - areia extraída e brita produzida","un",5214.82]
[2003748,"Caixa coletora de talvegue - CCT 11 - areia e brita comerciais","un",5602.38]
[2003747,"Caixa coletora de talvegue - CCT 11 - areia extraída e brita produzida","un",5186.7299999999996]
[2003750,"Caixa coletora de talvegue - CCT 12 - areia e brita comerciais","un",5553.62]
[2003749,"Caixa coletora de talvegue - CCT 12 - areia extraída e brita produzida","un",5152.3999999999996]
[2003752,"Caixa coletora de talvegue - CCT 13 - areia e brita comerciais","un",6865.11]
[2003751,"Caixa coletora de talvegue - CCT 13 - areia extraída e brita produzida","un",6352.43]
[2003754,"Caixa coletora de talvegue - CCT 14 - areia e brita comerciais","un",6820.79]
[2003753,"Caixa coletora de talvegue - CCT 14 - areia extraída e brita produzida","un",6321.22]
[2003756,"Caixa coletora de talvegue - CCT 15 - areia e brita comerciais","un",6780.9]
[2003755,"Caixa coletora de talvegue - CCT 15 - areia extraída e brita produzida","un",6293.13]
[2003758,"Caixa coletora de talvegue - CCT 16 - areia e brita comerciais","un",6732.14]
[2003757,"Caixa coletora de talvegue - CCT 16 - areia extraída e brita produzida","un",6258.8]
[2003760,"Caixa coletora de talvegue - CCT 17 - areia e brita comerciais","un",6894.36]
[2003759,"Caixa coletora de talvegue - CCT 17 - areia extraída e brita produzida","un",6598.03]
[2003762,"Caixa coletora de talvegue - CCT 18 - areia e brita comerciais","un",7825.17]
[2003761,"Caixa coletora de talvegue - CCT 18 - areia extraída e brita produzida","un",7253.48]
[2003764,"Caixa coletora de talvegue - CCT 19 - areia e brita comerciais","un",7785.27]
[2003763,"Caixa coletora de talvegue - CCT 19 - areia extraída e brita produzida","un",7225.39]
[2003766,"Caixa coletora de talvegue - CCT 20 - areia e brita comerciais","un",7736.52]
[2003765,"Caixa coletora de talvegue - CCT 20 - areia extraída e brita produzida","un",7191.06]
[2003642,"Caixa de ligação e passagem - CLP 01 - areia e brita comerciais","un",1632.25]
[2003641,"Caixa de ligação e passagem - CLP 01 - areia extraída e brita produzida","un",1447.37]
[2003644,"Caixa de ligação e passagem - CLP 02 - areia e brita comerciais","un",1605.66]
[2003643,"Caixa de ligação e passagem - CLP 02 - areia extraída e brita produzida","un",1428.64]
[2003646,"Caixa de ligação e passagem - CLP 03 - areia e brita comerciais","un",2194.04]
[2003645,"Caixa de ligação e passagem - CLP 03 - areia extraída e brita produzida","un",1939.67]
[2003648,"Caixa de ligação e passagem - CLP 04 - areia e brita comerciais","un",2830.24]
[2003647,"Caixa de ligação e passagem - CLP 04 - areia extraída e brita produzida","un",2510.3000000000002]
[2003650,"Caixa de ligação e passagem - CLP 05 - areia e brita comerciais","un",3371.37]
[2003649,"Caixa de ligação e passagem - CLP 05 - areia extraída e brita produzida","un",3001.62]
[2003652,"Caixa de ligação e passagem - CLP 06 - areia e brita comerciais","un",4336.1099999999997]
[2003651,"Caixa de ligação e passagem - CLP 06 - areia extraída e brita produzida","un",3888.99]
[2003654,"Caixa de ligação e passagem - CLP 07 - areia e brita comerciais","un",1951.98]
[2003653,"Caixa de ligação e passagem - CLP 07 - areia extraída e brita produzida","un",1731.69]
[2003656,"Caixa de ligação e passagem - CLP 08 - areia e brita comerciais","un",1920.95]
[2003655,"Caixa de ligação e passagem - CLP 08 - areia extraída e brita produzida","un",1709.85]
[2003658,"Caixa de ligação e passagem - CLP 09 - areia e brita comerciais","un",2560.36]
[2003657,"Caixa de ligação e passagem - CLP 09 - areia extraída e brita produzida","un",2262.7199999999998]
[2003660,"Caixa de ligação e passagem - CLP 10 - areia e brita comerciais","un",3221.43]
[2003659,"Caixa de ligação e passagem - CLP 10 - areia extraída e brita produzida","un",2855.61]
[2003662,"Caixa de ligação e passagem - CLP 11 - areia e brita comerciais","un",3791.87]
[2003661,"Caixa de ligação e passagem - CLP 11 - areia extraída e brita produzida","un",3372.28]
[2003664,"Caixa de ligação e passagem - CLP 12 - areia e brita comerciais","un",4687.4799999999996]
[2003663,"Caixa de ligação e passagem - CLP 12 - areia extraída e brita produzida","un",4186.6000000000004]
[2003666,"Caixa de ligação e passagem - CLP 13 - areia e brita comerciais","un",2276.13]
[2003665,"Caixa de ligação e passagem - CLP 13 - areia extraída e brita produzida","un",2019.14]
[2003668,"Caixa de ligação e passagem - CLP 14 - areia e brita comerciais","un",2249.54]
[2003667,"Caixa de ligação e passagem - CLP 14 - areia extraída e brita produzida","un",2000.41]
[2003670,"Caixa de ligação e passagem - CLP 15 - areia e brita comerciais","un",2939.99]
[2003669,"Caixa de ligação e passagem - CLP 15 - areia extraída e brita produzida","un",2595.14]
[2003672,"Caixa de ligação e passagem - CLP 16 - areia e brita comerciais","un",3634.79]
[2003671,"Caixa de ligação e passagem - CLP 16 - areia extraída e brita produzida","un",3216.51]
[2003674,"Caixa de ligação e passagem - CLP 17 - areia e brita comerciais","un",4230.09]
[2003673,"Caixa de ligação e passagem - CLP 17 - areia extraída e brita produzida","un",3755.44]
[2003676,"Caixa de ligação e passagem - CLP 18 - areia e brita comerciais","un",5171.87]
[2003675,"Caixa de ligação e passagem - CLP 18 - areia extraída e brita produzida","un",4609.37]
[2003854,"Camada drenante para proteção de muros de contenção - areia comercial","m³",137.13999999999999]
[2003855,"Camada drenante para proteção de muros de contenção - areia extraída","m³",16.86]
[2003856,"Camada drenante para proteção de muros de contenção - brita comercial","m³",152.5]
[2003857,"Camada drenante para proteção de muros de contenção - brita produzida","m³",68.349999999999994]
[2019782,"Canal em polietileno e polipropileno com efeito autolimpante e abertura de captação em ferro fundido dúctil - carga de controle de 900 kN - 100,0 x 21,0 x 57,9 cm - fornecimento e instalação em pavimento de asfalto","m",1163.5999999999999]
[2019783,"Canal em polietileno e polipropileno com efeito autolimpante e abertura de captação em ferro fundido dúctil - carga de controle de 900 kN - 100,0 x 25,2 x 66,5 cm - fornecimento e instalação em pavimento de asfalto","m",1822.36]
[2019784,"Canal em polietileno e polipropileno com efeito autolimpante e abertura de captação em ferro fundido dúctil - carga de controle de 900 kN - 100,0 x 42,0 x 95,0 cm - fornecimento e instalação em pavimento de asfalto","m",2344.38]
[2019785,"Canal em polietileno e polipropileno com efeito autolimpante e abertura de captação em ferro fundido dúctil - carga de controle de 900 kN - 114,2 x 78,0 x 106,0 cm - fornecimento e instalação em pavimento de asfalto","m",3113.92]
[2019776,"Canal em polietileno e polipropileno com efeito autolimpante e grelha de encaixe em ferro fundido dúctil - carga de controle de 400 kN - 100,0 x 14,7 x 18,6 cm - fornecimento e instalação em pavimento de asfalto","m",528.23]
[2019777,"Canal em polietileno e polipropileno com efeito autolimpante e grelha de encaixe em ferro fundido dúctil - carga de controle de 400 kN - 100,0 x 24,7 x 23,6 cm - fornecimento e instalação em pavimento de asfalto","m",1369.13]
[2019778,"Canal em polietileno e polipropileno com efeito autolimpante e grelha de encaixe em ferro fundido dúctil - carga de controle de 400 kN - 100,0 x 34,9 x 29,4 cm - fornecimento e instalação em pavimento de asfalto","m",2286.0500000000002]
[2019779,"Canal em polietileno e polipropileno com efeito autolimpante e grelha de encaixe em ferro fundido dúctil - carga de controle de 600 kN - 100,0 x 16,0 x 15,0 cm - fornecimento e instalação em pavimento de asfalto","m",807.76]
[2019780,"Canal em polietileno e polipropileno com efeito autolimpante e grelha de encaixe em ferro fundido dúctil - carga de controle de 600 kN - 100,0 x 21,2 x 21,0 cm - fornecimento e instalação em pavimento de asfalto","m",985.48]
[2019781,"Canal em polietileno e polipropileno com efeito autolimpante e grelha de encaixe em ferro fundido dúctil - carga de controle de 600 kN - 100,0 x 26,2 x 20,0 cm - fornecimento e instalação em pavimento de asfalto","m",1241.67]
[2019773,"Canal em polietileno e polipropileno com efeito autolimpante e grelha de encaixe em poliamida reforçada - carga de controle de 250 kN - 100,0 x 16,0 x 15,0 cm - fornecimento e instalação em pavimento de asfalto","m",352.55]
[2019774,"Canal em polietileno e polipropileno com efeito autolimpante e grelha de encaixe em poliamida reforçada - carga de controle de 250 kN - 100,0 x 16,0 x 20,0 cm - fornecimento e instalação em pavimento de asfalto","m",377.24]
[2019775,"Canal em polietileno e polipropileno com efeito autolimpante e grelha de encaixe em poliamida reforçada - carga de controle de 250 kN - 100,0 x 16,0 x 7,5 cm - fornecimento e instalação em pavimento de asfalto","m",327.29000000000002]
[2019755,"Canal monobloco com corpo e grelha em concreto polímero com efeito autolimpante - carga de controle de 400 kN - 100,0 x 15,0 x 23,0 cm - fornecimento e instalação em pavimento de asfalto","m",448.79]
[2019764,"Canal monobloco com corpo e grelha em concreto polímero com efeito autolimpante - carga de controle de 400 kN - 100,0 x 15,0 x 23,0 cm - fornecimento e instalação em pavimento de concreto","m",473.66]
[2019756,"Canal monobloco com corpo e grelha em concreto polímero com efeito autolimpante - carga de controle de 400 kN - 100,0 x 25,0 x 32,0 cm - fornecimento e instalação em pavimento de asfalto","m",822.49]
[2019765,"Canal monobloco com corpo e grelha em concreto polímero com efeito autolimpante - carga de controle de 400 kN - 100,0 x 25,0 x 32,0 cm - fornecimento e instalação em pavimento de concreto","m",847.36]
[2019757,"Canal monobloco com corpo e grelha em concreto polímero com efeito autolimpante - carga de controle de 900 kN - 100,0 x 16,0 x 26,5 cm - fornecimento e instalação em pavimento de asfalto","m",831.65]
[2019766,"Canal monobloco com corpo e grelha em concreto polímero com efeito autolimpante - carga de controle de 900 kN - 100,0 x 16,0 x 26,5 cm - fornecimento e instalação em pavimento de concreto","m",890.58]
[2019758,"Canal monobloco com corpo e grelha em concreto polímero com efeito autolimpante - carga de controle de 900 kN - 100,0 x 21,0 x 28,0 cm - fornecimento e instalação em pavimento de asfalto","m",866.85]
[2019767,"Canal monobloco com corpo e grelha em concreto polímero com efeito autolimpante - carga de controle de 900 kN - 100,0 x 21,0 x 28,0 cm - fornecimento e instalação em pavimento de concreto","m",926.24]
[2019759,"Canal monobloco com corpo e grelha em concreto polímero com efeito autolimpante - carga de controle de 900 kN - 100,0 x 21,0 x 38,0 cm - fornecimento e instalação em pavimento de asfalto","m",934.09]
[2019768,"Canal monobloco com corpo e grelha em concreto polímero com efeito autolimpante - carga de controle de 900 kN - 100,0 x 21,0 x 38,0 cm - fornecimento e instalação em pavimento de concreto","m",1002.76]
[2019760,"Canal monobloco com corpo e grelha em concreto polímero com efeito autolimpante - carga de controle de 900 kN - 100,0 x 21,0 x 48,0 cm - fornecimento e instalação em pavimento de asfalto","m",1241.6500000000001]
[2019769,"Canal monobloco com corpo e grelha em concreto polímero com efeito autolimpante - carga de controle de 900 kN - 100,0 x 21,0 x 48,0 cm - fornecimento e instalação em pavimento de concreto","m",1319.59]
[2019761,"Canal monobloco com corpo e grelha em concreto polímero com efeito autolimpante - carga de controle de 900 kN - 100,0 x 26,0 x 33,0 cm - fornecimento e instalação em pavimento de asfalto","m",1233.8800000000001]
[2019770,"Canal monobloco com corpo e grelha em concreto polímero com efeito autolimpante - carga de controle de 900 kN - 100,0 x 26,0 x 33,0 cm - fornecimento e instalação em pavimento de concreto","m",1297.9100000000001]
[2019762,"Canal monobloco com corpo e grelha em concreto polímero com efeito autolimpante - carga de controle de 900 kN - 100,0 x 26,0 x 53,0 cm - fornecimento e instalação em pavimento de asfalto","m",1346.02]
[2019771,"Canal monobloco com corpo e grelha em concreto polímero com efeito autolimpante - carga de controle de 900 kN - 100,0 x 26,0 x 53,0 cm - fornecimento e instalação em pavimento de concreto","m",1428.6]
[2019763,"Canal monobloco com corpo e grelha em concreto polímero com efeito autolimpante - carga de controle de 900 kN - 200,0 x 40,0 x 59,5 cm - fornecimento e instalação em pavimento de asfalto","m",4913.92]
[2019772,"Canal monobloco com corpo e grelha em concreto polímero com efeito autolimpante - carga de controle de 900 kN - 200,0 x 40,0 x 59,5 cm - fornecimento e instalação em pavimento de concreto","m",4995.1000000000004]
[2003811,"Canaleta de concreto - CAU 01 - seção de 20 x 20 cm - espessura de 10 cm - apoiada em toda a extensão","m",140.41]
[2003812,"Canaleta de concreto - CAU 02 - seção de 25 x 25 cm - espessura de 10 cm - apoiada em toda a extensão","m",166.38]
[2003813,"Canaleta de concreto - CAU 03 - seção de 30 x 30 cm - espessura de 10 cm - apoiada em toda a extensão","m",198.28]
[2003814,"Canaleta de concreto - CAU 04 - seção de 35 x 35 cm - espessura de 10 cm - apoiada em toda a extensão","m",226.23]
[2003815,"Canaleta de concreto - CAU 05 - seção de 40 x 40 cm - espessura de 10 cm - apoiada em toda a extensão","m",254.17]
[2003816,"Canaleta de concreto - CAU 06 - seção de 50 x 50 cm - espessura de 10 cm - apoiada em toda a extensão","m",314.02]
[2003817,"Canaleta de concreto - CAU 07 - seção de 60 x 60 cm - espessura de 10 cm - apoiada em toda a extensão","m",367.93]
[2003799,"Canaleta meia cana D = 0,30 m assente sobre lastro de areia - areia e brita comerciais - fornecimento e instalação","m",58.66]
[2003798,"Canaleta meia cana D = 0,30 m assente sobre lastro de areia - areia extraída e brita produzida - fornecimento e instalação","m",50.02]
[2003801,"Canaleta meia cana D = 0,40 m assente sobre lastro de areia - areia e brita comerciais - fornecimento e instalação","m",74.16]
[2003800,"Canaleta meia cana D = 0,40 m assente sobre lastro de areia - areia extraída e brita produzida - fornecimento e instalação","m",62.05]
[2003714,"Chaminé dos poços de visita - CPV 01 - areia e brita comerciais","un",1565.62]
[2003713,"Chaminé dos poços de visita - CPV 01 - areia extraída e brita produzida","un",1526.14]
[2003716,"Chaminé dos poços de visita - CPV 02 - areia e brita comerciais","un",1834.96]
[2003715,"Chaminé dos poços de visita - CPV 02 - areia extraída e brita produzida","un",1788.81]
[2003718,"Chaminé dos poços de visita - CPV 03 - areia e brita comerciais","un",2098.13]
[2003717,"Chaminé dos poços de visita - CPV 03 - areia extraída e brita produzida","un",2046.53]
[2003720,"Chaminé dos poços de visita - CPV 04 - areia e brita comerciais","un",2367.44]
[2003719,"Chaminé dos poços de visita - CPV 04 - areia extraída e brita produzida","un",2309.16]
[2003722,"Chaminé dos poços de visita - CPV 05 - areia e brita comerciais","un",2630.61]
[2003721,"Chaminé dos poços de visita - CPV 05 - areia extraída e brita produzida","un",2566.87]
[2003724,"Chaminé dos poços de visita - CPV 06 - areia e brita comerciais","un",2899.96]
[2003723,"Chaminé dos poços de visita - CPV 06 - areia extraída e brita produzida","un",2829.54]
[2003726,"Chaminé dos poços de visita - CPV 07 - areia e brita comerciais","un",3163.13]
[2003725,"Chaminé dos poços de visita - CPV 07 - areia extraída e brita produzida","un",3087.26]
[2003859,"Colchão drenante com espalhamento e compactação mecânicos - brita produzida","m³",65.17]
[2003861,"Coluna drenante D = 20 cm - areia comercial","m",25.18]
[2003862,"Coluna drenante D = 20 cm - areia extraída","m",21.75]
[2003411,"Descida d'água de aterros em degraus - DAD 110-26 - areia e brita comerciais","m",748.42]
[2003410,"Descida d'água de aterros em degraus - DAD 110-26 - areia extraída e brita produzida","m",693.22]
[2003415,"Descida d'água de aterros em degraus - DAD 125-30 - areia e brita comerciais","m",822.72]
[2003414,"Descida d'água de aterros em degraus - DAD 125-30 - areia extraída e brita produzida","m",761.58]
[2003419,"Descida d'água de aterros em degraus - DAD 170-35 - areia e brita comerciais","m",996.36]
[2003418,"Descida d'água de aterros em degraus - DAD 170-35 - areia extraída e brita produzida","m",919.58]
[2003423,"Descida d'água de aterros em degraus - DAD 200-40 - areia e brita comerciais","m",1142.72]
[2003422,"Descida d'água de aterros em degraus - DAD 200-40 - areia extraída e brita produzida","m",1054.99]
[2003427,"Descida d'água de aterros em degraus - DAD 240-54 - areia e brita comerciais","m",1360.59]
[2003426,"Descida d'água de aterros em degraus - DAD 240-54 - areia extraída e brita produzida","m",1255.95]
[2003431,"Descida d'água de aterros em degraus - DAD 320-35 - areia e brita comerciais","m",1500.26]
[2003430,"Descida d'água de aterros em degraus - DAD 320-35 - areia extraída e brita produzida","m",1376.59]
[2003435,"Descida d'água de aterros em degraus - DAD 370-45 - areia e brita comerciais","m",1736.78]
[2003434,"Descida d'água de aterros em degraus - DAD 370-45 - areia extraída e brita produzida","m",1594.33]
[2003439,"Descida d'água de aterros em degraus - DAD 435-55 - areia e brita comerciais","m",2033.38]
[2003438,"Descida d'água de aterros em degraus - DAD 435-55 - areia extraída e brita produzida","m",1867.47]
[2003167,"Descida d'água de aterros em degraus - DAD 470-35 - areia e brita comerciais","m",1991.32]
[2003168,"Descida d'água de aterros em degraus - DAD 470-35 - areia extraída e brita produzida","m",1820.78]
[2003407,"Descida d'água de aterros em degraus - DAD 60-36 - areia e brita comerciais","m",643.26]
[2003406,"Descida d'água de aterros em degraus - DAD 60-36 - areia extraída e brita produzida","m",600.54]
[2003169,"Descida d'água de aterros em degraus - DAD 608-50 - areia e brita comerciais","m",2575.81]
[2003170,"Descida d'água de aterros em degraus - DAD 608-50 - areia extraída e brita produzida","m",2357.4]
[2003389,"Descida d'água de aterros tipo rápido - DAR 40-20 - areia e brita comerciais","m",219.88]
[2003388,"Descida d'água de aterros tipo rápido - DAR 40-20 - areia extraída e brita produzida","m",201.62]
[2003393,"Descida d'água de aterros tipo rápido - DAR 60-30 - areia e brita comerciais","m",347.42]
[2003392,"Descida d'água de aterros tipo rápido - DAR 60-30 - areia extraída e brita produzida","m",322.49]
[2003173,"Descida d'água de cortes em degraus - DCD 100-50 - areia e brita comerciais","m",836.38]
[2003174,"Descida d'água de cortes em degraus - DCD 100-50 - areia extraída e brita produzida","m",779.5]
[2003171,"Descida d'água de cortes em degraus - DCD 40-40 - areia e brita comerciais","m",580.34]
[2003172,"Descida d'água de cortes em degraus - DCD 40-40 - areia extraída e brita produzida","m",544.73]
[2003399,"Descida d'água de cortes em degraus - DCD 60-30 - areia e brita comerciais","m",586.57000000000005]
[2003398,"Descida d'água de cortes em degraus - DCD 60-30 - areia extraída e brita produzida","m",547.89]
[2003403,"Descida d'água de cortes em degraus - DCD 80-40 - areia e brita comerciais","m",716.1]
[2003402,"Descida d'água de cortes em degraus - DCD 80-40 - areia extraída e brita produzida","m",668.31]
[2003452,"Dissipador de energia - DEB 180-263 - areia extraída e brita e pedra de mão produzidas","un",771.7]
[2003453,"Dissipador de energia - DEB 180-263 - areia, brita e pedra de mão comerciais","un",927.55]
[2003454,"Dissipador de energia - DEB 240-316 - areia extraída e brita e pedra de mão produzidas","un",1078.6300000000001]
[2003455,"Dissipador de energia - DEB 240-316 - areia, brita e pedra de mão comerciais","un",1316.78]
[2003456,"Dissipador de energia - DEB 300-366 - areia extraída e brita e pedra de mão produzidas","un",1422.41]
[2003457,"Dissipador de energia - DEB 300-366 - areia, brita e pedra de mão comerciais","un",1757.21]
[2003462,"Dissipador de energia - DEB 300-511 - areia extraída e brita e pedra de mão produzidas","un",1817.86]
[2003463,"Dissipador de energia - DEB 300-511 - areia, brita e pedra de mão comerciais","un",2272.94]
[2003468,"Dissipador de energia - DEB 300-666 - areia extraída e brita e pedra de mão produzidas","un",2240.41]
[2003469,"Dissipador de energia - DEB 300-666 - areia, brita e pedra de mão comerciais","un",2823.97]
[2003458,"Dissipador de energia - DEB 360-414 - areia extraída e brita e pedra de mão produzidas","un",1800.84]
[2003459,"Dissipador de energia - DEB 360-414 - areia, brita e pedra de mão comerciais","un",2245.54]
[2003464,"Dissipador de energia - DEB 360-584 - areia extraída e brita e pedra de mão produzidas","un",2335.91]
[2003465,"Dissipador de energia - DEB 360-584 - areia, brita e pedra de mão comerciais","un",2947.86]
[2003470,"Dissipador de energia - DEB 360-754 - areia extraída e brita e pedra de mão produzidas","un",2872.76]
[2003471,"Dissipador de energia - DEB 360-754 - areia, brita e pedra de mão comerciais","un",3652.59]
[2003460,"Dissipador de energia - DEB 450-551 - areia extraída e brita e pedra de mão produzidas","un",2692.5]
[2003461,"Dissipador de energia - DEB 450-551 - areia, brita e pedra de mão comerciais","un",3410.07]
[2003466,"Dissipador de energia - DEB 450-746 - areia extraída e brita e pedra de mão produzidas","un",3432.32]
[2003467,"Dissipador de energia - DEB 450-746 - areia, brita e pedra de mão comerciais","un",4387.84]
[2003472,"Dissipador de energia - DEB 450-956 - areia extraída e brita e pedra de mão produzidas","un",4228.29]
[2003473,"Dissipador de energia - DEB 450-956 - areia, brita e pedra de mão comerciais","un",5440.21]
[2003176,"Dissipador de energia - DED 01 A - areia extraída e brita e pedra de mão produzidas","un",569.07000000000005]
[2003175,"Dissipador de energia - DED 01 A - areia, brita e pedra de mão comerciais","un",664.58]
[2003201,"Dissipador de energia - DED 01 B - areia e brita comerciais","un",647.62]
[2003202,"Dissipador de energia - DED 01 B - areia extraída e brita produzida","un",584.98]
[2003178,"Dissipador de energia - DED 02 A - areia extraída e brita e pedra de mão produzidas","un",361.14]
[2003177,"Dissipador de energia - DED 02 A - areia, brita e pedra de mão comerciais","un",412.49]
[2003203,"Dissipador de energia - DED 02 B - areia e brita comerciais","un",464.57]
[2003204,"Dissipador de energia - DED 02 B - areia extraída e brita produzida","un",420.37]
[2003180,"Dissipador de energia - DED 03 A - areia extraída e brita e pedra de mão produzidas","un",567.95000000000005]
[2003179,"Dissipador de energia - DED 03 A - areia, brita e pedra de mão comerciais","un",663.04]
[2003205,"Dissipador de energia - DED 03 B - areia e brita comerciais","un",1509.88]
[2003206,"Dissipador de energia - DED 03 B - areia extraída e brita produzida","un",1397.74]
[2003182,"Dissipador de energia - DED 04 A - areia extraída e brita e pedra de mão produzidas","un",700.76]
[2003181,"Dissipador de energia - DED 04 A - areia, brita e pedra de mão comerciais","un",831.72]
[2003207,"Dissipador de energia - DED 04 B - areia e brita comerciais","un",1728.21]
[2003208,"Dissipador de energia - DED 04 B - areia extraída e brita produzida","un",1597.78]
[2003184,"Dissipador de energia - DED 05 A - areia extraída e brita e pedra de mão produzidas","un",908.68]
[2003183,"Dissipador de energia - DED 05 A - areia, brita e pedra de mão comerciais","un",1090]
[2003209,"Dissipador de energia - DED 05 B - areia e brita comerciais","un",2676.7]
[2003210,"Dissipador de energia - DED 05 B - areia extraída e brita produzida","un",2467.39]
[2003186,"Dissipador de energia - DED 06 A - areia extraída e brita e pedra de mão produzidas","un",1165.3699999999999]
[2003185,"Dissipador de energia - DED 06 A - areia, brita e pedra de mão comerciais","un",1416.31]
[2003211,"Dissipador de energia - DED 06 B - areia e brita comerciais","un",3383.38]
[2003212,"Dissipador de energia - DED 06 B - areia extraída e brita produzida","un",3108.59]
[2003188,"Dissipador de energia - DED 07 A - areia extraída e brita e pedra de mão produzidas","un",1436.12]
[2003187,"Dissipador de energia - DED 07 A - areia, brita e pedra de mão comerciais","un",1761.01]
[2003213,"Dissipador de energia - DED 07 B - areia e brita comerciais","un",4895.3]
[2003214,"Dissipador de energia - DED 07 B - areia extraída e brita produzida","un",4479.6000000000004]
[2003190,"Dissipador de energia - DED 08 A - areia extraída e brita e pedra de mão produzidas","un",1786.53]
[2003189,"Dissipador de energia - DED 08 A - areia, brita e pedra de mão comerciais","un",2210.8200000000002]
[2003215,"Dissipador de energia - DED 08 B - areia e brita comerciais","un",8086.99]
[2003216,"Dissipador de energia - DED 08 B - areia extraída e brita produzida","un",7371.34]
[2003192,"Dissipador de energia - DED 09 A - areia extraída e brita e pedra de mão produzidas","un",1932.15]
[2003191,"Dissipador de energia - DED 09 A - areia, brita e pedra de mão comerciais","un",2396.58]
[2003217,"Dissipador de energia - DED 09 B - areia e brita comerciais","un",5600.28]
[2003218,"Dissipador de energia - DED 09 B - areia extraída e brita produzida","un",5102.53]
[2003194,"Dissipador de energia - DED 10 A - areia extraída e brita e pedra de mão produzidas","un",2351.21]
[2003193,"Dissipador de energia - DED 10 A - areia, brita e pedra de mão comerciais","un",2937.42]
[2003219,"Dissipador de energia - DED 10 B - areia e brita comerciais","un",7583.17]
[2003220,"Dissipador de energia - DED 10 B - areia extraída e brita produzida","un",6883.2]
[2003196,"Dissipador de energia - DED 11 A - areia extraída e brita e pedra de mão produzidas","un",2892.1]
[2003195,"Dissipador de energia - DED 11 A - areia, brita e pedra de mão comerciais","un",3638.04]
[2003221,"Dissipador de energia - DED 11 B - areia e brita comerciais","un",11444.09]
[2003222,"Dissipador de energia - DED 11 B - areia extraída e brita produzida","un",10343.92]
[2003198,"Dissipador de energia - DED 12 A - areia extraída e brita e pedra de mão produzidas","un",2700.11]
[2003197,"Dissipador de energia - DED 12 A - areia, brita e pedra de mão comerciais","un",3377.55]
[2003223,"Dissipador de energia - DED 12 B - areia e brita comerciais","un",7777.23]
[2003224,"Dissipador de energia - DED 12 B - areia extraída e brita produzida","un",7071.25]
[2003200,"Dissipador de energia - DED 13 A - areia extraída e brita e pedra de mão produzidas","un",3134.92]
[2003199,"Dissipador de energia - DED 13 A - areia, brita e pedra de mão comerciais","un",3971.66]
[2003225,"Dissipador de energia - DED 13 B - areia e brita comerciais","un",11133.1]
[2003226,"Dissipador de energia - DED 13 B - areia extraída e brita produzida","un",10070.91]
[2003238,"Dissipador de energia - DES 100-300 - areia extraída e brita e pedra de mão produzidas","un",665.71]
[2003237,"Dissipador de energia - DES 100-300 - areia, brita e pedra de mão comerciais","un",779.19]
[2003236,"Dissipador de energia - DES 108-324 - areia extraída e brita e pedra de mão produzidas","un",739.04]
[2003235,"Dissipador de energia - DES 108-324 - areia, brita e pedra de mão comerciais","un",869.24]
[2003234,"Dissipador de energia - DES 120-360 - areia extraída e brita e pedra de mão produzidas","un",861.21]
[2003233,"Dissipador de energia - DES 120-360 - areia, brita e pedra de mão comerciais","un",1021.67]
[2003232,"Dissipador de energia - DES 125-375 - areia extraída e brita e pedra de mão produzidas","un",905.49]
[2003231,"Dissipador de energia - DES 125-375 - areia, brita e pedra de mão comerciais","un",1075.05]
[2003230,"Dissipador de energia - DES 150-450 - areia extraída e brita e pedra de mão produzidas","un",1176.47]
[2003229,"Dissipador de energia - DES 150-450 - areia, brita e pedra de mão comerciais","un",1413.1]
[2003228,"Dissipador de energia - DES 160-480 - areia extraída e brita e pedra de mão produzidas","un",1301.04]
[2003227,"Dissipador de energia - DES 160-480 - areia, brita e pedra de mão comerciais","un",1571.51]
[2003248,"Dissipador de energia - DES 60-180 - areia extraída e brita e pedra de mão produzidas","un",347.01]
[2003247,"Dissipador de energia - DES 60-180 - areia, brita e pedra de mão comerciais","un",395.98]
[2003246,"Dissipador de energia - DES 73-219 - areia extraída e brita e pedra de mão produzidas","un",440.33]
[2003245,"Dissipador de energia - DES 73-219 - areia, brita e pedra de mão comerciais","un",505.86]
[2003244,"Dissipador de energia - DES 80-240 - areia extraída e brita e pedra de mão produzidas","un",496.3]
[2003243,"Dissipador de energia - DES 80-240 - areia, brita e pedra de mão comerciais","un",572.98]
[2003242,"Dissipador de energia - DES 88-264 - areia extraída e brita e pedra de mão produzidas","un",560.95000000000005]
[2003241,"Dissipador de energia - DES 88-264 - areia, brita e pedra de mão comerciais","un",651.55999999999995]
[2003240,"Dissipador de energia - DES 90-270 - areia extraída e brita e pedra de mão produzidas","un",582.6]
[2003239,"Dissipador de energia - DES 90-270 - areia, brita e pedra de mão comerciais","un",680.01]
[2004516,"Dreno de pavimento em microvala com geocomposto drenante H = 0,40 m - inclusive corte, enchimento com areia e selo asfáltico","m",34.43]
[2004517,"Dreno de pavimento em microvala com geocomposto drenante H = 0,60 m - inclusive corte, enchimento com areia e selo asfáltico","m",69.59]
[2007971,"Dreno de PVC D = 100 mm para OAE - fornecimento e instalação","m",94.76]
[2008091,"Dreno de PVC D = 150 mm para OAE - fornecimento e instalação","m",93.47]
[2006408,"Dreno de PVC D = 75 mm para OAE - fornecimento e instalação","m",70.8]
[2015642,"Dreno em tubo de aço galvanizado D = 100 mm em OAE - fornecimento e instalação","m",150.16999999999999]
[2015641,"Dreno em tubo de aço galvanizado D = 80 mm em OAE - fornecimento e instalação","m",139.47999999999999]
[2004509,"Dreno longitudinal de pavimento H = 0,40 m - com geocomposto drenante","m",38.33]
[2004510,"Dreno longitudinal de pavimento H = 0,60 m - com geocomposto drenante","m",46.9]
[2004511,"Dreno longitudinal de pavimento H = 1,00 m - com geocomposto drenante","m",64.02]
[2004512,"Dreno longitudinal de pavimento H = 1,50 m - com geocomposto drenante","m",85.42]
[2003843,"Dreno longitudinal profundo em tubo de concreto D = 0,40 m em vala de H = 1,10 m e L = 1,00 m com brita envolta em geotêxtil","m",304.14]
[2003915,"Dreno longitudinal profundo para corte em rocha - DPR 01 - tubo de concreto perfurado e brita comercial","m",109.77]
[2003914,"Dreno longitudinal profundo para corte em rocha - DPR 01 - tubo de concreto perfurado e brita produzida","m",96.25]
[2003589,"Dreno longitudinal profundo para corte em rocha - DPR 01 - tubo PEAD e brita comercial","m",120.01]
[2003588,"Dreno longitudinal profundo para corte em rocha - DPR 01 - tubo PEAD e brita produzida","m",109.48]
[2003917,"Dreno longitudinal profundo para corte em rocha - DPR 02 - tubo de concreto perfurado e brita comercial","m",124.22]
[2003916,"Dreno longitudinal profundo para corte em rocha - DPR 02 - tubo de concreto perfurado e brita produzida","m",110.7]
[2003591,"Dreno longitudinal profundo para corte em rocha - DPR 02 - tubo PEAD e brita comercial","m",134.46]
[2003590,"Dreno longitudinal profundo para corte em rocha - DPR 02 - tubo PEAD e brita produzida","m",123.93]
[2003593,"Dreno longitudinal profundo para corte em rocha - DPR 03 - brita comercial","m",82.69]
[2003592,"Dreno longitudinal profundo para corte em rocha - DPR 03 - brita produzida","m",67.650000000000006]
[2003595,"Dreno longitudinal profundo para corte em rocha - DPR 04 - brita comercial","m",68.23]
[2003594,"Dreno longitudinal profundo para corte em rocha - DPR 04 - brita produzida","m",53.2]
[2003597,"Dreno longitudinal profundo para corte em rocha - DPR 05 - tubo de concreto poroso e areia comercial","m",107.34]
[2003596,"Dreno longitudinal profundo para corte em rocha - DPR 05 - tubo de concreto poroso e areia extraída","m",90.1]
[2003572,"Dreno longitudinal profundo para corte em solo - DPS 01 - tubo PEAD e areia comercial","m",123.82]
[2003580,"Dreno longitudinal profundo para corte em solo - DPS 01 - tubo PEAD e areia extraída","m",67.099999999999994]
[2003573,"Dreno longitudinal profundo para corte em solo - DPS 02 - tubo PEAD e areia comercial","m",130.79]
[2003581,"Dreno longitudinal profundo para corte em solo - DPS 02 - tubo PEAD e areia extraída","m",65.209999999999994]
[2003561,"Dreno longitudinal profundo para corte em solo - DPS 03 - tubo de concreto perfurado, areia e brita comerciais - madeira com utilização de 5 vezes","m",195.88]
[2003560,"Dreno longitudinal profundo para corte em solo - DPS 03 - tubo de concreto perfurado, areia extraída e brita produzida - madeira com utilização de 5 vezes","m",117.6]
[2003574,"Dreno longitudinal profundo para corte em solo - DPS 03 - tubo PEAD, areia e brita comerciais - madeira com utilização de 5 vezes","m",179.97]
[2003582,"Dreno longitudinal profundo para corte em solo - DPS 03 - tubo PEAD, areia extraída e brita produzida - madeira com utilização de 5 vezes","m",122.41]
[2003563,"Dreno longitudinal profundo para corte em solo - DPS 04 - tubo de concreto perfurado, areia e brita comerciais - madeira com utilização de 5 vezes","m",206.17]
[2003562,"Dreno longitudinal profundo para corte em solo - DPS 04 - tubo de concreto perfurado, areia extraída e brita produzida - madeira com utilização de 5 vezes","m",114.6]
[2003575,"Dreno longitudinal profundo para corte em solo - DPS 04 - tubo PEAD, areia e brita comerciais - madeira com utilização de 5 vezes","m",187.17]
[2003583,"Dreno longitudinal profundo para corte em solo - DPS 04 - tubo PEAD, areia extraída e brita produzida - madeira com utilização de 5 vezes","m",120.31]
[2003565,"Dreno longitudinal profundo para corte em solo - DPS 05 - dreno cego - brita comercial","m",130.16999999999999]
[2003564,"Dreno longitudinal profundo para corte em solo - DPS 05 - dreno cego - brita produzida","m",83.56]
[2003567,"Dreno longitudinal profundo para corte em solo - DPS 06 - dreno cego - brita comercial","m",147.22]
[2003566,"Dreno longitudinal profundo para corte em solo - DPS 06 - dreno cego - brita produzida","m",90.83]
[2003569,"Dreno longitudinal profundo para corte em solo - DPS 07 - tubo de concreto perfurado e brita comercial","m",171.48]
[2003568,"Dreno longitudinal profundo para corte em solo - DPS 07 - tubo de concreto perfurado e brita produzida","m",126.39]
[2003578,"Dreno longitudinal profundo para corte em solo - DPS 07 - tubo PEAD e brita comercial","m",169.16]
[2003586,"Dreno longitudinal profundo para corte em solo - DPS 07 - tubo PEAD e brita produzida","m",132.16]
[2003571,"Dreno longitudinal profundo para corte em solo - DPS 08 - tubo de concreto perfurado e brita comercial","m",188.54]
[2003570,"Dreno longitudinal profundo para corte em solo - DPS 08 - tubo de concreto perfurado e brita produzida","m",133.66999999999999]
[2003579,"Dreno longitudinal profundo para corte em solo - DPS 08 - tubo PEAD e brita comercial","m",183.31]
[2003587,"Dreno longitudinal profundo para corte em solo - DPS 08 - tubo PEAD e brita produzida","m",138.79]
[2004506,"Dreno profundo H = 1,0 m - com geocomposto drenante - inclusive escavação e reaterro","m",70.7]
[2004507,"Dreno profundo H = 1,5 m - com geocomposto drenante - inclusive escavação e reaterro","m",95.51]
[2003614,"Dreno sub-horizontal - DSH 01 - material de 1ª categoria","m",129.72]
[2003865,"Dreno sub-horizontal - DSH 01 - material de 2ª categoria","m",144.32]
[2003923,"Dreno subsuperficial - DSS 01 - tubo de concreto perfurado e areia comercial","m",56.14]
[2003922,"Dreno subsuperficial - DSS 01 - tubo de concreto perfurado e areia extraída","m",35.43]
[2003605,"Dreno subsuperficial - DSS 01 - tubo PEAD e areia comercial","m",43.82]
[2003604,"Dreno subsuperficial - DSS 01 - tubo PEAD e areia extraída","m",26.1]
[2003607,"Dreno subsuperficial - DSS 02 - brita comercial","m",40.28]
[2003606,"Dreno subsuperficial - DSS 02 - brita produzida","m",28.25]
[2003609,"Dreno subsuperficial - DSS 03 - brita comercial","m",24.74]
[2003608,"Dreno subsuperficial - DSS 03 - brita produzida","m",12.71]
[2003925,"Dreno subsuperficial - DSS 04 - tubo de concreto perfurado e brita comercial","m",75.62]
[2003924,"Dreno subsuperficial - DSS 04 - tubo de concreto perfurado e brita produzida","m",60.6]
[2003611,"Dreno subsuperficial - DSS 04 - tubo PEAD e brita comercial","m",63.3]
[2003610,"Dreno subsuperficial - DSS 04 - tubo PEAD e brita produzida","m",51.27]
[2003820,"Dreno tipo barbacã - DRB 01 - D = 75 mm em estrutura de contenção de encosta - excluso o tubo de drenagem","un",18.649999999999999]
[2003821,"Dreno tipo barbacã - DRB 02 - D = 50 mm em estrutura de contenção de encosta - excluso o tubo de drenagem","un",16.11]
[2003842,"Enchimento de junta de concreto com argamassa asfáltica de densidade 1.700 kg/m³ - espessura de 1 cm","kg",69.09]
[2003103,"Entrada para descida d'água - EDA 01 A - areia e brita comerciais","un",193.39]
[2003104,"Entrada para descida d'água - EDA 01 A - areia extraída e brita produzida","un",169.91]
[2003115,"Entrada para descida d'água - EDA 01 B - areia e brita comerciais","un",284.88]
[2003116,"Entrada para descida d'água - EDA 01 B - areia extraída e brita produzida","un",248.88]
[2003105,"Entrada para descida d'água - EDA 02 A - areia e brita comerciais","un",205.49]
[2003106,"Entrada para descida d'água - EDA 02 A - areia extraída e brita produzida","un",181.01]
[2003117,"Entrada para descida d'água - EDA 02 B - areia e brita comerciais","un",301.95]
[2003118,"Entrada para descida d'água - EDA 02 B - areia extraída e brita produzida","un",264.54000000000002]
[2003107,"Entrada para descida d'água - EDA 03 A - areia e brita comerciais","un",181.3]
[2003108,"Entrada para descida d'água - EDA 03 A - areia extraída e brita produzida","un",160.41]
[2003119,"Entrada para descida d'água - EDA 03 B - areia e brita comerciais","un",262.88]
[2003120,"Entrada para descida d'água - EDA 03 B - areia extraída e brita produzida","un",232.02]
[2003109,"Entrada para descida d'água - EDA 04 A - areia e brita comerciais","un",191.35]
[2003110,"Entrada para descida d'água - EDA 04 A - areia extraída e brita produzida","un",169.71]
[2003121,"Entrada para descida d'água - EDA 04 B - areia e brita comerciais","un",277.14999999999998]
[2003122,"Entrada para descida d'água - EDA 04 B - areia extraída e brita produzida","un",245.24]
[2003111,"Entrada para descida d'água - EDA 05 A - areia e brita comerciais","un",203.34]
[2003112,"Entrada para descida d'água - EDA 05 A - areia extraída e brita produzida","un",180.83]
[2003123,"Entrada para descida d'água - EDA 05 B - areia e brita comerciais","un",294.32]
[2003124,"Entrada para descida d'água - EDA 05 B - areia extraída e brita produzida","un",261.13]
[2003113,"Entrada para descida d'água - EDA 06 A - areia e brita comerciais","un",213.39]
[2003114,"Entrada para descida d'água - EDA 06 A - areia extraída e brita produzida","un",190.13]
[2003125,"Entrada para descida d'água - EDA 06 B - areia e brita comerciais","un",308.58999999999997]
[2003126,"Entrada para descida d'água - EDA 06 B - areia extraída e brita produzida","un",274.35000000000002]
[2003127,"Entrada para descida d'água - EDA 07 A - areia e brita comerciais","un",806.61]
[2003128,"Entrada para descida d'água - EDA 07 A - areia extraída e brita produzida","un",690.94]
[2003147,"Entrada para descida d'água - EDA 07 B - areia e brita comerciais","un",1103.67]
[2003148,"Entrada para descida d'água - EDA 07 B - areia extraída e brita produzida","un",937.61]
[2003129,"Entrada para descida d'água - EDA 08 A - areia e brita comerciais","un",811.59]
[2003130,"Entrada para descida d'água - EDA 08 A - areia extraída e brita produzida","un",694.72]
[2003149,"Entrada para descida d'água - EDA 08 B - areia e brita comerciais","un",1112.3599999999999]
[2003150,"Entrada para descida d'água - EDA 08 B - areia extraída e brita produzida","un",944.21]
[2003131,"Entrada para descida d'água - EDA 09 A - areia e brita comerciais","un",826.74]
[2003132,"Entrada para descida d'água - EDA 09 A - areia extraída e brita produzida","un",706.24]
[2003151,"Entrada para descida d'água - EDA 09 B - areia e brita comerciais","un",1138.83]
[2003152,"Entrada para descida d'água - EDA 09 B - areia extraída e brita produzida","un",964.34]
[2003133,"Entrada para descida d'água - EDA 10 A - areia e brita comerciais","un",829.79]
[2003134,"Entrada para descida d'água - EDA 10 A - areia extraída e brita produzida","un",708.56]
[2003153,"Entrada para descida d'água - EDA 10 B - areia e brita comerciais","un",1144.1300000000001]
[2003154,"Entrada para descida d'água - EDA 10 B - areia extraída e brita produzida","un",968.37]
[2003135,"Entrada para descida d'água - EDA 11 A - areia e brita comerciais","un",836.63]
[2003136,"Entrada para descida d'água - EDA 11 A - areia extraída e brita produzida","un",713.76]
[2003155,"Entrada para descida d'água - EDA 11 B - areia e brita comerciais","un",1156.1099999999999]
[2003156,"Entrada para descida d'água - EDA 11 B - areia extraída e brita produzida","un",977.47]
[2003137,"Entrada para descida d'água - EDA 12 A - areia e brita comerciais","un",1086.83]
[2003138,"Entrada para descida d'água - EDA 12 A - areia extraída e brita produzida","un",952.47]
[2003157,"Entrada para descida d'água - EDA 12 B - areia e brita comerciais","un",1464.45]
[2003158,"Entrada para descida d'água - EDA 12 B - areia extraída e brita produzida","un",1274.32]
[2003139,"Entrada para descida d'água - EDA 13 A - areia e brita comerciais","un",1091.81]
[2003140,"Entrada para descida d'água - EDA 13 A - areia extraída e brita produzida","un",956.26]
[2003159,"Entrada para descida d'água - EDA 13 B - areia e brita comerciais","un",1473.15]
[2003160,"Entrada para descida d'água - EDA 13 B - areia extraída e brita produzida","un",1280.93]
[2003141,"Entrada para descida d'água - EDA 14 A - areia e brita comerciais","un",1106.96]
[2003142,"Entrada para descida d'água - EDA 14 A - areia extraída e brita produzida","un",967.77]
[2003161,"Entrada para descida d'água - EDA 14 B - areia e brita comerciais","un",1499.62]
[2003162,"Entrada para descida d'água - EDA 14 B - areia extraída e brita produzida","un",1301.05]
[2003143,"Entrada para descida d'água - EDA 15 A - areia e brita comerciais","un",1110.02]
[2003144,"Entrada para descida d'água - EDA 15 A - areia extraída e brita produzida","un",970.1]
[2003163,"Entrada para descida d'água - EDA 15 B - areia e brita comerciais","un",1504.92]
[2003164,"Entrada para descida d'água - EDA 15 B - areia extraída e brita produzida","un",1305.08]
[2003145,"Entrada para descida d'água - EDA 16 A - areia e brita comerciais","un",1116.8599999999999]
[2003146,"Entrada para descida d'água - EDA 16 A - areia extraída e brita produzida","un",975.3]
[2003165,"Entrada para descida d'água - EDA 16 B - areia e brita comerciais","un",1516.9]
[2003166,"Entrada para descida d'água - EDA 16 B - areia extraída e brita produzida","un",1314.19]
[2003819,"Envelope de brita para tubos com diâmetro externo de 75 a 110 mm - L = 15 cm e H = 15 cm","m",6.53]
[2004504,"Escavação mecânica de vala para drenagem com valetadeira em material de 1ª categoria","m³",16.53]
[2004519,"Escavação mecânica de vala trapezoidal ou triangular em material de 1ª categoria para drenagem superficial com retroescavadeira - 0,10 m² ≤ seção < 0,15 m²","m³",25.82]
[2004520,"Escavação mecânica de vala trapezoidal ou triangular em material de 1ª categoria para drenagem superficial com retroescavadeira - 0,15 m² ≤ seção < 0,20 m²","m³",21.3]
[2004521,"Escavação mecânica de vala trapezoidal ou triangular em material de 1ª categoria para drenagem superficial com retroescavadeira - 0,20 m² ≤ seção < 0,30 m²","m³",14.57]
[2004522,"Escavação mecânica de vala trapezoidal ou triangular em material de 1ª categoria para drenagem superficial com retroescavadeira - 0,30 m² ≤ seção < 0,50 m²","m³",10.65]
[2004518,"Escavação mecânica de vala trapezoidal ou triangular em material de 1ª categoria para drenagem superficial com retroescavadeira - seção < 0,10 m²","m³",44.85]
[2003864,"Esgotamento de água com bomba submersa","h",13.3]
[2003863,"Esgotamento de dreno horizontal profundo a vácuo","h",22.07]
[2004508,"Geodreno vertical para tratamento de solos moles","m",12.75]
[2003316,"Grelha de concreto 54 x 100 cm para boca-de-lobo - areia e brita comerciais - sobrecarga do trem tipo TB 45","un",103.24]
[2003317,"Grelha de concreto 54 x 100 cm para boca-de-lobo - areia extraída e brita produzida - sobrecarga do trem tipo TB 45","un",98.45]
[2003767,"Lastro de areia comercial - espalhamento manual","m³",124.1]
[2003844,"Lastro de areia comercial - espalhamento mecânico","m³",121.24]
[2003576,"Lastro de areia extraída - espalhamento manual","m³",14.76]
[2003858,"Lastro de areia extraída - espalhamento mecânico","m³",11.89]
[2003850,"Lastro de brita comercial compactado com soquete vibratório - espalhamento manual","m³",150.22999999999999]
[2003849,"Lastro de brita produzida compactado com soquete vibratório - espalhamento manual","m³",72.680000000000007]
[2003868,"Lastro de pedra de mão ou rachão - espalhamento manual","m³",123.86]
[2003369,"Meio-fio de concreto - MFC 01 - areia e brita comerciais - fôrma de madeira","m",108.58]
[2003368,"Meio-fio de concreto - MFC 01 - areia extraída e brita produzida - fôrma de madeira","m",95.13]
[2003939,"Meio-fio de concreto - MFC 01 moldado no local com extrusora e concreto usinado - areia e brita comerciais","m",62.83]
[2003940,"Meio-fio de concreto - MFC 01 moldado no local com extrusora e concreto usinado - areia extraída e brita produzida","m",49.34]
[2003371,"Meio-fio de concreto - MFC 02 - areia e brita comerciais - fôrma de madeira","m",78.790000000000006]
[2003370,"Meio-fio de concreto - MFC 02 - areia extraída e brita produzida - fôrma de madeira","m",67.42]
[2003941,"Meio-fio de concreto - MFC 02 moldado no local com extrusora e concreto usinado - areia e brita comerciais","m",53.74]
[2003942,"Meio-fio de concreto - MFC 02 moldado no local com extrusora e concreto usinado - areia extraída e brita produzida","m",42.34]
[2003373,"Meio-fio de concreto - MFC 03 - areia e brita comerciais - fôrma de madeira","m",64.900000000000006]
[2003372,"Meio-fio de concreto - MFC 03 - areia extraída e brita produzida - fôrma de madeira","m",59.38]
[2003943,"Meio-fio de concreto - MFC 03 moldado no local com extrusora e concreto usinado - areia e brita comerciais","m",25.31]
[2003944,"Meio-fio de concreto - MFC 03 moldado no local com extrusora e concreto usinado - areia extraída e brita produzida","m",19.78]
[2003375,"Meio-fio de concreto - MFC 04 - areia e brita comerciais - fôrma de madeira","m",41.39]
[2003374,"Meio-fio de concreto - MFC 04 - areia extraída e brita produzida - fôrma de madeira","m",37.33]
[2003945,"Meio-fio de concreto - MFC 04 moldado no local com extrusora e concreto usinado - areia e brita comerciais","m",18.97]
[2003946,"Meio-fio de concreto - MFC 04 moldado no local com extrusora e concreto usinado - areia extraída e brita produzida","m",14.9]
[2003377,"Meio-fio de concreto - MFC 05 - areia e brita comerciais - fôrma de madeira","m",56.77]
[2003376,"Meio-fio de concreto - MFC 05 - areia extraída e brita produzida - fôrma de madeira","m",52.38]
[2003947,"Meio-fio de concreto - MFC 05 moldado no local com extrusora e concreto usinado - areia e brita comerciais","m",19.87]
[2003948,"Meio-fio de concreto - MFC 05 moldado no local com extrusora e concreto usinado - areia extraída e brita produzida","m",15.48]
[2003379,"Meio-fio de concreto - MFC 06 - areia e brita comerciais - fôrma de madeira","m",32.42]
[2003378,"Meio-fio de concreto - MFC 06 - areia extraída e brita produzida - fôrma de madeira","m",29.46]
[2003949,"Meio-fio de concreto - MFC 06 moldado no local com extrusora e concreto usinado - areia e brita comerciais","m",13.64]
[2003950,"Meio-fio de concreto - MFC 06 moldado no local com extrusora e concreto usinado - areia extraída e brita produzida","m",10.68]
[2003381,"Meio-fio de concreto - MFC 07 - areia e brita comerciais - fôrma de madeira","m",54.3]
[2003380,"Meio-fio de concreto - MFC 07 - areia extraída e brita produzida - fôrma de madeira","m",49.23]
[2003951,"Meio-fio de concreto - MFC 07 moldado no local com extrusora e concreto usinado - areia e brita comerciais","m",23.21]
[2003952,"Meio-fio de concreto - MFC 07 moldado no local com extrusora e concreto usinado - areia extraída e brita produzida","m",18.13]
[2003383,"Meio-fio de concreto - MFC 08 - areia e brita comerciais - fôrma de madeira","m",90.93]
[2003382,"Meio-fio de concreto - MFC 08 - areia extraída e brita produzida - fôrma de madeira","m",81.47]
[2003953,"Meio-fio de concreto - MFC 08 moldado no local com extrusora e concreto usinado - areia e brita comerciais","m",42.13]
[2003954,"Meio-fio de concreto - MFC 08 moldado no local com extrusora e concreto usinado - areia extraída e brita produzida","m",32.64]
[2004514,"Microvala para dreno de pavimento com geocomposto drenante H = 0,4 m","m",15.04]
[2004515,"Microvala para dreno de pavimento com geocomposto drenante H = 0,6 m","m",39.58]
[2005759,"Perfuração para dreno sub-horizontal em material de 1ª categoria com D = 75 mm (linha NW)","m",51.37]
[2005764,"Perfuração para dreno sub-horizontal em material de 2ª categoria com D = 75 mm (linha NW)","m",65.97]
[2003678,"Poço de visita - PVI 01 - areia e brita comerciais","un",2193.8200000000002]
[2003677,"Poço de visita - PVI 01 - areia extraída e brita produzida","un",1965.67]
[2003680,"Poço de visita - PVI 02 - areia e brita comerciais","un",2162.79]
[2003679,"Poço de visita - PVI 02 - areia extraída e brita produzida","un",1943.82]
[2003682,"Poço de visita - PVI 03 - areia e brita comerciais","un",2477.37]
[2003681,"Poço de visita - PVI 03 - areia extraída e brita produzida","un",2204.64]
[2003684,"Poço de visita - PVI 04 - areia e brita comerciais","un",2964.86]
[2003683,"Poço de visita - PVI 04 - areia extraída e brita produzida","un",2639.69]
[2003686,"Poço de visita - PVI 05 - areia e brita comerciais","un",3501.02]
[2003685,"Poço de visita - PVI 05 - areia extraída e brita produzida","un",3122.09]
[2003688,"Poço de visita - PVI 06 - areia e brita comerciais","un",4372.8900000000003]
[2003687,"Poço de visita - PVI 06 - areia extraída e brita produzida","un",3913.97]
[2003690,"Poço de visita - PVI 07 - areia e brita comerciais","un",2546.41]
[2003689,"Poço de visita - PVI 07 - areia extraída e brita produzida","un",2280.2399999999998]
[2003692,"Poço de visita - PVI 08 - areia e brita comerciais","un",2519.8200000000002]
[2003691,"Poço de visita - PVI 08 - areia extraída e brita produzida","un",2261.5100000000002]
[2003694,"Poço de visita - PVI 09 - areia e brita comerciais","un",2856.13]
[2003693,"Poço de visita - PVI 09 - areia extraída e brita produzida","un",2538.8200000000002]
[2003696,"Poço de visita - PVI 10 - areia e brita comerciais","un",3198.85]
[2003695,"Poço de visita - PVI 10 - areia extraída e brita produzida","un",2826.47]
[2003698,"Poço de visita - PVI 11 - areia e brita comerciais","un",3921.52]
[2003697,"Poço de visita - PVI 11 - areia extraída e brita produzida","un",3492.76]
[2003700,"Poço de visita - PVI 12 - areia e brita comerciais","un",4835.12]
[2003699,"Poço de visita - PVI 12 - areia extraída e brita produzida","un",4321.13]
[2003702,"Poço de visita - PVI 13 - areia e brita comerciais","un",2916.74]
[2003701,"Poço de visita - PVI 13 - areia extraída e brita produzida","un",2607.3000000000002]
[2003704,"Poço de visita - PVI 14 - areia e brita comerciais","un",2890.15]
[2003703,"Poço de visita - PVI 14 - areia extraída e brita produzida","un",2588.5700000000002]
[2003706,"Poço de visita - PVI 15 - areia e brita comerciais","un",3252.62]
[2003705,"Poço de visita - PVI 15 - areia extraída e brita produzida","un",2885.48]
[2003708,"Poço de visita - PVI 16 - areia e brita comerciais","un",3773.84]
[2003707,"Poço de visita - PVI 16 - areia extraída e brita produzida","un",3349.02]
[2003710,"Poço de visita - PVI 17 - areia e brita comerciais","un",4359.74]
[2003709,"Poço de visita - PVI 17 - areia extraída e brita produzida","un",3875.91]
[2003712,"Poço de visita - PVI 18 - areia e brita comerciais","un",5315.08]
[2003711,"Poço de visita - PVI 18 - areia extraída e brita produzida","un",4740.7700000000004]
[2004505,"Reaterro e compactação em vala de dreno com geocomposto","m³",18.63]
[2003353,"Sarjeta trapezoidal de canteiro central de concreto - SZCC 100-25 - areia e brita comerciais","m",66.06]
[2003352,"Sarjeta trapezoidal de canteiro central de concreto - SZCC 100-25 - areia extraída e brita produzida","m",47.82]
[2003979,"Sarjeta trapezoidal de canteiro central de concreto - SZCC 100-25 moldada no local com extrusora e concreto usinado - areia e brita comerciais","m",77.260000000000005]
[2003980,"Sarjeta trapezoidal de canteiro central de concreto - SZCC 100-25 moldada no local com extrusora e concreto usinado - areia extraída e brita produzida","m",58.97]
[2003355,"Sarjeta trapezoidal de canteiro central de concreto - SZCC 140-35 - areia e brita comerciais","m",88.86]
[2003354,"Sarjeta trapezoidal de canteiro central de concreto - SZCC 140-35 - areia extraída e brita produzida","m",64.28]
[2003981,"Sarjeta trapezoidal de canteiro central de concreto - SZCC 140-35 moldada no local com extrusora e concreto usinado - areia e brita comerciais","m",104.11]
[2003982,"Sarjeta trapezoidal de canteiro central de concreto - SZCC 140-35 moldada no local com extrusora e concreto usinado - areia extraída e brita produzida","m",79.459999999999994]
[2003345,"Sarjeta trapezoidal de concreto - SZC 60-20 - escavação mecânica - areia e brita comerciais","m",54.08]
[2003344,"Sarjeta trapezoidal de concreto - SZC 60-20 - escavação mecânica - areia extraída e brita produzida","m",41.63]
[2003973,"Sarjeta trapezoidal de concreto - SZC 60-20 moldada no local com extrusora e concreto usinado - escavação mecânica - areia e brita comerciais","m",61.92]
[2003974,"Sarjeta trapezoidal de concreto - SZC 60-20 moldada no local com extrusora e concreto usinado - escavação mecânica - areia extraída e brita produzida","m",49.43]
[2003343,"Sarjeta trapezoidal de concreto - SZC 90-30 - escavação mecânica - areia e brita comerciais","m",73.41]
[2003342,"Sarjeta trapezoidal de concreto - SZC 90-30 - escavação mecânica - areia extraída e brita produzida","m",55.95]
[2003971,"Sarjeta trapezoidal de concreto - SZC 90-30 moldada no local com extrusora e concreto usinado - escavação mecânica - areia e brita comerciais","m",84.6]
[2003972,"Sarjeta trapezoidal de concreto - SZC 90-30 moldada no local com extrusora e concreto usinado - escavação mecânica - areia extraída e brita produzida","m",67.08]
[2003347,"Sarjeta trapezoidal de grama - SZG 60-20 - escavação mecânica","m",14.86]
[2003346,"Sarjeta trapezoidal de grama - SZG 90-30 - escavação mecânica","m",20.74]
[2003933,"Sarjeta trapezoidal sem revestimento - SZT 60-20 - escavação mecânica","m",7.27]
[2003932,"Sarjeta trapezoidal sem revestimento - SZT 90-30 - escavação mecânica","m",9.36]
[2003349,"Sarjeta triangular de canteiro central de concreto - STCC 100-25 - areia e brita comerciais","m",51.01]
[2003348,"Sarjeta triangular de canteiro central de concreto - STCC 100-25 - areia extraída e brita produzida","m",37.18]
[2003975,"Sarjeta triangular de canteiro central de concreto - STCC 100-25 moldada no local com extrusora e concreto usinado - areia e brita comerciais","m",58.59]
[2003976,"Sarjeta triangular de canteiro central de concreto - STCC 100-25 moldada no local com extrusora e concreto usinado - areia extraída e brita produzida","m",44.71]
[2003351,"Sarjeta triangular de canteiro central de concreto - STCC 140-35 - areia e brita comerciais","m",68.13]
[2003350,"Sarjeta triangular de canteiro central de concreto - STCC 140-35 - areia extraída e brita produzida","m",49.6]
[2003977,"Sarjeta triangular de canteiro central de concreto - STCC 140-35 moldada no local com extrusora e concreto usinado - areia e brita comerciais","m",78.489999999999995]
[2003978,"Sarjeta triangular de canteiro central de concreto - STCC 140-35 moldada no local com extrusora e concreto usinado - areia extraída e brita produzida","m",59.9]
[2003291,"Sarjeta triangular de canteiro central de grama - STCG 100-25 - escavação mecânica","m",11.08]
[2003292,"Sarjeta triangular de canteiro central de grama - STCG 140-35 - escavação mecânica","m",15.51]
[2003293,"Sarjeta triangular de canteiro central de grama - STCG 200-25 - escavação mecânica","m",20.43]
[2003294,"Sarjeta triangular de canteiro central de grama - STCG 300-37,5 - escavação mecânica","m",30.64]
[2003257,"Sarjeta triangular de concreto - STC 100-20 - escavação mecânica - areia e brita comerciais","m",55.69]
[2003258,"Sarjeta triangular de concreto - STC 100-20 - escavação mecânica - areia extraída e brita produzida","m",43.28]
[2003259,"Sarjeta triangular de concreto - STC 100-20 moldada no local com extrusora e concreto usinado - escavação mecânica - areia e brita comerciais","m",62.78]
[2003260,"Sarjeta triangular de concreto - STC 100-20 moldada no local com extrusora e concreto usinado - escavação mecânica - areia extraída e brita produzida","m",50.33]
[2003281,"Sarjeta triangular de concreto - STC 100-21 - escavação mecânica - areia e brita comerciais","m",55.66]
[2003282,"Sarjeta triangular de concreto - STC 100-21 - escavação mecânica - areia extraída e brita produzida","m",42.95]
[2003283,"Sarjeta triangular de concreto - STC 100-21 moldada no local com extrusora e concreto usinado - escavação mecânica - areia e brita comerciais","m",62.92]
[2003284,"Sarjeta triangular de concreto - STC 100-21 moldada no local com extrusora e concreto usinado - escavação mecânica - areia extraída e brita produzida","m",50.18]
[2003327,"Sarjeta triangular de concreto - STC 108-25 - escavação mecânica - areia e brita comerciais","m",63.26]
[2003326,"Sarjeta triangular de concreto - STC 108-25 - escavação mecânica - areia extraída e brita produzida","m",48.86]
[2003963,"Sarjeta triangular de concreto - STC 108-25 moldada no local com extrusora e concreto usinado - escavação mecânica - areia e brita comerciais","m",71.510000000000005]
[2003964,"Sarjeta triangular de concreto - STC 108-25 moldada no local com extrusora e concreto usinado - escavação mecânica - areia extraída e brita produzida","m",57.07]
[2003319,"Sarjeta triangular de concreto - STC 125-25 - escavação mecânica - areia e brita comerciais","m",67.47]
[2003318,"Sarjeta triangular de concreto - STC 125-25 - escavação mecânica - areia extraída e brita produzida","m",52.14]
[2003955,"Sarjeta triangular de concreto - STC 125-25 moldada no local com extrusora e concreto usinado - escavação mecânica - areia e brita comerciais","m",76.290000000000006]
[2003956,"Sarjeta triangular de concreto - STC 125-25 moldada no local com extrusora e concreto usinado - escavação mecânica - areia extraída e brita produzida","m",60.91]
[2003277,"Sarjeta triangular de concreto - STC 125-27 - escavação mecânica - areia e brita comerciais","m",69.459999999999994]
[2003278,"Sarjeta triangular de concreto - STC 125-27 - escavação mecânica - areia extraída e brita produzida","m",53.7]
[2003279,"Sarjeta triangular de concreto - STC 125-27 moldada no local com extrusora e concreto usinado - escavação mecânica - areia e brita comerciais","m",78.540000000000006]
[2003280,"Sarjeta triangular de concreto - STC 125-27 moldada no local com extrusora e concreto usinado - escavação mecânica - areia extraída e brita produzida","m",62.73]
[2003253,"Sarjeta triangular de concreto - STC 150-30 - escavação mecânica - areia e brita comerciais","m",79.27]
[2003254,"Sarjeta triangular de concreto - STC 150-30 - escavação mecânica - areia extraída e brita produzida","m",61.05]
[2003255,"Sarjeta triangular de concreto - STC 150-30 moldada no local com extrusora e concreto usinado - escavação mecânica - areia e brita comerciais","m",89.8]
[2003256,"Sarjeta triangular de concreto - STC 150-30 moldada no local com extrusora e concreto usinado - escavação mecânica - areia extraída e brita produzida","m",71.52]
[2003273,"Sarjeta triangular de concreto - STC 150-32 - escavação mecânica - areia e brita comerciais","m",81.38]
[2003274,"Sarjeta triangular de concreto - STC 150-32 - escavação mecânica - areia extraída e brita produzida","m",62.69]
[2003275,"Sarjeta triangular de concreto - STC 150-32 moldada no local com extrusora e concreto usinado - escavação mecânica - areia e brita comerciais","m",92.2]
[2003276,"Sarjeta triangular de concreto - STC 150-32 moldada no local com extrusora e concreto usinado - escavação mecânica - areia extraída e brita produzida","m",73.44]
[2003269,"Sarjeta triangular de concreto - STC 73-15 - escavação mecânica - areia e brita comerciais","m",43.09]
[2003270,"Sarjeta triangular de concreto - STC 73-15 - escavação mecânica - areia extraída e brita produzida","m",33.54]
[2003271,"Sarjeta triangular de concreto - STC 73-15 moldada no local com extrusora e concreto usinado - escavação mecânica - areia e brita comerciais","m",48.49]
[2003272,"Sarjeta triangular de concreto - STC 73-15 moldada no local com extrusora e concreto usinado - escavação mecânica - areia extraída e brita produzida","m",38.909999999999997]
[2003261,"Sarjeta triangular de concreto - STC 80-15 - escavação mecânica - areia e brita comerciais","m",45.22]
[2003262,"Sarjeta triangular de concreto - STC 80-15 - escavação mecânica - areia extraída e brita produzida","m",35.200000000000003]
[2003263,"Sarjeta triangular de concreto - STC 80-15 moldada no local com extrusora e concreto usinado - escavação mecânica - areia e brita comerciais","m",50.89]
[2003264,"Sarjeta triangular de concreto - STC 80-15 moldada no local com extrusora e concreto usinado - escavação mecânica - areia extraída e brita produzida","m",40.840000000000003]
[2003285,"Sarjeta triangular de concreto - STC 80-17 - escavação mecânica - areia e brita comerciais","m",46.7]
[2003286,"Sarjeta triangular de concreto - STC 80-17 - escavação mecânica - areia extraída e brita produzida","m",36.380000000000003]
[2003287,"Sarjeta triangular de concreto - STC 80-17 moldada no local com extrusora e concreto usinado - escavação mecânica - areia e brita comerciais","m",52.55]
[2003288,"Sarjeta triangular de concreto - STC 80-17 moldada no local com extrusora e concreto usinado - escavação mecânica - areia extraída e brita produzida","m",42.2]
[2003265,"Sarjeta triangular de concreto - STC 88-20 - escavação mecânica - areia e brita comerciais","m",52.47]
[2003266,"Sarjeta triangular de concreto - STC 88-20 - escavação mecânica - areia extraída e brita produzida","m",40.75]
[2003267,"Sarjeta triangular de concreto - STC 88-20 moldada no local com extrusora e concreto usinado - escavação mecânica - areia e brita comerciais","m",59.15]
[2003268,"Sarjeta triangular de concreto - STC 88-20 moldada no local com extrusora e concreto usinado - escavação mecânica - areia extraída e brita produzida","m",47.39]
[2003289,"Sarjeta triangular de grama - STG 100-20 - escavação mecânica","m",18.88]
[2003338,"Sarjeta triangular de grama - STG 125-25 - escavação mecânica","m",23.71]
[2003290,"Sarjeta triangular de grama - STG 80-15 - escavação mecânica","m",15.63]
[2003300,"Sarjeta triangular sem revestimento - STT 100-20 - escavação mecânica","m",7.91]
[2003299,"Sarjeta triangular sem revestimento - STT 125-25 - escavação mecânica","m",9.99]
[2003301,"Sarjeta triangular sem revestimento - STT 80-15 - escavação mecânica","m",6.92]
[2004513,"Selo asfáltico de microvala para dreno de pavimento com geocomposto","m",0.12]
[2003365,"Transposição de segmentos de sarjeta - TSS 120 - areia e brita comerciais","m",1013.05]
[2003364,"Transposição de segmentos de sarjeta - TSS 120 - areia extraída e brita produzida","m",881.2]
[2003097,"Transposição de segmentos de sarjeta - TSS 130 - areia e brita comerciais","m",1061.81]
[2003098,"Transposição de segmentos de sarjeta - TSS 130 - areia extraída e brita produzida","m",926.34]
[2003363,"Transposição de segmentos de sarjeta - TSS 140 - areia e brita comerciais","m",1099.3399999999999]
[2003362,"Transposição de segmentos de sarjeta - TSS 140 - areia extraída e brita produzida","m",963.33]
[2003099,"Transposição de segmentos de sarjeta - TSS 150 - areia e brita comerciais","m",1152.0999999999999]
[2003100,"Transposição de segmentos de sarjeta - TSS 150 - areia extraída e brita produzida","m",1011.37]
[2003361,"Transposição de segmentos de sarjeta - TSS 170 - areia e brita comerciais","m",1310.51]
[2003360,"Transposição de segmentos de sarjeta - TSS 170 - areia extraída e brita produzida","m",1164.3699999999999]
[2003101,"Transposição de segmentos de sarjeta - TSS 200 - areia e brita comerciais","m",1465.16]
[2003102,"Transposição de segmentos de sarjeta - TSS 200 - areia extraída e brita produzida","m",1308.9000000000001]
[2003869,"Tubo de concreto PA1 comercial para drenagem - D = 0,50 m - fornecimento e instalação","m",149.86000000000001]
[2003822,"Tubo de concreto PA1 comercial para drenagem - D = 0,60 m - fornecimento e instalação","m",232.96]
[2003826,"Tubo de concreto PA1 comercial para drenagem - D = 0,80 m - fornecimento e instalação","m",409.83]
[2003830,"Tubo de concreto PA1 comercial para drenagem - D = 1,00 m - fornecimento e instalação","m",519.99]
[2003834,"Tubo de concreto PA1 comercial para drenagem - D = 1,20 m - fornecimento e instalação","m",658.94]
[2003838,"Tubo de concreto PA1 comercial para drenagem - D = 1,50 m - fornecimento e instalação","m",1135.8499999999999]
[2003768,"Tubo de concreto PA1 produzido na obra para drenagem - D = 0,60 m - areia e brita comerciais - fornecimento e instalação","m",173.27]
[2003873,"Tubo de concreto PA1 produzido na obra para drenagem - D = 0,60 m - areia extraída e brita produzida - fornecimento e instalação","m",155.06]
[2003772,"Tubo de concreto PA1 produzido na obra para drenagem - D = 0,80 m - areia e brita comerciais - fornecimento e instalação","m",254.26]
[2003877,"Tubo de concreto PA1 produzido na obra para drenagem - D = 0,80 m - areia extraída e brita produzida - fornecimento e instalação","m",225.43]
[2003776,"Tubo de concreto PA1 produzido na obra para drenagem - D = 1,00 m - areia e brita comerciais - fornecimento e instalação","m",413.96]
[2003881,"Tubo de concreto PA1 produzido na obra para drenagem - D = 1,00 m - areia extraída e brita produzida - fornecimento e instalação","m",374.45]
[2003780,"Tubo de concreto PA1 produzido na obra para drenagem - D = 1,20 m - areia e brita comerciais - fornecimento e instalação","m",550.65]
[2003885,"Tubo de concreto PA1 produzido na obra para drenagem - D = 1,20 m - areia extraída e brita produzida - fornecimento e instalação","m",492.91]
[2003784,"Tubo de concreto PA1 produzido na obra para drenagem - D = 1,50 m - areia e brita comerciais - fornecimento e instalação","m",855.92]
[2003889,"Tubo de concreto PA1 produzido na obra para drenagem - D = 1,50 m - areia extraída e brita produzida - fornecimento e instalação","m",765.53]
[2003870,"Tubo de concreto PA2 comercial para drenagem - D = 0,50 m - fornecimento e instalação","m",203.52]
[2003823,"Tubo de concreto PA2 comercial para drenagem - D = 0,60 m - fornecimento e instalação","m",270.95999999999998]
[2003827,"Tubo de concreto PA2 comercial para drenagem - D = 0,80 m - fornecimento e instalação","m",438.76]
[2003831,"Tubo de concreto PA2 comercial para drenagem - D = 1,00 m - fornecimento e instalação","m",571.39]
[2003835,"Tubo de concreto PA2 comercial para drenagem - D = 1,20 m - fornecimento e instalação","m",716.93]
[2003839,"Tubo de concreto PA2 comercial para drenagem - D = 1,50 m - fornecimento e instalação","m",1192.31]
[2003769,"Tubo de concreto PA2 produzido na obra para drenagem - D = 0,60 m - areia e brita comerciais - fornecimento e instalação","m",186.06]
[2003874,"Tubo de concreto PA2 produzido na obra para drenagem - D = 0,60 m - areia extraída e brita produzida - fornecimento e instalação","m",167.86]
[2003773,"Tubo de concreto PA2 produzido na obra para drenagem - D = 0,80 m - areia e brita comerciais - fornecimento e instalação","m",305.39999999999998]
[2003878,"Tubo de concreto PA2 produzido na obra para drenagem - D = 0,80 m - areia extraída e brita produzida - fornecimento e instalação","m",276.63]
[2003777,"Tubo de concreto PA2 produzido na obra para drenagem - D = 1,00 m - areia e brita comerciais - fornecimento e instalação","m",465.09]
[2003882,"Tubo de concreto PA2 produzido na obra para drenagem - D = 1,00 m - areia extraída e brita produzida - fornecimento e instalação","m",425.65]
[2003781,"Tubo de concreto PA2 produzido na obra para drenagem - D = 1,20 m - areia e brita comerciais - fornecimento e instalação","m",665.7]
[2003886,"Tubo de concreto PA2 produzido na obra para drenagem - D = 1,20 m - areia extraída e brita produzida - fornecimento e instalação","m",608.11]
[2003785,"Tubo de concreto PA2 produzido na obra para drenagem - D = 1,50 m - areia e brita comerciais - fornecimento e instalação","m",1034.8900000000001]
[2003890,"Tubo de concreto PA2 produzido na obra para drenagem - D = 1,50 m - areia extraída e brita produzida - fornecimento e instalação","m",944.73]
[2003871,"Tubo de concreto PA3 comercial para drenagem - D = 0,50 m - fornecimento e instalação","m",209.46]
[2003824,"Tubo de concreto PA3 comercial para drenagem - D = 0,60 m - fornecimento e instalação","m",290.85000000000002]
[2003828,"Tubo de concreto PA3 comercial para drenagem - D = 0,80 m - fornecimento e instalação","m",551.86]
[2003832,"Tubo de concreto PA3 comercial para drenagem - D = 1,00 m - fornecimento e instalação","m",597.08000000000004]
[2003836,"Tubo de concreto PA3 comercial para drenagem - D = 1,20 m - fornecimento e instalação","m",844.44]
[2003840,"Tubo de concreto PA3 comercial para drenagem - D = 1,50 m - fornecimento e instalação","m",1264.23]
[2003770,"Tubo de concreto PA3 produzido na obra para drenagem - D = 0,60 m - areia e brita comerciais - fornecimento e instalação","m",249.97]
[2003875,"Tubo de concreto PA3 produzido na obra para drenagem - D = 0,60 m - areia extraída e brita produzida - fornecimento e instalação","m",231.86]
[2003774,"Tubo de concreto PA3 produzido na obra para drenagem - D = 0,80 m - areia e brita comerciais - fornecimento e instalação","m",406.91]
[2003879,"Tubo de concreto PA3 produzido na obra para drenagem - D = 0,80 m - areia extraída e brita produzida - fornecimento e instalação","m",374.71]
[2003778,"Tubo de concreto PA3 produzido na obra para drenagem - D = 1,00 m - areia e brita comerciais - fornecimento e instalação","m",566.33000000000004]
[2003883,"Tubo de concreto PA3 produzido na obra para drenagem - D = 1,00 m - areia extraída e brita produzida - fornecimento e instalação","m",515.98]
[2003782,"Tubo de concreto PA3 produzido na obra para drenagem - D = 1,20 m - areia e brita comerciais - fornecimento e instalação","m",847.11]
[2003887,"Tubo de concreto PA3 produzido na obra para drenagem - D = 1,20 m - areia extraída e brita produzida - fornecimento e instalação","m",770.15]
[2003786,"Tubo de concreto PA3 produzido na obra para drenagem - D = 1,50 m - areia e brita comerciais - fornecimento e instalação","m",1327.41]
[2003891,"Tubo de concreto PA3 produzido na obra para drenagem - D = 1,50 m - areia extraída e brita produzida - fornecimento e instalação","m",1207.8900000000001]
[2003872,"Tubo de concreto PA4 comercial para drenagem - D = 0,50 m - fornecimento e instalação","m",288.44]
[2003825,"Tubo de concreto PA4 comercial para drenagem - D = 0,60 m - fornecimento e instalação","m",320.93]
[2003829,"Tubo de concreto PA4 comercial para drenagem - D = 0,80 m - fornecimento e instalação","m",698.3]
[2003833,"Tubo de concreto PA4 comercial para drenagem - D = 1,00 m - fornecimento e instalação","m",605.14]
[2003837,"Tubo de concreto PA4 comercial para drenagem - D = 1,20 m - fornecimento e instalação","m",928.02]
[2003841,"Tubo de concreto PA4 comercial para drenagem - D = 1,50 m - fornecimento e instalação","m",1335.1]
[2003771,"Tubo de concreto PA4 produzido na obra para drenagem - D = 0,60 m - areia e brita comerciais - fornecimento e instalação","m",300.38]
[2003876,"Tubo de concreto PA4 produzido na obra para drenagem - D = 0,60 m - areia extraída e brita produzida - fornecimento e instalação","m",278.81]
[2003775,"Tubo de concreto PA4 produzido na obra para drenagem - D = 0,80 m - areia e brita comerciais - fornecimento e instalação","m",468.48]
[2003880,"Tubo de concreto PA4 produzido na obra para drenagem - D = 0,80 m - areia extraída e brita produzida - fornecimento e instalação","m",429.5]
[2003779,"Tubo de concreto PA4 produzido na obra para drenagem - D = 1,00 m - areia e brita comerciais - fornecimento e instalação","m",697.67]
[2003884,"Tubo de concreto PA4 produzido na obra para drenagem - D = 1,00 m - areia extraída e brita produzida - fornecimento e instalação","m",638.91]
[2003783,"Tubo de concreto PA4 produzido na obra para drenagem - D = 1,20 m - areia e brita comerciais - fornecimento e instalação","m",997.92]
[2003888,"Tubo de concreto PA4 produzido na obra para drenagem - D = 1,20 m - areia extraída e brita produzida - fornecimento e instalação","m",910.6]
[2003787,"Tubo de concreto PA4 produzido na obra para drenagem - D = 1,50 m - areia e brita comerciais - fornecimento e instalação","m",1559.58]
[2003892,"Tubo de concreto PA4 produzido na obra para drenagem - D = 1,50 m - areia extraída e brita produzida - fornecimento e instalação","m",1435.99]
[2003851,"Tubo de concreto perfurado produzido na obra para drenagem - D = 0,40 m - fornecimento e instalação","m",90.11]
[2003935,"Tubo de PVC para dreno tipo barbacã - D = 50 mm - fornecimento e instalação","m",10.02]
[2003934,"Tubo de PVC para dreno tipo barbacã - D = 75 mm - fornecimento e instalação","m",14.42]
[2003990,"Tubo PEAD para drenagem - D = 1.000 mm - fornecimento e instalação","m",1524.99]
[2003991,"Tubo PEAD para drenagem - D = 1.050 mm - fornecimento e instalação","m",1539.98]
[2003992,"Tubo PEAD para drenagem - D = 1.200 mm - fornecimento e instalação","m",2144.1799999999998]
[2003993,"Tubo PEAD para drenagem - D = 1.500 mm - fornecimento e instalação","m",2413.42]
[2003983,"Tubo PEAD para drenagem - D = 400 mm - fornecimento e instalação","m",240.84]
[2003984,"Tubo PEAD para drenagem - D = 450 mm - fornecimento e instalação","m",299.89999999999998]
[2003985,"Tubo PEAD para drenagem - D = 500 mm - fornecimento e instalação","m",398.53]
[2003986,"Tubo PEAD para drenagem - D = 600 mm - fornecimento e instalação","m",580.04]
[2003987,"Tubo PEAD para drenagem - D = 750 mm - fornecimento e instalação","m",820.17]
[2003988,"Tubo PEAD para drenagem - D = 800 mm - fornecimento e instalação","m",867.97]
[2003989,"Tubo PEAD para drenagem - D = 900 mm - fornecimento e instalação","m",1099.83]
[2003298,"Valeta de proteção de aterro sem revestimento - VPAT 120-30 - escavação mecânica","m",12.71]
[2003297,"Valeta de proteção de aterro sem revestimento - VPAT 160-30 - escavação mecânica","m",15.66]
[2003315,"Valeta de proteção de aterros com revestimento de concreto - VPAC 120-30 - escavação mecânica - areia e brita comerciais","m",94]
[2003314,"Valeta de proteção de aterros com revestimento de concreto - VPAC 120-30 - escavação mecânica - areia extraída e brita produzida","m",77.260000000000005]
[2003313,"Valeta de proteção de aterros com revestimento de concreto - VPAC 160-30 - escavação mecânica - areia e brita comerciais","m",117.83]
[2003312,"Valeta de proteção de aterros com revestimento de concreto - VPAC 160-30 - escavação mecânica - areia extraída e brita produzida","m",96.89]
[2003311,"Valeta de proteção de aterros com revestimento vegetal - VPAG 120-30 - escavação mecânica","m",41.42]
[2003310,"Valeta de proteção de aterros com revestimento vegetal - VPAG 160-30 - escavação mecânica","m",52.3]
[2003296,"Valeta de proteção de corte sem revestimento - VPCT 120-30 - escavação mecânica","m",12.71]
[2003295,"Valeta de proteção de corte sem revestimento - VPCT 160-30 - escavação mecânica","m",15.66]
[2003309,"Valeta de proteção de cortes com revestimento de concreto - VPCC 120-30 - escavação mecânica - areia e brita comerciais","m",94]
[2003308,"Valeta de proteção de cortes com revestimento de concreto - VPCC 120-30 - escavação mecânica - areia extraída e brita produzida","m",77.260000000000005]
[2003307,"Valeta de proteção de cortes com revestimento de concreto - VPCC 160-30 - escavação mecânica - areia e brita comerciais","m",117.83]
[2003306,"Valeta de proteção de cortes com revestimento de concreto - VPCC 160-30 - escavação mecânica - areia extraída e brita produzida","m",96.89]
[2003305,"Valeta de proteção de cortes com revestimento vegetal - VPCG 120-30 - escavação mecânica","m",41.42]
[2003304,"Valeta de proteção de cortes com revestimento vegetal - VPCG 160-30 - escavação mecânica","m",52.3]
[2105846,"Escoramento com estacas de perfis metálicos W 250 x 38,5 kg/m, espaçadas em 1,5 m, intercaladas com prancha de madeira com espessura de 5 cm e ficha de 0 a 0,2 H - sem reaproveitamento - fornecimento e instalação","m²",508.26]
[2105929,"Escoramento com estacas de perfis metálicos W 250 x 38,5 kg/m, espaçadas em 1,5 m, intercaladas com prancha de madeira com espessura de 5 cm e ficha de 0,20 a 0,4 H - sem reaproveitamento - fornecimento e instalação","m²",574.17999999999995]
[2105933,"Escoramento com estacas de perfis metálicos W 250 x 38,5 kg/m, espaçadas em 1,5 m, intercaladas com prancha de madeira com espessura de 5 cm e ficha de 0,40 a 0,6 H - sem reaproveitamento - fornecimento e instalação","m²",640.1]
[2106293,"Escoramento com perfis metálicos W 150 x 18,0 kg/m a cada metro e chapas de aço - estroncas a cada 2 m não incluídas - profundidade de até 10 m - aço com utilização de 20 vezes - fornecimento, instalação e retirada","m²",199.27]
[2108165,"Escoramento com pontaletes D = 10 cm - utilização de 1 vez - confecção, instalação e retirada","m³",38.200000000000003]
[2108166,"Escoramento com pontaletes D = 10 cm - utilização de 2 vezes - confecção, instalação e retirada","m³",26.1]
[2108167,"Escoramento com pontaletes D = 10 cm - utilização de 3 vezes - confecção, instalação e retirada","m³",22.9]
[2108168,"Escoramento com pontaletes D = 10 cm - utilização de 5 vezes - confecção, instalação e retirada","m³",21.83]
[2108169,"Escoramento com pontaletes D = 15 cm - utilização de 1 vez - confecção e instalação","m³",63.27]
[2108170,"Escoramento com pontaletes D = 15 cm - utilização de 2 vezes - confecção, instalação e retirada","m³",43.14]
[2108171,"Escoramento com pontaletes D = 15 cm - utilização de 3 vezes - confecção, instalação e retirada","m³",38.130000000000003]
[2108172,"Escoramento com pontaletes D = 15 cm - utilização de 5 vezes - confecção, instalação e retirada","m³",37.04]
[2106292,"Escoramento contínuo de valas com tábuas de 2,5 x 30 cm e longarinas de 6 x 16 cm - estroncas a cada metro não incluídas - profundidade de até 4 m - madeira com utilização de 3 vezes - confecção, instalação e retirada","m²",156.62]
[2106291,"Escoramento contínuo de valas com tábuas de 2,5 x 30 cm e longarinas de 6 x 16 cm - estroncas a cada metro não incluídas - profundidade de até 4 m - madeira sem reaproveitamento - confecção e instalação","m²",241.83]
[2106235,"Escoramento metálico com quadro tubular contraventado - capacidade de carga até 3,8 t/m² - quadro de 1,0 x 1,0 x 1,25 m - utilização de 50 vezes - fornecimento, instalação e retirada","m³",3.27]
[2106232,"Escoramento metálico tubular galvanizado para formas com capacidade de 2.100 a 750 kg por unidade - regulável de 3,0 a 4,5 m - utilização de 20 vezes - fornecimento, instalação e retirada","un",15.11]
[2106233,"Escoramento metálico tubular galvanizado para formas com capacidade de 3.200 a 1.600 kg por unidade - regulável de 1,8 a 3,0 m - utilização de 20 vezes - fornecimento, instalação e retirada","un",11.57]
[2105605,"Escoramento para corpo de bueiros celulares - utilização de 3 vezes - confecção, instalação e retirada","m³",64.989999999999995]
[2106298,"Estroncas em perfil metálico W 150 x 18,0 kg/m - utilização de 20 vezes","m",34.479999999999997]
[2106295,"Estroncas para valas com D = 15 cm - madeira com utilização de 3 vezes","m",18.739999999999998]
[2106294,"Estroncas para valas com D = 15 cm - madeira sem reaproveitamento","m",25.08]
[2106297,"Estroncas para valas com D = 20 cm - madeira com utilização de 3 vezes","m",30.41]
[2106296,"Estroncas para valas com D = 20 cm - madeira sem reaproveitamento","m",50.35]
[2306731,"Apoio náutico para a colocação da armação em camisa metálica","kg",0.64]
[2306728,"Apoio náutico para a escavação com perfuratriz tipo Wirth em rocha com média dureza e média abrasão - resistência à compressão menor que 80 MPa - D = 600 a 1.800 mm","m",1593.14]
[2306729,"Apoio náutico para a escavação com perfuratriz tipo Wirth em rocha de alta dureza e alta abrasão - resistência à compressão acima de 80 MPa - D = 600 a 1.800 mm","m",1940.94]
[2306727,"Apoio náutico para a escavação com perfuratriz tipo Wirth em solo D = 600 a 1.800 mm","m",372.79]
[2306730,"Apoio náutico para a execução da concretagem de camisas metálicas","m³",126.02]
[2306726,"Apoio náutico para a execução da cravação de camisa metálica D = 600 a 1.800 mm","m",243.64]
[2306076,"Armação de estaca escavada ou estaca barrete em aço CA-50 com apoio de guindaste - fornecimento, preparo e colocação","kg",11.35]
[2306247,"Arrasamento de estacas de concreto com seção de até 900 cm²","m³",233.34]
[2306248,"Arrasamento de estacas de concreto com seção superior à 900 cm²","m³",546.87]
[2306279,"Berço para pré-moldagem de estacas protendidas com capacidade de 19 m³, inclusive formas metálicas - utilização de 100 vezes","m³",82.29]
[2306651,"Camisa metálica com espessura de 12,5 mm D = 1.400 mm - cravada com martelo vibratório - sem escavação - cravação","m",6949.8]
[2306678,"Camisa metálica com espessura de 12,5 mm D = 1.400 mm - para passagem de lâmina d'água - posicionamento","m",6699.5]
[2306652,"Camisa metálica com espessura de 12,5 mm D = 1.500 mm - cravada com martelo vibratório - sem escavação - cravação","m",7019.81]
[2306679,"Camisa metálica com espessura de 12,5 mm D = 1.500 mm - para passagem de lâmina d'água - posicionamento","m",6760.23]
[2306653,"Camisa metálica com espessura de 12,5 mm D = 1.600 mm - cravada com martelo vibratório - sem escavação - cravação","m",7092.54]
[2306680,"Camisa metálica com espessura de 12,5 mm D = 1.600 mm - para passagem de lâmina d'água - posicionamento","m",6822.98]
[2306654,"Camisa metálica com espessura de 12,5 mm D = 1.700 mm - cravada com martelo vibratório - sem escavação - cravação","m",7164.2]
[2306681,"Camisa metálica com espessura de 12,5 mm D = 1.700 mm - para passagem de lâmina d'água - posicionamento","m",6883.86]
[2306655,"Camisa metálica com espessura de 12,5 mm D = 1.800 mm - cravada com martelo vibratório - sem escavação - cravação","m",7236.9]
[2306682,"Camisa metálica com espessura de 12,5 mm D = 1.800 mm - para passagem de lâmina d'água - posicionamento","m",6944.88]
[2306656,"Camisa metálica com espessura de 16 mm D = 1.500 mm - cravada com martelo vibratório - sem escavação - cravação","m",10159.459999999999]
[2306683,"Camisa metálica com espessura de 16 mm D = 1.500 mm - para passagem de lâmina d'água - posicionamento","m",9899.89]
[2306657,"Camisa metálica com espessura de 16 mm D = 1.600 mm - cravada com martelo vibratório - sem escavação - cravação","m",10310.11]
[2306684,"Camisa metálica com espessura de 16 mm D = 1.600 mm - para passagem de lâmina d'água - posicionamento","m",10040.549999999999]
[2306658,"Camisa metálica com espessura de 16 mm D = 1.700 mm - cravada com martelo vibratório - sem escavação - cravação","m",10457.25]
[2306685,"Camisa metálica com espessura de 16 mm D = 1.700 mm - para passagem de lâmina d'água - posicionamento","m",10176.91]
[2306659,"Camisa metálica com espessura de 16 mm D = 1.800 mm - cravada com martelo vibratório - sem escavação - cravação","m",10609.75]
[2306686,"Camisa metálica com espessura de 16 mm D = 1.800 mm - para passagem de lâmina d'água - posicionamento","m",10317.73]
[2306637,"Camisa metálica com espessura de 6,3 mm D = 1.000 mm - cravada com martelo vibratório - sem escavação - cravação","m",2307.02]
[2306664,"Camisa metálica com espessura de 6,3 mm D = 1.000 mm - para passagem de lâmina d'água - posicionamento","m",2088.0100000000002]
[2306732,"Camisa metálica com espessura de 6,3 mm D = 400 mm - cravada com martelo vibratório - sem escavação - cravação","m",962.66]
[2306733,"Camisa metálica com espessura de 6,3 mm D = 400 mm - para passagem de lâmina d'água - posicionamento","m",778.23]
[2306734,"Camisa metálica com espessura de 6,3 mm D = 500 mm - cravada com martelo vibratório - sem escavação - cravação","m",1156.6400000000001]
[2306735,"Camisa metálica com espessura de 6,3 mm D = 500 mm - para passagem de lâmina d'água - posicionamento","m",967.22]
[2306633,"Camisa metálica com espessura de 6,3 mm D = 600 mm - cravada com martelo vibratório - sem escavação - cravação","m",1307.25]
[2306660,"Camisa metálica com espessura de 6,3 mm D = 600 mm - para passagem de lâmina d'água - posicionamento","m",1112.57]
[2306634,"Camisa metálica com espessura de 6,3 mm D = 700 mm - cravada com martelo vibratório - sem escavação - cravação","m",1511.04]
[2306661,"Camisa metálica com espessura de 6,3 mm D = 700 mm - para passagem de lâmina d'água - posicionamento","m",1310.8]
[2306635,"Camisa metálica com espessura de 6,3 mm D = 800 mm - cravada com martelo vibratório - sem escavação - cravação","m",1806.36]
[2306662,"Camisa metálica com espessura de 6,3 mm D = 800 mm - para passagem de lâmina d'água - posicionamento","m",1600.22]
[2306636,"Camisa metálica com espessura de 6,3 mm D = 900 mm - cravada com martelo vibratório - sem escavação - cravação","m",1827.59]
[2306663,"Camisa metálica com espessura de 6,3 mm D = 900 mm - para passagem de lâmina d'água - posicionamento","m",1615.21]
[2306641,"Camisa metálica com espessura de 8 mm D = 1.000 mm - cravada com martelo vibratório - sem escavação - cravação","m",2931.63]
[2306668,"Camisa metálica com espessura de 8 mm D = 1.000 mm - para passagem de lâmina d'água - posicionamento","m",2712.62]
[2306642,"Camisa metálica com espessura de 8 mm D = 1.100 mm - cravada com martelo vibratório - sem escavação - cravação","m",2961.99]
[2306669,"Camisa metálica com espessura de 8 mm D = 1.100 mm - para passagem de lâmina d'água - posicionamento","m",2735.91]
[2306643,"Camisa metálica com espessura de 8 mm D = 1.200 mm - cravada com martelo vibratório - sem escavação - cravação","m",2992.39]
[2306670,"Camisa metálica com espessura de 8 mm D = 1.200 mm - para passagem de lâmina d'água - posicionamento","m",2758.77]
[2306638,"Camisa metálica com espessura de 8 mm D = 700 mm - cravada com martelo vibratório - sem escavação - cravação","m",1913.21]
[2306665,"Camisa metálica com espessura de 8 mm D = 700 mm - para passagem de lâmina d'água - posicionamento","m",1712.97]
[2306639,"Camisa metálica com espessura de 8 mm D = 800 mm - cravada com martelo vibratório - sem escavação - cravação","m",2290.91]
[2306666,"Camisa metálica com espessura de 8 mm D = 800 mm - para passagem de lâmina d'água - posicionamento","m",2084.7800000000002]
[2306640,"Camisa metálica com espessura de 8 mm D = 900 mm - cravada com martelo vibratório - sem escavação - cravação","m",2320.37]
[2306667,"Camisa metálica com espessura de 8 mm D = 900 mm - para passagem de lâmina d'água - posicionamento","m",2108]
[2306645,"Camisa metálica com espessura de 9,5 mm D = 1.000 mm - cravada com martelo vibratório - sem escavação - cravação","m",3535.14]
[2306672,"Camisa metálica com espessura de 9,5 mm D = 1.000 mm - para passagem de lâmina d'água - posicionamento","m",3316.13]
[2306646,"Camisa metálica com espessura de 9,5 mm D = 1.100 mm - cravada com martelo vibratório - sem escavação - cravação","m",3576.25]
[2306673,"Camisa metálica com espessura de 9,5 mm D = 1.100 mm - para passagem de lâmina d'água - posicionamento","m",3350.17]
[2306647,"Camisa metálica com espessura de 9,5 mm D = 1.200 mm - cravada com martelo vibratório - sem escavação - cravação","m",3616.94]
[2306674,"Camisa metálica com espessura de 9,5 mm D = 1.200 mm - para passagem de lâmina d'água - posicionamento","m",3383.32]
[2306648,"Camisa metálica com espessura de 9,5 mm D = 1.300 mm - cravada com martelo vibratório - sem escavação - cravação","m",5040.0600000000004]
[2306675,"Camisa metálica com espessura de 9,5 mm D = 1.300 mm - para passagem de lâmina d'água - posicionamento","m",4798.3900000000003]
[2306649,"Camisa metálica com espessura de 9,5 mm D = 1.400 mm - cravada com martelo vibratório - sem escavação - cravação","m",5082.9399999999996]
[2306676,"Camisa metálica com espessura de 9,5 mm D = 1.400 mm - para passagem de lâmina d'água - posicionamento","m",4832.63]
[2306650,"Camisa metálica com espessura de 9,5 mm D = 1.500 mm - cravada com martelo vibratório - sem escavação - cravação","m",5125.46]
[2306677,"Camisa metálica com espessura de 9,5 mm D = 1.500 mm - para passagem de lâmina d'água - posicionamento","m",4865.8900000000003]
[2306644,"Camisa metálica com espessura de 9,5 mm D = 900 mm - cravada com martelo vibratório - sem escavação - cravação","m",2804.47]
[2306671,"Camisa metálica com espessura de 9,5 mm D = 900 mm - para passagem de lâmina d'água - posicionamento","m",2592.09]
[2306141,"Coluna de brita D = 50 cm executada com perfuratriz tipo bottom feed - brita comercial - confecção e cravação","m",67.91]
[2306145,"Coluna de brita D = 50 cm executada com perfuratriz tipo bottom feed - brita produzida - confecção e cravação","m",51.95]
[2306142,"Coluna de brita D = 60 cm executada com perfuratriz tipo bottom feed - brita comercial - confecção e cravação","m",83.9]
[2306146,"Coluna de brita D = 60 cm executada com perfuratriz tipo bottom feed - brita produzida - confecção e cravação","m",60.93]
[2306143,"Coluna de brita D = 70 cm executada com perfuratriz tipo bottom feed - brita comercial - confecção e cravação","m",102.5]
[2306147,"Coluna de brita D = 70 cm executada com perfuratriz tipo bottom feed - brita produzida - confecção e cravação","m",71.23]
[2306144,"Coluna de brita D = 80 cm executada com perfuratriz tipo bottom feed - brita comercial - confecção e cravação","m",124.57]
[2306148,"Coluna de brita D = 80 cm executada com perfuratriz tipo bottom feed - brita produzida - confecção e cravação","m",83.73]
[2306624,"Confecção de camisa metálica em aço ASTM A36 com espessura de 12,5 mm - D = 1.400 mm","m",6659.97]
[2306625,"Confecção de camisa metálica em aço ASTM A36 com espessura de 12,5 mm - D = 1.500 mm","m",6718.71]
[2306626,"Confecção de camisa metálica em aço ASTM A36 com espessura de 12,5 mm - D = 1.600 mm","m",6779.36]
[2306627,"Confecção de camisa metálica em aço ASTM A36 com espessura de 12,5 mm - D = 1.700 mm","m",6838.1]
[2306628,"Confecção de camisa metálica em aço ASTM A36 com espessura de 12,5 mm - D = 1.800 mm","m",6896.9]
[2306629,"Confecção de camisa metálica em aço ASTM A36 com espessura de 16 mm - D = 1.500 mm","m",9850.51]
[2306630,"Confecção de camisa metálica em aço ASTM A36 com espessura de 16 mm - D = 1.600 mm","m",9988.56]
[2306631,"Confecção de camisa metálica em aço ASTM A36 com espessura de 16 mm - D = 1.700 mm","m",10122.280000000001]
[2306632,"Confecção de camisa metálica em aço ASTM A36 com espessura de 16 mm - D = 1.800 mm","m",10260.33]
[2306610,"Confecção de camisa metálica em aço ASTM A36 com espessura de 6,3 mm - D = 1.000 mm","m",2063.42]
[2306604,"Confecção de camisa metálica em aço ASTM A36 com espessura de 6,3 mm - D = 400 mm","m",759.47]
[2306605,"Confecção de camisa metálica em aço ASTM A36 com espessura de 6,3 mm - D = 500 mm","m",947.57]
[2306606,"Confecção de camisa metálica em aço ASTM A36 com espessura de 6,3 mm - D = 600 mm","m",1092]
[2306607,"Confecção de camisa metálica em aço ASTM A36 com espessura de 6,3 mm - D = 700 mm","m",1289.26]
[2306608,"Confecção de camisa metálica em aço ASTM A36 com espessura de 6,3 mm - D = 800 mm","m",1577.71]
[2306609,"Confecção de camisa metálica em aço ASTM A36 com espessura de 6,3 mm - D = 900 mm","m",1591.67]
[2306614,"Confecção de camisa metálica em aço ASTM A36 com espessura de 8 mm - D = 1.000 mm","m",2686.25]
[2306615,"Confecção de camisa metálica em aço ASTM A36 com espessura de 8 mm - D = 1.100 mm","m",2708.27]
[2306616,"Confecção de camisa metálica em aço ASTM A36 com espessura de 8 mm - D = 1.200 mm","m",2729.83]
[2306611,"Confecção de camisa metálica em aço ASTM A36 com espessura de 8 mm - D = 700 mm","m",1690.17]
[2306612,"Confecção de camisa metálica em aço ASTM A36 com espessura de 8 mm - D = 800 mm","m",2060.83]
[2306613,"Confecção de camisa metálica em aço ASTM A36 com espessura de 8 mm - D = 900 mm","m",2082.85]
[2306618,"Confecção de camisa metálica em aço ASTM A36 com espessura de 9,5 mm - D = 1.000 mm","m",3288.04]
[2306619,"Confecção de camisa metálica em aço ASTM A36 com espessura de 9,5 mm - D = 1.100 mm","m",3320.64]
[2306620,"Confecção de camisa metálica em aço ASTM A36 com espessura de 9,5 mm - D = 1.200 mm","m",3352.32]
[2306621,"Confecção de camisa metálica em aço ASTM A36 com espessura de 9,5 mm - D = 1.300 mm","m",4765.88]
[2306622,"Confecção de camisa metálica em aço ASTM A36 com espessura de 9,5 mm - D = 1.400 mm","m",4798.53]
[2306623,"Confecção de camisa metálica em aço ASTM A36 com espessura de 9,5 mm - D = 1.500 mm","m",4830.16]
[2306617,"Confecção de camisa metálica em aço ASTM A36 com espessura de 9,5 mm - D = 900 mm","m",2565.39]
[2306014,"Contraventamento de grupo de estacas submersas em aço ASTM A36 - confecção e instalação","kg",11.93]
[2306700,"Escavação com perfuratriz tipo Wirth em rocha com média dureza e média abrasão - resistência à compressão menor que 80 MPa - D = 1.000 mm","m",2081.23]
[2306703,"Escavação com perfuratriz tipo Wirth em rocha com média dureza e média abrasão - resistência à compressão menor que 80 MPa - D = 1.100 mm","m",2154.62]
[2306706,"Escavação com perfuratriz tipo Wirth em rocha com média dureza e média abrasão - resistência à compressão menor que 80 MPa - D = 1.200 mm","m",2269.31]
[2306709,"Escavação com perfuratriz tipo Wirth em rocha com média dureza e média abrasão - resistência à compressão menor que 80 MPa - D = 1.300 mm","m",2441.17]
[2306712,"Escavação com perfuratriz tipo Wirth em rocha com média dureza e média abrasão - resistência à compressão menor que 80 MPa - D = 1.400 mm","m",2526.1]
[2306715,"Escavação com perfuratriz tipo Wirth em rocha com média dureza e média abrasão - resistência à compressão menor que 80 MPa - D = 1.500 mm","m",2636.69]
[2306718,"Escavação com perfuratriz tipo Wirth em rocha com média dureza e média abrasão - resistência à compressão menor que 80 MPa - D = 1.600 mm","m",2805.55]
[2306721,"Escavação com perfuratriz tipo Wirth em rocha com média dureza e média abrasão - resistência à compressão menor que 80 MPa - D = 1.700 mm","m",2885.99]
[2306724,"Escavação com perfuratriz tipo Wirth em rocha com média dureza e média abrasão - resistência à compressão menor que 80 MPa - D = 1.800 mm","m",3038.62]
[2306688,"Escavação com perfuratriz tipo Wirth em rocha com média dureza e média abrasão - resistência à compressão menor que 80 MPa - D = 600 mm","m",1655.2]
[2306691,"Escavação com perfuratriz tipo Wirth em rocha com média dureza e média abrasão - resistência à compressão menor que 80 MPa - D = 700 mm","m",1745.54]
[2306694,"Escavação com perfuratriz tipo Wirth em rocha com média dureza e média abrasão - resistência à compressão menor que 80 MPa - D = 800 mm","m",1869.99]
[2306697,"Escavação com perfuratriz tipo Wirth em rocha com média dureza e média abrasão - resistência à compressão menor que 80 MPa - D = 900 mm","m",1955.99]
[2306701,"Escavação com perfuratriz tipo Wirth em rocha de alta dureza e alta abrasão - resistência à compressão acima de 80 MPa - D = 1.000 mm","m",3917.57]
[2306704,"Escavação com perfuratriz tipo Wirth em rocha de alta dureza e alta abrasão - resistência à compressão acima de 80 MPa - D = 1.100 mm","m",4155.0200000000004]
[2306707,"Escavação com perfuratriz tipo Wirth em rocha de alta dureza e alta abrasão - resistência à compressão acima de 80 MPa - D = 1.200 mm","m",4322.07]
[2306710,"Escavação com perfuratriz tipo Wirth em rocha de alta dureza e alta abrasão - resistência à compressão acima de 80 MPa - D = 1.300 mm","m",4536.5]
[2306713,"Escavação com perfuratriz tipo Wirth em rocha de alta dureza e alta abrasão - resistência à compressão acima de 80 MPa - D = 1.400 mm","m",4657.5]
[2306716,"Escavação com perfuratriz tipo Wirth em rocha de alta dureza e alta abrasão - resistência à compressão acima de 80 MPa - D = 1.500 mm","m",4927.3100000000004]
[2306719,"Escavação com perfuratriz tipo Wirth em rocha de alta dureza e alta abrasão - resistência à compressão acima de 80 MPa - D = 1.600 mm","m",5351.1]
[2306722,"Escavação com perfuratriz tipo Wirth em rocha de alta dureza e alta abrasão - resistência à compressão acima de 80 MPa - D = 1.700 mm","m",5591.85]
[2306725,"Escavação com perfuratriz tipo Wirth em rocha de alta dureza e alta abrasão - resistência à compressão acima de 80 MPa - D = 1.800 mm","m",5856.08]
[2306689,"Escavação com perfuratriz tipo Wirth em rocha de alta dureza e alta abrasão - resistência à compressão acima de 80 MPa - D = 600 mm","m",3104.36]
[2306692,"Escavação com perfuratriz tipo Wirth em rocha de alta dureza e alta abrasão - resistência à compressão acima de 80 MPa - D = 700 mm","m",3267.21]
[2306695,"Escavação com perfuratriz tipo Wirth em rocha de alta dureza e alta abrasão - resistência à compressão acima de 80 MPa - D = 800 mm","m",3434.88]
[2306698,"Escavação com perfuratriz tipo Wirth em rocha de alta dureza e alta abrasão - resistência à compressão acima de 80 MPa - D = 900 mm","m",3634.67]
[2306699,"Escavação com perfuratriz tipo Wirth em solo - D = 1.000 mm","m",323.93]
[2306702,"Escavação com perfuratriz tipo Wirth em solo - D = 1.100 mm","m",334.82]
[2306705,"Escavação com perfuratriz tipo Wirth em solo - D = 1.200 mm","m",352.59]
[2306708,"Escavação com perfuratriz tipo Wirth em solo - D = 1.300 mm","m",365.53]
[2306711,"Escavação com perfuratriz tipo Wirth em solo - D = 1.400 mm","m",379.46]
[2306714,"Escavação com perfuratriz tipo Wirth em solo - D = 1.500 mm","m",394.49]
[2306717,"Escavação com perfuratriz tipo Wirth em solo - D = 1.600 mm","m",411.82]
[2306720,"Escavação com perfuratriz tipo Wirth em solo - D = 1.700 mm","m",429.58]
[2306723,"Escavação com perfuratriz tipo Wirth em solo - D = 1.800 mm","m",439.04]
[2306687,"Escavação com perfuratriz tipo Wirth em solo - D = 600 mm","m",269.67]
[2306690,"Escavação com perfuratriz tipo Wirth em solo - D = 700 mm","m",282.08]
[2306693,"Escavação com perfuratriz tipo Wirth em solo - D = 800 mm","m",294.58999999999997]
[2306696,"Escavação com perfuratriz tipo Wirth em solo - D = 900 mm","m",308.26]
[2306239,"Estaca barrete escavada com uso de fluido estabilizante - confecção","m³",245.08]
[2306090,"Estaca broca manual D = 25 cm - confecção","m",41.74]
[2306091,"Estaca broca manual D = 30 cm - confecção","m",55.66]
[2306072,"Estaca circular tipo estacão escavada com uso de fluido estabilizante - confecção","m³",768.69]
[2306133,"Estaca duplo perfil metálico W 250 x 17,9 - com emenda - fornecimento e cravação","m",490.82]
[2306114,"Estaca duplo trilho TR 25 - com emenda - fornecimento e cravação","m",300.87]
[2306115,"Estaca duplo trilho TR 37 - com emenda - fornecimento e cravação","m",438.92]
[2306116,"Estaca duplo trilho TR 45 - com emenda - fornecimento e cravação","m",523.15]
[2306118,"Estaca duplo trilho TR 57 - com emenda - fornecimento e cravação","m",657.7]
[2306122,"Estaca duplo trilho TR 68 - com emenda - fornecimento e cravação","m",779.4]
[2306078,"Estaca Franki com fuste apiloado D = 35 cm - confecção","m",122.56]
[2306080,"Estaca Franki com fuste apiloado D = 40 cm - confecção","m",133.69999999999999]
[2306082,"Estaca Franki com fuste apiloado D = 45 cm - confecção","m",147.07]
[2306084,"Estaca Franki com fuste apiloado D = 52 cm - confecção","m",171.01]
[2306086,"Estaca Franki com fuste apiloado D = 60 cm - confecção","m",210.09]
[2309088,"Estaca Franki com fuste apiloado D = 70 cm - confecção","m",294.13]
[2306074,"Estaca hélice contínua - confecção","m³",200]
[2306095,"Estaca hélice de deslocamento - confecção","m³",239.81]
[2306132,"Estaca perfil metálico W 150 x 22,5 (H) - fornecimento e cravação","m",315.62]
[2306015,"Estaca prancha metálica - fornecimento e cravação até 12 metros","kg",15.62]
[2306019,"Estaca prancha metálica com apoio de flutuante - fornecimento e cravação de 12 metros","kg",16.21]
[2306018,"Estaca prancha metálica com apoio de flutuante e utilização de 10 vezes - fornecimento, cravação até 12 metros","kg",2.74]
[2306016,"Estaca prancha metálica com utilização de 10 vezes - fornecimento, cravação até 12 metros","kg",1.87]
[2305999,"Estaca pré-moldada de concreto armado centrifugado com compressão admissível de 100 t - sem emenda - fornecimento e cravação","m",340.29]
[2306000,"Estaca pré-moldada de concreto armado centrifugado com compressão admissível de 125 t - sem emenda - fornecimento e cravação","m",421.09]
[2306001,"Estaca pré-moldada de concreto armado centrifugado com compressão admissível de 170 t - sem emenda - fornecimento e cravação","m",584.54999999999995]
[2306002,"Estaca pré-moldada de concreto armado centrifugado com compressão admissível de 230 t - sem emenda - fornecimento e cravação","m",741.95]
[2306003,"Estaca pré-moldada de concreto armado centrifugado com compressão admissível de 300 t - sem emenda - fornecimento e cravação","m",892.68]
[2305997,"Estaca pré-moldada de concreto armado centrifugado com compressão admissível de 55 t - sem emenda - fornecimento e cravação","m",231.51]
[2305998,"Estaca pré-moldada de concreto armado centrifugado com compressão admissível de 80 t - sem emenda - fornecimento e cravação","m",311.64]
[2306101,"Estaca pré-moldada de concreto protendido 15 x 15 cm - produzida - sem emenda - cravação","m",69.290000000000006]
[2306102,"Estaca pré-moldada de concreto protendido 17 x 17 cm - produzida - sem emenda - cravação","m",73.77]
[2306103,"Estaca pré-moldada de concreto protendido 20 x 20 cm - produzida - sem emenda - cravação","m",83.19]
[2306104,"Estaca pré-moldada de concreto protendido 21 x 21 cm - produzida - sem emenda - cravação","m",88.41]
[2306105,"Estaca pré-moldada de concreto protendido 23 x 23 cm - produzida - sem emenda - cravação","m",93.88]
[2306106,"Estaca pré-moldada de concreto protendido 25 x 25 cm - produzida - sem emenda - cravação","m",102.12]
[2306107,"Estaca pré-moldada de concreto protendido 26 x 26 cm - produzida - sem emenda - cravação","m",105.06]
[2306269,"Estaca pré-moldada de concreto protendido 30 x 30 cm - produzida - sem emenda - cravação","m",118.4]
[2306270,"Estaca pré-moldada de concreto protendido 33 x 33 cm - produzida - sem emenda - cravação","m",132.43]
[2306271,"Estaca pré-moldada de concreto protendido 35 x 35 cm - produzida - sem emenda - cravação","m",145.66]
[2306272,"Estaca pré-moldada de concreto protendido 38 x 38 cm - produzida - sem emenda - cravação","m",154.03]
[2306273,"Estaca pré-moldada de concreto protendido 40 x 40 cm - produzida - sem emenda - cravação","m",172.64]
[2306274,"Estaca pré-moldada de concreto protendido 42 x 42 cm - produzida - sem emenda - cravação","m",185.07]
[2306275,"Estaca pré-moldada de concreto protendido 45 x 45 cm - produzida - sem emenda - cravação","m",214.17]
[2306100,"Estaca pré-moldada de concreto protendido com compressão admissível de 100 t - comercial - sem emenda - fornecimento e cravação","m",338.29]
[2306004,"Estaca pré-moldada de concreto protendido com compressão admissível de 25 t - comercial - sem emenda - fornecimento e cravação","m",126.44]
[2306097,"Estaca pré-moldada de concreto protendido com compressão admissível de 35 t - comercial - sem emenda - fornecimento e cravação","m",154.5]
[2306098,"Estaca pré-moldada de concreto protendido com compressão admissível de 60 t - comercial - sem emenda - fornecimento e cravação","m",174.15]
[2306007,"Estaca pré-moldada de concreto protendido com compressão admissível de 75 t - comercial - sem emenda - fornecimento e cravação","m",247.1]
[2306067,"Estaca raiz perfurada na rocha com D = 16 cm - confecção","m",471.69]
[2306068,"Estaca raiz perfurada na rocha com D = 20 cm - confecção","m",595.26]
[2306069,"Estaca raiz perfurada na rocha com D = 25 cm - confecção","m",806.46]
[2306070,"Estaca raiz perfurada na rocha com D = 31 cm - confecção","m",1251.6500000000001]
[2306071,"Estaca raiz perfurada na rocha com D = 40 cm - confecção","m",1883.43]
[2306181,"Estaca raiz perfurada na rocha com D = 45 cm - confecção","m",1898.02]
[2306062,"Estaca raiz perfurada no solo com D = 16 cm - confecção","m",82.85]
[2306063,"Estaca raiz perfurada no solo com D = 20 cm - confecção","m",100.04]
[2306064,"Estaca raiz perfurada no solo com D = 25 cm - confecção","m",123.78]
[2306065,"Estaca raiz perfurada no solo com D = 31 cm - confecção","m",160.76]
[2306066,"Estaca raiz perfurada no solo com D = 40 cm - confecção","m",227.24]
[2306180,"Estaca raiz perfurada no solo com D = 45 cm - confecção","m",257.22000000000003]
[2306009,"Estaca Strauss D = 25 cm - confecção","m",16.059999999999999]
[2306010,"Estaca Strauss D = 32 cm - confecção","m",20.02]
[2306011,"Estaca Strauss D = 38 cm - confecção","m",22.8]
[2306012,"Estaca Strauss D = 45 cm - confecção","m",26.69]
[2306108,"Estaca trilho TR 25 - fornecimento e cravação","m",160.15]
[2306110,"Estaca trilho TR 37 - fornecimento e cravação","m",229.37]
[2306111,"Estaca trilho TR 45 - fornecimento e cravação","m",271.07]
[2306112,"Estaca trilho TR 57 - fornecimento e cravação","m",338.1]
[2306113,"Estaca trilho TR 68 - fornecimento e cravação","m",398.77]
[2306123,"Estaca triplo trilho TR 25 - com emenda - fornecimento e cravação","m",440.19]
[2306124,"Estaca triplo trilho TR 37 - com emenda - fornecimento e cravação","m",646.67999999999995]
[2306125,"Estaca triplo trilho TR 45 - com emenda - fornecimento e cravação","m",772.59]
[2306126,"Estaca triplo trilho TR 57 - com emenda - fornecimento e cravação","m",973.83]
[2306127,"Estaca triplo trilho TR 68 - com emenda - fornecimento e cravação","m",1155.76]
[2306300,"Fabricação de estaca pré-moldada de concreto protendida seção 15 x 15 cm","m",32.6]
[2306301,"Fabricação de estaca pré-moldada de concreto protendida seção 17 x 17 cm","m",35.21]
[2306302,"Fabricação de estaca pré-moldada de concreto protendida seção 20 x 20 cm","m",42.39]
[2306303,"Fabricação de estaca pré-moldada de concreto protendida seção 21 x 21 cm","m",46.07]
[2306304,"Fabricação de estaca pré-moldada de concreto protendida seção 23 x 23 cm","m",49.22]
[2306305,"Fabricação de estaca pré-moldada de concreto protendida seção 25 x 25 cm","m",55.24]
[2306306,"Fabricação de estaca pré-moldada de concreto protendida seção 26 x 26 cm","m",56.61]
[2306307,"Fabricação de estaca pré-moldada de concreto protendida seção 30 x 30 cm","m",65.900000000000006]
[2306308,"Fabricação de estaca pré-moldada de concreto protendida seção 33 x 33 cm","m",74.48]
[2306309,"Fabricação de estaca pré-moldada de concreto protendida seção 35 x 35 cm","m",84.37]
[2306310,"Fabricação de estaca pré-moldada de concreto protendida seção 38 x 38 cm","m",89.31]
[2306311,"Fabricação de estaca pré-moldada de concreto protendida seção 40 x 40 cm","m",102.88]
[2306312,"Fabricação de estaca pré-moldada de concreto protendida seção 42 x 42 cm","m",111.47]
[2306313,"Fabricação de estaca pré-moldada de concreto protendida seção 45 x 45 cm","m",134.55000000000001]
[2306013,"Gabarito de cravação de estacas submersas em aço ASTM A36 - confecção e instalação","kg",11.84]
[2306243,"Muro guia para estaca barrete com duas cortinas de 10 x 110 cm","m",619]
[2408149,"Estrutura em perfil de aço ASTM A36 corte, solda e montagem - fornecimento e instalação","kg",15.27]
[2407972,"Fornecimento e aplicação de adesivo estrutural à base de resina epóxi","kg",70.7]
[2407973,"Hidrojateamento em superfície de aço grau WJ-2","m²",29.62]
[2408075,"Jateamento abrasivo em chapa de aço por esteira contínua","m²",5.74]
[2408069,"Jateamento de chapa de aço com o uso de granalhas de aço grau Sa 2","m²",5.49]
[2419790,"Jateamento de chapa de aço com o uso de granalhas de aço grau Sa 2 1/2","m²",9.92]
[2407976,"Jateamento de chapa de aço com o uso de granalhas de aço grau Sa 2 1/2 - em espaço confinado","m²",11.3]
[2408068,"Jateamento de chapa de aço com o uso de granalhas de aço grau Sa 3","m²",15.46]
[2419705,"Pintura com epóxi de dois componentes com pistola a ar comprimido, uma demão, espessura de 120 µm","m²",10.76]
[2419704,"Pintura com primer epóxi de dois componentes com pistola a ar comprimido, uma demão, espessura de 70 µm","m²",13.18]
[2407981,"Pintura com selante epóxi vinílico com pistola airless, uma demão, espessura de 80 µm","m²",18.329999999999998]
[2407982,"Pintura com tinta anti-incrustante com pistola airless, uma demão, espessura de 125 µm","m²",40.86]
[2419703,"Pintura com tinta anticorrosiva à base de epóxi poliamida de dois componentes com pistola a ar comprimido, uma demão, espessura de 150 µm","m²",15.9]
[2408080,"Pintura de acabamento com esmalte epóxi com pistola a ar comprimido, uma demão, espessura de 40 µm","m²",7.95]
[2408078,"Pintura de acabamento com esmalte sintético com pistola a ar comprimido, uma demão, espessura de 30 µm","m²",3.01]
[2407979,"Pintura de acabamento com tinta de poliuretano acrílico de dois componentes com pistola airless, uma demão, espessura de 70 µm","m²",14.97]
[2407980,"Pintura de acabamento com tinta de poliuretano acrílico de dois componentes com pistola airless, uma demão, espessura de 70 µm - em espaço confinado","m²",15.01]
[2408077,"Pintura de fundo com tinta alquídica com pistola a ar comprimido, uma demão, espessura de 30 µm","m²",8.49]
[2407983,"Pintura de fundo com tinta anticorrosiva à base de epóxi poliamida de dois componentes com pistola airless, uma demão, espessura de 100 µm - em espaço confinado","m²",8.59]
[2407977,"Pintura de fundo com tinta anticorrosiva à base de epóxi poliamida de dois componentes com pistola airless, uma demão, espessura de 160 µm","m²",16.73]
[2407978,"Pintura de fundo com tinta anticorrosiva à base de epóxi poliamida de dois componentes com pistola airless, uma demão, espessura de 160 µm - em espaço confinado","m²",16.77]
[2408079,"Pintura de fundo com tinta epóxi com pistola a ar comprimido, uma demão, espessura de 120 µm","m²",45.24]
[2408076,"Pintura shop primer em chapa de aço por esteira contínua","m²",10.75]
[2408057,"Solda elétrica de perfis metálicos e chapas de aço com eletrodo E60XX","kg",95.26]
[2408058,"Solda elétrica de perfis metálicos e chapas de aço com eletrodo E70XX","kg",65.13]
[2407974,"Tratamento de superfície de aço com ferramenta mecânica grau SP-11","m²",350.14]
[2407975,"Tratamento de superfície de aço com ferramenta mecânica grau SP-11 - em espaço confinado","m²",357.03]
[2419789,"Tratamento em chapa de aço por esteira contínua","m²",9.2899999999999991]
[2607183,"Alinhamento manual da grade do AMV para qualquer abertura e qualquer bitola","un",314.26]
[2607226,"Assentamento dos materiais metálicos do AMV 1:10, TR 45, bitola larga","un",354762.75]
[2607209,"Assentamento dos materiais metálicos do AMV 1:10, TR 45, bitola métrica","un",309698.59999999998]
[2607161,"Assentamento dos materiais metálicos do AMV 1:10, TR 45, bitola mista","un",424151.39]
[2607148,"Assentamento dos materiais metálicos do AMV 1:10, TR 57, bitola larga","un",446792.26]
[2607213,"Assentamento dos materiais metálicos do AMV 1:10, TR 57, bitola métrica","un",389646.56]
[2607165,"Assentamento dos materiais metálicos do AMV 1:10, TR 57, bitola mista","un",539692.81000000006]
[2607152,"Assentamento dos materiais metálicos do AMV 1:10, TR 68, bitola larga","un",535374.23]
[2607217,"Assentamento dos materiais metálicos do AMV 1:10, TR 68, bitola métrica","un",462903.22]
[2607169,"Assentamento dos materiais metálicos do AMV 1:10, TR 68, bitola mista","un",640847.82999999996]
[2607156,"Assentamento dos materiais metálicos do AMV 1:10, UIC 60, bitola larga","un",469912.57]
[2607221,"Assentamento dos materiais metálicos do AMV 1:10, UIC 60, bitola métrica","un",409679.97]
[2607173,"Assentamento dos materiais metálicos do AMV 1:10, UIC 60, bitola mista","un",567357.31999999995]
[2607227,"Assentamento dos materiais metálicos do AMV 1:12, TR 45, bitola larga","un",389414.71]
[2607210,"Assentamento dos materiais metálicos do AMV 1:12, TR 45, bitola métrica","un",339809.91]
[2607162,"Assentamento dos materiais metálicos do AMV 1:12, TR 45, bitola mista","un",465826.31]
[2607149,"Assentamento dos materiais metálicos do AMV 1:12, TR 57, bitola larga","un",490683.15]
[2607214,"Assentamento dos materiais metálicos do AMV 1:12, TR 57, bitola métrica","un",427779.55]
[2607166,"Assentamento dos materiais metálicos do AMV 1:12, TR 57, bitola mista","un",592500.43999999994]
[2607153,"Assentamento dos materiais metálicos do AMV 1:12, TR 68, bitola larga","un",587614.66]
[2607218,"Assentamento dos materiais metálicos do AMV 1:12, TR 68, bitola métrica","un",513178.39]
[2607170,"Assentamento dos materiais metálicos do AMV 1:12, TR 68, bitola mista","un",703801.92]
[2607157,"Assentamento dos materiais metálicos do AMV 1:12, UIC 60, bitola larga","un",520935.64]
[2607222,"Assentamento dos materiais metálicos do AMV 1:12, UIC 60, bitola métrica","un",449823.32]
[2607174,"Assentamento dos materiais metálicos do AMV 1:12, UIC 60, bitola mista","un",622945.76]
[2607228,"Assentamento dos materiais metálicos do AMV 1:14, TR 45, bitola larga","un",427504.41]
[2607211,"Assentamento dos materiais metálicos do AMV 1:14, TR 45, bitola métrica","un",372911.65]
[2607163,"Assentamento dos materiais metálicos do AMV 1:14, TR 45, bitola mista","un",516425.89]
[2607150,"Assentamento dos materiais metálicos do AMV 1:14, TR 57, bitola larga","un",543796.4]
[2607215,"Assentamento dos materiais metálicos do AMV 1:14, TR 57, bitola métrica","un",469700.05]
[2607167,"Assentamento dos materiais metálicos do AMV 1:14, TR 57, bitola mista","un",650532.88]
[2607154,"Assentamento dos materiais metálicos do AMV 1:14, TR 68, bitola larga","un",645050.43000000005]
[2607219,"Assentamento dos materiais metálicos do AMV 1:14, TR 68, bitola métrica","un",563170.49]
[2607171,"Assentamento dos materiais metálicos do AMV 1:14, TR 68, bitola mista","un",789186.4]
[2607158,"Assentamento dos materiais metálicos do AMV 1:14, UIC 60, bitola larga","un",571741.44999999995]
[2607223,"Assentamento dos materiais metálicos do AMV 1:14, UIC 60, bitola métrica","un",493953.92]
[2607175,"Assentamento dos materiais metálicos do AMV 1:14, UIC 60, bitola mista","un",684034.73]
[2607151,"Assentamento dos materiais metálicos do AMV 1:20, TR 57, bitola larga","un",650145.68999999994]
[2607216,"Assentamento dos materiais metálicos do AMV 1:20, TR 57, bitola métrica","un",566932.31999999995]
[2607168,"Assentamento dos materiais metálicos do AMV 1:20, TR 57, bitola mista","un",794847.23]
[2607155,"Assentamento dos materiais metálicos do AMV 1:20, TR 68, bitola larga","un",787835.45]
[2607220,"Assentamento dos materiais metálicos do AMV 1:20, TR 68, bitola métrica","un",673382.85]
[2607172,"Assentamento dos materiais metálicos do AMV 1:20, TR 68, bitola mista","un",941894.93]
[2607159,"Assentamento dos materiais metálicos do AMV 1:20, UIC 60, bitola larga","un",683818.93]
[2607224,"Assentamento dos materiais metálicos do AMV 1:20, UIC 60, bitola métrica","un",596059.99]
[2607176,"Assentamento dos materiais metálicos do AMV 1:20, UIC 60, bitola mista","un",835096.06]
[2607225,"Assentamento dos materiais metálicos do AMV 1:8, TR 45, bitola larga","un",323236.53999999998]
[2607208,"Assentamento dos materiais metálicos do AMV 1:8, TR 45, bitola métrica","un",282306.62]
[2607160,"Assentamento dos materiais metálicos do AMV 1:8, TR 45, bitola mista","un",386225.18]
[2607229,"Assentamento dos materiais metálicos do AMV 1:8, TR 57, bitola larga","un",406831.95]
[2607212,"Assentamento dos materiais metálicos do AMV 1:8, TR 57, bitola métrica","un",354957.05]
[2607164,"Assentamento dos materiais metálicos do AMV 1:8, TR 57, bitola mista","un",486834.06]
[2607207,"Lançamento manual de lastro em AMV com descarga da brita por caminhão","m³",158.4]
[2607206,"Lançamento mecânico de lastro em AMV com descarga da brita por caminhão e espalhamento com carregadeira de pneus","m³",153.91999999999999]
[2607344,"Nivelamento de AMV com socaria com grupo vibrador e levante de até 10 cm, abertura 1:10, bitola larga, dormente de madeira ou concreto","un",229.24]
[2607339,"Nivelamento de AMV com socaria com grupo vibrador e levante de até 10 cm, abertura 1:10, bitola métrica, dormente de madeira ou concreto","un",157.49]
[2607349,"Nivelamento de AMV com socaria com grupo vibrador e levante de até 10 cm, abertura 1:10, bitola mista, dormente de madeira ou concreto","un",349.99]
[2607345,"Nivelamento de AMV com socaria com grupo vibrador e levante de até 10 cm, abertura 1:12, bitola larga, dormente de madeira ou concreto","un",261.58]
[2607340,"Nivelamento de AMV com socaria com grupo vibrador e levante de até 10 cm, abertura 1:12, bitola métrica, dormente de madeira ou concreto","un",179.81]
[2607350,"Nivelamento de AMV com socaria com grupo vibrador e levante de até 10 cm, abertura 1:12, bitola mista, dormente de madeira ou concreto","un",399.78]
[2607346,"Nivelamento de AMV com socaria com grupo vibrador e levante de até 10 cm, abertura 1:14, bitola larga, dormente de madeira ou concreto","un",303.82]
[2607341,"Nivelamento de AMV com socaria com grupo vibrador e levante de até 10 cm, abertura 1:14, bitola métrica, dormente de madeira ou concreto","un",212.12]
[2607351,"Nivelamento de AMV com socaria com grupo vibrador e levante de até 10 cm, abertura 1:14, bitola mista, dormente de madeira ou concreto","un",464.39]
[2607347,"Nivelamento de AMV com socaria com grupo vibrador e levante de até 10 cm, abertura 1:20, bitola larga, dormente de madeira ou concreto","un",400.86]
[2607342,"Nivelamento de AMV com socaria com grupo vibrador e levante de até 10 cm, abertura 1:20, bitola métrica, dormente de madeira ou concreto","un",261.58]
[2607352,"Nivelamento de AMV com socaria com grupo vibrador e levante de até 10 cm, abertura 1:20, bitola mista, dormente de madeira ou concreto","un",611.01]
[2607343,"Nivelamento de AMV com socaria com grupo vibrador e levante de até 10 cm, abertura 1:8, bitola larga, dormente de madeira","un",184.04]
[2607338,"Nivelamento de AMV com socaria com grupo vibrador e levante de até 10 cm, abertura 1:8, bitola métrica, dormente de madeira","un",134.66]
[2607348,"Nivelamento de AMV com socaria com grupo vibrador e levante de até 10 cm, abertura 1:8, bitola mista, dormente de madeira","un",281.18]
[2607329,"Nivelamento de AMV com socaria manual e levante de até 10 cm, abertura 1:10, bitola larga, dormente de madeira ou concreto","un",522.5]
[2607324,"Nivelamento de AMV com socaria manual e levante de até 10 cm, abertura 1:10, bitola métrica, dormente de madeira ou concreto","un",356.73]
[2607334,"Nivelamento de AMV com socaria manual e levante de até 10 cm, abertura 1:10, bitola mista, dormente de madeira ou concreto","un",757.56]
[2607330,"Nivelamento de AMV com socaria manual e levante de até 10 cm, abertura 1:12, bitola larga, dormente de madeira ou concreto","un",597.47]
[2607325,"Nivelamento de AMV com socaria manual e levante de até 10 cm, abertura 1:12, bitola métrica, dormente de madeira ou concreto","un",409.67]
[2607335,"Nivelamento de AMV com socaria manual e levante de até 10 cm, abertura 1:12, bitola mista, dormente de madeira ou concreto","un",865.66]
[2607331,"Nivelamento de AMV com socaria manual e levante de até 10 cm, abertura 1:14, bitola larga, dormente de madeira ou concreto","un",694.59]
[2607326,"Nivelamento de AMV com socaria manual e levante de até 10 cm, abertura 1:14, bitola métrica, dormente de madeira ou concreto","un",484.64]
[2607336,"Nivelamento de AMV com socaria manual e levante de até 10 cm, abertura 1:14, bitola mista, dormente de madeira ou concreto","un",1006.95]
[2607332,"Nivelamento de AMV com socaria manual e levante de até 10 cm, abertura 1:20, bitola larga, dormente de madeira ou concreto","un",919.56]
[2607327,"Nivelamento de AMV com socaria manual e levante de até 10 cm, abertura 1:20, bitola métrica, dormente de madeira ou concreto","un",597.47]
[2607337,"Nivelamento de AMV com socaria manual e levante de até 10 cm, abertura 1:20, bitola mista, dormente de madeira ou concreto","un",1331.32]
[2607328,"Nivelamento de AMV com socaria manual e levante de até 10 cm, abertura 1:8, bitola larga, dormente de madeira","un",419.14]
[2607323,"Nivelamento de AMV com socaria manual e levante de até 10 cm, abertura 1:8, bitola métrica, dormente de madeira","un",306.24]
[2607333,"Nivelamento de AMV com socaria manual e levante de até 10 cm, abertura 1:8, bitola mista, dormente de madeira","un",606.88]
[2607106,"Posicionamento de jogo de dormentes de concreto para AMV 1:10, bitola larga","jg",93247.51]
[2607102,"Posicionamento de jogo de dormentes de concreto para AMV 1:10, bitola métrica","jg",45916.7]
[2607261,"Posicionamento de jogo de dormentes de concreto para AMV 1:10, bitola mista","jg",93247.51]
[2607107,"Posicionamento de jogo de dormentes de concreto para AMV 1:12, bitola larga","jg",106425.97]
[2607103,"Posicionamento de jogo de dormentes de concreto para AMV 1:12, bitola métrica","jg",52258.18]
[2607262,"Posicionamento de jogo de dormentes de concreto para AMV 1:12, bitola mista","jg",106425.97]
[2607108,"Posicionamento de jogo de dormentes de concreto para AMV 1:14, bitola larga","jg",123973.74]
[2607104,"Posicionamento de jogo de dormentes de concreto para AMV 1:14, bitola métrica","jg",61746.76]
[2607263,"Posicionamento de jogo de dormentes de concreto para AMV 1:14, bitola mista","jg",123973.74]
[2607109,"Posicionamento de jogo de dormentes de concreto para AMV 1:20, bitola larga","jg",163462.07]
[2607105,"Posicionamento de jogo de dormentes de concreto para AMV 1:20, bitola métrica","jg",76790.03]
[2607264,"Posicionamento de jogo de dormentes de concreto para AMV 1:20, bitola mista","jg",163462.07]
[2607093,"Posicionamento de jogo de dormentes de madeira para AMV 1:10, bitola larga","jg",55397.58]
[2607088,"Posicionamento de jogo de dormentes de madeira para AMV 1:10, bitola métrica","jg",22801.06]
[2607098,"Posicionamento de jogo de dormentes de madeira para AMV 1:10, bitola mista","jg",55730.86]
[2607094,"Posicionamento de jogo de dormentes de madeira para AMV 1:12, bitola larga","jg",62439.89]
[2607089,"Posicionamento de jogo de dormentes de madeira para AMV 1:12, bitola métrica","jg",26105.119999999999]
[2607099,"Posicionamento de jogo de dormentes de madeira para AMV 1:12, bitola mista","jg",62819.58]
[2607095,"Posicionamento de jogo de dormentes de madeira para AMV 1:14, bitola larga","jg",73349.899999999994]
[2607090,"Posicionamento de jogo de dormentes de madeira para AMV 1:14, bitola métrica","jg",31791.81]
[2607260,"Posicionamento de jogo de dormentes de madeira para AMV 1:14, bitola mista","jg",73790.87]
[2607096,"Posicionamento de jogo de dormentes de madeira para AMV 1:20, bitola larga","jg",96694.56]
[2607091,"Posicionamento de jogo de dormentes de madeira para AMV 1:20, bitola métrica","jg",39943.14]
[2607101,"Posicionamento de jogo de dormentes de madeira para AMV 1:20, bitola mista","jg",97275.76]
[2607092,"Posicionamento de jogo de dormentes de madeira para AMV 1:8, bitola larga","jg",44080.74]
[2607087,"Posicionamento de jogo de dormentes de madeira para AMV 1:8, bitola métrica","jg",19030.650000000001]
[2607097,"Posicionamento de jogo de dormentes de madeira para AMV 1:8, bitola mista","jg",44347.57]
[2607198,"Regularização manual do lastro do AMV para qualquer abertura e qualquer bitola","un",315.97000000000003]
[2809170,"Demolição de AMV 1:10 TR 37, em bitola métrica, dormente de madeira, com separação e empilhamento","un",1929.34]
[2809183,"Demolição de AMV 1:10 TR 45, em bitola larga, dormente de madeira, com separação e empilhamento","un",2804.92]
[2809174,"Demolição de AMV 1:10 TR 45, em bitola métrica, dormente de madeira, com separação e empilhamento","un",2025.18]
[2809196,"Demolição de AMV 1:10 TR 45, em bitola mista, dormente de madeira, com separação e empilhamento","un",2948.19]
[2809187,"Demolição de AMV 1:10 TR 57, em bitola larga, dormente de madeira, com separação e empilhamento","un",2950.24]
[2809178,"Demolição de AMV 1:10 TR 57, em bitola métrica, dormente de madeira, com separação e empilhamento","un",2168.8000000000002]
[2809200,"Demolição de AMV 1:10 TR 57, em bitola mista, dormente de madeira, com separação e empilhamento","un",3099.53]
[2809191,"Demolição de AMV 1:10 TR 68, em bitola larga, dormente de madeira, com separação e empilhamento","un",3083.5]
[2809204,"Demolição de AMV 1:10 TR 68, em bitola mista, dormente de madeira, com separação e empilhamento","un",3238.07]
[2809171,"Demolição de AMV 1:12 TR 37, em bitola métrica, dormente de madeira, com separação e empilhamento","un",2177.67]
[2809184,"Demolição de AMV 1:12 TR 45, em bitola larga, dormente de madeira, com separação e empilhamento","un",3163.82]
[2809175,"Demolição de AMV 1:12 TR 45, em bitola métrica, dormente de madeira, com separação e empilhamento","un",2283.09]
[2809197,"Demolição de AMV 1:12 TR 45, em bitola mista, dormente de madeira, com separação e empilhamento","un",3321.95]
[2809188,"Demolição de AMV 1:12 TR 57, em bitola larga, dormente de madeira, com separação e empilhamento","un",3323.67]
[2809179,"Demolição de AMV 1:12 TR 57, em bitola métrica, dormente de madeira, com separação e empilhamento","un",2441.0700000000002]
[2809201,"Demolição de AMV 1:12 TR 57, em bitola mista, dormente de madeira, com separação e empilhamento","un",3488.41]
[2809192,"Demolição de AMV 1:12 TR 68, em bitola larga, dormente de madeira, com separação e empilhamento","un",3470.26]
[2809205,"Demolição de AMV 1:12 TR 68, em bitola mista, dormente de madeira, com separação e empilhamento","un",3640.81]
[2809172,"Demolição de AMV 1:14 TR 37, em bitola métrica, dormente de madeira, com separação e empilhamento","un",2545.52]
[2809185,"Demolição de AMV 1:14 TR 45, em bitola larga, dormente de madeira, com separação e empilhamento","un",3642.1]
[2809176,"Demolição de AMV 1:14 TR 45, em bitola métrica, dormente de madeira, com separação e empilhamento","un",2661.49]
[2809198,"Demolição de AMV 1:14 TR 45, em bitola mista, dormente de madeira, com separação e empilhamento","un",3819.13]
[2809189,"Demolição de AMV 1:14 TR 57, em bitola larga, dormente de madeira, com separação e empilhamento","un",3817.93]
[2809180,"Demolição de AMV 1:14 TR 57, em bitola métrica, dormente de madeira, com separação e empilhamento","un",2835.27]
[2809202,"Demolição de AMV 1:14 TR 57, em bitola mista, dormente de madeira, com separação e empilhamento","un",4002.24]
[2809193,"Demolição de AMV 1:14 TR 68, em bitola larga, dormente de madeira, com separação e empilhamento","un",3979.18]
[2809206,"Demolição de AMV 1:14 TR 68, em bitola mista, dormente de madeira, com separação e empilhamento","un",4169.88]
[2809190,"Demolição de AMV 1:20 TR 57, em bitola larga, dormente de madeira, com separação e empilhamento","un",4943.1099999999997]
[2809181,"Demolição de AMV 1:20 TR 57, em bitola métrica, dormente de madeira, com separação e empilhamento","un",3484.98]
[2809203,"Demolição de AMV 1:20 TR 57, em bitola mista, dormente de madeira, com separação e empilhamento","un",5166.41]
[2809194,"Demolição de AMV 1:20 TR 68, em bitola larga, dormente de madeira, com separação e empilhamento","un",5136.62]
[2809207,"Demolição de AMV 1:20 TR 68, em bitola mista, dormente de madeira, com separação e empilhamento","un",5367.57]
[2809169,"Demolição de AMV 1:8 TR 37, em bitola métrica, dormente de madeira, com separação e empilhamento","un",1659.29]
[2809182,"Demolição de AMV 1:8 TR 45, em bitola larga, dormente de madeira, com separação e empilhamento","un",2310.81]
[2809173,"Demolição de AMV 1:8 TR 45, em bitola métrica, dormente de madeira, com separação e empilhamento","un",1746.42]
[2809195,"Demolição de AMV 1:8 TR 45, em bitola mista, dormente de madeira, com separação e empilhamento","un",2418.2600000000002]
[2809186,"Demolição de AMV 1:8 TR 57, em bitola larga, dormente de madeira, com separação e empilhamento","un",2442.91]
[2809177,"Demolição de AMV 1:8 TR 57, em bitola métrica, dormente de madeira, com separação e empilhamento","un",1876.99]
[2809199,"Demolição de AMV 1:8 TR 57, em bitola mista, dormente de madeira, com separação e empilhamento","un",2555.83]
[2809219,"Demolição de via, bitola larga, 1.667 dormentes de madeira/km, trilho TR 45, barra com 12 m de comprimento, com separação e empilhamento","km",23269.200000000001]
[2809220,"Demolição de via, bitola larga, 1.667 dormentes de madeira/km, trilho TR 57, barra com 12 m de comprimento, com separação e empilhamento","km",24795.45]
[2809221,"Demolição de via, bitola larga, 1.667 dormentes de madeira/km, trilho TR 68, barra com 12 m de comprimento, com separação e empilhamento","km",25534.21]
[2809163,"Demolição de via, bitola larga, 1.750 dormentes de madeira/km, trilho TR 45, barra com 12 m de comprimento, com separação e empilhamento","km",24296.7]
[2809164,"Demolição de via, bitola larga, 1.750 dormentes de madeira/km, trilho TR 57, barra com 12 m de comprimento, com separação e empilhamento","km",25879.200000000001]
[2809165,"Demolição de via, bitola larga, 1.750 dormentes de madeira/km, trilho TR 68, barra com 12 m de comprimento, com separação e empilhamento","km",26638.75]
[2809216,"Demolição de via, bitola métrica, 1.667 dormentes de madeira/km, trilho TR 37, barra com 12 m de comprimento, com separação e empilhamento","km",21576.32]
[2809217,"Demolição de via, bitola métrica, 1.667 dormentes de madeira/km, trilho TR 45, barra com 12 m de comprimento, com separação e empilhamento","km",21962.53]
[2809218,"Demolição de via, bitola métrica, 1.667 dormentes de madeira/km, trilho TR 57, barra com 12 m de comprimento, com separação e empilhamento","km",23470.83]
[2809160,"Demolição de via, bitola métrica, 1.750 dormentes de madeira/km, trilho TR 37, barra com 12 m de comprimento, com separação e empilhamento","km",22537.85]
[2809161,"Demolição de via, bitola métrica, 1.750 dormentes de madeira/km, trilho TR 45, barra com 12 m de comprimento, com separação e empilhamento","km",22926.85]
[2809162,"Demolição de via, bitola métrica, 1.750 dormentes de madeira/km, trilho TR 57, barra com 12 m de comprimento, com separação e empilhamento","km",24490.99]
[2809222,"Demolição de via, bitola mista, 1.667 dormentes de madeira/km, trilho TR 45, barra com 12 m de comprimento, com separação e empilhamento","km",21240.02]
[2809223,"Demolição de via, bitola mista, 1.667 dormentes de madeira/km, trilho TR 57, barra com 12 m de comprimento, com separação e empilhamento","km",27227.84]
[2809224,"Demolição de via, bitola mista, 1.667 dormentes de madeira/km, trilho TR 68, barra com 12 m de comprimento, com separação e empilhamento","km",28335.98]
[2809166,"Demolição de via, bitola mista, 1.750 dormentes de madeira/km, trilho TR 45, barra com 12 m de comprimento, com separação e empilhamento","km",22103.47]
[2809167,"Demolição de via, bitola mista, 1.750 dormentes de madeira/km, trilho TR 57, barra com 12 m de comprimento, com separação e empilhamento","km",28383.91]
[2809168,"Demolição de via, bitola mista, 1.750 dormentes de madeira/km, trilho TR 68, barra com 12 m de comprimento, com separação e empilhamento","km",29523.22]
[2809158,"Retirada manual de dormente de madeira, bitola larga ou mista, com separação e empilhamento","un",10.61]
[2809159,"Retirada manual de dormente de madeira, bitola métrica, com separação e empilhamento","un",7.98]
[2909152,"Aferição da geometria da via com carro controle","km",117.53]
[2909153,"Capina química da plataforma ferroviária","km",169.64]
[2909151,"Estabilização dinâmica da via","km",63.41]
[2909145,"Nivelamento de junta com socaria manual da via","un",10.48]
[2909379,"Nivelamento de via com grupo gerador/vibrador e levante de até 10 cm - bitola métrica ou larga com dormente de madeira ou concreto e taxa de dormentação de 1.667 un/km","km",5853.94]
[2909381,"Nivelamento de via com grupo gerador/vibrador e levante de até 10 cm - bitola métrica ou larga com dormente de madeira ou concreto e taxa de dormentação de 1.750 un/km","km",6125.62]
[2909388,"Nivelamento de via com grupo gerador/vibrador e levante de até 10 cm - bitola métrica ou larga com dormente de madeira ou concreto e taxa de dormentação de 1.850 un/km","km",6453.83]
[2909380,"Nivelamento de via com grupo gerador/vibrador e levante de até 10 cm - bitola mista com dormente de madeira ou concreto e taxa de dormentação de 1.667 un/km","km",8580.39]
[2909382,"Nivelamento de via com grupo gerador/vibrador e levante de até 10 cm - bitola mista com dormente de madeira ou concreto e taxa de dormentação de 1.750 un/km","km",8986.99]
[2909387,"Nivelamento de via com grupo gerador/vibrador e levante de até 10 cm - bitola mista com dormente de madeira ou concreto e taxa de dormentação de 1.850 un/km","km",9481.41]
[2909375,"Nivelamento de via com socaria manual e levante de até 10 cm - bitola métrica ou larga com dormente de madeira ou concreto e taxa de dormentação de 1.667 un/km","km",9347.3799999999992]
[2909377,"Nivelamento de via com socaria manual e levante de até 10 cm - bitola métrica ou larga com dormente de madeira ou concreto e taxa de dormentação de 1.750 un/km","km",9783.9]
[2909386,"Nivelamento de via com socaria manual e levante de até 10 cm - bitola métrica ou larga com dormente de madeira ou concreto e taxa de dormentação de 1.850 un/km","km",10310.33]
[2909376,"Nivelamento de via com socaria manual e levante de até 10 cm - bitola mista com dormente de madeira ou concreto e taxa de dormentação de 1.667 un/km","km",13729.1]
[2909378,"Nivelamento de via com socaria manual e levante de até 10 cm - bitola mista com dormente de madeira ou concreto e taxa de dormentação de 1.750 un/km","km",14389.15]
[2909385,"Nivelamento de via com socaria manual e levante de até 10 cm - bitola mista com dormente de madeira ou concreto e taxa de dormentação de 1.850 un/km","km",15174.26]
[2909383,"Nivelamento e alinhamento de via com socadora automática e levante de até 10 cm - qualquer bitola ou dormente e taxa de dormentação de 1.667 un/km","km",5639.27]
[2909384,"Nivelamento e alinhamento de via com socadora automática e levante de até 10 cm - qualquer bitola ou dormente e taxa de dormentação de 1.750 un/km","km",5920.07]
[2909148,"Regularização do lastro com reguladora de lastro","km",422.77]
[2909389,"Regularização manual do lastro em via corrida, bitola larga, com qualquer tipo de dormente","km",3399.97]
[2909390,"Regularização manual do lastro em via corrida, bitola métrica, com qualquer tipo de dormente","km",2394.35]
[2909391,"Regularização manual do lastro em via corrida, bitola mista, com qualquer tipo de dormente","km",4080.23]
[3009336,"Alívio de tensão, com martelo de bronze, em TLS com 120 de comprimento de TR45, taxa de dormentação de 1.667 un/km, para qualquer bitola e fixação elástica","un",94.93]
[3009337,"Alívio de tensão, com martelo de bronze, em TLS com 120 de comprimento de TR45, taxa de dormentação de 1.750 un/km, para qualquer bitola e fixação elástica","un",97.45]
[3009340,"Alívio de tensão, com martelo de bronze, em TLS com 120 de comprimento de TR57, taxa de dormentação de 1.667 un/km, para qualquer bitola e fixação elástica","un",181.43]
[3009341,"Alívio de tensão, com martelo de bronze, em TLS com 120 de comprimento de TR57, taxa de dormentação de 1.750 un/km, para qualquer bitola e fixação elástica","un",186.45]
[3009344,"Alívio de tensão, com martelo de bronze, em TLS com 120 de comprimento de TR68, taxa de dormentação de 1.667 un/km, para qualquer bitola e fixação elástica","un",95.36]
[3009345,"Alívio de tensão, com martelo de bronze, em TLS com 120 de comprimento de TR68, taxa de dormentação de 1.750 un/km, para qualquer bitola e fixação elástica","un",97.88]
[3009348,"Alívio de tensão, com martelo de bronze, em TLS com 120 de comprimento de UIC60, taxa de dormentação de 1.667 un/km, para qualquer bitola e fixação elástica","un",181.48]
[3009349,"Alívio de tensão, com martelo de bronze, em TLS com 120 de comprimento de UIC60, taxa de dormentação de 1.750 un/km, para qualquer bitola e fixação elástica","un",186.5]
[3009338,"Alívio de tensão, com martelo de bronze, em TLS com 240 de comprimento de TR45, taxa de dormentação de 1.667 un/km, para qualquer bitola e fixação elástica","un",94.93]
[3009339,"Alívio de tensão, com martelo de bronze, em TLS com 240 de comprimento de TR45, taxa de dormentação de 1.750 un/km, para qualquer bitola e fixação elástica","un",97.45]
[3009342,"Alívio de tensão, com martelo de bronze, em TLS com 240 de comprimento de TR57, taxa de dormentação de 1.667 un/km, para qualquer bitola e fixação elástica","un",181.43]
[3009343,"Alívio de tensão, com martelo de bronze, em TLS com 240 de comprimento de TR57, taxa de dormentação de 1.750 un/km, para qualquer bitola e fixação elástica","un",186.45]
[3009346,"Alívio de tensão, com martelo de bronze, em TLS com 240 de comprimento de TR68, taxa de dormentação de 1.667 un/km, para qualquer bitola e fixação elástica","un",95.36]
[3009347,"Alívio de tensão, com martelo de bronze, em TLS com 240 de comprimento de TR68, taxa de dormentação de 1.750 un/km, para qualquer bitola e fixação elástica","un",97.88]
[3009350,"Alívio de tensão, com martelo de bronze, em TLS com 240 de comprimento de UIC60, taxa de dormentação de 1.667 un/km, para qualquer bitola e fixação elástica","un",181.48]
[3009351,"Alívio de tensão, com martelo de bronze, em TLS com 240 de comprimento de UIC60, taxa de dormentação de 1.750 un/km, para qualquer bitola e fixação elástica","un",186.5]
[3009080,"Colocação manual de grampo elástico Pandrol","un",0.14000000000000001]
[3009075,"Colocação manual de retensor para trilho TR45","un",52.79]
[3009076,"Colocação manual de retensor para trilho TR57","un",54.57]
[3009077,"Colocação manual de retensor para trilho TR68","un",57.35]
[3009078,"Colocação manual de retensor para trilho UIC60","un",59.46]
[3009087,"Colocação mecanizada de grampo elástico Pandrol","un",0.1]
[3009085,"Contratrilho TR45, comprimento de 12 m, sobre dormente de madeira, taxa de dormentação de 1.750 un/km, tala de junção de 6 furos e fixação rígida - posicionamento e assentamento manual","m",1731.5]
[3009086,"Contratrilho TR57, comprimento de 12 m, sobre dormente de madeira, taxa de dormentação de 1.750 un/km, tala de junção de 6 furos e fixação rígida - posicionamento e assentamento manual","m",2165.09]
[3009089,"Contratrilho TR68, comprimento de 12 m, sobre dormente de madeira, taxa de dormentação de 1.750 un/km, tala de junção de 6 furos e fixação rígida - posicionamento e assentamento manual","m",2545.7399999999998]
[3009090,"Contratrilho UIC60, comprimento de 12 m, sobre dormente de madeira, taxa de dormentação de 1.750 un/km, tala de junção de 6 furos e fixação rígida - posicionamento e assentamento manual","m",2277.13]
[3009004,"Dormente de concreto monobloco protendido bitola larga - confecção","un",409.95]
[3009002,"Dormente de concreto monobloco protendido bitola métrica - confecção","un",311.10000000000002]
[3009006,"Dormente de concreto monobloco protendido bitola mista - confecção","un",564.47]
[3009335,"Dormente de concreto monobloco protendido para AMV bitola larga ou mista - confecção","un",1072.46]
[3009334,"Dormente de concreto monobloco protendido para AMV bitola métrica - confecção","un",765.5]
[3009280,"Dormente de concreto monobloco, bitola larga, taxa de dormentação de 1.667 un/km, fixação elástica Pandrol - posicionamento mecanizado com carregadeira","km",706184.25]
[3009281,"Dormente de concreto monobloco, bitola larga, taxa de dormentação de 1.667 un/km, fixação elástica Pandrol - posicionamento mecanizado com pórtico","km",698518.77]
[3009061,"Dormente de concreto monobloco, bitola larga, taxa de dormentação de 1.750 un/km, fixação elástica Pandrol - posicionamento mecanizado com carregadeira","km",741346.19]
[3009062,"Dormente de concreto monobloco, bitola larga, taxa de dormentação de 1.750 un/km, fixação elástica Pandrol - posicionamento mecanizado com pórtico","km",733298]
[3009278,"Dormente de concreto monobloco, bitola métrica, taxa de dormentação de 1.667 un/km, fixação elástica Pandrol - posicionamento mecanizado com carregadeira","km",536478.15]
[3009279,"Dormente de concreto monobloco, bitola métrica, taxa de dormentação de 1.667 un/km, fixação elástica Pandrol - posicionamento mecanizado com pórtico","km",530948.79]
[3009059,"Dormente de concreto monobloco, bitola métrica, taxa de dormentação de 1.750 un/km, fixação elástica Pandrol - posicionamento mecanizado com carregadeira","km",563190.41]
[3009060,"Dormente de concreto monobloco, bitola métrica, taxa de dormentação de 1.750 un/km, fixação elástica Pandrol - posicionamento mecanizado com pórtico","km",557384.69999999995]
[3009282,"Dormente de concreto monobloco, bitola mista, taxa de dormentação de 1.667 un/km, fixação elástica Pandrol - posicionamento mecanizado com carregadeira","km",963770.59]
[3009283,"Dormente de concreto monobloco, bitola mista, taxa de dormentação de 1.667 un/km, fixação elástica Pandrol - posicionamento mecanizado com pórtico","km",956101.11]
[3009063,"Dormente de concreto monobloco, bitola mista, taxa de dormentação de 1.750 un/km, fixação elástica Pandrol - posicionamento mecanizado com carregadeira","km",1011757.76]
[3009064,"Dormente de concreto monobloco, bitola mista, taxa de dormentação de 1.750 un/km, fixação elástica Pandrol - posicionamento mecanizado com pórtico","km",1003705.37]
[3009081,"Dormente de madeira para ponte, bitola métrica ou larga, para TR45, fixação rígida - posicionamento e assentamento mecanizado","un",862.51]
[3009082,"Dormente de madeira para ponte, bitola métrica ou larga, para TR57, fixação rígida - posicionamento e assentamento mecanizado","un",1021.65]
[3009083,"Dormente de madeira para ponte, bitola métrica ou larga, para TR68, fixação rígida - posicionamento e assentamento mecanizado","un",1045.08]
[3009084,"Dormente de madeira para ponte, bitola métrica ou larga, para UIC60, fixação rígida - posicionamento e assentamento mecanizado","un",1043.8699999999999]
[3009070,"Dormente de madeira, bitola larga ou mista - posicionamento manual","un",477.54]
[3009285,"Dormente de madeira, bitola larga ou mista, taxa de dormentação de 1.667 un/km - posicionamento mecanizado com carregadeira","km",776859.37]
[3009072,"Dormente de madeira, bitola larga ou mista, taxa de dormentação de 1.750 un/km - posicionamento mecanizado com carregadeira","km",815540.22]
[3009069,"Dormente de madeira, bitola métrica - posicionamento manual","un",298.25]
[3009284,"Dormente de madeira, bitola métrica, taxa de dormentação de 1.667 un/km - posicionamento mecanizado com carregadeira","km",482626.52]
[3009071,"Dormente de madeira, bitola métrica, taxa de dormentação de 1.750 un/km - posicionamento mecanizado com carregadeira","km",506657.5]
[3009091,"Lançamento de lastro, 10 cm de altura, primeiro levante, descarga de pedra britada de caminhões","m³",168.45]
[3009058,"Lubrificador de trilhos e de flanges de rodas","un",92669.25]
[3009229,"Posicionamento mecanizado de trilhos","km",186]
[3009132,"Pré-alinhamento manual da grade com dormente de madeira","km",1257.04]
[3009133,"Pré-alinhamento mecanizado da grade","km",1647.48]
[3009321,"Solda aluminotérmica para TR45 com cadinho descartável, executada no campo, para formação de trilho longo soldado (TLS)","un",1576.94]
[3009322,"Solda aluminotérmica para TR57 com cadinho descartável, executada no campo, para formação de trilho longo soldado (TLS)","un",1616.63]
[3009323,"Solda aluminotérmica para TR68 com cadinho descartável, executada no campo, para formação de trilho longo soldado (TLS)","un",1641.53]
[3009324,"Solda aluminotérmica para UIC60 com cadinho descartável, executada no campo, para formação de trilho longo soldado (TLS)","un",1624.79]
[3009096,"Solda elétrica por caldeamento para qualquer perfil de trilho, comprimento de 12 m, em estaleiro para formação de trilho longo soldado","un",259.8]
[3009330,"Solda elétrica por caldeamento para trilho TR45, comprimento de até 24 m, em via com dormente de concreto para formação de barra ou trilho longo soldado","un",211.46]
[3009326,"Solda elétrica por caldeamento para trilho TR45, comprimento de até 24 m, em via com dormente de madeira para formação de barra ou trilho longo soldado","un",217.45]
[3009234,"Trilho TR45, comprimento de 12 m, sobre dormente de concreto, bitola métrica ou larga, taxa de dormentação de 1.667 un/km, tala de junção de 6 furos e fixação elástica Pandrol - posicionamento e assentamento manual","km",1787043.32]
[3009022,"Trilho TR45, comprimento de 12 m, sobre dormente de concreto, bitola métrica ou larga, taxa de dormentação de 1.750 un/km, tala de junção de 6 furos e fixação elástica Pandrol - posicionamento e assentamento manual","km",1793938.91]
[3009230,"Trilho TR45, comprimento de 12 m, sobre dormente de concreto, bitola mista, taxa de dormentação de 1.667 un/km, tala de junção de 6 furos e fixação elástica Pandrol - posicionamento e assentamento manual","km",2680722.23]
[3009018,"Trilho TR45, comprimento de 12 m, sobre dormente de concreto, bitola mista, taxa de dormentação de 1.750 un/km, tala de junção de 6 furos e fixação elástica Pandrol - posicionamento e assentamento manual","km",2691065.63]
[3009288,"Trilho TR45, comprimento de 12 m, sobre dormente de madeira, bitola métrica ou larga, taxa de dormentação de 1.667 un/km, tala de junção de 6 furos e fixação rígida - posicionamento e assentamento manual","km",2131821.21]
[3009013,"Trilho TR45, comprimento de 12 m, sobre dormente de madeira, bitola métrica ou larga, taxa de dormentação de 1.750 un/km, tala de junção de 6 furos e fixação rígida - posicionamento e assentamento manual","km",2155675.65]
[3009292,"Trilho TR45, comprimento de 12 m, sobre dormente de madeira, bitola mista, taxa de dormentação de 1.667 un/km, tala de junção de 6 furos e fixação rígida - posicionamento e assentamento manual","km",3197734.43]
[3009225,"Trilho TR45, comprimento de 12 m, sobre dormente de madeira, bitola mista, taxa de dormentação de 1.750 un/km, tala de junção de 6 furos e fixação rígida - posicionamento e assentamento manual","km",3233516.26]
[3009100,"Trilho TR45, comprimento de 120 m (TLS), formado por trilhos curtos de 12 m soldados por caldeamento - confecção em estaleiro","un",91452.82]
[3009238,"Trilho TR45, comprimento de 120 m (TLS), sobre dormente de concreto, bitola métrica ou larga, taxa de dormentação de 1.667 un/km, tala de junção de 6 furos e fixação elástica Pandrol - posicionamento e assentamento mecanizado","km",1682139.13]
[3009304,"Trilho TR45, comprimento de 120 m (TLS), sobre dormente de concreto, bitola mista, taxa de dormentação de 1.667 un/km, tala de junção de 6 furos e fixação elástica Pandrol - posicionamento e assentamento mecanizado","km",2523115.3199999998]
[3009030,"Trilho TR45, comprimento de 120 m (TLS), sobre dormente de concreto, bitola mista, taxa de dormentação de 1.750 un/km, tala de junção de 6 furos e fixação elástica Pandrol - posicionamento e assentamento mecanizado","km",2533451.0299999998]
[3009254,"Trilho TR45, comprimento de 120 m (TLS), sobre dormente de madeira, bitola métrica ou larga, taxa de dormentação de 1.667 un/km, tala de junção de 6 furos e fixação elástica Pandrol - posicionamento e assentamento mecanizado","km",2182207.7200000002]
[3009262,"Trilho TR45, comprimento de 120 m (TLS), sobre dormente de madeira, bitola métrica ou larga, taxa de dormentação de 1.667 un/km, tala de junção de 6 furos e fixação rígida - posicionamento e assentamento mecanizado","km",2025485.57]
[3009034,"Trilho TR45, comprimento de 120 m (TLS), sobre dormente de madeira, bitola métrica ou larga, taxa de dormentação de 1.750 un/km, tala de junção de 6 furos e fixação elástica Pandrol - posicionamento e assentamento mecanizado","km",2214269.1800000002]
[3009042,"Trilho TR45, comprimento de 120 m (TLS), sobre dormente de madeira, bitola métrica ou larga, taxa de dormentação de 1.750 un/km, tala de junção de 6 furos e fixação rígida - posicionamento e assentamento mecanizado","km",2049743.67]
[3009270,"Trilho TR45, comprimento de 120 m (TLS), sobre dormente de madeira, bitola mista, taxa de dormentação de 1.667 un/km, tala de junção de 6 furos e fixação elástica Pandrol - posicionamento e assentamento mecanizado","km",3273977.43]
[3009050,"Trilho TR45, comprimento de 120 m (TLS), sobre dormente de madeira, bitola mista, taxa de dormentação de 1.750 un/km, tala de junção de 6 furos e fixação elástica Pandrol - posicionamento e assentamento mecanizado","km",3322107.88]
[3009101,"Trilho TR45, comprimento de 240 m (TLS), formado por trilhos curtos de 12 m soldados por caldeamento - confecção em estaleiro","un",183165.45]
[3009246,"Trilho TR45, comprimento de 240 m (TLS), sobre dormente de concreto, bitola métrica ou larga, taxa de dormentação de 1.667 un/km, tala de junção de 6 furos e fixação elástica Pandrol - posicionamento e assentamento mecanizado","km",1676723.49]
[3009208,"Trilho TR45, comprimento de 240 m (TLS), sobre dormente de concreto, bitola métrica ou larga, taxa de dormentação de 1.750 un/km, tala de junção de 6 furos e fixação elástica Pandrol - posicionamento e assentamento mecanizado","km",1683614.16]
[3009308,"Trilho TR45, comprimento de 240 m (TLS), sobre dormente de concreto, bitola mista, taxa de dormentação de 1.667 un/km, tala de junção de 6 furos e fixação elástica Pandrol - posicionamento e assentamento mecanizado","km",2514993.15]
[3009212,"Trilho TR45, comprimento de 240 m (TLS), sobre dormente de concreto, bitola mista, taxa de dormentação de 1.750 un/km, tala de junção de 6 furos e fixação elástica Pandrol - posicionamento e assentamento mecanizado","km",2525329.16]
[3009258,"Trilho TR45, comprimento de 240 m (TLS), sobre dormente de madeira, bitola métrica ou larga, taxa de dormentação de 1.667 un/km, tala de junção de 6 furos e fixação elástica Pandrol - posicionamento e assentamento mecanizado","km",2176849.71]
[3009266,"Trilho TR45, comprimento de 240 m (TLS), sobre dormente de madeira, bitola métrica ou larga, taxa de dormentação de 1.667 un/km, tala de junção de 6 furos e fixação rígida - posicionamento e assentamento mecanizado","km",2020127.57]
[3009038,"Trilho TR45, comprimento de 240 m (TLS), sobre dormente de madeira, bitola métrica ou larga, taxa de dormentação de 1.750 un/km, tala de junção de 6 furos e fixação elástica Pandrol - posicionamento e assentamento mecanizado","km",2208911.1800000002]
[3009046,"Trilho TR45, comprimento de 240 m (TLS), sobre dormente de madeira, bitola métrica ou larga, taxa de dormentação de 1.750 un/km, tala de junção de 6 furos e fixação rígida - posicionamento e assentamento mecanizado","km",2044385.67]
[3009274,"Trilho TR45, comprimento de 240 m (TLS), sobre dormente de madeira, bitola mista, taxa de dormentação de 1.667 un/km, tala de junção de 6 furos e fixação elástica Pandrol - posicionamento e assentamento mecanizado","km",3265941.81]
[3009054,"Trilho TR45, comprimento de 240 m (TLS), sobre dormente de madeira, bitola mista, taxa de dormentação de 1.750 un/km, tala de junção de 6 furos e fixação elástica Pandrol - posicionamento e assentamento mecanizado","km",3314072.25]
[3009235,"Trilho TR57, comprimento de 12 m, sobre dormente de concreto, bitola métrica ou larga, taxa de dormentação de 1.667 un/km, tala de junção de 6 furos e fixação elástica Pandrol - posicionamento e assentamento manual","km",2221060.2200000002]
[3009023,"Trilho TR57, comprimento de 12 m, sobre dormente de concreto, bitola métrica ou larga, taxa de dormentação de 1.750 un/km, tala de junção de 6 furos e fixação elástica Pandrol - posicionamento e assentamento manual","km",2227746.31]
[3009231,"Trilho TR57, comprimento de 12 m, sobre dormente de concreto, bitola mista, taxa de dormentação de 1.667 un/km, tala de junção de 6 furos e fixação elástica Pandrol - posicionamento e assentamento manual","km",3329827.39]
[3009019,"Trilho TR57, comprimento de 12 m, sobre dormente de concreto, bitola mista, taxa de dormentação de 1.750 un/km, tala de junção de 6 furos e fixação elástica Pandrol - posicionamento e assentamento manual","km",3342248.13]
[3009289,"Trilho TR57, comprimento de 12 m, sobre dormente de madeira, bitola métrica ou larga, taxa de dormentação de 1.667 un/km, tala de junção de 6 furos e fixação rígida - posicionamento e assentamento manual","km",2830857.09]
[3009014,"Trilho TR57, comprimento de 12 m, sobre dormente de madeira, bitola métrica ou larga, taxa de dormentação de 1.750 un/km, tala de junção de 6 furos e fixação rígida - posicionamento e assentamento manual","km",2868198.06]
[3009293,"Trilho TR57, comprimento de 12 m, sobre dormente de madeira, bitola mista, taxa de dormentação de 1.667 un/km, tala de junção de 6 furos e fixação rígida - posicionamento e assentamento manual","km",4246288.34]
[3009226,"Trilho TR57, comprimento de 12 m, sobre dormente de madeira, bitola mista, taxa de dormentação de 1.750 un/km, tala de junção de 6 furos e fixação rígida - posicionamento e assentamento manual","km",4302300.07]
[3009102,"Trilho TR57, comprimento de 120 m (TLS), formado por trilhos curtos de 12 m soldados por caldeamento - confecção em estaleiro","un",115927.4]
[3009297,"Trilho TR57, comprimento de 120 m (TLS), sobre dormente de concreto, bitola métrica ou larga, taxa de dormentação de 1.667 un/km, tala de junção de 6 furos e fixação elástica Pandrol - posicionamento e assentamento mecanizado","km",2092514.88]
[3009027,"Trilho TR57, comprimento de 120 m (TLS), sobre dormente de concreto, bitola métrica ou larga, taxa de dormentação de 1.750 un/km, tala de junção de 6 furos e fixação elástica Pandrol - posicionamento e assentamento mecanizado","km",2099405.4700000002]
[3009305,"Trilho TR57, comprimento de 120 m (TLS), sobre dormente de concreto, bitola mista, taxa de dormentação de 1.667 un/km, tala de junção de 6 furos e fixação elástica Pandrol - posicionamento e assentamento mecanizado","km",3138678.83]
[3009031,"Trilho TR57, comprimento de 120 m (TLS), sobre dormente de concreto, bitola mista, taxa de dormentação de 1.750 un/km, tala de junção de 6 furos e fixação elástica Pandrol - posicionamento e assentamento mecanizado","km",3149014.53]
[3009255,"Trilho TR57, comprimento de 120 m (TLS), sobre dormente de madeira, bitola métrica ou larga, taxa de dormentação de 1.667 un/km, tala de junção de 6 furos e fixação elástica Pandrol - posicionamento e assentamento mecanizado","km",2715188.49]
[3009263,"Trilho TR57, comprimento de 120 m (TLS), sobre dormente de madeira, bitola métrica ou larga, taxa de dormentação de 1.667 un/km, tala de junção de 6 furos e fixação rígida - posicionamento e assentamento mecanizado","km",2701151.65]
[3009035,"Trilho TR57, comprimento de 120 m (TLS), sobre dormente de madeira, bitola métrica ou larga, taxa de dormentação de 1.750 un/km, tala de junção de 6 furos e fixação elástica Pandrol - posicionamento e assentamento mecanizado","km",2753354.46]
[3009043,"Trilho TR57, comprimento de 120 m (TLS), sobre dormente de madeira, bitola métrica ou larga, taxa de dormentação de 1.750 un/km, tala de junção de 6 furos e fixação rígida - posicionamento e assentamento mecanizado","km",2738618.57]
[3009271,"Trilho TR57, comprimento de 120 m (TLS), sobre dormente de madeira, bitola mista, taxa de dormentação de 1.667 un/km, tala de junção de 6 furos e fixação elástica Pandrol - posicionamento e assentamento mecanizado","km",4073448.47]
[3009051,"Trilho TR57, comprimento de 120 m (TLS), sobre dormente de madeira, bitola mista, taxa de dormentação de 1.750 un/km, tala de junção de 6 furos e fixação elástica Pandrol - posicionamento e assentamento mecanizado","km",4130735.68]
[3009103,"Trilho TR57, comprimento de 240 m (TLS), formado por trilhos curtos de 12 m soldados por caldeamento - confecção em estaleiro","un",232114.61]
[3009247,"Trilho TR57, comprimento de 240 m (TLS), sobre dormente de concreto, bitola métrica ou larga, taxa de dormentação de 1.667 un/km, tala de junção de 6 furos e fixação elástica Pandrol - posicionamento e assentamento mecanizado","km",2085866.18]
[3009209,"Trilho TR57, comprimento de 240 m (TLS), sobre dormente de concreto, bitola métrica ou larga, taxa de dormentação de 1.750 un/km, tala de junção de 6 furos e fixação elástica Pandrol - posicionamento e assentamento mecanizado","km",2092756.85]
[3009309,"Trilho TR57, comprimento de 240 m (TLS), sobre dormente de concreto, bitola mista, taxa de dormentação de 1.667 un/km, tala de junção de 6 furos e fixação elástica Pandrol - posicionamento e assentamento mecanizado","km",3128707.43]
[3009213,"Trilho TR57, comprimento de 240 m (TLS), sobre dormente de concreto, bitola mista, taxa de dormentação de 1.750 un/km, tala de junção de 6 furos e fixação elástica Pandrol - posicionamento e assentamento mecanizado","km",3139043.43]
[3009259,"Trilho TR57, comprimento de 240 m (TLS), sobre dormente de madeira, bitola métrica ou larga, taxa de dormentação de 1.667 un/km, tala de junção de 6 furos e fixação elástica Pandrol - posicionamento e assentamento mecanizado","km",2708597.42]
[3009267,"Trilho TR57, comprimento de 240 m (TLS), sobre dormente de madeira, bitola métrica ou larga, taxa de dormentação de 1.667 un/km, tala de junção de 6 furos e fixação rígida - posicionamento e assentamento mecanizado","km",2694560.58]
[3009039,"Trilho TR57, comprimento de 240 m (TLS), sobre dormente de madeira, bitola métrica ou larga, taxa de dormentação de 1.750 un/km, tala de junção de 6 furos e fixação elástica Pandrol - posicionamento e assentamento mecanizado","km",2746763.4]
[3009047,"Trilho TR57, comprimento de 240 m (TLS), sobre dormente de madeira, bitola métrica ou larga, taxa de dormentação de 1.750 un/km, tala de junção de 6 furos e fixação rígida - posicionamento e assentamento mecanizado","km",2732027.5]
[3009275,"Trilho TR57, comprimento de 240 m (TLS), sobre dormente de madeira, bitola mista, taxa de dormentação de 1.667 un/km, tala de junção de 6 furos e fixação elástica Pandrol - posicionamento e assentamento mecanizado","km",4063563.61]
[3009055,"Trilho TR57, comprimento de 240 m (TLS), sobre dormente de madeira, bitola mista, taxa de dormentação de 1.750 un/km, tala de junção de 6 furos e fixação elástica Pandrol - posicionamento e assentamento mecanizado","km",4120850.82]
[3009236,"Trilho TR68, comprimento de 12 m, sobre dormente de concreto, bitola métrica ou larga, taxa de dormentação de 1.667 un/km, tala de junção de 6 furos e fixação elástica Pandrol - posicionamento e assentamento manual","km",2603161.96]
[3009024,"Trilho TR68, comprimento de 12 m, sobre dormente de concreto, bitola métrica ou larga, taxa de dormentação de 1.750 un/km, tala de junção de 6 furos e fixação elástica Pandrol - posicionamento e assentamento manual","km",2608294.4900000002]
[3009232,"Trilho TR68, comprimento de 12 m, sobre dormente de concreto, bitola mista, taxa de dormentação de 1.667 un/km, tala de junção de 6 furos e fixação elástica Pandrol - posicionamento e assentamento manual","km",3900859.17]
[3009020,"Trilho TR68, comprimento de 12 m, sobre dormente de concreto, bitola mista, taxa de dormentação de 1.750 un/km, tala de junção de 6 furos e fixação elástica Pandrol - posicionamento e assentamento manual","km",3910835.93]
[3009290,"Trilho TR68, comprimento de 12 m, sobre dormente de madeira, bitola métrica ou larga, taxa de dormentação de 1.667 un/km, tala de junção de 6 furos e fixação rígida - posicionamento e assentamento manual","km",3250459.08]
[3009015,"Trilho TR68, comprimento de 12 m, sobre dormente de madeira, bitola métrica ou larga, taxa de dormentação de 1.750 un/km, tala de junção de 6 furos e fixação rígida - posicionamento e assentamento manual","km",3289744.54]
[3009294,"Trilho TR68, comprimento de 12 m, sobre dormente de madeira, bitola mista, taxa de dormentação de 1.667 un/km, tala de junção de 6 furos e fixação rígida - posicionamento e assentamento manual","km",4875691.32]
[3009227,"Trilho TR68, comprimento de 12 m, sobre dormente de madeira, bitola mista, taxa de dormentação de 1.750 un/km, tala de junção de 6 furos e fixação rígida - posicionamento e assentamento manual","km",4934619.79]
[3009104,"Trilho TR68, comprimento de 120 m (TLS), formado por trilhos curtos de 12 m soldados por caldeamento - confecção em estaleiro","un",137207.91]
[3009240,"Trilho TR68, comprimento de 120 m (TLS), sobre dormente de concreto, bitola métrica ou larga, taxa de dormentação de 1.667 un/km, tala de junção de 6 furos e fixação elástica Pandrol - posicionamento e assentamento mecanizado","km",2449691.69]
[3009028,"Trilho TR68, comprimento de 120 m (TLS), sobre dormente de concreto, bitola métrica ou larga, taxa de dormentação de 1.750 un/km, tala de junção de 6 furos e fixação elástica Pandrol - posicionamento e assentamento mecanizado","km",2456582.2799999998]
[3009306,"Trilho TR68, comprimento de 120 m (TLS), sobre dormente de concreto, bitola mista, taxa de dormentação de 1.667 un/km, tala de junção de 6 furos e fixação elástica Pandrol - posicionamento e assentamento mecanizado","km",3674443.93]
[3009032,"Trilho TR68, comprimento de 120 m (TLS), sobre dormente de concreto, bitola mista, taxa de dormentação de 1.750 un/km, tala de junção de 6 furos e fixação elástica Pandrol - posicionamento e assentamento mecanizado","km",3684779.64]
[3009256,"Trilho TR68, comprimento de 120 m (TLS), sobre dormente de madeira, bitola métrica ou larga, taxa de dormentação de 1.667 un/km, tala de junção de 6 furos e fixação elástica Pandrol - posicionamento e assentamento mecanizado","km",3110027.11]
[3009264,"Trilho TR68, comprimento de 120 m (TLS), sobre dormente de madeira, bitola métrica ou larga, taxa de dormentação de 1.667 un/km, tala de junção de 6 furos e fixação rígida - posicionamento e assentamento mecanizado","km",3097382.27]
[3009036,"Trilho TR68, comprimento de 120 m (TLS), sobre dormente de madeira, bitola métrica ou larga, taxa de dormentação de 1.750 un/km, tala de junção de 6 furos e fixação elástica Pandrol - posicionamento e assentamento mecanizado","km",3150068.26]
[3009044,"Trilho TR68, comprimento de 120 m (TLS), sobre dormente de madeira, bitola métrica ou larga, taxa de dormentação de 1.750 un/km, tala de junção de 6 furos e fixação rígida - posicionamento e assentamento mecanizado","km",3136793.68]
[3009272,"Trilho TR68, comprimento de 120 m (TLS), sobre dormente de madeira, bitola mista, taxa de dormentação de 1.667 un/km, tala de junção de 6 furos e fixação elástica Pandrol - posicionamento e assentamento mecanizado","km",4665706.29]
[3009052,"Trilho TR68, comprimento de 120 m (TLS), sobre dormente de madeira, bitola mista, taxa de dormentação de 1.750 un/km, tala de junção de 6 furos e fixação elástica Pandrol - posicionamento e assentamento mecanizado","km",4725806.28]
[3009105,"Trilho TR68, comprimento de 240 m (TLS), formado por trilhos curtos de 12 m soldados por caldeamento - confecção em estaleiro","un",274675.62]
[3009248,"Trilho TR68, comprimento de 240 m (TLS), sobre dormente de concreto, bitola métrica ou larga, taxa de dormentação de 1.667 un/km, tala de junção de 6 furos e fixação elástica Pandrol - posicionamento e assentamento mecanizado","km",2441796.9700000002]
[3009210,"Trilho TR68, comprimento de 240 m (TLS), sobre dormente de concreto, bitola métrica ou larga, taxa de dormentação de 1.750 un/km, tala de junção de 6 furos e fixação elástica Pandrol - posicionamento e assentamento mecanizado","km",2448687.64]
[3009310,"Trilho TR68, comprimento de 240 m (TLS), sobre dormente de concreto, bitola mista, taxa de dormentação de 1.667 un/km, tala de junção de 6 furos e fixação elástica Pandrol - posicionamento e assentamento mecanizado","km",3662603.82]
[3009214,"Trilho TR68, comprimento de 240 m (TLS), sobre dormente de concreto, bitola mista, taxa de dormentação de 1.750 un/km, tala de junção de 6 furos e fixação elástica Pandrol - posicionamento e assentamento mecanizado","km",3672939.83]
[3009260,"Trilho TR68, comprimento de 240 m (TLS), sobre dormente de madeira, bitola métrica ou larga, taxa de dormentação de 1.667 un/km, tala de junção de 6 furos e fixação elástica Pandrol - posicionamento e assentamento mecanizado","km",3102190.02]
[3009268,"Trilho TR68, comprimento de 240 m (TLS), sobre dormente de madeira, bitola métrica ou larga, taxa de dormentação de 1.667 un/km, tala de junção de 6 furos e fixação rígida - posicionamento e assentamento mecanizado","km",3089545.18]
[3009040,"Trilho TR68, comprimento de 240 m (TLS), sobre dormente de madeira, bitola métrica ou larga, taxa de dormentação de 1.750 un/km, tala de junção de 6 furos e fixação elástica Pandrol - posicionamento e assentamento mecanizado","km",3142231.18]
[3009048,"Trilho TR68, comprimento de 240 m (TLS), sobre dormente de madeira, bitola métrica ou larga, taxa de dormentação de 1.750 un/km, tala de junção de 6 furos e fixação rígida - posicionamento e assentamento mecanizado","km",3128956.59]
[3009276,"Trilho TR68, comprimento de 240 m (TLS), sobre dormente de madeira, bitola mista, taxa de dormentação de 1.667 un/km, tala de junção de 6 furos e fixação elástica Pandrol - posicionamento e assentamento mecanizado","km",4653952.7300000004]
[3009056,"Trilho TR68, comprimento de 240 m (TLS), sobre dormente de madeira, bitola mista, taxa de dormentação de 1.750 un/km, tala de junção de 6 furos e fixação elástica Pandrol - posicionamento e assentamento mecanizado","km",4714052.71]
[3009237,"Trilho UIC60, comprimento de 12 m, sobre dormente de concreto, bitola métrica ou larga, taxa de dormentação de 1.667 un/km, tala de junção de 6 furos e fixação elástica Pandrol - posicionamento e assentamento manual","km",2334597.1200000001]
[3009025,"Trilho UIC60, comprimento de 12 m, sobre dormente de concreto, bitola métrica ou larga, taxa de dormentação de 1.750 un/km, tala de junção de 6 furos e fixação elástica Pandrol - posicionamento e assentamento manual","km",2339834.41]
[3009319,"Trilho UIC60, comprimento de 12 m, sobre dormente de concreto, bitola mista, taxa de dormentação de 1.667 un/km, tala de junção de 6 furos e fixação elástica Pandrol - posicionamento e assentamento manual","km",3500036.88]
[3009021,"Trilho UIC60, comprimento de 12 m, sobre dormente de concreto, bitola mista, taxa de dormentação de 1.750 un/km, tala de junção de 6 furos e fixação elástica Pandrol - posicionamento e assentamento manual","km",3508198.18]
[3009291,"Trilho UIC60, comprimento de 12 m, sobre dormente de madeira, bitola métrica ou larga, taxa de dormentação de 1.667 un/km, tala de junção de 6 furos e fixação rígida - posicionamento e assentamento manual","km",2979880.66]
[3009016,"Trilho UIC60, comprimento de 12 m, sobre dormente de madeira, bitola métrica ou larga, taxa de dormentação de 1.750 un/km, tala de junção de 6 furos e fixação rígida - posicionamento e assentamento manual","km",3019065.86]
[3009295,"Trilho UIC60, comprimento de 12 m, sobre dormente de madeira, bitola mista, taxa de dormentação de 1.667 un/km, tala de junção de 6 furos e fixação rígida - posicionamento e assentamento manual","km",4469823.6900000004]
[3009228,"Trilho UIC60, comprimento de 12 m, sobre dormente de madeira, bitola mista, taxa de dormentação de 1.750 un/km, tala de junção de 6 furos e fixação rígida - posicionamento e assentamento manual","km",4528601.7699999996]
[3009106,"Trilho UIC60, comprimento de 120 m (TLS), formado por trilhos curtos de 12 m soldados por caldeamento - confecção em estaleiro","un",121859.52]
[3009299,"Trilho UIC60, comprimento de 120 m (TLS), sobre dormente de concreto, bitola métrica ou larga, taxa de dormentação de 1.667 un/km, tala de junção de 6 furos e fixação elástica Pandrol - posicionamento e assentamento mecanizado","km",2192655.13]
[3009029,"Trilho UIC60, comprimento de 120 m (TLS), sobre dormente de concreto, bitola métrica ou larga, taxa de dormentação de 1.750 un/km, tala de junção de 6 furos e fixação elástica Pandrol - posicionamento e assentamento mecanizado","km",2199545.7200000002]
[3009245,"Trilho UIC60, comprimento de 120 m (TLS), sobre dormente de concreto, bitola mista, taxa de dormentação de 1.667 un/km, tala de junção de 6 furos e fixação elástica Pandrol - posicionamento e assentamento mecanizado","km",3288889.17]
[3009033,"Trilho UIC60, comprimento de 120 m (TLS), sobre dormente de concreto, bitola mista, taxa de dormentação de 1.750 un/km, tala de junção de 6 furos e fixação elástica Pandrol - posicionamento e assentamento mecanizado","km",3299224.88]
[3009257,"Trilho UIC60, comprimento de 120 m (TLS), sobre dormente de madeira, bitola métrica ou larga, taxa de dormentação de 1.667 un/km, tala de junção de 6 furos e fixação elástica Pandrol - posicionamento e assentamento mecanizado","km",2837633.15]
[3009265,"Trilho UIC60, comprimento de 120 m (TLS), sobre dormente de madeira, bitola métrica ou larga, taxa de dormentação de 1.667 un/km, tala de junção de 6 furos e fixação rígida - posicionamento e assentamento mecanizado","km",2838332.12]
[3009037,"Trilho UIC60, comprimento de 120 m (TLS), sobre dormente de madeira, bitola métrica ou larga, taxa de dormentação de 1.750 un/km, tala de junção de 6 furos e fixação elástica Pandrol - posicionamento e assentamento mecanizado","km",2876909.66]
[3009045,"Trilho UIC60, comprimento de 120 m (TLS), sobre dormente de madeira, bitola métrica ou larga, taxa de dormentação de 1.750 un/km, tala de junção de 6 furos e fixação rígida - posicionamento e assentamento mecanizado","km",2877643.27]
[3009273,"Trilho UIC60, comprimento de 120 m (TLS), sobre dormente de madeira, bitola mista, taxa de dormentação de 1.667 un/km, tala de junção de 6 furos e fixação elástica Pandrol - posicionamento e assentamento mecanizado","km",4257115.42]
[3009053,"Trilho UIC60, comprimento de 120 m (TLS), sobre dormente de madeira, bitola mista, taxa de dormentação de 1.750 un/km, tala de junção de 6 furos e fixação elástica Pandrol - posicionamento e assentamento mecanizado","km",4316068.4400000004]
[3009107,"Trilho UIC60, comprimento de 240 m (TLS), formado por trilhos curtos de 12 m soldados por caldeamento - confecção em estaleiro","un",243978.84]
[3009249,"Trilho UIC60, comprimento de 240 m (TLS), sobre dormente de concreto, bitola métrica ou larga, taxa de dormentação de 1.667 un/km, tala de junção de 6 furos e fixação elástica Pandrol - posicionamento e assentamento mecanizado","km",2185375.17]
[3009211,"Trilho UIC60, comprimento de 240 m (TLS), sobre dormente de concreto, bitola métrica ou larga, taxa de dormentação de 1.750 un/km, tala de junção de 6 furos e fixação elástica Pandrol - posicionamento e assentamento mecanizado","km",2192265.84]
[3009253,"Trilho UIC60, comprimento de 240 m (TLS), sobre dormente de concreto, bitola mista, taxa de dormentação de 1.667 un/km, tala de junção de 6 furos e fixação elástica Pandrol - posicionamento e assentamento mecanizado","km",3277970.98]
[3009215,"Trilho UIC60, comprimento de 240 m (TLS), sobre dormente de concreto, bitola mista, taxa de dormentação de 1.750 un/km, tala de junção de 6 furos e fixação elástica Pandrol - posicionamento e assentamento mecanizado","km",3288306.99]
[3009261,"Trilho UIC60, comprimento de 240 m (TLS), sobre dormente de madeira, bitola métrica ou larga, taxa de dormentação de 1.667 un/km, tala de junção de 6 furos e fixação elástica Pandrol - posicionamento e assentamento mecanizado","km",2830410.83]
[3009269,"Trilho UIC60, comprimento de 240 m (TLS), sobre dormente de madeira, bitola métrica ou larga, taxa de dormentação de 1.667 un/km, tala de junção de 6 furos e fixação rígida - posicionamento e assentamento mecanizado","km",2831109.8]
[3009041,"Trilho UIC60, comprimento de 240 m (TLS), sobre dormente de madeira, bitola métrica ou larga, taxa de dormentação de 1.750 un/km, tala de junção de 6 furos e fixação elástica Pandrol - posicionamento e assentamento mecanizado","km",2869687.34]
[3009049,"Trilho UIC60, comprimento de 240 m (TLS), sobre dormente de madeira, bitola métrica ou larga, taxa de dormentação de 1.750 un/km, tala de junção de 6 furos e fixação rígida - posicionamento e assentamento mecanizado","km",2870420.95]
[3009277,"Trilho UIC60, comprimento de 240 m (TLS), sobre dormente de madeira, bitola mista, taxa de dormentação de 1.667 un/km, tala de junção de 6 furos e fixação elástica Pandrol - posicionamento e assentamento mecanizado","km",4246283.78]
[3009057,"Trilho UIC60, comprimento de 240 m (TLS), sobre dormente de madeira, bitola mista, taxa de dormentação de 1.750 un/km, tala de junção de 6 furos e fixação elástica Pandrol - posicionamento e assentamento mecanizado","km",4305236.79]
[3108073,"Confecção de fôrma metálica em chapa 1/8\" para poita trapezoidal","m²",320.45]
[3107965,"Confecção de forma metálica em chapa 3/16\" para poita trapezoidal","m²",519.4]
[3105941,"Fôrma em chapa metálica 1/8\" para cabeça de tirantes - utilização de 50 vezes - confecção, instalação e retirada","m²",27.64]
[3108150,"Fôrma metálica curva em chapa 3/16\" reforçada com nervuras de 40 mm x 3/16\" dispostas em grelhas de 40 x 60 cm - utilização de 100 vezes - confecção, instalação e retirada","m²",18.07]
[3108071,"Fôrma metálica em chapa 1/8\" para poita trapezoidal - utilização de 50 vezes - montagem, instalação e retirada","m²",13.13]
[3107967,"Fôrma metálica em chapa 1/8\" reforçada com nervuras de 40 mm x 1/8\" dispostas em grelhas de 40 x 60 cm - utilização de 100 vezes - confecção, instalação e retirada","m²",10]
[3107966,"Fôrma metálica em chapa 3/16\" para poita trapezoidal - utilização de 50 vezes - montagem, instalação e retirada","m²",25.98]
[3108072,"Fôrma metálica em chapa 3/16\" reforçada com nervuras de 40 mm x 3/16\" dispostas em grelhas de 40 x 60 cm - utilização de 100 vezes - confecção, instalação e retirada","m²",14.74]
[3117750,"Fôrma metálica para aduelas de bueiros celulares de concreto pré-moldados - utilização de 100 vezes - confecção, instalação e retirada","m²",17.54]
[3117749,"Fôrma metálica para guarda-corpo de concreto - utilização de 50 vezes - confecção","m²",13.66]
[3107964,"Fôrma metálica para pavimento de concreto - utilização de 100 vezes - confecção, instalação e retirada","m²",15.26]
[3106551,"Fôrma metálica para tetrápode - utilização de 100 vezes - confecção, instalação e retirada","m²",11.08]
[3106427,"Fôrma metálica para viga de concreto pré-moldada protendida para OAE - utilização de 20 vezes - confecção, instalação e retirada","m²",38.6]
[3106552,"Fôrma metálica para Xbloc - utilização de 100 vezes - confecção, instalação e retirada","m²",10.31]
[3107969,"Fôrmas curvas de compensado plastificado 10 mm - uso geral - utilização de 2 vezes - confecção, instalação e retirada","m²",133.71]
[3107970,"Fôrmas curvas de compensado resinado 10 mm - uso geral - utilização de 2 vezes - confecção, instalação e retirada","m²",125]
[3108007,"Fôrmas de compensado plastificado 10 mm - uso geral - utilização de 1 vez - confecção, instalação e retirada","m²",164.15]
[3108008,"Fôrmas de compensado plastificado 10 mm - uso geral - utilização de 2 vezes - confecção, instalação e retirada","m²",104.42]
[3108009,"Fôrmas de compensado plastificado 10 mm - uso geral - utilização de 3 vezes - confecção, instalação e retirada","m²",85.95]
[3108011,"Fôrmas de compensado plastificado 12 mm - uso geral - utilização de 1 vez - confecção, instalação e retirada","m²",172.85]
[3108012,"Fôrmas de compensado plastificado 12 mm - uso geral - utilização de 2 vezes - confecção, instalação e retirada","m²",108.99]
[3108013,"Fôrmas de compensado plastificado 12 mm - uso geral - utilização de 3 vezes - confecção, instalação e retirada","m²",89.15]
[3108015,"Fôrmas de compensado plastificado 14 mm - uso geral - utilização de 1 vez - confecção, instalação e retirada","m²",177.06]
[3108016,"Fôrmas de compensado plastificado 14 mm - uso geral - utilização de 2 vezes - confecção, instalação e retirada","m²",111.2]
[3108017,"Fôrmas de compensado plastificado 14 mm - uso geral - utilização de 3 vezes - confecção, instalação e retirada","m²",90.69]
[3107995,"Fôrmas de compensado resinado 10 mm - uso geral - utilização de 1 vez - confecção, instalação e retirada","m²",148.87]
[3107996,"Fôrmas de compensado resinado 10 mm - uso geral - utilização de 2 vezes - confecção, instalação e retirada","m²",96.45]
[3107997,"Fôrmas de compensado resinado 10 mm - uso geral - utilização de 3 vezes - confecção, instalação e retirada","m²",80.400000000000006]
[3107999,"Fôrmas de compensado resinado 12 mm - uso geral - utilização de 1 vez - confecção, instalação e retirada","m²",156.5]
[3108000,"Fôrmas de compensado resinado 12 mm - uso geral - utilização de 2 vezes - confecção, instalação e retirada","m²",100.45]
[3108001,"Fôrmas de compensado resinado 12 mm - uso geral - utilização de 3 vezes - confecção, instalação e retirada","m²",83.2]
[3108003,"Fôrmas de compensado resinado 14 mm - uso geral - utilização de 1 vez - confecção, instalação e retirada","m²",162.03]
[3108004,"Fôrmas de compensado resinado 14 mm - uso geral - utilização de 2 vezes - confecção, instalação e retirada","m²",103.35]
[3108005,"Fôrmas de compensado resinado 14 mm - uso geral - utilização de 3 vezes - confecção, instalação e retirada","m²",85.23]
[3106119,"Fôrmas de tábuas de pinho - utilização de 1 vez - confecção, instalação e retirada","m²",189.62]
[3106120,"Fôrmas de tábuas de pinho - utilização de 2 vezes - confecção, instalação e retirada","m²",125.27]
[3106121,"Fôrmas de tábuas de pinho - utilização de 3 vezes - confecção, instalação e retirada","m²",105.56]
[3103302,"Fôrmas de tábuas de pinho para dispositivos de drenagem - utilização de 3 vezes - confecção, instalação e retirada","m²",80.02]
[3103303,"Fôrmas de tábuas de pinho para drenos - utilização de 5 vezes - confecção, instalação e retirada","m²",41.84]
[3106759,"Fôrmas de tábuas de pinho para elementos estruturais dos arcos metálicos - utilização de 3 vezes - confecção, instalação e retirada","m²",127.74]
[3108023,"Guia de madeira de 2,5 x 10,0 cm - confecção e instalação","m",6.86]
[3108018,"Guia de madeira de 2,5 x 7,0 cm - confecção e instalação","m",4.95]
[3108022,"Guia de madeira de 2,5 x 8,0 cm - confecção e instalação","m",5.59]
[3205864,"Gabião caixa 2 x 1 x 0,50 m - Zn/Al + PVC - D = 2,4 mm - pedra de mão comercial - fornecimento e assentamento","m³",1023.6]
[3205863,"Gabião caixa 2 x 1 x 0,50 m - Zn/Al + PVC - D = 2,4 mm - pedra de mão produzida - confecção e assentamento","m³",947.28]
[3205868,"Gabião caixa 2 x 1 x 0,50 m Zn/Al - D = 2,7 mm - pedra de mão comercial - fornecimento e assentamento","m³",870.25]
[3205867,"Gabião caixa 2 x 1 x 0,50 m Zn/Al - D = 2,7 mm - pedra de mão produzida - confecção e assentamento","m³",793.94]
[3205866,"Gabião caixa 2 x 1 x 1,00 m - Zn/Al + PVC - D = 2,4 mm - pedra de mão comercial - fornecimento e assentamento","m³",778.38]
[3205865,"Gabião caixa 2 x 1 x 1,00 m - Zn/Al + PVC - D = 2,4 mm - pedra de mão produzida - confecção e assentamento","m³",702.06]
[3205870,"Gabião caixa 2 x 1 x 1,00 m Zn/Al - D = 2,7 mm - pedra de mão comercial - fornecimento e assentamento","m³",718.54]
[3205869,"Gabião caixa 2 x 1 x 1,00 m Zn/Al - D = 2,7 mm - pedra de mão produzida - confecção e assentamento","m³",642.23]
[3205872,"Gabião colchão espessura 0,17 m - Zn/Al + PVC - D = 2,0 mm - pedra de mão comercial - fornecimento e assentamento","m²",259.02]
[3205871,"Gabião colchão espessura 0,17 m - Zn/Al + PVC - D = 2,0 mm - pedra de mão produzida - confecção e assentamento","m²",246.05]
[3205874,"Gabião colchão espessura 0,23 m - Zn/Al + PVC - D = 2,0 mm - pedra de mão comercial - fornecimento e assentamento","m²",283.58999999999997]
[3205873,"Gabião colchão espessura 0,23 m - Zn/Al + PVC - D = 2,0 mm - pedra de mão produzida - confecção e assentamento","m²",266.04000000000002]
[3205876,"Gabião colchão espessura 0,30 m - Zn/Al + PVC - D = 2,0 mm - pedra de mão comercial - fornecimento e assentamento","m²",317.58999999999997]
[3205875,"Gabião colchão espessura 0,30 m - Zn/Al + PVC - D = 2,0 mm - pedra de mão produzida - confecção e assentamento","m²",294.7]
[3205862,"Gabião saco - diâmetro = 0,65 m - Zn/Al + PVC - D = 2,4 mm - pedra de mão comercial - fornecimento e assentamento","m³",800.23]
[3205861,"Gabião saco - diâmetro = 0,65 m - Zn/Al + PVC - D = 2,4 mm - pedra de mão produzida - confecção e assentamento","m³",723.91]
[3606579,"Carga, transporte e descarga de material pétreo para molhes com o uso de batelões e escavadeira hidráulica - DMT de 0 a 300 m","m³",21.31]
[3606583,"Carga, transporte e descarga de material pétreo para molhes com o uso de batelões e escavadeira hidráulica - DMT de 1.200 a 1.500 m","m³",22.11]
[3606584,"Carga, transporte e descarga de material pétreo para molhes com o uso de batelões e escavadeira hidráulica - DMT de 1.500 a 1.800 m","m³",22.22]
[3606585,"Carga, transporte e descarga de material pétreo para molhes com o uso de batelões e escavadeira hidráulica - DMT de 1.800 a 2.100 m","m³",22.34]
[3606586,"Carga, transporte e descarga de material pétreo para molhes com o uso de batelões e escavadeira hidráulica - DMT de 2.100 a 2.400 m","m³",22.57]
[3606587,"Carga, transporte e descarga de material pétreo para molhes com o uso de batelões e escavadeira hidráulica - DMT de 2.400 a 2.700 m","m³",22.8]
[3606588,"Carga, transporte e descarga de material pétreo para molhes com o uso de batelões e escavadeira hidráulica - DMT de 2.700 a 3.000 m","m³",22.91]
[3606589,"Carga, transporte e descarga de material pétreo para molhes com o uso de batelões e escavadeira hidráulica - DMT de 3.000 m","m³",23.03]
[3606580,"Carga, transporte e descarga de material pétreo para molhes com o uso de batelões e escavadeira hidráulica - DMT de 300 a 600 m","m³",21.54]
[3606581,"Carga, transporte e descarga de material pétreo para molhes com o uso de batelões e escavadeira hidráulica - DMT de 600 a 900 m","m³",21.76]
[3606582,"Carga, transporte e descarga de material pétreo para molhes com o uso de batelões e escavadeira hidráulica - DMT de 900 a 1.200 m","m³",21.88]
[3606527,"Escavação, carga e transporte de material pétreo para a subcarapaça - caminho de serviço em leito natural - DMT de 1.000 a 1.200 m - com caminhão basculante de 8 m³","m³",50.01]
[3606528,"Escavação, carga e transporte de material pétreo para a subcarapaça - caminho de serviço em leito natural - DMT de 1.200 a 1.400 m - com caminhão basculante de 8 m³","m³",50.76]
[3606529,"Escavação, carga e transporte de material pétreo para a subcarapaça - caminho de serviço em leito natural - DMT de 1.400 a 1.600 m - com caminhão basculante de 8 m³","m³",51.36]
[3606530,"Escavação, carga e transporte de material pétreo para a subcarapaça - caminho de serviço em leito natural - DMT de 1.600 a 1.800 m - com caminhão basculante de 8 m³","m³",52.1]
[3606531,"Escavação, carga e transporte de material pétreo para a subcarapaça - caminho de serviço em leito natural - DMT de 1.800 a 2.000 m - com caminhão basculante de 8 m³","m³",52.85]
[3606532,"Escavação, carga e transporte de material pétreo para a subcarapaça - caminho de serviço em leito natural - DMT de 2.000 a 2.500 m - com caminhão basculante de 8 m³","m³",54.04]
[3606533,"Escavação, carga e transporte de material pétreo para a subcarapaça - caminho de serviço em leito natural - DMT de 2.500 a 3.000 m - com caminhão basculante de 8 m³","m³",58.08]
[3606534,"Escavação, carga e transporte de material pétreo para a subcarapaça - caminho de serviço em leito natural - DMT de 3.000 m - com caminhão basculante de 8 m³","m³",59.08]
[3606535,"Escavação, carga e transporte de material pétreo para a subcarapaça - caminho de serviço em revestimento primário - DMT de 1.000 a 1.200 m - com caminhão basculante de 8 m³","m³",45.72]
[3606536,"Escavação, carga e transporte de material pétreo para a subcarapaça - caminho de serviço em revestimento primário - DMT de 1.200 a 1.400 m - com caminhão basculante de 8 m³","m³",46.12]
[3606537,"Escavação, carga e transporte de material pétreo para a subcarapaça - caminho de serviço em revestimento primário - DMT de 1.400 a 1.600 m - com caminhão basculante de 8 m³","m³",46.62]
[3606538,"Escavação, carga e transporte de material pétreo para a subcarapaça - caminho de serviço em revestimento primário - DMT de 1.600 a 1.800 m - com caminhão basculante de 8 m³","m³",47.02]
[3606539,"Escavação, carga e transporte de material pétreo para a subcarapaça - caminho de serviço em revestimento primário - DMT de 1.800 a 2.000 m - com caminhão basculante de 8 m³","m³",47.52]
[3606540,"Escavação, carga e transporte de material pétreo para a subcarapaça - caminho de serviço em revestimento primário - DMT de 2.000 a 2.500 m - com caminhão basculante de 8 m³","m³",50.31]
[3606541,"Escavação, carga e transporte de material pétreo para a subcarapaça - caminho de serviço em revestimento primário - DMT de 2.500 a 3.000 m - com caminhão basculante de 8 m³","m³",51.65]
[3606542,"Escavação, carga e transporte de material pétreo para a subcarapaça - caminho de serviço em revestimento primário - DMT de 3.000 m - com caminhão basculante de 8 m³","m³",52.25]
[3606543,"Escavação, carga e transporte de material pétreo para a subcarapaça - caminho de serviço pavimentado - DMT de 1.000 a 1.200 m - com caminhão basculante de 8 m³","m³",45.03]
[3606544,"Escavação, carga e transporte de material pétreo para a subcarapaça - caminho de serviço pavimentado - DMT de 1.200 a 1.400 m - com caminhão basculante de 8 m³","m³",45.33]
[3606545,"Escavação, carga e transporte de material pétreo para a subcarapaça - caminho de serviço pavimentado - DMT de 1.400 a 1.600 m - com caminhão basculante de 8 m³","m³",45.72]
[3606546,"Escavação, carga e transporte de material pétreo para a subcarapaça - caminho de serviço pavimentado - DMT de 1.600 a 1.800 m - com caminhão basculante de 8 m³","m³",46.12]
[3606547,"Escavação, carga e transporte de material pétreo para a subcarapaça - caminho de serviço pavimentado - DMT de 1.800 a 2.000 m - com caminhão basculante de 8 m³","m³",46.42]
[3606548,"Escavação, carga e transporte de material pétreo para a subcarapaça - caminho de serviço pavimentado - DMT de 2.000 a 2.500 m - com caminhão basculante de 8 m³","m³",47.12]
[3606549,"Escavação, carga e transporte de material pétreo para a subcarapaça - caminho de serviço pavimentado - DMT de 2.500 a 3.000 m - com caminhão basculante de 8 m³","m³",50.16]
[3606550,"Escavação, carga e transporte de material pétreo para a subcarapaça - caminho de serviço pavimentado - DMT de 3.000 m - com caminhão basculante de 8 m³","m³",50.76]
[3606500,"Escavação, carga e transporte de material pétreo para o núcleo - caminho de serviço em leito natural - DMT de 1.000 a 1.200 m - com caminhão basculante de 8 m³","m³",46.55]
[3606501,"Escavação, carga e transporte de material pétreo para o núcleo - caminho de serviço em leito natural - DMT de 1.200 a 1.400 m - com caminhão basculante de 8 m³","m³",47.3]
[3606502,"Escavação, carga e transporte de material pétreo para o núcleo - caminho de serviço em leito natural - DMT de 1.400 a 1.600 m - com caminhão basculante de 8 m³","m³",47.89]
[3606503,"Escavação, carga e transporte de material pétreo para o núcleo - caminho de serviço em leito natural - DMT de 1.600 a 1.800 m - com caminhão basculante de 8 m³","m³",48.64]
[3606504,"Escavação, carga e transporte de material pétreo para o núcleo - caminho de serviço em leito natural - DMT de 1.800 a 2.000 m - com caminhão basculante de 8 m³","m³",49.39]
[3606505,"Escavação, carga e transporte de material pétreo para o núcleo - caminho de serviço em leito natural - DMT de 2.000 a 2.500 m - com caminhão basculante de 8 m³","m³",50.58]
[3606506,"Escavação, carga e transporte de material pétreo para o núcleo - caminho de serviço em leito natural - DMT de 2.500 a 3.000 m - com caminhão basculante de 8 m³","m³",54.52]
[3606507,"Escavação, carga e transporte de material pétreo para o núcleo - caminho de serviço em leito natural - DMT de 3.000 m - com caminhão basculante de 8 m³","m³",55.72]
[3606509,"Escavação, carga e transporte de material pétreo para o núcleo - caminho de serviço em revestimento primário - DMT de 1.000 a 1.200 m - com caminhão basculante de 8 m³","m³",42.26]
[3606510,"Escavação, carga e transporte de material pétreo para o núcleo - caminho de serviço em revestimento primário - DMT de 1.200 a 1.400 m - com caminhão basculante de 8 m³","m³",42.76]
[3606511,"Escavação, carga e transporte de material pétreo para o núcleo - caminho de serviço em revestimento primário - DMT de 1.400 a 1.600 m - com caminhão basculante de 8 m³","m³",43.16]
[3606512,"Escavação, carga e transporte de material pétreo para o núcleo - caminho de serviço em revestimento primário - DMT de 1.600 a 1.800 m - com caminhão basculante de 8 m³","m³",43.56]
[3606513,"Escavação, carga e transporte de material pétreo para o núcleo - caminho de serviço em revestimento primário - DMT de 1.800 a 2.000 m - com caminhão basculante de 8 m³","m³",46.1]
[3606514,"Escavação, carga e transporte de material pétreo para o núcleo - caminho de serviço em revestimento primário - DMT de 2.000 a 2.500 m - com caminhão basculante de 8 m³","m³",47]
[3606515,"Escavação, carga e transporte de material pétreo para o núcleo - caminho de serviço em revestimento primário - DMT de 2.500 a 3.000 m - com caminhão basculante de 8 m³","m³",48.19]
[3606516,"Escavação, carga e transporte de material pétreo para o núcleo - caminho de serviço em revestimento primário - DMT de 3.000 m - com caminhão basculante de 8 m³","m³",48.79]
[3606518,"Escavação, carga e transporte de material pétreo para o núcleo - caminho de serviço pavimentado - DMT de 1.000 a 1.200 m - com caminhão basculante de 8 m³","m³",41.57]
[3606519,"Escavação, carga e transporte de material pétreo para o núcleo - caminho de serviço pavimentado - DMT de 1.200 a 1.400 m - com caminhão basculante de 8 m³","m³",41.96]
[3606520,"Escavação, carga e transporte de material pétreo para o núcleo - caminho de serviço pavimentado - DMT de 1.400 a 1.600 m - com caminhão basculante de 8 m³","m³",42.26]
[3606521,"Escavação, carga e transporte de material pétreo para o núcleo - caminho de serviço pavimentado - DMT de 1.600 a 1.800 m - com caminhão basculante de 8 m³","m³",42.66]
[3606522,"Escavação, carga e transporte de material pétreo para o núcleo - caminho de serviço pavimentado - DMT de 1.800 a 2.000 m - com caminhão basculante de 8 m³","m³",42.96]
[3606523,"Escavação, carga e transporte de material pétreo para o núcleo - caminho de serviço pavimentado - DMT de 2.000 a 2.500 m - com caminhão basculante de 8 m³","m³",43.66]
[3606524,"Escavação, carga e transporte de material pétreo para o núcleo - caminho de serviço pavimentado - DMT de 2.500 a 3.000 m - com caminhão basculante de 8 m³","m³",46.85]
[3606525,"Escavação, carga e transporte de material pétreo para o núcleo - caminho de serviço pavimentado - DMT de 3.000 m - com caminhão basculante de 8 m³","m³",47.3]
[3606577,"Espalhamento e conformação de material pétreo para núcleo","m³",11.11]
[3606576,"Espalhamento e conformação de material pétreo para subcarapaça","m³",4.22]
[3606561,"Fabricação de tetrápode de 10 t - concreto fck = 20 MPa - areia e brita comerciais","un",2089.35]
[3606556,"Fabricação de tetrápode de 10 t - concreto fck = 20 MPa - areia extraída e brita produzida","un",1540.89]
[3606562,"Fabricação de tetrápode de 11 t - concreto fck = 20 MPa - areia e brita comerciais","un",2285.27]
[3606557,"Fabricação de tetrápode de 11 t - concreto fck = 20 MPa - areia extraída e brita produzida","un",1681.96]
[3606563,"Fabricação de tetrápode de 12 t - concreto fck = 20 MPa - areia e brita comerciais","un",2489.17]
[3606558,"Fabricação de tetrápode de 12 t - concreto fck = 20 MPa - areia extraída e brita produzida","un",1831.02]
[3606559,"Fabricação de tetrápode de 8 t - concreto fck = 20 MPa - areia e brita comerciais","un",1672.95]
[3606554,"Fabricação de tetrápode de 8 t - concreto fck = 20 MPa - areia extraída e brita produzida","un",1234.18]
[3606560,"Fabricação de tetrápode de 9 t - concreto fck = 20 MPa - areia e brita comerciais","un",1869.71]
[3606555,"Fabricação de tetrápode de 9 t - concreto fck = 20 MPa - areia extraída e brita produzida","un",1376.1]
[3606571,"Fabricação de Xbloc de 10 t - concreto fck = 20 MPa - areia e brita comerciais","un",2061.83]
[3606566,"Fabricação de Xbloc de 10 t - concreto fck = 20 MPa - areia extraída e brita produzida","un",1513.38]
[3606572,"Fabricação de Xbloc de 11 t - concreto fck = 20 MPa - areia e brita comerciais","un",2260.5]
[3606567,"Fabricação de Xbloc de 11 t - concreto fck = 20 MPa - areia extraída e brita produzida","un",1657.19]
[3606573,"Fabricação de Xbloc de 12 t - concreto fck = 20 MPa - areia e brita comerciais","un",2458.73]
[3606568,"Fabricação de Xbloc de 12 t - concreto fck = 20 MPa - areia extraída e brita produzida","un",1800.58]
[3606569,"Fabricação de Xbloc de 8 t - concreto fck = 20 MPa - areia e brita comerciais","un",1662.97]
[3606564,"Fabricação de Xbloc de 8 t - concreto fck = 20 MPa - areia extraída e brita produzida","un",1224.2]
[3606570,"Fabricação de Xbloc de 9 t - concreto fck = 20 MPa - areia e brita comerciais","un",1862.68]
[3606565,"Fabricação de Xbloc de 9 t - concreto fck = 20 MPa - areia extraída e brita produzida","un",1369.07]
[3606578,"Lançamento de blocos artificias de concreto","un",114.26]
[3606575,"Seleção de material pétreo para a carapaça e subcarapaça","m³",1.74]
[3606574,"Seleção de material pétreo para o núcleo","m³",0.87]
[3713603,"Ancoragem de defensa maleável dupla - fornecimento e implantação","m",1041.2]
[3713601,"Ancoragem de defensa maleável simples - fornecimento e implantação","m",766.39]
[3713607,"Ancoragem de defensa semimaleável dupla - fornecimento e implantação","m",790.67]
[3713605,"Ancoragem de defensa semimaleável simples - fornecimento e implantação","m",509.46]
[3719530,"Barreira dupla de concreto, armada, pré-moldada (perfil New Jersey) - L > 3,00 m e H = 1.070 mm","m",295.05]
[3713828,"Barreira dupla de concreto, armada, pré-moldada (perfil New Jersey) - L > 3,00 m e H = 810 mm","m",220.49]
[3713875,"Barreira dupla de concreto, não armada, moldada no local (perfil F) - H = 810 + 100 mm","m",63.76]
[3713619,"Barreira dupla de concreto, não armada, moldada no local (perfil New Jersey) - H = 810 + 100 mm","m",64.180000000000007]
[3713876,"Barreira dupla de concreto, não armada, moldada no local, com extrusora (perfil F) - H = 810 + 100 mm","m",87.59]
[3713827,"Barreira dupla de concreto, não armada, moldada no local, com extrusora (perfil New Jersey) - H = 810 + 100 mm","m",86.04]
[3713904,"Barreira simples de concreto, armada, pré-moldada (perfil New Jersey) - L > 3,00 m e H = 1.070 mm","m",255.36]
[3719529,"Barreira simples de concreto, armada, pré-moldada (perfil New Jersey) - L > 3,00 m e H = 810 mm","m",186.61]
[3713878,"Barreira simples de concreto, não armada, moldada no local (perfil F) - H = 810 + 100 mm","m",63.38]
[3713617,"Barreira simples de concreto, não armada, moldada no local (perfil New Jersey) - H = 810 + 100 mm","m",63.59]
[3713879,"Barreira simples de concreto, não armada, moldada no local, com extrusora (perfil F) - H = 810 + 100 mm","m",78.209999999999994]
[3713826,"Barreira simples de concreto, não armada, moldada no local, com extrusora (perfil New Jersey) - H = 810 + 100 mm","m",74.430000000000007]
[3713610,"Cerca com 4 fios de arame farpado e mourão de concreto de seção quadrada de 11 cm a cada 2,5 m e esticador de 15 cm a cada 50 m - areia e brita comerciais","m",32.51]
[3713609,"Cerca com 4 fios de arame farpado e mourão de concreto de seção quadrada de 11 cm a cada 2,5 m e esticador de 15 cm a cada 50 m - areia extraída e brita produzida","m",31.08]
[3713612,"Cerca com 4 fios de arame farpado e mourão de concreto de seção triangular de 11 cm a cada 2,5 m e esticador de 15 cm a cada 50 m - areia e brita comerciais","m",26.69]
[3713611,"Cerca com 4 fios de arame farpado e mourão de concreto de seção triangular de 11 cm a cada 2,5 m e esticador de 15 cm a cada 50 m - areia extraída e brita produzida","m",26.08]
[3713608,"Cerca com 4 fios de arame farpado e mourão de madeira a cada 2,5 m e esticador a cada 50 m","m",22.68]
[3713613,"Cerca com 4 fios de arame liso galvanizado e mourão de madeira a cada 2,5 m e esticador a cada 50 m","m",20.89]
[3713822,"Confecção de barreira dupla de concreto, armada, pré-moldada (perfil New Jersey) - L > 3,00 m e H = 1.070 mm","m",288.39999999999998]
[3713824,"Confecção de barreira dupla de concreto, armada, pré-moldada (perfil New Jersey) - L > 3,00 m e H = 810 mm","m",213.84]
[3713825,"Confecção de barreira simples de concreto, armada, pré-moldada (perfil New Jersey) - L > 3,00 m e H = 1.070 mm","m",248.71]
[3713823,"Confecção de barreira simples de concreto, armada, pré-moldada (perfil New Jersey) - L > 3,00 m e H = 810 mm","m",179.96]
[3713602,"Defensa maleável dupla - fornecimento e implantação","m",962.98]
[3713600,"Defensa maleável simples - fornecimento e implantação","m",701.64]
[3713606,"Defensa semimaleável dupla - fornecimento e implantação","m",712.44]
[3713604,"Defensa semimaleável simples - fornecimento e implantação","m",455.87]
[3716129,"Fabricação de mourão de concreto esticador - seção quadrada de 15 cm - areia e brita comerciais","un",48.23]
[3716128,"Fabricação de mourão de concreto esticador - seção quadrada de 15 cm - areia extraída e brita produzida","un",42.18]
[3716133,"Fabricação de mourão de concreto esticador - seção triangular de 15 cm - areia e brita comercias","un",28.48]
[3716132,"Fabricação de mourão de concreto esticador - seção triangular de 15 cm - areia extraída e brita produzida","un",25.86]
[3716131,"Fabricação de mourão de concreto suporte - seção quadrada de 11 cm - areia e brita comerciais","un",31.38]
[3716130,"Fabricação de mourão de concreto suporte - seção quadrada de 11 cm - areia extraída e brita produzida","un",28.27]
[3716135,"Fabricação de mourão de concreto suporte - seção triangular de 11 cm - areia e brita comerciais","un",19.7]
[3716134,"Fabricação de mourão de concreto suporte - seção triangular de 11 cm - areia extraída e brita produzida","un",18.36]
[3713698,"Fornecimento e implantação de amortecedor retrátil (v <= 100 km/h) tipo TAU II afunilado - fixado em barreira de concreto, com largura de âncora traseira de 1.830 mm","un",311193.15000000002]
[3713699,"Fornecimento e implantação de amortecedor retrátil (v <= 100 km/h) tipo TAU II afunilado - fixado em barreira de concreto, com largura de âncora traseira de 1.980 mm","un",311685.43]
[3713700,"Fornecimento e implantação de amortecedor retrátil (v <= 100 km/h) tipo TAU II afunilado - fixado em barreira de concreto, com largura de âncora traseira de 2.130 mm","un",314695.83]
[3713701,"Fornecimento e implantação de amortecedor retrátil (v <= 100 km/h) tipo TAU II afunilado - fixado em barreira de concreto, com largura de âncora traseira de 2.290 mm","un",320512.09999999998]
[3713702,"Fornecimento e implantação de amortecedor retrátil (v <= 100 km/h) tipo TAU II afunilado - fixado em barreira de concreto, com largura de âncora traseira de 2.440 mm","un",326789.45]
[3713693,"Fornecimento e implantação de amortecedor retrátil (v <= 100 km/h) tipo TAU II combinado - fixado em barreira de concreto, com largura de âncora traseira de 1.060 mm","un",261544.66]
[3713694,"Fornecimento e implantação de amortecedor retrátil (v <= 100 km/h) tipo TAU II combinado - fixado em barreira de concreto, com largura de âncora traseira de 1.220 mm","un",275543.99]
[3713695,"Fornecimento e implantação de amortecedor retrátil (v <= 100 km/h) tipo TAU II combinado - fixado em barreira de concreto, com largura de âncora traseira de 1.370 mm","un",293802.40000000002]
[3713696,"Fornecimento e implantação de amortecedor retrátil (v <= 100 km/h) tipo TAU II combinado - fixado em barreira de concreto, com largura de âncora traseira de 1.520 mm","un",307351.09999999998]
[3713697,"Fornecimento e implantação de amortecedor retrátil (v <= 100 km/h) tipo TAU II combinado - fixado em barreira de concreto, com largura de âncora traseira de 1.680 mm","un",302043.65999999997]
[3713692,"Fornecimento e implantação de amortecedor retrátil (v <= 100 km/h) tipo TAU II combinado - fixado em barreira de concreto, com largura de âncora traseira de 900 mm","un",221403.43]
[3713691,"Fornecimento e implantação de amortecedor retrátil (v <= 100 km/h) tipo TAU II paralelo - fixado em barreira de concreto, com largura de âncora traseira de até 700 mm","un",203440.16]
[3713873,"Módulo de transição de defensa metálica para barreira rígida - fornecimento e implantação","un",6936.54]
[3713705,"Remoção de defensa metálica","m",22.41]
[3713902,"Terminal absorvedor de energia de abertura com nível de contenção TL3 para defensa metálica - fornecimento e implantação","un",48261.94]
[3713903,"Terminal absorvedor de energia de não abertura com nível de contenção TL3 para defensa metálica - fornecimento e implantação","un",64309.94]
[3713689,"Terminal aéreo de defensa metálica - tipo A - fornecimento e implantação","un",395.93]
[3713690,"Terminal de ancoragem de defensa metálica em barreira New Jersey - fornecimento e implantação","un",489.38]
[3713897,"Terminal de ancoragem para barreira dupla de concreto, moldada no local (perfil F) - H = 810 + 250 mm","m",275.7]
[3713893,"Terminal de ancoragem para barreira dupla de concreto, moldada no local (perfil New Jersey) - H = 810 + 250 mm","m",279.61]
[3713898,"Terminal de ancoragem para barreira dupla de concreto, moldada no local, com extrusora (perfil F) - H = 810 + 250 mm","m",294.01]
[3713894,"Terminal de ancoragem para barreira dupla de concreto, moldada no local, com extrusora (perfil New Jersey) - H = 810 + 250 mm","m",295.42]
[3713895,"Terminal de ancoragem para barreira simples de concreto, moldada no local (perfil F) - H = 810 + 250 mm","m",255.73]
[3713891,"Terminal de ancoragem para barreira simples de concreto, moldada no local (perfil New Jersey) - H = 810 + 250 mm","m",254.58]
[3713896,"Terminal de ancoragem para barreira simples de concreto, moldada no local, com extrusora (perfil F) - H = 810 + 250 mm","m",267.48]
[3713892,"Terminal de ancoragem para barreira simples de concreto, moldada no local, com extrusora (perfil New Jersey) - H = 810 + 250 mm","m",262.39999999999998]
[3806412,"Abertura de janela em estrutura de concreto existente para inspeção com espessura até 0,20 m e seção 0,49 m²","un",63.36]
[3806413,"Apicoamento mecanizado de concreto","m²",22.02]
[3807863,"Chumbador de expansão controlada por torque para concreto D = 12,5 mm - fornecimento e instalação","un",11.66]
[3807864,"Chumbador de expansão controlada por torque para concreto D = 16 mm - fornecimento e instalação","un",13.97]
[3807865,"Chumbador de expansão controlada por torque para concreto D = 20 mm - fornecimento e instalação","un",18.690000000000001]
[3807861,"Chumbador de expansão controlada por torque para concreto D = 6,3 mm - fornecimento e instalação","un",3.1]
[3807862,"Chumbador de expansão controlada por torque para concreto D = 8 mm - fornecimento e instalação","un",4.34]
[3807752,"Corte linear em superfície de concreto para fixação de barras de aço de 10 mm - L = 12 mm e H = 12 mm","m",8.64]
[3807753,"Corte linear em superfície de concreto para fixação de barras de aço de 12,5 mm - L = 15 mm e H = 15 mm","m",12.42]
[3807750,"Corte linear em superfície de concreto para fixação de barras de aço de 6,3 mm - L = 8 mm e H = 8 mm","m",5.07]
[3807751,"Corte linear em superfície de concreto para fixação de barras de aço de 8 mm - L = 10 mm e H = 10 mm","m",6.64]
[3806415,"Demolição controlada de concreto com martelete","m³",644.30999999999995]
[3806416,"Elevação de estruturas até 496 kN para substituição de aparelho de apoio com a utilização de macaco hidráulico","un",74.14]
[3806419,"Elevação de estruturas de 1.390 a 1.859 kN para substituição de aparelho de apoio com a utilização de macaco hidráulico","un",99.99]
[3806417,"Elevação de estruturas de 496 a 929 kN para substituição de aparelho de apoio com a utilização de macaco hidráulico","un",83.12]
[3806418,"Elevação de estruturas de 929 a 1.390 kN para substituição de aparelho de apoio com a utilização de macaco hidráulico","un",98.73]
[3808207,"Escada tubular multidirecional em aço galvanizado - utilização de 100 vezes - fornecimento, instalação e retirada","m",170.28]
[3806400,"Fabricação de superestrutura metálica para passarela PL-15 - exceto piso de concreto","un",158695.26]
[3806399,"Fabricação de superestrutura metálica para passarela PL-20 - exceto piso de concreto","un",225447.61]
[3806387,"Fabricação de superestrutura metálica para passarela PL-25 - exceto piso de concreto","un",282215.17]
[3806397,"Fabricação de superestrutura metálica para passarela PL-30 - exceto piso de concreto","un",377359.84]
[3806396,"Fabricação de superestrutura metálica para passarela PL-35 - exceto piso de concreto","un",434399.31]
[3816118,"Guarda-corpo de concreto - fabricação - areia e brita comerciais","m",93.22]
[3816117,"Guarda-corpo de concreto - fabricação - areia extraída e brita produzida","m",86.09]
[3806386,"Guarda-corpo e corrimão metálico para passarelas para pedestres - fornecimento e instalação","m",677.63]
[3816196,"Injeção de nata de cimento","m³",1008.39]
[3806426,"Lançamento de pré-laje com utilização de guindauto","t",60.65]
[3806401,"Lançamento de superestrutura de passarela metálica de 12 a 24 t com utilização de guindaste","un",15022.03]
[3806423,"Lançamento de viga pré-moldada de 1.000 a 1.250 kN com utilização de guindaste","un",10554.26]
[3806421,"Lançamento de viga pré-moldada de 500 a 750 kN com utilização de guindaste","un",5025.3900000000003]
[3806422,"Lançamento de viga pré-moldada de 750 a 1.000 kN com utilização de guindaste","un",9498.86]
[3806425,"Lançamento de viga pré-moldada de 980 a 1.225 kN com utilização de treliça lançadeira","un",3409.4]
[3806424,"Lançamento de viga pré-moldada de 980 a 1.225 kN com utilização de treliça lançadeira e carrelone","un",5518.6]
[3806420,"Lançamento de viga pré-moldada de até 500 kN com utilização de guindaste","un",4397.2299999999996]
[3806405,"Limpeza de aparelhos de apoio em obras de arte especiais - exclusa a plataforma","un",139.06]
[3806404,"Limpeza de material retido em fundações submersas de obras de arte especiais","m³",127.48]
[3806406,"Limpeza em junta de dilatação","m",6]
[3806403,"Limpeza em superfície de concreto com jateamento abrasivo com uso de granalhas de aço","m²",8.7799999999999994]
[3806402,"Limpeza em superfície de concreto com jateamento d'água sob pressão","m²",2.4]
[3806407,"Pingadeira de elastômero perfil 40 x 40 mm com aba inclinada e fixada com adesivo estrutural e pinos - fornecimento e instalação - exclusa a plataforma","m",183.45]
[3808043,"Pintura manual com nata de cimento - 3 demãos","m²",4.29]
[3806431,"Placa de aço de apoio para protensão externa em reforço de viga de OAE - confecção e instalação","un",5577.73]
[3806432,"Placa de aço de desvio para protensão externa em reforço de viga de OAE - confecção e instalação","un",2927.63]
[3806429,"Plataforma de trabalho em aço tubular apoiada no solo - altura de 4 a 6 m - utilização de 100 vezes - fornecimento, instalação e retirada","m³",17.37]
[3806430,"Plataforma de trabalho em aço tubular apoiada no solo - altura de 6 a 8 m - utilização de 100 vezes - fornecimento, instalação e retirada","m³",10.74]
[3806428,"Plataforma de trabalho em aço tubular apoiada no solo - altura de até 4 m - utilização de 100 vezes - fornecimento, instalação e retirada","m³",39.590000000000003]
[3816198,"Plataforma de trabalho em madeira apoiada no solo - altura de 6 a 12 m - utilização de 5 vezes - confecção, instalação e retirada","m³",77.48]
[3816197,"Plataforma de trabalho em madeira apoiada no solo - altura de até 6 m - utilização de 5 vezes - confecção, instalação e retirada","m³",73.239999999999995]
[3806410,"Plataforma de trabalho suspensa sob tabuleiro de pontes com treliças metálicas e tábuas - utilização de 100 vezes - confecção, instalação e retirada","m²",63.13]
[3806411,"Plataforma mecanizada de inspeção sob pontes com capacidade de 500 kg e alcance de 15 m","h",669.44]
[3815644,"Recomposição de dreno em tubo de aço galvanizado D = 100 mm em OAE - fornecimento e instalação","un",101.15]
[3815643,"Recomposição de dreno em tubo de aço galvanizado D = 80 mm em OAE - fornecimento e instalação","un",95.41]
[3815706,"Recomposição de guarda-corpo com agregados comerciais - instalação","m",126.94]
[3815597,"Recomposição de guarda-corpo com agregados produzidos - instalação","m",119.81]
[3815600,"Recuperação de guarda-corpo metálico em ambiente agressivo","m²",71.06]
[3815601,"Recuperação de guarda-corpo metálico em ambiente muito agressivo","m²",65.92]
[3815599,"Recuperação de guarda-corpo metálico em ambiente pouco agressivo","m²",30.41]
[3806414,"Remoção de concreto com jateamento d'água sob alta pressão","m³",583.9]
[3806409,"Restauração de berços de apoio para junta de dilatação - fornecimento e instalação","m",61.73]
[3815602,"Substituição de junta de dilatação e lábios poliméricos - fornecimento e instalação","m",32.340000000000003]
[4011444,"Areia asfalto a quente - faixa A - areia comercial","t",191.47]
[4011443,"Areia asfalto a quente - faixa A - areia extraída","t",127.63]
[4011446,"Areia asfalto a quente - faixa B - areia comercial","t",180.06]
[4011445,"Areia asfalto a quente - faixa B - areia extraída","t",114.82]
[4011448,"Areia asfalto a quente com asfalto polímero - faixa A - areia comercial","t",182.7]
[4011447,"Areia asfalto a quente com asfalto polímero - faixa A - areia extraída","t",115.62]
[4011450,"Areia asfalto a quente com asfalto polímero - faixa B - areia comercial","t",189.19]
[4011449,"Areia asfalto a quente com asfalto polímero - faixa B - areia extraída","t",123.31]
[4011452,"Areia asfalto a quente com asfalto polímero - faixa C - areia comercial","t",193.43]
[4011451,"Areia asfalto a quente com asfalto polímero - faixa C - areia extraída","t",128.38999999999999]
[4011219,"Base de solo estabilizado granulometricamente sem mistura com material de jazida","m³",12.2]
[4011291,"Base de solo melhorado com 3% de cimento e mistura em usina com material de jazida","m³",64.86]
[4011287,"Base de solo melhorado com 3% de cimento e mistura na pista com material de jazida","m³",53.77]
[4011305,"Base de solo-cal com 7% de cal e mistura na pista com material de jazida","m³",95.39]
[4011313,"Base de solo-cimento com 7% de cimento e mistura em usina com material de jazida","m³",116.19]
[4011297,"Base de solo-cimento com 7% de cimento e mistura na pista com material de jazida","m³",107.17]
[4011221,"Base estabilizada granulometricamente com mistura de solos na pista com material de jazida","m³",13.01]
[4011226,"Base estabilizada granulometricamente com mistura solo areia (70% - 30%) em usina com material de jazida e areia extraída","m³",31.35]
[4011240,"Base estabilizada granulometricamente com mistura solo brita (70% - 30%) com 3% de cimento em usina com material de jazida e brita comercial","m³",118.8]
[4011239,"Base estabilizada granulometricamente com mistura solo brita (70% - 30%) com 3% de cimento em usina com material de jazida e brita produzida","m³",88.18]
[4011268,"Base estabilizada granulometricamente com mistura solo brita (70% - 30%) em usina com material de jazida e brita comercial","m³",80.430000000000007]
[4011267,"Base estabilizada granulometricamente com mistura solo brita (70% - 30%) em usina com material de jazida e brita produzida","m³",48.87]
[4011256,"Base estabilizada granulometricamente com mistura solo brita (70% - 30%) na pista com material de jazida e brita comercial","m³",66.959999999999994]
[4011255,"Base estabilizada granulometricamente com mistura solo brita (70% - 30%) na pista com material de jazida e brita produzida","m³",35.4]
[4011276,"Base ou sub-base de brita graduada com brita comercial","m³",206.66]
[4011275,"Base ou sub-base de brita graduada com brita produzida","m³",109.86]
[4011549,"Base ou sub-base de brita graduada executada com vibroacabadora - brita comercial","m³",209.61]
[4011548,"Base ou sub-base de brita graduada executada com vibroacabadora - brita produzida","m³",112.81]
[4011278,"Base ou sub-base de brita graduada tratada com cimento com brita comercial","m³",255.93]
[4011277,"Base ou sub-base de brita graduada tratada com cimento com brita produzida","m³",161.41]
[4011561,"Base ou sub-base de brita graduada tratada com cimento executada com vibroacabadora - brita comercial","m³",258.88]
[4011560,"Base ou sub-base de brita graduada tratada com cimento executada com vibroacabadora - brita produzida","m³",164.36]
[4011282,"Base ou sub-base de macadame hidráulico com brita comercial","m³",190.38]
[4011281,"Base ou sub-base de macadame hidráulico com brita produzida","m³",95.03]
[4011279,"Base ou sub-base de macadame seco com brita comercial","m³",184.7]
[4011280,"Base ou sub-base de macadame seco com brita produzida","m³",89.36]
[4011327,"Base ou sub-base estabilizada granulometricamente com mistura solo escória de aciaria (50%-50%) em usina com material de jazida","m³",37.35]
[4011325,"Base ou sub-base estabilizada granulometricamente com mistura solo escória de aciaria (50%-50%) na pista com material de jazida","m³",22.03]
[4011454,"Concreto asfáltico - faixa A - areia e brita comerciais","t",191.78]
[4011453,"Concreto asfáltico - faixa A - areia extraída e brita produzida","t",137.75]
[4011455,"Concreto asfáltico - faixa A - massa comercial","t",20.49]
[4011459,"Concreto asfáltico - faixa B - areia e brita comerciais","t",195.64]
[4011458,"Concreto asfáltico - faixa B - areia extraída e brita produzida","t",140.94]
[4011463,"Concreto asfáltico - faixa C - areia e brita comerciais","t",196.26]
[4011462,"Concreto asfáltico - faixa C - areia extraída e brita produzida","t",139.35]
[4011464,"Concreto asfáltico - faixa C - massa comercial","t",20.49]
[4011457,"Concreto asfáltico com asfalto polímero - faixa A - areia e brita comerciais","t",192.64]
[4011456,"Concreto asfáltico com asfalto polímero - faixa A - areia extraída e brita produzida","t",137.99]
[4011461,"Concreto asfáltico com asfalto polímero - faixa B - areia e brita comerciais","t",196.17]
[4011460,"Concreto asfáltico com asfalto polímero - faixa B - areia extraída e brita produzida","t",141.19999999999999]
[4011466,"Concreto asfáltico com asfalto polímero - faixa C - areia e brita comerciais","t",202.8]
[4011465,"Concreto asfáltico com asfalto polímero - faixa C - areia extraída e brita produzida","t",144.82]
[4011469,"Concreto asfáltico com borracha - faixa A - brita comercial","t",228.01]
[4011473,"Concreto asfáltico com borracha - faixa A - brita produzida","t",187.49]
[4011470,"Concreto asfáltico com borracha - faixa B - brita comercial","t",231.15]
[4011474,"Concreto asfáltico com borracha - faixa B - brita produzida","t",192.14]
[4011471,"Concreto asfáltico com borracha - faixa C - brita comercial","t",230.48]
[4011475,"Concreto asfáltico com borracha - faixa C - brita produzida","t",194.45]
[4011472,"Concreto asfáltico com borracha - faixa GAP GRADED - brita comercial","t",228.4]
[4011476,"Concreto asfáltico com borracha - faixa GAP GRADED - brita produzida","t",187.23]
[4011478,"Concreto asfáltico reciclado em usina com adição de asfalto - brita comercial","t",171.24]
[4011477,"Concreto asfáltico reciclado em usina com adição de asfalto - brita produzida","t",140.68]
[4011539,"Cura com pintura asfáltica para camadas granulares com adição de cimento","m²",0.21]
[4011538,"Cura com pintura asfáltica para pavimento de concreto compactado com rolo","m²",0.32]
[4016096,"Escavação e carga de material de jazida com escavadeira hidráulica de 1,56 m³","m³",1.35]
[4016008,"Escavação e carga de material de jazida com trator de 127 kW e carregadeira de 3,4 m³","m³",4.34]
[4016007,"Escavação e carga de material de jazida com trator de 97 kW e carregadeira de 1,72 m³","m³",4.96]
[4015612,"Execução de revestimento primário com material de jazida","m³",12.01]
[4011562,"Geogrelha bidirecional com resistência à tração de 30 kN/m - deformação < 5% - malha de 36 x 34 mm - para reforço de base granular","m²",36.950000000000003]
[4011351,"Imprimação com asfalto diluído","m²",0.37]
[4011352,"Imprimação com emulsão asfáltica","m²",0.4]
[4011402,"Lama asfáltica - faixa I - areia e brita comerciais","m²",0.83]
[4011401,"Lama asfáltica - faixa I - areia extraída e brita produzida","m²",0.59]
[4011404,"Lama asfáltica - faixa II - areia e brita comerciais","m²",0.59]
[4011403,"Lama asfáltica - faixa II - areia extraída e brita produzida","m²",0.41]
[4011406,"Lama asfáltica - faixa III - areia e brita comerciais","m²",1.08]
[4011405,"Lama asfáltica - faixa III - areia extraída e brita produzida","m²",0.77]
[4011392,"Macadame betuminoso por penetração - faixa A - brita comercial","m³",221.66]
[4011391,"Macadame betuminoso por penetração - faixa A - brita produzida","m³",125.73]
[4011394,"Macadame betuminoso por penetração - faixa B - brita comercial","m³",222.24]
[4011393,"Macadame betuminoso por penetração - faixa B - brita produzida","m³",126.34]
[4011396,"Macadame betuminoso por penetração - faixa C - brita comercial","m³",223.65]
[4011395,"Macadame betuminoso por penetração - faixa C - brita produzida","m³",127.03]
[4011398,"Macadame betuminoso por penetração - faixa D - brita comercial","m³",224.31]
[4011397,"Macadame betuminoso por penetração - faixa D - brita produzida","m³",127.31]
[4011400,"Macadame betuminoso por penetração com asfalto com polímero - faixa A - brita comercial","m³",237.21]
[4011399,"Macadame betuminoso por penetração com asfalto com polímero - faixa A - brita produzida","m³",144.91999999999999]
[4011490,"Manta sintética para recapeamento asfáltico com geotêxtil RT - 09 - fornecimento e aplicação","m²",5.73]
[4011536,"Membrana plástica isolante e impermeabilizante com espessura de 0,2 mm - fornecimento e instalação","m²",1.79]
[4011415,"Micro pré-misturado a quente com asfalto polímero - brita comercial","t",173.81]
[4011416,"Micro pré-misturado a quente com asfalto polímero - brita produzida","t",139.96]
[4011408,"Microrrevestimento a frio com emulsão modificada com polímero de 0,8 cm - faixa II - brita comercial","m²",2.17]
[4011407,"Microrrevestimento a frio com emulsão modificada com polímero de 0,8 cm - faixa II - brita produzida","m²",1.75]
[4011410,"Microrrevestimento a frio com emulsão modificada com polímero de 1,5 cm - faixa III - brita comercial","m²",4.2300000000000004]
[4011409,"Microrrevestimento a frio com emulsão modificada com polímero de 1,5 cm - faixa III - brita produzida","m²",3.41]
[4011412,"Microrrevestimento a frio com emulsão modificada com polímero de 2,0 cm - faixa III - brita comercial","m²",5.64]
[4011411,"Microrrevestimento a frio com emulsão modificada com polímero de 2,0 cm - faixa III - brita produzida","m²",4.55]
[4011520,"Pavimento de concreto com equipamento de pequeno porte - areia e brita comerciais","m³",544.92999999999995]
[4011507,"Pavimento de concreto com equipamento de pequeno porte - areia extraída e brita produzida","m³",419.43]
[4011535,"Pavimento de concreto com equipamento fôrma-trilho - areia e brita comerciais","m³",425.41]
[4011534,"Pavimento de concreto com equipamento fôrma-trilho - areia extraída e brita produzida","m³",314.51]
[4011533,"Pavimento de concreto com fôrmas deslizantes - areia e brita comerciais","m³",434.64]
[4011532,"Pavimento de concreto com fôrmas deslizantes - areia extraída e brita produzida","m³",323.74]
[4011492,"Pavimento de concreto compactado com rolo - brita comercial","m³",331]
[4011491,"Pavimento de concreto compactado com rolo - brita produzida","m³",237.76]
[4011353,"Pintura de ligação","m²",0.28000000000000003]
[4011354,"Pintura de ligação - emulsão com polímero","m²",0.28000000000000003]
[4011418,"Pré-misturado a frio - faixa A - areia e brita comerciais","m³",324.25]
[4011417,"Pré-misturado a frio - faixa A - areia extraída e brita produzida","m³",202.41]
[4011420,"Pré-misturado a frio - faixa B - areia e brita comerciais","m³",324.58]
[4011419,"Pré-misturado a frio - faixa B - areia extraída e brita produzida","m³",199.25]
[4011422,"Pré-misturado a frio - faixa C - areia e brita comerciais","m³",338.88]
[4011421,"Pré-misturado a frio - faixa C - areia extraída e brita produzida","m³",215.81]
[4011424,"Pré-misturado a frio - faixa D - areia e brita comerciais","m³",339.33]
[4011423,"Pré-misturado a frio - faixa D - areia extraída e brita produzida","m³",212.65]
[4011426,"Pré-misturado a frio com emulsão asfáltica com polímero - faixa A - areia e brita comerciais","m³",324.25]
[4011425,"Pré-misturado a frio com emulsão asfáltica com polímero - faixa A - areia extraída e brita produzida","m³",202.41]
[4011428,"Pré-misturado a frio com emulsão asfáltica com polímero - faixa B - areia e brita comerciais","m³",324.58]
[4011427,"Pré-misturado a frio com emulsão asfáltica com polímero - faixa B - areia extraída e brita produzida","m³",199.25]
[4011430,"Pré-misturado a frio com emulsão asfáltica com polímero - faixa C - areia e brita comerciais","m³",337.73]
[4011429,"Pré-misturado a frio com emulsão asfáltica com polímero - faixa C - areia extraída e brita produzida","m³",215.25]
[4011432,"Pré-misturado a frio com emulsão asfáltica com polímero - faixa D - areia e brita comerciais","m³",338.18]
[4011431,"Pré-misturado a frio com emulsão asfáltica com polímero - faixa D - areia extraída e brita produzida","m³",212.1]
[4011434,"Pré-misturado a quente com asfalto polímero - faixa I - camada porosa de atrito - areia e brita comerciais","t",190.61]
[4011433,"Pré-misturado a quente com asfalto polímero - faixa I - camada porosa de atrito - areia extraída e brita produzida","t",136.91999999999999]
[4011436,"Pré-misturado a quente com asfalto polímero - faixa II - camada porosa de atrito - areia e brita comerciais","t",181.57]
[4011435,"Pré-misturado a quente com asfalto polímero - faixa II - camada porosa de atrito - areia extraída e brita produzida","t",126.4]
[4011438,"Pré-misturado a quente com asfalto polímero - faixa III - camada porosa de atrito - areia e brita comerciais","t",191.87]
[4011437,"Pré-misturado a quente com asfalto polímero - faixa III - camada porosa de atrito - areia extraída e brita produzida","t",135.44]
[4011440,"Pré-misturado a quente com asfalto polímero - faixa IV - camada porosa de atrito - areia e brita comerciais","t",193.58]
[4011439,"Pré-misturado a quente com asfalto polímero - faixa IV - camada porosa de atrito - areia extraída e brita produzida","t",141.62]
[4011442,"Pré-misturado a quente com asfalto polímero - faixa V - camada porosa de atrito - areia e brita comerciais","t",193.35]
[4011441,"Pré-misturado a quente com asfalto polímero - faixa V - camada porosa de atrito - areia extraída e brita produzida","t",141.21]
[4011482,"Reciclagem com incorporação do revestimento asfáltico à base e adição de 3% de cimento","m³",79.069999999999993]
[4011486,"Reciclagem com incorporação do revestimento asfáltico à base e adição de 3% de cimento e de brita comercial","m³",116.15]
[4011485,"Reciclagem com incorporação do revestimento asfáltico à base e adição de 3% de cimento e de brita produzida","m³",97.02]
[4011484,"Reciclagem com incorporação do revestimento asfáltico à base e adição de brita comercial","m³",72.47]
[4011483,"Reciclagem com incorporação do revestimento asfáltico à base e adição de brita produzida","m³",53.35]
[4011488,"Reciclagem com incorporação do revestimento asfáltico à base e adição de espuma asfáltica e cimento","m³",55.81]
[4011487,"Reciclagem com incorporação do revestimento asfáltico à base e adição de espuma asfáltica, cimento e pó de pedra comercial","m³",79.86]
[4011489,"Reciclagem de revestimento asfáltico em usina com adição de espuma asfáltica, pó de pedra comercial e cimento","m³",130.41999999999999]
[4011493,"Reciclagem de revestimento asfáltico em usina com adição de espuma asfáltica, pó de pedra produzido e cimento","m³",104.03]
[4011481,"Reciclagem simples com incorporação do revestimento asfáltico à base","m³",35.4]
[4011347,"Reestabilização de camada de base com adição de 3% de cimento","m³",66.209999999999994]
[4011342,"Reestabilização de camada de base com adição de 30% de brita comercial","m³",83.93]
[4011344,"Reestabilização de camada de base com adição de 30% de brita produzida","m³",52.37]
[4011341,"Reestabilização de camada de base com adição de 30% de material fresado retirado da pista","m³",12.27]
[4011346,"Reestabilização de camada de base sem adição de material","m³",8.51]
[4011211,"Reforço do subleito com material de jazida","m³",11.44]
[4011304,"Reforço do subleito de solo melhorado com 4% de cal e mistura na pista com material de jazida","m³",60.11]
[4011209,"Regularização do subleito","m²",1.1399999999999999]
[4011210,"Regularização do subleito com fresagem corte e controle automático de greide","m²",1.24]
[4011537,"Serragem de juntas em pavimento de concreto, limpeza e enchimento com selante a frio","m",19.68]
[4011218,"Sub-base de concreto adensado por vibração - areia e brita comerciais","m³",431.48]
[4011217,"Sub-base de concreto adensado por vibração - areia extraída e brita produzida","m³",294.7]
[4011214,"Sub-base de concreto compactado com rolo - brita comercial","m³",276.64999999999998]
[4011213,"Sub-base de concreto compactado com rolo - brita produzida","m³",179.17]
[4011227,"Sub-base de solo estabilizado granulometricamente sem mistura com material de jazida","m³",11.44]
[4011302,"Sub-base de solo melhorado com 3% de cimento e mistura em usina com material de jazida","m³",64.5]
[4011300,"Sub-base de solo melhorado com 3% de cimento e mistura na pista com material de jazida","m³",53.41]
[4011306,"Sub-base de solo-cal com 7% de cal e mistura na pista com material de jazida","m³",95.03]
[4011303,"Sub-base de solo-cimento com 7% de cimento e mistura em usina com material de jazida","m³",115.83]
[4011301,"Sub-base de solo-cimento com 7% de cimento e mistura na pista com material de jazida","m³",106.8]
[4011228,"Sub-base estabilizada granulometricamente com mistura de solos na pista com material de jazida","m³",12.64]
[4011229,"Sub-base estabilizada granulometricamente com mistura solo areia (70% - 30%) em usina com material de jazida e areia extraída","m³",30.99]
[4011231,"Sub-base estabilizada granulometricamente com mistura solo brita (70% - 30%) com 3% de cimento em usina com material de jazida e brita comercial","m³",118.44]
[4011230,"Sub-base estabilizada granulometricamente com mistura solo brita (70% - 30%) com 3% de cimento em usina com material de jazida e brita produzida","m³",87.82]
[4011235,"Sub-base estabilizada granulometricamente com mistura solo brita (70% - 30%) em usina com material de jazida e brita comercial","m³",80.069999999999993]
[4011234,"Sub-base estabilizada granulometricamente com mistura solo brita (70% - 30%) em usina com material de jazida e brita produzida","m³",48.51]
[4011233,"Sub-base estabilizada granulometricamente com mistura solo brita (70% - 30%) na pista com material de jazida e brita comercial","m³",66.59]
[4011232,"Sub-base estabilizada granulometricamente com mistura solo brita (70% - 30%) na pista com material de jazida e brita produzida","m³",35.03]
[4011372,"Tratamento superficial duplo com banho diluído - brita comercial","m²",5.73]
[4011371,"Tratamento superficial duplo com banho diluído - brita produzida","m²",4]
[4011378,"Tratamento superficial duplo com banho diluído com emulsão com polímero - brita comercial","m²",5.73]
[4011377,"Tratamento superficial duplo com banho diluído com emulsão com polímero - brita produzida","m²",4]
[4011368,"Tratamento superficial duplo com CAP - brita comercial","m²",4.5999999999999996]
[4011367,"Tratamento superficial duplo com CAP - brita produzida","m²",2.87]
[4011374,"Tratamento superficial duplo com CAP com polímero - brita comercial","m²",4.5999999999999996]
[4011373,"Tratamento superficial duplo com CAP com polímero - brita produzida","m²",2.87]
[4011370,"Tratamento superficial duplo com emulsão - brita comercial","m²",5.21]
[4011369,"Tratamento superficial duplo com emulsão - brita produzida","m²",3.48]
[4011376,"Tratamento superficial duplo com emulsão com polímero - brita comercial","m²",5.21]
[4011375,"Tratamento superficial duplo com emulsão com polímero - brita produzida","m²",3.48]
[4011360,"Tratamento superficial simples com banho diluído - brita comercial","m²",1.99]
[4011359,"Tratamento superficial simples com banho diluído - brita produzida","m²",1.46]
[4011366,"Tratamento superficial simples com banho diluído com emulsão com polímero - brita comercial","m²",1.99]
[4011365,"Tratamento superficial simples com banho diluído com emulsão com polímero - brita produzida","m²",1.46]
[4011356,"Tratamento superficial simples com CAP - brita comercial","m²",1.52]
[4011355,"Tratamento superficial simples com CAP - brita produzida","m²",0.99]
[4011362,"Tratamento superficial simples com CAP com polímero - brita comercial","m²",1.52]
[4011361,"Tratamento superficial simples com CAP com polímero - brita produzida","m²",0.99]
[4011358,"Tratamento superficial simples com emulsão - brita comercial","m²",1.77]
[4011357,"Tratamento superficial simples com emulsão - brita produzida","m²",1.23]
[4011364,"Tratamento superficial simples com emulsão com polímero - brita comercial","m²",1.77]
[4011363,"Tratamento superficial simples com emulsão com polímero - brita produzida","m²",1.23]
[4011384,"Tratamento superficial triplo com banho diluído - brita comercial","m²",6.26]
[4011383,"Tratamento superficial triplo com banho diluído - brita produzida","m²",4.38]
[4011390,"Tratamento superficial triplo com banho diluído - emulsão com polímero - brita comercial","m²",6.26]
[4011389,"Tratamento superficial triplo com banho diluído - emulsão com polímero - brita produzida","m²",4.38]
[4011380,"Tratamento superficial triplo com CAP - brita comercial","m²",5.12]
[4011379,"Tratamento superficial triplo com CAP - brita produzida","m²",3.24]
[4011386,"Tratamento superficial triplo com CAP com polímero - brita comercial","m²",5.12]
[4011385,"Tratamento superficial triplo com CAP com polímero - brita produzida","m²",3.24]
[4011382,"Tratamento superficial triplo com emulsão - brita comercial","m²",5.74]
[4011381,"Tratamento superficial triplo com emulsão - brita produzida","m²",3.86]
[4011388,"Tratamento superficial triplo com emulsão com polímero - brita comercial","m²",5.74]
[4011387,"Tratamento superficial triplo com emulsão com polímero - brita produzida","m²",3.86]
[4011212,"Varredura da superfície para execução de revestimento asfáltico","m²",7.0000000000000007E-2]
[4208197,"Ancoragem fixa para estais de 12 cordoalhas D = 15,7 mm - inclusive injeção de cera","un",13767.52]
[4208158,"Ancoragem fixa para estais de 19 cordoalhas D = 15,7 mm - inclusive injeção de cera","un",18151.05]
[4208198,"Ancoragem fixa para estais de 22 cordoalhas D = 15,7 mm - inclusive injeção de cera","un",21135.88]
[4208159,"Ancoragem fixa para estais de 31 cordoalhas D = 15,7 mm - inclusive injeção de cera","un",29063.59]
[4208160,"Ancoragem fixa para estais de 37 cordoalhas D = 15,7 mm - inclusive injeção de cera","un",34453.32]
[4208199,"Ancoragem fixa para estais de 43 cordoalhas D = 15,7 mm - inclusive injeção de cera","un",39851.910000000003]
[4208161,"Ancoragem fixa para estais de 55 cordoalhas D = 15,7 mm - inclusive injeção de cera","un",50310.66]
[4208162,"Ancoragem fixa para estais de 61 cordoalhas D = 15,7 mm - inclusive injeção de cera","un",55487.19]
[4208163,"Ancoragem fixa para estais de 73 cordoalhas D = 15,7 mm - inclusive injeção de cera","un",68451.14]
[4208200,"Ancoragem fixa para estais de 85 cordoalhas D = 15,7 mm - inclusive injeção de cera","un",76886.12]
[4208164,"Ancoragem fixa para estais de 91 cordoalhas D = 15,7 mm - inclusive injeção de cera","un",87038.03]
[4208201,"Ancoragem regulável para estais de 12 cordoalhas D = 15,7 mm - inclusive protensão, injeção de cera e regulagem final","un",22186.23]
[4208151,"Ancoragem regulável para estais de 19 cordoalhas D = 15,7 mm - inclusive protensão, injeção de cera e regulagem final","un",30010.74]
[4208202,"Ancoragem regulável para estais de 22 cordoalhas D = 15,7 mm - inclusive protensão, injeção de cera e regulagem final","un",35380.5]
[4208152,"Ancoragem regulável para estais de 31 cordoalhas D = 15,7 mm - inclusive protensão, injeção de cera e regulagem final","un",47912.06]
[4208153,"Ancoragem regulável para estais de 37 cordoalhas D = 15,7 mm - inclusive protensão, injeção de cera e regulagem final","un",56795.24]
[4208203,"Ancoragem regulável para estais de 43 cordoalhas D = 15,7 mm - inclusive protensão, injeção de cera e regulagem final","un",65753.399999999994]
[4208154,"Ancoragem regulável para estais de 55 cordoalhas D = 15,7 mm - inclusive protensão, injeção de cera e regulagem final","un",82992.100000000006]
[4208155,"Ancoragem regulável para estais de 61 cordoalhas D = 15,7 mm - inclusive protensão, injeção de cera e regulagem final","un",92082.9]
[4208156,"Ancoragem regulável para estais de 73 cordoalhas D = 15,7 mm - inclusive protensão, injeção de cera e regulagem final","un",109597.19]
[4208204,"Ancoragem regulável para estais de 85 cordoalhas D = 15,7 mm - inclusive protensão, injeção de cera e regulagem final","un",127529.26]
[4208157,"Ancoragem regulável para estais de 91 cordoalhas D = 15,7 mm - inclusive protensão, injeção de cera e regulagem final","un",136190.76999999999]
[4208127,"Cordoalha para estais CP 177 RB D = 15,7 mm - fornecimento, preparo e colocação","kg",28.14]
[4208196,"Elevador de cremalheira - ascensão e ancoragem da torre a partir de 16 m com cada elevação de até 9 m - utilização de 50 vezes - inclusive desmontagem","un",2569.1]
[4208209,"Elevador de cremalheira - montagem e desmontagem até a altura de 16 m - exceto fundações","un",10979.46]
[4208206,"Elevador de cremalheira com cabine simples, com capacidade de 1.500 kg e altura de até 100 m - operação","h",125.92]
[4208210,"Grua fixa - montagem e desmontagem até a altura de 60 m - exceto fundações","un",24706.25]
[4208195,"Grua fixa - telescopagem e ancoragem da torre a partir de 60 m com cada elevação de até 18 m - inclusive desmontagem","un",12882.09]
[4208208,"Grua fixa com altura de 60 a 102 m, com alcance de 60 m e capacidade de 1.500 kg na ponta da lança - operação","h",560.05999999999995]
[4208135,"Tubo antivandalismo em aço galvanizado para estais de 12 cordoalhas D = 15,7 mm - fornecimento e instalação","m",2016.35]
[4208136,"Tubo antivandalismo em aço galvanizado para estais de 19 cordoalhas D = 15,7 mm - fornecimento e instalação","m",2301.15]
[4208137,"Tubo antivandalismo em aço galvanizado para estais de 22 cordoalhas D = 15,7 mm - fornecimento e instalação","m",2491.9299999999998]
[4208138,"Tubo antivandalismo em aço galvanizado para estais de 31 cordoalhas D = 15,7 mm - fornecimento e instalação","m",2973.32]
[4208139,"Tubo antivandalismo em aço galvanizado para estais de 37 cordoalhas D = 15,7 mm - fornecimento e instalação","m",2980.26]
[4208140,"Tubo antivandalismo em aço galvanizado para estais de 43 cordoalhas D = 15,7 mm - fornecimento e instalação","m",3706.27]
[4208141,"Tubo antivandalismo em aço galvanizado para estais de 55 cordoalhas D = 15,7 mm - fornecimento e instalação","m",3722.57]
[4208212,"Tubo antivandalismo em aço galvanizado para estais de 61 cordoalhas D = 15,7 mm - fornecimento e instalação","m",3724.26]
[4208213,"Tubo antivandalismo em aço galvanizado para estais de 73 cordoalhas D = 15,7 mm - fornecimento e instalação","m",4289.43]
[4208214,"Tubo antivandalismo em aço galvanizado para estais de 85 cordoalhas D = 15,7 mm - fornecimento e instalação","m",4845.91]
[4208215,"Tubo antivandalismo em aço galvanizado para estais de 91 cordoalhas D = 15,7 mm - fornecimento e instalação","m",4859.1499999999996]
[4208216,"Tubo fôrma lado fixo em aço galvanizado para estais de 12 cordoalhas D = 15,7 mm - fornecimento e instalação","m",2201.71]
[4208217,"Tubo fôrma lado fixo em aço galvanizado para estais de 19 cordoalhas D = 15,7 mm - fornecimento e instalação","m",2508.63]
[4208218,"Tubo fôrma lado fixo em aço galvanizado para estais de 22 cordoalhas D = 15,7 mm - fornecimento e instalação","m",3178.48]
[4208219,"Tubo fôrma lado fixo em aço galvanizado para estais de 31 cordoalhas D = 15,7 mm - fornecimento e instalação","m",4227.4799999999996]
[4208220,"Tubo fôrma lado fixo em aço galvanizado para estais de 37 cordoalhas D = 15,7 mm - fornecimento e instalação","m",4486.24]
[4208221,"Tubo fôrma lado fixo em aço galvanizado para estais de 43 cordoalhas D = 15,7 mm - fornecimento e instalação","m",5906.62]
[4208222,"Tubo fôrma lado fixo em aço galvanizado para estais de 55 cordoalhas D = 15,7 mm - fornecimento e instalação","m",7439.52]
[4208223,"Tubo fôrma lado fixo em aço galvanizado para estais de 61 cordoalhas D = 15,7 mm - fornecimento e instalação","m",7442.08]
[4208224,"Tubo fôrma lado fixo em aço galvanizado para estais de 73 cordoalhas D = 15,7 mm - fornecimento e instalação","m",8702.9599999999991]
[4208225,"Tubo fôrma lado fixo em aço galvanizado para estais de 85 cordoalhas D = 15,7 mm - fornecimento e instalação","m",9596.6200000000008]
[4208226,"Tubo fôrma lado fixo em aço galvanizado para estais de 91 cordoalhas D = 15,7 mm - fornecimento e instalação","m",10001.120000000001]
[4208227,"Tubo fôrma lado regulável em aço galvanizado para estais de 12 cordoalhas D = 15,7 mm - fornecimento e instalação","m",1907.7]
[4208228,"Tubo fôrma lado regulável em aço galvanizado para estais de 19 cordoalhas D = 15,7 mm - fornecimento e instalação","m",2192.7600000000002]
[4208229,"Tubo fôrma lado regulável em aço galvanizado para estais de 22 cordoalhas D = 15,7 mm - fornecimento e instalação","m",2772.24]
[4208230,"Tubo fôrma lado regulável em aço galvanizado para estais de 31 cordoalhas D = 15,7 mm - fornecimento e instalação","m",3691.05]
[4208231,"Tubo fôrma lado regulável em aço galvanizado para estais de 37 cordoalhas D = 15,7 mm - fornecimento e instalação","m",3919.6]
[4208232,"Tubo fôrma lado regulável em aço galvanizado para estais de 43 cordoalhas D = 15,7 mm - fornecimento e instalação","m",5156.96]
[4208233,"Tubo fôrma lado regulável em aço galvanizado para estais de 55 cordoalhas D = 15,7 mm - fornecimento e instalação","m",6491.91]
[4208234,"Tubo fôrma lado regulável em aço galvanizado para estais de 61 cordoalhas D = 15,7 mm - fornecimento e instalação","m",6494.27]
[4208235,"Tubo fôrma lado regulável em aço galvanizado para estais de 73 cordoalhas D = 15,7 mm - fornecimento e instalação","m",7597.27]
[4208236,"Tubo fôrma lado regulável em aço galvanizado para estais de 85 cordoalhas D = 15,7 mm - fornecimento e instalação","m",8654.9699999999993]
[4208237,"Tubo fôrma lado regulável em aço galvanizado para estais de 91 cordoalhas D = 15,7 mm - fornecimento e instalação","m",8737.4500000000007]
[4208128,"Tubo PEAD para estais - D = 110 mm - fornecimento e instalação","m",240.71]
[4208129,"Tubo PEAD para estais - D = 140 mm - fornecimento e instalação","m",267.44]
[4208130,"Tubo PEAD para estais - D = 160 mm - fornecimento e instalação","m",311.10000000000002]
[4208131,"Tubo PEAD para estais - D = 180 mm - fornecimento e instalação","m",362.9]
[4208132,"Tubo PEAD para estais - D = 200 mm - fornecimento e instalação","m",414.78]
[4208133,"Tubo PEAD para estais - D = 225 mm - fornecimento e instalação","m",469.61]
[4208134,"Tubo PEAD para estais - D = 250 mm - fornecimento e instalação","m",525.27]
[4208238,"Tubo PEAD para estais - D = 280 mm - fornecimento e instalação","m",549.78]
[4208239,"Tubo PEAD para estais - D = 315 mm - fornecimento e instalação","m",603.65]
[4413920,"Adubação de cobertura por equipamento de hidrossemeadura em áreas de semeadura via seca ou de hidrossemeadura","m²",0.52]
[4413024,"Adubação manual de cobertura em áreas de enleivamento ou de plantio de mudas de gramíneas","m²",0.39]
[4413022,"Adubação manual de cobertura em áreas de semeadura via seca ou de hidrossemeadura","m²",0.6]
[4413020,"Barreira arbórea para tratamento acústico das áreas lindeiras da faixa de domínio – densidade de plantio de 1,0 m entre mudas","m",38.31]
[4413013,"Cerca de passagem de fauna com tela de alambrado sobre mureta de blocos de concreto - H = 20 cm - mourões de madeira a cada 2,5 m e esticador a cada 50 m","m",83.89]
[4413019,"Cerca viva para tratamento acústico das áreas lindeiras da faixa de domínio – densidade de plantio de 1,0 m entre mudas","m",34.5]
[4413026,"Dique de bambu para controle de erosão de taludes","m²",247.37]
[4413996,"Enleivamento","m²",9.91]
[4413942,"Espalhamento de material em bota-fora","m³",1.95]
[4413018,"Fixação de tela eletrossoldada em talude para lançamento de argamassa ou concreto projetado","kg",12.06]
[4413905,"Hidrossemeadura","m²",6.6]
[4413987,"Irrigação de área plantada para proteção vegetal do corpo estradal","m²",0.34]
[4413995,"Obtenção de grama para replantio","m²",2.89]
[4413994,"Passagem aérea de animais com rede de cabos de aço e sisal apoiadas em 6 postes de concreto de 15 m - extensão total de 100 m","m",651.35]
[4413200,"Plantio de grama comercial em placas","m²",15.09]
[4413990,"Plantio de muda de arbusto com altura até 0,50 m em cova de 0,40 x 0,40 x 0,40 m","un",34.5]
[4413989,"Plantio de muda de árvore com altura de 0,30 a 0,80 m em cova de 0,60 x 0,60 x 0,60 m","un",38.31]
[4413951,"Plantio de muda de árvore frutífera com altura até 1,00 m em cova de 0,60 x 0,60 x 0,60 m","un",56.37]
[4413950,"Plantio de muda de árvore frutífera com altura de 1,00 a 2,00 m em cova de 0,60 x 0,60 x 0,60 m","un",105.57]
[4413949,"Plantio de muda de árvore frutífera com altura de 2,00 a 3,00 m em cova de 0,60 x 0,60 x 0,60 m","un",239.32]
[4413948,"Plantio de muda de árvore ornamental com altura até 1,00 m em cova de 0,60 x 0,60 x 0,60 m","un",48.97]
[4413947,"Plantio de muda de árvore ornamental com altura de 1,00 a 2,00 m em cova de 0,60 x 0,60 x 0,60 m","un",107.27]
[4413946,"Plantio de muda de árvore ornamental com altura de 2,00 a 3,00 m em cova de 0,60 x 0,60 x 0,60 m","un",122.19]
[4413952,"Plantio de tapete de floríferas com altura até 0,50 m","m²",76.16]
[4413012,"Preenchimento de erosão em talude com terra vegetal e sementes de gramíneas ensacadas","m³",386.73]
[4413014,"Recuperação ambiental de pedreiras ou áreas degradadas com biomanta vegetal de fibras de coco","m²",16.329999999999998]
[4413016,"Recuperação ambiental de pedreiras ou áreas degradadas com biomanta vegetal de fibras de palha em áreas com inclinação máxima de 1:1,5","m²",10]
[4413984,"Regularização de bota-fora com espalhamento e compactação","m³",3.77]
[4413986,"Regularização de superfície com motoniveladora","m²",7.0000000000000007E-2]
[4413985,"Regularização manual de taludes de cortes e aterros","m²",21.74]
[4413017,"Retentores de sedimentos em fibras vegetais - D = 20 cm","m",66.45]
[4415673,"Revestimento vegetal com grama em mudas em superfícies inclinadas","m²",7.88]
[4415684,"Revestimento vegetal com grama em mudas em superfícies planas","m²",4.45]
[4413993,"Revestimento vegetal por semeadura a lanço manual de gramíneas e leguminosas","m²",0.57999999999999996]
[4507754,"Ancoragem ativa com 10 cordoalhas aderentes D = 12,7 mm - fornecimento e instalação","un",890.76]
[4507738,"Ancoragem ativa com 10 cordoalhas aderentes D = 15,2 mm - fornecimento e instalação","un",1205.71]
[4507755,"Ancoragem ativa com 12 cordoalhas aderentes D = 12,7 mm - fornecimento e instalação","un",1114.92]
[4507756,"Ancoragem ativa com 12 cordoalhas aderentes D = 15,2 mm - fornecimento e instalação","un",1463.41]
[4507757,"Ancoragem ativa com 15 cordoalhas aderentes D = 12,7 mm - fornecimento e instalação","un",1547.86]
[4507758,"Ancoragem ativa com 15 cordoalhas aderentes D = 15,2 mm - fornecimento e instalação","un",1918.98]
[4507759,"Ancoragem ativa com 19 cordoalhas aderentes D = 12,7 mm - fornecimento e instalação","un",1952.3]
[4507760,"Ancoragem ativa com 19 cordoalhas aderentes D = 15,2 mm - fornecimento e instalação","un",2479.38]
[4507761,"Ancoragem ativa com 22 cordoalhas aderentes D = 12,7 mm - fornecimento e instalação","un",2517.85]
[4507762,"Ancoragem ativa com 22 cordoalhas aderentes D = 15,2 mm - fornecimento e instalação","un",3201.47]
[4507763,"Ancoragem ativa com 27 cordoalhas aderentes D = 12,7 mm - fornecimento e instalação","un",3053.6]
[4507764,"Ancoragem ativa com 27 cordoalhas aderentes D = 15,2 mm - fornecimento e instalação","un",4166.8900000000003]
[4507765,"Ancoragem ativa com 31 cordoalhas aderentes D = 12,7 mm - fornecimento e instalação","un",3479.23]
[4508192,"Ancoragem ativa com 31 cordoalhas aderentes D = 15,2 mm - fornecimento e instalação","un",5481.92]
[4507766,"Ancoragem ativa com 4 cordoalhas aderentes D = 12,7 mm - fornecimento e instalação","un",421.98]
[4507767,"Ancoragem ativa com 4 cordoalhas aderentes D = 15,2 mm - fornecimento e instalação","un",515.20000000000005]
[4507768,"Ancoragem ativa com 6 cordoalhas aderentes D = 12,7 mm - fornecimento e instalação","un",538.23]
[4507769,"Ancoragem ativa com 6 cordoalhas aderentes D = 15,2 mm - fornecimento e instalação","un",677.41]
[4507770,"Ancoragem ativa com 7 cordoalhas aderentes D = 12,7 mm - fornecimento e instalação","un",616.47]
[4507771,"Ancoragem ativa com 7 cordoalhas aderentes D = 15,2 mm - fornecimento e instalação","un",790.53]
[4507772,"Ancoragem ativa com 8 cordoalhas aderentes D = 12,7 mm - fornecimento e instalação","un",754.2]
[4508193,"Ancoragem ativa com 8 cordoalhas aderentes D = 15,2 mm - fornecimento e instalação","un",911.25]
[4507773,"Ancoragem ativa com 9 cordoalhas aderentes D = 12,7 mm - fornecimento e instalação","un",808.34]
[4507774,"Ancoragem ativa com 9 cordoalhas aderentes D = 15,2 mm - fornecimento e instalação","un",1079.2]
[4507775,"Ancoragem ativa para lajes com 1 cordoalha aderente D = 12,7 mm - fornecimento e instalação","un",105.07]
[4507776,"Ancoragem ativa para lajes com 1 cordoalha aderente D = 15,2 mm - fornecimento e instalação","un",116.85]
[4507783,"Ancoragem ativa para lajes com 1 cordoalha engraxada D = 12,7 mm - fornecimento e instalação","un",80.86]
[4507784,"Ancoragem ativa para lajes com 1 cordoalha engraxada D = 15,2 mm - fornecimento e instalação","un",113.64]
[4507777,"Ancoragem ativa para lajes com 2 cordoalhas aderentes D = 12,7 mm - fornecimento e instalação","un",191.02]
[4507778,"Ancoragem ativa para lajes com 2 cordoalhas aderentes D = 15,2 mm - fornecimento e instalação","un",244.68]
[4507779,"Ancoragem ativa para lajes com 3 cordoalhas aderentes D = 12,7 mm - fornecimento e instalação","un",262.64999999999998]
[4507780,"Ancoragem ativa para lajes com 3 cordoalhas aderentes D = 15,2 mm - fornecimento e instalação","un",295.47000000000003]
[4507781,"Ancoragem ativa para lajes com 4 cordoalhas aderentes D = 12,7 mm - fornecimento e instalação","un",343.15]
[4507782,"Ancoragem ativa para lajes com 4 cordoalhas aderentes D = 15,2 mm - fornecimento e instalação","un",410.2]
[4507785,"Ancoragem passiva com 10 cordoalhas aderentes D = 12,7 mm - fornecimento e instalação","un",147.53]
[4508194,"Ancoragem passiva com 10 cordoalhas aderentes D = 15,2 mm - fornecimento e instalação","un",157.16999999999999]
[4507786,"Ancoragem passiva com 12 cordoalhas aderentes D = 12,7 mm - fornecimento e instalação","un",171.14]
[4507787,"Ancoragem passiva com 12 cordoalhas aderentes D = 15,2 mm - fornecimento e instalação","un",180.9]
[4507788,"Ancoragem passiva com 15 cordoalhas aderentes D = 12,7 mm - fornecimento e instalação","un",231.85]
[4507789,"Ancoragem passiva com 15 cordoalhas aderentes D = 15,2 mm - fornecimento e instalação","un",251.2]
[4507790,"Ancoragem passiva com 19 cordoalhas aderentes D = 12,7 mm - fornecimento e instalação","un",284.27999999999997]
[4507791,"Ancoragem passiva com 19 cordoalhas aderentes D = 15,2 mm - fornecimento e instalação","un",308.83999999999997]
[4507792,"Ancoragem passiva com 22 cordoalhas aderentes D = 12,7 mm - fornecimento e instalação","un",344.89]
[4507793,"Ancoragem passiva com 22 cordoalhas aderentes D = 15,2 mm - fornecimento e instalação","un",384.1]
[4507794,"Ancoragem passiva com 27 cordoalhas aderentes D = 12,7 mm - fornecimento e instalação","un",467.97]
[4507795,"Ancoragem passiva com 27 cordoalhas aderentes D = 15,2 mm - fornecimento e instalação","un",537.75]
[4507796,"Ancoragem passiva com 31 cordoalhas aderentes D = 12,7 mm - fornecimento e instalação","un",539.20000000000005]
[4508190,"Ancoragem passiva com 31 cordoalhas aderentes D = 15,2 mm - fornecimento e instalação","un",655.11]
[4507797,"Ancoragem passiva com 4 cordoalhas aderentes D = 12,7 mm - fornecimento e instalação","un",65.5]
[4507798,"Ancoragem passiva com 4 cordoalhas aderentes D = 15,2 mm - fornecimento e instalação","un",67.94]
[4507799,"Ancoragem passiva com 6 cordoalhas aderentes D = 12,7 mm - fornecimento e instalação","un",95.47]
[4507800,"Ancoragem passiva com 6 cordoalhas aderentes D = 15,2 mm - fornecimento e instalação","un",99.11]
[4507801,"Ancoragem passiva com 7 cordoalhas aderentes D = 12,7 mm - fornecimento e instalação","un",114.65]
[4507802,"Ancoragem passiva com 7 cordoalhas aderentes D = 15,2 mm - fornecimento e instalação","un",118.29]
[4507803,"Ancoragem passiva com 8 cordoalhas aderentes D = 12,7 mm - fornecimento e instalação","un",115.07]
[4508191,"Ancoragem passiva com 8 cordoalhas aderentes D = 15,2 mm - fornecimento e instalação","un",118.71]
[4507804,"Ancoragem passiva com 9 cordoalhas aderentes D = 12,7 mm - fornecimento e instalação","un",142.68]
[4507805,"Ancoragem passiva com 9 cordoalhas aderentes D = 15,2 mm - fornecimento e instalação","un",144.52000000000001]
[4507806,"Ancoragem passiva para lajes com 1 cordoalha aderente D = 12,7 mm - fornecimento e instalação","un",27.06]
[4507807,"Ancoragem passiva para lajes com 1 cordoalha aderente D = 15,2 mm - fornecimento e instalação","un",32.58]
[4507866,"Ancoragem passiva para lajes com 1 cordoalha engraxada D = 12,7 mm - fornecimento e instalação","un",76.05]
[4507867,"Ancoragem passiva para lajes com 1 cordoalha engraxada D = 15,2 mm - fornecimento e instalação","un",108.83]
[4507808,"Ancoragem passiva para lajes com 2 cordoalhas aderentes D = 12,7 mm - fornecimento e instalação","un",29.76]
[4507809,"Ancoragem passiva para lajes com 2 cordoalhas aderentes D = 15,2 mm - fornecimento e instalação","un",36.58]
[4507810,"Ancoragem passiva para lajes com 3 cordoalhas aderentes D = 12,7 mm - fornecimento e instalação","un",50.47]
[4507811,"Ancoragem passiva para lajes com 3 cordoalhas aderentes D = 15,2 mm - fornecimento e instalação","un",58.26]
[4507812,"Ancoragem passiva para lajes com 4 cordoalhas aderentes D = 12,7 mm - fornecimento e instalação","un",55.95]
[4507813,"Ancoragem passiva para lajes com 4 cordoalhas aderentes D = 15,2 mm - fornecimento e instalação","un",68.92]
[4507851,"Bainha metálica ovalizada seção 19 x 36 mm para 1 cordoalha D = 12,7 mm - fornecimento, instalação e injeção de nata de cimento","m",24.37]
[4507852,"Bainha metálica ovalizada seção 19 x 36 mm para 2 cordoalhas D = 12,7 mm - fornecimento, instalação e injeção de nata de cimento","m",24.23]
[4507853,"Bainha metálica ovalizada seção 19 x 48 mm para 3 cordoalhas D = 12,7 mm - fornecimento, instalação e injeção de nata de cimento","m",27.45]
[4507854,"Bainha metálica ovalizada seção 19 x 62 mm para 4 cordoalhas D = 12,7 mm - fornecimento, instalação e injeção de nata de cimento","m",29.79]
[4507855,"Bainha metálica ovalizada seção 22 x 32 mm para 1 cordoalha D = 15,2 mm - fornecimento, instalação e injeção de nata de cimento","m",24.28]
[4507856,"Bainha metálica ovalizada seção 22 x 32 mm para 2 cordoalhas D = 15,2 mm - fornecimento, instalação e injeção de nata de cimento","m",24.09]
[4507857,"Bainha metálica ovalizada seção 22 x 55 mm para 3 cordoalhas D = 15,2 mm - fornecimento, instalação e injeção de nata de cimento","m",28.71]
[4507858,"Bainha metálica ovalizada seção 22 x 73 mm para 4 cordoalhas D = 15,2 mm - fornecimento, instalação e injeção de nata de cimento","m",32.270000000000003]
[4508177,"Bainha metálica redonda D = 100 mm para 21 cordoalhas D = 15,2 mm - fornecimento, instalação e injeção de nata de cimento","m",62.2]
[4508178,"Bainha metálica redonda D = 100 mm para 22 cordoalhas D = 15,2 mm - fornecimento, instalação e injeção de nata de cimento","m",62.01]
[4507821,"Bainha metálica redonda D = 100 mm para 24 cordoalhas D = 15,2 mm - fornecimento, instalação e injeção de nata de cimento","m",61.61]
[4507822,"Bainha metálica redonda D = 100 mm para 25 cordoalhas D = 15,2 mm - fornecimento, instalação e injeção de nata de cimento","m",61.42]
[4507823,"Bainha metálica redonda D = 100 mm para 30 cordoalhas D = 12,7 mm - fornecimento, instalação e injeção de nata de cimento","m",62.22]
[4508188,"Bainha metálica redonda D = 100 mm para 31 cordoalhas D = 12,7 mm - fornecimento, instalação e injeção de nata de cimento","m",62.08]
[4507824,"Bainha metálica redonda D = 110 mm para 27 cordoalhas D = 15,2 mm - fornecimento, instalação e injeção de nata de cimento","m",68.61]
[4507825,"Bainha metálica redonda D = 110 mm para 37 cordoalhas D = 12,7 mm - fornecimento, instalação e injeção de nata de cimento","m",68.84]
[4507826,"Bainha metálica redonda D = 120 mm para 30 cordoalhas D = 15,2 mm - fornecimento, instalação e injeção de nata de cimento","m",74.290000000000006]
[4508179,"Bainha metálica redonda D = 120 mm para 31 cordoalhas D = 15,2 mm - fornecimento, instalação e injeção de nata de cimento","m",74.09]
[4507827,"Bainha metálica redonda D = 130 mm para 37 cordoalhas D = 15,2 mm - fornecimento, instalação e injeção de nata de cimento","m",79.05]
[4508180,"Bainha metálica redonda D = 30 mm para 2 cordoalhas D = 12,7 mm - fornecimento, instalação e injeção de nata de cimento","m",23.61]
[4507739,"Bainha metálica redonda D = 35 mm para 2 cordoalhas D = 15,2 mm - fornecimento, instalação e injeção de nata de cimento","m",24.97]
[4508181,"Bainha metálica redonda D = 35 mm para 3 cordoalhas D = 12,7 mm - fornecimento, instalação e injeção de nata de cimento","m",24.96]
[4508125,"Bainha metálica redonda D = 40 mm para 3 cordoalhas D = 15,2 mm - fornecimento, instalação e injeção de nata de cimento","m",27.04]
[4507828,"Bainha metálica redonda D = 40 mm para 4 cordoalhas D = 12,7 mm - fornecimento, instalação e injeção de nata de cimento","m",27.08]
[4507829,"Bainha metálica redonda D = 45 mm para 4 cordoalhas D = 15,2 mm - fornecimento, instalação e injeção de nata de cimento","m",29.37]
[4508182,"Bainha metálica redonda D = 45 mm para 5 cordoalhas D = 12,7 mm - fornecimento, instalação e injeção de nata de cimento","m",29.47]
[4508092,"Bainha metálica redonda D = 50 mm para 5 cordoalhas D = 15,2 mm - fornecimento, instalação e injeção de nata de cimento","m",31.51]
[4507830,"Bainha metálica redonda D = 50 mm para 6 cordoalhas D = 12,7 mm - fornecimento, instalação e injeção de nata de cimento","m",31.67]
[4508183,"Bainha metálica redonda D = 55 mm para 7 cordoalhas D = 12,7 mm - fornecimento, instalação e injeção de nata de cimento","m",37.17]
[4507831,"Bainha metálica redonda D = 55 mm para 8 cordoalhas D = 12,7 mm - fornecimento, instalação e injeção de nata de cimento","m",34.08]
[4507832,"Bainha metálica redonda D = 60 mm para 6 cordoalhas D = 15,2 mm - fornecimento, instalação e injeção de nata de cimento","m",37.81]
[4507833,"Bainha metálica redonda D = 60 mm para 9 cordoalhas D = 12,7 mm - fornecimento, instalação e injeção de nata de cimento","m",37.75]
[4507834,"Bainha metálica redonda D = 65 mm para 10 cordoalhas D = 12,7 mm - fornecimento, instalação e injeção de nata de cimento","m",39.81]
[4508184,"Bainha metálica redonda D = 65 mm para 11 cordoalhas D = 12,7 mm - fornecimento, instalação e injeção de nata de cimento","m",39.68]
[4507835,"Bainha metálica redonda D = 65 mm para 12 cordoalhas D = 12,7 mm - fornecimento, instalação e injeção de nata de cimento","m",39.54]
[4508174,"Bainha metálica redonda D = 65 mm para 7 cordoalhas D = 15,2 mm - fornecimento, instalação e injeção de nata de cimento","m",39.81]
[4507836,"Bainha metálica redonda D = 65 mm para 8 cordoalhas D = 15,2 mm - fornecimento, instalação e injeção de nata de cimento","m",39.61]
[4507837,"Bainha metálica redonda D = 70 mm para 15 cordoalhas D = 12,7 mm - fornecimento, instalação e injeção de nata de cimento","m",42.24]
[4507838,"Bainha metálica redonda D = 70 mm para 9 cordoalhas D = 15,2 mm - fornecimento, instalação e injeção de nata de cimento","m",42.53]
[4507839,"Bainha metálica redonda D = 75 mm para 10 cordoalhas D = 15,2 mm - fornecimento, instalação e injeção de nata de cimento","m",44.48]
[4508175,"Bainha metálica redonda D = 75 mm para 11 cordoalhas D = 15,2 mm - fornecimento, instalação e injeção de nata de cimento","m",44.28]
[4507840,"Bainha metálica redonda D = 75 mm para 16 cordoalhas D = 12,7 mm - fornecimento, instalação e injeção de nata de cimento","m",44.25]
[4507841,"Bainha metálica redonda D = 75 mm para 18 cordoalhas D = 12,7 mm - fornecimento, instalação e injeção de nata de cimento","m",43.97]
[4507842,"Bainha metálica redonda D = 80 mm para 12 cordoalhas D = 15,2 mm - fornecimento, instalação e injeção de nata de cimento","m",47.94]
[4508185,"Bainha metálica redonda D = 80 mm para 19 cordoalhas D = 12,7 mm - fornecimento, instalação e injeção de nata de cimento","m",47.69]
[4507843,"Bainha metálica redonda D = 80 mm para 20 cordoalhas D = 12,7 mm - fornecimento, instalação e injeção de nata de cimento","m",47.55]
[4507844,"Bainha metálica redonda D = 85 mm para 15 cordoalhas D = 15,2 mm - fornecimento, instalação e injeção de nata de cimento","m",50.54]
[4508186,"Bainha metálica redonda D = 85 mm para 21 cordoalhas D = 12,7 mm - fornecimento, instalação e injeção de nata de cimento","m",50.6]
[4508187,"Bainha metálica redonda D = 85 mm para 22 cordoalhas D = 12,7 mm - fornecimento, instalação e injeção de nata de cimento","m",50.46]
[4507845,"Bainha metálica redonda D = 85 mm para 24 cordoalhas D = 12,7 mm - fornecimento, instalação e injeção de nata de cimento","m",50.19]
[4507846,"Bainha metálica redonda D = 85 mm para 25 cordoalhas D = 12,7 mm - fornecimento, instalação e injeção de nata de cimento","m",50.05]
[4507847,"Bainha metálica redonda D = 90 mm para 16 cordoalhas D = 15,2 mm - fornecimento, instalação e injeção de nata de cimento","m",56.47]
[4507848,"Bainha metálica redonda D = 90 mm para 18 cordoalhas D = 15,2 mm - fornecimento, instalação e injeção de nata de cimento","m",56.07]
[4507849,"Bainha metálica redonda D = 90 mm para 27 cordoalhas D = 12,7 mm - fornecimento, instalação e injeção de nata de cimento","m",55.91]
[4508176,"Bainha metálica redonda D = 95 mm para 19 cordoalhas D = 15,2 mm - fornecimento, instalação e injeção de nata de cimento","m",58.25]
[4507850,"Bainha metálica redonda D = 95 mm para 20 cordoalhas D = 15,2 mm - fornecimento, instalação e injeção de nata de cimento","m",58.05]
[4507956,"Cordoalha CP 190 RB D = 12,7 mm - fornecimento e instalação","kg",11.72]
[4507957,"Cordoalha CP 190 RB D = 15,2 mm - fornecimento e instalação","kg",11.7]
[4507958,"Cordoalha engraxada CP 190 RB D = 12,7 mm - fornecimento e instalação","kg",15.7]
[4507959,"Cordoalha engraxada CP 190 RB D = 15,2 mm - fornecimento e instalação","kg",15.7]
[4516138,"Gaiola metálica em cantoneira para armazenamento e manipulação de cordoalha - confecção","kg",10.02]
[4516137,"Nicho de madeira para dispositivo de ancoragem de protensão - confecção e instalação","m²",140.09]
[4805755,"Apiloamento manual","m³",32.090000000000003]
[4805756,"Apiloamento manual de superfície com espessura de 15 cm","m²",4.8099999999999996]
[4816020,"Areia extraída com draga de sucção tipo bomba","m³",11.54]
[4816019,"Areia extraída com escavadeira hidráulica de longo alcance","m³",7.19]
[4816018,"Areia extraída com trator e carregadeira","m³",4.91]
[4816012,"Brita produzida em central de britagem de 80 m³/h","m³",54]
[4815805,"Calandragem de chapa metálica com espessura de 3 mm","m²",13.36]
[4815802,"Calandragem de chapa metálica com espessura de 5 mm","m²",19.72]
[4805754,"Compactação manual com soquete vibratório","m³",6.7]
[4816145,"Confecção de canaleta meia cana D = 0,30 m - areia e brita comerciais","m",26.54]
[4816144,"Confecção de canaleta meia cana D = 0,30 m - areia extraída e brita produzida","m",24.41]
[4816147,"Confecção de canaleta meia cana D = 0,40 m - areia e brita comerciais","m",36.75]
[4816146,"Confecção de canaleta meia cana D = 0,40 m - areia extraída e brita produzida","m",32.92]
[4816121,"Confecção de tubos de concreto D = 0,20 m - areia e brita comerciais","m",30.36]
[4816120,"Confecção de tubos de concreto D = 0,20 m - areia extraída e brita produzida","m",27.37]
[4816123,"Confecção de tubos de concreto D = 0,30 m - areia e brita comerciais","m",40.06]
[4816122,"Confecção de tubos de concreto D = 0,30 m - areia extraída e brita produzida","m",35.799999999999997]
[4816125,"Confecção de tubos de concreto D = 0,40 m - areia e brita comerciais","m",56.79]
[4816124,"Confecção de tubos de concreto D = 0,40 m - areia extraída e brita produzida","m",49.11]
[4816022,"Confecção de tubos de concreto D = 0,50 m - areia e brita comerciais","m",76.150000000000006]
[4816021,"Confecção de tubos de concreto D = 0,50 m - areia extraída e brita produzida","m",64.239999999999995]
[4816106,"Confecção de tubos de concreto perfurado D = 0,20 m - areia e brita comerciais","m",31.43]
[4816105,"Confecção de tubos de concreto perfurado D = 0,20 m - areia extraída e brita produzida","m",28.44]
[4816108,"Confecção de tubos de concreto perfurado D = 0,30 m - areia e brita comerciais","m",41.13]
[4816107,"Confecção de tubos de concreto perfurado D = 0,30 m - areia extraída e brita produzida","m",36.869999999999997]
[4816110,"Confecção de tubos de concreto perfurado D = 0,40 m - areia e brita comerciais","m",57.86]
[4816109,"Confecção de tubos de concreto perfurado D = 0,40 m - areia extraída e brita produzida","m",50.18]
[4816100,"Confecção de tubos de concreto poroso D = 0,20 m - areia e brita comerciais","m",31.03]
[4816099,"Confecção de tubos de concreto poroso D = 0,20 m - areia extraída e brita produzida","m",29.29]
[4816102,"Confecção de tubos de concreto poroso D = 0,30 m - areia e brita comerciais","m",39.69]
[4816101,"Confecção de tubos de concreto poroso D = 0,30 m - areia extraída e brita produzida","m",38.08]
[4816104,"Confecção de tubos de concreto poroso D = 0,40 m - areia e brita comerciais","m",56.15]
[4816103,"Confecção de tubos de concreto poroso D = 0,40 m - areia extraída e brita produzida","m",51.69]
[4815804,"Dobramento de chapas de alumínio com espessura de 1,5 mm e comprimento de dobra de até 500 mm","un",0.51]
[4816002,"Escavação de tunnel liner em material de 3ª categoria","m³",1428.78]
[4805765,"Escavação de vala em material de 3ª categoria","m³",189.61]
[4816000,"Escavação manual de tunnel liner em material de 1ª categoria","m³",459.57]
[4816001,"Escavação manual de tunnel liner em material de 2ª categoria","m³",768.94]
[4805749,"Escavação manual de vala em material de 1ª categoria","m³",72.47]
[4805751,"Escavação manual em material de 1ª categoria na profundidade de 1 a 2 m","m³",54.35]
[4805752,"Escavação manual em material de 1ª categoria na profundidade de 2 a 3 m","m³",65.22]
[4805753,"Escavação manual em material de 1ª categoria na profundidade de 3 a 4 m","m³",76.099999999999994]
[4805750,"Escavação manual em material de 1ª categoria na profundidade de até 1 m","m³",43.48]
[4805767,"Escavação manual em material de 2ª categoria na profundidade de 1 a 2 m","m³",75.28]
[4805769,"Escavação manual em material de 2ª categoria na profundidade de 2 a 3 m","m³",89.62]
[4805770,"Escavação manual em material de 2ª categoria na profundidade de 3 a 4 m","m³",103.96]
[4805760,"Escavação manual em material de 2ª categoria na profundidade de até 1 m","m³",60.94]
[4805757,"Escavação mecânica de vala em material de 1ª categoria","m³",6.53]
[4805762,"Escavação mecânica de vala em material de 2ª categoria","m³",8.07]
[4806395,"Fixação de parafuso em estrutura metálica","un",5.33]
[4816003,"Iluminação provisória para tunnel liner","m",41.74]
[4816017,"Material pétreo produzido em britador de mandíbulas móvel - camada final de aterro em rocha","m³",21.45]
[4816023,"Operação de mergulho autônomo em profundidade de até 20 m","h",239.14]
[4816025,"Operação de mergulho dependente em profundidade de 30 a 50 m - inclusive descompressão","h",444.32]
[4816024,"Operação de mergulho dependente em profundidade de até 30 m - inclusive descompressão","h",308.08999999999997]
[4816005,"Pedra de mão produzida manualmente","m³",84.9]
[4800400,"Preparo e regularização de terreno em desnível","m²",5.0599999999999996]
[4816016,"Rachão ou pedra de mão produzida","m³",40.47]
[4800412,"Raspagem e limpeza de terreno plano","m²",4.3499999999999996]
[4815671,"Reaterro e compactação com soquete vibratório","m³",16.760000000000002]
[4815803,"Rebordeamento de chapa metálica com espessura de 5 mm","m",7.55]
[4816011,"Recarga de cilindro com ar respirável para atividades de mergulho","m³",1524]
[4816014,"Rocha para britagem com perfuratriz manual","m³",49.24]
[4816010,"Rocha para britagem com perfuratriz sobre esteira","m³",36.06]
[4816015,"Rocha para britagem com perfuratriz sobre esteira - camada final de aterro em rocha","m³",21.22]
[4816119,"Selo de argila apiloado (solo local)","m³",36.369999999999997]
[4816004,"Ventilação provisória para tunnel liner","m",53.72]
[4915652,"Bico de adesão para injeção de adesivo estrutural à base de resina epóxi - fornecimento, instalação e retirada","un",8.1300000000000008]
[4915651,"Bico de perfuração para injeção de adesivo estrutural à base de resina epóxi - fornecimento, instalação e retirada","un",9.39]
[4915723,"Caiação manual com fixador de cal","m²",3.19]
[4915724,"Caiação mecanizada com fixador de cal","m²",1.94]
[4915637,"Capa selante - areia comercial","m²",0.95]
[4915779,"Capa selante - areia extraída","m²",0.64]
[4915638,"Capa selante - brita produzida","m²",0.76]
[4915636,"Capa selante - pedrisco comercial","m²",0.99]
[4915744,"Capina manual","m²",0.72]
[4915700,"Combate à exsudação - areia comercial","m²",1.1499999999999999]
[4915590,"Combate à exsudação - areia extraída","m²",0.78]
[4915591,"Combate à exsudação - brita produzida","m²",0.91]
[4915701,"Combate à exsudação - pedrisco comercial","m²",1.1399999999999999]
[4915703,"Correção de defeitos com mistura betuminosa","m³",104.04]
[4915705,"Correção de defeitos por fresagem descontínua do revestimento asfáltico - espessura de 5 cm","m³",120.69]
[4915743,"Corte e limpeza de áreas gramadas","m²",0.08]
[4915768,"Corte e remoção de árvores","m³",14.93]
[4915713,"Desobstrução de bueiro","m³",64.180000000000007]
[4915655,"Fresagem contínua de revestimento asfáltico - espessura de 3 cm","m³",85.46]
[4915656,"Fresagem contínua de revestimento asfáltico - espessura de 4 cm","m³",67.19]
[4915657,"Fresagem contínua de revestimento asfáltico - espessura de 5 cm","m³",56.2]
[4915658,"Fresagem contínua de revestimento asfáltico - espessura de 6 cm","m³",49.03]
[4915659,"Fresagem contínua de revestimento asfáltico - espessura de 7 cm","m³",44.03]
[4915660,"Fresagem contínua de revestimento asfáltico - espessura de 8 cm","m³",40.479999999999997]
[4915661,"Fresagem descontínua de revestimento asfáltico - espessura de 3 cm","m³",111.24]
[4915662,"Fresagem descontínua de revestimento asfáltico - espessura de 4 cm","m³",87.93]
[4915663,"Fresagem descontínua de revestimento asfáltico - espessura de 5 cm","m³",72.81]
[4915664,"Fresagem descontínua de revestimento asfáltico - espessura de 6 cm","m³",64.05]
[4915665,"Fresagem descontínua de revestimento asfáltico - espessura de 7 cm","m³",58.06]
[4915666,"Fresagem descontínua de revestimento asfáltico - espessura de 8 cm","m³",53.75]
[4915650,"Injeção de adesivo estrutural à base de resina epóxi de baixa viscosidade para tratamento de fissuras em estruturas de concreto - fornecimento e aplicação manual","kg",279.55]
[4915645,"Injeção de adesivo estrutural à base de resina epóxi de baixa viscosidade para tratamento de fissuras em estruturas de concreto - fornecimento e aplicação mecanizada","kg",204.41]
[4915712,"Limpeza de bueiro","m³",21.39]
[4915711,"Limpeza de descida d'água","m",1.43]
[4915790,"Limpeza de emulsão asfáltica ou asfalto diluído derramados na pista - remoção com minicarregadeira com vassoura e descarga livre","t",225.74]
[4915793,"Limpeza de líquidos combustíveis derramados na pista - remoção com minicarregadeira com vassoura e descarga livre","t",175.48]
[4915792,"Limpeza de material asfáltico derramado fora da pista - remoção com escavadeira hidráulica e caminhão basculante","t",72.92]
[4915718,"Limpeza de placa de sinalização","m²",9.01]
[4915672,"Limpeza de ponte","m",4.28]
[4915708,"Limpeza de sarjeta e meio-fio","m",0.71]
[4915710,"Limpeza de vala de drenagem","m",4.28]
[4915709,"Limpeza de valeta de corte","m",1.07]
[4915686,"Limpeza e desobstrução de dispositivos de drenagem em OAE","un",4.28]
[4915687,"Limpeza e desobstrução de drenos de obras de contenção","un",2.67]
[4915634,"Limpeza e desobstrução mecanizada de bueiros com diâmetro acima de 1,00 até 1,50 m","m",58.81]
[4915633,"Limpeza e desobstrução mecanizada de bueiros com diâmetro de até 1,00 m","m",19.399999999999999]
[4915714,"Limpeza e enchimento com resina epóxi de fissuras niveladas com abertura máxima de 0,4 mm e profundidade de 20 mm em pavimento de concreto que não atravessam toda a espessura da placa","m",2.88]
[4915759,"Limpeza e remoção de vegetação junto aos aparelhos de apoio de OAE com o uso de herbicida","un",7.21]
[4915758,"Limpeza e remoção de vegetação nas juntas de dilatação com o uso de herbicida","m",4.3]
[4915640,"Limpeza e remoção manual de material retido em terra firme em OAE","m³",21.39]
[4915639,"Limpeza em superfície de concreto com escova de aço","m²",4.28]
[4915695,"Limpeza, serragem e enchimento de fissuras niveladas com abertura entre 0,4 mm e 1,0 mm e profundidade de 25 mm em pavimento de concreto com CAP","m",6.83]
[4915696,"Limpeza, serragem e enchimento de fissuras niveladas com abertura entre 0,4 mm e 1,0 mm e profundidade de 25 mm em pavimento de concreto com CAP com polímero","m",6.83]
[4915694,"Limpeza, serragem e enchimento de fissuras niveladas com abertura entre 0,4 mm e 1,0 mm e profundidade de 25 mm em pavimento de concreto com selante elástico a frio","m",29.16]
[4915654,"Lixamento mecanizado em superfície de concreto","m²",11.63]
[4900001,"Material de base","m³",0]
[4915801,"Mistura betuminosa","m³",0]
[4916290,"Mistura betuminosa a frio executada em betoneira - faixa C - areia e brita comerciais","m³",351.65]
[4915765,"Poda de árvores com 5,0 m a 7,5 m de altura","m³",200]
[4915766,"Poda de árvores com 7,5 m a 10 m de altura","m³",117.39]
[4915764,"Poda de árvores com até 5 m de altura","m³",360.01]
[4915767,"Poda de árvores com mais de 10 m de altura","m³",77.14]
[4915777,"Reassentamento manual de meio-fio com material arrancado da pista","m",13.84]
[4915618,"Recomposição de camada granular do pavimento com material de jazida","m²",3.12]
[4915774,"Recomposição de erosão em corte ou aterro com material de jazida","m³",23.28]
[4915719,"Recomposição de placa de sinalização","m²",33.65]
[4915611,"Recomposição de revestimento primário com material de jazida","m³",10.57]
[4915733,"Recomposição manual de aterro com material de jazida","m³",38.74]
[4915734,"Recomposição mecanizada de aterro com material de jazida","m³",11.55]
[4915727,"Recomposição parcial de cerca com mourão de concreto - arame","m",10.34]
[4915726,"Recomposição parcial de cerca com mourão de concreto seção quadrada - mourão - areia e brita comerciais","m",23.86]
[4915594,"Recomposição parcial de cerca com mourão de concreto seção quadrada - mourão - areia extraída e brita produzida","m",22.43]
[4915729,"Recomposição parcial de cerca com mourão de concreto seção triangular - mourão - areia e brita comerciais","m",18.559999999999999]
[4915596,"Recomposição parcial de cerca com mourão de concreto seção triangular - mourão - areia extraída e brita comercial","m",17.940000000000001]
[4915732,"Recomposição parcial de cerca com mourão de madeira - arame","m",7.89]
[4915731,"Recomposição parcial de cerca com mourão de madeira - mourão","m",18.899999999999999]
[4915725,"Recomposição total de cerca com mourão de concreto seção quadrada - areia e brita comerciais","m",28.68]
[4915593,"Recomposição total de cerca com mourão de concreto seção quadrada - areia extraída e brita produzida","m",27.26]
[4915728,"Recomposição total de cerca com mourão de concreto seção triangular - areia e brita comerciais","m",28.53]
[4915595,"Recomposição total de cerca com mourão de concreto seção triangular - areia extraída e brita produzida","m",27.91]
[4915730,"Recomposição total de cerca com mourão de madeira","m",26]
[4915598,"Reconformação da plataforma","m²",0.1]
[4915748,"Recuperação de desgaste superficial em pavimentos de concreto","m²",231.89]
[4915608,"Regularização de taludes e valas com soquete vibratório","m²",2.5499999999999998]
[4915613,"Regularização mecânica da faixa de domínio","m²",0.17]
[4915692,"Remendo profundo com imprimação com asfalto diluído - demolição manual","m³",361.44]
[4915746,"Remendo profundo com imprimação com asfalto diluído - demolição mecânica e corte com serra","m³",278.23]
[4915630,"Remendo profundo com imprimação com emulsão asfáltica - demolição manual","m³",361.44]
[4915631,"Remendo profundo com imprimação com emulsão asfáltica - demolição mecânica e corte com serra","m³",278.23]
[4915785,"Remoção de animais de grande porte mortos em rodovia - carga e descarga com guindauto","t",386.12]
[4915786,"Remoção de animais de pequeno porte mortos em rodovia - carga manual","t",164.3]
[4915795,"Remoção de emborrachados de pneus em rodovia","t",335.41]
[4915800,"Remoção de espécimes arbóreos de 20 a 40 m tombados na pista","t",52.47]
[4915799,"Remoção de espécimes arbóreos de até 20 m tombados na pista","t",40.950000000000003]
[4915698,"Remoção de grãos, agregados e solos derramados na pista em rodovias","t",18.579999999999998]
[4915794,"Remoção de sucatas derramadas em rodovia - cinta com utilização de 100 vezes","t",588.16]
[4915789,"Remoção de veículos de grande porte incendiados em rodovia - carga e descarga com guindaste - cinta com utilização de 100 vezes","un",1734.45]
[4915798,"Remoção de veículos de grande porte tombados em rodovia - cinta com utilização de 100 vezes","un",1557.28]
[4915788,"Remoção de veículos de médio porte incendiados em rodovia - carga e descarga com guindaste - cinta com utilização de 100 vezes","un",1573.07]
[4915797,"Remoção de veículos de médio porte tombados em rodovia - cinta com utilização de 100 vezes","un",756.7]
[4915787,"Remoção de veículos de pequeno porte incendiados em rodovia - carga e descarga com guindauto - cinta com utilização de 100 vezes","un",876.65]
[4915796,"Remoção de veículos de pequeno porte tombados em rodovia - cinta com utilização de 100 vezes","un",305.06]
[4915760,"Remoção de vestígios de óleo ou graxa na superfície do revestimento do pavimento","m²",53.2]
[4915699,"Remoção de vidros, caixas e engradados derramados na pista em rodovia","t",28.84]
[4915736,"Remoção manual de barreira em rocha","m³",16.09]
[4915735,"Remoção manual de barreira em solo","m³",13.04]
[4915670,"Remoção manual de camada granular do pavimento","m³",187.53]
[4915668,"Remoção manual de revestimento asfáltico","m³",294.22000000000003]
[4915761,"Remoção manual de vegetação daninha","m²",4.28]
[4915762,"Remoção manual de vegetação daninha em frestas","m",2.14]
[4915738,"Remoção mecanizada de barreira em rocha","m³",5.55]
[4915737,"Remoção mecanizada de barreira em solo","m³",4.63]
[4915669,"Remoção mecanizada de camada granular do pavimento","m³",7.36]
[4915667,"Remoção mecanizada de revestimento asfáltico","m³",11.85]
[4915632,"Reparo localizado com pintura de ligação - demolição mecânica e corte com serra","m³",404.92]
[4915753,"Reparo no interior de placa de pavimento de concreto","m³",1359.04]
[4915776,"Roçada com roçadeira costal","ha",765.61]
[4915740,"Roçada manual","ha",1811.77]
[4915741,"Roçada manual de capim colonião","ha",4348.25]
[4915775,"Roçada mecanizada com roçadeira articulada","ha",735.64]
[4915742,"Roçada mecanizada com roçadeira de arraste","ha",456.11]
[4915626,"Selagem de trincas mecanizada em pavimento flexível com emulsão - areia comercial","m",2.06]
[4915653,"Selagem superficial de fissuras com adesivo estrutural à base de resina epóxi de alta viscosidade, inclusive limpeza superficial - fornecimento e aplicação","kg",71.31]
[4915623,"Solo brita para base de remendo profundo - brita comercial","m³",58.72]
[4915625,"Solo melhorado com cimento para base de remendo profundo","m³",44.36]
[4915621,"Solo para base de remendo profundo","m³",4.4400000000000004]
[4915720,"Substituição de balizador - areia e brita comerciais","un",30.46]
[4915592,"Substituição de balizador - areia extraída e brita produzida","un",29.8]
[4913703,"Substituição de cartucho de absorção de energia tipo A - f